{"text_format":"2","workbook":"xlsx","n_sheets":44,"sheets":["Planilha3","COMPOSIÇÕES_GERAL","CRONOGRAMA_MÃO DE OBRA","Custo Horário de Mão de Obra","Resumo do Orçamento","Orçamento Sintético","CPUs","Memória de Cálculo","Cronograma","Transporte Cap 50-70","Transporte CM-30","Transporte RR-2C","RESUMO_Transp","BDI - Material","BDI - Serviço","Encargos","DIMENSIONAMENTO PRAZO","EQUIPAMENTOS","MOBILIZAÇÃO_DESMOBILIZAÇÃO","DECLARAÇÃO Anexo I","DECLARAÇÃO Anexo II","DECLARAÇÃO ANEXO III","DECLARAÇÃO Anexo IV","Consolidado Pavimentação","Consolidado Drenagem","Consolidado Sinalização","COTAS_SINALIZAÇÃO","PLACAS","COTAÇÃO","DMT ADOTADAS ","CANTEIRO","ITEM 8.2 - DRENAGEM_PROF. TUBOS","DRENAGEM_PROF. EQUIPAMENTOS","DRENAGEM_SUPERFICIAL","MEIO FIO EXERNO ","MEIO FIO_EXTERNO","BASE DE DADOS","BASE DE DADOS DRENAGEM","BASE DE DADOS ILUMINAÇÃO","RESUMO","Planilha4","DESAPROPRIAÇÃO","ANP ESTADO","ANP REGIÃO"],"not_rendered":{"charts":0,"images":16,"macros":0,"external_links":172,"defined_names":54729,"comments":4,"pivot_tables":17},"unopened":[],"bounds":{"document_bytes":16777216,"sheet_cells":100000,"run_cost":"one","rows_first":2000,"rows_last":500,"rows_between":2000,"halvings":0,"cell_chars":16384,"cell_head_chars":4096},"cells_cut":0,"cells_raw":0,"read":"whole","date_system":"1900"}

{"sheet":"Planilha3","index":0,"n_rows":20,"n_cols":22,"rows_kept":20,"cut":false,"hidden":true,"merged":[[1,11,1,14],[1,15,1,18],[2,1,2,3],[2,4,2,6]]}
[{"$nulls":12},{"$f":"SUBTOTAL(9,M4:M20)","v":47758.900000000009},null,{"$f":"SUBTOTAL(9,O4:O20)","v":2387.9450000000006},null,null,{"$f":"SUBTOTAL(9,R4:R20)","v":27290.799999999999},{"$f":"SUBTOTAL(9,S4:S20)","v":818.72400000000016}]
[{"$nulls":11},"Pista de Rolamento",null,null,null,"Acostamento"]
["Rua","Estaca inicial",null,null,"Estaca Final",null,null,"Cruza Paralelo","Cruza Meio Fio","Comp.","Comp. Acostamento","Largura","Área","Espessura","Volume","Largura","Espessura","Área","Volume",null,null,"Volume"]
["AP 010-020",2,"+",11.87,13,"+",5.4,null,null,{"$f":"(E4-B4)*20+(G4-D4)","v":213.53},{"$f":"J4*2","v":427.06},7,{"$f":"J4*L4-AB4","v":1494.71},0.05,{"$f":"M4*N4","v":74.735500000000002},2,0.03,{"$f":"K4*P4","v":854.12},{"$f":"(K4*P4)*(Q4)","v":25.6236},"ok",{"$f":"J4*9","v":1921.77},{"$f":"7*J4*0.05+2*J4*0.03","v":87.547300000000007}]
["TRECHO 01",0,"+",9.93,91,"+",4.0199999999999996,null,null,1814.09,3628.18,7,12698.63,0.05,{"$f":"M5*N5","v":634.93150000000003},2,0.03,{"$f":"K5*P5","v":7256.36},{"$f":"(K5*P5)*(Q5)","v":217.6908},"ok"]
["TRECHO 01",91,"+",4.0199999999999996,98,"+",4.3600000000000003,null,null,140.34,280.68,7,982.38,0.05,49.119,2,0.03,561.36,16.840800000000002,"ok"]
["TRECHO 01",98,"+",4.3600000000000003,168,"+",12.57,null,null,1408.21,2816.42,7,9857.4700000000012,0.05,492.87350000000009,2,0.03,5632.84,168.98519999999999]
["TRECHO 01",168,"+",12.57,175,"+",13.57,null,null,141,282,7,987,0.05,49.35,2,0.03,564,16.919999999999998]
["TRECHO 01",175,"+",13.57,191,"+",10,null,null,316.43,632.86,7,2215.0100000000002,0.05,110.75050000000002,2,0.03,1265.72,37.971600000000002]
["TRECHO 02",191,"+",18.829999999999998,257,"+",5.05,null,null,1306.22,2612.44,7,9143.5400000000009,0.05,457.17700000000008,2,0.03,5224.88,156.74639999999999]
["TRECHO 02",257,"+",5.05,264,"+",5.38,null,null,140.33000000000001,280.66000000000003,7,982.31000000000006,0.05,49.115500000000004,2,0.03,561.32000000000005,16.839600000000001]
["TRECHO 02",264,"+",5.38,264,"+",17,null,null,11.620000000000001,23.240000000000002,7,81.34,0.05,4.0670000000000002,2,0.03,46.480000000000004,1.3944000000000001]
["TRECHO 03",265,"+",14.47,268,"+",7,null,null,52.53,105.06,7,367.71000000000004,0.05,18.385500000000004,2,0.03,210.12,6.3036000000000003]
["TRECHO 03",268,"+",7,288,"+",7,null,null,400,800,7,2800,0.05,140,2,0.03,1600,48]
["TRECHO 04",289,"+",0.03,313,"+",13.96,null,null,493.93,987.86,7,3457.51,0.05,172.87550000000002,2,0.03,1975.72,59.271599999999999]
["TRECHO 04",313,"+",13.96,320,"+",13.97,null,null,140.01,280.02,7,980.06999999999994,0.05,49.003500000000003,2,0.03,560.04,16.801199999999998]
["TRECHO 04",320,"+",13.97,325,"+",0,null,null,86.03,172.06,7,602.21,0.05,30.110500000000002,2,0.03,344.12,10.323599999999999]
["RAMAL A",0,"+",17.510000000000002,3,"+",10.17,null,null,52.66,105.32,7,368.62,0.05,18.431000000000001,2,0.03,210.64,6.3191999999999995]
["RAMAL B",0,"+",17.52,3,"+",10.41,null,null,52.89,105.78,7,370.23,0.05,18.511500000000002,2,0.03,211.56,6.3468]
["RAMAL C",0,"+",17.53,3,"+",10.41,null,null,52.879999999999995,105.75999999999999,7,370.15999999999997,0.05,18.507999999999999,2,0.03,211.51999999999998,6.3455999999999992]

{"sheet":"COMPOSIÇÕES_GERAL","index":1,"n_rows":4910,"n_cols":10,"rows_kept":4910,"cut":false,"hidden":true,"merged":[[20,4,20,5],[21,4,21,5],[22,4,22,5],[23,4,23,5],[24,4,24,5],[25,4,25,5],[26,4,26,5],[27,4,27,5],[28,4,28,5],[29,4,29,5],[30,4,30,5],[31,4,31,5],[33,7,33,8],[35,4,35,5],[36,4,36,5],[53,4,53,5],[54,0,55,0],[54,1,55,1],[174,0,174,4],[174,5,174,8],[175,5,175,8],[177,0,177,4],[177,5,177,8],[143,5,143,8],[37,0,38,0],[37,1,38,1],[37,2,38,2],[37,4,38,4],[37,5,37,6],[37,7,37,8],[37,3,38,3],[54,2,55,2],[54,3,55,3],[54,4,55,4],[54,5,54,6],[54,7,54,8],[58,5,58,8],[151,4,151,5],[152,4,152,5],[153,0,154,0],[153,1,154,1],[153,2,154,2],[153,3,154,3],[153,4,154,4],[153,5,153,6],[153,7,153,8],[139,0,139,4],[139,5,139,8],[140,5,140,8],[142,0,142,4],[181,0,181,4],[181,5,181,8],[44,0,44,4],[44,5,44,8],[45,0,45,4],[45,5,45,8],[46,0,46,4],[46,5,46,8],[47,0,47,4],[47,5,47,8],[52,4,52,5],[57,5,57,8],[60,0,60,4],[60,5,60,8],[61,0,61,4],[61,5,61,8],[62,0,62,4],[62,5,62,8],[63,0,63,4],[63,5,63,8],[48,0,48,4],[48,5,48,8],[50,7,50,8],[126,0,126,4],[126,5,126,8],[86,4,86,5],[87,4,87,5],[88,4,88,5],[89,4,89,5],[96,4,96,5],[97,4,97,5],[149,7,149,8],[326,0,326,4],[326,5,326,8],[260,0,260,4],[260,5,260,8],[266,7,266,8],[268,4,268,5],[269,4,269,5],[270,0,271,0],[270,1,271,1],[224,0,224,4],[224,5,224,8],[225,0,225,4],[225,5,225,8],[227,6,227,8],[228,6,228,8],[231,7,231,8],[236,5,236,8],[226,0,226,4],[226,5,226,8],[229,0,229,4],[229,5,229,8],[230,7,230,8],[232,0,232,4],[232,5,232,8],[233,5,233,8],[236,0,236,4],[254,5,254,8],[252,0,252,4],[252,5,252,8],[253,0,253,4],[253,5,253,8],[255,6,255,8],[288,5,288,8],[292,5,292,8],[298,9,299,9],[301,5,301,8],[302,5,302,8],[305,0,305,4],[306,0,306,4],[301,0,301,4],[315,6,315,8],[316,0,316,4],[316,5,316,8],[294,7,294,8],[296,4,296,5],[297,4,297,5],[298,0,299,0],[298,1,299,1],[298,2,299,2],[298,3,299,3],[298,4,299,4],[298,5,298,6],[298,7,298,8],[314,6,314,8],[270,9,271,9],[279,0,279,4],[279,5,279,8],[256,6,256,8],[258,6,258,8],[317,5,317,8],[320,0,320,4],[320,5,320,8],[322,7,322,8],[324,4,324,5],[325,4,325,5],[461,6,461,8],[462,0,462,4],[462,5,462,8],[463,7,463,8],[464,7,464,8],[400,0,400,4],[400,5,400,8],[407,6,407,8],[409,6,409,8],[410,6,410,8],[411,6,411,8],[397,5,397,8],[446,0,446,4],[446,5,446,8],[447,5,447,8],[416,5,416,8],[419,0,419,4],[419,5,419,8],[401,0,401,4],[401,5,401,8],[404,0,404,4],[480,0,480,4],[480,5,480,8],[481,5,481,8],[483,0,483,4],[483,5,483,8],[484,0,484,4],[484,5,484,8],[485,0,485,4],[485,5,485,8],[486,0,486,4],[486,5,486,8],[487,0,487,4],[487,5,487,8],[488,0,488,4],[488,5,488,8],[490,7,490,8],[494,4,495,4],[492,4,492,5],[493,4,493,5],[494,9,495,9],[503,5,503,8],[506,0,506,4],[773,0,773,4],[773,5,773,8],[776,0,776,4],[776,5,776,8],[777,0,777,4],[777,5,777,8],[778,0,778,4],[778,5,778,8],[780,0,780,4],[731,0,731,4],[731,5,731,8],[733,0,733,4],[733,5,733,8],[734,0,734,4],[734,5,734,8],[714,0,714,4],[714,5,714,8],[715,0,715,4],[715,5,715,8],[719,0,719,4],[719,5,719,8],[721,7,721,8],[723,4,723,5],[724,4,724,5],[725,5,725,8],[716,0,716,4],[716,5,716,8],[564,9,565,9],[540,0,540,4],[717,0,717,4],[717,5,717,8],[718,0,718,4],[718,5,718,8],[729,0,729,4],[774,5,774,8],[779,0,779,4],[779,5,779,8],[795,0,795,4],[795,5,795,8],[780,5,780,8],[781,0,781,4],[781,5,781,8],[783,7,783,8],[785,4,785,5],[786,4,786,5],[787,0,787,4],[787,5,787,8],[788,0,788,4],[788,5,788,8],[789,0,789,4],[789,5,789,8],[790,0,790,4],[729,5,729,8],[730,0,730,4],[730,5,730,8],[736,7,736,8],[738,4,738,5],[739,4,739,5],[747,6,747,8],[750,0,750,4],[750,5,750,8],[971,7,971,8],[982,0,982,4],[982,5,982,8],[956,5,956,8],[963,6,963,8],[964,6,964,8],[965,6,965,8],[966,6,966,8],[967,6,967,8],[968,6,968,8],[969,0,969,4],[969,5,969,8],[973,4,973,5],[974,4,974,5],[975,0,976,0],[975,1,976,1],[975,2,976,2],[975,3,976,3],[975,4,976,4],[975,5,975,6],[975,7,975,8],[923,7,923,8],[930,0,930,4],[930,5,930,8],[956,0,956,4],[1149,4,1149,5],[1150,4,1150,5],[1135,4,1135,5],[1136,4,1136,5],[1137,4,1137,5],[1138,0,1138,9],[1146,4,1146,5],[1147,4,1147,5],[1148,4,1148,5],[1151,4,1151,5],[1035,6,1035,8],[1036,6,1036,8],[1037,6,1037,8],[1038,6,1038,8],[1039,0,1039,4],[1039,5,1039,8],[1040,7,1040,8],[1041,7,1041,8],[1042,7,1042,8],[1043,0,1043,4],[1043,5,1043,8],[1057,0,1057,4],[1057,5,1057,8],[1058,5,1058,8],[1061,0,1061,4],[1061,5,1061,8],[1062,0,1062,4],[1062,5,1062,8],[1259,4,1259,5],[1260,4,1260,5],[1275,7,1275,8],[1258,4,1258,5],[1261,4,1261,5],[1262,4,1262,5],[1263,4,1263,5],[1265,7,1265,8],[1178,4,1178,5],[1179,4,1179,5],[1180,4,1180,5],[1181,4,1181,5],[1182,4,1182,5],[1183,4,1183,5],[1188,4,1188,5],[1189,4,1189,5],[1190,4,1190,5],[1191,4,1191,5],[1257,4,1257,5],[1195,4,1195,5],[1196,4,1196,5],[1214,4,1214,5],[1215,4,1215,5],[1216,4,1216,5],[1227,4,1227,5],[1197,4,1197,5],[1201,4,1201,5],[1202,4,1202,5],[1203,4,1203,5],[1204,4,1204,5],[1211,4,1211,5],[1212,4,1212,5],[1320,0,1320,4],[1320,5,1320,8],[1321,5,1321,8],[1325,0,1325,4],[1325,5,1325,8],[1331,7,1331,8],[1318,0,1318,4],[1318,5,1318,8],[1319,0,1319,4],[1319,5,1319,8],[1321,0,1321,4],[1322,6,1322,8],[1323,6,1323,8],[1324,6,1324,8],[1326,6,1326,8],[1327,6,1327,8],[1328,6,1328,8],[1329,0,1329,4],[1329,5,1329,8],[1330,7,1330,8],[1649,0,1649,4],[1649,5,1649,8],[1650,7,1650,8],[1651,7,1651,8],[1749,4,1749,5],[1521,4,1521,5],[1522,4,1522,5],[1563,4,1563,5],[1564,4,1564,5],[1568,4,1568,5],[1505,4,1505,5],[1506,4,1506,5],[1512,4,1512,5],[1513,4,1513,5],[1514,4,1514,5],[1515,4,1515,5],[1516,4,1516,5],[1529,4,1529,5],[1533,4,1533,5],[1534,4,1534,5],[1535,4,1535,5],[1525,4,1525,5],[1527,7,1527,8],[1530,4,1530,5],[1531,4,1531,5],[1532,4,1532,5],[1536,4,1536,5],[1537,4,1537,5],[1538,4,1538,5],[1540,7,1540,8],[1542,4,1542,5],[1543,4,1543,5],[1832,4,1832,5],[1838,4,1838,5],[1844,4,1844,5],[1850,4,1850,5],[1851,4,1851,5],[1852,4,1852,5],[1853,4,1853,5],[1858,4,1858,5],[1862,4,1862,5],[1831,4,1831,5],[1834,7,1834,8],[1791,4,1791,5],[1792,4,1792,5],[1757,4,1757,5],[1758,4,1758,5],[1762,4,1762,5],[1763,4,1763,5],[1826,4,1826,5],[1802,4,1802,5],[1803,4,1803,5],[1804,4,1804,5],[1806,7,1806,8],[1825,4,1825,5],[1828,7,1828,8],[1830,4,1830,5],[1759,4,1759,5],[1760,4,1760,5],[1761,4,1761,5],[1766,7,1766,8],[1780,4,1780,5],[1782,7,1782,8],[1788,7,1788,8],[1896,4,1896,5],[1897,4,1897,5],[1898,4,1898,5],[1899,4,1899,5],[1900,4,1900,5],[1907,4,1907,5],[1908,4,1908,5],[1909,4,1909,5],[1910,4,1910,5],[1911,4,1911,5],[1912,4,1912,5],[1902,7,1902,8],[1904,4,1904,5],[1905,4,1905,5],[1906,4,1906,5],[1914,7,1914,8],[1875,4,1875,5],[1876,4,1876,5],[1877,4,1877,5],[1878,4,1878,5],[1879,4,1879,5],[1880,4,1880,5],[1886,4,1886,5],[1887,4,1887,5],[1888,4,1888,5],[1889,4,1889,5],[1895,4,1895,5],[1885,4,1885,5],[1891,7,1891,8],[1893,4,1893,5],[1894,4,1894,5],[1973,4,1973,5],[1959,4,1959,5],[1960,4,1960,5],[1919,4,1919,5],[1920,4,1920,5],[1921,4,1921,5],[1922,4,1922,5],[1923,4,1923,5],[1924,4,1924,5],[1928,4,1928,5],[1929,4,1929,5],[1930,4,1930,5],[1931,4,1931,5],[1932,4,1932,5],[1934,7,1934,8],[1936,4,1936,5],[1937,4,1937,5],[2062,4,2062,5],[2063,4,2063,5],[2064,4,2064,5],[2068,4,2068,5],[2074,4,2074,5],[2075,4,2075,5],[2080,4,2080,5],[2081,4,2081,5],[2082,4,2082,5],[2084,7,2084,8],[2088,4,2088,5],[2093,4,2093,5],[2094,4,2094,5],[2026,4,2026,5],[2027,4,2027,5],[2028,4,2028,5],[2030,7,2030,8],[2032,4,2032,5],[2033,4,2033,5],[2066,4,2066,5],[2067,4,2067,5],[2070,7,2070,8],[2072,4,2072,5],[2073,4,2073,5],[2077,7,2077,8],[2079,4,2079,5],[2089,4,2089,5],[2091,7,2091,8],[2034,4,2034,5],[2039,4,2039,5],[2040,4,2040,5],[2046,4,2046,5],[2165,4,2165,5],[2166,4,2166,5],[2173,4,2173,5],[2174,4,2174,5],[2178,4,2178,5],[2179,4,2179,5],[2167,4,2167,5],[2168,4,2168,5],[2169,4,2169,5],[2171,7,2171,8],[2175,4,2175,5],[2176,4,2176,5],[2177,4,2177,5],[2181,7,2181,8],[2185,4,2185,5],[2189,4,2189,5],[2187,7,2187,8],[2183,4,2183,5],[2184,4,2184,5],[2346,4,2346,5],[2347,4,2347,5],[2351,4,2351,5],[2355,4,2355,5],[2359,4,2359,5],[2365,4,2365,5],[2366,4,2366,5],[2367,4,2367,5],[2369,7,2369,8],[2371,4,2371,5],[2338,4,2338,5],[2345,4,2345,5],[2393,7,2393,8],[2379,4,2379,5],[2383,4,2383,5],[2389,4,2389,5],[2385,4,2385,5],[2387,7,2387,8],[2339,4,2339,5],[2340,4,2340,5],[2341,4,2341,5],[2343,7,2343,8],[2349,7,2349,8],[2352,4,2352,5],[2353,4,2353,5],[2354,4,2354,5],[2357,7,2357,8],[2360,4,2360,5],[2361,4,2361,5],[2363,7,2363,8],[2375,7,2375,8],[2377,4,2377,5],[2483,7,2483,8],[2485,4,2485,5],[2489,7,2489,8],[2491,4,2491,5],[2492,4,2492,5],[2493,4,2493,5],[2473,4,2473,5],[2437,4,2437,5],[2443,4,2443,5],[2444,4,2444,5],[2445,4,2445,5],[2450,4,2450,5],[2451,4,2451,5],[2461,4,2461,5],[2462,4,2462,5],[2463,4,2463,5],[2467,4,2467,5],[2468,4,2468,5],[2469,4,2469,5],[2465,7,2465,8],[2471,7,2471,8],[2564,0,2564,4],[2564,5,2564,8],[2565,0,2565,4],[2565,5,2565,8],[2566,0,2566,4],[2566,5,2566,8],[2567,0,2567,4],[2567,5,2567,8],[2568,0,2568,4],[2497,4,2497,5],[2498,4,2498,5],[2499,4,2499,5],[2522,4,2522,5],[2523,4,2523,5],[2504,4,2504,5],[2505,4,2505,5],[2506,4,2506,5],[2511,4,2511,5],[2512,4,2512,5],[2501,7,2501,8],[2503,4,2503,5],[2507,4,2507,5],[2509,7,2509,8],[2513,4,2513,5],[2514,4,2514,5],[2515,4,2515,5],[2517,7,2517,8],[2519,4,2519,5],[2520,4,2520,5],[2521,4,2521,5],[2552,0,2552,4],[2552,5,2552,8],[2989,4,2989,5],[2990,4,2990,5],[2987,4,2987,5],[2959,4,2959,5],[2932,4,2932,5],[2933,4,2933,5],[2890,7,2890,8],[2892,4,2892,5],[2893,4,2893,5],[2894,4,2894,5],[2899,4,2899,5],[2900,4,2900,5],[2905,4,2905,5],[2906,4,2906,5],[2916,4,2916,5],[2917,4,2917,5],[2922,4,2922,5],[2923,4,2923,5],[2924,4,2924,5],[2928,4,2928,5],[2929,4,2929,5],[2936,4,2936,5],[2941,4,2941,5],[2942,4,2942,5],[2943,4,2943,5],[2949,4,2949,5],[2951,7,2951,8],[2956,4,2956,5],[2957,4,2957,5],[2958,4,2958,5],[2964,4,2964,5],[2965,4,2965,5],[3002,4,3002,5],[3003,4,3003,5],[3004,4,3004,5],[3005,4,3005,5],[3006,4,3006,5],[3007,4,3007,5],[3011,4,3011,5],[3012,4,3012,5],[3013,4,3013,5],[3014,4,3014,5],[3015,4,3015,5],[3016,4,3016,5],[3017,4,3017,5],[3021,4,3021,5],[3022,4,3022,5],[2991,4,2991,5],[2992,4,2992,5],[2993,4,2993,5],[2994,4,2994,5],[2995,4,2995,5],[2996,4,2996,5],[3000,4,3000,5],[3001,4,3001,5],[3081,4,3081,5],[3082,4,3082,5],[3083,4,3083,5],[3084,4,3084,5],[3085,4,3085,5],[3043,4,3043,5],[3047,4,3047,5],[3048,4,3048,5],[3049,4,3049,5],[3050,4,3050,5],[3051,4,3051,5],[3055,4,3055,5],[3056,4,3056,5],[3057,4,3057,5],[3058,4,3058,5],[3059,4,3059,5],[3063,4,3063,5],[3064,4,3064,5],[3053,4,3053,5],[3054,4,3054,5],[3060,4,3060,5],[3061,4,3061,5],[3062,4,3062,5],[3068,4,3068,5],[3069,4,3069,5],[3070,4,3070,5],[3078,4,3078,5],[3079,4,3079,5],[3080,4,3080,5],[3065,4,3065,5],[3066,4,3066,5],[3067,4,3067,5],[3150,4,3150,5],[3107,4,3107,5],[3114,4,3114,5],[3115,4,3115,5],[3116,4,3116,5],[3117,4,3117,5],[3118,4,3118,5],[3122,4,3122,5],[3123,4,3123,5],[3124,4,3124,5],[3125,4,3125,5],[3126,4,3126,5],[3133,4,3133,5],[3134,4,3134,5],[3138,4,3138,5],[3139,4,3139,5],[3140,4,3140,5],[3141,4,3141,5],[3142,4,3142,5],[3146,4,3146,5],[3147,4,3147,5],[3148,4,3148,5],[3149,4,3149,5],[3302,6,3302,8],[3303,0,3303,4],[3275,0,3275,4],[3275,5,3275,8],[3206,0,3206,4],[3206,5,3206,8],[3207,0,3207,4],[3207,5,3207,8],[3208,0,3208,4],[3208,5,3208,8],[3209,6,3209,8],[3210,6,3210,8],[3211,0,3211,4],[3211,5,3211,8],[3212,7,3212,8],[3213,7,3213,8],[3214,0,3214,4],[3214,5,3214,8],[3215,5,3215,8],[3218,0,3218,4],[3218,5,3218,8],[3220,7,3220,8],[3223,4,3223,5],[3224,5,3224,8],[3226,0,3226,4],[3226,5,3226,8],[3227,0,3227,4],[3227,5,3227,8],[3228,0,3228,4],[3228,5,3228,8],[3229,0,3229,4],[3229,5,3229,8],[3300,6,3300,8],[3301,6,3301,8],[3283,4,3283,5],[3284,4,3284,5],[3294,0,3294,4],[3294,5,3294,8],[3295,0,3295,4],[3295,5,3295,8],[3296,0,3296,4],[3296,5,3296,8],[3297,0,3297,4],[3297,5,3297,8],[3298,0,3298,4],[3298,5,3298,8],[3299,0,3299,4],[3299,5,3299,8],[3291,0,3291,4],[3291,5,3291,8],[3292,5,3292,8],[3515,4,3515,5],[3525,4,3525,5],[3526,4,3526,5],[3478,4,3478,5],[3458,4,3458,5],[3459,4,3459,5],[3420,4,3420,5],[3421,4,3421,5],[3426,4,3426,5],[3427,4,3427,5],[3428,4,3428,5],[3432,4,3432,5],[3433,4,3433,5],[3434,4,3434,5],[3440,4,3440,5],[3441,4,3441,5],[3442,4,3442,5],[3443,4,3443,5],[3449,4,3449,5],[3450,4,3450,5],[3451,4,3451,5],[3452,4,3452,5],[3499,4,3499,5],[3500,4,3500,5],[3501,4,3501,5],[3502,4,3502,5],[3503,4,3503,5],[3508,4,3508,5],[3509,4,3509,5],[3510,4,3510,5],[3511,4,3511,5],[3457,4,3457,5],[3564,7,3564,8],[3566,4,3566,5],[3567,4,3567,5],[3530,4,3530,5],[3531,4,3531,5],[3532,4,3532,5],[3536,4,3536,5],[3528,7,3528,8],[3533,4,3533,5],[3534,4,3534,5],[3535,4,3535,5],[3538,7,3538,8],[3543,4,3543,5],[3544,4,3544,5],[3545,4,3545,5],[3549,7,3549,8],[3554,4,3554,5],[3555,4,3555,5],[3556,4,3556,5],[3570,4,3570,5],[3576,4,3576,5],[3577,4,3577,5],[3578,4,3578,5],[3540,4,3540,5],[3541,4,3541,5],[3542,4,3542,5],[3546,4,3546,5],[3547,4,3547,5],[3551,4,3551,5],[3552,4,3552,5],[3553,4,3553,5],[3557,4,3557,5],[3558,4,3558,5],[3559,4,3559,5],[3560,4,3560,5],[3561,4,3561,5],[3562,4,3562,5],[3602,4,3602,5],[3603,4,3603,5],[3604,4,3604,5],[3605,4,3605,5],[3606,4,3606,5],[3608,7,3608,8],[3610,4,3610,5],[3611,4,3611,5],[3612,4,3612,5],[3613,4,3613,5],[3616,7,3616,8],[3619,4,3619,5],[3620,4,3620,5],[3621,4,3621,5],[3629,4,3629,5],[3631,7,3631,8],[3635,4,3635,5],[3624,4,3624,5],[3625,4,3625,5],[3626,4,3626,5],[3627,4,3627,5],[3628,4,3628,5],[3866,4,3866,5],[3870,4,3870,5],[3871,4,3871,5],[3872,4,3872,5],[3790,4,3790,5],[3843,4,3843,5],[3844,4,3844,5],[3845,4,3845,5],[3849,7,3849,8],[3835,7,3835,8],[3867,4,3867,5],[3868,4,3868,5],[3869,4,3869,5],[3789,4,3789,5],[3715,4,3715,5],[3720,4,3720,5],[3721,4,3721,5],[3747,4,3747,5],[3748,4,3748,5],[3749,4,3749,5],[3753,4,3753,5],[3754,4,3754,5],[3803,4,3803,5],[3758,4,3758,5],[3759,4,3759,5],[3763,4,3763,5],[3764,4,3764,5],[3765,4,3765,5],[3766,4,3766,5],[3767,4,3767,5],[3791,4,3791,5],[3792,4,3792,5],[3806,4,3806,5],[3808,7,3808,8],[3812,4,3812,5],[3813,4,3813,5],[3814,4,3814,5],[3821,7,3821,8],[3825,4,3825,5],[3826,4,3826,5],[3827,4,3827,5],[3777,4,3777,5],[3784,4,3784,5],[3785,4,3785,5],[3786,4,3786,5],[3787,4,3787,5],[3769,7,3769,8],[3771,4,3771,5],[3772,4,3772,5],[3778,4,3778,5],[3779,4,3779,5],[3780,4,3780,5],[3782,7,3782,8],[3788,4,3788,5],[3773,4,3773,5],[3774,4,3774,5],[3775,4,3775,5],[3776,4,3776,5],[3856,4,3856,5],[3860,4,3860,5],[3861,4,3861,5],[3840,4,3840,5],[3841,4,3841,5],[3842,4,3842,5],[3846,4,3846,5],[3847,4,3847,5],[3865,4,3865,5],[3873,4,3873,5],[3874,4,3874,5],[3875,4,3875,5],[3793,4,3793,5],[3795,7,3795,8],[3797,4,3797,5],[3798,4,3798,5],[3799,4,3799,5],[3815,4,3815,5],[3804,4,3804,5],[3805,4,3805,5],[3837,4,3837,5],[3838,4,3838,5],[3839,4,3839,5],[3857,4,3857,5],[3858,4,3858,5],[3859,4,3859,5],[3863,7,3863,8],[3810,4,3810,5],[3811,4,3811,5],[3800,4,3800,5],[3801,4,3801,5],[3802,4,3802,5],[3853,4,3853,5],[3854,4,3854,5],[3855,4,3855,5],[3816,4,3816,5],[3817,4,3817,5],[3818,4,3818,5],[3819,4,3819,5],[3823,4,3823,5],[3824,4,3824,5],[3828,4,3828,5],[3829,4,3829,5],[3830,4,3830,5],[3831,4,3831,5],[3832,4,3832,5],[3833,4,3833,5],[3851,4,3851,5],[3852,4,3852,5],[4080,7,4080,8],[4082,4,4082,5],[4083,4,4083,5],[4084,4,4084,5],[4085,4,4085,5],[4086,4,4086,5],[4087,4,4087,5],[4000,4,4000,5],[4004,4,4004,5],[4005,4,4005,5],[4006,4,4006,5],[4093,4,4093,5],[4074,4,4074,5],[4075,4,4075,5],[4035,4,4035,5],[4036,4,4036,5],[4037,4,4037,5],[4038,4,4038,5],[4044,4,4044,5],[4045,4,4045,5],[4046,4,4046,5],[4016,4,4016,5],[4017,4,4017,5],[4022,4,4022,5],[4023,4,4023,5],[4031,4,4031,5],[4019,7,4019,8],[4021,4,4021,5],[4029,7,4029,8],[4032,4,4032,5],[4033,4,4033,5],[4034,4,4034,5],[54,9,55,9],[57,0,57,4],[0,2,0,3],[0,4,0,5],[0,6,0,7]],"merged_total":4847,"flags":["merged_cut"]}
[null,null,"Composições Analíticas com Preço Unitário",null,"Bancos",null,"B.D.I.",null,"Encargos Sociais"]
[null,null,"ESTUDO DE VIABILIDADE TÉCNICA, ECONÔMICA E AMBIENTAL, ESTUDOS BÁSICOS, PROJETO BÁSICO E PROJETO EXECUTIVO PARA PAVIMENTAÇÃO DO RAMAL DA TOTOIA, NO ESTADO DO AMAPÁ. V1",null,"SINAPI - 08/2024 - Amapá\nSBC - 08/2024 - Amapá\nSICRO3 - 04/2024 - Amapá\n",null,"23,38%",null,"Não Desonerado: embutido nos preços unitário dos insumos de mão de obra, de acordo com as bases."]
["Composições Analíticas com Preço Unitário"]
["Composições Principais"]
[" 1.1 ","Código","Banco","Descrição","Tipo",null,"Und","Quant.","Valor Unit","Total"]
["Composição"," 74209/001 ","Próprio","PLACA DE OBRA EM CHAPA DE ACO GALVANIZADO","SEDI - SERVIÇOS DIVERSOS",null,"m²",1,516.16,516.16]
["Composição Auxiliar"," 88262 ","SINAPI","CARPINTEIRO DE FORMAS COM ENCARGOS COMPLEMENTARES","SEDI - SERVIÇOS DIVERSOS",null,"H",1,24.94,24.94]
["Composição Auxiliar"," 88316 ","SINAPI","SERVENTE COM ENCARGOS COMPLEMENTARES","SEDI - SERVIÇOS DIVERSOS",null,"H",2,18.989999999999998,37.979999999999997]
["Composição Auxiliar"," 94962 ","SINAPI","CONCRETO MAGRO PARA LASTRO, TRAÇO 1:4,5:4,5 (EM MASSA SECA DE CIMENTO/ AREIA MÉDIA/ BRITA 1) - PREPARO MECÂNICO COM BETONEIRA 400 L. AF_05/2021","FUES - FUNDAÇÕES E ESTRUTURAS",null,"m³",0.01,604.29999999999995,6.04]
["Insumo"," 00004813 ","SINAPI","PLACA DE OBRA (PARA CONSTRUCAO CIVIL) EM CHAPA GALVANIZADA *N. 22*, ADESIVADA, DE *2,4 X 1,2* M (SEM POSTES PARA FIXACAO)","Material",null,"m²",1,400,400]
["Insumo"," 00004417 ","SINAPI","SARRAFO NAO APARELHADO *2,5 X 7* CM, EM MACARANDUBA/MASSARANDUBA, ANGELIM, PEROBA-ROSA OU EQUIVALENTE DA REGIAO - BRUTA","Material",null,"M",1,4.53,4.53]
["Insumo"," 00004491 ","SINAPI","PONTALETE *7,5 X 7,5* CM EM PINUS, MISTA OU EQUIVALENTE DA REGIAO - BRUTA","Material",null,"M",4,10.220000000000001,40.880000000000003]
["Insumo"," 00005075 ","SINAPI","PREGO DE ACO POLIDO COM CABECA 18 X 30 (2 3/4 X 10)","Material",null,"KG",0.11,16.27,1.79]
[{"$nulls":4},"MO sem LS =>",50.55,"LS =>",0,"MO com LS =>",50.55]
[{"$nulls":4},"Valor do BDI =>",120.68,null,"Valor com BDI =>",null,636.84]
[]
[" 1.3 ","Código","Banco","Descrição","Tipo",null,"Und","Quant.","Valor Unit","Total"]
["Composição"," 121 ","Próprio","CANTEIRO DE OBRA","SEDI - SERVIÇOS DIVERSOS",null,"UND.",1,82129.47,82129.47]
["Composição Auxiliar"," 98525 ","SINAPI","LIMPEZA MECANIZADA DE CAMADA VEGETAL, VEGETAÇÃO E PEQUENAS ÁRVORES (DIÂMETRO DE TRONCO MENOR QUE 0,20 M), COM TRATOR DE ESTEIRAS. AF_03/2024","URBA - URBANIZAÇÃO",null,"m²",360,0.67,241.2]
["Composição Auxiliar"," 93582 ","SINAPI","EXECUÇÃO DE CENTRAL DE ARMADURA EM CANTEIRO DE OBRA, NÃO INCLUSO MOBILIÁRIO E EQUIPAMENTOS. AF_04/2016","CANT - CANTEIRO DE OBRAS",null,"m²",13.8,275.88,3807.14]
["Composição Auxiliar"," 93210 ","SINAPI","EXECUÇÃO DE REFEITÓRIO EM CANTEIRO DE OBRA EM CHAPA DE MADEIRA COMPENSADA, NÃO INCLUSO MOBILIÁRIO E EQUIPAMENTOS. AF_02/2016","CANT - CANTEIRO DE OBRAS",null,"m²",13.8,570.70000000000005,7875.66]
["Composição Auxiliar"," 93584 ","SINAPI","EXECUÇÃO DE DEPÓSITO EM CANTEIRO DE OBRA EM CHAPA DE MADEIRA COMPENSADA, NÃO INCLUSO MOBILIÁRIO. AF_04/2016","CANT - CANTEIRO DE OBRAS",null,"m²",13.8,784.88,10831.34]
["Composição Auxiliar"," 89402 ","SINAPI","TUBO, PVC, SOLDÁVEL, DE 25MM, INSTALADO EM RAMAL DE DISTRIBUIÇÃO DE ÁGUA - FORNECIMENTO E INSTALAÇÃO. AF_06/2022","INHI - INSTALAÇÕES HIDROS SANITÁRIAS",null,"M",45,10.79,485.55]
["Composição Auxiliar"," 74209/001 ","Próprio","PLACA DE OBRA EM CHAPA DE ACO GALVANIZADO","SEDI - SERVIÇOS DIVERSOS",null,"m²",4.5,516.16,2322.7199999999998]
["Composição Auxiliar"," 95636 ","SINAPI","KIT CAVALETE PARA MEDIÇÃO DE ÁGUA - ENTRADA PRINCIPAL, EM AÇO GALVANIZADO DN 25 MM (1\") - FORNECIMENTO E INSTALAÇÃO (EXCLUSIVE HIDRÔMETRO). AF_03/2024","INHI - INSTALAÇÕES HIDROS SANITÁRIAS",null,"UN",1,388.53,388.53]
["Composição Auxiliar"," 89712 ","SINAPI","TUBO PVC, SERIE NORMAL, ESGOTO PREDIAL, DN 50 MM, FORNECIDO E INSTALADO EM RAMAL DE DESCARGA OU RAMAL DE ESGOTO SANITÁRIO. AF_08/2022","INHI - INSTALAÇÕES HIDROS SANITÁRIAS",null,"M",45,22.58,1016.1]
["Composição Auxiliar"," 86931 ","SINAPI","VASO SANITÁRIO SIFONADO COM CAIXA ACOPLADA LOUÇA BRANCA, INCLUSO ENGATE FLEXÍVEL EM PLÁSTICO BRANCO, 1/2  X 40CM - FORNECIMENTO E INSTALAÇÃO. AF_01/2020","INHI - INSTALAÇÕES HIDROS SANITÁRIAS",null,"UN",8,440.36,3522.88]
["Composição Auxiliar"," 101489 ","SINAPI","ENTRADA DE ENERGIA ELÉTRICA, AÉREA, MONOFÁSICA, COM CAIXA DE SOBREPOR, CABO DE 10 MM2 E DISJUNTOR DIN 50A (NÃO INCLUSO O POSTE DE CONCRETO). AF_07/2020_PS","INEL - INSTALAÇÃO ELÉTRICA/ELETRIFICAÇÃO E ILUMINAÇÃO EXTERNA",null,"UN",1,1543.8,1543.8]
["Composição Auxiliar"," 99059 ","SINAPI","LOCAÇÃO CONVENCIONAL DE OBRA, UTILIZANDO GABARITO DE TÁBUAS CORRIDAS PONTALETADAS A CADA 2,00M -  2 UTILIZAÇÕES. AF_03/2024","SERT - SERVIÇOS TÉCNICOS",null,"M",76,56.21,4271.96]
["Composição Auxiliar"," 93212 ","SINAPI","EXECUÇÃO DE SANITÁRIO E VESTIÁRIO EM CANTEIRO DE OBRA EM CHAPA DE MADEIRA COMPENSADA, NÃO INCLUSO MOBILIÁRIO. AF_02/2016","CANT - CANTEIRO DE OBRAS",null,"m²",27.6,926.49,25571.119999999999]
["Composição Auxiliar"," 98459 ","SINAPI","TAPUME COM TELHA METÁLICA. AF_03/2024","CANT - CANTEIRO DE OBRAS",null,"m²",212.8,90.15,19183.919999999998]
["Insumo"," 00005059 ","SINAPI","POSTE DE CONCRETO ARMADO DE SECAO CIRCULAR, EXTENSAO DE 9,00 M, RESISTENCIA DE 300 A 400 DAN, TIPO C-17","Material",null,"UN",1,1067.55,1067.55]
[{"$nulls":4},"MO sem LS =>",20503.560000000001,"LS =>",0,"MO com LS =>",20503.560000000001]
[{"$nulls":4},"Valor do BDI =>",19201.87,null,"Valor com BDI =>",null,101331.34]
[]
[" 1.4 ","Código","Banco","Descrição","Tipo",null,"Und","Quant.","Valor Unit","Total"]
["Composição"," 5502985 ","SICRO3","Limpeza mecanizada da camada vegetal","",null,"m²",1,0.59,0.59]
["A","Código","Banco","Equipamentos","Quantidade","Utilização",null,"Custo Horário",null,"Custo Horário Total"]
[{"$nulls":5},"Operativa","Improdutiva","Operativa","Improdutiva"]
["Insumo"," E9540 ","SICRO3","Trator sobre esteiras com lâmina - 127 kW",1,1,0,324.74590000000001,130.98390000000001,324.74590000000001]
[{"$nulls":5},"Custo horário total de equipamentos",null,null,null,324.74590000000001]
["B","Código","Banco","Mão de Obra","Quantidade","Custo Horário",null,null,null,"Custo Horário Total"]
["Insumo"," P9824 ","SICRO3","Servente",1,null,null,null,"21,1436","21,1436"]
[{"$nulls":5},"Custo horário total de mão de obra",null,null,null,21.143599999999999]
[{"$nulls":5},"Custo horário total de execução",null,null,null,345.8895]
[{"$nulls":5},"Produção de equipe",null,null,null,622.95000000000005]
[{"$nulls":5},"Custo unitário de execução",null,null,null,0.55520000000000003]
[{"$nulls":5},"Custo do FIC",null,null,null,3.5700000000000003E-2]
[{"$nulls":5},"Custo do FIT",null,null,null,0]
[{"$nulls":4},"MO sem LS =>",0.03,"LS =>",0,"MO com LS =>",3.3941086764587847E-2]
[{"$nulls":4},"Valor do BDI =>",0.14000000000000001,null,"Valor com BDI =>",null,0.73]
[]
[" 1.5 ","Código","Banco","Descrição","Tipo",null,"Und","Quant.","Valor Unit","Total"]
["Composição"," 5914655 ","SICRO3","Carga, manobra e descarga de materiais diversos em caminhão carroceria de 15 t - carga e descarga manuais","",null,"t",1,33.5,33.5]
["A","Código","Banco","Equipamentos","Quantidade","Utilização",null,"Custo Horário",null,"Custo Horário Total"]
[{"$nulls":5},"Operativa","Improdutiva","Operativa","Improdutiva"]
["Insumo"," E9592 ","SICRO3","Caminhão carroceria com capacidade de 15 t - 188 kW",1,1,0,269.74720000000002,78.834100000000007,269.74720000000002]
[{"$nulls":5},"Custo horário total de equipamentos",null,null,null,269.74720000000002]
["B","Código","Banco","Mão de Obra","Quantidade","Custo Horário",null,null,null,"Custo Horário Total"]
["Insumo"," P9824 ","SICRO3","Servente",6,null,null,null,"21,1436","126,8616"]
[{"$nulls":5},"Custo horário total de mão de obra",null,null,null,126.8616]
[{"$nulls":5},"Custo horário total de execução",null,null,null,396.60879999999997]
[{"$nulls":5},"Produção de equipe",null,null,null,11.84]
[{"$nulls":5},"Custo unitário de execução",null,null,null,33.497399999999999]
[{"$nulls":5},"Custo do FIC",null,null,null,0]
[{"$nulls":5},"Custo do FIT",null,null,null,0]
[{"$nulls":4},"MO sem LS =>",10.71,"LS =>",0,"MO com LS =>",10.714662162162162]
[{"$nulls":4},"Valor do BDI =>",7.83,null,"Valor com BDI =>",null,41.33]
[]
[" 1.6 ","Código","Banco","Descrição","Tipo",null,"Und","Quant.","Valor Unit","Total"]
["Composição"," 5914464 ","SICRO3","Transporte com caminhão carroceria de 15 t - rodovia em revestimento primário","",null,"tkm",1,0.92,0.92]
["A","Código","Banco","Equipamentos","Quantidade","Utilização",null,"Custo Horário",null,"Custo Horário Total"]
[{"$nulls":5},"Operativa","Improdutiva","Operativa","Improdutiva"]
["Insumo"," E9592 ","SICRO3","Caminhão carroceria com capacidade de 15 t - 188 kW",1,1,0,269.74720000000002,78.834100000000007,269.74720000000002]
[{"$nulls":5},"Custo horário total de equipamentos",null,null,null,269.74720000000002]
[{"$nulls":5},"Custo horário total de execução",null,null,null,269.74720000000002]
[{"$nulls":5},"Produção de equipe",null,null,null,310.73]
[{"$nulls":5},"Custo unitário de execução",null,null,null,0.86809999999999998]
[{"$nulls":5},"Custo do FIC",null,null,null,5.5800000000000002E-2]
[{"$nulls":5},"Custo do FIT",null,null,null,0]
[{"$nulls":4},"MO sem LS =>",0,"LS =>",0,"MO com LS =>",0]
[{"$nulls":4},"Valor do BDI =>",0.22,null,"Valor com BDI =>",null,1.1399999999999999]
[]
[" 1.7 ","Código","Banco","Descrição","Tipo",null,"Und","Quant.","Valor Unit","Total"]
["Composição"," 78472 ","Próprio","SINAPI - 78472 - SERVICOS TOPOGRAFICOS PARA PAVIMENTACAO, INCLUSIVE NOTA DE SERVICOS, ACOMPANHAMENTO E GREIDE","SEDI - SERVIÇOS DIVERSOS",null,"m²",1,0.51,0.51]
["Composição Auxiliar"," 5914464 ","SICRO3","Transporte com caminhão carroceria de 15 t - rodovia em revestimento primário","",null,"tkm",1.0606000000000001E-3,0.92,0]
["Composição Auxiliar"," 5914479 ","SICRO3","Transporte com caminhão carroceria de 15 t - rodovia pavimentada","",null,"tkm",2.1599999999999999E-4,0.72,0]
["Insumo"," M0289 ","SICRO3","Tábua - E = 2,5 cm e L = 15 cm","Material",null,"m",2.8860000000000001E-3,7.0415999999999999,0.02]
["Insumo"," P9848 ","SICRO3","Desenhista","Mão de Obra",null,"mês",1.1399999999999999E-5,8883.6414999999997,0.1]
["Insumo"," P9950 ","SICRO3","Auxiliar de topografia","Mão de Obra",null,"mês",1.42E-5,4519.6557000000003,0.06]
["Insumo"," E9512 ","SICRO3","Veículo leve - 53 kW","Equipamento",null,"H",1E-3,61.665300000000002,0.06]
["Insumo"," P9949 ","SICRO3","Topógrafo","Mão de Obra",null,"mês",1.42E-5,7926.4674000000005,0.11]
["Insumo"," P9824 ","SICRO3","Servente","Mão de Obra",null,"h",7.4999999999999997E-3,21.143599999999999,0.16]
[{"$nulls":4},"MO sem LS =>",0.43,"LS =>",0,"MO com LS =>",0.43]
[{"$nulls":4},"Valor do BDI =>",0.12,null,"Valor com BDI =>",null,0.63]
[]
[" 2.1 ","Código","Banco","Descrição","Tipo",null,"Und","Quant.","Valor Unit","Total"]
["Composição"," 0005 ","Próprio","ADMINISTRAÇÃO DE OBRA","SEOP - SERVIÇOS OPERACIONAIS",null,"MÊS",1,86218.07,86218.07]
["Insumo"," P9903 ","SICRO3","Auxiliar técnico","Mão de Obra",null,"mês",2,4801.2272000000003,9602.4500000000007]
["Insumo"," P9840 ","SICRO3","Encarregado geral","Mão de Obra",null,"mês",1,10416.0147,10416.01]
["Insumo"," P9842 ","SICRO3","Faxineiro","Mão de Obra",null,"mês",1,4111.6911,4111.6899999999996]
["Insumo"," P9948 ","SICRO3","Motorista de veículo leve - mensalista","Mão de Obra",null,"mês",1,4946.3316999999997,4946.33]
["Insumo"," P9819 ","SICRO3","Engenheiro supervisor","Mão de Obra",null,"mês",1,23564.360700000001,23564.36]
["Insumo"," P9827 ","SICRO3","Vigia","Mão de Obra",null,"mês",2,4809.3190999999997,9618.64]
["Insumo"," P9897 ","SICRO3","Técnico de meio ambiente","Mão de Obra",null,"mês",1,7726.4929000000002,7726.49]
["Insumo"," P9806 ","SICRO3","Auxiliar administrativo","Mão de Obra",null,"mês",2,4965.0168999999996,9930.0300000000007]
["Insumo"," P9878 ","SICRO3","Secretária","Mão de Obra",null,"mês",1,6302.0703000000003,6302.07]
[{"$nulls":4},"MO sem LS =>",86218.07,"LS =>",0,"MO com LS =>",86218.07]
[{"$nulls":4},"Valor do BDI =>",20157.78,null,"Valor com BDI =>",null,106375.85]
[]
[" 3.1 ","Código","Banco","Descrição","Tipo",null,"Und","Quant.","Valor Unit","Total"]
["Composição"," 101 ","Próprio","MOBILIZAÇÃO E DESMOBILIZAÇÃO DE PESSOAL, VEÍCULOS E EQUIPAMENTOS","SEDI - SERVIÇOS DIVERSOS",null,"Unid",1,7921.29,7921.29]
["Insumo"," MOB/DESM - 01 ","Próprio","MOBILIZAÇÃO E DESMOBILIZAÇÃO DE PESSOAL, VEÍCULOS E EQUIPAMENTOS PESADOS","Material",null,"Und.",1,7921.29,7921.29]
[{"$nulls":4},"MO sem LS =>",0,"LS =>",0,"MO com LS =>",0]
[{"$nulls":4},"Valor do BDI =>",1852,null,"Valor com BDI =>",null,9773.2900000000009]
[]
[" 4.1 ","Código","Banco","Descrição","Tipo",null,"Und","Quant.","Valor Unit","Total"]
["Composição"," 5502138 ","SICRO3","Escavação, carga e transporte de material de 1ª categoria - DMT de 600 a 800 m - caminho de serviço em revestimento primário - com escavadeira e caminhão basculante de 14 m³","",null,"m³",1,6.59,6.59]
["A","Código","Banco","Equipamentos","Quantidade","Utilização",null,"Custo Horário",null,"Custo Horário Total"]
[{"$nulls":5},"Operativa","Improdutiva","Operativa","Improdutiva"]
["Insumo"," E9667 ","SICRO3","Caminhão basculante com capacidade de 14 m³ - 210 kW",4,0.88,0.12,304.3057,87.775899999999993,1113.2885000000001]
["Insumo"," E9515 ","SICRO3","Escavadeira hidráulica sobre esteiras com caçamba com capacidade de 1,56 m³ - 118 kW",1,1,0,290.62520000000001,130.28309999999999,290.62520000000001]
[{"$nulls":5},"Custo horário total de equipamentos",null,null,null,1403.9137000000001]
["B","Código","Banco","Mão de Obra","Quantidade","Custo Horário",null,null,null,"Custo Horário Total"]
["Insumo"," P9824 ","SICRO3","Servente",1,null,null,null,"21,1436","21,1436"]
[{"$nulls":5},"Custo horário total de mão de obra",null,null,null,21.143599999999999]
[{"$nulls":5},"Custo horário total de execução",null,null,null,1425.0572999999999]
[{"$nulls":5},"Produção de equipe",null,null,null,230.19]
[{"$nulls":5},"Custo unitário de execução",null,null,null,6.1908000000000003]
[{"$nulls":5},"Custo do FIC",null,null,null,0.39800000000000002]
[{"$nulls":5},"Custo do FIT",null,null,null,0]
[{"$nulls":4},"MO sem LS =>",0.09,"LS =>",0,"MO com LS =>",9.1852817237933884E-2]
[{"$nulls":4},"Valor do BDI =>",1.54,null,"Valor com BDI =>",null,8.1300000000000008]
[]
[" 4.2 ","Código","Banco","Descrição","Tipo",null,"Und","Quant.","Valor Unit","Total"]
["Composição"," 4016096 ","SICRO3","Escavação e carga de material de jazida com escavadeira hidráulica de 1,56 m³","",null,"m³",1,1.44,1.44]
["A","Código","Banco","Equipamentos","Quantidade","Utilização",null,"Custo Horário",null,"Custo Horário Total"]
[{"$nulls":5},"Operativa","Improdutiva","Operativa","Improdutiva"]
["Insumo"," E9515 ","SICRO3","Escavadeira hidráulica sobre esteiras com caçamba com capacidade de 1,56 m³ - 118 kW",1,1,0,290.62520000000001,130.28309999999999,290.62520000000001]
[{"$nulls":5},"Custo horário total de equipamentos",null,null,null,290.62520000000001]
["B","Código","Banco","Mão de Obra","Quantidade","Custo Horário",null,null,null,"Custo Horário Total"]
["Insumo"," P9824 ","SICRO3","Servente",1,null,null,null,"21,1436","21,1436"]
[{"$nulls":5},"Custo horário total de mão de obra",null,null,null,21.143599999999999]
[{"$nulls":5},"Custo horário total de execução",null,null,null,311.7688]
[{"$nulls":5},"Produção de equipe",null,null,null,230.19]
[{"$nulls":5},"Custo unitário de execução",null,null,null,1.3544]
[{"$nulls":5},"Custo do FIC",null,null,null,8.7099999999999997E-2]
[{"$nulls":5},"Custo do FIT",null,null,null,0]
[{"$nulls":4},"MO sem LS =>",0.09,"LS =>",0,"MO com LS =>",9.1852817237933884E-2]
[{"$nulls":4},"Valor do BDI =>",0.34,null,"Valor com BDI =>",null,1.78]
[]
[" 4.3 ","Código","Banco","Descrição","Tipo",null,"Und","Quant.","Valor Unit","Total"]
["Composição"," 5915320 ","SICRO3","Transporte com caminhão basculante de 14 m³ - rodovia em revestimento primário","",null,"tkm",1,0.74,0.74]
["A","Código","Banco","Equipamentos","Quantidade","Utilização",null,"Custo Horário",null,"Custo Horário Total"]
[{"$nulls":5},"Operativa","Improdutiva","Operativa","Improdutiva"]
["Insumo"," E9667 ","SICRO3","Caminhão basculante com capacidade de 14 m³ - 210 kW",1,1,0,304.3057,87.775899999999993,304.3057]
[{"$nulls":5},"Custo horário total de equipamentos",null,null,null,304.3057]
[{"$nulls":5},"Custo horário total de execução",null,null,null,304.3057]
[{"$nulls":5},"Produção de equipe",null,null,null,435.75]
[{"$nulls":5},"Custo unitário de execução",null,null,null,0.69830000000000003]
[{"$nulls":5},"Custo do FIC",null,null,null,4.4900000000000002E-2]
[{"$nulls":5},"Custo do FIT",null,null,null,0]
[{"$nulls":4},"MO sem LS =>",0,"LS =>",0,"MO com LS =>",0]
[{"$nulls":4},"Valor do BDI =>",0.17,null,"Valor com BDI =>",null,0.91]
[]
[" 4.4 ","Código","Banco","Descrição","Tipo",null,"Und","Quant.","Valor Unit","Total"]
["Composição"," 5502978 ","SICRO3","Compactação de aterros a 100% do Proctor normal","",null,"m³",1,5.28,5.28]
["A","Código","Banco","Equipamentos","Quantidade","Utilização",null,"Custo Horário",null,"Custo Horário Total"]
[{"$nulls":5},"Operativa","Improdutiva","Operativa","Improdutiva"]
["Insumo"," E9524 ","SICRO3","Motoniveladora - 93 kW",1,0.28999999999999998,0.71,290.72469999999998,126.3484,174.01750000000001]
["Insumo"," E9571 ","SICRO3","Caminhão tanque com capacidade de 10.000 l - 188 kW",1,0.9,0.1,330.9726,84.255300000000005,306.30090000000001]
["Insumo"," E9518 ","SICRO3","Grade de 24 discos rebocável de D = 60 cm (24\")",1,0.52,0.48,4.9256000000000002,3.4300999999999999,4.2077999999999998]
["Insumo"," E9685 ","SICRO3","Rolo compactador pé de carneiro vibratório autopropelido por pneus de 11,6 t - 82 kW",1,1,0,223.3134,99.619200000000006,223.3134]
["Insumo"," E9577 ","SICRO3","Trator agrícola sobre pneus - 77 kW",1,0.52,0.48,150.67189999999999,55.595599999999997,105.03530000000001]
[{"$nulls":5},"Custo horário total de equipamentos",null,null,null,812.87490000000003]
["B","Código","Banco","Mão de Obra","Quantidade","Custo Horário",null,null,null,"Custo Horário Total"]
["Insumo"," P9824 ","SICRO3","Servente",1,null,null,null,"21,1436","21,1436"]
[{"$nulls":5},"Custo horário total de mão de obra",null,null,null,21.143599999999999]
[{"$nulls":5},"Custo horário total de execução",null,null,null,834.01850000000002]
[{"$nulls":5},"Produção de equipe",null,null,null,168.2]
[{"$nulls":5},"Custo unitário de execução",null,null,null,4.9584999999999999]
[{"$nulls":5},"Custo do FIC",null,null,null,0.31879999999999997]
[{"$nulls":5},"Custo do FIT",null,null,null,0]
[{"$nulls":4},"MO sem LS =>",5.28,"LS =>",-5.15,"MO com LS =>",0.12570511296076101]
[{"$nulls":4},"Valor do BDI =>",1.23,null,"Valor com BDI =>",null,6.51]
[]
[" 5.1 ","Código","Banco","Descrição","Tipo",null,"Und","Quant.","Valor Unit","Total"]
["Composição"," 99063 ","SINAPI","LOCAÇÃO DE REDE DE ÁGUA OU ESGOTO. AF_03/2024","SERT - SERVIÇOS TÉCNICOS",null,"M",1,8.18,8.18]
["Composição Auxiliar"," 91693 ","SINAPI","SERRA CIRCULAR DE BANCADA COM MOTOR ELÉTRICO POTÊNCIA DE 5HP, COM COIFA PARA DISCO 10\" - CHI DIURNO. AF_08/2015","CHOR - CUSTOS HORÁRIOS DE MÁQUINAS E EQUIPAMENTOS",null,"CHI",2.0999999999999999E-3,33.85,7.0000000000000007E-2]
["Composição Auxiliar"," 97733 ","SINAPI","PEÇA RETANGULAR PRÉ-MOLDADA, VOLUME DE CONCRETO DE ATÉ 10 LITROS, TAXA DE AÇO APROXIMADA DE 30KG/M³. AF_03/2024","FUES - FUNDAÇÕES E ESTRUTURAS",null,"m³",5.0000000000000001E-4,3528.69,1.76]
["Composição Auxiliar"," 88262 ","SINAPI","CARPINTEIRO DE FORMAS COM ENCARGOS COMPLEMENTARES","SEDI - SERVIÇOS DIVERSOS",null,"H",0.11840000000000001,24.94,2.95]
["Composição Auxiliar"," 91692 ","SINAPI","SERRA CIRCULAR DE BANCADA COM MOTOR ELÉTRICO POTÊNCIA DE 5HP, COM COIFA PARA DISCO 10\" - CHP DIURNO. AF_08/2015","CHOR - CUSTOS HORÁRIOS DE MÁQUINAS E EQUIPAMENTOS",null,"CHP",5.0000000000000001E-4,35.159999999999997,0.02]
["Composição Auxiliar"," 88239 ","SINAPI","AJUDANTE DE CARPINTEIRO COM ENCARGOS COMPLEMENTARES","SEDI - SERVIÇOS DIVERSOS",null,"H",0.11840000000000001,20.89,2.4700000000000002]
["Insumo"," 00007356 ","SINAPI","TINTA LATEX ACRILICA PREMIUM, COR BRANCO FOSCO","Material",null,"L",1.1000000000000001E-3,33.89,0.04]
["Insumo"," 00005068 ","SINAPI","PREGO DE ACO POLIDO COM CABECA 17 X 21 (2 X 11)","Material",null,"KG",6.9999999999999999E-4,16.27,0.01]
["Insumo"," 00004433 ","SINAPI","CAIBRO NAO APARELHADO *6 X 6* CM, EM MACARANDUBA/MASSARANDUBA, ANGELIM OU EQUIVALENTE DA REGIAO - BRUTA","Material",null,"M",4.1300000000000003E-2,16.309999999999999,0.67]
["Insumo"," 00004417 ","SINAPI","SARRAFO NAO APARELHADO *2,5 X 7* CM, EM MACARANDUBA/MASSARANDUBA, ANGELIM, PEROBA-ROSA OU EQUIVALENTE DA REGIAO - BRUTA","Material",null,"M",4.1300000000000003E-2,4.53,0.19]
[{"$nulls":4},"MO sem LS =>",5.31,"LS =>",0,"MO com LS =>",5.31]
[{"$nulls":4},"Valor do BDI =>",1.91,null,"Valor com BDI =>",null,10.09]
[]
[" 5.2 ","Código","Banco","Descrição","Tipo",null,"Und","Quant.","Valor Unit","Total"]
["Composição"," 4805757 ","SICRO3","Escavação mecânica de vala em material de 1ª categoria","",null,"m³",1,7,7]
["A","Código","Banco","Equipamentos","Quantidade","Utilização",null,"Custo Horário",null,"Custo Horário Total"]
[{"$nulls":5},"Operativa","Improdutiva","Operativa","Improdutiva"]
["Insumo"," E9526 ","SICRO3","Retroescavadeira de pneus - capacidade da caçamba da pá-carregadeira de 0,76 m³ e da retroescavadeira de 0,29 m³ - 58 kW",1,1,0,149.92259999999999,75.595100000000002,149.92259999999999]
[{"$nulls":5},"Custo horário total de equipamentos",null,null,null,149.92259999999999]
["B","Código","Banco","Mão de Obra","Quantidade","Custo Horário",null,null,null,"Custo Horário Total"]
["Insumo"," P9824 ","SICRO3","Servente",1,null,null,null,"21,1436","21,1436"]
[{"$nulls":5},"Custo horário total de mão de obra",null,null,null,21.143599999999999]
[{"$nulls":5},"Custo horário total de execução",null,null,null,171.06620000000001]
[{"$nulls":5},"Produção de equipe",null,null,null,26]
[{"$nulls":5},"Custo unitário de execução",null,null,null,6.5795000000000003]
[{"$nulls":5},"Custo do FIC",null,null,null,0.42299999999999999]
[{"$nulls":5},"Custo do FIT",null,null,null,0]
[{"$nulls":4},"MO sem LS =>",0.81,"LS =>",0,"MO com LS =>",0.81321538461538456]
[{"$nulls":4},"Valor do BDI =>",1.64,null,"Valor com BDI =>",null,8.64]
[]
[" 5.3 ","Código","Banco","Descrição","Tipo",null,"Und","Quant.","Valor Unit","Total"]
["Composição"," 2003767 ","SICRO3","Lastro de areia comercial - espalhamento manual","",null,"m³",1,304.32,304.32]
["B","Código","Banco","Mão de Obra","Quantidade","Custo Horário",null,null,null,"Custo Horário Total"]
["Insumo"," P9824 ","SICRO3","Servente",1,null,null,null,"21,1436","21,1436"]
[{"$nulls":5},"Custo horário total de mão de obra",null,null,null,21.143599999999999]
[{"$nulls":5},"Custo horário total de execução",null,null,null,21.143599999999999]
[{"$nulls":5},"Produção de equipe",null,null,null,6.25]
[{"$nulls":5},"Custo unitário de execução",null,null,null,3.383]
[{"$nulls":5},"Custo do FIC",null,null,null,7.2499999999999995E-2]
[{"$nulls":5},"Custo do FIT",null,null,null,0]
["C","Código","Banco","MATERIAL","Quantidade","Unidade","Preço Unitário",null,null,"Custo Horário"]
["Insumo"," M0081 ","SICRO3","Areia grossa",1,"m³","145,0884",null,null,"145,0884"]
[{"$nulls":5},"Custo unitário total de material",null,null,null,145.08840000000001]
["E","Tempo Fixo","Banco","Descrição","Carga","Quantidade","Unidade","Preço Unitário",null,"Custo Horário"]
["Composição"," 5914647 ","SICRO3","Carga, manobra e descarga de agregados ou solos em caminhão basculante de 10 m³ - carga com carregadeira de 3,40 m³ (exclusa) e descarga livre","M0081",1.5,"t",1.79,null,2.6850000000000001]
[{"$nulls":5},"Custo Total dos Tempos Fixos",null,null,null,2.6850000000000001]
["F","Momento de Transporte","Banco","Descrição","Quantidade","Distância Média de Transporte (DMT)",null,null,null,"Custo Horário"]
[{"$nulls":5},"LN","RP","P","FE"]
["Insumo","M0081","SICRO3","Areia grossa",1.5,"5914359\n0,00\n1,30\n0,0000","5914374\n0,00\n1,04\n0,0000","5914389\n126,00\n0,81\n102,0600","--",153.09]
[{"$nulls":5},"Custo total de transporte",null,null,null,153.09]
[{"$nulls":4},"MO sem LS =>",3.38,"LS =>",0,"MO com LS =>",3.3829760000000002]
[{"$nulls":4},"Valor do BDI =>",71.150000000000006,null,"Valor com BDI =>",null,375.47]
[]
[" 5.4 ","Código","Banco","Descrição","Tipo",null,"Und","Quant.","Valor Unit","Total"]
["Composição"," 2003826 ","SICRO3","Tubo de concreto PA1 comercial para drenagem - D = 0,80 m - fornecimento e instalação","",null,"m",1,446.19,446.19]
["A","Código","Banco","Equipamentos","Quantidade","Utilização",null,"Custo Horário",null,"Custo Horário Total"]
[{"$nulls":5},"Operativa","Improdutiva","Operativa","Improdutiva"]
["Insumo"," E9686 ","SICRO3","Caminhão carroceria com guindauto com capacidade de 20 t.m - 136 kW",1,1,0,315.06779999999998,120.01009999999999,315.06779999999998]
[{"$nulls":5},"Custo horário total de equipamentos",null,null,null,315.06779999999998]
["B","Código","Banco","Mão de Obra","Quantidade","Custo Horário",null,null,null,"Custo Horário Total"]
["Insumo"," P9821 ","SICRO3","Pedreiro",1,null,null,null,"27,0082","27,0082"]
["Insumo"," P9824 ","SICRO3","Servente",3,null,null,null,"21,1436","63,4308"]
[{"$nulls":5},"Custo horário total de mão de obra",null,null,null,90.438999999999993]
[{"$nulls":5},"Custo horário total de execução",null,null,null,405.5068]
[{"$nulls":5},"Produção de equipe",null,null,null,6.2249999999999996]
[{"$nulls":5},"Custo unitário de execução",null,null,null,65.1417]
[{"$nulls":5},"Custo do FIC",null,null,null,0]
[{"$nulls":5},"Custo do FIT",null,null,null,0]
["C","Código","Banco","MATERIAL","Quantidade","Unidade","Preço Unitário",null,null,"Custo Horário"]
["Insumo"," M2171 ","SICRO3","Tubo de concreto armado PA1 - D = 0,80 m",1,"m","347,0236",null,null,"347,0236"]
[{"$nulls":5},"Custo unitário total de material",null,null,null,347.02359999999999]
["D","Código","Banco","ATIVIDADES AUXILIARES","Quantidade","Unidade","Preço Unitário",null,null,"Custo Horário"]
["Composição"," 1109669 ","SICRO3","Argamassa de cimento e areia 1:3 - confecção em betoneira e lançamento manual - areia comercial",5.4999999999999997E-3,"m³","850,2900",null,null,"4,6766"]
[{"$nulls":5},"Custo total de atividades auxiliares",null,null,null,4.6765999999999996]
["F","Momento de Transporte","Banco","Descrição","Quantidade","Distância Média de Transporte (DMT)",null,null,null,"Custo Horário"]
[{"$nulls":5},"LN","RP","P","FE"]
["Insumo","M2171","SICRO3","Tubo de concreto armado PA1 - D = 0,80 m",0.54461999999999999,"5914584\n0,00\n2,85\n0,0000","5914599\n0,00\n2,28\n0,0000","5914614\n30,10\n1,79\n53,8790","--",29.343599999999999]
[{"$nulls":5},"Custo total de transporte",null,null,null,29.343580979999999]
[{"$nulls":4},"MO sem LS =>",14.78,"LS =>",0,"MO com LS =>",14.783987675349174]
[{"$nulls":4},"Valor do BDI =>",104.32,null,"Valor com BDI =>",null,550.51]
[]
[" 5.5 ","Código","Banco","Descrição","Tipo",null,"Und","Quant.","Valor Unit","Total"]
["Composição"," 2003830 ","SICRO3","Tubo de concreto PA1 comercial para drenagem - D = 1,00 m - fornecimento e instalação","",null,"m",1,624.95000000000005,624.95000000000005]
["A","Código","Banco","Equipamentos","Quantidade","Utilização",null,"Custo Horário",null,"Custo Horário Total"]
[{"$nulls":5},"Operativa","Improdutiva","Operativa","Improdutiva"]
["Insumo"," E9686 ","SICRO3","Caminhão carroceria com guindauto com capacidade de 20 t.m - 136 kW",1,1,0,315.06779999999998,120.01009999999999,315.06779999999998]
[{"$nulls":5},"Custo horário total de equipamentos",null,null,null,315.06779999999998]
["B","Código","Banco","Mão de Obra","Quantidade","Custo Horário",null,null,null,"Custo Horário Total"]
["Insumo"," P9824 ","SICRO3","Servente",3,null,null,null,"21,1436","63,4308"]
["Insumo"," P9821 ","SICRO3","Pedreiro",1,null,null,null,"27,0082","27,0082"]
[{"$nulls":5},"Custo horário total de mão de obra",null,null,null,90.438999999999993]
[{"$nulls":5},"Custo horário total de execução",null,null,null,405.5068]
[{"$nulls":5},"Produção de equipe",null,null,null,4.9800000000000004]
[{"$nulls":5},"Custo unitário de execução",null,null,null,81.427099999999996]
[{"$nulls":5},"Custo do FIC",null,null,null,0]
[{"$nulls":5},"Custo do FIT",null,null,null,0]
["C","Código","Banco","MATERIAL","Quantidade","Unidade","Preço Unitário",null,null,"Custo Horário"]
["Insumo"," M2175 ","SICRO3","Tubo de concreto armado PA1 - D = 1,00 m",1,"m","494,8892",null,null,"494,8892"]
[{"$nulls":5},"Custo unitário total de material",null,null,null,494.88920000000002]
["D","Código","Banco","ATIVIDADES AUXILIARES","Quantidade","Unidade","Preço Unitário",null,null,"Custo Horário"]
["Composição"," 1109669 ","SICRO3","Argamassa de cimento e areia 1:3 - confecção em betoneira e lançamento manual - areia comercial",7.3499999999999998E-3,"m³","850,2900",null,null,"6,2496"]
[{"$nulls":5},"Custo total de atividades auxiliares",null,null,null,6.2496]
["F","Momento de Transporte","Banco","Descrição","Quantidade","Distância Média de Transporte (DMT)",null,null,null,"Custo Horário"]
[{"$nulls":5},"LN","RP","P","FE"]
["Insumo","M2175","SICRO3","Tubo de concreto armado PA1 - D = 1,00 m",0.78666999999999998,"5914584\n0,00\n2,85\n0,0000","5914599\n0,00\n2,28\n0,0000","5914614\n30,10\n1,79\n53,8790","--",42.384999999999998]
[{"$nulls":5},"Custo total de transporte",null,null,null,42.384992930000003]
[{"$nulls":4},"MO sem LS =>",18.5,"LS =>",0,"MO com LS =>",18.502062098605542]
[{"$nulls":4},"Valor do BDI =>",146.11000000000001,null,"Valor com BDI =>",null,771.06]
[]
[" 5.6 ","Código","Banco","Descrição","Tipo",null,"Und","Quant.","Valor Unit","Total"]
["Composição"," 2003838 ","SICRO3","Tubo de concreto PA1 comercial para drenagem - D = 1,50 m - fornecimento e instalação","",null,"m",1,1474.76,1474.76]
["A","Código","Banco","Equipamentos","Quantidade","Utilização",null,"Custo Horário",null,"Custo Horário Total"]
[{"$nulls":5},"Operativa","Improdutiva","Operativa","Improdutiva"]
["Insumo"," E9686 ","SICRO3","Caminhão carroceria com guindauto com capacidade de 20 t.m - 136 kW",1,1,0,315.06779999999998,120.01009999999999,315.06779999999998]
[{"$nulls":5},"Custo horário total de equipamentos",null,null,null,315.06779999999998]
["B","Código","Banco","Mão de Obra","Quantidade","Custo Horário",null,null,null,"Custo Horário Total"]
["Insumo"," P9824 ","SICRO3","Servente",3,null,null,null,"21,1436","63,4308"]
["Insumo"," P9821 ","SICRO3","Pedreiro",1,null,null,null,"27,0082","27,0082"]
[{"$nulls":5},"Custo horário total de mão de obra",null,null,null,90.438999999999993]
[{"$nulls":5},"Custo horário total de execução",null,null,null,405.5068]
[{"$nulls":5},"Produção de equipe",null,null,null,3.32]
[{"$nulls":5},"Custo unitário de execução",null,null,null,122.14060000000001]
[{"$nulls":5},"Custo do FIC",null,null,null,0]
[{"$nulls":5},"Custo do FIT",null,null,null,0]
["C","Código","Banco","MATERIAL","Quantidade","Unidade","Preço Unitário",null,null,"Custo Horário"]
["Insumo"," M2183 ","SICRO3","Tubo de concreto armado PA1 - D = 1,50 m",1,"m","1.239,2484",null,null,"1.239,2484"]
[{"$nulls":5},"Custo unitário total de material",null,null,null,1239.2483999999999]
["D","Código","Banco","ATIVIDADES AUXILIARES","Quantidade","Unidade","Preço Unitário",null,null,"Custo Horário"]
["Composição"," 1109669 ","SICRO3","Argamassa de cimento e areia 1:3 - confecção em betoneira e lançamento manual - areia comercial",2.1170000000000001E-2,"m³","850,2900",null,null,"18,0006"]
[{"$nulls":5},"Custo total de atividades auxiliares",null,null,null,18.000599999999999]
["F","Momento de Transporte","Banco","Descrição","Quantidade","Distância Média de Transporte (DMT)",null,null,null,"Custo Horário"]
[{"$nulls":5},"LN","RP","P","FE"]
["Insumo","M2183","SICRO3","Tubo de concreto armado PA1 - D = 1,50 m",1.77,"5914584\n0,00\n2,85\n0,0000","5914599\n0,00\n2,28\n0,0000","5914614\n30,10\n1,79\n53,8790","--",95.365799999999993]
[{"$nulls":5},"Custo total de transporte",null,null,null,95.365830000000003]
[{"$nulls":4},"MO sem LS =>",28.22,"LS =>",0,"MO com LS =>",28.224622163343088]
[{"$nulls":4},"Valor do BDI =>",344.8,null,"Valor com BDI =>",null,1819.56]
[]
[" 5.7 ","Código","Banco","Descrição","Tipo",null,"Und","Quant.","Valor Unit","Total"]
["Composição"," 0804101 ","SICRO3","Boca de BSTC D = 0,80 m - esconsidade 0° - areia e brita comerciais - alas retas","",null,"un",1,1857.77,1857.77]
[{"$nulls":5},"Custo horário total de execução",null,null,null,0]
[{"$nulls":5},"Produção de equipe",null,null,null,1]
[{"$nulls":5},"Custo unitário de execução",null,null,null,0]
[{"$nulls":5},"Custo do FIC",null,null,null,0]
[{"$nulls":5},"Custo do FIT",null,null,null,0]
["D","Código","Banco","ATIVIDADES AUXILIARES","Quantidade","Unidade","Preço Unitário",null,null,"Custo Horário"]
["Composição"," 3103302 ","SICRO3","Fôrmas de tábuas de pinho para dispositivos de drenagem - utilização de 3 vezes - confecção, instalação e retirada",6.83,"m²","75,4500",null,null,"515,3235"]
["Composição"," 1107892 ","SICRO3","Concreto fck = 20 MPa - confecção em betoneira e lançamento manual - areia e brita comerciais",1.619,"m³","829,1800",null,null,"1.342,4424"]
[{"$nulls":5},"Custo total de atividades auxiliares",null,null,null,1857.7659000000001]
[{"$nulls":4},"MO sem LS =>",1857.77,"LS =>",-1461.58,"MO com LS =>",396.18941032558519]
[{"$nulls":4},"Valor do BDI =>",434.35,null,"Valor com BDI =>",null,2292.12]
[]
[" 5.8 ","Código","Banco","Descrição","Tipo",null,"Und","Quant.","Valor Unit","Total"]
["Composição"," 0804393 ","SICRO3","Boca de BSTC D = 1,00 m - esconsidade 0° - areia e brita comerciais - alas esconsas","",null,"un",1,4140.74,4140.74]
[{"$nulls":5},"Custo horário total de execução",null,null,null,0]
[{"$nulls":5},"Produção de equipe",null,null,null,1]
[{"$nulls":5},"Custo unitário de execução",null,null,null,0]
[{"$nulls":5},"Custo do FIC",null,null,null,0]
[{"$nulls":5},"Custo do FIT",null,null,null,0]
["D","Código","Banco","ATIVIDADES AUXILIARES","Quantidade","Unidade","Preço Unitário",null,null,"Custo Horário"]
["Composição"," 1107892 ","SICRO3","Concreto fck = 20 MPa - confecção em betoneira e lançamento manual - areia e brita comerciais",3.5670000000000002,"m³","829,1800",null,null,"2.957,6851"]
["Composição"," 3103302 ","SICRO3","Fôrmas de tábuas de pinho para dispositivos de drenagem - utilização de 3 vezes - confecção, instalação e retirada",15.68,"m²","75,4500",null,null,"1.183,0560"]
[{"$nulls":5},"Custo total de atividades auxiliares",null,null,null,4140.7411000000002]
[{"$nulls":4},"MO sem LS =>",4140.74,"LS =>",-3239.47,"MO com LS =>",901.26702207020537]
[{"$nulls":4},"Valor do BDI =>",968.11,null,"Valor com BDI =>",null,5108.8500000000004]
[]
[" 5.9 ","Código","Banco","Descrição","Tipo",null,"Und","Quant.","Valor Unit","Total"]
["Composição"," 0804417 ","SICRO3","Boca de BDTC D = 1,00 m - esconsidade 0° - areia e brita comerciais - alas esconsas","",null,"un",1,5824.28,5824.28]
[{"$nulls":5},"Custo horário total de execução",null,null,null,0]
[{"$nulls":5},"Produção de equipe",null,null,null,1]
[{"$nulls":5},"Custo unitário de execução",null,null,null,0]
[{"$nulls":5},"Custo do FIC",null,null,null,0]
[{"$nulls":5},"Custo do FIT",null,null,null,0]
["D","Código","Banco","ATIVIDADES AUXILIARES","Quantidade","Unidade","Preço Unitário",null,null,"Custo Horário"]
["Composição"," 1107892 ","SICRO3","Concreto fck = 20 MPa - confecção em betoneira e lançamento manual - areia e brita comerciais",5.1059999999999999,"m³","829,1800",null,null,"4.233,7931"]
["Composição"," 3103302 ","SICRO3","Fôrmas de tábuas de pinho para dispositivos de drenagem - utilização de 3 vezes - confecção, instalação e retirada",21.08,"m²","75,4500",null,null,"1.590,4860"]
[{"$nulls":5},"Custo total de atividades auxiliares",null,null,null,5824.2790999999997]
[{"$nulls":4},"MO sem LS =>",5824.28,"LS =>",-4595.45,"MO com LS =>",1228.8289775124385]
[{"$nulls":4},"Valor do BDI =>",1361.72,null,"Valor com BDI =>",null,7186]
[]
[" 5.10 ","Código","Banco","Descrição","Tipo",null,"Und","Quant.","Valor Unit","Total"]
["Composição"," 0804457 ","SICRO3","Boca de BTTC D = 1,50 m - esconsidade 0° - areia e brita comerciais - alas esconsas","",null,"un",1,20110.96,20110.96]
[{"$nulls":5},"Custo horário total de execução",null,null,null,0]
[{"$nulls":5},"Produção de equipe",null,null,null,1]
[{"$nulls":5},"Custo unitário de execução",null,null,null,0]
[{"$nulls":5},"Custo do FIC",null,null,null,0]
[{"$nulls":5},"Custo do FIT",null,null,null,0]
["D","Código","Banco","ATIVIDADES AUXILIARES","Quantidade","Unidade","Preço Unitário",null,null,"Custo Horário"]
["Composição"," 1107892 ","SICRO3","Concreto fck = 20 MPa - confecção em betoneira e lançamento manual - areia e brita comerciais",19.515999999999998,"m³","829,1800",null,null,"16.182,2769"]
["Composição"," 3103302 ","SICRO3","Fôrmas de tábuas de pinho para dispositivos de drenagem - utilização de 3 vezes - confecção, instalação e retirada",52.07,"m²","75,4500",null,null,"3.928,6815"]
[{"$nulls":5},"Custo total de atividades auxiliares",null,null,null,20110.9584]
[{"$nulls":4},"MO sem LS =>",3417.16,"LS =>",0,"MO com LS =>",3417.1647230887097]
[{"$nulls":4},"Valor do BDI =>",4701.9399999999996,null,"Valor com BDI =>",null,24812.9]
[]
[" 5.11 ","Código","Banco","Descrição","Tipo",null,"Und","Quant.","Valor Unit","Total"]
["Composição"," 2003682 ","SICRO3","Poço de visita - PVI 03 - areia e brita comerciais","",null,"un",1,3227.93,3227.93]
[{"$nulls":5},"Custo horário total de execução",null,null,null,0]
[{"$nulls":5},"Produção de equipe",null,null,null,1]
[{"$nulls":5},"Custo unitário de execução",null,null,null,0]
[{"$nulls":5},"Custo do FIC",null,null,null,0]
[{"$nulls":5},"Custo do FIT",null,null,null,0]
["D","Código","Banco","ATIVIDADES AUXILIARES","Quantidade","Unidade","Preço Unitário",null,null,"Custo Horário"]
["Composição"," 1107892 ","SICRO3","Concreto fck = 20 MPa - confecção em betoneira e lançamento manual - areia e brita comerciais",2.08,"m³","829,1800",null,null,"1.724,6944"]
["Composição"," 0407820 ","SICRO3","Armação em aço CA-60 - fornecimento, preparo e colocação",17.5,"kg","14,2000",null,null,"248,5000"]
["Composição"," 3103302 ","SICRO3","Fôrmas de tábuas de pinho para dispositivos de drenagem - utilização de 3 vezes - confecção, instalação e retirada",16.63,"m²","75,4500",null,null,"1.254,7335"]
[{"$nulls":5},"Custo total de atividades auxiliares",null,null,null,3227.9279000000001]
[{"$nulls":4},"MO sem LS =>",3227.93,"LS =>",-2296.16,"MO com LS =>",931.76866546715087]
[{"$nulls":4},"Valor do BDI =>",754.69,null,"Valor com BDI =>",null,3982.62]
[]
[" 5.12 ","Código","Banco","Descrição","Tipo",null,"Und","Quant.","Valor Unit","Total"]
["Composição"," 2003714 ","SICRO3","Chaminé dos poços de visita - CPV 01 - areia e brita comerciais","",null,"un",1,1703.35,1703.35]
["B","Código","Banco","Mão de Obra","Quantidade","Custo Horário",null,null,null,"Custo Horário Total"]
["Insumo"," P9824 ","SICRO3","Servente",0.1,null,null,null,"21,1436","2,1144"]
["Insumo"," P9821 ","SICRO3","Pedreiro",0.1,null,null,null,"27,0082","2,7008"]
[{"$nulls":5},"Custo horário total de mão de obra",null,null,null,4.8151999999999999]
[{"$nulls":5},"Custo horário total de execução",null,null,null,4.8151999999999999]
[{"$nulls":5},"Produção de equipe",null,null,null,1]
[{"$nulls":5},"Custo unitário de execução",null,null,null,4.8151999999999999]
[{"$nulls":5},"Custo do FIC",null,null,null,0]
[{"$nulls":5},"Custo do FIT",null,null,null,0]
["C","Código","Banco","MATERIAL","Quantidade","Unidade","Preço Unitário",null,null,"Custo Horário"]
["Insumo"," M1432 ","SICRO3","Tampão de ferro fundido articulado para águas pluviais - DN 600 classe 400",1,"un","619,6632",null,null,"619,6632"]
[{"$nulls":5},"Custo unitário total de material",null,null,null,619.66319999999996]
["D","Código","Banco","ATIVIDADES AUXILIARES","Quantidade","Unidade","Preço Unitário",null,null,"Custo Horário"]
["Composição"," 0407819 ","SICRO3","Armação em aço CA-50 - fornecimento, preparo e colocação",5.4,"kg","12,6600",null,null,"68,3640"]
["Composição"," 3103302 ","SICRO3","Fôrmas de tábuas de pinho para dispositivos de drenagem - utilização de 3 vezes - confecção, instalação e retirada",2.59,"m²","75,4500",null,null,"195,4155"]
["Composição"," 2009619 ","SICRO3","Alvenaria de blocos de concreto 19 x 19 x 39 cm com espessura de 20 cm - areia comercial",3.93,"m²","129,3600",null,null,"508,3848"]
["Composição"," 1109669 ","SICRO3","Argamassa de cimento e areia 1:3 - confecção em betoneira e lançamento manual - areia comercial",0.06,"m³","850,2900",null,null,"51,0174"]
["Composição"," 1109680 ","SICRO3","Argamassa para reparos e grauteamento - confecção em misturador e lançamento manual",1.634E-2,"m³","5.655,1500",null,null,"92,4052"]
["Composição"," 1107892 ","SICRO3","Concreto fck = 20 MPa - confecção em betoneira e lançamento manual - areia e brita comerciais",0.19,"m³","829,1800",null,null,"157,5442"]
[{"$nulls":5},"Custo total de atividades auxiliares",null,null,null,1073.1311000000001]
["E","Tempo Fixo","Banco","Descrição","Carga","Quantidade","Unidade","Preço Unitário",null,"Custo Horário"]
["Composição"," 5914655 ","SICRO3","Carga, manobra e descarga de materiais diversos em caminhão carroceria de 15 t - carga e descarga manuais","M1432",0.104,"t",33.5,null,3.484]
[{"$nulls":5},"Custo Total dos Tempos Fixos",null,null,null,3.484]
["F","Momento de Transporte","Banco","Descrição","Quantidade","Distância Média de Transporte (DMT)",null,null,null,"Custo Horário"]
[{"$nulls":5},"LN","RP","P","FE"]
["Insumo","M1432","SICRO3","Tampão de ferro fundido articulado para águas pluviais - DN 600 classe 400",0.104,"5914449\n0,00\n1,15\n0,0000","5914464\n0,00\n0,92\n0,0000","5914479\n30,10\n0,72\n21,6720","--",2.2538999999999998]
[{"$nulls":5},"Custo total de transporte",null,null,null,2.2538879999999999]
[{"$nulls":4},"MO sem LS =>",1703.35,"LS =>",-1351.61,"MO com LS =>",351.73677819868209]
[{"$nulls":4},"Valor do BDI =>",398.24,null,"Valor com BDI =>",null,2101.59]
[]
[" 5.13 ","Código","Banco","Descrição","Tipo",null,"Und","Quant.","Valor Unit","Total"]
["Composição"," 2003919 ","SICRO3","Boca de saída para dreno longitudinal profundo - BSD 01 - tubo de PEAD - areia e brita comerciais","",null,"un",1,262.14,262.14]
[{"$nulls":5},"Custo horário total de execução",null,null,null,0]
[{"$nulls":5},"Produção de equipe",null,null,null,1]
[{"$nulls":5},"Custo unitário de execução",null,null,null,0]
[{"$nulls":5},"Custo do FIC",null,null,null,0]
[{"$nulls":5},"Custo do FIT",null,null,null,0]
["D","Código","Banco","ATIVIDADES AUXILIARES","Quantidade","Unidade","Preço Unitário",null,null,"Custo Horário"]
["Composição"," 3103302 ","SICRO3","Fôrmas de tábuas de pinho para dispositivos de drenagem - utilização de 3 vezes - confecção, instalação e retirada",1.76,"m²","75,4500",null,null,"132,7920"]
["Composição"," 1107892 ","SICRO3","Concreto fck = 20 MPa - confecção em betoneira e lançamento manual - areia e brita comerciais",0.156,"m³","829,1800",null,null,"129,3521"]
[{"$nulls":5},"Custo total de atividades auxiliares",null,null,null,262.14409999999998]
[{"$nulls":4},"MO sem LS =>",262.14,"LS =>",-174.49,"MO com LS =>",87.64683881753632]
[{"$nulls":4},"Valor do BDI =>",61.29,null,"Valor com BDI =>",null,323.43]
[]
[" 5.14 ","Código","Banco","Descrição","Tipo",null,"Und","Quant.","Valor Unit","Total"]
["Composição"," 2003573 ","SICRO3","Dreno longitudinal profundo para corte em solo - DPS 02 - tubo PEAD e areia comercial","",null,"m",1,239.63,239.63]
["A","Código","Banco","Equipamentos","Quantidade","Utilização",null,"Custo Horário",null,"Custo Horário Total"]
[{"$nulls":5},"Operativa","Improdutiva","Operativa","Improdutiva"]
["Insumo"," E9556 ","SICRO3","Compactador manual de placa vibratória - 3,00 kW",2.0080000000000001E-2,1,0,7.0319000000000003,0.91720000000000002,0.14119999999999999]
[{"$nulls":5},"Custo horário total de equipamentos",null,null,null,0.14119999999999999]
["B","Código","Banco","Mão de Obra","Quantidade","Custo Horário",null,null,null,"Custo Horário Total"]
["Insumo"," P9824 ","SICRO3","Servente",1.0200800000000001,null,null,null,"21,1436","21,5682"]
["Insumo"," P9821 ","SICRO3","Pedreiro",0.05,null,null,null,"27,0082","1,3504"]
[{"$nulls":5},"Custo horário total de mão de obra",null,null,null,22.918600000000001]
[{"$nulls":5},"Custo horário total de execução",null,null,null,23.059799999999999]
[{"$nulls":5},"Produção de equipe",null,null,null,1]
[{"$nulls":5},"Custo unitário de execução",null,null,null,23.059799999999999]
[{"$nulls":5},"Custo do FIC",null,null,null,0]
[{"$nulls":5},"Custo do FIT",null,null,null,0]
["C","Código","Banco","MATERIAL","Quantidade","Unidade","Preço Unitário",null,null,"Custo Horário"]
["Insumo"," M1382 ","SICRO3","Areia grossa lavada",0.59214999999999995,"m³","147,7475",null,null,"87,4887"]
["Insumo"," M1657 ","SICRO3","Tubo PEAD corrugado perfurado para drenagem - D = 170 mm",1,"m","32,2722",null,null,"32,2722"]
[{"$nulls":5},"Custo unitário total de material",null,null,null,119.76090000000001]
["D","Código","Banco","ATIVIDADES AUXILIARES","Quantidade","Unidade","Preço Unitário",null,null,"Custo Horário"]
["Composição"," 4805757 ","SICRO3","Escavação mecânica de vala em material de 1ª categoria",0.6,"m³","7,0000",null,null,"4,2000"]
[{"$nulls":5},"Custo total de atividades auxiliares",null,null,null,4.2]
["E","Tempo Fixo","Banco","Descrição","Carga","Quantidade","Unidade","Preço Unitário",null,"Custo Horário"]
["Composição"," 5914655 ","SICRO3","Carga, manobra e descarga de materiais diversos em caminhão carroceria de 15 t - carga e descarga manuais","M1657",1.33E-3,"t",33.5,null,4.4600000000000001E-2]
["Composição"," 5914647 ","SICRO3","Carga, manobra e descarga de agregados ou solos em caminhão basculante de 10 m³ - carga com carregadeira de 3,40 m³ (exclusa) e descarga livre","M1382",0.88822999999999996,"t",1.79,null,1.5899000000000001]
[{"$nulls":5},"Custo Total dos Tempos Fixos",null,null,null,1.6345000000000001]
["F","Momento de Transporte","Banco","Descrição","Quantidade","Distância Média de Transporte (DMT)",null,null,null,"Custo Horário"]
[{"$nulls":5},"LN","RP","P","FE"]
["Insumo","M1382","SICRO3","Areia grossa lavada",0.88822999999999996,"5914359\n0,00\n1,30\n0,0000","5914374\n0,00\n1,04\n0,0000","5914389\n126,00\n0,81\n102,0600","--",90.652799999999999]
["Insumo","M1657","SICRO3","Tubo PEAD corrugado perfurado para drenagem - D = 170 mm",1.486E-2,"5914449\n0,00\n1,15\n0,0000","5914464\n0,00\n0,92\n0,0000","5914479\n30,10\n0,72\n21,6720","--",0.32200000000000001]
[{"$nulls":5},"Custo total de transporte",null,null,null,90.974799719999993]
[{"$nulls":4},"MO sem LS =>",239.63,"LS =>",-216.22,"MO com LS =>",23.406502718769232]
[{"$nulls":4},"Valor do BDI =>",56.03,null,"Valor com BDI =>",null,295.66000000000003]
[]
[" 5.15 ","Código","Banco","Descrição","Tipo",null,"Und","Quant.","Valor Unit","Total"]
["Composição"," 4815671 ","SICRO3","Reaterro e compactação com soquete vibratório","",null,"m³",1,16.559999999999999,16.559999999999999]
["A","Código","Banco","Equipamentos","Quantidade","Utilização",null,"Custo Horário",null,"Custo Horário Total"]
[{"$nulls":5},"Operativa","Improdutiva","Operativa","Improdutiva"]
["Insumo"," E9647 ","SICRO3","Compactador manual com soquete vibratório - 4,10 kW",1,1,0,9.2710000000000008,1.0637000000000001,9.2710000000000008]
[{"$nulls":5},"Custo horário total de equipamentos",null,null,null,9.2710000000000008]
["B","Código","Banco","Mão de Obra","Quantidade","Custo Horário",null,null,null,"Custo Horário Total"]
["Insumo"," P9824 ","SICRO3","Servente",2,null,null,null,"21,1436","42,2872"]
[{"$nulls":5},"Custo horário total de mão de obra",null,null,null,42.287199999999999]
[{"$nulls":5},"Custo horário total de execução",null,null,null,51.558199999999999]
[{"$nulls":5},"Produção de equipe",null,null,null,3.1124999999999998]
[{"$nulls":5},"Custo unitário de execução",null,null,null,16.564900000000002]
[{"$nulls":5},"Custo do FIC",null,null,null,0]
[{"$nulls":5},"Custo do FIT",null,null,null,0]
[{"$nulls":4},"MO sem LS =>",16.559999999999999,"LS =>",-2.97,"MO com LS =>",13.586248995983937]
[{"$nulls":4},"Valor do BDI =>",3.87,null,"Valor com BDI =>",null,20.43]
[]
[" 6.1.1 ","Código","Banco","Descrição","Tipo",null,"Und","Quant.","Valor Unit","Total"]
["Composição"," 4011227 ","SICRO3","Sub-base de solo estabilizado granulometricamente sem mistura com material de jazida","",null,"m³",1,12.02,12.02]
["A","Código","Banco","Equipamentos","Quantidade","Utilização",null,"Custo Horário",null,"Custo Horário Total"]
[{"$nulls":5},"Operativa","Improdutiva","Operativa","Improdutiva"]
["Insumo"," E9571 ","SICRO3","Caminhão tanque com capacidade de 10.000 l - 188 kW",2,0.62,0.38,330.9726,84.255300000000005,474.44009999999997]
["Insumo"," E9762 ","SICRO3","Rolo compactador de pneus autopropelido de 27 t - 85 kW",1,0.96,0.04,258.54419999999999,125.6786,253.2296]
["Insumo"," E9685 ","SICRO3","Rolo compactador pé de carneiro vibratório autopropelido por pneus de 11,6 t - 82 kW",1,1,0,223.3134,99.619200000000006,223.3134]
["Insumo"," E9518 ","SICRO3","Grade de 24 discos rebocável de D = 60 cm (24\")",1,0.69,0.31,4.9256000000000002,3.4300999999999999,4.4619999999999997]
["Insumo"," E9577 ","SICRO3","Trator agrícola sobre pneus - 77 kW",1,0.69,0.31,150.67189999999999,55.595599999999997,121.1982]
["Insumo"," E9524 ","SICRO3","Motoniveladora - 93 kW",1,0.99,0.01,290.72469999999998,126.3484,289.08089999999999]
[{"$nulls":5},"Custo horário total de equipamentos",null,null,null,1365.7242000000001]
["B","Código","Banco","Mão de Obra","Quantidade","Custo Horário",null,null,null,"Custo Horário Total"]
["Insumo"," P9824 ","SICRO3","Servente",1,null,null,null,"21,1436","21,1436"]
[{"$nulls":5},"Custo horário total de mão de obra",null,null,null,21.143599999999999]
[{"$nulls":5},"Custo horário total de execução",null,null,null,1386.8678]
[{"$nulls":5},"Produção de equipe",null,null,null,224.27]
[{"$nulls":5},"Custo unitário de execução",null,null,null,6.1839000000000004]
[{"$nulls":5},"Custo do FIC",null,null,null,0.39760000000000001]
[{"$nulls":5},"Custo do FIT",null,null,null,0]
["D","Código","Banco","ATIVIDADES AUXILIARES","Quantidade","Unidade","Preço Unitário",null,null,"Custo Horário"]
["Composição"," 4016096 ","SICRO3","Escavação e carga de material de jazida com escavadeira hidráulica de 1,56 m³",1.1002700000000001,"m³","1,4400",null,null,"1,5844"]
[{"$nulls":5},"Custo total de atividades auxiliares",null,null,null,1.5844]
["E","Tempo Fixo","Banco","Descrição","Carga","Quantidade","Unidade","Preço Unitário",null,"Custo Horário"]
["Composição"," 5914354 ","SICRO3","Carga, manobra e descarga de agregados ou solos em caminhão basculante de 10 m³ - carga com escavadeira de 1,56 m³ (exclusa) e descarga livre",4016096,2.0630099999999998,"t",1.87,null,3.8578000000000001]
[{"$nulls":5},"Custo Total dos Tempos Fixos",null,null,null,3.8578000000000001]
["F","Momento de Transporte","Banco","Descrição","Quantidade","Distância Média de Transporte (DMT)",null,null,null,"Custo Horário"]
[{"$nulls":5},"LN","RP","P","FE"]
["Composição",4016096,"SICRO3","Escavação e carga de material de jazida com escavadeira hidráulica de 1,56 m³",2.0630099999999998,"5914359\n0,00\n1,30\n0,0000","5914374\n0,00\n1,04\n0,0000","5914389\n0,00\n0,81\n0,0000","--",0]
[{"$nulls":5},"Custo total de transporte",null,null,null,0]
[{"$nulls":4},"MO sem LS =>",12.02,"LS =>",-11.82,"MO com LS =>",0.19534033267313283]
[{"$nulls":4},"Valor do BDI =>",2.81,null,"Valor com BDI =>",null,14.83]
[]
[" 6.2.1 ","Código","Banco","Descrição","Tipo",null,"Und","Quant.","Valor Unit","Total"]
["Composição"," 4011287 ","Próprio","Base de solo melhorado com 30% de areia e 2% de cimento e mistura na pista com material de jazida. SICRO (4011287)","URBA - URBANIZAÇÃO",null,"m³",1,185.57,185.57]
["A","Código","Banco","Equipamentos","Quantidade","Utilização",null,"Custo Horário",null,"Custo Horário Total"]
[{"$nulls":5},"Operativa","Improdutiva","Operativa","Improdutiva"]
["Insumo"," E9524 ","SICRO3","Motoniveladora - 93 kW",1,1,0,290.72469999999998,126.3484,290.72469999999998]
["Insumo"," E9762 ","SICRO3","Rolo compactador de pneus autopropelido de 27 t - 85 kW",1,0.86,0.14000000000000001,258.54419999999999,125.6786,239.94300000000001]
["Insumo"," E9571 ","SICRO3","Caminhão tanque com capacidade de 10.000 l - 188 kW",1,0.83,0.17,330.9726,84.255300000000005,289.03070000000002]
["Insumo"," E9577 ","SICRO3","Trator agrícola sobre pneus - 77 kW",1,0.62,0.38,150.67189999999999,55.595599999999997,114.5429]
["Insumo"," E9518 ","SICRO3","Grade de 24 discos rebocável de D = 60 cm (24\")",1,0.62,0.38,4.9256000000000002,3.4300999999999999,4.3573000000000004]
["Insumo"," E9685 ","SICRO3","Rolo compactador pé de carneiro vibratório autopropelido por pneus de 11,6 t - 82 kW",1,0.9,0.1,223.3134,99.619200000000006,210.94399999999999]
[{"$nulls":5},"Custo horário total de equipamentos",null,null,null,1149.5426]
["B","Código","Banco","Mão de Obra","Quantidade","Custo Horário",null,null,null,"Custo Horário Total"]
["Insumo"," P9824 ","SICRO3","Servente",6,null,null,null,"21,1436","126,8616"]
[{"$nulls":5},"Custo horário total de mão de obra",null,null,null,126.8616]
[{"$nulls":5},"Custo horário total de execução",null,null,null,1276.4041999999999]
[{"$nulls":5},"Produção de equipe",null,null,null,150.88]
[{"$nulls":5},"Custo unitário de execução",null,null,null,8.4596999999999998]
[{"$nulls":5},"Custo do FIC",null,null,null,0]
[{"$nulls":5},"Custo do FIT",null,null,null,0]
["C","Código","Banco","MATERIAL","Quantidade","Unidade","Preço Unitário",null,null,"Custo Horário"]
["Insumo"," M0424 ","SICRO3","Cimento Portland CP II - 32 - saco",41.26,"kg","0,9781",null,null,"40,3564"]
["Insumo"," M1382 ","SICRO3","Areia grossa lavada",0.41260000000000002,"m³","147,7475",null,null,"60,9606"]
[{"$nulls":5},"Custo unitário total de material",null,null,null,101.31699999999999]
["D","Código","Banco","ATIVIDADES AUXILIARES","Quantidade","Unidade","Preço Unitário",null,null,"Custo Horário"]
["Composição"," 4016096 ","SICRO3","Escavação e carga de material de jazida com escavadeira hidráulica de 1,56 m³",1.0672600000000001,"m³","1,4400",null,null,"1,5369"]
[{"$nulls":5},"Custo total de atividades auxiliares",null,null,null,1.5368999999999999]
["E","Tempo Fixo","Banco","Descrição","Carga","Quantidade","Unidade","Preço Unitário",null,"Custo Horário"]
["Composição"," 5914354 ","SICRO3","Carga, manobra e descarga de agregados ou solos em caminhão basculante de 10 m³ - carga com escavadeira de 1,56 m³ (exclusa) e descarga livre","M1382",0.61890000000000001,"t",1.87,null,1.1573]
[{"$nulls":5},"Custo Total dos Tempos Fixos",null,null,null,1.1573]
["F","Momento de Transporte","Banco","Descrição","Quantidade","Distância Média de Transporte (DMT)",null,null,null,"Custo Horário"]
[{"$nulls":5},"LN","RP","P","FE"]
["Insumo","M1382","SICRO3","Areia grossa lavada",0.61890000000000001,"5914359\n0,00\n1,30\n0,0000","5914374\n0,00\n1,04\n0,0000","5914389\n126,00\n0,81\n102,0600","--",63.164900000000003]
["Composição",4016096,"SICRO3","Escavação e carga de material de jazida com escavadeira hidráulica de 1,56 m³",2.0011100000000002,"5914359\n0,00\n1,30\n0,0000","5914374\n4,13\n1,04\n4,2952","5914389\n0,00\n0,81\n0,0000","--",8.5952000000000002]
["Insumo","M0424","SICRO3","Cimento Portland CP II - 32 - saco",6.1890000000000001E-2,"5914449\n0,00\n1,15\n0,0000","5914464\n0,00\n0,92\n0,0000","5914479\n30,10\n0,72\n21,6720","--",1.3412999999999999]
[{"$nulls":5},"Custo total de transporte",null,null,null,73.101381751999995]
[{"$nulls":4},"MO sem LS =>",185.57,"LS =>",-184.63,"MO com LS =>",0.93884207844646017]
[{"$nulls":4},"Valor do BDI =>",43.39,null,"Valor com BDI =>",null,228.96]
[]
[" 6.3.1 ","Código","Banco","Descrição","Tipo",null,"Und","Quant.","Valor Unit","Total"]
["Composição"," 4011351 ","SICRO3","Imprimação com asfalto diluído","",null,"m²",1,0.38,0.38]
["A","Código","Banco","Equipamentos","Quantidade","Utilização",null,"Custo Horário",null,"Custo Horário Total"]
[{"$nulls":5},"Operativa","Improdutiva","Operativa","Improdutiva"]
["Insumo"," E9558 ","SICRO3","Tanque de estocagem de asfalto com capacidade de 30.000 l",2,1,0,57.203699999999998,39.074300000000001,114.4074]
["Insumo"," E9509 ","SICRO3","Caminhão tanque distribuidor de asfalto com capacidade de 6.000 l - 7 kW/136 kW",1,1,0,263.58350000000002,73.879599999999996,263.58350000000002]
[{"$nulls":5},"Custo horário total de equipamentos",null,null,null,377.99090000000001]
["B","Código","Banco","Mão de Obra","Quantidade","Custo Horário",null,null,null,"Custo Horário Total"]
["Insumo"," P9824 ","SICRO3","Servente",2,null,null,null,"21,1436","42,2872"]
[{"$nulls":5},"Custo horário total de mão de obra",null,null,null,42.287199999999999]
[{"$nulls":5},"Custo horário total de execução",null,null,null,420.27809999999999]
[{"$nulls":5},"Produção de equipe",null,null,null,1125]
[{"$nulls":5},"Custo unitário de execução",null,null,null,0.37359999999999999]
[{"$nulls":5},"Custo do FIC",null,null,null,4.0000000000000001E-3]
[{"$nulls":5},"Custo do FIT",null,null,null,0]
["C","Código","Banco","MATERIAL","Quantidade","Unidade","Preço Unitário",null,null,"Custo Horário"]
["Insumo"," M0104 ","SICRO3","Asfalto diluído de petróleo - CM-30",1.1999999999999999E-3,"t","0,0000",null,null,"0,0000"]
[{"$nulls":5},"Custo unitário total de material",null,null,null,0]
[{"$nulls":4},"MO sem LS =>",0.38,"LS =>",-0.34,"MO com LS =>",3.7588622222222222E-2]
[{"$nulls":4},"Valor do BDI =>",0.09,null,"Valor com BDI =>",null,0.47]
[]
[" 6.3.3 ","Código","Banco","Descrição","Tipo",null,"Und","Quant.","Valor Unit","Total"]
["Composição"," 5914622 ","SICRO3","Transporte de material betuminoso com caminhão tanque distribuidor - rodovia pavimentada","",null,"tkm",1,1.76,1.76]
["A","Código","Banco","Equipamentos","Quantidade","Utilização",null,"Custo Horário",null,"Custo Horário Total"]
[{"$nulls":5},"Operativa","Improdutiva","Operativa","Improdutiva"]
["Insumo"," E9509 ","SICRO3","Caminhão tanque distribuidor de asfalto com capacidade de 6.000 l - 7 kW/136 kW",1,1,0,263.58350000000002,73.879599999999996,263.58350000000002]
[{"$nulls":5},"Custo horário total de equipamentos",null,null,null,263.58350000000002]
[{"$nulls":5},"Custo horário total de execução",null,null,null,263.58350000000002]
[{"$nulls":5},"Produção de equipe",null,null,null,149.4]
[{"$nulls":5},"Custo unitário de execução",null,null,null,1.7643]
[{"$nulls":5},"Custo do FIC",null,null,null,0]
[{"$nulls":5},"Custo do FIT",null,null,null,0]
[{"$nulls":4},"MO sem LS =>",0,"LS =>",0,"MO com LS =>",0]
[{"$nulls":4},"Valor do BDI =>",0.41,null,"Valor com BDI =>",null,2.17]
[]
[" 6.3.4 ","Código","Banco","Descrição","Tipo",null,"Und","Quant.","Valor Unit","Total"]
["Composição"," 4011353 ","SICRO3","Pintura de ligação","",null,"m²",1,0.28000000000000003,0.28000000000000003]
["A","Código","Banco","Equipamentos","Quantidade","Utilização",null,"Custo Horário",null,"Custo Horário Total"]
[{"$nulls":5},"Operativa","Improdutiva","Operativa","Improdutiva"]
["Insumo"," E9558 ","SICRO3","Tanque de estocagem de asfalto com capacidade de 30.000 l",2,1,0,57.203699999999998,39.074300000000001,114.4074]
["Insumo"," E9509 ","SICRO3","Caminhão tanque distribuidor de asfalto com capacidade de 6.000 l - 7 kW/136 kW",1,1,0,263.58350000000002,73.879599999999996,263.58350000000002]
[{"$nulls":5},"Custo horário total de equipamentos",null,null,null,377.99090000000001]
["B","Código","Banco","Mão de Obra","Quantidade","Custo Horário",null,null,null,"Custo Horário Total"]
["Insumo"," P9824 ","SICRO3","Servente",2,null,null,null,"21,1436","42,2872"]
[{"$nulls":5},"Custo horário total de mão de obra",null,null,null,42.287199999999999]
[{"$nulls":5},"Custo horário total de execução",null,null,null,420.27809999999999]
[{"$nulls":5},"Produção de equipe",null,null,null,1500]
[{"$nulls":5},"Custo unitário de execução",null,null,null,0.2802]
[{"$nulls":5},"Custo do FIC",null,null,null,3.0000000000000001E-3]
[{"$nulls":5},"Custo do FIT",null,null,null,0]
["C","Código","Banco","MATERIAL","Quantidade","Unidade","Preço Unitário",null,null,"Custo Horário"]
["Insumo"," M1946 ","SICRO3","Emulsão asfáltica - RR-1C",4.4999999999999999E-4,"t","0,0000",null,null,"0,0000"]
[{"$nulls":5},"Custo unitário total de material",null,null,null,0]
[{"$nulls":4},"MO sem LS =>",0.28000000000000003,"LS =>",-0.25,"MO com LS =>",2.8191466666666668E-2]
[{"$nulls":4},"Valor do BDI =>",7.0000000000000007E-2,null,"Valor com BDI =>",null,0.35]
[]
[" 6.3.7 ","Código","Banco","Descrição","Tipo",null,"Und","Quant.","Valor Unit","Total"]
["Composição"," 4011463 ","SICRO3","Concreto asfáltico - faixa C - areia e brita comerciais","",null,"t",1,337.19,337.19]
["A","Código","Banco","Equipamentos","Quantidade","Utilização",null,"Custo Horário",null,"Custo Horário Total"]
[{"$nulls":5},"Operativa","Improdutiva","Operativa","Improdutiva"]
["Insumo"," E9762 ","SICRO3","Rolo compactador de pneus autopropelido de 27 t - 85 kW",1,0.71,0.28999999999999998,258.54419999999999,125.6786,220.01320000000001]
["Insumo"," E9545 ","SICRO3","Vibroacabadora de asfalto sobre esteiras - 82 kW",1,1,0,614.26490000000001,292.58749999999998,614.26490000000001]
["Insumo"," E9681 ","SICRO3","Rolo compactador liso tandem vibratório autopropelido de 10,4 t - 82 kW",1,0.82,0.18,284.80990000000003,106.3575,252.6885]
[{"$nulls":5},"Custo horário total de equipamentos",null,null,null,1086.9666]
["B","Código","Banco","Mão de Obra","Quantidade","Custo Horário",null,null,null,"Custo Horário Total"]
["Insumo"," P9824 ","SICRO3","Servente",8,null,null,null,"21,1436","169,1488"]
[{"$nulls":5},"Custo horário total de mão de obra",null,null,null,169.14879999999999]
[{"$nulls":5},"Custo horário total de execução",null,null,null,1256.1153999999999]
[{"$nulls":5},"Produção de equipe",null,null,null,99.6]
[{"$nulls":5},"Custo unitário de execução",null,null,null,12.611599999999999]
[{"$nulls":5},"Custo do FIC",null,null,null,0.1351]
[{"$nulls":5},"Custo do FIT",null,null,null,0]
["D","Código","Banco","ATIVIDADES AUXILIARES","Quantidade","Unidade","Preço Unitário",null,null,"Custo Horário"]
["Composição"," 6416078 ","SICRO3","Usinagem de concreto asfáltico - faixa C - areia e brita comerciais",1,"t","316,5400",null,null,"316,5400"]
[{"$nulls":5},"Custo total de atividades auxiliares",null,null,null,316.54000000000002]
["E","Tempo Fixo","Banco","Descrição","Carga","Quantidade","Unidade","Preço Unitário",null,"Custo Horário"]
["Composição"," 5914649 ","SICRO3","Carga, manobra e descarga de mistura betuminosa a quente em caminhão basculante de 10 m³ - carga em usina de asfalto 100/140 t/h e descarga em vibroacabadora",6416078,1,"t",7.9,null,7.9]
[{"$nulls":5},"Custo Total dos Tempos Fixos",null,null,null,7.9]
["F","Momento de Transporte","Banco","Descrição","Quantidade","Distância Média de Transporte (DMT)",null,null,null,"Custo Horário"]
[{"$nulls":5},"LN","RP","P","FE"]
["Composição",6416078,"SICRO3","Usinagem de concreto asfáltico - faixa C - areia e brita comerciais",1,"5914359\n0,00\n1,30\n0,0000","5914374\n0,00\n1,04\n0,0000","5914389\n0,00\n0,81\n0,0000","--",0]
[{"$nulls":5},"Custo total de transporte",null,null,null,0]
[{"$nulls":4},"MO sem LS =>",337.19,"LS =>",-334.64,"MO com LS =>",2.5474216867469881]
[{"$nulls":4},"Valor do BDI =>",78.84,null,"Valor com BDI =>",null,416.03]
[]
[" 6.3.9 ","Código","Banco","Descrição","Tipo",null,"Und","Quant.","Valor Unit","Total"]
["Composição"," 5915321 ","SICRO3","Transporte com caminhão basculante de 14 m³ - rodovia pavimentada","",null,"tkm",1,0.65,0.65]
["A","Código","Banco","Equipamentos","Quantidade","Utilização",null,"Custo Horário",null,"Custo Horário Total"]
[{"$nulls":5},"Operativa","Improdutiva","Operativa","Improdutiva"]
["Insumo"," E9667 ","SICRO3","Caminhão basculante com capacidade de 14 m³ - 210 kW",1,1,0,304.3057,87.775899999999993,304.3057]
[{"$nulls":5},"Custo horário total de equipamentos",null,null,null,304.3057]
[{"$nulls":5},"Custo horário total de execução",null,null,null,304.3057]
[{"$nulls":5},"Produção de equipe",null,null,null,470.61]
[{"$nulls":5},"Custo unitário de execução",null,null,null,0.64659999999999995]
[{"$nulls":5},"Custo do FIC",null,null,null,0]
[{"$nulls":5},"Custo do FIT",null,null,null,0]
[{"$nulls":4},"MO sem LS =>",0,"LS =>",0,"MO com LS =>",0]
[{"$nulls":4},"Valor do BDI =>",0.15,null,"Valor com BDI =>",null,0.8]
[]
[" 7.1.1 ","Código","Banco","Descrição","Tipo",null,"Und","Quant.","Valor Unit","Total"]
["Composição"," 97636 ","SINAPI","DEMOLIÇÃO PARCIAL DE PAVIMENTO ASFÁLTICO, DE FORMA MECANIZADA, SEM REAPROVEITAMENTO. AF_09/2023","SERP - SERVIÇOS PRELIMINARES",null,"m²",1,21.08,21.08]
["Composição Auxiliar"," 91283 ","SINAPI","CORTADORA DE PISO COM MOTOR 4 TEMPOS A GASOLINA, POTÊNCIA DE 13 HP, COM DISCO DE CORTE DIAMANTADO SEGMENTADO PARA CONCRETO, DIÂMETRO DE 350 MM, FURO DE 1\" (14 X 1\") - CHP DIURNO. AF_08/2015","CHOR - CUSTOS HORÁRIOS DE MÁQUINAS E EQUIPAMENTOS",null,"CHP",5.2400000000000002E-2,10.63,0.56000000000000005]
["Composição Auxiliar"," 88309 ","SINAPI","PEDREIRO COM ENCARGOS COMPLEMENTARES","SEDI - SERVIÇOS DIVERSOS",null,"H",0.24329999999999999,25.31,6.16]
["Composição Auxiliar"," 5631 ","SINAPI","ESCAVADEIRA HIDRÁULICA SOBRE ESTEIRAS, CAÇAMBA 0,80 M3, PESO OPERACIONAL 17 T, POTENCIA BRUTA 111 HP - CHP DIURNO. AF_06/2014","CHOR - CUSTOS HORÁRIOS DE MÁQUINAS E EQUIPAMENTOS",null,"CHP",3.2599999999999997E-2,209.82,6.84]
["Composição Auxiliar"," 5632 ","SINAPI","ESCAVADEIRA HIDRÁULICA SOBRE ESTEIRAS, CAÇAMBA 0,80 M3, PESO OPERACIONAL 17 T, POTENCIA BRUTA 111 HP - CHI DIURNO. AF_06/2014","CHOR - CUSTOS HORÁRIOS DE MÁQUINAS E EQUIPAMENTOS",null,"CHI",8.9599999999999999E-2,82.9,7.43]
["Composição Auxiliar"," 91285 ","SINAPI","CORTADORA DE PISO COM MOTOR 4 TEMPOS A GASOLINA, POTÊNCIA DE 13 HP, COM DISCO DE CORTE DIAMANTADO SEGMENTADO PARA CONCRETO, DIÂMETRO DE 350 MM, FURO DE 1\" (14 X 1\") - CHI DIURNO. AF_08/2015","CHOR - CUSTOS HORÁRIOS DE MÁQUINAS E EQUIPAMENTOS",null,"CHI",8.3599999999999994E-2,1.02,0.09]
[{"$nulls":4},"MO sem LS =>",7.81,"LS =>",0,"MO com LS =>",7.81]
[{"$nulls":4},"Valor do BDI =>",4.93,null,"Valor com BDI =>",null,26.01]
[]
[" 7.1.2 ","Código","Banco","Descrição","Tipo",null,"Und","Quant.","Valor Unit","Total"]
["Composição"," 5915433 ","SICRO3","Carga, manobra e descarga de material demolido em caminhão basculante de 6 m³ - carga manual e descarga livre","",null,"t",1,34.450000000000003,34.450000000000003]
["A","Código","Banco","Equipamentos","Quantidade","Utilização",null,"Custo Horário",null,"Custo Horário Total"]
[{"$nulls":5},"Operativa","Improdutiva","Operativa","Improdutiva"]
["Insumo"," E9506 ","SICRO3","Caminhão basculante com capacidade de 6 m³ - 136 kW",1,1,0,185.7182,71.340599999999995,185.7182]
[{"$nulls":5},"Custo horário total de equipamentos",null,null,null,185.7182]
["B","Código","Banco","Mão de Obra","Quantidade","Custo Horário",null,null,null,"Custo Horário Total"]
["Insumo"," P9824 ","SICRO3","Servente",4,null,null,null,"21,1436","84,5744"]
[{"$nulls":5},"Custo horário total de mão de obra",null,null,null,84.574399999999997]
[{"$nulls":5},"Custo horário total de execução",null,null,null,270.29259999999999]
[{"$nulls":5},"Produção de equipe",null,null,null,7.8466399999999998]
[{"$nulls":5},"Custo unitário de execução",null,null,null,34.446899999999999]
[{"$nulls":5},"Custo do FIC",null,null,null,0]
[{"$nulls":5},"Custo do FIT",null,null,null,0]
[{"$nulls":4},"MO sem LS =>",34.450000000000003,"LS =>",-23.67,"MO com LS =>",10.778422356575554]
[{"$nulls":4},"Valor do BDI =>",8.0500000000000007,null,"Valor com BDI =>",null,42.5]
[]
[" 7.1.3 ","Código","Banco","Descrição","Tipo",null,"Und","Quant.","Valor Unit","Total"]
["Composição"," 5914344 ","SICRO3","Transporte com caminhão basculante de 6 m³ - rodovia pavimentada","",null,"tkm",1,0.83,0.83]
["A","Código","Banco","Equipamentos","Quantidade","Utilização",null,"Custo Horário",null,"Custo Horário Total"]
[{"$nulls":5},"Operativa","Improdutiva","Operativa","Improdutiva"]
["Insumo"," E9506 ","SICRO3","Caminhão basculante com capacidade de 6 m³ - 136 kW",1,1,0,185.7182,71.340599999999995,185.7182]
[{"$nulls":5},"Custo horário total de equipamentos",null,null,null,185.7182]
[{"$nulls":5},"Custo horário total de execução",null,null,null,185.7182]
[{"$nulls":5},"Produção de equipe",null,null,null,224.1]
[{"$nulls":5},"Custo unitário de execução",null,null,null,0.82869999999999999]
[{"$nulls":5},"Custo do FIC",null,null,null,0]
[{"$nulls":5},"Custo do FIT",null,null,null,0]
[{"$nulls":4},"MO sem LS =>",0,"LS =>",0,"MO com LS =>",0]
[{"$nulls":4},"Valor do BDI =>",0.19,null,"Valor com BDI =>",null,1.02]
[]
[" 7.2.1 ","Código","Banco","Descrição","Tipo",null,"Und","Quant.","Valor Unit","Total"]
["Composição"," 1600896 ","SICRO3","Demolição mecânica de alvenaria com escavadeira hidráulica","",null,"m²",1,16.010000000000002,16.010000000000002]
["A","Código","Banco","Equipamentos","Quantidade","Utilização",null,"Custo Horário",null,"Custo Horário Total"]
[{"$nulls":5},"Operativa","Improdutiva","Operativa","Improdutiva"]
["Insumo"," E9515 ","SICRO3","Escavadeira hidráulica sobre esteiras com caçamba com capacidade de 1,56 m³ - 118 kW",1,1,0,290.62520000000001,130.28309999999999,290.62520000000001]
[{"$nulls":5},"Custo horário total de equipamentos",null,null,null,290.62520000000001]
["B","Código","Banco","Mão de Obra","Quantidade","Custo Horário",null,null,null,"Custo Horário Total"]
["Insumo"," P9824 ","SICRO3","Servente",7,null,null,null,"21,1436","148,0052"]
["Insumo"," P9807 ","SICRO3","Bombeiro hidráulico",1,null,null,null,"35,1524","35,1524"]
["Insumo"," P9810 ","SICRO3","Eletricista",1,null,null,null,"30,3150","30,3150"]
["Insumo"," P9808 ","SICRO3","Carpinteiro",1,null,null,null,"27,0554","27,0554"]
["Insumo"," P9821 ","SICRO3","Pedreiro",1,null,null,null,"27,0082","27,0082"]
[{"$nulls":5},"Custo horário total de mão de obra",null,null,null,267.53620000000001]
[{"$nulls":5},"Custo horário total de execução",null,null,null,558.16139999999996]
[{"$nulls":5},"Produção de equipe",null,null,null,34.86]
[{"$nulls":5},"Custo unitário de execução",null,null,null,16.011500000000002]
[{"$nulls":5},"Custo do FIC",null,null,null,0]
[{"$nulls":5},"Custo do FIT",null,null,null,0]
[{"$nulls":4},"MO sem LS =>",7.67,"LS =>",0,"MO com LS =>",7.6745897877223177]
[{"$nulls":4},"Valor do BDI =>",3.74,null,"Valor com BDI =>",null,19.75]
[]
[" 7.2.2 ","Código","Banco","Descrição","Tipo",null,"Und","Quant.","Valor Unit","Total"]
["Composição"," 1600895 ","SICRO3","Demolição manual de construções provisórias de madeira - sem reaproveitamento","",null,"m²",1,13.86,13.86]
["B","Código","Banco","Mão de Obra","Quantidade","Custo Horário",null,null,null,"Custo Horário Total"]
["Insumo"," P9808 ","SICRO3","Carpinteiro",1,null,null,null,"27,0554","27,0554"]
["Insumo"," P9821 ","SICRO3","Pedreiro",1,null,null,null,"27,0082","27,0082"]
["Insumo"," P9824 ","SICRO3","Servente",4,null,null,null,"21,1436","84,5744"]
[{"$nulls":5},"Custo horário total de mão de obra",null,null,null,138.63800000000001]
[{"$nulls":5},"Custo horário total de execução",null,null,null,138.63800000000001]
[{"$nulls":5},"Produção de equipe",null,null,null,10]
[{"$nulls":5},"Custo unitário de execução",null,null,null,13.863799999999999]
[{"$nulls":5},"Custo do FIC",null,null,null,0]
[{"$nulls":5},"Custo do FIT",null,null,null,0]
[{"$nulls":4},"MO sem LS =>",13.86,"LS =>",0,"MO com LS =>",13.863799999999999]
[{"$nulls":4},"Valor do BDI =>",3.24,null,"Valor com BDI =>",null,17.100000000000001]
[]
[" 8.1 ","Código","Banco","Descrição","Tipo",null,"Und","Quant.","Valor Unit","Total"]
["Composição"," 2003377 ","SICRO3","Meio-fio de concreto - MFC 05 - areia e brita comerciais - fôrma de madeira","",null,"m",1,69.819999999999993,69.819999999999993]
[{"$nulls":5},"Custo horário total de execução",null,null,null,0]
[{"$nulls":5},"Produção de equipe",null,null,null,1]
[{"$nulls":5},"Custo unitário de execução",null,null,null,0]
[{"$nulls":5},"Custo do FIC",null,null,null,0]
[{"$nulls":5},"Custo do FIT",null,null,null,0]
["D","Código","Banco","ATIVIDADES AUXILIARES","Quantidade","Unidade","Preço Unitário",null,null,"Custo Horário"]
["Composição"," 4805750 ","SICRO3","Escavação manual em material de 1ª categoria na profundidade de até 1 m",1.7999999999999999E-2,"m³","45,0100",null,null,"0,8102"]
["Composição"," 3103302 ","SICRO3","Fôrmas de tábuas de pinho para dispositivos de drenagem - utilização de 3 vezes - confecção, instalação e retirada",0.50290000000000001,"m²","75,4500",null,null,"37,9438"]
["Composição"," 1107892 ","SICRO3","Concreto fck = 20 MPa - confecção em betoneira e lançamento manual - areia e brita comerciais",3.3399999999999999E-2,"m³","829,1800",null,null,"27,6946"]
["Composição"," 2003842 ","SICRO3","Enchimento de junta de concreto com argamassa asfáltica de densidade 1.700 kg/m³ - espessura de 1 cm",4.7300000000000002E-2,"kg","71,2000",null,null,"3,3678"]
[{"$nulls":5},"Custo total de atividades auxiliares",null,null,null,69.816400000000002]
[{"$nulls":4},"MO sem LS =>",69.819999999999993,"LS =>",-42.63,"MO com LS =>",27.187374212549443]
[{"$nulls":4},"Valor do BDI =>",16.32,null,"Valor com BDI =>",null,86.14]
[]
[" 8.3 ","Código","Banco","Descrição","Tipo",null,"Und","Quant.","Valor Unit","Total"]
["Composição"," 5901638 ","SICRO3","Transporte com caminhão basculante com caçamba estanque com capacidade de 14 m³ - rodovia em revestimento primário","",null,"tkm",1,0.74,0.74]
["A","Código","Banco","Equipamentos","Quantidade","Utilização",null,"Custo Horário",null,"Custo Horário Total"]
[{"$nulls":5},"Operativa","Improdutiva","Operativa","Improdutiva"]
["Insumo"," E9575 ","SICRO3","Caminhão basculante com caçamba estanque com capacidade de 14 m³ - 210 kW",1,1,0,304.69990000000001,87.982799999999997,304.69990000000001]
[{"$nulls":5},"Custo horário total de equipamentos",null,null,null,304.69990000000001]
[{"$nulls":5},"Custo horário total de execução",null,null,null,304.69990000000001]
[{"$nulls":5},"Produção de equipe",null,null,null,435.75]
[{"$nulls":5},"Custo unitário de execução",null,null,null,0.69930000000000003]
[{"$nulls":5},"Custo do FIC",null,null,null,4.4999999999999998E-2]
[{"$nulls":5},"Custo do FIT",null,null,null,0]
[{"$nulls":4},"MO sem LS =>",0,"LS =>",0,"MO com LS =>",0]
[{"$nulls":4},"Valor do BDI =>",0.17,null,"Valor com BDI =>",null,0.91]
[]
[" 8.4 ","Código","Banco","Descrição","Tipo",null,"Und","Quant.","Valor Unit","Total"]
["Composição"," 4805754 ","SICRO3","Compactação manual com soquete vibratório","",null,"m³",1,6.93,6.93]
["A","Código","Banco","Equipamentos","Quantidade","Utilização",null,"Custo Horário",null,"Custo Horário Total"]
[{"$nulls":5},"Operativa","Improdutiva","Operativa","Improdutiva"]
["Insumo"," E9647 ","SICRO3","Compactador manual com soquete vibratório - 4,10 kW",1,1,0,9.2710000000000008,1.0637000000000001,9.2710000000000008]
[{"$nulls":5},"Custo horário total de equipamentos",null,null,null,9.2710000000000008]
["B","Código","Banco","Mão de Obra","Quantidade","Custo Horário",null,null,null,"Custo Horário Total"]
["Insumo"," P9824 ","SICRO3","Servente",1,null,null,null,"21,1436","21,1436"]
[{"$nulls":5},"Custo horário total de mão de obra",null,null,null,21.143599999999999]
[{"$nulls":5},"Custo horário total de execução",null,null,null,30.4146]
[{"$nulls":5},"Produção de equipe",null,null,null,4.6687500000000002]
[{"$nulls":5},"Custo unitário de execução",null,null,null,6.5145]
[{"$nulls":5},"Custo do FIC",null,null,null,0.41880000000000001]
[{"$nulls":5},"Custo do FIT",null,null,null,0]
[{"$nulls":4},"MO sem LS =>",6.93,"LS =>",-2.4,"MO com LS =>",4.5287496653279788]
[{"$nulls":4},"Valor do BDI =>",1.62,null,"Valor com BDI =>",null,8.5500000000000007]
[]
[" 8.5 ","Código","Banco","Descrição","Tipo",null,"Und","Quant.","Valor Unit","Total"]
["Composição"," 2003385 ","SICRO3","Entrada para descida d'água - EDA 01 - areia e brita comerciais","",null,"un",1,98.75,98.75]
[{"$nulls":5},"Custo horário total de execução",null,null,null,0]
[{"$nulls":5},"Produção de equipe",null,null,null,1]
[{"$nulls":5},"Custo unitário de execução",null,null,null,0]
[{"$nulls":5},"Custo do FIC",null,null,null,0]
[{"$nulls":5},"Custo do FIT",null,null,null,0]
["D","Código","Banco","ATIVIDADES AUXILIARES","Quantidade","Unidade","Preço Unitário",null,null,"Custo Horário"]
["Composição"," 1107892 ","SICRO3","Concreto fck = 20 MPa - confecção em betoneira e lançamento manual - areia e brita comerciais",0.11,"m³","829,1800",null,null,"91,2098"]
["Composição"," 3103302 ","SICRO3","Fôrmas de tábuas de pinho para dispositivos de drenagem - utilização de 3 vezes - confecção, instalação e retirada",0.1,"m²","75,4500",null,null,"7,5450"]
[{"$nulls":5},"Custo total de atividades auxiliares",null,null,null,98.754800000000003]
[{"$nulls":4},"MO sem LS =>",10.57,"LS =>",0,"MO com LS =>",10.57348160210894]
[{"$nulls":4},"Valor do BDI =>",23.09,null,"Valor com BDI =>",null,121.84]
[]
[" 8.6 ","Código","Banco","Descrição","Tipo",null,"Und","Quant.","Valor Unit","Total"]
["Composição"," 2003387 ","SICRO3","Entrada para descida d'água - EDA 02 - areia e brita comerciais","",null,"un",1,123.63,123.63]
[{"$nulls":5},"Custo horário total de execução",null,null,null,0]
[{"$nulls":5},"Produção de equipe",null,null,null,1]
[{"$nulls":5},"Custo unitário de execução",null,null,null,0]
[{"$nulls":5},"Custo do FIC",null,null,null,0]
[{"$nulls":5},"Custo do FIT",null,null,null,0]
["D","Código","Banco","ATIVIDADES AUXILIARES","Quantidade","Unidade","Preço Unitário",null,null,"Custo Horário"]
["Composição"," 1107892 ","SICRO3","Concreto fck = 20 MPa - confecção em betoneira e lançamento manual - areia e brita comerciais",0.14000000000000001,"m³","829,1800",null,null,"116,0852"]
["Composição"," 3103302 ","SICRO3","Fôrmas de tábuas de pinho para dispositivos de drenagem - utilização de 3 vezes - confecção, instalação e retirada",0.1,"m²","75,4500",null,null,"7,5450"]
[{"$nulls":5},"Custo total de atividades auxiliares",null,null,null,123.6302]
[{"$nulls":4},"MO sem LS =>",12.23,"LS =>",0,"MO com LS =>",12.232691220865922]
[{"$nulls":4},"Valor do BDI =>",28.9,null,"Valor com BDI =>",null,152.53]
[]
[" 8.7 ","Código","Banco","Descrição","Tipo",null,"Und","Quant.","Valor Unit","Total"]
["Composição"," 2003449 ","SICRO3","Dissipador de energia - DEB 01 - areia, brita e pedra de mão comerciais","",null,"un",1,660.56,660.56]
["B","Código","Banco","Mão de Obra","Quantidade","Custo Horário",null,null,null,"Custo Horário Total"]
["Insumo"," P9824 ","SICRO3","Servente",0.28000000000000003,null,null,null,"21,1436","5,9202"]
[{"$nulls":5},"Custo horário total de mão de obra",null,null,null,5.9202000000000004]
[{"$nulls":5},"Custo horário total de execução",null,null,null,5.9202000000000004]
[{"$nulls":5},"Produção de equipe",null,null,null,1]
[{"$nulls":5},"Custo unitário de execução",null,null,null,5.9202000000000004]
[{"$nulls":5},"Custo do FIC",null,null,null,0]
[{"$nulls":5},"Custo do FIT",null,null,null,0]
["C","Código","Banco","MATERIAL","Quantidade","Unidade","Preço Unitário",null,null,"Custo Horário"]
["Insumo"," M1097 ","SICRO3","Pedra de mão ou rachão",0.21,"m³","188,3357",null,null,"39,5505"]
[{"$nulls":5},"Custo unitário total de material",null,null,null,39.5505]
["D","Código","Banco","ATIVIDADES AUXILIARES","Quantidade","Unidade","Preço Unitário",null,null,"Custo Horário"]
["Composição"," 3103302 ","SICRO3","Fôrmas de tábuas de pinho para dispositivos de drenagem - utilização de 3 vezes - confecção, instalação e retirada",2.71,"m²","75,4500",null,null,"204,4695"]
["Composição"," 1107892 ","SICRO3","Concreto fck = 20 MPa - confecção em betoneira e lançamento manual - areia e brita comerciais",0.42,"m³","829,1800",null,null,"348,2556"]
["Composição"," 4805750 ","SICRO3","Escavação manual em material de 1ª categoria na profundidade de até 1 m",0.67,"m³","45,0100",null,null,"30,1567"]
[{"$nulls":5},"Custo total de atividades auxiliares",null,null,null,582.8818]
["E","Tempo Fixo","Banco","Descrição","Carga","Quantidade","Unidade","Preço Unitário",null,"Custo Horário"]
["Composição"," 5914647 ","SICRO3","Carga, manobra e descarga de agregados ou solos em caminhão basculante de 10 m³ - carga com carregadeira de 3,40 m³ (exclusa) e descarga livre","M1097",0.315,"t",1.79,null,0.56389999999999996]
[{"$nulls":5},"Custo Total dos Tempos Fixos",null,null,null,0.56389999999999996]
["F","Momento de Transporte","Banco","Descrição","Quantidade","Distância Média de Transporte (DMT)",null,null,null,"Custo Horário"]
[{"$nulls":5},"LN","RP","P","FE"]
["Insumo","M1097","SICRO3","Pedra de mão ou rachão",0.315,"5914359\n0,00\n1,30\n0,0000","5914374\n0,00\n1,04\n0,0000","5914389\n124,00\n0,81\n100,4400","--",31.6386]
[{"$nulls":5},"Custo total de transporte",null,null,null,31.6386]
[{"$nulls":4},"MO sem LS =>",179.15,"LS =>",0,"MO com LS =>",179.15278896259775]
[{"$nulls":4},"Valor do BDI =>",154.44,null,"Valor com BDI =>",null,815]
[]
[" 8.8 ","Código","Banco","Descrição","Tipo",null,"Und","Quant.","Valor Unit","Total"]
["Composição"," 2003455 ","SICRO3","Dissipador de energia - DEB 04 - areia, brita e pedra de mão comerciais","",null,"un",1,3045.07,3045.07]
["B","Código","Banco","Mão de Obra","Quantidade","Custo Horário",null,null,null,"Custo Horário Total"]
["Insumo"," P9824 ","SICRO3","Servente",1.8752,null,null,null,"21,1436","39,6485"]
[{"$nulls":5},"Custo horário total de mão de obra",null,null,null,39.648499999999999]
[{"$nulls":5},"Custo horário total de execução",null,null,null,39.648499999999999]
[{"$nulls":5},"Produção de equipe",null,null,null,1]
[{"$nulls":5},"Custo unitário de execução",null,null,null,39.648499999999999]
[{"$nulls":5},"Custo do FIC",null,null,null,0]
[{"$nulls":5},"Custo do FIT",null,null,null,0]
["C","Código","Banco","MATERIAL","Quantidade","Unidade","Preço Unitário",null,null,"Custo Horário"]
["Insumo"," M1097 ","SICRO3","Pedra de mão ou rachão",1.41,"m³","188,3357",null,null,"265,5533"]
[{"$nulls":5},"Custo unitário total de material",null,null,null,265.55329999999998]
["D","Código","Banco","ATIVIDADES AUXILIARES","Quantidade","Unidade","Preço Unitário",null,null,"Custo Horário"]
["Composição"," 3103302 ","SICRO3","Fôrmas de tábuas de pinho para dispositivos de drenagem - utilização de 3 vezes - confecção, instalação e retirada",9.65,"m²","75,4500",null,null,"728,0925"]
["Composição"," 1107892 ","SICRO3","Concreto fck = 20 MPa - confecção em betoneira e lançamento manual - areia e brita comerciais",1.83,"m³","829,1800",null,null,"1.517,3994"]
["Composição"," 4805750 ","SICRO3","Escavação manual em material de 1ª categoria na profundidade de até 1 m",6.18,"m³","45,0100",null,null,"278,1618"]
[{"$nulls":5},"Custo total de atividades auxiliares",null,null,null,2523.6536999999998]
["E","Tempo Fixo","Banco","Descrição","Carga","Quantidade","Unidade","Preço Unitário",null,"Custo Horário"]
["Composição"," 5914647 ","SICRO3","Carga, manobra e descarga de agregados ou solos em caminhão basculante de 10 m³ - carga com carregadeira de 3,40 m³ (exclusa) e descarga livre","M1097",2.1150000000000002,"t",1.79,null,3.7858999999999998]
[{"$nulls":5},"Custo Total dos Tempos Fixos",null,null,null,3.7858999999999998]
["F","Momento de Transporte","Banco","Descrição","Quantidade","Distância Média de Transporte (DMT)",null,null,null,"Custo Horário"]
[{"$nulls":5},"LN","RP","P","FE"]
["Insumo","M1097","SICRO3","Pedra de mão ou rachão",2.1150000000000002,"5914359\n0,00\n1,30\n0,0000","5914374\n0,00\n1,04\n0,0000","5914389\n124,00\n0,81\n100,4400","--",212.4306]
[{"$nulls":5},"Custo total de transporte",null,null,null,212.4306]
[{"$nulls":4},"MO sem LS =>",835.45,"LS =>",0,"MO com LS =>",835.45246596417599]
[{"$nulls":4},"Valor do BDI =>",711.94,null,"Valor com BDI =>",null,3757.01]
[]
[" 8.9 ","Código","Banco","Descrição","Tipo",null,"Und","Quant.","Valor Unit","Total"]
["Composição"," 2003457 ","SICRO3","Dissipador de energia - DEB 05 - areia, brita e pedra de mão comerciais","",null,"un",1,4187.2299999999996,4187.2299999999996]
["B","Código","Banco","Mão de Obra","Quantidade","Custo Horário",null,null,null,"Custo Horário Total"]
["Insumo"," P9824 ","SICRO3","Servente",2.76,null,null,null,"21,1436","58,3563"]
[{"$nulls":5},"Custo horário total de mão de obra",null,null,null,58.356299999999997]
[{"$nulls":5},"Custo horário total de execução",null,null,null,58.356299999999997]
[{"$nulls":5},"Produção de equipe",null,null,null,1]
[{"$nulls":5},"Custo unitário de execução",null,null,null,58.356299999999997]
[{"$nulls":5},"Custo do FIC",null,null,null,0]
[{"$nulls":5},"Custo do FIT",null,null,null,0]
["C","Código","Banco","MATERIAL","Quantidade","Unidade","Preço Unitário",null,null,"Custo Horário"]
["Insumo"," M1097 ","SICRO3","Pedra de mão ou rachão",2.0699999999999998,"m³","188,3357",null,null,"389,8549"]
[{"$nulls":5},"Custo unitário total de material",null,null,null,389.85489999999999]
["D","Código","Banco","ATIVIDADES AUXILIARES","Quantidade","Unidade","Preço Unitário",null,null,"Custo Horário"]
["Composição"," 4805750 ","SICRO3","Escavação manual em material de 1ª categoria na profundidade de até 1 m",8.81,"m³","45,0100",null,null,"396,5381"]
["Composição"," 3103302 ","SICRO3","Fôrmas de tábuas de pinho para dispositivos de drenagem - utilização de 3 vezes - confecção, instalação e retirada",11.63,"m²","75,4500",null,null,"877,4835"]
["Composição"," 1107892 ","SICRO3","Concreto fck = 20 MPa - confecção em betoneira e lançamento manual - areia e brita comerciais",2.59,"m³","829,1800",null,null,"2.147,5762"]
[{"$nulls":5},"Custo total de atividades auxiliares",null,null,null,3421.5978]
["E","Tempo Fixo","Banco","Descrição","Carga","Quantidade","Unidade","Preço Unitário",null,"Custo Horário"]
["Composição"," 5914647 ","SICRO3","Carga, manobra e descarga de agregados ou solos em caminhão basculante de 10 m³ - carga com carregadeira de 3,40 m³ (exclusa) e descarga livre","M1097",3.105,"t",1.79,null,5.5579999999999998]
[{"$nulls":5},"Custo Total dos Tempos Fixos",null,null,null,5.5579999999999998]
["F","Momento de Transporte","Banco","Descrição","Quantidade","Distância Média de Transporte (DMT)",null,null,null,"Custo Horário"]
[{"$nulls":5},"LN","RP","P","FE"]
["Insumo","M1097","SICRO3","Pedra de mão ou rachão",3.105,"5914359\n0,00\n1,30\n0,0000","5914374\n0,00\n1,04\n0,0000","5914389\n124,00\n0,81\n100,4400","--",311.86619999999999]
[{"$nulls":5},"Custo total de transporte",null,null,null,311.86619999999999]
[{"$nulls":4},"MO sem LS =>",4187.2299999999996,"LS =>",-3090.92,"MO com LS =>",1096.3052869860196]
[{"$nulls":4},"Valor do BDI =>",978.97,null,"Valor com BDI =>",null,5166.2]
[]
[" 8.10 ","Código","Banco","Descrição","Tipo",null,"Und","Quant.","Valor Unit","Total"]
["Composição"," 2003463 ","SICRO3","Dissipador de energia - DEB 08 - areia, brita e pedra de mão comerciais","",null,"un",1,5541.1,5541.1]
["B","Código","Banco","Mão de Obra","Quantidade","Custo Horário",null,null,null,"Custo Horário Total"]
["Insumo"," P9824 ","SICRO3","Servente",3.9119999999999999,null,null,null,"21,1436","82,7138"]
[{"$nulls":5},"Custo horário total de mão de obra",null,null,null,82.713800000000006]
[{"$nulls":5},"Custo horário total de execução",null,null,null,82.713800000000006]
[{"$nulls":5},"Produção de equipe",null,null,null,1]
[{"$nulls":5},"Custo unitário de execução",null,null,null,82.713800000000006]
[{"$nulls":5},"Custo do FIC",null,null,null,0]
[{"$nulls":5},"Custo do FIT",null,null,null,0]
["C","Código","Banco","MATERIAL","Quantidade","Unidade","Preço Unitário",null,null,"Custo Horário"]
["Insumo"," M1097 ","SICRO3","Pedra de mão ou rachão",2.93,"m³","188,3357",null,null,"551,8236"]
[{"$nulls":5},"Custo unitário total de material",null,null,null,551.82360000000006]
["D","Código","Banco","ATIVIDADES AUXILIARES","Quantidade","Unidade","Preço Unitário",null,null,"Custo Horário"]
["Composição"," 4805750 ","SICRO3","Escavação manual em material de 1ª categoria na profundidade de até 1 m",12.34,"m³","45,0100",null,null,"555,4234"]
["Composição"," 3103302 ","SICRO3","Fôrmas de tábuas de pinho para dispositivos de drenagem - utilização de 3 vezes - confecção, instalação e retirada",13.14,"m²","75,4500",null,null,"991,4130"]
["Composição"," 1107892 ","SICRO3","Concreto fck = 20 MPa - confecção em betoneira e lançamento manual - areia e brita comerciais",3.51,"m³","829,1800",null,null,"2.910,4218"]
[{"$nulls":5},"Custo total de atividades auxiliares",null,null,null,4457.2582000000002]
["E","Tempo Fixo","Banco","Descrição","Carga","Quantidade","Unidade","Preço Unitário",null,"Custo Horário"]
["Composição"," 5914647 ","SICRO3","Carga, manobra e descarga de agregados ou solos em caminhão basculante de 10 m³ - carga com carregadeira de 3,40 m³ (exclusa) e descarga livre","M1097",4.3949999999999996,"t",1.79,null,7.8670999999999998]
[{"$nulls":5},"Custo Total dos Tempos Fixos",null,null,null,7.8670999999999998]
["F","Momento de Transporte","Banco","Descrição","Quantidade","Distância Média de Transporte (DMT)",null,null,null,"Custo Horário"]
[{"$nulls":5},"LN","RP","P","FE"]
["Insumo","M1097","SICRO3","Pedra de mão ou rachão",4.3949999999999996,"5914359\n0,00\n1,30\n0,0000","5914374\n0,00\n1,04\n0,0000","5914389\n124,00\n0,81\n100,4400","--",441.43380000000002]
[{"$nulls":5},"Custo total de transporte",null,null,null,441.43380000000002]
[{"$nulls":4},"MO sem LS =>",1388.61,"LS =>",0,"MO com LS =>",1388.6136247945672]
[{"$nulls":4},"Valor do BDI =>",1295.51,null,"Valor com BDI =>",null,6836.61]
[]
[" 8.11 ","Código","Banco","Descrição","Tipo",null,"Und","Quant.","Valor Unit","Total"]
["Composição"," 2003473 ","SICRO3","Dissipador de energia - DEB 13 - areia, brita e pedra de mão comerciais","",null,"un",1,13793.38,13793.38]
["B","Código","Banco","Mão de Obra","Quantidade","Custo Horário",null,null,null,"Custo Horário Total"]
["Insumo"," P9824 ","SICRO3","Servente",11.016,null,null,null,"21,1436","232,9179"]
[{"$nulls":5},"Custo horário total de mão de obra",null,null,null,232.9179]
[{"$nulls":5},"Custo horário total de execução",null,null,null,232.9179]
[{"$nulls":5},"Produção de equipe",null,null,null,1]
[{"$nulls":5},"Custo unitário de execução",null,null,null,232.9179]
[{"$nulls":5},"Custo do FIC",null,null,null,0]
[{"$nulls":5},"Custo do FIT",null,null,null,0]
["C","Código","Banco","MATERIAL","Quantidade","Unidade","Preço Unitário",null,null,"Custo Horário"]
["Insumo"," M1097 ","SICRO3","Pedra de mão ou rachão",8.26,"m³","188,3357",null,null,"1.555,6529"]
[{"$nulls":5},"Custo unitário total de material",null,null,null,1555.6529]
["D","Código","Banco","ATIVIDADES AUXILIARES","Quantidade","Unidade","Preço Unitário",null,null,"Custo Horário"]
["Composição"," 4805750 ","SICRO3","Escavação manual em material de 1ª categoria na profundidade de até 1 m",33.1,"m³","45,0100",null,null,"1.489,8310"]
["Composição"," 3103302 ","SICRO3","Fôrmas de tábuas de pinho para dispositivos de drenagem - utilização de 3 vezes - confecção, instalação e retirada",21.25,"m²","75,4500",null,null,"1.603,3125"]
["Composição"," 1107892 ","SICRO3","Concreto fck = 20 MPa - confecção em betoneira e lançamento manual - areia e brita comerciais",9.2200000000000006,"m³","829,1800",null,null,"7.645,0396"]
[{"$nulls":5},"Custo total de atividades auxiliares",null,null,null,10738.1831]
["E","Tempo Fixo","Banco","Descrição","Carga","Quantidade","Unidade","Preço Unitário",null,"Custo Horário"]
["Composição"," 5914647 ","SICRO3","Carga, manobra e descarga de agregados ou solos em caminhão basculante de 10 m³ - carga com carregadeira de 3,40 m³ (exclusa) e descarga livre","M1097",12.39,"t",1.79,null,22.178100000000001]
[{"$nulls":5},"Custo Total dos Tempos Fixos",null,null,null,22.178100000000001]
["F","Momento de Transporte","Banco","Descrição","Quantidade","Distância Média de Transporte (DMT)",null,null,null,"Custo Horário"]
[{"$nulls":5},"LN","RP","P","FE"]
["Insumo","M1097","SICRO3","Pedra de mão ou rachão",12.39,"5914359\n0,00\n1,30\n0,0000","5914374\n0,00\n1,04\n0,0000","5914389\n124,00\n0,81\n100,4400","--",1244.4516000000001]
[{"$nulls":5},"Custo total de transporte",null,null,null,1244.4516000000001]
[{"$nulls":4},"MO sem LS =>",13793.38,"LS =>",-10696.76,"MO com LS =>",3096.6186529313127]
[{"$nulls":4},"Valor do BDI =>",3224.89,null,"Valor com BDI =>",null,17018.27]
[]
[" 8.12 ","Código","Banco","Descrição","Tipo",null,"Und","Quant.","Valor Unit","Total"]
["Composição"," 2003391 ","Próprio","SICRO (2003391) - Descida d'água de aterros tipo rápido - DAR 02 - areia e brita comerciais com transporte","URBA - URBANIZAÇÃO",null,"m",1,216.85,216.85]
[{"$nulls":5},"Custo horário total de execução",null,null,null,0]
[{"$nulls":5},"Produção de equipe",null,null,null,1]
[{"$nulls":5},"Custo unitário de execução",null,null,null,0]
[{"$nulls":5},"Custo do FIC",null,null,null,0]
[{"$nulls":5},"Custo do FIT",null,null,null,0]
["C","Código","Banco","MATERIAL","Quantidade","Unidade","Preço Unitário",null,null,"Custo Horário"]
["Insumo"," CAP 50 70 ","Emp","CIMENTOS ASFÁLTICOS CAP-50-70",3.3E-4,"t","6.342,3000",null,null,"2,0930"]
[{"$nulls":5},"Custo unitário total de material",null,null,null,2.093]
["D","Código","Banco","ATIVIDADES AUXILIARES","Quantidade","Unidade","Preço Unitário",null,null,"Custo Horário"]
["Composição"," 88316 ","SINAPI","SERVENTE COM ENCARGOS COMPLEMENTARES",2.4E-2,"H","18,9900",null,null,"0,4558"]
["Composição"," 3103302 ","Emp","SICRO (3103302) - Fôrmas de tábuas de pinho para dispositivos de drenagem - utilização de 3 vezes - confecção, instalação e retirada",1.1000000000000001,"m²","72,2700",null,null,"79,4970"]
["Composição"," 94964 ","Emp","SINAPI (94964) - CONCRETO FCK = 20MPA, TRAÇO 1:2,7:3 (EM MASSA SECA DE CIMENTO/ AREIA MÉDIA/ BRITA 1) - PREPARO MECÂNICO COM BETONEIRA 400 L. AF_05/2021",0.13700000000000001,"m³","949,3200",null,null,"130,0568"]
["Composição"," 4805755 ","Emp","SICRO (4805755) - Apiloamento manual",0.15,"m³","18,9900",null,null,"2,8485"]
["Composição"," 4805750 ","Emp","SICRO (4805750) - Escavação manual em material de 1ª categoria na profundidade de até 1 m",0.2,"m³","9,5000",null,null,"1,9000"]
[{"$nulls":5},"Custo total de atividades auxiliares",null,null,null,214.75810000000001]
[{"$nulls":4},"MO sem LS =>",51.98,"LS =>",0,"MO com LS =>",51.983995456999999]
[{"$nulls":4},"Valor do BDI =>",50.7,null,"Valor com BDI =>",null,267.55]
[]
[" 9.1 ","Código","Banco","Descrição","Tipo",null,"Und","Quant.","Valor Unit","Total"]
["Composição"," 5213417 ","SICRO3","Placa em aço nº 16 galvanizado com película retrorrefletiva tipo I + III - confecção","",null,"m²",1,467.8,467.8]
["A","Código","Banco","Equipamentos","Quantidade","Utilização",null,"Custo Horário",null,"Custo Horário Total"]
[{"$nulls":5},"Operativa","Improdutiva","Operativa","Improdutiva"]
["Insumo"," E9623 ","SICRO3","Máquina de bancada guilhotina - 4,00 kW",0.20080000000000001,1,0,15.1845,9.6521000000000008,3.0489999999999999]
["Insumo"," E9507 ","SICRO3","Plotadora de recorte com computador e programa computacional",0.48193000000000003,1,0,23.699200000000001,14.940099999999999,11.4214]
["Insumo"," E9568 ","SICRO3","Furadeira de impacto de 12,5 mm - 0,80 kW",0.15060000000000001,1,0,0.20569999999999999,0.13639999999999999,3.1E-2]
["Insumo"," E9753 ","SICRO3","Grupo gerador - 23 kVA",0.48193000000000003,1,0,27.283200000000001,5.5841000000000003,13.1486]
["Insumo"," E9622 ","SICRO3","Máquina de bancada universal para corte de chapa - 1,50 kW",0.48193000000000003,1,0,12.553000000000001,7.9794,6.0496999999999996]
[{"$nulls":5},"Custo horário total de equipamentos",null,null,null,33.6997]
["B","Código","Banco","Mão de Obra","Quantidade","Custo Horário",null,null,null,"Custo Horário Total"]
["Insumo"," P9801 ","SICRO3","Ajudante",2,null,null,null,"22,8303","45,6606"]
["Insumo"," P9823 ","SICRO3","Serralheiro",1,null,null,null,"29,5919","29,5919"]
["Insumo"," P9830 ","SICRO3","Montador",1,null,null,null,"28,9088","28,9088"]
["Insumo"," P9824 ","SICRO3","Servente",2,null,null,null,"21,1436","42,2872"]
[{"$nulls":5},"Custo horário total de mão de obra",null,null,null,146.4485]
[{"$nulls":5},"Custo horário total de execução",null,null,null,180.1482]
[{"$nulls":5},"Produção de equipe",null,null,null,4]
[{"$nulls":5},"Custo unitário de execução",null,null,null,45.037100000000002]
[{"$nulls":5},"Custo do FIC",null,null,null,0]
[{"$nulls":5},"Custo do FIT",null,null,null,0]
["C","Código","Banco","MATERIAL","Quantidade","Unidade","Preço Unitário",null,null,"Custo Horário"]
["Insumo"," M3235 ","SICRO3","Película retrorrefletiva tipo I",1,"m²","152,2001",null,null,"152,2001"]
["Insumo"," M1367 ","SICRO3","Chapa fina em aço galvanizado",11.775,"kg","12,0407",null,null,"141,7792"]
["Insumo"," M3237 ","SICRO3","Película retrorrefletiva tipo III",0.4,"m²","277,1488",null,null,"110,8595"]
[{"$nulls":5},"Custo unitário total de material",null,null,null,404.83879999999999]
["D","Código","Banco","ATIVIDADES AUXILIARES","Quantidade","Unidade","Preço Unitário",null,null,"Custo Horário"]
["Composição"," 5212552 ","SICRO3","Pintura eletrostática a pó com tinta poliéster em chapa de aço",1,"m²","17,5100",null,null,"17,5100"]
[{"$nulls":5},"Custo total de atividades auxiliares",null,null,null,17.510000000000002]
["E","Tempo Fixo","Banco","Descrição","Carga","Quantidade","Unidade","Preço Unitário",null,"Custo Horário"]
["Composição"," 5914655 ","SICRO3","Carga, manobra e descarga de materiais diversos em caminhão carroceria de 15 t - carga e descarga manuais","M3237",1.9000000000000001E-4,"t",33.5,null,6.4000000000000003E-3]
["Composição"," 5914655 ","SICRO3","Carga, manobra e descarga de materiais diversos em caminhão carroceria de 15 t - carga e descarga manuais","M3235",4.4000000000000002E-4,"t",33.5,null,1.47E-2]
["Composição"," 5914333 ","SICRO3","Carga, manobra e descarga de materiais diversos em caminhão carroceria de 15 t - carga e descarga com caminhão guindauto de 20 t.m","M1367",1.1780000000000001E-2,"t",33.57,null,0.39550000000000002]
[{"$nulls":5},"Custo Total dos Tempos Fixos",null,null,null,0.41660000000000003]
["F","Momento de Transporte","Banco","Descrição","Quantidade","Distância Média de Transporte (DMT)",null,null,null,"Custo Horário"]
[{"$nulls":5},"LN","RP","P","FE"]
["Insumo","M3237","SICRO3","Película retrorrefletiva tipo III",1.9000000000000001E-4,"5914449\n0,00\n1,15\n0,0000","5914464\n0,00\n0,92\n0,0000","5914479\n0,00\n0,72\n0,0000","--",0]
["Insumo","M3235","SICRO3","Película retrorrefletiva tipo I",4.4000000000000002E-4,"5914449\n0,00\n1,15\n0,0000","5914464\n0,00\n0,92\n0,0000","5914479\n0,00\n0,72\n0,0000","--",0]
["Insumo","M1367","SICRO3","Chapa fina em aço galvanizado",1.1780000000000001E-2,"5914449\n0,00\n1,15\n0,0000","5914464\n0,00\n0,92\n0,0000","5914479\n0,00\n0,72\n0,0000","--",0]
[{"$nulls":5},"Custo total de transporte",null,null,null,0]
[{"$nulls":4},"MO sem LS =>",467.8,"LS =>",-427.09,"MO com LS =>",40.705268603133156]
[{"$nulls":4},"Valor do BDI =>",109.37,null,"Valor com BDI =>",null,577.16999999999996]
[]
[" 9.2 ","Código","Banco","Descrição","Tipo",null,"Und","Quant.","Valor Unit","Total"]
["Composição"," 5213351 ","SICRO3","Suporte polimérico ecológico maciço colapsível D = 6,5 cm para placa de sinalização - fornecimento e implantação","",null,"un",1,788.58,788.58]
["A","Código","Banco","Equipamentos","Quantidade","Utilização",null,"Custo Horário",null,"Custo Horário Total"]
[{"$nulls":5},"Operativa","Improdutiva","Operativa","Improdutiva"]
["Insumo"," E9687 ","SICRO3","Caminhão carroceria com capacidade de 5 t - 115 kW",1,0.3,0.7,151.9075,59.960599999999999,87.544700000000006]
[{"$nulls":5},"Custo horário total de equipamentos",null,null,null,87.544700000000006]
["B","Código","Banco","Mão de Obra","Quantidade","Custo Horário",null,null,null,"Custo Horário Total"]
["Insumo"," P9830 ","SICRO3","Montador",1,null,null,null,"28,9088","28,9088"]
["Insumo"," P9824 ","SICRO3","Servente",1,null,null,null,"21,1436","21,1436"]
[{"$nulls":5},"Custo horário total de mão de obra",null,null,null,50.052399999999999]
[{"$nulls":5},"Custo horário total de execução",null,null,null,137.59710000000001]
[{"$nulls":5},"Produção de equipe",null,null,null,6]
[{"$nulls":5},"Custo unitário de execução",null,null,null,22.9329]
[{"$nulls":5},"Custo do FIC",null,null,null,0]
[{"$nulls":5},"Custo do FIT",null,null,null,0]
["C","Código","Banco","MATERIAL","Quantidade","Unidade","Preço Unitário",null,null,"Custo Horário"]
["Insumo"," M1591 ","SICRO3","Suporte polimérico ecológico maciço colapsível para placa de sinalização - D = 6,4 cm",3.6,"m","203,0086",null,null,"730,8310"]
["Insumo"," M0789 ","SICRO3","Conjunto para fixação de placas em aço galvanizado composto por barra chata, abraçadeira, parafusos, porcas e arruelas",0.69699999999999995,"kg","30,0512",null,null,"20,9457"]
[{"$nulls":5},"Custo unitário total de material",null,null,null,751.77670000000001]
["D","Código","Banco","ATIVIDADES AUXILIARES","Quantidade","Unidade","Preço Unitário",null,null,"Custo Horário"]
["Composição"," 4815671 ","SICRO3","Reaterro e compactação com soquete vibratório",4.9480000000000003E-2,"m³","16,5600",null,null,"0,8194"]
["Composição"," 4805750 ","SICRO3","Escavação manual em material de 1ª categoria na profundidade de até 1 m",6.3619999999999996E-2,"m³","45,0100",null,null,"2,8635"]
["Composição"," 1106165 ","SICRO3","Concreto ciclópico fck = 20 MPa - confecção em betoneira e lançamento manual - areia, brita e pedra de mão comerciais",1.414E-2,"m³","691,6700",null,null,"9,7802"]
[{"$nulls":5},"Custo total de atividades auxiliares",null,null,null,13.463100000000001]
["E","Tempo Fixo","Banco","Descrição","Carga","Quantidade","Unidade","Preço Unitário",null,"Custo Horário"]
["Composição"," 5914655 ","SICRO3","Carga, manobra e descarga de materiais diversos em caminhão carroceria de 15 t - carga e descarga manuais","M1591",1.159E-2,"t",33.5,null,0.38829999999999998]
["Composição"," 5914655 ","SICRO3","Carga, manobra e descarga de materiais diversos em caminhão carroceria de 15 t - carga e descarga manuais","M0789",6.9999999999999999E-4,"t",33.5,null,2.35E-2]
[{"$nulls":5},"Custo Total dos Tempos Fixos",null,null,null,0.4118]
["F","Momento de Transporte","Banco","Descrição","Quantidade","Distância Média de Transporte (DMT)",null,null,null,"Custo Horário"]
[{"$nulls":5},"LN","RP","P","FE"]
["Insumo","M1591","SICRO3","Suporte polimérico ecológico maciço colapsível para placa de sinalização - D = 6,4 cm",1.159E-2,"5914449\n0,00\n1,15\n0,0000","5914464\n0,00\n0,92\n0,0000","5914479\n0,00\n0,72\n0,0000","--",0]
["Insumo","M0789","SICRO3","Conjunto para fixação de placas em aço galvanizado composto por barra chata, abraçadeira, parafusos, porcas e arruelas",6.9999999999999999E-4,"5914449\n0,00\n1,15\n0,0000","5914464\n0,00\n0,92\n0,0000","5914479\n0,00\n0,72\n0,0000","--",0]
[{"$nulls":5},"Custo total de transporte",null,null,null,0]
[{"$nulls":4},"MO sem LS =>",12.4,"LS =>",0,"MO com LS =>",12.404241442048047]
[{"$nulls":4},"Valor do BDI =>",184.37,null,"Valor com BDI =>",null,972.95]
[]
[" 9.3 ","Código","Banco","Descrição","Tipo",null,"Und","Quant.","Valor Unit","Total"]
["Composição"," 5213403 ","SICRO3","Pintura de faixa com tinta acrílica emulsionada em água - espessura de 0,5 mm","",null,"m²",1,19.63,19.63]
["A","Código","Banco","Equipamentos","Quantidade","Utilização",null,"Custo Horário",null,"Custo Horário Total"]
[{"$nulls":5},"Operativa","Improdutiva","Operativa","Improdutiva"]
["Insumo"," E9644 ","SICRO3","Caminhão demarcador de faixas com sistema de pintura a frio - 28 kW/115 kW",1,1,0,380.37970000000001,159.21190000000001,380.37970000000001]
[{"$nulls":5},"Custo horário total de equipamentos",null,null,null,380.37970000000001]
["B","Código","Banco","Mão de Obra","Quantidade","Custo Horário",null,null,null,"Custo Horário Total"]
["Insumo"," P9853 ","SICRO3","Pré-marcador",1,null,null,null,"22,6033","22,6033"]
["Insumo"," P9824 ","SICRO3","Servente",4,null,null,null,"21,1436","84,5744"]
[{"$nulls":5},"Custo horário total de mão de obra",null,null,null,107.1777]
[{"$nulls":5},"Custo horário total de execução",null,null,null,487.55739999999997]
[{"$nulls":5},"Produção de equipe",null,null,null,163.22999999999999]
[{"$nulls":5},"Custo unitário de execução",null,null,null,2.9868999999999999]
[{"$nulls":5},"Custo do FIC",null,null,null,0]
[{"$nulls":5},"Custo do FIT",null,null,null,0]
["C","Código","Banco","MATERIAL","Quantidade","Unidade","Preço Unitário",null,null,"Custo Horário"]
["Insumo"," M2036 ","SICRO3","Tinta à base de resina acrílica emulsionada em água para demarcação viária",0.5,"l","23,2835",null,null,"11,6418"]
["Insumo"," M2044 ","SICRO3","Tinta à base de resina acrílica emulsionada em água para pré-marcação viária",9.7000000000000005E-4,"l","23,2835",null,null,"0,0226"]
["Insumo"," M2037 ","SICRO3","Microesferas refletivas de vidro tipo I-B",0.1,"kg","10,1129",null,null,"1,0113"]
["Insumo"," M2038 ","SICRO3","Microesferas refletivas de vidro tipo II-A",0.35,"kg","11,2237",null,null,"3,9283"]
[{"$nulls":5},"Custo unitário total de material",null,null,null,16.603999999999999]
["E","Tempo Fixo","Banco","Descrição","Carga","Quantidade","Unidade","Preço Unitário",null,"Custo Horário"]
["Composição"," 5914655 ","SICRO3","Carga, manobra e descarga de materiais diversos em caminhão carroceria de 15 t - carga e descarga manuais","M2038",3.5E-4,"t",33.5,null,1.17E-2]
["Composição"," 5914655 ","SICRO3","Carga, manobra e descarga de materiais diversos em caminhão carroceria de 15 t - carga e descarga manuais","M2036",8.0000000000000004E-4,"t",33.5,null,2.6800000000000001E-2]
["Composição"," 5914655 ","SICRO3","Carga, manobra e descarga de materiais diversos em caminhão carroceria de 15 t - carga e descarga manuais","M2037",1E-4,"t",33.5,null,3.3999999999999998E-3]
[{"$nulls":5},"Custo Total dos Tempos Fixos",null,null,null,4.19E-2]
["F","Momento de Transporte","Banco","Descrição","Quantidade","Distância Média de Transporte (DMT)",null,null,null,"Custo Horário"]
[{"$nulls":5},"LN","RP","P","FE"]
["Insumo","M2038","SICRO3","Microesferas refletivas de vidro tipo II-A",3.5E-4,"5914449\n0,00\n1,15\n0,0000","5914464\n0,00\n0,92\n0,0000","5914479\n0,00\n0,72\n0,0000","--",0]
["Insumo","M2037","SICRO3","Microesferas refletivas de vidro tipo I-B",1E-4,"5914449\n0,00\n1,15\n0,0000","5914464\n0,00\n0,92\n0,0000","5914479\n0,00\n0,72\n0,0000","--",0]
["Insumo","M2036","SICRO3","Tinta à base de resina acrílica emulsionada em água para demarcação viária",8.0000000000000004E-4,"5914449\n0,00\n1,15\n0,0000","5914464\n0,00\n0,92\n0,0000","5914479\n0,00\n0,72\n0,0000","--",0]
[{"$nulls":5},"Custo total de transporte",null,null,null,0]
[{"$nulls":4},"MO sem LS =>",19.63,"LS =>",-18.97,"MO com LS =>",0.65660540341848928]
[{"$nulls":4},"Valor do BDI =>",4.59,null,"Valor com BDI =>",null,24.22]
[]
[" 9.4 ","Código","Banco","Descrição","Tipo",null,"Und","Quant.","Valor Unit","Total"]
["Composição"," 5213407 ","SICRO3","Pintura de setas e zebrados com tinta acrílica emulsionada em água - espessura de 0,5 mm","",null,"m²",1,32.799999999999997,32.799999999999997]
["A","Código","Banco","Equipamentos","Quantidade","Utilização",null,"Custo Horário",null,"Custo Horário Total"]
[{"$nulls":5},"Operativa","Improdutiva","Operativa","Improdutiva"]
["Insumo"," E9644 ","SICRO3","Caminhão demarcador de faixas com sistema de pintura a frio - 28 kW/115 kW",1,1,0,380.37970000000001,159.21190000000001,380.37970000000001]
[{"$nulls":5},"Custo horário total de equipamentos",null,null,null,380.37970000000001]
["B","Código","Banco","Mão de Obra","Quantidade","Custo Horário",null,null,null,"Custo Horário Total"]
["Insumo"," P9824 ","SICRO3","Servente",4,null,null,null,"21,1436","84,5744"]
["Insumo"," P9853 ","SICRO3","Pré-marcador",1,null,null,null,"22,6033","22,6033"]
[{"$nulls":5},"Custo horário total de mão de obra",null,null,null,107.1777]
[{"$nulls":5},"Custo horário total de execução",null,null,null,487.55739999999997]
[{"$nulls":5},"Produção de equipe",null,null,null,30.18]
[{"$nulls":5},"Custo unitário de execução",null,null,null,16.155000000000001]
[{"$nulls":5},"Custo do FIC",null,null,null,0]
[{"$nulls":5},"Custo do FIT",null,null,null,0]
["C","Código","Banco","MATERIAL","Quantidade","Unidade","Preço Unitário",null,null,"Custo Horário"]
["Insumo"," M2038 ","SICRO3","Microesferas refletivas de vidro tipo II-A",0.35,"kg","11,2237",null,null,"3,9283"]
["Insumo"," M2044 ","SICRO3","Tinta à base de resina acrílica emulsionada em água para pré-marcação viária",9.7000000000000005E-4,"l","23,2835",null,null,"0,0226"]
["Insumo"," M2037 ","SICRO3","Microesferas refletivas de vidro tipo I-B",0.1,"kg","10,1129",null,null,"1,0113"]
["Insumo"," M2036 ","SICRO3","Tinta à base de resina acrílica emulsionada em água para demarcação viária",0.5,"l","23,2835",null,null,"11,6418"]
[{"$nulls":5},"Custo unitário total de material",null,null,null,16.603999999999999]
["E","Tempo Fixo","Banco","Descrição","Carga","Quantidade","Unidade","Preço Unitário",null,"Custo Horário"]
["Composição"," 5914655 ","SICRO3","Carga, manobra e descarga de materiais diversos em caminhão carroceria de 15 t - carga e descarga manuais","M2037",1E-4,"t",33.5,null,3.3999999999999998E-3]
["Composição"," 5914655 ","SICRO3","Carga, manobra e descarga de materiais diversos em caminhão carroceria de 15 t - carga e descarga manuais","M2036",8.0000000000000004E-4,"t",33.5,null,2.6800000000000001E-2]
["Composição"," 5914655 ","SICRO3","Carga, manobra e descarga de materiais diversos em caminhão carroceria de 15 t - carga e descarga manuais","M2038",3.5E-4,"t",33.5,null,1.17E-2]
[{"$nulls":5},"Custo Total dos Tempos Fixos",null,null,null,4.19E-2]
["F","Momento de Transporte","Banco","Descrição","Quantidade","Distância Média de Transporte (DMT)",null,null,null,"Custo Horário"]
[{"$nulls":5},"LN","RP","P","FE"]
["Insumo","M2037","SICRO3","Microesferas refletivas de vidro tipo I-B",1E-4,"5914449\n0,00\n1,15\n0,0000","5914464\n0,00\n0,92\n0,0000","5914479\n0,00\n0,72\n0,0000","--",0]
["Insumo","M2038","SICRO3","Microesferas refletivas de vidro tipo II-A",3.5E-4,"5914449\n0,00\n1,15\n0,0000","5914464\n0,00\n0,92\n0,0000","5914479\n0,00\n0,72\n0,0000","--",0]
["Insumo","M2036","SICRO3","Tinta à base de resina acrílica emulsionada em água para demarcação viária",8.0000000000000004E-4,"5914449\n0,00\n1,15\n0,0000","5914464\n0,00\n0,92\n0,0000","5914479\n0,00\n0,72\n0,0000","--",0]
[{"$nulls":5},"Custo total de transporte",null,null,null,0]
[{"$nulls":4},"MO sem LS =>",3.55,"LS =>",0,"MO com LS =>",3.5512823061630217]
[{"$nulls":4},"Valor do BDI =>",7.67,null,"Valor com BDI =>",null,40.47]
[]
[" 10.1.1 ","Código","Banco","Descrição","Tipo",null,"Und","Quant.","Valor Unit","Total"]
["Composição"," 101553 ","SINAPI","ALÇA PREFORMADA DE DISTRIBUIÇÃO, EM  AÇO GALVANIZADO, AWG 1 - FORNECIMENTO E INSTALAÇÃO. AF_07/2020","INEL - INSTALAÇÃO ELÉTRICA/ELETRIFICAÇÃO E ILUMINAÇÃO EXTERNA",null,"UN",1,14.33,14.33]
["Composição Auxiliar"," 88264 ","SINAPI","ELETRICISTA COM ENCARGOS COMPLEMENTARES","SEDI - SERVIÇOS DIVERSOS",null,"H",0.157,27.9,4.38]
["Composição Auxiliar"," 88247 ","SINAPI","AUXILIAR DE ELETRICISTA COM ENCARGOS COMPLEMENTARES","SEDI - SERVIÇOS DIVERSOS",null,"H",1.7442699999999998E-2,21.44,0.37]
["Insumo"," 00011273 ","SINAPI","ALCA PREFORMADA DE DISTRIBUICAO, EM ACO GALVANIZADO, PARA CONDUTORES DE ALUMINIO AWG 1/0 (CAA 6/1 OU CA 7 FIOS)","Material",null,"UN",1,9.58,9.58]
[{"$nulls":4},"MO sem LS =>",3.98,"LS =>",0,"MO com LS =>",3.98]
[{"$nulls":4},"Valor do BDI =>",3.35,null,"Valor com BDI =>",null,17.68]
[]
[" 10.1.21 ","Código","Banco","Descrição","Tipo",null,"Und","Quant.","Valor Unit","Total"]
["Composição"," 10433 ","ORSE","Fornecimento e instalação de chave seccionadora tripolar 15kv - 400a, com portafusivel HH incorporado","Fornecimento de Materiais para Redes de Energia Elétrica e Iluminação",null,"un",1,2473.23,2473.23]
["Item","Código","Banco","Descrição","Tipo",null,"Und","Quant.","Valor Unit","Total"]
["Insumo"," 00002436/SINAPI ","ORSE","Eletricista (horista)","Mão de Obra",null,"h",3.5,"19,13","66,95"]
["Insumo"," 00006111/SINAPI ","ORSE","Servente de obras (horista)","Mão de Obra",null,"h",3.5,"13,65","47,76"]
["Composição"," 10549 ","ORSE","Encargos Complementares - Servente","Provisórios",null,"h",3.5,"3,89","13,62"]
["Composição"," 10552 ","ORSE","Encargos Complementares - Eletricista","Provisórios",null,"h",3.5,"3,76","13,16"]
["Insumo"," 11211 ","ORSE","Chave seccionadora tripolar 15kv - 400a, com porta fusivel HH incorporado","Material",null,"un",1,"2.331,86","2.331,86"]
["Detalhamento de Cálculo ORSE"]
["Item","Código","Banco","Descrição","Tipo",null,"Und","Quant.","Valor Unit","Total"]
["Insumo"," 10579 ","ORSE","Chave de fenda chata 30 cm","Material",null,"un",6.9999999999999999E-4,"26,89","0,02"]
["Insumo"," 4728 ","ORSE","Talhadeira chata 10\"","Material",null,"un",1.0499999999999999E-3,"18,58","0,02"]
["Insumo"," 4729 ","ORSE","Marreta 1 kg com cabo","Material",null,"un",3.5E-4,"37,80","0,01"]
["Insumo"," 10599 ","ORSE","Protetor solar fps 30 com 120ml","Material",null,"un",1.26E-2,"18,00","0,23"]
["Insumo"," 10362 ","ORSE","Seguro de vida e acidente em grupo","Serviços",null,"un",3.15E-2,"12,54","0,40"]
["Insumo"," 10596 ","ORSE","Protetor auricular","Material",null,"un",3.15E-2,"4,90","0,15"]
["Insumo"," 158 ","ORSE","Almoço (Participação do empregador)","Material",null,"un",0.71260000000000001,"14,00","9,98"]
["Insumo"," 00012893/SINAPI ","ORSE","Bota de seguranca com biqueira de aco e colarinho acolchoado","Material",null,"par",5.2500000000000003E-3,"64,56","0,34"]
["Insumo"," 941 ","ORSE","Fardamento com mangas curta","Material",null,"un",1.0500000000000001E-2,"190,76","2,00"]
["Insumo"," 11211 ","ORSE","Chave seccionadora tripolar 15kv - 400a, com porta fusivel HH incorporado","Material",null,"un",1,"2.331,86","2.331,86"]
["Insumo"," 11241 ","ORSE","Alicate volt-amperimetro","Material",null,"un",6.9999999999999999E-4,"163,00","0,11"]
["Insumo"," 00012894/SINAPI ","ORSE","Capa para chuva em pvc com forro de poliester, com capuz (amarela ou azul)","Material",null,"un",1.4E-3,"17,48","0,02"]
["Insumo"," 11242 ","ORSE","Chave inglesa 12\"","Material",null,"un",3.5E-4,"34,00","0,01"]
["Insumo"," 10788 ","ORSE","Pá quadrada","Material",null,"un",6.9999999999999999E-4,"36,90","0,03"]
["Insumo"," 00002436/SINAPI ","ORSE","Eletricista (horista)","Mão de Obra",null,"h",3.5,"19,13","66,95"]
["Insumo"," 11240 ","ORSE","Alicate com isolamento","Material",null,"un",6.9999999999999999E-4,"47,69","0,03"]
["Insumo"," 00002711/SINAPI ","ORSE","Carrinho de mao de aco capacidade 50 a 60 l, pneu com camara","Material",null,"un",6.9999999999999999E-4,"166,00","0,12"]
["Insumo"," 00012892/SINAPI ","ORSE","Luva raspa de couro, cano curto (punho *7* cm)","Material",null,"par",1.61E-2,"12,10","0,19"]
["Insumo"," 1651 ","ORSE","Óculos branco proteção","Material",null,"pr",5.5999999999999999E-3,"6,70","0,04"]
["Insumo"," 00012895/SINAPI ","ORSE","Capacete de seguranca aba frontal com suspensao de polietileno, sem jugular (classe b)","Material",null,"un",4.1999999999999997E-3,"13,45","0,06"]
["Insumo"," 00006111/SINAPI ","ORSE","Servente de obras (horista)","Mão de Obra",null,"h",3.5,"13,65","47,76"]
["Insumo"," 2378 ","ORSE","Vale transporte","Material",null,"un",0.55825000000000002,"4,50","2,51"]
["Insumo"," 10517 ","ORSE","Exames admissionais/demissionais (checkup)","Serviços",null,"cj",2.8E-3,"300,00","0,84"]
["Insumo"," 10492 ","ORSE","Cesta Básica","Material",null,"un",3.15E-2,"190,00","5,99"]
["Insumo"," 10761 ","ORSE","Refeição - café da manhã ( café com leite e dois pães com manteiga)","Serviços",null,"un",0.71260000000000001,"5,00","3,56"]
[{"$nulls":4},"MO sem LS =>",114.71,"LS =>",0,"MO com LS =>",114.71]
[{"$nulls":4},"Valor do BDI =>",578.24,null,"Valor com BDI =>",null,3051.47]
[]
[" 10.1.23 ","Código","Banco","Descrição","Tipo",null,"Und","Quant.","Valor Unit","Total"]
["Composição"," 102110 ","SINAPI","SUPORTE PARA TRANSFORMADOR EM POSTE DE CONCRETO DUPLO T - FORNECIMENTO E INSTALAÇÃO. AF_12/2020","INEL - INSTALAÇÃO ELÉTRICA/ELETRIFICAÇÃO E ILUMINAÇÃO EXTERNA",null,"UN",1,163.19,163.19]
["Composição Auxiliar"," 88247 ","SINAPI","AUXILIAR DE ELETRICISTA COM ENCARGOS COMPLEMENTARES","SEDI - SERVIÇOS DIVERSOS",null,"H",0.44359999999999999,21.44,9.51]
["Composição Auxiliar"," 88264 ","SINAPI","ELETRICISTA COM ENCARGOS COMPLEMENTARES","SEDI - SERVIÇOS DIVERSOS",null,"H",0.44359999999999999,27.9,12.38]
["Insumo"," 00007576 ","SINAPI","SUPORTE EM ACO GALVANIZADO PARA TRANSFORMADOR PARA POSTE DUPLO T 185 X 95 MM, CHAPA DE 5/16\"","Material",null,"UN",1,141.30000000000001,141.30000000000001]
[{"$nulls":4},"MO sem LS =>",17.96,"LS =>",0,"MO com LS =>",17.96]
[{"$nulls":4},"Valor do BDI =>",38.15,null,"Valor com BDI =>",null,201.34]
[]
[" 10.1.24 ","Código","Banco","Descrição","Tipo",null,"Und","Quant.","Valor Unit","Total"]
["Composição"," 101542 ","SINAPI","ARMAÇÃO SECUNDÁRIA, COM 1 ESTRIBO, SEM ISOLADOR - FORNECIMENTO E INSTALAÇÃO. AF_07/2020","INEL - INSTALAÇÃO ELÉTRICA/ELETRIFICAÇÃO E ILUMINAÇÃO EXTERNA",null,"UN",1,31.86,31.86]
["Composição Auxiliar"," 88264 ","SINAPI","ELETRICISTA COM ENCARGOS COMPLEMENTARES","SEDI - SERVIÇOS DIVERSOS",null,"H",0.3115,27.9,8.69]
["Composição Auxiliar"," 88247 ","SINAPI","AUXILIAR DE ELETRICISTA COM ENCARGOS COMPLEMENTARES","SEDI - SERVIÇOS DIVERSOS",null,"H",3.4607600000000002E-2,21.44,0.74]
["Insumo"," 00039997 ","SINAPI","PORCA ZINCADA, SEXTAVADA, DIAMETRO 1/4\"","Material",null,"UN",2,0.31,0.62]
["Insumo"," 00001094 ","SINAPI","ARMACAO VERTICAL COM HASTE E CONTRA-PINO, EM CHAPA DE ACO GALVANIZADO 3/16\", COM 1 ESTRIBO, SEM ISOLADOR","Material",null,"UN",1,18.239999999999998,18.239999999999998]
["Insumo"," 00011267 ","SINAPI","ARRUELA LISA, REDONDA, DE LATAO POLIDO, DIAMETRO NOMINAL 5/8\", DIAMETRO EXTERNO = 34 MM, DIAMETRO DO FURO = 17 MM, ESPESSURA = *2,5* MM","Material",null,"UN",2,1.43,2.86]
["Insumo"," 00039996 ","SINAPI","VERGALHAO ZINCADO ROSCA TOTAL, 1/4\" (6,3 MM)","Material",null,"M",0.16639999999999999,4.25,0.71]
[{"$nulls":4},"MO sem LS =>",7.9,"LS =>",0,"MO com LS =>",7.9]
[{"$nulls":4},"Valor do BDI =>",7.45,null,"Valor com BDI =>",null,39.31]
[]
[" 10.1.26 ","Código","Banco","Descrição","Tipo",null,"Und","Quant.","Valor Unit","Total"]
["Composição"," 104751 ","SINAPI","CONECTOR GRAMPO PARALELO METÁLICO, PARA SPDA, PARA CABOS DE 6 A 50 MM2 - FORNECIMENTO E INSTALAÇÃO. AF_08/2023","INEL - INSTALAÇÃO ELÉTRICA/ELETRIFICAÇÃO E ILUMINAÇÃO EXTERNA",null,"UN",1,22.98,22.98]
["Composição Auxiliar"," 88264 ","SINAPI","ELETRICISTA COM ENCARGOS COMPLEMENTARES","SEDI - SERVIÇOS DIVERSOS",null,"H",0.18629999999999999,27.9,5.2]
["Composição Auxiliar"," 88247 ","SINAPI","AUXILIAR DE ELETRICISTA COM ENCARGOS COMPLEMENTARES","SEDI - SERVIÇOS DIVERSOS",null,"H",0.18629999999999999,21.44,3.99]
["Insumo"," 00001564 ","SINAPI","GRAMPO PARALELO METALICO PARA CABO DE 6 A 50 MM2, COM 2 PARAFUSOS","Material",null,"UN",1,13.79,13.79]
[{"$nulls":4},"MO sem LS =>",7.54,"LS =>",0,"MO com LS =>",7.54]
[{"$nulls":4},"Valor do BDI =>",5.37,null,"Valor com BDI =>",null,28.35]
[]
[" 10.1.31 ","Código","Banco","Descrição","Tipo",null,"Und","Quant.","Valor Unit","Total"]
["Composição"," 88264 ","SINAPI","ELETRICISTA COM ENCARGOS COMPLEMENTARES","SEDI - SERVIÇOS DIVERSOS",null,"H",1,27.9,27.9]
["Composição Auxiliar"," 95332 ","SINAPI","CURSO DE CAPACITAÇÃO PARA ELETRICISTA (ENCARGOS COMPLEMENTARES) - HORISTA","SEDI - SERVIÇOS DIVERSOS",null,"H",1,0.97,0.97]
["Insumo"," 00002436 ","SINAPI","ELETRICISTA (HORISTA)","Mão de Obra",null,"H",1,22.5,22.5]
["Insumo"," 00043460 ","SINAPI","FERRAMENTAS - FAMILIA ELETRICISTA - HORISTA (ENCARGOS COMPLEMENTARES - COLETADO CAIXA)","Material",null,"H",1,0.85,0.85]
["Insumo"," 00043484 ","SINAPI","EPI - FAMILIA ELETRICISTA - HORISTA (ENCARGOS COMPLEMENTARES - COLETADO CAIXA)","Material",null,"H",1,1.2,1.2]
["Insumo"," 00037371 ","SINAPI","TRANSPORTE - HORISTA (COLETADO CAIXA - ENCARGOS COMPLEMENTARES)","Material",null,"H",1,0.5,0.5]
["Insumo"," 00037372 ","SINAPI","EXAMES - HORISTA (COLETADO CAIXA - ENCARGOS COMPLEMENTARES)","Material",null,"H",1,1.34,1.34]
["Insumo"," 00037373 ","SINAPI","SEGURO - HORISTA (COLETADO CAIXA - ENCARGOS COMPLEMENTARES)","Material",null,"H",1,0.01,0.01]
["Insumo"," 00037370 ","SINAPI","ALIMENTACAO - HORISTA (COLETADO CAIXA - ENCARGOS COMPLEMENTARES)","Material",null,"H",1,0.53,0.53]
[{"$nulls":4},"MO sem LS =>",23.47,"LS =>",0,"MO com LS =>",23.47]
[{"$nulls":4},"Valor do BDI =>",6.52,null,"Valor com BDI =>",null,34.42]
[]
[" 10.1.32 ","Código","Banco","Descrição","Tipo",null,"Und","Quant.","Valor Unit","Total"]
["Composição"," 88266 ","SINAPI","ELETROTÉCNICO COM ENCARGOS COMPLEMENTARES","SEDI - SERVIÇOS DIVERSOS",null,"H",1,31.2,31.2]
["Composição Auxiliar"," 95334 ","SINAPI","CURSO DE CAPACITAÇÃO PARA ELETROTÉCNICO (ENCARGOS COMPLEMENTARES) - HORISTA","SEDI - SERVIÇOS DIVERSOS",null,"H",1,0.92,0.92]
["Insumo"," 00037371 ","SINAPI","TRANSPORTE - HORISTA (COLETADO CAIXA - ENCARGOS COMPLEMENTARES)","Material",null,"H",1,0.5,0.5]
["Insumo"," 00002438 ","SINAPI","ELETROTECNICO (HORISTA)","Mão de Obra",null,"H",1,25.85,25.85]
["Insumo"," 00037372 ","SINAPI","EXAMES - HORISTA (COLETADO CAIXA - ENCARGOS COMPLEMENTARES)","Material",null,"H",1,1.34,1.34]
["Insumo"," 00037373 ","SINAPI","SEGURO - HORISTA (COLETADO CAIXA - ENCARGOS COMPLEMENTARES)","Material",null,"H",1,0.01,0.01]
["Insumo"," 00043460 ","SINAPI","FERRAMENTAS - FAMILIA ELETRICISTA - HORISTA (ENCARGOS COMPLEMENTARES - COLETADO CAIXA)","Material",null,"H",1,0.85,0.85]
["Insumo"," 00037370 ","SINAPI","ALIMENTACAO - HORISTA (COLETADO CAIXA - ENCARGOS COMPLEMENTARES)","Material",null,"H",1,0.53,0.53]
["Insumo"," 00043484 ","SINAPI","EPI - FAMILIA ELETRICISTA - HORISTA (ENCARGOS COMPLEMENTARES - COLETADO CAIXA)","Material",null,"H",1,1.2,1.2]
[{"$nulls":4},"MO sem LS =>",26.77,"LS =>",0,"MO com LS =>",26.77]
[{"$nulls":4},"Valor do BDI =>",7.29,null,"Valor com BDI =>",null,38.49]
[]
[" 10.1.33 ","Código","Banco","Descrição","Tipo",null,"Und","Quant.","Valor Unit","Total"]
["Composição"," 88316 ","SINAPI","SERVENTE COM ENCARGOS COMPLEMENTARES","SEDI - SERVIÇOS DIVERSOS",null,"H",1,18.989999999999998,18.989999999999998]
["Composição Auxiliar"," 95378 ","SINAPI","CURSO DE CAPACITAÇÃO PARA SERVENTE (ENCARGOS COMPLEMENTARES) - HORISTA","SEDI - SERVIÇOS DIVERSOS",null,"H",1,0.35,0.35]
["Insumo"," 00037371 ","SINAPI","TRANSPORTE - HORISTA (COLETADO CAIXA - ENCARGOS COMPLEMENTARES)","Material",null,"H",1,0.5,0.5]
["Insumo"," 00006111 ","SINAPI","SERVENTE DE OBRAS (HORISTA)","Mão de Obra",null,"H",1,14.32,14.32]
["Insumo"," 00043491 ","SINAPI","EPI - FAMILIA SERVENTE - HORISTA (ENCARGOS COMPLEMENTARES - COLETADO CAIXA)","Material",null,"H",1,1.33,1.33]
["Insumo"," 00043467 ","SINAPI","FERRAMENTAS - FAMILIA SERVENTE - HORISTA (ENCARGOS COMPLEMENTARES - COLETADO CAIXA)","Material",null,"H",1,0.61,0.61]
["Insumo"," 00037370 ","SINAPI","ALIMENTACAO - HORISTA (COLETADO CAIXA - ENCARGOS COMPLEMENTARES)","Material",null,"H",1,0.53,0.53]
["Insumo"," 00037372 ","SINAPI","EXAMES - HORISTA (COLETADO CAIXA - ENCARGOS COMPLEMENTARES)","Material",null,"H",1,1.34,1.34]
["Insumo"," 00037373 ","SINAPI","SEGURO - HORISTA (COLETADO CAIXA - ENCARGOS COMPLEMENTARES)","Material",null,"H",1,0.01,0.01]
[{"$nulls":4},"MO sem LS =>",14.67,"LS =>",0,"MO com LS =>",14.67]
[{"$nulls":4},"Valor do BDI =>",4.4400000000000004,null,"Valor com BDI =>",null,23.43]
[]
[" 10.2.2 ","Código","Banco","Descrição","Tipo",null,"Und","Quant.","Valor Unit","Total"]
["Composição"," 100585 ","SINAPI","ASSENTAMENTO DE POSTE DE CONCRETO COM COMPRIMENTO NOMINAL DE 12 M, CARGA NOMINAL MENOR OU IGUAL A 1000 DAN, ENGASTAMENTO SIMPLES COM 1,8 M DE SOLO (NÃO INCLUI FORNECIMENTO). AF_11/2019","INEL - INSTALAÇÃO ELÉTRICA/ELETRIFICAÇÃO E ILUMINAÇÃO EXTERNA",null,"UN",1,733.91,733.91]
["Composição Auxiliar"," 88264 ","SINAPI","ELETRICISTA COM ENCARGOS COMPLEMENTARES","SEDI - SERVIÇOS DIVERSOS",null,"H",4.9950000000000001,27.9,139.36000000000001]
["Composição Auxiliar"," 5928 ","SINAPI","GUINDAUTO HIDRÁULICO, CAPACIDADE MÁXIMA DE CARGA 6200 KG, MOMENTO MÁXIMO DE CARGA 11,7 TM, ALCANCE MÁXIMO HORIZONTAL 9,70 M, INCLUSIVE CAMINHÃO TOCO PBT 16.000 KG, POTÊNCIA DE 189 CV - CHP DIURNO. AF_06/2014","CHOR - CUSTOS HORÁRIOS DE MÁQUINAS E EQUIPAMENTOS",null,"CHP",0.08,286.48,22.92]
["Composição Auxiliar"," 88247 ","SINAPI","AUXILIAR DE ELETRICISTA COM ENCARGOS COMPLEMENTARES","SEDI - SERVIÇOS DIVERSOS",null,"H",1.5369999999999999,21.44,32.950000000000003]
["Insumo"," 00000863 ","SINAPI","CABO DE COBRE NU 35 MM2 MEIO-DURO","Material",null,"M",12,44.89,538.67999999999995]
[{"$nulls":4},"MO sem LS =>",145.22999999999999,"LS =>",0,"MO com LS =>",145.22999999999999]
[{"$nulls":4},"Valor do BDI =>",171.59,null,"Valor com BDI =>",null,905.5]
[]
[" 10.2.5 ","Código","Banco","Descrição","Tipo",null,"Und","Quant.","Valor Unit","Total"]
["Composição"," 5915014 ","SICRO3","Transporte com caminhão carroceria com capacidade de 11 t e com guindauto de 45 t.m - rodovia pavimentada","",null,"tkm",1,1.43,1.43]
["A","Código","Banco","Equipamentos","Quantidade","Utilização",null,"Custo Horário",null,"Custo Horário Total"]
[{"$nulls":5},"Operativa","Improdutiva","Operativa","Improdutiva"]
["Insumo"," E9041 ","SICRO3","Caminhão carroceria com guindauto com capacidade de 45 t.m - 188 kW",1,1,0,404.1497,138.8673,404.1497]
[{"$nulls":5},"Custo horário total de equipamentos",null,null,null,404.1497]
[{"$nulls":5},"Custo horário total de execução",null,null,null,404.1497]
[{"$nulls":5},"Produção de equipe",null,null,null,281.87]
[{"$nulls":5},"Custo unitário de execução",null,null,null,1.4338]
[{"$nulls":5},"Custo do FIC",null,null,null,0]
[{"$nulls":5},"Custo do FIT",null,null,null,0]
[{"$nulls":4},"MO sem LS =>",0,"LS =>",0,"MO com LS =>",0]
[{"$nulls":4},"Valor do BDI =>",0.33,null,"Valor com BDI =>",null,1.76]
[]
[" 10.2.9 ","Código","Banco","Descrição","Tipo",null,"Und","Quant.","Valor Unit","Total"]
["Composição"," 101659 ","SINAPI","LUMINÁRIA DE LED PARA ILUMINAÇÃO PÚBLICA, DE 181 W ATÉ 239 W - FORNECIMENTO E INSTALAÇÃO. AF_08/2020","INEL - INSTALAÇÃO ELÉTRICA/ELETRIFICAÇÃO E ILUMINAÇÃO EXTERNA",null,"UN",1,677.92,677.92]
["Composição Auxiliar"," 88264 ","SINAPI","ELETRICISTA COM ENCARGOS COMPLEMENTARES","SEDI - SERVIÇOS DIVERSOS",null,"H",0.23810000000000001,27.9,6.64]
["Composição Auxiliar"," 88247 ","SINAPI","AUXILIAR DE ELETRICISTA COM ENCARGOS COMPLEMENTARES","SEDI - SERVIÇOS DIVERSOS",null,"H",0.23810000000000001,21.44,5.0999999999999996]
["Composição Auxiliar"," 5928 ","SINAPI","GUINDAUTO HIDRÁULICO, CAPACIDADE MÁXIMA DE CARGA 6200 KG, MOMENTO MÁXIMO DE CARGA 11,7 TM, ALCANCE MÁXIMO HORIZONTAL 9,70 M, INCLUSIVE CAMINHÃO TOCO PBT 16.000 KG, POTÊNCIA DE 189 CV - CHP DIURNO. AF_06/2014","CHOR - CUSTOS HORÁRIOS DE MÁQUINAS E EQUIPAMENTOS",null,"CHP",0.23880000000000001,286.48,68.41]
["Insumo"," 00042248 ","SINAPI","LUMINARIA DE LED PARA ILUMINACAO PUBLICA, DE 181 W ATE 239 W, INVOLUCRO EM ALUMINIO OU ACO INOX","Material",null,"UN",1,597.62,597.62]
["Insumo"," 00021127 ","SINAPI","FITA ISOLANTE ADESIVA ANTICHAMA, USO ATE 750 V, EM ROLO DE 19 MM X 5 M","Material",null,"UN",1.4E-2,10.65,0.15]
[{"$nulls":4},"MO sem LS =>",15.19,"LS =>",0,"MO com LS =>",15.19]
[{"$nulls":4},"Valor do BDI =>",158.5,null,"Valor com BDI =>",null,836.42]
[]
[" 10.2.10 ","Código","Banco","Descrição","Tipo",null,"Und","Quant.","Valor Unit","Total"]
["Composição"," 101636 ","SINAPI","BRAÇO PARA ILUMINAÇÃO PÚBLICA, EM TUBO DE AÇO GALVANIZADO, COMPRIMENTO DE 1,50 M, PARA FIXAÇÃO EM POSTE DE CONCRETO - FORNECIMENTO E INSTALAÇÃO. AF_08/2020","INEL - INSTALAÇÃO ELÉTRICA/ELETRIFICAÇÃO E ILUMINAÇÃO EXTERNA",null,"UN",1,158.38999999999999,158.38999999999999]
["Composição Auxiliar"," 88247 ","SINAPI","AUXILIAR DE ELETRICISTA COM ENCARGOS COMPLEMENTARES","SEDI - SERVIÇOS DIVERSOS",null,"H",0.67300000000000004,21.44,14.43]
["Composição Auxiliar"," 88264 ","SINAPI","ELETRICISTA COM ENCARGOS COMPLEMENTARES","SEDI - SERVIÇOS DIVERSOS",null,"H",0.67300000000000004,27.9,18.78]
["Composição Auxiliar"," 5928 ","SINAPI","GUINDAUTO HIDRÁULICO, CAPACIDADE MÁXIMA DE CARGA 6200 KG, MOMENTO MÁXIMO DE CARGA 11,7 TM, ALCANCE MÁXIMO HORIZONTAL 9,70 M, INCLUSIVE CAMINHÃO TOCO PBT 16.000 KG, POTÊNCIA DE 189 CV - CHP DIURNO. AF_06/2014","CHOR - CUSTOS HORÁRIOS DE MÁQUINAS E EQUIPAMENTOS",null,"CHP",0.23880000000000001,286.48,68.41]
["Insumo"," 00002512 ","SINAPI","BRACO P/ LUMINARIA PUBLICA 1 X 1,50M ROMAGNOLE OU EQUIV","Material",null,"UN",1,40.67,40.67]
["Insumo"," 00001022 ","SINAPI","CABO DE COBRE, FLEXIVEL, CLASSE 4 OU 5, ISOLACAO EM PVC/A, ANTICHAMA BWF-B, COBERTURA PVC-ST1, ANTICHAMA BWF-B, 1 CONDUTOR, 0,6/1 KV, SECAO NOMINAL 2,5 MM2","Material",null,"M",5,3.22,16.100000000000001]
[{"$nulls":4},"MO sem LS =>",32.799999999999997,"LS =>",0,"MO com LS =>",32.799999999999997]
[{"$nulls":4},"Valor do BDI =>",37.03,null,"Valor com BDI =>",null,195.42]
[]
[" 10.2.11 ","Código","Banco","Descrição","Tipo",null,"Und","Quant.","Valor Unit","Total"]
["Composição"," 101632 ","SINAPI","RELÉ FOTOELÉTRICO PARA COMANDO DE ILUMINAÇÃO EXTERNA 1000 W - FORNECIMENTO E INSTALAÇÃO. AF_08/2020","INEL - INSTALAÇÃO ELÉTRICA/ELETRIFICAÇÃO E ILUMINAÇÃO EXTERNA",null,"UN",1,38.03,38.03]
["Composição Auxiliar"," 88247 ","SINAPI","AUXILIAR DE ELETRICISTA COM ENCARGOS COMPLEMENTARES","SEDI - SERVIÇOS DIVERSOS",null,"H",1.6799999999999999E-2,21.44,0.36]
["Composição Auxiliar"," 88264 ","SINAPI","ELETRICISTA COM ENCARGOS COMPLEMENTARES","SEDI - SERVIÇOS DIVERSOS",null,"H",1.6799999999999999E-2,27.9,0.47]
["Insumo"," 00002510 ","SINAPI","RELE FOTOELETRICO INTERNO E EXTERNO BIVOLT 1000 W, DE CONECTOR, SEM BASE","Material",null,"UN",1,36.979999999999997,36.979999999999997]
["Insumo"," 00021127 ","SINAPI","FITA ISOLANTE ADESIVA ANTICHAMA, USO ATE 750 V, EM ROLO DE 19 MM X 5 M","Material",null,"UN",2.1000000000000001E-2,10.65,0.22]
[{"$nulls":4},"MO sem LS =>",0.68,"LS =>",0,"MO com LS =>",0.68]
[{"$nulls":4},"Valor do BDI =>",8.89,null,"Valor com BDI =>",null,46.92]
[]
[" 10.2.12 ","Código","Banco","Descrição","Tipo",null,"Und","Quant.","Valor Unit","Total"]
["Composição"," 96985 ","SINAPI","HASTE DE ATERRAMENTO, DIÂMETRO 5/8\", COM 3 METROS - FORNECIMENTO E INSTALAÇÃO. AF_08/2023","INEL - INSTALAÇÃO ELÉTRICA/ELETRIFICAÇÃO E ILUMINAÇÃO EXTERNA",null,"UN",1,83.1,83.1]
["Composição Auxiliar"," 88264 ","SINAPI","ELETRICISTA COM ENCARGOS COMPLEMENTARES","SEDI - SERVIÇOS DIVERSOS",null,"H",0.24840000000000001,27.9,6.93]
["Composição Auxiliar"," 88247 ","SINAPI","AUXILIAR DE ELETRICISTA COM ENCARGOS COMPLEMENTARES","SEDI - SERVIÇOS DIVERSOS",null,"H",0.24840000000000001,21.44,5.33]
["Insumo"," 00003379 ","SINAPI","HASTE DE ATERRAMENTO EM ACO COM 3,00 M DE COMPRIMENTO E DN = 5/8\", REVESTIDA COM BAIXA CAMADA DE COBRE, SEM CONECTOR","Material",null,"UN",1,70.84,70.84]
[{"$nulls":4},"MO sem LS =>",10.06,"LS =>",0,"MO com LS =>",10.06]
[{"$nulls":4},"Valor do BDI =>",19.43,null,"Valor com BDI =>",null,102.53]
[]
[" 10.2.13 ","Código","Banco","Descrição","Tipo",null,"Und","Quant.","Valor Unit","Total"]
["Composição"," 98111 ","SINAPI","CAIXA DE INSPEÇÃO PARA ATERRAMENTO, CIRCULAR, EM POLIETILENO, DIÂMETRO INTERNO = 0,3 M. AF_12/2020","INHI - INSTALAÇÕES HIDROS SANITÁRIAS",null,"UN",1,56.17,56.17]
["Composição Auxiliar"," 101618 ","SINAPI","PREPARO DE FUNDO DE VALA COM LARGURA MENOR QUE 1,5 M, COM CAMADA DE AREIA, LANÇAMENTO MANUAL. AF_08/2020","MOVT - MOVIMENTO DE TERRA",null,"m³",1.41E-2,279.08999999999997,3.94]
["Composição Auxiliar"," 88309 ","SINAPI","PEDREIRO COM ENCARGOS COMPLEMENTARES","SEDI - SERVIÇOS DIVERSOS",null,"H",0.1384,25.31,3.5]
["Composição Auxiliar"," 88316 ","SINAPI","SERVENTE COM ENCARGOS COMPLEMENTARES","SEDI - SERVIÇOS DIVERSOS",null,"H",0.10879999999999999,18.989999999999998,2.0699999999999998]
["Insumo"," 00034643 ","SINAPI","CAIXA DE INSPECAO PARA ATERRAMENTO E PARA RAIOS, EM POLIPROPILENO, DIAMETRO = 300 MM X ALTURA = 400 MM","Material",null,"UN",1,46.66,46.66]
[{"$nulls":4},"MO sem LS =>",5.77,"LS =>",0,"MO com LS =>",5.77]
[{"$nulls":4},"Valor do BDI =>",13.13,null,"Valor com BDI =>",null,69.3]
[]
[" 10.2.14 ","Código","Banco","Descrição","Tipo",null,"Und","Quant.","Valor Unit","Total"]
["Composição"," 91930 ","SINAPI","CABO DE COBRE FLEXÍVEL ISOLADO, 6 MM², ANTI-CHAMA 450/750 V, PARA CIRCUITOS TERMINAIS - FORNECIMENTO E INSTALAÇÃO. AF_03/2023","INEL - INSTALAÇÃO ELÉTRICA/ELETRIFICAÇÃO E ILUMINAÇÃO EXTERNA",null,"M",1,10.65,10.65]
["Composição Auxiliar"," 88264 ","SINAPI","ELETRICISTA COM ENCARGOS COMPLEMENTARES","SEDI - SERVIÇOS DIVERSOS",null,"H",5.0999999999999997E-2,27.9,1.42]
["Composição Auxiliar"," 88247 ","SINAPI","AUXILIAR DE ELETRICISTA COM ENCARGOS COMPLEMENTARES","SEDI - SERVIÇOS DIVERSOS",null,"H",5.0999999999999997E-2,21.44,1.0900000000000001]
["Insumo"," 00000982 ","SINAPI","CABO DE COBRE, FLEXIVEL, CLASSE 4 OU 5, ISOLACAO EM PVC/A, ANTICHAMA BWF-B, 1 CONDUTOR, 450/750 V, SECAO NOMINAL 6 MM2","Material",null,"M",1.2434000000000001,6.47,8.0399999999999991]
["Insumo"," 00021127 ","SINAPI","FITA ISOLANTE ADESIVA ANTICHAMA, USO ATE 750 V, EM ROLO DE 19 MM X 5 M","Material",null,"UN",9.4000000000000004E-3,10.65,0.1]
[{"$nulls":4},"MO sem LS =>",2.0699999999999998,"LS =>",0,"MO com LS =>",2.0699999999999998]
[{"$nulls":4},"Valor do BDI =>",2.4900000000000002,null,"Valor com BDI =>",null,13.14]
[]
[" 11.1 ","Código","Banco","Descrição","Tipo",null,"Und","Quant.","Valor Unit","Total"]
["Composição"," 3713612 ","SICRO3","Cerca com 4 fios de arame farpado e mourão de concreto de seção triangular de 11 cm a cada 2,5 m e esticador de 15 cm a cada 50 m - areia e brita comerciais","",null,"m",1,30.03,30.03]
["B","Código","Banco","Mão de Obra","Quantidade","Custo Horário",null,null,null,"Custo Horário Total"]
["Insumo"," P9824 ","SICRO3","Servente",10,null,null,null,"21,1436","211,4360"]
[{"$nulls":5},"Custo horário total de mão de obra",null,null,null,211.43600000000001]
[{"$nulls":5},"Custo horário total de execução",null,null,null,211.43600000000001]
[{"$nulls":5},"Produção de equipe",null,null,null,15]
[{"$nulls":5},"Custo unitário de execução",null,null,null,14.095700000000001]
[{"$nulls":5},"Custo do FIC",null,null,null,0]
[{"$nulls":5},"Custo do FIT",null,null,null,0]
["C","Código","Banco","MATERIAL","Quantidade","Unidade","Preço Unitário",null,null,"Custo Horário"]
["Insumo"," M0072 ","SICRO3","Arame liso em aço galvanizado - D = 2,10 mm (14 BWG)",1.728E-2,"kg","18,9222",null,null,"0,3270"]
["Insumo"," M0069 ","SICRO3","Arame farpado em aço galvanizado - D = 1,60 mm",4,"m","0,8465",null,null,"3,3860"]
[{"$nulls":5},"Custo unitário total de material",null,null,null,3.7130000000000001]
["D","Código","Banco","ATIVIDADES AUXILIARES","Quantidade","Unidade","Preço Unitário",null,null,"Custo Horário"]
["Composição"," 3716135 ","SICRO3","Fabricação de mourão de concreto suporte - seção triangular de 11 cm - areia e brita comerciais",0.42,"un","25,5600",null,null,"10,7352"]
["Composição"," 3716133 ","SICRO3","Fabricação de mourão de concreto esticador - seção triangular de 15 cm - areia e brita comercias",0.02,"un","38,8500",null,null,"0,7770"]
[{"$nulls":5},"Custo total de atividades auxiliares",null,null,null,11.5122]
["E","Tempo Fixo","Banco","Descrição","Carga","Quantidade","Unidade","Preço Unitário",null,"Custo Horário"]
["Composição"," 5914655 ","SICRO3","Carga, manobra e descarga de materiais diversos em caminhão carroceria de 15 t - carga e descarga manuais","M0072",2.0000000000000002E-5,"t",33.5,null,6.9999999999999999E-4]
["Composição"," 5914655 ","SICRO3","Carga, manobra e descarga de materiais diversos em caminhão carroceria de 15 t - carga e descarga manuais",3716133,1.0499999999999999E-3,"t",33.5,null,3.5200000000000002E-2]
["Composição"," 5914655 ","SICRO3","Carga, manobra e descarga de materiais diversos em caminhão carroceria de 15 t - carga e descarga manuais",3716135,1.1520000000000001E-2,"t",33.5,null,0.38590000000000002]
["Composição"," 5914655 ","SICRO3","Carga, manobra e descarga de materiais diversos em caminhão carroceria de 15 t - carga e descarga manuais","M0069",2.0000000000000001E-4,"t",33.5,null,6.7000000000000002E-3]
[{"$nulls":5},"Custo Total dos Tempos Fixos",null,null,null,0.42849999999999999]
["F","Momento de Transporte","Banco","Descrição","Quantidade","Distância Média de Transporte (DMT)",null,null,null,"Custo Horário"]
[{"$nulls":5},"LN","RP","P","FE"]
["Composição",3716135,"SICRO3","Fabricação de mourão de concreto suporte - seção triangular de 11 cm - areia e brita comerciais",1.1520000000000001E-2,"5914449\n0,00\n1,15\n0,0000","5914464\n0,00\n0,92\n0,0000","5914479\n30,10\n0,72\n21,6720","--",0.24970000000000001]
["Composição",3716133,"SICRO3","Fabricação de mourão de concreto esticador - seção triangular de 15 cm - areia e brita comercias",1.0499999999999999E-3,"5914449\n0,00\n1,15\n0,0000","5914464\n0,00\n0,92\n0,0000","5914479\n30,10\n0,72\n21,6720","--",2.2800000000000001E-2]
["Insumo","M0072","SICRO3","Arame liso em aço galvanizado - D = 2,10 mm (14 BWG)",2.0000000000000002E-5,"5914449\n0,00\n1,15\n0,0000","5914464\n0,00\n0,92\n0,0000","5914479\n30,10\n0,72\n21,6720","--",4.0000000000000002E-4]
["Insumo","M0069","SICRO3","Arame farpado em aço galvanizado - D = 1,60 mm",2.0000000000000001E-4,"5914449\n0,00\n1,15\n0,0000","5914464\n0,00\n0,92\n0,0000","5914479\n30,10\n0,72\n21,6720","--",4.3E-3]
[{"$nulls":5},"Custo total de transporte",null,null,null,0.27718488000000002]
[{"$nulls":4},"MO sem LS =>",16.45,"LS =>",0,"MO com LS =>",16.450746052852438]
[{"$nulls":4},"Valor do BDI =>",7.02,null,"Valor com BDI =>",null,37.049999999999997]
[]
["Composições Auxiliares"]
[null,"Código","Banco","Descrição","Tipo",null,"Und","Quant.","Valor Unit","Total"]
["Composição"," 89173 ","SINAPI","(COMPOSIÇÃO REPRESENTATIVA) DO SERVIÇO DE EMBOÇO/MASSA ÚNICA, APLICADO MANUALMENTE, TRAÇO 1:2:8, EM BETONEIRA DE 400L, PAREDES INTERNAS, COM EXECUÇÃO DE TALISCAS, EDIFICAÇÃO HABITACIONAL UNIFAMILIAR (CASAS) E EDIFICAÇÃO PÚBLICA PADRÃO. AF_12/2014","REVE - REVESTIMENTO E TRATAMENTO DE SUPERFÍCIES",null,"m²",1,36.9,36.9]
["Composição Auxiliar"," 87531 ","SINAPI","EMBOÇO, EM ARGAMASSA TRAÇO 1:2:8, PREPARO MECÂNICO, APLICADO MANUALMENTE EM PAREDES INTERNAS DE AMBIENTES COM ÁREA ENTRE 5M² E 10M², E = 17,5MM, COM TALISCAS. AF_03/2024","REVE - REVESTIMENTO E TRATAMENTO DE SUPERFÍCIES",null,"m²",0.154,35.630000000000003,5.49]
["Composição Auxiliar"," 87527 ","SINAPI","EMBOÇO, EM ARGAMASSA TRAÇO 1:2:8, PREPARO MECÂNICO, APLICADO MANUALMENTE EM PAREDES INTERNAS DE AMBIENTES COM ÁREA MENOR QUE 5M², E =17,5MM, COM TALISCAS. AF_03/2024","REVE - REVESTIMENTO E TRATAMENTO DE SUPERFÍCIES",null,"m²",0.11210000000000001,39.51,4.43]
["Composição Auxiliar"," 87529 ","SINAPI","MASSA ÚNICA, EM ARGAMASSA TRAÇO 1:2:8, PREPARO MECÂNICO, APLICADA MANUALMENTE EM PAREDES INTERNAS DE AMBIENTES COM ÁREA ENTRE 5M² E 10M², E = 17,5MM, COM TALISCAS. AF_03/2024","REVE - REVESTIMENTO E TRATAMENTO DE SUPERFÍCIES",null,"m²",0.7339,36.76,26.98]
[{"$nulls":4},"MO sem LS =>",15.52,"LS =>",0,"MO com LS =>",15.52]
[{"$nulls":4},"Valor do BDI =>",8.6300000000000008,null,"Valor com BDI =>",null,45.53]
[]
[null,"Código","Banco","Descrição","Tipo",null,"Und","Quant.","Valor Unit","Total"]
["Composição"," 89171 ","SINAPI","(COMPOSIÇÃO REPRESENTATIVA) DO SERVIÇO DE REVESTIMENTO CERÂMICO PARA PISO COM PLACAS TIPO ESMALTADA EXTRA DE DIMENSÕES 35X35 CM, PARA EDIFICAÇÃO HABITACIONAL UNIFAMILIAR (CASA) E EDIFICAÇÃO PÚBLICA PADRÃO. AF_11/2014","PISO - PISOS",null,"m²",1,69.8,69.8]
["Composição Auxiliar"," 87248 ","SINAPI","REVESTIMENTO CERÂMICO PARA PISO COM PLACAS TIPO ESMALTADA DE DIMENSÕES 35X35 CM APLICADA EM AMBIENTES DE ÁREA MAIOR QUE 10 M2. AF_02/2023_PE","PISO - PISOS",null,"m²",0.60870000000000002,66.430000000000007,40.44]
["Composição Auxiliar"," 87247 ","SINAPI","REVESTIMENTO CERÂMICO PARA PISO COM PLACAS TIPO ESMALTADA DE DIMENSÕES 35X35 CM APLICADA EM AMBIENTES DE ÁREA ENTRE 5 M2 E 10 M2. AF_02/2023_PE","PISO - PISOS",null,"m²",0.33650000000000002,74,24.9]
["Composição Auxiliar"," 87246 ","SINAPI","REVESTIMENTO CERÂMICO PARA PISO COM PLACAS TIPO ESMALTADA DE DIMENSÕES 35X35 CM APLICADA EM AMBIENTES DE ÁREA MENOR QUE 5 M2. AF_02/2023_PE","PISO - PISOS",null,"m²",5.4800000000000001E-2,81.36,4.46]
[{"$nulls":4},"MO sem LS =>",10.55,"LS =>",0,"MO com LS =>",10.55]
[{"$nulls":4},"Valor do BDI =>",16.32,null,"Valor com BDI =>",null,86.12]
[]
[null,"Código","Banco","Descrição","Tipo",null,"Und","Quant.","Valor Unit","Total"]
["Composição"," 89383 ","SINAPI","ADAPTADOR CURTO COM BOLSA E ROSCA PARA REGISTRO, PVC, SOLDÁVEL, DN 25MM X 3/4 , INSTALADO EM RAMAL OU SUB-RAMAL DE ÁGUA - FORNECIMENTO E INSTALAÇÃO. AF_06/2022","INHI - INSTALAÇÕES HIDROS SANITÁRIAS",null,"UN",1,5.88,5.88]
["Composição Auxiliar"," 88267 ","SINAPI","ENCANADOR OU BOMBEIRO HIDRÁULICO COM ENCARGOS COMPLEMENTARES","SEDI - SERVIÇOS DIVERSOS",null,"H",9.4399999999999998E-2,24.54,2.3199999999999998]
["Composição Auxiliar"," 88248 ","SINAPI","AUXILIAR DE ENCANADOR OU BOMBEIRO HIDRÁULICO COM ENCARGOS COMPLEMENTARES","SEDI - SERVIÇOS DIVERSOS",null,"H",9.4399999999999998E-2,20.399999999999999,1.93]
["Insumo"," 00038383 ","SINAPI","LIXA D'AGUA EM FOLHA, GRAO 100","Material",null,"UN",3.15E-2,1.9,0.06]
["Insumo"," 00000122 ","SINAPI","ADESIVO PLASTICO PARA PVC, FRASCO COM *850* GR","Material",null,"UN",5.8999999999999999E-3,60.32,0.36]
["Insumo"," 00020083 ","SINAPI","SOLUCAO PREPARADORA / LIMPADORA PARA PVC, FRASCO COM 1000 CM3","Material",null,"UN",7.0000000000000001E-3,68.34,0.48]
["Insumo"," 00000065 ","SINAPI","ADAPTADOR PVC SOLDAVEL CURTO COM BOLSA E ROSCA, 25 MM X 3/4\", PARA AGUA FRIA","Material",null,"UN",1,0.73,0.73]
[{"$nulls":4},"MO sem LS =>",3.53,"LS =>",0,"MO com LS =>",3.53]
[{"$nulls":4},"Valor do BDI =>",1.37,null,"Valor com BDI =>",null,7.25]
[]
[null,"Código","Banco","Descrição","Tipo",null,"Und","Quant.","Valor Unit","Total"]
["Composição"," 88238 ","SINAPI","AJUDANTE DE ARMADOR COM ENCARGOS COMPLEMENTARES","SEDI - SERVIÇOS DIVERSOS",null,"H",1,20.97,20.97]
["Composição Auxiliar"," 95308 ","SINAPI","CURSO DE CAPACITAÇÃO PARA AJUDANTE DE ARMADOR (ENCARGOS COMPLEMENTARES) - HORISTA","SEDI - SERVIÇOS DIVERSOS",null,"H",1,0.22,0.22]
["Insumo"," 00006114 ","SINAPI","AJUDANTE DE ARMADOR (HORISTA)","Mão de Obra",null,"H",1,16.309999999999999,16.309999999999999]
["Insumo"," 00037370 ","SINAPI","ALIMENTACAO - HORISTA (COLETADO CAIXA - ENCARGOS COMPLEMENTARES)","Material",null,"H",1,0.53,0.53]
["Insumo"," 00037371 ","SINAPI","TRANSPORTE - HORISTA (COLETADO CAIXA - ENCARGOS COMPLEMENTARES)","Material",null,"H",1,0.5,0.5]
["Insumo"," 00043489 ","SINAPI","EPI - FAMILIA PEDREIRO - HORISTA (ENCARGOS COMPLEMENTARES - COLETADO CAIXA)","Material",null,"H",1,1.24,1.24]
["Insumo"," 00037373 ","SINAPI","SEGURO - HORISTA (COLETADO CAIXA - ENCARGOS COMPLEMENTARES)","Material",null,"H",1,0.01,0.01]
["Insumo"," 00043465 ","SINAPI","FERRAMENTAS - FAMILIA PEDREIRO - HORISTA (ENCARGOS COMPLEMENTARES - COLETADO CAIXA)","Material",null,"H",1,0.82,0.82]
["Insumo"," 00037372 ","SINAPI","EXAMES - HORISTA (COLETADO CAIXA - ENCARGOS COMPLEMENTARES)","Material",null,"H",1,1.34,1.34]
[{"$nulls":4},"MO sem LS =>",16.53,"LS =>",0,"MO com LS =>",16.53]
[{"$nulls":4},"Valor do BDI =>",4.9000000000000004,null,"Valor com BDI =>",null,25.87]
[]
[null,"Código","Banco","Descrição","Tipo",null,"Und","Quant.","Valor Unit","Total"]
["Composição"," 88239 ","SINAPI","AJUDANTE DE CARPINTEIRO COM ENCARGOS COMPLEMENTARES","SEDI - SERVIÇOS DIVERSOS",null,"H",1,20.89,20.89]
["Composição Auxiliar"," 95309 ","SINAPI","CURSO DE CAPACITAÇÃO PARA AJUDANTE DE CARPINTEIRO (ENCARGOS COMPLEMENTARES) - HORISTA","SEDI - SERVIÇOS DIVERSOS",null,"H",1,0.28000000000000003,0.28000000000000003]
["Insumo"," 00006117 ","SINAPI","CARPINTEIRO AUXILIAR (HORISTA)","Mão de Obra",null,"H",1,16.309999999999999,16.309999999999999]
["Insumo"," 00043483 ","SINAPI","EPI - FAMILIA CARPINTEIRO DE FORMAS - HORISTA (ENCARGOS COMPLEMENTARES - COLETADO CAIXA)","Material",null,"H",1,1.43,1.43]
["Insumo"," 00037373 ","SINAPI","SEGURO - HORISTA (COLETADO CAIXA - ENCARGOS COMPLEMENTARES)","Material",null,"H",1,0.01,0.01]
["Insumo"," 00037370 ","SINAPI","ALIMENTACAO - HORISTA (COLETADO CAIXA - ENCARGOS COMPLEMENTARES)","Material",null,"H",1,0.53,0.53]
["Insumo"," 00037371 ","SINAPI","TRANSPORTE - HORISTA (COLETADO CAIXA - ENCARGOS COMPLEMENTARES)","Material",null,"H",1,0.5,0.5]
["Insumo"," 00037372 ","SINAPI","EXAMES - HORISTA (COLETADO CAIXA - ENCARGOS COMPLEMENTARES)","Material",null,"H",1,1.34,1.34]
["Insumo"," 00043459 ","SINAPI","FERRAMENTAS - FAMILIA CARPINTEIRO DE FORMAS - HORISTA (ENCARGOS COMPLEMENTARES - COLETADO CAIXA)","Material",null,"H",1,0.49,0.49]
[{"$nulls":4},"MO sem LS =>",16.59,"LS =>",0,"MO com LS =>",16.59]
[{"$nulls":4},"Valor do BDI =>",4.88,null,"Valor com BDI =>",null,25.77]
[]
[null,"Código","Banco","Descrição","Tipo",null,"Und","Quant.","Valor Unit","Total"]
["Composição"," 101165 ","SINAPI","ALVENARIA DE EMBASAMENTO COM BLOCO ESTRUTURAL DE CONCRETO, DE 14X19X29CM E ARGAMASSA DE ASSENTAMENTO COM PREPARO EM BETONEIRA. AF_05/2020","FUES - FUNDAÇÕES E ESTRUTURAS",null,"m³",1,1024.8499999999999,1024.8499999999999]
["Composição Auxiliar"," 88309 ","SINAPI","PEDREIRO COM ENCARGOS COMPLEMENTARES","SEDI - SERVIÇOS DIVERSOS",null,"H",10.263,25.31,259.76]
["Composição Auxiliar"," 88316 ","SINAPI","SERVENTE COM ENCARGOS COMPLEMENTARES","SEDI - SERVIÇOS DIVERSOS",null,"H",5.1319999999999997,18.989999999999998,97.46]
["Composição Auxiliar"," 87292 ","SINAPI","ARGAMASSA TRAÇO 1:2:8 (EM VOLUME DE CIMENTO, CAL E AREIA MÉDIA ÚMIDA) PARA EMBOÇO/MASSA ÚNICA/ASSENTAMENTO DE ALVENARIA DE VEDAÇÃO, PREPARO MECÂNICO COM BETONEIRA 400 L. AF_08/2019","SEDI - SERVIÇOS DIVERSOS",null,"m³",0.13,668.06,86.85]
["Insumo"," 00034566 ","SINAPI","BLOCO DE CONCRETO ESTRUTURAL 14 X 19 X 29 CM, FBK 6 MPA (NBR 6136)","Material",null,"UN",122.27,4.75,580.78]
[{"$nulls":4},"MO sem LS =>",298.36,"LS =>",0,"MO com LS =>",298.36]
[{"$nulls":4},"Valor do BDI =>",239.61,null,"Valor com BDI =>",null,1264.46]
[]
[null,"Código","Banco","Descrição","Tipo",null,"Und","Quant.","Valor Unit","Total"]
["Composição"," 103328 ","SINAPI","ALVENARIA DE VEDAÇÃO DE BLOCOS CERÂMICOS FURADOS NA HORIZONTAL DE 9X19X19 CM (ESPESSURA 9 CM) E ARGAMASSA DE ASSENTAMENTO COM PREPARO EM BETONEIRA. AF_12/2021","PARE - PAREDES/PAINEIS",null,"m²",1,89.32,89.32]
["Composição Auxiliar"," 88316 ","SINAPI","SERVENTE COM ENCARGOS COMPLEMENTARES","SEDI - SERVIÇOS DIVERSOS",null,"H",0.80500000000000005,18.989999999999998,15.29]
["Composição Auxiliar"," 88309 ","SINAPI","PEDREIRO COM ENCARGOS COMPLEMENTARES","SEDI - SERVIÇOS DIVERSOS",null,"H",1.61,25.31,40.75]
["Composição Auxiliar"," 87292 ","SINAPI","ARGAMASSA TRAÇO 1:2:8 (EM VOLUME DE CIMENTO, CAL E AREIA MÉDIA ÚMIDA) PARA EMBOÇO/MASSA ÚNICA/ASSENTAMENTO DE ALVENARIA DE VEDAÇÃO, PREPARO MECÂNICO COM BETONEIRA 400 L. AF_08/2019","SEDI - SERVIÇOS DIVERSOS",null,"m³",9.1000000000000004E-3,668.06,6.08]
["Insumo"," 00034557 ","SINAPI","TELA DE ACO SOLDADA GALVANIZADA/ZINCADA PARA ALVENARIA, FIO D = *1,20 A 1,70* MM, MALHA 15 X 15 MM, (C X L) *50 X 7,5* CM","Material",null,"M",0.42,2.21,0.93]
["Insumo"," 00037395 ","SINAPI","PINO DE ACO COM FURO, HASTE = 27 MM (ACAO DIRETA)","Material",null,"CENTO",5.0000000000000001E-3,43.74,0.22]
["Insumo"," 00007271 ","SINAPI","BLOCO CERAMICO / TIJOLO VAZADO PARA ALVENARIA DE VEDACAO, 8 FUROS NA HORIZONTAL DE 9 X 19 X 19 CM (L X A X C)","Material",null,"UN",28.31,0.92,26.05]
[{"$nulls":4},"MO sem LS =>",46.03,"LS =>",0,"MO com LS =>",46.03]
[{"$nulls":4},"Valor do BDI =>",20.88,null,"Valor com BDI =>",null,110.2]
[]
[null,"Código","Banco","Descrição","Tipo",null,"Und","Quant.","Valor Unit","Total"]
["Composição"," 87393 ","SINAPI","ARGAMASSA INDUSTRIALIZADA PARA CHAPISCO ROLADO, PREPARO COM MISTURADOR DE EIXO HORIZONTAL DE 300 KG. AF_08/2019","SEDI - SERVIÇOS DIVERSOS",null,"m³",1,6594.99,6594.99]
["Composição Auxiliar"," 88386 ","SINAPI","MISTURADOR DE ARGAMASSA, EIXO HORIZONTAL, CAPACIDADE DE MISTURA 300 KG, MOTOR ELÉTRICO POTÊNCIA 5 CV - CHP DIURNO. AF_05/2023","CHOR - CUSTOS HORÁRIOS DE MÁQUINAS E EQUIPAMENTOS",null,"CHP",1.1000000000000001,5.0199999999999996,5.52]
["Composição Auxiliar"," 88392 ","SINAPI","MISTURADOR DE ARGAMASSA, EIXO HORIZONTAL, CAPACIDADE DE MISTURA 300 KG, MOTOR ELÉTRICO POTÊNCIA 5 CV - CHI DIURNO. AF_05/2023","CHOR - CUSTOS HORÁRIOS DE MÁQUINAS E EQUIPAMENTOS",null,"CHI",3.62,1.1200000000000001,4.05]
["Composição Auxiliar"," 88377 ","SINAPI","OPERADOR DE BETONEIRA ESTACIONÁRIA/MISTURADOR COM ENCARGOS COMPLEMENTARES","SEDI - SERVIÇOS DIVERSOS",null,"H",4.72,18.43,86.99]
["Insumo"," 00037552 ","SINAPI","ARGAMASSA INDUSTRIALIZADA PARA CHAPISCO ROLADO","Material",null,"KG",1981.23,3.28,6498.43]
[{"$nulls":4},"MO sem LS =>",71.650000000000006,"LS =>",0,"MO com LS =>",71.650000000000006]
[{"$nulls":4},"Valor do BDI =>",1541.91,null,"Valor com BDI =>",null,8136.9]
[]
[null,"Código","Banco","Descrição","Tipo",null,"Und","Quant.","Valor Unit","Total"]
["Composição"," 87367 ","SINAPI","ARGAMASSA TRAÇO 1:1:6 (EM VOLUME DE CIMENTO, CAL E AREIA MÉDIA ÚMIDA) PARA EMBOÇO/MASSA ÚNICA/ASSENTAMENTO DE ALVENARIA DE VEDAÇÃO, PREPARO MANUAL. AF_08/2019","SEDI - SERVIÇOS DIVERSOS",null,"m³",1,797.26,797.26]
["Composição Auxiliar"," 88316 ","SINAPI","SERVENTE COM ENCARGOS COMPLEMENTARES","SEDI - SERVIÇOS DIVERSOS",null,"H",11.23,18.989999999999998,213.26]
["Insumo"," 00001106 ","SINAPI","CAL HIDRATADA CH-I PARA ARGAMASSAS","Material",null,"KG",116.4,1.1599999999999999,135.02000000000001]
["Insumo"," 00000370 ","SINAPI","AREIA MEDIA - POSTO JAZIDA/FORNECEDOR (RETIRADO NA JAZIDA, SEM TRANSPORTE)","Material",null,"m³",1.1599999999999999,150,174]
["Insumo"," 00001379 ","SINAPI","CIMENTO PORTLAND COMPOSTO CP II-32","Material",null,"KG",261.89,1.05,274.98]
[{"$nulls":4},"MO sem LS =>",164.74,"LS =>",0,"MO com LS =>",164.74]
[{"$nulls":4},"Valor do BDI =>",186.4,null,"Valor com BDI =>",null,983.66]
[]
[null,"Código","Banco","Descrição","Tipo",null,"Und","Quant.","Valor Unit","Total"]
["Composição"," 87369 ","SINAPI","ARGAMASSA TRAÇO 1:2:8 (EM VOLUME DE CIMENTO, CAL E AREIA MÉDIA ÚMIDA) PARA EMBOÇO/MASSA ÚNICA/ASSENTAMENTO DE ALVENARIA DE VEDAÇÃO, PREPARO MANUAL. AF_08/2019","SEDI - SERVIÇOS DIVERSOS",null,"m³",1,782.45,782.45]
["Composição Auxiliar"," 88316 ","SINAPI","SERVENTE COM ENCARGOS COMPLEMENTARES","SEDI - SERVIÇOS DIVERSOS",null,"H",11.1,18.989999999999998,210.79]
["Insumo"," 00001379 ","SINAPI","CIMENTO PORTLAND COMPOSTO CP II-32","Material",null,"KG",192.52,1.05,202.15]
["Insumo"," 00000370 ","SINAPI","AREIA MEDIA - POSTO JAZIDA/FORNECEDOR (RETIRADO NA JAZIDA, SEM TRANSPORTE)","Material",null,"m³",1.1399999999999999,150,171]
["Insumo"," 00001106 ","SINAPI","CAL HIDRATADA CH-I PARA ARGAMASSAS","Material",null,"KG",171.13,1.1599999999999999,198.51]
[{"$nulls":4},"MO sem LS =>",162.84,"LS =>",0,"MO com LS =>",162.84]
[{"$nulls":4},"Valor do BDI =>",182.94,null,"Valor com BDI =>",null,965.39]
[]
[null,"Código","Banco","Descrição","Tipo",null,"Und","Quant.","Valor Unit","Total"]
["Composição"," 87292 ","SINAPI","ARGAMASSA TRAÇO 1:2:8 (EM VOLUME DE CIMENTO, CAL E AREIA MÉDIA ÚMIDA) PARA EMBOÇO/MASSA ÚNICA/ASSENTAMENTO DE ALVENARIA DE VEDAÇÃO, PREPARO MECÂNICO COM BETONEIRA 400 L. AF_08/2019","SEDI - SERVIÇOS DIVERSOS",null,"m³",1,668.06,668.06]
["Composição Auxiliar"," 88831 ","SINAPI","BETONEIRA CAPACIDADE NOMINAL DE 400 L, CAPACIDADE DE MISTURA 280 L, MOTOR ELÉTRICO TRIFÁSICO POTÊNCIA DE 2 CV, SEM CARREGADOR - CHI DIURNO. AF_05/2023","CHOR - CUSTOS HORÁRIOS DE MÁQUINAS E EQUIPAMENTOS",null,"CHI",3.45,0.42,1.45]
["Composição Auxiliar"," 88377 ","SINAPI","OPERADOR DE BETONEIRA ESTACIONÁRIA/MISTURADOR COM ENCARGOS COMPLEMENTARES","SEDI - SERVIÇOS DIVERSOS",null,"H",4.5,18.43,82.94]
["Composição Auxiliar"," 88830 ","SINAPI","BETONEIRA CAPACIDADE NOMINAL DE 400 L, CAPACIDADE DE MISTURA 280 L, MOTOR ELÉTRICO TRIFÁSICO POTÊNCIA DE 2 CV, SEM CARREGADOR - CHP DIURNO. AF_05/2023","CHOR - CUSTOS HORÁRIOS DE MÁQUINAS E EQUIPAMENTOS",null,"CHP",1.05,1.96,2.06]
["Insumo"," 00000370 ","SINAPI","AREIA MEDIA - POSTO JAZIDA/FORNECEDOR (RETIRADO NA JAZIDA, SEM TRANSPORTE)","Material",null,"m³",1.1599999999999999,150,174]
["Insumo"," 00001379 ","SINAPI","CIMENTO PORTLAND COMPOSTO CP II-32","Material",null,"KG",195.86,1.05,205.65]
["Insumo"," 00001106 ","SINAPI","CAL HIDRATADA CH-I PARA ARGAMASSAS","Material",null,"KG",174.1,1.1599999999999999,201.96]
[{"$nulls":4},"MO sem LS =>",68.31,"LS =>",0,"MO com LS =>",68.31]
[{"$nulls":4},"Valor do BDI =>",156.19,null,"Valor com BDI =>",null,824.25]
[]
[null,"Código","Banco","Descrição","Tipo",null,"Und","Quant.","Valor Unit","Total"]
["Composição"," 100475 ","SINAPI","ARGAMASSA TRAÇO 1:3 (EM VOLUME DE CIMENTO E AREIA MÉDIA ÚMIDA) COM ADIÇÃO DE IMPERMEABILIZANTE, PREPARO MECÂNICO COM BETONEIRA 400 L. AF_08/2019","SEDI - SERVIÇOS DIVERSOS",null,"m³",1,962.06,962.06]
["Composição Auxiliar"," 88831 ","SINAPI","BETONEIRA CAPACIDADE NOMINAL DE 400 L, CAPACIDADE DE MISTURA 280 L, MOTOR ELÉTRICO TRIFÁSICO POTÊNCIA DE 2 CV, SEM CARREGADOR - CHI DIURNO. AF_05/2023","CHOR - CUSTOS HORÁRIOS DE MÁQUINAS E EQUIPAMENTOS",null,"CHI",2.88,0.42,1.21]
["Composição Auxiliar"," 88830 ","SINAPI","BETONEIRA CAPACIDADE NOMINAL DE 400 L, CAPACIDADE DE MISTURA 280 L, MOTOR ELÉTRICO TRIFÁSICO POTÊNCIA DE 2 CV, SEM CARREGADOR - CHP DIURNO. AF_05/2023","CHOR - CUSTOS HORÁRIOS DE MÁQUINAS E EQUIPAMENTOS",null,"CHP",0.87,1.96,1.71]
["Composição Auxiliar"," 88377 ","SINAPI","OPERADOR DE BETONEIRA ESTACIONÁRIA/MISTURADOR COM ENCARGOS COMPLEMENTARES","SEDI - SERVIÇOS DIVERSOS",null,"H",3.75,18.43,69.11]
["Insumo"," 00000370 ","SINAPI","AREIA MEDIA - POSTO JAZIDA/FORNECEDOR (RETIRADO NA JAZIDA, SEM TRANSPORTE)","Material",null,"m³",1.08,150,162]
["Insumo"," 00001379 ","SINAPI","CIMENTO PORTLAND COMPOSTO CP II-32","Material",null,"KG",486,1.05,510.3]
["Insumo"," 00000123 ","SINAPI","ADITIVO IMPERMEABILIZANTE DE PEGA NORMAL PARA ARGAMASSAS E CONCRETOS SEM ARMACAO, LIQUIDO E ISENTO DE CLORETOS","Material",null,"L",19.440000000000001,11.2,217.73]
[{"$nulls":4},"MO sem LS =>",56.93,"LS =>",0,"MO com LS =>",56.93]
[{"$nulls":4},"Valor do BDI =>",224.93,null,"Valor com BDI =>",null,1186.99]
[]
[null,"Código","Banco","Descrição","Tipo",null,"Und","Quant.","Valor Unit","Total"]
["Composição"," 87298 ","SINAPI","ARGAMASSA TRAÇO 1:3 (EM VOLUME DE CIMENTO E AREIA MÉDIA ÚMIDA) PARA CONTRAPISO, PREPARO MECÂNICO COM BETONEIRA 400 L. AF_08/2019","SEDI - SERVIÇOS DIVERSOS",null,"m³",1,877.69,877.69]
["Composição Auxiliar"," 88830 ","SINAPI","BETONEIRA CAPACIDADE NOMINAL DE 400 L, CAPACIDADE DE MISTURA 280 L, MOTOR ELÉTRICO TRIFÁSICO POTÊNCIA DE 2 CV, SEM CARREGADOR - CHP DIURNO. AF_05/2023","CHOR - CUSTOS HORÁRIOS DE MÁQUINAS E EQUIPAMENTOS",null,"CHP",1.03,1.96,2.02]
["Composição Auxiliar"," 88831 ","SINAPI","BETONEIRA CAPACIDADE NOMINAL DE 400 L, CAPACIDADE DE MISTURA 280 L, MOTOR ELÉTRICO TRIFÁSICO POTÊNCIA DE 2 CV, SEM CARREGADOR - CHI DIURNO. AF_05/2023","CHOR - CUSTOS HORÁRIOS DE MÁQUINAS E EQUIPAMENTOS",null,"CHI",3.39,0.42,1.42]
["Composição Auxiliar"," 88377 ","SINAPI","OPERADOR DE BETONEIRA ESTACIONÁRIA/MISTURADOR COM ENCARGOS COMPLEMENTARES","SEDI - SERVIÇOS DIVERSOS",null,"H",4.42,18.43,81.459999999999994]
["Insumo"," 00001379 ","SINAPI","CIMENTO PORTLAND COMPOSTO CP II-32","Material",null,"KG",573.61,1.05,602.29]
["Insumo"," 00000370 ","SINAPI","AREIA MEDIA - POSTO JAZIDA/FORNECEDOR (RETIRADO NA JAZIDA, SEM TRANSPORTE)","Material",null,"m³",1.27,150,190.5]
[{"$nulls":4},"MO sem LS =>",67.099999999999994,"LS =>",0,"MO com LS =>",67.099999999999994]
[{"$nulls":4},"Valor do BDI =>",205.2,null,"Valor com BDI =>",null,1082.8900000000001]
[]
[null,"Código","Banco","Descrição","Tipo",null,"Und","Quant.","Valor Unit","Total"]
["Composição"," 88629 ","SINAPI","ARGAMASSA TRAÇO 1:3 (EM VOLUME DE CIMENTO E AREIA MÉDIA ÚMIDA), PREPARO MANUAL. AF_08/2019","SEDI - SERVIÇOS DIVERSOS",null,"m³",1,830.35,830.35]
["Composição Auxiliar"," 88316 ","SINAPI","SERVENTE COM ENCARGOS COMPLEMENTARES","SEDI - SERVIÇOS DIVERSOS",null,"H",8.57,18.989999999999998,162.74]
["Insumo"," 00000370 ","SINAPI","AREIA MEDIA - POSTO JAZIDA/FORNECEDOR (RETIRADO NA JAZIDA, SEM TRANSPORTE)","Material",null,"m³",1.07,150,160.5]
["Insumo"," 00001379 ","SINAPI","CIMENTO PORTLAND COMPOSTO CP II-32","Material",null,"KG",482.96,1.05,507.11]
[{"$nulls":4},"MO sem LS =>",125.72,"LS =>",0,"MO com LS =>",125.72]
[{"$nulls":4},"Valor do BDI =>",194.14,null,"Valor com BDI =>",null,1024.49]
[]
[null,"Código","Banco","Descrição","Tipo",null,"Und","Quant.","Valor Unit","Total"]
["Composição"," 87316 ","SINAPI","ARGAMASSA TRAÇO 1:4 (EM VOLUME DE CIMENTO E AREIA GROSSA ÚMIDA) PARA CHAPISCO CONVENCIONAL, PREPARO MECÂNICO COM BETONEIRA 400 L. AF_08/2019","SEDI - SERVIÇOS DIVERSOS",null,"m³",1,604.84,604.84]
["Composição Auxiliar"," 88377 ","SINAPI","OPERADOR DE BETONEIRA ESTACIONÁRIA/MISTURADOR COM ENCARGOS COMPLEMENTARES","SEDI - SERVIÇOS DIVERSOS",null,"H",4.6399999999999997,18.43,85.52]
["Composição Auxiliar"," 88830 ","SINAPI","BETONEIRA CAPACIDADE NOMINAL DE 400 L, CAPACIDADE DE MISTURA 280 L, MOTOR ELÉTRICO TRIFÁSICO POTÊNCIA DE 2 CV, SEM CARREGADOR - CHP DIURNO. AF_05/2023","CHOR - CUSTOS HORÁRIOS DE MÁQUINAS E EQUIPAMENTOS",null,"CHP",1.08,1.96,2.12]
["Composição Auxiliar"," 88831 ","SINAPI","BETONEIRA CAPACIDADE NOMINAL DE 400 L, CAPACIDADE DE MISTURA 280 L, MOTOR ELÉTRICO TRIFÁSICO POTÊNCIA DE 2 CV, SEM CARREGADOR - CHI DIURNO. AF_05/2023","CHOR - CUSTOS HORÁRIOS DE MÁQUINAS E EQUIPAMENTOS",null,"CHI",3.56,0.42,1.5]
["Insumo"," 00001379 ","SINAPI","CIMENTO PORTLAND COMPOSTO CP II-32","Material",null,"KG",343.52,1.05,360.7]
["Insumo"," 00000367 ","SINAPI","AREIA GROSSA - POSTO JAZIDA/FORNECEDOR (RETIRADO NA JAZIDA, SEM TRANSPORTE)","Material",null,"m³",1.02,151.96,155]
[{"$nulls":4},"MO sem LS =>",70.44,"LS =>",0,"MO com LS =>",70.44]
[{"$nulls":4},"Valor do BDI =>",141.41,null,"Valor com BDI =>",null,746.25]
[]
[null,"Código","Banco","Descrição","Tipo",null,"Und","Quant.","Valor Unit","Total"]
["Composição"," 88245 ","SINAPI","ARMADOR COM ENCARGOS COMPLEMENTARES","SEDI - SERVIÇOS DIVERSOS",null,"H",1,25.08,25.08]
["Composição Auxiliar"," 95314 ","SINAPI","CURSO DE CAPACITAÇÃO PARA ARMADOR (ENCARGOS COMPLEMENTARES) - HORISTA","SEDI - SERVIÇOS DIVERSOS",null,"H",1,0.27,0.27]
["Insumo"," 00000378 ","SINAPI","ARMADOR (HORISTA)","Mão de Obra",null,"H",1,20.37,20.37]
["Insumo"," 00037370 ","SINAPI","ALIMENTACAO - HORISTA (COLETADO CAIXA - ENCARGOS COMPLEMENTARES)","Material",null,"H",1,0.53,0.53]
["Insumo"," 00037372 ","SINAPI","EXAMES - HORISTA (COLETADO CAIXA - ENCARGOS COMPLEMENTARES)","Material",null,"H",1,1.34,1.34]
["Insumo"," 00043489 ","SINAPI","EPI - FAMILIA PEDREIRO - HORISTA (ENCARGOS COMPLEMENTARES - COLETADO CAIXA)","Material",null,"H",1,1.24,1.24]
["Insumo"," 00043465 ","SINAPI","FERRAMENTAS - FAMILIA PEDREIRO - HORISTA (ENCARGOS COMPLEMENTARES - COLETADO CAIXA)","Material",null,"H",1,0.82,0.82]
["Insumo"," 00037373 ","SINAPI","SEGURO - HORISTA (COLETADO CAIXA - ENCARGOS COMPLEMENTARES)","Material",null,"H",1,0.01,0.01]
["Insumo"," 00037371 ","SINAPI","TRANSPORTE - HORISTA (COLETADO CAIXA - ENCARGOS COMPLEMENTARES)","Material",null,"H",1,0.5,0.5]
[{"$nulls":4},"MO sem LS =>",20.64,"LS =>",0,"MO com LS =>",20.64]
[{"$nulls":4},"Valor do BDI =>",5.86,null,"Valor com BDI =>",null,30.94]
[]
[null,"Código","Banco","Descrição","Tipo",null,"Und","Quant.","Valor Unit","Total"]
["Composição"," 92767 ","SINAPI","ARMAÇÃO DE LAJE DE ESTRUTURA CONVENCIONAL DE CONCRETO ARMADO UTILIZANDO AÇO CA-60 DE 4,2 MM - MONTAGEM. AF_06/2022","FUES - FUNDAÇÕES E ESTRUTURAS",null,"KG",1,16,16]
["Composição Auxiliar"," 92799 ","SINAPI","CORTE E DOBRA DE AÇO CA-60, DIÂMETRO DE 4,2 MM. AF_06/2022","FUES - FUNDAÇÕES E ESTRUTURAS",null,"KG",1,11.72,11.72]
["Composição Auxiliar"," 88238 ","SINAPI","AJUDANTE DE ARMADOR COM ENCARGOS COMPLEMENTARES","SEDI - SERVIÇOS DIVERSOS",null,"H",1.72E-2,20.97,0.36]
["Composição Auxiliar"," 88245 ","SINAPI","ARMADOR COM ENCARGOS COMPLEMENTARES","SEDI - SERVIÇOS DIVERSOS",null,"H",0.1055,25.08,2.65]
["Insumo"," 00039017 ","SINAPI","ESPACADOR / DISTANCIADOR CIRCULAR COM ENTRADA LATERAL, EM PLASTICO, PARA VERGALHAO *4,2 A 12,5* MM, COBRIMENTO 20 MM","Material",null,"UN",2.8159999999999998,0.22,0.62]
["Insumo"," 00043132 ","SINAPI","ARAME RECOZIDO 16 BWG, D = 1,65 MM (0,016 KG/M) OU 18 BWG, D = 1,25 MM (0,01 KG/M)","Material",null,"KG",2.5000000000000001E-2,26,0.65]
[{"$nulls":4},"MO sem LS =>",4.6399999999999997,"LS =>",0,"MO com LS =>",4.6399999999999997]
[{"$nulls":4},"Valor do BDI =>",3.74,null,"Valor com BDI =>",null,19.739999999999998]
[]
[null,"Código","Banco","Descrição","Tipo",null,"Und","Quant.","Valor Unit","Total"]
["Composição"," 100578 ","SINAPI","ASSENTAMENTO DE POSTE DE CONCRETO COM COMPRIMENTO NOMINAL DE 9 M, CARGA NOMINAL MENOR OU IGUAL A 1000 DAN, ENGASTAMENTO SIMPLES COM 1,5 M DE SOLO (NÃO INCLUI FORNECIMENTO). AF_11/2019","INEL - INSTALAÇÃO ELÉTRICA/ELETRIFICAÇÃO E ILUMINAÇÃO EXTERNA",null,"UN",1,564.33000000000004,564.33000000000004]
["Composição Auxiliar"," 88264 ","SINAPI","ELETRICISTA COM ENCARGOS COMPLEMENTARES","SEDI - SERVIÇOS DIVERSOS",null,"H",4.008,27.9,111.82]
["Composição Auxiliar"," 5928 ","SINAPI","GUINDAUTO HIDRÁULICO, CAPACIDADE MÁXIMA DE CARGA 6200 KG, MOMENTO MÁXIMO DE CARGA 11,7 TM, ALCANCE MÁXIMO HORIZONTAL 9,70 M, INCLUSIVE CAMINHÃO TOCO PBT 16.000 KG, POTÊNCIA DE 189 CV - CHP DIURNO. AF_06/2014","CHOR - CUSTOS HORÁRIOS DE MÁQUINAS E EQUIPAMENTOS",null,"CHP",7.6999999999999999E-2,286.48,22.06]
["Composição Auxiliar"," 88247 ","SINAPI","AUXILIAR DE ELETRICISTA COM ENCARGOS COMPLEMENTARES","SEDI - SERVIÇOS DIVERSOS",null,"H",1.2330000000000001,21.44,26.44]
["Insumo"," 00000863 ","SINAPI","CABO DE COBRE NU 35 MM2 MEIO-DURO","Material",null,"M",9,44.89,404.01]
[{"$nulls":4},"MO sem LS =>",116.83,"LS =>",0,"MO com LS =>",116.83]
[{"$nulls":4},"Valor do BDI =>",131.94,null,"Valor com BDI =>",null,696.27]
[]
[null,"Código","Banco","Descrição","Tipo",null,"Und","Quant.","Valor Unit","Total"]
["Composição"," 88247 ","SINAPI","AUXILIAR DE ELETRICISTA COM ENCARGOS COMPLEMENTARES","SEDI - SERVIÇOS DIVERSOS",null,"H",1,21.44,21.44]
["Composição Auxiliar"," 95316 ","SINAPI","CURSO DE CAPACITAÇÃO PARA AUXILIAR DE ELETRICISTA (ENCARGOS COMPLEMENTARES) - HORISTA","SEDI - SERVIÇOS DIVERSOS",null,"H",1,0.7,0.7]
["Insumo"," 00037373 ","SINAPI","SEGURO - HORISTA (COLETADO CAIXA - ENCARGOS COMPLEMENTARES)","Material",null,"H",1,0.01,0.01]
["Insumo"," 00043484 ","SINAPI","EPI - FAMILIA ELETRICISTA - HORISTA (ENCARGOS COMPLEMENTARES - COLETADO CAIXA)","Material",null,"H",1,1.2,1.2]
["Insumo"," 00043460 ","SINAPI","FERRAMENTAS - FAMILIA ELETRICISTA - HORISTA (ENCARGOS COMPLEMENTARES - COLETADO CAIXA)","Material",null,"H",1,0.85,0.85]
["Insumo"," 00037371 ","SINAPI","TRANSPORTE - HORISTA (COLETADO CAIXA - ENCARGOS COMPLEMENTARES)","Material",null,"H",1,0.5,0.5]
["Insumo"," 00037370 ","SINAPI","ALIMENTACAO - HORISTA (COLETADO CAIXA - ENCARGOS COMPLEMENTARES)","Material",null,"H",1,0.53,0.53]
["Insumo"," 00037372 ","SINAPI","EXAMES - HORISTA (COLETADO CAIXA - ENCARGOS COMPLEMENTARES)","Material",null,"H",1,1.34,1.34]
["Insumo"," 00000247 ","SINAPI","AJUDANTE DE ELETRICISTA (HORISTA)","Mão de Obra",null,"H",1,16.309999999999999,16.309999999999999]
[{"$nulls":4},"MO sem LS =>",17.010000000000002,"LS =>",0,"MO com LS =>",17.010000000000002]
[{"$nulls":4},"Valor do BDI =>",5.01,null,"Valor com BDI =>",null,26.45]
[]
[null,"Código","Banco","Descrição","Tipo",null,"Und","Quant.","Valor Unit","Total"]
["Composição"," 88248 ","SINAPI","AUXILIAR DE ENCANADOR OU BOMBEIRO HIDRÁULICO COM ENCARGOS COMPLEMENTARES","SEDI - SERVIÇOS DIVERSOS",null,"H",1,20.399999999999999,20.399999999999999]
["Composição Auxiliar"," 95317 ","SINAPI","CURSO DE CAPACITAÇÃO PARA AUXILIAR DE ENCANADOR OU BOMBEIRO HIDRÁULICO (ENCARGOS COMPLEMENTARES) - HORISTA","SEDI - SERVIÇOS DIVERSOS",null,"H",1,0.34,0.34]
["Insumo"," 00000246 ","SINAPI","AUXILIAR DE ENCANADOR OU BOMBEIRO HIDRAULICO (HORISTA)","Mão de Obra",null,"H",1,16.309999999999999,16.309999999999999]
["Insumo"," 00037372 ","SINAPI","EXAMES - HORISTA (COLETADO CAIXA - ENCARGOS COMPLEMENTARES)","Material",null,"H",1,1.34,1.34]
["Insumo"," 00037371 ","SINAPI","TRANSPORTE - HORISTA (COLETADO CAIXA - ENCARGOS COMPLEMENTARES)","Material",null,"H",1,0.5,0.5]
["Insumo"," 00037370 ","SINAPI","ALIMENTACAO - HORISTA (COLETADO CAIXA - ENCARGOS COMPLEMENTARES)","Material",null,"H",1,0.53,0.53]
["Insumo"," 00043485 ","SINAPI","EPI - FAMILIA ENCANADOR - HORISTA (ENCARGOS COMPLEMENTARES - COLETADO CAIXA)","Material",null,"H",1,1.06,1.06]
["Insumo"," 00037373 ","SINAPI","SEGURO - HORISTA (COLETADO CAIXA - ENCARGOS COMPLEMENTARES)","Material",null,"H",1,0.01,0.01]
["Insumo"," 00043461 ","SINAPI","FERRAMENTAS - FAMILIA ENCANADOR - HORISTA (ENCARGOS COMPLEMENTARES - COLETADO CAIXA)","Material",null,"H",1,0.31,0.31]
[{"$nulls":4},"MO sem LS =>",16.649999999999999,"LS =>",0,"MO com LS =>",16.649999999999999]
[{"$nulls":4},"Valor do BDI =>",4.7699999999999996,null,"Valor com BDI =>",null,25.17]
[]
[null,"Código","Banco","Descrição","Tipo",null,"Und","Quant.","Valor Unit","Total"]
["Composição"," 88256 ","SINAPI","AZULEJISTA OU LADRILHISTA COM ENCARGOS COMPLEMENTARES","SEDI - SERVIÇOS DIVERSOS",null,"H",1,29.04,29.04]
["Composição Auxiliar"," 95324 ","SINAPI","CURSO DE CAPACITAÇÃO PARA AZULEJISTA OU LADRILHISTA (ENCARGOS COMPLEMENTARES) - HORISTA","SEDI - SERVIÇOS DIVERSOS",null,"H",1,0.41,0.41]
["Insumo"," 00037373 ","SINAPI","SEGURO - HORISTA (COLETADO CAIXA - ENCARGOS COMPLEMENTARES)","Material",null,"H",1,0.01,0.01]
["Insumo"," 00043465 ","SINAPI","FERRAMENTAS - FAMILIA PEDREIRO - HORISTA (ENCARGOS COMPLEMENTARES - COLETADO CAIXA)","Material",null,"H",1,0.82,0.82]
["Insumo"," 00037372 ","SINAPI","EXAMES - HORISTA (COLETADO CAIXA - ENCARGOS COMPLEMENTARES)","Material",null,"H",1,1.34,1.34]
["Insumo"," 00043489 ","SINAPI","EPI - FAMILIA PEDREIRO - HORISTA (ENCARGOS COMPLEMENTARES - COLETADO CAIXA)","Material",null,"H",1,1.24,1.24]
["Insumo"," 00037370 ","SINAPI","ALIMENTACAO - HORISTA (COLETADO CAIXA - ENCARGOS COMPLEMENTARES)","Material",null,"H",1,0.53,0.53]
["Insumo"," 00037371 ","SINAPI","TRANSPORTE - HORISTA (COLETADO CAIXA - ENCARGOS COMPLEMENTARES)","Material",null,"H",1,0.5,0.5]
["Insumo"," 00004760 ","SINAPI","AZULEJISTA OU LADRILHEIRO (HORISTA)","Mão de Obra",null,"H",1,24.19,24.19]
[{"$nulls":4},"MO sem LS =>",24.6,"LS =>",0,"MO com LS =>",24.6]
[{"$nulls":4},"Valor do BDI =>",6.79,null,"Valor com BDI =>",null,35.83]
[]
[null,"Código","Banco","Descrição","Tipo",null,"Und","Quant.","Valor Unit","Total"]
["Composição"," 2009619 ","SICRO3","Alvenaria de blocos de concreto 19 x 19 x 39 cm com espessura de 20 cm - areia comercial","",null,"m²",1,129.36000000000001,129.36000000000001]
["B","Código","Banco","Mão de Obra","Quantidade","Custo Horário",null,null,null,"Custo Horário Total"]
["Insumo"," P9824 ","SICRO3","Servente",1,null,null,null,"21,1436","21,1436"]
["Insumo"," P9821 ","SICRO3","Pedreiro",1,null,null,null,"27,0082","27,0082"]
[{"$nulls":5},"Custo horário total de mão de obra",null,null,null,48.151800000000001]
[{"$nulls":5},"Custo horário total de execução",null,null,null,48.151800000000001]
[{"$nulls":5},"Produção de equipe",null,null,null,1]
[{"$nulls":5},"Custo unitário de execução",null,null,null,48.151800000000001]
[{"$nulls":5},"Custo do FIC",null,null,null,0]
[{"$nulls":5},"Custo do FIT",null,null,null,0]
["C","Código","Banco","MATERIAL","Quantidade","Unidade","Preço Unitário",null,null,"Custo Horário"]
["Insumo"," M0156 ","SICRO3","Bloco de concreto - L = 19 cm, A = 19 cm e C = 39 cm",13,"un","4,6446",null,null,"60,3798"]
[{"$nulls":5},"Custo unitário total de material",null,null,null,60.379800000000003]
["D","Código","Banco","ATIVIDADES AUXILIARES","Quantidade","Unidade","Preço Unitário",null,null,"Custo Horário"]
["Composição"," 1109697 ","SICRO3","Argamassa de cimento, cal hidratada e areia 1:0,5:8 - confecção em betoneira e lançamento manual - areia comercial",1.4999999999999999E-2,"m³","614,2600",null,null,"9,2139"]
[{"$nulls":5},"Custo total de atividades auxiliares",null,null,null,9.2139000000000006]
["E","Tempo Fixo","Banco","Descrição","Carga","Quantidade","Unidade","Preço Unitário",null,"Custo Horário"]
["Composição"," 5914655 ","SICRO3","Carga, manobra e descarga de materiais diversos em caminhão carroceria de 15 t - carga e descarga manuais","M0156",0.21060000000000001,"t",33.5,null,7.0551000000000004]
[{"$nulls":5},"Custo Total dos Tempos Fixos",null,null,null,7.0551000000000004]
["F","Momento de Transporte","Banco","Descrição","Quantidade","Distância Média de Transporte (DMT)",null,null,null,"Custo Horário"]
[{"$nulls":5},"LN","RP","P","FE"]
["Insumo","M0156","SICRO3","Bloco de concreto - L = 19 cm, A = 19 cm e C = 39 cm",0.21060000000000001,"5914449\n0,00\n1,15\n0,0000","5914464\n0,00\n0,92\n0,0000","5914479\n30,10\n0,72\n21,6720","--",4.5640999999999998]
[{"$nulls":5},"Custo total de transporte",null,null,null,4.5641232]
[{"$nulls":4},"MO sem LS =>",48.87,"LS =>",0,"MO com LS =>",48.871140643221239]
[{"$nulls":4},"Valor do BDI =>",30.24,null,"Valor com BDI =>",null,159.6]
[]
[null,"Código","Banco","Descrição","Tipo",null,"Und","Quant.","Valor Unit","Total"]
["Composição"," 1109669 ","SICRO3","Argamassa de cimento e areia 1:3 - confecção em betoneira e lançamento manual - areia comercial","",null,"m³",1,850.29,850.29]
["A","Código","Banco","Equipamentos","Quantidade","Utilização",null,"Custo Horário",null,"Custo Horário Total"]
[{"$nulls":5},"Operativa","Improdutiva","Operativa","Improdutiva"]
["Insumo"," E9071 ","SICRO3","Transportador manual carrinho de mão com capacidade de 80 l",3,0.95,0.05,0.749,0.50919999999999999,2.2109999999999999]
["Insumo"," E9519 ","SICRO3","Betoneira com motor a gasolina com capacidade de 600 l - 10 kW",1,1,0,51.944499999999998,31.668600000000001,51.944499999999998]
["Insumo"," E9064 ","SICRO3","Transportador manual gerica com capacidade de 180 l",3,0.38,0.62,1.587,1.0789,3.8159000000000001]
[{"$nulls":5},"Custo horário total de equipamentos",null,null,null,57.971400000000003]
["B","Código","Banco","Mão de Obra","Quantidade","Custo Horário",null,null,null,"Custo Horário Total"]
["Insumo"," P9824 ","SICRO3","Servente",8,null,null,null,"21,1436","169,1488"]
["Insumo"," P9821 ","SICRO3","Pedreiro",1,null,null,null,"27,0082","27,0082"]
[{"$nulls":5},"Custo horário total de mão de obra",null,null,null,196.15700000000001]
[{"$nulls":5},"Custo horário total de execução",null,null,null,254.1284]
[{"$nulls":5},"Produção de equipe",null,null,null,4.2203400000000002]
[{"$nulls":5},"Custo unitário de execução",null,null,null,60.2151]
[{"$nulls":5},"Custo do FIC",null,null,null,0]
[{"$nulls":5},"Custo do FIT",null,null,null,0]
["C","Código","Banco","MATERIAL","Quantidade","Unidade","Preço Unitário",null,null,"Custo Horário"]
["Insumo"," M0082 ","SICRO3","Areia média lavada",1.0043500000000001,"m³","159,6782",null,null,"160,3728"]
["Insumo"," M0424 ","SICRO3","Cimento Portland CP II - 32 - saco",458.01186999999999,"kg","0,9781",null,null,"447,9814"]
[{"$nulls":5},"Custo unitário total de material",null,null,null,608.35419999999999]
["E","Tempo Fixo","Banco","Descrição","Carga","Quantidade","Unidade","Preço Unitário",null,"Custo Horário"]
["Composição"," 5914655 ","SICRO3","Carga, manobra e descarga de materiais diversos em caminhão carroceria de 15 t - carga e descarga manuais","M0424",0.45800999999999997,"t",33.5,null,15.343299999999999]
["Composição"," 5914647 ","SICRO3","Carga, manobra e descarga de agregados ou solos em caminhão basculante de 10 m³ - carga com carregadeira de 3,40 m³ (exclusa) e descarga livre","M0082",1.5065299999999999,"t",1.79,null,2.6966999999999999]
[{"$nulls":5},"Custo Total dos Tempos Fixos",null,null,null,18.04]
["F","Momento de Transporte","Banco","Descrição","Quantidade","Distância Média de Transporte (DMT)",null,null,null,"Custo Horário"]
[{"$nulls":5},"LN","RP","P","FE"]
["Insumo","M0424","SICRO3","Cimento Portland CP II - 32 - saco",0.45800999999999997,"5914449\n0,00\n1,15\n0,0000","5914464\n0,00\n0,92\n0,0000","5914479\n30,10\n0,72\n21,6720","--",9.9260000000000002]
["Insumo","M0082","SICRO3","Areia média lavada",1.5065299999999999,"5914359\n0,00\n1,30\n0,0000","5914374\n0,00\n1,04\n0,0000","5914389\n126,00\n0,81\n102,0600","--",153.75649999999999]
[{"$nulls":5},"Custo total de transporte",null,null,null,163.68244451999999]
[{"$nulls":4},"MO sem LS =>",850.29,"LS =>",-803.81,"MO com LS =>",46.47895667173735]
[{"$nulls":4},"Valor do BDI =>",198.8,null,"Valor com BDI =>",null,1049.0899999999999]
[]
[null,"Código","Banco","Descrição","Tipo",null,"Und","Quant.","Valor Unit","Total"]
["Composição"," 1109697 ","SICRO3","Argamassa de cimento, cal hidratada e areia 1:0,5:8 - confecção em betoneira e lançamento manual - areia comercial","",null,"m³",1,614.26,614.26]
["A","Código","Banco","Equipamentos","Quantidade","Utilização",null,"Custo Horário",null,"Custo Horário Total"]
[{"$nulls":5},"Operativa","Improdutiva","Operativa","Improdutiva"]
["Insumo"," E9519 ","SICRO3","Betoneira com motor a gasolina com capacidade de 600 l - 10 kW",1,1,0,51.944499999999998,31.668600000000001,51.944499999999998]
["Insumo"," E9071 ","SICRO3","Transportador manual carrinho de mão com capacidade de 80 l",3,0.95,0.05,0.749,0.50919999999999999,2.2109999999999999]
["Insumo"," E9064 ","SICRO3","Transportador manual gerica com capacidade de 180 l",3,0.32,0.68,1.587,1.0789,3.7244999999999999]
[{"$nulls":5},"Custo horário total de equipamentos",null,null,null,57.88]
["B","Código","Banco","Mão de Obra","Quantidade","Custo Horário",null,null,null,"Custo Horário Total"]
["Insumo"," P9821 ","SICRO3","Pedreiro",1,null,null,null,"27,0082","27,0082"]
["Insumo"," P9824 ","SICRO3","Servente",8,null,null,null,"21,1436","169,1488"]
[{"$nulls":5},"Custo horário total de mão de obra",null,null,null,196.15700000000001]
[{"$nulls":5},"Custo horário total de execução",null,null,null,254.03700000000001]
[{"$nulls":5},"Produção de equipe",null,null,null,4.0903499999999999]
[{"$nulls":5},"Custo unitário de execução",null,null,null,62.106400000000001]
[{"$nulls":5},"Custo do FIC",null,null,null,0]
[{"$nulls":5},"Custo do FIT",null,null,null,0]
["C","Código","Banco","MATERIAL","Quantidade","Unidade","Preço Unitário",null,null,"Custo Horário"]
["Insumo"," M0424 ","SICRO3","Cimento Portland CP II - 32 - saco",175.48747,"kg","0,9781",null,null,"171,6443"]
["Insumo"," M0082 ","SICRO3","Areia média lavada",1.03939,"m³","159,6782",null,null,"165,9679"]
["Insumo"," M0345 ","SICRO3","Cal hidratada - saco",31.337050000000001,"kg","1,3154",null,null,"41,2208"]
[{"$nulls":5},"Custo unitário total de material",null,null,null,378.83300000000003]
["E","Tempo Fixo","Banco","Descrição","Carga","Quantidade","Unidade","Preço Unitário",null,"Custo Horário"]
["Composição"," 5914655 ","SICRO3","Carga, manobra e descarga de materiais diversos em caminhão carroceria de 15 t - carga e descarga manuais","M0424",0.17549000000000001,"t",33.5,null,5.8788999999999998]
["Composição"," 5914647 ","SICRO3","Carga, manobra e descarga de agregados ou solos em caminhão basculante de 10 m³ - carga com carregadeira de 3,40 m³ (exclusa) e descarga livre","M0082",1.5590900000000001,"t",1.79,null,2.7907999999999999]
["Composição"," 5914655 ","SICRO3","Carga, manobra e descarga de materiais diversos em caminhão carroceria de 15 t - carga e descarga manuais","M0345",3.134E-2,"t",33.5,null,1.0499000000000001]
[{"$nulls":5},"Custo Total dos Tempos Fixos",null,null,null,9.7195999999999998]
["F","Momento de Transporte","Banco","Descrição","Quantidade","Distância Média de Transporte (DMT)",null,null,null,"Custo Horário"]
[{"$nulls":5},"LN","RP","P","FE"]
["Insumo","M0424","SICRO3","Cimento Portland CP II - 32 - saco",0.17549000000000001,"5914449\n0,00\n1,15\n0,0000","5914464\n0,00\n0,92\n0,0000","5914479\n30,10\n0,72\n21,6720","--",3.8031999999999999]
["Insumo","M0345","SICRO3","Cal hidratada - saco",3.134E-2,"5914449\n0,00\n1,15\n0,0000","5914464\n0,00\n0,92\n0,0000","5914479\n30,10\n0,72\n21,6720","--",0.67920000000000003]
["Insumo","M0082","SICRO3","Areia média lavada",1.5590900000000001,"5914359\n0,00\n1,30\n0,0000","5914374\n0,00\n1,04\n0,0000","5914389\n126,00\n0,81\n102,0600","--",159.1207]
[{"$nulls":5},"Custo total de transporte",null,null,null,163.60314516]
[{"$nulls":4},"MO sem LS =>",614.26,"LS =>",-566.29999999999995,"MO com LS =>",47.956042881416018]
[{"$nulls":4},"Valor do BDI =>",143.61000000000001,null,"Valor com BDI =>",null,757.87]
[]
[null,"Código","Banco","Descrição","Tipo",null,"Und","Quant.","Valor Unit","Total"]
["Composição"," 1109680 ","SICRO3","Argamassa para reparos e grauteamento - confecção em misturador e lançamento manual","",null,"m³",1,5655.15,5655.15]
["A","Código","Banco","Equipamentos","Quantidade","Utilização",null,"Custo Horário",null,"Custo Horário Total"]
[{"$nulls":5},"Operativa","Improdutiva","Operativa","Improdutiva"]
["Insumo"," E9064 ","SICRO3","Transportador manual gerica com capacidade de 180 l",2,0.17,0.83,1.587,1.0789,2.3306]
["Insumo"," E9788 ","SICRO3","Misturador de argamassa com capacidade de 0,250 m³ - 3,70 kW",1,1,0,35.731499999999997,30.090800000000002,35.731499999999997]
[{"$nulls":5},"Custo horário total de equipamentos",null,null,null,38.062100000000001]
["B","Código","Banco","Mão de Obra","Quantidade","Custo Horário",null,null,null,"Custo Horário Total"]
["Insumo"," P9821 ","SICRO3","Pedreiro",1,null,null,null,"27,0082","27,0082"]
["Insumo"," P9824 ","SICRO3","Servente",2,null,null,null,"21,1436","42,2872"]
[{"$nulls":5},"Custo horário total de mão de obra",null,null,null,69.295400000000001]
[{"$nulls":5},"Custo horário total de execução",null,null,null,107.3575]
[{"$nulls":5},"Produção de equipe",null,null,null,1.19712]
[{"$nulls":5},"Custo unitário de execução",null,null,null,89.6798]
[{"$nulls":5},"Custo do FIC",null,null,null,0]
[{"$nulls":5},"Custo do FIT",null,null,null,0]
["C","Código","Banco","MATERIAL","Quantidade","Unidade","Preço Unitário",null,null,"Custo Horário"]
["Insumo"," M0083 ","SICRO3","Argamassa pré-dosada para grauteamento",2073.75,"kg","2,6286",null,null,"5.451,0593"]
[{"$nulls":5},"Custo unitário total de material",null,null,null,5451.0592999999999]
["E","Tempo Fixo","Banco","Descrição","Carga","Quantidade","Unidade","Preço Unitário",null,"Custo Horário"]
["Composição"," 5914655 ","SICRO3","Carga, manobra e descarga de materiais diversos em caminhão carroceria de 15 t - carga e descarga manuais","M0083",2.07375,"t",33.5,null,69.470600000000005]
[{"$nulls":5},"Custo Total dos Tempos Fixos",null,null,null,69.470600000000005]
["F","Momento de Transporte","Banco","Descrição","Quantidade","Distância Média de Transporte (DMT)",null,null,null,"Custo Horário"]
[{"$nulls":5},"LN","RP","P","FE"]
["Insumo","M0083","SICRO3","Argamassa pré-dosada para grauteamento",2.07375,"5914449\n0,00\n1,15\n0,0000","5914464\n0,00\n0,92\n0,0000","5914479\n30,10\n0,72\n21,6720","--",44.942300000000003]
[{"$nulls":5},"Custo total de transporte",null,null,null,44.942309999999999]
[{"$nulls":4},"MO sem LS =>",5655.15,"LS =>",-5597.26,"MO com LS =>",57.885090884790166]
[{"$nulls":4},"Valor do BDI =>",1322.17,null,"Valor com BDI =>",null,6977.32]
[]
[null,"Código","Banco","Descrição","Tipo",null,"Und","Quant.","Valor Unit","Total"]
["Composição"," 0407819 ","SICRO3","Armação em aço CA-50 - fornecimento, preparo e colocação","",null,"kg",1,12.66,12.66]
["B","Código","Banco","Mão de Obra","Quantidade","Custo Horário",null,null,null,"Custo Horário Total"]
["Insumo"," P9805 ","SICRO3","Armador",0.09,null,null,null,"27,2346","2,4511"]
["Insumo"," P9801 ","SICRO3","Ajudante",0.09,null,null,null,"22,8303","2,0547"]
[{"$nulls":5},"Custo horário total de mão de obra",null,null,null,4.5057999999999998]
[{"$nulls":5},"Custo horário total de execução",null,null,null,4.5057999999999998]
[{"$nulls":5},"Produção de equipe",null,null,null,1]
[{"$nulls":5},"Custo unitário de execução",null,null,null,4.5057999999999998]
[{"$nulls":5},"Custo do FIC",null,null,null,0]
[{"$nulls":5},"Custo do FIT",null,null,null,0]
["C","Código","Banco","MATERIAL","Quantidade","Unidade","Preço Unitário",null,null,"Custo Horário"]
["Insumo"," M0075 ","SICRO3","Arame liso recozido em aço-carbono - D = 1,24 mm (18 BWG)",1.4999999999999999E-2,"kg","12,1451",null,null,"0,1822"]
["Insumo"," M0004 ","SICRO3","Aço CA 50",1.1000000000000001,"kg","7,1914",null,null,"7,9105"]
[{"$nulls":5},"Custo unitário total de material",null,null,null,8.0927000000000007]
["E","Tempo Fixo","Banco","Descrição","Carga","Quantidade","Unidade","Preço Unitário",null,"Custo Horário"]
["Composição"," 5914655 ","SICRO3","Carga, manobra e descarga de materiais diversos em caminhão carroceria de 15 t - carga e descarga manuais","M0075",2.0000000000000002E-5,"t",33.5,null,6.9999999999999999E-4]
["Composição"," 5914655 ","SICRO3","Carga, manobra e descarga de materiais diversos em caminhão carroceria de 15 t - carga e descarga manuais","M0004",1.1000000000000001E-3,"t",33.5,null,3.6900000000000002E-2]
[{"$nulls":5},"Custo Total dos Tempos Fixos",null,null,null,3.7600000000000001E-2]
["F","Momento de Transporte","Banco","Descrição","Quantidade","Distância Média de Transporte (DMT)",null,null,null,"Custo Horário"]
[{"$nulls":5},"LN","RP","P","FE"]
["Insumo","M0075","SICRO3","Arame liso recozido em aço-carbono - D = 1,24 mm (18 BWG)",2.0000000000000002E-5,"5914449\n0,00\n1,15\n0,0000","5914464\n0,00\n0,92\n0,0000","5914479\n30,10\n0,72\n21,6720","--",4.0000000000000002E-4]
["Insumo","M0004","SICRO3","Aço CA 50",1.1000000000000001E-3,"5914449\n0,00\n1,15\n0,0000","5914464\n0,00\n0,92\n0,0000","5914479\n30,10\n0,72\n21,6720","--",2.3800000000000002E-2]
[{"$nulls":5},"Custo total de transporte",null,null,null,2.4272640000000002E-2]
[{"$nulls":4},"MO sem LS =>",12.66,"LS =>",-8.15,"MO com LS =>",4.5058410000000002]
[{"$nulls":4},"Valor do BDI =>",2.96,null,"Valor com BDI =>",null,15.62]
[]
[null,"Código","Banco","Descrição","Tipo",null,"Und","Quant.","Valor Unit","Total"]
["Composição"," 0407820 ","SICRO3","Armação em aço CA-60 - fornecimento, preparo e colocação","",null,"kg",1,14.2,14.2]
["B","Código","Banco","Mão de Obra","Quantidade","Custo Horário",null,null,null,"Custo Horário Total"]
["Insumo"," P9805 ","SICRO3","Armador",0.08,null,null,null,"27,2346","2,1788"]
["Insumo"," P9801 ","SICRO3","Ajudante",0.08,null,null,null,"22,8303","1,8264"]
[{"$nulls":5},"Custo horário total de mão de obra",null,null,null,4.0052000000000003]
[{"$nulls":5},"Custo horário total de execução",null,null,null,4.0052000000000003]
[{"$nulls":5},"Produção de equipe",null,null,null,1]
[{"$nulls":5},"Custo unitário de execução",null,null,null,4.0052000000000003]
[{"$nulls":5},"Custo do FIC",null,null,null,0]
[{"$nulls":5},"Custo do FIT",null,null,null,0]
["C","Código","Banco","MATERIAL","Quantidade","Unidade","Preço Unitário",null,null,"Custo Horário"]
["Insumo"," M0075 ","SICRO3","Arame liso recozido em aço-carbono - D = 1,24 mm (18 BWG)",1.4999999999999999E-2,"kg","12,1451",null,null,"0,1822"]
["Insumo"," M0014 ","SICRO3","Aço CA 60",1.1000000000000001,"kg","9,0441",null,null,"9,9485"]
[{"$nulls":5},"Custo unitário total de material",null,null,null,10.130699999999999]
["E","Tempo Fixo","Banco","Descrição","Carga","Quantidade","Unidade","Preço Unitário",null,"Custo Horário"]
["Composição"," 5914655 ","SICRO3","Carga, manobra e descarga de materiais diversos em caminhão carroceria de 15 t - carga e descarga manuais","M0075",2.0000000000000002E-5,"t",33.5,null,6.9999999999999999E-4]
["Composição"," 5914655 ","SICRO3","Carga, manobra e descarga de materiais diversos em caminhão carroceria de 15 t - carga e descarga manuais","M0014",1.1000000000000001E-3,"t",33.5,null,3.6900000000000002E-2]
[{"$nulls":5},"Custo Total dos Tempos Fixos",null,null,null,3.7600000000000001E-2]
["F","Momento de Transporte","Banco","Descrição","Quantidade","Distância Média de Transporte (DMT)",null,null,null,"Custo Horário"]
[{"$nulls":5},"LN","RP","P","FE"]
["Insumo","M0075","SICRO3","Arame liso recozido em aço-carbono - D = 1,24 mm (18 BWG)",2.0000000000000002E-5,"5914449\n0,00\n1,15\n0,0000","5914464\n0,00\n0,92\n0,0000","5914479\n30,10\n0,72\n21,6720","--",4.0000000000000002E-4]
["Insumo","M0014","SICRO3","Aço CA 60",1.1000000000000001E-3,"5914449\n0,00\n1,15\n0,0000","5914464\n0,00\n0,92\n0,0000","5914479\n30,10\n0,72\n21,6720","--",2.3800000000000002E-2]
[{"$nulls":5},"Custo total de transporte",null,null,null,2.4272640000000002E-2]
[{"$nulls":4},"MO sem LS =>",14.2,"LS =>",-10.19,"MO com LS =>",4.0051920000000001]
[{"$nulls":4},"Valor do BDI =>",3.32,null,"Valor com BDI =>",null,17.52]
[]
[null,"Código","Banco","Descrição","Tipo",null,"Und","Quant.","Valor Unit","Total"]
["Composição"," 86934 ","SINAPI","BANCADA DE MÁRMORE SINTÉTICO 120 X 60CM, COM CUBA INTEGRADA, INCLUSO SIFÃO TIPO FLEXÍVEL EM PVC, VÁLVULA EM PLÁSTICO CROMADO TIPO AMERICANA E TORNEIRA CROMADA LONGA, DE PAREDE, PADRÃO POPULAR - FORNECIMENTO E INSTALAÇÃO. AF_01/2020","INHI - INSTALAÇÕES HIDROS SANITÁRIAS",null,"UN",1,502.84,502.84]
["Composição Auxiliar"," 86880 ","SINAPI","VÁLVULA EM PLÁSTICO CROMADO TIPO AMERICANA 3.1/2\" X 1.1/2\" SEM ADAPTADOR PARA PIA - FORNECIMENTO E INSTALAÇÃO. AF_01/2020","INHI - INSTALAÇÕES HIDROS SANITÁRIAS",null,"UN",1,30.41,30.41]
["Composição Auxiliar"," 86883 ","SINAPI","SIFÃO DO TIPO FLEXÍVEL EM PVC 1  X 1.1/2  - FORNECIMENTO E INSTALAÇÃO. AF_01/2020","INHI - INSTALAÇÕES HIDROS SANITÁRIAS",null,"UN",1,13.71,13.71]
["Composição Auxiliar"," 86911 ","SINAPI","TORNEIRA CROMADA LONGA, DE PAREDE, 1/2\" OU 3/4\", PARA PIA DE COZINHA, PADRÃO POPULAR - FORNECIMENTO E INSTALAÇÃO. AF_01/2020","INHI - INSTALAÇÕES HIDROS SANITÁRIAS",null,"UN",1,133.27000000000001,133.27000000000001]
["Composição Auxiliar"," 86894 ","SINAPI","BANCADA DE MÁRMORE SINTÉTICO, DE 120 X 60CM, COM CUBA INTEGRADA - FORNECIMENTO E INSTALAÇÃO. AF_01/2020","INHI - INSTALAÇÕES HIDROS SANITÁRIAS",null,"UN",1,325.45,325.45]
[{"$nulls":4},"MO sem LS =>",34.729999999999997,"LS =>",0,"MO com LS =>",34.729999999999997]
[{"$nulls":4},"Valor do BDI =>",117.56,null,"Valor com BDI =>",null,620.4]
[]
[null,"Código","Banco","Descrição","Tipo",null,"Und","Quant.","Valor Unit","Total"]
["Composição"," 86894 ","SINAPI","BANCADA DE MÁRMORE SINTÉTICO, DE 120 X 60CM, COM CUBA INTEGRADA - FORNECIMENTO E INSTALAÇÃO. AF_01/2020","INHI - INSTALAÇÕES HIDROS SANITÁRIAS",null,"UN",1,325.45,325.45]
["Composição Auxiliar"," 88267 ","SINAPI","ENCANADOR OU BOMBEIRO HIDRÁULICO COM ENCARGOS COMPLEMENTARES","SEDI - SERVIÇOS DIVERSOS",null,"H",0.82540000000000002,24.54,20.260000000000002]
["Composição Auxiliar"," 88316 ","SINAPI","SERVENTE COM ENCARGOS COMPLEMENTARES","SEDI - SERVIÇOS DIVERSOS",null,"H",0.63590000000000002,18.989999999999998,12.08]
["Insumo"," 00037591 ","SINAPI","SUPORTE MAO-FRANCESA EM ACO, ABAS IGUAIS 40 CM, CAPACIDADE MINIMA 70 KG, BRANCO","Material",null,"UN",2,20.27,40.54]
["Insumo"," 00004823 ","SINAPI","MASSA PLASTICA PARA MARMORE/GRANITO","Material",null,"KG",6.9199999999999998E-2,48.8,3.38]
["Insumo"," 00007568 ","SINAPI","BUCHA DE NYLON SEM ABA S10, COM PARAFUSO DE 6,10 X 65 MM EM ACO ZINCADO COM ROSCA SOBERBA, CABECA CHATA E FENDA PHILLIPS","Material",null,"UN",4,0.79,3.16]
["Insumo"," 00037329 ","SINAPI","REJUNTE EPOXI, QUALQUER COR","Material",null,"KG",9.3600000000000003E-2,123.67,11.58]
["Insumo"," 00000541 ","SINAPI","BANCADA DE MARMORE SINTETICO COM UMA CUBA, 120 X *60* CM","Material",null,"UN",1,234.45,234.45]
[{"$nulls":4},"MO sem LS =>",26.49,"LS =>",0,"MO com LS =>",26.49]
[{"$nulls":4},"Valor do BDI =>",76.09,null,"Valor com BDI =>",null,401.54]
[]
[null,"Código","Banco","Descrição","Tipo",null,"Und","Quant.","Valor Unit","Total"]
["Composição"," 88831 ","SINAPI","BETONEIRA CAPACIDADE NOMINAL DE 400 L, CAPACIDADE DE MISTURA 280 L, MOTOR ELÉTRICO TRIFÁSICO POTÊNCIA DE 2 CV, SEM CARREGADOR - CHI DIURNO. AF_05/2023","CHOR - CUSTOS HORÁRIOS DE MÁQUINAS E EQUIPAMENTOS",null,"CHI",1,0.42,0.42]
["Composição Auxiliar"," 88827 ","SINAPI","BETONEIRA CAPACIDADE NOMINAL DE 400 L, CAPACIDADE DE MISTURA 280 L, MOTOR ELÉTRICO TRIFÁSICO POTÊNCIA DE 2 CV, SEM CARREGADOR - JUROS. AF_05/2023","CHOR - CUSTOS HORÁRIOS DE MÁQUINAS E EQUIPAMENTOS",null,"H",1,0.08,0.08]
["Composição Auxiliar"," 88826 ","SINAPI","BETONEIRA CAPACIDADE NOMINAL DE 400 L, CAPACIDADE DE MISTURA 280 L, MOTOR ELÉTRICO TRIFÁSICO POTÊNCIA DE 2 CV, SEM CARREGADOR - DEPRECIAÇÃO. AF_05/2023","CHOR - CUSTOS HORÁRIOS DE MÁQUINAS E EQUIPAMENTOS",null,"H",1,0.34,0.34]
[{"$nulls":4},"MO sem LS =>",0,"LS =>",0,"MO com LS =>",0]
[{"$nulls":4},"Valor do BDI =>",0.1,null,"Valor com BDI =>",null,0.52]
[]
[null,"Código","Banco","Descrição","Tipo",null,"Und","Quant.","Valor Unit","Total"]
["Composição"," 88830 ","SINAPI","BETONEIRA CAPACIDADE NOMINAL DE 400 L, CAPACIDADE DE MISTURA 280 L, MOTOR ELÉTRICO TRIFÁSICO POTÊNCIA DE 2 CV, SEM CARREGADOR - CHP DIURNO. AF_05/2023","CHOR - CUSTOS HORÁRIOS DE MÁQUINAS E EQUIPAMENTOS",null,"CHP",1,1.96,1.96]
["Composição Auxiliar"," 88827 ","SINAPI","BETONEIRA CAPACIDADE NOMINAL DE 400 L, CAPACIDADE DE MISTURA 280 L, MOTOR ELÉTRICO TRIFÁSICO POTÊNCIA DE 2 CV, SEM CARREGADOR - JUROS. AF_05/2023","CHOR - CUSTOS HORÁRIOS DE MÁQUINAS E EQUIPAMENTOS",null,"H",1,0.08,0.08]
["Composição Auxiliar"," 88826 ","SINAPI","BETONEIRA CAPACIDADE NOMINAL DE 400 L, CAPACIDADE DE MISTURA 280 L, MOTOR ELÉTRICO TRIFÁSICO POTÊNCIA DE 2 CV, SEM CARREGADOR - DEPRECIAÇÃO. AF_05/2023","CHOR - CUSTOS HORÁRIOS DE MÁQUINAS E EQUIPAMENTOS",null,"H",1,0.34,0.34]
["Composição Auxiliar"," 88828 ","SINAPI","BETONEIRA CAPACIDADE NOMINAL DE 400 L, CAPACIDADE DE MISTURA 280 L, MOTOR ELÉTRICO TRIFÁSICO POTÊNCIA DE 2 CV, SEM CARREGADOR - MANUTENÇÃO. AF_05/2023","CHOR - CUSTOS HORÁRIOS DE MÁQUINAS E EQUIPAMENTOS",null,"H",1,0.4,0.4]
["Composição Auxiliar"," 88829 ","SINAPI","BETONEIRA CAPACIDADE NOMINAL DE 400 L, CAPACIDADE DE MISTURA 280 L, MOTOR ELÉTRICO TRIFÁSICO POTÊNCIA DE 2 CV, SEM CARREGADOR - MATERIAIS NA OPERAÇÃO. AF_05/2023","CHOR - CUSTOS HORÁRIOS DE MÁQUINAS E EQUIPAMENTOS",null,"H",1,1.1399999999999999,1.1399999999999999]
[{"$nulls":4},"MO sem LS =>",0,"LS =>",0,"MO com LS =>",0]
[{"$nulls":4},"Valor do BDI =>",0.46,null,"Valor com BDI =>",null,2.42]
[]
[null,"Código","Banco","Descrição","Tipo",null,"Und","Quant.","Valor Unit","Total"]
["Composição"," 88826 ","SINAPI","BETONEIRA CAPACIDADE NOMINAL DE 400 L, CAPACIDADE DE MISTURA 280 L, MOTOR ELÉTRICO TRIFÁSICO POTÊNCIA DE 2 CV, SEM CARREGADOR - DEPRECIAÇÃO. AF_05/2023","CHOR - CUSTOS HORÁRIOS DE MÁQUINAS E EQUIPAMENTOS",null,"H",1,0.34,0.34]
["Insumo"," 00010535 ","SINAPI","BETONEIRA CAPACIDADE NOMINAL 400 L, CAPACIDADE DE MISTURA 280 L, MOTOR ELETRICO TRIFASICO 220/380 V POTENCIA 2 CV, SEM CARREGADOR","Equipamento para Aquisição Permanente",null,"UN",6.0000000000000002E-5,5650,0.34]
[{"$nulls":4},"MO sem LS =>",0,"LS =>",0,"MO com LS =>",0]
[{"$nulls":4},"Valor do BDI =>",0.08,null,"Valor com BDI =>",null,0.42]
[]
[null,"Código","Banco","Descrição","Tipo",null,"Und","Quant.","Valor Unit","Total"]
["Composição"," 88827 ","SINAPI","BETONEIRA CAPACIDADE NOMINAL DE 400 L, CAPACIDADE DE MISTURA 280 L, MOTOR ELÉTRICO TRIFÁSICO POTÊNCIA DE 2 CV, SEM CARREGADOR - JUROS. AF_05/2023","CHOR - CUSTOS HORÁRIOS DE MÁQUINAS E EQUIPAMENTOS",null,"H",1,0.08,0.08]
["Insumo"," 00010535 ","SINAPI","BETONEIRA CAPACIDADE NOMINAL 400 L, CAPACIDADE DE MISTURA 280 L, MOTOR ELETRICO TRIFASICO 220/380 V POTENCIA 2 CV, SEM CARREGADOR","Equipamento para Aquisição Permanente",null,"UN",1.4800000000000001E-5,5650,0.08]
[{"$nulls":4},"MO sem LS =>",0,"LS =>",0,"MO com LS =>",0]
[{"$nulls":4},"Valor do BDI =>",0.02,null,"Valor com BDI =>",null,0.1]
[]
[null,"Código","Banco","Descrição","Tipo",null,"Und","Quant.","Valor Unit","Total"]
["Composição"," 88828 ","SINAPI","BETONEIRA CAPACIDADE NOMINAL DE 400 L, CAPACIDADE DE MISTURA 280 L, MOTOR ELÉTRICO TRIFÁSICO POTÊNCIA DE 2 CV, SEM CARREGADOR - MANUTENÇÃO. AF_05/2023","CHOR - CUSTOS HORÁRIOS DE MÁQUINAS E EQUIPAMENTOS",null,"H",1,0.4,0.4]
["Insumo"," 00010535 ","SINAPI","BETONEIRA CAPACIDADE NOMINAL 400 L, CAPACIDADE DE MISTURA 280 L, MOTOR ELETRICO TRIFASICO 220/380 V POTENCIA 2 CV, SEM CARREGADOR","Equipamento para Aquisição Permanente",null,"UN",6.9999999999999994E-5,5650,0.4]
[{"$nulls":4},"MO sem LS =>",0,"LS =>",0,"MO com LS =>",0]
[{"$nulls":4},"Valor do BDI =>",0.09,null,"Valor com BDI =>",null,0.49]
[]
[null,"Código","Banco","Descrição","Tipo",null,"Und","Quant.","Valor Unit","Total"]
["Composição"," 88829 ","SINAPI","BETONEIRA CAPACIDADE NOMINAL DE 400 L, CAPACIDADE DE MISTURA 280 L, MOTOR ELÉTRICO TRIFÁSICO POTÊNCIA DE 2 CV, SEM CARREGADOR - MATERIAIS NA OPERAÇÃO. AF_05/2023","CHOR - CUSTOS HORÁRIOS DE MÁQUINAS E EQUIPAMENTOS",null,"H",1,1.1399999999999999,1.1399999999999999]
["Insumo"," 00002705 ","SINAPI","ENERGIA ELETRICA ATE 2000 KWH INDUSTRIAL, SEM DEMANDA","Franquia",null,"KWH",1.2512000000000001,0.91,1.1399999999999999]
[{"$nulls":4},"MO sem LS =>",0,"LS =>",0,"MO com LS =>",0]
[{"$nulls":4},"Valor do BDI =>",0.27,null,"Valor com BDI =>",null,1.41]
[]
[null,"Código","Banco","Descrição","Tipo",null,"Und","Quant.","Valor Unit","Total"]
["Composição"," 89226 ","SINAPI","BETONEIRA CAPACIDADE NOMINAL DE 600 L, CAPACIDADE DE MISTURA 360 L, MOTOR ELÉTRICO TRIFÁSICO POTÊNCIA DE 4 CV, SEM CARREGADOR - CHI DIURNO. AF_05/2023","CHOR - CUSTOS HORÁRIOS DE MÁQUINAS E EQUIPAMENTOS",null,"CHI",1,1.72,1.72]
["Composição Auxiliar"," 89222 ","SINAPI","BETONEIRA CAPACIDADE NOMINAL DE 600 L, CAPACIDADE DE MISTURA 360 L, MOTOR ELÉTRICO TRIFÁSICO POTÊNCIA DE 4 CV, SEM CARREGADOR - JUROS. AF_05/2023","CHOR - CUSTOS HORÁRIOS DE MÁQUINAS E EQUIPAMENTOS",null,"H",1,0.34,0.34]
["Composição Auxiliar"," 89221 ","SINAPI","BETONEIRA CAPACIDADE NOMINAL DE 600 L, CAPACIDADE DE MISTURA 360 L, MOTOR ELÉTRICO TRIFÁSICO POTÊNCIA DE 4 CV, SEM CARREGADOR - DEPRECIAÇÃO. AF_05/2023","CHOR - CUSTOS HORÁRIOS DE MÁQUINAS E EQUIPAMENTOS",null,"H",1,1.38,1.38]
[{"$nulls":4},"MO sem LS =>",0,"LS =>",0,"MO com LS =>",0]
[{"$nulls":4},"Valor do BDI =>",0.4,null,"Valor com BDI =>",null,2.12]
[]
[null,"Código","Banco","Descrição","Tipo",null,"Und","Quant.","Valor Unit","Total"]
["Composição"," 89225 ","SINAPI","BETONEIRA CAPACIDADE NOMINAL DE 600 L, CAPACIDADE DE MISTURA 360 L, MOTOR ELÉTRICO TRIFÁSICO POTÊNCIA DE 4 CV, SEM CARREGADOR - CHP DIURNO. AF_05/2023","CHOR - CUSTOS HORÁRIOS DE MÁQUINAS E EQUIPAMENTOS",null,"CHP",1,5.61,5.61]
["Composição Auxiliar"," 89222 ","SINAPI","BETONEIRA CAPACIDADE NOMINAL DE 600 L, CAPACIDADE DE MISTURA 360 L, MOTOR ELÉTRICO TRIFÁSICO POTÊNCIA DE 4 CV, SEM CARREGADOR - JUROS. AF_05/2023","CHOR - CUSTOS HORÁRIOS DE MÁQUINAS E EQUIPAMENTOS",null,"H",1,0.34,0.34]
["Composição Auxiliar"," 89221 ","SINAPI","BETONEIRA CAPACIDADE NOMINAL DE 600 L, CAPACIDADE DE MISTURA 360 L, MOTOR ELÉTRICO TRIFÁSICO POTÊNCIA DE 4 CV, SEM CARREGADOR - DEPRECIAÇÃO. AF_05/2023","CHOR - CUSTOS HORÁRIOS DE MÁQUINAS E EQUIPAMENTOS",null,"H",1,1.38,1.38]
["Composição Auxiliar"," 89224 ","SINAPI","BETONEIRA CAPACIDADE NOMINAL DE 600 L, CAPACIDADE DE MISTURA 360 L, MOTOR ELÉTRICO TRIFÁSICO POTÊNCIA DE 4 CV, SEM CARREGADOR - MATERIAIS NA OPERAÇÃO. AF_05/2023","CHOR - CUSTOS HORÁRIOS DE MÁQUINAS E EQUIPAMENTOS",null,"H",1,2.2799999999999998,2.2799999999999998]
["Composição Auxiliar"," 89223 ","SINAPI","BETONEIRA CAPACIDADE NOMINAL DE 600 L, CAPACIDADE DE MISTURA 360 L, MOTOR ELÉTRICO TRIFÁSICO POTÊNCIA DE 4 CV, SEM CARREGADOR - MANUTENÇÃO. AF_05/2023","CHOR - CUSTOS HORÁRIOS DE MÁQUINAS E EQUIPAMENTOS",null,"H",1,1.61,1.61]
[{"$nulls":4},"MO sem LS =>",0,"LS =>",0,"MO com LS =>",0]
[{"$nulls":4},"Valor do BDI =>",1.31,null,"Valor com BDI =>",null,6.92]
[]
[null,"Código","Banco","Descrição","Tipo",null,"Und","Quant.","Valor Unit","Total"]
["Composição"," 89221 ","SINAPI","BETONEIRA CAPACIDADE NOMINAL DE 600 L, CAPACIDADE DE MISTURA 360 L, MOTOR ELÉTRICO TRIFÁSICO POTÊNCIA DE 4 CV, SEM CARREGADOR - DEPRECIAÇÃO. AF_05/2023","CHOR - CUSTOS HORÁRIOS DE MÁQUINAS E EQUIPAMENTOS",null,"H",1,1.38,1.38]
["Insumo"," 00036397 ","SINAPI","BETONEIRA, CAPACIDADE NOMINAL 600 L, CAPACIDADE DE MISTURA 360L, MOTOR ELETRICO TRIFASICO 220/380V, POTENCIA 4CV, EXCLUSO CARREGADOR","Equipamento para Aquisição Permanente",null,"UN",6.0000000000000002E-5,22983.05,1.38]
[{"$nulls":4},"MO sem LS =>",0,"LS =>",0,"MO com LS =>",0]
[{"$nulls":4},"Valor do BDI =>",0.32,null,"Valor com BDI =>",null,1.7]
[]
[null,"Código","Banco","Descrição","Tipo",null,"Und","Quant.","Valor Unit","Total"]
["Composição"," 89222 ","SINAPI","BETONEIRA CAPACIDADE NOMINAL DE 600 L, CAPACIDADE DE MISTURA 360 L, MOTOR ELÉTRICO TRIFÁSICO POTÊNCIA DE 4 CV, SEM CARREGADOR - JUROS. AF_05/2023","CHOR - CUSTOS HORÁRIOS DE MÁQUINAS E EQUIPAMENTOS",null,"H",1,0.34,0.34]
["Insumo"," 00036397 ","SINAPI","BETONEIRA, CAPACIDADE NOMINAL 600 L, CAPACIDADE DE MISTURA 360L, MOTOR ELETRICO TRIFASICO 220/380V, POTENCIA 4CV, EXCLUSO CARREGADOR","Equipamento para Aquisição Permanente",null,"UN",1.4800000000000001E-5,22983.05,0.34]
[{"$nulls":4},"MO sem LS =>",0,"LS =>",0,"MO com LS =>",0]
[{"$nulls":4},"Valor do BDI =>",0.08,null,"Valor com BDI =>",null,0.42]
[]
[null,"Código","Banco","Descrição","Tipo",null,"Und","Quant.","Valor Unit","Total"]
["Composição"," 89223 ","SINAPI","BETONEIRA CAPACIDADE NOMINAL DE 600 L, CAPACIDADE DE MISTURA 360 L, MOTOR ELÉTRICO TRIFÁSICO POTÊNCIA DE 4 CV, SEM CARREGADOR - MANUTENÇÃO. AF_05/2023","CHOR - CUSTOS HORÁRIOS DE MÁQUINAS E EQUIPAMENTOS",null,"H",1,1.61,1.61]
["Insumo"," 00036397 ","SINAPI","BETONEIRA, CAPACIDADE NOMINAL 600 L, CAPACIDADE DE MISTURA 360L, MOTOR ELETRICO TRIFASICO 220/380V, POTENCIA 4CV, EXCLUSO CARREGADOR","Equipamento para Aquisição Permanente",null,"UN",6.9999999999999994E-5,22983.05,1.61]
[{"$nulls":4},"MO sem LS =>",0,"LS =>",0,"MO com LS =>",0]
[{"$nulls":4},"Valor do BDI =>",0.38,null,"Valor com BDI =>",null,1.99]
[]
[null,"Código","Banco","Descrição","Tipo",null,"Und","Quant.","Valor Unit","Total"]
["Composição"," 89224 ","SINAPI","BETONEIRA CAPACIDADE NOMINAL DE 600 L, CAPACIDADE DE MISTURA 360 L, MOTOR ELÉTRICO TRIFÁSICO POTÊNCIA DE 4 CV, SEM CARREGADOR - MATERIAIS NA OPERAÇÃO. AF_05/2023","CHOR - CUSTOS HORÁRIOS DE MÁQUINAS E EQUIPAMENTOS",null,"H",1,2.2799999999999998,2.2799999999999998]
["Insumo"," 00002705 ","SINAPI","ENERGIA ELETRICA ATE 2000 KWH INDUSTRIAL, SEM DEMANDA","Franquia",null,"KWH",2.5023900000000001,0.91,2.2799999999999998]
[{"$nulls":4},"MO sem LS =>",0,"LS =>",0,"MO com LS =>",0]
[{"$nulls":4},"Valor do BDI =>",0.53,null,"Valor com BDI =>",null,2.81]
[]
[null,"Código","Banco","Descrição","Tipo",null,"Und","Quant.","Valor Unit","Total"]
["Composição"," 91924 ","SINAPI","CABO DE COBRE FLEXÍVEL ISOLADO, 1,5 MM², ANTI-CHAMA 450/750 V, PARA CIRCUITOS TERMINAIS - FORNECIMENTO E INSTALAÇÃO. AF_03/2023","INEL - INSTALAÇÃO ELÉTRICA/ELETRIFICAÇÃO E ILUMINAÇÃO EXTERNA",null,"M",1,3.36,3.36]
["Composição Auxiliar"," 88247 ","SINAPI","AUXILIAR DE ELETRICISTA COM ENCARGOS COMPLEMENTARES","SEDI - SERVIÇOS DIVERSOS",null,"H",2.3E-2,21.44,0.49]
["Composição Auxiliar"," 88264 ","SINAPI","ELETRICISTA COM ENCARGOS COMPLEMENTARES","SEDI - SERVIÇOS DIVERSOS",null,"H",2.3E-2,27.9,0.64]
["Insumo"," 00001013 ","SINAPI","CABO DE COBRE, FLEXIVEL, CLASSE 4 OU 5, ISOLACAO EM PVC/A, ANTICHAMA BWF-B, 1 CONDUTOR, 450/750 V, SECAO NOMINAL 1,5 MM2","Material",null,"M",1.2434000000000001,1.71,2.13]
["Insumo"," 00021127 ","SINAPI","FITA ISOLANTE ADESIVA ANTICHAMA, USO ATE 750 V, EM ROLO DE 19 MM X 5 M","Material",null,"UN",9.4000000000000004E-3,10.65,0.1]
[{"$nulls":4},"MO sem LS =>",0.93,"LS =>",0,"MO com LS =>",0.93]
[{"$nulls":4},"Valor do BDI =>",0.79,null,"Valor com BDI =>",null,4.1500000000000004]
[]
[null,"Código","Banco","Descrição","Tipo",null,"Und","Quant.","Valor Unit","Total"]
["Composição"," 91933 ","SINAPI","CABO DE COBRE FLEXÍVEL ISOLADO, 10 MM², ANTI-CHAMA 0,6/1,0 KV, PARA CIRCUITOS TERMINAIS - FORNECIMENTO E INSTALAÇÃO. AF_03/2023","INEL - INSTALAÇÃO ELÉTRICA/ELETRIFICAÇÃO E ILUMINAÇÃO EXTERNA",null,"M",1,18.510000000000002,18.510000000000002]
["Composição Auxiliar"," 88247 ","SINAPI","AUXILIAR DE ELETRICISTA COM ENCARGOS COMPLEMENTARES","SEDI - SERVIÇOS DIVERSOS",null,"H",7.5999999999999998E-2,21.44,1.63]
["Composição Auxiliar"," 88264 ","SINAPI","ELETRICISTA COM ENCARGOS COMPLEMENTARES","SEDI - SERVIÇOS DIVERSOS",null,"H",7.5999999999999998E-2,27.9,2.12]
["Insumo"," 00021127 ","SINAPI","FITA ISOLANTE ADESIVA ANTICHAMA, USO ATE 750 V, EM ROLO DE 19 MM X 5 M","Material",null,"UN",9.4000000000000004E-3,10.65,0.1]
["Insumo"," 00001020 ","SINAPI","CABO DE COBRE, FLEXIVEL, CLASSE 4 OU 5, ISOLACAO EM PVC/A, ANTICHAMA BWF-B, COBERTURA PVC-ST1, ANTICHAMA BWF-B, 1 CONDUTOR, 0,6/1 KV, SECAO NOMINAL 10 MM2","Material",null,"M",1.2434000000000001,11.79,14.66]
[{"$nulls":4},"MO sem LS =>",3.07,"LS =>",0,"MO com LS =>",3.07]
[{"$nulls":4},"Valor do BDI =>",4.33,null,"Valor com BDI =>",null,22.84]
[]
[null,"Código","Banco","Descrição","Tipo",null,"Und","Quant.","Valor Unit","Total"]
["Composição"," 92981 ","SINAPI","CABO DE COBRE FLEXÍVEL ISOLADO, 16 MM², ANTI-CHAMA 450/750 V, PARA DISTRIBUIÇÃO - FORNECIMENTO E INSTALAÇÃO. AF_10/2020","INEL - INSTALAÇÃO ELÉTRICA/ELETRIFICAÇÃO E ILUMINAÇÃO EXTERNA",null,"M",1,18.89,18.89]
["Composição Auxiliar"," 88264 ","SINAPI","ELETRICISTA COM ENCARGOS COMPLEMENTARES","SEDI - SERVIÇOS DIVERSOS",null,"H",1.2999999999999999E-2,27.9,0.36]
["Composição Auxiliar"," 88247 ","SINAPI","AUXILIAR DE ELETRICISTA COM ENCARGOS COMPLEMENTARES","SEDI - SERVIÇOS DIVERSOS",null,"H",1.2999999999999999E-2,21.44,0.28000000000000003]
["Insumo"," 00000979 ","SINAPI","CABO DE COBRE, FLEXIVEL, CLASSE 4 OU 5, ISOLACAO EM PVC/A, ANTICHAMA BWF-B, 1 CONDUTOR, 450/750 V, SECAO NOMINAL 16 MM2","Material",null,"M",1.0269999999999999,17.66,18.14]
["Insumo"," 00021127 ","SINAPI","FITA ISOLANTE ADESIVA ANTICHAMA, USO ATE 750 V, EM ROLO DE 19 MM X 5 M","Material",null,"UN",0.01,10.65,0.11]
[{"$nulls":4},"MO sem LS =>",0.53,"LS =>",0,"MO com LS =>",0.53]
[{"$nulls":4},"Valor do BDI =>",4.42,null,"Valor com BDI =>",null,23.31]
[]
[null,"Código","Banco","Descrição","Tipo",null,"Und","Quant.","Valor Unit","Total"]
["Composição"," 91926 ","SINAPI","CABO DE COBRE FLEXÍVEL ISOLADO, 2,5 MM², ANTI-CHAMA 450/750 V, PARA CIRCUITOS TERMINAIS - FORNECIMENTO E INSTALAÇÃO. AF_03/2023","INEL - INSTALAÇÃO ELÉTRICA/ELETRIFICAÇÃO E ILUMINAÇÃO EXTERNA",null,"M",1,4.9000000000000004,4.9000000000000004]
["Composição Auxiliar"," 88247 ","SINAPI","AUXILIAR DE ELETRICISTA COM ENCARGOS COMPLEMENTARES","SEDI - SERVIÇOS DIVERSOS",null,"H",2.9000000000000001E-2,21.44,0.62]
["Composição Auxiliar"," 88264 ","SINAPI","ELETRICISTA COM ENCARGOS COMPLEMENTARES","SEDI - SERVIÇOS DIVERSOS",null,"H",2.9000000000000001E-2,27.9,0.81]
["Insumo"," 00021127 ","SINAPI","FITA ISOLANTE ADESIVA ANTICHAMA, USO ATE 750 V, EM ROLO DE 19 MM X 5 M","Material",null,"UN",9.4000000000000004E-3,10.65,0.1]
["Insumo"," 00001014 ","SINAPI","CABO DE COBRE, FLEXIVEL, CLASSE 4 OU 5, ISOLACAO EM PVC/A, ANTICHAMA BWF-B, 1 CONDUTOR, 450/750 V, SECAO NOMINAL 2,5 MM2","Material",null,"M",1.2434000000000001,2.71,3.37]
[{"$nulls":4},"MO sem LS =>",1.17,"LS =>",0,"MO com LS =>",1.17]
[{"$nulls":4},"Valor do BDI =>",1.1499999999999999,null,"Valor com BDI =>",null,6.05]
[]
[null,"Código","Banco","Descrição","Tipo",null,"Und","Quant.","Valor Unit","Total"]
["Composição"," 91928 ","SINAPI","CABO DE COBRE FLEXÍVEL ISOLADO, 4 MM², ANTI-CHAMA 450/750 V, PARA CIRCUITOS TERMINAIS - FORNECIMENTO E INSTALAÇÃO. AF_03/2023","INEL - INSTALAÇÃO ELÉTRICA/ELETRIFICAÇÃO E ILUMINAÇÃO EXTERNA",null,"M",1,7.63,7.63]
["Composição Auxiliar"," 88264 ","SINAPI","ELETRICISTA COM ENCARGOS COMPLEMENTARES","SEDI - SERVIÇOS DIVERSOS",null,"H",3.9E-2,27.9,1.0900000000000001]
["Composição Auxiliar"," 88247 ","SINAPI","AUXILIAR DE ELETRICISTA COM ENCARGOS COMPLEMENTARES","SEDI - SERVIÇOS DIVERSOS",null,"H",3.9E-2,21.44,0.84]
["Insumo"," 00000981 ","SINAPI","CABO DE COBRE, FLEXIVEL, CLASSE 4 OU 5, ISOLACAO EM PVC/A, ANTICHAMA BWF-B, 1 CONDUTOR, 450/750 V, SECAO NOMINAL 4 MM2","Material",null,"M",1.2434000000000001,4.5,5.6]
["Insumo"," 00021127 ","SINAPI","FITA ISOLANTE ADESIVA ANTICHAMA, USO ATE 750 V, EM ROLO DE 19 MM X 5 M","Material",null,"UN",9.4000000000000004E-3,10.65,0.1]
[{"$nulls":4},"MO sem LS =>",1.58,"LS =>",0,"MO com LS =>",1.58]
[{"$nulls":4},"Valor do BDI =>",1.78,null,"Valor com BDI =>",null,9.41]
[]
[null,"Código","Banco","Descrição","Tipo",null,"Und","Quant.","Valor Unit","Total"]
["Composição"," 98102 ","SINAPI","CAIXA DE GORDURA SIMPLES, CIRCULAR, EM CONCRETO PRÉ-MOLDADO, DIÂMETRO INTERNO = 0,4 M, ALTURA INTERNA = 0,4 M. AF_12/2020","INHI - INSTALAÇÕES HIDROS SANITÁRIAS",null,"UN",1,172.14,172.14]
["Composição Auxiliar"," 88316 ","SINAPI","SERVENTE COM ENCARGOS COMPLEMENTARES","SEDI - SERVIÇOS DIVERSOS",null,"H",3.2599999999999997E-2,18.989999999999998,0.62]
["Composição Auxiliar"," 5678 ","SINAPI","RETROESCAVADEIRA SOBRE RODAS COM CARREGADEIRA, TRAÇÃO 4X4, POTÊNCIA LÍQ. 88 HP, CAÇAMBA CARREG. CAP. MÍN. 1 M3, CAÇAMBA RETRO CAP. 0,26 M3, PESO OPERACIONAL MÍN. 6.674 KG, PROFUNDIDADE ESCAVAÇÃO MÁX. 4,37 M - CHP DIURNO. AF_06/2014","CHOR - CUSTOS HORÁRIOS DE MÁQUINAS E EQUIPAMENTOS",null,"CHP",1.55E-2,142.62,2.21]
["Composição Auxiliar"," 88309 ","SINAPI","PEDREIRO COM ENCARGOS COMPLEMENTARES","SEDI - SERVIÇOS DIVERSOS",null,"H",4.1500000000000002E-2,25.31,1.05]
["Composição Auxiliar"," 5679 ","SINAPI","RETROESCAVADEIRA SOBRE RODAS COM CARREGADEIRA, TRAÇÃO 4X4, POTÊNCIA LÍQ. 88 HP, CAÇAMBA CARREG. CAP. MÍN. 1 M3, CAÇAMBA RETRO CAP. 0,26 M3, PESO OPERACIONAL MÍN. 6.674 KG, PROFUNDIDADE ESCAVAÇÃO MÁX. 4,37 M - CHI DIURNO. AF_06/2014","CHOR - CUSTOS HORÁRIOS DE MÁQUINAS E EQUIPAMENTOS",null,"CHI",3.15E-2,56.45,1.78]
["Composição Auxiliar"," 101618 ","SINAPI","PREPARO DE FUNDO DE VALA COM LARGURA MENOR QUE 1,5 M, COM CAMADA DE AREIA, LANÇAMENTO MANUAL. AF_08/2020","MOVT - MOVIMENTO DE TERRA",null,"m³",1.9199999999999998E-2,279.08999999999997,5.36]
["Insumo"," 00011881 ","SINAPI","CAIXA DE GORDURA CILINDRICA EM CONCRETO SIMPLES, PRE-MOLDADA, COM DIAMETRO DE 40 CM E ALTURA DE 45 CM, COM TAMPA","Material",null,"UN",1,161.12,161.12]
[{"$nulls":4},"MO sem LS =>",4.1500000000000004,"LS =>",0,"MO com LS =>",4.1500000000000004]
[{"$nulls":4},"Valor do BDI =>",40.25,null,"Valor com BDI =>",null,212.39]
[]
[null,"Código","Banco","Descrição","Tipo",null,"Und","Quant.","Valor Unit","Total"]
["Composição"," 97886 ","SINAPI","CAIXA ENTERRADA ELÉTRICA RETANGULAR, EM ALVENARIA COM TIJOLOS CERÂMICOS MACIÇOS, FUNDO COM BRITA, DIMENSÕES INTERNAS: 0,3X0,3X0,3 M. AF_12/2020","INEL - INSTALAÇÃO ELÉTRICA/ELETRIFICAÇÃO E ILUMINAÇÃO EXTERNA",null,"UN",1,184.67,184.67]
["Composição Auxiliar"," 88316 ","SINAPI","SERVENTE COM ENCARGOS COMPLEMENTARES","SEDI - SERVIÇOS DIVERSOS",null,"H",0.99670000000000003,18.989999999999998,18.93]
["Composição Auxiliar"," 88309 ","SINAPI","PEDREIRO COM ENCARGOS COMPLEMENTARES","SEDI - SERVIÇOS DIVERSOS",null,"H",1.2685999999999999,25.31,32.11]
["Composição Auxiliar"," 100475 ","SINAPI","ARGAMASSA TRAÇO 1:3 (EM VOLUME DE CIMENTO E AREIA MÉDIA ÚMIDA) COM ADIÇÃO DE IMPERMEABILIZANTE, PREPARO MECÂNICO COM BETONEIRA 400 L. AF_08/2019","SEDI - SERVIÇOS DIVERSOS",null,"m³",2.7799999999999998E-2,962.06,26.75]
["Composição Auxiliar"," 87316 ","SINAPI","ARGAMASSA TRAÇO 1:4 (EM VOLUME DE CIMENTO E AREIA GROSSA ÚMIDA) PARA CHAPISCO CONVENCIONAL, PREPARO MECÂNICO COM BETONEIRA 400 L. AF_08/2019","SEDI - SERVIÇOS DIVERSOS",null,"m³",3.8999999999999998E-3,604.84,2.36]
["Composição Auxiliar"," 97734 ","SINAPI","PEÇA RETANGULAR PRÉ-MOLDADA, VOLUME DE CONCRETO DE 10 A 30 LITROS, TAXA DE AÇO APROXIMADA DE 30KG/M³. AF_03/2024","FUES - FUNDAÇÕES E ESTRUTURAS",null,"m³",1.7500000000000002E-2,3107.14,54.37]
["Composição Auxiliar"," 101619 ","SINAPI","PREPARO DE FUNDO DE VALA COM LARGURA MENOR QUE 1,5 M, COM CAMADA DE BRITA, LANÇAMENTO MANUAL. AF_08/2020","MOVT - MOVIMENTO DE TERRA",null,"m³",3.5999999999999997E-2,543.75,19.579999999999998]
["Insumo"," 00007258 ","SINAPI","TIJOLO CERAMICO MACICO COMUM DE *5 X 10 X 20* CM (L X A X C)","Material",null,"UN",38.691000000000003,0.79,30.57]
[{"$nulls":4},"MO sem LS =>",72.739999999999995,"LS =>",0,"MO com LS =>",72.739999999999995]
[{"$nulls":4},"Valor do BDI =>",43.18,null,"Valor com BDI =>",null,227.85]
[]
[null,"Código","Banco","Descrição","Tipo",null,"Und","Quant.","Valor Unit","Total"]
["Composição"," 97906 ","SINAPI","CAIXA ENTERRADA HIDRÁULICA RETANGULAR, EM ALVENARIA COM BLOCOS DE CONCRETO, DIMENSÕES INTERNAS: 0,6X0,6X0,6 M PARA REDE DE ESGOTO. AF_12/2020","INHI - INSTALAÇÕES HIDROS SANITÁRIAS",null,"UN",1,479.91,479.91]
["Composição Auxiliar"," 88316 ","SINAPI","SERVENTE COM ENCARGOS COMPLEMENTARES","SEDI - SERVIÇOS DIVERSOS",null,"H",2.8037999999999998,18.989999999999998,53.24]
["Composição Auxiliar"," 94970 ","SINAPI","CONCRETO FCK = 20MPA, TRAÇO 1:2,7:3 (EM MASSA SECA DE CIMENTO/ AREIA MÉDIA/ BRITA 1) - PREPARO MECÂNICO COM BETONEIRA 600 L. AF_05/2021","FUES - FUNDAÇÕES E ESTRUTURAS",null,"m³",7.4399999999999994E-2,710.53,52.86]
["Composição Auxiliar"," 5679 ","SINAPI","RETROESCAVADEIRA SOBRE RODAS COM CARREGADEIRA, TRAÇÃO 4X4, POTÊNCIA LÍQ. 88 HP, CAÇAMBA CARREG. CAP. MÍN. 1 M3, CAÇAMBA RETRO CAP. 0,26 M3, PESO OPERACIONAL MÍN. 6.674 KG, PROFUNDIDADE ESCAVAÇÃO MÁX. 4,37 M - CHI DIURNO. AF_06/2014","CHOR - CUSTOS HORÁRIOS DE MÁQUINAS E EQUIPAMENTOS",null,"CHI",1.78E-2,56.45,1]
["Composição Auxiliar"," 88309 ","SINAPI","PEDREIRO COM ENCARGOS COMPLEMENTARES","SEDI - SERVIÇOS DIVERSOS",null,"H",3.5684,25.31,90.32]
["Composição Auxiliar"," 5678 ","SINAPI","RETROESCAVADEIRA SOBRE RODAS COM CARREGADEIRA, TRAÇÃO 4X4, POTÊNCIA LÍQ. 88 HP, CAÇAMBA CARREG. CAP. MÍN. 1 M3, CAÇAMBA RETRO CAP. 0,26 M3, PESO OPERACIONAL MÍN. 6.674 KG, PROFUNDIDADE ESCAVAÇÃO MÁX. 4,37 M - CHP DIURNO. AF_06/2014","CHOR - CUSTOS HORÁRIOS DE MÁQUINAS E EQUIPAMENTOS",null,"CHP",8.6999999999999994E-3,142.62,1.24]
["Composição Auxiliar"," 97735 ","SINAPI","PEÇA RETANGULAR PRÉ-MOLDADA, VOLUME DE CONCRETO DE 30 A 100 LITROS, TAXA DE AÇO APROXIMADA DE 30KG/M³. AF_03/2024","FUES - FUNDAÇÕES E ESTRUTURAS",null,"m³",4.48E-2,2628.15,117.74]
["Composição Auxiliar"," 87316 ","SINAPI","ARGAMASSA TRAÇO 1:4 (EM VOLUME DE CIMENTO E AREIA GROSSA ÚMIDA) PARA CHAPISCO CONVENCIONAL, PREPARO MECÂNICO COM BETONEIRA 400 L. AF_08/2019","SEDI - SERVIÇOS DIVERSOS",null,"m³",1.4800000000000001E-2,604.84,8.9499999999999993]
["Composição Auxiliar"," 101616 ","SINAPI","PREPARO DE FUNDO DE VALA COM LARGURA MENOR QUE 1,5 M (ACERTO DO SOLO NATURAL). AF_08/2020","MOVT - MOVIMENTO DE TERRA",null,"m²",0.81,5.77,4.67]
["Composição Auxiliar"," 100475 ","SINAPI","ARGAMASSA TRAÇO 1:3 (EM VOLUME DE CIMENTO E AREIA MÉDIA ÚMIDA) COM ADIÇÃO DE IMPERMEABILIZANTE, PREPARO MECÂNICO COM BETONEIRA 400 L. AF_08/2019","SEDI - SERVIÇOS DIVERSOS",null,"m³",7.2800000000000004E-2,962.06,70.040000000000006]
["Insumo"," 00002692 ","SINAPI","DESMOLDANTE PROTETOR PARA FORMAS DE MADEIRA, DE BASE OLEOSA EMULSIONADA EM AGUA","Material",null,"L",5.4000000000000003E-3,10.76,0.06]
["Insumo"," 00006193 ","SINAPI","TABUA NAO APARELHADA *2,5 X 20* CM, EM MACARANDUBA/MASSARANDUBA, ANGELIM OU EQUIVALENTE DA REGIAO - BRUTA","Material",null,"M",0.44159999999999999,11.78,5.2]
["Insumo"," 00004517 ","SINAPI","SARRAFO *2,5 X 7,5* CM EM PINUS, MISTA OU EQUIVALENTE DA REGIAO - BRUTA","Material",null,"M",0.14080000000000001,3.57,0.5]
["Insumo"," 00005069 ","SINAPI","PREGO DE ACO POLIDO COM CABECA 17 X 27 (2 1/2 X 11)","Material",null,"KG",1.2500000000000001E-2,16.59,0.21]
["Insumo"," 00004491 ","SINAPI","PONTALETE *7,5 X 7,5* CM EM PINUS, MISTA OU EQUIVALENTE DA REGIAO - BRUTA","Material",null,"M",0.11840000000000001,10.220000000000001,1.21]
["Insumo"," 00000650 ","SINAPI","BLOCO DE VEDACAO DE CONCRETO, 9 X 19 X 39 CM (CLASSE C - NBR 6136)","Material",null,"UN",20.761500000000002,3.5,72.67]
[{"$nulls":4},"MO sem LS =>",177.91,"LS =>",0,"MO com LS =>",177.91]
[{"$nulls":4},"Valor do BDI =>",112.2,null,"Valor com BDI =>",null,592.11]
[]
[null,"Código","Banco","Descrição","Tipo",null,"Und","Quant.","Valor Unit","Total"]
["Composição"," 91937 ","SINAPI","CAIXA OCTOGONAL 3\" X 3\", PVC, INSTALADA EM LAJE - FORNECIMENTO E INSTALAÇÃO. AF_03/2023","INEL - INSTALAÇÃO ELÉTRICA/ELETRIFICAÇÃO E ILUMINAÇÃO EXTERNA",null,"UN",1,15.64,15.64]
["Composição Auxiliar"," 88247 ","SINAPI","AUXILIAR DE ELETRICISTA COM ENCARGOS COMPLEMENTARES","SEDI - SERVIÇOS DIVERSOS",null,"H",0.222,21.44,4.76]
["Composição Auxiliar"," 88264 ","SINAPI","ELETRICISTA COM ENCARGOS COMPLEMENTARES","SEDI - SERVIÇOS DIVERSOS",null,"H",0.222,27.9,6.19]
["Insumo"," 00001871 ","SINAPI","CAIXA OCTOGONAL DE FUNDO MOVEL, EM PVC, DE 3\" X 3\", PARA ELETRODUTO FLEXIVEL CORRUGADO","Material",null,"UN",1,4.6900000000000004,4.6900000000000004]
[{"$nulls":4},"MO sem LS =>",8.99,"LS =>",0,"MO com LS =>",8.99]
[{"$nulls":4},"Valor do BDI =>",3.66,null,"Valor com BDI =>",null,19.3]
[]
[null,"Código","Banco","Descrição","Tipo",null,"Und","Quant.","Valor Unit","Total"]
["Composição"," 89884 ","SINAPI","CAMINHÃO BASCULANTE 18 M3, COM CAVALO MECÂNICO DE CAPACIDADE MÁXIMA DE TRAÇÃO COMBINADO DE 45000 KG, POTÊNCIA 330 CV, INCLUSIVE SEMIREBOQUE COM CAÇAMBA METÁLICA - CHI DIURNO. AF_12/2014","CHOR - CUSTOS HORÁRIOS DE MÁQUINAS E EQUIPAMENTOS",null,"CHI",1,87.27,87.27]
["Composição Auxiliar"," 88281 ","SINAPI","MOTORISTA DE BASCULANTE COM ENCARGOS COMPLEMENTARES","SEDI - SERVIÇOS DIVERSOS",null,"H",1,24.54,24.54]
["Composição Auxiliar"," 89880 ","SINAPI","CAMINHÃO BASCULANTE 18 M3, COM CAVALO MECÂNICO DE CAPACIDADE MÁXIMA DE TRAÇÃO COMBINADO DE 45000 KG, POTÊNCIA 330 CV, INCLUSIVE SEMIREBOQUE COM CAÇAMBA METÁLICA - IMPOSTOS E SEGUROS. AF_12/2014","CHOR - CUSTOS HORÁRIOS DE MÁQUINAS E EQUIPAMENTOS",null,"H",1,5.89,5.89]
["Composição Auxiliar"," 89878 ","SINAPI","CAMINHÃO BASCULANTE 18 M3, COM CAVALO MECÂNICO DE CAPACIDADE MÁXIMA DE TRAÇÃO COMBINADO DE 45000 KG, POTÊNCIA 330 CV, INCLUSIVE SEMIREBOQUE COM CAÇAMBA METÁLICA - DEPRECIAÇÃO. AF_12/2014","CHOR - CUSTOS HORÁRIOS DE MÁQUINAS E EQUIPAMENTOS",null,"H",1,42.25,42.25]
["Composição Auxiliar"," 89879 ","SINAPI","CAMINHÃO BASCULANTE 18 M3, COM CAVALO MECÂNICO DE CAPACIDADE MÁXIMA DE TRAÇÃO COMBINADO DE 45000 KG, POTÊNCIA 330 CV, INCLUSIVE SEMIREBOQUE COM CAÇAMBA METÁLICA - JUROS. AF_12/2014","CHOR - CUSTOS HORÁRIOS DE MÁQUINAS E EQUIPAMENTOS",null,"H",1,14.59,14.59]
[{"$nulls":4},"MO sem LS =>",21.29,"LS =>",0,"MO com LS =>",21.29]
[{"$nulls":4},"Valor do BDI =>",20.399999999999999,null,"Valor com BDI =>",null,107.67]
[]
[null,"Código","Banco","Descrição","Tipo",null,"Und","Quant.","Valor Unit","Total"]
["Composição"," 89883 ","SINAPI","CAMINHÃO BASCULANTE 18 M3, COM CAVALO MECÂNICO DE CAPACIDADE MÁXIMA DE TRAÇÃO COMBINADO DE 45000 KG, POTÊNCIA 330 CV, INCLUSIVE SEMIREBOQUE COM CAÇAMBA METÁLICA - CHP DIURNO. AF_12/2014","CHOR - CUSTOS HORÁRIOS DE MÁQUINAS E EQUIPAMENTOS",null,"CHP",1,380.47,380.47]
["Composição Auxiliar"," 89880 ","SINAPI","CAMINHÃO BASCULANTE 18 M3, COM CAVALO MECÂNICO DE CAPACIDADE MÁXIMA DE TRAÇÃO COMBINADO DE 45000 KG, POTÊNCIA 330 CV, INCLUSIVE SEMIREBOQUE COM CAÇAMBA METÁLICA - IMPOSTOS E SEGUROS. AF_12/2014","CHOR - CUSTOS HORÁRIOS DE MÁQUINAS E EQUIPAMENTOS",null,"H",1,5.89,5.89]
["Composição Auxiliar"," 89882 ","SINAPI","CAMINHÃO BASCULANTE 18 M3, COM CAVALO MECÂNICO DE CAPACIDADE MÁXIMA DE TRAÇÃO COMBINADO DE 45000 KG, POTÊNCIA 330 CV, INCLUSIVE SEMIREBOQUE COM CAÇAMBA METÁLICA - MATERIAIS NA OPERAÇÃO. AF_12/2014","CHOR - CUSTOS HORÁRIOS DE MÁQUINAS E EQUIPAMENTOS",null,"H",1,221.68,221.68]
["Composição Auxiliar"," 88281 ","SINAPI","MOTORISTA DE BASCULANTE COM ENCARGOS COMPLEMENTARES","SEDI - SERVIÇOS DIVERSOS",null,"H",1,24.54,24.54]
["Composição Auxiliar"," 89878 ","SINAPI","CAMINHÃO BASCULANTE 18 M3, COM CAVALO MECÂNICO DE CAPACIDADE MÁXIMA DE TRAÇÃO COMBINADO DE 45000 KG, POTÊNCIA 330 CV, INCLUSIVE SEMIREBOQUE COM CAÇAMBA METÁLICA - DEPRECIAÇÃO. AF_12/2014","CHOR - CUSTOS HORÁRIOS DE MÁQUINAS E EQUIPAMENTOS",null,"H",1,42.25,42.25]
["Composição Auxiliar"," 89879 ","SINAPI","CAMINHÃO BASCULANTE 18 M3, COM CAVALO MECÂNICO DE CAPACIDADE MÁXIMA DE TRAÇÃO COMBINADO DE 45000 KG, POTÊNCIA 330 CV, INCLUSIVE SEMIREBOQUE COM CAÇAMBA METÁLICA - JUROS. AF_12/2014","CHOR - CUSTOS HORÁRIOS DE MÁQUINAS E EQUIPAMENTOS",null,"H",1,14.59,14.59]
["Composição Auxiliar"," 89881 ","SINAPI","CAMINHÃO BASCULANTE 18 M3, COM CAVALO MECÂNICO DE CAPACIDADE MÁXIMA DE TRAÇÃO COMBINADO DE 45000 KG, POTÊNCIA 330 CV, INCLUSIVE SEMIREBOQUE COM CAÇAMBA METÁLICA - MANUTENÇÃO. AF_12/2014","CHOR - CUSTOS HORÁRIOS DE MÁQUINAS E EQUIPAMENTOS",null,"H",1,71.52,71.52]
[{"$nulls":4},"MO sem LS =>",21.29,"LS =>",0,"MO com LS =>",21.29]
[{"$nulls":4},"Valor do BDI =>",88.95,null,"Valor com BDI =>",null,469.42]
[]
[null,"Código","Banco","Descrição","Tipo",null,"Und","Quant.","Valor Unit","Total"]
["Composição"," 89878 ","SINAPI","CAMINHÃO BASCULANTE 18 M3, COM CAVALO MECÂNICO DE CAPACIDADE MÁXIMA DE TRAÇÃO COMBINADO DE 45000 KG, POTÊNCIA 330 CV, INCLUSIVE SEMIREBOQUE COM CAÇAMBA METÁLICA - DEPRECIAÇÃO. AF_12/2014","CHOR - CUSTOS HORÁRIOS DE MÁQUINAS E EQUIPAMENTOS",null,"H",1,42.25,42.25]
["Insumo"," 00037763 ","SINAPI","CAVALO MECANICO TRACAO 4X2, PESO BRUTO TOTAL 16000 KG, CAPACIDADE MAXIMA DE TRACAO *45000* KG, DISTANCIA ENTRE EIXOS *3,56* M, POTENCIA *330* CV (INCLUI CABINE E CHASSI, NAO INCLUI SEMIRREBOQUE)","Equipamento para Aquisição Permanente",null,"UN",3.4199999999999998E-5,749823.97,25.64]
["Insumo"," 00037744 ","SINAPI","SEMIRREBOQUE COM TRES EIXOS EM TANDEM TIPO BASCULANTE COM CACAMBA METALICA 18 M3 (INCLUI MONTAGEM, NAO INCLUI CAVALO MECANICO)","Equipamento para Aquisição Permanente",null,"UN",6.0300000000000002E-5,275397.23,16.61]
[{"$nulls":4},"MO sem LS =>",0,"LS =>",0,"MO com LS =>",0]
[{"$nulls":4},"Valor do BDI =>",9.8800000000000008,null,"Valor com BDI =>",null,52.13]
[]
[null,"Código","Banco","Descrição","Tipo",null,"Und","Quant.","Valor Unit","Total"]
["Composição"," 89880 ","SINAPI","CAMINHÃO BASCULANTE 18 M3, COM CAVALO MECÂNICO DE CAPACIDADE MÁXIMA DE TRAÇÃO COMBINADO DE 45000 KG, POTÊNCIA 330 CV, INCLUSIVE SEMIREBOQUE COM CAÇAMBA METÁLICA - IMPOSTOS E SEGUROS. AF_12/2014","CHOR - CUSTOS HORÁRIOS DE MÁQUINAS E EQUIPAMENTOS",null,"H",1,5.89,5.89]
["Insumo"," 00037763 ","SINAPI","CAVALO MECANICO TRACAO 4X2, PESO BRUTO TOTAL 16000 KG, CAPACIDADE MAXIMA DE TRACAO *45000* KG, DISTANCIA ENTRE EIXOS *3,56* M, POTENCIA *330* CV (INCLUI CABINE E CHASSI, NAO INCLUI SEMIRREBOQUE)","Equipamento para Aquisição Permanente",null,"UN",5.6999999999999996E-6,749823.97,4.2699999999999996]
["Insumo"," 00037744 ","SINAPI","SEMIRREBOQUE COM TRES EIXOS EM TANDEM TIPO BASCULANTE COM CACAMBA METALICA 18 M3 (INCLUI MONTAGEM, NAO INCLUI CAVALO MECANICO)","Equipamento para Aquisição Permanente",null,"UN",5.9000000000000003E-6,275397.23,1.62]
[{"$nulls":4},"MO sem LS =>",0,"LS =>",0,"MO com LS =>",0]
[{"$nulls":4},"Valor do BDI =>",1.38,null,"Valor com BDI =>",null,7.27]
[]
[null,"Código","Banco","Descrição","Tipo",null,"Und","Quant.","Valor Unit","Total"]
["Composição"," 89879 ","SINAPI","CAMINHÃO BASCULANTE 18 M3, COM CAVALO MECÂNICO DE CAPACIDADE MÁXIMA DE TRAÇÃO COMBINADO DE 45000 KG, POTÊNCIA 330 CV, INCLUSIVE SEMIREBOQUE COM CAÇAMBA METÁLICA - JUROS. AF_12/2014","CHOR - CUSTOS HORÁRIOS DE MÁQUINAS E EQUIPAMENTOS",null,"H",1,14.59,14.59]
["Insumo"," 00037763 ","SINAPI","CAVALO MECANICO TRACAO 4X2, PESO BRUTO TOTAL 16000 KG, CAPACIDADE MAXIMA DE TRACAO *45000* KG, DISTANCIA ENTRE EIXOS *3,56* M, POTENCIA *330* CV (INCLUI CABINE E CHASSI, NAO INCLUI SEMIRREBOQUE)","Equipamento para Aquisição Permanente",null,"UN",1.4100000000000001E-5,749823.97,10.57]
["Insumo"," 00037744 ","SINAPI","SEMIRREBOQUE COM TRES EIXOS EM TANDEM TIPO BASCULANTE COM CACAMBA METALICA 18 M3 (INCLUI MONTAGEM, NAO INCLUI CAVALO MECANICO)","Equipamento para Aquisição Permanente",null,"UN",1.4600000000000001E-5,275397.23,4.0199999999999996]
[{"$nulls":4},"MO sem LS =>",0,"LS =>",0,"MO com LS =>",0]
[{"$nulls":4},"Valor do BDI =>",3.41,null,"Valor com BDI =>",null,18]
[]
[null,"Código","Banco","Descrição","Tipo",null,"Und","Quant.","Valor Unit","Total"]
["Composição"," 89881 ","SINAPI","CAMINHÃO BASCULANTE 18 M3, COM CAVALO MECÂNICO DE CAPACIDADE MÁXIMA DE TRAÇÃO COMBINADO DE 45000 KG, POTÊNCIA 330 CV, INCLUSIVE SEMIREBOQUE COM CAÇAMBA METÁLICA - MANUTENÇÃO. AF_12/2014","CHOR - CUSTOS HORÁRIOS DE MÁQUINAS E EQUIPAMENTOS",null,"H",1,71.52,71.52]
["Insumo"," 00037744 ","SINAPI","SEMIRREBOQUE COM TRES EIXOS EM TANDEM TIPO BASCULANTE COM CACAMBA METALICA 18 M3 (INCLUI MONTAGEM, NAO INCLUI CAVALO MECANICO)","Equipamento para Aquisição Permanente",null,"UN",8.4900000000000004E-5,275397.23,23.38]
["Insumo"," 00037763 ","SINAPI","CAVALO MECANICO TRACAO 4X2, PESO BRUTO TOTAL 16000 KG, CAPACIDADE MAXIMA DE TRACAO *45000* KG, DISTANCIA ENTRE EIXOS *3,56* M, POTENCIA *330* CV (INCLUI CABINE E CHASSI, NAO INCLUI SEMIRREBOQUE)","Equipamento para Aquisição Permanente",null,"UN",6.4200000000000002E-5,749823.97,48.14]
[{"$nulls":4},"MO sem LS =>",0,"LS =>",0,"MO com LS =>",0]
[{"$nulls":4},"Valor do BDI =>",16.72,null,"Valor com BDI =>",null,88.24]
[]
[null,"Código","Banco","Descrição","Tipo",null,"Und","Quant.","Valor Unit","Total"]
["Composição"," 89882 ","SINAPI","CAMINHÃO BASCULANTE 18 M3, COM CAVALO MECÂNICO DE CAPACIDADE MÁXIMA DE TRAÇÃO COMBINADO DE 45000 KG, POTÊNCIA 330 CV, INCLUSIVE SEMIREBOQUE COM CAÇAMBA METÁLICA - MATERIAIS NA OPERAÇÃO. AF_12/2014","CHOR - CUSTOS HORÁRIOS DE MÁQUINAS E EQUIPAMENTOS",null,"H",1,221.68,221.68]
["Insumo"," 00004221 ","SINAPI","OLEO DIESEL COMBUSTIVEL COMUM METROPOLITANO S-10 OU S-500","Material",null,"L",34,6.52,221.68]
[{"$nulls":4},"MO sem LS =>",0,"LS =>",0,"MO com LS =>",0]
[{"$nulls":4},"Valor do BDI =>",51.83,null,"Valor com BDI =>",null,273.51]
[]
[null,"Código","Banco","Descrição","Tipo",null,"Und","Quant.","Valor Unit","Total"]
["Composição"," 5903 ","SINAPI","CAMINHÃO PIPA 10.000 L TRUCADO, PESO BRUTO TOTAL 23.000 KG, CARGA ÚTIL MÁXIMA 15.935 KG, DISTÂNCIA ENTRE EIXOS 4,8 M, POTÊNCIA 230 CV, INCLUSIVE TANQUE DE AÇO PARA TRANSPORTE DE ÁGUA - CHI DIURNO. AF_06/2014","CHOR - CUSTOS HORÁRIOS DE MÁQUINAS E EQUIPAMENTOS",null,"CHI",1,68.67,68.67]
["Composição Auxiliar"," 88282 ","SINAPI","MOTORISTA DE CAMINHÃO COM ENCARGOS COMPLEMENTARES","SEDI - SERVIÇOS DIVERSOS",null,"H",1,23.74,23.74]
["Composição Auxiliar"," 91398 ","SINAPI","CAMINHÃO PIPA 10.000 L TRUCADO, PESO BRUTO TOTAL 23.000 KG, CARGA ÚTIL MÁXIMA 15.935 KG, DISTÂNCIA ENTRE EIXOS 4,8 M, POTÊNCIA 230 CV, INCLUSIVE TANQUE DE AÇO PARA TRANSPORTE DE ÁGUA - IMPOSTOS E SEGUROS. AF_06/2014","CHOR - CUSTOS HORÁRIOS DE MÁQUINAS E EQUIPAMENTOS",null,"H",1,4.55,4.55]
["Composição Auxiliar"," 91397 ","SINAPI","CAMINHÃO PIPA 10.000 L TRUCADO, PESO BRUTO TOTAL 23.000 KG, CARGA ÚTIL MÁXIMA 15.935 KG, DISTÂNCIA ENTRE EIXOS 4,8 M, POTÊNCIA 230 CV, INCLUSIVE TANQUE DE AÇO PARA TRANSPORTE DE ÁGUA - JUROS. AF_06/2014","CHOR - CUSTOS HORÁRIOS DE MÁQUINAS E EQUIPAMENTOS",null,"H",1,11.26,11.26]
["Composição Auxiliar"," 91396 ","SINAPI","CAMINHÃO PIPA 10.000 L TRUCADO, PESO BRUTO TOTAL 23.000 KG, CARGA ÚTIL MÁXIMA 15.935 KG, DISTÂNCIA ENTRE EIXOS 4,8 M, POTÊNCIA 230 CV, INCLUSIVE TANQUE DE AÇO PARA TRANSPORTE DE ÁGUA - DEPRECIAÇÃO. AF_06/2014","CHOR - CUSTOS HORÁRIOS DE MÁQUINAS E EQUIPAMENTOS",null,"H",1,29.12,29.12]
[{"$nulls":4},"MO sem LS =>",20.49,"LS =>",0,"MO com LS =>",20.49]
[{"$nulls":4},"Valor do BDI =>",16.059999999999999,null,"Valor com BDI =>",null,84.73]
[]
[null,"Código","Banco","Descrição","Tipo",null,"Und","Quant.","Valor Unit","Total"]
["Composição"," 5901 ","SINAPI","CAMINHÃO PIPA 10.000 L TRUCADO, PESO BRUTO TOTAL 23.000 KG, CARGA ÚTIL MÁXIMA 15.935 KG, DISTÂNCIA ENTRE EIXOS 4,8 M, POTÊNCIA 230 CV, INCLUSIVE TANQUE DE AÇO PARA TRANSPORTE DE ÁGUA - CHP DIURNO. AF_06/2014","CHOR - CUSTOS HORÁRIOS DE MÁQUINAS E EQUIPAMENTOS",null,"CHP",1,329.97,329.97]
["Composição Auxiliar"," 91396 ","SINAPI","CAMINHÃO PIPA 10.000 L TRUCADO, PESO BRUTO TOTAL 23.000 KG, CARGA ÚTIL MÁXIMA 15.935 KG, DISTÂNCIA ENTRE EIXOS 4,8 M, POTÊNCIA 230 CV, INCLUSIVE TANQUE DE AÇO PARA TRANSPORTE DE ÁGUA - DEPRECIAÇÃO. AF_06/2014","CHOR - CUSTOS HORÁRIOS DE MÁQUINAS E EQUIPAMENTOS",null,"H",1,29.12,29.12]
["Composição Auxiliar"," 88282 ","SINAPI","MOTORISTA DE CAMINHÃO COM ENCARGOS COMPLEMENTARES","SEDI - SERVIÇOS DIVERSOS",null,"H",1,23.74,23.74]
["Composição Auxiliar"," 91397 ","SINAPI","CAMINHÃO PIPA 10.000 L TRUCADO, PESO BRUTO TOTAL 23.000 KG, CARGA ÚTIL MÁXIMA 15.935 KG, DISTÂNCIA ENTRE EIXOS 4,8 M, POTÊNCIA 230 CV, INCLUSIVE TANQUE DE AÇO PARA TRANSPORTE DE ÁGUA - JUROS. AF_06/2014","CHOR - CUSTOS HORÁRIOS DE MÁQUINAS E EQUIPAMENTOS",null,"H",1,11.26,11.26]
["Composição Auxiliar"," 53831 ","SINAPI","CAMINHÃO PIPA 10.000 L TRUCADO, PESO BRUTO TOTAL 23.000 KG, CARGA ÚTIL MÁXIMA 15.935 KG, DISTÂNCIA ENTRE EIXOS 4,8 M, POTÊNCIA 230 CV, INCLUSIVE TANQUE DE AÇO PARA TRANSPORTE DE ÁGUA - MATERIAIS NA OPERAÇÃO. AF_06/2014","CHOR - CUSTOS HORÁRIOS DE MÁQUINAS E EQUIPAMENTOS",null,"H",1,209.68,209.68]
["Composição Auxiliar"," 91398 ","SINAPI","CAMINHÃO PIPA 10.000 L TRUCADO, PESO BRUTO TOTAL 23.000 KG, CARGA ÚTIL MÁXIMA 15.935 KG, DISTÂNCIA ENTRE EIXOS 4,8 M, POTÊNCIA 230 CV, INCLUSIVE TANQUE DE AÇO PARA TRANSPORTE DE ÁGUA - IMPOSTOS E SEGUROS. AF_06/2014","CHOR - CUSTOS HORÁRIOS DE MÁQUINAS E EQUIPAMENTOS",null,"H",1,4.55,4.55]
["Composição Auxiliar"," 5763 ","SINAPI","CAMINHÃO PIPA 10.000 L TRUCADO, PESO BRUTO TOTAL 23.000 KG, CARGA ÚTIL MÁXIMA 15.935 KG, DISTÂNCIA ENTRE EIXOS 4,8 M, POTÊNCIA 230 CV, INCLUSIVE TANQUE DE AÇO PARA TRANSPORTE DE ÁGUA - MANUTENÇÃO. AF_06/2014","CHOR - CUSTOS HORÁRIOS DE MÁQUINAS E EQUIPAMENTOS",null,"H",1,51.62,51.62]
[{"$nulls":4},"MO sem LS =>",20.49,"LS =>",0,"MO com LS =>",20.49]
[{"$nulls":4},"Valor do BDI =>",77.150000000000006,null,"Valor com BDI =>",null,407.12]
[]
[null,"Código","Banco","Descrição","Tipo",null,"Und","Quant.","Valor Unit","Total"]
["Composição"," 91396 ","SINAPI","CAMINHÃO PIPA 10.000 L TRUCADO, PESO BRUTO TOTAL 23.000 KG, CARGA ÚTIL MÁXIMA 15.935 KG, DISTÂNCIA ENTRE EIXOS 4,8 M, POTÊNCIA 230 CV, INCLUSIVE TANQUE DE AÇO PARA TRANSPORTE DE ÁGUA - DEPRECIAÇÃO. AF_06/2014","CHOR - CUSTOS HORÁRIOS DE MÁQUINAS E EQUIPAMENTOS",null,"H",1,29.12,29.12]
["Insumo"," 00037758 ","SINAPI","CAMINHAO TRUCADO, PESO BRUTO TOTAL 23000 KG, CARGA UTIL MAXIMA 15285 KG, DISTANCIA ENTRE EIXOS 4,80 M, POTENCIA 326 CV (INCLUI CABINE E CHASSI, NAO INCLUI CARROCERIA)","Equipamento para Aquisição Permanente",null,"UN",3.43E-5,710806.66,24.38]
["Insumo"," 00037736 ","SINAPI","TANQUE DE ACO CARBONO NAO REVESTIDO, PARA TRANSPORTE DE AGUA COM CAPACIDADE DE 10 M3, COM BOMBA CENTRIFUGA POR TOMADA DE FORCA, VAZAO MAXIMA *75* M3/H (INCLUI MONTAGEM, NAO INCLUI CAMINHAO)","Equipamento para Aquisição Permanente",null,"UN",5.5099999999999998E-5,85950,4.74]
[{"$nulls":4},"MO sem LS =>",0,"LS =>",0,"MO com LS =>",0]
[{"$nulls":4},"Valor do BDI =>",6.81,null,"Valor com BDI =>",null,35.93]
[]
[null,"Código","Banco","Descrição","Tipo",null,"Und","Quant.","Valor Unit","Total"]
["Composição"," 91398 ","SINAPI","CAMINHÃO PIPA 10.000 L TRUCADO, PESO BRUTO TOTAL 23.000 KG, CARGA ÚTIL MÁXIMA 15.935 KG, DISTÂNCIA ENTRE EIXOS 4,8 M, POTÊNCIA 230 CV, INCLUSIVE TANQUE DE AÇO PARA TRANSPORTE DE ÁGUA - IMPOSTOS E SEGUROS. AF_06/2014","CHOR - CUSTOS HORÁRIOS DE MÁQUINAS E EQUIPAMENTOS",null,"H",1,4.55,4.55]
["Insumo"," 00037736 ","SINAPI","TANQUE DE ACO CARBONO NAO REVESTIDO, PARA TRANSPORTE DE AGUA COM CAPACIDADE DE 10 M3, COM BOMBA CENTRIFUGA POR TOMADA DE FORCA, VAZAO MAXIMA *75* M3/H (INCLUI MONTAGEM, NAO INCLUI CAMINHAO)","Equipamento para Aquisição Permanente",null,"UN",5.8000000000000004E-6,85950,0.5]
["Insumo"," 00037758 ","SINAPI","CAMINHAO TRUCADO, PESO BRUTO TOTAL 23000 KG, CARGA UTIL MAXIMA 15285 KG, DISTANCIA ENTRE EIXOS 4,80 M, POTENCIA 326 CV (INCLUI CABINE E CHASSI, NAO INCLUI CARROCERIA)","Equipamento para Aquisição Permanente",null,"UN",5.6999999999999996E-6,710806.66,4.05]
[{"$nulls":4},"MO sem LS =>",0,"LS =>",0,"MO com LS =>",0]
[{"$nulls":4},"Valor do BDI =>",1.06,null,"Valor com BDI =>",null,5.61]
[]
[null,"Código","Banco","Descrição","Tipo",null,"Und","Quant.","Valor Unit","Total"]
["Composição"," 91397 ","SINAPI","CAMINHÃO PIPA 10.000 L TRUCADO, PESO BRUTO TOTAL 23.000 KG, CARGA ÚTIL MÁXIMA 15.935 KG, DISTÂNCIA ENTRE EIXOS 4,8 M, POTÊNCIA 230 CV, INCLUSIVE TANQUE DE AÇO PARA TRANSPORTE DE ÁGUA - JUROS. AF_06/2014","CHOR - CUSTOS HORÁRIOS DE MÁQUINAS E EQUIPAMENTOS",null,"H",1,11.26,11.26]
["Insumo"," 00037758 ","SINAPI","CAMINHAO TRUCADO, PESO BRUTO TOTAL 23000 KG, CARGA UTIL MAXIMA 15285 KG, DISTANCIA ENTRE EIXOS 4,80 M, POTENCIA 326 CV (INCLUI CABINE E CHASSI, NAO INCLUI CARROCERIA)","Equipamento para Aquisição Permanente",null,"UN",1.4100000000000001E-5,710806.66,10.02]
["Insumo"," 00037736 ","SINAPI","TANQUE DE ACO CARBONO NAO REVESTIDO, PARA TRANSPORTE DE AGUA COM CAPACIDADE DE 10 M3, COM BOMBA CENTRIFUGA POR TOMADA DE FORCA, VAZAO MAXIMA *75* M3/H (INCLUI MONTAGEM, NAO INCLUI CAMINHAO)","Equipamento para Aquisição Permanente",null,"UN",1.4399999999999999E-5,85950,1.24]
[{"$nulls":4},"MO sem LS =>",0,"LS =>",0,"MO com LS =>",0]
[{"$nulls":4},"Valor do BDI =>",2.63,null,"Valor com BDI =>",null,13.89]
[]
[null,"Código","Banco","Descrição","Tipo",null,"Und","Quant.","Valor Unit","Total"]
["Composição"," 5763 ","SINAPI","CAMINHÃO PIPA 10.000 L TRUCADO, PESO BRUTO TOTAL 23.000 KG, CARGA ÚTIL MÁXIMA 15.935 KG, DISTÂNCIA ENTRE EIXOS 4,8 M, POTÊNCIA 230 CV, INCLUSIVE TANQUE DE AÇO PARA TRANSPORTE DE ÁGUA - MANUTENÇÃO. AF_06/2014","CHOR - CUSTOS HORÁRIOS DE MÁQUINAS E EQUIPAMENTOS",null,"H",1,51.62,51.62]
["Insumo"," 00037758 ","SINAPI","CAMINHAO TRUCADO, PESO BRUTO TOTAL 23000 KG, CARGA UTIL MAXIMA 15285 KG, DISTANCIA ENTRE EIXOS 4,80 M, POTENCIA 326 CV (INCLUI CABINE E CHASSI, NAO INCLUI CARROCERIA)","Equipamento para Aquisição Permanente",null,"UN",6.4300000000000004E-5,710806.66,45.7]
["Insumo"," 00037736 ","SINAPI","TANQUE DE ACO CARBONO NAO REVESTIDO, PARA TRANSPORTE DE AGUA COM CAPACIDADE DE 10 M3, COM BOMBA CENTRIFUGA POR TOMADA DE FORCA, VAZAO MAXIMA *75* M3/H (INCLUI MONTAGEM, NAO INCLUI CAMINHAO)","Equipamento para Aquisição Permanente",null,"UN",6.8899999999999994E-5,85950,5.92]
[{"$nulls":4},"MO sem LS =>",0,"LS =>",0,"MO com LS =>",0]
[{"$nulls":4},"Valor do BDI =>",12.07,null,"Valor com BDI =>",null,63.69]
[]
[null,"Código","Banco","Descrição","Tipo",null,"Und","Quant.","Valor Unit","Total"]
["Composição"," 53831 ","SINAPI","CAMINHÃO PIPA 10.000 L TRUCADO, PESO BRUTO TOTAL 23.000 KG, CARGA ÚTIL MÁXIMA 15.935 KG, DISTÂNCIA ENTRE EIXOS 4,8 M, POTÊNCIA 230 CV, INCLUSIVE TANQUE DE AÇO PARA TRANSPORTE DE ÁGUA - MATERIAIS NA OPERAÇÃO. AF_06/2014","CHOR - CUSTOS HORÁRIOS DE MÁQUINAS E EQUIPAMENTOS",null,"H",1,209.68,209.68]
["Insumo"," 00004221 ","SINAPI","OLEO DIESEL COMBUSTIVEL COMUM METROPOLITANO S-10 OU S-500","Material",null,"L",32.159999999999997,6.52,209.68]
[{"$nulls":4},"MO sem LS =>",0,"LS =>",0,"MO com LS =>",0]
[{"$nulls":4},"Valor do BDI =>",49.02,null,"Valor com BDI =>",null,258.7]
[]
[null,"Código","Banco","Descrição","Tipo",null,"Und","Quant.","Valor Unit","Total"]
["Composição"," 5826 ","SINAPI","CAMINHÃO TOCO, PBT 16.000 KG, CARGA ÚTIL MÁX. 10.685 KG, DIST. ENTRE EIXOS 4,8 M, POTÊNCIA 189 CV, INCLUSIVE CARROCERIA FIXA ABERTA DE MADEIRA P/ TRANSPORTE GERAL DE CARGA SECA, DIMEN. APROX. 2,5 X 7,00 X 0,50 M - CHI DIURNO. AF_06/2014","CHOR - CUSTOS HORÁRIOS DE MÁQUINAS E EQUIPAMENTOS",null,"CHI",1,56.63,56.63]
["Composição Auxiliar"," 89266 ","SINAPI","CAMINHÃO TOCO, PBT 16.000 KG, CARGA ÚTIL MÁX. 10.685 KG, DIST. ENTRE EIXOS 4,8 M, POTÊNCIA 189 CV, INCLUSIVE CARROCERIA FIXA ABERTA DE MADEIRA P/ TRANSPORTE GERAL DE CARGA SECA, DIMEN. APROX. 2,5 X 7,00 X 0,50 M - IMPOSTOS E SEGUROS. AF_06/2014","CHOR - CUSTOS HORÁRIOS DE MÁQUINAS E EQUIPAMENTOS",null,"H",1,3.39,3.39]
["Composição Auxiliar"," 89265 ","SINAPI","CAMINHÃO TOCO, PBT 16.000 KG, CARGA ÚTIL MÁX. 10.685 KG, DIST. ENTRE EIXOS 4,8 M, POTÊNCIA 189 CV, INCLUSIVE CARROCERIA FIXA ABERTA DE MADEIRA P/ TRANSPORTE GERAL DE CARGA SECA, DIMEN. APROX. 2,5 X 7,00 X 0,50 M - JUROS. AF_06/2014","CHOR - CUSTOS HORÁRIOS DE MÁQUINAS E EQUIPAMENTOS",null,"H",1,8.41,8.41]
["Composição Auxiliar"," 88282 ","SINAPI","MOTORISTA DE CAMINHÃO COM ENCARGOS COMPLEMENTARES","SEDI - SERVIÇOS DIVERSOS",null,"H",1,23.74,23.74]
["Composição Auxiliar"," 89264 ","SINAPI","CAMINHÃO TOCO, PBT 16.000 KG, CARGA ÚTIL MÁX. 10.685 KG, DIST. ENTRE EIXOS 4,8 M, POTÊNCIA 189 CV, INCLUSIVE CARROCERIA FIXA ABERTA DE MADEIRA P/ TRANSPORTE GERAL DE CARGA SECA, DIMEN. APROX. 2,5 X 7,00 X 0,50 M - DEPRECIAÇÃO. AF_06/2014","CHOR - CUSTOS HORÁRIOS DE MÁQUINAS E EQUIPAMENTOS",null,"H",1,21.09,21.09]
[{"$nulls":4},"MO sem LS =>",20.49,"LS =>",0,"MO com LS =>",20.49]
[{"$nulls":4},"Valor do BDI =>",13.24,null,"Valor com BDI =>",null,69.87]
[]
[null,"Código","Banco","Descrição","Tipo",null,"Und","Quant.","Valor Unit","Total"]
["Composição"," 5824 ","SINAPI","CAMINHÃO TOCO, PBT 16.000 KG, CARGA ÚTIL MÁX. 10.685 KG, DIST. ENTRE EIXOS 4,8 M, POTÊNCIA 189 CV, INCLUSIVE CARROCERIA FIXA ABERTA DE MADEIRA P/ TRANSPORTE GERAL DE CARGA SECA, DIMEN. APROX. 2,5 X 7,00 X 0,50 M - CHP DIURNO. AF_06/2014","CHOR - CUSTOS HORÁRIOS DE MÁQUINAS E EQUIPAMENTOS",null,"CHP",1,222.02,222.02]
["Composição Auxiliar"," 88282 ","SINAPI","MOTORISTA DE CAMINHÃO COM ENCARGOS COMPLEMENTARES","SEDI - SERVIÇOS DIVERSOS",null,"H",1,23.74,23.74]
["Composição Auxiliar"," 5705 ","SINAPI","CAMINHÃO TOCO, PBT 16.000 KG, CARGA ÚTIL MÁX. 10.685 KG, DIST. ENTRE EIXOS 4,8 M, POTÊNCIA 189 CV, INCLUSIVE CARROCERIA FIXA ABERTA DE MADEIRA P/ TRANSPORTE GERAL DE CARGA SECA, DIMEN. APROX. 2,5 X 7,00 X 0,50 M - MANUTENÇÃO. AF_06/2014","CHOR - CUSTOS HORÁRIOS DE MÁQUINAS E EQUIPAMENTOS",null,"H",1,38.450000000000003,38.450000000000003]
["Composição Auxiliar"," 89265 ","SINAPI","CAMINHÃO TOCO, PBT 16.000 KG, CARGA ÚTIL MÁX. 10.685 KG, DIST. ENTRE EIXOS 4,8 M, POTÊNCIA 189 CV, INCLUSIVE CARROCERIA FIXA ABERTA DE MADEIRA P/ TRANSPORTE GERAL DE CARGA SECA, DIMEN. APROX. 2,5 X 7,00 X 0,50 M - JUROS. AF_06/2014","CHOR - CUSTOS HORÁRIOS DE MÁQUINAS E EQUIPAMENTOS",null,"H",1,8.41,8.41]
["Composição Auxiliar"," 89266 ","SINAPI","CAMINHÃO TOCO, PBT 16.000 KG, CARGA ÚTIL MÁX. 10.685 KG, DIST. ENTRE EIXOS 4,8 M, POTÊNCIA 189 CV, INCLUSIVE CARROCERIA FIXA ABERTA DE MADEIRA P/ TRANSPORTE GERAL DE CARGA SECA, DIMEN. APROX. 2,5 X 7,00 X 0,50 M - IMPOSTOS E SEGUROS. AF_06/2014","CHOR - CUSTOS HORÁRIOS DE MÁQUINAS E EQUIPAMENTOS",null,"H",1,3.39,3.39]
["Composição Auxiliar"," 53797 ","SINAPI","CAMINHÃO TOCO, PBT 16.000 KG, CARGA ÚTIL MÁX. 10.685 KG, DIST. ENTRE EIXOS 4,8 M, POTÊNCIA 189 CV, INCLUSIVE CARROCERIA FIXA ABERTA DE MADEIRA P/ TRANSPORTE GERAL DE CARGA SECA, DIMEN. APROX. 2,5 X 7,00 X 0,50 M - MATERIAIS NA OPERAÇÃO. AF_06/2014","CHOR - CUSTOS HORÁRIOS DE MÁQUINAS E EQUIPAMENTOS",null,"H",1,126.94,126.94]
["Composição Auxiliar"," 89264 ","SINAPI","CAMINHÃO TOCO, PBT 16.000 KG, CARGA ÚTIL MÁX. 10.685 KG, DIST. ENTRE EIXOS 4,8 M, POTÊNCIA 189 CV, INCLUSIVE CARROCERIA FIXA ABERTA DE MADEIRA P/ TRANSPORTE GERAL DE CARGA SECA, DIMEN. APROX. 2,5 X 7,00 X 0,50 M - DEPRECIAÇÃO. AF_06/2014","CHOR - CUSTOS HORÁRIOS DE MÁQUINAS E EQUIPAMENTOS",null,"H",1,21.09,21.09]
[{"$nulls":4},"MO sem LS =>",20.49,"LS =>",0,"MO com LS =>",20.49]
[{"$nulls":4},"Valor do BDI =>",51.91,null,"Valor com BDI =>",null,273.93]
[]
[null,"Código","Banco","Descrição","Tipo",null,"Und","Quant.","Valor Unit","Total"]
["Composição"," 89264 ","SINAPI","CAMINHÃO TOCO, PBT 16.000 KG, CARGA ÚTIL MÁX. 10.685 KG, DIST. ENTRE EIXOS 4,8 M, POTÊNCIA 189 CV, INCLUSIVE CARROCERIA FIXA ABERTA DE MADEIRA P/ TRANSPORTE GERAL DE CARGA SECA, DIMEN. APROX. 2,5 X 7,00 X 0,50 M - DEPRECIAÇÃO. AF_06/2014","CHOR - CUSTOS HORÁRIOS DE MÁQUINAS E EQUIPAMENTOS",null,"H",1,21.09,21.09]
["Insumo"," 00037731 ","SINAPI","CARROCERIA FIXA ABERTA DE MADEIRA PARA TRANSPORTE GERAL DE CARGA SECA DIMENSOES APROXIMADAS 2,5 X 7,00 X 0,50 M (INCLUI MONTAGEM, NAO INCLUI CAMINHAO)","Equipamento para Aquisição Permanente",null,"UN",5.5099999999999998E-5,31736.25,1.75]
["Insumo"," 00037752 ","SINAPI","CAMINHAO TOCO, PESO BRUTO TOTAL 16000 KG, CARGA UTIL MAXIMA 11030 KG, DISTANCIA ENTRE EIXOS 5,41 M, POTENCIA 185 CV (INCLUI CABINE E CHASSI, NAO INCLUI CARROCERIA)","Equipamento para Aquisição Permanente",null,"UN",3.43E-5,563990.17000000004,19.34]
[{"$nulls":4},"MO sem LS =>",0,"LS =>",0,"MO com LS =>",0]
[{"$nulls":4},"Valor do BDI =>",4.93,null,"Valor com BDI =>",null,26.02]
[]
[null,"Código","Banco","Descrição","Tipo",null,"Und","Quant.","Valor Unit","Total"]
["Composição"," 89266 ","SINAPI","CAMINHÃO TOCO, PBT 16.000 KG, CARGA ÚTIL MÁX. 10.685 KG, DIST. ENTRE EIXOS 4,8 M, POTÊNCIA 189 CV, INCLUSIVE CARROCERIA FIXA ABERTA DE MADEIRA P/ TRANSPORTE GERAL DE CARGA SECA, DIMEN. APROX. 2,5 X 7,00 X 0,50 M - IMPOSTOS E SEGUROS. AF_06/2014","CHOR - CUSTOS HORÁRIOS DE MÁQUINAS E EQUIPAMENTOS",null,"H",1,3.39,3.39]
["Insumo"," 00037731 ","SINAPI","CARROCERIA FIXA ABERTA DE MADEIRA PARA TRANSPORTE GERAL DE CARGA SECA DIMENSOES APROXIMADAS 2,5 X 7,00 X 0,50 M (INCLUI MONTAGEM, NAO INCLUI CAMINHAO)","Equipamento para Aquisição Permanente",null,"UN",5.8000000000000004E-6,31736.25,0.18]
["Insumo"," 00037752 ","SINAPI","CAMINHAO TOCO, PESO BRUTO TOTAL 16000 KG, CARGA UTIL MAXIMA 11030 KG, DISTANCIA ENTRE EIXOS 5,41 M, POTENCIA 185 CV (INCLUI CABINE E CHASSI, NAO INCLUI CARROCERIA)","Equipamento para Aquisição Permanente",null,"UN",5.6999999999999996E-6,563990.17000000004,3.21]
[{"$nulls":4},"MO sem LS =>",0,"LS =>",0,"MO com LS =>",0]
[{"$nulls":4},"Valor do BDI =>",0.79,null,"Valor com BDI =>",null,4.18]
[]
[null,"Código","Banco","Descrição","Tipo",null,"Und","Quant.","Valor Unit","Total"]
["Composição"," 89265 ","SINAPI","CAMINHÃO TOCO, PBT 16.000 KG, CARGA ÚTIL MÁX. 10.685 KG, DIST. ENTRE EIXOS 4,8 M, POTÊNCIA 189 CV, INCLUSIVE CARROCERIA FIXA ABERTA DE MADEIRA P/ TRANSPORTE GERAL DE CARGA SECA, DIMEN. APROX. 2,5 X 7,00 X 0,50 M - JUROS. AF_06/2014","CHOR - CUSTOS HORÁRIOS DE MÁQUINAS E EQUIPAMENTOS",null,"H",1,8.41,8.41]
["Insumo"," 00037731 ","SINAPI","CARROCERIA FIXA ABERTA DE MADEIRA PARA TRANSPORTE GERAL DE CARGA SECA DIMENSOES APROXIMADAS 2,5 X 7,00 X 0,50 M (INCLUI MONTAGEM, NAO INCLUI CAMINHAO)","Equipamento para Aquisição Permanente",null,"UN",1.4399999999999999E-5,31736.25,0.46]
["Insumo"," 00037752 ","SINAPI","CAMINHAO TOCO, PESO BRUTO TOTAL 16000 KG, CARGA UTIL MAXIMA 11030 KG, DISTANCIA ENTRE EIXOS 5,41 M, POTENCIA 185 CV (INCLUI CABINE E CHASSI, NAO INCLUI CARROCERIA)","Equipamento para Aquisição Permanente",null,"UN",1.4100000000000001E-5,563990.17000000004,7.95]
[{"$nulls":4},"MO sem LS =>",0,"LS =>",0,"MO com LS =>",0]
[{"$nulls":4},"Valor do BDI =>",1.97,null,"Valor com BDI =>",null,10.38]
[]
[null,"Código","Banco","Descrição","Tipo",null,"Und","Quant.","Valor Unit","Total"]
["Composição"," 5705 ","SINAPI","CAMINHÃO TOCO, PBT 16.000 KG, CARGA ÚTIL MÁX. 10.685 KG, DIST. ENTRE EIXOS 4,8 M, POTÊNCIA 189 CV, INCLUSIVE CARROCERIA FIXA ABERTA DE MADEIRA P/ TRANSPORTE GERAL DE CARGA SECA, DIMEN. APROX. 2,5 X 7,00 X 0,50 M - MANUTENÇÃO. AF_06/2014","CHOR - CUSTOS HORÁRIOS DE MÁQUINAS E EQUIPAMENTOS",null,"H",1,38.450000000000003,38.450000000000003]
["Insumo"," 00037731 ","SINAPI","CARROCERIA FIXA ABERTA DE MADEIRA PARA TRANSPORTE GERAL DE CARGA SECA DIMENSOES APROXIMADAS 2,5 X 7,00 X 0,50 M (INCLUI MONTAGEM, NAO INCLUI CAMINHAO)","Equipamento para Aquisição Permanente",null,"UN",6.8999999999999997E-5,31736.25,2.19]
["Insumo"," 00037752 ","SINAPI","CAMINHAO TOCO, PESO BRUTO TOTAL 16000 KG, CARGA UTIL MAXIMA 11030 KG, DISTANCIA ENTRE EIXOS 5,41 M, POTENCIA 185 CV (INCLUI CABINE E CHASSI, NAO INCLUI CARROCERIA)","Equipamento para Aquisição Permanente",null,"UN",6.4300000000000004E-5,563990.17000000004,36.26]
[{"$nulls":4},"MO sem LS =>",0,"LS =>",0,"MO com LS =>",0]
[{"$nulls":4},"Valor do BDI =>",8.99,null,"Valor com BDI =>",null,47.44]
[]
[null,"Código","Banco","Descrição","Tipo",null,"Und","Quant.","Valor Unit","Total"]
["Composição"," 53797 ","SINAPI","CAMINHÃO TOCO, PBT 16.000 KG, CARGA ÚTIL MÁX. 10.685 KG, DIST. ENTRE EIXOS 4,8 M, POTÊNCIA 189 CV, INCLUSIVE CARROCERIA FIXA ABERTA DE MADEIRA P/ TRANSPORTE GERAL DE CARGA SECA, DIMEN. APROX. 2,5 X 7,00 X 0,50 M - MATERIAIS NA OPERAÇÃO. AF_06/2014","CHOR - CUSTOS HORÁRIOS DE MÁQUINAS E EQUIPAMENTOS",null,"H",1,126.94,126.94]
["Insumo"," 00004221 ","SINAPI","OLEO DIESEL COMBUSTIVEL COMUM METROPOLITANO S-10 OU S-500","Material",null,"L",19.47,6.52,126.94]
[{"$nulls":4},"MO sem LS =>",0,"LS =>",0,"MO com LS =>",0]
[{"$nulls":4},"Valor do BDI =>",29.68,null,"Valor com BDI =>",null,156.62]
[]
[null,"Código","Banco","Descrição","Tipo",null,"Und","Quant.","Valor Unit","Total"]
["Composição"," 88261 ","SINAPI","CARPINTEIRO DE ESQUADRIA COM ENCARGOS COMPLEMENTARES","SEDI - SERVIÇOS DIVERSOS",null,"H",1,23.79,23.79]
["Composição Auxiliar"," 95329 ","SINAPI","CURSO DE CAPACITAÇÃO PARA CARPINTEIRO DE ESQUADRIA (ENCARGOS COMPLEMENTARES) - HORISTA","SEDI - SERVIÇOS DIVERSOS",null,"H",1,0.33,0.33]
["Insumo"," 00037373 ","SINAPI","SEGURO - HORISTA (COLETADO CAIXA - ENCARGOS COMPLEMENTARES)","Material",null,"H",1,0.01,0.01]
["Insumo"," 00037370 ","SINAPI","ALIMENTACAO - HORISTA (COLETADO CAIXA - ENCARGOS COMPLEMENTARES)","Material",null,"H",1,0.53,0.53]
["Insumo"," 00043459 ","SINAPI","FERRAMENTAS - FAMILIA CARPINTEIRO DE FORMAS - HORISTA (ENCARGOS COMPLEMENTARES - COLETADO CAIXA)","Material",null,"H",1,0.49,0.49]
["Insumo"," 00037371 ","SINAPI","TRANSPORTE - HORISTA (COLETADO CAIXA - ENCARGOS COMPLEMENTARES)","Material",null,"H",1,0.5,0.5]
["Insumo"," 00037372 ","SINAPI","EXAMES - HORISTA (COLETADO CAIXA - ENCARGOS COMPLEMENTARES)","Material",null,"H",1,1.34,1.34]
["Insumo"," 00001214 ","SINAPI","CARPINTEIRO DE ESQUADRIAS (HORISTA)","Mão de Obra",null,"H",1,19.16,19.16]
["Insumo"," 00043483 ","SINAPI","EPI - FAMILIA CARPINTEIRO DE FORMAS - HORISTA (ENCARGOS COMPLEMENTARES - COLETADO CAIXA)","Material",null,"H",1,1.43,1.43]
[{"$nulls":4},"MO sem LS =>",19.489999999999998,"LS =>",0,"MO com LS =>",19.489999999999998]
[{"$nulls":4},"Valor do BDI =>",5.56,null,"Valor com BDI =>",null,29.35]
[]
[null,"Código","Banco","Descrição","Tipo",null,"Und","Quant.","Valor Unit","Total"]
["Composição"," 88262 ","SINAPI","CARPINTEIRO DE FORMAS COM ENCARGOS COMPLEMENTARES","SEDI - SERVIÇOS DIVERSOS",null,"H",1,24.94,24.94]
["Composição Auxiliar"," 95330 ","SINAPI","CURSO DE CAPACITAÇÃO PARA CARPINTEIRO DE FÔRMAS (ENCARGOS COMPLEMENTARES) - HORISTA","SEDI - SERVIÇOS DIVERSOS",null,"H",1,0.27,0.27]
["Insumo"," 00043483 ","SINAPI","EPI - FAMILIA CARPINTEIRO DE FORMAS - HORISTA (ENCARGOS COMPLEMENTARES - COLETADO CAIXA)","Material",null,"H",1,1.43,1.43]
["Insumo"," 00001213 ","SINAPI","CARPINTEIRO DE FORMAS PARA CONCRETO (HORISTA)","Mão de Obra",null,"H",1,20.37,20.37]
["Insumo"," 00043459 ","SINAPI","FERRAMENTAS - FAMILIA CARPINTEIRO DE FORMAS - HORISTA (ENCARGOS COMPLEMENTARES - COLETADO CAIXA)","Material",null,"H",1,0.49,0.49]
["Insumo"," 00037370 ","SINAPI","ALIMENTACAO - HORISTA (COLETADO CAIXA - ENCARGOS COMPLEMENTARES)","Material",null,"H",1,0.53,0.53]
["Insumo"," 00037372 ","SINAPI","EXAMES - HORISTA (COLETADO CAIXA - ENCARGOS COMPLEMENTARES)","Material",null,"H",1,1.34,1.34]
["Insumo"," 00037371 ","SINAPI","TRANSPORTE - HORISTA (COLETADO CAIXA - ENCARGOS COMPLEMENTARES)","Material",null,"H",1,0.5,0.5]
["Insumo"," 00037373 ","SINAPI","SEGURO - HORISTA (COLETADO CAIXA - ENCARGOS COMPLEMENTARES)","Material",null,"H",1,0.01,0.01]
[{"$nulls":4},"MO sem LS =>",20.64,"LS =>",0,"MO com LS =>",20.64]
[{"$nulls":4},"Valor do BDI =>",5.83,null,"Valor com BDI =>",null,30.77]
[]
[null,"Código","Banco","Descrição","Tipo",null,"Und","Quant.","Valor Unit","Total"]
["Composição"," 87903 ","SINAPI","CHAPISCO APLICADO EM ALVENARIA (COM PRESENÇA DE VÃOS) E ESTRUTURAS DE CONCRETO DE FACHADA, COM ROLO PARA TEXTURA ACRÍLICA.  ARGAMASSA INDUSTRIALIZADA COM PREPARO EM MISTURADOR 300 KG. AF_10/2022","REVE - REVESTIMENTO E TRATAMENTO DE SUPERFÍCIES",null,"m²",1,13.29,13.29]
["Composição Auxiliar"," 88309 ","SINAPI","PEDREIRO COM ENCARGOS COMPLEMENTARES","SEDI - SERVIÇOS DIVERSOS",null,"H",0.1074,25.31,2.72]
["Composição Auxiliar"," 87393 ","SINAPI","ARGAMASSA INDUSTRIALIZADA PARA CHAPISCO ROLADO, PREPARO COM MISTURADOR DE EIXO HORIZONTAL DE 300 KG. AF_08/2019","SEDI - SERVIÇOS DIVERSOS",null,"m³",1.5E-3,6594.99,9.89]
["Composição Auxiliar"," 88316 ","SINAPI","SERVENTE COM ENCARGOS COMPLEMENTARES","SEDI - SERVIÇOS DIVERSOS",null,"H",3.5799999999999998E-2,18.989999999999998,0.68]
[{"$nulls":4},"MO sem LS =>",2.88,"LS =>",0,"MO com LS =>",2.88]
[{"$nulls":4},"Valor do BDI =>",3.11,null,"Valor com BDI =>",null,16.399999999999999]
[]
[null,"Código","Banco","Descrição","Tipo",null,"Und","Quant.","Valor Unit","Total"]
["Composição"," 87885 ","SINAPI","CHAPISCO APLICADO NO TETO OU EM ALVENARIA E ESTRUTURA, COM ROLO PARA TEXTURA ACRÍLICA. ARGAMASSA INDUSTRIALIZADA COM PREPARO EM MISTURADOR 300 KG. AF_10/2022","REVE - REVESTIMENTO E TRATAMENTO DE SUPERFÍCIES",null,"m²",1,11.15,11.15]
["Composição Auxiliar"," 88316 ","SINAPI","SERVENTE COM ENCARGOS COMPLEMENTARES","SEDI - SERVIÇOS DIVERSOS",null,"H",1.46E-2,18.989999999999998,0.28000000000000003]
["Composição Auxiliar"," 87393 ","SINAPI","ARGAMASSA INDUSTRIALIZADA PARA CHAPISCO ROLADO, PREPARO COM MISTURADOR DE EIXO HORIZONTAL DE 300 KG. AF_08/2019","SEDI - SERVIÇOS DIVERSOS",null,"m³",1.5E-3,6594.99,9.89]
["Composição Auxiliar"," 88309 ","SINAPI","PEDREIRO COM ENCARGOS COMPLEMENTARES","SEDI - SERVIÇOS DIVERSOS",null,"H",3.8899999999999997E-2,25.31,0.98]
[{"$nulls":4},"MO sem LS =>",1.1299999999999999,"LS =>",0,"MO com LS =>",1.1299999999999999]
[{"$nulls":4},"Valor do BDI =>",2.61,null,"Valor com BDI =>",null,13.76]
[]
[null,"Código","Banco","Descrição","Tipo",null,"Und","Quant.","Valor Unit","Total"]
["Composição"," 90466 ","SINAPI","CHUMBAMENTO LINEAR EM ALVENARIA PARA RAMAIS/DISTRIBUIÇÃO DE INSTALAÇÕES HIDRÁULICAS COM DIÂMETROS MENORES OU IGUAIS A 40 MM. AF_09/2023","INHI - INSTALAÇÕES HIDROS SANITÁRIAS",null,"M",1,14.88,14.88]
["Composição Auxiliar"," 88267 ","SINAPI","ENCANADOR OU BOMBEIRO HIDRÁULICO COM ENCARGOS COMPLEMENTARES","SEDI - SERVIÇOS DIVERSOS",null,"H",0.36499999999999999,24.54,8.9600000000000009]
["Composição Auxiliar"," 88629 ","SINAPI","ARGAMASSA TRAÇO 1:3 (EM VOLUME DE CIMENTO E AREIA MÉDIA ÚMIDA), PREPARO MANUAL. AF_08/2019","SEDI - SERVIÇOS DIVERSOS",null,"m³",5.1000000000000004E-3,830.35,4.2300000000000004]
["Composição Auxiliar"," 88248 ","SINAPI","AUXILIAR DE ENCANADOR OU BOMBEIRO HIDRÁULICO COM ENCARGOS COMPLEMENTARES","SEDI - SERVIÇOS DIVERSOS",null,"H",8.3000000000000004E-2,20.399999999999999,1.69]
[{"$nulls":4},"MO sem LS =>",9.61,"LS =>",0,"MO com LS =>",9.61]
[{"$nulls":4},"Valor do BDI =>",3.48,null,"Valor com BDI =>",null,18.36]
[]
[null,"Código","Banco","Descrição","Tipo",null,"Und","Quant.","Valor Unit","Total"]
["Composição"," 100860 ","SINAPI","CHUVEIRO ELÉTRICO COMUM CORPO PLÁSTICO, TIPO DUCHA - FORNECIMENTO E INSTALAÇÃO. AF_01/2020","INHI - INSTALAÇÕES HIDROS SANITÁRIAS",null,"UN",1,102.71,102.71]
["Composição Auxiliar"," 88316 ","SINAPI","SERVENTE COM ENCARGOS COMPLEMENTARES","SEDI - SERVIÇOS DIVERSOS",null,"H",0.14069999999999999,18.989999999999998,2.67]
["Composição Auxiliar"," 88267 ","SINAPI","ENCANADOR OU BOMBEIRO HIDRÁULICO COM ENCARGOS COMPLEMENTARES","SEDI - SERVIÇOS DIVERSOS",null,"H",0.44669999999999999,24.54,10.96]
["Insumo"," 00003146 ","SINAPI","FITA VEDA ROSCA EM ROLOS DE 18 MM X 10 M (L X C)","Material",null,"UN",2.1000000000000001E-2,4,0.08]
["Insumo"," 00001368 ","SINAPI","CHUVEIRO COMUM EM PLASTICO BRANCO, COM CANO, 3 TEMPERATURAS, 5500 W (110/220 V)","Material",null,"UN",1,89,89]
[{"$nulls":4},"MO sem LS =>",11.35,"LS =>",0,"MO com LS =>",11.35]
[{"$nulls":4},"Valor do BDI =>",24.01,null,"Valor com BDI =>",null,126.72]
[]
[null,"Código","Banco","Descrição","Tipo",null,"Und","Quant.","Valor Unit","Total"]
["Composição"," 91534 ","SINAPI","COMPACTADOR DE SOLOS DE PERCUSSÃO (SOQUETE) COM MOTOR A GASOLINA 4 TEMPOS, POTÊNCIA 4 CV - CHI DIURNO. AF_08/2015","CHOR - CUSTOS HORÁRIOS DE MÁQUINAS E EQUIPAMENTOS",null,"CHI",1,34.78,34.78]
["Composição Auxiliar"," 91529 ","SINAPI","COMPACTADOR DE SOLOS DE PERCUSSÃO (SOQUETE) COM MOTOR A GASOLINA 4 TEMPOS, POTÊNCIA 4 CV - DEPRECIAÇÃO. AF_08/2015","CHOR - CUSTOS HORÁRIOS DE MÁQUINAS E EQUIPAMENTOS",null,"H",1,0.83,0.83]
["Composição Auxiliar"," 91530 ","SINAPI","COMPACTADOR DE SOLOS DE PERCUSSÃO (SOQUETE) COM MOTOR A GASOLINA 4 TEMPOS, POTÊNCIA 4 CV - JUROS. AF_08/2015","CHOR - CUSTOS HORÁRIOS DE MÁQUINAS E EQUIPAMENTOS",null,"H",1,0.22,0.22]
["Composição Auxiliar"," 88297 ","SINAPI","OPERADOR DE MÁQUINAS E EQUIPAMENTOS COM ENCARGOS COMPLEMENTARES","SEDI - SERVIÇOS DIVERSOS",null,"H",1,33.729999999999997,33.729999999999997]
[{"$nulls":4},"MO sem LS =>",30.48,"LS =>",0,"MO com LS =>",30.48]
[{"$nulls":4},"Valor do BDI =>",8.1300000000000008,null,"Valor com BDI =>",null,42.91]
[]
[null,"Código","Banco","Descrição","Tipo",null,"Und","Quant.","Valor Unit","Total"]
["Composição"," 91533 ","SINAPI","COMPACTADOR DE SOLOS DE PERCUSSÃO (SOQUETE) COM MOTOR A GASOLINA 4 TEMPOS, POTÊNCIA 4 CV - CHP DIURNO. AF_08/2015","CHOR - CUSTOS HORÁRIOS DE MÁQUINAS E EQUIPAMENTOS",null,"CHP",1,41.9,41.9]
["Composição Auxiliar"," 91530 ","SINAPI","COMPACTADOR DE SOLOS DE PERCUSSÃO (SOQUETE) COM MOTOR A GASOLINA 4 TEMPOS, POTÊNCIA 4 CV - JUROS. AF_08/2015","CHOR - CUSTOS HORÁRIOS DE MÁQUINAS E EQUIPAMENTOS",null,"H",1,0.22,0.22]
["Composição Auxiliar"," 88297 ","SINAPI","OPERADOR DE MÁQUINAS E EQUIPAMENTOS COM ENCARGOS COMPLEMENTARES","SEDI - SERVIÇOS DIVERSOS",null,"H",1,33.729999999999997,33.729999999999997]
["Composição Auxiliar"," 91532 ","SINAPI","COMPACTADOR DE SOLOS DE PERCUSSÃO (SOQUETE) COM MOTOR A GASOLINA 4 TEMPOS, POTÊNCIA 4 CV - MATERIAIS NA OPERAÇÃO. AF_08/2015","CHOR - CUSTOS HORÁRIOS DE MÁQUINAS E EQUIPAMENTOS",null,"H",1,6.09,6.09]
["Composição Auxiliar"," 91529 ","SINAPI","COMPACTADOR DE SOLOS DE PERCUSSÃO (SOQUETE) COM MOTOR A GASOLINA 4 TEMPOS, POTÊNCIA 4 CV - DEPRECIAÇÃO. AF_08/2015","CHOR - CUSTOS HORÁRIOS DE MÁQUINAS E EQUIPAMENTOS",null,"H",1,0.83,0.83]
["Composição Auxiliar"," 91531 ","SINAPI","COMPACTADOR DE SOLOS DE PERCUSSÃO (SOQUETE) COM MOTOR A GASOLINA 4 TEMPOS, POTÊNCIA 4 CV - MANUTENÇÃO. AF_08/2015","CHOR - CUSTOS HORÁRIOS DE MÁQUINAS E EQUIPAMENTOS",null,"H",1,1.03,1.03]
[{"$nulls":4},"MO sem LS =>",30.48,"LS =>",0,"MO com LS =>",30.48]
[{"$nulls":4},"Valor do BDI =>",9.8000000000000007,null,"Valor com BDI =>",null,51.7]
[]
[null,"Código","Banco","Descrição","Tipo",null,"Und","Quant.","Valor Unit","Total"]
["Composição"," 91529 ","SINAPI","COMPACTADOR DE SOLOS DE PERCUSSÃO (SOQUETE) COM MOTOR A GASOLINA 4 TEMPOS, POTÊNCIA 4 CV - DEPRECIAÇÃO. AF_08/2015","CHOR - CUSTOS HORÁRIOS DE MÁQUINAS E EQUIPAMENTOS",null,"H",1,0.83,0.83]
["Insumo"," 00013458 ","SINAPI","COMPACTADOR DE SOLOS DE PERCURSAO (SOQUETE) COM MOTOR A GASOLINA 4 TEMPOS DE 4 HP (4 CV)","Equipamento para Aquisição Permanente",null,"UN",5.3300000000000001E-5,15517.01,0.83]
[{"$nulls":4},"MO sem LS =>",0,"LS =>",0,"MO com LS =>",0]
[{"$nulls":4},"Valor do BDI =>",0.19,null,"Valor com BDI =>",null,1.02]
[]
[null,"Código","Banco","Descrição","Tipo",null,"Und","Quant.","Valor Unit","Total"]
["Composição"," 91530 ","SINAPI","COMPACTADOR DE SOLOS DE PERCUSSÃO (SOQUETE) COM MOTOR A GASOLINA 4 TEMPOS, POTÊNCIA 4 CV - JUROS. AF_08/2015","CHOR - CUSTOS HORÁRIOS DE MÁQUINAS E EQUIPAMENTOS",null,"H",1,0.22,0.22]
["Insumo"," 00013458 ","SINAPI","COMPACTADOR DE SOLOS DE PERCURSAO (SOQUETE) COM MOTOR A GASOLINA 4 TEMPOS DE 4 HP (4 CV)","Equipamento para Aquisição Permanente",null,"UN",1.43E-5,15517.01,0.22]
[{"$nulls":4},"MO sem LS =>",0,"LS =>",0,"MO com LS =>",0]
[{"$nulls":4},"Valor do BDI =>",0.05,null,"Valor com BDI =>",null,0.27]
[]
[null,"Código","Banco","Descrição","Tipo",null,"Und","Quant.","Valor Unit","Total"]
["Composição"," 91531 ","SINAPI","COMPACTADOR DE SOLOS DE PERCUSSÃO (SOQUETE) COM MOTOR A GASOLINA 4 TEMPOS, POTÊNCIA 4 CV - MANUTENÇÃO. AF_08/2015","CHOR - CUSTOS HORÁRIOS DE MÁQUINAS E EQUIPAMENTOS",null,"H",1,1.03,1.03]
["Insumo"," 00013458 ","SINAPI","COMPACTADOR DE SOLOS DE PERCURSAO (SOQUETE) COM MOTOR A GASOLINA 4 TEMPOS DE 4 HP (4 CV)","Equipamento para Aquisição Permanente",null,"UN",6.6699999999999995E-5,15517.01,1.03]
[{"$nulls":4},"MO sem LS =>",0,"LS =>",0,"MO com LS =>",0]
[{"$nulls":4},"Valor do BDI =>",0.24,null,"Valor com BDI =>",null,1.27]
[]
[null,"Código","Banco","Descrição","Tipo",null,"Und","Quant.","Valor Unit","Total"]
["Composição"," 91532 ","SINAPI","COMPACTADOR DE SOLOS DE PERCUSSÃO (SOQUETE) COM MOTOR A GASOLINA 4 TEMPOS, POTÊNCIA 4 CV - MATERIAIS NA OPERAÇÃO. AF_08/2015","CHOR - CUSTOS HORÁRIOS DE MÁQUINAS E EQUIPAMENTOS",null,"H",1,6.09,6.09]
["Insumo"," 00004222 ","SINAPI","GASOLINA COMUM","Material",null,"L",1.03,5.91,6.09]
[{"$nulls":4},"MO sem LS =>",0,"LS =>",0,"MO com LS =>",0]
[{"$nulls":4},"Valor do BDI =>",1.42,null,"Valor com BDI =>",null,7.51]
[]
[null,"Código","Banco","Descrição","Tipo",null,"Und","Quant.","Valor Unit","Total"]
["Composição"," 94970 ","SINAPI","CONCRETO FCK = 20MPA, TRAÇO 1:2,7:3 (EM MASSA SECA DE CIMENTO/ AREIA MÉDIA/ BRITA 1) - PREPARO MECÂNICO COM BETONEIRA 600 L. AF_05/2021","FUES - FUNDAÇÕES E ESTRUTURAS",null,"m³",1,710.53,710.53]
["Composição Auxiliar"," 89226 ","SINAPI","BETONEIRA CAPACIDADE NOMINAL DE 600 L, CAPACIDADE DE MISTURA 360 L, MOTOR ELÉTRICO TRIFÁSICO POTÊNCIA DE 4 CV, SEM CARREGADOR - CHI DIURNO. AF_05/2023","CHOR - CUSTOS HORÁRIOS DE MÁQUINAS E EQUIPAMENTOS",null,"CHI",0.61970000000000003,1.72,1.07]
["Composição Auxiliar"," 88316 ","SINAPI","SERVENTE COM ENCARGOS COMPLEMENTARES","SEDI - SERVIÇOS DIVERSOS",null,"H",2.0266999999999999,18.989999999999998,38.49]
["Composição Auxiliar"," 88377 ","SINAPI","OPERADOR DE BETONEIRA ESTACIONÁRIA/MISTURADOR COM ENCARGOS COMPLEMENTARES","SEDI - SERVIÇOS DIVERSOS",null,"H",1.2767999999999999,18.43,23.53]
["Composição Auxiliar"," 89225 ","SINAPI","BETONEIRA CAPACIDADE NOMINAL DE 600 L, CAPACIDADE DE MISTURA 360 L, MOTOR ELÉTRICO TRIFÁSICO POTÊNCIA DE 4 CV, SEM CARREGADOR - CHP DIURNO. AF_05/2023","CHOR - CUSTOS HORÁRIOS DE MÁQUINAS E EQUIPAMENTOS",null,"CHP",0.65720000000000001,5.61,3.69]
["Insumo"," 00000370 ","SINAPI","AREIA MEDIA - POSTO JAZIDA/FORNECEDOR (RETIRADO NA JAZIDA, SEM TRANSPORTE)","Material",null,"m³",0.76090000000000002,150,114.14]
["Insumo"," 00001379 ","SINAPI","CIMENTO PORTLAND COMPOSTO CP II-32","Material",null,"KG",325.15890000000002,1.05,341.42]
["Insumo"," 00004721 ","SINAPI","PEDRA BRITADA N. 1 (9,5 A 19 MM) POSTO PEDREIRA/FORNECEDOR, SEM FRETE","Material",null,"m³",0.59119999999999995,318.32,188.19]
[{"$nulls":4},"MO sem LS =>",49.11,"LS =>",0,"MO com LS =>",49.11]
[{"$nulls":4},"Valor do BDI =>",166.12,null,"Valor com BDI =>",null,876.65]
[]
[null,"Código","Banco","Descrição","Tipo",null,"Und","Quant.","Valor Unit","Total"]
["Composição"," 94971 ","SINAPI","CONCRETO FCK = 25MPA, TRAÇO 1:2,3:2,7 (EM MASSA SECA DE CIMENTO/ AREIA MÉDIA/ BRITA 1) - PREPARO MECÂNICO COM BETONEIRA 600 L. AF_05/2021","FUES - FUNDAÇÕES E ESTRUTURAS",null,"m³",1,747.7,747.7]
["Composição Auxiliar"," 88316 ","SINAPI","SERVENTE COM ENCARGOS COMPLEMENTARES","SEDI - SERVIÇOS DIVERSOS",null,"H",1.9792000000000001,18.989999999999998,37.590000000000003]
["Composição Auxiliar"," 89226 ","SINAPI","BETONEIRA CAPACIDADE NOMINAL DE 600 L, CAPACIDADE DE MISTURA 360 L, MOTOR ELÉTRICO TRIFÁSICO POTÊNCIA DE 4 CV, SEM CARREGADOR - CHI DIURNO. AF_05/2023","CHOR - CUSTOS HORÁRIOS DE MÁQUINAS E EQUIPAMENTOS",null,"CHI",0.60670000000000002,1.72,1.04]
["Composição Auxiliar"," 88377 ","SINAPI","OPERADOR DE BETONEIRA ESTACIONÁRIA/MISTURADOR COM ENCARGOS COMPLEMENTARES","SEDI - SERVIÇOS DIVERSOS",null,"H",1.2501,18.43,23.04]
["Composição Auxiliar"," 89225 ","SINAPI","BETONEIRA CAPACIDADE NOMINAL DE 600 L, CAPACIDADE DE MISTURA 360 L, MOTOR ELÉTRICO TRIFÁSICO POTÊNCIA DE 4 CV, SEM CARREGADOR - CHP DIURNO. AF_05/2023","CHOR - CUSTOS HORÁRIOS DE MÁQUINAS E EQUIPAMENTOS",null,"CHP",0.64339999999999997,5.61,3.61]
["Insumo"," 00004721 ","SINAPI","PEDRA BRITADA N. 1 (9,5 A 19 MM) POSTO PEDREIRA/FORNECEDOR, SEM FRETE","Material",null,"m³",0.59719999999999995,318.32,190.1]
["Insumo"," 00001379 ","SINAPI","CIMENTO PORTLAND COMPOSTO CP II-32","Material",null,"KG",364.94330000000002,1.05,383.19]
["Insumo"," 00000370 ","SINAPI","AREIA MEDIA - POSTO JAZIDA/FORNECEDOR (RETIRADO NA JAZIDA, SEM TRANSPORTE)","Material",null,"m³",0.72750000000000004,150,109.13]
[{"$nulls":4},"MO sem LS =>",48.01,"LS =>",0,"MO com LS =>",48.01]
[{"$nulls":4},"Valor do BDI =>",174.81,null,"Valor com BDI =>",null,922.51]
[]
[null,"Código","Banco","Descrição","Tipo",null,"Und","Quant.","Valor Unit","Total"]
["Composição"," 94972 ","SINAPI","CONCRETO FCK = 30MPA, TRAÇO 1:2,1:2,5 (EM MASSA SECA DE CIMENTO/ AREIA MÉDIA/ BRITA 1) - PREPARO MECÂNICO COM BETONEIRA 600 L. AF_05/2021","FUES - FUNDAÇÕES E ESTRUTURAS",null,"m³",1,770.93,770.93]
["Composição Auxiliar"," 89226 ","SINAPI","BETONEIRA CAPACIDADE NOMINAL DE 600 L, CAPACIDADE DE MISTURA 360 L, MOTOR ELÉTRICO TRIFÁSICO POTÊNCIA DE 4 CV, SEM CARREGADOR - CHI DIURNO. AF_05/2023","CHOR - CUSTOS HORÁRIOS DE MÁQUINAS E EQUIPAMENTOS",null,"CHI",0.6018,1.72,1.04]
["Composição Auxiliar"," 89225 ","SINAPI","BETONEIRA CAPACIDADE NOMINAL DE 600 L, CAPACIDADE DE MISTURA 360 L, MOTOR ELÉTRICO TRIFÁSICO POTÊNCIA DE 4 CV, SEM CARREGADOR - CHP DIURNO. AF_05/2023","CHOR - CUSTOS HORÁRIOS DE MÁQUINAS E EQUIPAMENTOS",null,"CHP",0.63819999999999999,5.61,3.58]
["Composição Auxiliar"," 88316 ","SINAPI","SERVENTE COM ENCARGOS COMPLEMENTARES","SEDI - SERVIÇOS DIVERSOS",null,"H",1.9633,18.989999999999998,37.28]
["Composição Auxiliar"," 88377 ","SINAPI","OPERADOR DE BETONEIRA ESTACIONÁRIA/MISTURADOR COM ENCARGOS COMPLEMENTARES","SEDI - SERVIÇOS DIVERSOS",null,"H",1.24,18.43,22.85]
["Insumo"," 00000370 ","SINAPI","AREIA MEDIA - POSTO JAZIDA/FORNECEDOR (RETIRADO NA JAZIDA, SEM TRANSPORTE)","Material",null,"m³",0.71189999999999998,150,106.79]
["Insumo"," 00004721 ","SINAPI","PEDRA BRITADA N. 1 (9,5 A 19 MM) POSTO PEDREIRA/FORNECEDOR, SEM FRETE","Material",null,"m³",0.5927,318.32,188.67]
["Insumo"," 00001379 ","SINAPI","CIMENTO PORTLAND COMPOSTO CP II-32","Material",null,"KG",391.16629999999998,1.05,410.72]
[{"$nulls":4},"MO sem LS =>",47.62,"LS =>",0,"MO com LS =>",47.62]
[{"$nulls":4},"Valor do BDI =>",180.24,null,"Valor com BDI =>",null,951.17]
[]
[null,"Código","Banco","Descrição","Tipo",null,"Und","Quant.","Valor Unit","Total"]
["Composição"," 94974 ","SINAPI","CONCRETO MAGRO PARA LASTRO, TRAÇO 1:4,5:4,5 (EM MASSA SECA DE CIMENTO/ AREIA MÉDIA/ BRITA 1) - PREPARO MANUAL. AF_05/2021","FUES - FUNDAÇÕES E ESTRUTURAS",null,"m³",1,667.39,667.39]
["Composição Auxiliar"," 88316 ","SINAPI","SERVENTE COM ENCARGOS COMPLEMENTARES","SEDI - SERVIÇOS DIVERSOS",null,"H",6.2858000000000001,18.989999999999998,119.37]
["Insumo"," 00001379 ","SINAPI","CIMENTO PORTLAND COMPOSTO CP II-32","Material",null,"KG",218.93,1.05,229.88]
["Insumo"," 00004721 ","SINAPI","PEDRA BRITADA N. 1 (9,5 A 19 MM) POSTO PEDREIRA/FORNECEDOR, SEM FRETE","Material",null,"m³",0.59709999999999996,318.32,190.07]
["Insumo"," 00000370 ","SINAPI","AREIA MEDIA - POSTO JAZIDA/FORNECEDOR (RETIRADO NA JAZIDA, SEM TRANSPORTE)","Material",null,"m³",0.8538,150,128.07]
[{"$nulls":4},"MO sem LS =>",92.21,"LS =>",0,"MO com LS =>",92.21]
[{"$nulls":4},"Valor do BDI =>",156.04,null,"Valor com BDI =>",null,823.43]
[]
[null,"Código","Banco","Descrição","Tipo",null,"Und","Quant.","Valor Unit","Total"]
["Composição"," 94962 ","SINAPI","CONCRETO MAGRO PARA LASTRO, TRAÇO 1:4,5:4,5 (EM MASSA SECA DE CIMENTO/ AREIA MÉDIA/ BRITA 1) - PREPARO MECÂNICO COM BETONEIRA 400 L. AF_05/2021","FUES - FUNDAÇÕES E ESTRUTURAS",null,"m³",1,604.29999999999995,604.29999999999995]
["Composição Auxiliar"," 88830 ","SINAPI","BETONEIRA CAPACIDADE NOMINAL DE 400 L, CAPACIDADE DE MISTURA 280 L, MOTOR ELÉTRICO TRIFÁSICO POTÊNCIA DE 2 CV, SEM CARREGADOR - CHP DIURNO. AF_05/2023","CHOR - CUSTOS HORÁRIOS DE MÁQUINAS E EQUIPAMENTOS",null,"CHP",0.76229999999999998,1.96,1.49]
["Composição Auxiliar"," 88316 ","SINAPI","SERVENTE COM ENCARGOS COMPLEMENTARES","SEDI - SERVIÇOS DIVERSOS",null,"H",2.3433000000000002,18.989999999999998,44.5]
["Composição Auxiliar"," 88377 ","SINAPI","OPERADOR DE BETONEIRA ESTACIONÁRIA/MISTURADOR COM ENCARGOS COMPLEMENTARES","SEDI - SERVIÇOS DIVERSOS",null,"H",1.4811000000000001,18.43,27.3]
["Composição Auxiliar"," 88831 ","SINAPI","BETONEIRA CAPACIDADE NOMINAL DE 400 L, CAPACIDADE DE MISTURA 280 L, MOTOR ELÉTRICO TRIFÁSICO POTÊNCIA DE 2 CV, SEM CARREGADOR - CHI DIURNO. AF_05/2023","CHOR - CUSTOS HORÁRIOS DE MÁQUINAS E EQUIPAMENTOS",null,"CHI",0.71879999999999999,0.42,0.3]
["Insumo"," 00001379 ","SINAPI","CIMENTO PORTLAND COMPOSTO CP II-32","Material",null,"KG",212.01939999999999,1.05,222.62]
["Insumo"," 00000370 ","SINAPI","AREIA MEDIA - POSTO JAZIDA/FORNECEDOR (RETIRADO NA JAZIDA, SEM TRANSPORTE)","Material",null,"m³",0.82689999999999997,150,124.04]
["Insumo"," 00004721 ","SINAPI","PEDRA BRITADA N. 1 (9,5 A 19 MM) POSTO PEDREIRA/FORNECEDOR, SEM FRETE","Material",null,"m³",0.57820000000000005,318.32,184.05]
[{"$nulls":4},"MO sem LS =>",56.86,"LS =>",0,"MO com LS =>",56.86]
[{"$nulls":4},"Valor do BDI =>",141.29,null,"Valor com BDI =>",null,745.59]
[]
[null,"Código","Banco","Descrição","Tipo",null,"Und","Quant.","Valor Unit","Total"]
["Composição"," 94968 ","SINAPI","CONCRETO MAGRO PARA LASTRO, TRAÇO 1:4,5:4,5 (EM MASSA SECA DE CIMENTO/ AREIA MÉDIA/ BRITA 1) - PREPARO MECÂNICO COM BETONEIRA 600 L. AF_05/2021","FUES - FUNDAÇÕES E ESTRUTURAS",null,"m³",1,603.78,603.78]
["Composição Auxiliar"," 88377 ","SINAPI","OPERADOR DE BETONEIRA ESTACIONÁRIA/MISTURADOR COM ENCARGOS COMPLEMENTARES","SEDI - SERVIÇOS DIVERSOS",null,"H",1.3314999999999999,18.43,24.54]
["Composição Auxiliar"," 89225 ","SINAPI","BETONEIRA CAPACIDADE NOMINAL DE 600 L, CAPACIDADE DE MISTURA 360 L, MOTOR ELÉTRICO TRIFÁSICO POTÊNCIA DE 4 CV, SEM CARREGADOR - CHP DIURNO. AF_05/2023","CHOR - CUSTOS HORÁRIOS DE MÁQUINAS E EQUIPAMENTOS",null,"CHP",0.68530000000000002,5.61,3.84]
["Composição Auxiliar"," 89226 ","SINAPI","BETONEIRA CAPACIDADE NOMINAL DE 600 L, CAPACIDADE DE MISTURA 360 L, MOTOR ELÉTRICO TRIFÁSICO POTÊNCIA DE 4 CV, SEM CARREGADOR - CHI DIURNO. AF_05/2023","CHOR - CUSTOS HORÁRIOS DE MÁQUINAS E EQUIPAMENTOS",null,"CHI",0.6462,1.72,1.1100000000000001]
["Composição Auxiliar"," 88316 ","SINAPI","SERVENTE COM ENCARGOS COMPLEMENTARES","SEDI - SERVIÇOS DIVERSOS",null,"H",2.1057999999999999,18.989999999999998,39.99]
["Insumo"," 00004721 ","SINAPI","PEDRA BRITADA N. 1 (9,5 A 19 MM) POSTO PEDREIRA/FORNECEDOR, SEM FRETE","Material",null,"m³",0.58209999999999995,318.32,185.29]
["Insumo"," 00001379 ","SINAPI","CIMENTO PORTLAND COMPOSTO CP II-32","Material",null,"KG",213.45310000000001,1.05,224.13]
["Insumo"," 00000370 ","SINAPI","AREIA MEDIA - POSTO JAZIDA/FORNECEDOR (RETIRADO NA JAZIDA, SEM TRANSPORTE)","Material",null,"m³",0.83250000000000002,150,124.88]
[{"$nulls":4},"MO sem LS =>",51.1,"LS =>",0,"MO com LS =>",51.1]
[{"$nulls":4},"Valor do BDI =>",141.16,null,"Valor com BDI =>",null,744.94]
[]
[null,"Código","Banco","Descrição","Tipo",null,"Und","Quant.","Valor Unit","Total"]
["Composição"," 95805 ","SINAPI","CONDULETE DE PVC, TIPO B, PARA ELETRODUTO DE PVC SOLDÁVEL DN 25 MM (3/4''), APARENTE - FORNECIMENTO E INSTALAÇÃO. AF_10/2022","INEL - INSTALAÇÃO ELÉTRICA/ELETRIFICAÇÃO E ILUMINAÇÃO EXTERNA",null,"UN",1,23.37,23.37]
["Composição Auxiliar"," 88264 ","SINAPI","ELETRICISTA COM ENCARGOS COMPLEMENTARES","SEDI - SERVIÇOS DIVERSOS",null,"H",0.2397,27.9,6.69]
["Composição Auxiliar"," 88247 ","SINAPI","AUXILIAR DE ELETRICISTA COM ENCARGOS COMPLEMENTARES","SEDI - SERVIÇOS DIVERSOS",null,"H",0.2397,21.44,5.14]
["Insumo"," 00011950 ","SINAPI","BUCHA DE NYLON SEM ABA S6, COM PARAFUSO DE 4,20 X 40 MM EM ACO ZINCADO COM ROSCA SOBERBA, CABECA CHATA E FENDA PHILLIPS","Material",null,"UN",2,0.26,0.52]
["Insumo"," 00012010 ","SINAPI","CONDULETE EM PVC, TIPO \"B\", SEM TAMPA, DE 1/2\" OU 3/4\"","Material",null,"UN",1,11.02,11.02]
[{"$nulls":4},"MO sem LS =>",9.7100000000000009,"LS =>",0,"MO com LS =>",9.7100000000000009]
[{"$nulls":4},"Valor do BDI =>",5.46,null,"Valor com BDI =>",null,28.83]
[]
[null,"Código","Banco","Descrição","Tipo",null,"Und","Quant.","Valor Unit","Total"]
["Composição"," 95811 ","SINAPI","CONDULETE DE PVC, TIPO LB, PARA ELETRODUTO DE PVC SOLDÁVEL DN 25 MM (3/4''), APARENTE - FORNECIMENTO E INSTALAÇÃO. AF_10/2022","INEL - INSTALAÇÃO ELÉTRICA/ELETRIFICAÇÃO E ILUMINAÇÃO EXTERNA",null,"UN",1,19.89,19.89]
["Composição Auxiliar"," 88264 ","SINAPI","ELETRICISTA COM ENCARGOS COMPLEMENTARES","SEDI - SERVIÇOS DIVERSOS",null,"H",0.157,27.9,4.38]
["Composição Auxiliar"," 88247 ","SINAPI","AUXILIAR DE ELETRICISTA COM ENCARGOS COMPLEMENTARES","SEDI - SERVIÇOS DIVERSOS",null,"H",0.157,21.44,3.37]
["Insumo"," 00012016 ","SINAPI","CONDULETE EM PVC, TIPO \"LB\", SEM TAMPA, DE 1/2\" OU 3/4\"","Material",null,"UN",1,12.14,12.14]
[{"$nulls":4},"MO sem LS =>",6.35,"LS =>",0,"MO com LS =>",6.35]
[{"$nulls":4},"Valor do BDI =>",4.6500000000000004,null,"Valor com BDI =>",null,24.54]
[]
[null,"Código","Banco","Descrição","Tipo",null,"Und","Quant.","Valor Unit","Total"]
["Composição"," 104749 ","SINAPI","CONECTOR GRAMPO METÁLICO TIPO OLHAL, PARA SPDA, PARA HASTE DE ATERRAMENTO DE 3/4'' E CABOS DE 10 A 50 MM2 - FORNECIMENTO E INSTALAÇÃO. AF_08/2023","INEL - INSTALAÇÃO ELÉTRICA/ELETRIFICAÇÃO E ILUMINAÇÃO EXTERNA",null,"UN",1,20.03,20.03]
["Composição Auxiliar"," 88264 ","SINAPI","ELETRICISTA COM ENCARGOS COMPLEMENTARES","SEDI - SERVIÇOS DIVERSOS",null,"H",0.18629999999999999,27.9,5.2]
["Composição Auxiliar"," 88247 ","SINAPI","AUXILIAR DE ELETRICISTA COM ENCARGOS COMPLEMENTARES","SEDI - SERVIÇOS DIVERSOS",null,"H",0.18629999999999999,21.44,3.99]
["Insumo"," 00000416 ","SINAPI","GRAMPO METALICO TIPO OLHAL PARA HASTE DE ATERRAMENTO DE 3/4\", CONDUTOR DE *10* A 50 MM2","Material",null,"UN",1,10.84,10.84]
[{"$nulls":4},"MO sem LS =>",7.54,"LS =>",0,"MO com LS =>",7.54]
[{"$nulls":4},"Valor do BDI =>",4.68,null,"Valor com BDI =>",null,24.71]
[]
[null,"Código","Banco","Descrição","Tipo",null,"Und","Quant.","Valor Unit","Total"]
["Composição"," 96977 ","SINAPI","CORDOALHA DE COBRE NU 50 MM², ENTERRADA - FORNECIMENTO E INSTALAÇÃO. AF_08/2023","INEL - INSTALAÇÃO ELÉTRICA/ELETRIFICAÇÃO E ILUMINAÇÃO EXTERNA",null,"M",1,68.78,68.78]
["Composição Auxiliar"," 88264 ","SINAPI","ELETRICISTA COM ENCARGOS COMPLEMENTARES","SEDI - SERVIÇOS DIVERSOS",null,"H",3.3099999999999997E-2,27.9,0.92]
["Composição Auxiliar"," 88247 ","SINAPI","AUXILIAR DE ELETRICISTA COM ENCARGOS COMPLEMENTARES","SEDI - SERVIÇOS DIVERSOS",null,"H",3.3099999999999997E-2,21.44,0.71]
["Insumo"," 00000867 ","SINAPI","CABO DE COBRE NU 50 MM2 MEIO-DURO","Material",null,"M",1.05,63.95,67.150000000000006]
[{"$nulls":4},"MO sem LS =>",1.34,"LS =>",0,"MO com LS =>",1.34]
[{"$nulls":4},"Valor do BDI =>",16.079999999999998,null,"Valor com BDI =>",null,84.86]
[]
[null,"Código","Banco","Descrição","Tipo",null,"Und","Quant.","Valor Unit","Total"]
["Composição"," 91285 ","SINAPI","CORTADORA DE PISO COM MOTOR 4 TEMPOS A GASOLINA, POTÊNCIA DE 13 HP, COM DISCO DE CORTE DIAMANTADO SEGMENTADO PARA CONCRETO, DIÂMETRO DE 350 MM, FURO DE 1\" (14 X 1\") - CHI DIURNO. AF_08/2015","CHOR - CUSTOS HORÁRIOS DE MÁQUINAS E EQUIPAMENTOS",null,"CHI",1,1.02,1.02]
["Composição Auxiliar"," 91280 ","SINAPI","CORTADORA DE PISO COM MOTOR 4 TEMPOS A GASOLINA, POTÊNCIA DE 13 HP, COM DISCO DE CORTE DIAMANTADO SEGMENTADO PARA CONCRETO, DIÂMETRO DE 350 MM, FURO DE 1\" (14 X 1\") - JUROS. AF_08/2015","CHOR - CUSTOS HORÁRIOS DE MÁQUINAS E EQUIPAMENTOS",null,"H",1,0.19,0.19]
["Composição Auxiliar"," 91279 ","SINAPI","CORTADORA DE PISO COM MOTOR 4 TEMPOS A GASOLINA, POTÊNCIA DE 13 HP, COM DISCO DE CORTE DIAMANTADO SEGMENTADO PARA CONCRETO, DIÂMETRO DE 350 MM, FURO DE 1\" (14 X 1\") - DEPRECIAÇÃO. AF_08/2015","CHOR - CUSTOS HORÁRIOS DE MÁQUINAS E EQUIPAMENTOS",null,"H",1,0.83,0.83]
[{"$nulls":4},"MO sem LS =>",0,"LS =>",0,"MO com LS =>",0]
[{"$nulls":4},"Valor do BDI =>",0.24,null,"Valor com BDI =>",null,1.26]
[]
[null,"Código","Banco","Descrição","Tipo",null,"Und","Quant.","Valor Unit","Total"]
["Composição"," 91283 ","SINAPI","CORTADORA DE PISO COM MOTOR 4 TEMPOS A GASOLINA, POTÊNCIA DE 13 HP, COM DISCO DE CORTE DIAMANTADO SEGMENTADO PARA CONCRETO, DIÂMETRO DE 350 MM, FURO DE 1\" (14 X 1\") - CHP DIURNO. AF_08/2015","CHOR - CUSTOS HORÁRIOS DE MÁQUINAS E EQUIPAMENTOS",null,"CHP",1,10.63,10.63]
["Composição Auxiliar"," 91281 ","SINAPI","CORTADORA DE PISO COM MOTOR 4 TEMPOS A GASOLINA, POTÊNCIA DE 13 HP, COM DISCO DE CORTE DIAMANTADO SEGMENTADO PARA CONCRETO, DIÂMETRO DE 350 MM, FURO DE 1\" (14 X 1\") - MANUTENÇÃO. AF_08/2015","CHOR - CUSTOS HORÁRIOS DE MÁQUINAS E EQUIPAMENTOS",null,"H",1,1.04,1.04]
["Composição Auxiliar"," 91279 ","SINAPI","CORTADORA DE PISO COM MOTOR 4 TEMPOS A GASOLINA, POTÊNCIA DE 13 HP, COM DISCO DE CORTE DIAMANTADO SEGMENTADO PARA CONCRETO, DIÂMETRO DE 350 MM, FURO DE 1\" (14 X 1\") - DEPRECIAÇÃO. AF_08/2015","CHOR - CUSTOS HORÁRIOS DE MÁQUINAS E EQUIPAMENTOS",null,"H",1,0.83,0.83]
["Composição Auxiliar"," 91282 ","SINAPI","CORTADORA DE PISO COM MOTOR 4 TEMPOS A GASOLINA, POTÊNCIA DE 13 HP, COM DISCO DE CORTE DIAMANTADO SEGMENTADO PARA CONCRETO, DIÂMETRO DE 350 MM, FURO DE 1\" (14 X 1\") - MATERIAIS NA OPERAÇÃO. AF_08/2015","CHOR - CUSTOS HORÁRIOS DE MÁQUINAS E EQUIPAMENTOS",null,"H",1,8.57,8.57]
["Composição Auxiliar"," 91280 ","SINAPI","CORTADORA DE PISO COM MOTOR 4 TEMPOS A GASOLINA, POTÊNCIA DE 13 HP, COM DISCO DE CORTE DIAMANTADO SEGMENTADO PARA CONCRETO, DIÂMETRO DE 350 MM, FURO DE 1\" (14 X 1\") - JUROS. AF_08/2015","CHOR - CUSTOS HORÁRIOS DE MÁQUINAS E EQUIPAMENTOS",null,"H",1,0.19,0.19]
[{"$nulls":4},"MO sem LS =>",0,"LS =>",0,"MO com LS =>",0]
[{"$nulls":4},"Valor do BDI =>",2.4900000000000002,null,"Valor com BDI =>",null,13.12]
[]
[null,"Código","Banco","Descrição","Tipo",null,"Und","Quant.","Valor Unit","Total"]
["Composição"," 91279 ","SINAPI","CORTADORA DE PISO COM MOTOR 4 TEMPOS A GASOLINA, POTÊNCIA DE 13 HP, COM DISCO DE CORTE DIAMANTADO SEGMENTADO PARA CONCRETO, DIÂMETRO DE 350 MM, FURO DE 1\" (14 X 1\") - DEPRECIAÇÃO. AF_08/2015","CHOR - CUSTOS HORÁRIOS DE MÁQUINAS E EQUIPAMENTOS",null,"H",1,0.83,0.83]
["Insumo"," 00013887 ","SINAPI","DISCO DE CORTE DIAMANTADO SEGMENTADO PARA CONCRETO, DIAMETRO DE 350 MM, FURO DE 1\" (14 X 1 \")","Material",null,"UN",6.3999999999999997E-5,426.16,0.03]
["Insumo"," 00011280 ","SINAPI","CORTADEIRA DE PISO DE CONCRETO E ASFALTO, PARA DISCO PADRAO DE DIAMETRO 350 MM (14\") OU 450 MM (18\"), MOTOR A GASOLINA, POTENCIA 13 HP, SEM DISCO","Equipamento para Aquisição Permanente",null,"UN",6.3999999999999997E-5,12565.25,0.8]
[{"$nulls":4},"MO sem LS =>",0,"LS =>",0,"MO com LS =>",0]
[{"$nulls":4},"Valor do BDI =>",0.19,null,"Valor com BDI =>",null,1.02]
[]
[null,"Código","Banco","Descrição","Tipo",null,"Und","Quant.","Valor Unit","Total"]
["Composição"," 91280 ","SINAPI","CORTADORA DE PISO COM MOTOR 4 TEMPOS A GASOLINA, POTÊNCIA DE 13 HP, COM DISCO DE CORTE DIAMANTADO SEGMENTADO PARA CONCRETO, DIÂMETRO DE 350 MM, FURO DE 1\" (14 X 1\") - JUROS. AF_08/2015","CHOR - CUSTOS HORÁRIOS DE MÁQUINAS E EQUIPAMENTOS",null,"H",1,0.19,0.19]
["Insumo"," 00011280 ","SINAPI","CORTADEIRA DE PISO DE CONCRETO E ASFALTO, PARA DISCO PADRAO DE DIAMETRO 350 MM (14\") OU 450 MM (18\"), MOTOR A GASOLINA, POTENCIA 13 HP, SEM DISCO","Equipamento para Aquisição Permanente",null,"UN",1.4800000000000001E-5,12565.25,0.19]
[{"$nulls":4},"MO sem LS =>",0,"LS =>",0,"MO com LS =>",0]
[{"$nulls":4},"Valor do BDI =>",0.04,null,"Valor com BDI =>",null,0.23]
[]
[null,"Código","Banco","Descrição","Tipo",null,"Und","Quant.","Valor Unit","Total"]
["Composição"," 91281 ","SINAPI","CORTADORA DE PISO COM MOTOR 4 TEMPOS A GASOLINA, POTÊNCIA DE 13 HP, COM DISCO DE CORTE DIAMANTADO SEGMENTADO PARA CONCRETO, DIÂMETRO DE 350 MM, FURO DE 1\" (14 X 1\") - MANUTENÇÃO. AF_08/2015","CHOR - CUSTOS HORÁRIOS DE MÁQUINAS E EQUIPAMENTOS",null,"H",1,1.04,1.04]
["Insumo"," 00013887 ","SINAPI","DISCO DE CORTE DIAMANTADO SEGMENTADO PARA CONCRETO, DIAMETRO DE 350 MM, FURO DE 1\" (14 X 1 \")","Material",null,"UN",8.0000000000000007E-5,426.16,0.03]
["Insumo"," 00011280 ","SINAPI","CORTADEIRA DE PISO DE CONCRETO E ASFALTO, PARA DISCO PADRAO DE DIAMETRO 350 MM (14\") OU 450 MM (18\"), MOTOR A GASOLINA, POTENCIA 13 HP, SEM DISCO","Equipamento para Aquisição Permanente",null,"UN",8.0000000000000007E-5,12565.25,1.01]
[{"$nulls":4},"MO sem LS =>",0,"LS =>",0,"MO com LS =>",0]
[{"$nulls":4},"Valor do BDI =>",0.24,null,"Valor com BDI =>",null,1.28]
[]
[null,"Código","Banco","Descrição","Tipo",null,"Und","Quant.","Valor Unit","Total"]
["Composição"," 91282 ","SINAPI","CORTADORA DE PISO COM MOTOR 4 TEMPOS A GASOLINA, POTÊNCIA DE 13 HP, COM DISCO DE CORTE DIAMANTADO SEGMENTADO PARA CONCRETO, DIÂMETRO DE 350 MM, FURO DE 1\" (14 X 1\") - MATERIAIS NA OPERAÇÃO. AF_08/2015","CHOR - CUSTOS HORÁRIOS DE MÁQUINAS E EQUIPAMENTOS",null,"H",1,8.57,8.57]
["Insumo"," 00004222 ","SINAPI","GASOLINA COMUM","Material",null,"L",1.45,5.91,8.57]
[{"$nulls":4},"MO sem LS =>",0,"LS =>",0,"MO com LS =>",0]
[{"$nulls":4},"Valor do BDI =>",2,null,"Valor com BDI =>",null,10.57]
[]
[null,"Código","Banco","Descrição","Tipo",null,"Und","Quant.","Valor Unit","Total"]
["Composição"," 92799 ","SINAPI","CORTE E DOBRA DE AÇO CA-60, DIÂMETRO DE 4,2 MM. AF_06/2022","FUES - FUNDAÇÕES E ESTRUTURAS",null,"KG",1,11.72,11.72]
["Composição Auxiliar"," 88238 ","SINAPI","AJUDANTE DE ARMADOR COM ENCARGOS COMPLEMENTARES","SEDI - SERVIÇOS DIVERSOS",null,"H",1.52E-2,20.97,0.32]
["Composição Auxiliar"," 88245 ","SINAPI","ARMADOR COM ENCARGOS COMPLEMENTARES","SEDI - SERVIÇOS DIVERSOS",null,"H",9.3299999999999994E-2,25.08,2.34]
["Insumo"," 00043059 ","SINAPI","ACO CA-60, 4,2 MM, OU 5,0 MM, OU 6,0 MM, OU 7,0 MM, VERGALHAO","Material",null,"KG",1.07,8.4700000000000006,9.06]
[{"$nulls":4},"MO sem LS =>",2.1800000000000002,"LS =>",0,"MO com LS =>",2.1800000000000002]
[{"$nulls":4},"Valor do BDI =>",2.74,null,"Valor com BDI =>",null,14.46]
[]
[null,"Código","Banco","Descrição","Tipo",null,"Und","Quant.","Valor Unit","Total"]
["Composição"," 95308 ","SINAPI","CURSO DE CAPACITAÇÃO PARA AJUDANTE DE ARMADOR (ENCARGOS COMPLEMENTARES) - HORISTA","SEDI - SERVIÇOS DIVERSOS",null,"H",1,0.22,0.22]
["Insumo"," 00006114 ","SINAPI","AJUDANTE DE ARMADOR (HORISTA)","Mão de Obra",null,"H",1.328E-2,16.309999999999999,0.22]
[{"$nulls":4},"MO sem LS =>",0.22,"LS =>",0,"MO com LS =>",0.22]
[{"$nulls":4},"Valor do BDI =>",0.05,null,"Valor com BDI =>",null,0.27]
[]
[null,"Código","Banco","Descrição","Tipo",null,"Und","Quant.","Valor Unit","Total"]
["Composição"," 95309 ","SINAPI","CURSO DE CAPACITAÇÃO PARA AJUDANTE DE CARPINTEIRO (ENCARGOS COMPLEMENTARES) - HORISTA","SEDI - SERVIÇOS DIVERSOS",null,"H",1,0.28000000000000003,0.28000000000000003]
["Insumo"," 00006117 ","SINAPI","CARPINTEIRO AUXILIAR (HORISTA)","Mão de Obra",null,"H",1.6990000000000002E-2,16.309999999999999,0.28000000000000003]
[{"$nulls":4},"MO sem LS =>",0.28000000000000003,"LS =>",0,"MO com LS =>",0.28000000000000003]
[{"$nulls":4},"Valor do BDI =>",7.0000000000000007E-2,null,"Valor com BDI =>",null,0.35]
[]
[null,"Código","Banco","Descrição","Tipo",null,"Und","Quant.","Valor Unit","Total"]
["Composição"," 95314 ","SINAPI","CURSO DE CAPACITAÇÃO PARA ARMADOR (ENCARGOS COMPLEMENTARES) - HORISTA","SEDI - SERVIÇOS DIVERSOS",null,"H",1,0.27,0.27]
["Insumo"," 00000378 ","SINAPI","ARMADOR (HORISTA)","Mão de Obra",null,"H",1.328E-2,20.37,0.27]
[{"$nulls":4},"MO sem LS =>",0.27,"LS =>",0,"MO com LS =>",0.27]
[{"$nulls":4},"Valor do BDI =>",0.06,null,"Valor com BDI =>",null,0.33]
[]
[null,"Código","Banco","Descrição","Tipo",null,"Und","Quant.","Valor Unit","Total"]
["Composição"," 95316 ","SINAPI","CURSO DE CAPACITAÇÃO PARA AUXILIAR DE ELETRICISTA (ENCARGOS COMPLEMENTARES) - HORISTA","SEDI - SERVIÇOS DIVERSOS",null,"H",1,0.7,0.7]
["Insumo"," 00000247 ","SINAPI","AJUDANTE DE ELETRICISTA (HORISTA)","Mão de Obra",null,"H",4.2970000000000001E-2,16.309999999999999,0.7]
[{"$nulls":4},"MO sem LS =>",0.7,"LS =>",0,"MO com LS =>",0.7]
[{"$nulls":4},"Valor do BDI =>",0.16,null,"Valor com BDI =>",null,0.86]
[]
[null,"Código","Banco","Descrição","Tipo",null,"Und","Quant.","Valor Unit","Total"]
["Composição"," 95317 ","SINAPI","CURSO DE CAPACITAÇÃO PARA AUXILIAR DE ENCANADOR OU BOMBEIRO HIDRÁULICO (ENCARGOS COMPLEMENTARES) - HORISTA","SEDI - SERVIÇOS DIVERSOS",null,"H",1,0.34,0.34]
["Insumo"," 00000246 ","SINAPI","AUXILIAR DE ENCANADOR OU BOMBEIRO HIDRAULICO (HORISTA)","Mão de Obra",null,"H",2.07E-2,16.309999999999999,0.34]
[{"$nulls":4},"MO sem LS =>",0.34,"LS =>",0,"MO com LS =>",0.34]
[{"$nulls":4},"Valor do BDI =>",0.08,null,"Valor com BDI =>",null,0.42]
[]
[null,"Código","Banco","Descrição","Tipo",null,"Und","Quant.","Valor Unit","Total"]
["Composição"," 95324 ","SINAPI","CURSO DE CAPACITAÇÃO PARA AZULEJISTA OU LADRILHISTA (ENCARGOS COMPLEMENTARES) - HORISTA","SEDI - SERVIÇOS DIVERSOS",null,"H",1,0.41,0.41]
["Insumo"," 00004760 ","SINAPI","AZULEJISTA OU LADRILHEIRO (HORISTA)","Mão de Obra",null,"H",1.6990000000000002E-2,24.19,0.41]
[{"$nulls":4},"MO sem LS =>",0.41,"LS =>",0,"MO com LS =>",0.41]
[{"$nulls":4},"Valor do BDI =>",0.1,null,"Valor com BDI =>",null,0.51]
[]
[null,"Código","Banco","Descrição","Tipo",null,"Und","Quant.","Valor Unit","Total"]
["Composição"," 95329 ","SINAPI","CURSO DE CAPACITAÇÃO PARA CARPINTEIRO DE ESQUADRIA (ENCARGOS COMPLEMENTARES) - HORISTA","SEDI - SERVIÇOS DIVERSOS",null,"H",1,0.33,0.33]
["Insumo"," 00001214 ","SINAPI","CARPINTEIRO DE ESQUADRIAS (HORISTA)","Mão de Obra",null,"H",1.6990000000000002E-2,19.16,0.33]
[{"$nulls":4},"MO sem LS =>",0.33,"LS =>",0,"MO com LS =>",0.33]
[{"$nulls":4},"Valor do BDI =>",0.08,null,"Valor com BDI =>",null,0.41]
[]
[null,"Código","Banco","Descrição","Tipo",null,"Und","Quant.","Valor Unit","Total"]
["Composição"," 95330 ","SINAPI","CURSO DE CAPACITAÇÃO PARA CARPINTEIRO DE FÔRMAS (ENCARGOS COMPLEMENTARES) - HORISTA","SEDI - SERVIÇOS DIVERSOS",null,"H",1,0.27,0.27]
["Insumo"," 00001213 ","SINAPI","CARPINTEIRO DE FORMAS PARA CONCRETO (HORISTA)","Mão de Obra",null,"H",1.328E-2,20.37,0.27]
[{"$nulls":4},"MO sem LS =>",0.27,"LS =>",0,"MO com LS =>",0.27]
[{"$nulls":4},"Valor do BDI =>",0.06,null,"Valor com BDI =>",null,0.33]
[]
[null,"Código","Banco","Descrição","Tipo",null,"Und","Quant.","Valor Unit","Total"]
["Composição"," 95332 ","SINAPI","CURSO DE CAPACITAÇÃO PARA ELETRICISTA (ENCARGOS COMPLEMENTARES) - HORISTA","SEDI - SERVIÇOS DIVERSOS",null,"H",1,0.97,0.97]
["Insumo"," 00002436 ","SINAPI","ELETRICISTA (HORISTA)","Mão de Obra",null,"H",4.2970000000000001E-2,22.5,0.97]
[{"$nulls":4},"MO sem LS =>",0.97,"LS =>",0,"MO com LS =>",0.97]
[{"$nulls":4},"Valor do BDI =>",0.23,null,"Valor com BDI =>",null,1.2]
[]
[null,"Código","Banco","Descrição","Tipo",null,"Und","Quant.","Valor Unit","Total"]
["Composição"," 95334 ","SINAPI","CURSO DE CAPACITAÇÃO PARA ELETROTÉCNICO (ENCARGOS COMPLEMENTARES) - HORISTA","SEDI - SERVIÇOS DIVERSOS",null,"H",1,0.92,0.92]
["Insumo"," 00002438 ","SINAPI","ELETROTECNICO (HORISTA)","Mão de Obra",null,"H",3.5549999999999998E-2,25.85,0.92]
[{"$nulls":4},"MO sem LS =>",0.92,"LS =>",0,"MO com LS =>",0.92]
[{"$nulls":4},"Valor do BDI =>",0.22,null,"Valor com BDI =>",null,1.1399999999999999]
[]
[null,"Código","Banco","Descrição","Tipo",null,"Und","Quant.","Valor Unit","Total"]
["Composição"," 95335 ","SINAPI","CURSO DE CAPACITAÇÃO PARA ENCANADOR OU BOMBEIRO HIDRÁULICO (ENCARGOS COMPLEMENTARES) - HORISTA","SEDI - SERVIÇOS DIVERSOS",null,"H",1,0.42,0.42]
["Insumo"," 00002696 ","SINAPI","ENCANADOR OU BOMBEIRO HIDRAULICO (HORISTA)","Mão de Obra",null,"H",2.07E-2,20.37,0.42]
[{"$nulls":4},"MO sem LS =>",0.42,"LS =>",0,"MO com LS =>",0.42]
[{"$nulls":4},"Valor do BDI =>",0.1,null,"Valor com BDI =>",null,0.52]
[]
[null,"Código","Banco","Descrição","Tipo",null,"Und","Quant.","Valor Unit","Total"]
["Composição"," 95390 ","SINAPI","CURSO DE CAPACITAÇÃO PARA JARDINEIRO (ENCARGOS COMPLEMENTARES) - HORISTA","SEDI - SERVIÇOS DIVERSOS",null,"H",1,0.09,0.09]
["Insumo"," 00044503 ","SINAPI","JARDINEIRO (HORISTA)","Mão de Obra",null,"H",5.8599999999999998E-3,14.89,0.09]
[{"$nulls":4},"MO sem LS =>",0.09,"LS =>",0,"MO com LS =>",0.09]
[{"$nulls":4},"Valor do BDI =>",0.02,null,"Valor com BDI =>",null,0.11]
[]
[null,"Código","Banco","Descrição","Tipo",null,"Und","Quant.","Valor Unit","Total"]
["Composição"," 95346 ","SINAPI","CURSO DE CAPACITAÇÃO PARA MOTORISTA DE BASCULANTE (ENCARGOS COMPLEMENTARES) - HORISTA","SEDI - SERVIÇOS DIVERSOS",null,"H",1,0.12,0.12]
["Insumo"," 00020020 ","SINAPI","MOTORISTA DE CAMINHAO-BASCULANTE (HORISTA)","Mão de Obra",null,"H",5.8599999999999998E-3,21.17,0.12]
[{"$nulls":4},"MO sem LS =>",0.12,"LS =>",0,"MO com LS =>",0.12]
[{"$nulls":4},"Valor do BDI =>",0.03,null,"Valor com BDI =>",null,0.15]
[]
[null,"Código","Banco","Descrição","Tipo",null,"Und","Quant.","Valor Unit","Total"]
["Composição"," 95347 ","SINAPI","CURSO DE CAPACITAÇÃO PARA MOTORISTA DE CAMINHÃO (ENCARGOS COMPLEMENTARES) - HORISTA","SEDI - SERVIÇOS DIVERSOS",null,"H",1,0.12,0.12]
["Insumo"," 00004093 ","SINAPI","MOTORISTA DE CAMINHAO (HORISTA)","Mão de Obra",null,"H",5.8599999999999998E-3,20.37,0.12]
[{"$nulls":4},"MO sem LS =>",0.12,"LS =>",0,"MO com LS =>",0.12]
[{"$nulls":4},"Valor do BDI =>",0.03,null,"Valor com BDI =>",null,0.15]
[]
[null,"Código","Banco","Descrição","Tipo",null,"Und","Quant.","Valor Unit","Total"]
["Composição"," 95351 ","SINAPI","CURSO DE CAPACITAÇÃO PARA MOTORISTA OPERADOR DE MUNCK (ENCARGOS COMPLEMENTARES) - HORISTA","SEDI - SERVIÇOS DIVERSOS",null,"H",1,0.43,0.43]
["Insumo"," 00004096 ","SINAPI","MOTORISTA OPERADOR DE CAMINHAO COM MUNCK (HORISTA)","Mão de Obra",null,"H",1.8849999999999999E-2,22.83,0.43]
[{"$nulls":4},"MO sem LS =>",0.43,"LS =>",0,"MO com LS =>",0.43]
[{"$nulls":4},"Valor do BDI =>",0.1,null,"Valor com BDI =>",null,0.53]
[]
[null,"Código","Banco","Descrição","Tipo",null,"Und","Quant.","Valor Unit","Total"]
["Composição"," 95389 ","SINAPI","CURSO DE CAPACITAÇÃO PARA OPERADOR DE BETONEIRA ESTACIONÁRIA/MISTURADOR (ENCARGOS COMPLEMENTARES) - HORISTA","SEDI - SERVIÇOS DIVERSOS",null,"H",1,0.14000000000000001,0.14000000000000001]
["Insumo"," 00037666 ","SINAPI","OPERADOR DE BETONEIRA ESTACIONARIA / MISTURADOR (HORISTA)","Mão de Obra",null,"H",9.5700000000000004E-3,15.04,0.14000000000000001]
[{"$nulls":4},"MO sem LS =>",0.14000000000000001,"LS =>",0,"MO com LS =>",0.14000000000000001]
[{"$nulls":4},"Valor do BDI =>",0.03,null,"Valor com BDI =>",null,0.17]
[]
[null,"Código","Banco","Descrição","Tipo",null,"Und","Quant.","Valor Unit","Total"]
["Composição"," 95357 ","SINAPI","CURSO DE CAPACITAÇÃO PARA OPERADOR DE ESCAVADEIRA (ENCARGOS COMPLEMENTARES) - HORISTA","SEDI - SERVIÇOS DIVERSOS",null,"H",1,0.28999999999999998,0.28999999999999998]
["Insumo"," 00004234 ","SINAPI","OPERADOR DE ESCAVADEIRA (HORISTA)","Mão de Obra",null,"H",1.328E-2,22.01,0.28999999999999998]
[{"$nulls":4},"MO sem LS =>",0.28999999999999998,"LS =>",0,"MO com LS =>",0.28999999999999998]
[{"$nulls":4},"Valor do BDI =>",7.0000000000000007E-2,null,"Valor com BDI =>",null,0.36]
[]
[null,"Código","Banco","Descrição","Tipo",null,"Und","Quant.","Valor Unit","Total"]
["Composição"," 95358 ","SINAPI","CURSO DE CAPACITAÇÃO PARA OPERADOR DE GUINCHO (ENCARGOS COMPLEMENTARES) - HORISTA","SEDI - SERVIÇOS DIVERSOS",null,"H",1,0.31,0.31]
["Insumo"," 00004253 ","SINAPI","OPERADOR DE GUINCHO OU GUINCHEIRO (HORISTA)","Mão de Obra",null,"H",1.8849999999999999E-2,16.55,0.31]
[{"$nulls":4},"MO sem LS =>",0.31,"LS =>",0,"MO com LS =>",0.31]
[{"$nulls":4},"Valor do BDI =>",7.0000000000000007E-2,null,"Valor com BDI =>",null,0.38]
[]
[null,"Código","Banco","Descrição","Tipo",null,"Und","Quant.","Valor Unit","Total"]
["Composição"," 95360 ","SINAPI","CURSO DE CAPACITAÇÃO PARA OPERADOR DE MÁQUINAS E EQUIPAMENTOS (ENCARGOS COMPLEMENTARES) - HORISTA","SEDI - SERVIÇOS DIVERSOS",null,"H",1,0.4,0.4]
["Insumo"," 00004230 ","SINAPI","OPERADOR DE MAQUINAS E TRATORES DIVERSOS - TERRAPLANAGEM (HORISTA)","Mão de Obra",null,"H",1.328E-2,30.08,0.4]
[{"$nulls":4},"MO sem LS =>",0.4,"LS =>",0,"MO com LS =>",0.4]
[{"$nulls":4},"Valor do BDI =>",0.09,null,"Valor com BDI =>",null,0.49]
[]
[null,"Código","Banco","Descrição","Tipo",null,"Und","Quant.","Valor Unit","Total"]
["Composição"," 95371 ","SINAPI","CURSO DE CAPACITAÇÃO PARA PEDREIRO (ENCARGOS COMPLEMENTARES) - HORISTA","SEDI - SERVIÇOS DIVERSOS",null,"H",1,0.5,0.5]
["Insumo"," 00004750 ","SINAPI","PEDREIRO (HORISTA)","Mão de Obra",null,"H",2.4420000000000001E-2,20.37,0.5]
[{"$nulls":4},"MO sem LS =>",0.5,"LS =>",0,"MO com LS =>",0.5]
[{"$nulls":4},"Valor do BDI =>",0.12,null,"Valor com BDI =>",null,0.62]
[]
[null,"Código","Banco","Descrição","Tipo",null,"Und","Quant.","Valor Unit","Total"]
["Composição"," 95372 ","SINAPI","CURSO DE CAPACITAÇÃO PARA PINTOR (ENCARGOS COMPLEMENTARES) - HORISTA","SEDI - SERVIÇOS DIVERSOS",null,"H",1,0.35,0.35]
["Insumo"," 00004783 ","SINAPI","PINTOR (HORISTA)","Mão de Obra",null,"H",1.6990000000000002E-2,20.37,0.35]
[{"$nulls":4},"MO sem LS =>",0.35,"LS =>",0,"MO com LS =>",0.35]
[{"$nulls":4},"Valor do BDI =>",0.08,null,"Valor com BDI =>",null,0.43]
[]
[null,"Código","Banco","Descrição","Tipo",null,"Und","Quant.","Valor Unit","Total"]
["Composição"," 95378 ","SINAPI","CURSO DE CAPACITAÇÃO PARA SERVENTE (ENCARGOS COMPLEMENTARES) - HORISTA","SEDI - SERVIÇOS DIVERSOS",null,"H",1,0.35,0.35]
["Insumo"," 00006111 ","SINAPI","SERVENTE DE OBRAS (HORISTA)","Mão de Obra",null,"H",2.4420000000000001E-2,14.32,0.35]
[{"$nulls":4},"MO sem LS =>",0.35,"LS =>",0,"MO com LS =>",0.35]
[{"$nulls":4},"Valor do BDI =>",0.08,null,"Valor com BDI =>",null,0.43]
[]
[null,"Código","Banco","Descrição","Tipo",null,"Und","Quant.","Valor Unit","Total"]
["Composição"," 95385 ","SINAPI","CURSO DE CAPACITAÇÃO PARA TELHADISTA (ENCARGOS COMPLEMENTARES) - HORISTA","SEDI - SERVIÇOS DIVERSOS",null,"H",1,0.27,0.27]
["Insumo"," 00012869 ","SINAPI","TELHADOR / TELHADISTA (HORISTA)","Mão de Obra",null,"H",1.328E-2,20.11,0.27]
[{"$nulls":4},"MO sem LS =>",0.27,"LS =>",0,"MO com LS =>",0.27]
[{"$nulls":4},"Valor do BDI =>",0.06,null,"Valor com BDI =>",null,0.33]
[]
[null,"Código","Banco","Descrição","Tipo",null,"Und","Quant.","Valor Unit","Total"]
["Composição"," 95386 ","SINAPI","CURSO DE CAPACITAÇÃO PARA TRATORISTA (ENCARGOS COMPLEMENTARES) - HORISTA","SEDI - SERVIÇOS DIVERSOS",null,"H",1,0.4,0.4]
["Insumo"," 00004230 ","SINAPI","OPERADOR DE MAQUINAS E TRATORES DIVERSOS - TERRAPLANAGEM (HORISTA)","Mão de Obra",null,"H",1.328E-2,30.08,0.4]
[{"$nulls":4},"MO sem LS =>",0.4,"LS =>",0,"MO com LS =>",0.4]
[{"$nulls":4},"Valor do BDI =>",0.09,null,"Valor com BDI =>",null,0.49]
[]
[null,"Código","Banco","Descrição","Tipo",null,"Und","Quant.","Valor Unit","Total"]
["Composição"," 91919 ","SINAPI","CURVA 180 GRAUS PARA ELETRODUTO, PVC, ROSCÁVEL, DN 32 MM (1\"), PARA CIRCUITOS TERMINAIS, INSTALADA EM PAREDE - FORNECIMENTO E INSTALAÇÃO. AF_03/2023","INEL - INSTALAÇÃO ELÉTRICA/ELETRIFICAÇÃO E ILUMINAÇÃO EXTERNA",null,"UN",1,22.99,22.99]
["Composição Auxiliar"," 88247 ","SINAPI","AUXILIAR DE ELETRICISTA COM ENCARGOS COMPLEMENTARES","SEDI - SERVIÇOS DIVERSOS",null,"H",0.32800000000000001,21.44,7.03]
["Composição Auxiliar"," 88264 ","SINAPI","ELETRICISTA COM ENCARGOS COMPLEMENTARES","SEDI - SERVIÇOS DIVERSOS",null,"H",0.32800000000000001,27.9,9.15]
["Insumo"," 00039276 ","SINAPI","CURVA 180 GRAUS, DE PVC RIGIDO ROSCAVEL, DE 1\", PARA ELETRODUTO","Material",null,"UN",1,6.81,6.81]
[{"$nulls":4},"MO sem LS =>",13.28,"LS =>",0,"MO com LS =>",13.28]
[{"$nulls":4},"Valor do BDI =>",5.38,null,"Valor com BDI =>",null,28.37]
[]
[null,"Código","Banco","Descrição","Tipo",null,"Und","Quant.","Valor Unit","Total"]
["Composição"," 91911 ","SINAPI","CURVA 90 GRAUS PARA ELETRODUTO, PVC, ROSCÁVEL, DN 20 MM (1/2\"), PARA CIRCUITOS TERMINAIS, INSTALADA EM PAREDE - FORNECIMENTO E INSTALAÇÃO. AF_03/2023","INEL - INSTALAÇÃO ELÉTRICA/ELETRIFICAÇÃO E ILUMINAÇÃO EXTERNA",null,"UN",1,16.420000000000002,16.420000000000002]
["Composição Auxiliar"," 88264 ","SINAPI","ELETRICISTA COM ENCARGOS COMPLEMENTARES","SEDI - SERVIÇOS DIVERSOS",null,"H",0.27200000000000002,27.9,7.59]
["Composição Auxiliar"," 88247 ","SINAPI","AUXILIAR DE ELETRICISTA COM ENCARGOS COMPLEMENTARES","SEDI - SERVIÇOS DIVERSOS",null,"H",0.27200000000000002,21.44,5.83]
["Insumo"," 00001870 ","SINAPI","CURVA 90 GRAUS, LONGA, DE PVC RIGIDO ROSCAVEL, DE 1/2\", PARA ELETRODUTO","Material",null,"UN",1,3,3]
[{"$nulls":4},"MO sem LS =>",11.01,"LS =>",0,"MO com LS =>",11.01]
[{"$nulls":4},"Valor do BDI =>",3.84,null,"Valor com BDI =>",null,20.260000000000002]
[]
[null,"Código","Banco","Descrição","Tipo",null,"Und","Quant.","Valor Unit","Total"]
["Composição"," 91890 ","SINAPI","CURVA 90 GRAUS PARA ELETRODUTO, PVC, ROSCÁVEL, DN 25 MM (3/4\"), PARA CIRCUITOS TERMINAIS, INSTALADA EM FORRO - FORNECIMENTO E INSTALAÇÃO. AF_03/2023","INEL - INSTALAÇÃO ELÉTRICA/ELETRIFICAÇÃO E ILUMINAÇÃO EXTERNA",null,"UN",1,13.21,13.21]
["Composição Auxiliar"," 88247 ","SINAPI","AUXILIAR DE ELETRICISTA COM ENCARGOS COMPLEMENTARES","SEDI - SERVIÇOS DIVERSOS",null,"H",0.20599999999999999,21.44,4.42]
["Composição Auxiliar"," 88264 ","SINAPI","ELETRICISTA COM ENCARGOS COMPLEMENTARES","SEDI - SERVIÇOS DIVERSOS",null,"H",0.20599999999999999,27.9,5.75]
["Insumo"," 00001879 ","SINAPI","CURVA 90 GRAUS, LONGA, DE PVC RIGIDO ROSCAVEL, DE 3/4\", PARA ELETRODUTO","Material",null,"UN",1,3.04,3.04]
[{"$nulls":4},"MO sem LS =>",8.33,"LS =>",0,"MO com LS =>",8.33]
[{"$nulls":4},"Valor do BDI =>",3.09,null,"Valor com BDI =>",null,16.3]
[]
[null,"Código","Banco","Descrição","Tipo",null,"Und","Quant.","Valor Unit","Total"]
["Composição"," 91917 ","SINAPI","CURVA 90 GRAUS PARA ELETRODUTO, PVC, ROSCÁVEL, DN 32 MM (1\"), PARA CIRCUITOS TERMINAIS, INSTALADA EM PAREDE - FORNECIMENTO E INSTALAÇÃO. AF_03/2023","INEL - INSTALAÇÃO ELÉTRICA/ELETRIFICAÇÃO E ILUMINAÇÃO EXTERNA",null,"UN",1,20.78,20.78]
["Composição Auxiliar"," 88247 ","SINAPI","AUXILIAR DE ELETRICISTA COM ENCARGOS COMPLEMENTARES","SEDI - SERVIÇOS DIVERSOS",null,"H",0.32800000000000001,21.44,7.03]
["Composição Auxiliar"," 88264 ","SINAPI","ELETRICISTA COM ENCARGOS COMPLEMENTARES","SEDI - SERVIÇOS DIVERSOS",null,"H",0.32800000000000001,27.9,9.15]
["Insumo"," 00001884 ","SINAPI","CURVA 90 GRAUS, LONGA, DE PVC RIGIDO ROSCAVEL, DE 1\", PARA ELETRODUTO","Material",null,"UN",1,4.5999999999999996,4.5999999999999996]
[{"$nulls":4},"MO sem LS =>",13.28,"LS =>",0,"MO com LS =>",13.28]
[{"$nulls":4},"Valor do BDI =>",4.8600000000000003,null,"Valor com BDI =>",null,25.64]
[]
[null,"Código","Banco","Descrição","Tipo",null,"Und","Quant.","Valor Unit","Total"]
["Composição"," 89748 ","SINAPI","CURVA CURTA 90 GRAUS, PVC, SERIE NORMAL, ESGOTO PREDIAL, DN 100 MM, JUNTA ELÁSTICA, FORNECIDO E INSTALADO EM RAMAL DE DESCARGA OU RAMAL DE ESGOTO SANITÁRIO. AF_08/2022","INHI - INSTALAÇÕES HIDROS SANITÁRIAS",null,"UN",1,35.76,35.76]
["Composição Auxiliar"," 88267 ","SINAPI","ENCANADOR OU BOMBEIRO HIDRÁULICO COM ENCARGOS COMPLEMENTARES","SEDI - SERVIÇOS DIVERSOS",null,"H",0.19259999999999999,24.54,4.7300000000000004]
["Composição Auxiliar"," 88248 ","SINAPI","AUXILIAR DE ENCANADOR OU BOMBEIRO HIDRÁULICO COM ENCARGOS COMPLEMENTARES","SEDI - SERVIÇOS DIVERSOS",null,"H",0.19259999999999999,20.399999999999999,3.93]
["Insumo"," 00020078 ","SINAPI","PASTA LUBRIFICANTE PARA TUBOS E CONEXOES COM JUNTA ELASTICA, EMBALAGEM DE *400* GR (USO EM PVC, ACO, POLIETILENO E OUTROS)","Material",null,"UN",0.115,24.89,2.86]
["Insumo"," 00000301 ","SINAPI","ANEL BORRACHA PARA TUBO ESGOTO PREDIAL, DN 100 MM (NBR 5688)","Material",null,"UN",2,3.64,7.28]
["Insumo"," 00001966 ","SINAPI","CURVA PVC CURTA 90 GRAUS, DN 100 MM, PARA ESGOTO PREDIAL","Material",null,"UN",1,16.96,16.96]
[{"$nulls":4},"MO sem LS =>",7.21,"LS =>",0,"MO com LS =>",7.21]
[{"$nulls":4},"Valor do BDI =>",8.36,null,"Valor com BDI =>",null,44.12]
[]
[null,"Código","Banco","Descrição","Tipo",null,"Und","Quant.","Valor Unit","Total"]
["Composição"," 5914647 ","SICRO3","Carga, manobra e descarga de agregados ou solos em caminhão basculante de 10 m³ - carga com carregadeira de 3,40 m³ (exclusa) e descarga livre","",null,"t",1,1.79,1.79]
["A","Código","Banco","Equipamentos","Quantidade","Utilização",null,"Custo Horário",null,"Custo Horário Total"]
[{"$nulls":5},"Operativa","Improdutiva","Operativa","Improdutiva"]
["Insumo"," E9579 ","SICRO3","Caminhão basculante com capacidade de 10 m³ - 210 kW",3,0.86,0.14000000000000001,303.2303,87.211399999999998,818.96299999999997]
[{"$nulls":5},"Custo horário total de equipamentos",null,null,null,818.96299999999997]
[{"$nulls":5},"Custo horário total de execução",null,null,null,818.96299999999997]
[{"$nulls":5},"Produção de equipe",null,null,null,457.16]
[{"$nulls":5},"Custo unitário de execução",null,null,null,1.7914000000000001]
[{"$nulls":5},"Custo do FIC",null,null,null,0]
[{"$nulls":5},"Custo do FIT",null,null,null,0]
[{"$nulls":4},"MO sem LS =>",0,"LS =>",0,"MO com LS =>",0]
[{"$nulls":4},"Valor do BDI =>",0.42,null,"Valor com BDI =>",null,2.21]
[]
[null,"Código","Banco","Descrição","Tipo",null,"Und","Quant.","Valor Unit","Total"]
["Composição"," 5914354 ","SICRO3","Carga, manobra e descarga de agregados ou solos em caminhão basculante de 10 m³ - carga com escavadeira de 1,56 m³ (exclusa) e descarga livre","",null,"t",1,1.87,1.87]
["A","Código","Banco","Equipamentos","Quantidade","Utilização",null,"Custo Horário",null,"Custo Horário Total"]
[{"$nulls":5},"Operativa","Improdutiva","Operativa","Improdutiva"]
["Insumo"," E9579 ","SICRO3","Caminhão basculante com capacidade de 10 m³ - 210 kW",3,0.84,0.16,303.2303,87.211399999999998,806.0018]
[{"$nulls":5},"Custo horário total de equipamentos",null,null,null,806.0018]
[{"$nulls":5},"Custo horário total de execução",null,null,null,806.0018]
[{"$nulls":5},"Produção de equipe",null,null,null,431.6]
[{"$nulls":5},"Custo unitário de execução",null,null,null,1.8674999999999999]
[{"$nulls":5},"Custo do FIC",null,null,null,0]
[{"$nulls":5},"Custo do FIT",null,null,null,0]
[{"$nulls":4},"MO sem LS =>",0,"LS =>",0,"MO com LS =>",0]
[{"$nulls":4},"Valor do BDI =>",0.44,null,"Valor com BDI =>",null,2.31]
[]
[null,"Código","Banco","Descrição","Tipo",null,"Und","Quant.","Valor Unit","Total"]
["Composição"," 5914363 ","SICRO3","Carga, manobra e descarga de cimento ou cal hidratada a granel em caminhão silo de 30 m³","",null,"t",1,17.8,17.8]
["A","Código","Banco","Equipamentos","Quantidade","Utilização",null,"Custo Horário",null,"Custo Horário Total"]
[{"$nulls":5},"Operativa","Improdutiva","Operativa","Improdutiva"]
["Insumo"," E9146 ","SICRO3","Caminhão silo com capacidade de 30 m³ - 265 kW",1,1,0,465.41269999999997,113.2486,465.41269999999997]
[{"$nulls":5},"Custo horário total de equipamentos",null,null,null,465.41269999999997]
[{"$nulls":5},"Custo horário total de execução",null,null,null,465.41269999999997]
[{"$nulls":5},"Produção de equipe",null,null,null,26.15]
[{"$nulls":5},"Custo unitário de execução",null,null,null,17.797799999999999]
[{"$nulls":5},"Custo do FIC",null,null,null,0]
[{"$nulls":5},"Custo do FIT",null,null,null,0]
[{"$nulls":4},"MO sem LS =>",0,"LS =>",0,"MO com LS =>",0]
[{"$nulls":4},"Valor do BDI =>",4.16,null,"Valor com BDI =>",null,21.96]
[]
[null,"Código","Banco","Descrição","Tipo",null,"Und","Quant.","Valor Unit","Total"]
["Composição"," 5914333 ","SICRO3","Carga, manobra e descarga de materiais diversos em caminhão carroceria de 15 t - carga e descarga com caminhão guindauto de 20 t.m","",null,"t",1,33.57,33.57]
["A","Código","Banco","Equipamentos","Quantidade","Utilização",null,"Custo Horário",null,"Custo Horário Total"]
[{"$nulls":5},"Operativa","Improdutiva","Operativa","Improdutiva"]
["Insumo"," E9592 ","SICRO3","Caminhão carroceria com capacidade de 15 t - 188 kW",2,0.53,0.47,269.74720000000002,78.834100000000007,360.03609999999998]
["Insumo"," E9686 ","SICRO3","Caminhão carroceria com guindauto com capacidade de 20 t.m - 136 kW",1,1,0,315.06779999999998,120.01009999999999,315.06779999999998]
[{"$nulls":5},"Custo horário total de equipamentos",null,null,null,675.10389999999995]
["B","Código","Banco","Mão de Obra","Quantidade","Custo Horário",null,null,null,"Custo Horário Total"]
["Insumo"," P9824 ","SICRO3","Servente",2,null,null,null,"21,1436","42,2872"]
[{"$nulls":5},"Custo horário total de mão de obra",null,null,null,42.287199999999999]
[{"$nulls":5},"Custo horário total de execução",null,null,null,717.39110000000005]
[{"$nulls":5},"Produção de equipe",null,null,null,21.37]
[{"$nulls":5},"Custo unitário de execução",null,null,null,33.57]
[{"$nulls":5},"Custo do FIC",null,null,null,0]
[{"$nulls":5},"Custo do FIT",null,null,null,0]
[{"$nulls":4},"MO sem LS =>",33.57,"LS =>",-31.59,"MO com LS =>",1.9788114178755265]
[{"$nulls":4},"Valor do BDI =>",7.85,null,"Valor com BDI =>",null,41.42]
[]
[null,"Código","Banco","Descrição","Tipo",null,"Und","Quant.","Valor Unit","Total"]
["Composição"," 5914649 ","SICRO3","Carga, manobra e descarga de mistura betuminosa a quente em caminhão basculante de 10 m³ - carga em usina de asfalto 100/140 t/h e descarga em vibroacabadora","",null,"t",1,7.9,7.9]
["A","Código","Banco","Equipamentos","Quantidade","Utilização",null,"Custo Horário",null,"Custo Horário Total"]
[{"$nulls":5},"Operativa","Improdutiva","Operativa","Improdutiva"]
["Insumo"," E9579 ","SICRO3","Caminhão basculante com capacidade de 10 m³ - 210 kW",3,0.81,0.19,303.2303,87.211399999999998,786.56010000000003]
[{"$nulls":5},"Custo horário total de equipamentos",null,null,null,786.56010000000003]
[{"$nulls":5},"Custo horário total de execução",null,null,null,786.56010000000003]
[{"$nulls":5},"Produção de equipe",null,null,null,99.6]
[{"$nulls":5},"Custo unitário de execução",null,null,null,7.8971999999999998]
[{"$nulls":5},"Custo do FIC",null,null,null,0]
[{"$nulls":5},"Custo do FIT",null,null,null,0]
[{"$nulls":4},"MO sem LS =>",0,"LS =>",0,"MO com LS =>",0]
[{"$nulls":4},"Valor do BDI =>",1.85,null,"Valor com BDI =>",null,9.75]
[]
[null,"Código","Banco","Descrição","Tipo",null,"Und","Quant.","Valor Unit","Total"]
["Composição"," 1106165 ","SICRO3","Concreto ciclópico fck = 20 MPa - confecção em betoneira e lançamento manual - areia, brita e pedra de mão comerciais","",null,"m³",1,691.67,691.67]
["B","Código","Banco","Mão de Obra","Quantidade","Custo Horário",null,null,null,"Custo Horário Total"]
["Insumo"," P9824 ","SICRO3","Servente",2,null,null,null,"21,1436","42,2872"]
[{"$nulls":5},"Custo horário total de mão de obra",null,null,null,42.287199999999999]
[{"$nulls":5},"Custo horário total de execução",null,null,null,42.287199999999999]
[{"$nulls":5},"Produção de equipe",null,null,null,3.9289900000000002]
[{"$nulls":5},"Custo unitário de execução",null,null,null,10.7629]
[{"$nulls":5},"Custo do FIC",null,null,null,0]
[{"$nulls":5},"Custo do FIT",null,null,null,0]
["C","Código","Banco","MATERIAL","Quantidade","Unidade","Preço Unitário",null,null,"Custo Horário"]
["Insumo"," M1097 ","SICRO3","Pedra de mão ou rachão",0.52600000000000002,"m³","188,3357",null,null,"99,0646"]
[{"$nulls":5},"Custo unitário total de material",null,null,null,99.064599999999999]
["D","Código","Banco","ATIVIDADES AUXILIARES","Quantidade","Unidade","Preço Unitário",null,null,"Custo Horário"]
["Composição"," 1107892 ","SICRO3","Concreto fck = 20 MPa - confecção em betoneira e lançamento manual - areia e brita comerciais",0.7,"m³","829,1800",null,null,"580,4260"]
[{"$nulls":5},"Custo total de atividades auxiliares",null,null,null,580.42600000000004]
["E","Tempo Fixo","Banco","Descrição","Carga","Quantidade","Unidade","Preço Unitário",null,"Custo Horário"]
["Composição"," 5914647 ","SICRO3","Carga, manobra e descarga de agregados ou solos em caminhão basculante de 10 m³ - carga com carregadeira de 3,40 m³ (exclusa) e descarga livre","M1097",0.78900000000000003,"t",1.79,null,1.4123000000000001]
[{"$nulls":5},"Custo Total dos Tempos Fixos",null,null,null,1.4123000000000001]
["F","Momento de Transporte","Banco","Descrição","Quantidade","Distância Média de Transporte (DMT)",null,null,null,"Custo Horário"]
[{"$nulls":5},"LN","RP","P","FE"]
["Insumo","M1097","SICRO3","Pedra de mão ou rachão",0.78900000000000003,"5914359\n0,00\n1,30\n0,0000","5914374\n0,00\n1,04\n0,0000","5914389\n0,00\n0,81\n0,0000","--",0]
[{"$nulls":5},"Custo total de transporte",null,null,null,0]
[{"$nulls":4},"MO sem LS =>",691.67,"LS =>",-642.19000000000005,"MO com LS =>",49.477758915141038]
[{"$nulls":4},"Valor do BDI =>",161.71,null,"Valor com BDI =>",null,853.38]
[]
[null,"Código","Banco","Descrição","Tipo",null,"Und","Quant.","Valor Unit","Total"]
["Composição"," 1107892 ","SICRO3","Concreto fck = 20 MPa - confecção em betoneira e lançamento manual - areia e brita comerciais","",null,"m³",1,829.18,829.18]
["A","Código","Banco","Equipamentos","Quantidade","Utilização",null,"Custo Horário",null,"Custo Horário Total"]
[{"$nulls":5},"Operativa","Improdutiva","Operativa","Improdutiva"]
["Insumo"," E9010 ","SICRO3","Balança plataforma digital à bateria, com mesa de 75 x 75 cm e capacidade de 500 kg",1,1,0,1.3324,0.89510000000000001,1.3324]
["Insumo"," E9064 ","SICRO3","Transportador manual gerica com capacidade de 180 l",3,0.41,0.59,1.587,1.0789,3.8616999999999999]
["Insumo"," E9519 ","SICRO3","Betoneira com motor a gasolina com capacidade de 600 l - 10 kW",1,1,0,51.944499999999998,31.668600000000001,51.944499999999998]
["Insumo"," E9071 ","SICRO3","Transportador manual carrinho de mão com capacidade de 80 l",4,0.9,0.1,0.749,0.50919999999999999,2.9001000000000001]
[{"$nulls":5},"Custo horário total de equipamentos",null,null,null,60.038699999999999]
["B","Código","Banco","Mão de Obra","Quantidade","Custo Horário",null,null,null,"Custo Horário Total"]
["Insumo"," P9824 ","SICRO3","Servente",9,null,null,null,"21,1436","190,2924"]
["Insumo"," P9821 ","SICRO3","Pedreiro",1,null,null,null,"27,0082","27,0082"]
[{"$nulls":5},"Custo horário total de mão de obra",null,null,null,217.3006]
[{"$nulls":5},"Custo horário total de execução",null,null,null,277.33929999999998]
[{"$nulls":5},"Produção de equipe",null,null,null,3.9289900000000002]
[{"$nulls":5},"Custo unitário de execução",null,null,null,70.587900000000005]
[{"$nulls":5},"Custo do FIC",null,null,null,0]
[{"$nulls":5},"Custo do FIT",null,null,null,0]
["C","Código","Banco","MATERIAL","Quantidade","Unidade","Preço Unitário",null,null,"Custo Horário"]
["Insumo"," M0424 ","SICRO3","Cimento Portland CP II - 32 - saco",282.15206999999998,"kg","0,9781",null,null,"275,9729"]
["Insumo"," M0030 ","SICRO3","Aditivo plastificante e retardador de pega para concreto e argamassa",0.84645999999999999,"kg","8,6077",null,null,"7,2861"]
["Insumo"," M0191 ","SICRO3","Brita 1",0.36753999999999998,"m³","201,2817",null,null,"73,9791"]
["Insumo"," M0192 ","SICRO3","Brita 2",0.36753999999999998,"m³","199,2347",null,null,"73,2267"]
["Insumo"," M0082 ","SICRO3","Areia média lavada",0.63334000000000001,"m³","159,6782",null,null,"101,1306"]
[{"$nulls":5},"Custo unitário total de material",null,null,null,531.59540000000004]
["E","Tempo Fixo","Banco","Descrição","Carga","Quantidade","Unidade","Preço Unitário",null,"Custo Horário"]
["Composição"," 5914655 ","SICRO3","Carga, manobra e descarga de materiais diversos em caminhão carroceria de 15 t - carga e descarga manuais","M0030",8.4999999999999995E-4,"t",33.5,null,2.8500000000000001E-2]
["Composição"," 5914647 ","SICRO3","Carga, manobra e descarga de agregados ou solos em caminhão basculante de 10 m³ - carga com carregadeira de 3,40 m³ (exclusa) e descarga livre","M0082",0.95001000000000002,"t",1.79,null,1.7004999999999999]
["Composição"," 5914647 ","SICRO3","Carga, manobra e descarga de agregados ou solos em caminhão basculante de 10 m³ - carga com carregadeira de 3,40 m³ (exclusa) e descarga livre","M0191",0.55130999999999997,"t",1.79,null,0.98680000000000001]
["Composição"," 5914655 ","SICRO3","Carga, manobra e descarga de materiais diversos em caminhão carroceria de 15 t - carga e descarga manuais","M0424",0.28215000000000001,"t",33.5,null,9.452]
["Composição"," 5914647 ","SICRO3","Carga, manobra e descarga de agregados ou solos em caminhão basculante de 10 m³ - carga com carregadeira de 3,40 m³ (exclusa) e descarga livre","M0192",0.55130999999999997,"t",1.79,null,0.98680000000000001]
[{"$nulls":5},"Custo Total dos Tempos Fixos",null,null,null,13.1546]
["F","Momento de Transporte","Banco","Descrição","Quantidade","Distância Média de Transporte (DMT)",null,null,null,"Custo Horário"]
[{"$nulls":5},"LN","RP","P","FE"]
["Insumo","M0191","SICRO3","Brita 1",0.55130999999999997,"5914359\n0,00\n1,30\n0,0000","5914374\n0,00\n1,04\n0,0000","5914389\n124,00\n0,81\n100,4400","--",55.373600000000003]
["Insumo","M0424","SICRO3","Cimento Portland CP II - 32 - saco",0.28215000000000001,"5914449\n0,00\n1,15\n0,0000","5914464\n0,00\n0,92\n0,0000","5914479\n30,10\n0,72\n21,6720","--",6.1147999999999998]
["Insumo","M0030","SICRO3","Aditivo plastificante e retardador de pega para concreto e argamassa",8.4999999999999995E-4,"5914449\n0,00\n1,15\n0,0000","5914464\n0,00\n0,92\n0,0000","5914479\n30,10\n0,72\n21,6720","--",1.84E-2]
["Insumo","M0192","SICRO3","Brita 2",0.55130999999999997,"5914359\n0,00\n1,30\n0,0000","5914374\n0,00\n1,04\n0,0000","5914389\n124,00\n0,81\n100,4400","--",55.373600000000003]
["Insumo","M0082","SICRO3","Areia média lavada",0.95001000000000002,"5914359\n0,00\n1,30\n0,0000","5914374\n0,00\n1,04\n0,0000","5914389\n126,00\n0,81\n102,0600","--",96.957999999999998]
[{"$nulls":5},"Custo total de transporte",null,null,null,213.8383494]
[{"$nulls":4},"MO sem LS =>",829.18,"LS =>",-773.87,"MO com LS =>",55.306987291899446]
[{"$nulls":4},"Valor do BDI =>",193.86,null,"Valor com BDI =>",null,1023.04]
[]
[null,"Código","Banco","Descrição","Tipo",null,"Und","Quant.","Valor Unit","Total"]
["Composição"," 1116127 ","SICRO3","Concreto fck = 25 MPa para pré-moldados (mourões) - confecção em betoneira e lançamento manual - areia e brita comerciais","",null,"m³",1,878.71,878.71]
["A","Código","Banco","Equipamentos","Quantidade","Utilização",null,"Custo Horário",null,"Custo Horário Total"]
[{"$nulls":5},"Operativa","Improdutiva","Operativa","Improdutiva"]
["Insumo"," E9519 ","SICRO3","Betoneira com motor a gasolina com capacidade de 600 l - 10 kW",1,1,0,51.944499999999998,31.668600000000001,51.944499999999998]
["Insumo"," E9064 ","SICRO3","Transportador manual gerica com capacidade de 180 l",3,0.4,0.6,1.587,1.0789,3.8464]
["Insumo"," E9071 ","SICRO3","Transportador manual carrinho de mão com capacidade de 80 l",4,0.82,0.18,0.749,0.50919999999999999,2.8233000000000001]
["Insumo"," E9010 ","SICRO3","Balança plataforma digital à bateria, com mesa de 75 x 75 cm e capacidade de 500 kg",1,1,0,1.3324,0.89510000000000001,1.3324]
[{"$nulls":5},"Custo horário total de equipamentos",null,null,null,59.946599999999997]
["B","Código","Banco","Mão de Obra","Quantidade","Custo Horário",null,null,null,"Custo Horário Total"]
["Insumo"," P9821 ","SICRO3","Pedreiro",1,null,null,null,"27,0082","27,0082"]
["Insumo"," P9824 ","SICRO3","Servente",9,null,null,null,"21,1436","190,2924"]
[{"$nulls":5},"Custo horário total de mão de obra",null,null,null,217.3006]
[{"$nulls":5},"Custo horário total de execução",null,null,null,277.24720000000002]
[{"$nulls":5},"Produção de equipe",null,null,null,3.8381500000000002]
[{"$nulls":5},"Custo unitário de execução",null,null,null,72.2346]
[{"$nulls":5},"Custo do FIC",null,null,null,0]
[{"$nulls":5},"Custo do FIT",null,null,null,0]
["C","Código","Banco","MATERIAL","Quantidade","Unidade","Preço Unitário",null,null,"Custo Horário"]
["Insumo"," M0082 ","SICRO3","Areia média lavada",0.58109999999999995,"m³","159,6782",null,null,"92,7890"]
["Insumo"," M0191 ","SICRO3","Brita 1",0.68813000000000002,"m³","201,2817",null,null,"138,5080"]
["Insumo"," M0424 ","SICRO3","Cimento Portland CP II - 32 - saco",366.92977000000002,"kg","0,9781",null,null,"358,8940"]
[{"$nulls":5},"Custo unitário total de material",null,null,null,590.19100000000003]
["E","Tempo Fixo","Banco","Descrição","Carga","Quantidade","Unidade","Preço Unitário",null,"Custo Horário"]
["Composição"," 5914647 ","SICRO3","Carga, manobra e descarga de agregados ou solos em caminhão basculante de 10 m³ - carga com carregadeira de 3,40 m³ (exclusa) e descarga livre","M0082",0.87165000000000004,"t",1.79,null,1.5603]
["Composição"," 5914647 ","SICRO3","Carga, manobra e descarga de agregados ou solos em caminhão basculante de 10 m³ - carga com carregadeira de 3,40 m³ (exclusa) e descarga livre","M0191",1.0322,"t",1.79,null,1.8475999999999999]
["Composição"," 5914655 ","SICRO3","Carga, manobra e descarga de materiais diversos em caminhão carroceria de 15 t - carga e descarga manuais","M0424",0.36692999999999998,"t",33.5,null,12.292199999999999]
[{"$nulls":5},"Custo Total dos Tempos Fixos",null,null,null,15.700100000000001]
["F","Momento de Transporte","Banco","Descrição","Quantidade","Distância Média de Transporte (DMT)",null,null,null,"Custo Horário"]
[{"$nulls":5},"LN","RP","P","FE"]
["Insumo","M0191","SICRO3","Brita 1",1.0322,"5914359\n0,00\n1,30\n0,0000","5914374\n0,00\n1,04\n0,0000","5914389\n124,00\n0,81\n100,4400","--",103.6742]
["Insumo","M0424","SICRO3","Cimento Portland CP II - 32 - saco",0.36692999999999998,"5914449\n0,00\n1,15\n0,0000","5914464\n0,00\n0,92\n0,0000","5914479\n30,10\n0,72\n21,6720","--",7.9520999999999997]
["Insumo","M0082","SICRO3","Areia média lavada",0.87165000000000004,"5914359\n0,00\n1,30\n0,0000","5914374\n0,00\n1,04\n0,0000","5914389\n126,00\n0,81\n102,0600","--",88.960599999999999]
[{"$nulls":5},"Custo total de transporte",null,null,null,200.58687395999999]
[{"$nulls":4},"MO sem LS =>",878.71,"LS =>",-822.09,"MO com LS =>",56.615973841564298]
[{"$nulls":4},"Valor do BDI =>",205.44,null,"Valor com BDI =>",null,1084.1500000000001]
[]
[null,"Código","Banco","Descrição","Tipo",null,"Und","Quant.","Valor Unit","Total"]
["Composição"," 93659 ","SINAPI","DISJUNTOR MONOPOLAR TIPO DIN, CORRENTE NOMINAL DE 50A - FORNECIMENTO E INSTALAÇÃO. AF_10/2020","INEL - INSTALAÇÃO ELÉTRICA/ELETRIFICAÇÃO E ILUMINAÇÃO EXTERNA",null,"UN",1,26.05,26.05]
["Composição Auxiliar"," 88264 ","SINAPI","ELETRICISTA COM ENCARGOS COMPLEMENTARES","SEDI - SERVIÇOS DIVERSOS",null,"H",0.18920000000000001,27.9,5.28]
["Composição Auxiliar"," 88247 ","SINAPI","AUXILIAR DE ELETRICISTA COM ENCARGOS COMPLEMENTARES","SEDI - SERVIÇOS DIVERSOS",null,"H",0.18920000000000001,21.44,4.0599999999999996]
["Insumo"," 00034686 ","SINAPI","DISJUNTOR TERMOMAGNETICO PARA TRILHO DIN (IEC), MONOPOLAR, 40 - 50 A","Material",null,"UN",1,14.4,14.4]
["Insumo"," 00001575 ","SINAPI","TERMINAL A COMPRESSAO EM COBRE ESTANHADO PARA CABO 16 MM2, 1 FURO E 1 COMPRESSAO, PARA PARAFUSO DE FIXACAO M6","Material",null,"UN",1,2.31,2.31]
[{"$nulls":4},"MO sem LS =>",7.66,"LS =>",0,"MO com LS =>",7.66]
[{"$nulls":4},"Valor do BDI =>",6.09,null,"Valor com BDI =>",null,32.14]
[]
[null,"Código","Banco","Descrição","Tipo",null,"Und","Quant.","Valor Unit","Total"]
["Composição"," 101891 ","SINAPI","DISJUNTOR MONOPOLAR TIPO NEMA, CORRENTE NOMINAL DE 35 ATÉ 50A - FORNECIMENTO E INSTALAÇÃO. AF_10/2020","INEL - INSTALAÇÃO ELÉTRICA/ELETRIFICAÇÃO E ILUMINAÇÃO EXTERNA",null,"UN",1,29.72,29.72]
["Composição Auxiliar"," 88264 ","SINAPI","ELETRICISTA COM ENCARGOS COMPLEMENTARES","SEDI - SERVIÇOS DIVERSOS",null,"H",0.13519999999999999,27.9,3.77]
["Composição Auxiliar"," 88247 ","SINAPI","AUXILIAR DE ELETRICISTA COM ENCARGOS COMPLEMENTARES","SEDI - SERVIÇOS DIVERSOS",null,"H",0.13519999999999999,21.44,2.9]
["Insumo"," 00002386 ","SINAPI","DISJUNTOR TIPO NEMA, MONOPOLAR 35 ATE 50 A, TENSAO MAXIMA DE 240 V","Material",null,"UN",1,21.1,21.1]
["Insumo"," 00001574 ","SINAPI","TERMINAL A COMPRESSAO EM COBRE ESTANHADO PARA CABO 10 MM2, 1 FURO E 1 COMPRESSAO, PARA PARAFUSO DE FIXACAO M6","Material",null,"UN",1,1.95,1.95]
[{"$nulls":4},"MO sem LS =>",5.47,"LS =>",0,"MO com LS =>",5.47]
[{"$nulls":4},"Valor do BDI =>",6.95,null,"Valor com BDI =>",null,36.67]
[]
[null,"Código","Banco","Descrição","Tipo",null,"Und","Quant.","Valor Unit","Total"]
["Composição"," 91852 ","SINAPI","ELETRODUTO FLEXÍVEL CORRUGADO, PVC, DN 20 MM (1/2\"), PARA CIRCUITOS TERMINAIS, INSTALADO EM PAREDE - FORNECIMENTO E INSTALAÇÃO. AF_03/2023","INEL - INSTALAÇÃO ELÉTRICA/ELETRIFICAÇÃO E ILUMINAÇÃO EXTERNA",null,"M",1,8.94,8.94]
["Composição Auxiliar"," 88264 ","SINAPI","ELETRICISTA COM ENCARGOS COMPLEMENTARES","SEDI - SERVIÇOS DIVERSOS",null,"H",0.124,27.9,3.46]
["Composição Auxiliar"," 88247 ","SINAPI","AUXILIAR DE ELETRICISTA COM ENCARGOS COMPLEMENTARES","SEDI - SERVIÇOS DIVERSOS",null,"H",0.124,21.44,2.66]
["Insumo"," 00002689 ","SINAPI","ELETRODUTO PVC FLEXIVEL CORRUGADO, COR AMARELA, DE 20 MM","Material",null,"M",1.0169999999999999,2.77,2.82]
[{"$nulls":4},"MO sem LS =>",5.0199999999999996,"LS =>",0,"MO com LS =>",5.0199999999999996]
[{"$nulls":4},"Valor do BDI =>",2.09,null,"Valor com BDI =>",null,11.03]
[]
[null,"Código","Banco","Descrição","Tipo",null,"Und","Quant.","Valor Unit","Total"]
["Composição"," 91862 ","SINAPI","ELETRODUTO RÍGIDO ROSCÁVEL, PVC, DN 20 MM (1/2\"), PARA CIRCUITOS TERMINAIS, INSTALADO EM FORRO - FORNECIMENTO E INSTALAÇÃO. AF_03/2023","INEL - INSTALAÇÃO ELÉTRICA/ELETRIFICAÇÃO E ILUMINAÇÃO EXTERNA",null,"M",1,9.85,9.85]
["Composição Auxiliar"," 88264 ","SINAPI","ELETRICISTA COM ENCARGOS COMPLEMENTARES","SEDI - SERVIÇOS DIVERSOS",null,"H",0.105,27.9,2.93]
["Composição Auxiliar"," 88247 ","SINAPI","AUXILIAR DE ELETRICISTA COM ENCARGOS COMPLEMENTARES","SEDI - SERVIÇOS DIVERSOS",null,"H",0.105,21.44,2.25]
["Insumo"," 00002673 ","SINAPI","ELETRODUTO DE PVC RIGIDO ROSCAVEL DE 1/2 \", SEM LUVA","Material",null,"M",1.0169999999999999,4.59,4.67]
[{"$nulls":4},"MO sem LS =>",4.25,"LS =>",0,"MO com LS =>",4.25]
[{"$nulls":4},"Valor do BDI =>",2.2999999999999998,null,"Valor com BDI =>",null,12.15]
[]
[null,"Código","Banco","Descrição","Tipo",null,"Und","Quant.","Valor Unit","Total"]
["Composição"," 91870 ","SINAPI","ELETRODUTO RÍGIDO ROSCÁVEL, PVC, DN 20 MM (1/2\"), PARA CIRCUITOS TERMINAIS, INSTALADO EM PAREDE - FORNECIMENTO E INSTALAÇÃO. AF_03/2023","INEL - INSTALAÇÃO ELÉTRICA/ELETRIFICAÇÃO E ILUMINAÇÃO EXTERNA",null,"M",1,12.71,12.71]
["Composição Auxiliar"," 88247 ","SINAPI","AUXILIAR DE ELETRICISTA COM ENCARGOS COMPLEMENTARES","SEDI - SERVIÇOS DIVERSOS",null,"H",0.16300000000000001,21.44,3.49]
["Composição Auxiliar"," 88264 ","SINAPI","ELETRICISTA COM ENCARGOS COMPLEMENTARES","SEDI - SERVIÇOS DIVERSOS",null,"H",0.16300000000000001,27.9,4.55]
["Insumo"," 00002673 ","SINAPI","ELETRODUTO DE PVC RIGIDO ROSCAVEL DE 1/2 \", SEM LUVA","Material",null,"M",1.0169999999999999,4.59,4.67]
[{"$nulls":4},"MO sem LS =>",6.6,"LS =>",0,"MO com LS =>",6.6]
[{"$nulls":4},"Valor do BDI =>",2.97,null,"Valor com BDI =>",null,15.68]
[]
[null,"Código","Banco","Descrição","Tipo",null,"Und","Quant.","Valor Unit","Total"]
["Composição"," 91863 ","SINAPI","ELETRODUTO RÍGIDO ROSCÁVEL, PVC, DN 25 MM (3/4\"), PARA CIRCUITOS TERMINAIS, INSTALADO EM FORRO - FORNECIMENTO E INSTALAÇÃO. AF_03/2023","INEL - INSTALAÇÃO ELÉTRICA/ELETRIFICAÇÃO E ILUMINAÇÃO EXTERNA",null,"M",1,11.68,11.68]
["Composição Auxiliar"," 88264 ","SINAPI","ELETRICISTA COM ENCARGOS COMPLEMENTARES","SEDI - SERVIÇOS DIVERSOS",null,"H",0.11899999999999999,27.9,3.32]
["Composição Auxiliar"," 88247 ","SINAPI","AUXILIAR DE ELETRICISTA COM ENCARGOS COMPLEMENTARES","SEDI - SERVIÇOS DIVERSOS",null,"H",0.11899999999999999,21.44,2.5499999999999998]
["Insumo"," 00002674 ","SINAPI","ELETRODUTO DE PVC RIGIDO ROSCAVEL DE 3/4 \", SEM LUVA","Material",null,"M",1.0169999999999999,5.71,5.81]
[{"$nulls":4},"MO sem LS =>",4.8099999999999996,"LS =>",0,"MO com LS =>",4.8099999999999996]
[{"$nulls":4},"Valor do BDI =>",2.73,null,"Valor com BDI =>",null,14.41]
[]
[null,"Código","Banco","Descrição","Tipo",null,"Und","Quant.","Valor Unit","Total"]
["Composição"," 91871 ","SINAPI","ELETRODUTO RÍGIDO ROSCÁVEL, PVC, DN 25 MM (3/4\"), PARA CIRCUITOS TERMINAIS, INSTALADO EM PAREDE - FORNECIMENTO E INSTALAÇÃO. AF_03/2023","INEL - INSTALAÇÃO ELÉTRICA/ELETRIFICAÇÃO E ILUMINAÇÃO EXTERNA",null,"M",1,14.54,14.54]
["Composição Auxiliar"," 88264 ","SINAPI","ELETRICISTA COM ENCARGOS COMPLEMENTARES","SEDI - SERVIÇOS DIVERSOS",null,"H",0.17699999999999999,27.9,4.9400000000000004]
["Composição Auxiliar"," 88247 ","SINAPI","AUXILIAR DE ELETRICISTA COM ENCARGOS COMPLEMENTARES","SEDI - SERVIÇOS DIVERSOS",null,"H",0.17699999999999999,21.44,3.79]
["Insumo"," 00002674 ","SINAPI","ELETRODUTO DE PVC RIGIDO ROSCAVEL DE 3/4 \", SEM LUVA","Material",null,"M",1.0169999999999999,5.71,5.81]
[{"$nulls":4},"MO sem LS =>",7.16,"LS =>",0,"MO com LS =>",7.16]
[{"$nulls":4},"Valor do BDI =>",3.4,null,"Valor com BDI =>",null,17.940000000000001]
[]
[null,"Código","Banco","Descrição","Tipo",null,"Und","Quant.","Valor Unit","Total"]
["Composição"," 91872 ","SINAPI","ELETRODUTO RÍGIDO ROSCÁVEL, PVC, DN 32 MM (1\"), PARA CIRCUITOS TERMINAIS, INSTALADO EM PAREDE - FORNECIMENTO E INSTALAÇÃO. AF_03/2023","INEL - INSTALAÇÃO ELÉTRICA/ELETRIFICAÇÃO E ILUMINAÇÃO EXTERNA",null,"M",1,18.8,18.8]
["Composição Auxiliar"," 88247 ","SINAPI","AUXILIAR DE ELETRICISTA COM ENCARGOS COMPLEMENTARES","SEDI - SERVIÇOS DIVERSOS",null,"H",0.19700000000000001,21.44,4.22]
["Composição Auxiliar"," 88264 ","SINAPI","ELETRICISTA COM ENCARGOS COMPLEMENTARES","SEDI - SERVIÇOS DIVERSOS",null,"H",0.19700000000000001,27.9,5.5]
["Insumo"," 00002685 ","SINAPI","ELETRODUTO DE PVC RIGIDO ROSCAVEL DE 1 \", SEM LUVA","Material",null,"M",1.0169999999999999,8.93,9.08]
[{"$nulls":4},"MO sem LS =>",7.97,"LS =>",0,"MO com LS =>",7.97]
[{"$nulls":4},"Valor do BDI =>",4.4000000000000004,null,"Valor com BDI =>",null,23.2]
[]
[null,"Código","Banco","Descrição","Tipo",null,"Und","Quant.","Valor Unit","Total"]
["Composição"," 87777 ","SINAPI","EMBOÇO OU MASSA ÚNICA EM ARGAMASSA TRAÇO 1:2:8, PREPARO MANUAL, APLICADA MANUALMENTE EM PANOS DE FACHADA COM PRESENÇA DE VÃOS, ESPESSURA DE 25 MM. AF_08/2022","REVE - REVESTIMENTO E TRATAMENTO DE SUPERFÍCIES",null,"m²",1,56.9,56.9]
["Composição Auxiliar"," 88316 ","SINAPI","SERVENTE COM ENCARGOS COMPLEMENTARES","SEDI - SERVIÇOS DIVERSOS",null,"H",0.67900000000000005,18.989999999999998,12.89]
["Composição Auxiliar"," 88309 ","SINAPI","PEDREIRO COM ENCARGOS COMPLEMENTARES","SEDI - SERVIÇOS DIVERSOS",null,"H",0.67900000000000005,25.31,17.190000000000001]
["Composição Auxiliar"," 87369 ","SINAPI","ARGAMASSA TRAÇO 1:2:8 (EM VOLUME DE CIMENTO, CAL E AREIA MÉDIA ÚMIDA) PARA EMBOÇO/MASSA ÚNICA/ASSENTAMENTO DE ALVENARIA DE VEDAÇÃO, PREPARO MANUAL. AF_08/2019","SEDI - SERVIÇOS DIVERSOS",null,"m³",3.1399999999999997E-2,782.45,24.57]
["Insumo"," 00037411 ","SINAPI","TELA DE ACO SOLDADA GALVANIZADA/ZINCADA PARA ALVENARIA, FIO D = *1,24 MM, MALHA 25 X 25 MM","Material",null,"m²",0.13880000000000001,16.2,2.25]
[{"$nulls":4},"MO sem LS =>",29.24,"LS =>",0,"MO com LS =>",29.24]
[{"$nulls":4},"Valor do BDI =>",13.3,null,"Valor com BDI =>",null,70.2]
[]
[null,"Código","Banco","Descrição","Tipo",null,"Und","Quant.","Valor Unit","Total"]
["Composição"," 87531 ","SINAPI","EMBOÇO, EM ARGAMASSA TRAÇO 1:2:8, PREPARO MECÂNICO, APLICADO MANUALMENTE EM PAREDES INTERNAS DE AMBIENTES COM ÁREA ENTRE 5M² E 10M², E = 17,5MM, COM TALISCAS. AF_03/2024","REVE - REVESTIMENTO E TRATAMENTO DE SUPERFÍCIES",null,"m²",1,35.630000000000003,35.630000000000003]
["Composição Auxiliar"," 88309 ","SINAPI","PEDREIRO COM ENCARGOS COMPLEMENTARES","SEDI - SERVIÇOS DIVERSOS",null,"H",0.44019999999999998,25.31,11.14]
["Composição Auxiliar"," 88316 ","SINAPI","SERVENTE COM ENCARGOS COMPLEMENTARES","SEDI - SERVIÇOS DIVERSOS",null,"H",0.22009999999999999,18.989999999999998,4.18]
["Composição Auxiliar"," 87292 ","SINAPI","ARGAMASSA TRAÇO 1:2:8 (EM VOLUME DE CIMENTO, CAL E AREIA MÉDIA ÚMIDA) PARA EMBOÇO/MASSA ÚNICA/ASSENTAMENTO DE ALVENARIA DE VEDAÇÃO, PREPARO MECÂNICO COM BETONEIRA 400 L. AF_08/2019","SEDI - SERVIÇOS DIVERSOS",null,"m³",3.04E-2,668.06,20.309999999999999]
[{"$nulls":4},"MO sem LS =>",14.5,"LS =>",0,"MO com LS =>",14.5]
[{"$nulls":4},"Valor do BDI =>",8.33,null,"Valor com BDI =>",null,43.96]
[]
[null,"Código","Banco","Descrição","Tipo",null,"Und","Quant.","Valor Unit","Total"]
["Composição"," 87527 ","SINAPI","EMBOÇO, EM ARGAMASSA TRAÇO 1:2:8, PREPARO MECÂNICO, APLICADO MANUALMENTE EM PAREDES INTERNAS DE AMBIENTES COM ÁREA MENOR QUE 5M², E =17,5MM, COM TALISCAS. AF_03/2024","REVE - REVESTIMENTO E TRATAMENTO DE SUPERFÍCIES",null,"m²",1,39.51,39.51]
["Composição Auxiliar"," 88309 ","SINAPI","PEDREIRO COM ENCARGOS COMPLEMENTARES","SEDI - SERVIÇOS DIVERSOS",null,"H",0.5514,25.31,13.96]
["Composição Auxiliar"," 87292 ","SINAPI","ARGAMASSA TRAÇO 1:2:8 (EM VOLUME DE CIMENTO, CAL E AREIA MÉDIA ÚMIDA) PARA EMBOÇO/MASSA ÚNICA/ASSENTAMENTO DE ALVENARIA DE VEDAÇÃO, PREPARO MECÂNICO COM BETONEIRA 400 L. AF_08/2019","SEDI - SERVIÇOS DIVERSOS",null,"m³",3.04E-2,668.06,20.309999999999999]
["Composição Auxiliar"," 88316 ","SINAPI","SERVENTE COM ENCARGOS COMPLEMENTARES","SEDI - SERVIÇOS DIVERSOS",null,"H",0.2757,18.989999999999998,5.24]
[{"$nulls":4},"MO sem LS =>",17.63,"LS =>",0,"MO com LS =>",17.63]
[{"$nulls":4},"Valor do BDI =>",9.24,null,"Valor com BDI =>",null,48.75]
[]
[null,"Código","Banco","Descrição","Tipo",null,"Und","Quant.","Valor Unit","Total"]
["Composição"," 88267 ","SINAPI","ENCANADOR OU BOMBEIRO HIDRÁULICO COM ENCARGOS COMPLEMENTARES","SEDI - SERVIÇOS DIVERSOS",null,"H",1,24.54,24.54]
["Composição Auxiliar"," 95335 ","SINAPI","CURSO DE CAPACITAÇÃO PARA ENCANADOR OU BOMBEIRO HIDRÁULICO (ENCARGOS COMPLEMENTARES) - HORISTA","SEDI - SERVIÇOS DIVERSOS",null,"H",1,0.42,0.42]
["Insumo"," 00037371 ","SINAPI","TRANSPORTE - HORISTA (COLETADO CAIXA - ENCARGOS COMPLEMENTARES)","Material",null,"H",1,0.5,0.5]
["Insumo"," 00037373 ","SINAPI","SEGURO - HORISTA (COLETADO CAIXA - ENCARGOS COMPLEMENTARES)","Material",null,"H",1,0.01,0.01]
["Insumo"," 00002696 ","SINAPI","ENCANADOR OU BOMBEIRO HIDRAULICO (HORISTA)","Mão de Obra",null,"H",1,20.37,20.37]
["Insumo"," 00043485 ","SINAPI","EPI - FAMILIA ENCANADOR - HORISTA (ENCARGOS COMPLEMENTARES - COLETADO CAIXA)","Material",null,"H",1,1.06,1.06]
["Insumo"," 00037372 ","SINAPI","EXAMES - HORISTA (COLETADO CAIXA - ENCARGOS COMPLEMENTARES)","Material",null,"H",1,1.34,1.34]
["Insumo"," 00037370 ","SINAPI","ALIMENTACAO - HORISTA (COLETADO CAIXA - ENCARGOS COMPLEMENTARES)","Material",null,"H",1,0.53,0.53]
["Insumo"," 00043461 ","SINAPI","FERRAMENTAS - FAMILIA ENCANADOR - HORISTA (ENCARGOS COMPLEMENTARES - COLETADO CAIXA)","Material",null,"H",1,0.31,0.31]
[{"$nulls":4},"MO sem LS =>",20.79,"LS =>",0,"MO com LS =>",20.79]
[{"$nulls":4},"Valor do BDI =>",5.74,null,"Valor com BDI =>",null,30.28]
[]
[null,"Código","Banco","Descrição","Tipo",null,"Und","Quant.","Valor Unit","Total"]
["Composição"," 86884 ","SINAPI","ENGATE FLEXÍVEL EM PLÁSTICO BRANCO, 1/2\" X 30CM - FORNECIMENTO E INSTALAÇÃO. AF_01/2020","INHI - INSTALAÇÕES HIDROS SANITÁRIAS",null,"UN",1,11.38,11.38]
["Composição Auxiliar"," 88316 ","SINAPI","SERVENTE COM ENCARGOS COMPLEMENTARES","SEDI - SERVIÇOS DIVERSOS",null,"H",4.8099999999999997E-2,18.989999999999998,0.91]
["Composição Auxiliar"," 88267 ","SINAPI","ENCANADOR OU BOMBEIRO HIDRÁULICO COM ENCARGOS COMPLEMENTARES","SEDI - SERVIÇOS DIVERSOS",null,"H",0.1525,24.54,3.74]
["Insumo"," 00006141 ","SINAPI","ENGATE/RABICHO FLEXIVEL PLASTICO (PVC OU ABS) BRANCO 1/2\" X 30 CM","Material",null,"UN",1,6.65,6.65]
["Insumo"," 00003146 ","SINAPI","FITA VEDA ROSCA EM ROLOS DE 18 MM X 10 M (L X C)","Material",null,"UN",2.1000000000000001E-2,4,0.08]
[{"$nulls":4},"MO sem LS =>",3.88,"LS =>",0,"MO com LS =>",3.88]
[{"$nulls":4},"Valor do BDI =>",2.66,null,"Valor com BDI =>",null,14.04]
[]
[null,"Código","Banco","Descrição","Tipo",null,"Und","Quant.","Valor Unit","Total"]
["Composição"," 86885 ","SINAPI","ENGATE FLEXÍVEL EM PLÁSTICO BRANCO, 1/2\" X 40CM - FORNECIMENTO E INSTALAÇÃO. AF_01/2020","INHI - INSTALAÇÕES HIDROS SANITÁRIAS",null,"UN",1,13.12,13.12]
["Composição Auxiliar"," 88267 ","SINAPI","ENCANADOR OU BOMBEIRO HIDRÁULICO COM ENCARGOS COMPLEMENTARES","SEDI - SERVIÇOS DIVERSOS",null,"H",0.1525,24.54,3.74]
["Composição Auxiliar"," 88316 ","SINAPI","SERVENTE COM ENCARGOS COMPLEMENTARES","SEDI - SERVIÇOS DIVERSOS",null,"H",4.8099999999999997E-2,18.989999999999998,0.91]
["Insumo"," 00011681 ","SINAPI","ENGATE/RABICHO FLEXIVEL PLASTICO (PVC OU ABS) BRANCO 1/2\" X 40 CM","Material",null,"UN",1,8.39,8.39]
["Insumo"," 00003146 ","SINAPI","FITA VEDA ROSCA EM ROLOS DE 18 MM X 10 M (L X C)","Material",null,"UN",2.1000000000000001E-2,4,0.08]
[{"$nulls":4},"MO sem LS =>",3.88,"LS =>",0,"MO com LS =>",3.88]
[{"$nulls":4},"Valor do BDI =>",3.07,null,"Valor com BDI =>",null,16.190000000000001]
[]
[null,"Código","Banco","Descrição","Tipo",null,"Und","Quant.","Valor Unit","Total"]
["Composição"," 101489 ","SINAPI","ENTRADA DE ENERGIA ELÉTRICA, AÉREA, MONOFÁSICA, COM CAIXA DE SOBREPOR, CABO DE 10 MM2 E DISJUNTOR DIN 50A (NÃO INCLUSO O POSTE DE CONCRETO). AF_07/2020_PS","INEL - INSTALAÇÃO ELÉTRICA/ELETRIFICAÇÃO E ILUMINAÇÃO EXTERNA",null,"UN",1,1543.8,1543.8]
["Composição Auxiliar"," 91933 ","SINAPI","CABO DE COBRE FLEXÍVEL ISOLADO, 10 MM², ANTI-CHAMA 0,6/1,0 KV, PARA CIRCUITOS TERMINAIS - FORNECIMENTO E INSTALAÇÃO. AF_03/2023","INEL - INSTALAÇÃO ELÉTRICA/ELETRIFICAÇÃO E ILUMINAÇÃO EXTERNA",null,"M",11,18.510000000000002,203.61]
["Composição Auxiliar"," 88247 ","SINAPI","AUXILIAR DE ELETRICISTA COM ENCARGOS COMPLEMENTARES","SEDI - SERVIÇOS DIVERSOS",null,"H",0.38969999999999999,21.44,8.36]
["Composição Auxiliar"," 96986 ","SINAPI","HASTE DE ATERRAMENTO, DIÂMETRO 3/4\", COM 3 METROS - FORNECIMENTO E INSTALAÇÃO. AF_08/2023","INEL - INSTALAÇÃO ELÉTRICA/ELETRIFICAÇÃO E ILUMINAÇÃO EXTERNA",null,"UN",1,123.97,123.97]
["Composição Auxiliar"," 91885 ","SINAPI","LUVA PARA ELETRODUTO, PVC, ROSCÁVEL, DN 32 MM (1\"), PARA CIRCUITOS TERMINAIS, INSTALADA EM PAREDE - FORNECIMENTO E INSTALAÇÃO. AF_03/2023","INEL - INSTALAÇÃO ELÉTRICA/ELETRIFICAÇÃO E ILUMINAÇÃO EXTERNA",null,"UN",1,12.65,12.65]
["Composição Auxiliar"," 91917 ","SINAPI","CURVA 90 GRAUS PARA ELETRODUTO, PVC, ROSCÁVEL, DN 32 MM (1\"), PARA CIRCUITOS TERMINAIS, INSTALADA EM PAREDE - FORNECIMENTO E INSTALAÇÃO. AF_03/2023","INEL - INSTALAÇÃO ELÉTRICA/ELETRIFICAÇÃO E ILUMINAÇÃO EXTERNA",null,"UN",1,20.78,20.78]
["Composição Auxiliar"," 91872 ","SINAPI","ELETRODUTO RÍGIDO ROSCÁVEL, PVC, DN 32 MM (1\"), PARA CIRCUITOS TERMINAIS, INSTALADO EM PAREDE - FORNECIMENTO E INSTALAÇÃO. AF_03/2023","INEL - INSTALAÇÃO ELÉTRICA/ELETRIFICAÇÃO E ILUMINAÇÃO EXTERNA",null,"M",6.05,18.8,113.74]
["Composição Auxiliar"," 93659 ","SINAPI","DISJUNTOR MONOPOLAR TIPO DIN, CORRENTE NOMINAL DE 50A - FORNECIMENTO E INSTALAÇÃO. AF_10/2020","INEL - INSTALAÇÃO ELÉTRICA/ELETRIFICAÇÃO E ILUMINAÇÃO EXTERNA",null,"UN",1,26.05,26.05]
["Composição Auxiliar"," 100578 ","SINAPI","ASSENTAMENTO DE POSTE DE CONCRETO COM COMPRIMENTO NOMINAL DE 9 M, CARGA NOMINAL MENOR OU IGUAL A 1000 DAN, ENGASTAMENTO SIMPLES COM 1,5 M DE SOLO (NÃO INCLUI FORNECIMENTO). AF_11/2019","INEL - INSTALAÇÃO ELÉTRICA/ELETRIFICAÇÃO E ILUMINAÇÃO EXTERNA",null,"UN",1,564.33000000000004,564.33000000000004]
["Composição Auxiliar"," 104749 ","SINAPI","CONECTOR GRAMPO METÁLICO TIPO OLHAL, PARA SPDA, PARA HASTE DE ATERRAMENTO DE 3/4'' E CABOS DE 10 A 50 MM2 - FORNECIMENTO E INSTALAÇÃO. AF_08/2023","INEL - INSTALAÇÃO ELÉTRICA/ELETRIFICAÇÃO E ILUMINAÇÃO EXTERNA",null,"UN",1,20.03,20.03]
["Composição Auxiliar"," 88264 ","SINAPI","ELETRICISTA COM ENCARGOS COMPLEMENTARES","SEDI - SERVIÇOS DIVERSOS",null,"H",3.5078,27.9,97.87]
["Composição Auxiliar"," 91919 ","SINAPI","CURVA 180 GRAUS PARA ELETRODUTO, PVC, ROSCÁVEL, DN 32 MM (1\"), PARA CIRCUITOS TERMINAIS, INSTALADA EM PAREDE - FORNECIMENTO E INSTALAÇÃO. AF_03/2023","INEL - INSTALAÇÃO ELÉTRICA/ELETRIFICAÇÃO E ILUMINAÇÃO EXTERNA",null,"UN",1,22.99,22.99]
["Composição Auxiliar"," 96977 ","SINAPI","CORDOALHA DE COBRE NU 50 MM², ENTERRADA - FORNECIMENTO E INSTALAÇÃO. AF_08/2023","INEL - INSTALAÇÃO ELÉTRICA/ELETRIFICAÇÃO E ILUMINAÇÃO EXTERNA",null,"M",1.95,68.78,134.12]
["Insumo"," 00011267 ","SINAPI","ARRUELA LISA, REDONDA, DE LATAO POLIDO, DIAMETRO NOMINAL 5/8\", DIAMETRO EXTERNO = 34 MM, DIAMETRO DO FURO = 17 MM, ESPESSURA = *2,5* MM","Material",null,"UN",2,1.43,2.86]
["Insumo"," 00039808 ","SINAPI","CAIXA PARA MEDIDOR MONOFASICO, EM POLICARBONATO / TERMOPLASTICO, PARA ALOJAR 1 DISJUNTOR (PADRAO DA CONCESSIONARIA LOCAL)","Material",null,"UN",1,84.71,84.71]
["Insumo"," 00004346 ","SINAPI","PARAFUSO DE FERRO POLIDO, SEXTAVADO, COM ROSCA PARCIAL, DIAMETRO 5/8\", COMPRIMENTO 6\", COM PORCA E ARRUELA DE PRESSAO MEDIA","Material",null,"UN",3,10.31,30.93]
["Insumo"," 00039997 ","SINAPI","PORCA ZINCADA, SEXTAVADA, DIAMETRO 1/4\"","Material",null,"UN",2,0.31,0.62]
["Insumo"," 00014153 ","SINAPI","FITA METALICA PERFURADA, L = *18* MM, ROLO DE 30 M, CARGA RECOMENDADA = *30* KGF","Material",null,"UN",0.06,60.18,3.61]
["Insumo"," 00034643 ","SINAPI","CAIXA DE INSPECAO PARA ATERRAMENTO E PARA RAIOS, EM POLIPROPILENO, DIAMETRO = 300 MM X ALTURA = 400 MM","Material",null,"UN",1,46.66,46.66]
["Insumo"," 00039996 ","SINAPI","VERGALHAO ZINCADO ROSCA TOTAL, 1/4\" (6,3 MM)","Material",null,"M",0.16639999999999999,4.25,0.71]
["Insumo"," 00001094 ","SINAPI","ARMACAO VERTICAL COM HASTE E CONTRA-PINO, EM CHAPA DE ACO GALVANIZADO 3/16\", COM 1 ESTRIBO, SEM ISOLADOR","Material",null,"UN",1,18.239999999999998,18.239999999999998]
["Insumo"," 00003398 ","SINAPI","ISOLADOR DE PORCELANA, TIPO ROLDANA, DIMENSOES DE *72* X *72* MM, PARA USO EM BAIXA TENSAO","Material",null,"UN",1,5.92,5.92]
["Insumo"," 00011950 ","SINAPI","BUCHA DE NYLON SEM ABA S6, COM PARAFUSO DE 4,20 X 40 MM EM ACO ZINCADO COM ROSCA SOBERBA, CABECA CHATA E FENDA PHILLIPS","Material",null,"UN",4,0.26,1.04]
[{"$nulls":4},"MO sem LS =>",356.73,"LS =>",0,"MO com LS =>",356.73]
[{"$nulls":4},"Valor do BDI =>",360.94,null,"Valor com BDI =>",null,1904.74]
[]
[null,"Código","Banco","Descrição","Tipo",null,"Und","Quant.","Valor Unit","Total"]
["Composição"," 5632 ","SINAPI","ESCAVADEIRA HIDRÁULICA SOBRE ESTEIRAS, CAÇAMBA 0,80 M3, PESO OPERACIONAL 17 T, POTENCIA BRUTA 111 HP - CHI DIURNO. AF_06/2014","CHOR - CUSTOS HORÁRIOS DE MÁQUINAS E EQUIPAMENTOS",null,"CHI",1,82.9,82.9]
["Composição Auxiliar"," 88294 ","SINAPI","OPERADOR DE ESCAVADEIRA COM ENCARGOS COMPLEMENTARES","SEDI - SERVIÇOS DIVERSOS",null,"H",1,25.55,25.55]
["Composição Auxiliar"," 5628 ","SINAPI","ESCAVADEIRA HIDRÁULICA SOBRE ESTEIRAS, CAÇAMBA 0,80 M3, PESO OPERACIONAL 17 T, POTENCIA BRUTA 111 HP - JUROS. AF_06/2014","CHOR - CUSTOS HORÁRIOS DE MÁQUINAS E EQUIPAMENTOS",null,"H",1,11.99,11.99]
["Composição Auxiliar"," 5627 ","SINAPI","ESCAVADEIRA HIDRÁULICA SOBRE ESTEIRAS, CAÇAMBA 0,80 M3, PESO OPERACIONAL 17 T, POTENCIA BRUTA 111 HP - DEPRECIAÇÃO. AF_06/2014","CHOR - CUSTOS HORÁRIOS DE MÁQUINAS E EQUIPAMENTOS",null,"H",1,45.36,45.36]
[{"$nulls":4},"MO sem LS =>",22.3,"LS =>",0,"MO com LS =>",22.3]
[{"$nulls":4},"Valor do BDI =>",19.38,null,"Valor com BDI =>",null,102.28]
[]
[null,"Código","Banco","Descrição","Tipo",null,"Und","Quant.","Valor Unit","Total"]
["Composição"," 5631 ","SINAPI","ESCAVADEIRA HIDRÁULICA SOBRE ESTEIRAS, CAÇAMBA 0,80 M3, PESO OPERACIONAL 17 T, POTENCIA BRUTA 111 HP - CHP DIURNO. AF_06/2014","CHOR - CUSTOS HORÁRIOS DE MÁQUINAS E EQUIPAMENTOS",null,"CHP",1,209.82,209.82]
["Composição Auxiliar"," 88294 ","SINAPI","OPERADOR DE ESCAVADEIRA COM ENCARGOS COMPLEMENTARES","SEDI - SERVIÇOS DIVERSOS",null,"H",1,25.55,25.55]
["Composição Auxiliar"," 5630 ","SINAPI","ESCAVADEIRA HIDRÁULICA SOBRE ESTEIRAS, CAÇAMBA 0,80 M3, PESO OPERACIONAL 17 T, POTENCIA BRUTA 111 HP - MATERIAIS NA OPERAÇÃO. AF_06/2014","CHOR - CUSTOS HORÁRIOS DE MÁQUINAS E EQUIPAMENTOS",null,"H",1,70.22,70.22]
["Composição Auxiliar"," 5629 ","SINAPI","ESCAVADEIRA HIDRÁULICA SOBRE ESTEIRAS, CAÇAMBA 0,80 M3, PESO OPERACIONAL 17 T, POTENCIA BRUTA 111 HP - MANUTENÇÃO. AF_06/2014","CHOR - CUSTOS HORÁRIOS DE MÁQUINAS E EQUIPAMENTOS",null,"H",1,56.7,56.7]
["Composição Auxiliar"," 5628 ","SINAPI","ESCAVADEIRA HIDRÁULICA SOBRE ESTEIRAS, CAÇAMBA 0,80 M3, PESO OPERACIONAL 17 T, POTENCIA BRUTA 111 HP - JUROS. AF_06/2014","CHOR - CUSTOS HORÁRIOS DE MÁQUINAS E EQUIPAMENTOS",null,"H",1,11.99,11.99]
["Composição Auxiliar"," 5627 ","SINAPI","ESCAVADEIRA HIDRÁULICA SOBRE ESTEIRAS, CAÇAMBA 0,80 M3, PESO OPERACIONAL 17 T, POTENCIA BRUTA 111 HP - DEPRECIAÇÃO. AF_06/2014","CHOR - CUSTOS HORÁRIOS DE MÁQUINAS E EQUIPAMENTOS",null,"H",1,45.36,45.36]
[{"$nulls":4},"MO sem LS =>",22.3,"LS =>",0,"MO com LS =>",22.3]
[{"$nulls":4},"Valor do BDI =>",49.06,null,"Valor com BDI =>",null,258.88]
[]
[null,"Código","Banco","Descrição","Tipo",null,"Und","Quant.","Valor Unit","Total"]
["Composição"," 5627 ","SINAPI","ESCAVADEIRA HIDRÁULICA SOBRE ESTEIRAS, CAÇAMBA 0,80 M3, PESO OPERACIONAL 17 T, POTENCIA BRUTA 111 HP - DEPRECIAÇÃO. AF_06/2014","CHOR - CUSTOS HORÁRIOS DE MÁQUINAS E EQUIPAMENTOS",null,"H",1,45.36,45.36]
["Insumo"," 00010685 ","SINAPI","ESCAVADEIRA HIDRAULICA SOBRE ESTEIRAS, CACAMBA 0,80M3, PESO OPERACIONAL 17T, POTENCIA BRUTA 111HP","Equipamento para Aquisição Permanente",null,"UN",5.5999999999999999E-5,810000,45.36]
[{"$nulls":4},"MO sem LS =>",0,"LS =>",0,"MO com LS =>",0]
[{"$nulls":4},"Valor do BDI =>",10.61,null,"Valor com BDI =>",null,55.97]
[]
[null,"Código","Banco","Descrição","Tipo",null,"Und","Quant.","Valor Unit","Total"]
["Composição"," 5628 ","SINAPI","ESCAVADEIRA HIDRÁULICA SOBRE ESTEIRAS, CAÇAMBA 0,80 M3, PESO OPERACIONAL 17 T, POTENCIA BRUTA 111 HP - JUROS. AF_06/2014","CHOR - CUSTOS HORÁRIOS DE MÁQUINAS E EQUIPAMENTOS",null,"H",1,11.99,11.99]
["Insumo"," 00010685 ","SINAPI","ESCAVADEIRA HIDRAULICA SOBRE ESTEIRAS, CACAMBA 0,80M3, PESO OPERACIONAL 17T, POTENCIA BRUTA 111HP","Equipamento para Aquisição Permanente",null,"UN",1.4800000000000001E-5,810000,11.99]
[{"$nulls":4},"MO sem LS =>",0,"LS =>",0,"MO com LS =>",0]
[{"$nulls":4},"Valor do BDI =>",2.8,null,"Valor com BDI =>",null,14.79]
[]
[null,"Código","Banco","Descrição","Tipo",null,"Und","Quant.","Valor Unit","Total"]
["Composição"," 5629 ","SINAPI","ESCAVADEIRA HIDRÁULICA SOBRE ESTEIRAS, CAÇAMBA 0,80 M3, PESO OPERACIONAL 17 T, POTENCIA BRUTA 111 HP - MANUTENÇÃO. AF_06/2014","CHOR - CUSTOS HORÁRIOS DE MÁQUINAS E EQUIPAMENTOS",null,"H",1,56.7,56.7]
["Insumo"," 00010685 ","SINAPI","ESCAVADEIRA HIDRAULICA SOBRE ESTEIRAS, CACAMBA 0,80M3, PESO OPERACIONAL 17T, POTENCIA BRUTA 111HP","Equipamento para Aquisição Permanente",null,"UN",6.9999999999999994E-5,810000,56.7]
[{"$nulls":4},"MO sem LS =>",0,"LS =>",0,"MO com LS =>",0]
[{"$nulls":4},"Valor do BDI =>",13.26,null,"Valor com BDI =>",null,69.959999999999994]
[]
[null,"Código","Banco","Descrição","Tipo",null,"Und","Quant.","Valor Unit","Total"]
["Composição"," 5630 ","SINAPI","ESCAVADEIRA HIDRÁULICA SOBRE ESTEIRAS, CAÇAMBA 0,80 M3, PESO OPERACIONAL 17 T, POTENCIA BRUTA 111 HP - MATERIAIS NA OPERAÇÃO. AF_06/2014","CHOR - CUSTOS HORÁRIOS DE MÁQUINAS E EQUIPAMENTOS",null,"H",1,70.22,70.22]
["Insumo"," 00004221 ","SINAPI","OLEO DIESEL COMBUSTIVEL COMUM METROPOLITANO S-10 OU S-500","Material",null,"L",10.77,6.52,70.22]
[{"$nulls":4},"MO sem LS =>",0,"LS =>",0,"MO com LS =>",0]
[{"$nulls":4},"Valor do BDI =>",16.420000000000002,null,"Valor com BDI =>",null,86.64]
[]
[null,"Código","Banco","Descrição","Tipo",null,"Und","Quant.","Valor Unit","Total"]
["Composição"," 93358 ","SINAPI","ESCAVAÇÃO MANUAL DE VALA COM PROFUNDIDADE MENOR OU IGUAL A 1,30 M. AF_02/2021","MOVT - MOVIMENTO DE TERRA",null,"m³",1,75.12,75.12]
["Composição Auxiliar"," 88316 ","SINAPI","SERVENTE COM ENCARGOS COMPLEMENTARES","SEDI - SERVIÇOS DIVERSOS",null,"H",3.956,18.989999999999998,75.12]
[{"$nulls":4},"MO sem LS =>",58.03,"LS =>",0,"MO com LS =>",58.03]
[{"$nulls":4},"Valor do BDI =>",17.559999999999999,null,"Valor com BDI =>",null,92.68]
[]
[null,"Código","Banco","Descrição","Tipo",null,"Und","Quant.","Valor Unit","Total"]
["Composição"," 93582 ","SINAPI","EXECUÇÃO DE CENTRAL DE ARMADURA EM CANTEIRO DE OBRA, NÃO INCLUSO MOBILIÁRIO E EQUIPAMENTOS. AF_04/2016","CANT - CANTEIRO DE OBRAS",null,"m²",1,275.88,275.88]
["Composição Auxiliar"," 91959 ","SINAPI","INTERRUPTOR SIMPLES (2 MÓDULOS), 10A/250V, INCLUINDO SUPORTE E PLACA - FORNECIMENTO E INSTALAÇÃO. AF_03/2023","INEL - INSTALAÇÃO ELÉTRICA/ELETRIFICAÇÃO E ILUMINAÇÃO EXTERNA",null,"UN",1.66E-2,45.39,0.75]
["Composição Auxiliar"," 92000 ","SINAPI","TOMADA BAIXA DE EMBUTIR (1 MÓDULO), 2P+T 10 A, INCLUINDO SUPORTE E PLACA - FORNECIMENTO E INSTALAÇÃO. AF_03/2023","INEL - INSTALAÇÃO ELÉTRICA/ELETRIFICAÇÃO E ILUMINAÇÃO EXTERNA",null,"UN",3.3099999999999997E-2,31.22,1.03]
["Composição Auxiliar"," 88489 ","SINAPI","PINTURA LÁTEX ACRÍLICA PREMIUM, APLICAÇÃO MANUAL EM PAREDES, DUAS DEMÃOS. AF_04/2023","PINT - PINTURAS",null,"m²",0.48370000000000002,13.14,6.36]
["Composição Auxiliar"," 101891 ","SINAPI","DISJUNTOR MONOPOLAR TIPO NEMA, CORRENTE NOMINAL DE 35 ATÉ 50A - FORNECIMENTO E INSTALAÇÃO. AF_10/2020","INEL - INSTALAÇÃO ELÉTRICA/ELETRIFICAÇÃO E ILUMINAÇÃO EXTERNA",null,"UN",8.2799999999999999E-2,29.72,2.46]
["Composição Auxiliar"," 91870 ","SINAPI","ELETRODUTO RÍGIDO ROSCÁVEL, PVC, DN 20 MM (1/2\"), PARA CIRCUITOS TERMINAIS, INSTALADO EM PAREDE - FORNECIMENTO E INSTALAÇÃO. AF_03/2023","INEL - INSTALAÇÃO ELÉTRICA/ELETRIFICAÇÃO E ILUMINAÇÃO EXTERNA",null,"M",0.22189999999999999,12.71,2.82]
["Composição Auxiliar"," 94210 ","SINAPI","TELHAMENTO COM TELHA ONDULADA DE FIBROCIMENTO E = 6 MM, COM RECOBRIMENTO LATERAL DE 1 1/4 DE ONDA PARA TELHADO COM INCLINAÇÃO MÁXIMA DE 10°, COM ATÉ 2 ÁGUAS, INCLUSO IÇAMENTO. AF_07/2019","COBE - COBERTURA",null,"m²",1.2466999999999999,43.07,53.7]
["Composição Auxiliar"," 92543 ","SINAPI","TRAMA DE MADEIRA COMPOSTA POR TERÇAS PARA TELHADOS DE ATÉ 2 ÁGUAS PARA TELHA ONDULADA DE FIBROCIMENTO, METÁLICA, PLÁSTICA OU TERMOACÚSTICA, INCLUSO TRANSPORTE VERTICAL. AF_07/2019","COBE - COBERTURA",null,"m²",1.2466999999999999,16.2,20.2]
["Composição Auxiliar"," 91924 ","SINAPI","CABO DE COBRE FLEXÍVEL ISOLADO, 1,5 MM², ANTI-CHAMA 450/750 V, PARA CIRCUITOS TERMINAIS - FORNECIMENTO E INSTALAÇÃO. AF_03/2023","INEL - INSTALAÇÃO ELÉTRICA/ELETRIFICAÇÃO E ILUMINAÇÃO EXTERNA",null,"M",0.93340000000000001,3.36,3.14]
["Composição Auxiliar"," 92981 ","SINAPI","CABO DE COBRE FLEXÍVEL ISOLADO, 16 MM², ANTI-CHAMA 450/750 V, PARA DISTRIBUIÇÃO - FORNECIMENTO E INSTALAÇÃO. AF_10/2020","INEL - INSTALAÇÃO ELÉTRICA/ELETRIFICAÇÃO E ILUMINAÇÃO EXTERNA",null,"M",0.1656,18.89,3.13]
["Composição Auxiliar"," 91862 ","SINAPI","ELETRODUTO RÍGIDO ROSCÁVEL, PVC, DN 20 MM (1/2\"), PARA CIRCUITOS TERMINAIS, INSTALADO EM FORRO - FORNECIMENTO E INSTALAÇÃO. AF_03/2023","INEL - INSTALAÇÃO ELÉTRICA/ELETRIFICAÇÃO E ILUMINAÇÃO EXTERNA",null,"M",0.3397,9.85,3.35]
["Composição Auxiliar"," 91170 ","SINAPI","FIXAÇÃO DE TUBOS HORIZONTAIS DE PVC ÁGUA, PVC ESGOTO, PVC ÁGUA PLUVIAL, CPVC, PPR, COBRE OU AÇO, DIÂMETROS MENORES OU IGUAIS A 40 MM, COM ABRAÇADEIRA METÁLICA RÍGIDA TIPO U PERFIL 1 1/4\", FIXADA EM PERFILADO EM LAJE. AF_09/2023_PS","INHI - INSTALAÇÕES HIDROS SANITÁRIAS",null,"M",0.22189999999999999,11.33,2.5099999999999998]
["Composição Auxiliar"," 97886 ","SINAPI","CAIXA ENTERRADA ELÉTRICA RETANGULAR, EM ALVENARIA COM TIJOLOS CERÂMICOS MACIÇOS, FUNDO COM BRITA, DIMENSÕES INTERNAS: 0,3X0,3X0,3 M. AF_12/2020","INEL - INSTALAÇÃO ELÉTRICA/ELETRIFICAÇÃO E ILUMINAÇÃO EXTERNA",null,"UN",3.3099999999999997E-2,184.67,6.11]
["Composição Auxiliar"," 98446 ","SINAPI","PAREDE DE MADEIRA COMPENSADA PARA CONSTRUÇÃO TEMPORÁRIA EM CHAPA SIMPLES, EXTERNA, COM ÁREA LÍQUIDA MENOR QUE 6 M², COM VÃO. AF_03/2024","CANT - CANTEIRO DE OBRAS",null,"m²",0.1195,151.24,18.07]
["Composição Auxiliar"," 95241 ","SINAPI","LASTRO DE CONCRETO MAGRO, APLICADO EM PISOS, LAJES SOBRE SOLO OU RADIERS, ESPESSURA DE 5 CM. AF_01/2024","FUES - FUNDAÇÕES E ESTRUTURAS",null,"m²",1.2466999999999999,49.84,62.14]
["Composição Auxiliar"," 96985 ","SINAPI","HASTE DE ATERRAMENTO, DIÂMETRO 5/8\", COM 3 METROS - FORNECIMENTO E INSTALAÇÃO. AF_08/2023","INEL - INSTALAÇÃO ELÉTRICA/ELETRIFICAÇÃO E ILUMINAÇÃO EXTERNA",null,"UN",3.3099999999999997E-2,83.1,2.75]
["Composição Auxiliar"," 101876 ","SINAPI","QUADRO DE DISTRIBUIÇÃO DE ENERGIA EM PVC, DE EMBUTIR, SEM BARRAMENTO, PARA 6 DISJUNTORES - FORNECIMENTO E INSTALAÇÃO. AF_10/2020","INEL - INSTALAÇÃO ELÉTRICA/ELETRIFICAÇÃO E ILUMINAÇÃO EXTERNA",null,"UN",1.66E-2,82.47,1.37]
["Composição Auxiliar"," 97586 ","SINAPI","LUMINÁRIA TIPO CALHA, DE SOBREPOR, COM 2 LÂMPADAS TUBULARES FLUORESCENTES DE 36 W, COM REATOR DE PARTIDA RÁPIDA - FORNECIMENTO E INSTALAÇÃO. AF_02/2020","INEL - INSTALAÇÃO ELÉTRICA/ELETRIFICAÇÃO E ILUMINAÇÃO EXTERNA",null,"UN",0.13250000000000001,173.22,22.95]
["Composição Auxiliar"," 98441 ","SINAPI","PAREDE DE MADEIRA COMPENSADA PARA CONSTRUÇÃO TEMPORÁRIA EM CHAPA SIMPLES, EXTERNA, SEM VÃO. AF_03/2024","CANT - CANTEIRO DE OBRAS",null,"m²",9.8100000000000007E-2,104.02,10.199999999999999]
["Composição Auxiliar"," 93358 ","SINAPI","ESCAVAÇÃO MANUAL DE VALA COM PROFUNDIDADE MENOR OU IGUAL A 1,30 M. AF_02/2021","MOVT - MOVIMENTO DE TERRA",null,"m³",1.2999999999999999E-3,75.12,0.1]
["Composição Auxiliar"," 95805 ","SINAPI","CONDULETE DE PVC, TIPO B, PARA ELETRODUTO DE PVC SOLDÁVEL DN 25 MM (3/4''), APARENTE - FORNECIMENTO E INSTALAÇÃO. AF_10/2022","INEL - INSTALAÇÃO ELÉTRICA/ELETRIFICAÇÃO E ILUMINAÇÃO EXTERNA",null,"UN",6.6199999999999995E-2,23.37,1.55]
["Composição Auxiliar"," 91926 ","SINAPI","CABO DE COBRE FLEXÍVEL ISOLADO, 2,5 MM², ANTI-CHAMA 450/750 V, PARA CIRCUITOS TERMINAIS - FORNECIMENTO E INSTALAÇÃO. AF_03/2023","INEL - INSTALAÇÃO ELÉTRICA/ELETRIFICAÇÃO E ILUMINAÇÃO EXTERNA",null,"M",0.94720000000000004,4.9000000000000004,4.6399999999999997]
["Composição Auxiliar"," 98442 ","SINAPI","PAREDE DE MADEIRA COMPENSADA PARA CONSTRUÇÃO TEMPORÁRIA EM CHAPA SIMPLES, EXTERNA, COM ÁREA LÍQUIDA MENOR QUE 6 M², SEM VÃO. AF_05/2018","CANT - CANTEIRO DE OBRAS",null,"m²",0.1129,124.47,14.05]
["Composição Auxiliar"," 98445 ","SINAPI","PAREDE DE MADEIRA COMPENSADA PARA CONSTRUÇÃO TEMPORÁRIA EM CHAPA SIMPLES, EXTERNA, COM ÁREA LÍQUIDA MAIOR OU IGUAL A 6 M², COM VÃO. AF_03/2024","CANT - CANTEIRO DE OBRAS",null,"m²",0.1532,120.94,18.53]
["Composição Auxiliar"," 92001 ","SINAPI","TOMADA BAIXA DE EMBUTIR (1 MÓDULO), 2P+T 20 A, INCLUINDO SUPORTE E PLACA - FORNECIMENTO E INSTALAÇÃO. AF_03/2023","INEL - INSTALAÇÃO ELÉTRICA/ELETRIFICAÇÃO E ILUMINAÇÃO EXTERNA",null,"UN",3.3099999999999997E-2,33.53,1.1100000000000001]
["Insumo"," 00010886 ","SINAPI","EXTINTOR DE INCENDIO PORTATIL COM CARGA DE AGUA PRESSURIZADA DE 10 L, CLASSE A","Material",null,"UN",1.66E-2,393.75,6.54]
["Insumo"," 00010891 ","SINAPI","EXTINTOR DE INCENDIO PORTATIL COM CARGA DE PO QUIMICO SECO (PQS) DE 4 KG, CLASSE BC","Material",null,"UN",1.66E-2,380.76,6.32]
[{"$nulls":4},"MO sem LS =>",56.67,"LS =>",0,"MO com LS =>",56.67]
[{"$nulls":4},"Valor do BDI =>",64.5,null,"Valor com BDI =>",null,340.38]
[]
[null,"Código","Banco","Descrição","Tipo",null,"Und","Quant.","Valor Unit","Total"]
["Composição"," 93584 ","SINAPI","EXECUÇÃO DE DEPÓSITO EM CANTEIRO DE OBRA EM CHAPA DE MADEIRA COMPENSADA, NÃO INCLUSO MOBILIÁRIO. AF_04/2016","CANT - CANTEIRO DE OBRAS",null,"m²",1,784.88,784.88]
["Composição Auxiliar"," 92023 ","SINAPI","INTERRUPTOR SIMPLES (1 MÓDULO) COM 1 TOMADA DE EMBUTIR 2P+T 10 A, INCLUINDO SUPORTE E PLACA - FORNECIMENTO E INSTALAÇÃO. AF_03/2023","INEL - INSTALAÇÃO ELÉTRICA/ELETRIFICAÇÃO E ILUMINAÇÃO EXTERNA",null,"UN",6.6199999999999995E-2,50.54,3.35]
["Composição Auxiliar"," 95805 ","SINAPI","CONDULETE DE PVC, TIPO B, PARA ELETRODUTO DE PVC SOLDÁVEL DN 25 MM (3/4''), APARENTE - FORNECIMENTO E INSTALAÇÃO. AF_10/2022","INEL - INSTALAÇÃO ELÉTRICA/ELETRIFICAÇÃO E ILUMINAÇÃO EXTERNA",null,"UN",0.13250000000000001,23.37,3.1]
["Composição Auxiliar"," 98445 ","SINAPI","PAREDE DE MADEIRA COMPENSADA PARA CONSTRUÇÃO TEMPORÁRIA EM CHAPA SIMPLES, EXTERNA, COM ÁREA LÍQUIDA MAIOR OU IGUAL A 6 M², COM VÃO. AF_03/2024","CANT - CANTEIRO DE OBRAS",null,"m²",0.80230000000000001,120.94,97.03]
["Composição Auxiliar"," 94210 ","SINAPI","TELHAMENTO COM TELHA ONDULADA DE FIBROCIMENTO E = 6 MM, COM RECOBRIMENTO LATERAL DE 1 1/4 DE ONDA PARA TELHADO COM INCLINAÇÃO MÁXIMA DE 10°, COM ATÉ 2 ÁGUAS, INCLUSO IÇAMENTO. AF_07/2019","COBE - COBERTURA",null,"m²",1.7192000000000001,43.07,74.05]
["Composição Auxiliar"," 91341 ","SINAPI","PORTA EM ALUMÍNIO DE ABRIR TIPO VENEZIANA COM GUARNIÇÃO, FIXAÇÃO COM PARAFUSOS - FORNECIMENTO E INSTALAÇÃO. AF_12/2019","ESQV - ESQUADRIAS/FERRAGENS/VIDROS",null,"m²",0.153,684.17,104.68]
["Composição Auxiliar"," 98441 ","SINAPI","PAREDE DE MADEIRA COMPENSADA PARA CONSTRUÇÃO TEMPORÁRIA EM CHAPA SIMPLES, EXTERNA, SEM VÃO. AF_03/2024","CANT - CANTEIRO DE OBRAS",null,"m²",0.51359999999999995,104.02,53.42]
["Composição Auxiliar"," 95240 ","SINAPI","LASTRO DE CONCRETO MAGRO, APLICADO EM PISOS, LAJES SOBRE SOLO OU RADIERS, ESPESSURA DE 3 CM. AF_01/2024","FUES - FUNDAÇÕES E ESTRUTURAS",null,"m²",9.2999999999999992E-3,25.44,0.24]
["Composição Auxiliar"," 97586 ","SINAPI","LUMINÁRIA TIPO CALHA, DE SOBREPOR, COM 2 LÂMPADAS TUBULARES FLUORESCENTES DE 36 W, COM REATOR DE PARTIDA RÁPIDA - FORNECIMENTO E INSTALAÇÃO. AF_02/2020","INEL - INSTALAÇÃO ELÉTRICA/ELETRIFICAÇÃO E ILUMINAÇÃO EXTERNA",null,"UN",6.6199999999999995E-2,173.22,11.47]
["Composição Auxiliar"," 91852 ","SINAPI","ELETRODUTO FLEXÍVEL CORRUGADO, PVC, DN 20 MM (1/2\"), PARA CIRCUITOS TERMINAIS, INSTALADO EM PAREDE - FORNECIMENTO E INSTALAÇÃO. AF_03/2023","INEL - INSTALAÇÃO ELÉTRICA/ELETRIFICAÇÃO E ILUMINAÇÃO EXTERNA",null,"M",6.6199999999999995E-2,8.94,0.59]
["Composição Auxiliar"," 91173 ","SINAPI","FIXAÇÃO DE TUBOS VERTICAIS DE PVC ÁGUA, PVC ESGOTO, PVC ÁGUA PLUVIAL, CPVC, PPR, COBRE OU AÇO, DIÂMETROS MENORES OU IGUAIS A 40 MM, COM ABRAÇADEIRA METÁLICA RÍGIDA TIPO U PERFIL 1 1/4\", FIXADA EM PERFILADO EM PAREDE. AF_09/2023_PS","INHI - INSTALAÇÕES HIDROS SANITÁRIAS",null,"M",0.17219999999999999,4.24,0.73]
["Composição Auxiliar"," 94559 ","SINAPI","JANELA DE AÇO TIPO BASCULANTE PARA VIDROS, COM BATENTE, FERRAGENS E PINTURA ANTICORROSIVA. EXCLUSIVE VIDROS, ACABAMENTO, ALIZAR E CONTRAMARCO. FORNECIMENTO E INSTALAÇÃO. AF_12/2019","ESQV - ESQUADRIAS/FERRAGENS/VIDROS",null,"m²",6.6199999999999995E-2,662.86,43.88]
["Composição Auxiliar"," 101165 ","SINAPI","ALVENARIA DE EMBASAMENTO COM BLOCO ESTRUTURAL DE CONCRETO, DE 14X19X29CM E ARGAMASSA DE ASSENTAMENTO COM PREPARO EM BETONEIRA. AF_05/2020","FUES - FUNDAÇÕES E ESTRUTURAS",null,"m³",4.1700000000000001E-2,1024.8499999999999,42.74]
["Composição Auxiliar"," 93358 ","SINAPI","ESCAVAÇÃO MANUAL DE VALA COM PROFUNDIDADE MENOR OU IGUAL A 1,30 M. AF_02/2021","MOVT - MOVIMENTO DE TERRA",null,"m³",4.0399999999999998E-2,75.12,3.03]
["Composição Auxiliar"," 91170 ","SINAPI","FIXAÇÃO DE TUBOS HORIZONTAIS DE PVC ÁGUA, PVC ESGOTO, PVC ÁGUA PLUVIAL, CPVC, PPR, COBRE OU AÇO, DIÂMETROS MENORES OU IGUAIS A 40 MM, COM ABRAÇADEIRA METÁLICA RÍGIDA TIPO U PERFIL 1 1/4\", FIXADA EM PERFILADO EM LAJE. AF_09/2023_PS","INHI - INSTALAÇÕES HIDROS SANITÁRIAS",null,"M",0.13250000000000001,11.33,1.5]
["Composição Auxiliar"," 91862 ","SINAPI","ELETRODUTO RÍGIDO ROSCÁVEL, PVC, DN 20 MM (1/2\"), PARA CIRCUITOS TERMINAIS, INSTALADO EM FORRO - FORNECIMENTO E INSTALAÇÃO. AF_03/2023","INEL - INSTALAÇÃO ELÉTRICA/ELETRIFICAÇÃO E ILUMINAÇÃO EXTERNA",null,"M",0.13250000000000001,9.85,1.31]
["Composição Auxiliar"," 91870 ","SINAPI","ELETRODUTO RÍGIDO ROSCÁVEL, PVC, DN 20 MM (1/2\"), PARA CIRCUITOS TERMINAIS, INSTALADO EM PAREDE - FORNECIMENTO E INSTALAÇÃO. AF_03/2023","INEL - INSTALAÇÃO ELÉTRICA/ELETRIFICAÇÃO E ILUMINAÇÃO EXTERNA",null,"M",0.17219999999999999,12.71,2.19]
["Composição Auxiliar"," 92543 ","SINAPI","TRAMA DE MADEIRA COMPOSTA POR TERÇAS PARA TELHADOS DE ATÉ 2 ÁGUAS PARA TELHA ONDULADA DE FIBROCIMENTO, METÁLICA, PLÁSTICA OU TERMOACÚSTICA, INCLUSO TRANSPORTE VERTICAL. AF_07/2019","COBE - COBERTURA",null,"m²",1.7192000000000001,16.2,27.85]
["Composição Auxiliar"," 95241 ","SINAPI","LASTRO DE CONCRETO MAGRO, APLICADO EM PISOS, LAJES SOBRE SOLO OU RADIERS, ESPESSURA DE 5 CM. AF_01/2024","FUES - FUNDAÇÕES E ESTRUTURAS",null,"m²",1.5109999999999999,49.84,75.31]
["Composição Auxiliar"," 93382 ","SINAPI","REATERRO MANUAL DE VALAS, COM COMPACTADOR DE SOLOS DE PERCUSSÃO. AF_08/2023","MOVT - MOVIMENTO DE TERRA",null,"m³",1.06E-2,24.98,0.26]
["Composição Auxiliar"," 98446 ","SINAPI","PAREDE DE MADEIRA COMPENSADA PARA CONSTRUÇÃO TEMPORÁRIA EM CHAPA SIMPLES, EXTERNA, COM ÁREA LÍQUIDA MENOR QUE 6 M², COM VÃO. AF_03/2024","CANT - CANTEIRO DE OBRAS",null,"m²",0.62549999999999994,151.24,94.6]
["Composição Auxiliar"," 98442 ","SINAPI","PAREDE DE MADEIRA COMPENSADA PARA CONSTRUÇÃO TEMPORÁRIA EM CHAPA SIMPLES, EXTERNA, COM ÁREA LÍQUIDA MENOR QUE 6 M², SEM VÃO. AF_05/2018","CANT - CANTEIRO DE OBRAS",null,"m²",0.59109999999999996,124.47,73.569999999999993]
["Composição Auxiliar"," 91924 ","SINAPI","CABO DE COBRE FLEXÍVEL ISOLADO, 1,5 MM², ANTI-CHAMA 450/750 V, PARA CIRCUITOS TERMINAIS - FORNECIMENTO E INSTALAÇÃO. AF_03/2023","INEL - INSTALAÇÃO ELÉTRICA/ELETRIFICAÇÃO E ILUMINAÇÃO EXTERNA",null,"M",0.67549999999999999,3.36,2.27]
["Composição Auxiliar"," 88489 ","SINAPI","PINTURA LÁTEX ACRÍLICA PREMIUM, APLICAÇÃO MANUAL EM PAREDES, DUAS DEMÃOS. AF_04/2023","PINT - PINTURAS",null,"m²",5.0648999999999997,13.14,66.55]
["Insumo"," 00011455 ","SINAPI","FERROLHO COM FECHO / TRINCO REDONDO, EM ACO GALVANIZADO / ZINCADO, DE SOBREPOR, COM COMPRIMENTO DE 8\" E ESPESSURA MINIMA DA CHAPA DE 1,50 MM","Material",null,"UN",6.6199999999999995E-2,17.59,1.1599999999999999]
[{"$nulls":4},"MO sem LS =>",176.31,"LS =>",0,"MO com LS =>",176.31]
[{"$nulls":4},"Valor do BDI =>",183.5,null,"Valor com BDI =>",null,968.38]
[]
[null,"Código","Banco","Descrição","Tipo",null,"Und","Quant.","Valor Unit","Total"]
["Composição"," 93210 ","SINAPI","EXECUÇÃO DE REFEITÓRIO EM CANTEIRO DE OBRA EM CHAPA DE MADEIRA COMPENSADA, NÃO INCLUSO MOBILIÁRIO E EQUIPAMENTOS. AF_02/2016","CANT - CANTEIRO DE OBRAS",null,"m²",1,570.70000000000005,570.70000000000005]
["Composição Auxiliar"," 89714 ","SINAPI","TUBO PVC, SERIE NORMAL, ESGOTO PREDIAL, DN 100 MM, FORNECIDO E INSTALADO EM RAMAL DE DESCARGA OU RAMAL DE ESGOTO SANITÁRIO. AF_08/2022","INHI - INSTALAÇÕES HIDROS SANITÁRIAS",null,"M",0.14230000000000001,31.47,4.4800000000000004]
["Composição Auxiliar"," 91862 ","SINAPI","ELETRODUTO RÍGIDO ROSCÁVEL, PVC, DN 20 MM (1/2\"), PARA CIRCUITOS TERMINAIS, INSTALADO EM FORRO - FORNECIMENTO E INSTALAÇÃO. AF_03/2023","INEL - INSTALAÇÃO ELÉTRICA/ELETRIFICAÇÃO E ILUMINAÇÃO EXTERNA",null,"M",0.3221,9.85,3.17]
["Composição Auxiliar"," 92008 ","SINAPI","TOMADA BAIXA DE EMBUTIR (2 MÓDULOS), 2P+T 10 A, INCLUINDO SUPORTE E PLACA - FORNECIMENTO E INSTALAÇÃO. AF_03/2023","INEL - INSTALAÇÃO ELÉTRICA/ELETRIFICAÇÃO E ILUMINAÇÃO EXTERNA",null,"UN",0.13420000000000001,48.35,6.49]
["Composição Auxiliar"," 98442 ","SINAPI","PAREDE DE MADEIRA COMPENSADA PARA CONSTRUÇÃO TEMPORÁRIA EM CHAPA SIMPLES, EXTERNA, COM ÁREA LÍQUIDA MENOR QUE 6 M², SEM VÃO. AF_05/2018","CANT - CANTEIRO DE OBRAS",null,"m²",0.1668,124.47,20.76]
["Composição Auxiliar"," 90822 ","SINAPI","PORTA DE MADEIRA PARA PINTURA, SEMI-OCA (LEVE OU MÉDIA), 80X210CM, ESPESSURA DE 3,5CM, INCLUSO DOBRADIÇAS - FORNECIMENTO E INSTALAÇÃO. AF_12/2019","ESQV - ESQUADRIAS/FERRAGENS/VIDROS",null,"UN",2.6800000000000001E-2,358.61,9.61]
["Composição Auxiliar"," 95811 ","SINAPI","CONDULETE DE PVC, TIPO LB, PARA ELETRODUTO DE PVC SOLDÁVEL DN 25 MM (3/4''), APARENTE - FORNECIMENTO E INSTALAÇÃO. AF_10/2022","INEL - INSTALAÇÃO ELÉTRICA/ELETRIFICAÇÃO E ILUMINAÇÃO EXTERNA",null,"UN",2.6800000000000001E-2,19.89,0.53]
["Composição Auxiliar"," 92023 ","SINAPI","INTERRUPTOR SIMPLES (1 MÓDULO) COM 1 TOMADA DE EMBUTIR 2P+T 10 A, INCLUINDO SUPORTE E PLACA - FORNECIMENTO E INSTALAÇÃO. AF_03/2023","INEL - INSTALAÇÃO ELÉTRICA/ELETRIFICAÇÃO E ILUMINAÇÃO EXTERNA",null,"UN",2.6800000000000001E-2,50.54,1.35]
["Composição Auxiliar"," 98102 ","SINAPI","CAIXA DE GORDURA SIMPLES, CIRCULAR, EM CONCRETO PRÉ-MOLDADO, DIÂMETRO INTERNO = 0,4 M, ALTURA INTERNA = 0,4 M. AF_12/2020","INHI - INSTALAÇÕES HIDROS SANITÁRIAS",null,"UN",2.6800000000000001E-2,172.14,4.6100000000000003]
["Composição Auxiliar"," 93382 ","SINAPI","REATERRO MANUAL DE VALAS, COM COMPACTADOR DE SOLOS DE PERCUSSÃO. AF_08/2023","MOVT - MOVIMENTO DE TERRA",null,"m³",0.01,24.98,0.25]
["Composição Auxiliar"," 91924 ","SINAPI","CABO DE COBRE FLEXÍVEL ISOLADO, 1,5 MM², ANTI-CHAMA 450/750 V, PARA CIRCUITOS TERMINAIS - FORNECIMENTO E INSTALAÇÃO. AF_03/2023","INEL - INSTALAÇÃO ELÉTRICA/ELETRIFICAÇÃO E ILUMINAÇÃO EXTERNA",null,"M",0.85909999999999997,3.36,2.89]
["Composição Auxiliar"," 98441 ","SINAPI","PAREDE DE MADEIRA COMPENSADA PARA CONSTRUÇÃO TEMPORÁRIA EM CHAPA SIMPLES, EXTERNA, SEM VÃO. AF_03/2024","CANT - CANTEIRO DE OBRAS",null,"m²",0.1449,104.02,15.07]
["Composição Auxiliar"," 91937 ","SINAPI","CAIXA OCTOGONAL 3\" X 3\", PVC, INSTALADA EM LAJE - FORNECIMENTO E INSTALAÇÃO. AF_03/2023","INEL - INSTALAÇÃO ELÉTRICA/ELETRIFICAÇÃO E ILUMINAÇÃO EXTERNA",null,"UN",0.16109999999999999,15.64,2.52]
["Composição Auxiliar"," 98445 ","SINAPI","PAREDE DE MADEIRA COMPENSADA PARA CONSTRUÇÃO TEMPORÁRIA EM CHAPA SIMPLES, EXTERNA, COM ÁREA LÍQUIDA MAIOR OU IGUAL A 6 M², COM VÃO. AF_03/2024","CANT - CANTEIRO DE OBRAS",null,"m²",0.22639999999999999,120.94,27.38]
["Composição Auxiliar"," 91870 ","SINAPI","ELETRODUTO RÍGIDO ROSCÁVEL, PVC, DN 20 MM (1/2\"), PARA CIRCUITOS TERMINAIS, INSTALADO EM PAREDE - FORNECIMENTO E INSTALAÇÃO. AF_03/2023","INEL - INSTALAÇÃO ELÉTRICA/ELETRIFICAÇÃO E ILUMINAÇÃO EXTERNA",null,"M",0.53690000000000004,12.71,6.82]
["Composição Auxiliar"," 88262 ","SINAPI","CARPINTEIRO DE FORMAS COM ENCARGOS COMPLEMENTARES","SEDI - SERVIÇOS DIVERSOS",null,"H",1.1154999999999999,24.94,27.82]
["Composição Auxiliar"," 92543 ","SINAPI","TRAMA DE MADEIRA COMPOSTA POR TERÇAS PARA TELHADOS DE ATÉ 2 ÁGUAS PARA TELHA ONDULADA DE FIBROCIMENTO, METÁLICA, PLÁSTICA OU TERMOACÚSTICA, INCLUSO TRANSPORTE VERTICAL. AF_07/2019","COBE - COBERTURA",null,"m²",1.4510000000000001,16.2,23.51]
["Composição Auxiliar"," 101891 ","SINAPI","DISJUNTOR MONOPOLAR TIPO NEMA, CORRENTE NOMINAL DE 35 ATÉ 50A - FORNECIMENTO E INSTALAÇÃO. AF_10/2020","INEL - INSTALAÇÃO ELÉTRICA/ELETRIFICAÇÃO E ILUMINAÇÃO EXTERNA",null,"UN",0.1074,29.72,3.19]
["Composição Auxiliar"," 95240 ","SINAPI","LASTRO DE CONCRETO MAGRO, APLICADO EM PISOS, LAJES SOBRE SOLO OU RADIERS, ESPESSURA DE 3 CM. AF_01/2024","FUES - FUNDAÇÕES E ESTRUTURAS",null,"m²",8.9999999999999993E-3,25.44,0.23]
["Composição Auxiliar"," 89711 ","SINAPI","TUBO PVC, SERIE NORMAL, ESGOTO PREDIAL, DN 40 MM, FORNECIDO E INSTALADO EM RAMAL DE DESCARGA OU RAMAL DE ESGOTO SANITÁRIO. AF_08/2022","INHI - INSTALAÇÕES HIDROS SANITÁRIAS",null,"M",8.8599999999999998E-2,18.190000000000001,1.61]
["Composição Auxiliar"," 91170 ","SINAPI","FIXAÇÃO DE TUBOS HORIZONTAIS DE PVC ÁGUA, PVC ESGOTO, PVC ÁGUA PLUVIAL, CPVC, PPR, COBRE OU AÇO, DIÂMETROS MENORES OU IGUAIS A 40 MM, COM ABRAÇADEIRA METÁLICA RÍGIDA TIPO U PERFIL 1 1/4\", FIXADA EM PERFILADO EM LAJE. AF_09/2023_PS","INHI - INSTALAÇÕES HIDROS SANITÁRIAS",null,"M",0.3221,11.33,3.65]
["Composição Auxiliar"," 101876 ","SINAPI","QUADRO DE DISTRIBUIÇÃO DE ENERGIA EM PVC, DE EMBUTIR, SEM BARRAMENTO, PARA 6 DISJUNTORES - FORNECIMENTO E INSTALAÇÃO. AF_10/2020","INEL - INSTALAÇÃO ELÉTRICA/ELETRIFICAÇÃO E ILUMINAÇÃO EXTERNA",null,"UN",2.6800000000000001E-2,82.47,2.21]
["Composição Auxiliar"," 91173 ","SINAPI","FIXAÇÃO DE TUBOS VERTICAIS DE PVC ÁGUA, PVC ESGOTO, PVC ÁGUA PLUVIAL, CPVC, PPR, COBRE OU AÇO, DIÂMETROS MENORES OU IGUAIS A 40 MM, COM ABRAÇADEIRA METÁLICA RÍGIDA TIPO U PERFIL 1 1/4\", FIXADA EM PERFILADO EM PAREDE. AF_09/2023_PS","INHI - INSTALAÇÕES HIDROS SANITÁRIAS",null,"M",0.53690000000000004,4.24,2.2799999999999998]
["Composição Auxiliar"," 92000 ","SINAPI","TOMADA BAIXA DE EMBUTIR (1 MÓDULO), 2P+T 10 A, INCLUINDO SUPORTE E PLACA - FORNECIMENTO E INSTALAÇÃO. AF_03/2023","INEL - INSTALAÇÃO ELÉTRICA/ELETRIFICAÇÃO E ILUMINAÇÃO EXTERNA",null,"UN",2.6800000000000001E-2,31.22,0.84]
["Composição Auxiliar"," 89957 ","SINAPI","PONTO DE CONSUMO TERMINAL DE ÁGUA FRIA (SUBRAMAL) COM TUBULAÇÃO DE PVC, DN 25 MM, INSTALADO EM RAMAL DE ÁGUA, INCLUSOS RASGO E CHUMBAMENTO EM ALVENARIA. AF_12/2014","INHI - INSTALAÇÕES HIDROS SANITÁRIAS",null,"UN",5.3699999999999998E-2,125.92,6.76]
["Composição Auxiliar"," 88489 ","SINAPI","PINTURA LÁTEX ACRÍLICA PREMIUM, APLICAÇÃO MANUAL EM PAREDES, DUAS DEMÃOS. AF_04/2023","PINT - PINTURAS",null,"m²",1.4293,13.14,18.78]
["Composição Auxiliar"," 89724 ","SINAPI","JOELHO 90 GRAUS, PVC, SERIE NORMAL, ESGOTO PREDIAL, DN 40 MM, JUNTA SOLDÁVEL, FORNECIDO E INSTALADO EM RAMAL DE DESCARGA OU RAMAL DE ESGOTO SANITÁRIO. AF_08/2022","INHI - INSTALAÇÕES HIDROS SANITÁRIAS",null,"UN",5.3699999999999998E-2,8.8800000000000008,0.48]
["Composição Auxiliar"," 98446 ","SINAPI","PAREDE DE MADEIRA COMPENSADA PARA CONSTRUÇÃO TEMPORÁRIA EM CHAPA SIMPLES, EXTERNA, COM ÁREA LÍQUIDA MENOR QUE 6 M², COM VÃO. AF_03/2024","CANT - CANTEIRO DE OBRAS",null,"m²",0.17649999999999999,151.24,26.69]
["Composição Auxiliar"," 91926 ","SINAPI","CABO DE COBRE FLEXÍVEL ISOLADO, 2,5 MM², ANTI-CHAMA 450/750 V, PARA CIRCUITOS TERMINAIS - FORNECIMENTO E INSTALAÇÃO. AF_03/2023","INEL - INSTALAÇÃO ELÉTRICA/ELETRIFICAÇÃO E ILUMINAÇÃO EXTERNA",null,"M",2.5503,4.9000000000000004,12.5]
["Composição Auxiliar"," 97586 ","SINAPI","LUMINÁRIA TIPO CALHA, DE SOBREPOR, COM 2 LÂMPADAS TUBULARES FLUORESCENTES DE 36 W, COM REATOR DE PARTIDA RÁPIDA - FORNECIMENTO E INSTALAÇÃO. AF_02/2020","INEL - INSTALAÇÃO ELÉTRICA/ELETRIFICAÇÃO E ILUMINAÇÃO EXTERNA",null,"UN",0.16109999999999999,173.22,27.91]
["Composição Auxiliar"," 95241 ","SINAPI","LASTRO DE CONCRETO MAGRO, APLICADO EM PISOS, LAJES SOBRE SOLO OU RADIERS, ESPESSURA DE 5 CM. AF_01/2024","FUES - FUNDAÇÕES E ESTRUTURAS",null,"m²",1.4510000000000001,49.84,72.319999999999993]
["Composição Auxiliar"," 97906 ","SINAPI","CAIXA ENTERRADA HIDRÁULICA RETANGULAR, EM ALVENARIA COM BLOCOS DE CONCRETO, DIMENSÕES INTERNAS: 0,6X0,6X0,6 M PARA REDE DE ESGOTO. AF_12/2020","INHI - INSTALAÇÕES HIDROS SANITÁRIAS",null,"UN",2.6800000000000001E-2,479.91,12.86]
["Composição Auxiliar"," 86943 ","SINAPI","LAVATÓRIO LOUÇA BRANCA SUSPENSO, 29,5 X 39CM OU EQUIVALENTE, PADRÃO POPULAR, INCLUSO SIFÃO FLEXÍVEL EM PVC, VÁLVULA E ENGATE FLEXÍVEL 30CM EM PLÁSTICO E TORNEIRA CROMADA DE MESA, PADRÃO POPULAR - FORNECIMENTO E INSTALAÇÃO. AF_01/2020","INHI - INSTALAÇÕES HIDROS SANITÁRIAS",null,"UN",2.6800000000000001E-2,280.25,7.51]
["Composição Auxiliar"," 93358 ","SINAPI","ESCAVAÇÃO MANUAL DE VALA COM PROFUNDIDADE MENOR OU IGUAL A 1,30 M. AF_02/2021","MOVT - MOVIMENTO DE TERRA",null,"m³",3.9E-2,75.12,2.93]
["Composição Auxiliar"," 86934 ","SINAPI","BANCADA DE MÁRMORE SINTÉTICO 120 X 60CM, COM CUBA INTEGRADA, INCLUSO SIFÃO TIPO FLEXÍVEL EM PVC, VÁLVULA EM PLÁSTICO CROMADO TIPO AMERICANA E TORNEIRA CROMADA LONGA, DE PAREDE, PADRÃO POPULAR - FORNECIMENTO E INSTALAÇÃO. AF_01/2020","INHI - INSTALAÇÕES HIDROS SANITÁRIAS",null,"UN",2.6800000000000001E-2,502.84,13.48]
["Composição Auxiliar"," 91911 ","SINAPI","CURVA 90 GRAUS PARA ELETRODUTO, PVC, ROSCÁVEL, DN 20 MM (1/2\"), PARA CIRCUITOS TERMINAIS, INSTALADA EM PAREDE - FORNECIMENTO E INSTALAÇÃO. AF_03/2023","INEL - INSTALAÇÃO ELÉTRICA/ELETRIFICAÇÃO E ILUMINAÇÃO EXTERNA",null,"UN",0.1074,16.420000000000002,1.76]
["Composição Auxiliar"," 101165 ","SINAPI","ALVENARIA DE EMBASAMENTO COM BLOCO ESTRUTURAL DE CONCRETO, DE 14X19X29CM E ARGAMASSA DE ASSENTAMENTO COM PREPARO EM BETONEIRA. AF_05/2020","FUES - FUNDAÇÕES E ESTRUTURAS",null,"m³",0.04,1024.8499999999999,40.99]
["Composição Auxiliar"," 94210 ","SINAPI","TELHAMENTO COM TELHA ONDULADA DE FIBROCIMENTO E = 6 MM, COM RECOBRIMENTO LATERAL DE 1 1/4 DE ONDA PARA TELHADO COM INCLINAÇÃO MÁXIMA DE 10°, COM ATÉ 2 ÁGUAS, INCLUSO IÇAMENTO. AF_07/2019","COBE - COBERTURA",null,"m²",1.4510000000000001,43.07,62.49]
["Composição Auxiliar"," 95805 ","SINAPI","CONDULETE DE PVC, TIPO B, PARA ELETRODUTO DE PVC SOLDÁVEL DN 25 MM (3/4''), APARENTE - FORNECIMENTO E INSTALAÇÃO. AF_10/2022","INEL - INSTALAÇÃO ELÉTRICA/ELETRIFICAÇÃO E ILUMINAÇÃO EXTERNA",null,"UN",0.18790000000000001,23.37,4.3899999999999997]
["Insumo"," 00011587 ","SINAPI","FORRO DE PVC LISO, BRANCO, REGUA DE 10 CM, ESPESSURA APROXIMADA DE 8 MM (COM COLOCACAO / SEM ESTRUTURA METALICA)","Material",null,"m²",1,61.15,61.15]
["Insumo"," 00037525 ","SINAPI","TELA PLASTICA TECIDA LISTRADA BRANCA E LARANJA, TIPO GUARDA CORPO, EM POLIETILENO MONOFILADO, ROLO 1,20 X 50 M (L X C)","Material",null,"M",1.2782,2.66,3.4]
["Insumo"," 00003080 ","SINAPI","FECHADURA ESPELHO PARA PORTA EXTERNA, EM ACO INOX (MAQUINA, TESTA E CONTRA-TESTA) E EM ZAMAC (MACANETA, LINGUETA E TRINCOS) COM ACABAMENTO CROMADO, MAQUINA DE 40 MM, INCLUINDO CHAVE TIPO CILINDRO","Material",null,"CJ",2.6800000000000001E-2,85.02,2.2799999999999998]
["Insumo"," 00010891 ","SINAPI","EXTINTOR DE INCENDIO PORTATIL COM CARGA DE PO QUIMICO SECO (PQS) DE 4 KG, CLASSE BC","Material",null,"UN",2.6800000000000001E-2,380.76,10.199999999999999]
["Insumo"," 00010886 ","SINAPI","EXTINTOR DE INCENDIO PORTATIL COM CARGA DE AGUA PRESSURIZADA DE 10 L, CLASSE A","Material",null,"UN",2.6800000000000001E-2,393.75,10.55]
[{"$nulls":4},"MO sem LS =>",135.62,"LS =>",0,"MO com LS =>",135.62]
[{"$nulls":4},"Valor do BDI =>",133.43,null,"Valor com BDI =>",null,704.13]
[]
[null,"Código","Banco","Descrição","Tipo",null,"Und","Quant.","Valor Unit","Total"]
["Composição"," 93212 ","SINAPI","EXECUÇÃO DE SANITÁRIO E VESTIÁRIO EM CANTEIRO DE OBRA EM CHAPA DE MADEIRA COMPENSADA, NÃO INCLUSO MOBILIÁRIO. AF_02/2016","CANT - CANTEIRO DE OBRAS",null,"m²",1,926.49,926.49]
["Composição Auxiliar"," 90466 ","SINAPI","CHUMBAMENTO LINEAR EM ALVENARIA PARA RAMAIS/DISTRIBUIÇÃO DE INSTALAÇÕES HIDRÁULICAS COM DIÂMETROS MENORES OU IGUAIS A 40 MM. AF_09/2023","INHI - INSTALAÇÕES HIDROS SANITÁRIAS",null,"M",7.22E-2,14.88,1.07]
["Composição Auxiliar"," 90443 ","SINAPI","RASGO LINEAR MANUAL EM ALVENARIA, PARA RAMAIS/ DISTRIBUIÇÃO DE INSTALAÇÕES HIDRÁULICAS, DIÂMETROS MENORES OU IGUAIS A 40 MM. AF_09/2023","INHI - INSTALAÇÕES HIDROS SANITÁRIAS",null,"M",7.22E-2,7.11,0.51]
["Composição Auxiliar"," 89709 ","SINAPI","RALO SIFONADO, PVC, DN 100 X 40 MM, JUNTA SOLDÁVEL, FORNECIDO E INSTALADO EM RAMAL DE DESCARGA OU EM RAMAL DE ESGOTO SANITÁRIO. AF_08/2022","INHI - INSTALAÇÕES HIDROS SANITÁRIAS",null,"UN",6.9599999999999995E-2,21.16,1.47]
["Composição Auxiliar"," 101876 ","SINAPI","QUADRO DE DISTRIBUIÇÃO DE ENERGIA EM PVC, DE EMBUTIR, SEM BARRAMENTO, PARA 6 DISJUNTORES - FORNECIMENTO E INSTALAÇÃO. AF_10/2020","INEL - INSTALAÇÃO ELÉTRICA/ELETRIFICAÇÃO E ILUMINAÇÃO EXTERNA",null,"UN",1.7399999999999999E-2,82.47,1.43]
["Composição Auxiliar"," 88489 ","SINAPI","PINTURA LÁTEX ACRÍLICA PREMIUM, APLICAÇÃO MANUAL EM PAREDES, DUAS DEMÃOS. AF_04/2023","PINT - PINTURAS",null,"m²",2.4441999999999999,13.14,32.119999999999997]
["Composição Auxiliar"," 95240 ","SINAPI","LASTRO DE CONCRETO MAGRO, APLICADO EM PISOS, LAJES SOBRE SOLO OU RADIERS, ESPESSURA DE 3 CM. AF_01/2024","FUES - FUNDAÇÕES E ESTRUTURAS",null,"m²",6.4000000000000003E-3,25.44,0.16]
["Composição Auxiliar"," 98448 ","SINAPI","PAREDE DE MADEIRA COMPENSADA PARA CONSTRUÇÃO TEMPORÁRIA EM CHAPA SIMPLES, INTERNA, COM ÁREA LÍQUIDA MENOR QUE 6 M², COM VÃO. AF_03/2024","CANT - CANTEIRO DE OBRAS",null,"m²",0.1011,122.7,12.4]
["Composição Auxiliar"," 100860 ","SINAPI","CHUVEIRO ELÉTRICO COMUM CORPO PLÁSTICO, TIPO DUCHA - FORNECIMENTO E INSTALAÇÃO. AF_01/2020","INHI - INSTALAÇÕES HIDROS SANITÁRIAS",null,"UN",6.9599999999999995E-2,102.71,7.15]
["Composição Auxiliar"," 92543 ","SINAPI","TRAMA DE MADEIRA COMPOSTA POR TERÇAS PARA TELHADOS DE ATÉ 2 ÁGUAS PARA TELHA ONDULADA DE FIBROCIMENTO, METÁLICA, PLÁSTICA OU TERMOACÚSTICA, INCLUSO TRANSPORTE VERTICAL. AF_07/2019","COBE - COBERTURA",null,"m²",1.3566,16.2,21.98]
["Composição Auxiliar"," 91882 ","SINAPI","LUVA PARA ELETRODUTO, PVC, ROSCÁVEL, DN 20 MM (1/2\"), PARA CIRCUITOS TERMINAIS, INSTALADA EM PAREDE - FORNECIMENTO E INSTALAÇÃO. AF_03/2023","INEL - INSTALAÇÃO ELÉTRICA/ELETRIFICAÇÃO E ILUMINAÇÃO EXTERNA",null,"UN",3.4799999999999998E-2,9.82,0.34]
["Composição Auxiliar"," 98444 ","SINAPI","PAREDE DE MADEIRA COMPENSADA PARA CONSTRUÇÃO TEMPORÁRIA EM CHAPA SIMPLES, INTERNA, COM ÁREA LÍQUIDA MENOR QUE 6 M², SEM VÃO. AF_05/2018","CANT - CANTEIRO DE OBRAS",null,"m²",9.5600000000000004E-2,107.3,10.26]
["Composição Auxiliar"," 89714 ","SINAPI","TUBO PVC, SERIE NORMAL, ESGOTO PREDIAL, DN 100 MM, FORNECIDO E INSTALADO EM RAMAL DE DESCARGA OU RAMAL DE ESGOTO SANITÁRIO. AF_08/2022","INHI - INSTALAÇÕES HIDROS SANITÁRIAS",null,"M",4.7E-2,31.47,1.48]
["Composição Auxiliar"," 89970 ","SINAPI","KIT DE REGISTRO DE PRESSÃO BRUTO DE LATÃO ¾\", INCLUSIVE CONEXÕES, ROSCÁVEL, INSTALADO EM RAMAL DE ÁGUA FRIA - FORNECIMENTO E INSTALAÇÃO. AF_12/2014","INHI - INSTALAÇÕES HIDROS SANITÁRIAS",null,"UN",6.9599999999999995E-2,46.65,3.25]
["Composição Auxiliar"," 91871 ","SINAPI","ELETRODUTO RÍGIDO ROSCÁVEL, PVC, DN 25 MM (3/4\"), PARA CIRCUITOS TERMINAIS, INSTALADO EM PAREDE - FORNECIMENTO E INSTALAÇÃO. AF_03/2023","INEL - INSTALAÇÃO ELÉTRICA/ELETRIFICAÇÃO E ILUMINAÇÃO EXTERNA",null,"M",2.6100000000000002E-2,14.54,0.38]
["Composição Auxiliar"," 98443 ","SINAPI","PAREDE DE MADEIRA COMPENSADA PARA CONSTRUÇÃO TEMPORÁRIA EM CHAPA SIMPLES, INTERNA, SEM VÃO. AF_03/2024","CANT - CANTEIRO DE OBRAS",null,"m²",8.3000000000000004E-2,84.35,7]
["Composição Auxiliar"," 91911 ","SINAPI","CURVA 90 GRAUS PARA ELETRODUTO, PVC, ROSCÁVEL, DN 20 MM (1/2\"), PARA CIRCUITOS TERMINAIS, INSTALADA EM PAREDE - FORNECIMENTO E INSTALAÇÃO. AF_03/2023","INEL - INSTALAÇÃO ELÉTRICA/ELETRIFICAÇÃO E ILUMINAÇÃO EXTERNA",null,"UN",6.9599999999999995E-2,16.420000000000002,1.1399999999999999]
["Composição Auxiliar"," 94559 ","SINAPI","JANELA DE AÇO TIPO BASCULANTE PARA VIDROS, COM BATENTE, FERRAGENS E PINTURA ANTICORROSIVA. EXCLUSIVE VIDROS, ACABAMENTO, ALIZAR E CONTRAMARCO. FORNECIMENTO E INSTALAÇÃO. AF_12/2019","ESQV - ESQUADRIAS/FERRAGENS/VIDROS",null,"m²",9.0499999999999997E-2,662.86,59.99]
["Composição Auxiliar"," 90822 ","SINAPI","PORTA DE MADEIRA PARA PINTURA, SEMI-OCA (LEVE OU MÉDIA), 80X210CM, ESPESSURA DE 3,5CM, INCLUSO DOBRADIÇAS - FORNECIMENTO E INSTALAÇÃO. AF_12/2019","ESQV - ESQUADRIAS/FERRAGENS/VIDROS",null,"UN",3.4799999999999998E-2,358.61,12.48]
["Composição Auxiliar"," 86943 ","SINAPI","LAVATÓRIO LOUÇA BRANCA SUSPENSO, 29,5 X 39CM OU EQUIVALENTE, PADRÃO POPULAR, INCLUSO SIFÃO FLEXÍVEL EM PVC, VÁLVULA E ENGATE FLEXÍVEL 30CM EM PLÁSTICO E TORNEIRA CROMADA DE MESA, PADRÃO POPULAR - FORNECIMENTO E INSTALAÇÃO. AF_01/2020","INHI - INSTALAÇÕES HIDROS SANITÁRIAS",null,"UN",5.2200000000000003E-2,280.25,14.63]
["Composição Auxiliar"," 89784 ","SINAPI","TE, PVC, SERIE NORMAL, ESGOTO PREDIAL, DN 50 X 50 MM, JUNTA ELÁSTICA, FORNECIDO E INSTALADO EM RAMAL DE DESCARGA OU RAMAL DE ESGOTO SANITÁRIO. AF_08/2022","INHI - INSTALAÇÕES HIDROS SANITÁRIAS",null,"UN",1.7399999999999999E-2,21.74,0.38]
["Composição Auxiliar"," 87885 ","SINAPI","CHAPISCO APLICADO NO TETO OU EM ALVENARIA E ESTRUTURA, COM ROLO PARA TEXTURA ACRÍLICA. ARGAMASSA INDUSTRIALIZADA COM PREPARO EM MISTURADOR 300 KG. AF_10/2022","REVE - REVESTIMENTO E TRATAMENTO DE SUPERFÍCIES",null,"m²",0.76790000000000003,11.15,8.56]
["Composição Auxiliar"," 97906 ","SINAPI","CAIXA ENTERRADA HIDRÁULICA RETANGULAR, EM ALVENARIA COM BLOCOS DE CONCRETO, DIMENSÕES INTERNAS: 0,6X0,6X0,6 M PARA REDE DE ESGOTO. AF_12/2020","INHI - INSTALAÇÕES HIDROS SANITÁRIAS",null,"UN",3.4799999999999998E-2,479.91,16.7]
["Composição Auxiliar"," 98441 ","SINAPI","PAREDE DE MADEIRA COMPENSADA PARA CONSTRUÇÃO TEMPORÁRIA EM CHAPA SIMPLES, EXTERNA, SEM VÃO. AF_03/2024","CANT - CANTEIRO DE OBRAS",null,"m²",0.26119999999999999,104.02,27.17]
["Composição Auxiliar"," 91967 ","SINAPI","INTERRUPTOR SIMPLES (3 MÓDULOS), 10A/250V, INCLUINDO SUPORTE E PLACA - FORNECIMENTO E INSTALAÇÃO. AF_03/2023","INEL - INSTALAÇÃO ELÉTRICA/ELETRIFICAÇÃO E ILUMINAÇÃO EXTERNA",null,"UN",1.7399999999999999E-2,61.05,1.06]
["Composição Auxiliar"," 101891 ","SINAPI","DISJUNTOR MONOPOLAR TIPO NEMA, CORRENTE NOMINAL DE 35 ATÉ 50A - FORNECIMENTO E INSTALAÇÃO. AF_10/2020","INEL - INSTALAÇÃO ELÉTRICA/ELETRIFICAÇÃO E ILUMINAÇÃO EXTERNA",null,"UN",0.10440000000000001,29.72,3.1]
["Composição Auxiliar"," 89712 ","SINAPI","TUBO PVC, SERIE NORMAL, ESGOTO PREDIAL, DN 50 MM, FORNECIDO E INSTALADO EM RAMAL DE DESCARGA OU RAMAL DE ESGOTO SANITÁRIO. AF_08/2022","INHI - INSTALAÇÕES HIDROS SANITÁRIAS",null,"M",0.2235,22.58,5.05]
["Composição Auxiliar"," 91926 ","SINAPI","CABO DE COBRE FLEXÍVEL ISOLADO, 2,5 MM², ANTI-CHAMA 450/750 V, PARA CIRCUITOS TERMINAIS - FORNECIMENTO E INSTALAÇÃO. AF_03/2023","INEL - INSTALAÇÃO ELÉTRICA/ELETRIFICAÇÃO E ILUMINAÇÃO EXTERNA",null,"M",0.46989999999999998,4.9000000000000004,2.2999999999999998]
["Composição Auxiliar"," 89171 ","SINAPI","(COMPOSIÇÃO REPRESENTATIVA) DO SERVIÇO DE REVESTIMENTO CERÂMICO PARA PISO COM PLACAS TIPO ESMALTADA EXTRA DE DIMENSÕES 35X35 CM, PARA EDIFICAÇÃO HABITACIONAL UNIFAMILIAR (CASA) E EDIFICAÇÃO PÚBLICA PADRÃO. AF_11/2014","PISO - PISOS",null,"m²",0.46279999999999999,69.8,32.299999999999997]
["Composição Auxiliar"," 101165 ","SINAPI","ALVENARIA DE EMBASAMENTO COM BLOCO ESTRUTURAL DE CONCRETO, DE 14X19X29CM E ARGAMASSA DE ASSENTAMENTO COM PREPARO EM BETONEIRA. AF_05/2020","FUES - FUNDAÇÕES E ESTRUTURAS",null,"m³",2.86E-2,1024.8499999999999,29.31]
["Composição Auxiliar"," 89731 ","SINAPI","JOELHO 90 GRAUS, PVC, SERIE NORMAL, ESGOTO PREDIAL, DN 50 MM, JUNTA ELÁSTICA, FORNECIDO E INSTALADO EM RAMAL DE DESCARGA OU RAMAL DE ESGOTO SANITÁRIO. AF_08/2022","INHI - INSTALAÇÕES HIDROS SANITÁRIAS",null,"UN",1.7399999999999999E-2,13.75,0.24]
["Composição Auxiliar"," 91937 ","SINAPI","CAIXA OCTOGONAL 3\" X 3\", PVC, INSTALADA EM LAJE - FORNECIMENTO E INSTALAÇÃO. AF_03/2023","INEL - INSTALAÇÃO ELÉTRICA/ELETRIFICAÇÃO E ILUMINAÇÃO EXTERNA",null,"UN",0.13919999999999999,15.64,2.1800000000000002]
["Composição Auxiliar"," 98679 ","SINAPI","PISO CIMENTADO, TRAÇO 1:3 (CIMENTO E AREIA), ACABAMENTO LISO, ESPESSURA 2,0 CM, PREPARO MECÂNICO DA ARGAMASSA. AF_09/2020","PISO - PISOS",null,"m²",0.51339999999999997,42.21,21.67]
["Composição Auxiliar"," 89173 ","SINAPI","(COMPOSIÇÃO REPRESENTATIVA) DO SERVIÇO DE EMBOÇO/MASSA ÚNICA, APLICADO MANUALMENTE, TRAÇO 1:2:8, EM BETONEIRA DE 400L, PAREDES INTERNAS, COM EXECUÇÃO DE TALISCAS, EDIFICAÇÃO HABITACIONAL UNIFAMILIAR (CASAS) E EDIFICAÇÃO PÚBLICA PADRÃO. AF_12/2014","REVE - REVESTIMENTO E TRATAMENTO DE SUPERFÍCIES",null,"m²",0.76790000000000003,36.9,28.34]
["Composição Auxiliar"," 91305 ","SINAPI","FECHADURA DE EMBUTIR PARA PORTA DE BANHEIRO, COMPLETA, ACABAMENTO PADRÃO POPULAR, INCLUSO EXECUÇÃO DE FURO - FORNECIMENTO E INSTALAÇÃO. AF_12/2019","ESQV - ESQUADRIAS/FERRAGENS/VIDROS",null,"UN",5.2200000000000003E-2,120.73,6.3]
["Composição Auxiliar"," 96985 ","SINAPI","HASTE DE ATERRAMENTO, DIÂMETRO 5/8\", COM 3 METROS - FORNECIMENTO E INSTALAÇÃO. AF_08/2023","INEL - INSTALAÇÃO ELÉTRICA/ELETRIFICAÇÃO E ILUMINAÇÃO EXTERNA",null,"UN",5.2200000000000003E-2,83.1,4.34]
["Composição Auxiliar"," 93382 ","SINAPI","REATERRO MANUAL DE VALAS, COM COMPACTADOR DE SOLOS DE PERCUSSÃO. AF_08/2023","MOVT - MOVIMENTO DE TERRA",null,"m³",7.1999999999999998E-3,24.98,0.18]
["Composição Auxiliar"," 91863 ","SINAPI","ELETRODUTO RÍGIDO ROSCÁVEL, PVC, DN 25 MM (3/4\"), PARA CIRCUITOS TERMINAIS, INSTALADO EM FORRO - FORNECIMENTO E INSTALAÇÃO. AF_03/2023","INEL - INSTALAÇÃO ELÉTRICA/ELETRIFICAÇÃO E ILUMINAÇÃO EXTERNA",null,"M",0.1305,11.68,1.52]
["Composição Auxiliar"," 95805 ","SINAPI","CONDULETE DE PVC, TIPO B, PARA ELETRODUTO DE PVC SOLDÁVEL DN 25 MM (3/4''), APARENTE - FORNECIMENTO E INSTALAÇÃO. AF_10/2022","INEL - INSTALAÇÃO ELÉTRICA/ELETRIFICAÇÃO E ILUMINAÇÃO EXTERNA",null,"UN",1.7399999999999999E-2,23.37,0.41]
["Composição Auxiliar"," 98446 ","SINAPI","PAREDE DE MADEIRA COMPENSADA PARA CONSTRUÇÃO TEMPORÁRIA EM CHAPA SIMPLES, EXTERNA, COM ÁREA LÍQUIDA MENOR QUE 6 M², COM VÃO. AF_03/2024","CANT - CANTEIRO DE OBRAS",null,"m²",0.31819999999999998,151.24,48.12]
["Composição Auxiliar"," 89724 ","SINAPI","JOELHO 90 GRAUS, PVC, SERIE NORMAL, ESGOTO PREDIAL, DN 40 MM, JUNTA SOLDÁVEL, FORNECIDO E INSTALADO EM RAMAL DE DESCARGA OU RAMAL DE ESGOTO SANITÁRIO. AF_08/2022","INHI - INSTALAÇÕES HIDROS SANITÁRIAS",null,"UN",0.17399999999999999,8.8800000000000008,1.55]
["Composição Auxiliar"," 91170 ","SINAPI","FIXAÇÃO DE TUBOS HORIZONTAIS DE PVC ÁGUA, PVC ESGOTO, PVC ÁGUA PLUVIAL, CPVC, PPR, COBRE OU AÇO, DIÂMETROS MENORES OU IGUAIS A 40 MM, COM ABRAÇADEIRA METÁLICA RÍGIDA TIPO U PERFIL 1 1/4\", FIXADA EM PERFILADO EM LAJE. AF_09/2023_PS","INHI - INSTALAÇÕES HIDROS SANITÁRIAS",null,"M",0.4612,11.33,5.23]
["Composição Auxiliar"," 86888 ","SINAPI","VASO SANITÁRIO SIFONADO COM CAIXA ACOPLADA LOUÇA BRANCA - FORNECIMENTO E INSTALAÇÃO. AF_01/2020","INHI - INSTALAÇÕES HIDROS SANITÁRIAS",null,"UN",5.2200000000000003E-2,427.24,22.3]
["Composição Auxiliar"," 92000 ","SINAPI","TOMADA BAIXA DE EMBUTIR (1 MÓDULO), 2P+T 10 A, INCLUINDO SUPORTE E PLACA - FORNECIMENTO E INSTALAÇÃO. AF_03/2023","INEL - INSTALAÇÃO ELÉTRICA/ELETRIFICAÇÃO E ILUMINAÇÃO EXTERNA",null,"UN",3.4799999999999998E-2,31.22,1.0900000000000001]
["Composição Auxiliar"," 98447 ","SINAPI","PAREDE DE MADEIRA COMPENSADA PARA CONSTRUÇÃO TEMPORÁRIA EM CHAPA SIMPLES, INTERNA, COM ÁREA LÍQUIDA MAIOR OU IGUAL A 6 M², COM VÃO. AF_03/2024","CANT - CANTEIRO DE OBRAS",null,"m²",0.12970000000000001,97.97,12.71]
["Composição Auxiliar"," 89748 ","SINAPI","CURVA CURTA 90 GRAUS, PVC, SERIE NORMAL, ESGOTO PREDIAL, DN 100 MM, JUNTA ELÁSTICA, FORNECIDO E INSTALADO EM RAMAL DE DESCARGA OU RAMAL DE ESGOTO SANITÁRIO. AF_08/2022","INHI - INSTALAÇÕES HIDROS SANITÁRIAS",null,"UN",5.2200000000000003E-2,35.76,1.87]
["Composição Auxiliar"," 89957 ","SINAPI","PONTO DE CONSUMO TERMINAL DE ÁGUA FRIA (SUBRAMAL) COM TUBULAÇÃO DE PVC, DN 25 MM, INSTALADO EM RAMAL DE ÁGUA, INCLUSOS RASGO E CHUMBAMENTO EM ALVENARIA. AF_12/2014","INHI - INSTALAÇÕES HIDROS SANITÁRIAS",null,"UN",0.17399999999999999,125.92,21.91]
["Composição Auxiliar"," 91870 ","SINAPI","ELETRODUTO RÍGIDO ROSCÁVEL, PVC, DN 20 MM (1/2\"), PARA CIRCUITOS TERMINAIS, INSTALADO EM PAREDE - FORNECIMENTO E INSTALAÇÃO. AF_03/2023","INEL - INSTALAÇÃO ELÉTRICA/ELETRIFICAÇÃO E ILUMINAÇÃO EXTERNA",null,"M",0.15659999999999999,12.71,1.99]
["Composição Auxiliar"," 95241 ","SINAPI","LASTRO DE CONCRETO MAGRO, APLICADO EM PISOS, LAJES SOBRE SOLO OU RADIERS, ESPESSURA DE 5 CM. AF_01/2024","FUES - FUNDAÇÕES E ESTRUTURAS",null,"m²",1.3328,49.84,66.430000000000007]
["Composição Auxiliar"," 98442 ","SINAPI","PAREDE DE MADEIRA COMPENSADA PARA CONSTRUÇÃO TEMPORÁRIA EM CHAPA SIMPLES, EXTERNA, COM ÁREA LÍQUIDA MENOR QUE 6 M², SEM VÃO. AF_05/2018","CANT - CANTEIRO DE OBRAS",null,"m²",0.30070000000000002,124.47,37.43]
["Composição Auxiliar"," 91862 ","SINAPI","ELETRODUTO RÍGIDO ROSCÁVEL, PVC, DN 20 MM (1/2\"), PARA CIRCUITOS TERMINAIS, INSTALADO EM FORRO - FORNECIMENTO E INSTALAÇÃO. AF_03/2023","INEL - INSTALAÇÃO ELÉTRICA/ELETRIFICAÇÃO E ILUMINAÇÃO EXTERNA",null,"M",0.33069999999999999,9.85,3.26]
["Composição Auxiliar"," 87548 ","SINAPI","MASSA ÚNICA, EM ARGAMASSA TRAÇO 1:2:8, PREPARO MANUAL, APLICADA MANUALMENTE EM PAREDES INTERNAS DE AMBIENTES COM ÁREA ENTRE 5M² E 10M², E = 10MM, COM TALISCAS. AF_03/2024","REVE - REVESTIMENTO E TRATAMENTO DE SUPERFÍCIES",null,"m²",0.18940000000000001,28.37,5.37]
["Composição Auxiliar"," 95811 ","SINAPI","CONDULETE DE PVC, TIPO LB, PARA ELETRODUTO DE PVC SOLDÁVEL DN 25 MM (3/4''), APARENTE - FORNECIMENTO E INSTALAÇÃO. AF_10/2022","INEL - INSTALAÇÃO ELÉTRICA/ELETRIFICAÇÃO E ILUMINAÇÃO EXTERNA",null,"UN",5.2200000000000003E-2,19.89,1.04]
["Composição Auxiliar"," 93358 ","SINAPI","ESCAVAÇÃO MANUAL DE VALA COM PROFUNDIDADE MENOR OU IGUAL A 1,30 M. AF_02/2021","MOVT - MOVIMENTO DE TERRA",null,"m³",2.7900000000000001E-2,75.12,2.1]
["Composição Auxiliar"," 98445 ","SINAPI","PAREDE DE MADEIRA COMPENSADA PARA CONSTRUÇÃO TEMPORÁRIA EM CHAPA SIMPLES, EXTERNA, COM ÁREA LÍQUIDA MAIOR OU IGUAL A 6 M², COM VÃO. AF_03/2024","CANT - CANTEIRO DE OBRAS",null,"m²",0.40810000000000002,120.94,49.36]
["Composição Auxiliar"," 87777 ","SINAPI","EMBOÇO OU MASSA ÚNICA EM ARGAMASSA TRAÇO 1:2:8, PREPARO MANUAL, APLICADA MANUALMENTE EM PANOS DE FACHADA COM PRESENÇA DE VÃOS, ESPESSURA DE 25 MM. AF_08/2022","REVE - REVESTIMENTO E TRATAMENTO DE SUPERFÍCIES",null,"m²",0.1681,56.9,9.56]
["Composição Auxiliar"," 92981 ","SINAPI","CABO DE COBRE FLEXÍVEL ISOLADO, 16 MM², ANTI-CHAMA 450/750 V, PARA DISTRIBUIÇÃO - FORNECIMENTO E INSTALAÇÃO. AF_10/2020","INEL - INSTALAÇÃO ELÉTRICA/ELETRIFICAÇÃO E ILUMINAÇÃO EXTERNA",null,"M",0.2611,18.89,4.93]
["Composição Auxiliar"," 91875 ","SINAPI","LUVA PARA ELETRODUTO, PVC, ROSCÁVEL, DN 25 MM (3/4\"), PARA CIRCUITOS TERMINAIS, INSTALADA EM FORRO - FORNECIMENTO E INSTALAÇÃO. AF_03/2023","INEL - INSTALAÇÃO ELÉTRICA/ELETRIFICAÇÃO E ILUMINAÇÃO EXTERNA",null,"UN",3.4799999999999998E-2,8.08,0.28000000000000003]
["Composição Auxiliar"," 103328 ","SINAPI","ALVENARIA DE VEDAÇÃO DE BLOCOS CERÂMICOS FURADOS NA HORIZONTAL DE 9X19X19 CM (ESPESSURA 9 CM) E ARGAMASSA DE ASSENTAMENTO COM PREPARO EM BETONEIRA. AF_12/2021","PARE - PAREDES/PAINEIS",null,"m²",0.46750000000000003,89.32,41.76]
["Composição Auxiliar"," 87903 ","SINAPI","CHAPISCO APLICADO EM ALVENARIA (COM PRESENÇA DE VÃOS) E ESTRUTURAS DE CONCRETO DE FACHADA, COM ROLO PARA TEXTURA ACRÍLICA.  ARGAMASSA INDUSTRIALIZADA COM PREPARO EM MISTURADOR 300 KG. AF_10/2022","REVE - REVESTIMENTO E TRATAMENTO DE SUPERFÍCIES",null,"m²",0.1681,13.29,2.23]
["Composição Auxiliar"," 91928 ","SINAPI","CABO DE COBRE FLEXÍVEL ISOLADO, 4 MM², ANTI-CHAMA 450/750 V, PARA CIRCUITOS TERMINAIS - FORNECIMENTO E INSTALAÇÃO. AF_03/2023","INEL - INSTALAÇÃO ELÉTRICA/ELETRIFICAÇÃO E ILUMINAÇÃO EXTERNA",null,"M",1.0442,7.63,7.97]
["Composição Auxiliar"," 94210 ","SINAPI","TELHAMENTO COM TELHA ONDULADA DE FIBROCIMENTO E = 6 MM, COM RECOBRIMENTO LATERAL DE 1 1/4 DE ONDA PARA TELHADO COM INCLINAÇÃO MÁXIMA DE 10°, COM ATÉ 2 ÁGUAS, INCLUSO IÇAMENTO. AF_07/2019","COBE - COBERTURA",null,"m²",1.3566,43.07,58.43]
["Composição Auxiliar"," 91890 ","SINAPI","CURVA 90 GRAUS PARA ELETRODUTO, PVC, ROSCÁVEL, DN 25 MM (3/4\"), PARA CIRCUITOS TERMINAIS, INSTALADA EM FORRO - FORNECIMENTO E INSTALAÇÃO. AF_03/2023","INEL - INSTALAÇÃO ELÉTRICA/ELETRIFICAÇÃO E ILUMINAÇÃO EXTERNA",null,"UN",1.7399999999999999E-2,13.21,0.23]
["Composição Auxiliar"," 97586 ","SINAPI","LUMINÁRIA TIPO CALHA, DE SOBREPOR, COM 2 LÂMPADAS TUBULARES FLUORESCENTES DE 36 W, COM REATOR DE PARTIDA RÁPIDA - FORNECIMENTO E INSTALAÇÃO. AF_02/2020","INEL - INSTALAÇÃO ELÉTRICA/ELETRIFICAÇÃO E ILUMINAÇÃO EXTERNA",null,"UN",0.13919999999999999,173.22,24.11]
["Composição Auxiliar"," 91924 ","SINAPI","CABO DE COBRE FLEXÍVEL ISOLADO, 1,5 MM², ANTI-CHAMA 450/750 V, PARA CIRCUITOS TERMINAIS - FORNECIMENTO E INSTALAÇÃO. AF_03/2023","INEL - INSTALAÇÃO ELÉTRICA/ELETRIFICAÇÃO E ILUMINAÇÃO EXTERNA",null,"M",1.2529999999999999,3.36,4.21]
["Composição Auxiliar"," 97886 ","SINAPI","CAIXA ENTERRADA ELÉTRICA RETANGULAR, EM ALVENARIA COM TIJOLOS CERÂMICOS MACIÇOS, FUNDO COM BRITA, DIMENSÕES INTERNAS: 0,3X0,3X0,3 M. AF_12/2020","INEL - INSTALAÇÃO ELÉTRICA/ELETRIFICAÇÃO E ILUMINAÇÃO EXTERNA",null,"UN",5.2200000000000003E-2,184.67,9.64]
["Composição Auxiliar"," 91173 ","SINAPI","FIXAÇÃO DE TUBOS VERTICAIS DE PVC ÁGUA, PVC ESGOTO, PVC ÁGUA PLUVIAL, CPVC, PPR, COBRE OU AÇO, DIÂMETROS MENORES OU IGUAIS A 40 MM, COM ABRAÇADEIRA METÁLICA RÍGIDA TIPO U PERFIL 1 1/4\", FIXADA EM PERFILADO EM PAREDE. AF_09/2023_PS","INHI - INSTALAÇÕES HIDROS SANITÁRIAS",null,"M",0.1827,4.24,0.77]
["Composição Auxiliar"," 91959 ","SINAPI","INTERRUPTOR SIMPLES (2 MÓDULOS), 10A/250V, INCLUINDO SUPORTE E PLACA - FORNECIMENTO E INSTALAÇÃO. AF_03/2023","INEL - INSTALAÇÃO ELÉTRICA/ELETRIFICAÇÃO E ILUMINAÇÃO EXTERNA",null,"UN",1.7399999999999999E-2,45.39,0.79]
["Composição Auxiliar"," 89711 ","SINAPI","TUBO PVC, SERIE NORMAL, ESGOTO PREDIAL, DN 40 MM, FORNECIDO E INSTALADO EM RAMAL DE DESCARGA OU RAMAL DE ESGOTO SANITÁRIO. AF_08/2022","INHI - INSTALAÇÕES HIDROS SANITÁRIAS",null,"M",0.16309999999999999,18.190000000000001,2.97]
["Insumo"," 00021112 ","SINAPI","VALVULA DE DESCARGA EM METAL CROMADO PARA MICTORIO COM ACIONAMENTO POR PRESSAO E FECHAMENTO AUTOMATICO","Material",null,"UN",1.7399999999999999E-2,318.41000000000003,5.54]
["Insumo"," 00003670 ","SINAPI","JUNCAO SIMPLES, PVC, 45 GRAUS, DN 100 X 100 MM, SERIE NORMAL PARA ESGOTO PREDIAL","Material",null,"UN",3.4799999999999998E-2,17.47,0.61]
["Insumo"," 00011587 ","SINAPI","FORRO DE PVC LISO, BRANCO, REGUA DE 10 CM, ESPESSURA APROXIMADA DE 8 MM (COM COLOCACAO / SEM ESTRUTURA METALICA)","Material",null,"m²",0.97619999999999996,61.15,59.69]
["Insumo"," 00043777 ","SINAPI","PORTA DE MADEIRA, FOLHA LEVE (NBR 15930), DE 600 X 2100 MM, E = 35 MM, NUCLEO COLMEIA, CAPA LISA EM HDF, ACABAMENTO MELAMINICO EM PADRAO MADEIRA","Material",null,"UN",4.4761799999999997E-2,272.73,12.21]
["Insumo"," 00003080 ","SINAPI","FECHADURA ESPELHO PARA PORTA EXTERNA, EM ACO INOX (MAQUINA, TESTA E CONTRA-TESTA) E EM ZAMAC (MACANETA, LINGUETA E TRINCOS) COM ACABAMENTO CROMADO, MAQUINA DE 40 MM, INCLUINDO CHAVE TIPO CILINDRO","Material",null,"CJ",3.4799999999999998E-2,85.02,2.96]
["Insumo"," 00011697 ","SINAPI","MICTORIO COLETIVO ACO INOX (AISI 304), E = 0,8 MM, DE *100 X 40 X 30* CM (C X A X P)","Material",null,"UN",1.7399999999999999E-2,780.33,13.58]
["Insumo"," 00011712 ","SINAPI","CAIXA SIFONADA, PVC, 150 X 150 X 50 MM, COM GRELHA QUADRADA, BRANCA (NBR 5688)","Material",null,"UN",3.4799999999999998E-2,47.99,1.67]
["Insumo"," 00003659 ","SINAPI","JUNCAO SIMPLES DE REDUCAO, PVC, DN 100 X 50 MM, SERIE NORMAL PARA ESGOTO PREDIAL","Material",null,"UN",1.7399999999999999E-2,13.61,0.24]
[{"$nulls":4},"MO sem LS =>",222.92,"LS =>",0,"MO com LS =>",222.92]
[{"$nulls":4},"Valor do BDI =>",216.61,null,"Valor com BDI =>",null,1143.0999999999999]
[]
[null,"Código","Banco","Descrição","Tipo",null,"Und","Quant.","Valor Unit","Total"]
["Composição"," 10552 ","ORSE","Encargos Complementares - Eletricista","Provisórios",null,"h",1,3.76,3.76]
["Item","Código","Banco","Descrição","Tipo",null,"Und","Quant.","Valor Unit","Total"]
["Insumo"," 10761 ","ORSE","Refeição - café da manhã ( café com leite e dois pães com manteiga)","Serviços",null,"un",0.1018,"5,00","0,51"]
["Insumo"," 10362 ","ORSE","Seguro de vida e acidente em grupo","Serviços",null,"un",4.4999999999999997E-3,"12,54","0,06"]
["Insumo"," 10599 ","ORSE","Protetor solar fps 30 com 120ml","Material",null,"un",1.8E-3,"18,00","0,03"]
["Insumo"," 11241 ","ORSE","Alicate volt-amperimetro","Material",null,"un",2.0000000000000001E-4,"163,00","0,03"]
["Insumo"," 11240 ","ORSE","Alicate com isolamento","Material",null,"un",2.0000000000000001E-4,"47,69","0,01"]
["Insumo"," 00012894/SINAPI ","ORSE","Capa para chuva em pvc com forro de poliester, com capuz (amarela ou azul)","Material",null,"un",2.0000000000000001E-4,"17,48","0,00"]
["Insumo"," 00012895/SINAPI ","ORSE","Capacete de seguranca aba frontal com suspensao de polietileno, sem jugular (classe b)","Material",null,"un",5.9999999999999995E-4,"13,45","0,01"]
["Insumo"," 2378 ","ORSE","Vale transporte","Material",null,"un",6.54E-2,"4,50","0,29"]
["Insumo"," 1651 ","ORSE","Óculos branco proteção","Material",null,"pr",8.0000000000000004E-4,"6,70","0,01"]
["Insumo"," 10579 ","ORSE","Chave de fenda chata 30 cm","Material",null,"un",2.0000000000000001E-4,"26,89","0,01"]
["Insumo"," 10492 ","ORSE","Cesta Básica","Material",null,"un",4.4999999999999997E-3,"190,00","0,86"]
["Insumo"," 941 ","ORSE","Fardamento com mangas curta","Material",null,"un",1.5E-3,"190,76","0,29"]
["Insumo"," 11242 ","ORSE","Chave inglesa 12\"","Material",null,"un",1E-4,"34,00","0,00"]
["Insumo"," 00012892/SINAPI ","ORSE","Luva raspa de couro, cano curto (punho *7* cm)","Material",null,"par",2.3E-3,"12,10","0,03"]
["Insumo"," 10517 ","ORSE","Exames admissionais/demissionais (checkup)","Serviços",null,"cj",4.0000000000000002E-4,"300,00","0,12"]
["Insumo"," 00012893/SINAPI ","ORSE","Bota de seguranca com biqueira de aco e colarinho acolchoado","Material",null,"par",6.9999999999999999E-4,"64,56","0,05"]
["Insumo"," 10596 ","ORSE","Protetor auricular","Material",null,"un",4.4999999999999997E-3,"4,90","0,02"]
["Insumo"," 158 ","ORSE","Almoço (Participação do empregador)","Material",null,"un",0.1018,"14,00","1,43"]
["Detalhamento de Cálculo ORSE"]
["Item","Código","Banco","Descrição","Tipo",null,"Und","Quant.","Valor Unit","Total"]
["Insumo"," 00012892/SINAPI ","ORSE","Luva raspa de couro, cano curto (punho *7* cm)","Material",null,"par",2.3E-3,"12,10","0,03"]
["Insumo"," 10596 ","ORSE","Protetor auricular","Material",null,"un",4.4999999999999997E-3,"4,90","0,02"]
["Insumo"," 00012894/SINAPI ","ORSE","Capa para chuva em pvc com forro de poliester, com capuz (amarela ou azul)","Material",null,"un",2.0000000000000001E-4,"17,48","0,00"]
["Insumo"," 158 ","ORSE","Almoço (Participação do empregador)","Material",null,"un",0.1018,"14,00","1,43"]
["Insumo"," 10579 ","ORSE","Chave de fenda chata 30 cm","Material",null,"un",2.0000000000000001E-4,"26,89","0,01"]
["Insumo"," 10761 ","ORSE","Refeição - café da manhã ( café com leite e dois pães com manteiga)","Serviços",null,"un",0.1018,"5,00","0,51"]
["Insumo"," 00012895/SINAPI ","ORSE","Capacete de seguranca aba frontal com suspensao de polietileno, sem jugular (classe b)","Material",null,"un",5.9999999999999995E-4,"13,45","0,01"]
["Insumo"," 11240 ","ORSE","Alicate com isolamento","Material",null,"un",2.0000000000000001E-4,"47,69","0,01"]
["Insumo"," 10492 ","ORSE","Cesta Básica","Material",null,"un",4.4999999999999997E-3,"190,00","0,86"]
["Insumo"," 11241 ","ORSE","Alicate volt-amperimetro","Material",null,"un",2.0000000000000001E-4,"163,00","0,03"]
["Insumo"," 11242 ","ORSE","Chave inglesa 12\"","Material",null,"un",1E-4,"34,00","0,00"]
["Insumo"," 1651 ","ORSE","Óculos branco proteção","Material",null,"pr",8.0000000000000004E-4,"6,70","0,01"]
["Insumo"," 10599 ","ORSE","Protetor solar fps 30 com 120ml","Material",null,"un",1.8E-3,"18,00","0,03"]
["Insumo"," 10362 ","ORSE","Seguro de vida e acidente em grupo","Serviços",null,"un",4.4999999999999997E-3,"12,54","0,06"]
["Insumo"," 10517 ","ORSE","Exames admissionais/demissionais (checkup)","Serviços",null,"cj",4.0000000000000002E-4,"300,00","0,12"]
["Insumo"," 941 ","ORSE","Fardamento com mangas curta","Material",null,"un",1.5E-3,"190,76","0,29"]
["Insumo"," 00012893/SINAPI ","ORSE","Bota de seguranca com biqueira de aco e colarinho acolchoado","Material",null,"par",6.9999999999999999E-4,"64,56","0,05"]
["Insumo"," 2378 ","ORSE","Vale transporte","Material",null,"un",6.54E-2,"4,50","0,29"]
[{"$nulls":4},"MO sem LS =>",0,"LS =>",0,"MO com LS =>",0]
[{"$nulls":4},"Valor do BDI =>",0.88,null,"Valor com BDI =>",null,4.6399999999999997]
[]
[null,"Código","Banco","Descrição","Tipo",null,"Und","Quant.","Valor Unit","Total"]
["Composição"," 10549 ","ORSE","Encargos Complementares - Servente","Provisórios",null,"h",1,3.89,3.89]
["Item","Código","Banco","Descrição","Tipo",null,"Und","Quant.","Valor Unit","Total"]
["Insumo"," 1651 ","ORSE","Óculos branco proteção","Material",null,"pr",8.0000000000000004E-4,"6,70","0,01"]
["Insumo"," 10362 ","ORSE","Seguro de vida e acidente em grupo","Serviços",null,"un",4.4999999999999997E-3,"12,54","0,06"]
["Insumo"," 00012894/SINAPI ","ORSE","Capa para chuva em pvc com forro de poliester, com capuz (amarela ou azul)","Material",null,"un",2.0000000000000001E-4,"17,48","0,00"]
["Insumo"," 10788 ","ORSE","Pá quadrada","Material",null,"un",2.0000000000000001E-4,"36,90","0,01"]
["Insumo"," 00002711/SINAPI ","ORSE","Carrinho de mao de aco capacidade 50 a 60 l, pneu com camara","Material",null,"un",2.0000000000000001E-4,"166,00","0,03"]
["Insumo"," 10761 ","ORSE","Refeição - café da manhã ( café com leite e dois pães com manteiga)","Serviços",null,"un",0.1018,"5,00","0,51"]
["Insumo"," 4729 ","ORSE","Marreta 1 kg com cabo","Material",null,"un",1E-4,"37,80","0,00"]
["Insumo"," 00012895/SINAPI ","ORSE","Capacete de seguranca aba frontal com suspensao de polietileno, sem jugular (classe b)","Material",null,"un",5.9999999999999995E-4,"13,45","0,01"]
["Insumo"," 10492 ","ORSE","Cesta Básica","Material",null,"un",4.4999999999999997E-3,"190,00","0,86"]
["Insumo"," 00012893/SINAPI ","ORSE","Bota de seguranca com biqueira de aco e colarinho acolchoado","Material",null,"par",8.0000000000000004E-4,"64,56","0,05"]
["Insumo"," 00012892/SINAPI ","ORSE","Luva raspa de couro, cano curto (punho *7* cm)","Material",null,"par",2.3E-3,"12,10","0,03"]
["Insumo"," 4728 ","ORSE","Talhadeira chata 10\"","Material",null,"un",2.9999999999999997E-4,"18,58","0,01"]
["Insumo"," 158 ","ORSE","Almoço (Participação do empregador)","Material",null,"un",0.1018,"14,00","1,43"]
["Insumo"," 2378 ","ORSE","Vale transporte","Material",null,"un",9.4100000000000003E-2,"4,50","0,42"]
["Insumo"," 10596 ","ORSE","Protetor auricular","Material",null,"un",4.4999999999999997E-3,"4,90","0,02"]
["Insumo"," 941 ","ORSE","Fardamento com mangas curta","Material",null,"un",1.5E-3,"190,76","0,29"]
["Insumo"," 10599 ","ORSE","Protetor solar fps 30 com 120ml","Material",null,"un",1.8E-3,"18,00","0,03"]
["Insumo"," 10517 ","ORSE","Exames admissionais/demissionais (checkup)","Serviços",null,"cj",4.0000000000000002E-4,"300,00","0,12"]
["Detalhamento de Cálculo ORSE"]
["Item","Código","Banco","Descrição","Tipo",null,"Und","Quant.","Valor Unit","Total"]
["Insumo"," 00012892/SINAPI ","ORSE","Luva raspa de couro, cano curto (punho *7* cm)","Material",null,"par",2.3E-3,"12,10","0,03"]
["Insumo"," 10492 ","ORSE","Cesta Básica","Material",null,"un",4.4999999999999997E-3,"190,00","0,86"]
["Insumo"," 00012894/SINAPI ","ORSE","Capa para chuva em pvc com forro de poliester, com capuz (amarela ou azul)","Material",null,"un",2.0000000000000001E-4,"17,48","0,00"]
["Insumo"," 10599 ","ORSE","Protetor solar fps 30 com 120ml","Material",null,"un",1.8E-3,"18,00","0,03"]
["Insumo"," 4729 ","ORSE","Marreta 1 kg com cabo","Material",null,"un",1E-4,"37,80","0,00"]
["Insumo"," 00012893/SINAPI ","ORSE","Bota de seguranca com biqueira de aco e colarinho acolchoado","Material",null,"par",8.0000000000000004E-4,"64,56","0,05"]
["Insumo"," 10596 ","ORSE","Protetor auricular","Material",null,"un",4.4999999999999997E-3,"4,90","0,02"]
["Insumo"," 10517 ","ORSE","Exames admissionais/demissionais (checkup)","Serviços",null,"cj",4.0000000000000002E-4,"300,00","0,12"]
["Insumo"," 10362 ","ORSE","Seguro de vida e acidente em grupo","Serviços",null,"un",4.4999999999999997E-3,"12,54","0,06"]
["Insumo"," 1651 ","ORSE","Óculos branco proteção","Material",null,"pr",8.0000000000000004E-4,"6,70","0,01"]
["Insumo"," 158 ","ORSE","Almoço (Participação do empregador)","Material",null,"un",0.1018,"14,00","1,43"]
["Insumo"," 4728 ","ORSE","Talhadeira chata 10\"","Material",null,"un",2.9999999999999997E-4,"18,58","0,01"]
["Insumo"," 10761 ","ORSE","Refeição - café da manhã ( café com leite e dois pães com manteiga)","Serviços",null,"un",0.1018,"5,00","0,51"]
["Insumo"," 00012895/SINAPI ","ORSE","Capacete de seguranca aba frontal com suspensao de polietileno, sem jugular (classe b)","Material",null,"un",5.9999999999999995E-4,"13,45","0,01"]
["Insumo"," 2378 ","ORSE","Vale transporte","Material",null,"un",9.4100000000000003E-2,"4,50","0,42"]
["Insumo"," 00002711/SINAPI ","ORSE","Carrinho de mao de aco capacidade 50 a 60 l, pneu com camara","Material",null,"un",2.0000000000000001E-4,"166,00","0,03"]
["Insumo"," 10788 ","ORSE","Pá quadrada","Material",null,"un",2.0000000000000001E-4,"36,90","0,01"]
["Insumo"," 941 ","ORSE","Fardamento com mangas curta","Material",null,"un",1.5E-3,"190,76","0,29"]
[{"$nulls":4},"MO sem LS =>",0,"LS =>",0,"MO com LS =>",0]
[{"$nulls":4},"Valor do BDI =>",0.91,null,"Valor com BDI =>",null,4.8]
[]
[null,"Código","Banco","Descrição","Tipo",null,"Und","Quant.","Valor Unit","Total"]
["Composição"," 2003842 ","SICRO3","Enchimento de junta de concreto com argamassa asfáltica de densidade 1.700 kg/m³ - espessura de 1 cm","",null,"kg",1,71.2,71.2]
["B","Código","Banco","Mão de Obra","Quantidade","Custo Horário",null,null,null,"Custo Horário Total"]
["Insumo"," P9824 ","SICRO3","Servente",2,null,null,null,"21,1436","42,2872"]
[{"$nulls":5},"Custo horário total de mão de obra",null,null,null,42.287199999999999]
[{"$nulls":5},"Custo horário total de execução",null,null,null,42.287199999999999]
[{"$nulls":5},"Produção de equipe",null,null,null,1]
[{"$nulls":5},"Custo unitário de execução",null,null,null,42.287199999999999]
[{"$nulls":5},"Custo do FIC",null,null,null,0]
[{"$nulls":5},"Custo do FIT",null,null,null,0]
["C","Código","Banco","MATERIAL","Quantidade","Unidade","Preço Unitário",null,null,"Custo Horário"]
["Insumo"," M2158 ","SICRO3","Argamassa asfáltica",1,"kg","28,8690",null,null,"28,8690"]
[{"$nulls":5},"Custo unitário total de material",null,null,null,28.869]
["E","Tempo Fixo","Banco","Descrição","Carga","Quantidade","Unidade","Preço Unitário",null,"Custo Horário"]
["Composição"," 5914655 ","SICRO3","Carga, manobra e descarga de materiais diversos em caminhão carroceria de 15 t - carga e descarga manuais","M2158",1E-3,"t",33.5,null,3.3500000000000002E-2]
[{"$nulls":5},"Custo Total dos Tempos Fixos",null,null,null,3.3500000000000002E-2]
["F","Momento de Transporte","Banco","Descrição","Quantidade","Distância Média de Transporte (DMT)",null,null,null,"Custo Horário"]
[{"$nulls":5},"LN","RP","P","FE"]
["Insumo","M2158","SICRO3","Argamassa asfáltica",1E-3,"5914449\n0,00\n1,15\n0,0000","5914464\n0,00\n0,92\n0,0000","5914479\n11,92\n0,72\n8,5824","--",8.6E-3]
[{"$nulls":5},"Custo total de transporte",null,null,null,8.5824000000000004E-3]
[{"$nulls":4},"MO sem LS =>",71.2,"LS =>",-28.91,"MO com LS =>",42.287199999999999]
[{"$nulls":4},"Valor do BDI =>",16.649999999999999,null,"Valor com BDI =>",null,87.85]
[]
[null,"Código","Banco","Descrição","Tipo",null,"Und","Quant.","Valor Unit","Total"]
["Composição"," 4805750 ","SICRO3","Escavação manual em material de 1ª categoria na profundidade de até 1 m","",null,"m³",1,45.01,45.01]
["B","Código","Banco","Mão de Obra","Quantidade","Custo Horário",null,null,null,"Custo Horário Total"]
["Insumo"," P9824 ","SICRO3","Servente",1,null,null,null,"21,1436","21,1436"]
[{"$nulls":5},"Custo horário total de mão de obra",null,null,null,21.143599999999999]
[{"$nulls":5},"Custo horário total de execução",null,null,null,21.143599999999999]
[{"$nulls":5},"Produção de equipe",null,null,null,0.5]
[{"$nulls":5},"Custo unitário de execução",null,null,null,42.287199999999999]
[{"$nulls":5},"Custo do FIC",null,null,null,2.7185999999999999]
[{"$nulls":5},"Custo do FIT",null,null,null,0]
[{"$nulls":4},"MO sem LS =>",45.01,"LS =>",-2.72,"MO com LS =>",42.287199999999999]
[{"$nulls":4},"Valor do BDI =>",10.52,null,"Valor com BDI =>",null,55.53]
[]
[null,"Código","Banco","Descrição","Tipo",null,"Und","Quant.","Valor Unit","Total"]
["Composição"," 91305 ","SINAPI","FECHADURA DE EMBUTIR PARA PORTA DE BANHEIRO, COMPLETA, ACABAMENTO PADRÃO POPULAR, INCLUSO EXECUÇÃO DE FURO - FORNECIMENTO E INSTALAÇÃO. AF_12/2019","ESQV - ESQUADRIAS/FERRAGENS/VIDROS",null,"UN",1,120.73,120.73]
["Composição Auxiliar"," 88316 ","SINAPI","SERVENTE COM ENCARGOS COMPLEMENTARES","SEDI - SERVIÇOS DIVERSOS",null,"H",0.38400000000000001,18.989999999999998,7.29]
["Composição Auxiliar"," 88261 ","SINAPI","CARPINTEIRO DE ESQUADRIA COM ENCARGOS COMPLEMENTARES","SEDI - SERVIÇOS DIVERSOS",null,"H",0.76700000000000002,23.79,18.25]
["Insumo"," 00003097 ","SINAPI","FECHADURA ROSETA REDONDA PARA PORTA DE BANHEIRO, EM ACO INOX (MAQUINA, TESTA E CONTRA-TESTA) E EM ZAMAC (MACANETA, LINGUETA E TRINCOS) COM ACABAMENTO CROMADO, MAQUINA DE 40 MM, INCLUINDO CHAVE TIPO TRANQUETA","Material",null,"CJ",1,95.19,95.19]
[{"$nulls":4},"MO sem LS =>",20.58,"LS =>",0,"MO com LS =>",20.58]
[{"$nulls":4},"Valor do BDI =>",28.23,null,"Valor com BDI =>",null,148.96]
[]
[null,"Código","Banco","Descrição","Tipo",null,"Und","Quant.","Valor Unit","Total"]
["Composição"," 91170 ","SINAPI","FIXAÇÃO DE TUBOS HORIZONTAIS DE PVC ÁGUA, PVC ESGOTO, PVC ÁGUA PLUVIAL, CPVC, PPR, COBRE OU AÇO, DIÂMETROS MENORES OU IGUAIS A 40 MM, COM ABRAÇADEIRA METÁLICA RÍGIDA TIPO U PERFIL 1 1/4\", FIXADA EM PERFILADO EM LAJE. AF_09/2023_PS","INHI - INSTALAÇÕES HIDROS SANITÁRIAS",null,"M",1,11.33,11.33]
["Composição Auxiliar"," 88267 ","SINAPI","ENCANADOR OU BOMBEIRO HIDRÁULICO COM ENCARGOS COMPLEMENTARES","SEDI - SERVIÇOS DIVERSOS",null,"H",0.2114,24.54,5.19]
["Composição Auxiliar"," 88248 ","SINAPI","AUXILIAR DE ENCANADOR OU BOMBEIRO HIDRÁULICO COM ENCARGOS COMPLEMENTARES","SEDI - SERVIÇOS DIVERSOS",null,"H",4.8000000000000001E-2,20.399999999999999,0.98]
["Insumo"," 00000392 ","SINAPI","ABRACADEIRA EM ACO PARA AMARRACAO DE ELETRODUTOS, TIPO D, COM 1/2\" E PARAFUSO DE FIXACAO","Material",null,"UN",1.7857000000000001,2.89,5.16]
[{"$nulls":4},"MO sem LS =>",5.2,"LS =>",0,"MO com LS =>",5.2]
[{"$nulls":4},"Valor do BDI =>",2.65,null,"Valor com BDI =>",null,13.98]
[]
[null,"Código","Banco","Descrição","Tipo",null,"Und","Quant.","Valor Unit","Total"]
["Composição"," 91173 ","SINAPI","FIXAÇÃO DE TUBOS VERTICAIS DE PVC ÁGUA, PVC ESGOTO, PVC ÁGUA PLUVIAL, CPVC, PPR, COBRE OU AÇO, DIÂMETROS MENORES OU IGUAIS A 40 MM, COM ABRAÇADEIRA METÁLICA RÍGIDA TIPO U PERFIL 1 1/4\", FIXADA EM PERFILADO EM PAREDE. AF_09/2023_PS","INHI - INSTALAÇÕES HIDROS SANITÁRIAS",null,"M",1,4.24,4.24]
["Composição Auxiliar"," 88248 ","SINAPI","AUXILIAR DE ENCANADOR OU BOMBEIRO HIDRÁULICO COM ENCARGOS COMPLEMENTARES","SEDI - SERVIÇOS DIVERSOS",null,"H",1.7899999999999999E-2,20.399999999999999,0.37]
["Composição Auxiliar"," 88267 ","SINAPI","ENCANADOR OU BOMBEIRO HIDRÁULICO COM ENCARGOS COMPLEMENTARES","SEDI - SERVIÇOS DIVERSOS",null,"H",7.8899999999999998E-2,24.54,1.94]
["Insumo"," 00000392 ","SINAPI","ABRACADEIRA EM ACO PARA AMARRACAO DE ELETRODUTOS, TIPO D, COM 1/2\" E PARAFUSO DE FIXACAO","Material",null,"UN",0.66669999999999996,2.89,1.93]
[{"$nulls":4},"MO sem LS =>",1.94,"LS =>",0,"MO com LS =>",1.94]
[{"$nulls":4},"Valor do BDI =>",0.99,null,"Valor com BDI =>",null,5.23]
[]
[null,"Código","Banco","Descrição","Tipo",null,"Und","Quant.","Valor Unit","Total"]
["Composição"," 3716133 ","SICRO3","Fabricação de mourão de concreto esticador - seção triangular de 15 cm - areia e brita comercias","",null,"un",1,38.85,38.85]
["A","Código","Banco","Equipamentos","Quantidade","Utilização",null,"Custo Horário",null,"Custo Horário Total"]
[{"$nulls":5},"Operativa","Improdutiva","Operativa","Improdutiva"]
["Insumo"," E9703 ","SICRO3","Fábrica de pré-moldado de concreto para mourão - 2,20 kW",1,1,0,3.7835000000000001,2.3513000000000002,3.7835000000000001]
["Insumo"," E9719 ","SICRO3","Talha manual com capacidade de 3 t",1,1,0,0.62909999999999999,0.43719999999999998,0.62909999999999999]
["Insumo"," E9764 ","SICRO3","Grupo gerador - 7,2 kVA",1,1,0,10.365500000000001,0.49180000000000001,10.365500000000001]
["Insumo"," E9011 ","SICRO3","Carro manual modelo plataforma de 200 x 80 cm com capacidade de 800 kg",2,1,0,0.61470000000000002,0.42080000000000001,1.2294]
[{"$nulls":5},"Custo horário total de equipamentos",null,null,null,16.0075]
["B","Código","Banco","Mão de Obra","Quantidade","Custo Horário",null,null,null,"Custo Horário Total"]
["Insumo"," P9824 ","SICRO3","Servente",4,null,null,null,"21,1436","84,5744"]
[{"$nulls":5},"Custo horário total de mão de obra",null,null,null,84.574399999999997]
[{"$nulls":5},"Custo horário total de execução",null,null,null,100.5819]
[{"$nulls":5},"Produção de equipe",null,null,null,179.1]
[{"$nulls":5},"Custo unitário de execução",null,null,null,0.56159999999999999]
[{"$nulls":5},"Custo do FIC",null,null,null,0]
[{"$nulls":5},"Custo do FIT",null,null,null,0]
["D","Código","Banco","ATIVIDADES AUXILIARES","Quantidade","Unidade","Preço Unitário",null,null,"Custo Horário"]
["Composição"," 0407820 ","SICRO3","Armação em aço CA-60 - fornecimento, preparo e colocação",1.36904,"kg","14,2000",null,null,"19,4404"]
["Composição"," 1116127 ","SICRO3","Concreto fck = 25 MPa para pré-moldados (mourões) - confecção em betoneira e lançamento manual - areia e brita comerciais",2.145E-2,"m³","878,7100",null,null,"18,8483"]
[{"$nulls":5},"Custo total de atividades auxiliares",null,null,null,38.288699999999999]
[{"$nulls":4},"MO sem LS =>",38.85,"LS =>",-31.68,"MO com LS =>",7.1698995667200238]
[{"$nulls":4},"Valor do BDI =>",9.08,null,"Valor com BDI =>",null,47.93]
[]
[null,"Código","Banco","Descrição","Tipo",null,"Und","Quant.","Valor Unit","Total"]
["Composição"," 3716135 ","SICRO3","Fabricação de mourão de concreto suporte - seção triangular de 11 cm - areia e brita comerciais","",null,"un",1,25.56,25.56]
["A","Código","Banco","Equipamentos","Quantidade","Utilização",null,"Custo Horário",null,"Custo Horário Total"]
[{"$nulls":5},"Operativa","Improdutiva","Operativa","Improdutiva"]
["Insumo"," E9011 ","SICRO3","Carro manual modelo plataforma de 200 x 80 cm com capacidade de 800 kg",2,1,0,0.61470000000000002,0.42080000000000001,1.2294]
["Insumo"," E9719 ","SICRO3","Talha manual com capacidade de 3 t",1,1,0,0.62909999999999999,0.43719999999999998,0.62909999999999999]
["Insumo"," E9703 ","SICRO3","Fábrica de pré-moldado de concreto para mourão - 2,20 kW",1,1,0,3.7835000000000001,2.3513000000000002,3.7835000000000001]
["Insumo"," E9764 ","SICRO3","Grupo gerador - 7,2 kVA",1,1,0,10.365500000000001,0.49180000000000001,10.365500000000001]
[{"$nulls":5},"Custo horário total de equipamentos",null,null,null,16.0075]
["B","Código","Banco","Mão de Obra","Quantidade","Custo Horário",null,null,null,"Custo Horário Total"]
["Insumo"," P9824 ","SICRO3","Servente",4,null,null,null,"21,1436","84,5744"]
[{"$nulls":5},"Custo horário total de mão de obra",null,null,null,84.574399999999997]
[{"$nulls":5},"Custo horário total de execução",null,null,null,100.5819]
[{"$nulls":5},"Produção de equipe",null,null,null,348.92]
[{"$nulls":5},"Custo unitário de execução",null,null,null,0.2883]
[{"$nulls":5},"Custo do FIC",null,null,null,0]
[{"$nulls":5},"Custo do FIT",null,null,null,0]
["D","Código","Banco","ATIVIDADES AUXILIARES","Quantidade","Unidade","Preço Unitário",null,null,"Custo Horário"]
["Composição"," 1116127 ","SICRO3","Concreto fck = 25 MPa para pré-moldados (mourões) - confecção em betoneira e lançamento manual - areia e brita comerciais",1.0999999999999999E-2,"m³","878,7100",null,null,"9,6658"]
["Composição"," 0407820 ","SICRO3","Armação em aço CA-60 - fornecimento, preparo e colocação",1.0987199999999999,"kg","14,2000",null,null,"15,6018"]
[{"$nulls":5},"Custo total de atividades auxiliares",null,null,null,25.267600000000002]
[{"$nulls":4},"MO sem LS =>",25.56,"LS =>",-20.29,"MO com LS =>",5.2657493528207198]
[{"$nulls":4},"Valor do BDI =>",5.98,null,"Valor com BDI =>",null,31.54]
[]
[null,"Código","Banco","Descrição","Tipo",null,"Und","Quant.","Valor Unit","Total"]
["Composição"," 3103302 ","SICRO3","Fôrmas de tábuas de pinho para dispositivos de drenagem - utilização de 3 vezes - confecção, instalação e retirada","",null,"m²",1,75.45,75.45]
["A","Código","Banco","Equipamentos","Quantidade","Utilização",null,"Custo Horário",null,"Custo Horário Total"]
[{"$nulls":5},"Operativa","Improdutiva","Operativa","Improdutiva"]
["Insumo"," E9066 ","SICRO3","Grupo gerador - 14 kVA",9.3719999999999998E-2,1,0,18.532800000000002,4.6295999999999999,1.7369000000000001]
["Insumo"," E9535 ","SICRO3","Serra circular com bancada - D = 30 cm - 4 kW",9.3719999999999998E-2,1,0,29.045000000000002,28.681000000000001,2.7221000000000002]
[{"$nulls":5},"Custo horário total de equipamentos",null,null,null,4.4589999999999996]
["B","Código","Banco","Mão de Obra","Quantidade","Custo Horário",null,null,null,"Custo Horário Total"]
["Insumo"," P9808 ","SICRO3","Carpinteiro",0.9,null,null,null,"27,0554","24,3499"]
["Insumo"," P9801 ","SICRO3","Ajudante",0.9,null,null,null,"22,8303","20,5473"]
[{"$nulls":5},"Custo horário total de mão de obra",null,null,null,44.897199999999998]
[{"$nulls":5},"Custo horário total de execução",null,null,null,49.356200000000001]
[{"$nulls":5},"Produção de equipe",null,null,null,1]
[{"$nulls":5},"Custo unitário de execução",null,null,null,49.356200000000001]
[{"$nulls":5},"Custo do FIC",null,null,null,0]
[{"$nulls":5},"Custo do FIT",null,null,null,0]
["C","Código","Banco","MATERIAL","Quantidade","Unidade","Preço Unitário",null,null,"Custo Horário"]
["Insumo"," M1205 ","SICRO3","Prego de ferro",2.3650000000000001E-2,"kg","20,0022",null,null,"0,4731"]
["Insumo"," M1429 ","SICRO3","Tábua de pinho de terceira - E = 2,5 cm",0.40429999999999999,"m²","46,8912",null,null,"18,9581"]
["Insumo"," M0290 ","SICRO3","Tábua - E = 2,5 cm e L = 10 cm",1.21489,"m","4,6891",null,null,"5,6967"]
["Insumo"," M0560 ","SICRO3","Desmoldante para fôrmas de madeira",1.8519999999999998E-2,"l","12,8911",null,null,"0,2387"]
[{"$nulls":5},"Custo unitário total de material",null,null,null,25.366599999999998]
["E","Tempo Fixo","Banco","Descrição","Carga","Quantidade","Unidade","Preço Unitário",null,"Custo Horário"]
["Composição"," 5914655 ","SICRO3","Carga, manobra e descarga de materiais diversos em caminhão carroceria de 15 t - carga e descarga manuais","M0290",3.0400000000000002E-3,"t",33.5,null,0.1018]
["Composição"," 5914655 ","SICRO3","Carga, manobra e descarga de materiais diversos em caminhão carroceria de 15 t - carga e descarga manuais","M0560",2.0000000000000002E-5,"t",33.5,null,6.9999999999999999E-4]
["Composição"," 5914655 ","SICRO3","Carga, manobra e descarga de materiais diversos em caminhão carroceria de 15 t - carga e descarga manuais","M1429",1.0109999999999999E-2,"t",33.5,null,0.3387]
["Composição"," 5914655 ","SICRO3","Carga, manobra e descarga de materiais diversos em caminhão carroceria de 15 t - carga e descarga manuais","M1205",2.0000000000000002E-5,"t",33.5,null,6.9999999999999999E-4]
[{"$nulls":5},"Custo Total dos Tempos Fixos",null,null,null,0.44190000000000002]
["F","Momento de Transporte","Banco","Descrição","Quantidade","Distância Média de Transporte (DMT)",null,null,null,"Custo Horário"]
[{"$nulls":5},"LN","RP","P","FE"]
["Insumo","M0290","SICRO3","Tábua - E = 2,5 cm e L = 10 cm",3.0400000000000002E-3,"5914449\n0,00\n1,15\n0,0000","5914464\n0,00\n0,92\n0,0000","5914479\n30,10\n0,72\n21,6720","--",6.59E-2]
["Insumo","M0560","SICRO3","Desmoldante para fôrmas de madeira",2.0000000000000002E-5,"5914449\n0,00\n1,15\n0,0000","5914464\n0,00\n0,92\n0,0000","5914479\n30,10\n0,72\n21,6720","--",4.0000000000000002E-4]
["Insumo","M1205","SICRO3","Prego de ferro",2.0000000000000002E-5,"5914449\n0,00\n1,15\n0,0000","5914464\n0,00\n0,92\n0,0000","5914479\n30,10\n0,72\n21,6720","--",4.0000000000000002E-4]
["Insumo","M1429","SICRO3","Tábua de pinho de terceira - E = 2,5 cm",1.0109999999999999E-2,"5914449\n0,00\n1,15\n0,0000","5914464\n0,00\n0,92\n0,0000","5914479\n30,10\n0,72\n21,6720","--",0.21909999999999999]
[{"$nulls":5},"Custo total de transporte",null,null,null,0.28585368]
[{"$nulls":4},"MO sem LS =>",75.45,"LS =>",-30.55,"MO com LS =>",44.897129999999997]
[{"$nulls":4},"Valor do BDI =>",17.64,null,"Valor com BDI =>",null,93.09]
[]
[null,"Código","Banco","Descrição","Tipo",null,"Und","Quant.","Valor Unit","Total"]
["Composição"," 93282 ","SINAPI","GUINCHO ELÉTRICO DE COLUNA, CAPACIDADE 400 KG, COM MOTO FREIO, MOTOR TRIFÁSICO DE 1,25 CV - CHI DIURNO. AF_03/2016","CHOR - CUSTOS HORÁRIOS DE MÁQUINAS E EQUIPAMENTOS",null,"CHI",1,20.48,20.48]
["Composição Auxiliar"," 88295 ","SINAPI","OPERADOR DE GUINCHO COM ENCARGOS COMPLEMENTARES","SEDI - SERVIÇOS DIVERSOS",null,"H",1,20.11,20.11]
["Composição Auxiliar"," 93278 ","SINAPI","GUINCHO ELÉTRICO DE COLUNA, CAPACIDADE 400 KG, COM MOTO FREIO, MOTOR TRIFÁSICO DE 1,25 CV - JUROS. AF_03/2016","CHOR - CUSTOS HORÁRIOS DE MÁQUINAS E EQUIPAMENTOS",null,"H",1,7.0000000000000007E-2,7.0000000000000007E-2]
["Composição Auxiliar"," 93277 ","SINAPI","GUINCHO ELÉTRICO DE COLUNA, CAPACIDADE 400 KG, COM MOTO FREIO, MOTOR TRIFÁSICO DE 1,25 CV - DEPRECIAÇÃO. AF_03/2016","CHOR - CUSTOS HORÁRIOS DE MÁQUINAS E EQUIPAMENTOS",null,"H",1,0.3,0.3]
[{"$nulls":4},"MO sem LS =>",16.86,"LS =>",0,"MO com LS =>",16.86]
[{"$nulls":4},"Valor do BDI =>",4.79,null,"Valor com BDI =>",null,25.27]
[]
[null,"Código","Banco","Descrição","Tipo",null,"Und","Quant.","Valor Unit","Total"]
["Composição"," 93281 ","SINAPI","GUINCHO ELÉTRICO DE COLUNA, CAPACIDADE 400 KG, COM MOTO FREIO, MOTOR TRIFÁSICO DE 1,25 CV - CHP DIURNO. AF_03/2016","CHOR - CUSTOS HORÁRIOS DE MÁQUINAS E EQUIPAMENTOS",null,"CHP",1,21.47,21.47]
["Composição Auxiliar"," 93279 ","SINAPI","GUINCHO ELÉTRICO DE COLUNA, CAPACIDADE 400 KG, COM MOTO FREIO, MOTOR TRIFÁSICO DE 1,25 CV - MANUTENÇÃO. AF_03/2016","CHOR - CUSTOS HORÁRIOS DE MÁQUINAS E EQUIPAMENTOS",null,"H",1,0.28000000000000003,0.28000000000000003]
["Composição Auxiliar"," 93277 ","SINAPI","GUINCHO ELÉTRICO DE COLUNA, CAPACIDADE 400 KG, COM MOTO FREIO, MOTOR TRIFÁSICO DE 1,25 CV - DEPRECIAÇÃO. AF_03/2016","CHOR - CUSTOS HORÁRIOS DE MÁQUINAS E EQUIPAMENTOS",null,"H",1,0.3,0.3]
["Composição Auxiliar"," 93280 ","SINAPI","GUINCHO ELÉTRICO DE COLUNA, CAPACIDADE 400 KG, COM MOTO FREIO, MOTOR TRIFÁSICO DE 1,25 CV - MATERIAIS NA OPERAÇÃO. AF_03/2016","CHOR - CUSTOS HORÁRIOS DE MÁQUINAS E EQUIPAMENTOS",null,"H",1,0.71,0.71]
["Composição Auxiliar"," 93278 ","SINAPI","GUINCHO ELÉTRICO DE COLUNA, CAPACIDADE 400 KG, COM MOTO FREIO, MOTOR TRIFÁSICO DE 1,25 CV - JUROS. AF_03/2016","CHOR - CUSTOS HORÁRIOS DE MÁQUINAS E EQUIPAMENTOS",null,"H",1,7.0000000000000007E-2,7.0000000000000007E-2]
["Composição Auxiliar"," 88295 ","SINAPI","OPERADOR DE GUINCHO COM ENCARGOS COMPLEMENTARES","SEDI - SERVIÇOS DIVERSOS",null,"H",1,20.11,20.11]
[{"$nulls":4},"MO sem LS =>",16.86,"LS =>",0,"MO com LS =>",16.86]
[{"$nulls":4},"Valor do BDI =>",5.0199999999999996,null,"Valor com BDI =>",null,26.49]
[]
[null,"Código","Banco","Descrição","Tipo",null,"Und","Quant.","Valor Unit","Total"]
["Composição"," 93277 ","SINAPI","GUINCHO ELÉTRICO DE COLUNA, CAPACIDADE 400 KG, COM MOTO FREIO, MOTOR TRIFÁSICO DE 1,25 CV - DEPRECIAÇÃO. AF_03/2016","CHOR - CUSTOS HORÁRIOS DE MÁQUINAS E EQUIPAMENTOS",null,"H",1,0.3,0.3]
["Insumo"," 00036487 ","SINAPI","GUINCHO ELETRICO DE COLUNA, CAPACIDADE 400 KG, COM MOTO FREIO, MOTOR TRIFASICO DE 1,25 CV","Equipamento para Aquisição Permanente",null,"UN",6.3999999999999997E-5,4682.28,0.3]
[{"$nulls":4},"MO sem LS =>",0,"LS =>",0,"MO com LS =>",0]
[{"$nulls":4},"Valor do BDI =>",7.0000000000000007E-2,null,"Valor com BDI =>",null,0.37]
[]
[null,"Código","Banco","Descrição","Tipo",null,"Und","Quant.","Valor Unit","Total"]
["Composição"," 93278 ","SINAPI","GUINCHO ELÉTRICO DE COLUNA, CAPACIDADE 400 KG, COM MOTO FREIO, MOTOR TRIFÁSICO DE 1,25 CV - JUROS. AF_03/2016","CHOR - CUSTOS HORÁRIOS DE MÁQUINAS E EQUIPAMENTOS",null,"H",1,7.0000000000000007E-2,7.0000000000000007E-2]
["Insumo"," 00036487 ","SINAPI","GUINCHO ELETRICO DE COLUNA, CAPACIDADE 400 KG, COM MOTO FREIO, MOTOR TRIFASICO DE 1,25 CV","Equipamento para Aquisição Permanente",null,"UN",1.4800000000000001E-5,4682.28,7.0000000000000007E-2]
[{"$nulls":4},"MO sem LS =>",0,"LS =>",0,"MO com LS =>",0]
[{"$nulls":4},"Valor do BDI =>",0.02,null,"Valor com BDI =>",null,0.09]
[]
[null,"Código","Banco","Descrição","Tipo",null,"Und","Quant.","Valor Unit","Total"]
["Composição"," 93279 ","SINAPI","GUINCHO ELÉTRICO DE COLUNA, CAPACIDADE 400 KG, COM MOTO FREIO, MOTOR TRIFÁSICO DE 1,25 CV - MANUTENÇÃO. AF_03/2016","CHOR - CUSTOS HORÁRIOS DE MÁQUINAS E EQUIPAMENTOS",null,"H",1,0.28000000000000003,0.28000000000000003]
["Insumo"," 00036487 ","SINAPI","GUINCHO ELETRICO DE COLUNA, CAPACIDADE 400 KG, COM MOTO FREIO, MOTOR TRIFASICO DE 1,25 CV","Equipamento para Aquisição Permanente",null,"UN",6.0000000000000002E-5,4682.28,0.28000000000000003]
[{"$nulls":4},"MO sem LS =>",0,"LS =>",0,"MO com LS =>",0]
[{"$nulls":4},"Valor do BDI =>",7.0000000000000007E-2,null,"Valor com BDI =>",null,0.35]
[]
[null,"Código","Banco","Descrição","Tipo",null,"Und","Quant.","Valor Unit","Total"]
["Composição"," 93280 ","SINAPI","GUINCHO ELÉTRICO DE COLUNA, CAPACIDADE 400 KG, COM MOTO FREIO, MOTOR TRIFÁSICO DE 1,25 CV - MATERIAIS NA OPERAÇÃO. AF_03/2016","CHOR - CUSTOS HORÁRIOS DE MÁQUINAS E EQUIPAMENTOS",null,"H",1,0.71,0.71]
["Insumo"," 00002705 ","SINAPI","ENERGIA ELETRICA ATE 2000 KWH INDUSTRIAL, SEM DEMANDA","Franquia",null,"KWH",0.78,0.91,0.71]
[{"$nulls":4},"MO sem LS =>",0,"LS =>",0,"MO com LS =>",0]
[{"$nulls":4},"Valor do BDI =>",0.17,null,"Valor com BDI =>",null,0.88]
[]
[null,"Código","Banco","Descrição","Tipo",null,"Und","Quant.","Valor Unit","Total"]
["Composição"," 5928 ","SINAPI","GUINDAUTO HIDRÁULICO, CAPACIDADE MÁXIMA DE CARGA 6200 KG, MOMENTO MÁXIMO DE CARGA 11,7 TM, ALCANCE MÁXIMO HORIZONTAL 9,70 M, INCLUSIVE CAMINHÃO TOCO PBT 16.000 KG, POTÊNCIA DE 189 CV - CHP DIURNO. AF_06/2014","CHOR - CUSTOS HORÁRIOS DE MÁQUINAS E EQUIPAMENTOS",null,"CHP",1,286.48,286.48]
["Composição Auxiliar"," 88286 ","SINAPI","MOTORISTA OPERADOR DE MUNCK COM ENCARGOS COMPLEMENTARES","SEDI - SERVIÇOS DIVERSOS",null,"H",1,26.51,26.51]
["Composição Auxiliar"," 89262 ","SINAPI","GUINDAUTO HIDRÁULICO, CAPACIDADE MÁXIMA DE CARGA 6200 KG, MOMENTO MÁXIMO DE CARGA 11,7 TM, ALCANCE MÁXIMO HORIZONTAL 9,70 M, INCLUSIVE CAMINHÃO TOCO PBT 16.000 KG, POTÊNCIA DE 189 CV - MANUTENÇÃO. AF_06/2014","CHOR - CUSTOS HORÁRIOS DE MÁQUINAS E EQUIPAMENTOS",null,"H",1,46.24,46.24]
["Composição Auxiliar"," 89259 ","SINAPI","GUINDAUTO HIDRÁULICO, CAPACIDADE MÁXIMA DE CARGA 6200 KG, MOMENTO MÁXIMO DE CARGA 11,7 TM, ALCANCE MÁXIMO HORIZONTAL 9,70 M, INCLUSIVE CAMINHÃO TOCO PBT 16.000 KG, POTÊNCIA DE 189 CV - DEPRECIAÇÃO. AF_06/2014","CHOR - CUSTOS HORÁRIOS DE MÁQUINAS E EQUIPAMENTOS",null,"H",1,27.32,27.32]
["Composição Auxiliar"," 89260 ","SINAPI","GUINDAUTO HIDRÁULICO, CAPACIDADE MÁXIMA DE CARGA 6200 KG, MOMENTO MÁXIMO DE CARGA 11,7 TM, ALCANCE MÁXIMO HORIZONTAL 9,70 M, INCLUSIVE CAMINHÃO TOCO PBT 16.000 KG, POTÊNCIA DE 189 CV - JUROS. AF_06/2014","CHOR - CUSTOS HORÁRIOS DE MÁQUINAS E EQUIPAMENTOS",null,"H",1,10.039999999999999,10.039999999999999]
["Composição Auxiliar"," 91466 ","SINAPI","GUINDAUTO HIDRÁULICO, CAPACIDADE MÁXIMA DE CARGA 6200 KG, MOMENTO MÁXIMO DE CARGA 11,7 TM, ALCANCE MÁXIMO HORIZONTAL 9,70 M, INCLUSIVE CAMINHÃO TOCO PBT 16.000 KG, POTÊNCIA DE 189 CV - IMPOSTOS E SEGUROS. AF_08/2015","CHOR - CUSTOS HORÁRIOS DE MÁQUINAS E EQUIPAMENTOS",null,"H",1,4.05,4.05]
["Composição Auxiliar"," 91467 ","SINAPI","GUINDAUTO HIDRÁULICO, CAPACIDADE MÁXIMA DE CARGA 6200 KG, MOMENTO MÁXIMO DE CARGA 11,7 TM, ALCANCE MÁXIMO HORIZONTAL 9,70 M, INCLUSIVE CAMINHÃO TOCO PBT 16.000 KG, POTÊNCIA DE 189 CV - MATERIAIS NA OPERAÇÃO. AF_08/2015","CHOR - CUSTOS HORÁRIOS DE MÁQUINAS E EQUIPAMENTOS",null,"H",1,172.32,172.32]
[{"$nulls":4},"MO sem LS =>",23.26,"LS =>",0,"MO com LS =>",23.26]
[{"$nulls":4},"Valor do BDI =>",66.98,null,"Valor com BDI =>",null,353.46]
[]
[null,"Código","Banco","Descrição","Tipo",null,"Und","Quant.","Valor Unit","Total"]
["Composição"," 89259 ","SINAPI","GUINDAUTO HIDRÁULICO, CAPACIDADE MÁXIMA DE CARGA 6200 KG, MOMENTO MÁXIMO DE CARGA 11,7 TM, ALCANCE MÁXIMO HORIZONTAL 9,70 M, INCLUSIVE CAMINHÃO TOCO PBT 16.000 KG, POTÊNCIA DE 189 CV - DEPRECIAÇÃO. AF_06/2014","CHOR - CUSTOS HORÁRIOS DE MÁQUINAS E EQUIPAMENTOS",null,"H",1,27.32,27.32]
["Insumo"," 00003363 ","SINAPI","GUINDAUTO HIDRAULICO, CAPACIDADE MAXIMA DE CARGA 6200 KG, MOMENTO MAXIMO DE CARGA 11,7 TM, ALCANCE MAXIMO HORIZONTAL 9,70 M, PARA MONTAGEM SOBRE CHASSI DE CAMINHAO PBT MINIMO 13000 KG (INCLUI MONTAGEM, NAO INCLUI CAMINHAO)","Equipamento para Aquisição Permanente",null,"UN",5.5099999999999998E-5,144875,7.98]
["Insumo"," 00037752 ","SINAPI","CAMINHAO TOCO, PESO BRUTO TOTAL 16000 KG, CARGA UTIL MAXIMA 11030 KG, DISTANCIA ENTRE EIXOS 5,41 M, POTENCIA 185 CV (INCLUI CABINE E CHASSI, NAO INCLUI CARROCERIA)","Equipamento para Aquisição Permanente",null,"UN",3.43E-5,563990.17000000004,19.34]
[{"$nulls":4},"MO sem LS =>",0,"LS =>",0,"MO com LS =>",0]
[{"$nulls":4},"Valor do BDI =>",6.39,null,"Valor com BDI =>",null,33.71]
[]
[null,"Código","Banco","Descrição","Tipo",null,"Und","Quant.","Valor Unit","Total"]
["Composição"," 91466 ","SINAPI","GUINDAUTO HIDRÁULICO, CAPACIDADE MÁXIMA DE CARGA 6200 KG, MOMENTO MÁXIMO DE CARGA 11,7 TM, ALCANCE MÁXIMO HORIZONTAL 9,70 M, INCLUSIVE CAMINHÃO TOCO PBT 16.000 KG, POTÊNCIA DE 189 CV - IMPOSTOS E SEGUROS. AF_08/2015","CHOR - CUSTOS HORÁRIOS DE MÁQUINAS E EQUIPAMENTOS",null,"H",1,4.05,4.05]
["Insumo"," 00003363 ","SINAPI","GUINDAUTO HIDRAULICO, CAPACIDADE MAXIMA DE CARGA 6200 KG, MOMENTO MAXIMO DE CARGA 11,7 TM, ALCANCE MAXIMO HORIZONTAL 9,70 M, PARA MONTAGEM SOBRE CHASSI DE CAMINHAO PBT MINIMO 13000 KG (INCLUI MONTAGEM, NAO INCLUI CAMINHAO)","Equipamento para Aquisição Permanente",null,"UN",5.8000000000000004E-6,144875,0.84]
["Insumo"," 00037752 ","SINAPI","CAMINHAO TOCO, PESO BRUTO TOTAL 16000 KG, CARGA UTIL MAXIMA 11030 KG, DISTANCIA ENTRE EIXOS 5,41 M, POTENCIA 185 CV (INCLUI CABINE E CHASSI, NAO INCLUI CARROCERIA)","Equipamento para Aquisição Permanente",null,"UN",5.6999999999999996E-6,563990.17000000004,3.21]
[{"$nulls":4},"MO sem LS =>",0,"LS =>",0,"MO com LS =>",0]
[{"$nulls":4},"Valor do BDI =>",0.95,null,"Valor com BDI =>",null,5]
[]
[null,"Código","Banco","Descrição","Tipo",null,"Und","Quant.","Valor Unit","Total"]
["Composição"," 89260 ","SINAPI","GUINDAUTO HIDRÁULICO, CAPACIDADE MÁXIMA DE CARGA 6200 KG, MOMENTO MÁXIMO DE CARGA 11,7 TM, ALCANCE MÁXIMO HORIZONTAL 9,70 M, INCLUSIVE CAMINHÃO TOCO PBT 16.000 KG, POTÊNCIA DE 189 CV - JUROS. AF_06/2014","CHOR - CUSTOS HORÁRIOS DE MÁQUINAS E EQUIPAMENTOS",null,"H",1,10.039999999999999,10.039999999999999]
["Insumo"," 00003363 ","SINAPI","GUINDAUTO HIDRAULICO, CAPACIDADE MAXIMA DE CARGA 6200 KG, MOMENTO MAXIMO DE CARGA 11,7 TM, ALCANCE MAXIMO HORIZONTAL 9,70 M, PARA MONTAGEM SOBRE CHASSI DE CAMINHAO PBT MINIMO 13000 KG (INCLUI MONTAGEM, NAO INCLUI CAMINHAO)","Equipamento para Aquisição Permanente",null,"UN",1.4399999999999999E-5,144875,2.09]
["Insumo"," 00037752 ","SINAPI","CAMINHAO TOCO, PESO BRUTO TOTAL 16000 KG, CARGA UTIL MAXIMA 11030 KG, DISTANCIA ENTRE EIXOS 5,41 M, POTENCIA 185 CV (INCLUI CABINE E CHASSI, NAO INCLUI CARROCERIA)","Equipamento para Aquisição Permanente",null,"UN",1.4100000000000001E-5,563990.17000000004,7.95]
[{"$nulls":4},"MO sem LS =>",0,"LS =>",0,"MO com LS =>",0]
[{"$nulls":4},"Valor do BDI =>",2.35,null,"Valor com BDI =>",null,12.39]
[]
[null,"Código","Banco","Descrição","Tipo",null,"Und","Quant.","Valor Unit","Total"]
["Composição"," 89262 ","SINAPI","GUINDAUTO HIDRÁULICO, CAPACIDADE MÁXIMA DE CARGA 6200 KG, MOMENTO MÁXIMO DE CARGA 11,7 TM, ALCANCE MÁXIMO HORIZONTAL 9,70 M, INCLUSIVE CAMINHÃO TOCO PBT 16.000 KG, POTÊNCIA DE 189 CV - MANUTENÇÃO. AF_06/2014","CHOR - CUSTOS HORÁRIOS DE MÁQUINAS E EQUIPAMENTOS",null,"H",1,46.24,46.24]
["Insumo"," 00003363 ","SINAPI","GUINDAUTO HIDRAULICO, CAPACIDADE MAXIMA DE CARGA 6200 KG, MOMENTO MAXIMO DE CARGA 11,7 TM, ALCANCE MAXIMO HORIZONTAL 9,70 M, PARA MONTAGEM SOBRE CHASSI DE CAMINHAO PBT MINIMO 13000 KG (INCLUI MONTAGEM, NAO INCLUI CAMINHAO)","Equipamento para Aquisição Permanente",null,"UN",6.8899999999999994E-5,144875,9.98]
["Insumo"," 00037752 ","SINAPI","CAMINHAO TOCO, PESO BRUTO TOTAL 16000 KG, CARGA UTIL MAXIMA 11030 KG, DISTANCIA ENTRE EIXOS 5,41 M, POTENCIA 185 CV (INCLUI CABINE E CHASSI, NAO INCLUI CARROCERIA)","Equipamento para Aquisição Permanente",null,"UN",6.4300000000000004E-5,563990.17000000004,36.26]
[{"$nulls":4},"MO sem LS =>",0,"LS =>",0,"MO com LS =>",0]
[{"$nulls":4},"Valor do BDI =>",10.81,null,"Valor com BDI =>",null,57.05]
[]
[null,"Código","Banco","Descrição","Tipo",null,"Und","Quant.","Valor Unit","Total"]
["Composição"," 91467 ","SINAPI","GUINDAUTO HIDRÁULICO, CAPACIDADE MÁXIMA DE CARGA 6200 KG, MOMENTO MÁXIMO DE CARGA 11,7 TM, ALCANCE MÁXIMO HORIZONTAL 9,70 M, INCLUSIVE CAMINHÃO TOCO PBT 16.000 KG, POTÊNCIA DE 189 CV - MATERIAIS NA OPERAÇÃO. AF_08/2015","CHOR - CUSTOS HORÁRIOS DE MÁQUINAS E EQUIPAMENTOS",null,"H",1,172.32,172.32]
["Insumo"," 00004221 ","SINAPI","OLEO DIESEL COMBUSTIVEL COMUM METROPOLITANO S-10 OU S-500","Material",null,"L",26.43,6.52,172.32]
[{"$nulls":4},"MO sem LS =>",0,"LS =>",0,"MO com LS =>",0]
[{"$nulls":4},"Valor do BDI =>",40.29,null,"Valor com BDI =>",null,212.61]
[]
[null,"Código","Banco","Descrição","Tipo",null,"Und","Quant.","Valor Unit","Total"]
["Composição"," 96986 ","SINAPI","HASTE DE ATERRAMENTO, DIÂMETRO 3/4\", COM 3 METROS - FORNECIMENTO E INSTALAÇÃO. AF_08/2023","INEL - INSTALAÇÃO ELÉTRICA/ELETRIFICAÇÃO E ILUMINAÇÃO EXTERNA",null,"UN",1,123.97,123.97]
["Composição Auxiliar"," 88247 ","SINAPI","AUXILIAR DE ELETRICISTA COM ENCARGOS COMPLEMENTARES","SEDI - SERVIÇOS DIVERSOS",null,"H",0.38819999999999999,21.44,8.32]
["Composição Auxiliar"," 88264 ","SINAPI","ELETRICISTA COM ENCARGOS COMPLEMENTARES","SEDI - SERVIÇOS DIVERSOS",null,"H",0.38819999999999999,27.9,10.83]
["Insumo"," 00003378 ","SINAPI","HASTE DE ATERRAMENTO EM ACO COM 3,00 M DE COMPRIMENTO E DN = 3/4\", REVESTIDA COM BAIXA CAMADA DE COBRE, SEM CONECTOR","Material",null,"UN",1,104.82,104.82]
[{"$nulls":4},"MO sem LS =>",15.71,"LS =>",0,"MO com LS =>",15.71]
[{"$nulls":4},"Valor do BDI =>",28.98,null,"Valor com BDI =>",null,152.94999999999999]
[]
[null,"Código","Banco","Descrição","Tipo",null,"Und","Quant.","Valor Unit","Total"]
["Composição"," 92023 ","SINAPI","INTERRUPTOR SIMPLES (1 MÓDULO) COM 1 TOMADA DE EMBUTIR 2P+T 10 A, INCLUINDO SUPORTE E PLACA - FORNECIMENTO E INSTALAÇÃO. AF_03/2023","INEL - INSTALAÇÃO ELÉTRICA/ELETRIFICAÇÃO E ILUMINAÇÃO EXTERNA",null,"UN",1,50.54,50.54]
["Composição Auxiliar"," 92022 ","SINAPI","INTERRUPTOR SIMPLES (1 MÓDULO) COM 1 TOMADA DE EMBUTIR 2P+T 10 A, SEM SUPORTE E SEM PLACA - FORNECIMENTO E INSTALAÇÃO. AF_03/2023","INEL - INSTALAÇÃO ELÉTRICA/ELETRIFICAÇÃO E ILUMINAÇÃO EXTERNA",null,"UN",1,39.549999999999997,39.549999999999997]
["Composição Auxiliar"," 91946 ","SINAPI","SUPORTE PARAFUSADO COM PLACA DE ENCAIXE 4\" X 2\" MÉDIO (1,30 M DO PISO) PARA PONTO ELÉTRICO - FORNECIMENTO E INSTALAÇÃO. AF_03/2023","INEL - INSTALAÇÃO ELÉTRICA/ELETRIFICAÇÃO E ILUMINAÇÃO EXTERNA",null,"UN",1,10.99,10.99]
[{"$nulls":4},"MO sem LS =>",24.86,"LS =>",0,"MO com LS =>",24.86]
[{"$nulls":4},"Valor do BDI =>",11.82,null,"Valor com BDI =>",null,62.36]
[]
[null,"Código","Banco","Descrição","Tipo",null,"Und","Quant.","Valor Unit","Total"]
["Composição"," 92022 ","SINAPI","INTERRUPTOR SIMPLES (1 MÓDULO) COM 1 TOMADA DE EMBUTIR 2P+T 10 A, SEM SUPORTE E SEM PLACA - FORNECIMENTO E INSTALAÇÃO. AF_03/2023","INEL - INSTALAÇÃO ELÉTRICA/ELETRIFICAÇÃO E ILUMINAÇÃO EXTERNA",null,"UN",1,39.549999999999997,39.549999999999997]
["Composição Auxiliar"," 88264 ","SINAPI","ELETRICISTA COM ENCARGOS COMPLEMENTARES","SEDI - SERVIÇOS DIVERSOS",null,"H",0.48599999999999999,27.9,13.56]
["Composição Auxiliar"," 88247 ","SINAPI","AUXILIAR DE ELETRICISTA COM ENCARGOS COMPLEMENTARES","SEDI - SERVIÇOS DIVERSOS",null,"H",0.48599999999999999,21.44,10.42]
["Insumo"," 00038101 ","SINAPI","TOMADA 2P+T 10A, 250V (APENAS MODULO)","Material",null,"UN",1,8.2899999999999991,8.2899999999999991]
["Insumo"," 00038112 ","SINAPI","INTERRUPTOR SIMPLES 10A, 250V (APENAS MODULO)","Material",null,"UN",1,7.28,7.28]
[{"$nulls":4},"MO sem LS =>",19.68,"LS =>",0,"MO com LS =>",19.68]
[{"$nulls":4},"Valor do BDI =>",9.25,null,"Valor com BDI =>",null,48.8]
[]
[null,"Código","Banco","Descrição","Tipo",null,"Und","Quant.","Valor Unit","Total"]
["Composição"," 91959 ","SINAPI","INTERRUPTOR SIMPLES (2 MÓDULOS), 10A/250V, INCLUINDO SUPORTE E PLACA - FORNECIMENTO E INSTALAÇÃO. AF_03/2023","INEL - INSTALAÇÃO ELÉTRICA/ELETRIFICAÇÃO E ILUMINAÇÃO EXTERNA",null,"UN",1,45.39,45.39]
["Composição Auxiliar"," 91958 ","SINAPI","INTERRUPTOR SIMPLES (2 MÓDULOS), 10A/250V, SEM SUPORTE E SEM PLACA - FORNECIMENTO E INSTALAÇÃO. AF_03/2023","INEL - INSTALAÇÃO ELÉTRICA/ELETRIFICAÇÃO E ILUMINAÇÃO EXTERNA",null,"UN",1,34.4,34.4]
["Composição Auxiliar"," 91946 ","SINAPI","SUPORTE PARAFUSADO COM PLACA DE ENCAIXE 4\" X 2\" MÉDIO (1,30 M DO PISO) PARA PONTO ELÉTRICO - FORNECIMENTO E INSTALAÇÃO. AF_03/2023","INEL - INSTALAÇÃO ELÉTRICA/ELETRIFICAÇÃO E ILUMINAÇÃO EXTERNA",null,"UN",1,10.99,10.99]
[{"$nulls":4},"MO sem LS =>",21.45,"LS =>",0,"MO com LS =>",21.45]
[{"$nulls":4},"Valor do BDI =>",10.61,null,"Valor com BDI =>",null,56]
[]
[null,"Código","Banco","Descrição","Tipo",null,"Und","Quant.","Valor Unit","Total"]
["Composição"," 91958 ","SINAPI","INTERRUPTOR SIMPLES (2 MÓDULOS), 10A/250V, SEM SUPORTE E SEM PLACA - FORNECIMENTO E INSTALAÇÃO. AF_03/2023","INEL - INSTALAÇÃO ELÉTRICA/ELETRIFICAÇÃO E ILUMINAÇÃO EXTERNA",null,"UN",1,34.4,34.4]
["Composição Auxiliar"," 88264 ","SINAPI","ELETRICISTA COM ENCARGOS COMPLEMENTARES","SEDI - SERVIÇOS DIVERSOS",null,"H",0.40200000000000002,27.9,11.22]
["Composição Auxiliar"," 88247 ","SINAPI","AUXILIAR DE ELETRICISTA COM ENCARGOS COMPLEMENTARES","SEDI - SERVIÇOS DIVERSOS",null,"H",0.40200000000000002,21.44,8.6199999999999992]
["Insumo"," 00038112 ","SINAPI","INTERRUPTOR SIMPLES 10A, 250V (APENAS MODULO)","Material",null,"UN",2,7.28,14.56]
[{"$nulls":4},"MO sem LS =>",16.27,"LS =>",0,"MO com LS =>",16.27]
[{"$nulls":4},"Valor do BDI =>",8.0399999999999991,null,"Valor com BDI =>",null,42.44]
[]
[null,"Código","Banco","Descrição","Tipo",null,"Und","Quant.","Valor Unit","Total"]
["Composição"," 91967 ","SINAPI","INTERRUPTOR SIMPLES (3 MÓDULOS), 10A/250V, INCLUINDO SUPORTE E PLACA - FORNECIMENTO E INSTALAÇÃO. AF_03/2023","INEL - INSTALAÇÃO ELÉTRICA/ELETRIFICAÇÃO E ILUMINAÇÃO EXTERNA",null,"UN",1,61.05,61.05]
["Composição Auxiliar"," 91946 ","SINAPI","SUPORTE PARAFUSADO COM PLACA DE ENCAIXE 4\" X 2\" MÉDIO (1,30 M DO PISO) PARA PONTO ELÉTRICO - FORNECIMENTO E INSTALAÇÃO. AF_03/2023","INEL - INSTALAÇÃO ELÉTRICA/ELETRIFICAÇÃO E ILUMINAÇÃO EXTERNA",null,"UN",1,10.99,10.99]
["Composição Auxiliar"," 91966 ","SINAPI","INTERRUPTOR SIMPLES (3 MÓDULOS), 10A/250V, SEM SUPORTE E SEM PLACA - FORNECIMENTO E INSTALAÇÃO. AF_03/2023","INEL - INSTALAÇÃO ELÉTRICA/ELETRIFICAÇÃO E ILUMINAÇÃO EXTERNA",null,"UN",1,50.06,50.06]
[{"$nulls":4},"MO sem LS =>",28.33,"LS =>",0,"MO com LS =>",28.33]
[{"$nulls":4},"Valor do BDI =>",14.27,null,"Valor com BDI =>",null,75.319999999999993]
[]
[null,"Código","Banco","Descrição","Tipo",null,"Und","Quant.","Valor Unit","Total"]
["Composição"," 91966 ","SINAPI","INTERRUPTOR SIMPLES (3 MÓDULOS), 10A/250V, SEM SUPORTE E SEM PLACA - FORNECIMENTO E INSTALAÇÃO. AF_03/2023","INEL - INSTALAÇÃO ELÉTRICA/ELETRIFICAÇÃO E ILUMINAÇÃO EXTERNA",null,"UN",1,50.06,50.06]
["Composição Auxiliar"," 88264 ","SINAPI","ELETRICISTA COM ENCARGOS COMPLEMENTARES","SEDI - SERVIÇOS DIVERSOS",null,"H",0.57199999999999995,27.9,15.96]
["Composição Auxiliar"," 88247 ","SINAPI","AUXILIAR DE ELETRICISTA COM ENCARGOS COMPLEMENTARES","SEDI - SERVIÇOS DIVERSOS",null,"H",0.57199999999999995,21.44,12.26]
["Insumo"," 00038112 ","SINAPI","INTERRUPTOR SIMPLES 10A, 250V (APENAS MODULO)","Material",null,"UN",3,7.28,21.84]
[{"$nulls":4},"MO sem LS =>",23.15,"LS =>",0,"MO com LS =>",23.15]
[{"$nulls":4},"Valor do BDI =>",11.7,null,"Valor com BDI =>",null,61.76]
[]
[null,"Código","Banco","Descrição","Tipo",null,"Und","Quant.","Valor Unit","Total"]
["Composição"," 94559 ","SINAPI","JANELA DE AÇO TIPO BASCULANTE PARA VIDROS, COM BATENTE, FERRAGENS E PINTURA ANTICORROSIVA. EXCLUSIVE VIDROS, ACABAMENTO, ALIZAR E CONTRAMARCO. FORNECIMENTO E INSTALAÇÃO. AF_12/2019","ESQV - ESQUADRIAS/FERRAGENS/VIDROS",null,"m²",1,662.86,662.86]
["Composição Auxiliar"," 88309 ","SINAPI","PEDREIRO COM ENCARGOS COMPLEMENTARES","SEDI - SERVIÇOS DIVERSOS",null,"H",4.5810000000000004,25.31,115.95]
["Composição Auxiliar"," 88316 ","SINAPI","SERVENTE COM ENCARGOS COMPLEMENTARES","SEDI - SERVIÇOS DIVERSOS",null,"H",2.2909999999999999,18.989999999999998,43.51]
["Composição Auxiliar"," 88629 ","SINAPI","ARGAMASSA TRAÇO 1:3 (EM VOLUME DE CIMENTO E AREIA MÉDIA ÚMIDA), PREPARO MANUAL. AF_08/2019","SEDI - SERVIÇOS DIVERSOS",null,"m³",2.1000000000000001E-2,830.35,17.440000000000001]
["Insumo"," 00011190 ","SINAPI","JANELA BASCULANTE, ACO, COM BATENTE/REQUADRO, 60 X 60 CM (SEM VIDROS)","Material",null,"UN",2.778,174.93,485.96]
[{"$nulls":4},"MO sem LS =>",131.86000000000001,"LS =>",0,"MO com LS =>",131.86000000000001]
[{"$nulls":4},"Valor do BDI =>",154.97999999999999,null,"Valor com BDI =>",null,817.84]
[]
[null,"Código","Banco","Descrição","Tipo",null,"Und","Quant.","Valor Unit","Total"]
["Composição"," 88441 ","SINAPI","JARDINEIRO COM ENCARGOS COMPLEMENTARES","SEDI - SERVIÇOS DIVERSOS",null,"H",1,19.420000000000002,19.420000000000002]
["Composição Auxiliar"," 95390 ","SINAPI","CURSO DE CAPACITAÇÃO PARA JARDINEIRO (ENCARGOS COMPLEMENTARES) - HORISTA","SEDI - SERVIÇOS DIVERSOS",null,"H",1,0.09,0.09]
["Insumo"," 00044503 ","SINAPI","JARDINEIRO (HORISTA)","Mão de Obra",null,"H",1,14.89,14.89]
["Insumo"," 00043489 ","SINAPI","EPI - FAMILIA PEDREIRO - HORISTA (ENCARGOS COMPLEMENTARES - COLETADO CAIXA)","Material",null,"H",1,1.24,1.24]
["Insumo"," 00037372 ","SINAPI","EXAMES - HORISTA (COLETADO CAIXA - ENCARGOS COMPLEMENTARES)","Material",null,"H",1,1.34,1.34]
["Insumo"," 00043465 ","SINAPI","FERRAMENTAS - FAMILIA PEDREIRO - HORISTA (ENCARGOS COMPLEMENTARES - COLETADO CAIXA)","Material",null,"H",1,0.82,0.82]
["Insumo"," 00037370 ","SINAPI","ALIMENTACAO - HORISTA (COLETADO CAIXA - ENCARGOS COMPLEMENTARES)","Material",null,"H",1,0.53,0.53]
["Insumo"," 00037371 ","SINAPI","TRANSPORTE - HORISTA (COLETADO CAIXA - ENCARGOS COMPLEMENTARES)","Material",null,"H",1,0.5,0.5]
["Insumo"," 00037373 ","SINAPI","SEGURO - HORISTA (COLETADO CAIXA - ENCARGOS COMPLEMENTARES)","Material",null,"H",1,0.01,0.01]
[{"$nulls":4},"MO sem LS =>",14.98,"LS =>",0,"MO com LS =>",14.98]
[{"$nulls":4},"Valor do BDI =>",4.54,null,"Valor com BDI =>",null,23.96]
[]
[null,"Código","Banco","Descrição","Tipo",null,"Und","Quant.","Valor Unit","Total"]
["Composição"," 89366 ","SINAPI","JOELHO 90 GRAUS COM BUCHA DE LATÃO, PVC, SOLDÁVEL, DN 25MM, X 3/4  INSTALADO EM RAMAL OU SUB-RAMAL DE ÁGUA - FORNECIMENTO E INSTALAÇÃO. AF_06/2022","INHI - INSTALAÇÕES HIDROS SANITÁRIAS",null,"UN",1,13.9,13.9]
["Composição Auxiliar"," 88248 ","SINAPI","AUXILIAR DE ENCANADOR OU BOMBEIRO HIDRÁULICO COM ENCARGOS COMPLEMENTARES","SEDI - SERVIÇOS DIVERSOS",null,"H",0.1416,20.399999999999999,2.89]
["Composição Auxiliar"," 88267 ","SINAPI","ENCANADOR OU BOMBEIRO HIDRÁULICO COM ENCARGOS COMPLEMENTARES","SEDI - SERVIÇOS DIVERSOS",null,"H",0.1416,24.54,3.47]
["Insumo"," 00020083 ","SINAPI","SOLUCAO PREPARADORA / LIMPADORA PARA PVC, FRASCO COM 1000 CM3","Material",null,"UN",7.0000000000000001E-3,68.34,0.48]
["Insumo"," 00038383 ","SINAPI","LIXA D'AGUA EM FOLHA, GRAO 100","Material",null,"UN",3.3799999999999997E-2,1.9,0.06]
["Insumo"," 00000122 ","SINAPI","ADESIVO PLASTICO PARA PVC, FRASCO COM *850* GR","Material",null,"UN",5.8999999999999999E-3,60.32,0.36]
["Insumo"," 00003524 ","SINAPI","JOELHO PVC, SOLDAVEL, COM BUCHA DE LATAO, 90 GRAUS, 25 MM X 3/4\", PARA AGUA FRIA PREDIAL","Material",null,"UN",1,6.64,6.64]
[{"$nulls":4},"MO sem LS =>",5.3,"LS =>",0,"MO com LS =>",5.3]
[{"$nulls":4},"Valor do BDI =>",3.25,null,"Valor com BDI =>",null,17.149999999999999]
[]
[null,"Código","Banco","Descrição","Tipo",null,"Und","Quant.","Valor Unit","Total"]
["Composição"," 89724 ","SINAPI","JOELHO 90 GRAUS, PVC, SERIE NORMAL, ESGOTO PREDIAL, DN 40 MM, JUNTA SOLDÁVEL, FORNECIDO E INSTALADO EM RAMAL DE DESCARGA OU RAMAL DE ESGOTO SANITÁRIO. AF_08/2022","INHI - INSTALAÇÕES HIDROS SANITÁRIAS",null,"UN",1,8.8800000000000008,8.8800000000000008]
["Composição Auxiliar"," 88248 ","SINAPI","AUXILIAR DE ENCANADOR OU BOMBEIRO HIDRÁULICO COM ENCARGOS COMPLEMENTARES","SEDI - SERVIÇOS DIVERSOS",null,"H",0.127,20.399999999999999,2.59]
["Composição Auxiliar"," 88267 ","SINAPI","ENCANADOR OU BOMBEIRO HIDRÁULICO COM ENCARGOS COMPLEMENTARES","SEDI - SERVIÇOS DIVERSOS",null,"H",0.127,24.54,3.12]
["Insumo"," 00003517 ","SINAPI","JOELHO PVC, SOLDAVEL, BB, 90 GRAUS, SEM ANEL, DN 40 MM, PARA ESGOTO PREDIAL SECUNDARIO","Material",null,"UN",1,1.53,1.53]
["Insumo"," 00020083 ","SINAPI","SOLUCAO PREPARADORA / LIMPADORA PARA PVC, FRASCO COM 1000 CM3","Material",null,"UN",1.4999999999999999E-2,68.34,1.03]
["Insumo"," 00038383 ","SINAPI","LIXA D'AGUA EM FOLHA, GRAO 100","Material",null,"UN",7.1000000000000004E-3,1.9,0.01]
["Insumo"," 00000122 ","SINAPI","ADESIVO PLASTICO PARA PVC, FRASCO COM *850* GR","Material",null,"UN",9.9000000000000008E-3,60.32,0.6]
[{"$nulls":4},"MO sem LS =>",4.75,"LS =>",0,"MO com LS =>",4.75]
[{"$nulls":4},"Valor do BDI =>",2.08,null,"Valor com BDI =>",null,10.96]
[]
[null,"Código","Banco","Descrição","Tipo",null,"Und","Quant.","Valor Unit","Total"]
["Composição"," 89731 ","SINAPI","JOELHO 90 GRAUS, PVC, SERIE NORMAL, ESGOTO PREDIAL, DN 50 MM, JUNTA ELÁSTICA, FORNECIDO E INSTALADO EM RAMAL DE DESCARGA OU RAMAL DE ESGOTO SANITÁRIO. AF_08/2022","INHI - INSTALAÇÕES HIDROS SANITÁRIAS",null,"UN",1,13.75,13.75]
["Composição Auxiliar"," 88248 ","SINAPI","AUXILIAR DE ENCANADOR OU BOMBEIRO HIDRÁULICO COM ENCARGOS COMPLEMENTARES","SEDI - SERVIÇOS DIVERSOS",null,"H",0.13789999999999999,20.399999999999999,2.81]
["Composição Auxiliar"," 88267 ","SINAPI","ENCANADOR OU BOMBEIRO HIDRÁULICO COM ENCARGOS COMPLEMENTARES","SEDI - SERVIÇOS DIVERSOS",null,"H",0.13789999999999999,24.54,3.38]
["Insumo"," 00000296 ","SINAPI","ANEL BORRACHA PARA TUBO ESGOTO PREDIAL, DN 50 MM (NBR 5688)","Material",null,"UN",2,2.0499999999999998,4.0999999999999996]
["Insumo"," 00003526 ","SINAPI","JOELHO PVC, SOLDAVEL, PB, 90 GRAUS, DN 50 MM, PARA ESGOTO PREDIAL","Material",null,"UN",1,2.2200000000000002,2.2200000000000002]
["Insumo"," 00020078 ","SINAPI","PASTA LUBRIFICANTE PARA TUBOS E CONEXOES COM JUNTA ELASTICA, EMBALAGEM DE *400* GR (USO EM PVC, ACO, POLIETILENO E OUTROS)","Material",null,"UN",0.05,24.89,1.24]
[{"$nulls":4},"MO sem LS =>",5.17,"LS =>",0,"MO com LS =>",5.17]
[{"$nulls":4},"Valor do BDI =>",3.21,null,"Valor com BDI =>",null,16.96]
[]
[null,"Código","Banco","Descrição","Tipo",null,"Und","Quant.","Valor Unit","Total"]
["Composição"," 89362 ","SINAPI","JOELHO 90 GRAUS, PVC, SOLDÁVEL, DN 25MM, INSTALADO EM RAMAL OU SUB-RAMAL DE ÁGUA - FORNECIMENTO E INSTALAÇÃO. AF_06/2022","INHI - INSTALAÇÕES HIDROS SANITÁRIAS",null,"UN",1,8.4700000000000006,8.4700000000000006]
["Composição Auxiliar"," 88248 ","SINAPI","AUXILIAR DE ENCANADOR OU BOMBEIRO HIDRÁULICO COM ENCARGOS COMPLEMENTARES","SEDI - SERVIÇOS DIVERSOS",null,"H",0.152,20.399999999999999,3.1]
["Composição Auxiliar"," 88267 ","SINAPI","ENCANADOR OU BOMBEIRO HIDRÁULICO COM ENCARGOS COMPLEMENTARES","SEDI - SERVIÇOS DIVERSOS",null,"H",0.152,24.54,3.73]
["Insumo"," 00000122 ","SINAPI","ADESIVO PLASTICO PARA PVC, FRASCO COM *850* GR","Material",null,"UN",7.1000000000000004E-3,60.32,0.43]
["Insumo"," 00003529 ","SINAPI","JOELHO PVC, SOLDAVEL, 90 GRAUS, 25 MM, COR MARROM, PARA AGUA FRIA PREDIAL","Material",null,"UN",1,0.6,0.6]
["Insumo"," 00038383 ","SINAPI","LIXA D'AGUA EM FOLHA, GRAO 100","Material",null,"UN",3.3799999999999997E-2,1.9,0.06]
["Insumo"," 00020083 ","SINAPI","SOLUCAO PREPARADORA / LIMPADORA PARA PVC, FRASCO COM 1000 CM3","Material",null,"UN",8.0000000000000002E-3,68.34,0.55000000000000004]
[{"$nulls":4},"MO sem LS =>",5.69,"LS =>",0,"MO com LS =>",5.69]
[{"$nulls":4},"Valor do BDI =>",1.98,null,"Valor com BDI =>",null,10.45]
[]
[null,"Código","Banco","Descrição","Tipo",null,"Und","Quant.","Valor Unit","Total"]
["Composição"," 95636 ","SINAPI","KIT CAVALETE PARA MEDIÇÃO DE ÁGUA - ENTRADA PRINCIPAL, EM AÇO GALVANIZADO DN 25 MM (1\") - FORNECIMENTO E INSTALAÇÃO (EXCLUSIVE HIDRÔMETRO). AF_03/2024","INHI - INSTALAÇÕES HIDROS SANITÁRIAS",null,"UN",1,388.53,388.53]
["Composição Auxiliar"," 88267 ","SINAPI","ENCANADOR OU BOMBEIRO HIDRÁULICO COM ENCARGOS COMPLEMENTARES","SEDI - SERVIÇOS DIVERSOS",null,"H",3.5508000000000002,24.54,87.14]
["Composição Auxiliar"," 88248 ","SINAPI","AUXILIAR DE ENCANADOR OU BOMBEIRO HIDRÁULICO COM ENCARGOS COMPLEMENTARES","SEDI - SERVIÇOS DIVERSOS",null,"H",3.5508000000000002,20.399999999999999,72.44]
["Insumo"," 00007307 ","SINAPI","FUNDO ANTICORROSIVO PARA METAIS FERROSOS (ZARCAO)","Material",null,"L",2.8799999999999999E-2,28.31,0.82]
["Insumo"," 00006019 ","SINAPI","REGISTRO GAVETA BRUTO EM LATAO FORJADO, BITOLA 1\" (REF 1509)","Material",null,"UN",1,57.58,57.58]
["Insumo"," 00003148 ","SINAPI","FITA VEDA ROSCA EM ROLOS DE 18 MM X 50 M (L X C)","Material",null,"UN",0.1188,14.75,1.75]
["Insumo"," 00006323 ","SINAPI","TE DE FERRO GALVANIZADO, DE 1\"","Material",null,"UN",1,24.11,24.11]
["Insumo"," 00003472 ","SINAPI","COTOVELO 90 GRAUS DE FERRO GALVANIZADO, COM ROSCA BSP, DE 1\"","Material",null,"UN",4,17.39,69.56]
["Insumo"," 00040626 ","SINAPI","TUBO ACO GALVANIZADO COM COSTURA, CLASSE MEDIA, DN 1\", E = 3,38 MM, PESO 2,50 KG/M (NBR 5580)","Material",null,"M",1.143,35.6,40.69]
["Insumo"," 00004890 ","SINAPI","PLUG OU BUJAO DE FERRO GALVANIZADO, DE 1\"","Material",null,"UN",1,8.64,8.64]
["Insumo"," 00004179 ","SINAPI","NIPLE DE FERRO GALVANIZADO, COM ROSCA BSP, DE 1\"","Material",null,"UN",2,12.9,25.8]
[{"$nulls":4},"MO sem LS =>",132.94,"LS =>",0,"MO com LS =>",132.94]
[{"$nulls":4},"Valor do BDI =>",90.84,null,"Valor com BDI =>",null,479.37]
[]
[null,"Código","Banco","Descrição","Tipo",null,"Und","Quant.","Valor Unit","Total"]
["Composição"," 89970 ","SINAPI","KIT DE REGISTRO DE PRESSÃO BRUTO DE LATÃO ¾\", INCLUSIVE CONEXÕES, ROSCÁVEL, INSTALADO EM RAMAL DE ÁGUA FRIA - FORNECIMENTO E INSTALAÇÃO. AF_12/2014","INHI - INSTALAÇÕES HIDROS SANITÁRIAS",null,"UN",1,46.65,46.65]
["Composição Auxiliar"," 89351 ","SINAPI","REGISTRO DE PRESSÃO BRUTO, LATÃO,  ROSCÁVEL, 3/4'' - FORNECIMENTO E INSTALAÇÃO. AF_08/2021","INHI - INSTALAÇÕES HIDROS SANITÁRIAS",null,"UN",1,34.369999999999997,34.369999999999997]
["Composição Auxiliar"," 89385 ","SINAPI","LUVA SOLDÁVEL E COM ROSCA, PVC, SOLDÁVEL, DN 25MM X 3/4 , INSTALADO EM RAMAL OU SUB-RAMAL DE ÁGUA - FORNECIMENTO E INSTALAÇÃO. AF_06/2022","INHI - INSTALAÇÕES HIDROS SANITÁRIAS",null,"UN",1,6.4,6.4]
["Composição Auxiliar"," 89383 ","SINAPI","ADAPTADOR CURTO COM BOLSA E ROSCA PARA REGISTRO, PVC, SOLDÁVEL, DN 25MM X 3/4 , INSTALADO EM RAMAL OU SUB-RAMAL DE ÁGUA - FORNECIMENTO E INSTALAÇÃO. AF_06/2022","INHI - INSTALAÇÕES HIDROS SANITÁRIAS",null,"UN",1,5.88,5.88]
[{"$nulls":4},"MO sem LS =>",11.18,"LS =>",0,"MO com LS =>",11.18]
[{"$nulls":4},"Valor do BDI =>",10.91,null,"Valor com BDI =>",null,57.56]
[]
[null,"Código","Banco","Descrição","Tipo",null,"Und","Quant.","Valor Unit","Total"]
["Composição"," 95240 ","SINAPI","LASTRO DE CONCRETO MAGRO, APLICADO EM PISOS, LAJES SOBRE SOLO OU RADIERS, ESPESSURA DE 3 CM. AF_01/2024","FUES - FUNDAÇÕES E ESTRUTURAS",null,"m²",1,25.44,25.44]
["Composição Auxiliar"," 88316 ","SINAPI","SERVENTE COM ENCARGOS COMPLEMENTARES","SEDI - SERVIÇOS DIVERSOS",null,"H",4.4400000000000002E-2,18.989999999999998,0.84]
["Composição Auxiliar"," 88309 ","SINAPI","PEDREIRO COM ENCARGOS COMPLEMENTARES","SEDI - SERVIÇOS DIVERSOS",null,"H",0.16309999999999999,25.31,4.13]
["Composição Auxiliar"," 94968 ","SINAPI","CONCRETO MAGRO PARA LASTRO, TRAÇO 1:4,5:4,5 (EM MASSA SECA DE CIMENTO/ AREIA MÉDIA/ BRITA 1) - PREPARO MECÂNICO COM BETONEIRA 600 L. AF_05/2021","FUES - FUNDAÇÕES E ESTRUTURAS",null,"m³",3.39E-2,603.78,20.47]
[{"$nulls":4},"MO sem LS =>",5.78,"LS =>",0,"MO com LS =>",5.78]
[{"$nulls":4},"Valor do BDI =>",5.95,null,"Valor com BDI =>",null,31.39]
[]
[null,"Código","Banco","Descrição","Tipo",null,"Und","Quant.","Valor Unit","Total"]
["Composição"," 95241 ","SINAPI","LASTRO DE CONCRETO MAGRO, APLICADO EM PISOS, LAJES SOBRE SOLO OU RADIERS, ESPESSURA DE 5 CM. AF_01/2024","FUES - FUNDAÇÕES E ESTRUTURAS",null,"m²",1,49.84,49.84]
["Composição Auxiliar"," 88309 ","SINAPI","PEDREIRO COM ENCARGOS COMPLEMENTARES","SEDI - SERVIÇOS DIVERSOS",null,"H",0.25414999999999999,25.31,6.43]
["Composição Auxiliar"," 88316 ","SINAPI","SERVENTE COM ENCARGOS COMPLEMENTARES","SEDI - SERVIÇOS DIVERSOS",null,"H",9.1899999999999996E-2,18.989999999999998,1.75]
["Composição Auxiliar"," 94968 ","SINAPI","CONCRETO MAGRO PARA LASTRO, TRAÇO 1:4,5:4,5 (EM MASSA SECA DE CIMENTO/ AREIA MÉDIA/ BRITA 1) - PREPARO MECÂNICO COM BETONEIRA 600 L. AF_05/2021","FUES - FUNDAÇÕES E ESTRUTURAS",null,"m³",6.9000000000000006E-2,603.78,41.66]
[{"$nulls":4},"MO sem LS =>",10.18,"LS =>",0,"MO com LS =>",10.18]
[{"$nulls":4},"Valor do BDI =>",11.65,null,"Valor com BDI =>",null,61.49]
[]
[null,"Código","Banco","Descrição","Tipo",null,"Und","Quant.","Valor Unit","Total"]
["Composição"," 86904 ","SINAPI","LAVATÓRIO LOUÇA BRANCA SUSPENSO, 29,5 X 39CM OU EQUIVALENTE, PADRÃO POPULAR - FORNECIMENTO E INSTALAÇÃO. AF_01/2020","INHI - INSTALAÇÕES HIDROS SANITÁRIAS",null,"UN",1,130.85,130.85]
["Composição Auxiliar"," 88316 ","SINAPI","SERVENTE COM ENCARGOS COMPLEMENTARES","SEDI - SERVIÇOS DIVERSOS",null,"H",0.18859999999999999,18.989999999999998,3.58]
["Composição Auxiliar"," 88267 ","SINAPI","ENCANADOR OU BOMBEIRO HIDRÁULICO COM ENCARGOS COMPLEMENTARES","SEDI - SERVIÇOS DIVERSOS",null,"H",0.38700000000000001,24.54,9.5]
["Insumo"," 00010425 ","SINAPI","LAVATORIO DE LOUCA BRANCA, SUSPENSO (SEM COLUNA), DIMENSOES *40 X 30* CM","Material",null,"UN",1,80.13,80.13]
["Insumo"," 00004351 ","SINAPI","PARAFUSO NIQUELADO 3 1/2\" COM ACABAMENTO CROMADO PARA FIXAR PECA SANITARIA, INCLUI PORCA CEGA, ARRUELA E BUCHA DE NYLON TAMANHO S-8","Material",null,"UN",2,16.940000000000001,33.880000000000003]
["Insumo"," 00037329 ","SINAPI","REJUNTE EPOXI, QUALQUER COR","Material",null,"KG",3.04E-2,123.67,3.76]
[{"$nulls":4},"MO sem LS =>",10.82,"LS =>",0,"MO com LS =>",10.82]
[{"$nulls":4},"Valor do BDI =>",30.59,null,"Valor com BDI =>",null,161.44]
[]
[null,"Código","Banco","Descrição","Tipo",null,"Und","Quant.","Valor Unit","Total"]
["Composição"," 86943 ","SINAPI","LAVATÓRIO LOUÇA BRANCA SUSPENSO, 29,5 X 39CM OU EQUIVALENTE, PADRÃO POPULAR, INCLUSO SIFÃO FLEXÍVEL EM PVC, VÁLVULA E ENGATE FLEXÍVEL 30CM EM PLÁSTICO E TORNEIRA CROMADA DE MESA, PADRÃO POPULAR - FORNECIMENTO E INSTALAÇÃO. AF_01/2020","INHI - INSTALAÇÕES HIDROS SANITÁRIAS",null,"UN",1,280.25,280.25]
["Composição Auxiliar"," 86904 ","SINAPI","LAVATÓRIO LOUÇA BRANCA SUSPENSO, 29,5 X 39CM OU EQUIVALENTE, PADRÃO POPULAR - FORNECIMENTO E INSTALAÇÃO. AF_01/2020","INHI - INSTALAÇÕES HIDROS SANITÁRIAS",null,"UN",1,130.85,130.85]
["Composição Auxiliar"," 86884 ","SINAPI","ENGATE FLEXÍVEL EM PLÁSTICO BRANCO, 1/2\" X 30CM - FORNECIMENTO E INSTALAÇÃO. AF_01/2020","INHI - INSTALAÇÕES HIDROS SANITÁRIAS",null,"UN",1,11.38,11.38]
["Composição Auxiliar"," 86883 ","SINAPI","SIFÃO DO TIPO FLEXÍVEL EM PVC 1  X 1.1/2  - FORNECIMENTO E INSTALAÇÃO. AF_01/2020","INHI - INSTALAÇÕES HIDROS SANITÁRIAS",null,"UN",1,13.71,13.71]
["Composição Auxiliar"," 86879 ","SINAPI","VÁLVULA EM PLÁSTICO 1\" PARA PIA, TANQUE OU LAVATÓRIO, COM OU SEM LADRÃO - FORNECIMENTO E INSTALAÇÃO. AF_01/2020","INHI - INSTALAÇÕES HIDROS SANITÁRIAS",null,"UN",1,10.36,10.36]
["Composição Auxiliar"," 86906 ","SINAPI","TORNEIRA CROMADA DE MESA, 1/2\" OU 3/4\", PARA LAVATÓRIO, PADRÃO POPULAR - FORNECIMENTO E INSTALAÇÃO. AF_01/2020","INHI - INSTALAÇÕES HIDROS SANITÁRIAS",null,"UN",1,113.95,113.95]
[{"$nulls":4},"MO sem LS =>",22.42,"LS =>",0,"MO com LS =>",22.42]
[{"$nulls":4},"Valor do BDI =>",65.52,null,"Valor com BDI =>",null,345.77]
[]
[null,"Código","Banco","Descrição","Tipo",null,"Und","Quant.","Valor Unit","Total"]
["Composição"," 98525 ","SINAPI","LIMPEZA MECANIZADA DE CAMADA VEGETAL, VEGETAÇÃO E PEQUENAS ÁRVORES (DIÂMETRO DE TRONCO MENOR QUE 0,20 M), COM TRATOR DE ESTEIRAS. AF_03/2024","URBA - URBANIZAÇÃO",null,"m²",1,0.67,0.67]
["Composição Auxiliar"," 89032 ","SINAPI","TRATOR DE ESTEIRAS, POTÊNCIA 100 HP, PESO OPERACIONAL 9,4 T, COM LÂMINA 2,19 M3 - CHP DIURNO. AF_06/2014","CHOR - CUSTOS HORÁRIOS DE MÁQUINAS E EQUIPAMENTOS",null,"CHP",1.6999999999999999E-3,203.25,0.35]
["Composição Auxiliar"," 88441 ","SINAPI","JARDINEIRO COM ENCARGOS COMPLEMENTARES","SEDI - SERVIÇOS DIVERSOS",null,"H",4.5999999999999999E-3,19.420000000000002,0.09]
["Composição Auxiliar"," 89031 ","SINAPI","TRATOR DE ESTEIRAS, POTÊNCIA 100 HP, PESO OPERACIONAL 9,4 T, COM LÂMINA 2,19 M3 - CHI DIURNO. AF_06/2014","CHOR - CUSTOS HORÁRIOS DE MÁQUINAS E EQUIPAMENTOS",null,"CHI",2.8999999999999998E-3,79,0.23]
[{"$nulls":4},"MO sem LS =>",0.21,"LS =>",0,"MO com LS =>",0.21]
[{"$nulls":4},"Valor do BDI =>",0.16,null,"Valor com BDI =>",null,0.83]
[]
[null,"Código","Banco","Descrição","Tipo",null,"Und","Quant.","Valor Unit","Total"]
["Composição"," 99059 ","SINAPI","LOCAÇÃO CONVENCIONAL DE OBRA, UTILIZANDO GABARITO DE TÁBUAS CORRIDAS PONTALETADAS A CADA 2,00M -  2 UTILIZAÇÕES. AF_03/2024","SERT - SERVIÇOS TÉCNICOS",null,"M",1,56.21,56.21]
["Composição Auxiliar"," 91692 ","SINAPI","SERRA CIRCULAR DE BANCADA COM MOTOR ELÉTRICO POTÊNCIA DE 5HP, COM COIFA PARA DISCO 10\" - CHP DIURNO. AF_08/2015","CHOR - CUSTOS HORÁRIOS DE MÁQUINAS E EQUIPAMENTOS",null,"CHP",7.0000000000000001E-3,35.159999999999997,0.25]
["Composição Auxiliar"," 94974 ","SINAPI","CONCRETO MAGRO PARA LASTRO, TRAÇO 1:4,5:4,5 (EM MASSA SECA DE CIMENTO/ AREIA MÉDIA/ BRITA 1) - PREPARO MANUAL. AF_05/2021","FUES - FUNDAÇÕES E ESTRUTURAS",null,"m³",4.0000000000000001E-3,667.39,2.67]
["Composição Auxiliar"," 91693 ","SINAPI","SERRA CIRCULAR DE BANCADA COM MOTOR ELÉTRICO POTÊNCIA DE 5HP, COM COIFA PARA DISCO 10\" - CHI DIURNO. AF_08/2015","CHOR - CUSTOS HORÁRIOS DE MÁQUINAS E EQUIPAMENTOS",null,"CHI",2.8000000000000001E-2,33.85,0.95]
["Composição Auxiliar"," 88262 ","SINAPI","CARPINTEIRO DE FORMAS COM ENCARGOS COMPLEMENTARES","SEDI - SERVIÇOS DIVERSOS",null,"H",0.72470000000000001,24.94,18.07]
["Composição Auxiliar"," 88239 ","SINAPI","AJUDANTE DE CARPINTEIRO COM ENCARGOS COMPLEMENTARES","SEDI - SERVIÇOS DIVERSOS",null,"H",0.72470000000000001,20.89,15.14]
["Insumo"," 00004417 ","SINAPI","SARRAFO NAO APARELHADO *2,5 X 7* CM, EM MACARANDUBA/MASSARANDUBA, ANGELIM, PEROBA-ROSA OU EQUIVALENTE DA REGIAO - BRUTA","Material",null,"M",0.74450000000000005,4.53,3.37]
["Insumo"," 00005068 ","SINAPI","PREGO DE ACO POLIDO COM CABECA 17 X 21 (2 X 11)","Material",null,"KG",0.111,16.27,1.81]
["Insumo"," 00007356 ","SINAPI","TINTA LATEX ACRILICA PREMIUM, COR BRANCO FOSCO","Material",null,"L",2.5600000000000001E-2,33.89,0.87]
["Insumo"," 00010567 ","SINAPI","TABUA *2,5 X 23* CM EM PINUS, MISTA OU EQUIVALENTE DA REGIAO - BRUTA","Material",null,"M",0.55000000000000004,11.54,6.35]
["Insumo"," 00004433 ","SINAPI","CAIBRO NAO APARELHADO *6 X 6* CM, EM MACARANDUBA/MASSARANDUBA, ANGELIM OU EQUIVALENTE DA REGIAO - BRUTA","Material",null,"M",0.41249999999999998,16.309999999999999,6.73]
[{"$nulls":4},"MO sem LS =>",28.41,"LS =>",0,"MO com LS =>",28.41]
[{"$nulls":4},"Valor do BDI =>",13.14,null,"Valor com BDI =>",null,69.349999999999994]
[]
[null,"Código","Banco","Descrição","Tipo",null,"Und","Quant.","Valor Unit","Total"]
["Composição"," 97586 ","SINAPI","LUMINÁRIA TIPO CALHA, DE SOBREPOR, COM 2 LÂMPADAS TUBULARES FLUORESCENTES DE 36 W, COM REATOR DE PARTIDA RÁPIDA - FORNECIMENTO E INSTALAÇÃO. AF_02/2020","INEL - INSTALAÇÃO ELÉTRICA/ELETRIFICAÇÃO E ILUMINAÇÃO EXTERNA",null,"UN",1,173.22,173.22]
["Composição Auxiliar"," 88247 ","SINAPI","AUXILIAR DE ELETRICISTA COM ENCARGOS COMPLEMENTARES","SEDI - SERVIÇOS DIVERSOS",null,"H",0.17269999999999999,21.44,3.7]
["Composição Auxiliar"," 88264 ","SINAPI","ELETRICISTA COM ENCARGOS COMPLEMENTARES","SEDI - SERVIÇOS DIVERSOS",null,"H",0.41439999999999999,27.9,11.56]
["Insumo"," 00003799 ","SINAPI","LUMINARIA DE SOBREPOR EM CHAPA DE ACO PARA 2 LAMPADAS FLUORESCENTES DE *36* W, ALETADA, COMPLETA (LAMPADAS E REATOR INCLUSOS)","Material",null,"UN",1,157.96,157.96]
[{"$nulls":4},"MO sem LS =>",12.67,"LS =>",0,"MO com LS =>",12.67]
[{"$nulls":4},"Valor do BDI =>",40.5,null,"Valor com BDI =>",null,213.72]
[]
[null,"Código","Banco","Descrição","Tipo",null,"Und","Quant.","Valor Unit","Total"]
["Composição"," 91882 ","SINAPI","LUVA PARA ELETRODUTO, PVC, ROSCÁVEL, DN 20 MM (1/2\"), PARA CIRCUITOS TERMINAIS, INSTALADA EM PAREDE - FORNECIMENTO E INSTALAÇÃO. AF_03/2023","INEL - INSTALAÇÃO ELÉTRICA/ELETRIFICAÇÃO E ILUMINAÇÃO EXTERNA",null,"UN",1,9.82,9.82]
["Composição Auxiliar"," 88247 ","SINAPI","AUXILIAR DE ELETRICISTA COM ENCARGOS COMPLEMENTARES","SEDI - SERVIÇOS DIVERSOS",null,"H",0.18099999999999999,21.44,3.88]
["Composição Auxiliar"," 88264 ","SINAPI","ELETRICISTA COM ENCARGOS COMPLEMENTARES","SEDI - SERVIÇOS DIVERSOS",null,"H",0.18099999999999999,27.9,5.05]
["Insumo"," 00001901 ","SINAPI","LUVA EM PVC RIGIDO ROSCAVEL, DE 1/2\", PARA ELETRODUTO","Material",null,"UN",1,0.89,0.89]
[{"$nulls":4},"MO sem LS =>",7.33,"LS =>",0,"MO com LS =>",7.33]
[{"$nulls":4},"Valor do BDI =>",2.2999999999999998,null,"Valor com BDI =>",null,12.12]
[]
[null,"Código","Banco","Descrição","Tipo",null,"Und","Quant.","Valor Unit","Total"]
["Composição"," 91875 ","SINAPI","LUVA PARA ELETRODUTO, PVC, ROSCÁVEL, DN 25 MM (3/4\"), PARA CIRCUITOS TERMINAIS, INSTALADA EM FORRO - FORNECIMENTO E INSTALAÇÃO. AF_03/2023","INEL - INSTALAÇÃO ELÉTRICA/ELETRIFICAÇÃO E ILUMINAÇÃO EXTERNA",null,"UN",1,8.08,8.08]
["Composição Auxiliar"," 88247 ","SINAPI","AUXILIAR DE ELETRICISTA COM ENCARGOS COMPLEMENTARES","SEDI - SERVIÇOS DIVERSOS",null,"H",0.13700000000000001,21.44,2.94]
["Composição Auxiliar"," 88264 ","SINAPI","ELETRICISTA COM ENCARGOS COMPLEMENTARES","SEDI - SERVIÇOS DIVERSOS",null,"H",0.13700000000000001,27.9,3.82]
["Insumo"," 00001891 ","SINAPI","LUVA EM PVC RIGIDO ROSCAVEL, DE 3/4\", PARA ELETRODUTO","Material",null,"UN",1,1.32,1.32]
[{"$nulls":4},"MO sem LS =>",5.55,"LS =>",0,"MO com LS =>",5.55]
[{"$nulls":4},"Valor do BDI =>",1.89,null,"Valor com BDI =>",null,9.9700000000000006]
[]
[null,"Código","Banco","Descrição","Tipo",null,"Und","Quant.","Valor Unit","Total"]
["Composição"," 91885 ","SINAPI","LUVA PARA ELETRODUTO, PVC, ROSCÁVEL, DN 32 MM (1\"), PARA CIRCUITOS TERMINAIS, INSTALADA EM PAREDE - FORNECIMENTO E INSTALAÇÃO. AF_03/2023","INEL - INSTALAÇÃO ELÉTRICA/ELETRIFICAÇÃO E ILUMINAÇÃO EXTERNA",null,"UN",1,12.65,12.65]
["Composição Auxiliar"," 88247 ","SINAPI","AUXILIAR DE ELETRICISTA COM ENCARGOS COMPLEMENTARES","SEDI - SERVIÇOS DIVERSOS",null,"H",0.219,21.44,4.7]
["Composição Auxiliar"," 88264 ","SINAPI","ELETRICISTA COM ENCARGOS COMPLEMENTARES","SEDI - SERVIÇOS DIVERSOS",null,"H",0.219,27.9,6.11]
["Insumo"," 00001892 ","SINAPI","LUVA EM PVC RIGIDO ROSCAVEL, DE 1\", PARA ELETRODUTO","Material",null,"UN",1,1.84,1.84]
[{"$nulls":4},"MO sem LS =>",8.8699999999999992,"LS =>",0,"MO com LS =>",8.8699999999999992]
[{"$nulls":4},"Valor do BDI =>",2.96,null,"Valor com BDI =>",null,15.61]
[]
[null,"Código","Banco","Descrição","Tipo",null,"Und","Quant.","Valor Unit","Total"]
["Composição"," 89385 ","SINAPI","LUVA SOLDÁVEL E COM ROSCA, PVC, SOLDÁVEL, DN 25MM X 3/4 , INSTALADO EM RAMAL OU SUB-RAMAL DE ÁGUA - FORNECIMENTO E INSTALAÇÃO. AF_06/2022","INHI - INSTALAÇÕES HIDROS SANITÁRIAS",null,"UN",1,6.4,6.4]
["Composição Auxiliar"," 88248 ","SINAPI","AUXILIAR DE ENCANADOR OU BOMBEIRO HIDRÁULICO COM ENCARGOS COMPLEMENTARES","SEDI - SERVIÇOS DIVERSOS",null,"H",9.4399999999999998E-2,20.399999999999999,1.93]
["Composição Auxiliar"," 88267 ","SINAPI","ENCANADOR OU BOMBEIRO HIDRÁULICO COM ENCARGOS COMPLEMENTARES","SEDI - SERVIÇOS DIVERSOS",null,"H",9.4399999999999998E-2,24.54,2.3199999999999998]
["Insumo"," 00038383 ","SINAPI","LIXA D'AGUA EM FOLHA, GRAO 100","Material",null,"UN",3.15E-2,1.9,0.06]
["Insumo"," 00000122 ","SINAPI","ADESIVO PLASTICO PARA PVC, FRASCO COM *850* GR","Material",null,"UN",5.8999999999999999E-3,60.32,0.36]
["Insumo"," 00003906 ","SINAPI","LUVA SOLDAVEL COM ROSCA, PVC, 25 MM X 3/4\", PARA AGUA FRIA PREDIAL","Material",null,"UN",1,1.25,1.25]
["Insumo"," 00020083 ","SINAPI","SOLUCAO PREPARADORA / LIMPADORA PARA PVC, FRASCO COM 1000 CM3","Material",null,"UN",7.0000000000000001E-3,68.34,0.48]
[{"$nulls":4},"MO sem LS =>",3.53,"LS =>",0,"MO com LS =>",3.53]
[{"$nulls":4},"Valor do BDI =>",1.5,null,"Valor com BDI =>",null,7.9]
[]
[null,"Código","Banco","Descrição","Tipo",null,"Und","Quant.","Valor Unit","Total"]
["Composição"," 87548 ","SINAPI","MASSA ÚNICA, EM ARGAMASSA TRAÇO 1:2:8, PREPARO MANUAL, APLICADA MANUALMENTE EM PAREDES INTERNAS DE AMBIENTES COM ÁREA ENTRE 5M² E 10M², E = 10MM, COM TALISCAS. AF_03/2024","REVE - REVESTIMENTO E TRATAMENTO DE SUPERFÍCIES",null,"m²",1,28.37,28.37]
["Composição Auxiliar"," 88309 ","SINAPI","PEDREIRO COM ENCARGOS COMPLEMENTARES","SEDI - SERVIÇOS DIVERSOS",null,"H",0.37890000000000001,25.31,9.59]
["Composição Auxiliar"," 87369 ","SINAPI","ARGAMASSA TRAÇO 1:2:8 (EM VOLUME DE CIMENTO, CAL E AREIA MÉDIA ÚMIDA) PARA EMBOÇO/MASSA ÚNICA/ASSENTAMENTO DE ALVENARIA DE VEDAÇÃO, PREPARO MANUAL. AF_08/2019","SEDI - SERVIÇOS DIVERSOS",null,"m³",1.9400000000000001E-2,782.45,15.18]
["Composição Auxiliar"," 88316 ","SINAPI","SERVENTE COM ENCARGOS COMPLEMENTARES","SEDI - SERVIÇOS DIVERSOS",null,"H",0.18940000000000001,18.989999999999998,3.6]
[{"$nulls":4},"MO sem LS =>",13.85,"LS =>",0,"MO com LS =>",13.85]
[{"$nulls":4},"Valor do BDI =>",6.63,null,"Valor com BDI =>",null,35]
[]
[null,"Código","Banco","Descrição","Tipo",null,"Und","Quant.","Valor Unit","Total"]
["Composição"," 87529 ","SINAPI","MASSA ÚNICA, EM ARGAMASSA TRAÇO 1:2:8, PREPARO MECÂNICO, APLICADA MANUALMENTE EM PAREDES INTERNAS DE AMBIENTES COM ÁREA ENTRE 5M² E 10M², E = 17,5MM, COM TALISCAS. AF_03/2024","REVE - REVESTIMENTO E TRATAMENTO DE SUPERFÍCIES",null,"m²",1,36.76,36.76]
["Composição Auxiliar"," 87292 ","SINAPI","ARGAMASSA TRAÇO 1:2:8 (EM VOLUME DE CIMENTO, CAL E AREIA MÉDIA ÚMIDA) PARA EMBOÇO/MASSA ÚNICA/ASSENTAMENTO DE ALVENARIA DE VEDAÇÃO, PREPARO MECÂNICO COM BETONEIRA 400 L. AF_08/2019","SEDI - SERVIÇOS DIVERSOS",null,"m³",3.04E-2,668.06,20.309999999999999]
["Composição Auxiliar"," 88309 ","SINAPI","PEDREIRO COM ENCARGOS COMPLEMENTARES","SEDI - SERVIÇOS DIVERSOS",null,"H",0.47239999999999999,25.31,11.96]
["Composição Auxiliar"," 88316 ","SINAPI","SERVENTE COM ENCARGOS COMPLEMENTARES","SEDI - SERVIÇOS DIVERSOS",null,"H",0.23619999999999999,18.989999999999998,4.49]
[{"$nulls":4},"MO sem LS =>",15.41,"LS =>",0,"MO com LS =>",15.41]
[{"$nulls":4},"Valor do BDI =>",8.59,null,"Valor com BDI =>",null,45.35]
[]
[null,"Código","Banco","Descrição","Tipo",null,"Und","Quant.","Valor Unit","Total"]
["Composição"," 88392 ","SINAPI","MISTURADOR DE ARGAMASSA, EIXO HORIZONTAL, CAPACIDADE DE MISTURA 300 KG, MOTOR ELÉTRICO POTÊNCIA 5 CV - CHI DIURNO. AF_05/2023","CHOR - CUSTOS HORÁRIOS DE MÁQUINAS E EQUIPAMENTOS",null,"CHI",1,1.1200000000000001,1.1200000000000001]
["Composição Auxiliar"," 88389 ","SINAPI","MISTURADOR DE ARGAMASSA, EIXO HORIZONTAL, CAPACIDADE DE MISTURA 300 KG, MOTOR ELÉTRICO POTÊNCIA 5 CV - JUROS. AF_05/2023","CHOR - CUSTOS HORÁRIOS DE MÁQUINAS E EQUIPAMENTOS",null,"H",1,0.22,0.22]
["Composição Auxiliar"," 88387 ","SINAPI","MISTURADOR DE ARGAMASSA, EIXO HORIZONTAL, CAPACIDADE DE MISTURA 300 KG, MOTOR ELÉTRICO POTÊNCIA 5 CV - DEPRECIAÇÃO. AF_05/2023","CHOR - CUSTOS HORÁRIOS DE MÁQUINAS E EQUIPAMENTOS",null,"H",1,0.9,0.9]
[{"$nulls":4},"MO sem LS =>",0,"LS =>",0,"MO com LS =>",0]
[{"$nulls":4},"Valor do BDI =>",0.26,null,"Valor com BDI =>",null,1.38]
[]
[null,"Código","Banco","Descrição","Tipo",null,"Und","Quant.","Valor Unit","Total"]
["Composição"," 88386 ","SINAPI","MISTURADOR DE ARGAMASSA, EIXO HORIZONTAL, CAPACIDADE DE MISTURA 300 KG, MOTOR ELÉTRICO POTÊNCIA 5 CV - CHP DIURNO. AF_05/2023","CHOR - CUSTOS HORÁRIOS DE MÁQUINAS E EQUIPAMENTOS",null,"CHP",1,5.0199999999999996,5.0199999999999996]
["Composição Auxiliar"," 88389 ","SINAPI","MISTURADOR DE ARGAMASSA, EIXO HORIZONTAL, CAPACIDADE DE MISTURA 300 KG, MOTOR ELÉTRICO POTÊNCIA 5 CV - JUROS. AF_05/2023","CHOR - CUSTOS HORÁRIOS DE MÁQUINAS E EQUIPAMENTOS",null,"H",1,0.22,0.22]
["Composição Auxiliar"," 88390 ","SINAPI","MISTURADOR DE ARGAMASSA, EIXO HORIZONTAL, CAPACIDADE DE MISTURA 300 KG, MOTOR ELÉTRICO POTÊNCIA 5 CV - MANUTENÇÃO. AF_05/2023","CHOR - CUSTOS HORÁRIOS DE MÁQUINAS E EQUIPAMENTOS",null,"H",1,1.05,1.05]
["Composição Auxiliar"," 88391 ","SINAPI","MISTURADOR DE ARGAMASSA, EIXO HORIZONTAL, CAPACIDADE DE MISTURA 300 KG, MOTOR ELÉTRICO POTÊNCIA 5 CV - MATERIAIS NA OPERAÇÃO. AF_05/2023","CHOR - CUSTOS HORÁRIOS DE MÁQUINAS E EQUIPAMENTOS",null,"H",1,2.85,2.85]
["Composição Auxiliar"," 88387 ","SINAPI","MISTURADOR DE ARGAMASSA, EIXO HORIZONTAL, CAPACIDADE DE MISTURA 300 KG, MOTOR ELÉTRICO POTÊNCIA 5 CV - DEPRECIAÇÃO. AF_05/2023","CHOR - CUSTOS HORÁRIOS DE MÁQUINAS E EQUIPAMENTOS",null,"H",1,0.9,0.9]
[{"$nulls":4},"MO sem LS =>",0,"LS =>",0,"MO com LS =>",0]
[{"$nulls":4},"Valor do BDI =>",1.17,null,"Valor com BDI =>",null,6.19]
[]
[null,"Código","Banco","Descrição","Tipo",null,"Und","Quant.","Valor Unit","Total"]
["Composição"," 88387 ","SINAPI","MISTURADOR DE ARGAMASSA, EIXO HORIZONTAL, CAPACIDADE DE MISTURA 300 KG, MOTOR ELÉTRICO POTÊNCIA 5 CV - DEPRECIAÇÃO. AF_05/2023","CHOR - CUSTOS HORÁRIOS DE MÁQUINAS E EQUIPAMENTOS",null,"H",1,0.9,0.9]
["Insumo"," 00037544 ","SINAPI","MISTURADOR DE ARGAMASSA, EIXO HORIZONTAL, CAPACIDADE DE MISTURA 300 KG, MOTOR ELETRICO TRIFASICO 220/380 V, POTENCIA 5 CV","Equipamento para Aquisição Permanente",null,"UN",6.0000000000000002E-5,14975.24,0.9]
[{"$nulls":4},"MO sem LS =>",0,"LS =>",0,"MO com LS =>",0]
[{"$nulls":4},"Valor do BDI =>",0.21,null,"Valor com BDI =>",null,1.1100000000000001]
[]
[null,"Código","Banco","Descrição","Tipo",null,"Und","Quant.","Valor Unit","Total"]
["Composição"," 88389 ","SINAPI","MISTURADOR DE ARGAMASSA, EIXO HORIZONTAL, CAPACIDADE DE MISTURA 300 KG, MOTOR ELÉTRICO POTÊNCIA 5 CV - JUROS. AF_05/2023","CHOR - CUSTOS HORÁRIOS DE MÁQUINAS E EQUIPAMENTOS",null,"H",1,0.22,0.22]
["Insumo"," 00037544 ","SINAPI","MISTURADOR DE ARGAMASSA, EIXO HORIZONTAL, CAPACIDADE DE MISTURA 300 KG, MOTOR ELETRICO TRIFASICO 220/380 V, POTENCIA 5 CV","Equipamento para Aquisição Permanente",null,"UN",1.4800000000000001E-5,14975.24,0.22]
[{"$nulls":4},"MO sem LS =>",0,"LS =>",0,"MO com LS =>",0]
[{"$nulls":4},"Valor do BDI =>",0.05,null,"Valor com BDI =>",null,0.27]
[]
[null,"Código","Banco","Descrição","Tipo",null,"Und","Quant.","Valor Unit","Total"]
["Composição"," 88390 ","SINAPI","MISTURADOR DE ARGAMASSA, EIXO HORIZONTAL, CAPACIDADE DE MISTURA 300 KG, MOTOR ELÉTRICO POTÊNCIA 5 CV - MANUTENÇÃO. AF_05/2023","CHOR - CUSTOS HORÁRIOS DE MÁQUINAS E EQUIPAMENTOS",null,"H",1,1.05,1.05]
["Insumo"," 00037544 ","SINAPI","MISTURADOR DE ARGAMASSA, EIXO HORIZONTAL, CAPACIDADE DE MISTURA 300 KG, MOTOR ELETRICO TRIFASICO 220/380 V, POTENCIA 5 CV","Equipamento para Aquisição Permanente",null,"UN",6.9999999999999994E-5,14975.24,1.05]
[{"$nulls":4},"MO sem LS =>",0,"LS =>",0,"MO com LS =>",0]
[{"$nulls":4},"Valor do BDI =>",0.25,null,"Valor com BDI =>",null,1.3]
[]
[null,"Código","Banco","Descrição","Tipo",null,"Und","Quant.","Valor Unit","Total"]
["Composição"," 88391 ","SINAPI","MISTURADOR DE ARGAMASSA, EIXO HORIZONTAL, CAPACIDADE DE MISTURA 300 KG, MOTOR ELÉTRICO POTÊNCIA 5 CV - MATERIAIS NA OPERAÇÃO. AF_05/2023","CHOR - CUSTOS HORÁRIOS DE MÁQUINAS E EQUIPAMENTOS",null,"H",1,2.85,2.85]
["Insumo"," 00002705 ","SINAPI","ENERGIA ELETRICA ATE 2000 KWH INDUSTRIAL, SEM DEMANDA","Franquia",null,"KWH",3.12799,0.91,2.85]
[{"$nulls":4},"MO sem LS =>",0,"LS =>",0,"MO com LS =>",0]
[{"$nulls":4},"Valor do BDI =>",0.67,null,"Valor com BDI =>",null,3.52]
[]
[null,"Código","Banco","Descrição","Tipo",null,"Und","Quant.","Valor Unit","Total"]
["Composição"," 88281 ","SINAPI","MOTORISTA DE BASCULANTE COM ENCARGOS COMPLEMENTARES","SEDI - SERVIÇOS DIVERSOS",null,"H",1,24.54,24.54]
["Composição Auxiliar"," 95346 ","SINAPI","CURSO DE CAPACITAÇÃO PARA MOTORISTA DE BASCULANTE (ENCARGOS COMPLEMENTARES) - HORISTA","SEDI - SERVIÇOS DIVERSOS",null,"H",1,0.12,0.12]
["Insumo"," 00037370 ","SINAPI","ALIMENTACAO - HORISTA (COLETADO CAIXA - ENCARGOS COMPLEMENTARES)","Material",null,"H",1,0.53,0.53]
["Insumo"," 00043464 ","SINAPI","FERRAMENTAS - FAMILIA OPERADOR ESCAVADEIRA - HORISTA (ENCARGOS COMPLEMENTARES - COLETADO CAIXA)","Material",null,"H",1,0.01,0.01]
["Insumo"," 00037372 ","SINAPI","EXAMES - HORISTA (COLETADO CAIXA - ENCARGOS COMPLEMENTARES)","Material",null,"H",1,1.34,1.34]
["Insumo"," 00020020 ","SINAPI","MOTORISTA DE CAMINHAO-BASCULANTE (HORISTA)","Mão de Obra",null,"H",1,21.17,21.17]
["Insumo"," 00037373 ","SINAPI","SEGURO - HORISTA (COLETADO CAIXA - ENCARGOS COMPLEMENTARES)","Material",null,"H",1,0.01,0.01]
["Insumo"," 00037371 ","SINAPI","TRANSPORTE - HORISTA (COLETADO CAIXA - ENCARGOS COMPLEMENTARES)","Material",null,"H",1,0.5,0.5]
["Insumo"," 00043488 ","SINAPI","EPI - FAMILIA OPERADOR ESCAVADEIRA - HORISTA (ENCARGOS COMPLEMENTARES - COLETADO CAIXA)","Material",null,"H",1,0.86,0.86]
[{"$nulls":4},"MO sem LS =>",21.29,"LS =>",0,"MO com LS =>",21.29]
[{"$nulls":4},"Valor do BDI =>",5.74,null,"Valor com BDI =>",null,30.28]
[]
[null,"Código","Banco","Descrição","Tipo",null,"Und","Quant.","Valor Unit","Total"]
["Composição"," 88282 ","SINAPI","MOTORISTA DE CAMINHÃO COM ENCARGOS COMPLEMENTARES","SEDI - SERVIÇOS DIVERSOS",null,"H",1,23.74,23.74]
["Composição Auxiliar"," 95347 ","SINAPI","CURSO DE CAPACITAÇÃO PARA MOTORISTA DE CAMINHÃO (ENCARGOS COMPLEMENTARES) - HORISTA","SEDI - SERVIÇOS DIVERSOS",null,"H",1,0.12,0.12]
["Insumo"," 00037373 ","SINAPI","SEGURO - HORISTA (COLETADO CAIXA - ENCARGOS COMPLEMENTARES)","Material",null,"H",1,0.01,0.01]
["Insumo"," 00043464 ","SINAPI","FERRAMENTAS - FAMILIA OPERADOR ESCAVADEIRA - HORISTA (ENCARGOS COMPLEMENTARES - COLETADO CAIXA)","Material",null,"H",1,0.01,0.01]
["Insumo"," 00004093 ","SINAPI","MOTORISTA DE CAMINHAO (HORISTA)","Mão de Obra",null,"H",1,20.37,20.37]
["Insumo"," 00043488 ","SINAPI","EPI - FAMILIA OPERADOR ESCAVADEIRA - HORISTA (ENCARGOS COMPLEMENTARES - COLETADO CAIXA)","Material",null,"H",1,0.86,0.86]
["Insumo"," 00037372 ","SINAPI","EXAMES - HORISTA (COLETADO CAIXA - ENCARGOS COMPLEMENTARES)","Material",null,"H",1,1.34,1.34]
["Insumo"," 00037370 ","SINAPI","ALIMENTACAO - HORISTA (COLETADO CAIXA - ENCARGOS COMPLEMENTARES)","Material",null,"H",1,0.53,0.53]
["Insumo"," 00037371 ","SINAPI","TRANSPORTE - HORISTA (COLETADO CAIXA - ENCARGOS COMPLEMENTARES)","Material",null,"H",1,0.5,0.5]
[{"$nulls":4},"MO sem LS =>",20.49,"LS =>",0,"MO com LS =>",20.49]
[{"$nulls":4},"Valor do BDI =>",5.55,null,"Valor com BDI =>",null,29.29]
[]
[null,"Código","Banco","Descrição","Tipo",null,"Und","Quant.","Valor Unit","Total"]
["Composição"," 88286 ","SINAPI","MOTORISTA OPERADOR DE MUNCK COM ENCARGOS COMPLEMENTARES","SEDI - SERVIÇOS DIVERSOS",null,"H",1,26.51,26.51]
["Composição Auxiliar"," 95351 ","SINAPI","CURSO DE CAPACITAÇÃO PARA MOTORISTA OPERADOR DE MUNCK (ENCARGOS COMPLEMENTARES) - HORISTA","SEDI - SERVIÇOS DIVERSOS",null,"H",1,0.43,0.43]
["Insumo"," 00043488 ","SINAPI","EPI - FAMILIA OPERADOR ESCAVADEIRA - HORISTA (ENCARGOS COMPLEMENTARES - COLETADO CAIXA)","Material",null,"H",1,0.86,0.86]
["Insumo"," 00037371 ","SINAPI","TRANSPORTE - HORISTA (COLETADO CAIXA - ENCARGOS COMPLEMENTARES)","Material",null,"H",1,0.5,0.5]
["Insumo"," 00004096 ","SINAPI","MOTORISTA OPERADOR DE CAMINHAO COM MUNCK (HORISTA)","Mão de Obra",null,"H",1,22.83,22.83]
["Insumo"," 00037373 ","SINAPI","SEGURO - HORISTA (COLETADO CAIXA - ENCARGOS COMPLEMENTARES)","Material",null,"H",1,0.01,0.01]
["Insumo"," 00037372 ","SINAPI","EXAMES - HORISTA (COLETADO CAIXA - ENCARGOS COMPLEMENTARES)","Material",null,"H",1,1.34,1.34]
["Insumo"," 00043464 ","SINAPI","FERRAMENTAS - FAMILIA OPERADOR ESCAVADEIRA - HORISTA (ENCARGOS COMPLEMENTARES - COLETADO CAIXA)","Material",null,"H",1,0.01,0.01]
["Insumo"," 00037370 ","SINAPI","ALIMENTACAO - HORISTA (COLETADO CAIXA - ENCARGOS COMPLEMENTARES)","Material",null,"H",1,0.53,0.53]
[{"$nulls":4},"MO sem LS =>",23.26,"LS =>",0,"MO com LS =>",23.26]
[{"$nulls":4},"Valor do BDI =>",6.2,null,"Valor com BDI =>",null,32.71]
[]
[null,"Código","Banco","Descrição","Tipo",null,"Und","Quant.","Valor Unit","Total"]
["Composição"," 88377 ","SINAPI","OPERADOR DE BETONEIRA ESTACIONÁRIA/MISTURADOR COM ENCARGOS COMPLEMENTARES","SEDI - SERVIÇOS DIVERSOS",null,"H",1,18.43,18.43]
["Composição Auxiliar"," 95389 ","SINAPI","CURSO DE CAPACITAÇÃO PARA OPERADOR DE BETONEIRA ESTACIONÁRIA/MISTURADOR (ENCARGOS COMPLEMENTARES) - HORISTA","SEDI - SERVIÇOS DIVERSOS",null,"H",1,0.14000000000000001,0.14000000000000001]
["Insumo"," 00043488 ","SINAPI","EPI - FAMILIA OPERADOR ESCAVADEIRA - HORISTA (ENCARGOS COMPLEMENTARES - COLETADO CAIXA)","Material",null,"H",1,0.86,0.86]
["Insumo"," 00037371 ","SINAPI","TRANSPORTE - HORISTA (COLETADO CAIXA - ENCARGOS COMPLEMENTARES)","Material",null,"H",1,0.5,0.5]
["Insumo"," 00037370 ","SINAPI","ALIMENTACAO - HORISTA (COLETADO CAIXA - ENCARGOS COMPLEMENTARES)","Material",null,"H",1,0.53,0.53]
["Insumo"," 00037373 ","SINAPI","SEGURO - HORISTA (COLETADO CAIXA - ENCARGOS COMPLEMENTARES)","Material",null,"H",1,0.01,0.01]
["Insumo"," 00043464 ","SINAPI","FERRAMENTAS - FAMILIA OPERADOR ESCAVADEIRA - HORISTA (ENCARGOS COMPLEMENTARES - COLETADO CAIXA)","Material",null,"H",1,0.01,0.01]
["Insumo"," 00037666 ","SINAPI","OPERADOR DE BETONEIRA ESTACIONARIA / MISTURADOR (HORISTA)","Mão de Obra",null,"H",1,15.04,15.04]
["Insumo"," 00037372 ","SINAPI","EXAMES - HORISTA (COLETADO CAIXA - ENCARGOS COMPLEMENTARES)","Material",null,"H",1,1.34,1.34]
[{"$nulls":4},"MO sem LS =>",15.18,"LS =>",0,"MO com LS =>",15.18]
[{"$nulls":4},"Valor do BDI =>",4.3099999999999996,null,"Valor com BDI =>",null,22.74]
[]
[null,"Código","Banco","Descrição","Tipo",null,"Und","Quant.","Valor Unit","Total"]
["Composição"," 88294 ","SINAPI","OPERADOR DE ESCAVADEIRA COM ENCARGOS COMPLEMENTARES","SEDI - SERVIÇOS DIVERSOS",null,"H",1,25.55,25.55]
["Composição Auxiliar"," 95357 ","SINAPI","CURSO DE CAPACITAÇÃO PARA OPERADOR DE ESCAVADEIRA (ENCARGOS COMPLEMENTARES) - HORISTA","SEDI - SERVIÇOS DIVERSOS",null,"H",1,0.28999999999999998,0.28999999999999998]
["Insumo"," 00037372 ","SINAPI","EXAMES - HORISTA (COLETADO CAIXA - ENCARGOS COMPLEMENTARES)","Material",null,"H",1,1.34,1.34]
["Insumo"," 00037370 ","SINAPI","ALIMENTACAO - HORISTA (COLETADO CAIXA - ENCARGOS COMPLEMENTARES)","Material",null,"H",1,0.53,0.53]
["Insumo"," 00004234 ","SINAPI","OPERADOR DE ESCAVADEIRA (HORISTA)","Mão de Obra",null,"H",1,22.01,22.01]
["Insumo"," 00037373 ","SINAPI","SEGURO - HORISTA (COLETADO CAIXA - ENCARGOS COMPLEMENTARES)","Material",null,"H",1,0.01,0.01]
["Insumo"," 00037371 ","SINAPI","TRANSPORTE - HORISTA (COLETADO CAIXA - ENCARGOS COMPLEMENTARES)","Material",null,"H",1,0.5,0.5]
["Insumo"," 00043488 ","SINAPI","EPI - FAMILIA OPERADOR ESCAVADEIRA - HORISTA (ENCARGOS COMPLEMENTARES - COLETADO CAIXA)","Material",null,"H",1,0.86,0.86]
["Insumo"," 00043464 ","SINAPI","FERRAMENTAS - FAMILIA OPERADOR ESCAVADEIRA - HORISTA (ENCARGOS COMPLEMENTARES - COLETADO CAIXA)","Material",null,"H",1,0.01,0.01]
[{"$nulls":4},"MO sem LS =>",22.3,"LS =>",0,"MO com LS =>",22.3]
[{"$nulls":4},"Valor do BDI =>",5.97,null,"Valor com BDI =>",null,31.52]
[]
[null,"Código","Banco","Descrição","Tipo",null,"Und","Quant.","Valor Unit","Total"]
["Composição"," 88295 ","SINAPI","OPERADOR DE GUINCHO COM ENCARGOS COMPLEMENTARES","SEDI - SERVIÇOS DIVERSOS",null,"H",1,20.11,20.11]
["Composição Auxiliar"," 95358 ","SINAPI","CURSO DE CAPACITAÇÃO PARA OPERADOR DE GUINCHO (ENCARGOS COMPLEMENTARES) - HORISTA","SEDI - SERVIÇOS DIVERSOS",null,"H",1,0.31,0.31]
["Insumo"," 00004253 ","SINAPI","OPERADOR DE GUINCHO OU GUINCHEIRO (HORISTA)","Mão de Obra",null,"H",1,16.55,16.55]
["Insumo"," 00037373 ","SINAPI","SEGURO - HORISTA (COLETADO CAIXA - ENCARGOS COMPLEMENTARES)","Material",null,"H",1,0.01,0.01]
["Insumo"," 00043488 ","SINAPI","EPI - FAMILIA OPERADOR ESCAVADEIRA - HORISTA (ENCARGOS COMPLEMENTARES - COLETADO CAIXA)","Material",null,"H",1,0.86,0.86]
["Insumo"," 00037370 ","SINAPI","ALIMENTACAO - HORISTA (COLETADO CAIXA - ENCARGOS COMPLEMENTARES)","Material",null,"H",1,0.53,0.53]
["Insumo"," 00037371 ","SINAPI","TRANSPORTE - HORISTA (COLETADO CAIXA - ENCARGOS COMPLEMENTARES)","Material",null,"H",1,0.5,0.5]
["Insumo"," 00037372 ","SINAPI","EXAMES - HORISTA (COLETADO CAIXA - ENCARGOS COMPLEMENTARES)","Material",null,"H",1,1.34,1.34]
["Insumo"," 00043464 ","SINAPI","FERRAMENTAS - FAMILIA OPERADOR ESCAVADEIRA - HORISTA (ENCARGOS COMPLEMENTARES - COLETADO CAIXA)","Material",null,"H",1,0.01,0.01]
[{"$nulls":4},"MO sem LS =>",16.86,"LS =>",0,"MO com LS =>",16.86]
[{"$nulls":4},"Valor do BDI =>",4.7,null,"Valor com BDI =>",null,24.81]
[]
[null,"Código","Banco","Descrição","Tipo",null,"Und","Quant.","Valor Unit","Total"]
["Composição"," 88297 ","SINAPI","OPERADOR DE MÁQUINAS E EQUIPAMENTOS COM ENCARGOS COMPLEMENTARES","SEDI - SERVIÇOS DIVERSOS",null,"H",1,33.729999999999997,33.729999999999997]
["Composição Auxiliar"," 95360 ","SINAPI","CURSO DE CAPACITAÇÃO PARA OPERADOR DE MÁQUINAS E EQUIPAMENTOS (ENCARGOS COMPLEMENTARES) - HORISTA","SEDI - SERVIÇOS DIVERSOS",null,"H",1,0.4,0.4]
["Insumo"," 00037370 ","SINAPI","ALIMENTACAO - HORISTA (COLETADO CAIXA - ENCARGOS COMPLEMENTARES)","Material",null,"H",1,0.53,0.53]
["Insumo"," 00004230 ","SINAPI","OPERADOR DE MAQUINAS E TRATORES DIVERSOS - TERRAPLANAGEM (HORISTA)","Mão de Obra",null,"H",1,30.08,30.08]
["Insumo"," 00043464 ","SINAPI","FERRAMENTAS - FAMILIA OPERADOR ESCAVADEIRA - HORISTA (ENCARGOS COMPLEMENTARES - COLETADO CAIXA)","Material",null,"H",1,0.01,0.01]
["Insumo"," 00043488 ","SINAPI","EPI - FAMILIA OPERADOR ESCAVADEIRA - HORISTA (ENCARGOS COMPLEMENTARES - COLETADO CAIXA)","Material",null,"H",1,0.86,0.86]
["Insumo"," 00037371 ","SINAPI","TRANSPORTE - HORISTA (COLETADO CAIXA - ENCARGOS COMPLEMENTARES)","Material",null,"H",1,0.5,0.5]
["Insumo"," 00037373 ","SINAPI","SEGURO - HORISTA (COLETADO CAIXA - ENCARGOS COMPLEMENTARES)","Material",null,"H",1,0.01,0.01]
["Insumo"," 00037372 ","SINAPI","EXAMES - HORISTA (COLETADO CAIXA - ENCARGOS COMPLEMENTARES)","Material",null,"H",1,1.34,1.34]
[{"$nulls":4},"MO sem LS =>",30.48,"LS =>",0,"MO com LS =>",30.48]
[{"$nulls":4},"Valor do BDI =>",7.89,null,"Valor com BDI =>",null,41.62]
[]
[null,"Código","Banco","Descrição","Tipo",null,"Und","Quant.","Valor Unit","Total"]
["Composição"," 98445 ","SINAPI","PAREDE DE MADEIRA COMPENSADA PARA CONSTRUÇÃO TEMPORÁRIA EM CHAPA SIMPLES, EXTERNA, COM ÁREA LÍQUIDA MAIOR OU IGUAL A 6 M², COM VÃO. AF_03/2024","CANT - CANTEIRO DE OBRAS",null,"m²",1,120.94,120.94]
["Composição Auxiliar"," 91693 ","SINAPI","SERRA CIRCULAR DE BANCADA COM MOTOR ELÉTRICO POTÊNCIA DE 5HP, COM COIFA PARA DISCO 10\" - CHI DIURNO. AF_08/2015","CHOR - CUSTOS HORÁRIOS DE MÁQUINAS E EQUIPAMENTOS",null,"CHI",0.1016,33.85,3.44]
["Composição Auxiliar"," 88239 ","SINAPI","AJUDANTE DE CARPINTEIRO COM ENCARGOS COMPLEMENTARES","SEDI - SERVIÇOS DIVERSOS",null,"H",0.68899999999999995,20.89,14.39]
["Composição Auxiliar"," 88262 ","SINAPI","CARPINTEIRO DE FORMAS COM ENCARGOS COMPLEMENTARES","SEDI - SERVIÇOS DIVERSOS",null,"H",1.0209999999999999,24.94,25.46]
["Composição Auxiliar"," 91692 ","SINAPI","SERRA CIRCULAR DE BANCADA COM MOTOR ELÉTRICO POTÊNCIA DE 5HP, COM COIFA PARA DISCO 10\" - CHP DIURNO. AF_08/2015","CHOR - CUSTOS HORÁRIOS DE MÁQUINAS E EQUIPAMENTOS",null,"CHP",2.53E-2,35.159999999999997,0.89]
["Composição Auxiliar"," 94974 ","SINAPI","CONCRETO MAGRO PARA LASTRO, TRAÇO 1:4,5:4,5 (EM MASSA SECA DE CIMENTO/ AREIA MÉDIA/ BRITA 1) - PREPARO MANUAL. AF_05/2021","FUES - FUNDAÇÕES E ESTRUTURAS",null,"m³",4.3E-3,667.39,2.87]
["Insumo"," 00005061 ","SINAPI","PREGO DE ACO POLIDO COM CABECA 18 X 27 (2 1/2 X 10)","Material",null,"KG",6.9000000000000006E-2,16,1.1000000000000001]
["Insumo"," 00043681 ","SINAPI","CHAPA/PAINEL DE MADEIRA COMPENSADA RESINADA (MADEIRITE RESINADO ROSA) PARA FORMA DE CONCRETO, DE 2200 X 1100 MM, E = 8 A 12 MM","Material",null,"m²",1.050038,39.25,41.21]
["Insumo"," 00004491 ","SINAPI","PONTALETE *7,5 X 7,5* CM EM PINUS, MISTA OU EQUIVALENTE DA REGIAO - BRUTA","Material",null,"M",1.8032999999999999,10.220000000000001,18.43]
["Insumo"," 00006194 ","SINAPI","TABUA *2,5 X 15 CM EM PINUS, MISTA OU EQUIVALENTE DA REGIAO - BRUTA","Material",null,"M",1.8032999999999999,7.29,13.15]
[{"$nulls":4},"MO sem LS =>",36.770000000000003,"LS =>",0,"MO com LS =>",36.770000000000003]
[{"$nulls":4},"Valor do BDI =>",28.28,null,"Valor com BDI =>",null,149.22]
[]
[null,"Código","Banco","Descrição","Tipo",null,"Und","Quant.","Valor Unit","Total"]
["Composição"," 98446 ","SINAPI","PAREDE DE MADEIRA COMPENSADA PARA CONSTRUÇÃO TEMPORÁRIA EM CHAPA SIMPLES, EXTERNA, COM ÁREA LÍQUIDA MENOR QUE 6 M², COM VÃO. AF_03/2024","CANT - CANTEIRO DE OBRAS",null,"m²",1,151.24,151.24]
["Composição Auxiliar"," 88239 ","SINAPI","AJUDANTE DE CARPINTEIRO COM ENCARGOS COMPLEMENTARES","SEDI - SERVIÇOS DIVERSOS",null,"H",0.995,20.89,20.79]
["Composição Auxiliar"," 91693 ","SINAPI","SERRA CIRCULAR DE BANCADA COM MOTOR ELÉTRICO POTÊNCIA DE 5HP, COM COIFA PARA DISCO 10\" - CHI DIURNO. AF_08/2015","CHOR - CUSTOS HORÁRIOS DE MÁQUINAS E EQUIPAMENTOS",null,"CHI",0.1391,33.85,4.71]
["Composição Auxiliar"," 88262 ","SINAPI","CARPINTEIRO DE FORMAS COM ENCARGOS COMPLEMENTARES","SEDI - SERVIÇOS DIVERSOS",null,"H",1.4750000000000001,24.94,36.79]
["Composição Auxiliar"," 91692 ","SINAPI","SERRA CIRCULAR DE BANCADA COM MOTOR ELÉTRICO POTÊNCIA DE 5HP, COM COIFA PARA DISCO 10\" - CHP DIURNO. AF_08/2015","CHOR - CUSTOS HORÁRIOS DE MÁQUINAS E EQUIPAMENTOS",null,"CHP",3.4599999999999999E-2,35.159999999999997,1.22]
["Composição Auxiliar"," 94974 ","SINAPI","CONCRETO MAGRO PARA LASTRO, TRAÇO 1:4,5:4,5 (EM MASSA SECA DE CIMENTO/ AREIA MÉDIA/ BRITA 1) - PREPARO MANUAL. AF_05/2021","FUES - FUNDAÇÕES E ESTRUTURAS",null,"m³",6.1999999999999998E-3,667.39,4.1399999999999997]
["Insumo"," 00005061 ","SINAPI","PREGO DE ACO POLIDO COM CABECA 18 X 27 (2 1/2 X 10)","Material",null,"KG",8.5999999999999993E-2,16,1.38]
["Insumo"," 00004491 ","SINAPI","PONTALETE *7,5 X 7,5* CM EM PINUS, MISTA OU EQUIVALENTE DA REGIAO - BRUTA","Material",null,"M",2.6139000000000001,10.220000000000001,26.71]
["Insumo"," 00043681 ","SINAPI","CHAPA/PAINEL DE MADEIRA COMPENSADA RESINADA (MADEIRITE RESINADO ROSA) PARA FORMA DE CONCRETO, DE 2200 X 1100 MM, E = 8 A 12 MM","Material",null,"m²",1.050038,39.25,41.21]
["Insumo"," 00006194 ","SINAPI","TABUA *2,5 X 15 CM EM PINUS, MISTA OU EQUIVALENTE DA REGIAO - BRUTA","Material",null,"M",1.9603999999999999,7.29,14.29]
[{"$nulls":4},"MO sem LS =>",52.81,"LS =>",0,"MO com LS =>",52.81]
[{"$nulls":4},"Valor do BDI =>",35.36,null,"Valor com BDI =>",null,186.6]
[]
[null,"Código","Banco","Descrição","Tipo",null,"Und","Quant.","Valor Unit","Total"]
["Composição"," 98442 ","SINAPI","PAREDE DE MADEIRA COMPENSADA PARA CONSTRUÇÃO TEMPORÁRIA EM CHAPA SIMPLES, EXTERNA, COM ÁREA LÍQUIDA MENOR QUE 6 M², SEM VÃO. AF_05/2018","CANT - CANTEIRO DE OBRAS",null,"m²",1,124.47,124.47]
["Composição Auxiliar"," 88239 ","SINAPI","AJUDANTE DE CARPINTEIRO COM ENCARGOS COMPLEMENTARES","SEDI - SERVIÇOS DIVERSOS",null,"H",0.28439999999999999,20.89,5.94]
["Composição Auxiliar"," 94974 ","SINAPI","CONCRETO MAGRO PARA LASTRO, TRAÇO 1:4,5:4,5 (EM MASSA SECA DE CIMENTO/ AREIA MÉDIA/ BRITA 1) - PREPARO MANUAL. AF_05/2021","FUES - FUNDAÇÕES E ESTRUTURAS",null,"m³",1.5E-3,667.39,1]
["Composição Auxiliar"," 91693 ","SINAPI","SERRA CIRCULAR DE BANCADA COM MOTOR ELÉTRICO POTÊNCIA DE 5HP, COM COIFA PARA DISCO 10\" - CHI DIURNO. AF_08/2015","CHOR - CUSTOS HORÁRIOS DE MÁQUINAS E EQUIPAMENTOS",null,"CHI",3.32E-2,33.85,1.1200000000000001]
["Composição Auxiliar"," 88262 ","SINAPI","CARPINTEIRO DE FORMAS COM ENCARGOS COMPLEMENTARES","SEDI - SERVIÇOS DIVERSOS",null,"H",0.85319999999999996,24.94,21.28]
["Composição Auxiliar"," 91692 ","SINAPI","SERRA CIRCULAR DE BANCADA COM MOTOR ELÉTRICO POTÊNCIA DE 5HP, COM COIFA PARA DISCO 10\" - CHP DIURNO. AF_08/2015","CHOR - CUSTOS HORÁRIOS DE MÁQUINAS E EQUIPAMENTOS",null,"CHP",7.6E-3,35.159999999999997,0.27]
["Insumo"," 00005061 ","SINAPI","PREGO DE ACO POLIDO COM CABECA 18 X 27 (2 1/2 X 10)","Material",null,"KG",5.1700000000000003E-2,16,0.83]
["Insumo"," 00003992 ","SINAPI","TABUA APARELHADA *2,5 X 30* CM, EM MACARANDUBA/MASSARANDUBA, ANGELIM OU EQUIVALENTE DA REGIAO","Material",null,"M",1.6922999999999999,19.350000000000001,32.75]
["Insumo"," 00043681 ","SINAPI","CHAPA/PAINEL DE MADEIRA COMPENSADA RESINADA (MADEIRITE RESINADO ROSA) PARA FORMA DE CONCRETO, DE 2200 X 1100 MM, E = 8 A 12 MM","Material",null,"m²",1.050038,39.25,41.21]
["Insumo"," 00004433 ","SINAPI","CAIBRO NAO APARELHADO *6 X 6* CM, EM MACARANDUBA/MASSARANDUBA, ANGELIM OU EQUIVALENTE DA REGIAO - BRUTA","Material",null,"M",1.2307999999999999,16.309999999999999,20.07]
[{"$nulls":4},"MO sem LS =>",23.71,"LS =>",0,"MO com LS =>",23.71]
[{"$nulls":4},"Valor do BDI =>",29.1,null,"Valor com BDI =>",null,153.57]
[]
[null,"Código","Banco","Descrição","Tipo",null,"Und","Quant.","Valor Unit","Total"]
["Composição"," 98441 ","SINAPI","PAREDE DE MADEIRA COMPENSADA PARA CONSTRUÇÃO TEMPORÁRIA EM CHAPA SIMPLES, EXTERNA, SEM VÃO. AF_03/2024","CANT - CANTEIRO DE OBRAS",null,"m²",1,104.02,104.02]
["Composição Auxiliar"," 88262 ","SINAPI","CARPINTEIRO DE FORMAS COM ENCARGOS COMPLEMENTARES","SEDI - SERVIÇOS DIVERSOS",null,"H",0.81599999999999995,24.94,20.350000000000001]
["Composição Auxiliar"," 91692 ","SINAPI","SERRA CIRCULAR DE BANCADA COM MOTOR ELÉTRICO POTÊNCIA DE 5HP, COM COIFA PARA DISCO 10\" - CHP DIURNO. AF_08/2015","CHOR - CUSTOS HORÁRIOS DE MÁQUINAS E EQUIPAMENTOS",null,"CHP",1.8700000000000001E-2,35.159999999999997,0.66]
["Composição Auxiliar"," 88239 ","SINAPI","AJUDANTE DE CARPINTEIRO COM ENCARGOS COMPLEMENTARES","SEDI - SERVIÇOS DIVERSOS",null,"H",0.55000000000000004,20.89,11.49]
["Composição Auxiliar"," 94974 ","SINAPI","CONCRETO MAGRO PARA LASTRO, TRAÇO 1:4,5:4,5 (EM MASSA SECA DE CIMENTO/ AREIA MÉDIA/ BRITA 1) - PREPARO MANUAL. AF_05/2021","FUES - FUNDAÇÕES E ESTRUTURAS",null,"m³",2.8999999999999998E-3,667.39,1.94]
["Composição Auxiliar"," 91693 ","SINAPI","SERRA CIRCULAR DE BANCADA COM MOTOR ELÉTRICO POTÊNCIA DE 5HP, COM COIFA PARA DISCO 10\" - CHI DIURNO. AF_08/2015","CHOR - CUSTOS HORÁRIOS DE MÁQUINAS E EQUIPAMENTOS",null,"CHI",7.51E-2,33.85,2.54]
["Insumo"," 00005061 ","SINAPI","PREGO DE ACO POLIDO COM CABECA 18 X 27 (2 1/2 X 10)","Material",null,"KG",5.7000000000000002E-2,16,0.91]
["Insumo"," 00043681 ","SINAPI","CHAPA/PAINEL DE MADEIRA COMPENSADA RESINADA (MADEIRITE RESINADO ROSA) PARA FORMA DE CONCRETO, DE 2200 X 1100 MM, E = 8 A 12 MM","Material",null,"m²",1.050038,39.25,41.21]
["Insumo"," 00006194 ","SINAPI","TABUA *2,5 X 15 CM EM PINUS, MISTA OU EQUIVALENTE DA REGIAO - BRUTA","Material",null,"M",1.6922999999999999,7.29,12.34]
["Insumo"," 00004491 ","SINAPI","PONTALETE *7,5 X 7,5* CM EM PINUS, MISTA OU EQUIVALENTE DA REGIAO - BRUTA","Material",null,"M",1.2307999999999999,10.220000000000001,12.58]
[{"$nulls":4},"MO sem LS =>",29.09,"LS =>",0,"MO com LS =>",29.09]
[{"$nulls":4},"Valor do BDI =>",24.32,null,"Valor com BDI =>",null,128.34]
[]
[null,"Código","Banco","Descrição","Tipo",null,"Und","Quant.","Valor Unit","Total"]
["Composição"," 98447 ","SINAPI","PAREDE DE MADEIRA COMPENSADA PARA CONSTRUÇÃO TEMPORÁRIA EM CHAPA SIMPLES, INTERNA, COM ÁREA LÍQUIDA MAIOR OU IGUAL A 6 M², COM VÃO. AF_03/2024","CANT - CANTEIRO DE OBRAS",null,"m²",1,97.97,97.97]
["Composição Auxiliar"," 91693 ","SINAPI","SERRA CIRCULAR DE BANCADA COM MOTOR ELÉTRICO POTÊNCIA DE 5HP, COM COIFA PARA DISCO 10\" - CHI DIURNO. AF_08/2015","CHOR - CUSTOS HORÁRIOS DE MÁQUINAS E EQUIPAMENTOS",null,"CHI",8.5599999999999996E-2,33.85,2.9]
["Composição Auxiliar"," 88262 ","SINAPI","CARPINTEIRO DE FORMAS COM ENCARGOS COMPLEMENTARES","SEDI - SERVIÇOS DIVERSOS",null,"H",0.56399999999999995,24.94,14.07]
["Composição Auxiliar"," 88239 ","SINAPI","AJUDANTE DE CARPINTEIRO COM ENCARGOS COMPLEMENTARES","SEDI - SERVIÇOS DIVERSOS",null,"H",0.38300000000000001,20.89,8]
["Composição Auxiliar"," 91692 ","SINAPI","SERRA CIRCULAR DE BANCADA COM MOTOR ELÉTRICO POTÊNCIA DE 5HP, COM COIFA PARA DISCO 10\" - CHP DIURNO. AF_08/2015","CHOR - CUSTOS HORÁRIOS DE MÁQUINAS E EQUIPAMENTOS",null,"CHP",2.1299999999999999E-2,35.159999999999997,0.75]
["Insumo"," 00006194 ","SINAPI","TABUA *2,5 X 15 CM EM PINUS, MISTA OU EQUIVALENTE DA REGIAO - BRUTA","Material",null,"M",1.595,7.29,11.63]
["Insumo"," 00005061 ","SINAPI","PREGO DE ACO POLIDO COM CABECA 18 X 27 (2 1/2 X 10)","Material",null,"KG",7.0999999999999994E-2,16,1.1399999999999999]
["Insumo"," 00043681 ","SINAPI","CHAPA/PAINEL DE MADEIRA COMPENSADA RESINADA (MADEIRITE RESINADO ROSA) PARA FORMA DE CONCRETO, DE 2200 X 1100 MM, E = 8 A 12 MM","Material",null,"m²",1.050038,39.25,41.21]
["Insumo"," 00004491 ","SINAPI","PONTALETE *7,5 X 7,5* CM EM PINUS, MISTA OU EQUIVALENTE DA REGIAO - BRUTA","Material",null,"M",1.7875000000000001,10.220000000000001,18.27]
[{"$nulls":4},"MO sem LS =>",21.25,"LS =>",0,"MO com LS =>",21.25]
[{"$nulls":4},"Valor do BDI =>",22.91,null,"Valor com BDI =>",null,120.88]
[]
[null,"Código","Banco","Descrição","Tipo",null,"Und","Quant.","Valor Unit","Total"]
["Composição"," 98448 ","SINAPI","PAREDE DE MADEIRA COMPENSADA PARA CONSTRUÇÃO TEMPORÁRIA EM CHAPA SIMPLES, INTERNA, COM ÁREA LÍQUIDA MENOR QUE 6 M², COM VÃO. AF_03/2024","CANT - CANTEIRO DE OBRAS",null,"m²",1,122.7,122.7]
["Composição Auxiliar"," 91693 ","SINAPI","SERRA CIRCULAR DE BANCADA COM MOTOR ELÉTRICO POTÊNCIA DE 5HP, COM COIFA PARA DISCO 10\" - CHI DIURNO. AF_08/2015","CHOR - CUSTOS HORÁRIOS DE MÁQUINAS E EQUIPAMENTOS",null,"CHI",0.1225,33.85,4.1500000000000004]
["Composição Auxiliar"," 88239 ","SINAPI","AJUDANTE DE CARPINTEIRO COM ENCARGOS COMPLEMENTARES","SEDI - SERVIÇOS DIVERSOS",null,"H",0.59499999999999997,20.89,12.43]
["Composição Auxiliar"," 88262 ","SINAPI","CARPINTEIRO DE FORMAS COM ENCARGOS COMPLEMENTARES","SEDI - SERVIÇOS DIVERSOS",null,"H",0.878,24.94,21.9]
["Composição Auxiliar"," 91692 ","SINAPI","SERRA CIRCULAR DE BANCADA COM MOTOR ELÉTRICO POTÊNCIA DE 5HP, COM COIFA PARA DISCO 10\" - CHP DIURNO. AF_08/2015","CHOR - CUSTOS HORÁRIOS DE MÁQUINAS E EQUIPAMENTOS",null,"CHP",3.0499999999999999E-2,35.159999999999997,1.07]
["Insumo"," 00043681 ","SINAPI","CHAPA/PAINEL DE MADEIRA COMPENSADA RESINADA (MADEIRITE RESINADO ROSA) PARA FORMA DE CONCRETO, DE 2200 X 1100 MM, E = 8 A 12 MM","Material",null,"m²",1.050038,39.25,41.21]
["Insumo"," 00006194 ","SINAPI","TABUA *2,5 X 15 CM EM PINUS, MISTA OU EQUIVALENTE DA REGIAO - BRUTA","Material",null,"M",1.7404999999999999,7.29,12.69]
["Insumo"," 00004491 ","SINAPI","PONTALETE *7,5 X 7,5* CM EM PINUS, MISTA OU EQUIVALENTE DA REGIAO - BRUTA","Material",null,"M",2.7151999999999998,10.220000000000001,27.75]
["Insumo"," 00005061 ","SINAPI","PREGO DE ACO POLIDO COM CABECA 18 X 27 (2 1/2 X 10)","Material",null,"KG",9.4E-2,16,1.5]
[{"$nulls":4},"MO sem LS =>",32.65,"LS =>",0,"MO com LS =>",32.65]
[{"$nulls":4},"Valor do BDI =>",28.69,null,"Valor com BDI =>",null,151.38999999999999]
[]
[null,"Código","Banco","Descrição","Tipo",null,"Und","Quant.","Valor Unit","Total"]
["Composição"," 98444 ","SINAPI","PAREDE DE MADEIRA COMPENSADA PARA CONSTRUÇÃO TEMPORÁRIA EM CHAPA SIMPLES, INTERNA, COM ÁREA LÍQUIDA MENOR QUE 6 M², SEM VÃO. AF_05/2018","CANT - CANTEIRO DE OBRAS",null,"m²",1,107.3,107.3]
["Composição Auxiliar"," 91692 ","SINAPI","SERRA CIRCULAR DE BANCADA COM MOTOR ELÉTRICO POTÊNCIA DE 5HP, COM COIFA PARA DISCO 10\" - CHP DIURNO. AF_08/2015","CHOR - CUSTOS HORÁRIOS DE MÁQUINAS E EQUIPAMENTOS",null,"CHP",7.6E-3,35.159999999999997,0.27]
["Composição Auxiliar"," 88262 ","SINAPI","CARPINTEIRO DE FORMAS COM ENCARGOS COMPLEMENTARES","SEDI - SERVIÇOS DIVERSOS",null,"H",0.46439999999999998,24.94,11.58]
["Composição Auxiliar"," 88239 ","SINAPI","AJUDANTE DE CARPINTEIRO COM ENCARGOS COMPLEMENTARES","SEDI - SERVIÇOS DIVERSOS",null,"H",0.15479999999999999,20.89,3.23]
["Composição Auxiliar"," 91693 ","SINAPI","SERRA CIRCULAR DE BANCADA COM MOTOR ELÉTRICO POTÊNCIA DE 5HP, COM COIFA PARA DISCO 10\" - CHI DIURNO. AF_08/2015","CHOR - CUSTOS HORÁRIOS DE MÁQUINAS E EQUIPAMENTOS",null,"CHI",3.32E-2,33.85,1.1200000000000001]
["Insumo"," 00003992 ","SINAPI","TABUA APARELHADA *2,5 X 30* CM, EM MACARANDUBA/MASSARANDUBA, ANGELIM OU EQUIVALENTE DA REGIAO","Material",null,"M",1.6922999999999999,19.350000000000001,32.75]
["Insumo"," 00004433 ","SINAPI","CAIBRO NAO APARELHADO *6 X 6* CM, EM MACARANDUBA/MASSARANDUBA, ANGELIM OU EQUIVALENTE DA REGIAO - BRUTA","Material",null,"M",1,16.309999999999999,16.309999999999999]
["Insumo"," 00043681 ","SINAPI","CHAPA/PAINEL DE MADEIRA COMPENSADA RESINADA (MADEIRITE RESINADO ROSA) PARA FORMA DE CONCRETO, DE 2200 X 1100 MM, E = 8 A 12 MM","Material",null,"m²",1.050038,39.25,41.21]
["Insumo"," 00005061 ","SINAPI","PREGO DE ACO POLIDO COM CABECA 18 X 27 (2 1/2 X 10)","Material",null,"KG",5.1700000000000003E-2,16,0.83]
[{"$nulls":4},"MO sem LS =>",13.4,"LS =>",0,"MO com LS =>",13.4]
[{"$nulls":4},"Valor do BDI =>",25.09,null,"Valor com BDI =>",null,132.38999999999999]
[]
[null,"Código","Banco","Descrição","Tipo",null,"Und","Quant.","Valor Unit","Total"]
["Composição"," 98443 ","SINAPI","PAREDE DE MADEIRA COMPENSADA PARA CONSTRUÇÃO TEMPORÁRIA EM CHAPA SIMPLES, INTERNA, SEM VÃO. AF_03/2024","CANT - CANTEIRO DE OBRAS",null,"m²",1,84.35,84.35]
["Composição Auxiliar"," 91693 ","SINAPI","SERRA CIRCULAR DE BANCADA COM MOTOR ELÉTRICO POTÊNCIA DE 5HP, COM COIFA PARA DISCO 10\" - CHI DIURNO. AF_08/2015","CHOR - CUSTOS HORÁRIOS DE MÁQUINAS E EQUIPAMENTOS",null,"CHI",6.1499999999999999E-2,33.85,2.08]
["Composição Auxiliar"," 88239 ","SINAPI","AJUDANTE DE CARPINTEIRO COM ENCARGOS COMPLEMENTARES","SEDI - SERVIÇOS DIVERSOS",null,"H",0.28799999999999998,20.89,6.02]
["Composição Auxiliar"," 91692 ","SINAPI","SERRA CIRCULAR DE BANCADA COM MOTOR ELÉTRICO POTÊNCIA DE 5HP, COM COIFA PARA DISCO 10\" - CHP DIURNO. AF_08/2015","CHOR - CUSTOS HORÁRIOS DE MÁQUINAS E EQUIPAMENTOS",null,"CHP",1.5299999999999999E-2,35.159999999999997,0.54]
["Composição Auxiliar"," 88262 ","SINAPI","CARPINTEIRO DE FORMAS COM ENCARGOS COMPLEMENTARES","SEDI - SERVIÇOS DIVERSOS",null,"H",0.42399999999999999,24.94,10.57]
["Insumo"," 00006194 ","SINAPI","TABUA *2,5 X 15 CM EM PINUS, MISTA OU EQUIVALENTE DA REGIAO - BRUTA","Material",null,"M",1.5,7.29,10.94]
["Insumo"," 00004491 ","SINAPI","PONTALETE *7,5 X 7,5* CM EM PINUS, MISTA OU EQUIVALENTE DA REGIAO - BRUTA","Material",null,"M",1.1818,10.220000000000001,12.08]
["Insumo"," 00043681 ","SINAPI","CHAPA/PAINEL DE MADEIRA COMPENSADA RESINADA (MADEIRITE RESINADO ROSA) PARA FORMA DE CONCRETO, DE 2200 X 1100 MM, E = 8 A 12 MM","Material",null,"m²",1.050038,39.25,41.21]
["Insumo"," 00005061 ","SINAPI","PREGO DE ACO POLIDO COM CABECA 18 X 27 (2 1/2 X 10)","Material",null,"KG",5.7000000000000002E-2,16,0.91]
[{"$nulls":4},"MO sem LS =>",15.87,"LS =>",0,"MO com LS =>",15.87]
[{"$nulls":4},"Valor do BDI =>",19.72,null,"Valor com BDI =>",null,104.07]
[]
[null,"Código","Banco","Descrição","Tipo",null,"Und","Quant.","Valor Unit","Total"]
["Composição"," 88309 ","SINAPI","PEDREIRO COM ENCARGOS COMPLEMENTARES","SEDI - SERVIÇOS DIVERSOS",null,"H",1,25.31,25.31]
["Composição Auxiliar"," 95371 ","SINAPI","CURSO DE CAPACITAÇÃO PARA PEDREIRO (ENCARGOS COMPLEMENTARES) - HORISTA","SEDI - SERVIÇOS DIVERSOS",null,"H",1,0.5,0.5]
["Insumo"," 00043465 ","SINAPI","FERRAMENTAS - FAMILIA PEDREIRO - HORISTA (ENCARGOS COMPLEMENTARES - COLETADO CAIXA)","Material",null,"H",1,0.82,0.82]
["Insumo"," 00037373 ","SINAPI","SEGURO - HORISTA (COLETADO CAIXA - ENCARGOS COMPLEMENTARES)","Material",null,"H",1,0.01,0.01]
["Insumo"," 00037371 ","SINAPI","TRANSPORTE - HORISTA (COLETADO CAIXA - ENCARGOS COMPLEMENTARES)","Material",null,"H",1,0.5,0.5]
["Insumo"," 00037370 ","SINAPI","ALIMENTACAO - HORISTA (COLETADO CAIXA - ENCARGOS COMPLEMENTARES)","Material",null,"H",1,0.53,0.53]
["Insumo"," 00043489 ","SINAPI","EPI - FAMILIA PEDREIRO - HORISTA (ENCARGOS COMPLEMENTARES - COLETADO CAIXA)","Material",null,"H",1,1.24,1.24]
["Insumo"," 00037372 ","SINAPI","EXAMES - HORISTA (COLETADO CAIXA - ENCARGOS COMPLEMENTARES)","Material",null,"H",1,1.34,1.34]
["Insumo"," 00004750 ","SINAPI","PEDREIRO (HORISTA)","Mão de Obra",null,"H",1,20.37,20.37]
[{"$nulls":4},"MO sem LS =>",20.87,"LS =>",0,"MO com LS =>",20.87]
[{"$nulls":4},"Valor do BDI =>",5.92,null,"Valor com BDI =>",null,31.23]
[]
[null,"Código","Banco","Descrição","Tipo",null,"Und","Quant.","Valor Unit","Total"]
["Composição"," 97734 ","SINAPI","PEÇA RETANGULAR PRÉ-MOLDADA, VOLUME DE CONCRETO DE 10 A 30 LITROS, TAXA DE AÇO APROXIMADA DE 30KG/M³. AF_03/2024","FUES - FUNDAÇÕES E ESTRUTURAS",null,"m³",1,3107.14,3107.14]
["Composição Auxiliar"," 88261 ","SINAPI","CARPINTEIRO DE ESQUADRIA COM ENCARGOS COMPLEMENTARES","SEDI - SERVIÇOS DIVERSOS",null,"H",5.96,23.79,141.79]
["Composição Auxiliar"," 91693 ","SINAPI","SERRA CIRCULAR DE BANCADA COM MOTOR ELÉTRICO POTÊNCIA DE 5HP, COM COIFA PARA DISCO 10\" - CHI DIURNO. AF_08/2015","CHOR - CUSTOS HORÁRIOS DE MÁQUINAS E EQUIPAMENTOS",null,"CHI",0.70430000000000004,33.85,23.84]
["Composição Auxiliar"," 88239 ","SINAPI","AJUDANTE DE CARPINTEIRO COM ENCARGOS COMPLEMENTARES","SEDI - SERVIÇOS DIVERSOS",null,"H",1.1919999999999999,20.89,24.9]
["Composição Auxiliar"," 88309 ","SINAPI","PEDREIRO COM ENCARGOS COMPLEMENTARES","SEDI - SERVIÇOS DIVERSOS",null,"H",31.349900000000002,25.31,793.47]
["Composição Auxiliar"," 94971 ","SINAPI","CONCRETO FCK = 25MPA, TRAÇO 1:2,3:2,7 (EM MASSA SECA DE CIMENTO/ AREIA MÉDIA/ BRITA 1) - PREPARO MECÂNICO COM BETONEIRA 600 L. AF_05/2021","FUES - FUNDAÇÕES E ESTRUTURAS",null,"m³",1.2,747.7,897.24]
["Composição Auxiliar"," 90587 ","SINAPI","VIBRADOR DE IMERSÃO, DIÂMETRO DE PONTEIRA 45MM, MOTOR ELÉTRICO TRIFÁSICO POTÊNCIA DE 2 CV - CHI DIURNO. AF_06/2015","CHOR - CUSTOS HORÁRIOS DE MÁQUINAS E EQUIPAMENTOS",null,"CHI",18.091699999999999,0.49,8.86]
["Composição Auxiliar"," 90586 ","SINAPI","VIBRADOR DE IMERSÃO, DIÂMETRO DE PONTEIRA 45MM, MOTOR ELÉTRICO TRIFÁSICO POTÊNCIA DE 2 CV - CHP DIURNO. AF_06/2015","CHOR - CUSTOS HORÁRIOS DE MÁQUINAS E EQUIPAMENTOS",null,"CHP",6.6349999999999998,1.27,8.43]
["Composição Auxiliar"," 88316 ","SINAPI","SERVENTE COM ENCARGOS COMPLEMENTARES","SEDI - SERVIÇOS DIVERSOS",null,"H",31.349900000000002,18.989999999999998,595.33000000000004]
["Composição Auxiliar"," 91692 ","SINAPI","SERRA CIRCULAR DE BANCADA COM MOTOR ELÉTRICO POTÊNCIA DE 5HP, COM COIFA PARA DISCO 10\" - CHP DIURNO. AF_08/2015","CHOR - CUSTOS HORÁRIOS DE MÁQUINAS E EQUIPAMENTOS",null,"CHP",0.48770000000000002,35.159999999999997,17.149999999999999]
["Composição Auxiliar"," 92767 ","SINAPI","ARMAÇÃO DE LAJE DE ESTRUTURA CONVENCIONAL DE CONCRETO ARMADO UTILIZANDO AÇO CA-60 DE 4,2 MM - MONTAGEM. AF_06/2022","FUES - FUNDAÇÕES E ESTRUTURAS",null,"KG",27.898800000000001,16,446.38]
["Insumo"," 00002692 ","SINAPI","DESMOLDANTE PROTETOR PARA FORMAS DE MADEIRA, DE BASE OLEOSA EMULSIONADA EM AGUA","Material",null,"L",8.3299999999999999E-2,10.76,0.9]
["Insumo"," 00020247 ","SINAPI","PREGO DE ACO POLIDO COM CABECA 15 X 15 (1 1/4 X 13)","Material",null,"KG",0.4365,18.02,7.87]
["Insumo"," 00004517 ","SINAPI","SARRAFO *2,5 X 7,5* CM EM PINUS, MISTA OU EQUIVALENTE DA REGIAO - BRUTA","Material",null,"M",5.6283000000000003,3.57,20.09]
["Insumo"," 00001358 ","SINAPI","CHAPA/PAINEL DE MADEIRA COMPENSADA RESINADA (MADEIRITE RESINADO ROSA) PARA FORMA DE CONCRETO, DE 2200 X 1100 MM, E = 17 MM","Material",null,"m²",1.9403999999999999,62.3,120.89]
[{"$nulls":4},"MO sem LS =>",1473.51,"LS =>",0,"MO com LS =>",1473.51]
[{"$nulls":4},"Valor do BDI =>",726.45,null,"Valor com BDI =>",null,3833.59]
[]
[null,"Código","Banco","Descrição","Tipo",null,"Und","Quant.","Valor Unit","Total"]
["Composição"," 97735 ","SINAPI","PEÇA RETANGULAR PRÉ-MOLDADA, VOLUME DE CONCRETO DE 30 A 100 LITROS, TAXA DE AÇO APROXIMADA DE 30KG/M³. AF_03/2024","FUES - FUNDAÇÕES E ESTRUTURAS",null,"m³",1,2628.15,2628.15]
["Composição Auxiliar"," 88239 ","SINAPI","AJUDANTE DE CARPINTEIRO COM ENCARGOS COMPLEMENTARES","SEDI - SERVIÇOS DIVERSOS",null,"H",0.73560000000000003,20.89,15.37]
["Composição Auxiliar"," 90586 ","SINAPI","VIBRADOR DE IMERSÃO, DIÂMETRO DE PONTEIRA 45MM, MOTOR ELÉTRICO TRIFÁSICO POTÊNCIA DE 2 CV - CHP DIURNO. AF_06/2015","CHOR - CUSTOS HORÁRIOS DE MÁQUINAS E EQUIPAMENTOS",null,"CHP",4.6864999999999997,1.27,5.95]
["Composição Auxiliar"," 88261 ","SINAPI","CARPINTEIRO DE ESQUADRIA COM ENCARGOS COMPLEMENTARES","SEDI - SERVIÇOS DIVERSOS",null,"H",3.6779999999999999,23.79,87.5]
["Composição Auxiliar"," 90587 ","SINAPI","VIBRADOR DE IMERSÃO, DIÂMETRO DE PONTEIRA 45MM, MOTOR ELÉTRICO TRIFÁSICO POTÊNCIA DE 2 CV - CHI DIURNO. AF_06/2015","CHOR - CUSTOS HORÁRIOS DE MÁQUINAS E EQUIPAMENTOS",null,"CHI",12.7788,0.49,6.26]
["Composição Auxiliar"," 94972 ","SINAPI","CONCRETO FCK = 30MPA, TRAÇO 1:2,1:2,5 (EM MASSA SECA DE CIMENTO/ AREIA MÉDIA/ BRITA 1) - PREPARO MECÂNICO COM BETONEIRA 600 L. AF_05/2021","FUES - FUNDAÇÕES E ESTRUTURAS",null,"m³",1.2,770.93,925.12]
["Composição Auxiliar"," 91693 ","SINAPI","SERRA CIRCULAR DE BANCADA COM MOTOR ELÉTRICO POTÊNCIA DE 5HP, COM COIFA PARA DISCO 10\" - CHI DIURNO. AF_08/2015","CHOR - CUSTOS HORÁRIOS DE MÁQUINAS E EQUIPAMENTOS",null,"CHI",0.42259999999999998,33.85,14.31]
["Composição Auxiliar"," 88316 ","SINAPI","SERVENTE COM ENCARGOS COMPLEMENTARES","SEDI - SERVIÇOS DIVERSOS",null,"H",22.497399999999999,18.989999999999998,427.23]
["Composição Auxiliar"," 92767 ","SINAPI","ARMAÇÃO DE LAJE DE ESTRUTURA CONVENCIONAL DE CONCRETO ARMADO UTILIZANDO AÇO CA-60 DE 4,2 MM - MONTAGEM. AF_06/2022","FUES - FUNDAÇÕES E ESTRUTURAS",null,"KG",28.936900000000001,16,462.99]
["Composição Auxiliar"," 91692 ","SINAPI","SERRA CIRCULAR DE BANCADA COM MOTOR ELÉTRICO POTÊNCIA DE 5HP, COM COIFA PARA DISCO 10\" - CHP DIURNO. AF_08/2015","CHOR - CUSTOS HORÁRIOS DE MÁQUINAS E EQUIPAMENTOS",null,"CHP",0.313,35.159999999999997,11.01]
["Composição Auxiliar"," 88309 ","SINAPI","PEDREIRO COM ENCARGOS COMPLEMENTARES","SEDI - SERVIÇOS DIVERSOS",null,"H",22.497399999999999,25.31,569.41]
["Insumo"," 00020247 ","SINAPI","PREGO DE ACO POLIDO COM CABECA 15 X 15 (1 1/4 X 13)","Material",null,"KG",0.26190000000000002,18.02,4.72]
["Insumo"," 00002692 ","SINAPI","DESMOLDANTE PROTETOR PARA FORMAS DE MADEIRA, DE BASE OLEOSA EMULSIONADA EM AGUA","Material",null,"L",5.67E-2,10.76,0.61]
["Insumo"," 00004517 ","SINAPI","SARRAFO *2,5 X 7,5* CM EM PINUS, MISTA OU EQUIVALENTE DA REGIAO - BRUTA","Material",null,"M",4.4770000000000003,3.57,15.98]
["Insumo"," 00001358 ","SINAPI","CHAPA/PAINEL DE MADEIRA COMPENSADA RESINADA (MADEIRITE RESINADO ROSA) PARA FORMA DE CONCRETO, DE 2200 X 1100 MM, E = 17 MM","Material",null,"m²",1.3111999999999999,62.3,81.69]
[{"$nulls":4},"MO sem LS =>",1097.27,"LS =>",0,"MO com LS =>",1097.27]
[{"$nulls":4},"Valor do BDI =>",614.46,null,"Valor com BDI =>",null,3242.61]
[]
[null,"Código","Banco","Descrição","Tipo",null,"Und","Quant.","Valor Unit","Total"]
["Composição"," 97733 ","SINAPI","PEÇA RETANGULAR PRÉ-MOLDADA, VOLUME DE CONCRETO DE ATÉ 10 LITROS, TAXA DE AÇO APROXIMADA DE 30KG/M³. AF_03/2024","FUES - FUNDAÇÕES E ESTRUTURAS",null,"m³",1,3528.69,3528.69]
["Composição Auxiliar"," 90587 ","SINAPI","VIBRADOR DE IMERSÃO, DIÂMETRO DE PONTEIRA 45MM, MOTOR ELÉTRICO TRIFÁSICO POTÊNCIA DE 2 CV - CHI DIURNO. AF_06/2015","CHOR - CUSTOS HORÁRIOS DE MÁQUINAS E EQUIPAMENTOS",null,"CHI",18.091699999999999,0.49,8.86]
["Composição Auxiliar"," 90586 ","SINAPI","VIBRADOR DE IMERSÃO, DIÂMETRO DE PONTEIRA 45MM, MOTOR ELÉTRICO TRIFÁSICO POTÊNCIA DE 2 CV - CHP DIURNO. AF_06/2015","CHOR - CUSTOS HORÁRIOS DE MÁQUINAS E EQUIPAMENTOS",null,"CHP",6.6349999999999998,1.27,8.43]
["Composição Auxiliar"," 88309 ","SINAPI","PEDREIRO COM ENCARGOS COMPLEMENTARES","SEDI - SERVIÇOS DIVERSOS",null,"H",31.992999999999999,25.31,809.74]
["Composição Auxiliar"," 91692 ","SINAPI","SERRA CIRCULAR DE BANCADA COM MOTOR ELÉTRICO POTÊNCIA DE 5HP, COM COIFA PARA DISCO 10\" - CHP DIURNO. AF_08/2015","CHOR - CUSTOS HORÁRIOS DE MÁQUINAS E EQUIPAMENTOS",null,"CHP",0.77359999999999995,35.159999999999997,27.2]
["Composição Auxiliar"," 88261 ","SINAPI","CARPINTEIRO DE ESQUADRIA COM ENCARGOS COMPLEMENTARES","SEDI - SERVIÇOS DIVERSOS",null,"H",9.0685000000000002,23.79,215.74]
["Composição Auxiliar"," 92767 ","SINAPI","ARMAÇÃO DE LAJE DE ESTRUTURA CONVENCIONAL DE CONCRETO ARMADO UTILIZANDO AÇO CA-60 DE 4,2 MM - MONTAGEM. AF_06/2022","FUES - FUNDAÇÕES E ESTRUTURAS",null,"KG",42.646299999999997,16,682.34]
["Composição Auxiliar"," 94971 ","SINAPI","CONCRETO FCK = 25MPA, TRAÇO 1:2,3:2,7 (EM MASSA SECA DE CIMENTO/ AREIA MÉDIA/ BRITA 1) - PREPARO MECÂNICO COM BETONEIRA 600 L. AF_05/2021","FUES - FUNDAÇÕES E ESTRUTURAS",null,"m³",1.2,747.7,897.24]
["Composição Auxiliar"," 88316 ","SINAPI","SERVENTE COM ENCARGOS COMPLEMENTARES","SEDI - SERVIÇOS DIVERSOS",null,"H",31.992999999999999,18.989999999999998,607.54999999999995]
["Composição Auxiliar"," 88239 ","SINAPI","AJUDANTE DE CARPINTEIRO COM ENCARGOS COMPLEMENTARES","SEDI - SERVIÇOS DIVERSOS",null,"H",1.8137000000000001,20.89,37.89]
["Composição Auxiliar"," 91693 ","SINAPI","SERRA CIRCULAR DE BANCADA COM MOTOR ELÉTRICO POTÊNCIA DE 5HP, COM COIFA PARA DISCO 10\" - CHI DIURNO. AF_08/2015","CHOR - CUSTOS HORÁRIOS DE MÁQUINAS E EQUIPAMENTOS",null,"CHI",1.0401,33.85,35.21]
["Insumo"," 00002692 ","SINAPI","DESMOLDANTE PROTETOR PARA FORMAS DE MADEIRA, DE BASE OLEOSA EMULSIONADA EM AGUA","Material",null,"L",0.12,10.76,1.29]
["Insumo"," 00001358 ","SINAPI","CHAPA/PAINEL DE MADEIRA COMPENSADA RESINADA (MADEIRITE RESINADO ROSA) PARA FORMA DE CONCRETO, DE 2200 X 1100 MM, E = 17 MM","Material",null,"m²",2.9790000000000001,62.3,185.59]
["Insumo"," 00020247 ","SINAPI","PREGO DE ACO POLIDO COM CABECA 15 X 15 (1 1/4 X 13)","Material",null,"KG",0.64449999999999996,18.02,11.61]
[{"$nulls":4},"MO sem LS =>",1654.64,"LS =>",0,"MO com LS =>",1654.64]
[{"$nulls":4},"Valor do BDI =>",825.01,null,"Valor com BDI =>",null,4353.7]
[]
[null,"Código","Banco","Descrição","Tipo",null,"Und","Quant.","Valor Unit","Total"]
["Composição"," 88310 ","SINAPI","PINTOR COM ENCARGOS COMPLEMENTARES","SEDI - SERVIÇOS DIVERSOS",null,"H",1,26.8,26.8]
["Composição Auxiliar"," 95372 ","SINAPI","CURSO DE CAPACITAÇÃO PARA PINTOR (ENCARGOS COMPLEMENTARES) - HORISTA","SEDI - SERVIÇOS DIVERSOS",null,"H",1,0.35,0.35]
["Insumo"," 00037370 ","SINAPI","ALIMENTACAO - HORISTA (COLETADO CAIXA - ENCARGOS COMPLEMENTARES)","Material",null,"H",1,0.53,0.53]
["Insumo"," 00043490 ","SINAPI","EPI - FAMILIA PINTOR - HORISTA (ENCARGOS COMPLEMENTARES - COLETADO CAIXA)","Material",null,"H",1,1.73,1.73]
["Insumo"," 00037372 ","SINAPI","EXAMES - HORISTA (COLETADO CAIXA - ENCARGOS COMPLEMENTARES)","Material",null,"H",1,1.34,1.34]
["Insumo"," 00037371 ","SINAPI","TRANSPORTE - HORISTA (COLETADO CAIXA - ENCARGOS COMPLEMENTARES)","Material",null,"H",1,0.5,0.5]
["Insumo"," 00037373 ","SINAPI","SEGURO - HORISTA (COLETADO CAIXA - ENCARGOS COMPLEMENTARES)","Material",null,"H",1,0.01,0.01]
["Insumo"," 00043466 ","SINAPI","FERRAMENTAS - FAMILIA PINTOR - HORISTA (ENCARGOS COMPLEMENTARES - COLETADO CAIXA)","Material",null,"H",1,1.97,1.97]
["Insumo"," 00004783 ","SINAPI","PINTOR (HORISTA)","Mão de Obra",null,"H",1,20.37,20.37]
[{"$nulls":4},"MO sem LS =>",20.72,"LS =>",0,"MO com LS =>",20.72]
[{"$nulls":4},"Valor do BDI =>",6.27,null,"Valor com BDI =>",null,33.07]
[]
[null,"Código","Banco","Descrição","Tipo",null,"Und","Quant.","Valor Unit","Total"]
["Composição"," 88489 ","SINAPI","PINTURA LÁTEX ACRÍLICA PREMIUM, APLICAÇÃO MANUAL EM PAREDES, DUAS DEMÃOS. AF_04/2023","PINT - PINTURAS",null,"m²",1,13.14,13.14]
["Composição Auxiliar"," 88316 ","SINAPI","SERVENTE COM ENCARGOS COMPLEMENTARES","SEDI - SERVIÇOS DIVERSOS",null,"H",5.4399999999999997E-2,18.989999999999998,1.03]
["Composição Auxiliar"," 88310 ","SINAPI","PINTOR COM ENCARGOS COMPLEMENTARES","SEDI - SERVIÇOS DIVERSOS",null,"H",0.16309999999999999,26.8,4.37]
["Insumo"," 00007356 ","SINAPI","TINTA LATEX ACRILICA PREMIUM, COR BRANCO FOSCO","Material",null,"L",0.22850000000000001,33.89,7.74]
[{"$nulls":4},"MO sem LS =>",4.18,"LS =>",0,"MO com LS =>",4.18]
[{"$nulls":4},"Valor do BDI =>",3.07,null,"Valor com BDI =>",null,16.21]
[]
[null,"Código","Banco","Descrição","Tipo",null,"Und","Quant.","Valor Unit","Total"]
["Composição"," 98679 ","SINAPI","PISO CIMENTADO, TRAÇO 1:3 (CIMENTO E AREIA), ACABAMENTO LISO, ESPESSURA 2,0 CM, PREPARO MECÂNICO DA ARGAMASSA. AF_09/2020","PISO - PISOS",null,"m²",1,42.21,42.21]
["Composição Auxiliar"," 88309 ","SINAPI","PEDREIRO COM ENCARGOS COMPLEMENTARES","SEDI - SERVIÇOS DIVERSOS",null,"H",0.35399999999999998,25.31,8.9600000000000009]
["Composição Auxiliar"," 87298 ","SINAPI","ARGAMASSA TRAÇO 1:3 (EM VOLUME DE CIMENTO E AREIA MÉDIA ÚMIDA) PARA CONTRAPISO, PREPARO MECÂNICO COM BETONEIRA 400 L. AF_08/2019","SEDI - SERVIÇOS DIVERSOS",null,"m³",3.1E-2,877.69,27.21]
["Composição Auxiliar"," 88316 ","SINAPI","SERVENTE COM ENCARGOS COMPLEMENTARES","SEDI - SERVIÇOS DIVERSOS",null,"H",0.17699999999999999,18.989999999999998,3.36]
["Insumo"," 00001379 ","SINAPI","CIMENTO PORTLAND COMPOSTO CP II-32","Material",null,"KG",0.5,1.05,0.53]
["Insumo"," 00003671 ","SINAPI","JUNTA PLASTICA DE DILATACAO PARA PISOS, COR CINZA, 17 X 3 MM (ALTURA X ESPESSURA)","Material",null,"M",1.67,1.29,2.15]
[{"$nulls":4},"MO sem LS =>",12.07,"LS =>",0,"MO com LS =>",12.07]
[{"$nulls":4},"Valor do BDI =>",9.8699999999999992,null,"Valor com BDI =>",null,52.08]
[]
[null,"Código","Banco","Descrição","Tipo",null,"Und","Quant.","Valor Unit","Total"]
["Composição"," 89957 ","SINAPI","PONTO DE CONSUMO TERMINAL DE ÁGUA FRIA (SUBRAMAL) COM TUBULAÇÃO DE PVC, DN 25 MM, INSTALADO EM RAMAL DE ÁGUA, INCLUSOS RASGO E CHUMBAMENTO EM ALVENARIA. AF_12/2014","INHI - INSTALAÇÕES HIDROS SANITÁRIAS",null,"UN",1,125.92,125.92]
["Composição Auxiliar"," 89356 ","SINAPI","TUBO, PVC, SOLDÁVEL, DE 25MM, INSTALADO EM RAMAL OU SUB-RAMAL DE ÁGUA - FORNECIMENTO E INSTALAÇÃO. AF_06/2022","INHI - INSTALAÇÕES HIDROS SANITÁRIAS",null,"M",2.14,20.84,44.6]
["Composição Auxiliar"," 89395 ","SINAPI","TE, PVC, SOLDÁVEL, DN 25MM, INSTALADO EM RAMAL OU SUB-RAMAL DE ÁGUA - FORNECIMENTO E INSTALAÇÃO. AF_06/2022","INHI - INSTALAÇÕES HIDROS SANITÁRIAS",null,"UN",0.89,11.65,10.37]
["Composição Auxiliar"," 90443 ","SINAPI","RASGO LINEAR MANUAL EM ALVENARIA, PARA RAMAIS/ DISTRIBUIÇÃO DE INSTALAÇÕES HIDRÁULICAS, DIÂMETROS MENORES OU IGUAIS A 40 MM. AF_09/2023","INHI - INSTALAÇÕES HIDROS SANITÁRIAS",null,"M",2.14,7.11,15.22]
["Composição Auxiliar"," 89366 ","SINAPI","JOELHO 90 GRAUS COM BUCHA DE LATÃO, PVC, SOLDÁVEL, DN 25MM, X 3/4  INSTALADO EM RAMAL OU SUB-RAMAL DE ÁGUA - FORNECIMENTO E INSTALAÇÃO. AF_06/2022","INHI - INSTALAÇÕES HIDROS SANITÁRIAS",null,"UN",1,13.9,13.9]
["Composição Auxiliar"," 89362 ","SINAPI","JOELHO 90 GRAUS, PVC, SOLDÁVEL, DN 25MM, INSTALADO EM RAMAL OU SUB-RAMAL DE ÁGUA - FORNECIMENTO E INSTALAÇÃO. AF_06/2022","INHI - INSTALAÇÕES HIDROS SANITÁRIAS",null,"UN",1.18,8.4700000000000006,9.99]
["Composição Auxiliar"," 90466 ","SINAPI","CHUMBAMENTO LINEAR EM ALVENARIA PARA RAMAIS/DISTRIBUIÇÃO DE INSTALAÇÕES HIDRÁULICAS COM DIÂMETROS MENORES OU IGUAIS A 40 MM. AF_09/2023","INHI - INSTALAÇÕES HIDROS SANITÁRIAS",null,"M",2.14,14.88,31.84]
[{"$nulls":4},"MO sem LS =>",82.58,"LS =>",0,"MO com LS =>",82.58]
[{"$nulls":4},"Valor do BDI =>",29.44,null,"Valor com BDI =>",null,155.36000000000001]
[]
[null,"Código","Banco","Descrição","Tipo",null,"Und","Quant.","Valor Unit","Total"]
["Composição"," 90822 ","SINAPI","PORTA DE MADEIRA PARA PINTURA, SEMI-OCA (LEVE OU MÉDIA), 80X210CM, ESPESSURA DE 3,5CM, INCLUSO DOBRADIÇAS - FORNECIMENTO E INSTALAÇÃO. AF_12/2019","ESQV - ESQUADRIAS/FERRAGENS/VIDROS",null,"UN",1,358.61,358.61]
["Composição Auxiliar"," 88261 ","SINAPI","CARPINTEIRO DE ESQUADRIA COM ENCARGOS COMPLEMENTARES","SEDI - SERVIÇOS DIVERSOS",null,"H",1.546,23.79,36.78]
["Composição Auxiliar"," 88316 ","SINAPI","SERVENTE COM ENCARGOS COMPLEMENTARES","SEDI - SERVIÇOS DIVERSOS",null,"H",0.77300000000000002,18.989999999999998,14.68]
["Insumo"," 00010555 ","SINAPI","PORTA DE MADEIRA, FOLHA MEDIA (NBR 15930) DE 800 X 2100 MM, DE 35 MM A 40 MM DE ESPESSURA, NUCLEO SEMI-SOLIDO (SARRAFEADO), CAPA LISA EM HDF, ACABAMENTO EM PRIMER PARA PINTURA","Material",null,"UN",1,252.92,252.92]
["Insumo"," 00002432 ","SINAPI","DOBRADICA EM ACO/FERRO, 3 1/2\" X 3\", E= 1,9 A 2 MM, COM ANEL, CROMADO OU ZINCADO, TAMPA BOLA, COM PARAFUSOS","Material",null,"UN",3,17.55,52.65]
["Insumo"," 00011055 ","SINAPI","PARAFUSO ROSCA SOBERBA ZINCADO CABECA CHATA FENDA SIMPLES 3,5 X 25 MM (1 \")","Material",null,"UN",19.8,0.08,1.58]
[{"$nulls":4},"MO sem LS =>",41.47,"LS =>",0,"MO com LS =>",41.47]
[{"$nulls":4},"Valor do BDI =>",83.84,null,"Valor com BDI =>",null,442.45]
[]
[null,"Código","Banco","Descrição","Tipo",null,"Und","Quant.","Valor Unit","Total"]
["Composição"," 91341 ","SINAPI","PORTA EM ALUMÍNIO DE ABRIR TIPO VENEZIANA COM GUARNIÇÃO, FIXAÇÃO COM PARAFUSOS - FORNECIMENTO E INSTALAÇÃO. AF_12/2019","ESQV - ESQUADRIAS/FERRAGENS/VIDROS",null,"m²",1,684.17,684.17]
["Composição Auxiliar"," 88316 ","SINAPI","SERVENTE COM ENCARGOS COMPLEMENTARES","SEDI - SERVIÇOS DIVERSOS",null,"H",0.191,18.989999999999998,3.63]
["Composição Auxiliar"," 88309 ","SINAPI","PEDREIRO COM ENCARGOS COMPLEMENTARES","SEDI - SERVIÇOS DIVERSOS",null,"H",0.3826,25.31,9.68]
["Insumo"," 00036888 ","SINAPI","GUARNICAO / MOLDURA / ARREMATE DE ACABAMENTO PARA ESQUADRIA, EM ALUMINIO PERFIL 25, ACABAMENTO ANODIZADO BRANCO OU BRILHANTE, PARA 1 FACE","Material",null,"M",6.8503999999999996,29.05,199]
["Insumo"," 00007568 ","SINAPI","BUCHA DE NYLON SEM ABA S10, COM PARAFUSO DE 6,10 X 65 MM EM ACO ZINCADO COM ROSCA SOBERBA, CABECA CHATA E FENDA PHILLIPS","Material",null,"UN",4.8166000000000002,0.79,3.81]
["Insumo"," 00039025 ","SINAPI","PORTA DE ABRIR, TIPO VENEZIANA, EM ALUMINIO, ACABAMENTO ANODIZADO NATURAL, 90 CM X 210 CM (LARGURA X ALTURA), SEM GUARNICAO/ALIZAR/VISTA","Material",null,"UN",0.54730000000000001,768.55,420.63]
["Insumo"," 00000142 ","SINAPI","SELANTE ELASTICO MONOCOMPONENTE A BASE DE POLIURETANO (PU) PARA JUNTAS DIVERSAS","Material",null,"310ML",0.88290000000000002,53.71,47.42]
[{"$nulls":4},"MO sem LS =>",10.78,"LS =>",0,"MO com LS =>",10.78]
[{"$nulls":4},"Valor do BDI =>",159.96,null,"Valor com BDI =>",null,844.13]
[]
[null,"Código","Banco","Descrição","Tipo",null,"Und","Quant.","Valor Unit","Total"]
["Composição"," 101616 ","SINAPI","PREPARO DE FUNDO DE VALA COM LARGURA MENOR QUE 1,5 M (ACERTO DO SOLO NATURAL). AF_08/2020","MOVT - MOVIMENTO DE TERRA",null,"m²",1,5.77,5.77]
["Composição Auxiliar"," 88309 ","SINAPI","PEDREIRO COM ENCARGOS COMPLEMENTARES","SEDI - SERVIÇOS DIVERSOS",null,"H",0.10199999999999999,25.31,2.58]
["Composição Auxiliar"," 91533 ","SINAPI","COMPACTADOR DE SOLOS DE PERCUSSÃO (SOQUETE) COM MOTOR A GASOLINA 4 TEMPOS, POTÊNCIA 4 CV - CHP DIURNO. AF_08/2015","CHOR - CUSTOS HORÁRIOS DE MÁQUINAS E EQUIPAMENTOS",null,"CHP",3.5999999999999999E-3,41.9,0.15]
["Composição Auxiliar"," 88316 ","SINAPI","SERVENTE COM ENCARGOS COMPLEMENTARES","SEDI - SERVIÇOS DIVERSOS",null,"H",0.15310000000000001,18.989999999999998,2.91]
["Composição Auxiliar"," 91534 ","SINAPI","COMPACTADOR DE SOLOS DE PERCUSSÃO (SOQUETE) COM MOTOR A GASOLINA 4 TEMPOS, POTÊNCIA 4 CV - CHI DIURNO. AF_08/2015","CHOR - CUSTOS HORÁRIOS DE MÁQUINAS E EQUIPAMENTOS",null,"CHI",3.5999999999999999E-3,34.78,0.13]
[{"$nulls":4},"MO sem LS =>",4.5999999999999996,"LS =>",0,"MO com LS =>",4.5999999999999996]
[{"$nulls":4},"Valor do BDI =>",1.35,null,"Valor com BDI =>",null,7.12]
[]
[null,"Código","Banco","Descrição","Tipo",null,"Und","Quant.","Valor Unit","Total"]
["Composição"," 101618 ","SINAPI","PREPARO DE FUNDO DE VALA COM LARGURA MENOR QUE 1,5 M, COM CAMADA DE AREIA, LANÇAMENTO MANUAL. AF_08/2020","MOVT - MOVIMENTO DE TERRA",null,"m³",1,279.08999999999997,279.08999999999997]
["Composição Auxiliar"," 88309 ","SINAPI","PEDREIRO COM ENCARGOS COMPLEMENTARES","SEDI - SERVIÇOS DIVERSOS",null,"H",2.0219,25.31,51.17]
["Composição Auxiliar"," 88316 ","SINAPI","SERVENTE COM ENCARGOS COMPLEMENTARES","SEDI - SERVIÇOS DIVERSOS",null,"H",3.0329000000000002,18.989999999999998,57.59]
["Composição Auxiliar"," 91534 ","SINAPI","COMPACTADOR DE SOLOS DE PERCUSSÃO (SOQUETE) COM MOTOR A GASOLINA 4 TEMPOS, POTÊNCIA 4 CV - CHI DIURNO. AF_08/2015","CHOR - CUSTOS HORÁRIOS DE MÁQUINAS E EQUIPAMENTOS",null,"CHI",6.6600000000000006E-2,34.78,2.3199999999999998]
["Composição Auxiliar"," 91533 ","SINAPI","COMPACTADOR DE SOLOS DE PERCUSSÃO (SOQUETE) COM MOTOR A GASOLINA 4 TEMPOS, POTÊNCIA 4 CV - CHP DIURNO. AF_08/2015","CHOR - CUSTOS HORÁRIOS DE MÁQUINAS E EQUIPAMENTOS",null,"CHP",7.1800000000000003E-2,41.9,3.01]
["Insumo"," 00000370 ","SINAPI","AREIA MEDIA - POSTO JAZIDA/FORNECEDOR (RETIRADO NA JAZIDA, SEM TRANSPORTE)","Material",null,"m³",1.1000000000000001,150,165]
[{"$nulls":4},"MO sem LS =>",90.91,"LS =>",0,"MO com LS =>",90.91]
[{"$nulls":4},"Valor do BDI =>",65.25,null,"Valor com BDI =>",null,344.34]
[]
[null,"Código","Banco","Descrição","Tipo",null,"Und","Quant.","Valor Unit","Total"]
["Composição"," 101619 ","SINAPI","PREPARO DE FUNDO DE VALA COM LARGURA MENOR QUE 1,5 M, COM CAMADA DE BRITA, LANÇAMENTO MANUAL. AF_08/2020","MOVT - MOVIMENTO DE TERRA",null,"m³",1,543.75,543.75]
["Composição Auxiliar"," 91533 ","SINAPI","COMPACTADOR DE SOLOS DE PERCUSSÃO (SOQUETE) COM MOTOR A GASOLINA 4 TEMPOS, POTÊNCIA 4 CV - CHP DIURNO. AF_08/2015","CHOR - CUSTOS HORÁRIOS DE MÁQUINAS E EQUIPAMENTOS",null,"CHP",7.1800000000000003E-2,41.9,3.01]
["Composição Auxiliar"," 88316 ","SINAPI","SERVENTE COM ENCARGOS COMPLEMENTARES","SEDI - SERVIÇOS DIVERSOS",null,"H",3.7406999999999999,18.989999999999998,71.040000000000006]
["Composição Auxiliar"," 91534 ","SINAPI","COMPACTADOR DE SOLOS DE PERCUSSÃO (SOQUETE) COM MOTOR A GASOLINA 4 TEMPOS, POTÊNCIA 4 CV - CHI DIURNO. AF_08/2015","CHOR - CUSTOS HORÁRIOS DE MÁQUINAS E EQUIPAMENTOS",null,"CHI",6.6600000000000006E-2,34.78,2.3199999999999998]
["Composição Auxiliar"," 88309 ","SINAPI","PEDREIRO COM ENCARGOS COMPLEMENTARES","SEDI - SERVIÇOS DIVERSOS",null,"H",2.4937999999999998,25.31,63.12]
["Insumo"," 00004720 ","SINAPI","PEDRA BRITADA N. 0, OU PEDRISCO (4,8 A 9,5 MM) POSTO PEDREIRA/FORNECEDOR, SEM FRETE","Material",null,"m³",1.1000000000000001,367.51,404.26]
[{"$nulls":4},"MO sem LS =>",111.15,"LS =>",0,"MO com LS =>",111.15]
[{"$nulls":4},"Valor do BDI =>",127.13,null,"Valor com BDI =>",null,670.88]
[]
[null,"Código","Banco","Descrição","Tipo",null,"Und","Quant.","Valor Unit","Total"]
["Composição"," 5212552 ","SICRO3","Pintura eletrostática a pó com tinta poliéster em chapa de aço","",null,"m²",1,17.510000000000002,17.510000000000002]
["A","Código","Banco","Equipamentos","Quantidade","Utilização",null,"Custo Horário",null,"Custo Horário Total"]
[{"$nulls":5},"Operativa","Improdutiva","Operativa","Improdutiva"]
["Insumo"," E9076 ","SICRO3","Equipamento para pintura eletrostática com cabine dupla de 7,00 kW e estufa de 80.000 kCal",1,1,0,47.197000000000003,41.335299999999997,47.197000000000003]
["Insumo"," E9753 ","SICRO3","Grupo gerador - 23 kVA",1,1,0,27.283200000000001,5.5841000000000003,27.283200000000001]
[{"$nulls":5},"Custo horário total de equipamentos",null,null,null,74.480199999999996]
["B","Código","Banco","Mão de Obra","Quantidade","Custo Horário",null,null,null,"Custo Horário Total"]
["Insumo"," P9822 ","SICRO3","Pintor",2,null,null,null,"27,7767","55,5534"]
["Insumo"," P9801 ","SICRO3","Ajudante",1,null,null,null,"22,8303","22,8303"]
[{"$nulls":5},"Custo horário total de mão de obra",null,null,null,78.383700000000005]
[{"$nulls":5},"Custo horário total de execução",null,null,null,152.8639]
[{"$nulls":5},"Produção de equipe",null,null,null,19.149999999999999]
[{"$nulls":5},"Custo unitário de execução",null,null,null,7.9824000000000002]
[{"$nulls":5},"Custo do FIC",null,null,null,0]
[{"$nulls":5},"Custo do FIT",null,null,null,0]
["C","Código","Banco","MATERIAL","Quantidade","Unidade","Preço Unitário",null,null,"Custo Horário"]
["Insumo"," M3153 ","SICRO3","Tinta em pó à base de resina poliéster",0.112,"kg","85,0521",null,null,"9,5258"]
[{"$nulls":5},"Custo unitário total de material",null,null,null,9.5258000000000003]
["E","Tempo Fixo","Banco","Descrição","Carga","Quantidade","Unidade","Preço Unitário",null,"Custo Horário"]
["Composição"," 5914655 ","SICRO3","Carga, manobra e descarga de materiais diversos em caminhão carroceria de 15 t - carga e descarga manuais","M3153",1.1E-4,"t",33.5,null,3.7000000000000002E-3]
[{"$nulls":5},"Custo Total dos Tempos Fixos",null,null,null,3.7000000000000002E-3]
["F","Momento de Transporte","Banco","Descrição","Quantidade","Distância Média de Transporte (DMT)",null,null,null,"Custo Horário"]
[{"$nulls":5},"LN","RP","P","FE"]
["Insumo","M3153","SICRO3","Tinta em pó à base de resina poliéster",1.1E-4,"5914449\n0,00\n1,15\n0,0000","5914464\n0,00\n0,92\n0,0000","5914479\n0,00\n0,72\n0,0000","--",0]
[{"$nulls":5},"Custo total de transporte",null,null,null,0]
[{"$nulls":4},"MO sem LS =>",4.09,"LS =>",0,"MO com LS =>",4.0931436031331589]
[{"$nulls":4},"Valor do BDI =>",4.09,null,"Valor com BDI =>",null,21.6]
[]
[null,"Código","Banco","Descrição","Tipo",null,"Und","Quant.","Valor Unit","Total"]
["Composição"," 101876 ","SINAPI","QUADRO DE DISTRIBUIÇÃO DE ENERGIA EM PVC, DE EMBUTIR, SEM BARRAMENTO, PARA 6 DISJUNTORES - FORNECIMENTO E INSTALAÇÃO. AF_10/2020","INEL - INSTALAÇÃO ELÉTRICA/ELETRIFICAÇÃO E ILUMINAÇÃO EXTERNA",null,"UN",1,82.47,82.47]
["Composição Auxiliar"," 88247 ","SINAPI","AUXILIAR DE ELETRICISTA COM ENCARGOS COMPLEMENTARES","SEDI - SERVIÇOS DIVERSOS",null,"H",0.32590000000000002,21.44,6.99]
["Composição Auxiliar"," 88264 ","SINAPI","ELETRICISTA COM ENCARGOS COMPLEMENTARES","SEDI - SERVIÇOS DIVERSOS",null,"H",0.32590000000000002,27.9,9.09]
["Composição Auxiliar"," 87367 ","SINAPI","ARGAMASSA TRAÇO 1:1:6 (EM VOLUME DE CIMENTO, CAL E AREIA MÉDIA ÚMIDA) PARA EMBOÇO/MASSA ÚNICA/ASSENTAMENTO DE ALVENARIA DE VEDAÇÃO, PREPARO MANUAL. AF_08/2019","SEDI - SERVIÇOS DIVERSOS",null,"m³",4.4000000000000003E-3,797.26,3.51]
["Insumo"," 00039795 ","SINAPI","QUADRO DE DISTRIBUICAO, SEM BARRAMENTO, EM PVC, DE EMBUTIR, PARA 6 DISJUNTORES NEMA OU 8 DISJUNTORES DIN","Material",null,"UN",1,62.88,62.88]
[{"$nulls":4},"MO sem LS =>",13.91,"LS =>",0,"MO com LS =>",13.91]
[{"$nulls":4},"Valor do BDI =>",19.28,null,"Valor com BDI =>",null,101.75]
[]
[null,"Código","Banco","Descrição","Tipo",null,"Und","Quant.","Valor Unit","Total"]
["Composição"," 89709 ","SINAPI","RALO SIFONADO, PVC, DN 100 X 40 MM, JUNTA SOLDÁVEL, FORNECIDO E INSTALADO EM RAMAL DE DESCARGA OU EM RAMAL DE ESGOTO SANITÁRIO. AF_08/2022","INHI - INSTALAÇÕES HIDROS SANITÁRIAS",null,"UN",1,21.16,21.16]
["Composição Auxiliar"," 88248 ","SINAPI","AUXILIAR DE ENCANADOR OU BOMBEIRO HIDRÁULICO COM ENCARGOS COMPLEMENTARES","SEDI - SERVIÇOS DIVERSOS",null,"H",0.16520000000000001,20.399999999999999,3.37]
["Composição Auxiliar"," 88267 ","SINAPI","ENCANADOR OU BOMBEIRO HIDRÁULICO COM ENCARGOS COMPLEMENTARES","SEDI - SERVIÇOS DIVERSOS",null,"H",0.16520000000000001,24.54,4.05]
["Insumo"," 00020083 ","SINAPI","SOLUCAO PREPARADORA / LIMPADORA PARA PVC, FRASCO COM 1000 CM3","Material",null,"UN",7.4999999999999997E-3,68.34,0.51]
["Insumo"," 00000122 ","SINAPI","ADESIVO PLASTICO PARA PVC, FRASCO COM *850* GR","Material",null,"UN",4.8999999999999998E-3,60.32,0.3]
["Insumo"," 00038383 ","SINAPI","LIXA D'AGUA EM FOLHA, GRAO 100","Material",null,"UN",3.5999999999999997E-2,1.9,7.0000000000000007E-2]
["Insumo"," 00011741 ","SINAPI","RALO SIFONADO CILINDRICO, PVC, 100 X 40 MM, COM GRELHA REDONDA BRANCA","Material",null,"UN",1,12.86,12.86]
[{"$nulls":4},"MO sem LS =>",6.18,"LS =>",0,"MO com LS =>",6.18]
[{"$nulls":4},"Valor do BDI =>",4.95,null,"Valor com BDI =>",null,26.11]
[]
[null,"Código","Banco","Descrição","Tipo",null,"Und","Quant.","Valor Unit","Total"]
["Composição"," 90443 ","SINAPI","RASGO LINEAR MANUAL EM ALVENARIA, PARA RAMAIS/ DISTRIBUIÇÃO DE INSTALAÇÕES HIDRÁULICAS, DIÂMETROS MENORES OU IGUAIS A 40 MM. AF_09/2023","INHI - INSTALAÇÕES HIDROS SANITÁRIAS",null,"M",1,7.11,7.11]
["Composição Auxiliar"," 88248 ","SINAPI","AUXILIAR DE ENCANADOR OU BOMBEIRO HIDRÁULICO COM ENCARGOS COMPLEMENTARES","SEDI - SERVIÇOS DIVERSOS",null,"H",6.6000000000000003E-2,20.399999999999999,1.35]
["Composição Auxiliar"," 88267 ","SINAPI","ENCANADOR OU BOMBEIRO HIDRÁULICO COM ENCARGOS COMPLEMENTARES","SEDI - SERVIÇOS DIVERSOS",null,"H",0.23480000000000001,24.54,5.76]
[{"$nulls":4},"MO sem LS =>",5.98,"LS =>",0,"MO com LS =>",5.98]
[{"$nulls":4},"Valor do BDI =>",1.66,null,"Valor com BDI =>",null,8.77]
[]
[null,"Código","Banco","Descrição","Tipo",null,"Und","Quant.","Valor Unit","Total"]
["Composição"," 93382 ","SINAPI","REATERRO MANUAL DE VALAS, COM COMPACTADOR DE SOLOS DE PERCUSSÃO. AF_08/2023","MOVT - MOVIMENTO DE TERRA",null,"m³",1,24.98,24.98]
["Composição Auxiliar"," 5901 ","SINAPI","CAMINHÃO PIPA 10.000 L TRUCADO, PESO BRUTO TOTAL 23.000 KG, CARGA ÚTIL MÁXIMA 15.935 KG, DISTÂNCIA ENTRE EIXOS 4,8 M, POTÊNCIA 230 CV, INCLUSIVE TANQUE DE AÇO PARA TRANSPORTE DE ÁGUA - CHP DIURNO. AF_06/2014","CHOR - CUSTOS HORÁRIOS DE MÁQUINAS E EQUIPAMENTOS",null,"CHP",5.4000000000000003E-3,329.97,1.78]
["Composição Auxiliar"," 91533 ","SINAPI","COMPACTADOR DE SOLOS DE PERCUSSÃO (SOQUETE) COM MOTOR A GASOLINA 4 TEMPOS, POTÊNCIA 4 CV - CHP DIURNO. AF_08/2015","CHOR - CUSTOS HORÁRIOS DE MÁQUINAS E EQUIPAMENTOS",null,"CHP",0.19620000000000001,41.9,8.2200000000000006]
["Composição Auxiliar"," 88316 ","SINAPI","SERVENTE COM ENCARGOS COMPLEMENTARES","SEDI - SERVIÇOS DIVERSOS",null,"H",0.78659999999999997,18.989999999999998,14.94]
["Composição Auxiliar"," 5903 ","SINAPI","CAMINHÃO PIPA 10.000 L TRUCADO, PESO BRUTO TOTAL 23.000 KG, CARGA ÚTIL MÁXIMA 15.935 KG, DISTÂNCIA ENTRE EIXOS 4,8 M, POTÊNCIA 230 CV, INCLUSIVE TANQUE DE AÇO PARA TRANSPORTE DE ÁGUA - CHI DIURNO. AF_06/2014","CHOR - CUSTOS HORÁRIOS DE MÁQUINAS E EQUIPAMENTOS",null,"CHI",5.9999999999999995E-4,68.67,0.04]
[{"$nulls":4},"MO sem LS =>",17.64,"LS =>",0,"MO com LS =>",17.64]
[{"$nulls":4},"Valor do BDI =>",5.84,null,"Valor com BDI =>",null,30.82]
[]
[null,"Código","Banco","Descrição","Tipo",null,"Und","Quant.","Valor Unit","Total"]
["Composição"," 89351 ","SINAPI","REGISTRO DE PRESSÃO BRUTO, LATÃO,  ROSCÁVEL, 3/4'' - FORNECIMENTO E INSTALAÇÃO. AF_08/2021","INHI - INSTALAÇÕES HIDROS SANITÁRIAS",null,"UN",1,34.369999999999997,34.369999999999997]
["Composição Auxiliar"," 88248 ","SINAPI","AUXILIAR DE ENCANADOR OU BOMBEIRO HIDRÁULICO COM ENCARGOS COMPLEMENTARES","SEDI - SERVIÇOS DIVERSOS",null,"H",0.11020000000000001,20.399999999999999,2.25]
["Composição Auxiliar"," 88267 ","SINAPI","ENCANADOR OU BOMBEIRO HIDRÁULICO COM ENCARGOS COMPLEMENTARES","SEDI - SERVIÇOS DIVERSOS",null,"H",0.11020000000000001,24.54,2.7]
["Insumo"," 00011753 ","SINAPI","REGISTRO PRESSAO BRUTO EM LATAO FORJADO, BITOLA 3/4\" (REF 1400)","Material",null,"UN",1,29.26,29.26]
["Insumo"," 00003148 ","SINAPI","FITA VEDA ROSCA EM ROLOS DE 18 MM X 50 M (L X C)","Material",null,"UN",1.06E-2,14.75,0.16]
[{"$nulls":4},"MO sem LS =>",4.12,"LS =>",0,"MO com LS =>",4.12]
[{"$nulls":4},"Valor do BDI =>",8.0399999999999991,null,"Valor com BDI =>",null,42.41]
[]
[null,"Código","Banco","Descrição","Tipo",null,"Und","Quant.","Valor Unit","Total"]
["Composição"," 5679 ","SINAPI","RETROESCAVADEIRA SOBRE RODAS COM CARREGADEIRA, TRAÇÃO 4X4, POTÊNCIA LÍQ. 88 HP, CAÇAMBA CARREG. CAP. MÍN. 1 M3, CAÇAMBA RETRO CAP. 0,26 M3, PESO OPERACIONAL MÍN. 6.674 KG, PROFUNDIDADE ESCAVAÇÃO MÁX. 4,37 M - CHI DIURNO. AF_06/2014","CHOR - CUSTOS HORÁRIOS DE MÁQUINAS E EQUIPAMENTOS",null,"CHI",1,56.45,56.45]
["Composição Auxiliar"," 88858 ","SINAPI","RETROESCAVADEIRA SOBRE RODAS COM CARREGADEIRA, TRAÇÃO 4X4, POTÊNCIA LÍQ. 88 HP, CAÇAMBA CARREG. CAP. MÍN. 1 M3, CAÇAMBA RETRO CAP. 0,26 M3, PESO OPERACIONAL MÍN. 6.674 KG, PROFUNDIDADE ESCAVAÇÃO MÁX. 4,37 M - JUROS. AF_06/2014","CHOR - CUSTOS HORÁRIOS DE MÁQUINAS E EQUIPAMENTOS",null,"H",1,6.46,6.46]
["Composição Auxiliar"," 88294 ","SINAPI","OPERADOR DE ESCAVADEIRA COM ENCARGOS COMPLEMENTARES","SEDI - SERVIÇOS DIVERSOS",null,"H",1,25.55,25.55]
["Composição Auxiliar"," 88857 ","SINAPI","RETROESCAVADEIRA SOBRE RODAS COM CARREGADEIRA, TRAÇÃO 4X4, POTÊNCIA LÍQ. 88 HP, CAÇAMBA CARREG. CAP. MÍN. 1 M3, CAÇAMBA RETRO CAP. 0,26 M3, PESO OPERACIONAL MÍN. 6.674 KG, PROFUNDIDADE ESCAVAÇÃO MÁX. 4,37 M - DEPRECIAÇÃO. AF_06/2014","CHOR - CUSTOS HORÁRIOS DE MÁQUINAS E EQUIPAMENTOS",null,"H",1,24.44,24.44]
[{"$nulls":4},"MO sem LS =>",22.3,"LS =>",0,"MO com LS =>",22.3]
[{"$nulls":4},"Valor do BDI =>",13.2,null,"Valor com BDI =>",null,69.650000000000006]
[]
[null,"Código","Banco","Descrição","Tipo",null,"Und","Quant.","Valor Unit","Total"]
["Composição"," 5678 ","SINAPI","RETROESCAVADEIRA SOBRE RODAS COM CARREGADEIRA, TRAÇÃO 4X4, POTÊNCIA LÍQ. 88 HP, CAÇAMBA CARREG. CAP. MÍN. 1 M3, CAÇAMBA RETRO CAP. 0,26 M3, PESO OPERACIONAL MÍN. 6.674 KG, PROFUNDIDADE ESCAVAÇÃO MÁX. 4,37 M - CHP DIURNO. AF_06/2014","CHOR - CUSTOS HORÁRIOS DE MÁQUINAS E EQUIPAMENTOS",null,"CHP",1,142.62,142.62]
["Composição Auxiliar"," 5664 ","SINAPI","RETROESCAVADEIRA SOBRE RODAS COM CARREGADEIRA, TRAÇÃO 4X4, POTÊNCIA LÍQ. 88 HP, CAÇAMBA CARREG. CAP. MÍN. 1 M3, CAÇAMBA RETRO CAP. 0,26 M3, PESO OPERACIONAL MÍN. 6.674 KG, PROFUNDIDADE ESCAVAÇÃO MÁX. 4,37 M - MANUTENÇÃO. AF_06/2014","CHOR - CUSTOS HORÁRIOS DE MÁQUINAS E EQUIPAMENTOS",null,"H",1,30.55,30.55]
["Composição Auxiliar"," 88294 ","SINAPI","OPERADOR DE ESCAVADEIRA COM ENCARGOS COMPLEMENTARES","SEDI - SERVIÇOS DIVERSOS",null,"H",1,25.55,25.55]
["Composição Auxiliar"," 88857 ","SINAPI","RETROESCAVADEIRA SOBRE RODAS COM CARREGADEIRA, TRAÇÃO 4X4, POTÊNCIA LÍQ. 88 HP, CAÇAMBA CARREG. CAP. MÍN. 1 M3, CAÇAMBA RETRO CAP. 0,26 M3, PESO OPERACIONAL MÍN. 6.674 KG, PROFUNDIDADE ESCAVAÇÃO MÁX. 4,37 M - DEPRECIAÇÃO. AF_06/2014","CHOR - CUSTOS HORÁRIOS DE MÁQUINAS E EQUIPAMENTOS",null,"H",1,24.44,24.44]
["Composição Auxiliar"," 53786 ","SINAPI","RETROESCAVADEIRA SOBRE RODAS COM CARREGADEIRA, TRAÇÃO 4X4, POTÊNCIA LÍQ. 88 HP, CAÇAMBA CARREG. CAP. MÍN. 1 M3, CAÇAMBA RETRO CAP. 0,26 M3, PESO OPERACIONAL MÍN. 6.674 KG, PROFUNDIDADE ESCAVAÇÃO MÁX. 4,37 M - MATERIAIS NA OPERAÇÃO. AF_06/2014","CHOR - CUSTOS HORÁRIOS DE MÁQUINAS E EQUIPAMENTOS",null,"H",1,55.62,55.62]
["Composição Auxiliar"," 88858 ","SINAPI","RETROESCAVADEIRA SOBRE RODAS COM CARREGADEIRA, TRAÇÃO 4X4, POTÊNCIA LÍQ. 88 HP, CAÇAMBA CARREG. CAP. MÍN. 1 M3, CAÇAMBA RETRO CAP. 0,26 M3, PESO OPERACIONAL MÍN. 6.674 KG, PROFUNDIDADE ESCAVAÇÃO MÁX. 4,37 M - JUROS. AF_06/2014","CHOR - CUSTOS HORÁRIOS DE MÁQUINAS E EQUIPAMENTOS",null,"H",1,6.46,6.46]
[{"$nulls":4},"MO sem LS =>",22.3,"LS =>",0,"MO com LS =>",22.3]
[{"$nulls":4},"Valor do BDI =>",33.340000000000003,null,"Valor com BDI =>",null,175.96]
[]
[null,"Código","Banco","Descrição","Tipo",null,"Und","Quant.","Valor Unit","Total"]
["Composição"," 88857 ","SINAPI","RETROESCAVADEIRA SOBRE RODAS COM CARREGADEIRA, TRAÇÃO 4X4, POTÊNCIA LÍQ. 88 HP, CAÇAMBA CARREG. CAP. MÍN. 1 M3, CAÇAMBA RETRO CAP. 0,26 M3, PESO OPERACIONAL MÍN. 6.674 KG, PROFUNDIDADE ESCAVAÇÃO MÁX. 4,37 M - DEPRECIAÇÃO. AF_06/2014","CHOR - CUSTOS HORÁRIOS DE MÁQUINAS E EQUIPAMENTOS",null,"H",1,24.44,24.44]
["Insumo"," 00036531 ","SINAPI","RETROESCAVADEIRA SOBRE RODAS COM CARREGADEIRA, TRACAO 4 X 4, POTENCIA LIQUIDA 88 HP, PESO OPERACIONAL MINIMO DE 6674 KG, CAPACIDADE DA CARREGADEIRA DE 1,00 M3 E DA RETROESCAVADEIRA MINIMA DE 0,26 M3, PROFUNDIDADE DE ESCAVACAO MAXIMA DE 4,37 M","Equipamento para Aquisição Permanente",null,"UN",5.5999999999999999E-5,436402.41,24.44]
[{"$nulls":4},"MO sem LS =>",0,"LS =>",0,"MO com LS =>",0]
[{"$nulls":4},"Valor do BDI =>",5.71,null,"Valor com BDI =>",null,30.15]
[]
[null,"Código","Banco","Descrição","Tipo",null,"Und","Quant.","Valor Unit","Total"]
["Composição"," 88858 ","SINAPI","RETROESCAVADEIRA SOBRE RODAS COM CARREGADEIRA, TRAÇÃO 4X4, POTÊNCIA LÍQ. 88 HP, CAÇAMBA CARREG. CAP. MÍN. 1 M3, CAÇAMBA RETRO CAP. 0,26 M3, PESO OPERACIONAL MÍN. 6.674 KG, PROFUNDIDADE ESCAVAÇÃO MÁX. 4,37 M - JUROS. AF_06/2014","CHOR - CUSTOS HORÁRIOS DE MÁQUINAS E EQUIPAMENTOS",null,"H",1,6.46,6.46]
["Insumo"," 00036531 ","SINAPI","RETROESCAVADEIRA SOBRE RODAS COM CARREGADEIRA, TRACAO 4 X 4, POTENCIA LIQUIDA 88 HP, PESO OPERACIONAL MINIMO DE 6674 KG, CAPACIDADE DA CARREGADEIRA DE 1,00 M3 E DA RETROESCAVADEIRA MINIMA DE 0,26 M3, PROFUNDIDADE DE ESCAVACAO MAXIMA DE 4,37 M","Equipamento para Aquisição Permanente",null,"UN",1.4800000000000001E-5,436402.41,6.46]
[{"$nulls":4},"MO sem LS =>",0,"LS =>",0,"MO com LS =>",0]
[{"$nulls":4},"Valor do BDI =>",1.51,null,"Valor com BDI =>",null,7.97]
[]
[null,"Código","Banco","Descrição","Tipo",null,"Und","Quant.","Valor Unit","Total"]
["Composição"," 5664 ","SINAPI","RETROESCAVADEIRA SOBRE RODAS COM CARREGADEIRA, TRAÇÃO 4X4, POTÊNCIA LÍQ. 88 HP, CAÇAMBA CARREG. CAP. MÍN. 1 M3, CAÇAMBA RETRO CAP. 0,26 M3, PESO OPERACIONAL MÍN. 6.674 KG, PROFUNDIDADE ESCAVAÇÃO MÁX. 4,37 M - MANUTENÇÃO. AF_06/2014","CHOR - CUSTOS HORÁRIOS DE MÁQUINAS E EQUIPAMENTOS",null,"H",1,30.55,30.55]
["Insumo"," 00036531 ","SINAPI","RETROESCAVADEIRA SOBRE RODAS COM CARREGADEIRA, TRACAO 4 X 4, POTENCIA LIQUIDA 88 HP, PESO OPERACIONAL MINIMO DE 6674 KG, CAPACIDADE DA CARREGADEIRA DE 1,00 M3 E DA RETROESCAVADEIRA MINIMA DE 0,26 M3, PROFUNDIDADE DE ESCAVACAO MAXIMA DE 4,37 M","Equipamento para Aquisição Permanente",null,"UN",6.9999999999999994E-5,436402.41,30.55]
[{"$nulls":4},"MO sem LS =>",0,"LS =>",0,"MO com LS =>",0]
[{"$nulls":4},"Valor do BDI =>",7.14,null,"Valor com BDI =>",null,37.69]
[]
[null,"Código","Banco","Descrição","Tipo",null,"Und","Quant.","Valor Unit","Total"]
["Composição"," 53786 ","SINAPI","RETROESCAVADEIRA SOBRE RODAS COM CARREGADEIRA, TRAÇÃO 4X4, POTÊNCIA LÍQ. 88 HP, CAÇAMBA CARREG. CAP. MÍN. 1 M3, CAÇAMBA RETRO CAP. 0,26 M3, PESO OPERACIONAL MÍN. 6.674 KG, PROFUNDIDADE ESCAVAÇÃO MÁX. 4,37 M - MATERIAIS NA OPERAÇÃO. AF_06/2014","CHOR - CUSTOS HORÁRIOS DE MÁQUINAS E EQUIPAMENTOS",null,"H",1,55.62,55.62]
["Insumo"," 00004221 ","SINAPI","OLEO DIESEL COMBUSTIVEL COMUM METROPOLITANO S-10 OU S-500","Material",null,"L",8.5299999999999994,6.52,55.62]
[{"$nulls":4},"MO sem LS =>",0,"LS =>",0,"MO com LS =>",0]
[{"$nulls":4},"Valor do BDI =>",13,null,"Valor com BDI =>",null,68.62]
[]
[null,"Código","Banco","Descrição","Tipo",null,"Und","Quant.","Valor Unit","Total"]
["Composição"," 87247 ","SINAPI","REVESTIMENTO CERÂMICO PARA PISO COM PLACAS TIPO ESMALTADA DE DIMENSÕES 35X35 CM APLICADA EM AMBIENTES DE ÁREA ENTRE 5 M2 E 10 M2. AF_02/2023_PE","PISO - PISOS",null,"m²",1,74,74]
["Composição Auxiliar"," 88316 ","SINAPI","SERVENTE COM ENCARGOS COMPLEMENTARES","SEDI - SERVIÇOS DIVERSOS",null,"H",0.161,18.989999999999998,3.06]
["Composição Auxiliar"," 88256 ","SINAPI","AZULEJISTA OU LADRILHISTA COM ENCARGOS COMPLEMENTARES","SEDI - SERVIÇOS DIVERSOS",null,"H",0.47389999999999999,29.04,13.76]
["Insumo"," 00034357 ","SINAPI","REJUNTE CIMENTICIO, QUALQUER COR","Material",null,"KG",0.24099999999999999,5.87,1.41]
["Insumo"," 00001381 ","SINAPI","ARGAMASSA COLANTE AC I PARA CERAMICAS","Material",null,"KG",9.1325000000000003,1,9.1300000000000008]
["Insumo"," 00001287 ","SINAPI","PISO EM CERAMICA ESMALTADA, COR LISA, PEI MAIOR OU IGUAL A 4, FORMATO MENOR OU IGUAL A 2025 CM2","Material",null,"m²",1.0616000000000001,43.93,46.64]
[{"$nulls":4},"MO sem LS =>",14.02,"LS =>",0,"MO com LS =>",14.02]
[{"$nulls":4},"Valor do BDI =>",17.3,null,"Valor com BDI =>",null,91.3]
[]
[null,"Código","Banco","Descrição","Tipo",null,"Und","Quant.","Valor Unit","Total"]
["Composição"," 87248 ","SINAPI","REVESTIMENTO CERÂMICO PARA PISO COM PLACAS TIPO ESMALTADA DE DIMENSÕES 35X35 CM APLICADA EM AMBIENTES DE ÁREA MAIOR QUE 10 M2. AF_02/2023_PE","PISO - PISOS",null,"m²",1,66.430000000000007,66.430000000000007]
["Composição Auxiliar"," 88316 ","SINAPI","SERVENTE COM ENCARGOS COMPLEMENTARES","SEDI - SERVIÇOS DIVERSOS",null,"H",0.129,18.989999999999998,2.4500000000000002]
["Composição Auxiliar"," 88256 ","SINAPI","AZULEJISTA OU LADRILHISTA COM ENCARGOS COMPLEMENTARES","SEDI - SERVIÇOS DIVERSOS",null,"H",0.24110000000000001,29.04,7]
["Insumo"," 00001287 ","SINAPI","PISO EM CERAMICA ESMALTADA, COR LISA, PEI MAIOR OU IGUAL A 4, FORMATO MENOR OU IGUAL A 2025 CM2","Material",null,"m²",1.0570999999999999,43.93,46.44]
["Insumo"," 00034357 ","SINAPI","REJUNTE CIMENTICIO, QUALQUER COR","Material",null,"KG",0.24099999999999999,5.87,1.41]
["Insumo"," 00001381 ","SINAPI","ARGAMASSA COLANTE AC I PARA CERAMICAS","Material",null,"KG",9.1325000000000003,1,9.1300000000000008]
[{"$nulls":4},"MO sem LS =>",7.82,"LS =>",0,"MO com LS =>",7.82]
[{"$nulls":4},"Valor do BDI =>",15.53,null,"Valor com BDI =>",null,81.96]
[]
[null,"Código","Banco","Descrição","Tipo",null,"Und","Quant.","Valor Unit","Total"]
["Composição"," 87246 ","SINAPI","REVESTIMENTO CERÂMICO PARA PISO COM PLACAS TIPO ESMALTADA DE DIMENSÕES 35X35 CM APLICADA EM AMBIENTES DE ÁREA MENOR QUE 5 M2. AF_02/2023_PE","PISO - PISOS",null,"m²",1,81.36,81.36]
["Composição Auxiliar"," 88256 ","SINAPI","AZULEJISTA OU LADRILHISTA COM ENCARGOS COMPLEMENTARES","SEDI - SERVIÇOS DIVERSOS",null,"H",0.67969999999999997,29.04,19.739999999999998]
["Composição Auxiliar"," 88316 ","SINAPI","SERVENTE COM ENCARGOS COMPLEMENTARES","SEDI - SERVIÇOS DIVERSOS",null,"H",0.1893,18.989999999999998,3.59]
["Insumo"," 00001287 ","SINAPI","PISO EM CERAMICA ESMALTADA, COR LISA, PEI MAIOR OU IGUAL A 4, FORMATO MENOR OU IGUAL A 2025 CM2","Material",null,"m²",1.081,43.93,47.49]
["Insumo"," 00034357 ","SINAPI","REJUNTE CIMENTICIO, QUALQUER COR","Material",null,"KG",0.24099999999999999,5.87,1.41]
["Insumo"," 00001381 ","SINAPI","ARGAMASSA COLANTE AC I PARA CERAMICAS","Material",null,"KG",9.1325000000000003,1,9.1300000000000008]
[{"$nulls":4},"MO sem LS =>",19.5,"LS =>",0,"MO com LS =>",19.5]
[{"$nulls":4},"Valor do BDI =>",19.02,null,"Valor com BDI =>",null,100.38]
[]
[null,"Código","Banco","Descrição","Tipo",null,"Und","Quant.","Valor Unit","Total"]
["Composição"," 91693 ","SINAPI","SERRA CIRCULAR DE BANCADA COM MOTOR ELÉTRICO POTÊNCIA DE 5HP, COM COIFA PARA DISCO 10\" - CHI DIURNO. AF_08/2015","CHOR - CUSTOS HORÁRIOS DE MÁQUINAS E EQUIPAMENTOS",null,"CHI",1,33.85,33.85]
["Composição Auxiliar"," 88297 ","SINAPI","OPERADOR DE MÁQUINAS E EQUIPAMENTOS COM ENCARGOS COMPLEMENTARES","SEDI - SERVIÇOS DIVERSOS",null,"H",1,33.729999999999997,33.729999999999997]
["Composição Auxiliar"," 91689 ","SINAPI","SERRA CIRCULAR DE BANCADA COM MOTOR ELÉTRICO POTÊNCIA DE 5HP, COM COIFA PARA DISCO 10\" - JUROS. AF_08/2015","CHOR - CUSTOS HORÁRIOS DE MÁQUINAS E EQUIPAMENTOS",null,"H",1,0.02,0.02]
["Composição Auxiliar"," 91688 ","SINAPI","SERRA CIRCULAR DE BANCADA COM MOTOR ELÉTRICO POTÊNCIA DE 5HP, COM COIFA PARA DISCO 10\" - DEPRECIAÇÃO. AF_08/2015","CHOR - CUSTOS HORÁRIOS DE MÁQUINAS E EQUIPAMENTOS",null,"H",1,0.1,0.1]
[{"$nulls":4},"MO sem LS =>",30.48,"LS =>",0,"MO com LS =>",30.48]
[{"$nulls":4},"Valor do BDI =>",7.91,null,"Valor com BDI =>",null,41.76]
[]
[null,"Código","Banco","Descrição","Tipo",null,"Und","Quant.","Valor Unit","Total"]
["Composição"," 91692 ","SINAPI","SERRA CIRCULAR DE BANCADA COM MOTOR ELÉTRICO POTÊNCIA DE 5HP, COM COIFA PARA DISCO 10\" - CHP DIURNO. AF_08/2015","CHOR - CUSTOS HORÁRIOS DE MÁQUINAS E EQUIPAMENTOS",null,"CHP",1,35.159999999999997,35.159999999999997]
["Composição Auxiliar"," 88297 ","SINAPI","OPERADOR DE MÁQUINAS E EQUIPAMENTOS COM ENCARGOS COMPLEMENTARES","SEDI - SERVIÇOS DIVERSOS",null,"H",1,33.729999999999997,33.729999999999997]
["Composição Auxiliar"," 91691 ","SINAPI","SERRA CIRCULAR DE BANCADA COM MOTOR ELÉTRICO POTÊNCIA DE 5HP, COM COIFA PARA DISCO 10\" - MATERIAIS NA OPERAÇÃO. AF_08/2015","CHOR - CUSTOS HORÁRIOS DE MÁQUINAS E EQUIPAMENTOS",null,"H",1,1.24,1.24]
["Composição Auxiliar"," 91690 ","SINAPI","SERRA CIRCULAR DE BANCADA COM MOTOR ELÉTRICO POTÊNCIA DE 5HP, COM COIFA PARA DISCO 10\" - MANUTENÇÃO. AF_08/2015","CHOR - CUSTOS HORÁRIOS DE MÁQUINAS E EQUIPAMENTOS",null,"H",1,7.0000000000000007E-2,7.0000000000000007E-2]
["Composição Auxiliar"," 91689 ","SINAPI","SERRA CIRCULAR DE BANCADA COM MOTOR ELÉTRICO POTÊNCIA DE 5HP, COM COIFA PARA DISCO 10\" - JUROS. AF_08/2015","CHOR - CUSTOS HORÁRIOS DE MÁQUINAS E EQUIPAMENTOS",null,"H",1,0.02,0.02]
["Composição Auxiliar"," 91688 ","SINAPI","SERRA CIRCULAR DE BANCADA COM MOTOR ELÉTRICO POTÊNCIA DE 5HP, COM COIFA PARA DISCO 10\" - DEPRECIAÇÃO. AF_08/2015","CHOR - CUSTOS HORÁRIOS DE MÁQUINAS E EQUIPAMENTOS",null,"H",1,0.1,0.1]
[{"$nulls":4},"MO sem LS =>",30.48,"LS =>",0,"MO com LS =>",30.48]
[{"$nulls":4},"Valor do BDI =>",8.2200000000000006,null,"Valor com BDI =>",null,43.38]
[]
[null,"Código","Banco","Descrição","Tipo",null,"Und","Quant.","Valor Unit","Total"]
["Composição"," 91688 ","SINAPI","SERRA CIRCULAR DE BANCADA COM MOTOR ELÉTRICO POTÊNCIA DE 5HP, COM COIFA PARA DISCO 10\" - DEPRECIAÇÃO. AF_08/2015","CHOR - CUSTOS HORÁRIOS DE MÁQUINAS E EQUIPAMENTOS",null,"H",1,0.1,0.1]
["Insumo"," 00014618 ","SINAPI","SERRA CIRCULAR DE BANCADA COM MOTOR ELETRICO, POTENCIA DE *1600* W, PARA DISCO DE DIAMETRO DE 10\" (250 MM)","Equipamento para Aquisição Permanente",null,"UN",7.2000000000000002E-5,1368.55,0.1]
[{"$nulls":4},"MO sem LS =>",0,"LS =>",0,"MO com LS =>",0]
[{"$nulls":4},"Valor do BDI =>",0.02,null,"Valor com BDI =>",null,0.12]
[]
[null,"Código","Banco","Descrição","Tipo",null,"Und","Quant.","Valor Unit","Total"]
["Composição"," 91689 ","SINAPI","SERRA CIRCULAR DE BANCADA COM MOTOR ELÉTRICO POTÊNCIA DE 5HP, COM COIFA PARA DISCO 10\" - JUROS. AF_08/2015","CHOR - CUSTOS HORÁRIOS DE MÁQUINAS E EQUIPAMENTOS",null,"H",1,0.02,0.02]
["Insumo"," 00014618 ","SINAPI","SERRA CIRCULAR DE BANCADA COM MOTOR ELETRICO, POTENCIA DE *1600* W, PARA DISCO DE DIAMETRO DE 10\" (250 MM)","Equipamento para Aquisição Permanente",null,"UN",1.4800000000000001E-5,1368.55,0.02]
[{"$nulls":4},"MO sem LS =>",0,"LS =>",0,"MO com LS =>",0]
[{"$nulls":4},"Valor do BDI =>",0,null,"Valor com BDI =>",null,0.02]
[]
[null,"Código","Banco","Descrição","Tipo",null,"Und","Quant.","Valor Unit","Total"]
["Composição"," 91690 ","SINAPI","SERRA CIRCULAR DE BANCADA COM MOTOR ELÉTRICO POTÊNCIA DE 5HP, COM COIFA PARA DISCO 10\" - MANUTENÇÃO. AF_08/2015","CHOR - CUSTOS HORÁRIOS DE MÁQUINAS E EQUIPAMENTOS",null,"H",1,7.0000000000000007E-2,7.0000000000000007E-2]
["Insumo"," 00014618 ","SINAPI","SERRA CIRCULAR DE BANCADA COM MOTOR ELETRICO, POTENCIA DE *1600* W, PARA DISCO DE DIAMETRO DE 10\" (250 MM)","Equipamento para Aquisição Permanente",null,"UN",5.0000000000000002E-5,1368.55,7.0000000000000007E-2]
[{"$nulls":4},"MO sem LS =>",0,"LS =>",0,"MO com LS =>",0]
[{"$nulls":4},"Valor do BDI =>",0.02,null,"Valor com BDI =>",null,0.09]
[]
[null,"Código","Banco","Descrição","Tipo",null,"Und","Quant.","Valor Unit","Total"]
["Composição"," 91691 ","SINAPI","SERRA CIRCULAR DE BANCADA COM MOTOR ELÉTRICO POTÊNCIA DE 5HP, COM COIFA PARA DISCO 10\" - MATERIAIS NA OPERAÇÃO. AF_08/2015","CHOR - CUSTOS HORÁRIOS DE MÁQUINAS E EQUIPAMENTOS",null,"H",1,1.24,1.24]
["Insumo"," 00002705 ","SINAPI","ENERGIA ELETRICA ATE 2000 KWH INDUSTRIAL, SEM DEMANDA","Franquia",null,"KWH",1.36,0.91,1.24]
[{"$nulls":4},"MO sem LS =>",0,"LS =>",0,"MO com LS =>",0]
[{"$nulls":4},"Valor do BDI =>",0.28999999999999998,null,"Valor com BDI =>",null,1.53]
[]
[null,"Código","Banco","Descrição","Tipo",null,"Und","Quant.","Valor Unit","Total"]
["Composição"," 3103302 ","Próprio","SICRO (3103302) - Fôrmas de tábuas de pinho para dispositivos de drenagem - utilização de 3 vezes - confecção, instalação e retirada","URBA - URBANIZAÇÃO",null,"m²",1,72.27,72.27]
["A","Código","Banco","Equipamentos","Quantidade","Utilização",null,"Custo Horário",null,"Custo Horário Total"]
[{"$nulls":5},"Operativa","Improdutiva","Operativa","Improdutiva"]
["Insumo"," E9535 ","SICRO3","Serra circular com bancada - D = 30 cm - 4 kW",9.3719999999999998E-2,1,0,29.045000000000002,28.681000000000001,2.7221000000000002]
["Insumo"," E9066 ","SICRO3","Grupo gerador - 14 kVA",9.3719999999999998E-2,1,0,18.532800000000002,4.6295999999999999,1.7369000000000001]
[{"$nulls":5},"Custo horário total de equipamentos",null,null,null,4.4589999999999996]
[{"$nulls":5},"Custo horário total de execução",null,null,null,4.4589999999999996]
[{"$nulls":5},"Produção de equipe",null,null,null,1]
[{"$nulls":5},"Custo unitário de execução",null,null,null,4.4589999999999996]
[{"$nulls":5},"Custo do FIC",null,null,null,0]
[{"$nulls":5},"Custo do FIT",null,null,null,0]
["C","Código","Banco","MATERIAL","Quantidade","Unidade","Preço Unitário",null,null,"Custo Horário"]
["Insumo"," M0560 ","SICRO3","Desmoldante para fôrmas de madeira",1.8519999999999998E-2,"l","12,8911",null,null,"0,2387"]
["Insumo"," M1429 ","SICRO3","Tábua de pinho de terceira - E = 2,5 cm",0.40429999999999999,"m²","46,8912",null,null,"18,9581"]
["Insumo"," M1205 ","SICRO3","Prego de ferro",2.3650000000000001E-2,"kg","20,0022",null,null,"0,4731"]
["Insumo"," M0290 ","SICRO3","Tábua - E = 2,5 cm e L = 10 cm",1.21489,"m","4,6891",null,null,"5,6967"]
[{"$nulls":5},"Custo unitário total de material",null,null,null,25.366599999999998]
["D","Código","Banco","ATIVIDADES AUXILIARES","Quantidade","Unidade","Preço Unitário",null,null,"Custo Horário"]
["Composição"," 100948 ","SINAPI","TRANSPORTE COM CAMINHÃO CARROCERIA 9T, EM VIA URBANA PAVIMENTADA, ADICIONAL PARA DMT EXCEDENTE A 30 KM (UNIDADE: TXKM). AF_07/2020",0.320517,"TXKM","0,9100",null,null,"0,2917"]
["Composição"," 88262 ","SINAPI","CARPINTEIRO DE FORMAS COM ENCARGOS COMPLEMENTARES",0.9,"H","24,9400",null,null,"22,4460"]
["Composição"," 88239 ","SINAPI","AJUDANTE DE CARPINTEIRO COM ENCARGOS COMPLEMENTARES",0.9,"H","20,8900",null,null,"18,8010"]
["Composição"," 100947 ","SINAPI","TRANSPORTE COM CAMINHÃO CARROCERIA 9T, EM VIA URBANA PAVIMENTADA, DMT ATÉ 30KM (UNIDADE: TXKM). AF_07/2020",0.3957,"TXKM","2,2900",null,null,"0,9062"]
[{"$nulls":5},"Custo total de atividades auxiliares",null,null,null,42.444899999999997]
[{"$nulls":4},"MO sem LS =>",72.27,"LS =>",-38.619999999999997,"MO com LS =>",33.649095869999996]
[{"$nulls":4},"Valor do BDI =>",16.899999999999999,null,"Valor com BDI =>",null,89.17]
[]
[null,"Código","Banco","Descrição","Tipo",null,"Und","Quant.","Valor Unit","Total"]
["Composição"," 4805750 ","Próprio","SICRO (4805750) - Escavação manual em material de 1ª categoria na profundidade de até 1 m","URBA - URBANIZAÇÃO",null,"m³",1,9.5,9.5]
[{"$nulls":5},"Custo horário total de execução",null,null,null,0]
[{"$nulls":5},"Produção de equipe",null,null,null,0.5]
[{"$nulls":5},"Custo unitário de execução",null,null,null,0]
[{"$nulls":5},"Custo do FIC",null,null,null,0]
[{"$nulls":5},"Custo do FIT",null,null,null,0]
["D","Código","Banco","ATIVIDADES AUXILIARES","Quantidade","Unidade","Preço Unitário",null,null,"Custo Horário"]
["Composição"," 88316 ","SINAPI","SERVENTE COM ENCARGOS COMPLEMENTARES",0.5,"H","18,9900",null,null,"9,4950"]
[{"$nulls":5},"Custo total de atividades auxiliares",null,null,null,9.4949999999999992]
[{"$nulls":4},"MO sem LS =>",9.5,"LS =>",-2.16,"MO com LS =>",7.335]
[{"$nulls":4},"Valor do BDI =>",2.2200000000000002,null,"Valor com BDI =>",null,11.72]
[]
[null,"Código","Banco","Descrição","Tipo",null,"Und","Quant.","Valor Unit","Total"]
["Composição"," 4805755 ","Próprio","SICRO (4805755) - Apiloamento manual","URBA - URBANIZAÇÃO",null,"m³",1,18.989999999999998,18.989999999999998]
[{"$nulls":5},"Custo horário total de execução",null,null,null,0]
[{"$nulls":5},"Produção de equipe",null,null,null,0.66666999999999998]
[{"$nulls":5},"Custo unitário de execução",null,null,null,0]
[{"$nulls":5},"Custo do FIC",null,null,null,0]
[{"$nulls":5},"Custo do FIT",null,null,null,0]
["D","Código","Banco","ATIVIDADES AUXILIARES","Quantidade","Unidade","Preço Unitário",null,null,"Custo Horário"]
["Composição"," 88316 ","SINAPI","SERVENTE COM ENCARGOS COMPLEMENTARES",1,"H","18,9900",null,null,"18,9900"]
[{"$nulls":5},"Custo total de atividades auxiliares",null,null,null,18.989999999999998]
[{"$nulls":4},"MO sem LS =>",14.67,"LS =>",0,"MO com LS =>",14.67]
[{"$nulls":4},"Valor do BDI =>",4.4400000000000004,null,"Valor com BDI =>",null,23.43]
[]
[null,"Código","Banco","Descrição","Tipo",null,"Und","Quant.","Valor Unit","Total"]
["Composição"," 86883 ","SINAPI","SIFÃO DO TIPO FLEXÍVEL EM PVC 1  X 1.1/2  - FORNECIMENTO E INSTALAÇÃO. AF_01/2020","INHI - INSTALAÇÕES HIDROS SANITÁRIAS",null,"UN",1,13.71,13.71]
["Composição Auxiliar"," 88267 ","SINAPI","ENCANADOR OU BOMBEIRO HIDRÁULICO COM ENCARGOS COMPLEMENTARES","SEDI - SERVIÇOS DIVERSOS",null,"H",8.4500000000000006E-2,24.54,2.0699999999999998]
["Composição Auxiliar"," 88316 ","SINAPI","SERVENTE COM ENCARGOS COMPLEMENTARES","SEDI - SERVIÇOS DIVERSOS",null,"H",2.6599999999999999E-2,18.989999999999998,0.51]
["Insumo"," 00044945 ","SINAPI","SIFAO / TUBO SINFONADO EXTENSIVEL/SANFONADO, UNIVERSAL/ SIMPLES, ENTRE *50 A 70* CM, DE PLASTICO BRANCO","Material",null,"UN",1,11,11]
["Insumo"," 00003146 ","SINAPI","FITA VEDA ROSCA EM ROLOS DE 18 MM X 10 M (L X C)","Material",null,"UN",3.32E-2,4,0.13]
[{"$nulls":4},"MO sem LS =>",2.15,"LS =>",0,"MO com LS =>",2.15]
[{"$nulls":4},"Valor do BDI =>",3.21,null,"Valor com BDI =>",null,16.920000000000002]
[]
[null,"Código","Banco","Descrição","Tipo",null,"Und","Quant.","Valor Unit","Total"]
["Composição"," 94964 ","Próprio","SINAPI (94964) - CONCRETO FCK = 20MPA, TRAÇO 1:2,7:3 (EM MASSA SECA DE CIMENTO/ AREIA MÉDIA/ BRITA 1) - PREPARO MECÂNICO COM BETONEIRA 400 L. AF_05/2021","FUES - FUNDAÇÕES E ESTRUTURAS",null,"m³",1,949.32,949.32]
["Composição Auxiliar"," 95427 ","SINAPI","TRANSPORTE COM CAMINHÃO BASCULANTE DE 18 M³, EM VIA URBANA PAVIMENTADA, ADICIONAL PARA DMT EXCEDENTE A 30 KM (UNIDADE: M3XKM). AF_07/2020","TRAN - TRANSPORTES, CARGAS E DESCARGAS",null,"M3XKM",70.463999999999999,0.79,55.67]
["Composição Auxiliar"," 95427 ","SINAPI","TRANSPORTE COM CAMINHÃO BASCULANTE DE 18 M³, EM VIA URBANA PAVIMENTADA, ADICIONAL PARA DMT EXCEDENTE A 30 KM (UNIDADE: M3XKM). AF_07/2020","TRAN - TRANSPORTES, CARGAS E DESCARGAS",null,"M3XKM",89.184399999999997,0.79,70.459999999999994]
["Composição Auxiliar"," 95877 ","SINAPI","TRANSPORTE COM CAMINHÃO BASCULANTE DE 18 M³, EM VIA URBANA PAVIMENTADA, DMT ATÉ 30 KM (UNIDADE: M3XKM). AF_07/2020","TRAN - TRANSPORTES, CARGAS E DESCARGAS",null,"M3XKM",17.616,1.92,33.82]
["Composição Auxiliar"," 100947 ","SINAPI","TRANSPORTE COM CAMINHÃO CARROCERIA 9T, EM VIA URBANA PAVIMENTADA, DMT ATÉ 30KM (UNIDADE: TXKM). AF_07/2020","TRAN - TRANSPORTES, CARGAS E DESCARGAS",null,"TXKM",7.8483580000000002,2.29,17.97]
["Composição Auxiliar"," 95877 ","SINAPI","TRANSPORTE COM CAMINHÃO BASCULANTE DE 18 M³, EM VIA URBANA PAVIMENTADA, DMT ATÉ 30 KM (UNIDADE: M3XKM). AF_07/2020","TRAN - TRANSPORTES, CARGAS E DESCARGAS",null,"M3XKM",22.674399999999999,1.92,43.53]
["Composição Auxiliar"," 88831 ","SINAPI","BETONEIRA CAPACIDADE NOMINAL DE 400 L, CAPACIDADE DE MISTURA 280 L, MOTOR ELÉTRICO TRIFÁSICO POTÊNCIA DE 2 CV, SEM CARREGADOR - CHI DIURNO. AF_05/2023","CHOR - CUSTOS HORÁRIOS DE MÁQUINAS E EQUIPAMENTOS",null,"CHI",0.77869999999999995,0.42,0.33]
["Composição Auxiliar"," 88830 ","SINAPI","BETONEIRA CAPACIDADE NOMINAL DE 400 L, CAPACIDADE DE MISTURA 280 L, MOTOR ELÉTRICO TRIFÁSICO POTÊNCIA DE 2 CV, SEM CARREGADOR - CHP DIURNO. AF_05/2023","CHOR - CUSTOS HORÁRIOS DE MÁQUINAS E EQUIPAMENTOS",null,"CHP",0.82589999999999997,1.96,1.62]
["Composição Auxiliar"," 88377 ","SINAPI","OPERADOR DE BETONEIRA ESTACIONÁRIA/MISTURADOR COM ENCARGOS COMPLEMENTARES","SEDI - SERVIÇOS DIVERSOS",null,"H",1.6046,18.43,29.57]
["Composição Auxiliar"," 100948 ","SINAPI","TRANSPORTE COM CAMINHÃO CARROCERIA 9T, EM VIA URBANA PAVIMENTADA, ADICIONAL PARA DMT EXCEDENTE A 30 KM (UNIDADE: TXKM). AF_07/2020","TRAN - TRANSPORTES, CARGAS E DESCARGAS",null,"TXKM",9.6893309999999992,0.91,8.82]
["Composição Auxiliar"," 88316 ","SINAPI","SERVENTE COM ENCARGOS COMPLEMENTARES","SEDI - SERVIÇOS DIVERSOS",null,"H",2.5333000000000001,18.989999999999998,48.11]
["Insumo"," 00000370 ","SINAPI","AREIA MEDIA - POSTO JAZIDA/FORNECEDOR (RETIRADO NA JAZIDA, SEM TRANSPORTE)","Material",null,"m³",0.75580000000000003,150,113.37]
["Insumo"," 00001379 ","SINAPI","CIMENTO PORTLAND COMPOSTO CP II-32","Material",null,"KG",322.97770000000003,1.05,339.13]
["Insumo"," 00004721 ","SINAPI","PEDRA BRITADA N. 1 (9,5 A 19 MM) POSTO PEDREIRA/FORNECEDOR, SEM FRETE","Material",null,"m³",0.58720000000000006,318.32,186.92]
[{"$nulls":4},"MO sem LS =>",79.930000000000007,"LS =>",0,"MO com LS =>",79.930000000000007]
[{"$nulls":4},"Valor do BDI =>",221.95,null,"Valor com BDI =>",null,1171.27]
[]
[null,"Código","Banco","Descrição","Tipo",null,"Und","Quant.","Valor Unit","Total"]
["Composição"," 91946 ","SINAPI","SUPORTE PARAFUSADO COM PLACA DE ENCAIXE 4\" X 2\" MÉDIO (1,30 M DO PISO) PARA PONTO ELÉTRICO - FORNECIMENTO E INSTALAÇÃO. AF_03/2023","INEL - INSTALAÇÃO ELÉTRICA/ELETRIFICAÇÃO E ILUMINAÇÃO EXTERNA",null,"UN",1,10.99,10.99]
["Composição Auxiliar"," 88247 ","SINAPI","AUXILIAR DE ELETRICISTA COM ENCARGOS COMPLEMENTARES","SEDI - SERVIÇOS DIVERSOS",null,"H",0.128,21.44,2.74]
["Composição Auxiliar"," 88264 ","SINAPI","ELETRICISTA COM ENCARGOS COMPLEMENTARES","SEDI - SERVIÇOS DIVERSOS",null,"H",0.128,27.9,3.57]
["Insumo"," 00038099 ","SINAPI","SUPORTE DE FIXACAO PARA ESPELHO / PLACA 4\" X 2\", PARA 3 MODULOS, PARA INSTALACAO DE TOMADAS E INTERRUPTORES (SOMENTE SUPORTE)","Material",null,"UN",1,1.6,1.6]
["Insumo"," 00038094 ","SINAPI","ESPELHO / PLACA DE 3 POSTOS 4\" X 2\", PARA INSTALACAO DE TOMADAS E INTERRUPTORES","Material",null,"UN",1,3.08,3.08]
[{"$nulls":4},"MO sem LS =>",5.18,"LS =>",0,"MO com LS =>",5.18]
[{"$nulls":4},"Valor do BDI =>",2.57,null,"Valor com BDI =>",null,13.56]
[]
[null,"Código","Banco","Descrição","Tipo",null,"Und","Quant.","Valor Unit","Total"]
["Composição"," 98459 ","SINAPI","TAPUME COM TELHA METÁLICA. AF_03/2024","CANT - CANTEIRO DE OBRAS",null,"m²",1,90.15,90.15]
["Composição Auxiliar"," 91693 ","SINAPI","SERRA CIRCULAR DE BANCADA COM MOTOR ELÉTRICO POTÊNCIA DE 5HP, COM COIFA PARA DISCO 10\" - CHI DIURNO. AF_08/2015","CHOR - CUSTOS HORÁRIOS DE MÁQUINAS E EQUIPAMENTOS",null,"CHI",2.64E-2,33.85,0.89]
["Composição Auxiliar"," 88239 ","SINAPI","AJUDANTE DE CARPINTEIRO COM ENCARGOS COMPLEMENTARES","SEDI - SERVIÇOS DIVERSOS",null,"H",0.49199999999999999,20.89,10.28]
["Composição Auxiliar"," 91692 ","SINAPI","SERRA CIRCULAR DE BANCADA COM MOTOR ELÉTRICO POTÊNCIA DE 5HP, COM COIFA PARA DISCO 10\" - CHP DIURNO. AF_08/2015","CHOR - CUSTOS HORÁRIOS DE MÁQUINAS E EQUIPAMENTOS",null,"CHP",6.6E-3,35.159999999999997,0.23]
["Composição Auxiliar"," 94974 ","SINAPI","CONCRETO MAGRO PARA LASTRO, TRAÇO 1:4,5:4,5 (EM MASSA SECA DE CIMENTO/ AREIA MÉDIA/ BRITA 1) - PREPARO MANUAL. AF_05/2021","FUES - FUNDAÇÕES E ESTRUTURAS",null,"m³",6.1000000000000004E-3,667.39,4.07]
["Composição Auxiliar"," 88262 ","SINAPI","CARPINTEIRO DE FORMAS COM ENCARGOS COMPLEMENTARES","SEDI - SERVIÇOS DIVERSOS",null,"H",0.73499999999999999,24.94,18.329999999999998]
["Insumo"," 00007243 ","SINAPI","TELHA TRAPEZOIDAL EM ACO ZINCADO, SEM PINTURA, ALTURA DE APROXIMADAMENTE 40 MM, ESPESSURA DE 0,50 MM E LARGURA UTIL DE 980 MM","Material",null,"m²",0.58530000000000004,48.08,28.14]
["Insumo"," 00005061 ","SINAPI","PREGO DE ACO POLIDO COM CABECA 18 X 27 (2 1/2 X 10)","Material",null,"KG",6.8000000000000005E-2,16,1.0900000000000001]
["Insumo"," 00004491 ","SINAPI","PONTALETE *7,5 X 7,5* CM EM PINUS, MISTA OU EQUIVALENTE DA REGIAO - BRUTA","Material",null,"M",1.2273000000000001,10.220000000000001,12.54]
["Insumo"," 00006194 ","SINAPI","TABUA *2,5 X 15 CM EM PINUS, MISTA OU EQUIVALENTE DA REGIAO - BRUTA","Material",null,"M",2,7.29,14.58]
[{"$nulls":4},"MO sem LS =>",24.89,"LS =>",0,"MO com LS =>",24.89]
[{"$nulls":4},"Valor do BDI =>",21.08,null,"Valor com BDI =>",null,111.23]
[]
[null,"Código","Banco","Descrição","Tipo",null,"Und","Quant.","Valor Unit","Total"]
["Composição"," 89784 ","SINAPI","TE, PVC, SERIE NORMAL, ESGOTO PREDIAL, DN 50 X 50 MM, JUNTA ELÁSTICA, FORNECIDO E INSTALADO EM RAMAL DE DESCARGA OU RAMAL DE ESGOTO SANITÁRIO. AF_08/2022","INHI - INSTALAÇÕES HIDROS SANITÁRIAS",null,"UN",1,21.74,21.74]
["Composição Auxiliar"," 88248 ","SINAPI","AUXILIAR DE ENCANADOR OU BOMBEIRO HIDRÁULICO COM ENCARGOS COMPLEMENTARES","SEDI - SERVIÇOS DIVERSOS",null,"H",0.18390000000000001,20.399999999999999,3.75]
["Composição Auxiliar"," 88267 ","SINAPI","ENCANADOR OU BOMBEIRO HIDRÁULICO COM ENCARGOS COMPLEMENTARES","SEDI - SERVIÇOS DIVERSOS",null,"H",0.18390000000000001,24.54,4.51]
["Insumo"," 00020078 ","SINAPI","PASTA LUBRIFICANTE PARA TUBOS E CONEXOES COM JUNTA ELASTICA, EMBALAGEM DE *400* GR (USO EM PVC, ACO, POLIETILENO E OUTROS)","Material",null,"UN",7.4999999999999997E-2,24.89,1.87]
["Insumo"," 00007097 ","SINAPI","TE SANITARIO, PVC, DN 50 X 50 MM, SERIE NORMAL, PARA ESGOTO PREDIAL","Material",null,"UN",1,5.46,5.46]
["Insumo"," 00000296 ","SINAPI","ANEL BORRACHA PARA TUBO ESGOTO PREDIAL, DN 50 MM (NBR 5688)","Material",null,"UN",3,2.0499999999999998,6.15]
[{"$nulls":4},"MO sem LS =>",6.88,"LS =>",0,"MO com LS =>",6.88]
[{"$nulls":4},"Valor do BDI =>",5.08,null,"Valor com BDI =>",null,26.82]
[]
[null,"Código","Banco","Descrição","Tipo",null,"Und","Quant.","Valor Unit","Total"]
["Composição"," 89395 ","SINAPI","TE, PVC, SOLDÁVEL, DN 25MM, INSTALADO EM RAMAL OU SUB-RAMAL DE ÁGUA - FORNECIMENTO E INSTALAÇÃO. AF_06/2022","INHI - INSTALAÇÕES HIDROS SANITÁRIAS",null,"UN",1,11.65,11.65]
["Composição Auxiliar"," 88267 ","SINAPI","ENCANADOR OU BOMBEIRO HIDRÁULICO COM ENCARGOS COMPLEMENTARES","SEDI - SERVIÇOS DIVERSOS",null,"H",0.2026,24.54,4.97]
["Composição Auxiliar"," 88248 ","SINAPI","AUXILIAR DE ENCANADOR OU BOMBEIRO HIDRÁULICO COM ENCARGOS COMPLEMENTARES","SEDI - SERVIÇOS DIVERSOS",null,"H",0.2026,20.399999999999999,4.13]
["Insumo"," 00038383 ","SINAPI","LIXA D'AGUA EM FOLHA, GRAO 100","Material",null,"UN",5.0700000000000002E-2,1.9,0.1]
["Insumo"," 00020083 ","SINAPI","SOLUCAO PREPARADORA / LIMPADORA PARA PVC, FRASCO COM 1000 CM3","Material",null,"UN",1.2E-2,68.34,0.82]
["Insumo"," 00000122 ","SINAPI","ADESIVO PLASTICO PARA PVC, FRASCO COM *850* GR","Material",null,"UN",1.06E-2,60.32,0.64]
["Insumo"," 00007139 ","SINAPI","TE SOLDAVEL, PVC, 90 GRAUS, 25 MM, PARA AGUA FRIA PREDIAL (NBR 5648)","Material",null,"UN",1,0.99,0.99]
[{"$nulls":4},"MO sem LS =>",7.58,"LS =>",0,"MO com LS =>",7.58]
[{"$nulls":4},"Valor do BDI =>",2.72,null,"Valor com BDI =>",null,14.37]
[]
[null,"Código","Banco","Descrição","Tipo",null,"Und","Quant.","Valor Unit","Total"]
["Composição"," 88323 ","SINAPI","TELHADISTA COM ENCARGOS COMPLEMENTARES","SEDI - SERVIÇOS DIVERSOS",null,"H",1,24.68,24.68]
["Composição Auxiliar"," 95385 ","SINAPI","CURSO DE CAPACITAÇÃO PARA TELHADISTA (ENCARGOS COMPLEMENTARES) - HORISTA","SEDI - SERVIÇOS DIVERSOS",null,"H",1,0.27,0.27]
["Insumo"," 00037371 ","SINAPI","TRANSPORTE - HORISTA (COLETADO CAIXA - ENCARGOS COMPLEMENTARES)","Material",null,"H",1,0.5,0.5]
["Insumo"," 00043459 ","SINAPI","FERRAMENTAS - FAMILIA CARPINTEIRO DE FORMAS - HORISTA (ENCARGOS COMPLEMENTARES - COLETADO CAIXA)","Material",null,"H",1,0.49,0.49]
["Insumo"," 00037370 ","SINAPI","ALIMENTACAO - HORISTA (COLETADO CAIXA - ENCARGOS COMPLEMENTARES)","Material",null,"H",1,0.53,0.53]
["Insumo"," 00043483 ","SINAPI","EPI - FAMILIA CARPINTEIRO DE FORMAS - HORISTA (ENCARGOS COMPLEMENTARES - COLETADO CAIXA)","Material",null,"H",1,1.43,1.43]
["Insumo"," 00037373 ","SINAPI","SEGURO - HORISTA (COLETADO CAIXA - ENCARGOS COMPLEMENTARES)","Material",null,"H",1,0.01,0.01]
["Insumo"," 00012869 ","SINAPI","TELHADOR / TELHADISTA (HORISTA)","Mão de Obra",null,"H",1,20.11,20.11]
["Insumo"," 00037372 ","SINAPI","EXAMES - HORISTA (COLETADO CAIXA - ENCARGOS COMPLEMENTARES)","Material",null,"H",1,1.34,1.34]
[{"$nulls":4},"MO sem LS =>",20.38,"LS =>",0,"MO com LS =>",20.38]
[{"$nulls":4},"Valor do BDI =>",5.77,null,"Valor com BDI =>",null,30.45]
[]
[null,"Código","Banco","Descrição","Tipo",null,"Und","Quant.","Valor Unit","Total"]
["Composição"," 94210 ","SINAPI","TELHAMENTO COM TELHA ONDULADA DE FIBROCIMENTO E = 6 MM, COM RECOBRIMENTO LATERAL DE 1 1/4 DE ONDA PARA TELHADO COM INCLINAÇÃO MÁXIMA DE 10°, COM ATÉ 2 ÁGUAS, INCLUSO IÇAMENTO. AF_07/2019","COBE - COBERTURA",null,"m²",1,43.07,43.07]
["Composição Auxiliar"," 93281 ","SINAPI","GUINCHO ELÉTRICO DE COLUNA, CAPACIDADE 400 KG, COM MOTO FREIO, MOTOR TRIFÁSICO DE 1,25 CV - CHP DIURNO. AF_03/2016","CHOR - CUSTOS HORÁRIOS DE MÁQUINAS E EQUIPAMENTOS",null,"CHP",5.3E-3,21.47,0.11]
["Composição Auxiliar"," 93282 ","SINAPI","GUINCHO ELÉTRICO DE COLUNA, CAPACIDADE 400 KG, COM MOTO FREIO, MOTOR TRIFÁSICO DE 1,25 CV - CHI DIURNO. AF_03/2016","CHOR - CUSTOS HORÁRIOS DE MÁQUINAS E EQUIPAMENTOS",null,"CHI",7.3000000000000001E-3,20.48,0.15]
["Composição Auxiliar"," 88323 ","SINAPI","TELHADISTA COM ENCARGOS COMPLEMENTARES","SEDI - SERVIÇOS DIVERSOS",null,"H",0.128,24.68,3.16]
["Composição Auxiliar"," 88316 ","SINAPI","SERVENTE COM ENCARGOS COMPLEMENTARES","SEDI - SERVIÇOS DIVERSOS",null,"H",0.16600000000000001,18.989999999999998,3.15]
["Insumo"," 00004302 ","SINAPI","PARAFUSO ZINCADO ROSCA SOBERBA, CABECA SEXTAVADA, 5/16\" X 250 MM, PARA FIXACAO DE TELHA EM MADEIRA","Material",null,"UN",1.26,4.4000000000000004,5.54]
["Insumo"," 00001607 ","SINAPI","CONJUNTO ARRUELAS DE VEDACAO 5/16\" PARA TELHA FIBROCIMENTO (UMA ARRUELA METALICA E UMA ARRUELA PVC - CONICAS)","Material",null,"CJ",1.26,0.28999999999999998,0.37]
["Insumo"," 00007194 ","SINAPI","TELHA DE FIBROCIMENTO ONDULADA E = 6 MM, DE 2,44 X 1,10 M (SEM AMIANTO)","Material",null,"m²",1.357,22.54,30.59]
[{"$nulls":4},"MO sem LS =>",5.26,"LS =>",0,"MO com LS =>",5.26]
[{"$nulls":4},"Valor do BDI =>",10.07,null,"Valor com BDI =>",null,53.14]
[]
[null,"Código","Banco","Descrição","Tipo",null,"Und","Quant.","Valor Unit","Total"]
["Composição"," 92000 ","SINAPI","TOMADA BAIXA DE EMBUTIR (1 MÓDULO), 2P+T 10 A, INCLUINDO SUPORTE E PLACA - FORNECIMENTO E INSTALAÇÃO. AF_03/2023","INEL - INSTALAÇÃO ELÉTRICA/ELETRIFICAÇÃO E ILUMINAÇÃO EXTERNA",null,"UN",1,31.22,31.22]
["Composição Auxiliar"," 91946 ","SINAPI","SUPORTE PARAFUSADO COM PLACA DE ENCAIXE 4\" X 2\" MÉDIO (1,30 M DO PISO) PARA PONTO ELÉTRICO - FORNECIMENTO E INSTALAÇÃO. AF_03/2023","INEL - INSTALAÇÃO ELÉTRICA/ELETRIFICAÇÃO E ILUMINAÇÃO EXTERNA",null,"UN",1,10.99,10.99]
["Composição Auxiliar"," 91998 ","SINAPI","TOMADA BAIXA DE EMBUTIR (1 MÓDULO), 2P+T 10 A, SEM SUPORTE E SEM PLACA - FORNECIMENTO E INSTALAÇÃO. AF_03/2023","INEL - INSTALAÇÃO ELÉTRICA/ELETRIFICAÇÃO E ILUMINAÇÃO EXTERNA",null,"UN",1,20.23,20.23]
[{"$nulls":4},"MO sem LS =>",14.98,"LS =>",0,"MO com LS =>",14.98]
[{"$nulls":4},"Valor do BDI =>",7.3,null,"Valor com BDI =>",null,38.520000000000003]
[]
[null,"Código","Banco","Descrição","Tipo",null,"Und","Quant.","Valor Unit","Total"]
["Composição"," 91998 ","SINAPI","TOMADA BAIXA DE EMBUTIR (1 MÓDULO), 2P+T 10 A, SEM SUPORTE E SEM PLACA - FORNECIMENTO E INSTALAÇÃO. AF_03/2023","INEL - INSTALAÇÃO ELÉTRICA/ELETRIFICAÇÃO E ILUMINAÇÃO EXTERNA",null,"UN",1,20.23,20.23]
["Composição Auxiliar"," 88264 ","SINAPI","ELETRICISTA COM ENCARGOS COMPLEMENTARES","SEDI - SERVIÇOS DIVERSOS",null,"H",0.24199999999999999,27.9,6.75]
["Composição Auxiliar"," 88247 ","SINAPI","AUXILIAR DE ELETRICISTA COM ENCARGOS COMPLEMENTARES","SEDI - SERVIÇOS DIVERSOS",null,"H",0.24199999999999999,21.44,5.19]
["Insumo"," 00038101 ","SINAPI","TOMADA 2P+T 10A, 250V (APENAS MODULO)","Material",null,"UN",1,8.2899999999999991,8.2899999999999991]
[{"$nulls":4},"MO sem LS =>",9.8000000000000007,"LS =>",0,"MO com LS =>",9.8000000000000007]
[{"$nulls":4},"Valor do BDI =>",4.7300000000000004,null,"Valor com BDI =>",null,24.96]
[]
[null,"Código","Banco","Descrição","Tipo",null,"Und","Quant.","Valor Unit","Total"]
["Composição"," 92001 ","SINAPI","TOMADA BAIXA DE EMBUTIR (1 MÓDULO), 2P+T 20 A, INCLUINDO SUPORTE E PLACA - FORNECIMENTO E INSTALAÇÃO. AF_03/2023","INEL - INSTALAÇÃO ELÉTRICA/ELETRIFICAÇÃO E ILUMINAÇÃO EXTERNA",null,"UN",1,33.53,33.53]
["Composição Auxiliar"," 91946 ","SINAPI","SUPORTE PARAFUSADO COM PLACA DE ENCAIXE 4\" X 2\" MÉDIO (1,30 M DO PISO) PARA PONTO ELÉTRICO - FORNECIMENTO E INSTALAÇÃO. AF_03/2023","INEL - INSTALAÇÃO ELÉTRICA/ELETRIFICAÇÃO E ILUMINAÇÃO EXTERNA",null,"UN",1,10.99,10.99]
["Composição Auxiliar"," 91999 ","SINAPI","TOMADA BAIXA DE EMBUTIR (1 MÓDULO), 2P+T 20 A, SEM SUPORTE E SEM PLACA - FORNECIMENTO E INSTALAÇÃO. AF_03/2023","INEL - INSTALAÇÃO ELÉTRICA/ELETRIFICAÇÃO E ILUMINAÇÃO EXTERNA",null,"UN",1,22.54,22.54]
[{"$nulls":4},"MO sem LS =>",14.98,"LS =>",0,"MO com LS =>",14.98]
[{"$nulls":4},"Valor do BDI =>",7.84,null,"Valor com BDI =>",null,41.37]
[]
[null,"Código","Banco","Descrição","Tipo",null,"Und","Quant.","Valor Unit","Total"]
["Composição"," 91999 ","SINAPI","TOMADA BAIXA DE EMBUTIR (1 MÓDULO), 2P+T 20 A, SEM SUPORTE E SEM PLACA - FORNECIMENTO E INSTALAÇÃO. AF_03/2023","INEL - INSTALAÇÃO ELÉTRICA/ELETRIFICAÇÃO E ILUMINAÇÃO EXTERNA",null,"UN",1,22.54,22.54]
["Composição Auxiliar"," 88264 ","SINAPI","ELETRICISTA COM ENCARGOS COMPLEMENTARES","SEDI - SERVIÇOS DIVERSOS",null,"H",0.24199999999999999,27.9,6.75]
["Composição Auxiliar"," 88247 ","SINAPI","AUXILIAR DE ELETRICISTA COM ENCARGOS COMPLEMENTARES","SEDI - SERVIÇOS DIVERSOS",null,"H",0.24199999999999999,21.44,5.19]
["Insumo"," 00038102 ","SINAPI","TOMADA 2P+T 20A, 250V (APENAS MODULO)","Material",null,"UN",1,10.6,10.6]
[{"$nulls":4},"MO sem LS =>",9.8000000000000007,"LS =>",0,"MO com LS =>",9.8000000000000007]
[{"$nulls":4},"Valor do BDI =>",5.27,null,"Valor com BDI =>",null,27.81]
[]
[null,"Código","Banco","Descrição","Tipo",null,"Und","Quant.","Valor Unit","Total"]
["Composição"," 92008 ","SINAPI","TOMADA BAIXA DE EMBUTIR (2 MÓDULOS), 2P+T 10 A, INCLUINDO SUPORTE E PLACA - FORNECIMENTO E INSTALAÇÃO. AF_03/2023","INEL - INSTALAÇÃO ELÉTRICA/ELETRIFICAÇÃO E ILUMINAÇÃO EXTERNA",null,"UN",1,48.35,48.35]
["Composição Auxiliar"," 91946 ","SINAPI","SUPORTE PARAFUSADO COM PLACA DE ENCAIXE 4\" X 2\" MÉDIO (1,30 M DO PISO) PARA PONTO ELÉTRICO - FORNECIMENTO E INSTALAÇÃO. AF_03/2023","INEL - INSTALAÇÃO ELÉTRICA/ELETRIFICAÇÃO E ILUMINAÇÃO EXTERNA",null,"UN",1,10.99,10.99]
["Composição Auxiliar"," 92006 ","SINAPI","TOMADA BAIXA DE EMBUTIR (2 MÓDULOS), 2P+T 10 A, SEM SUPORTE E SEM PLACA - FORNECIMENTO E INSTALAÇÃO. AF_03/2023","INEL - INSTALAÇÃO ELÉTRICA/ELETRIFICAÇÃO E ILUMINAÇÃO EXTERNA",null,"UN",1,37.36,37.36]
[{"$nulls":4},"MO sem LS =>",22.22,"LS =>",0,"MO com LS =>",22.22]
[{"$nulls":4},"Valor do BDI =>",11.3,null,"Valor com BDI =>",null,59.65]
[]
[null,"Código","Banco","Descrição","Tipo",null,"Und","Quant.","Valor Unit","Total"]
["Composição"," 92006 ","SINAPI","TOMADA BAIXA DE EMBUTIR (2 MÓDULOS), 2P+T 10 A, SEM SUPORTE E SEM PLACA - FORNECIMENTO E INSTALAÇÃO. AF_03/2023","INEL - INSTALAÇÃO ELÉTRICA/ELETRIFICAÇÃO E ILUMINAÇÃO EXTERNA",null,"UN",1,37.36,37.36]
["Composição Auxiliar"," 88264 ","SINAPI","ELETRICISTA COM ENCARGOS COMPLEMENTARES","SEDI - SERVIÇOS DIVERSOS",null,"H",0.42099999999999999,27.9,11.75]
["Composição Auxiliar"," 88247 ","SINAPI","AUXILIAR DE ELETRICISTA COM ENCARGOS COMPLEMENTARES","SEDI - SERVIÇOS DIVERSOS",null,"H",0.42099999999999999,21.44,9.0299999999999994]
["Insumo"," 00038101 ","SINAPI","TOMADA 2P+T 10A, 250V (APENAS MODULO)","Material",null,"UN",2,8.2899999999999991,16.579999999999998]
[{"$nulls":4},"MO sem LS =>",17.04,"LS =>",0,"MO com LS =>",17.04]
[{"$nulls":4},"Valor do BDI =>",8.73,null,"Valor com BDI =>",null,46.09]
[]
[null,"Código","Banco","Descrição","Tipo",null,"Und","Quant.","Valor Unit","Total"]
["Composição"," 86906 ","SINAPI","TORNEIRA CROMADA DE MESA, 1/2\" OU 3/4\", PARA LAVATÓRIO, PADRÃO POPULAR - FORNECIMENTO E INSTALAÇÃO. AF_01/2020","INHI - INSTALAÇÕES HIDROS SANITÁRIAS",null,"UN",1,113.95,113.95]
["Composição Auxiliar"," 88316 ","SINAPI","SERVENTE COM ENCARGOS COMPLEMENTARES","SEDI - SERVIÇOS DIVERSOS",null,"H",3.0300000000000001E-2,18.989999999999998,0.57999999999999996]
["Composição Auxiliar"," 88267 ","SINAPI","ENCANADOR OU BOMBEIRO HIDRÁULICO COM ENCARGOS COMPLEMENTARES","SEDI - SERVIÇOS DIVERSOS",null,"H",9.6000000000000002E-2,24.54,2.36]
["Insumo"," 00013415 ","SINAPI","TORNEIRA DE MESA/BANCADA, PARA LAVATORIO, FIXA, METALICA CROMADA, PADRAO POPULAR, 1/2\" OU 3/4\" (REF 1193)","Material",null,"UN",1,110.93,110.93]
["Insumo"," 00003146 ","SINAPI","FITA VEDA ROSCA EM ROLOS DE 18 MM X 10 M (L X C)","Material",null,"UN",2.1000000000000001E-2,4,0.08]
[{"$nulls":4},"MO sem LS =>",2.44,"LS =>",0,"MO com LS =>",2.44]
[{"$nulls":4},"Valor do BDI =>",26.64,null,"Valor com BDI =>",null,140.59]
[]
[null,"Código","Banco","Descrição","Tipo",null,"Und","Quant.","Valor Unit","Total"]
["Composição"," 86911 ","SINAPI","TORNEIRA CROMADA LONGA, DE PAREDE, 1/2\" OU 3/4\", PARA PIA DE COZINHA, PADRÃO POPULAR - FORNECIMENTO E INSTALAÇÃO. AF_01/2020","INHI - INSTALAÇÕES HIDROS SANITÁRIAS",null,"UN",1,133.27000000000001,133.27000000000001]
["Composição Auxiliar"," 88316 ","SINAPI","SERVENTE COM ENCARGOS COMPLEMENTARES","SEDI - SERVIÇOS DIVERSOS",null,"H",3.6700000000000003E-2,18.989999999999998,0.7]
["Composição Auxiliar"," 88267 ","SINAPI","ENCANADOR OU BOMBEIRO HIDRÁULICO COM ENCARGOS COMPLEMENTARES","SEDI - SERVIÇOS DIVERSOS",null,"H",0.1164,24.54,2.86]
["Insumo"," 00003146 ","SINAPI","FITA VEDA ROSCA EM ROLOS DE 18 MM X 10 M (L X C)","Material",null,"UN",2.1000000000000001E-2,4,0.08]
["Insumo"," 00013416 ","SINAPI","TORNEIRA METALICA CROMADA, RETA, DE PAREDE, PARA COZINHA, SEM BICO, SEM AREJADOR, PADRAO POPULAR, 1/2\" OU 3/4\" (REF 1158)","Material",null,"UN",1,129.63,129.63]
[{"$nulls":4},"MO sem LS =>",2.96,"LS =>",0,"MO com LS =>",2.96]
[{"$nulls":4},"Valor do BDI =>",31.16,null,"Valor com BDI =>",null,164.43]
[]
[null,"Código","Banco","Descrição","Tipo",null,"Und","Quant.","Valor Unit","Total"]
["Composição"," 92543 ","SINAPI","TRAMA DE MADEIRA COMPOSTA POR TERÇAS PARA TELHADOS DE ATÉ 2 ÁGUAS PARA TELHA ONDULADA DE FIBROCIMENTO, METÁLICA, PLÁSTICA OU TERMOACÚSTICA, INCLUSO TRANSPORTE VERTICAL. AF_07/2019","COBE - COBERTURA",null,"m²",1,16.2,16.2]
["Composição Auxiliar"," 93282 ","SINAPI","GUINCHO ELÉTRICO DE COLUNA, CAPACIDADE 400 KG, COM MOTO FREIO, MOTOR TRIFÁSICO DE 1,25 CV - CHI DIURNO. AF_03/2016","CHOR - CUSTOS HORÁRIOS DE MÁQUINAS E EQUIPAMENTOS",null,"CHI",6.4000000000000003E-3,20.48,0.13]
["Composição Auxiliar"," 93281 ","SINAPI","GUINCHO ELÉTRICO DE COLUNA, CAPACIDADE 400 KG, COM MOTO FREIO, MOTOR TRIFÁSICO DE 1,25 CV - CHP DIURNO. AF_03/2016","CHOR - CUSTOS HORÁRIOS DE MÁQUINAS E EQUIPAMENTOS",null,"CHP",4.5999999999999999E-3,21.47,0.1]
["Composição Auxiliar"," 88262 ","SINAPI","CARPINTEIRO DE FORMAS COM ENCARGOS COMPLEMENTARES","SEDI - SERVIÇOS DIVERSOS",null,"H",0.11799999999999999,24.94,2.94]
["Composição Auxiliar"," 88239 ","SINAPI","AJUDANTE DE CARPINTEIRO COM ENCARGOS COMPLEMENTARES","SEDI - SERVIÇOS DIVERSOS",null,"H",6.5000000000000002E-2,20.89,1.36]
["Insumo"," 00040568 ","SINAPI","PREGO DE ACO POLIDO COM CABECA 22 X 48 (4 1/4 X 5)","Material",null,"KG",0.03,16.399999999999999,0.49]
["Insumo"," 00004425 ","SINAPI","VIGA NAO APARELHADA *6 X 12* CM, EM MACARANDUBA/MASSARANDUBA, ANGELIM OU EQUIVALENTE DA REGIAO - BRUTA","Material",null,"M",0.63400000000000001,17.64,11.18]
[{"$nulls":4},"MO sem LS =>",3.71,"LS =>",0,"MO com LS =>",3.71]
[{"$nulls":4},"Valor do BDI =>",3.79,null,"Valor com BDI =>",null,19.989999999999998]
[]
[null,"Código","Banco","Descrição","Tipo",null,"Und","Quant.","Valor Unit","Total"]
["Composição"," 95427 ","SINAPI","TRANSPORTE COM CAMINHÃO BASCULANTE DE 18 M³, EM VIA URBANA PAVIMENTADA, ADICIONAL PARA DMT EXCEDENTE A 30 KM (UNIDADE: M3XKM). AF_07/2020","TRAN - TRANSPORTES, CARGAS E DESCARGAS",null,"M3XKM",1,0.79,0.79]
["Composição Auxiliar"," 89884 ","SINAPI","CAMINHÃO BASCULANTE 18 M3, COM CAVALO MECÂNICO DE CAPACIDADE MÁXIMA DE TRAÇÃO COMBINADO DE 45000 KG, POTÊNCIA 330 CV, INCLUSIVE SEMIREBOQUE COM CAÇAMBA METÁLICA - CHI DIURNO. AF_12/2014","CHOR - CUSTOS HORÁRIOS DE MÁQUINAS E EQUIPAMENTOS",null,"CHI",8.0000000000000004E-4,87.27,7.0000000000000007E-2]
["Composição Auxiliar"," 89883 ","SINAPI","CAMINHÃO BASCULANTE 18 M3, COM CAVALO MECÂNICO DE CAPACIDADE MÁXIMA DE TRAÇÃO COMBINADO DE 45000 KG, POTÊNCIA 330 CV, INCLUSIVE SEMIREBOQUE COM CAÇAMBA METÁLICA - CHP DIURNO. AF_12/2014","CHOR - CUSTOS HORÁRIOS DE MÁQUINAS E EQUIPAMENTOS",null,"CHP",1.9E-3,380.47,0.72]
[{"$nulls":4},"MO sem LS =>",0.06,"LS =>",0,"MO com LS =>",0.06]
[{"$nulls":4},"Valor do BDI =>",0.18,null,"Valor com BDI =>",null,0.97]
[]
[null,"Código","Banco","Descrição","Tipo",null,"Und","Quant.","Valor Unit","Total"]
["Composição"," 95877 ","SINAPI","TRANSPORTE COM CAMINHÃO BASCULANTE DE 18 M³, EM VIA URBANA PAVIMENTADA, DMT ATÉ 30 KM (UNIDADE: M3XKM). AF_07/2020","TRAN - TRANSPORTES, CARGAS E DESCARGAS",null,"M3XKM",1,1.92,1.92]
["Composição Auxiliar"," 89884 ","SINAPI","CAMINHÃO BASCULANTE 18 M3, COM CAVALO MECÂNICO DE CAPACIDADE MÁXIMA DE TRAÇÃO COMBINADO DE 45000 KG, POTÊNCIA 330 CV, INCLUSIVE SEMIREBOQUE COM CAÇAMBA METÁLICA - CHI DIURNO. AF_12/2014","CHOR - CUSTOS HORÁRIOS DE MÁQUINAS E EQUIPAMENTOS",null,"CHI",2E-3,87.27,0.17]
["Composição Auxiliar"," 89883 ","SINAPI","CAMINHÃO BASCULANTE 18 M3, COM CAVALO MECÂNICO DE CAPACIDADE MÁXIMA DE TRAÇÃO COMBINADO DE 45000 KG, POTÊNCIA 330 CV, INCLUSIVE SEMIREBOQUE COM CAÇAMBA METÁLICA - CHP DIURNO. AF_12/2014","CHOR - CUSTOS HORÁRIOS DE MÁQUINAS E EQUIPAMENTOS",null,"CHP",4.5999999999999999E-3,380.47,1.75]
[{"$nulls":4},"MO sem LS =>",0.14000000000000001,"LS =>",0,"MO com LS =>",0.14000000000000001]
[{"$nulls":4},"Valor do BDI =>",0.45,null,"Valor com BDI =>",null,2.37]
[]
[null,"Código","Banco","Descrição","Tipo",null,"Und","Quant.","Valor Unit","Total"]
["Composição"," 100948 ","SINAPI","TRANSPORTE COM CAMINHÃO CARROCERIA 9T, EM VIA URBANA PAVIMENTADA, ADICIONAL PARA DMT EXCEDENTE A 30 KM (UNIDADE: TXKM). AF_07/2020","TRAN - TRANSPORTES, CARGAS E DESCARGAS",null,"TXKM",1,0.91,0.91]
["Composição Auxiliar"," 5824 ","SINAPI","CAMINHÃO TOCO, PBT 16.000 KG, CARGA ÚTIL MÁX. 10.685 KG, DIST. ENTRE EIXOS 4,8 M, POTÊNCIA 189 CV, INCLUSIVE CARROCERIA FIXA ABERTA DE MADEIRA P/ TRANSPORTE GERAL DE CARGA SECA, DIMEN. APROX. 2,5 X 7,00 X 0,50 M - CHP DIURNO. AF_06/2014","CHOR - CUSTOS HORÁRIOS DE MÁQUINAS E EQUIPAMENTOS",null,"CHP",3.7000000000000002E-3,222.02,0.82]
["Composição Auxiliar"," 5826 ","SINAPI","CAMINHÃO TOCO, PBT 16.000 KG, CARGA ÚTIL MÁX. 10.685 KG, DIST. ENTRE EIXOS 4,8 M, POTÊNCIA 189 CV, INCLUSIVE CARROCERIA FIXA ABERTA DE MADEIRA P/ TRANSPORTE GERAL DE CARGA SECA, DIMEN. APROX. 2,5 X 7,00 X 0,50 M - CHI DIURNO. AF_06/2014","CHOR - CUSTOS HORÁRIOS DE MÁQUINAS E EQUIPAMENTOS",null,"CHI",1.6000000000000001E-3,56.63,0.09]
[{"$nulls":4},"MO sem LS =>",0.11,"LS =>",0,"MO com LS =>",0.11]
[{"$nulls":4},"Valor do BDI =>",0.21,null,"Valor com BDI =>",null,1.1200000000000001]
[]
[null,"Código","Banco","Descrição","Tipo",null,"Und","Quant.","Valor Unit","Total"]
["Composição"," 100947 ","SINAPI","TRANSPORTE COM CAMINHÃO CARROCERIA 9T, EM VIA URBANA PAVIMENTADA, DMT ATÉ 30KM (UNIDADE: TXKM). AF_07/2020","TRAN - TRANSPORTES, CARGAS E DESCARGAS",null,"TXKM",1,2.29,2.29]
["Composição Auxiliar"," 5826 ","SINAPI","CAMINHÃO TOCO, PBT 16.000 KG, CARGA ÚTIL MÁX. 10.685 KG, DIST. ENTRE EIXOS 4,8 M, POTÊNCIA 189 CV, INCLUSIVE CARROCERIA FIXA ABERTA DE MADEIRA P/ TRANSPORTE GERAL DE CARGA SECA, DIMEN. APROX. 2,5 X 7,00 X 0,50 M - CHI DIURNO. AF_06/2014","CHOR - CUSTOS HORÁRIOS DE MÁQUINAS E EQUIPAMENTOS",null,"CHI",4.0000000000000001E-3,56.63,0.23]
["Composição Auxiliar"," 5824 ","SINAPI","CAMINHÃO TOCO, PBT 16.000 KG, CARGA ÚTIL MÁX. 10.685 KG, DIST. ENTRE EIXOS 4,8 M, POTÊNCIA 189 CV, INCLUSIVE CARROCERIA FIXA ABERTA DE MADEIRA P/ TRANSPORTE GERAL DE CARGA SECA, DIMEN. APROX. 2,5 X 7,00 X 0,50 M - CHP DIURNO. AF_06/2014","CHOR - CUSTOS HORÁRIOS DE MÁQUINAS E EQUIPAMENTOS",null,"CHP",9.2999999999999992E-3,222.02,2.06]
[{"$nulls":4},"MO sem LS =>",0.27,"LS =>",0,"MO com LS =>",0.27]
[{"$nulls":4},"Valor do BDI =>",0.54,null,"Valor com BDI =>",null,2.83]
[]
[null,"Código","Banco","Descrição","Tipo",null,"Und","Quant.","Valor Unit","Total"]
["Composição"," 89031 ","SINAPI","TRATOR DE ESTEIRAS, POTÊNCIA 100 HP, PESO OPERACIONAL 9,4 T, COM LÂMINA 2,19 M3 - CHI DIURNO. AF_06/2014","CHOR - CUSTOS HORÁRIOS DE MÁQUINAS E EQUIPAMENTOS",null,"CHI",1,79,79]
["Composição Auxiliar"," 88324 ","SINAPI","TRATORISTA COM ENCARGOS COMPLEMENTARES","SEDI - SERVIÇOS DIVERSOS",null,"H",1,33.729999999999997,33.729999999999997]
["Composição Auxiliar"," 89029 ","SINAPI","TRATOR DE ESTEIRAS, POTÊNCIA 100 HP, PESO OPERACIONAL 9,4 T, COM LÂMINA 2,19 M3 - DEPRECIAÇÃO. AF_06/2014","CHOR - CUSTOS HORÁRIOS DE MÁQUINAS E EQUIPAMENTOS",null,"H",1,31.43,31.43]
["Composição Auxiliar"," 89030 ","SINAPI","TRATOR DE ESTEIRAS, POTÊNCIA 100 HP, PESO OPERACIONAL 9,4 T, COM LÂMINA 2,19 M3 - JUROS. AF_06/2014","CHOR - CUSTOS HORÁRIOS DE MÁQUINAS E EQUIPAMENTOS",null,"H",1,13.84,13.84]
[{"$nulls":4},"MO sem LS =>",30.48,"LS =>",0,"MO com LS =>",30.48]
[{"$nulls":4},"Valor do BDI =>",18.47,null,"Valor com BDI =>",null,97.47]
[]
[null,"Código","Banco","Descrição","Tipo",null,"Und","Quant.","Valor Unit","Total"]
["Composição"," 89032 ","SINAPI","TRATOR DE ESTEIRAS, POTÊNCIA 100 HP, PESO OPERACIONAL 9,4 T, COM LÂMINA 2,19 M3 - CHP DIURNO. AF_06/2014","CHOR - CUSTOS HORÁRIOS DE MÁQUINAS E EQUIPAMENTOS",null,"CHP",1,203.25,203.25]
["Composição Auxiliar"," 89030 ","SINAPI","TRATOR DE ESTEIRAS, POTÊNCIA 100 HP, PESO OPERACIONAL 9,4 T, COM LÂMINA 2,19 M3 - JUROS. AF_06/2014","CHOR - CUSTOS HORÁRIOS DE MÁQUINAS E EQUIPAMENTOS",null,"H",1,13.84,13.84]
["Composição Auxiliar"," 89029 ","SINAPI","TRATOR DE ESTEIRAS, POTÊNCIA 100 HP, PESO OPERACIONAL 9,4 T, COM LÂMINA 2,19 M3 - DEPRECIAÇÃO. AF_06/2014","CHOR - CUSTOS HORÁRIOS DE MÁQUINAS E EQUIPAMENTOS",null,"H",1,31.43,31.43]
["Composição Auxiliar"," 5724 ","SINAPI","TRATOR DE ESTEIRAS, POTÊNCIA 100 HP, PESO OPERACIONAL 9,4 T, COM LÂMINA 2,19 M3 - MANUTENÇÃO. AF_06/2014","CHOR - CUSTOS HORÁRIOS DE MÁQUINAS E EQUIPAMENTOS",null,"H",1,56.18,56.18]
["Composição Auxiliar"," 88324 ","SINAPI","TRATORISTA COM ENCARGOS COMPLEMENTARES","SEDI - SERVIÇOS DIVERSOS",null,"H",1,33.729999999999997,33.729999999999997]
["Composição Auxiliar"," 53817 ","SINAPI","TRATOR DE ESTEIRAS, POTÊNCIA 100 HP, PESO OPERACIONAL 9,4 T, COM LÂMINA 2,19 M3 - MATERIAIS NA OPERAÇÃO. AF_06/2014","CHOR - CUSTOS HORÁRIOS DE MÁQUINAS E EQUIPAMENTOS",null,"H",1,68.069999999999993,68.069999999999993]
[{"$nulls":4},"MO sem LS =>",30.48,"LS =>",0,"MO com LS =>",30.48]
[{"$nulls":4},"Valor do BDI =>",47.52,null,"Valor com BDI =>",null,250.77]
[]
[null,"Código","Banco","Descrição","Tipo",null,"Und","Quant.","Valor Unit","Total"]
["Composição"," 89029 ","SINAPI","TRATOR DE ESTEIRAS, POTÊNCIA 100 HP, PESO OPERACIONAL 9,4 T, COM LÂMINA 2,19 M3 - DEPRECIAÇÃO. AF_06/2014","CHOR - CUSTOS HORÁRIOS DE MÁQUINAS E EQUIPAMENTOS",null,"H",1,31.43,31.43]
["Insumo"," 00007622 ","SINAPI","TRATOR DE ESTEIRAS, POTENCIA DE 100 HP, PESO OPERACIONAL DE 9,4 T, COM LAMINA COM CAPACIDADE DE 2,19 M3","Equipamento para Aquisição Permanente",null,"UN",3.1099999999999997E-5,1010494.7,31.43]
[{"$nulls":4},"MO sem LS =>",0,"LS =>",0,"MO com LS =>",0]
[{"$nulls":4},"Valor do BDI =>",7.35,null,"Valor com BDI =>",null,38.78]
[]
[null,"Código","Banco","Descrição","Tipo",null,"Und","Quant.","Valor Unit","Total"]
["Composição"," 89030 ","SINAPI","TRATOR DE ESTEIRAS, POTÊNCIA 100 HP, PESO OPERACIONAL 9,4 T, COM LÂMINA 2,19 M3 - JUROS. AF_06/2014","CHOR - CUSTOS HORÁRIOS DE MÁQUINAS E EQUIPAMENTOS",null,"H",1,13.84,13.84]
["Insumo"," 00007622 ","SINAPI","TRATOR DE ESTEIRAS, POTENCIA DE 100 HP, PESO OPERACIONAL DE 9,4 T, COM LAMINA COM CAPACIDADE DE 2,19 M3","Equipamento para Aquisição Permanente",null,"UN",1.3699999999999999E-5,1010494.7,13.84]
[{"$nulls":4},"MO sem LS =>",0,"LS =>",0,"MO com LS =>",0]
[{"$nulls":4},"Valor do BDI =>",3.24,null,"Valor com BDI =>",null,17.079999999999998]
[]
[null,"Código","Banco","Descrição","Tipo",null,"Und","Quant.","Valor Unit","Total"]
["Composição"," 5724 ","SINAPI","TRATOR DE ESTEIRAS, POTÊNCIA 100 HP, PESO OPERACIONAL 9,4 T, COM LÂMINA 2,19 M3 - MANUTENÇÃO. AF_06/2014","CHOR - CUSTOS HORÁRIOS DE MÁQUINAS E EQUIPAMENTOS",null,"H",1,56.18,56.18]
["Insumo"," 00007622 ","SINAPI","TRATOR DE ESTEIRAS, POTENCIA DE 100 HP, PESO OPERACIONAL DE 9,4 T, COM LAMINA COM CAPACIDADE DE 2,19 M3","Equipamento para Aquisição Permanente",null,"UN",5.5600000000000003E-5,1010494.7,56.18]
[{"$nulls":4},"MO sem LS =>",0,"LS =>",0,"MO com LS =>",0]
[{"$nulls":4},"Valor do BDI =>",13.13,null,"Valor com BDI =>",null,69.31]
[]
[null,"Código","Banco","Descrição","Tipo",null,"Und","Quant.","Valor Unit","Total"]
["Composição"," 53817 ","SINAPI","TRATOR DE ESTEIRAS, POTÊNCIA 100 HP, PESO OPERACIONAL 9,4 T, COM LÂMINA 2,19 M3 - MATERIAIS NA OPERAÇÃO. AF_06/2014","CHOR - CUSTOS HORÁRIOS DE MÁQUINAS E EQUIPAMENTOS",null,"H",1,68.069999999999993,68.069999999999993]
["Insumo"," 00004221 ","SINAPI","OLEO DIESEL COMBUSTIVEL COMUM METROPOLITANO S-10 OU S-500","Material",null,"L",10.44,6.52,68.069999999999993]
[{"$nulls":4},"MO sem LS =>",0,"LS =>",0,"MO com LS =>",0]
[{"$nulls":4},"Valor do BDI =>",15.91,null,"Valor com BDI =>",null,83.98]
[]
[null,"Código","Banco","Descrição","Tipo",null,"Und","Quant.","Valor Unit","Total"]
["Composição"," 88324 ","SINAPI","TRATORISTA COM ENCARGOS COMPLEMENTARES","SEDI - SERVIÇOS DIVERSOS",null,"H",1,33.729999999999997,33.729999999999997]
["Composição Auxiliar"," 95386 ","SINAPI","CURSO DE CAPACITAÇÃO PARA TRATORISTA (ENCARGOS COMPLEMENTARES) - HORISTA","SEDI - SERVIÇOS DIVERSOS",null,"H",1,0.4,0.4]
["Insumo"," 00037371 ","SINAPI","TRANSPORTE - HORISTA (COLETADO CAIXA - ENCARGOS COMPLEMENTARES)","Material",null,"H",1,0.5,0.5]
["Insumo"," 00043464 ","SINAPI","FERRAMENTAS - FAMILIA OPERADOR ESCAVADEIRA - HORISTA (ENCARGOS COMPLEMENTARES - COLETADO CAIXA)","Material",null,"H",1,0.01,0.01]
["Insumo"," 00043488 ","SINAPI","EPI - FAMILIA OPERADOR ESCAVADEIRA - HORISTA (ENCARGOS COMPLEMENTARES - COLETADO CAIXA)","Material",null,"H",1,0.86,0.86]
["Insumo"," 00037372 ","SINAPI","EXAMES - HORISTA (COLETADO CAIXA - ENCARGOS COMPLEMENTARES)","Material",null,"H",1,1.34,1.34]
["Insumo"," 00004230 ","SINAPI","OPERADOR DE MAQUINAS E TRATORES DIVERSOS - TERRAPLANAGEM (HORISTA)","Mão de Obra",null,"H",1,30.08,30.08]
["Insumo"," 00037373 ","SINAPI","SEGURO - HORISTA (COLETADO CAIXA - ENCARGOS COMPLEMENTARES)","Material",null,"H",1,0.01,0.01]
["Insumo"," 00037370 ","SINAPI","ALIMENTACAO - HORISTA (COLETADO CAIXA - ENCARGOS COMPLEMENTARES)","Material",null,"H",1,0.53,0.53]
[{"$nulls":4},"MO sem LS =>",30.48,"LS =>",0,"MO com LS =>",30.48]
[{"$nulls":4},"Valor do BDI =>",7.89,null,"Valor com BDI =>",null,41.62]
[]
[null,"Código","Banco","Descrição","Tipo",null,"Und","Quant.","Valor Unit","Total"]
["Composição"," 89714 ","SINAPI","TUBO PVC, SERIE NORMAL, ESGOTO PREDIAL, DN 100 MM, FORNECIDO E INSTALADO EM RAMAL DE DESCARGA OU RAMAL DE ESGOTO SANITÁRIO. AF_08/2022","INHI - INSTALAÇÕES HIDROS SANITÁRIAS",null,"M",1,31.47,31.47]
["Composição Auxiliar"," 88267 ","SINAPI","ENCANADOR OU BOMBEIRO HIDRÁULICO COM ENCARGOS COMPLEMENTARES","SEDI - SERVIÇOS DIVERSOS",null,"H",0.44440000000000002,24.54,10.91]
["Composição Auxiliar"," 88248 ","SINAPI","AUXILIAR DE ENCANADOR OU BOMBEIRO HIDRÁULICO COM ENCARGOS COMPLEMENTARES","SEDI - SERVIÇOS DIVERSOS",null,"H",0.44440000000000002,20.399999999999999,9.07]
["Insumo"," 00038383 ","SINAPI","LIXA D'AGUA EM FOLHA, GRAO 100","Material",null,"UN",2.47E-2,1.9,0.05]
["Insumo"," 00009836 ","SINAPI","TUBO PVC SERIE NORMAL, DN 100 MM, PARA ESGOTO PREDIAL (NBR 5688)","Material",null,"M",1.0548999999999999,10.84,11.44]
[{"$nulls":4},"MO sem LS =>",16.64,"LS =>",0,"MO com LS =>",16.64]
[{"$nulls":4},"Valor do BDI =>",7.36,null,"Valor com BDI =>",null,38.83]
[]
[null,"Código","Banco","Descrição","Tipo",null,"Und","Quant.","Valor Unit","Total"]
["Composição"," 89711 ","SINAPI","TUBO PVC, SERIE NORMAL, ESGOTO PREDIAL, DN 40 MM, FORNECIDO E INSTALADO EM RAMAL DE DESCARGA OU RAMAL DE ESGOTO SANITÁRIO. AF_08/2022","INHI - INSTALAÇÕES HIDROS SANITÁRIAS",null,"M",1,18.190000000000001,18.190000000000001]
["Composição Auxiliar"," 88248 ","SINAPI","AUXILIAR DE ENCANADOR OU BOMBEIRO HIDRÁULICO COM ENCARGOS COMPLEMENTARES","SEDI - SERVIÇOS DIVERSOS",null,"H",0.29299999999999998,20.399999999999999,5.98]
["Composição Auxiliar"," 88267 ","SINAPI","ENCANADOR OU BOMBEIRO HIDRÁULICO COM ENCARGOS COMPLEMENTARES","SEDI - SERVIÇOS DIVERSOS",null,"H",0.29299999999999998,24.54,7.19]
["Insumo"," 00038383 ","SINAPI","LIXA D'AGUA EM FOLHA, GRAO 100","Material",null,"UN",1.6299999999999999E-2,1.9,0.03]
["Insumo"," 00009835 ","SINAPI","TUBO PVC SERIE NORMAL, DN 40 MM, PARA ESGOTO PREDIAL (NBR 5688)","Material",null,"M",1.0548999999999999,4.7300000000000004,4.99]
[{"$nulls":4},"MO sem LS =>",10.97,"LS =>",0,"MO com LS =>",10.97]
[{"$nulls":4},"Valor do BDI =>",4.25,null,"Valor com BDI =>",null,22.44]
[]
[null,"Código","Banco","Descrição","Tipo",null,"Und","Quant.","Valor Unit","Total"]
["Composição"," 89712 ","SINAPI","TUBO PVC, SERIE NORMAL, ESGOTO PREDIAL, DN 50 MM, FORNECIDO E INSTALADO EM RAMAL DE DESCARGA OU RAMAL DE ESGOTO SANITÁRIO. AF_08/2022","INHI - INSTALAÇÕES HIDROS SANITÁRIAS",null,"M",1,22.58,22.58]
["Composição Auxiliar"," 88267 ","SINAPI","ENCANADOR OU BOMBEIRO HIDRÁULICO COM ENCARGOS COMPLEMENTARES","SEDI - SERVIÇOS DIVERSOS",null,"H",0.31819999999999998,24.54,7.81]
["Composição Auxiliar"," 88248 ","SINAPI","AUXILIAR DE ENCANADOR OU BOMBEIRO HIDRÁULICO COM ENCARGOS COMPLEMENTARES","SEDI - SERVIÇOS DIVERSOS",null,"H",0.31819999999999998,20.399999999999999,6.49]
["Insumo"," 00009838 ","SINAPI","TUBO PVC SERIE NORMAL, DN 50 MM, PARA ESGOTO PREDIAL (NBR 5688)","Material",null,"M",1.0548999999999999,7.82,8.25]
["Insumo"," 00038383 ","SINAPI","LIXA D'AGUA EM FOLHA, GRAO 100","Material",null,"UN",1.77E-2,1.9,0.03]
[{"$nulls":4},"MO sem LS =>",11.92,"LS =>",0,"MO com LS =>",11.92]
[{"$nulls":4},"Valor do BDI =>",5.28,null,"Valor com BDI =>",null,27.86]
[]
[null,"Código","Banco","Descrição","Tipo",null,"Und","Quant.","Valor Unit","Total"]
["Composição"," 89402 ","SINAPI","TUBO, PVC, SOLDÁVEL, DE 25MM, INSTALADO EM RAMAL DE DISTRIBUIÇÃO DE ÁGUA - FORNECIMENTO E INSTALAÇÃO. AF_06/2022","INHI - INSTALAÇÕES HIDROS SANITÁRIAS",null,"M",1,10.79,10.79]
["Composição Auxiliar"," 88248 ","SINAPI","AUXILIAR DE ENCANADOR OU BOMBEIRO HIDRÁULICO COM ENCARGOS COMPLEMENTARES","SEDI - SERVIÇOS DIVERSOS",null,"H",0.15859999999999999,20.399999999999999,3.24]
["Composição Auxiliar"," 88267 ","SINAPI","ENCANADOR OU BOMBEIRO HIDRÁULICO COM ENCARGOS COMPLEMENTARES","SEDI - SERVIÇOS DIVERSOS",null,"H",0.15859999999999999,24.54,3.89]
["Insumo"," 00038383 ","SINAPI","LIXA D'AGUA EM FOLHA, GRAO 100","Material",null,"UN",3.6999999999999998E-2,1.9,7.0000000000000007E-2]
["Insumo"," 00009868 ","SINAPI","TUBO PVC, SOLDAVEL, DE 25 MM, AGUA FRIA (NBR-5648)","Material",null,"M",1.0492999999999999,3.42,3.59]
[{"$nulls":4},"MO sem LS =>",5.94,"LS =>",0,"MO com LS =>",5.94]
[{"$nulls":4},"Valor do BDI =>",2.52,null,"Valor com BDI =>",null,13.31]
[]
[null,"Código","Banco","Descrição","Tipo",null,"Und","Quant.","Valor Unit","Total"]
["Composição"," 89356 ","SINAPI","TUBO, PVC, SOLDÁVEL, DE 25MM, INSTALADO EM RAMAL OU SUB-RAMAL DE ÁGUA - FORNECIMENTO E INSTALAÇÃO. AF_06/2022","INHI - INSTALAÇÕES HIDROS SANITÁRIAS",null,"M",1,20.84,20.84]
["Composição Auxiliar"," 88248 ","SINAPI","AUXILIAR DE ENCANADOR OU BOMBEIRO HIDRÁULICO COM ENCARGOS COMPLEMENTARES","SEDI - SERVIÇOS DIVERSOS",null,"H",0.38,20.399999999999999,7.75]
["Composição Auxiliar"," 88267 ","SINAPI","ENCANADOR OU BOMBEIRO HIDRÁULICO COM ENCARGOS COMPLEMENTARES","SEDI - SERVIÇOS DIVERSOS",null,"H",0.38,24.54,9.33]
["Insumo"," 00009868 ","SINAPI","TUBO PVC, SOLDAVEL, DE 25 MM, AGUA FRIA (NBR-5648)","Material",null,"M",1.0492999999999999,3.42,3.59]
["Insumo"," 00038383 ","SINAPI","LIXA D'AGUA EM FOLHA, GRAO 100","Material",null,"UN",8.8599999999999998E-2,1.9,0.17]
[{"$nulls":4},"MO sem LS =>",14.23,"LS =>",0,"MO com LS =>",14.23]
[{"$nulls":4},"Valor do BDI =>",4.87,null,"Valor com BDI =>",null,25.71]
[]
[null,"Código","Banco","Descrição","Tipo",null,"Und","Quant.","Valor Unit","Total"]
["Composição"," 5914359 ","SICRO3","Transporte com caminhão basculante de 10 m³ - rodovia em leito natural","",null,"tkm",1,1.3,1.3]
["A","Código","Banco","Equipamentos","Quantidade","Utilização",null,"Custo Horário",null,"Custo Horário Total"]
[{"$nulls":5},"Operativa","Improdutiva","Operativa","Improdutiva"]
["Insumo"," E9579 ","SICRO3","Caminhão basculante com capacidade de 10 m³ - 210 kW",1,1,0,303.2303,87.211399999999998,303.2303]
[{"$nulls":5},"Custo horário total de equipamentos",null,null,null,303.2303]
[{"$nulls":5},"Custo horário total de execução",null,null,null,303.2303]
[{"$nulls":5},"Produção de equipe",null,null,null,249]
[{"$nulls":5},"Custo unitário de execução",null,null,null,1.2178]
[{"$nulls":5},"Custo do FIC",null,null,null,7.8299999999999995E-2]
[{"$nulls":5},"Custo do FIT",null,null,null,0]
[{"$nulls":4},"MO sem LS =>",0,"LS =>",0,"MO com LS =>",0]
[{"$nulls":4},"Valor do BDI =>",0.3,null,"Valor com BDI =>",null,1.6]
[]
[null,"Código","Banco","Descrição","Tipo",null,"Und","Quant.","Valor Unit","Total"]
["Composição"," 5914374 ","SICRO3","Transporte com caminhão basculante de 10 m³ - rodovia em revestimento primário","",null,"tkm",1,1.04,1.04]
["A","Código","Banco","Equipamentos","Quantidade","Utilização",null,"Custo Horário",null,"Custo Horário Total"]
[{"$nulls":5},"Operativa","Improdutiva","Operativa","Improdutiva"]
["Insumo"," E9579 ","SICRO3","Caminhão basculante com capacidade de 10 m³ - 210 kW",1,1,0,303.2303,87.211399999999998,303.2303]
[{"$nulls":5},"Custo horário total de equipamentos",null,null,null,303.2303]
[{"$nulls":5},"Custo horário total de execução",null,null,null,303.2303]
[{"$nulls":5},"Produção de equipe",null,null,null,311.25]
[{"$nulls":5},"Custo unitário de execução",null,null,null,0.97419999999999995]
[{"$nulls":5},"Custo do FIC",null,null,null,6.2600000000000003E-2]
[{"$nulls":5},"Custo do FIT",null,null,null,0]
[{"$nulls":4},"MO sem LS =>",0,"LS =>",0,"MO com LS =>",0]
[{"$nulls":4},"Valor do BDI =>",0.24,null,"Valor com BDI =>",null,1.28]
[]
[null,"Código","Banco","Descrição","Tipo",null,"Und","Quant.","Valor Unit","Total"]
["Composição"," 5914389 ","SICRO3","Transporte com caminhão basculante de 10 m³ - rodovia pavimentada","",null,"tkm",1,0.81,0.81]
["A","Código","Banco","Equipamentos","Quantidade","Utilização",null,"Custo Horário",null,"Custo Horário Total"]
[{"$nulls":5},"Operativa","Improdutiva","Operativa","Improdutiva"]
["Insumo"," E9579 ","SICRO3","Caminhão basculante com capacidade de 10 m³ - 210 kW",1,1,0,303.2303,87.211399999999998,303.2303]
[{"$nulls":5},"Custo horário total de equipamentos",null,null,null,303.2303]
[{"$nulls":5},"Custo horário total de execução",null,null,null,303.2303]
[{"$nulls":5},"Produção de equipe",null,null,null,373.5]
[{"$nulls":5},"Custo unitário de execução",null,null,null,0.81189999999999996]
[{"$nulls":5},"Custo do FIC",null,null,null,0]
[{"$nulls":5},"Custo do FIT",null,null,null,0]
[{"$nulls":4},"MO sem LS =>",0,"LS =>",0,"MO com LS =>",0]
[{"$nulls":4},"Valor do BDI =>",0.19,null,"Valor com BDI =>",null,1]
[]
[null,"Código","Banco","Descrição","Tipo",null,"Und","Quant.","Valor Unit","Total"]
["Composição"," 5914584 ","SICRO3","Transporte com caminhão carroceria com capacidade de 7 t e com guindauto de 20 t.m - rodovia em leito natural","",null,"tkm",1,2.85,2.85]
["A","Código","Banco","Equipamentos","Quantidade","Utilização",null,"Custo Horário",null,"Custo Horário Total"]
[{"$nulls":5},"Operativa","Improdutiva","Operativa","Improdutiva"]
["Insumo"," E9686 ","SICRO3","Caminhão carroceria com guindauto com capacidade de 20 t.m - 136 kW",1,1,0,315.06779999999998,120.01009999999999,315.06779999999998]
[{"$nulls":5},"Custo horário total de equipamentos",null,null,null,315.06779999999998]
[{"$nulls":5},"Custo horário total de execução",null,null,null,315.06779999999998]
[{"$nulls":5},"Produção de equipe",null,null,null,117.53]
[{"$nulls":5},"Custo unitário de execução",null,null,null,2.6806999999999999]
[{"$nulls":5},"Custo do FIC",null,null,null,0.17230000000000001]
[{"$nulls":5},"Custo do FIT",null,null,null,0]
[{"$nulls":4},"MO sem LS =>",0,"LS =>",0,"MO com LS =>",0]
[{"$nulls":4},"Valor do BDI =>",0.67,null,"Valor com BDI =>",null,3.52]
[]
[null,"Código","Banco","Descrição","Tipo",null,"Und","Quant.","Valor Unit","Total"]
["Composição"," 5914599 ","SICRO3","Transporte com caminhão carroceria com capacidade de 7 t e com guindauto de 20 t.m - rodovia em revestimento primário","",null,"tkm",1,2.2799999999999998,2.2799999999999998]
["A","Código","Banco","Equipamentos","Quantidade","Utilização",null,"Custo Horário",null,"Custo Horário Total"]
[{"$nulls":5},"Operativa","Improdutiva","Operativa","Improdutiva"]
["Insumo"," E9686 ","SICRO3","Caminhão carroceria com guindauto com capacidade de 20 t.m - 136 kW",1,1,0,315.06779999999998,120.01009999999999,315.06779999999998]
[{"$nulls":5},"Custo horário total de equipamentos",null,null,null,315.06779999999998]
[{"$nulls":5},"Custo horário total de execução",null,null,null,315.06779999999998]
[{"$nulls":5},"Produção de equipe",null,null,null,146.91]
[{"$nulls":5},"Custo unitário de execução",null,null,null,2.1446000000000001]
[{"$nulls":5},"Custo do FIC",null,null,null,0.13789999999999999]
[{"$nulls":5},"Custo do FIT",null,null,null,0]
[{"$nulls":4},"MO sem LS =>",0,"LS =>",0,"MO com LS =>",0]
[{"$nulls":4},"Valor do BDI =>",0.53,null,"Valor com BDI =>",null,2.81]
[]
[null,"Código","Banco","Descrição","Tipo",null,"Und","Quant.","Valor Unit","Total"]
["Composição"," 5914614 ","SICRO3","Transporte com caminhão carroceria com capacidade de 7 t e com guindauto de 20 t.m - rodovia pavimentada","",null,"tkm",1,1.79,1.79]
["A","Código","Banco","Equipamentos","Quantidade","Utilização",null,"Custo Horário",null,"Custo Horário Total"]
[{"$nulls":5},"Operativa","Improdutiva","Operativa","Improdutiva"]
["Insumo"," E9686 ","SICRO3","Caminhão carroceria com guindauto com capacidade de 20 t.m - 136 kW",1,1,0,315.06779999999998,120.01009999999999,315.06779999999998]
[{"$nulls":5},"Custo horário total de equipamentos",null,null,null,315.06779999999998]
[{"$nulls":5},"Custo horário total de execução",null,null,null,315.06779999999998]
[{"$nulls":5},"Produção de equipe",null,null,null,176.29]
[{"$nulls":5},"Custo unitário de execução",null,null,null,1.7871999999999999]
[{"$nulls":5},"Custo do FIC",null,null,null,0]
[{"$nulls":5},"Custo do FIT",null,null,null,0]
[{"$nulls":4},"MO sem LS =>",0,"LS =>",0,"MO com LS =>",0]
[{"$nulls":4},"Valor do BDI =>",0.42,null,"Valor com BDI =>",null,2.21]
[]
[null,"Código","Banco","Descrição","Tipo",null,"Und","Quant.","Valor Unit","Total"]
["Composição"," 5914449 ","SICRO3","Transporte com caminhão carroceria de 15 t - rodovia em leito natural","",null,"tkm",1,1.1499999999999999,1.1499999999999999]
["A","Código","Banco","Equipamentos","Quantidade","Utilização",null,"Custo Horário",null,"Custo Horário Total"]
[{"$nulls":5},"Operativa","Improdutiva","Operativa","Improdutiva"]
["Insumo"," E9592 ","SICRO3","Caminhão carroceria com capacidade de 15 t - 188 kW",1,1,0,269.74720000000002,78.834100000000007,269.74720000000002]
[{"$nulls":5},"Custo horário total de equipamentos",null,null,null,269.74720000000002]
[{"$nulls":5},"Custo horário total de execução",null,null,null,269.74720000000002]
[{"$nulls":5},"Produção de equipe",null,null,null,248.59]
[{"$nulls":5},"Custo unitário de execução",null,null,null,1.0851]
[{"$nulls":5},"Custo do FIC",null,null,null,6.9800000000000001E-2]
[{"$nulls":5},"Custo do FIT",null,null,null,0]
[{"$nulls":4},"MO sem LS =>",0,"LS =>",0,"MO com LS =>",0]
[{"$nulls":4},"Valor do BDI =>",0.27,null,"Valor com BDI =>",null,1.42]
[]
[null,"Código","Banco","Descrição","Tipo",null,"Und","Quant.","Valor Unit","Total"]
["Composição"," 5914479 ","SICRO3","Transporte com caminhão carroceria de 15 t - rodovia pavimentada","",null,"tkm",1,0.72,0.72]
["A","Código","Banco","Equipamentos","Quantidade","Utilização",null,"Custo Horário",null,"Custo Horário Total"]
[{"$nulls":5},"Operativa","Improdutiva","Operativa","Improdutiva"]
["Insumo"," E9592 ","SICRO3","Caminhão carroceria com capacidade de 15 t - 188 kW",1,1,0,269.74720000000002,78.834100000000007,269.74720000000002]
[{"$nulls":5},"Custo horário total de equipamentos",null,null,null,269.74720000000002]
[{"$nulls":5},"Custo horário total de execução",null,null,null,269.74720000000002]
[{"$nulls":5},"Produção de equipe",null,null,null,372.88]
[{"$nulls":5},"Custo unitário de execução",null,null,null,0.72340000000000004]
[{"$nulls":5},"Custo do FIC",null,null,null,0]
[{"$nulls":5},"Custo do FIT",null,null,null,0]
[{"$nulls":4},"MO sem LS =>",0,"LS =>",0,"MO com LS =>",0]
[{"$nulls":4},"Valor do BDI =>",0.17,null,"Valor com BDI =>",null,0.89]
[]
[null,"Código","Banco","Descrição","Tipo",null,"Und","Quant.","Valor Unit","Total"]
["Composição"," 5914364 ","SICRO3","Transporte de cimento ou cal hidratada a granel com caminhão silo de 30 m³ - rodovia em leito natural","",null,"tkm",1,0.95,0.95]
["A","Código","Banco","Equipamentos","Quantidade","Utilização",null,"Custo Horário",null,"Custo Horário Total"]
[{"$nulls":5},"Operativa","Improdutiva","Operativa","Improdutiva"]
["Insumo"," E9146 ","SICRO3","Caminhão silo com capacidade de 30 m³ - 265 kW",1,1,0,465.41269999999997,113.2486,465.41269999999997]
[{"$nulls":5},"Custo horário total de equipamentos",null,null,null,465.41269999999997]
[{"$nulls":5},"Custo horário total de execução",null,null,null,465.41269999999997]
[{"$nulls":5},"Produção de equipe",null,null,null,522.9]
[{"$nulls":5},"Custo unitário de execução",null,null,null,0.8901]
[{"$nulls":5},"Custo do FIC",null,null,null,5.7200000000000001E-2]
[{"$nulls":5},"Custo do FIT",null,null,null,0]
[{"$nulls":4},"MO sem LS =>",0,"LS =>",0,"MO com LS =>",0]
[{"$nulls":4},"Valor do BDI =>",0.22,null,"Valor com BDI =>",null,1.17]
[]
[null,"Código","Banco","Descrição","Tipo",null,"Und","Quant.","Valor Unit","Total"]
["Composição"," 5914365 ","SICRO3","Transporte de cimento ou cal hidratada a granel com caminhão silo de 30 m³ - rodovia em revestimento primário","",null,"tkm",1,0.76,0.76]
["A","Código","Banco","Equipamentos","Quantidade","Utilização",null,"Custo Horário",null,"Custo Horário Total"]
[{"$nulls":5},"Operativa","Improdutiva","Operativa","Improdutiva"]
["Insumo"," E9146 ","SICRO3","Caminhão silo com capacidade de 30 m³ - 265 kW",1,1,0,465.41269999999997,113.2486,465.41269999999997]
[{"$nulls":5},"Custo horário total de equipamentos",null,null,null,465.41269999999997]
[{"$nulls":5},"Custo horário total de execução",null,null,null,465.41269999999997]
[{"$nulls":5},"Produção de equipe",null,null,null,653.63]
[{"$nulls":5},"Custo unitário de execução",null,null,null,0.71199999999999997]
[{"$nulls":5},"Custo do FIC",null,null,null,4.58E-2]
[{"$nulls":5},"Custo do FIT",null,null,null,0]
[{"$nulls":4},"MO sem LS =>",0,"LS =>",0,"MO com LS =>",0]
[{"$nulls":4},"Valor do BDI =>",0.18,null,"Valor com BDI =>",null,0.94]
[]
[null,"Código","Banco","Descrição","Tipo",null,"Und","Quant.","Valor Unit","Total"]
["Composição"," 5914366 ","SICRO3","Transporte de cimento ou cal hidratada a granel com caminhão silo de 30 m³ - rodovia pavimentada","",null,"tkm",1,0.59,0.59]
["A","Código","Banco","Equipamentos","Quantidade","Utilização",null,"Custo Horário",null,"Custo Horário Total"]
[{"$nulls":5},"Operativa","Improdutiva","Operativa","Improdutiva"]
["Insumo"," E9146 ","SICRO3","Caminhão silo com capacidade de 30 m³ - 265 kW",1,1,0,465.41269999999997,113.2486,465.41269999999997]
[{"$nulls":5},"Custo horário total de equipamentos",null,null,null,465.41269999999997]
[{"$nulls":5},"Custo horário total de execução",null,null,null,465.41269999999997]
[{"$nulls":5},"Produção de equipe",null,null,null,784.35]
[{"$nulls":5},"Custo unitário de execução",null,null,null,0.59340000000000004]
[{"$nulls":5},"Custo do FIC",null,null,null,0]
[{"$nulls":5},"Custo do FIT",null,null,null,0]
[{"$nulls":4},"MO sem LS =>",0,"LS =>",0,"MO com LS =>",0]
[{"$nulls":4},"Valor do BDI =>",0.14000000000000001,null,"Valor com BDI =>",null,0.73]
[]
[null,"Código","Banco","Descrição","Tipo",null,"Und","Quant.","Valor Unit","Total"]
["Composição"," 6416078 ","SICRO3","Usinagem de concreto asfáltico - faixa C - areia e brita comerciais","",null,"t",1,316.54000000000002,316.54000000000002]
["A","Código","Banco","Equipamentos","Quantidade","Utilização",null,"Custo Horário",null,"Custo Horário Total"]
[{"$nulls":5},"Operativa","Improdutiva","Operativa","Improdutiva"]
["Insumo"," E9689 ","SICRO3","Usina de asfalto a quente gravimétrica com capacidade de 100/140 t/h - 260 kW",1,1,0,1243.0838000000001,658.75540000000001,1243.0838000000001]
["Insumo"," E9558 ","SICRO3","Tanque de estocagem de asfalto com capacidade de 30.000 l",2,1,0,57.203699999999998,39.074300000000001,114.4074]
["Insumo"," E9559 ","SICRO3","Aquecedor de fluido térmico - 12 kW",1,1,0,71.133399999999995,40.586500000000001,71.133399999999995]
["Insumo"," E9584 ","SICRO3","Carregadeira de pneus com capacidade de 1,72 m³ - 113 kW",1,0.81,0.19,203.89500000000001,101.14060000000001,184.3717]
["Insumo"," E9021 ","SICRO3","Grupo gerador - 456 kVA",1,1,0,417.32119999999998,24.285,417.32119999999998]
[{"$nulls":5},"Custo horário total de equipamentos",null,null,null,2030.3175000000001]
["B","Código","Banco","Mão de Obra","Quantidade","Custo Horário",null,null,null,"Custo Horário Total"]
["Insumo"," P9824 ","SICRO3","Servente",4,null,null,null,"21,1436","84,5744"]
[{"$nulls":5},"Custo horário total de mão de obra",null,null,null,84.574399999999997]
[{"$nulls":5},"Custo horário total de execução",null,null,null,2114.8919000000001]
[{"$nulls":5},"Produção de equipe",null,null,null,99.6]
[{"$nulls":5},"Custo unitário de execução",null,null,null,21.233899999999998]
[{"$nulls":5},"Custo do FIC",null,null,null,0]
[{"$nulls":5},"Custo do FIT",null,null,null,0]
["C","Código","Banco","MATERIAL","Quantidade","Unidade","Preço Unitário",null,null,"Custo Horário"]
["Insumo"," M1941 ","SICRO3","Óleo tipo A1",8,"l","6,1069",null,null,"48,8552"]
["Insumo"," M0005 ","SICRO3","Brita 0",6.3700000000000007E-2,"m³","216,8953",null,null,"13,8162"]
["Insumo"," M0028 ","SICRO3","Areia média",0.33123999999999998,"m³","149,3157",null,null,"49,4593"]
["Insumo"," M1103 ","SICRO3","Pedrisco",0.14013999999999999,"m³","212,4458",null,null,"29,7722"]
["Insumo"," M0344 ","SICRO3","Cal hidratada - a granel",57.323999999999998,"kg","0,8011",null,null,"45,9223"]
["Insumo"," M0191 ","SICRO3","Brita 1",6.3700000000000007E-2,"m³","201,2817",null,null,"12,8216"]
["Insumo"," M1943 ","SICRO3","Cimento asfáltico de petróleo - CAP 50/70",6.4490000000000006E-2,"t","0,0000",null,null,"0,0000"]
[{"$nulls":5},"Custo unitário total de material",null,null,null,200.64680000000001]
["E","Tempo Fixo","Banco","Descrição","Carga","Quantidade","Unidade","Preço Unitário",null,"Custo Horário"]
["Composição"," 5914647 ","SICRO3","Carga, manobra e descarga de agregados ou solos em caminhão basculante de 10 m³ - carga com carregadeira de 3,40 m³ (exclusa) e descarga livre","M0005",9.5549999999999996E-2,"t",1.79,null,0.17100000000000001]
["Composição"," 5914363 ","SICRO3","Carga, manobra e descarga de cimento ou cal hidratada a granel em caminhão silo de 30 m³","M0344",5.7320000000000003E-2,"t",17.8,null,1.0203]
["Composição"," 5914647 ","SICRO3","Carga, manobra e descarga de agregados ou solos em caminhão basculante de 10 m³ - carga com carregadeira de 3,40 m³ (exclusa) e descarga livre","M0191",9.5549999999999996E-2,"t",1.79,null,0.17100000000000001]
["Composição"," 5914647 ","SICRO3","Carga, manobra e descarga de agregados ou solos em caminhão basculante de 10 m³ - carga com carregadeira de 3,40 m³ (exclusa) e descarga livre","M1103",0.21021000000000001,"t",1.79,null,0.37630000000000002]
["Composição"," 5914647 ","SICRO3","Carga, manobra e descarga de agregados ou solos em caminhão basculante de 10 m³ - carga com carregadeira de 3,40 m³ (exclusa) e descarga livre","M0028",0.49686000000000002,"t",1.79,null,0.88939999999999997]
[{"$nulls":5},"Custo Total dos Tempos Fixos",null,null,null,2.6280000000000001]
["F","Momento de Transporte","Banco","Descrição","Quantidade","Distância Média de Transporte (DMT)",null,null,null,"Custo Horário"]
[{"$nulls":5},"LN","RP","P","FE"]
["Insumo","M0028","SICRO3","Areia média",0.49686000000000002,"5914359\n0,00\n1,30\n0,0000","5914374\n0,00\n1,04\n0,0000","5914389\n126,00\n0,81\n102,0600","--",50.709499999999998]
["Insumo","M0191","SICRO3","Brita 1",9.5549999999999996E-2,"5914359\n0,00\n1,30\n0,0000","5914374\n0,00\n1,04\n0,0000","5914389\n124,00\n0,81\n100,4400","--",9.5969999999999995]
["Insumo","M0344","SICRO3","Cal hidratada - a granel",5.7320000000000003E-2,"5914364\n0,00\n0,95\n0,0000","5914365\n0,00\n0,76\n0,0000","5914366\n30,10\n0,59\n17,7590","--",1.0179]
["Insumo","M1103","SICRO3","Pedrisco",0.21021000000000001,"5914359\n0,00\n1,30\n0,0000","5914374\n0,00\n1,04\n0,0000","5914389\n124,00\n0,81\n100,4400","--",21.113499999999998]
["Insumo","M0005","SICRO3","Brita 0",9.5549999999999996E-2,"5914359\n0,00\n1,30\n0,0000","5914374\n0,00\n1,04\n0,0000","5914389\n124,00\n0,81\n100,4400","--",9.5969999999999995]
[{"$nulls":5},"Custo total de transporte",null,null,null,92.035053880000007]
[{"$nulls":4},"MO sem LS =>",316.54000000000002,"LS =>",-315.69,"MO com LS =>",0.84914056224899603]
[{"$nulls":4},"Valor do BDI =>",74.010000000000005,null,"Valor com BDI =>",null,390.55]
[]
[null,"Código","Banco","Descrição","Tipo",null,"Und","Quant.","Valor Unit","Total"]
["Composição"," 86888 ","SINAPI","VASO SANITÁRIO SIFONADO COM CAIXA ACOPLADA LOUÇA BRANCA - FORNECIMENTO E INSTALAÇÃO. AF_01/2020","INHI - INSTALAÇÕES HIDROS SANITÁRIAS",null,"UN",1,427.24,427.24]
["Composição Auxiliar"," 88316 ","SINAPI","SERVENTE COM ENCARGOS COMPLEMENTARES","SEDI - SERVIÇOS DIVERSOS",null,"H",0.43840000000000001,18.989999999999998,8.33]
["Composição Auxiliar"," 88267 ","SINAPI","ENCANADOR OU BOMBEIRO HIDRÁULICO COM ENCARGOS COMPLEMENTARES","SEDI - SERVIÇOS DIVERSOS",null,"H",0.77910000000000001,24.54,19.12]
["Insumo"," 00006138 ","SINAPI","ANEL DE VEDACAO, PVC FLEXIVEL, 100 MM, PARA SAIDA DE BACIA / VASO SANITARIO","Material",null,"UN",1,12.34,12.34]
["Insumo"," 00010422 ","SINAPI","BACIA SANITARIA (VASO) COM CAIXA ACOPLADA, SIFAO APARENTE, DE LOUCA BRANCA (SEM ASSENTO)","Material",null,"UN",1,330.83,330.83]
["Insumo"," 00004384 ","SINAPI","PARAFUSO NIQUELADO COM ACABAMENTO CROMADO PARA FIXAR PECA SANITARIA, INCLUI PORCA CEGA, ARRUELA E BUCHA DE NYLON TAMANHO S-10","Material",null,"UN",2,22.86,45.72]
["Insumo"," 00037329 ","SINAPI","REJUNTE EPOXI, QUALQUER COR","Material",null,"KG",8.8099999999999998E-2,123.67,10.9]
[{"$nulls":4},"MO sem LS =>",22.63,"LS =>",0,"MO com LS =>",22.63]
[{"$nulls":4},"Valor do BDI =>",99.89,null,"Valor com BDI =>",null,527.13]
[]
[null,"Código","Banco","Descrição","Tipo",null,"Und","Quant.","Valor Unit","Total"]
["Composição"," 86931 ","SINAPI","VASO SANITÁRIO SIFONADO COM CAIXA ACOPLADA LOUÇA BRANCA, INCLUSO ENGATE FLEXÍVEL EM PLÁSTICO BRANCO, 1/2  X 40CM - FORNECIMENTO E INSTALAÇÃO. AF_01/2020","INHI - INSTALAÇÕES HIDROS SANITÁRIAS",null,"UN",1,440.36,440.36]
["Composição Auxiliar"," 86885 ","SINAPI","ENGATE FLEXÍVEL EM PLÁSTICO BRANCO, 1/2\" X 40CM - FORNECIMENTO E INSTALAÇÃO. AF_01/2020","INHI - INSTALAÇÕES HIDROS SANITÁRIAS",null,"UN",1,13.12,13.12]
["Composição Auxiliar"," 86888 ","SINAPI","VASO SANITÁRIO SIFONADO COM CAIXA ACOPLADA LOUÇA BRANCA - FORNECIMENTO E INSTALAÇÃO. AF_01/2020","INHI - INSTALAÇÕES HIDROS SANITÁRIAS",null,"UN",1,427.24,427.24]
[{"$nulls":4},"MO sem LS =>",26.51,"LS =>",0,"MO com LS =>",26.51]
[{"$nulls":4},"Valor do BDI =>",102.96,null,"Valor com BDI =>",null,543.32000000000005]
[]
[null,"Código","Banco","Descrição","Tipo",null,"Und","Quant.","Valor Unit","Total"]
["Composição"," 90587 ","SINAPI","VIBRADOR DE IMERSÃO, DIÂMETRO DE PONTEIRA 45MM, MOTOR ELÉTRICO TRIFÁSICO POTÊNCIA DE 2 CV - CHI DIURNO. AF_06/2015","CHOR - CUSTOS HORÁRIOS DE MÁQUINAS E EQUIPAMENTOS",null,"CHI",1,0.49,0.49]
["Composição Auxiliar"," 90583 ","SINAPI","VIBRADOR DE IMERSÃO, DIÂMETRO DE PONTEIRA 45MM, MOTOR ELÉTRICO TRIFÁSICO POTÊNCIA DE 2 CV - JUROS. AF_06/2015","CHOR - CUSTOS HORÁRIOS DE MÁQUINAS E EQUIPAMENTOS",null,"H",1,0.09,0.09]
["Composição Auxiliar"," 90582 ","SINAPI","VIBRADOR DE IMERSÃO, DIÂMETRO DE PONTEIRA 45MM, MOTOR ELÉTRICO TRIFÁSICO POTÊNCIA DE 2 CV - DEPRECIAÇÃO. AF_06/2015","CHOR - CUSTOS HORÁRIOS DE MÁQUINAS E EQUIPAMENTOS",null,"H",1,0.4,0.4]
[{"$nulls":4},"MO sem LS =>",0,"LS =>",0,"MO com LS =>",0]
[{"$nulls":4},"Valor do BDI =>",0.11,null,"Valor com BDI =>",null,0.6]
[]
[null,"Código","Banco","Descrição","Tipo",null,"Und","Quant.","Valor Unit","Total"]
["Composição"," 90586 ","SINAPI","VIBRADOR DE IMERSÃO, DIÂMETRO DE PONTEIRA 45MM, MOTOR ELÉTRICO TRIFÁSICO POTÊNCIA DE 2 CV - CHP DIURNO. AF_06/2015","CHOR - CUSTOS HORÁRIOS DE MÁQUINAS E EQUIPAMENTOS",null,"CHP",1,1.27,1.27]
["Composição Auxiliar"," 90585 ","SINAPI","VIBRADOR DE IMERSÃO, DIÂMETRO DE PONTEIRA 45MM, MOTOR ELÉTRICO TRIFÁSICO POTÊNCIA DE 2 CV - MATERIAIS NA OPERAÇÃO. AF_06/2015","CHOR - CUSTOS HORÁRIOS DE MÁQUINAS E EQUIPAMENTOS",null,"H",1,0.47,0.47]
["Composição Auxiliar"," 90583 ","SINAPI","VIBRADOR DE IMERSÃO, DIÂMETRO DE PONTEIRA 45MM, MOTOR ELÉTRICO TRIFÁSICO POTÊNCIA DE 2 CV - JUROS. AF_06/2015","CHOR - CUSTOS HORÁRIOS DE MÁQUINAS E EQUIPAMENTOS",null,"H",1,0.09,0.09]
["Composição Auxiliar"," 90584 ","SINAPI","VIBRADOR DE IMERSÃO, DIÂMETRO DE PONTEIRA 45MM, MOTOR ELÉTRICO TRIFÁSICO POTÊNCIA DE 2 CV - MANUTENÇÃO. AF_06/2015","CHOR - CUSTOS HORÁRIOS DE MÁQUINAS E EQUIPAMENTOS",null,"H",1,0.31,0.31]
["Composição Auxiliar"," 90582 ","SINAPI","VIBRADOR DE IMERSÃO, DIÂMETRO DE PONTEIRA 45MM, MOTOR ELÉTRICO TRIFÁSICO POTÊNCIA DE 2 CV - DEPRECIAÇÃO. AF_06/2015","CHOR - CUSTOS HORÁRIOS DE MÁQUINAS E EQUIPAMENTOS",null,"H",1,0.4,0.4]
[{"$nulls":4},"MO sem LS =>",0,"LS =>",0,"MO com LS =>",0]
[{"$nulls":4},"Valor do BDI =>",0.3,null,"Valor com BDI =>",null,1.57]
[]
[null,"Código","Banco","Descrição","Tipo",null,"Und","Quant.","Valor Unit","Total"]
["Composição"," 90582 ","SINAPI","VIBRADOR DE IMERSÃO, DIÂMETRO DE PONTEIRA 45MM, MOTOR ELÉTRICO TRIFÁSICO POTÊNCIA DE 2 CV - DEPRECIAÇÃO. AF_06/2015","CHOR - CUSTOS HORÁRIOS DE MÁQUINAS E EQUIPAMENTOS",null,"H",1,0.4,0.4]
["Insumo"," 00013896 ","SINAPI","VIBRADOR DE IMERSAO, DIAMETRO DA PONTEIRA DE *45* MM, COM MOTOR ELETRICO TRIFASICO DE 2 HP (2 CV)","Equipamento para Aquisição Permanente",null,"UN",1.2799999999999999E-4,3144.29,0.4]
[{"$nulls":4},"MO sem LS =>",0,"LS =>",0,"MO com LS =>",0]
[{"$nulls":4},"Valor do BDI =>",0.09,null,"Valor com BDI =>",null,0.49]
[]
[null,"Código","Banco","Descrição","Tipo",null,"Und","Quant.","Valor Unit","Total"]
["Composição"," 90583 ","SINAPI","VIBRADOR DE IMERSÃO, DIÂMETRO DE PONTEIRA 45MM, MOTOR ELÉTRICO TRIFÁSICO POTÊNCIA DE 2 CV - JUROS. AF_06/2015","CHOR - CUSTOS HORÁRIOS DE MÁQUINAS E EQUIPAMENTOS",null,"H",1,0.09,0.09]
["Insumo"," 00013896 ","SINAPI","VIBRADOR DE IMERSAO, DIAMETRO DA PONTEIRA DE *45* MM, COM MOTOR ELETRICO TRIFASICO DE 2 HP (2 CV)","Equipamento para Aquisição Permanente",null,"UN",2.9600000000000001E-5,3144.29,0.09]
[{"$nulls":4},"MO sem LS =>",0,"LS =>",0,"MO com LS =>",0]
[{"$nulls":4},"Valor do BDI =>",0.02,null,"Valor com BDI =>",null,0.11]
[]
[null,"Código","Banco","Descrição","Tipo",null,"Und","Quant.","Valor Unit","Total"]
["Composição"," 90584 ","SINAPI","VIBRADOR DE IMERSÃO, DIÂMETRO DE PONTEIRA 45MM, MOTOR ELÉTRICO TRIFÁSICO POTÊNCIA DE 2 CV - MANUTENÇÃO. AF_06/2015","CHOR - CUSTOS HORÁRIOS DE MÁQUINAS E EQUIPAMENTOS",null,"H",1,0.31,0.31]
["Insumo"," 00013896 ","SINAPI","VIBRADOR DE IMERSAO, DIAMETRO DA PONTEIRA DE *45* MM, COM MOTOR ELETRICO TRIFASICO DE 2 HP (2 CV)","Equipamento para Aquisição Permanente",null,"UN",1E-4,3144.29,0.31]
[{"$nulls":4},"MO sem LS =>",0,"LS =>",0,"MO com LS =>",0]
[{"$nulls":4},"Valor do BDI =>",7.0000000000000007E-2,null,"Valor com BDI =>",null,0.38]
[]
[null,"Código","Banco","Descrição","Tipo",null,"Und","Quant.","Valor Unit","Total"]
["Composição"," 90585 ","SINAPI","VIBRADOR DE IMERSÃO, DIÂMETRO DE PONTEIRA 45MM, MOTOR ELÉTRICO TRIFÁSICO POTÊNCIA DE 2 CV - MATERIAIS NA OPERAÇÃO. AF_06/2015","CHOR - CUSTOS HORÁRIOS DE MÁQUINAS E EQUIPAMENTOS",null,"H",1,0.47,0.47]
["Insumo"," 00002705 ","SINAPI","ENERGIA ELETRICA ATE 2000 KWH INDUSTRIAL, SEM DEMANDA","Franquia",null,"KWH",0.52,0.91,0.47]
[{"$nulls":4},"MO sem LS =>",0,"LS =>",0,"MO com LS =>",0]
[{"$nulls":4},"Valor do BDI =>",0.11,null,"Valor com BDI =>",null,0.57999999999999996]
[]
[null,"Código","Banco","Descrição","Tipo",null,"Und","Quant.","Valor Unit","Total"]
["Composição"," 86879 ","SINAPI","VÁLVULA EM PLÁSTICO 1\" PARA PIA, TANQUE OU LAVATÓRIO, COM OU SEM LADRÃO - FORNECIMENTO E INSTALAÇÃO. AF_01/2020","INHI - INSTALAÇÕES HIDROS SANITÁRIAS",null,"UN",1,10.36,10.36]
["Composição Auxiliar"," 88316 ","SINAPI","SERVENTE COM ENCARGOS COMPLEMENTARES","SEDI - SERVIÇOS DIVERSOS",null,"H",3.8800000000000001E-2,18.989999999999998,0.74]
["Composição Auxiliar"," 88267 ","SINAPI","ENCANADOR OU BOMBEIRO HIDRÁULICO COM ENCARGOS COMPLEMENTARES","SEDI - SERVIÇOS DIVERSOS",null,"H",0.1232,24.54,3.02]
["Insumo"," 00003146 ","SINAPI","FITA VEDA ROSCA EM ROLOS DE 18 MM X 10 M (L X C)","Material",null,"UN",3.32E-2,4,0.13]
["Insumo"," 00006153 ","SINAPI","VALVULA EM PLASTICO BRANCO PARA TANQUE OU LAVATORIO 1 \", SEM UNHO E SEM LADRAO","Material",null,"UN",1,6.47,6.47]
[{"$nulls":4},"MO sem LS =>",3.13,"LS =>",0,"MO com LS =>",3.13]
[{"$nulls":4},"Valor do BDI =>",2.42,null,"Valor com BDI =>",null,12.78]
[]
[null,"Código","Banco","Descrição","Tipo",null,"Und","Quant.","Valor Unit","Total"]
["Composição"," 86880 ","SINAPI","VÁLVULA EM PLÁSTICO CROMADO TIPO AMERICANA 3.1/2\" X 1.1/2\" SEM ADAPTADOR PARA PIA - FORNECIMENTO E INSTALAÇÃO. AF_01/2020","INHI - INSTALAÇÕES HIDROS SANITÁRIAS",null,"UN",1,30.41,30.41]
["Composição Auxiliar"," 88267 ","SINAPI","ENCANADOR OU BOMBEIRO HIDRÁULICO COM ENCARGOS COMPLEMENTARES","SEDI - SERVIÇOS DIVERSOS",null,"H",0.1232,24.54,3.02]
["Composição Auxiliar"," 88316 ","SINAPI","SERVENTE COM ENCARGOS COMPLEMENTARES","SEDI - SERVIÇOS DIVERSOS",null,"H",3.8800000000000001E-2,18.989999999999998,0.74]
["Insumo"," 00006155 ","SINAPI","VALVULA EM PLASTICO CROMADO TIPO AMERICANA PARA PIA DE COZINHA 3.1/2\" X 1.1/2 \", SEM ADAPTADOR","Material",null,"UN",1,26.46,26.46]
["Insumo"," 00003146 ","SINAPI","FITA VEDA ROSCA EM ROLOS DE 18 MM X 10 M (L X C)","Material",null,"UN",4.8000000000000001E-2,4,0.19]
[{"$nulls":4},"MO sem LS =>",3.13,"LS =>",0,"MO com LS =>",3.13]
[{"$nulls":4},"Valor do BDI =>",7.11,null,"Valor com BDI =>",null,37.520000000000003]
[]
[]
[{"$nulls":5},"Total sem BDI",null,17957260.449999999]
[{"$nulls":5},"Total do BDI",null,3682246.21]
[{"$nulls":5},"Total Geral",null,21639506.66]

{"sheet":"CRONOGRAMA_MÃO DE OBRA","index":2,"n_rows":135,"n_cols":21,"rows_kept":135,"cut":false,"hidden":true,"merged":[[85,5,85,6],[46,4,46,5],[0,6,0,7],[0,8,0,9],[2,0,2,15],[1,7,1,8],[45,4,45,5],[44,4,44,5]]}
[null,{"$f":"#REF!","v":{"$error":"#REF!"}},{"$f":"#REF!","v":{"$error":"#REF!"}},{"$f":"#REF!","v":{"$error":"#REF!"}},null,{"$f":"#REF!","v":{"$error":"#REF!"}}]
[null,{"$f":"#REF!","v":{"$error":"#REF!"}},{"$f":"#REF!","v":{"$error":"#REF!"}},{"$f":"#REF!","v":{"$error":"#REF!"}},null,{"$f":"#REF!","v":{"$error":"#REF!"}},null,"Valor Médio de Mão de Obra Sem Engenheiro",null,{"$f":"'Custo Horário de Mão de Obra'!H3","v":26.275770281620552}]
["Cronograma Mão de Obra"]
["Item","Descrição","% Percentual SIENGE MOD","Valor Total","Valor MOD","Total Por Etapa","30 DIAS","60 DIAS","90 DIAS","120 DIAS","150 DIAS","180 DIAS","210 DIAS","240 DIAS","270 DIAS","300 DIAS"]
[{"$f":"#REF!","v":{"$error":"#REF!"}},{"$f":"#REF!","v":{"$error":"#REF!"}},0.35,{"$f":"RIGHT(F5,12)-#REF!","v":{"$error":"#REF!"}},{"$f":"D5*C5","v":{"$error":"#REF!"}},{"$f":"#REF!","v":{"$error":"#REF!"}},{"$f":"#REF!","v":{"$error":"#REF!"}},{"$f":"#REF!","v":{"$error":"#REF!"}},{"$f":"#REF!","v":{"$error":"#REF!"}},{"$f":"#REF!","v":{"$error":"#REF!"}},{"$f":"#REF!","v":{"$error":"#REF!"}},{"$f":"#REF!","v":{"$error":"#REF!"}},{"$f":"#REF!","v":{"$error":"#REF!"}},{"$f":"#REF!","v":{"$error":"#REF!"}},{"$f":"#REF!","v":{"$error":"#REF!"}},{"$f":"#REF!","v":{"$error":"#REF!"}},{"$f":"D5*1","v":{"$error":"#REF!"}}]
[null,"% DE EXECUÇÃO POR MÊS",{"$nulls":4},{"$f":"LEFT(G5,6)","v":{"$error":"#REF!"}},{"$f":"LEFT(H5,6)","v":{"$error":"#REF!"}},{"$nulls":8},{"$f":"D6*1","v":0}]
[null,"VALOR POR MÊS",{"$nulls":4},{"$f":"$C$5*$D$5*G6","v":{"$error":"#REF!"}},{"$f":"$C$5*$D$5*H6","v":{"$error":"#REF!"}},{"$nulls":8},0]
[null,"NÚMERO DE COLABORADORES",{"$nulls":4},{"$f":"(G7/$J$2)/176","v":{"$error":"#REF!"}},{"$f":"(H7/$J$2)/176","v":{"$error":"#REF!"}},{"$nulls":8},0]
[{"$f":"#REF!","v":{"$error":"#REF!"}},{"$f":"#REF!","v":{"$error":"#REF!"}},null,{"$f":"(RIGHT(F9,10))*1","v":{"$error":"#REF!"}},{"$f":"D9*C9","v":{"$error":"#REF!"}},{"$f":"#REF!","v":{"$error":"#REF!"}},{"$f":"#REF!","v":{"$error":"#REF!"}},{"$f":"#REF!","v":{"$error":"#REF!"}},{"$f":"#REF!","v":{"$error":"#REF!"}},{"$f":"#REF!","v":{"$error":"#REF!"}},{"$f":"#REF!","v":{"$error":"#REF!"}},{"$f":"#REF!","v":{"$error":"#REF!"}},{"$f":"#REF!","v":{"$error":"#REF!"}},{"$f":"#REF!","v":{"$error":"#REF!"}},{"$f":"#REF!","v":{"$error":"#REF!"}},{"$f":"#REF!","v":{"$error":"#REF!"}},{"$error":"#REF!"}]
[null,"% DE EXECUÇÃO POR MÊS",{"$nulls":14},0]
[null,"VALOR POR MÊS",{"$nulls":14},0]
[null,"NÚMERO DE COLABORADORES",{"$nulls":14},0]
[{"$f":"#REF!","v":{"$error":"#REF!"}},{"$f":"#REF!","v":{"$error":"#REF!"}},null,{"$f":"RIGHT(F13,10)*1","v":{"$error":"#REF!"}},{"$f":"D13*C13","v":{"$error":"#REF!"}},{"$f":"#REF!","v":{"$error":"#REF!"}},{"$f":"#REF!","v":{"$error":"#REF!"}},{"$f":"#REF!","v":{"$error":"#REF!"}},{"$f":"#REF!","v":{"$error":"#REF!"}},{"$f":"#REF!","v":{"$error":"#REF!"}},{"$f":"#REF!","v":{"$error":"#REF!"}},{"$f":"#REF!","v":{"$error":"#REF!"}},{"$f":"#REF!","v":{"$error":"#REF!"}},{"$f":"#REF!","v":{"$error":"#REF!"}},{"$f":"#REF!","v":{"$error":"#REF!"}},{"$f":"#REF!","v":{"$error":"#REF!"}},{"$error":"#REF!"}]
[null,"% DE EXECUÇÃO POR MÊS",{"$nulls":4},{"$f":"LEFT(G13,6)*1","v":{"$error":"#REF!"}},{"$nulls":8},{"$f":"LEFT(P13,6)","v":{"$error":"#REF!"}},0]
[null,"VALOR POR MÊS",{"$nulls":4},{"$f":"$C$13*$D$13*G14","v":{"$error":"#REF!"}},{"$nulls":8},{"$f":"$C$13*$D$13*P14","v":{"$error":"#REF!"}},0]
[null,"NÚMERO DE COLABORADORES",{"$nulls":4},{"$f":"(G15/$J$2)/176","v":{"$error":"#REF!"}},{"$nulls":8},{"$f":"(P15/$J$2)/176","v":{"$error":"#REF!"}},0]
[{"$f":"#REF!","v":{"$error":"#REF!"}},{"$f":"#REF!","v":{"$error":"#REF!"}},0.15,{"$f":"RIGHT(F17,12)*1","v":{"$error":"#REF!"}},{"$f":"D17*C17","v":{"$error":"#REF!"}},{"$f":"#REF!","v":{"$error":"#REF!"}},{"$f":"#REF!","v":{"$error":"#REF!"}},{"$f":"#REF!","v":{"$error":"#REF!"}},{"$f":"#REF!","v":{"$error":"#REF!"}},{"$f":"#REF!","v":{"$error":"#REF!"}},{"$f":"#REF!","v":{"$error":"#REF!"}},{"$f":"#REF!","v":{"$error":"#REF!"}},{"$f":"#REF!","v":{"$error":"#REF!"}},{"$f":"#REF!","v":{"$error":"#REF!"}},{"$f":"#REF!","v":{"$error":"#REF!"}},{"$f":"#REF!","v":{"$error":"#REF!"}},{"$error":"#REF!"}]
[null,"% DE EXECUÇÃO POR MÊS",{"$nulls":4},{"$f":"LEFT(G17,5)*1","v":{"$error":"#REF!"}},{"$f":"LEFT(H17,5)*1","v":{"$error":"#REF!"}},{"$f":"LEFT(I17,6)*1","v":{"$error":"#REF!"}},{"$f":"LEFT(J17,6)*1","v":{"$error":"#REF!"}},{"$f":"LEFT(K17,6)*1","v":{"$error":"#REF!"}},{"$nulls":5},0]
[null,"VALOR POR MÊS",{"$nulls":4},{"$f":"$C$17*$D$17*G18","v":{"$error":"#REF!"}},{"$f":"$C$17*$D$17*H18","v":{"$error":"#REF!"}},{"$f":"$C$17*$D$17*I18","v":{"$error":"#REF!"}},{"$f":"$C$17*$D$17*J18","v":{"$error":"#REF!"}},{"$f":"$C$17*$D$17*K18","v":{"$error":"#REF!"}},{"$nulls":5},0]
[null,"NÚMERO DE COLABORADORES",{"$nulls":4},{"$f":"(G19/$J$2)/176","v":{"$error":"#REF!"}},{"$f":"(H19/$J$2)/176","v":{"$error":"#REF!"}},{"$f":"(I19/$J$2)/176","v":{"$error":"#REF!"}},{"$f":"(J19/$J$2)/176","v":{"$error":"#REF!"}},{"$f":"(K19/$J$2)/176","v":{"$error":"#REF!"}},{"$nulls":5},0]
[{"$f":"#REF!","v":{"$error":"#REF!"}},{"$f":"#REF!","v":{"$error":"#REF!"}},0.1,{"$f":"RIGHT(F21,12)*1","v":{"$error":"#REF!"}},{"$f":"D21*C21","v":{"$error":"#REF!"}},{"$f":"#REF!","v":{"$error":"#REF!"}},{"$f":"#REF!","v":{"$error":"#REF!"}},{"$f":"#REF!","v":{"$error":"#REF!"}},{"$f":"#REF!","v":{"$error":"#REF!"}},{"$f":"#REF!","v":{"$error":"#REF!"}},{"$f":"#REF!","v":{"$error":"#REF!"}},{"$f":"#REF!","v":{"$error":"#REF!"}},{"$f":"#REF!","v":{"$error":"#REF!"}},{"$f":"#REF!","v":{"$error":"#REF!"}},{"$f":"#REF!","v":{"$error":"#REF!"}},{"$f":"#REF!","v":{"$error":"#REF!"}},{"$error":"#REF!"}]
[null,"% DE EXECUÇÃO POR MÊS",{"$nulls":6},{"$f":"LEFT(I21,5)*1","v":{"$error":"#REF!"}},{"$f":"LEFT(J21,6)*1","v":{"$error":"#REF!"}},{"$f":"LEFT(K21,6)*1","v":{"$error":"#REF!"}},{"$f":"LEFT(L21,6)*1","v":{"$error":"#REF!"}},{"$f":"LEFT(M21,6)*1","v":{"$error":"#REF!"}},{"$f":"LEFT(N21,6)*1","v":{"$error":"#REF!"}},null,null,0]
[null,"VALOR POR MÊS",{"$nulls":6},{"$f":"$C$21*$D$21*I22","v":{"$error":"#REF!"}},{"$error":"#REF!"},{"$error":"#REF!"},{"$error":"#REF!"},{"$error":"#REF!"},{"$error":"#REF!"},null,null,0]
[null,"NÚMERO DE COLABORADORES",{"$nulls":6},{"$f":"(I23/$J$2)/176","v":{"$error":"#REF!"}},{"$error":"#REF!"},{"$error":"#REF!"},{"$error":"#REF!"},{"$error":"#REF!"},{"$error":"#REF!"},null,null,0]
[{"$f":"#REF!","v":{"$error":"#REF!"}},{"$f":"#REF!","v":{"$error":"#REF!"}},0.1,{"$f":"RIGHT(F25,10)*1","v":{"$error":"#REF!"}},{"$f":"D25*C25","v":{"$error":"#REF!"}},{"$f":"#REF!","v":{"$error":"#REF!"}},{"$f":"#REF!","v":{"$error":"#REF!"}},{"$f":"#REF!","v":{"$error":"#REF!"}},{"$f":"#REF!","v":{"$error":"#REF!"}},{"$f":"#REF!","v":{"$error":"#REF!"}},{"$f":"#REF!","v":{"$error":"#REF!"}},{"$f":"#REF!","v":{"$error":"#REF!"}},{"$f":"#REF!","v":{"$error":"#REF!"}},{"$f":"#REF!","v":{"$error":"#REF!"}},{"$f":"#REF!","v":{"$error":"#REF!"}},{"$f":"#REF!","v":{"$error":"#REF!"}},{"$error":"#REF!"}]
[null,"% DE EXECUÇÃO POR MÊS",{"$nulls":12},{"$f":"LEFT(O25,6)","v":{"$error":"#REF!"}},{"$f":"LEFT(P25,6)","v":{"$error":"#REF!"}},0]
[null,"VALOR POR MÊS",{"$nulls":12},{"$f":"$C$25*$D$25*O26","v":{"$error":"#REF!"}},{"$f":"$C$25*$D$25*P26","v":{"$error":"#REF!"}},0]
[null,"NÚMERO DE COLABORADORES",{"$nulls":12},{"$f":"(O27/$J$2)/176","v":{"$error":"#REF!"}},{"$f":"(P27/$J$2)/176","v":{"$error":"#REF!"}},0]
[{"$f":"#REF!","v":{"$error":"#REF!"}},{"$f":"#REF!","v":{"$error":"#REF!"}},0.5,{"$f":"RIGHT(F29,10)*1","v":{"$error":"#REF!"}},{"$f":"D29*C29","v":{"$error":"#REF!"}},{"$f":"#REF!","v":{"$error":"#REF!"}},{"$f":"#REF!","v":{"$error":"#REF!"}},{"$f":"#REF!","v":{"$error":"#REF!"}},{"$f":"#REF!","v":{"$error":"#REF!"}},{"$f":"#REF!","v":{"$error":"#REF!"}},null,{"$f":"#REF!","v":{"$error":"#REF!"}},{"$f":"#REF!","v":{"$error":"#REF!"}},{"$f":"#REF!","v":{"$error":"#REF!"}},{"$f":"#REF!","v":{"$error":"#REF!"}},{"$f":"#REF!","v":{"$error":"#REF!"}},{"$error":"#REF!"}]
[null,"% DE EXECUÇÃO POR MÊS",{"$nulls":9},{"$f":"LEFT(L29,6)","v":{"$error":"#REF!"}},{"$f":"LEFT(M29,6)","v":{"$error":"#REF!"}},{"$f":"LEFT(N29,6)","v":{"$error":"#REF!"}},{"$f":"LEFT(O29,6)","v":{"$error":"#REF!"}},{"$f":"LEFT(P29,6)","v":{"$error":"#REF!"}},0]
[null,"VALOR POR MÊS",{"$nulls":9},{"$f":"$C$29*$D$29*L30","v":{"$error":"#REF!"}},{"$f":"$C$29*$D$29*M30","v":{"$error":"#REF!"}},{"$f":"$C$29*$D$29*N30","v":{"$error":"#REF!"}},{"$f":"$C$29*$D$29*O30","v":{"$error":"#REF!"}},{"$f":"$C$29*$D$29*P30","v":{"$error":"#REF!"}},0]
[null,"NÚMERO DE COLABORADORES",{"$nulls":9},{"$f":"(L31/$J$2)/176","v":{"$error":"#REF!"}},{"$f":"(M31/$J$2)/176","v":{"$error":"#REF!"}},{"$f":"(N31/$J$2)/176","v":{"$error":"#REF!"}},{"$f":"(O31/$J$2)/176","v":{"$error":"#REF!"}},{"$f":"(P31/$J$2)/176","v":{"$error":"#REF!"}},0]
[{"$f":"#REF!","v":{"$error":"#REF!"}},{"$f":"#REF!","v":{"$error":"#REF!"}},0.35,{"$f":"RIGHT(F33,10)*1","v":{"$error":"#REF!"}},{"$f":"D33*C33","v":{"$error":"#REF!"}},{"$f":"#REF!","v":{"$error":"#REF!"}},{"$f":"#REF!","v":{"$error":"#REF!"}},{"$f":"#REF!","v":{"$error":"#REF!"}},{"$f":"#REF!","v":{"$error":"#REF!"}},{"$f":"#REF!","v":{"$error":"#REF!"}},{"$f":"#REF!","v":{"$error":"#REF!"}},{"$f":"#REF!","v":{"$error":"#REF!"}},{"$f":"#REF!","v":{"$error":"#REF!"}},{"$f":"#REF!","v":{"$error":"#REF!"}},{"$f":"#REF!","v":{"$error":"#REF!"}},{"$f":"#REF!","v":{"$error":"#REF!"}},{"$error":"#REF!"}]
[null,"% DE EXECUÇÃO POR MÊS",{"$nulls":11},{"$f":"LEFT(N33,6)","v":{"$error":"#REF!"}},{"$f":"LEFT(O33,6)","v":{"$error":"#REF!"}},{"$f":"LEFT(P33,6)","v":{"$error":"#REF!"}},0]
[null,"VALOR POR MÊS",{"$nulls":11},{"$f":"$C$33*$D$33*N34","v":{"$error":"#REF!"}},{"$f":"$C$33*$D$33*O34","v":{"$error":"#REF!"}},{"$f":"$C$33*$D$33*P34","v":{"$error":"#REF!"}},0]
[null,"NÚMERO DE COLABORADORES",{"$nulls":11},{"$f":"(N35/$J$2)/176","v":{"$error":"#REF!"}},{"$f":"(O35/$J$2)/176","v":{"$error":"#REF!"}},{"$f":"(P35/$J$2)/176","v":{"$error":"#REF!"}},0]
[{"$f":"#REF!","v":{"$error":"#REF!"}},{"$f":"#REF!","v":{"$error":"#REF!"}},0.35,{"$f":"RIGHT(F37,10)*1","v":{"$error":"#REF!"}},{"$f":"D37*C37","v":{"$error":"#REF!"}},{"$f":"#REF!","v":{"$error":"#REF!"}},{"$f":"#REF!","v":{"$error":"#REF!"}},{"$f":"#REF!","v":{"$error":"#REF!"}},{"$f":"#REF!","v":{"$error":"#REF!"}},{"$nulls":5},{"$f":"#REF!","v":{"$error":"#REF!"}},{"$f":"#REF!","v":{"$error":"#REF!"}},{"$error":"#REF!"}]
[null,"% DE EXECUÇÃO POR MÊS",{"$nulls":12},{"$f":"LEFT(O37,6)","v":{"$error":"#REF!"}},{"$f":"LEFT(P37,6)","v":{"$error":"#REF!"}},0]
[null,"VALOR POR MÊS",{"$nulls":12},{"$f":"$C$37*$D$37*O38","v":{"$error":"#REF!"}},{"$f":"$C$37*$D$37*P38","v":{"$error":"#REF!"}},0]
[null,"NÚMERO DE COLABORADORES",{"$nulls":12},{"$f":"(O39/$J$2)/176","v":{"$error":"#REF!"}},{"$f":"(P39/$J$2)/176","v":{"$error":"#REF!"}},0]
[{"$f":"#REF!","v":{"$error":"#REF!"}},{"$f":"#REF!","v":{"$error":"#REF!"}},0.5,{"$f":"RIGHT(F41,12)*1","v":{"$error":"#REF!"}},{"$f":"D41*C41","v":{"$error":"#REF!"}},{"$f":"#REF!","v":{"$error":"#REF!"}},"",{"$f":"#REF!","v":{"$error":"#REF!"}},{"$f":"#REF!","v":{"$error":"#REF!"}},{"$f":"#REF!","v":{"$error":"#REF!"}},{"$f":"#REF!","v":{"$error":"#REF!"}},{"$f":"#REF!","v":{"$error":"#REF!"}},{"$f":"#REF!","v":{"$error":"#REF!"}},null,null,null,{"$error":"#REF!"}]
[null,"% DE EXECUÇÃO POR MÊS",{"$nulls":5},{"$f":"LEFT(H41,5)","v":{"$error":"#REF!"}},{"$f":"LEFT(I41,6)","v":{"$error":"#REF!"}},{"$f":"LEFT(J41,6)","v":{"$error":"#REF!"}},{"$f":"LEFT(K41,6)","v":{"$error":"#REF!"}},{"$nulls":5},0]
[null,"VALOR POR MÊS",{"$nulls":5},{"$f":"$C$41*$D$41*H42","v":{"$error":"#REF!"}},{"$f":"$C$41*$D$41*I42","v":{"$error":"#REF!"}},{"$f":"$C$41*$D$41*J42","v":{"$error":"#REF!"}},{"$f":"$C$41*$D$41*K42","v":{"$error":"#REF!"}},{"$nulls":5},0]
[null,"NÚMERO DE COLABORADORES",{"$nulls":5},{"$f":"(H43/$J$2)/176","v":{"$error":"#REF!"}},{"$f":"(I43/$J$2)/176","v":{"$error":"#REF!"}},{"$f":"(J43/$J$2)/176","v":{"$error":"#REF!"}},{"$f":"(K43/$J$2)/176","v":{"$error":"#REF!"}},{"$nulls":5},0]
[{"$nulls":4},"Valor",null,{"$f":"G7+G11+G15+G19+G23+G27+G31+G35+G39+G43","v":{"$error":"#REF!"}},{"$f":"H7+H11+H15+H19+H23+H27+H31+H35+H39+H43","v":{"$error":"#REF!"}},{"$error":"#REF!"},{"$error":"#REF!"},{"$error":"#REF!"},{"$error":"#REF!"},{"$error":"#REF!"},{"$error":"#REF!"},{"$error":"#REF!"},{"$error":"#REF!"}]
[{"$nulls":4},"Quantidade Mão de Obra",null,{"$f":"ROUNDUP((G8+G12+G16+G20+G24+G28+G32+G36+G40+G44),0)","v":{"$error":"#REF!"}},{"$f":"ROUNDUP((H8+H12+H16+H20+H24+H28+H32+H36+H40+H44),0)","v":{"$error":"#REF!"}},{"$error":"#REF!"},{"$error":"#REF!"},{"$error":"#REF!"},{"$error":"#REF!"},{"$error":"#REF!"},{"$error":"#REF!"},{"$error":"#REF!"},{"$error":"#REF!"}]
[{"$nulls":4},"Quantidade Média da Mão de Obra",null,{"$f":"ROUNDUP(AVERAGE(G46:P46),0)","v":{"$error":"#REF!"}}]
[]
["_______________________________________________________________\nPERFIL ORÇAMENTARIO\nDiretor"]
[{"$nulls":4},{"$f":"SUM(E5:E44)/SUM(G45:P45)","v":{"$error":"#REF!"}}]
[]
[]
[]
[]
[]
[null,null,null,"ID",null,"TIPO","QUANT.","COEF.","TOTAL"]
[null,null,null,"NMO","A","Funcionários da mão de obra ordinária Média",{"$f":"G47","v":{"$error":"#REF!"}},1.33,{"$f":"G57*H57","v":{"$error":"#REF!"}}]
[null,null,null,"NPV","B","Funcionários da parcela variável no mês de pico",0,1.33,{"$f":"G58*H58","v":0}]
[null,null,null,"NPF","C","Funcionários da parcela fixa da administração local",14,null,14]
[null,null,null,"NPF-V","D","Funcionários das parcelas fixa e vinculada",14,null,14]
[null,null,null,"NFA","E","Funcionários alojados no canteiro ((D+B + A))x 0,35",{"$f":"(G57+G58+G60)*0.35","v":{"$error":"#REF!"}},null,{"$f":"G61","v":{"$error":"#REF!"}}]
[null,null,null,"NMAX","F","Número máximo de funcionários (A + B +D)",{"$f":"G57+G58+G60","v":{"$error":"#REF!"}},null,{"$f":"SUM(I57:I61)","v":{"$error":"#REF!"}}]
[]
[{"$nulls":5},"INSTALAÇÕES COBERTAS","EQUAÇÕES DE DIMENSIONAMENTO","ÁREA\n(m2)"]
[{"$nulls":5},"Escritório e seção técnica","AE-ST = 57,95 + 4,5 x NPF",{"$f":"57.95+4.5*I59","v":120.95}]
[{"$nulls":5},"Refeitório e cozinha","AR-C = 1,55 x 50% NMAX",{"$f":"1.55*I62*0.5","v":{"$error":"#REF!"}}]
[{"$nulls":5},"Alojamentos","AAL = 3,11 x 35% (NMO + NPV)",{"$f":"3.11*(I57+I58)*0.35","v":{"$error":"#REF!"}}]
[{"$nulls":5},"Banheiros e vestiário","AB-V = 0,77 x (NMO + NPV)",{"$f":"0.77*(I57+I58)","v":{"$error":"#REF!"}}]
[{"$nulls":5},"Ambulatório","AAMB = 0,25 x NMAX",{"$f":"0.25*I62","v":{"$error":"#REF!"}}]
[{"$nulls":5},"Área de recreação","AAR = 1,5 x 35% NFA",{"$f":"1.5*I61*0.35","v":{"$error":"#REF!"}}]
[{"$nulls":5},"Residências","ARES = 8,46 x NPF-V",{"$f":"8.46*I60","v":118.44000000000001}]
[{"$nulls":5},"TOTAL:",null,{"$f":"SUM(H65:H71)","v":{"$error":"#REF!"}}]
[]
[]
[{"$nulls":5},"Descrição","Unidade","Quant."]
[{"$nulls":5},"Engenheiro supervisor ","Und.",1]
[{"$nulls":5},"Encarregado geral ","Und.",1]
[{"$nulls":5},"Técnico em meio ambiente ","Und.",1]
[{"$nulls":5},"Secretária ","Und.",1]
[{"$nulls":5},"Auxiliar técnico ","Und.",2]
[{"$nulls":5},"Porteiro ","Und.",2]
[{"$nulls":5},"Vigia ","Und",2]
[{"$nulls":5},"Motorista ","Und",1]
[{"$nulls":5},"Auxiliar administrativo ","Und",2]
[{"$nulls":5},"Faxineiro ","Und",1]
[{"$nulls":5},"Total",null,{"$f":"SUM(H76:H85)","v":14}]
[]
[]
[{"$nulls":5},"INSTALAÇÕES COBERTAS","ÁREA\n(m2)","FEAC (%)","Áreas Equivalentes (m²)",null,"Área total de referência do terreno ",{"$f":"G103/0.4","v":{"$error":"#REF!"}}]
[{"$nulls":5},"Escritório e seção técnica",{"$f":"H65","v":120.95},0.7,{"$f":"G90*H90","v":84.664999999999992},null,"Áreas descobertas ",{"$f":"L89-G103","v":{"$error":"#REF!"}}]
[{"$nulls":5},"Refeitório e cozinha",{"$error":"#REF!"},0.7,{"$f":"G91*H91","v":{"$error":"#REF!"}},null,"CCP 01",{"$f":"0.8*1.05*2.4718*H72","v":{"$error":"#REF!"}}]
[{"$nulls":5},"Alojamentos",{"$error":"#REF!"},0.7,{"$error":"#REF!"},null,"CCP 02",{"$f":"L90*0.05","v":{"$error":"#REF!"}}]
[{"$nulls":5},"Banheiros e vestiário",{"$error":"#REF!"},0.7,{"$error":"#REF!"},null,"CCP 03",{"$f":"L91+L92","v":{"$error":"#REF!"}}]
[{"$nulls":5},"Ambulatório",{"$error":"#REF!"},0.6,{"$error":"#REF!"},null,"CMCC",1675.58]
[{"$nulls":5},"Área de recreação",{"$error":"#REF!"},0.5,{"$error":"#REF!"},null,"CCP - TOTAL",{"$f":"L93*L94","v":{"$error":"#REF!"}}]
[{"$nulls":5},"Residências",118.44000000000001,0.7,82.908000000000001]
[{"$nulls":5},"Almoxarifado",104.88,0.5,52.44]
[{"$nulls":5},"Depósito de Cimento",93.45,0.5,46.725000000000001]
[{"$nulls":5},"Oficina",215.14,0.5,107.57]
[{"$nulls":5},"Topografia",14.77,0.6,8.8620000000000001]
[{"$nulls":5},"Guarita",6.1,0.7,4.2699999999999996]
[{"$nulls":5},"Laboratório",28,0.6,16.8]
[{"$nulls":5},"Total",{"$f":"SUM(G90:G102)","v":{"$error":"#REF!"}},null,{"$f":"SUM(I90:I102)","v":{"$error":"#REF!"}}]
{"$rows_empty":31}
[{"$nulls":20},"Custo total do Canteiro Central"]

{"sheet":"Custo Horário de Mão de Obra","index":3,"n_rows":31,"n_cols":8,"rows_kept":31,"cut":false,"hidden":true,"merged":[[2,0,2,6],[30,0,30,6]]}
[null,"Obra"]
[null,"COMPLEMENTAÇÃO DOS ESTUDOS PRELIMINARES E CONSOLIDAÇÃO DO PROJETO RODOVIÁRIO DO RAMAL DO MANGA, NO ESTADO DO AMAPÁ - CODESAFV"]
["Planilha de Custo Horário de Mão de Obra",{"$nulls":6},{"$f":"AVERAGE(H5:H28)","v":26.275770281620552}]
["Codigo","Descrição","Unidade","Salário","Encargos","Adicional de Periculosidade","Custo","MÉDIA"]
[" P9824 ","Servente","h","6,1778","197,7515%","0,0000%",18.394400000000001,18.394400000000001]
[" P9801 ","Ajudante","h","6,8953","185,8522%","0,0000%",19.7103,19.7103]
[" P9805 ","Armador","h","9,2900","159,8139%","0,0000%",24.136700000000001,24.136700000000001]
[" P9821 ","Pedreiro","h","8,7001","164,1073%","0,0000%",22.977499999999999,22.977499999999999]
[" P9825 ","Soldador","h","11,4412","145,4213%","0,0000%",28.0791,28.0791]
[" P9822 ","Pintor","h","9,2900","160,7028%","0,0000%",24.219200000000001,24.219200000000001]
[" P9808 ","Carpinteiro","h","8,6900","164,7141%","0,0000%",23.003599999999999,23.003599999999999]
[" P9802 ","Ajudante especializado","h","8,2081","179,8206%","0,0000%",22.9679,22.9679]
[" P9810 ","Eletricista","h","10,1149","159,3210%","0,0000%",26.23,26.23]
[" P9830 ","Montador","h","9,1500","170,6986%","0,0000%",24.768899999999999,24.768899999999999]
[" P9950 ","Auxiliar de topografia","mês","1.685,2000","129,6400%","0,0000%",3869.8932,{"$f":"G15/176","v":21.988029545454545}]
[" P9949 ","Topógrafo","mês","2.688,4200","101,0370%","0,0000%",5404.7188999999998,{"$f":"G16/176","v":30.708630113636364}]
[" P9848 ","Desenhista","mês","3.384,9090","88,0257%","0,0000%",6364.4988000000003,{"$f":"G17/176","v":36.161925000000004}]
[" P9823 ","Serralheiro","h","9,7753","156,1903%","0,0000%",25.043299999999999,{"$f":"G18","v":25.043299999999999}]
[" P9853 ","Pré-marcador","h","6,8565","183,0396%","0,0000%",19.406600000000001,{"$f":"G19","v":19.406600000000001}]
[" P9819 ","Engenheiro supervisor","mês","11.884,7930","60,2981%","0,0000%",19051.097300000001]
[" P9840 ","Encarregado geral","mês","5.563,8587","75,1751%","0,0000%",9746.4950000000008,{"$f":"G21/176","v":55.377812500000005}]
[" P9897 ","Técnico de meio ambiente","mês","3.430,5249","89,7725%","0,0000%",6510.1927999999998,36.989731818181816]
[" P9878 ","Secretária","mês","2.593,8973","98,1257%","0,0000%",5139.1770999999999,29.199869886363636]
[" P9903 ","Auxiliar técnico","mês","1.850,8404","121,0252%","0,0000%",4090.8236000000002,23.24331590909091]
[" P9827 ","Vigia","mês","1.408,0000","160,2026%","30,0000%",4086.0526,23.216207954545453]
[" P9948 ","Motorista de veículo leve - mensalista","mês","1.913,7645","118,2377%","0,0000%",4176.5555999999997,23.730429545454545]
[" P9806 ","Auxiliar administrativo","mês","1.911,8000","120,1302%","0,0000%",4208.4490999999998,23.911642613636364]
[" P9842 ","Faxineiro","mês","1.555,4000","136,2390%","0,0000%",3674.4614000000001,20.87762159090909]
[]
[]
["_______________________________________________________________\nPERFIL ORÇAMENTARIO\nDiretor"]

{"sheet":"Resumo do Orçamento","index":4,"n_rows":51,"n_cols":18,"rows_kept":51,"cut":false,"hidden":false,"merged":[[4,0,4,2],[4,3,4,6],[0,8,0,10],[1,8,1,10],[2,0,2,10],[3,0,3,2],[3,3,3,6],[5,0,5,2],[5,3,5,6],[6,0,6,2],[6,3,6,6],[7,0,7,2],[7,3,7,6],[8,0,8,2],[8,3,8,6],[9,0,9,2],[9,3,9,6],[10,0,10,2],[10,3,10,6],[16,0,16,2],[16,5,16,6],[16,7,16,9],[11,0,11,2],[11,3,11,6],[12,0,12,2],[12,3,12,6],[13,0,13,2],[13,3,13,6],[14,0,14,2],[14,3,14,6],[15,0,15,2],[15,5,15,6],[15,7,15,9]]}
[null,null,null,"Obra","Bancos","BDI SERVIÇO:",0.23380000000000001,null,"Encargos Sociais"]
[null,null,null,"CONTRATAÇÃO DE OBRAS DE PAVIMENTAÇÃO EM CONCRETO BETUMINOSO USINADO A QUENTE (CBUQ) NO RAMAL DA TOTOIA, NO MUNICÍPIO DE SANTANA/AP, NA ÁREA DE ATUAÇÃO DA 11ª SUPERINTENDÊNCIA REGIONAL DA CODEVASF, NO ESTADO DO AMAPÁ",{"$f":"'Orçamento Sintético'!E2","v":"SINAPI - 01/2026 - Amapá\nSBC - 03/2026 - Amapá\nSICRO3 - 10/2025 - Amapá\nORSE - 12/2025 - Sergipe\n"},"BDI MATERIAL:",0.1459,null,"Não Desonerado"]
["Planilha Orçamentária Resumida"]
["Item",null,null,"Descrição",null,null,null,"Quant.","Total","Peso (%)"]
[1,null,null,"SERVIÇOS PRELIMINARES",null,null,null,1,{"$f":"VLOOKUP(A5,'Orçamento Sintético'!$A$5:$J$143,9,FALSE)","v":1475877.09},{"$f":"I5/$H$17","v":6.8112146000962798E-2}]
[2,null,null,"ADMINISTRAÇÃO LOCAL",null,null,null,1,{"$f":"VLOOKUP(A6,'Orçamento Sintético'!$A$5:$J$143,9,FALSE)","v":1488815.38},{"$f":"I6/$H$17","v":6.8709251751471315E-2}]
[3,null,null,"MOBILIZAÇÃO E DESMOBIOLIZAÇÃO",null,null,null,1,{"$f":"VLOOKUP(A7,'Orçamento Sintético'!$A$5:$J$143,9,FALSE)","v":21728.18},1.0027616652652288E-3]
[4,null,null,"TERRAPLANAGEM",null,null,null,1,{"$f":"VLOOKUP(A8,'Orçamento Sintético'!$A$5:$J$143,9,FALSE)","v":734886.8899999999},3.3915238257322282E-2]
[5,null,null,"DRENAGEM PROFUNDA",null,null,null,1,{"$f":"VLOOKUP(A9,'Orçamento Sintético'!$A$5:$J$143,9,FALSE)","v":2146937.6},9.908177873142314E-2]
[6,null,null,"PAVIMENTAÇÃO",null,null,null,1,{"$f":"VLOOKUP(A10,'Orçamento Sintético'!$A$5:$J$143,9,FALSE)","v":11880859.890000001},0.54830505123205264]
[7,null,null,"DEMOLIÇÃO",null,null,null,1,{"$f":"VLOOKUP(A11,'Orçamento Sintético'!$A$5:$J$143,9,FALSE)","v":1107890.72},5.1129470729674234E-2]
[8,null,null,"DRENAGEM SUPERFICIAL",null,null,null,1,{"$f":"VLOOKUP(A12,'Orçamento Sintético'!$A$5:$J$143,9,FALSE)","v":320134.94},1.4774318214594323E-2]
[9,null,null,"SINALIZAÇÃO",null,null,null,1,{"$f":"VLOOKUP(A13,'Orçamento Sintético'!$A$5:$J$143,9,FALSE)","v":248653.13},1.1475412423507693E-2]
[10,null,null,"ILUMINAÇÃO DO RAMAL DA TOTOIA",null,null,null,1,{"$f":"VLOOKUP(A14,'Orçamento Sintético'!$A$5:$J$143,9,FALSE)","v":1777526.8800000001},8.2033369303941076E-2]
[11,null,null,"SERVIÇOS FINAIS",null,null,null,1,{"$f":"VLOOKUP(A15,'Orçamento Sintético'!$A$5:$J$143,9,FALSE)","v":465028.6},2.1461201689785242E-2]
[]
[{"$nulls":5},"Total Geral",null,{"$f":"SUM(I5:I15)","v":21668339.300000001}]
[]
[]
[]
[]
[{"$nulls":17},{"$f":"'[171]Consolidado Pavimentação'!B23+'[171]Consolidado Pavimentação'!C23","v":87747.999999999985}]
[{"$nulls":17},{"$f":"H17/R22","v":246.93826981811557}]
{"$rows_empty":27}
[{"$nulls":6},{"$f":"TRUNC(4.65985,2)","v":4.6500000000000004}]

{"sheet":"Orçamento Sintético","index":5,"n_rows":146,"n_cols":11,"rows_kept":146,"cut":false,"hidden":false,"merged":[[145,0,145,2],[145,5,145,6],[145,7,145,9],[0,4,0,5],[0,8,0,9],[1,4,1,5],[1,8,1,9],[2,0,2,9]]}
[null,null,null,"Obra","Bancos",null,"BDI SERVIÇO",0.23380000000000001,"Encargos Sociais"]
[null,null,null,"CONTRATAÇÃO DE OBRAS DE PAVIMENTAÇÃO EM CONCRETO BETUMINOSO USINADO A QUENTE (CBUQ) NO RAMAL DA TOTOIA, NO MUNICÍPIO DE SANTANA/AP, NA ÁREA DE ATUAÇÃO DA 11ª SUPERINTENDÊNCIA REGIONAL DA CODEVASF, NO ESTADO DO AMAPÁ","SINAPI - 01/2026 - Amapá\nSBC - 03/2026 - Amapá\nSICRO3 - 10/2025 - Amapá\nORSE - 12/2025 - Sergipe\n",null,"BDI MATERIAL\n",0.1459,"Não Desonerado"]
["Orçamento Sintético"]
["Item","Código","Banco","Descrição","Und","Quant.","Valor Unit","Valor Unit com BDI","Total","Peso (%)"]
[1,"  ",null,"SERVIÇOS PRELIMINARES",null,null,"",null,{"$f":"SUM(I6:I13)","v":1475877.09},{"$f":"SUM(J6:J13)","v":6.8112146000962798E-2}]
["1.1",103689,"SINAPI","FORNECIMENTO E INSTALAÇÃO DE PLACA DE OBRA COM CHAPA GALVANIZADA E ESTRUTURA DE MADEIRA. AF_03/2022_PS","m²",5.76,462.44,{"$f":"TRUNC(G6*(1+$H$1),2)","v":570.54999999999995},{"$f":"TRUNC(H6*F6,2)","v":3286.36},{"$f":"I6/$H$146","v":1.5166644542989965E-4}]
["1.2",42675,"SBC","ALUGUEL MENSAL DE BANHEIRO QUIMICO PADRAO STANDARD COM 3 LIMPEZAS SEMANAIS","MES",26,285,{"$f":"TRUNC(G7*(1+$H$1),2)","v":351.63},{"$f":"TRUNC(H7*F7,2)","v":9142.3799999999992},4.219234281604589E-4]
["1.3",200,"Próprio","CANTEIRO DE OBRAS","UN",1,171160.86,{"$f":"TRUNC(G8*(1+$H$1),2)","v":211178.26},{"$f":"TRUNC(H8*F8,2)","v":211178.26},9.7459365517688756E-3]
["1.4",5502985,"SICRO3","Limpeza mecanizada da camada vegetal","m²",226960.93,0.89,1.0900000000000001,247387.41,1.1416999086773577E-2]
["1.5",5914655,"SICRO3","Carga, manobra e descarga de materiais diversos em caminhão carroceria de 15 t - carga e descarga manuais","t",18724.28,35.75,44.1,825740.74,3.8108169184889955E-2]
["1.6",5914464,"SICRO3","Transporte com caminhão carroceria de 15 t - rodovia em revestimento primário","tkm",48308.63,0.9,1.1100000000000001,53622.57,2.474696803367852E-3]
["1.7",4413942,"SICRO3","Espalhamento de material em bota-fora","m³",18724.28,2.82,3.47,64973.25,2.9985339024112476E-3]
["1.8",78472,"Próprio","SINAPI - 78472 - SERVICOS TOPOGRAFICOS PARA PAVIMENTACAO, INCLUSIVE NOTA DE SERVICOS, ACOMPANHAMENTO E GREIDE","m²",87748.01,0.56000000000000005,0.69,60546.12,2.7942205981609305E-3]
[2,"  ",null,"ADMINISTRAÇÃO LOCAL",{"$nulls":4},{"$f":"I15","v":1488815.38},6.5156802110146558E-2]
["2.1",5,"Próprio","ADMINISTRAÇÃO DE OBRA","MÊS",13,92822.39,{"$f":"TRUNC(G15*(1+$H$1),2)","v":114524.26},{"$f":"TRUNC(H15*F15,2)","v":1488815.38},{"$f":"I15/$H$146","v":6.8709251751471315E-2}]
[3,"  ",null,"MOBILIZAÇÃO E DESMOBIOLIZAÇÃO",{"$nulls":4},{"$f":"I17","v":21728.18},9.5321696065032784E-4]
[" 3.1 ",101,"Próprio","MOBILIZAÇÃO E DESMOBILIZAÇÃO DE PESSOAL, VEÍCULOS E EQUIPAMENTOS","Unid",2,8805.39,{"$f":"TRUNC(G17*(1+$H$1),2)","v":10864.09},{"$f":"TRUNC(H17*F17,2)","v":21728.18},{"$f":"I17/$H$146","v":1.0027616652652288E-3}]
[4,"  ",null,"TERRAPLANAGEM",{"$nulls":4},{"$f":"SUM(I19:I22)","v":734886.8899999999},3.1486780577501254E-2]
[" 4.1 ",5502138,"SICRO3","Escavação, carga e transporte de material de 1ª categoria - DMT de 600 a 800 m - caminho de serviço em revestimento primário - com escavadeira e caminhão basculante de 14 m³","m³",21723.89,7.4,{"$f":"TRUNC(G19*(1+$H$1),2)","v":9.1300000000000008},{"$f":"TRUNC(H19*F19,2)","v":198339.11},{"$f":"I19/$H$146","v":9.1534061403588957E-3}]
[" 4.2 ",4016096,"SICRO3","Escavação e carga de material de jazida com escavadeira hidráulica de 1,56 m³","m³",26114.76,1.76,2.17,56669.02,{"$f":"I20/$H$146","v":2.6152913343017474E-3}]
[" 4.3 ",5915320,"SICRO3","Transporte com caminhão basculante de 14 m³ - rodovia em revestimento primário","tkm",111170.53,0.76,0.93,103388.59,{"$f":"I21/$H$146","v":4.7714127312008629E-3}]
[" 4.4 ",5502978,"SICRO3","Compactação de aterros a 100% do Proctor normal","m³",47838.65,6.38,7.87,376490.17,{"$f":"I22/$H$146","v":1.7375128051460777E-2}]
[5,"  ",null,"DRENAGEM PROFUNDA",null,null,"",null,{"$f":"SUM(I24:I40)","v":2146937.6},9.4711865124048014E-2]
[" 5.1 ",99063,"SINAPI","LOCAÇÃO DE REDE DE ÁGUA OU ESGOTO. AF_03/2024","M",821,8.7200000000000006,{"$f":"TRUNC(G24*(1+$H$1),2)","v":10.75},{"$f":"TRUNC(H24*F24,2)","v":8825.75},{"$f":"I24/$H$146","v":4.0731086392024516E-4}]
[" 5.2 ",4805757,"SICRO3","Escavação mecânica de vala em material de 1ª categoria","m³",1987.61,7.26,8.9499999999999993,17789.099999999999,8.2097200683949035E-4]
[" 5.3 ",2003767,"SICRO3","Lastro de areia comercial - espalhamento manual","m³",264.69,304.2,375.32,99343.45,4.584728373715285E-3]
[" 5.4 ",2003826,"SICRO3","Tubo de concreto PA1 comercial para drenagem - D = 0,80 m - fornecimento e instalação","m",155,514.96,635.35,98479.25,4.5448452987811574E-3]
[" 5.5 ",2003830,"SICRO3","Tubo de concreto PA1 comercial para drenagem - D = 1,00 m - fornecimento e instalação","m",563,666.31,822.09,462836.67,2.1360043499041938E-2]
[" 5.6 ",2003838,"SICRO3","Tubo de concreto PA1 comercial para drenagem - D = 1,50 m - fornecimento e instalação","m",84,1593.22,1965.71,165119.64000000001,7.62031818469817E-3]
[" 5.7 ",705388,"SICRO3","Corpo de BTCC 3,00 x 3,00 m - moldado no local - altura do aterro 0,00 a 1,00 m - areia e brita comerciais","m",19,16723.560000000001,20633.52,392036.88,1.8092613124255443E-2]
[" 5.8 ",804101,"SICRO3","Boca de BSTC D = 0,80 m - esconsidade 0° - areia e brita comerciais - alas retas","un",6,1969.84,2430.38,14582.28,6.7297635495305354E-4]
[" 5.9 ",804393,"SICRO3","Boca de BSTC D = 1,00 m - esconsidade 0° - areia e brita comerciais - alas esconsas","un",30,4393.99,5421.3,162639,7.5058359456278215E-3]
[" 5.10 ",804417,"SICRO3","Boca de BDTC D = 1,00 m - esconsidade 0° - areia e brita comerciais - alas esconsas","un",6,6173.15,7616.43,45698.58,2.1090024190271008E-3]
[" 5.11 ",804457,"SICRO3","Boca de BTTC D = 1,50 m - esconsidade 0° - areia e brita comerciais - alas esconsas","un",2,21159.37,26106.43,52212.86,2.4096382873236622E-3]
[" 5.12 ",705427,"SICRO3","Boca de BTCC 3,00 x 3,00 m - esconsidade 0° - areia e brita comerciais","un",2,67870.41,83738.509999999995,167477.01999999999,7.7291119398338005E-3]
[" 5.13 ",2003682,"SICRO3","Poço de visita - PVI 03 - areia e brita comerciais","un",3,3450.47,4257.18,12771.54,5.8941019074775153E-4]
[" 5.14 ",2003714,"SICRO3","Chaminé dos poços de visita - CPV 01 - areia e brita comerciais","un",3,1820.57,2246.21,6738.63,3.1098968438250364E-4]
[" 5.15 ",2003919,"SICRO3","Boca de saída para dreno longitudinal profundo - BSD 01 - tubo de PEAD - areia e brita comerciais","un",24,283.95999999999998,350.34,8408.16,3.8803896706564859E-4]
[" 5.16 ",2003573,"SICRO3","Dreno longitudinal profundo para corte em solo - DPS 02 - tubo PEAD e areia comercial","m",1341.15,246.37,303.97000000000003,407669.36,1.8814056506859293E-2]
[" 5.17 ",4815671,"SICRO3","Reaterro e compactação com soquete vibratório","m³",971.6,20.28,25.02,24309.43,1.1218870843507605E-3]
[6,"  ",null,"PAVIMENTAÇÃO",null,null,"",null,{"$f":"I42+I44+I46","v":11880859.890000001},0.57152192144036595]
[" 6.1 ","  ",null,"SUBBASE",null,null,"",null,{"$f":"I43","v":408820.89},1.758311514944659E-2]
[" 6.1.1 ",4011227,"SICRO3","Sub-base de solo estabilizado granulometricamente sem mistura com material de jazida - 100% Proctor intermediário","m³",12937.37,25.62,{"$f":"TRUNC(G43*(1+$H$1),2)","v":31.6},{"$f":"TRUNC(H43*F43,2)","v":408820.89},{"$f":"I43/$H$146","v":1.8867199942729344E-2}]
[" 6.2 ","  ",null,"BASE",null,null,"",null,{"$f":"I45","v":3037696.82},0.13188481765962562]
[" 6.2.1 ",4011287,"Próprio","Base de solo melhorado com 30% de areia e 2% de cimento e mistura na pista com material de jazida. SICRO (4011287/6416153)","m³",12937.38,190.31,{"$f":"TRUNC(G45*(1+$H$1),2)","v":234.8},{"$f":"TRUNC(H45*F45,2)","v":3037696.82},{"$f":"I45/$H$146","v":0.14019056919604356}]
[" 6.3 ","  ",null,"CBUQ",null,null,"",null,{"$f":"SUM(I47:I55)","v":8434342.1800000016},0.3892472820932798]
[" 6.3.1 ",4011352,"SICRO3","Imprimação com emulsão asfáltica","m²",87748.01,0.74,{"$f":"TRUNC(G47*(1+$H$1),2)","v":0.91},{"$f":"TRUNC(H47*F47,2)","v":79850.679999999993},3.685131513516589E-3]
[" 6.3.2 ","EAI - 01.2026","Próprio","EMULSÃO ASFÁLTICA PARA IMPRIMAÇÃO (EAI)","KG",114072.41,{"$f":"TRUNC(RESUMO_Transp!W35/1000,2)","v":4.38},{"$f":"TRUNC(G48*(1+$H$2),2)","v":5.01},{"$f":"TRUNC(H48*F48,2)","v":571502.77},2.6375014812510342E-2]
[" 6.3.3 ",5914622,"SICRO3","Transporte de material betuminoso com caminhão tanque distribuidor - rodovia pavimentada","tkm",1254.0899999999999,2.2599999999999998,{"$f":"TRUNC(G49*(1+$H$1),2)","v":2.78},{"$f":"TRUNC(H49*F49,2)","v":3486.37},1.6089696361732713E-4]
[" 6.3.4 ",4011353,"SICRO3","Pintura de ligação","m²",87748.01,0.51,0.62,54403.76,2.510748943275039E-3]
[" 6.3.5 "," RR 2C - 01.2026 ","Próprio","EMULSÕES ASFÁLTICAS RR-2C","KG",39486.6,{"$f":"TRUNC(RESUMO_Transp!W42/1000,2)","v":5.15},{"$f":"TRUNC(G51*(1+$H$2),2)","v":5.9},{"$f":"TRUNC(H51*F51,2)","v":232970.94},1.0751674910314885E-2]
[" 6.3.6 ",5914622,"SICRO3","Transporte de material betuminoso com caminhão tanque distribuidor - rodovia pavimentada","tkm",470.29,2.2599999999999998,{"$f":"TRUNC(G52*(1+$H$1),2)","v":2.78},{"$f":"TRUNC(H52*F52,2)","v":1307.4000000000001},6.0336880547186191E-5]
[" 6.3.7 ",4011463,"SICRO3","Concreto asfáltico - faixa C-12,5 - areia e brita comerciais","t",9890.93,348.94,430.52,4258243.18,0.19651912964091345]
[" 6.3.8 "," CAP 50/70 - 01.2026 ","Próprio","CIMENTOS ASFÁLTICOS CAP-50-70","t",548.45000000000005,{"$f":"RESUMO_Transp!W17","v":5134.7423425972065},{"$f":"TRUNC(G54*(1+$H$2),2)","v":5883.9},{"$f":"TRUNC(H54*F54,2)","v":3227024.95},0.14892811605548378]
[" 6.3.9 ",5915321,"SICRO3","Transporte com caminhão basculante de 14 m³ - rodovia pavimentada","tkm",6531.92,0.69,{"$f":"TRUNC(G55*(1+$H$1),2)","v":0.85},{"$f":"TRUNC(H55*F55,2)","v":5552.13},2.5623237310115409E-4]
[7,"  ",null,"DEMOLIÇÃO",null,null,"",null,{"$f":"I57+I62","v":1107890.72},5.1129470729674234E-2]
[" 7.1 ","  ",null,"DEMOLIÇÃO PAVIMENTO",null,null,"",null,{"$f":"SUM(I58:I61)","v":105616.57},4.874234639661564E-3]
[" 7.1.1 ",97636,"SINAPI","DEMOLIÇÃO PARCIAL DE PAVIMENTO ASFÁLTICO, DE FORMA MECANIZADA, SEM REAPROVEITAMENTO. AF_09/2023","m²",1952.16,21.994938249183999,{"$f":"TRUNC(G58*(1+$H$1),2)","v":27.13},{"$f":"TRUNC(H58*F58,2)","v":52962.1},2.4442159256754851E-3]
[" 7.1.2 ",5915433,"SICRO3","Carga, manobra e descarga de material demolido em caminhão basculante de 6 m³ - carga manual e descarga livre","t",244.02,39.24,48.41,11813,5.4517329807550127E-4]
[" 7.1.3 ",5914344,"SICRO3","Transporte com caminhão basculante de 6 m³ - rodovia pavimentada","tkm",7906.25,0.9,1.1100000000000001,8775.93,4.0501165680011298E-4]
[" 7.1.4 "," RES - 01 ","Próprio","Resíduo Inerte -","T",244.03,114.67,{"$f":"TRUNC(G61*(1+$H$2),2)","v":131.4},{"$f":"TRUNC(H61*F61,2)","v":32065.54},1.479833759110464E-3]
[" 7.2 ","  ",null,"DEMOLIÇÃO EDIFICAÇÃO",null,null,"",null,{"$f":"SUM(I63:I67)","v":1002274.1499999999},4.6255236090012669E-2]
[" 7.2.1 ",1600896,"SICRO3","Demolição mecânica de alvenaria com escavadeira hidráulica","m²",1778.4,18.02,{"$f":"TRUNC(G63*(1+$H$1),2)","v":22.23},{"$f":"TRUNC(H63*F63,2)","v":39533.83},1.8244974592953693E-3]
[" 7.2.2 ",1600895,"SICRO3","Demolição manual de construções provisórias de madeira - sem reaproveitamento","m²",1336.52,16.21,19.989999999999998,26717.03,1.2329985067198942E-3]
[" 7.2.3 ",5915433,"SICRO3","Carga, manobra e descarga de material demolido em caminhão basculante de 6 m³ - carga manual e descarga livre","t",4337.9799999999996,39.24,48.41,210001.61,9.6916338207792413E-3]
[" 7.2.4 ",5914344,"SICRO3","Transporte com caminhão basculante de 6 m³ - rodovia pavimentada","tkm",140550.54999999999,0.9,1.1100000000000001,156011.10999999999,7.1999569436315769E-3]
[" 7.2.5 "," RES - 01 ","Próprio","Resíduo Inerte -","T",4337.9799999999996,114.67,{"$f":"TRUNC(G67*(1+$H$2),2)","v":131.4},{"$f":"TRUNC(H67*F67,2)","v":570010.56999999995},2.6306149359586591E-2]
[8,"  ",null,"DRENAGEM SUPERFICIAL",null,null,"",null,{"$f":"SUM(I69:I80)","v":320134.94},1.4774318214594323E-2]
[" 8.1 ",2003377,"SICRO3","Meio-fio de concreto - MFC 05 - areia e brita comerciais - fôrma de madeira","m",1771.27,73.510000000000005,{"$f":"TRUNC(G69*(1+$H$1),2)","v":90.69},{"$f":"TRUNC(H69*F69,2)","v":160636.47},7.4134186185648293E-3]
[" 8.2 ",4016096,"SICRO3","Escavação e carga de material de jazida com escavadeira hidráulica de 1,56 m³","m³",265.69,1.76,2.17,576.54,2.6607484404677009E-5]
[" 8.3 ",5901638,"SICRO3","Transporte com caminhão basculante com caçamba estanque com capacidade de 14 m³ - rodovia em revestimento primário","tkm",891.12,0.76,0.93,828.74,3.8246585883949123E-5]
[" 8.4 ",4805754,"SICRO3","Compactação manual com soquete vibratório","m³",295.58999999999997,8.18,10.09,2982.5,1.376432203089971E-4]
[" 8.5 ",2003177,"SICRO3","Dissipador de energia - DED 02 A - areia, brita e pedra de mão comerciais","un",23,597.36,737.02,16951.46,7.8231468343307683E-4]
[" 8.6 ",2003115,"SICRO3","Entrada para descida d'água - EDA 01 B - areia e brita comerciais","un",13,410.95,507.03,6591.39,3.0419451665130608E-4]
[" 8.7 ",2003103,"SICRO3","Entrada para descida d'água - EDA 01 A - areia e brita comerciais","un",23,276.08999999999997,340.63,7834.49,3.6156393397439551E-4]
[" 8.8 ",2003455,"SICRO3","Dissipador de energia - DEB 240-316 - areia, brita e pedra de mão comerciais","un",2,2141.5700000000002,2642.26,5284.52,2.4388209575433408E-4]
[" 8.9 ",2003457,"SICRO3","Dissipador de energia - DEB 300-366 - areia, brita e pedra de mão comerciais","un",16,2911.94,3592.75,57484,{"$f":"I77/$H$146","v":2.6529028922857969E-3}]
[" 8.10 ",2003463,"SICRO3","Dissipador de energia - DEB 300-511 - areia, brita e pedra de mão comerciais","un",3,3836.82,4733.8599999999997,14201.58,6.5540694205393029E-4]
[" 8.11 ",2003473,"SICRO3","Dissipador de energia - DEB 450-956 - areia, brita e pedra de mão comerciais","un",1,9573.85,11812.21,11812.21,5.4513683935159712E-4]
[" 8.12 ",2003389,"SICRO3","Descida d'água de aterros tipo rápido - DAR 40-20 - areia e brita comerciais","m",91.61,309.23,381.52,34951.040000000001,1.6130004019274332E-3]
[9,"  ",null,"SINALIZAÇÃO",null,null,"",null,{"$f":"SUM(I82:I85)","v":248653.13},1.1475412423507693E-2]
[" 9.1 ",5213417,"SICRO3","Placa em aço nº 16 galvanizado com película retrorrefletiva tipo I + III - confecção","m²",91.93,449.36,{"$f":"TRUNC(G82*(1+$H$1),2)","v":554.41999999999996},{"$f":"TRUNC(H82*F82,2)","v":50967.83},2.3521797999535663E-3]
[" 9.2 ",5213351,"SICRO3","Suporte polimérico ecológico maciço colapsível D = 6,5 cm para placa de sinalização - fornecimento e implantação","un",132,745.45,919.73,121404.36,5.602845622783837E-3]
[" 9.3 ",5213403,"SICRO3","Pintura de faixa com tinta acrílica emulsionada em água - espessura de 0,5 mm","m²",2512.36,19.11,23.57,59216.32,2.7328499512650701E-3]
[" 9.4 ",5213407,"SICRO3","Pintura de setas e zebrados com tinta acrílica emulsionada em água - espessura de 0,5 mm","m²",392.2,35.270000000000003,43.51,17064.62,7.8753704950521974E-4]
[10,"  ",null,"ILUMINAÇÃO DO RAMAL DA TOTOIA",null,null,"",null,{"$f":"I87+I94+I127","v":1777526.8800000001},8.2033369303941076E-2]
[" 10.1 ","  ",null,"REALOCAÇÃO DOS POSTES",null,null,"",null,{"$f":"SUM(I88:I93)","v":105474.61},4.8676831454268392E-3]
[" 10.1.1 ",22969,"SBC","REMOCAO POSTE CONCRETO ENGAT.CONC.10A13M C/E S/REAPROVEIT.","UN",20,956.48,{"$f":"TRUNC(G88*(1+$H$1),2)","v":1180.0999999999999},{"$f":"TRUNC(H88*F88,2)","v":23602},1.0892389893488515E-3]
[" 10.1.2 ",100585,"SINAPI","ASSENTAMENTO DE POSTE DE CONCRETO COM COMPRIMENTO NOMINAL DE 12 M, CARGA NOMINAL MENOR OU IGUAL A 1000 DAN, ENGASTAMENTO SIMPLES COM 1,8 M DE SOLO (NÃO INCLUI FORNECIMENTO). AF_04/2025","UN",20,819.19755422675792,1010.72,20214.400000000001,9.329002892252108E-4]
[" 10.1.3 ",41215,"SINAPI","POSTE DE CONCRETO ARMADO DE SECAO DUPLO T, EXTENSAO DE 13,00 M, RESISTENCIA DE 600 DAN, TIPO B","UN",20,2360.1,{"$f":"TRUNC(G90*(1+$H$2),2)","v":2704.43},{"$f":"TRUNC(H90*F90,2)","v":54088.6},2.4962042199514569E-3]
[" 10.1.4 ",5915014,"SICRO3","Transporte com caminhão carroceria com capacidade de 11,5 t e com guindauto com capacidade de elevação de 11,9 t - rodovia pavimentada","tkm",963.2,1.35,{"$f":"TRUNC(G91*(1+$H$1),2)","v":1.66},{"$f":"TRUNC(H91*F91,2)","v":1598.91},7.3790149667815112E-5]
[" 10.1.5 ",5915014,"SICRO3","Transporte com caminhão carroceria com capacidade de 11,5 t e com guindauto com capacidade de elevação de 11,9 t - rodovia pavimentada","tkm",1063.8,1.35,1.66,1765.9,8.1496785496616258E-5]
[" 10.1.6 "," RES - 01 ","Próprio","Resíduo Inerte -","T",32,114.67,{"$f":"TRUNC(G93*(1+$H$2),2)","v":131.4},{"$f":"TRUNC(H93*F93,2)","v":4204.8},1.9405271173688886E-4]
[" 10.2 ","  ",null,"SUBESTAÇÃO",null,null,"",null,{"$f":"SUM(I95:I126)","v":34787.799999999988},1.6054668296614678E-3]
[" 10.2.1 ",101553,"SINAPI","ALÇA PREFORMADA DE DISTRIBUIÇÃO, EM AÇO GALVANIZADO, AWG 1 - FORNECIMENTO E INSTALAÇÃO. AF_07/2020","UN",2,14.30730900508,{"$f":"TRUNC(G95*(1+$H$1),2)","v":17.649999999999999},{"$f":"TRUNC(H95*F95,2)","v":35.299999999999997},1.6291050048307114E-6]
[" 10.2.2 ",78564,"SBC","ISOLADOR EM PORCELANA, TIPO PILAR, PARA TENSAO 15 KV GERMER","UN",2,200.24,247.05,494.1,2.2802855039287667E-5]
[" 10.2.3 ",444,"SINAPI","PINO ROSCA EXTERNA, EM ACO GALVANIZADO, PARA ISOLADOR DE 15KV, DIAMETRO 25 MM, COMPRIMENTO *290* MM","UN",2,24,29.61,{"$f":"TRUNC(H97*F97,2)","v":59.22},2.7330197843080664E-6]
[" 10.2.4 ",78630,"SBC","CRUZETA POLIMERICA 90x112,5x2400mm","UN",2,411.11,507.22,{"$f":"TRUNC(H98*F98,2)","v":1014.44},4.6816693515593972E-5]
[" 10.2.5 ",433,"SINAPI","PARAFUSO M16 EM ACO GALVANIZADO, COMPRIMENTO = 350 MM, DIAMETRO = 16 MM, ROSCA MAQUINA, CABECA QUADRADA","UN",4,21.34,26.32,{"$f":"TRUNC(H99*F99,2)","v":105.28},4.858701838769896E-6]
[" 10.2.6 ",47762,"SBC","SELA EM ACO GALVANIZADO PARA CRUZETA","UN",2,11.26,13.89,27.78,1.2820548734900048E-6]
[" 10.2.7 ",436,"SINAPI","PARAFUSO FRANCES M16 EM ACO GALVANIZADO, COMPRIMENTO = 150 MM, DIAMETRO = 16 MM, CABECA ABAULADA","UN",10,12.13,14.96,149.6,6.9040824000757639E-6]
[" 10.2.8 ",379,"SINAPI","ARRUELA QUADRADA EM ACO GALVANIZADO, DIMENSAO = 38 MM, ESPESSURA = 3MM, DIAMETRO DO FURO= 18 MM","UN",30,1.43,1.76,52.8,2.4367349647326222E-6]
[" 10.2.9 ",1592,"ORSE","Mão francesa plana  619mm","un",4,9.18,11.32,45.28,2.0896848333919158E-6]
[" 10.2.10 ",430,"SINAPI","PARAFUSO M16 EM ACO GALVANIZADO, COMPRIMENTO = 125 MM, DIAMETRO = 16 MM, ROSCA MAQUINA, CABECA QUADRADA","UN",4,10.85,13.38,53.52,2.4699631687971582E-6]
[" 10.2.11 ",442,"SINAPI","PARAFUSO FRANCES M16 EM ACO GALVANIZADO, COMPRIMENTO = 45 MM, DIAMETRO = 16 MM, CABECA ABAULADA","UN",10,7.17,8.84,88.4,4.0796850545902247E-6]
[" 10.2.12 ",8640,"SBC","PARAFUSO CABECA QUADRADA 18 x 450mm","UN",2,11.9,14.68,29.36,1.3549723212982916E-6]
[" 10.2.13 ",4341,"SINAPI","PORCA ZINCADA, QUADRADA, DIAMETRO 3/8\"","UN",20,1.36,1.67,33.4,1.5414194663270755E-6]
[" 10.2.14 ",65100,"SBC","PARA RAIO POLIMERICO DE DISTRIBUICAO 15KV 10KA C/ FERRAGEM","UN",2,745.04,919.23,1838.46,8.4845450061786685E-5]
[" 10.2.15 ",78037,"SBC","CONECTOR PARALELO BRONZE 50mm PARA ATERRAMENTO","UN",4,37.619999999999997,46.41,185.64,{"$f":"I109/$H$146","v":8.567338614639469E-6}]
[" 10.2.16 ",63439,"SBC","CABO SINGELO 0,6/1KV 2AWG - 25mm2","M",10,44.31,54.66,546.6,2.5225744918993399E-5,"sbc10/25"]
[" 10.2.17 ",78209,"SBC","CABO COBRE NU CORDOALHA 7 FIOS 3/0 AWG - 70mm2","M",17,64.95,80.13,1362.21,6.2866377581598967E-5]
[" 10.2.18 ",78042,"SBC","CONECTOR PARAFUSO FENDIDO SPLIT BOLD 1\"\" CABO 16mm2","UN",2,25.98,32.049999999999997,64.099999999999994,2.9582331674121417E-6]
[" 10.2.19",59230,"SBC","HASTE ATERRAMENTO COBREADA 5/8\"\" x 2,40m NORMATIZADA INTELLI","UN",3,134.03468998400001,165.37,496.11,2.2895617108967829E-5]
[" 10.2.20",10433,"ORSE","Fornecimento e instalação de chave seccionadora tripolar 15kv - 400a, com porta fusivel HH incorporado","un",2,2507.65,3093.93,6187.86,2.8557149278163644E-4]
[" 10.2.21",65433,"SBC","TRANSFORMADOR TRIFASICO 13,2KV 45 KVA","UN",1,12700.02,15669.28,15669.28,7.2314171303381792E-4]
[" 10.2.22",102110,"SINAPI","SUPORTE PARA TRANSFORMADOR EM POSTE DE CONCRETO DUPLO T - FORNECIMENTO E INSTALAÇÃO. AF_12/2020","UN",2,164.51036409264,202.97,405.94,1.8734246052718955E-5]
[" 10.2.23",101542,"SINAPI","ARMAÇÃO SECUNDÁRIA, COM 1 ESTRIBO, SEM ISOLADOR - FORNECIMENTO E INSTALAÇÃO. AF_07/2020","UN",2,32.126309597480002,39.630000000000003,79.260000000000005,3.6578714641043121E-6]
[" 10.2.24",78655,"SBC","ISOLADOR PARA PARA-RAIOS TIPO ROLDANA","UN",4,21.77,26.85,107.4,4.9565404396265847E-6]
[" 10.2.25",104751,"SINAPI","CONECTOR GRAMPO PARALELO METÁLICO, PARA SPDA, PARA CABOS DE 6 A 50 MM2 - FORNECIMENTO E INSTALAÇÃO. AF_08/2023","UN",8,23.377725046119998,28.84,230.72,1.0647793391346793E-5]
[" 10.2.26",78321,"SBC","CONDUTOR COBRE NU 70mm DE PARA-RAIOS COM SUPORTES","M",15,107.92,133.15,1997.25,9.2173653566519507E-5]
[" 10.2.27",67010,"SBC","ELETRODUTO GALVANIZADO 3\"\"","M",10,124.02,153.01,1530.1,7.0614548665480791E-5]
[" 10.2.28",2629,"SINAPI","CURVA 135 GRAUS PARA ELETRODUTO, EM ACO GALVANIZADO ELETROLITICO, COM ROSCA, DIAMETRO DE 80 MM (3\")","UN",1,106.43,{"$f":"TRUNC(G122*(1+$H$1),2)","v":131.31},{"$f":"TRUNC(H122*F122,2)","v":131.31},6.0599937162697098E-6]
[" 10.2.29",61452,"SBC","CAIXA DE MEDICAO TRIFASICA CM3P4 TP LIGHT TAF","UN",1,123.36,{"$f":"TRUNC(G123*(1+$H$1),2)","v":152.19999999999999},{"$f":"TRUNC(H123*F123,2)","v":152.19999999999999},{"$f":"I123/$H$146","v":7.0240731369754755E-6},"sbc 11/25"]
[" 10.2.30",88264,"SINAPI","ELETRICISTA COM ENCARGOS COMPLEMENTARES","H",16,28.739106400000001,35.450000000000003,567.20000000000005,2.6176440757506506E-5]
[" 10.2.31",88266,"SINAPI","ELETROTÉCNICO COM ENCARGOS COMPLEMENTARES","H",16,32.116202800000003,39.619999999999997,633.91999999999996,2.9255587667486817E-5]
[" 10.2.32",88316,"SINAPI","SERVENTE COM ENCARGOS COMPLEMENTARES","H",16,20.96602,25.86,413.76,1.909514126908655E-5]
[" 10.3 ","  ",null,"ILUMINAÇÃO",null,null,"",null,{"$f":"SUM(I128:I142)","v":1637264.4700000002},{"$f":"I127/$H$146","v":7.5560219328852776E-2}]
[" 10.3.1 ",41208,"SINAPI","POSTE DE CONCRETO ARMADO DE SECAO DUPLO T, EXTENSAO DE 12,00 M, RESISTENCIA DE 150 DAN, TIPO D","UN",158,989.94,{"$f":"TRUNC(G128*(1+$H$2),2)","v":1134.3699999999999},{"$f":"TRUNC(H128*F128,2)","v":179230.46},{"$f":"I128/$H$146","v":8.2715365270286303E-3}]
[" 10.3.2 ",100585,"SINAPI","ASSENTAMENTO DE POSTE DE CONCRETO COM COMPRIMENTO NOMINAL DE 12 M, CARGA NOMINAL MENOR OU IGUAL A 1000 DAN, ENGASTAMENTO SIMPLES COM 1,8 M DE SOLO (NÃO INCLUI FORNECIMENTO). AF_04/2025","UN",158,819.19755422675792,{"$f":"TRUNC(G129*(1+$H$1),2)","v":1010.72},{"$f":"TRUNC(H129*F129,2)","v":159693.76000000001},{"$f":"I129/$H$146","v":7.3699122848791647E-3}]
[" 10.3.3 ",2560,"ORSE","Poste circular de concreto 12/ 200  para iluminação pública","un",3,2128.0100000000002,{"$f":"TRUNC(G130*(1+$H$1),2)","v":2625.53},{"$f":"TRUNC(H130*F130,2)","v":7876.59},{"$f":"I130/$H$146","v":3.6350686090650243E-4}]
[" 10.3.4 ",100585,"SINAPI","ASSENTAMENTO DE POSTE DE CONCRETO COM COMPRIMENTO NOMINAL DE 12 M, CARGA NOMINAL MENOR OU IGUAL A 1000 DAN, ENGASTAMENTO SIMPLES COM 1,8 M DE SOLO (NÃO INCLUI FORNECIMENTO). AF_04/2025","UN",3,819.19755422675792,{"$f":"TRUNC(G131*(1+$H$1),2)","v":1010.72},{"$f":"TRUNC(H131*F131,2)","v":3032.16},{"$f":"I131/$H$146","v":1.3993504338378159E-4}]
[" 10.3.5 ",5915014,"SICRO3","Transporte com caminhão carroceria com capacidade de 11,5 t e com guindauto com capacidade de elevação de 11,9 t - rodovia pavimentada","tkm",4995.3999999999996,1.35,1.66,8292.36,3.8269476424526917E-4]
[" 10.3.6 ",78655,"SBC","ISOLADOR PARA PARA-RAIOS TIPO ROLDANA","UN",161,21.77,26.85,4322.8500000000004,1.9950075269497004E-4]
[" 10.3.7 ",61873,"SBC","CONECTOR METALICO TIPO PARAFUSO FENDIDO (SPLIT BOLT)120mm","UN",340,52.75,65.08,22127.200000000001,1.0211765513566608E-3,"sbc 11/25"]
[" 10.3.8 ",60881,"SBC","SUPORTE LUMINARIA ALTURA VARIAVEL 0,80m","UN",340,76.64,94.55,32147,1.4835931611980988E-3]
[" 10.3.9 ",101659,"SINAPI","LUMINÁRIA DE LED PARA ILUMINAÇÃO PÚBLICA, DE 181 W ATÉ 239 W - FORNECIMENTO E INSTALAÇÃO. AF_02/2025_PS","UN",170,671.27982791039722,828.22,140797.4,6.4978399152167601E-3]
[" 10.3.10 ",101636,"SINAPI","BRAÇO PARA ILUMINAÇÃO PÚBLICA, EM TUBO DE AÇO GALVANIZADO, COMPRIMENTO DE 1,50 M, PARA FIXAÇÃO EM POSTE DE CONCRETO - FORNECIMENTO E INSTALAÇÃO. AF_02/2025_PS","UN",170,144.49426434063719,178.27,30305.9,1.3986258743880755E-3]
[" 10.3.11 ",101632,"SINAPI","RELÉ FOTOELÉTRICO PARA COMANDO DE ILUMINAÇÃO EXTERNA 1000 W - FORNECIMENTO E INSTALAÇÃO. AF_02/2025","UN",170,33.048011893039998,40.770000000000003,6930.9,3.1986299937623733E-4]
[" 10.3.12 ",96985,"SINAPI","HASTE DE ATERRAMENTO, DIÂMETRO 5/8\", COM 3 METROS - FORNECIMENTO E INSTALAÇÃO. AF_08/2023","UN",32,82.986966728159999,102.38,3276.16,1.5119571253898538E-4]
[" 10.3.13 ",98111,"SINAPI","CAIXA DE INSPEÇÃO PARA ATERRAMENTO, CIRCULAR, EM POLIETILENO, DIÂMETRO INTERNO = 0,3 M. AF_12/2020","UN",32,60.982954067098717,75.239999999999995,2407.6799999999998,1.1111511439180757E-4]
[" 10.3.14 ",91930,"SINAPI","CABO DE COBRE FLEXÍVEL ISOLADO, 6 MM², ANTI-CHAMA 450/750 V, PARA CIRCUITOS TERMINAIS - FORNECIMENTO E INSTALAÇÃO. AF_03/2023","M",1405,11.038375352399999,13.61,19122.05,8.8248802712813336E-4]
[" 10.3.15 ",63408,"SBC","CABO FLEX CLASS 4 OU 5 450/750V 120mm2","M",6150,134.13,165.48,1017702,4.6967235740119684E-2]
[11,"  ",null,"SERVIÇOS FINAIS",null,null,"",null,{"$f":"I144","v":465028.6},{"$f":"I143/$H$146","v":2.1461201689785242E-2}]
[" 11.1 ",3713612,"SICRO3","Cerca com 4 fios de arame farpado e mourão de concreto de seção triangular de 11 cm a cada 2,5 m e esticador de 15 cm a cada 50 m - areia e brita comerciais","m",11602.51,32.49,{"$f":"TRUNC(G144*(1+$H$1),2)","v":40.08},{"$f":"TRUNC(H144*F144,2)","v":465028.6},{"$f":"I144/$H$146","v":2.1461201689785242E-2}]
[]
[{"$nulls":5},"Total Geral",null,{"$f":"SUM(I143+I127+I94+I87+I81+I68+I62+I57+I46+I44+I42+I23+I18+I16+I14+I5)","v":21668339.300000001}]

{"sheet":"CPUs","index":6,"n_rows":4634,"n_cols":10,"rows_kept":4634,"cut":false,"hidden":false,"merged":[[0,2,0,3],[0,4,0,5],[0,8,0,9],[1,2,1,3],[1,4,1,5],[1,8,1,9],[15,4,15,5],[16,4,16,5],[17,4,17,5],[18,4,18,5],[19,4,19,5],[20,4,20,5],[8,4,8,5],[9,4,9,5],[10,4,10,5],[11,4,11,5],[12,4,12,5],[14,4,14,5],[2,0,2,9],[3,0,3,9],[4,4,4,5],[5,4,5,5],[6,4,6,5],[7,4,7,5],[33,4,33,5],[34,4,34,5],[35,4,35,5],[36,4,36,5],[38,4,38,5],[39,4,39,5],[27,4,27,5],[28,4,28,5],[29,4,29,5],[30,4,30,5],[31,4,31,5],[32,4,32,5],[21,4,21,5],[22,4,22,5],[23,4,23,5],[24,4,24,5],[25,4,25,5],[26,4,26,5],[47,0,47,4],[47,5,47,8],[48,0,48,4],[48,5,48,8],[49,0,49,4],[49,5,49,8],[40,7,40,8],[40,9,41,9],[43,0,43,4],[43,5,43,8],[44,5,44,8],[46,0,46,4],[46,5,46,8],[40,0,41,0],[40,1,41,1],[40,2,41,2],[40,3,41,3],[40,4,41,4],[40,5,40,6],[55,0,55,4],[55,5,55,8],[57,4,57,5],[58,4,58,5],[59,0,60,0],[59,1,60,1],[59,2,60,2],[59,3,60,3],[59,4,60,4],[59,5,59,6],[50,0,50,4],[50,5,50,8],[51,0,51,4],[51,5,51,8],[52,5,52,8],[54,0,54,4],[54,5,54,8],[69,0,69,4],[69,5,69,8],[70,0,70,4],[70,5,70,8],[71,5,71,8],[73,0,73,4],[73,5,73,8],[66,0,66,4],[66,5,66,8],[67,0,67,4],[67,5,67,8],[68,0,68,4],[68,5,68,8],[59,7,59,8],[59,9,60,9],[62,0,62,4],[62,5,62,8],[63,5,63,8],[65,0,65,4],[65,5,65,8],[83,0,83,4],[83,5,83,8],[84,0,84,4],[84,5,84,8],[85,0,85,4],[85,5,85,8],[78,7,78,8],[78,9,79,9],[81,0,81,4],[81,5,81,8],[82,0,82,4],[82,5,82,8],[74,0,74,4],[74,5,74,8],[76,4,76,5],[77,4,77,5],[78,0,79,0],[78,1,79,1],[78,2,79,2],[78,3,79,3],[78,4,79,4],[78,5,78,6],[93,7,93,8],[93,9,94,9],[96,0,96,4],[96,5,96,8],[97,5,97,8],[99,0,99,4],[99,5,99,8],[92,4,92,5],[93,0,94,0],[93,1,94,1],[93,2,94,2],[93,3,94,3],[93,4,94,4],[93,5,93,6],[86,5,86,8],[88,0,88,4],[88,5,88,8],[89,0,89,4],[89,5,89,8],[91,4,91,5],[108,0,108,4],[108,5,108,8],[110,4,110,5],[111,4,111,5],[112,4,112,5],[113,4,113,5],[103,0,103,4],[103,5,103,8],[104,0,104,4],[104,5,104,8],[105,5,105,8],[107,0,107,4],[107,5,107,8],[100,0,100,4],[100,5,100,8],[101,0,101,4],[101,5,101,8],[102,0,102,4],[102,5,102,8],[127,4,127,5],[128,4,128,5],[129,4,129,5],[130,4,130,5],[131,4,131,5],[133,4,133,5],[121,4,121,5],[122,4,122,5],[123,4,123,5],[124,4,124,5],[125,4,125,5],[126,4,126,5],[114,4,114,5],[115,4,115,5],[116,4,116,5],[117,4,117,5],[118,4,118,5],[119,4,119,5],[147,0,147,4],[147,5,147,8],[148,0,148,4],[148,5,148,8],[149,0,149,4],[149,5,149,8],[139,7,139,8],[139,9,140,9],[143,0,143,4],[143,5,143,8],[144,5,144,8],[146,0,146,4],[146,5,146,8],[134,4,134,5],[135,4,135,5],[137,4,137,5],[138,4,138,5],[139,0,140,0],[139,1,140,1],[139,2,140,2],[139,3,140,3],[139,4,140,4],[139,5,139,6],[155,0,155,4],[155,5,155,8],[157,4,157,5],[158,4,158,5],[159,0,160,0],[159,1,160,1],[159,2,160,2],[159,3,160,3],[159,4,160,4],[159,5,159,6],[150,0,150,4],[150,5,150,8],[151,0,151,4],[151,5,151,8],[152,5,152,8],[154,0,154,4],[154,5,154,8],[169,0,169,4],[169,5,169,8],[170,0,170,4],[170,5,170,8],[171,5,171,8],[173,0,173,4],[173,5,173,8],[166,0,166,4],[166,5,166,8],[167,0,167,4],[167,5,167,8],[168,0,168,4],[168,5,168,8],[159,7,159,8],[159,9,160,9],[162,0,162,4],[162,5,162,8],[163,5,163,8],[165,0,165,4],[165,5,165,8],[183,0,183,4],[183,5,183,8],[184,0,184,4],[184,5,184,8],[185,0,185,4],[185,5,185,8],[178,7,178,8],[178,9,179,9],[181,0,181,4],[181,5,181,8],[182,0,182,4],[182,5,182,8],[174,0,174,4],[174,5,174,8],[176,4,176,5],[177,4,177,5],[178,0,179,0],[178,1,179,1],[178,2,179,2],[178,3,179,3],[178,4,179,4],[178,5,178,6],[193,7,193,8],[193,9,194,9],[200,0,200,4],[200,5,200,8],[201,5,201,8],[203,0,203,4],[203,5,203,8],[192,4,192,5],[193,0,194,0],[193,1,194,1],[193,2,194,2],[193,3,194,3],[193,4,194,4],[193,5,193,6],[186,5,186,8],[188,0,188,4],[188,5,188,8],[189,0,189,4],[189,5,189,8],[191,4,191,5],[212,0,212,4],[212,5,212,8],[214,4,214,5],[215,4,215,5],[216,4,216,5],[217,4,217,5],[207,0,207,4],[207,5,207,8],[208,0,208,4],[208,5,208,8],[209,5,209,8],[211,0,211,4],[211,5,211,8],[204,0,204,4],[204,5,204,8],[205,0,205,4],[205,5,205,8],[206,0,206,4],[206,5,206,8],[228,7,228,8],[228,9,229,9],[231,0,231,4],[231,5,231,8],[232,5,232,8],[234,0,234,4],[234,5,234,8],[224,4,224,5],[226,4,226,5],[227,4,227,5],[228,0,229,0],[228,1,229,1],[228,2,229,2],[228,3,229,3],[228,4,229,4],[228,5,228,6],[218,4,218,5],[219,4,219,5],[220,4,220,5],[221,4,221,5],[222,4,222,5],[223,4,223,5],[243,0,243,4],[243,5,243,8],[245,4,245,5],[246,4,246,5],[247,5,247,8],[249,0,249,4],[249,5,249,8],[238,0,238,4],[238,5,238,8],[239,0,239,4],[239,5,239,8],[240,5,240,8],[242,0,242,4],[242,5,242,8],[235,0,235,4],[235,5,235,8],[236,0,236,4],[236,5,236,8],[237,0,237,4],[237,5,237,8],[258,7,258,8],[259,7,259,8],[260,0,260,4],[260,5,260,8],[261,5,261,8],[264,0,264,4],[264,5,264,8],[253,0,253,4],[253,5,253,8],[254,0,254,4],[254,5,254,8],[256,6,256,8],[257,0,257,4],[257,5,257,8],[250,0,250,4],[250,5,250,8],[251,0,251,4],[251,5,251,8],[252,0,252,4],[252,5,252,8],[269,7,269,8],[269,9,270,9],[272,0,272,4],[272,5,272,8],[273,5,273,8],[276,0,276,4],[276,5,276,8],[265,0,265,4],[265,5,265,8],[267,4,267,5],[268,4,268,5],[269,0,270,0],[269,1,270,1],[269,2,270,2],[269,3,270,3],[269,4,270,4],[269,5,269,6],[286,6,286,8],[287,0,287,4],[287,5,287,8],[288,5,288,8],[291,0,291,4],[291,5,291,8],[280,0,280,4],[280,5,280,8],[281,0,281,4],[281,5,281,8],[283,6,283,8],[284,0,284,4],[284,5,284,8],[277,0,277,4],[277,5,277,8],[278,0,278,4],[278,5,278,8],[279,0,279,4],[279,5,279,8],[296,7,296,8],[296,9,297,9],[299,0,299,4],[299,5,299,8],[300,5,300,8],[303,0,303,4],[303,5,303,8],[292,0,292,4],[292,5,292,8],[294,4,294,5],[295,4,295,5],[296,0,297,0],[296,1,297,1],[296,2,297,2],[296,3,297,3],[296,4,297,4],[296,5,296,6],[313,6,313,8],[314,0,314,4],[314,5,314,8],[315,5,315,8],[318,0,318,4],[318,5,318,8],[307,0,307,4],[307,5,307,8],[308,0,308,4],[308,5,308,8],[310,6,310,8],[311,0,311,4],[311,5,311,8],[304,0,304,4],[304,5,304,8],[305,0,305,4],[305,5,305,8],[306,0,306,4],[306,5,306,8],[323,7,323,8],[323,9,324,9],[326,0,326,4],[326,5,326,8],[327,5,327,8],[330,0,330,4],[330,5,330,8],[319,0,319,4],[319,5,319,8],[321,4,321,5],[322,4,322,5],[323,0,324,0],[323,1,324,1],[323,2,324,2],[323,3,324,3],[323,4,324,4],[323,5,323,6],[340,6,340,8],[341,0,341,4],[341,5,341,8],[342,5,342,8],[345,0,345,4],[345,5,345,8],[334,0,334,4],[334,5,334,8],[335,0,335,4],[335,5,335,8],[337,6,337,8],[338,0,338,4],[338,5,338,8],[331,0,331,4],[331,5,331,8],[332,0,332,4],[332,5,332,8],[333,0,333,4],[333,5,333,8],[355,6,355,8],[356,6,356,8],[357,0,357,4],[357,5,357,8],[359,6,359,8],[360,6,360,8],[351,0,351,4],[351,5,351,8],[352,0,352,4],[352,5,352,8],[353,0,353,4],[353,5,353,8],[346,0,346,4],[346,5,346,8],[348,4,348,5],[349,4,349,5],[350,0,350,4],[350,5,350,8],[375,0,375,4],[375,5,375,8],[376,0,376,4],[376,5,376,8],[378,4,378,5],[379,4,379,5],[367,7,367,8],[368,7,368,8],[369,7,369,8],[370,0,370,4],[370,5,370,8],[371,5,371,8],[361,6,361,8],[362,6,362,8],[363,6,363,8],[364,6,364,8],[365,6,365,8],[366,0,366,4],[366,5,366,8],[388,5,388,8],[390,0,390,4],[390,5,390,8],[391,0,391,4],[391,5,391,8],[393,4,393,5],[383,0,383,4],[383,5,383,8],[385,6,385,8],[386,6,386,8],[387,0,387,4],[387,5,387,8],[380,0,380,4],[380,5,380,8],[381,0,381,4],[381,5,381,8],[382,0,382,4],[382,5,382,8],[403,5,403,8],[405,0,405,4],[405,5,405,8],[406,0,406,4],[406,5,406,8],[408,4,408,5],[398,0,398,4],[398,5,398,8],[400,6,400,8],[401,6,401,8],[402,0,402,4],[402,5,402,8],[394,4,394,5],[395,0,395,4],[395,5,395,8],[396,0,396,4],[396,5,396,8],[397,0,397,4],[397,5,397,8],[418,5,418,8],[420,0,420,4],[420,5,420,8],[421,0,421,4],[421,5,421,8],[423,4,423,5],[413,0,413,4],[413,5,413,8],[415,6,415,8],[416,6,416,8],[417,0,417,4],[417,5,417,8],[409,4,409,5],[410,0,410,4],[410,5,410,8],[411,0,411,4],[411,5,411,8],[412,0,412,4],[412,5,412,8],[433,5,433,8],[435,0,435,4],[435,5,435,8],[436,0,436,4],[436,5,436,8],[438,4,438,5],[428,0,428,4],[428,5,428,8],[430,6,430,8],[431,6,431,8],[432,0,432,4],[432,5,432,8],[424,4,424,5],[425,0,425,4],[425,5,425,8],[426,0,426,4],[426,5,426,8],[427,0,427,4],[427,5,427,8],[449,6,449,8],[450,6,450,8],[451,0,451,4],[451,5,451,8],[452,5,452,8],[454,0,454,4],[454,5,454,8],[443,0,443,4],[443,5,443,8],[445,6,445,8],[446,6,446,8],[447,6,447,8],[448,6,448,8],[439,4,439,5],[440,0,440,4],[440,5,440,8],[441,0,441,4],[441,5,441,8],[442,0,442,4],[442,5,442,8],[464,6,464,8],[465,6,465,8],[466,6,466,8],[467,0,467,4],[467,5,467,8],[468,5,468,8],[460,0,460,4],[460,5,460,8],[461,0,461,4],[461,5,461,8],[462,0,462,4],[462,5,462,8],[455,0,455,4],[455,5,455,8],[457,4,457,5],[458,4,458,5],[459,0,459,4],[459,5,459,8],[481,0,481,4],[481,5,481,8],[482,0,482,4],[482,5,482,8],[483,0,483,4],[483,5,483,8],[475,5,475,8],[478,0,478,4],[478,5,478,8],[479,0,479,4],[479,5,479,8],[480,0,480,4],[480,5,480,8],[470,0,470,4],[470,5,470,8],[471,0,471,4],[471,5,471,8],[473,4,473,5],[474,4,474,5],[496,7,496,8],[497,0,497,4],[497,5,497,8],[498,5,498,8],[501,0,501,4],[501,5,501,8],[491,6,491,8],[492,6,492,8],[493,6,493,8],[494,0,494,4],[494,5,494,8],[495,7,495,8],[485,6,485,8],[486,0,486,4],[486,5,486,8],[488,6,488,8],[489,6,489,8],[490,6,490,8],[511,6,511,8],[512,6,512,8],[513,0,513,4],[513,5,513,8],[514,5,514,8],[516,0,516,4],[516,5,516,8],[507,0,507,4],[507,5,507,8],[508,0,508,4],[508,5,508,8],[509,0,509,4],[509,5,509,8],[502,0,502,4],[502,5,502,8],[504,4,504,5],[505,4,505,5],[506,0,506,4],[506,5,506,8],[521,7,521,8],[521,9,522,9],[524,0,524,4],[524,5,524,8],[525,5,525,8],[528,0,528,4],[528,5,528,8],[517,0,517,4],[517,5,517,8],[519,4,519,5],[520,4,520,5],[521,0,522,0],[521,1,522,1],[521,2,522,2],[521,3,522,3],[521,4,522,4],[521,5,521,6],[537,0,537,4],[537,5,537,8],[539,6,539,8],[540,0,540,4],[540,5,540,8],[541,7,541,8],[532,0,532,4],[532,5,532,8],[533,0,533,4],[533,5,533,8],[535,6,535,8],[536,6,536,8],[529,0,529,4],[529,5,529,8],[530,0,530,4],[530,5,530,8],[531,0,531,4],[531,5,531,8],[550,0,550,4],[550,5,550,8],[552,4,552,5],[553,4,553,5],[554,0,555,0],[554,1,555,1],[554,2,555,2],[554,3,555,3],[554,4,555,4],[554,5,554,6],[542,7,542,8],[543,7,543,8],[544,0,544,4],[544,5,544,8],[545,5,545,8],[549,0,549,4],[549,5,549,8],[564,0,564,4],[564,5,564,8],[565,0,565,4],[565,5,565,8],[566,5,566,8],[568,0,568,4],[568,5,568,8],[561,0,561,4],[561,5,561,8],[562,0,562,4],[562,5,562,8],[563,0,563,4],[563,5,563,8],[554,7,554,8],[554,9,555,9],[557,0,557,4],[557,5,557,8],[558,5,558,8],[560,0,560,4],[560,5,560,8],[573,7,573,8],[573,9,574,9],[581,0,581,4],[581,5,581,8],[582,5,582,8],[584,0,584,4],[584,5,584,8],[569,0,569,4],[569,5,569,8],[571,4,571,5],[572,4,572,5],[573,0,574,0],[573,1,574,1],[573,2,574,2],[573,3,574,3],[573,4,574,4],[573,5,573,6],[593,7,593,8],[594,7,594,8],[595,0,595,4],[595,5,595,8],[596,5,596,8],[599,0,599,4],[599,5,599,8],[588,0,588,4],[588,5,588,8],[589,0,589,4],[589,5,589,8],[591,6,591,8],[592,0,592,4],[592,5,592,8],[585,0,585,4],[585,5,585,8],[586,0,586,4],[586,5,586,8],[587,0,587,4],[587,5,587,8],[616,0,616,4],[616,5,616,8],[617,0,617,4],[617,5,617,8],[618,0,618,4],[618,5,618,8],[604,7,604,8],[604,9,605,9],[612,0,612,4],[612,5,612,8],[613,5,613,8],[615,0,615,4],[615,5,615,8],[600,0,600,4],[600,5,600,8],[602,4,602,5],[603,4,603,5],[604,0,605,0],[604,1,605,1],[604,2,605,2],[604,3,605,3],[604,4,605,4],[604,5,604,6],[629,7,629,8],[630,7,630,8],[631,7,631,8],[632,0,632,4],[632,5,632,8],[633,5,633,8],[624,0,624,4],[624,5,624,8],[626,6,626,8],[627,0,627,4],[627,5,627,8],[628,7,628,8],[619,0,619,4],[619,5,619,8],[620,0,620,4],[620,5,620,8],[622,6,622,8],[623,6,623,8],[650,0,650,4],[650,5,650,8],[651,0,651,4],[651,5,651,8],[652,0,652,4],[652,5,652,8],[642,7,642,8],[642,9,643,9],[646,0,646,4],[646,5,646,8],[647,5,647,8],[649,0,649,4],[649,5,649,8],[638,0,638,4],[638,5,638,8],[640,4,640,5],[642,0,643,0],[642,1,643,1],[642,2,643,2],[642,3,643,3],[642,4,643,4],[642,5,642,6],[641,4,641,5],[664,4,664,5],[665,0,666,0],[665,1,666,1],[665,2,666,2],[665,3,666,3],[665,4,666,4],[665,5,665,6],[658,5,658,8],[660,0,660,4],[660,5,660,8],[661,0,661,4],[661,5,661,8],[663,4,663,5],[653,0,653,4],[653,5,653,8],[654,0,654,4],[654,5,654,8],[656,6,656,8],[657,0,657,4],[657,5,657,8],[673,5,673,8],[675,0,675,4],[675,5,675,8],[676,0,676,4],[676,5,676,8],[678,4,678,5],[670,0,670,4],[670,5,670,8],[671,0,671,4],[671,5,671,8],[672,0,672,4],[672,5,672,8],[665,7,665,8],[665,9,666,9],[668,0,668,4],[668,5,668,8],[669,0,669,4],[669,5,669,8],[688,0,688,4],[688,5,688,8],[689,0,689,4],[689,5,689,8],[690,0,690,4],[690,5,690,8],[680,7,680,8],[680,9,681,9],[684,0,684,4],[684,5,684,8],[685,5,685,8],[687,0,687,4],[687,5,687,8],[679,4,679,5],[680,0,681,0],[680,1,681,1],[680,2,681,2],[680,3,681,3],[680,4,681,4],[680,5,680,6],[702,4,702,5],[703,0,704,0],[703,1,704,1],[703,2,704,2],[703,3,704,3],[703,4,704,4],[703,5,703,6],[696,5,696,8],[698,0,698,4],[698,5,698,8],[699,0,699,4],[699,5,699,8],[701,4,701,5],[691,0,691,4],[691,5,691,8],[692,0,692,4],[692,5,692,8],[694,6,694,8],[695,0,695,4],[695,5,695,8],[715,0,715,4],[715,5,715,8],[716,0,716,4],[716,5,716,8],[718,6,718,8],[719,0,719,4],[719,5,719,8],[712,0,712,4],[712,5,712,8],[713,0,713,4],[713,5,713,8],[714,0,714,4],[714,5,714,8],[703,7,703,8],[703,9,704,9],[708,0,708,4],[708,5,708,8],[709,5,709,8],[711,0,711,4],[711,5,711,8],[731,7,731,8],[731,9,732,9],[734,0,734,4],[734,5,734,8],[735,0,735,4],[735,5,735,8],[727,0,727,4],[727,5,727,8],[729,4,729,5],[730,4,730,5],[731,0,732,0],[731,1,732,1],[731,2,732,2],[731,3,732,3],[731,4,732,4],[731,5,731,6],[720,7,720,8],[721,7,721,8],[722,0,722,4],[722,5,722,8],[723,5,723,8],[726,0,726,4],[726,5,726,8],[745,4,745,5],[746,4,746,5],[747,4,747,5],[748,4,748,5],[749,4,749,5],[750,4,750,5],[739,5,739,8],[741,0,741,4],[741,5,741,8],[742,0,742,4],[742,5,742,8],[744,4,744,5],[736,0,736,4],[736,5,736,8],[737,0,737,4],[737,5,737,8],[738,0,738,4],[738,5,738,8],[761,0,761,4],[761,5,761,8],[762,0,762,4],[762,5,762,8],[763,0,763,4],[763,5,763,8],[754,7,754,8],[754,9,755,9],[757,0,757,4],[757,5,757,8],[758,5,758,8],[760,0,760,4],[760,5,760,8],[752,4,752,5]],"merged_total":4960,"flags":["merged_cut"]}
[null,null,"Composições Analíticas com Preço Unitário",null,"Bancos",null,"BDI SERVIÇO",0.23380000000000001,"Encargos Sociais"]
[null,null,"CONTRATAÇÃO DE OBRAS DE PAVIMENTAÇÃO EM CONCRETO BETUMINOSO USINADO A QUENTE (CBUQ) NO RAMAL DA TOTOIA, NO MUNICÍPIO DE SANTANA/AP, NA ÁREA DE ATUAÇÃO DA 11ª SUPERINTENDÊNCIA REGIONAL DA CODEVASF, NO ESTADO DO AMAPÁ",null,"SINAPI - 01/2026 - Amapá\nSBC - 03/2026 - Amapá\nSICRO3 - 10/2025 - Amapá\nORSE - 12/2025 - Sergipe\n",null,"BDI MATERIAL",0.1459,"Não Desonerado"]
["Composições Analíticas com Preço Unitário"]
["Composições Principais"]
[" 1.1 ","Código","Banco","Descrição","Tipo",null,"Und","Quant.","Valor Unit","Total"]
["Composição"," 103689 ","SINAPI","FORNECIMENTO E INSTALAÇÃO DE PLACA DE OBRA COM CHAPA GALVANIZADA E ESTRUTURA DE MADEIRA. AF_03/2022_PS","Sinalização Vertical Viária",null,"m²",1,462.44,462.44]
["Composição Auxiliar"," 88262 ","SINAPI","CARPINTEIRO DE FORMAS COM ENCARGOS COMPLEMENTARES","Livro SINAPI: Cálculos e Parâmetros",null,"H",0.37290000000000001,25.926032800000002,9.6678175999999993]
["Composição Auxiliar"," 102234 ","SINAPI","PINTURA IMUNIZANTE PARA MADEIRA, 2 DEMÃOS. AF_01/2021","Pintura em Madeira",null,"m²",0.5,24.737170021280001,12.368584999999999]
["Composição Auxiliar"," 88316 ","SINAPI","SERVENTE COM ENCARGOS COMPLEMENTARES","Livro SINAPI: Cálculos e Parâmetros",null,"H",1.1186,20.96602,23.452590000000001]
["Insumo"," 00005065 ","SINAPI","PREGO DE ACO POLIDO COM CABECA 10 X 10 (7/8 X 17)","Material",null,"KG",1.1299999999999999E-2,31.81,0.35945300000000002]
["Insumo"," 00004813 ","SINAPI","PLACA DE OBRA (PARA CONSTRUCAO CIVIL) EM CHAPA GALVANIZADA *N. 22*, ADESIVADA, DE *2,4 X 1,2* M (SEM POSTES PARA FIXACAO)","Material",null,"m²",1,400,400]
["Insumo"," 00004509 ","SINAPI","SARRAFO *2,5 X 10* CM EM PINUS, MISTA OU EQUIVALENTE DA REGIAO - BRUTA","Material",null,"M",3.2082999999999999,5.0999999999999996,16.36233]
["Insumo"," 00005069 ","SINAPI","PREGO DE ACO POLIDO COM CABECA 17 X 27 (2 1/2 X 11)","Material",null,"KG",1.32E-2,17.04,0.22492799999999999]
[]
[" 1.3 ","Código","Banco","Descrição","Tipo",null,"Und","Quant.","Valor Unit","Total"]
["Composição"," 200 ","Próprio","CANTEIRO DE OBRAS","CANT - CANTEIRO DE OBRAS",null,"UN",1,171160.86,171160.86]
["Composição Auxiliar"," 98525 ","SINAPI","LIMPEZA MECANIZADA DE CAMADA VEGETAL, VEGETAÇÃO E PEQUENAS ÁRVORES (DIÂMETRO DE TRONCO MENOR QUE 0,20 M), COM TRATOR DE ESTEIRAS. AF_03/2024","Supressão Vegetal",null,"m²",360,0.70970655104000002,255.49435840000001]
["Composição Auxiliar"," 202 ","Próprio","CANTEIRO - INSTALAÇÕES HIDROSANITÁRIA","CANT - CANTEIRO DE OBRAS",null,"UN",1,58928.728228219908,58928.728228200001]
["Composição Auxiliar"," 201 ","Próprio","CANTEIRO - INSTALAÇÕES ELÉTRICA","CANT - CANTEIRO DE OBRAS",null,"UN",1,10807.286180288309,10807.2861803]
["Composição Auxiliar"," 101489 ","SINAPI","ENTRADA DE ENERGIA ELÉTRICA, AÉREA, MONOFÁSICA, COM CAIXA DE SOBREPOR, CABO DE 10 MM2 E DISJUNTOR DIN 50A (NÃO INCLUSO O POSTE DE CONCRETO). AF_12/2025","Instalações Elétricas - Rede de Distribuição",null,"UN",1,1676.2398413874071,1676.2398413999999]
["Composição Auxiliar"," 88472 ","SINAPI","CONTRAPISO COM ARGAMASSA AUTONIVELANTE, APLICADO SOBRE LAJE, NÃO ADERIDO, ESPESSURA 5CM. AF_07/2021","Contrapiso",null,"m²",69,59.758439160000002,4123.3323019999998]
["Composição Auxiliar"," 87794 ","SINAPI","EMBOÇO OU MASSA ÚNICA EM ARGAMASSA TRAÇO 1:2:8, PREPARO MANUAL, APLICADA MANUALMENTE EM PANOS CEGOS DE FACHADA (SEM PRESENÇA DE VÃOS), ESPESSURA DE 25 MM. AF_09/2022","Massa Única Externa",null,"m²",68.48,46.551093700599999,3187.8188965999998]
["Composição Auxiliar"," 102487 ","SINAPI","CONCRETO CICLÓPICO FCK = 15MPA, 30% PEDRA DE MÃO EM VOLUME REAL, INCLUSIVE LANÇAMENTO. AF_05/2021","Produção de Concreto",null,"m³",7.91,857.75160831740823,6784.8152217999996]
["Composição Auxiliar"," 87408 ","SINAPI","ARGAMASSA INDUSTRIALIZADA PARA REVESTIMENTOS, MISTURA E PROJEÇÃO DE 2 M³/H DE ARGAMASSA. AF_08/2019","Argamassas",null,"m³",0.55000000000000004,2398.4477011680801,1319.1462356]
["Composição Auxiliar"," 87248 ","SINAPI","REVESTIMENTO CERÂMICO PARA PISO COM PLACAS TIPO ESMALTADA DE DIMENSÕES 35X35 CM APLICADA EM AMBIENTES DE ÁREA MAIOR QUE 10 M2. AF_02/2023_PE","Revestimentos Cerâmicos Internos",null,"m²",27.6,64.476304243520005,1779.5459971]
["Composição Auxiliar"," 98441 ","SINAPI","PAREDE DE MADEIRA COMPENSADA PARA CONSTRUÇÃO TEMPORÁRIA EM CHAPA SIMPLES, EXTERNA, SEM VÃO. AF_03/2024","Instalações para Canteiros de Obras",null,"m²",324.74,105.8364394130348,34369.325335000001]
["Composição Auxiliar"," 91341 ","SINAPI","PORTA EM ALUMÍNIO DE ABRIR TIPO VENEZIANA COM GUARNIÇÃO, FIXAÇÃO COM PARAFUSOS - FORNECIMENTO E INSTALAÇÃO. AF_10/2025","Esquadrias - Portas",null,"m²",8.9600000000000009,671.24920659260965,6014.3928911000003]
["Composição Auxiliar"," 94207 ","SINAPI","TELHAMENTO COM TELHA ONDULADA DE FIBROCIMENTO E = 6 MM, COM RECOBRIMENTO LATERAL DE 1/4 DE ONDA PARA TELHADO COM INCLINAÇÃO MAIOR QUE 10°, COM ATÉ 2 ÁGUAS, INCLUSO IÇAMENTO. AF_07/2019","Telhamento para Cobertura",null,"m²",98.6,43.578955662539997,4296.8850283000002]
["Composição Auxiliar"," 99059 ","SINAPI","LOCAÇÃO CONVENCIONAL DE OBRA, UTILIZANDO GABARITO DE TÁBUAS CORRIDAS PONTALETADAS A CADA 2,00M - 2 UTILIZAÇÕES. AF_03/2024","Locação de Obras",null,"M",76,59.739988473704003,4540.2391239999997]
["Composição Auxiliar"," 90823 ","SINAPI","PORTA DE MADEIRA PARA PINTURA, SEMI-OCA (LEVE OU MÉDIA), 90X210CM, ESPESSURA DE 3,5CM, INCLUSO DOBRADIÇAS - FORNECIMENTO E INSTALAÇÃO. AF_10/2025","Esquadrias - Portas",null,"UN",4,466.03151374731902,1864.126055]
["Composição Auxiliar"," 100701 ","SINAPI","PORTA DE FERRO, DE ABRIR, TIPO GRADE COM CHAPA, COM GUARNIÇÕES. AF_10/2025","Esquadrias - Portas",null,"m²",11.89,765.0957437818488,9096.9883936000006]
["Composição Auxiliar"," 103328 ","SINAPI","ALVENARIA DE VEDAÇÃO DE BLOCOS CERÂMICOS FURADOS NA HORIZONTAL DE 9X19X19 CM (ESPESSURA 9 CM) E ARGAMASSA DE ASSENTAMENTO COM PREPARO EM BETONEIRA. AF_12/2021","Alvenaria de Vedação",null,"m²",76.36,98.599086310898201,7529.0262307000003]
["Composição Auxiliar"," 94559 ","SINAPI","JANELA DE AÇO TIPO BASCULANTE, PARA VIDROS (VIDROS NÃO INCLUSOS), BATENTE/ REQUADRO INCLUSO (6,5 A 14 CM), DIMENSÕES 60X60 CM, COM COM PINTURA ANTICORROSIVA, SEM ACABAMENTO, COM FERRAGENS, FIXAÇÃO COM ARGAMASSA, EXCLUSIVE CONTRAMARCO - FORNECIMENTO E INSTALAÇÃO. AF_11/2024","Esquadrias - Janelas",null,"m²",8.9600000000000009,684.18244351221597,6130.2746938999999]
["Composição Auxiliar"," 95636 ","SINAPI","KIT CAVALETE PARA MEDIÇÃO DE ÁGUA - ENTRADA PRINCIPAL, EM AÇO GALVANIZADO DN 25 MM (1\") - FORNECIMENTO E INSTALAÇÃO (EXCLUSIVE HIDRÔMETRO). AF_03/2024","Sistemas de Medição",null,"UN",1,398.35336802808001,398.35336799999999]
["Composição Auxiliar"," 95241 ","SINAPI","LASTRO DE CONCRETO MAGRO, APLICADO EM PISOS, LAJES SOBRE SOLO OU RADIERS, ESPESSURA DE 5 CM. AF_01/2024","Lastro",null,"m²",69,51.193386898738304,3532.3436959999999]
["Composição Auxiliar"," 96486 ","SINAPI","FORRO EM RÉGUAS DE PVC, LISO, PARA AMBIENTES COMERCIAIS, INCLUSIVE ESTRUTURA BIDIRECIONAL DE FIXAÇÃO. AF_08/2023_PS","Forros",null,"m²",39.54,86.932331000000005,3437.3043677000001]
["Insumo"," 00005059 ","SINAPI","POSTE DE CONCRETO ARMADO DE SECAO CIRCULAR, EXTENSAO DE 9,00 M, RESISTENCIA DE 300 A 400 DAN, TIPO C-17","Material",null,"UN",1,1089.19,1089.19]
[]
[" 1.4 ","Código","Banco","Descrição","Tipo",null,"Und","Quant.","Valor Unit","Total"]
["Composição"," 5502985 ","SICRO3","Limpeza mecanizada da camada vegetal","",null,"m²",1,0.89,0.89]
["A","Código","Banco","Equipamentos","Quantidade","Utilização",null,"Custo Horário",null,"Custo Horário Total"]
[{"$nulls":5},"Operativa","Improdutiva","Operativa","Improdutiva"]
["Insumo"," E9540 ","SICRO3","Trator sobre esteiras com lâmina - 127 kW",1,1,0,459.30950000000001,189.92850000000001,459.30950000000001]
[{"$nulls":5},"Custo horário total de equipamentos",null,null,null,459.30950000000001]
["B","Código","Banco","Mão de Obra","Quantidade","Custo Horário",null,null,null,"Custo Horário Total"]
["Insumo"," P9824 ","SICRO3","Servente",1,null,null,null,"23,241200000000000000000000000000","23,241200000000000000000000000000"]
[{"$nulls":5},"Adicional de Mão de obra (%)",null,null,null,0]
[{"$nulls":5},"Custo horário total de mão de obra",null,null,null,23.241199999999999]
[{"$nulls":5},"Custo horário total de execução",null,null,null,482.55070000000001]
[{"$nulls":5},"Produção de equipe",null,null,null,622.95000000000005]
[{"$nulls":5},"Custo unitário de execução",null,null,null,0.77459999999999996]
[{"$nulls":5},"Custo do FIC",null,null,null,0.1123]
["F","Momento de Transporte","Banco","Descrição","Quantidade","Distância Média de Transporte (DMT)",null,null,null,"Custo Horário"]
[{"$nulls":5},"LN","RP","P","FE"]
[{"$nulls":5},"Custo do FIT",null,null,null,0]
[{"$nulls":5},"Custo total de transporte",null,null,null,0]
[]
[" 1.5 ","Código","Banco","Descrição","Tipo",null,"Und","Quant.","Valor Unit","Total"]
["Composição"," 5914655 ","SICRO3","Carga, manobra e descarga de materiais diversos em caminhão carroceria de 15 t - carga e descarga manuais","",null,"t",1,35.75,35.75]
["A","Código","Banco","Equipamentos","Quantidade","Utilização",null,"Custo Horário",null,"Custo Horário Total"]
[{"$nulls":5},"Operativa","Improdutiva","Operativa","Improdutiva"]
["Insumo"," E9592 ","SICRO3","Caminhão carroceria com capacidade de 15 t - 188 kW",1,1,0,283.62470000000002,87.947000000000003,283.62470000000002]
[{"$nulls":5},"Custo horário total de equipamentos",null,null,null,283.62470000000002]
["B","Código","Banco","Mão de Obra","Quantidade","Custo Horário",null,null,null,"Custo Horário Total"]
["Insumo"," P9824 ","SICRO3","Servente",6,null,null,null,"23,241200000000000000000000000000","139,447200000000000000000000000000"]
[{"$nulls":5},"Adicional de Mão de obra (%)",null,null,null,0]
[{"$nulls":5},"Custo horário total de mão de obra",null,null,null,139.44720000000001]
[{"$nulls":5},"Custo horário total de execução",null,null,null,423.07190000000003]
[{"$nulls":5},"Produção de equipe",null,null,null,12.34]
[{"$nulls":5},"Custo unitário de execução",null,null,null,34.284599999999998]
[{"$nulls":5},"Custo do FIC",null,null,null,1.4618]
["F","Momento de Transporte","Banco","Descrição","Quantidade","Distância Média de Transporte (DMT)",null,null,null,"Custo Horário"]
[{"$nulls":5},"LN","RP","P","FE"]
[{"$nulls":5},"Custo do FIT",null,null,null,0]
[{"$nulls":5},"Custo total de transporte",null,null,null,0]
[]
[" 1.6 ","Código","Banco","Descrição","Tipo",null,"Und","Quant.","Valor Unit","Total"]
["Composição"," 5914464 ","SICRO3","Transporte com caminhão carroceria de 15 t - rodovia em revestimento primário","",null,"tkm",1,0.9,0.9]
["A","Código","Banco","Equipamentos","Quantidade","Utilização",null,"Custo Horário",null,"Custo Horário Total"]
[{"$nulls":5},"Operativa","Improdutiva","Operativa","Improdutiva"]
["Insumo"," E9592 ","SICRO3","Caminhão carroceria com capacidade de 15 t - 188 kW",1,1,0,283.62470000000002,87.947000000000003,283.62470000000002]
[{"$nulls":5},"Custo horário total de equipamentos",null,null,null,283.62470000000002]
[{"$nulls":5},"Custo horário total de execução",null,null,null,283.62470000000002]
[{"$nulls":5},"Produção de equipe",null,null,null,323.8]
[{"$nulls":5},"Custo unitário de execução",null,null,null,0.87590000000000001]
[{"$nulls":5},"Custo do FIC",null,null,null,2.1499999999999998E-2]
["F","Momento de Transporte","Banco","Descrição","Quantidade","Distância Média de Transporte (DMT)",null,null,null,"Custo Horário"]
[{"$nulls":5},"LN","RP","P","FE"]
[{"$nulls":5},"Custo do FIT",null,null,null,0]
[{"$nulls":5},"Custo total de transporte",null,null,null,0]
[]
[" 1.7 ","Código","Banco","Descrição","Tipo",null,"Und","Quant.","Valor Unit","Total"]
["Composição"," 4413942 ","SICRO3","Espalhamento de material em bota-fora","",null,"m³",1,2.82,2.82]
["A","Código","Banco","Equipamentos","Quantidade","Utilização",null,"Custo Horário",null,"Custo Horário Total"]
[{"$nulls":5},"Operativa","Improdutiva","Operativa","Improdutiva"]
["Insumo"," E9540 ","SICRO3","Trator sobre esteiras com lâmina - 127 kW",1,1,0,459.30950000000001,189.92850000000001,459.30950000000001]
[{"$nulls":5},"Custo horário total de equipamentos",null,null,null,459.30950000000001]
["B","Código","Banco","Mão de Obra","Quantidade","Custo Horário",null,null,null,"Custo Horário Total"]
["Insumo"," P9824 ","SICRO3","Servente",1,null,null,null,"23,241200000000000000000000000000","23,241200000000000000000000000000"]
[{"$nulls":5},"Adicional de Mão de obra (%)",null,null,null,0]
[{"$nulls":5},"Custo horário total de mão de obra",null,null,null,23.241199999999999]
[{"$nulls":5},"Custo horário total de execução",null,null,null,482.55070000000001]
[{"$nulls":5},"Produção de equipe",null,null,null,176.81]
[{"$nulls":5},"Custo unitário de execução",null,null,null,2.7292000000000001]
[{"$nulls":5},"Custo do FIC",null,null,null,8.8300000000000003E-2]
["F","Momento de Transporte","Banco","Descrição","Quantidade","Distância Média de Transporte (DMT)",null,null,null,"Custo Horário"]
[{"$nulls":5},"LN","RP","P","FE"]
[{"$nulls":5},"Custo do FIT",null,null,null,0]
[{"$nulls":5},"Custo total de transporte",null,null,null,0]
[]
[" 1.8 ","Código","Banco","Descrição","Tipo",null,"Und","Quant.","Valor Unit","Total"]
["Composição"," 78472 ","Próprio","SINAPI - 78472 - SERVICOS TOPOGRAFICOS PARA PAVIMENTACAO, INCLUSIVE NOTA DE SERVICOS, ACOMPANHAMENTO E GREIDE","SEDI - SERVIÇOS DIVERSOS",null,"m²",1,0.56000000000000005,0.56000000000000005]
["Composição Auxiliar"," 5914464 ","SICRO3","Transporte com caminhão carroceria de 15 t - rodovia em revestimento primário","",null,"tkm",1.0606000000000001E-3,0.9,9.5450000000000005E-4]
["Composição Auxiliar"," 5914479 ","SICRO3","Transporte com caminhão carroceria de 15 t - rodovia pavimentada","",null,"tkm",2.1599999999999999E-4,0.73,1.5770000000000001E-4]
["Insumo"," M0289 ","SICRO3","Tábua - E = 2,5 cm e L = 15 cm","Material",null,"m",2.8860000000000001E-3,8.7960999999999991,2.5385499999999998E-2]
["Insumo"," P9848 ","SICRO3","Desenhista - mensalista","Mão de Obra",null,"mês",1.1399999999999999E-5,9649.2230999999992,0.1100011]
["Insumo"," P9949 ","SICRO3","Topógrafo - mensalista","Mão de Obra",null,"mês",1.42E-5,7751.6585999999998,0.11007359999999999]
["Insumo"," P9950 ","SICRO3","Auxiliar de topografia - mensalista","Mão de Obra",null,"mês",1.42E-5,5328.5518000000002,7.5665399999999994E-2]
["Insumo"," P9824 ","SICRO3","Servente","Mão de Obra",null,"h",7.4999999999999997E-3,23.241199999999999,0.17430899999999999]
["Insumo"," E9512 ","SICRO3","Veículo leve - 53 kW","Equipamento",null,"H",1E-3,66.628799999999998,6.6628800000000002E-2]
[]
[" 2.1 ","Código","Banco","Descrição","Tipo",null,"Und","Quant.","Valor Unit","Total"]
["Composição"," 0005 ","Próprio","ADMINISTRAÇÃO DE OBRA","SEOP - SERVIÇOS OPERACIONAIS",null,"MÊS",1,92822.39,92822.39]
["Insumo"," P9948 ","SICRO3","Motorista de veículo leve - mensalista","Mão de Obra",null,"mês",1,5502.0860000000002,5502.0860000000002]
["Insumo"," P9840 ","SICRO3","Encarregado geral - mensalista","Mão de Obra",null,"mês",1,9257.9050999999999,9257.9050999999999]
["Insumo"," P9827 ","SICRO3","Vigia - mensalista","Mão de Obra",null,"mês",2,5313.6608999999999,10627.3218]
["Insumo"," P9842 ","SICRO3","Faxineiro - mensalista","Mão de Obra",null,"mês",1,4508.1931000000004,4508.1931000000004]
["Insumo"," P9897 ","SICRO3","Técnico de meio ambiente - mensalista","Mão de Obra",null,"mês",1,8262.8888999999999,8262.8888999999999]
["Insumo"," P9819 ","SICRO3","Engenheiro supervisor - mensalista","Mão de Obra",null,"mês",1,25766.115699999998,25766.115699999998]
["Insumo"," P9878 ","SICRO3","Secretária","Mão de Obra",null,"mês",1,6990.7166999999999,6990.7166999999999]
["Insumo"," P9806 ","SICRO3","Auxiliar administrativo - mensalista","Mão de Obra",null,"mês",2,5491.4074000000001,10982.8148]
["Insumo"," P9903 ","SICRO3","Auxiliar técnico - mensalista","Mão de Obra",null,"mês",2,5462.1755999999996,10924.351199999999]
[]
[" 3.1 ","Código","Banco","Descrição","Tipo",null,"Und","Quant.","Valor Unit","Total"]
["Composição"," 101 ","Próprio","MOBILIZAÇÃO E DESMOBILIZAÇÃO DE PESSOAL, VEÍCULOS E EQUIPAMENTOS","SEDI - SERVIÇOS DIVERSOS",null,"Unid",1,8805.39,8805.39]
["Insumo"," MOB/DESM - 01 ","Próprio","MOBILIZAÇÃO E DESMOBILIZAÇÃO DE PESSOAL, VEÍCULOS E EQUIPAMENTOS PESADOS","Material",null,"Und.",1,8805.39,8805.39]
[]
[" 4.1 ","Código","Banco","Descrição","Tipo",null,"Und","Quant.","Valor Unit","Total"]
["Composição"," 5502138 ","SICRO3","Escavação, carga e transporte de material de 1ª categoria - DMT de 600 a 800 m - caminho de serviço em revestimento primário - com escavadeira e caminhão basculante de 14 m³","",null,"m³",1,7.4,7.4]
["A","Código","Banco","Equipamentos","Quantidade","Utilização",null,"Custo Horário",null,"Custo Horário Total"]
[{"$nulls":5},"Operativa","Improdutiva","Operativa","Improdutiva"]
["Insumo"," E9515 ","SICRO3","Escavadeira hidráulica sobre esteiras com caçamba com capacidade de 1,56 m³ - 118 kW",1,1,0,336.00799999999998,155.60159999999999,336.00799999999998]
["Insumo"," E9667 ","SICRO3","Caminhão basculante com capacidade de 14 m³ - 210 kW",4,0.88,0.12,324.72190000000001,100.0942,1191.0663]
[{"$nulls":5},"Custo horário total de equipamentos",null,null,null,1527.0743]
["B","Código","Banco","Mão de Obra","Quantidade","Custo Horário",null,null,null,"Custo Horário Total"]
["Insumo"," P9824 ","SICRO3","Servente",1,null,null,null,"23,241200000000000000000000000000","23,241200000000000000000000000000"]
[{"$nulls":5},"Adicional de Mão de obra (%)",null,null,null,0]
[{"$nulls":5},"Custo horário total de mão de obra",null,null,null,23.241199999999999]
[{"$nulls":5},"Custo horário total de execução",null,null,null,1550.3154999999999]
[{"$nulls":5},"Produção de equipe",null,null,null,230.19]
[{"$nulls":5},"Custo unitário de execução",null,null,null,6.7348999999999997]
[{"$nulls":5},"Custo do FIC",null,null,null,0.66080000000000005]
["F","Momento de Transporte","Banco","Descrição","Quantidade","Distância Média de Transporte (DMT)",null,null,null,"Custo Horário"]
[{"$nulls":5},"LN","RP","P","FE"]
[{"$nulls":5},"Custo do FIT",null,null,null,0]
[{"$nulls":5},"Custo total de transporte",null,null,null,0]
[]
[" 4.2 ","Código","Banco","Descrição","Tipo",null,"Und","Quant.","Valor Unit","Total"]
["Composição"," 4016096 ","SICRO3","Escavação e carga de material de jazida com escavadeira hidráulica de 1,56 m³","",null,"m³",1,1.76,1.76]
["A","Código","Banco","Equipamentos","Quantidade","Utilização",null,"Custo Horário",null,"Custo Horário Total"]
[{"$nulls":5},"Operativa","Improdutiva","Operativa","Improdutiva"]
["Insumo"," E9515 ","SICRO3","Escavadeira hidráulica sobre esteiras com caçamba com capacidade de 1,56 m³ - 118 kW",1,1,0,336.00799999999998,155.60159999999999,336.00799999999998]
[{"$nulls":5},"Custo horário total de equipamentos",null,null,null,336.00799999999998]
["B","Código","Banco","Mão de Obra","Quantidade","Custo Horário",null,null,null,"Custo Horário Total"]
["Insumo"," P9824 ","SICRO3","Servente",1,null,null,null,"23,241200000000000000000000000000","23,241200000000000000000000000000"]
[{"$nulls":5},"Adicional de Mão de obra (%)",null,null,null,0]
[{"$nulls":5},"Custo horário total de mão de obra",null,null,null,23.241199999999999]
[{"$nulls":5},"Custo horário total de execução",null,null,null,359.24919999999997]
[{"$nulls":5},"Produção de equipe",null,null,null,230.19]
[{"$nulls":5},"Custo unitário de execução",null,null,null,1.5607]
[{"$nulls":5},"Custo do FIC",null,null,null,0.20399999999999999]
["F","Momento de Transporte","Banco","Descrição","Quantidade","Distância Média de Transporte (DMT)",null,null,null,"Custo Horário"]
[{"$nulls":5},"LN","RP","P","FE"]
[{"$nulls":5},"Custo do FIT",null,null,null,0]
[{"$nulls":5},"Custo total de transporte",null,null,null,0]
[]
[" 4.3 ","Código","Banco","Descrição","Tipo",null,"Und","Quant.","Valor Unit","Total"]
["Composição"," 5915320 ","SICRO3","Transporte com caminhão basculante de 14 m³ - rodovia em revestimento primário","",null,"tkm",1,0.76,0.76]
["A","Código","Banco","Equipamentos","Quantidade","Utilização",null,"Custo Horário",null,"Custo Horário Total"]
[{"$nulls":5},"Operativa","Improdutiva","Operativa","Improdutiva"]
["Insumo"," E9667 ","SICRO3","Caminhão basculante com capacidade de 14 m³ - 210 kW",1,1,0,324.72190000000001,100.0942,324.72190000000001]
[{"$nulls":5},"Custo horário total de equipamentos",null,null,null,324.72190000000001]
[{"$nulls":5},"Custo horário total de execução",null,null,null,324.72190000000001]
[{"$nulls":5},"Produção de equipe",null,null,null,435.75]
[{"$nulls":5},"Custo unitário de execução",null,null,null,0.74519999999999997]
[{"$nulls":5},"Custo do FIC",null,null,null,1.8200000000000001E-2]
["F","Momento de Transporte","Banco","Descrição","Quantidade","Distância Média de Transporte (DMT)",null,null,null,"Custo Horário"]
[{"$nulls":5},"LN","RP","P","FE"]
[{"$nulls":5},"Custo do FIT",null,null,null,0]
[{"$nulls":5},"Custo total de transporte",null,null,null,0]
[]
[" 4.4 ","Código","Banco","Descrição","Tipo",null,"Und","Quant.","Valor Unit","Total"]
["Composição"," 5502978 ","SICRO3","Compactação de aterros a 100% do Proctor normal","",null,"m³",1,6.38,6.38]
["A","Código","Banco","Equipamentos","Quantidade","Utilização",null,"Custo Horário",null,"Custo Horário Total"]
[{"$nulls":5},"Operativa","Improdutiva","Operativa","Improdutiva"]
["Insumo"," E9571 ","SICRO3","Caminhão tanque com capacidade de 10.000 l - 188 kW",1,0.9,0.1,361.14089999999999,100.5492,335.08170000000001]
["Insumo"," E9518 ","SICRO3","Grade de 24 discos rebocável de D = 60 cm (24\")",1,0.52,0.48,5.1009000000000002,3.5522,4.3574999999999999]
["Insumo"," E9685 ","SICRO3","Rolo compactador pé de carneiro vibratório autopropelido por pneus de 11,6 t - 82 kW",1,1,0,247.6412,113.9143,247.6412]
["Insumo"," E9577 ","SICRO3","Trator agrícola sobre pneus - 77 kW",1,0.52,0.48,182.94929999999999,75.256900000000002,131.2569]
["Insumo"," E9524 ","SICRO3","Motoniveladora - 93 kW",1,0.28999999999999998,0.71,344.67899999999997,151.92490000000001,207.8236]
[{"$nulls":5},"Custo horário total de equipamentos",null,null,null,926.16089999999997]
["B","Código","Banco","Mão de Obra","Quantidade","Custo Horário",null,null,null,"Custo Horário Total"]
["Insumo"," P9824 ","SICRO3","Servente",1,null,null,null,"23,241200000000000000000000000000","23,241200000000000000000000000000"]
[{"$nulls":5},"Adicional de Mão de obra (%)",null,null,null,0]
[{"$nulls":5},"Custo horário total de mão de obra",null,null,null,23.241199999999999]
[{"$nulls":5},"Custo horário total de execução",null,null,null,949.40210000000002]
[{"$nulls":5},"Produção de equipe",null,null,null,168.2]
[{"$nulls":5},"Custo unitário de execução",null,null,null,5.6444999999999999]
[{"$nulls":5},"Custo do FIC",null,null,null,0.73140000000000005]
["F","Momento de Transporte","Banco","Descrição","Quantidade","Distância Média de Transporte (DMT)",null,null,null,"Custo Horário"]
[{"$nulls":5},"LN","RP","P","FE"]
[{"$nulls":5},"Custo do FIT",null,null,null,0]
[{"$nulls":5},"Custo total de transporte",null,null,null,0]
[]
[" 5.1 ","Código","Banco","Descrição","Tipo",null,"Und","Quant.","Valor Unit","Total"]
["Composição"," 99063 ","SINAPI","LOCAÇÃO DE REDE DE ÁGUA OU ESGOTO. AF_03/2024","Locação de Obras",null,"M",1,8.7200000000000006,8.7200000000000006]
["Composição Auxiliar"," 91693 ","SINAPI","SERRA CIRCULAR DE BANCADA COM MOTOR ELÉTRICO POTÊNCIA DE 5HP, COM COIFA PARA DISCO 10\" - CHI DIURNO. AF_08/2015","Custos Horários Produtivo e Improdutivo dos Equipamentos",null,"CHI",2.0999999999999999E-3,37.738144767999998,7.9250100000000004E-2]
["Composição Auxiliar"," 88262 ","SINAPI","CARPINTEIRO DE FORMAS COM ENCARGOS COMPLEMENTARES","Livro SINAPI: Cálculos e Parâmetros",null,"H",0.11840000000000001,25.926032800000002,3.0696422999999999]
["Composição Auxiliar"," 88239 ","SINAPI","AJUDANTE DE CARPINTEIRO COM ENCARGOS COMPLEMENTARES","Livro SINAPI: Cálculos e Parâmetros",null,"H",0.11840000000000001,22.676418000000002,2.6848879000000001]
["Composição Auxiliar"," 91692 ","SINAPI","SERRA CIRCULAR DE BANCADA COM MOTOR ELÉTRICO POTÊNCIA DE 5HP, COM COIFA PARA DISCO 10\" - CHP DIURNO. AF_08/2015","Custos Horários Produtivo e Improdutivo dos Equipamentos",null,"CHP",5.0000000000000001E-4,39.168382768000001,1.95842E-2]
["Composição Auxiliar"," 97733 ","SINAPI","PEÇA RETANGULAR PRÉ-MOLDADA, VOLUME DE CONCRETO DE ATÉ 10 LITROS, TAXA DE AÇO APROXIMADA DE 30KG/M³. AF_03/2024","Estruturas Pré-Fabricadas e Pré-Moldadas",null,"m³",5.0000000000000001E-4,3688.3808052096911,1.8441904]
["Insumo"," 00007356 ","SINAPI","TINTA LATEX ACRILICA PREMIUM, COR BRANCO FOSCO","Material",null,"L",1.1000000000000001E-3,33.89,3.7279E-2]
["Insumo"," 00005068 ","SINAPI","PREGO DE ACO POLIDO COM CABECA 17 X 21 (2 X 11)","Material",null,"KG",6.9999999999999999E-4,16.72,1.1704000000000001E-2]
["Insumo"," 00004433 ","SINAPI","CAIBRO NAO APARELHADO *6 X 6* CM, EM MACARANDUBA/MASSARANDUBA, ANGELIM OU EQUIVALENTE DA REGIAO - BRUTA","Material",null,"M",4.1300000000000003E-2,18.52,0.764876]
["Insumo"," 00004417 ","SINAPI","SARRAFO NAO APARELHADO *2,5 X 7* CM, EM MACARANDUBA/MASSARANDUBA, ANGELIM, PEROBA-ROSA OU EQUIVALENTE DA REGIAO - BRUTA","Material",null,"M",4.1300000000000003E-2,5.15,0.212695]
[]
[" 5.2 ","Código","Banco","Descrição","Tipo",null,"Und","Quant.","Valor Unit","Total"]
["Composição"," 4805757 ","SICRO3","Escavação mecânica de vala em material de 1ª categoria","",null,"m³",1,7.26,7.26]
["A","Código","Banco","Equipamentos","Quantidade","Utilização",null,"Custo Horário",null,"Custo Horário Total"]
[{"$nulls":5},"Operativa","Improdutiva","Operativa","Improdutiva"]
["Insumo"," E9526 ","SICRO3","Retroescavadeira de pneus - capacidade da caçamba da pá-carregadeira de 0,76 m³ e da retroescavadeira de 0,29 m³ - 58 kW",1,1,0,157.8871,81.314499999999995,157.8871]
[{"$nulls":5},"Custo horário total de equipamentos",null,null,null,157.8871]
["B","Código","Banco","Mão de Obra","Quantidade","Custo Horário",null,null,null,"Custo Horário Total"]
["Insumo"," P9824 ","SICRO3","Servente",1,null,null,null,"23,241200000000000000000000000000","23,241200000000000000000000000000"]
[{"$nulls":5},"Adicional de Mão de obra (%)",null,null,null,0]
[{"$nulls":5},"Custo horário total de mão de obra",null,null,null,23.241199999999999]
[{"$nulls":5},"Custo horário total de execução",null,null,null,181.1283]
[{"$nulls":5},"Produção de equipe",null,null,null,26]
[{"$nulls":5},"Custo unitário de execução",null,null,null,6.9664999999999999]
[{"$nulls":5},"Custo do FIC",null,null,null,0.2944]
["F","Momento de Transporte","Banco","Descrição","Quantidade","Distância Média de Transporte (DMT)",null,null,null,"Custo Horário"]
[{"$nulls":5},"LN","RP","P","FE"]
[{"$nulls":5},"Custo do FIT",null,null,null,0]
[{"$nulls":5},"Custo total de transporte",null,null,null,0]
[]
[" 5.3 ","Código","Banco","Descrição","Tipo",null,"Und","Quant.","Valor Unit","Total"]
["Composição"," 2003767 ","SICRO3","Lastro de areia comercial - espalhamento manual","",null,"m³",1,304.2,304.2]
["B","Código","Banco","Mão de Obra","Quantidade","Custo Horário",null,null,null,"Custo Horário Total"]
["Insumo"," P9824 ","SICRO3","Servente",1,null,null,null,"23,241200000000000000000000000000","23,241200000000000000000000000000"]
[{"$nulls":5},"Adicional de Mão de obra (%)",null,null,null,0]
[{"$nulls":5},"Custo horário total de mão de obra",null,null,null,23.241199999999999]
[{"$nulls":5},"Custo horário total de execução",null,null,null,23.241199999999999]
[{"$nulls":5},"Produção de equipe",null,null,null,6.25]
[{"$nulls":5},"Custo unitário de execução",null,null,null,3.7185999999999999]
[{"$nulls":5},"Custo do FIC",null,null,null,0.29499999999999998]
["C","Código","Banco","MATERIAL","Quantidade","Unidade","Preço Unitário",null,null,"Custo Horário"]
["Insumo"," M0081 ","SICRO3","Areia grossa",1,"m³","138,571900000000000000000000000000",null,null,"138,571900000000000000000000000000"]
[{"$nulls":5},"Custo unitário total de material",null,null,null,138.5719]
["E","Tempo Fixo","Banco","Descrição","Carga","Quantidade","Unidade","Preço Unitário",null,"Custo Horário"]
["Composição"," 5914647 ","SICRO3","Carga, manobra e descarga de agregados ou solos em caminhão basculante de 10 m³ - carga com carregadeira de 3,40 m³ (exclusa) e descarga livre","M0081",1.5,"t",1.9,null,2.85]
[{"$nulls":5},"Custo Total dos Tempos Fixos",null,null,null,2.85]
["F","Momento de Transporte","Banco","Descrição","Quantidade","Distância Média de Transporte (DMT)",null,null,null,"Custo Horário"]
[{"$nulls":5},"LN","RP","P","FE"]
["Insumo","M0081","SICRO3","Areia grossa",1.5,"5914359\n0,00\n1,29\n0,0000","5914374\n0,00\n1,03\n0,0000","5914389\n126,00\n0,84\n105,8400","--",158.76]
[{"$nulls":5},"Custo do FIT",null,null,null,0]
[{"$nulls":5},"Custo total de transporte",null,null,null,158.76]
[]
[" 5.4 ","Código","Banco","Descrição","Tipo",null,"Und","Quant.","Valor Unit","Total"]
["Composição"," 2003826 ","SICRO3","Tubo de concreto PA1 comercial para drenagem - D = 0,80 m - fornecimento e instalação","",null,"m",1,514.96,514.96]
["A","Código","Banco","Equipamentos","Quantidade","Utilização",null,"Custo Horário",null,"Custo Horário Total"]
[{"$nulls":5},"Operativa","Improdutiva","Operativa","Improdutiva"]
["Insumo"," E9686 ","SICRO3","Caminhão guindauto com capacidade de elevação de 6,2 t e carroceria de 7 t - 136 kW",1,1,0,323.96370000000002,114.413,323.96370000000002]
[{"$nulls":5},"Custo horário total de equipamentos",null,null,null,323.96370000000002]
["B","Código","Banco","Mão de Obra","Quantidade","Custo Horário",null,null,null,"Custo Horário Total"]
["Insumo"," P9824 ","SICRO3","Servente",3,null,null,null,"23,241200000000000000000000000000","69,723600000000000000000000000000"]
["Insumo"," P9821 ","SICRO3","Pedreiro",1,null,null,null,"29,919300000000000000000000000000","29,919300000000000000000000000000"]
[{"$nulls":5},"Adicional de Mão de obra (%)",null,null,null,0]
[{"$nulls":5},"Custo horário total de mão de obra",null,null,null,99.642899999999997]
[{"$nulls":5},"Custo horário total de execução",null,null,null,423.60660000000001]
[{"$nulls":5},"Produção de equipe",null,null,null,6.2249999999999996]
[{"$nulls":5},"Custo unitário de execução",null,null,null,68.049300000000002]
[{"$nulls":5},"Custo do FIC",null,null,null,2.5177999999999998]
["C","Código","Banco","MATERIAL","Quantidade","Unidade","Preço Unitário",null,null,"Custo Horário"]
["Insumo"," M2171 ","SICRO3","Tubo de concreto armado PA1 - D = 0,80 m",1,"m","409,665800000000000000000000000000",null,null,"409,665800000000000000000000000000"]
[{"$nulls":5},"Custo unitário total de material",null,null,null,409.66579999999999]
["D","Código","Banco","ATIVIDADES AUXILIARES","Quantidade","Unidade","Preço Unitário",null,null,"Custo Horário"]
["Composição"," 1109669 ","SICRO3","Argamassa de cimento e areia 1:3 - confecção em betoneira e lançamento manual - areia comercial",5.4999999999999997E-3,"m³","868,230000000000000000000000000000",null,null,"4,775300000000000000000000000000"]
[{"$nulls":5},"Custo total de atividades auxiliares",null,null,null,4.7752999999999997]
["F","Momento de Transporte","Banco","Descrição","Quantidade","Distância Média de Transporte (DMT)",null,null,null,"Custo Horário"]
[{"$nulls":5},"LN","RP","P","FE"]
["Insumo","M2171","SICRO3","Tubo de concreto armado PA1 - D = 0,80 m",0.53493000000000002,"5914584\n0,00\n2,86\n0,0000","5914599\n0,00\n2,29\n0,0000","5914614\n30,10\n1,86\n55,9860","--",29.948599999999999]
[{"$nulls":5},"Custo do FIT",null,null,null,0]
[{"$nulls":5},"Custo total de transporte",null,null,null,29.948591]
[]
[" 5.5 ","Código","Banco","Descrição","Tipo",null,"Und","Quant.","Valor Unit","Total"]
["Composição"," 2003830 ","SICRO3","Tubo de concreto PA1 comercial para drenagem - D = 1,00 m - fornecimento e instalação","",null,"m",1,666.31,666.31]
["A","Código","Banco","Equipamentos","Quantidade","Utilização",null,"Custo Horário",null,"Custo Horário Total"]
[{"$nulls":5},"Operativa","Improdutiva","Operativa","Improdutiva"]
["Insumo"," E9686 ","SICRO3","Caminhão guindauto com capacidade de elevação de 6,2 t e carroceria de 7 t - 136 kW",1,1,0,323.96370000000002,114.413,323.96370000000002]
[{"$nulls":5},"Custo horário total de equipamentos",null,null,null,323.96370000000002]
["B","Código","Banco","Mão de Obra","Quantidade","Custo Horário",null,null,null,"Custo Horário Total"]
["Insumo"," P9821 ","SICRO3","Pedreiro",1,null,null,null,"29,919300000000000000000000000000","29,919300000000000000000000000000"]
["Insumo"," P9824 ","SICRO3","Servente",3,null,null,null,"23,241200000000000000000000000000","69,723600000000000000000000000000"]
[{"$nulls":5},"Adicional de Mão de obra (%)",null,null,null,0]
[{"$nulls":5},"Custo horário total de mão de obra",null,null,null,99.642899999999997]
[{"$nulls":5},"Custo horário total de execução",null,null,null,423.60660000000001]
[{"$nulls":5},"Produção de equipe",null,null,null,4.9800000000000004]
[{"$nulls":5},"Custo unitário de execução",null,null,null,85.061599999999999]
[{"$nulls":5},"Custo do FIC",null,null,null,3.1472000000000002]
["C","Código","Banco","MATERIAL","Quantidade","Unidade","Preço Unitário",null,null,"Custo Horário"]
["Insumo"," M2175 ","SICRO3","Tubo de concreto armado PA1 - D = 1,00 m",1,"m","529,792200000000000000000000000000",null,null,"529,792200000000000000000000000000"]
[{"$nulls":5},"Custo unitário total de material",null,null,null,529.79219999999998]
["D","Código","Banco","ATIVIDADES AUXILIARES","Quantidade","Unidade","Preço Unitário",null,null,"Custo Horário"]
["Composição"," 1109669 ","SICRO3","Argamassa de cimento e areia 1:3 - confecção em betoneira e lançamento manual - areia comercial",7.3499999999999998E-3,"m³","868,230000000000000000000000000000",null,null,"6,381500000000000000000000000000"]
[{"$nulls":5},"Custo total de atividades auxiliares",null,null,null,6.3815]
["F","Momento de Transporte","Banco","Descrição","Quantidade","Distância Média de Transporte (DMT)",null,null,null,"Custo Horário"]
[{"$nulls":5},"LN","RP","P","FE"]
["Insumo","M2175","SICRO3","Tubo de concreto armado PA1 - D = 1,00 m",0.74890000000000001,"5914584\n0,00\n2,86\n0,0000","5914599\n0,00\n2,29\n0,0000","5914614\n30,10\n1,86\n55,9860","--",41.927900000000001]
[{"$nulls":5},"Custo do FIT",null,null,null,0]
[{"$nulls":5},"Custo total de transporte",null,null,null,41.927915400000003]
[]
[" 5.6 ","Código","Banco","Descrição","Tipo",null,"Und","Quant.","Valor Unit","Total"]
["Composição"," 2003838 ","SICRO3","Tubo de concreto PA1 comercial para drenagem - D = 1,50 m - fornecimento e instalação","",null,"m",1,1593.22,1593.22]
["A","Código","Banco","Equipamentos","Quantidade","Utilização",null,"Custo Horário",null,"Custo Horário Total"]
[{"$nulls":5},"Operativa","Improdutiva","Operativa","Improdutiva"]
["Insumo"," E9686 ","SICRO3","Caminhão guindauto com capacidade de elevação de 6,2 t e carroceria de 7 t - 136 kW",1,1,0,323.96370000000002,114.413,323.96370000000002]
[{"$nulls":5},"Custo horário total de equipamentos",null,null,null,323.96370000000002]
["B","Código","Banco","Mão de Obra","Quantidade","Custo Horário",null,null,null,"Custo Horário Total"]
["Insumo"," P9824 ","SICRO3","Servente",3,null,null,null,"23,241200000000000000000000000000","69,723600000000000000000000000000"]
["Insumo"," P9821 ","SICRO3","Pedreiro",1,null,null,null,"29,919300000000000000000000000000","29,919300000000000000000000000000"]
[{"$nulls":5},"Adicional de Mão de obra (%)",null,null,null,0]
[{"$nulls":5},"Custo horário total de mão de obra",null,null,null,99.642899999999997]
[{"$nulls":5},"Custo horário total de execução",null,null,null,423.60660000000001]
[{"$nulls":5},"Produção de equipe",null,null,null,3.32]
[{"$nulls":5},"Custo unitário de execução",null,null,null,127.59229999999999]
[{"$nulls":5},"Custo do FIC",null,null,null,4.7207999999999997]
["C","Código","Banco","MATERIAL","Quantidade","Unidade","Preço Unitário",null,null,"Custo Horário"]
["Insumo"," M2183 ","SICRO3","Tubo de concreto armado PA1 - D = 1,50 m",1,"m","1.337,705000000000000000000000000000",null,null,"1.337,705000000000000000000000000000"]
[{"$nulls":5},"Custo unitário total de material",null,null,null,1337.7049999999999]
["D","Código","Banco","ATIVIDADES AUXILIARES","Quantidade","Unidade","Preço Unitário",null,null,"Custo Horário"]
["Composição"," 1109669 ","SICRO3","Argamassa de cimento e areia 1:3 - confecção em betoneira e lançamento manual - areia comercial",2.1170000000000001E-2,"m³","868,230000000000000000000000000000",null,null,"18,380400000000000000000000000000"]
[{"$nulls":5},"Custo total de atividades auxiliares",null,null,null,18.380400000000002]
["F","Momento de Transporte","Banco","Descrição","Quantidade","Distância Média de Transporte (DMT)",null,null,null,"Custo Horário"]
[{"$nulls":5},"LN","RP","P","FE"]
["Insumo","M2183","SICRO3","Tubo de concreto armado PA1 - D = 1,50 m",1.87225,"5914584\n0,00\n2,86\n0,0000","5914599\n0,00\n2,29\n0,0000","5914614\n30,10\n1,86\n55,9860","--",104.8198]
[{"$nulls":5},"Custo do FIT",null,null,null,0]
[{"$nulls":5},"Custo total de transporte",null,null,null,104.8197885]
[]
[" 5.7 ","Código","Banco","Descrição","Tipo",null,"Und","Quant.","Valor Unit","Total"]
["Composição"," 0705388 ","SICRO3","Corpo de BTCC 3,00 x 3,00 m - moldado no local - altura do aterro 0,00 a 1,00 m - areia e brita comerciais","",null,"m",1,16723.560000000001,16723.560000000001]
[{"$nulls":5},"Custo horário total de execução",null,null,null,0]
[{"$nulls":5},"Produção de equipe",null,null,null,1]
[{"$nulls":5},"Custo unitário de execução",null,null,null,0]
[{"$nulls":5},"Custo do FIC",null,null,null,0]
["C","Código","Banco","MATERIAL","Quantidade","Unidade","Preço Unitário",null,null,"Custo Horário"]
["Insumo"," M0446 ","SICRO3","Compensado resinado - E = 10 mm",0.26841999999999999,"m²","30,578500000000000000000000000000",null,null,"8,207900000000000000000000000000"]
["Insumo"," M0786 ","SICRO3","Placa de poliestireno expandido (EPS)",2.6800000000000001E-3,"m³","318,000000000000000000000000000000",null,null,"0,852200000000000000000000000000"]
[{"$nulls":5},"Custo unitário total de material",null,null,null,9.0601000000000003]
["D","Código","Banco","ATIVIDADES AUXILIARES","Quantidade","Unidade","Preço Unitário",null,null,"Custo Horário"]
["Composição"," 1100657 ","SICRO3","Adensamento de concreto por vibrador de imersão",6.64,"m³","3,760000000000000000000000000000",null,null,"24,966400000000000000000000000000"]
["Composição"," 0407819 ","SICRO3","Armação em aço CA-50 - fornecimento, preparo e colocação",410.40699999999998,"kg","12,890000000000000000000000000000",null,null,"5.290,146200000000000000000000000000"]
["Composição"," 2105605 ","SICRO3","Escoramento para corpo de bueiros celulares - utilização de 3 vezes - confecção, instalação e retirada",27,"m³","63,770000000000000000000000000000",null,null,"1.721,790000000000000000000000000000"]
["Composição"," 3108005 ","SICRO3","Fôrmas de compensado resinado 14 mm - uso geral - utilização de 3 vezes - confecção, instalação e retirada",32.9,"m²","83,900000000000000000000000000000",null,null,"2.760,310000000000000000000000000000"]
["Composição"," 1106057 ","SICRO3","Concreto magro - confecção em betoneira e lançamento manual - areia e brita comerciais",1.01,"m³","832,780000000000000000000000000000",null,null,"841,107800000000000000000000000000"]
["Composição"," 1109669 ","SICRO3","Argamassa de cimento e areia 1:3 - confecção em betoneira e lançamento manual - areia comercial",0.45,"m³","868,230000000000000000000000000000",null,null,"390,703500000000000000000000000000"]
["Composição"," 1107892 ","SICRO3","Concreto fck = 20 MPa - confecção em betoneira e lançamento manual - areia e brita comerciais",6.64,"m³","856,220000000000000000000000000000",null,null,"5.685,300800000000000000000000000000"]
[{"$nulls":5},"Custo total de atividades auxiliares",null,null,null,16714.324700000001]
["E","Tempo Fixo","Banco","Descrição","Carga","Quantidade","Unidade","Preço Unitário",null,"Custo Horário"]
["Composição"," 5914655 ","SICRO3","Carga, manobra e descarga de materiais diversos em caminhão carroceria de 15 t - carga e descarga manuais","M0446",2.6800000000000001E-3,"t",35.75,null,9.5799999999999996E-2]
["Composição"," 5914655 ","SICRO3","Carga, manobra e descarga de materiais diversos em caminhão carroceria de 15 t - carga e descarga manuais","M0786",3.0000000000000001E-5,"t",35.75,null,1.1000000000000001E-3]
[{"$nulls":5},"Custo Total dos Tempos Fixos",null,null,null,9.69E-2]
["F","Momento de Transporte","Banco","Descrição","Quantidade","Distância Média de Transporte (DMT)",null,null,null,"Custo Horário"]
[{"$nulls":5},"LN","RP","P","FE"]
["Insumo","M0786","SICRO3","Placa de poliestireno expandido (EPS)",7.1000000000000002E-4,"5914449\n0,00\n1,12\n0,0000","5914464\n0,00\n0,90\n0,0000","5914479\n30,10\n0,73\n21,9730","--",1.5599999999999999E-2]
["Insumo","M0446","SICRO3","Compensado resinado - E = 10 mm",2.6800000000000001E-3,"5914449\n0,00\n1,12\n0,0000","5914464\n0,00\n0,90\n0,0000","5914479\n30,10\n0,73\n21,9730","--",5.8900000000000001E-2]
[{"$nulls":5},"Custo do FIT",null,null,null,0]
[{"$nulls":5},"Custo total de transporte",null,null,null,7.4488499999999999E-2]
[]
[" 5.8 ","Código","Banco","Descrição","Tipo",null,"Und","Quant.","Valor Unit","Total"]
["Composição"," 0804101 ","SICRO3","Boca de BSTC D = 0,80 m - esconsidade 0° - areia e brita comerciais - alas retas","",null,"un",1,1969.84,1969.84]
[{"$nulls":5},"Custo horário total de execução",null,null,null,0]
[{"$nulls":5},"Produção de equipe",null,null,null,1]
[{"$nulls":5},"Custo unitário de execução",null,null,null,0]
[{"$nulls":5},"Custo do FIC",null,null,null,0]
["D","Código","Banco","ATIVIDADES AUXILIARES","Quantidade","Unidade","Preço Unitário",null,null,"Custo Horário"]
["Composição"," 1107892 ","SICRO3","Concreto fck = 20 MPa - confecção em betoneira e lançamento manual - areia e brita comerciais",1.619,"m³","856,220000000000000000000000000000",null,null,"1.386,220200000000000000000000000000"]
["Composição"," 3103302 ","SICRO3","Fôrmas de tábuas de pinho para dispositivos de drenagem - utilização de 3 vezes - confecção, instalação e retirada",6.83,"m²","85,450000000000000000000000000000",null,null,"583,623500000000000000000000000000"]
[{"$nulls":5},"Custo total de atividades auxiliares",null,null,null,1969.8436999999999]
["F","Momento de Transporte","Banco","Descrição","Quantidade","Distância Média de Transporte (DMT)",null,null,null,"Custo Horário"]
[{"$nulls":5},"LN","RP","P","FE"]
[{"$nulls":5},"Custo do FIT",null,null,null,0]
[{"$nulls":5},"Custo total de transporte",null,null,null,0]
[]
[" 5.9 ","Código","Banco","Descrição","Tipo",null,"Und","Quant.","Valor Unit","Total"]
["Composição"," 0804393 ","SICRO3","Boca de BSTC D = 1,00 m - esconsidade 0° - areia e brita comerciais - alas esconsas","",null,"un",1,4393.99,4393.99]
[{"$nulls":5},"Custo horário total de execução",null,null,null,0]
[{"$nulls":5},"Produção de equipe",null,null,null,1]
[{"$nulls":5},"Custo unitário de execução",null,null,null,0]
[{"$nulls":5},"Custo do FIC",null,null,null,0]
["D","Código","Banco","ATIVIDADES AUXILIARES","Quantidade","Unidade","Preço Unitário",null,null,"Custo Horário"]
["Composição"," 1107892 ","SICRO3","Concreto fck = 20 MPa - confecção em betoneira e lançamento manual - areia e brita comerciais",3.5670000000000002,"m³","856,220000000000000000000000000000",null,null,"3.054,136700000000000000000000000000"]
["Composição"," 3103302 ","SICRO3","Fôrmas de tábuas de pinho para dispositivos de drenagem - utilização de 3 vezes - confecção, instalação e retirada",15.68,"m²","85,450000000000000000000000000000",null,null,"1.339,856000000000000000000000000000"]
[{"$nulls":5},"Custo total de atividades auxiliares",null,null,null,4393.9926999999998]
["F","Momento de Transporte","Banco","Descrição","Quantidade","Distância Média de Transporte (DMT)",null,null,null,"Custo Horário"]
[{"$nulls":5},"LN","RP","P","FE"]
[{"$nulls":5},"Custo do FIT",null,null,null,0]
[{"$nulls":5},"Custo total de transporte",null,null,null,0]
[]
[" 5.10 ","Código","Banco","Descrição","Tipo",null,"Und","Quant.","Valor Unit","Total"]
["Composição"," 0804417 ","SICRO3","Boca de BDTC D = 1,00 m - esconsidade 0° - areia e brita comerciais - alas esconsas","",null,"un",1,6173.15,6173.15]
[{"$nulls":5},"Custo horário total de execução",null,null,null,0]
[{"$nulls":5},"Produção de equipe",null,null,null,1]
[{"$nulls":5},"Custo unitário de execução",null,null,null,0]
[{"$nulls":5},"Custo do FIC",null,null,null,0]
["D","Código","Banco","ATIVIDADES AUXILIARES","Quantidade","Unidade","Preço Unitário",null,null,"Custo Horário"]
["Composição"," 3103302 ","SICRO3","Fôrmas de tábuas de pinho para dispositivos de drenagem - utilização de 3 vezes - confecção, instalação e retirada",21.08,"m²","85,450000000000000000000000000000",null,null,"1.801,286000000000000000000000000000"]
["Composição"," 1107892 ","SICRO3","Concreto fck = 20 MPa - confecção em betoneira e lançamento manual - areia e brita comerciais",5.1059999999999999,"m³","856,220000000000000000000000000000",null,null,"4.371,859300000000000000000000000000"]
[{"$nulls":5},"Custo total de atividades auxiliares",null,null,null,6173.1453000000001]
["F","Momento de Transporte","Banco","Descrição","Quantidade","Distância Média de Transporte (DMT)",null,null,null,"Custo Horário"]
[{"$nulls":5},"LN","RP","P","FE"]
[{"$nulls":5},"Custo do FIT",null,null,null,0]
[{"$nulls":5},"Custo total de transporte",null,null,null,0]
[]
[" 5.11 ","Código","Banco","Descrição","Tipo",null,"Und","Quant.","Valor Unit","Total"]
["Composição"," 0804457 ","SICRO3","Boca de BTTC D = 1,50 m - esconsidade 0° - areia e brita comerciais - alas esconsas","",null,"un",1,21159.37,21159.37]
[{"$nulls":5},"Custo horário total de execução",null,null,null,0]
[{"$nulls":5},"Produção de equipe",null,null,null,1]
[{"$nulls":5},"Custo unitário de execução",null,null,null,0]
[{"$nulls":5},"Custo do FIC",null,null,null,0]
["D","Código","Banco","ATIVIDADES AUXILIARES","Quantidade","Unidade","Preço Unitário",null,null,"Custo Horário"]
["Composição"," 1107892 ","SICRO3","Concreto fck = 20 MPa - confecção em betoneira e lançamento manual - areia e brita comerciais",19.515999999999998,"m³","856,220000000000000000000000000000",null,null,"16.709,989500000000000000000000000000"]
["Composição"," 3103302 ","SICRO3","Fôrmas de tábuas de pinho para dispositivos de drenagem - utilização de 3 vezes - confecção, instalação e retirada",52.07,"m²","85,450000000000000000000000000000",null,null,"4.449,381500000000000000000000000000"]
[{"$nulls":5},"Custo total de atividades auxiliares",null,null,null,21159.370999999999]
["F","Momento de Transporte","Banco","Descrição","Quantidade","Distância Média de Transporte (DMT)",null,null,null,"Custo Horário"]
[{"$nulls":5},"LN","RP","P","FE"]
[{"$nulls":5},"Custo do FIT",null,null,null,0]
[{"$nulls":5},"Custo total de transporte",null,null,null,0]
[]
[" 5.12 ","Código","Banco","Descrição","Tipo",null,"Und","Quant.","Valor Unit","Total"]
["Composição"," 0705427 ","SICRO3","Boca de BTCC 3,00 x 3,00 m - esconsidade 0° - areia e brita comerciais","",null,"un",1,67870.41,67870.41]
[{"$nulls":5},"Custo horário total de execução",null,null,null,0]
[{"$nulls":5},"Produção de equipe",null,null,null,1]
[{"$nulls":5},"Custo unitário de execução",null,null,null,0]
[{"$nulls":5},"Custo do FIC",null,null,null,0]
["D","Código","Banco","ATIVIDADES AUXILIARES","Quantidade","Unidade","Preço Unitário",null,null,"Custo Horário"]
["Composição"," 1106057 ","SICRO3","Concreto magro - confecção em betoneira e lançamento manual - areia e brita comerciais",9.2249999999999996,"m³","832,780000000000000000000000000000",null,null,"7.682,395500000000000000000000000000"]
["Composição"," 3103302 ","SICRO3","Fôrmas de tábuas de pinho para dispositivos de drenagem - utilização de 3 vezes - confecção, instalação e retirada",108.5,"m²","85,450000000000000000000000000000",null,null,"9.271,325000000000000000000000000000"]
["Composição"," 1107892 ","SICRO3","Concreto fck = 20 MPa - confecção em betoneira e lançamento manual - areia e brita comerciais",26.215,"m³","856,220000000000000000000000000000",null,null,"22.445,807300000000000000000000000000"]
["Composição"," 1100657 ","SICRO3","Adensamento de concreto por vibrador de imersão",26.215,"m³","3,760000000000000000000000000000",null,null,"98,568400000000000000000000000000"]
["Composição"," 1109669 ","SICRO3","Argamassa de cimento e areia 1:3 - confecção em betoneira e lançamento manual - areia comercial",1.85,"m³","868,230000000000000000000000000000",null,null,"1.606,225500000000000000000000000000"]
["Composição"," 0407819 ","SICRO3","Armação em aço CA-50 - fornecimento, preparo e colocação",2076.5,"kg","12,890000000000000000000000000000",null,null,"26.766,085000000000000000000000000000"]
[{"$nulls":5},"Custo total de atividades auxiliares",null,null,null,67870.406700000007]
["F","Momento de Transporte","Banco","Descrição","Quantidade","Distância Média de Transporte (DMT)",null,null,null,"Custo Horário"]
[{"$nulls":5},"LN","RP","P","FE"]
[{"$nulls":5},"Custo do FIT",null,null,null,0]
[{"$nulls":5},"Custo total de transporte",null,null,null,0]
[]
[" 5.13 ","Código","Banco","Descrição","Tipo",null,"Und","Quant.","Valor Unit","Total"]
["Composição"," 2003682 ","SICRO3","Poço de visita - PVI 03 - areia e brita comerciais","",null,"un",1,3450.47,3450.47]
[{"$nulls":5},"Custo horário total de execução",null,null,null,0]
[{"$nulls":5},"Produção de equipe",null,null,null,1]
[{"$nulls":5},"Custo unitário de execução",null,null,null,0]
[{"$nulls":5},"Custo do FIC",null,null,null,0]
["D","Código","Banco","ATIVIDADES AUXILIARES","Quantidade","Unidade","Preço Unitário",null,null,"Custo Horário"]
["Composição"," 1107892 ","SICRO3","Concreto fck = 20 MPa - confecção em betoneira e lançamento manual - areia e brita comerciais",2.08,"m³","856,220000000000000000000000000000",null,null,"1.780,937600000000000000000000000000"]
["Composição"," 3103302 ","SICRO3","Fôrmas de tábuas de pinho para dispositivos de drenagem - utilização de 3 vezes - confecção, instalação e retirada",16.63,"m²","85,450000000000000000000000000000",null,null,"1.421,033500000000000000000000000000"]
["Composição"," 0407820 ","SICRO3","Armação em aço CA-60 - fornecimento, preparo e colocação",17.5,"kg","14,200000000000000000000000000000",null,null,"248,500000000000000000000000000000"]
[{"$nulls":5},"Custo total de atividades auxiliares",null,null,null,3450.4711000000002]
["F","Momento de Transporte","Banco","Descrição","Quantidade","Distância Média de Transporte (DMT)",null,null,null,"Custo Horário"]
[{"$nulls":5},"LN","RP","P","FE"]
[{"$nulls":5},"Custo do FIT",null,null,null,0]
[{"$nulls":5},"Custo total de transporte",null,null,null,0]
[]
[" 5.14 ","Código","Banco","Descrição","Tipo",null,"Und","Quant.","Valor Unit","Total"]
["Composição"," 2003714 ","SICRO3","Chaminé dos poços de visita - CPV 01 - areia e brita comerciais","",null,"un",1,1820.57,1820.57]
["B","Código","Banco","Mão de Obra","Quantidade","Custo Horário",null,null,null,"Custo Horário Total"]
["Insumo"," P9821 ","SICRO3","Pedreiro",0.1,null,null,null,"29,919300000000000000000000000000","2,991900000000000000000000000000"]
["Insumo"," P9824 ","SICRO3","Servente",0.1,null,null,null,"23,241200000000000000000000000000","2,324100000000000000000000000000"]
[{"$nulls":5},"Adicional de Mão de obra (%)",null,null,null,0]
[{"$nulls":5},"Custo horário total de mão de obra",null,null,null,5.3159999999999998]
[{"$nulls":5},"Custo horário total de execução",null,null,null,5.3159999999999998]
[{"$nulls":5},"Produção de equipe",null,null,null,1]
[{"$nulls":5},"Custo unitário de execução",null,null,null,5.3159999999999998]
[{"$nulls":5},"Custo do FIC",null,null,null,0.42170000000000002]
["C","Código","Banco","MATERIAL","Quantidade","Unidade","Preço Unitário",null,null,"Custo Horário"]
["Insumo"," M1432 ","SICRO3","Tampão de ferro fundido articulado para águas pluviais - DN 600 classe 400",1,"un","587,624700000000000000000000000000",null,null,"587,624700000000000000000000000000"]
[{"$nulls":5},"Custo unitário total de material",null,null,null,587.62469999999996]
["D","Código","Banco","ATIVIDADES AUXILIARES","Quantidade","Unidade","Preço Unitário",null,null,"Custo Horário"]
["Composição"," 0407819 ","SICRO3","Armação em aço CA-50 - fornecimento, preparo e colocação",5.4,"kg","12,890000000000000000000000000000",null,null,"69,606000000000000000000000000000"]
["Composição"," 2009619 ","SICRO3","Alvenaria de blocos de concreto 19 x 19 x 39 cm com espessura de 20 cm - areia comercial",3.93,"m²","157,950000000000000000000000000000",null,null,"620,743500000000000000000000000000"]
["Composição"," 1107892 ","SICRO3","Concreto fck = 20 MPa - confecção em betoneira e lançamento manual - areia e brita comerciais",0.19,"m³","856,220000000000000000000000000000",null,null,"162,681800000000000000000000000000"]
["Composição"," 3103302 ","SICRO3","Fôrmas de tábuas de pinho para dispositivos de drenagem - utilização de 3 vezes - confecção, instalação e retirada",2.59,"m²","85,450000000000000000000000000000",null,null,"221,315500000000000000000000000000"]
["Composição"," 1109680 ","SICRO3","Argamassa para reparos e grauteamento - confecção em misturador e lançamento manual",1.634E-2,"m³","5.799,480000000000000000000000000000",null,null,"94,763500000000000000000000000000"]
["Composição"," 1109669 ","SICRO3","Argamassa de cimento e areia 1:3 - confecção em betoneira e lançamento manual - areia comercial",0.06,"m³","868,230000000000000000000000000000",null,null,"52,093800000000000000000000000000"]
[{"$nulls":5},"Custo total de atividades auxiliares",null,null,null,1221.2040999999999]
["E","Tempo Fixo","Banco","Descrição","Carga","Quantidade","Unidade","Preço Unitário",null,"Custo Horário"]
["Composição"," 5914655 ","SICRO3","Carga, manobra e descarga de materiais diversos em caminhão carroceria de 15 t - carga e descarga manuais","M1432",0.104,"t",35.75,null,3.718]
[{"$nulls":5},"Custo Total dos Tempos Fixos",null,null,null,3.718]
["F","Momento de Transporte","Banco","Descrição","Quantidade","Distância Média de Transporte (DMT)",null,null,null,"Custo Horário"]
[{"$nulls":5},"LN","RP","P","FE"]
["Insumo","M1432","SICRO3","Tampão de ferro fundido articulado para águas pluviais - DN 600 classe 400",0.104,"5914449\n0,00\n1,12\n0,0000","5914464\n0,00\n0,90\n0,0000","5914479\n30,10\n0,73\n21,9730","--",2.2852000000000001]
[{"$nulls":5},"Custo do FIT",null,null,null,0]
[{"$nulls":5},"Custo total de transporte",null,null,null,2.2851919999999999]
[]
[" 5.15 ","Código","Banco","Descrição","Tipo",null,"Und","Quant.","Valor Unit","Total"]
["Composição"," 2003919 ","SICRO3","Boca de saída para dreno longitudinal profundo - BSD 01 - tubo de PEAD - areia e brita comerciais","",null,"un",1,283.95999999999998,283.95999999999998]
[{"$nulls":5},"Custo horário total de execução",null,null,null,0]
[{"$nulls":5},"Produção de equipe",null,null,null,1]
[{"$nulls":5},"Custo unitário de execução",null,null,null,0]
[{"$nulls":5},"Custo do FIC",null,null,null,0]
["D","Código","Banco","ATIVIDADES AUXILIARES","Quantidade","Unidade","Preço Unitário",null,null,"Custo Horário"]
["Composição"," 1107892 ","SICRO3","Concreto fck = 20 MPa - confecção em betoneira e lançamento manual - areia e brita comerciais",0.156,"m³","856,220000000000000000000000000000",null,null,"133,570300000000000000000000000000"]
["Composição"," 3103302 ","SICRO3","Fôrmas de tábuas de pinho para dispositivos de drenagem - utilização de 3 vezes - confecção, instalação e retirada",1.76,"m²","85,450000000000000000000000000000",null,null,"150,392000000000000000000000000000"]
[{"$nulls":5},"Custo total de atividades auxiliares",null,null,null,283.96230000000003]
["F","Momento de Transporte","Banco","Descrição","Quantidade","Distância Média de Transporte (DMT)",null,null,null,"Custo Horário"]
[{"$nulls":5},"LN","RP","P","FE"]
[{"$nulls":5},"Custo do FIT",null,null,null,0]
[{"$nulls":5},"Custo total de transporte",null,null,null,0]
[]
[" 5.16 ","Código","Banco","Descrição","Tipo",null,"Und","Quant.","Valor Unit","Total"]
["Composição"," 2003573 ","SICRO3","Dreno longitudinal profundo para corte em solo - DPS 02 - tubo PEAD e areia comercial","",null,"m",1,246.37,246.37]
["A","Código","Banco","Equipamentos","Quantidade","Utilização",null,"Custo Horário",null,"Custo Horário Total"]
[{"$nulls":5},"Operativa","Improdutiva","Operativa","Improdutiva"]
["Insumo"," E9556 ","SICRO3","Compactador manual de placa vibratória - 3,00 kW",2.0080000000000001E-2,1,0,10.2782,2.4622000000000002,0.2064]
[{"$nulls":5},"Custo horário total de equipamentos",null,null,null,0.2064]
["B","Código","Banco","Mão de Obra","Quantidade","Custo Horário",null,null,null,"Custo Horário Total"]
["Insumo"," P9821 ","SICRO3","Pedreiro",0.05,null,null,null,"29,919300000000000000000000000000","1,496000000000000000000000000000"]
["Insumo"," P9824 ","SICRO3","Servente",1.0200800000000001,null,null,null,"23,241200000000000000000000000000","23,707900000000000000000000000000"]
[{"$nulls":5},"Adicional de Mão de obra (%)",null,null,null,0]
[{"$nulls":5},"Custo horário total de mão de obra",null,null,null,25.203900000000001]
[{"$nulls":5},"Custo horário total de execução",null,null,null,25.410299999999999]
[{"$nulls":5},"Produção de equipe",null,null,null,1]
[{"$nulls":5},"Custo unitário de execução",null,null,null,25.410299999999999]
[{"$nulls":5},"Custo do FIC",null,null,null,2.0032999999999999]
["C","Código","Banco","MATERIAL","Quantidade","Unidade","Preço Unitário",null,null,"Custo Horário"]
["Insumo"," M1382 ","SICRO3","Areia grossa lavada",0.59214999999999995,"m³","147,258200000000000000000000000000",null,null,"87,198900000000000000000000000000"]
["Insumo"," M1657 ","SICRO3","Tubo PEAD corrugado perfurado para drenagem - D = 170 mm",1,"m","31,138400000000000000000000000000",null,null,"31,138400000000000000000000000000"]
[{"$nulls":5},"Custo unitário total de material",null,null,null,118.3373]
["D","Código","Banco","ATIVIDADES AUXILIARES","Quantidade","Unidade","Preço Unitário",null,null,"Custo Horário"]
["Composição"," 4805757 ","SICRO3","Escavação mecânica de vala em material de 1ª categoria",0.6,"m³","7,260000000000000000000000000000",null,null,"4,356000000000000000000000000000"]
[{"$nulls":5},"Custo total de atividades auxiliares",null,null,null,4.3559999999999999]
["E","Tempo Fixo","Banco","Descrição","Carga","Quantidade","Unidade","Preço Unitário",null,"Custo Horário"]
["Composição"," 5914647 ","SICRO3","Carga, manobra e descarga de agregados ou solos em caminhão basculante de 10 m³ - carga com carregadeira de 3,40 m³ (exclusa) e descarga livre","M1382",0.88822999999999996,"t",1.9,null,1.6876]
["Composição"," 5914655 ","SICRO3","Carga, manobra e descarga de materiais diversos em caminhão carroceria de 15 t - carga e descarga manuais","M1657",1.33E-3,"t",35.75,null,4.7500000000000001E-2]
[{"$nulls":5},"Custo Total dos Tempos Fixos",null,null,null,1.7351000000000001]
["F","Momento de Transporte","Banco","Descrição","Quantidade","Distância Média de Transporte (DMT)",null,null,null,"Custo Horário"]
[{"$nulls":5},"LN","RP","P","FE"]
["Insumo","M1382","SICRO3","Areia grossa lavada",0.88822999999999996,"5914359\n0,00\n1,29\n0,0000","5914374\n0,00\n1,03\n0,0000","5914389\n126,00\n0,84\n105,8400","--",94.010300000000001]
["Insumo","M1657","SICRO3","Tubo PEAD corrugado perfurado para drenagem - D = 170 mm",2.3640000000000001E-2,"5914449\n0,00\n1,12\n0,0000","5914464\n0,00\n0,90\n0,0000","5914479\n30,10\n0,73\n21,9730","--",0.51939999999999997]
[{"$nulls":5},"Custo do FIT",null,null,null,0]
[{"$nulls":5},"Custo total de transporte",null,null,null,94.529704899999999]
[]
[" 5.17 ","Código","Banco","Descrição","Tipo",null,"Und","Quant.","Valor Unit","Total"]
["Composição"," 4815671 ","SICRO3","Reaterro e compactação com soquete vibratório","",null,"m³",1,20.28,20.28]
["A","Código","Banco","Equipamentos","Quantidade","Utilização",null,"Custo Horário",null,"Custo Horário Total"]
[{"$nulls":5},"Operativa","Improdutiva","Operativa","Improdutiva"]
["Insumo"," E9647 ","SICRO3","Compactador manual com soquete vibratório - 4,10 kW",1,1,0,13.040100000000001,2.8340999999999998,13.040100000000001]
[{"$nulls":5},"Custo horário total de equipamentos",null,null,null,13.040100000000001]
["B","Código","Banco","Mão de Obra","Quantidade","Custo Horário",null,null,null,"Custo Horário Total"]
["Insumo"," P9824 ","SICRO3","Servente",2,null,null,null,"23,241200000000000000000000000000","46,482400000000000000000000000000"]
[{"$nulls":5},"Adicional de Mão de obra (%)",null,null,null,0]
[{"$nulls":5},"Custo horário total de mão de obra",null,null,null,46.482399999999998]
[{"$nulls":5},"Custo horário total de execução",null,null,null,59.522500000000001]
[{"$nulls":5},"Produção de equipe",null,null,null,3.1124999999999998]
[{"$nulls":5},"Custo unitário de execução",null,null,null,19.123699999999999]
[{"$nulls":5},"Custo do FIC",null,null,null,1.1600999999999999]
["F","Momento de Transporte","Banco","Descrição","Quantidade","Distância Média de Transporte (DMT)",null,null,null,"Custo Horário"]
[{"$nulls":5},"LN","RP","P","FE"]
[{"$nulls":5},"Custo do FIT",null,null,null,0]
[{"$nulls":5},"Custo total de transporte",null,null,null,0]
[]
[" 6.1.1 ","Código","Banco","Descrição","Tipo",null,"Und","Quant.","Valor Unit","Total"]
["Composição"," 4011227 ","SICRO3","Sub-base de solo estabilizado granulometricamente sem mistura com material de jazida - 100% Proctor intermediário","",null,"m³",1,25.62,25.62]
["A","Código","Banco","Equipamentos","Quantidade","Utilização",null,"Custo Horário",null,"Custo Horário Total"]
[{"$nulls":5},"Operativa","Improdutiva","Operativa","Improdutiva"]
["Insumo"," E9762 ","SICRO3","Rolo compactador de pneus autopropelido de 27 t - 85 kW",1,0.96,0.04,337.37470000000002,167.67750000000001,330.58679999999998]
["Insumo"," E9518 ","SICRO3","Grade de 24 discos rebocável de D = 60 cm (24\")",1,0.41,0.59,5.1009000000000002,3.5522,4.1871999999999998]
["Insumo"," E9571 ","SICRO3","Caminhão tanque com capacidade de 10.000 l - 188 kW",1,0.74,0.26,361.14089999999999,100.5492,293.38709999999998]
["Insumo"," E9577 ","SICRO3","Trator agrícola sobre pneus - 77 kW",1,0.41,0.59,182.94929999999999,75.256900000000002,119.41079999999999]
["Insumo"," E9524 ","SICRO3","Motoniveladora - 93 kW",1,0.59,0.41,344.67899999999997,151.92490000000001,265.64980000000003]
["Insumo"," E9685 ","SICRO3","Rolo compactador pé de carneiro vibratório autopropelido por pneus de 11,6 t - 82 kW",1,1,0,247.6412,113.9143,247.6412]
[{"$nulls":5},"Custo horário total de equipamentos",null,null,null,1260.8629000000001]
["B","Código","Banco","Mão de Obra","Quantidade","Custo Horário",null,null,null,"Custo Horário Total"]
["Insumo"," P9824 ","SICRO3","Servente",1,null,null,null,"23,241200000000000000000000000000","23,241200000000000000000000000000"]
[{"$nulls":5},"Adicional de Mão de obra (%)",null,null,null,0]
[{"$nulls":5},"Custo horário total de mão de obra",null,null,null,23.241199999999999]
[{"$nulls":5},"Custo horário total de execução",null,null,null,1284.1041]
[{"$nulls":5},"Produção de equipe",null,null,null,134.56]
[{"$nulls":5},"Custo unitário de execução",null,null,null,9.5429999999999993]
[{"$nulls":5},"Custo do FIC",null,null,null,1.345]
["D","Código","Banco","ATIVIDADES AUXILIARES","Quantidade","Unidade","Preço Unitário",null,null,"Custo Horário"]
["Composição"," 4016096 ","SICRO3","Escavação e carga de material de jazida com escavadeira hidráulica de 1,56 m³",1.1002700000000001,"m³","1,760000000000000000000000000000",null,null,"1,936500000000000000000000000000"]
[{"$nulls":5},"Custo total de atividades auxiliares",null,null,null,1.9365000000000001]
["E","Tempo Fixo","Banco","Descrição","Carga","Quantidade","Unidade","Preço Unitário",null,"Custo Horário"]
["Composição"," 5914354 ","SICRO3","Carga, manobra e descarga de agregados ou solos em caminhão basculante de 10 m³ - carga com escavadeira de 1,56 m³ (exclusa) e descarga livre",4016096,2.0630099999999998,"t",1.99,null,4.1054000000000004]
[{"$nulls":5},"Custo Total dos Tempos Fixos",null,null,null,4.1054000000000004]
["F","Momento de Transporte","Banco","Descrição","Quantidade","Distância Média de Transporte (DMT)",null,null,null,"Custo Horário"]
[{"$nulls":5},"LN","RP","P","FE"]
["Composição",4016096,"SICRO3","Escavação e carga de material de jazida com escavadeira hidráulica de 1,56 m³",2.0630099999999998,"5914359\n0,00\n1,29\n0,0000","5914374\n4,09\n1,03\n4,2127","5914389\n0,00\n0,84\n0,0000","--",8.6907999999999994]
[{"$nulls":5},"Custo do FIT",null,null,null,0]
[{"$nulls":5},"Custo total de transporte",null,null,null,8.6908422000000005]
[]
[" 6.2.1 ","Código","Banco","Descrição","Tipo",null,"Und","Quant.","Valor Unit","Total"]
["Composição"," 4011287 ","Próprio","Base de solo melhorado com 30% de areia e 2% de cimento e mistura na pista com material de jazida. SICRO (4011287/6416153)","URBA - URBANIZAÇÃO",null,"m³",1,190.31,190.31]
["A","Código","Banco","Equipamentos","Quantidade","Utilização",null,"Custo Horário",null,"Custo Horário Total"]
[{"$nulls":5},"Operativa","Improdutiva","Operativa","Improdutiva"]
["Insumo"," E9571 ","SICRO3","Caminhão tanque com capacidade de 10.000 l - 188 kW",1,0.83,0.17,361.14089999999999,100.5492,316.84030000000001]
["Insumo"," E9577 ","SICRO3","Trator agrícola sobre pneus - 77 kW",1,0.62,0.38,182.94929999999999,75.256900000000002,142.02619999999999]
["Insumo"," E9685 ","SICRO3","Rolo compactador pé de carneiro vibratório autopropelido por pneus de 11,6 t - 82 kW",1,0.9,0.1,247.6412,113.9143,234.26849999999999]
["Insumo"," E9762 ","SICRO3","Rolo compactador de pneus autopropelido de 27 t - 85 kW",1,0.86,0.14000000000000001,337.37470000000002,167.67750000000001,313.61709999999999]
["Insumo"," E9524 ","SICRO3","Motoniveladora - 93 kW",1,1,0,344.67899999999997,151.92490000000001,344.67899999999997]
["Insumo"," E9518 ","SICRO3","Grade de 24 discos rebocável de D = 60 cm (24\")",1,0.62,0.38,5.1009000000000002,3.5522,4.5124000000000004]
[{"$nulls":5},"Custo horário total de equipamentos",null,null,null,1355.9435000000001]
["B","Código","Banco","Mão de Obra","Quantidade","Custo Horário",null,null,null,"Custo Horário Total"]
["Insumo"," P9824 ","SICRO3","Servente",6,null,null,null,"23,241200000000000000000000000000","139,447200000000000000000000000000"]
[{"$nulls":5},"Adicional de Mão de obra (0.0%)",null,null,null,0]
[{"$nulls":5},"Custo horário total de mão de obra",null,null,null,139.44720000000001]
[{"$nulls":5},"Custo horário total de execução",null,null,null,1495.3906999999999]
[{"$nulls":5},"Produção de equipe",null,null,null,150.88]
[{"$nulls":5},"Custo unitário de execução",null,null,null,9.9110999999999994]
[{"$nulls":5},"Custo do FIC",null,null,null,5.28E-2]
["C","Código","Banco","MATERIAL","Quantidade","Unidade","Preço Unitário",null,null,"Custo Horário"]
["Insumo"," M1382 ","SICRO3","Areia grossa lavada",0.41260000000000002,"m³","147,258200000000000000000000000000",null,null,"60,758700000000000000000000000000"]
["Insumo"," M0424 ","SICRO3","Cimento Portland CP II - 32 - saco",41.26,"kg","0,973300000000000000000000000000",null,null,"40,158400000000000000000000000000"]
[{"$nulls":5},"Custo unitário total de material",null,null,null,100.9171]
["D","Código","Banco","ATIVIDADES AUXILIARES","Quantidade","Unidade","Preço Unitário",null,null,"Custo Horário"]
["Composição"," 4016096 ","SICRO3","Escavação e carga de material de jazida com escavadeira hidráulica de 1,56 m³",0.77019000000000004,"m³","1,760000000000000000000000000000",null,null,"1,355500000000000000000000000000"]
[{"$nulls":5},"Custo total de atividades auxiliares",null,null,null,1.3554999999999999]
["E","Tempo Fixo","Banco","Descrição","Carga","Quantidade","Unidade","Preço Unitário",null,"Custo Horário"]
["Composição"," 5914354 ","SICRO3","Carga, manobra e descarga de agregados ou solos em caminhão basculante de 10 m³ - carga com escavadeira de 1,56 m³ (exclusa) e descarga livre","M1382",0.61890000000000001,"t",1.99,null,1.2316]
["Composição"," 5914354 ","SICRO3","Carga, manobra e descarga de agregados ou solos em caminhão basculante de 10 m³ - carga com escavadeira de 1,56 m³ (exclusa) e descarga livre",4016096,1.44411,"t",1.99,null,2.8738000000000001]
["Composição"," 5914655 ","SICRO3","Carga, manobra e descarga de materiais diversos em caminhão carroceria de 15 t - carga e descarga manuais","M0424",4.1259999999999998E-2,"t",35.75,null,1.4750000000000001]
[{"$nulls":5},"Custo Total dos Tempos Fixos",null,null,null,5.5804]
["F","Momento de Transporte","Banco","Descrição","Quantidade","Distância Média de Transporte (DMT)",null,null,null,"Custo Horário"]
[{"$nulls":5},"LN","RP","P","FE"]
["Insumo","M0424","SICRO3","Cimento Portland CP II - 32 - saco",4.1259999999999998E-2,"5914449\n0,00\n1,12\n0,0000","5914464\n0,00\n0,90\n0,0000","5914479\n30,10\n0,73\n21,9730","--",0.90659999999999996]
["Insumo","M1382","SICRO3","Areia grossa lavada",0.61890000000000001,"5914359\n0,00\n1,29\n0,0000","5914374\n0,00\n1,03\n0,0000","5914389\n126,00\n0,84\n105,8400","--",65.504400000000004]
["Composição",4016096,"SICRO3","Escavação e carga de material de jazida com escavadeira hidráulica de 1,56 m³",1.44411,"5914359\n0,00\n1,29\n0,0000","5914374\n4,09\n1,03\n4,2127","5914389\n0,00\n0,84\n0,0000","--",6.0835999999999997]
[{"$nulls":5},"Custo total de transporte",null,null,null,72.494584176999993]
[]
[" 6.3.1 ","Código","Banco","Descrição","Tipo",null,"Und","Quant.","Valor Unit","Total"]
["Composição"," 4011352 ","SICRO3","Imprimação com emulsão asfáltica","",null,"m²",1,0.74,0.74]
["A","Código","Banco","Equipamentos","Quantidade","Utilização",null,"Custo Horário",null,"Custo Horário Total"]
[{"$nulls":5},"Operativa","Improdutiva","Operativa","Improdutiva"]
["Insumo"," E9558 ","SICRO3","Tanque de estocagem de asfalto com capacidade de 30.000 l",2,1,0,144.7028,93.872799999999998,289.40559999999999]
["Insumo"," E9509 ","SICRO3","Caminhão tanque distribuidor de asfalto com capacidade de 6.000 l - 7 kW/136 kW",1,1,0,337.01940000000002,112.8446,337.01940000000002]
[{"$nulls":5},"Custo horário total de equipamentos",null,null,null,626.42499999999995]
["B","Código","Banco","Mão de Obra","Quantidade","Custo Horário",null,null,null,"Custo Horário Total"]
["Insumo"," P9824 ","SICRO3","Servente",2,null,null,null,"23,241200000000000000000000000000","46,482400000000000000000000000000"]
[{"$nulls":5},"Adicional de Mão de obra (%)",null,null,null,0]
[{"$nulls":5},"Custo horário total de mão de obra",null,null,null,46.482399999999998]
[{"$nulls":5},"Custo horário total de execução",null,null,null,672.90740000000005]
[{"$nulls":5},"Produção de equipe",null,null,null,1038.46]
[{"$nulls":5},"Custo unitário de execução",null,null,null,0.64800000000000002]
[{"$nulls":5},"Custo do FIC",null,null,null,9.5100000000000004E-2]
["C","Código","Banco","MATERIAL","Quantidade","Unidade","Preço Unitário",null,null,"Custo Horário"]
["Insumo"," M0104 ","SICRO3","Asfalto diluído de petróleo - CM-30",1.1999999999999999E-3,"t","0,000000000000000000000000000000",null,null,"0,000000000000000000000000000000"]
[{"$nulls":5},"Custo unitário total de material",null,null,null,0]
["F","Momento de Transporte","Banco","Descrição","Quantidade","Distância Média de Transporte (DMT)",null,null,null,"Custo Horário"]
[{"$nulls":5},"LN","RP","P","FE"]
[{"$nulls":5},"Custo do FIT",null,null,null,0]
[{"$nulls":5},"Custo total de transporte",null,null,null,0]
[]
[" 6.3.3 ","Código","Banco","Descrição","Tipo",null,"Und","Quant.","Valor Unit","Total"]
["Composição"," 5914622 ","SICRO3","Transporte de material betuminoso com caminhão tanque distribuidor - rodovia pavimentada","",null,"tkm",1,2.2599999999999998,2.2599999999999998]
["A","Código","Banco","Equipamentos","Quantidade","Utilização",null,"Custo Horário",null,"Custo Horário Total"]
[{"$nulls":5},"Operativa","Improdutiva","Operativa","Improdutiva"]
["Insumo"," E9509 ","SICRO3","Caminhão tanque distribuidor de asfalto com capacidade de 6.000 l - 7 kW/136 kW",1,1,0,337.01940000000002,112.8446,337.01940000000002]
[{"$nulls":5},"Custo horário total de equipamentos",null,null,null,337.01940000000002]
[{"$nulls":5},"Custo horário total de execução",null,null,null,337.01940000000002]
[{"$nulls":5},"Produção de equipe",null,null,null,149.4]
[{"$nulls":5},"Custo unitário de execução",null,null,null,2.2557999999999998]
[{"$nulls":5},"Custo do FIC",null,null,null,0]
["F","Momento de Transporte","Banco","Descrição","Quantidade","Distância Média de Transporte (DMT)",null,null,null,"Custo Horário"]
[{"$nulls":5},"LN","RP","P","FE"]
[{"$nulls":5},"Custo do FIT",null,null,null,0]
[{"$nulls":5},"Custo total de transporte",null,null,null,0]
[]
[" 6.3.4 ","Código","Banco","Descrição","Tipo",null,"Und","Quant.","Valor Unit","Total"]
["Composição"," 4011353 ","SICRO3","Pintura de ligação","",null,"m²",1,0.51,0.51]
["A","Código","Banco","Equipamentos","Quantidade","Utilização",null,"Custo Horário",null,"Custo Horário Total"]
[{"$nulls":5},"Operativa","Improdutiva","Operativa","Improdutiva"]
["Insumo"," E9558 ","SICRO3","Tanque de estocagem de asfalto com capacidade de 30.000 l",2,1,0,144.7028,93.872799999999998,289.40559999999999]
["Insumo"," E9509 ","SICRO3","Caminhão tanque distribuidor de asfalto com capacidade de 6.000 l - 7 kW/136 kW",1,1,0,337.01940000000002,112.8446,337.01940000000002]
[{"$nulls":5},"Custo horário total de equipamentos",null,null,null,626.42499999999995]
["B","Código","Banco","Mão de Obra","Quantidade","Custo Horário",null,null,null,"Custo Horário Total"]
["Insumo"," P9824 ","SICRO3","Servente",2,null,null,null,"23,241200000000000000000000000000","46,482400000000000000000000000000"]
[{"$nulls":5},"Adicional de Mão de obra (%)",null,null,null,0]
[{"$nulls":5},"Custo horário total de mão de obra",null,null,null,46.482399999999998]
[{"$nulls":5},"Custo horário total de execução",null,null,null,672.90740000000005]
[{"$nulls":5},"Produção de equipe",null,null,null,1500]
[{"$nulls":5},"Custo unitário de execução",null,null,null,0.4486]
[{"$nulls":5},"Custo do FIC",null,null,null,6.5799999999999997E-2]
["C","Código","Banco","MATERIAL","Quantidade","Unidade","Preço Unitário",null,null,"Custo Horário"]
["Insumo"," M1946 ","SICRO3","Emulsão asfáltica - RR-1C",4.4999999999999999E-4,"t","0,000000000000000000000000000000",null,null,"0,000000000000000000000000000000"]
[{"$nulls":5},"Custo unitário total de material",null,null,null,0]
["F","Momento de Transporte","Banco","Descrição","Quantidade","Distância Média de Transporte (DMT)",null,null,null,"Custo Horário"]
[{"$nulls":5},"LN","RP","P","FE"]
[{"$nulls":5},"Custo do FIT",null,null,null,0]
[{"$nulls":5},"Custo total de transporte",null,null,null,0]
[]
[" 6.3.7 ","Código","Banco","Descrição","Tipo",null,"Und","Quant.","Valor Unit","Total"]
["Composição"," 4011463 ","SICRO3","Concreto asfáltico - faixa C-12,5 - areia e brita comerciais","",null,"t",1,348.94,348.94]
["A","Código","Banco","Equipamentos","Quantidade","Utilização",null,"Custo Horário",null,"Custo Horário Total"]
[{"$nulls":5},"Operativa","Improdutiva","Operativa","Improdutiva"]
["Insumo"," E9681 ","SICRO3","Rolo compactador liso tandem vibratório autopropelido de 10,4 t - 82 kW",1,0.82,0.18,359.90679999999998,147.46199999999999,321.66669999999999]
["Insumo"," E9762 ","SICRO3","Rolo compactador de pneus autopropelido de 27 t - 85 kW",1,0.71,0.28999999999999998,337.37470000000002,167.67750000000001,288.16250000000002]
["Insumo"," E9545 ","SICRO3","Vibroacabadora de asfalto sobre esteiras - 97 kW",1,1,0,504.20530000000002,221.83770000000001,504.20530000000002]
[{"$nulls":5},"Custo horário total de equipamentos",null,null,null,1114.0345]
["B","Código","Banco","Mão de Obra","Quantidade","Custo Horário",null,null,null,"Custo Horário Total"]
["Insumo"," P9824 ","SICRO3","Servente",8,null,null,null,"23,241200000000000000000000000000","185,929600000000000000000000000000"]
[{"$nulls":5},"Adicional de Mão de obra (%)",null,null,null,0]
[{"$nulls":5},"Custo horário total de mão de obra",null,null,null,185.92959999999999]
[{"$nulls":5},"Custo horário total de execução",null,null,null,1299.9640999999999]
[{"$nulls":5},"Produção de equipe",null,null,null,99.6]
[{"$nulls":5},"Custo unitário de execução",null,null,null,13.0518]
[{"$nulls":5},"Custo do FIC",null,null,null,1.6677999999999999]
["D","Código","Banco","ATIVIDADES AUXILIARES","Quantidade","Unidade","Preço Unitário",null,null,"Custo Horário"]
["Composição"," 6416078 ","SICRO3","Usinagem de concreto asfáltico - faixa C-12,5 - areia e brita comerciais",1,"t","325,810000000000000000000000000000",null,null,"325,810000000000000000000000000000"]
[{"$nulls":5},"Custo total de atividades auxiliares",null,null,null,325.81]
["E","Tempo Fixo","Banco","Descrição","Carga","Quantidade","Unidade","Preço Unitário",null,"Custo Horário"]
["Composição"," 5914649 ","SICRO3","Carga, manobra e descarga de mistura betuminosa a quente em caminhão basculante de 10 m³ - carga em usina de asfalto 100/140 t/h e descarga em vibroacabadora",6416078,1,"t",8.41,null,8.41]
[{"$nulls":5},"Custo Total dos Tempos Fixos",null,null,null,8.41]
["F","Momento de Transporte","Banco","Descrição","Quantidade","Distância Média de Transporte (DMT)",null,null,null,"Custo Horário"]
[{"$nulls":5},"LN","RP","P","FE"]
["Composição",6416078,"SICRO3","Usinagem de concreto asfáltico - faixa C-12,5 - areia e brita comerciais",1,"5914359\n0,00\n1,29\n0,0000","5914374\n0,00\n1,03\n0,0000","5914389\n0,00\n0,84\n0,0000","--",0]
[{"$nulls":5},"Custo do FIT",null,null,null,0]
[{"$nulls":5},"Custo total de transporte",null,null,null,0]
[]
[" 6.3.9 ","Código","Banco","Descrição","Tipo",null,"Und","Quant.","Valor Unit","Total"]
["Composição"," 5915321 ","SICRO3","Transporte com caminhão basculante de 14 m³ - rodovia pavimentada","",null,"tkm",1,0.69,0.69]
["A","Código","Banco","Equipamentos","Quantidade","Utilização",null,"Custo Horário",null,"Custo Horário Total"]
[{"$nulls":5},"Operativa","Improdutiva","Operativa","Improdutiva"]
["Insumo"," E9667 ","SICRO3","Caminhão basculante com capacidade de 14 m³ - 210 kW",1,1,0,324.72190000000001,100.0942,324.72190000000001]
[{"$nulls":5},"Custo horário total de equipamentos",null,null,null,324.72190000000001]
[{"$nulls":5},"Custo horário total de execução",null,null,null,324.72190000000001]
[{"$nulls":5},"Produção de equipe",null,null,null,470.61]
[{"$nulls":5},"Custo unitário de execução",null,null,null,0.69]
[{"$nulls":5},"Custo do FIC",null,null,null,0]
["F","Momento de Transporte","Banco","Descrição","Quantidade","Distância Média de Transporte (DMT)",null,null,null,"Custo Horário"]
[{"$nulls":5},"LN","RP","P","FE"]
[{"$nulls":5},"Custo do FIT",null,null,null,0]
[{"$nulls":5},"Custo total de transporte",null,null,null,0]
[]
[" 7.1.1 ","Código","Banco","Descrição","Tipo",null,"Und","Quant.","Valor Unit","Total"]
["Composição"," 97636 ","SINAPI","DEMOLIÇÃO PARCIAL DE PAVIMENTO ASFÁLTICO, DE FORMA MECANIZADA, SEM REAPROVEITAMENTO. AF_09/2023","Demolições e Remoções",null,"m²",1,21.99,21.99]
["Composição Auxiliar"," 91283 ","SINAPI","CORTADORA DE PISO COM MOTOR 4 TEMPOS A GASOLINA, POTÊNCIA DE 13 HP, COM DISCO DE CORTE DIAMANTADO SEGMENTADO PARA CONCRETO, DIÂMETRO DE 350 MM, FURO DE 1\" (14 X 1\") - CHP DIURNO. AF_08/2015","Custos Horários Produtivo e Improdutivo dos Equipamentos",null,"CHP",5.2400000000000002E-2,9.6973092679999997,0.50813900000000001]
["Composição Auxiliar"," 5631 ","SINAPI","ESCAVADEIRA HIDRÁULICA SOBRE ESTEIRAS, CAÇAMBA 0,80 M3, PESO OPERACIONAL 17 T, POTENCIA BRUTA 111 HP - CHP DIURNO. AF_06/2014","Custos Horários Produtivo e Improdutivo dos Equipamentos",null,"CHP",3.2599999999999997E-2,216.93059647999999,7.0719374000000004]
["Composição Auxiliar"," 5632 ","SINAPI","ESCAVADEIRA HIDRÁULICA SOBRE ESTEIRAS, CAÇAMBA 0,80 M3, PESO OPERACIONAL 17 T, POTENCIA BRUTA 111 HP - CHI DIURNO. AF_06/2014","Custos Horários Produtivo e Improdutivo dos Equipamentos",null,"CHI",8.9599999999999999E-2,88.470186979999994,7.9269287999999998]
["Composição Auxiliar"," 91285 ","SINAPI","CORTADORA DE PISO COM MOTOR 4 TEMPOS A GASOLINA, POTÊNCIA DE 13 HP, COM DISCO DE CORTE DIAMANTADO SEGMENTADO PARA CONCRETO, DIÂMETRO DE 350 MM, FURO DE 1\" (14 X 1\") - CHI DIURNO. AF_08/2015","Custos Horários Produtivo e Improdutivo dos Equipamentos",null,"CHI",8.3599999999999994E-2,0.44937006800000001,3.7567299999999998E-2]
["Composição Auxiliar"," 88309 ","SINAPI","PEDREIRO COM ENCARGOS COMPLEMENTARES","Livro SINAPI: Cálculos e Parâmetros",null,"H",0.24329999999999999,26.511984000000002,6.4503656999999999]
[]
[" 7.1.2 ","Código","Banco","Descrição","Tipo",null,"Und","Quant.","Valor Unit","Total"]
["Composição"," 5915433 ","SICRO3","Carga, manobra e descarga de material demolido em caminhão basculante de 6 m³ - carga manual e descarga livre","",null,"t",1,39.24,39.24]
["A","Código","Banco","Equipamentos","Quantidade","Utilização",null,"Custo Horário",null,"Custo Horário Total"]
[{"$nulls":5},"Operativa","Improdutiva","Operativa","Improdutiva"]
["Insumo"," E9506 ","SICRO3","Caminhão basculante com capacidade de 6 m³ - 136 kW",1,1,0,201.16669999999999,80.716300000000004,201.16669999999999]
[{"$nulls":5},"Custo horário total de equipamentos",null,null,null,201.16669999999999]
["B","Código","Banco","Mão de Obra","Quantidade","Custo Horário",null,null,null,"Custo Horário Total"]
["Insumo"," P9824 ","SICRO3","Servente",4,null,null,null,"23,241200000000000000000000000000","92,964800000000000000000000000000"]
[{"$nulls":5},"Adicional de Mão de obra (%)",null,null,null,0]
[{"$nulls":5},"Custo horário total de mão de obra",null,null,null,92.964799999999997]
[{"$nulls":5},"Custo horário total de execução",null,null,null,294.13150000000002]
[{"$nulls":5},"Produção de equipe",null,null,null,7.8466399999999998]
[{"$nulls":5},"Custo unitário de execução",null,null,null,37.484999999999999]
[{"$nulls":5},"Custo do FIC",null,null,null,1.7559]
["F","Momento de Transporte","Banco","Descrição","Quantidade","Distância Média de Transporte (DMT)",null,null,null,"Custo Horário"]
[{"$nulls":5},"LN","RP","P","FE"]
[{"$nulls":5},"Custo do FIT",null,null,null,0]
[{"$nulls":5},"Custo total de transporte",null,null,null,0]
[]
[" 7.1.3 ","Código","Banco","Descrição","Tipo",null,"Und","Quant.","Valor Unit","Total"]
["Composição"," 5914344 ","SICRO3","Transporte com caminhão basculante de 6 m³ - rodovia pavimentada","",null,"tkm",1,0.9,0.9]
["A","Código","Banco","Equipamentos","Quantidade","Utilização",null,"Custo Horário",null,"Custo Horário Total"]
[{"$nulls":5},"Operativa","Improdutiva","Operativa","Improdutiva"]
["Insumo"," E9506 ","SICRO3","Caminhão basculante com capacidade de 6 m³ - 136 kW",1,1,0,201.16669999999999,80.716300000000004,201.16669999999999]
[{"$nulls":5},"Custo horário total de equipamentos",null,null,null,201.16669999999999]
[{"$nulls":5},"Custo horário total de execução",null,null,null,201.16669999999999]
[{"$nulls":5},"Produção de equipe",null,null,null,224.1]
[{"$nulls":5},"Custo unitário de execução",null,null,null,0.89770000000000005]
[{"$nulls":5},"Custo do FIC",null,null,null,0]
["F","Momento de Transporte","Banco","Descrição","Quantidade","Distância Média de Transporte (DMT)",null,null,null,"Custo Horário"]
[{"$nulls":5},"LN","RP","P","FE"]
[{"$nulls":5},"Custo do FIT",null,null,null,0]
[{"$nulls":5},"Custo total de transporte",null,null,null,0]
[]
[" 7.2.1 ","Código","Banco","Descrição","Tipo",null,"Und","Quant.","Valor Unit","Total"]
["Composição"," 1600896 ","SICRO3","Demolição mecânica de alvenaria com escavadeira hidráulica","",null,"m²",1,18.02,18.02]
["A","Código","Banco","Equipamentos","Quantidade","Utilização",null,"Custo Horário",null,"Custo Horário Total"]
[{"$nulls":5},"Operativa","Improdutiva","Operativa","Improdutiva"]
["Insumo"," E9515 ","SICRO3","Escavadeira hidráulica sobre esteiras com caçamba com capacidade de 1,56 m³ - 118 kW",1,1,0,336.00799999999998,155.60159999999999,336.00799999999998]
[{"$nulls":5},"Custo horário total de equipamentos",null,null,null,336.00799999999998]
["B","Código","Banco","Mão de Obra","Quantidade","Custo Horário",null,null,null,"Custo Horário Total"]
["Insumo"," P9808 ","SICRO3","Carpinteiro",1,null,null,null,"29,936000000000000000000000000000","29,936000000000000000000000000000"]
["Insumo"," P9824 ","SICRO3","Servente",7,null,null,null,"23,241200000000000000000000000000","162,688400000000000000000000000000"]
["Insumo"," P9807 ","SICRO3","Bombeiro hidráulico",1,null,null,null,"36,450100000000000000000000000000","36,450100000000000000000000000000"]
["Insumo"," P9810 ","SICRO3","Eletricista",1,null,null,null,"33,116700000000000000000000000000","33,116700000000000000000000000000"]
["Insumo"," P9821 ","SICRO3","Pedreiro",1,null,null,null,"29,919300000000000000000000000000","29,919300000000000000000000000000"]
[{"$nulls":5},"Adicional de Mão de obra (%)",null,null,null,0]
[{"$nulls":5},"Custo horário total de mão de obra",null,null,null,292.1105]
[{"$nulls":5},"Custo horário total de execução",null,null,null,628.11850000000004]
[{"$nulls":5},"Produção de equipe",null,null,null,34.86]
[{"$nulls":5},"Custo unitário de execução",null,null,null,18.0183]
[{"$nulls":5},"Custo do FIC",null,null,null,0]
["F","Momento de Transporte","Banco","Descrição","Quantidade","Distância Média de Transporte (DMT)",null,null,null,"Custo Horário"]
[{"$nulls":5},"LN","RP","P","FE"]
[{"$nulls":5},"Custo do FIT",null,null,null,0]
[{"$nulls":5},"Custo total de transporte",null,null,null,0]
[]
[" 7.2.2 ","Código","Banco","Descrição","Tipo",null,"Und","Quant.","Valor Unit","Total"]
["Composição"," 1600895 ","SICRO3","Demolição manual de construções provisórias de madeira - sem reaproveitamento","",null,"m²",1,16.21,16.21]
["B","Código","Banco","Mão de Obra","Quantidade","Custo Horário",null,null,null,"Custo Horário Total"]
["Insumo"," P9808 ","SICRO3","Carpinteiro",1,null,null,null,"29,936000000000000000000000000000","29,936000000000000000000000000000"]
["Insumo"," P9824 ","SICRO3","Servente",4,null,null,null,"23,241200000000000000000000000000","92,964800000000000000000000000000"]
["Insumo"," P9821 ","SICRO3","Pedreiro",1,null,null,null,"29,919300000000000000000000000000","29,919300000000000000000000000000"]
[{"$nulls":5},"Adicional de Mão de obra (%)",null,null,null,0]
[{"$nulls":5},"Custo horário total de mão de obra",null,null,null,152.8201]
[{"$nulls":5},"Custo horário total de execução",null,null,null,152.8201]
[{"$nulls":5},"Produção de equipe",null,null,null,10]
[{"$nulls":5},"Custo unitário de execução",null,null,null,15.282]
[{"$nulls":5},"Custo do FIC",null,null,null,0.9325]
["F","Momento de Transporte","Banco","Descrição","Quantidade","Distância Média de Transporte (DMT)",null,null,null,"Custo Horário"]
[{"$nulls":5},"LN","RP","P","FE"]
[{"$nulls":5},"Custo do FIT",null,null,null,0]
[{"$nulls":5},"Custo total de transporte",null,null,null,0]
[]
[" 8.1 ","Código","Banco","Descrição","Tipo",null,"Und","Quant.","Valor Unit","Total"]
["Composição"," 2003377 ","SICRO3","Meio-fio de concreto - MFC 05 - areia e brita comerciais - fôrma de madeira","",null,"m",1,73.510000000000005,73.510000000000005]
[{"$nulls":5},"Custo horário total de execução",null,null,null,0]
[{"$nulls":5},"Produção de equipe",null,null,null,1]
[{"$nulls":5},"Custo unitário de execução",null,null,null,0]
[{"$nulls":5},"Custo do FIC",null,null,null,0]
["D","Código","Banco","ATIVIDADES AUXILIARES","Quantidade","Unidade","Preço Unitário",null,null,"Custo Horário"]
["Composição"," 4805750 ","SICRO3","Escavação manual em material de 1ª categoria na profundidade de até 1 m",1.7999999999999999E-2,"m³","49,890000000000000000000000000000",null,null,"0,898000000000000000000000000000"]
["Composição"," 1107892 ","SICRO3","Concreto fck = 20 MPa - confecção em betoneira e lançamento manual - areia e brita comerciais",3.3399999999999999E-2,"m³","856,220000000000000000000000000000",null,null,"28,597700000000000000000000000000"]
["Composição"," 1109669 ","SICRO3","Argamassa de cimento e areia 1:3 - confecção em betoneira e lançamento manual - areia comercial",1E-4,"m³","868,230000000000000000000000000000",null,null,"0,086800000000000000000000000000"]
["Composição"," 3103302 ","SICRO3","Fôrmas de tábuas de pinho para dispositivos de drenagem - utilização de 3 vezes - confecção, instalação e retirada",0.5141,"m²","85,450000000000000000000000000000",null,null,"43,929800000000000000000000000000"]
[{"$nulls":5},"Custo total de atividades auxiliares",null,null,null,73.512299999999996]
["F","Momento de Transporte","Banco","Descrição","Quantidade","Distância Média de Transporte (DMT)",null,null,null,"Custo Horário"]
[{"$nulls":5},"LN","RP","P","FE"]
[{"$nulls":5},"Custo do FIT",null,null,null,0]
[{"$nulls":5},"Custo total de transporte",null,null,null,0]
[]
[" 8.3 ","Código","Banco","Descrição","Tipo",null,"Und","Quant.","Valor Unit","Total"]
["Composição"," 5901638 ","SICRO3","Transporte com caminhão basculante com caçamba estanque com capacidade de 14 m³ - rodovia em revestimento primário","",null,"tkm",1,0.76,0.76]
["A","Código","Banco","Equipamentos","Quantidade","Utilização",null,"Custo Horário",null,"Custo Horário Total"]
[{"$nulls":5},"Operativa","Improdutiva","Operativa","Improdutiva"]
["Insumo"," E9575 ","SICRO3","Caminhão basculante com caçamba estanque com capacidade de 14 m³ - 210 kW",1,1,0,325.24779999999998,100.3648,325.24779999999998]
[{"$nulls":5},"Custo horário total de equipamentos",null,null,null,325.24779999999998]
[{"$nulls":5},"Custo horário total de execução",null,null,null,325.24779999999998]
[{"$nulls":5},"Produção de equipe",null,null,null,435.75]
[{"$nulls":5},"Custo unitário de execução",null,null,null,0.74639999999999995]
[{"$nulls":5},"Custo do FIC",null,null,null,1.83E-2]
["F","Momento de Transporte","Banco","Descrição","Quantidade","Distância Média de Transporte (DMT)",null,null,null,"Custo Horário"]
[{"$nulls":5},"LN","RP","P","FE"]
[{"$nulls":5},"Custo do FIT",null,null,null,0]
[{"$nulls":5},"Custo total de transporte",null,null,null,0]
[]
[" 8.4 ","Código","Banco","Descrição","Tipo",null,"Und","Quant.","Valor Unit","Total"]
["Composição"," 4805754 ","SICRO3","Compactação manual com soquete vibratório","",null,"m³",1,8.18,8.18]
["A","Código","Banco","Equipamentos","Quantidade","Utilização",null,"Custo Horário",null,"Custo Horário Total"]
[{"$nulls":5},"Operativa","Improdutiva","Operativa","Improdutiva"]
["Insumo"," E9647 ","SICRO3","Compactador manual com soquete vibratório - 4,10 kW",1,1,0,13.040100000000001,2.8340999999999998,13.040100000000001]
[{"$nulls":5},"Custo horário total de equipamentos",null,null,null,13.040100000000001]
["B","Código","Banco","Mão de Obra","Quantidade","Custo Horário",null,null,null,"Custo Horário Total"]
["Insumo"," P9824 ","SICRO3","Servente",1,null,null,null,"23,241200000000000000000000000000","23,241200000000000000000000000000"]
[{"$nulls":5},"Adicional de Mão de obra (%)",null,null,null,0]
[{"$nulls":5},"Custo horário total de mão de obra",null,null,null,23.241199999999999]
[{"$nulls":5},"Custo horário total de execução",null,null,null,36.281300000000002]
[{"$nulls":5},"Produção de equipe",null,null,null,4.6687500000000002]
[{"$nulls":5},"Custo unitário de execução",null,null,null,7.7710999999999997]
[{"$nulls":5},"Custo do FIC",null,null,null,0.40889999999999999]
["F","Momento de Transporte","Banco","Descrição","Quantidade","Distância Média de Transporte (DMT)",null,null,null,"Custo Horário"]
[{"$nulls":5},"LN","RP","P","FE"]
[{"$nulls":5},"Custo do FIT",null,null,null,0]
[{"$nulls":5},"Custo total de transporte",null,null,null,0]
[]
[" 8.5 ","Código","Banco","Descrição","Tipo",null,"Und","Quant.","Valor Unit","Total"]
["Composição"," 2003177 ","SICRO3","Dissipador de energia - DED 02 A - areia, brita e pedra de mão comerciais","",null,"un",1,597.36,597.36]
["B","Código","Banco","Mão de Obra","Quantidade","Custo Horário",null,null,null,"Custo Horário Total"]
["Insumo"," P9824 ","SICRO3","Servente",0.24,null,null,null,"23,241200000000000000000000000000","5,577900000000000000000000000000"]
[{"$nulls":5},"Adicional de Mão de obra (%)",null,null,null,0]
[{"$nulls":5},"Custo horário total de mão de obra",null,null,null,5.5778999999999996]
[{"$nulls":5},"Custo horário total de execução",null,null,null,5.5778999999999996]
[{"$nulls":5},"Produção de equipe",null,null,null,1]
[{"$nulls":5},"Custo unitário de execução",null,null,null,5.5778999999999996]
[{"$nulls":5},"Custo do FIC",null,null,null,0.4425]
["C","Código","Banco","MATERIAL","Quantidade","Unidade","Preço Unitário",null,null,"Custo Horário"]
["Insumo"," M1097 ","SICRO3","Pedra de mão ou rachão",9.9199999999999997E-2,"m³","197,942200000000000000000000000000",null,null,"19,635900000000000000000000000000"]
[{"$nulls":5},"Custo unitário total de material",null,null,null,19.635899999999999]
["D","Código","Banco","ATIVIDADES AUXILIARES","Quantidade","Unidade","Preço Unitário",null,null,"Custo Horário"]
["Composição"," 1107892 ","SICRO3","Concreto fck = 20 MPa - confecção em betoneira e lançamento manual - areia e brita comerciais",0.34139999999999998,"m³","856,220000000000000000000000000000",null,null,"292,313500000000000000000000000000"]
["Composição"," 4805750 ","SICRO3","Escavação manual em material de 1ª categoria na profundidade de até 1 m",0.33500000000000002,"m³","49,890000000000000000000000000000",null,null,"16,713200000000000000000000000000"]
["Composição"," 4805756 ","SICRO3","Apiloamento manual de superfície com espessura de 15 cm",1.6748000000000001,"m²","5,610000000000000000000000000000",null,null,"9,395600000000000000000000000000"]
["Composição"," 3103302 ","SICRO3","Fôrmas de tábuas de pinho para dispositivos de drenagem - utilização de 3 vezes - confecção, instalação e retirada",2.7793999999999999,"m²","85,450000000000000000000000000000",null,null,"237,499700000000000000000000000000"]
[{"$nulls":5},"Custo total de atividades auxiliares",null,null,null,555.92200000000003]
["E","Tempo Fixo","Banco","Descrição","Carga","Quantidade","Unidade","Preço Unitário",null,"Custo Horário"]
["Composição"," 5914647 ","SICRO3","Carga, manobra e descarga de agregados ou solos em caminhão basculante de 10 m³ - carga com carregadeira de 3,40 m³ (exclusa) e descarga livre","M1097",0.14879999999999999,"t",1.9,null,0.28270000000000001]
[{"$nulls":5},"Custo Total dos Tempos Fixos",null,null,null,0.28270000000000001]
["F","Momento de Transporte","Banco","Descrição","Quantidade","Distância Média de Transporte (DMT)",null,null,null,"Custo Horário"]
[{"$nulls":5},"LN","RP","P","FE"]
["Insumo","M1097","SICRO3","Pedra de mão ou rachão",0.14879999999999999,"5914359\n0,00\n1,29\n0,0000","5914374\n0,00\n1,03\n0,0000","5914389\n124,00\n0,84\n104,1600","--",15.499000000000001]
[{"$nulls":5},"Custo do FIT",null,null,null,0]
[{"$nulls":5},"Custo total de transporte",null,null,null,15.499008]
[]
[" 8.6 ","Código","Banco","Descrição","Tipo",null,"Und","Quant.","Valor Unit","Total"]
["Composição"," 2003115 ","SICRO3","Entrada para descida d'água - EDA 01 B - areia e brita comerciais","",null,"un",1,410.95,410.95]
[{"$nulls":5},"Custo horário total de execução",null,null,null,0]
[{"$nulls":5},"Produção de equipe",null,null,null,1]
[{"$nulls":5},"Custo unitário de execução",null,null,null,0]
[{"$nulls":5},"Custo do FIC",null,null,null,0]
["D","Código","Banco","ATIVIDADES AUXILIARES","Quantidade","Unidade","Preço Unitário",null,null,"Custo Horário"]
["Composição"," 3103302 ","SICRO3","Fôrmas de tábuas de pinho para dispositivos de drenagem - utilização de 3 vezes - confecção, instalação e retirada",1.8171999999999999,"m²","85,450000000000000000000000000000",null,null,"155,279700000000000000000000000000"]
["Composição"," 4805750 ","SICRO3","Escavação manual em material de 1ª categoria na profundidade de até 1 m",0.19389999999999999,"m³","49,890000000000000000000000000000",null,null,"9,673700000000000000000000000000"]
["Composição"," 1107892 ","SICRO3","Concreto fck = 20 MPa - confecção em betoneira e lançamento manual - areia e brita comerciais",0.27460000000000001,"m³","856,220000000000000000000000000000",null,null,"235,118000000000000000000000000000"]
["Composição"," 4805756 ","SICRO3","Apiloamento manual de superfície com espessura de 15 cm",1.9387000000000001,"m²","5,610000000000000000000000000000",null,null,"10,876100000000000000000000000000"]
[{"$nulls":5},"Custo total de atividades auxiliares",null,null,null,410.94749999999999]
["F","Momento de Transporte","Banco","Descrição","Quantidade","Distância Média de Transporte (DMT)",null,null,null,"Custo Horário"]
[{"$nulls":5},"LN","RP","P","FE"]
[{"$nulls":5},"Custo do FIT",null,null,null,0]
[{"$nulls":5},"Custo total de transporte",null,null,null,0]
[]
[" 8.7 ","Código","Banco","Descrição","Tipo",null,"Und","Quant.","Valor Unit","Total"]
["Composição"," 2003103 ","SICRO3","Entrada para descida d'água - EDA 01 A - areia e brita comerciais","",null,"un",1,276.08999999999997,276.08999999999997]
[{"$nulls":5},"Custo horário total de execução",null,null,null,0]
[{"$nulls":5},"Produção de equipe",null,null,null,1]
[{"$nulls":5},"Custo unitário de execução",null,null,null,0]
[{"$nulls":5},"Custo do FIC",null,null,null,0]
["D","Código","Banco","ATIVIDADES AUXILIARES","Quantidade","Unidade","Preço Unitário",null,null,"Custo Horário"]
["Composição"," 4805750 ","SICRO3","Escavação manual em material de 1ª categoria na profundidade de até 1 m",0.1211,"m³","49,890000000000000000000000000000",null,null,"6,041700000000000000000000000000"]
["Composição"," 3103302 ","SICRO3","Fôrmas de tábuas de pinho para dispositivos de drenagem - utilização de 3 vezes - confecção, instalação e retirada",1.2862,"m²","85,450000000000000000000000000000",null,null,"109,905800000000000000000000000000"]
["Composição"," 1107892 ","SICRO3","Concreto fck = 20 MPa - confecção em betoneira e lançamento manual - areia e brita comerciais",0.17910000000000001,"m³","856,220000000000000000000000000000",null,null,"153,349000000000000000000000000000"]
["Composição"," 4805756 ","SICRO3","Apiloamento manual de superfície com espessura de 15 cm",1.2107000000000001,"m²","5,610000000000000000000000000000",null,null,"6,792000000000000000000000000000"]
[{"$nulls":5},"Custo total de atividades auxiliares",null,null,null,276.08850000000001]
["F","Momento de Transporte","Banco","Descrição","Quantidade","Distância Média de Transporte (DMT)",null,null,null,"Custo Horário"]
[{"$nulls":5},"LN","RP","P","FE"]
[{"$nulls":5},"Custo do FIT",null,null,null,0]
[{"$nulls":5},"Custo total de transporte",null,null,null,0]
[]
[" 8.8 ","Código","Banco","Descrição","Tipo",null,"Und","Quant.","Valor Unit","Total"]
["Composição"," 2003455 ","SICRO3","Dissipador de energia - DEB 240-316 - areia, brita e pedra de mão comerciais","",null,"un",1,2141.5700000000002,2141.5700000000002]
["B","Código","Banco","Mão de Obra","Quantidade","Custo Horário",null,null,null,"Custo Horário Total"]
["Insumo"," P9824 ","SICRO3","Servente",1.5167999999999999,null,null,null,"23,241200000000000000000000000000","35,252300000000000000000000000000"]
[{"$nulls":5},"Adicional de Mão de obra (%)",null,null,null,0]
[{"$nulls":5},"Custo horário total de mão de obra",null,null,null,35.252299999999998]
[{"$nulls":5},"Custo horário total de execução",null,null,null,35.252299999999998]
[{"$nulls":5},"Produção de equipe",null,null,null,1]
[{"$nulls":5},"Custo unitário de execução",null,null,null,35.252299999999998]
[{"$nulls":5},"Custo do FIC",null,null,null,2.7966000000000002]
["C","Código","Banco","MATERIAL","Quantidade","Unidade","Preço Unitário",null,null,"Custo Horário"]
["Insumo"," M1097 ","SICRO3","Pedra de mão ou rachão",0.59670000000000001,"m³","197,942200000000000000000000000000",null,null,"118,112100000000000000000000000000"]
[{"$nulls":5},"Custo unitário total de material",null,null,null,118.1121]
["D","Código","Banco","ATIVIDADES AUXILIARES","Quantidade","Unidade","Preço Unitário",null,null,"Custo Horário"]
["Composição"," 1107892 ","SICRO3","Concreto fck = 20 MPa - confecção em betoneira e lançamento manual - areia e brita comerciais",1.5143,"m³","856,220000000000000000000000000000",null,null,"1.296,573900000000000000000000000000"]
["Composição"," 4805750 ","SICRO3","Escavação manual em material de 1ª categoria na profundidade de até 1 m",1.6924999999999999,"m³","49,890000000000000000000000000000",null,null,"84,438800000000000000000000000000"]
["Composição"," 4805756 ","SICRO3","Apiloamento manual de superfície com espessura de 15 cm",8.4623000000000008,"m²","5,610000000000000000000000000000",null,null,"47,473500000000000000000000000000"]
["Composição"," 3103302 ","SICRO3","Fôrmas de tábuas de pinho para dispositivos de drenagem - utilização de 3 vezes - confecção, instalação e retirada",5.4066000000000001,"m²","85,450000000000000000000000000000",null,null,"461,994000000000000000000000000000"]
[{"$nulls":5},"Custo total de atividades auxiliares",null,null,null,1890.4802]
["E","Tempo Fixo","Banco","Descrição","Carga","Quantidade","Unidade","Preço Unitário",null,"Custo Horário"]
["Composição"," 5914647 ","SICRO3","Carga, manobra e descarga de agregados ou solos em caminhão basculante de 10 m³ - carga com carregadeira de 3,40 m³ (exclusa) e descarga livre","M1097",0.89505000000000001,"t",1.9,null,1.7005999999999999]
[{"$nulls":5},"Custo Total dos Tempos Fixos",null,null,null,1.7005999999999999]
["F","Momento de Transporte","Banco","Descrição","Quantidade","Distância Média de Transporte (DMT)",null,null,null,"Custo Horário"]
[{"$nulls":5},"LN","RP","P","FE"]
["Insumo","M1097","SICRO3","Pedra de mão ou rachão",0.89505000000000001,"5914359\n0,00\n1,29\n0,0000","5914374\n0,00\n1,03\n0,0000","5914389\n124,00\n0,84\n104,1600","--",93.228399999999993]
[{"$nulls":5},"Custo do FIT",null,null,null,0]
[{"$nulls":5},"Custo total de transporte",null,null,null,93.228408000000002]
[]
[" 8.9 ","Código","Banco","Descrição","Tipo",null,"Und","Quant.","Valor Unit","Total"]
["Composição"," 2003457 ","SICRO3","Dissipador de energia - DEB 300-366 - areia, brita e pedra de mão comerciais","",null,"un",1,2911.94,2911.94]
["B","Código","Banco","Mão de Obra","Quantidade","Custo Horário",null,null,null,"Custo Horário Total"]
["Insumo"," P9824 ","SICRO3","Servente",2.1960000000000002,null,null,null,"23,241200000000000000000000000000","51,037700000000000000000000000000"]
[{"$nulls":5},"Adicional de Mão de obra (%)",null,null,null,0]
[{"$nulls":5},"Custo horário total de mão de obra",null,null,null,51.037700000000001]
[{"$nulls":5},"Custo horário total de execução",null,null,null,51.037700000000001]
[{"$nulls":5},"Produção de equipe",null,null,null,1]
[{"$nulls":5},"Custo unitário de execução",null,null,null,51.037700000000001]
[{"$nulls":5},"Custo do FIC",null,null,null,4.0488]
["C","Código","Banco","MATERIAL","Quantidade","Unidade","Preço Unitário",null,null,"Custo Horário"]
["Insumo"," M1097 ","SICRO3","Pedra de mão ou rachão",0.86809999999999998,"m³","197,942200000000000000000000000000",null,null,"171,833600000000000000000000000000"]
[{"$nulls":5},"Custo unitário total de material",null,null,null,171.83359999999999]
["D","Código","Banco","ATIVIDADES AUXILIARES","Quantidade","Unidade","Preço Unitário",null,null,"Custo Horário"]
["Composição"," 4805750 ","SICRO3","Escavação manual em material de 1ª categoria na profundidade de até 1 m",2.4070999999999998,"m³","49,890000000000000000000000000000",null,null,"120,090200000000000000000000000000"]
["Composição"," 1107892 ","SICRO3","Concreto fck = 20 MPa - confecção em betoneira e lançamento manual - areia e brita comerciais",2.1139999999999999,"m³","856,220000000000000000000000000000",null,null,"1.810,049100000000000000000000000000"]
["Composição"," 4805756 ","SICRO3","Apiloamento manual de superfície com espessura de 15 cm",12.035299999999999,"m²","5,610000000000000000000000000000",null,null,"67,518000000000000000000000000000"]
["Composição"," 3103302 ","SICRO3","Fôrmas de tábuas de pinho para dispositivos de drenagem - utilização de 3 vezes - confecção, instalação e retirada",6.4278000000000004,"m²","85,450000000000000000000000000000",null,null,"549,255500000000000000000000000000"]
[{"$nulls":5},"Custo total de atividades auxiliares",null,null,null,2546.9128000000001]
["E","Tempo Fixo","Banco","Descrição","Carga","Quantidade","Unidade","Preço Unitário",null,"Custo Horário"]
["Composição"," 5914647 ","SICRO3","Carga, manobra e descarga de agregados ou solos em caminhão basculante de 10 m³ - carga com carregadeira de 3,40 m³ (exclusa) e descarga livre","M1097",1.3021499999999999,"t",1.9,null,2.4741]
[{"$nulls":5},"Custo Total dos Tempos Fixos",null,null,null,2.4741]
["F","Momento de Transporte","Banco","Descrição","Quantidade","Distância Média de Transporte (DMT)",null,null,null,"Custo Horário"]
[{"$nulls":5},"LN","RP","P","FE"]
["Insumo","M1097","SICRO3","Pedra de mão ou rachão",1.3021499999999999,"5914359\n0,00\n1,29\n0,0000","5914374\n0,00\n1,03\n0,0000","5914389\n124,00\n0,84\n104,1600","--",135.6319]
[{"$nulls":5},"Custo do FIT",null,null,null,0]
[{"$nulls":5},"Custo total de transporte",null,null,null,135.631944]
[]
[" 8.10 ","Código","Banco","Descrição","Tipo",null,"Und","Quant.","Valor Unit","Total"]
["Composição"," 2003463 ","SICRO3","Dissipador de energia - DEB 300-511 - areia, brita e pedra de mão comerciais","",null,"un",1,3836.82,3836.82]
["B","Código","Banco","Mão de Obra","Quantidade","Custo Horário",null,null,null,"Custo Horário Total"]
["Insumo"," P9824 ","SICRO3","Servente",3.0659999999999998,null,null,null,"23,241200000000000000000000000000","71,257500000000000000000000000000"]
[{"$nulls":5},"Adicional de Mão de obra (%)",null,null,null,0]
[{"$nulls":5},"Custo horário total de mão de obra",null,null,null,71.257499999999993]
[{"$nulls":5},"Custo horário total de execução",null,null,null,71.257499999999993]
[{"$nulls":5},"Produção de equipe",null,null,null,1]
[{"$nulls":5},"Custo unitário de execução",null,null,null,71.257499999999993]
[{"$nulls":5},"Custo do FIC",null,null,null,5.6528999999999998]
["C","Código","Banco","MATERIAL","Quantidade","Unidade","Preço Unitário",null,null,"Custo Horário"]
["Insumo"," M1097 ","SICRO3","Pedra de mão ou rachão",1.2193000000000001,"m³","197,942200000000000000000000000000",null,null,"241,350900000000000000000000000000"]
[{"$nulls":5},"Custo unitário total de material",null,null,null,241.3509]
["D","Código","Banco","ATIVIDADES AUXILIARES","Quantidade","Unidade","Preço Unitário",null,null,"Custo Horário"]
["Composição"," 3103302 ","SICRO3","Fôrmas de tábuas de pinho para dispositivos de drenagem - utilização de 3 vezes - confecção, instalação e retirada",7.2977999999999996,"m²","85,450000000000000000000000000000",null,null,"623,597000000000000000000000000000"]
["Composição"," 4805756 ","SICRO3","Apiloamento manual de superfície com espessura de 15 cm",16.5303,"m²","5,610000000000000000000000000000",null,null,"92,735000000000000000000000000000"]
["Composição"," 4805750 ","SICRO3","Escavação manual em material de 1ª categoria na profundidade de até 1 m",3.3060999999999998,"m³","49,890000000000000000000000000000",null,null,"164,941300000000000000000000000000"]
["Composição"," 1107892 ","SICRO3","Concreto fck = 20 MPa - confecção em betoneira e lançamento manual - areia e brita comerciais",2.8536000000000001,"m³","856,220000000000000000000000000000",null,null,"2.443,309400000000000000000000000000"]
[{"$nulls":5},"Custo total de atividades auxiliares",null,null,null,3324.5826999999999]
["E","Tempo Fixo","Banco","Descrição","Carga","Quantidade","Unidade","Preço Unitário",null,"Custo Horário"]
["Composição"," 5914647 ","SICRO3","Carga, manobra e descarga de agregados ou solos em caminhão basculante de 10 m³ - carga com carregadeira de 3,40 m³ (exclusa) e descarga livre","M1097",1.8289500000000001,"t",1.9,null,3.4750000000000001]
[{"$nulls":5},"Custo Total dos Tempos Fixos",null,null,null,3.4750000000000001]
["F","Momento de Transporte","Banco","Descrição","Quantidade","Distância Média de Transporte (DMT)",null,null,null,"Custo Horário"]
[{"$nulls":5},"LN","RP","P","FE"]
["Insumo","M1097","SICRO3","Pedra de mão ou rachão",1.8289500000000001,"5914359\n0,00\n1,29\n0,0000","5914374\n0,00\n1,03\n0,0000","5914389\n124,00\n0,84\n104,1600","--",190.5034]
[{"$nulls":5},"Custo do FIT",null,null,null,0]
[{"$nulls":5},"Custo total de transporte",null,null,null,190.503432]
[]
[" 8.11 ","Código","Banco","Descrição","Tipo",null,"Und","Quant.","Valor Unit","Total"]
["Composição"," 2003473 ","SICRO3","Dissipador de energia - DEB 450-956 - areia, brita e pedra de mão comerciais","",null,"un",1,9573.85,9573.85]
["B","Código","Banco","Mão de Obra","Quantidade","Custo Horário",null,null,null,"Custo Horário Total"]
["Insumo"," P9824 ","SICRO3","Servente",8.6039999999999992,null,null,null,"23,241200000000000000000000000000","199,967300000000000000000000000000"]
[{"$nulls":5},"Adicional de Mão de obra (%)",null,null,null,0]
[{"$nulls":5},"Custo horário total de mão de obra",null,null,null,199.96729999999999]
[{"$nulls":5},"Custo horário total de execução",null,null,null,199.96729999999999]
[{"$nulls":5},"Produção de equipe",null,null,null,1]
[{"$nulls":5},"Custo unitário de execução",null,null,null,199.96729999999999]
[{"$nulls":5},"Custo do FIC",null,null,null,15.8634]
["C","Código","Banco","MATERIAL","Quantidade","Unidade","Preço Unitário",null,null,"Custo Horário"]
["Insumo"," M1097 ","SICRO3","Pedra de mão ou rachão",3.4340999999999999,"m³","197,942200000000000000000000000000",null,null,"679,753300000000000000000000000000"]
[{"$nulls":5},"Custo unitário total de material",null,null,null,679.75329999999997]
["D","Código","Banco","ATIVIDADES AUXILIARES","Quantidade","Unidade","Preço Unitário",null,null,"Custo Horário"]
["Composição"," 1107892 ","SICRO3","Concreto fck = 20 MPa - confecção em betoneira e lançamento manual - areia e brita comerciais",7.5048000000000004,"m³","856,220000000000000000000000000000",null,null,"6.425,759900000000000000000000000000"]
["Composição"," 3103302 ","SICRO3","Fôrmas de tábuas de pinho para dispositivos de drenagem - utilização de 3 vezes - confecção, instalação e retirada",11.766,"m²","85,450000000000000000000000000000",null,null,"1.005,404700000000000000000000000000"]
["Composição"," 4805756 ","SICRO3","Apiloamento manual de superfície com espessura de 15 cm",44.956000000000003,"m²","5,610000000000000000000000000000",null,null,"252,203200000000000000000000000000"]
["Composição"," 4805750 ","SICRO3","Escavação manual em material de 1ª categoria na profundidade de até 1 m",8.9911999999999992,"m³","49,890000000000000000000000000000",null,null,"448,571000000000000000000000000000"]
[{"$nulls":5},"Custo total de atividades auxiliares",null,null,null,8131.9387999999999]
["E","Tempo Fixo","Banco","Descrição","Carga","Quantidade","Unidade","Preço Unitário",null,"Custo Horário"]
["Composição"," 5914647 ","SICRO3","Carga, manobra e descarga de agregados ou solos em caminhão basculante de 10 m³ - carga com carregadeira de 3,40 m³ (exclusa) e descarga livre","M1097",5.1511500000000003,"t",1.9,null,9.7872000000000003]
[{"$nulls":5},"Custo Total dos Tempos Fixos",null,null,null,9.7872000000000003]
["F","Momento de Transporte","Banco","Descrição","Quantidade","Distância Média de Transporte (DMT)",null,null,null,"Custo Horário"]
[{"$nulls":5},"LN","RP","P","FE"]
["Insumo","M1097","SICRO3","Pedra de mão ou rachão",5.1511500000000003,"5914359\n0,00\n1,29\n0,0000","5914374\n0,00\n1,03\n0,0000","5914389\n124,00\n0,84\n104,1600","--",536.54380000000003]
[{"$nulls":5},"Custo do FIT",null,null,null,0]
[{"$nulls":5},"Custo total de transporte",null,null,null,536.54378399999996]
[]
[" 8.12 ","Código","Banco","Descrição","Tipo",null,"Und","Quant.","Valor Unit","Total"]
["Composição"," 2003389 ","SICRO3","Descida d'água de aterros tipo rápido - DAR 40-20 - areia e brita comerciais","",null,"m",1,309.23,309.23]
["B","Código","Banco","Mão de Obra","Quantidade","Custo Horário",null,null,null,"Custo Horário Total"]
["Insumo"," P9824 ","SICRO3","Servente",2,null,null,null,"23,241200000000000000000000000000","46,482400000000000000000000000000"]
["Insumo"," P9821 ","SICRO3","Pedreiro",0.25,null,null,null,"29,919300000000000000000000000000","7,479800000000000000000000000000"]
[{"$nulls":5},"Adicional de Mão de obra (%)",null,null,null,0]
[{"$nulls":5},"Custo horário total de mão de obra",null,null,null,53.962200000000003]
[{"$nulls":5},"Custo horário total de execução",null,null,null,53.962200000000003]
[{"$nulls":5},"Produção de equipe",null,null,null,1]
[{"$nulls":5},"Custo unitário de execução",null,null,null,53.962200000000003]
[{"$nulls":5},"Custo do FIC",null,null,null,4.2808000000000002]
["C","Código","Banco","MATERIAL","Quantidade","Unidade","Preço Unitário",null,null,"Custo Horário"]
["Insumo"," M2117 ","SICRO3","Meio tubo de concreto simples - D = 0,40 m",1,"m","54,700600000000000000000000000000",null,null,"54,700600000000000000000000000000"]
[{"$nulls":5},"Custo unitário total de material",null,null,null,54.700600000000001]
["D","Código","Banco","ATIVIDADES AUXILIARES","Quantidade","Unidade","Preço Unitário",null,null,"Custo Horário"]
["Composição"," 4805756 ","SICRO3","Apiloamento manual de superfície com espessura de 15 cm",0.68,"m²","5,610000000000000000000000000000",null,null,"3,814800000000000000000000000000"]
["Composição"," 4805750 ","SICRO3","Escavação manual em material de 1ª categoria na profundidade de até 1 m",0.17710000000000001,"m³","49,890000000000000000000000000000",null,null,"8,835500000000000000000000000000"]
["Composição"," 3103302 ","SICRO3","Fôrmas de tábuas de pinho para dispositivos de drenagem - utilização de 3 vezes - confecção, instalação e retirada",0.68,"m²","85,450000000000000000000000000000",null,null,"58,106000000000000000000000000000"]
["Composição"," 1107892 ","SICRO3","Concreto fck = 20 MPa - confecção em betoneira e lançamento manual - areia e brita comerciais",0.1389,"m³","856,220000000000000000000000000000",null,null,"118,929000000000000000000000000000"]
["Composição"," 1109669 ","SICRO3","Argamassa de cimento e areia 1:3 - confecção em betoneira e lançamento manual - areia comercial",4.0000000000000002E-4,"m³","868,230000000000000000000000000000",null,null,"0,347300000000000000000000000000"]
[{"$nulls":5},"Custo total de atividades auxiliares",null,null,null,190.0326]
["E","Tempo Fixo","Banco","Descrição","Carga","Quantidade","Unidade","Preço Unitário",null,"Custo Horário"]
["Composição"," 5914655 ","SICRO3","Carga, manobra e descarga de materiais diversos em caminhão carroceria de 15 t - carga e descarga manuais","M2117",0.10838,"t",35.75,null,3.8746]
[{"$nulls":5},"Custo Total dos Tempos Fixos",null,null,null,3.8746]
["F","Momento de Transporte","Banco","Descrição","Quantidade","Distância Média de Transporte (DMT)",null,null,null,"Custo Horário"]
[{"$nulls":5},"LN","RP","P","FE"]
["Insumo","M2117","SICRO3","Meio tubo de concreto simples - D = 0,40 m",0.10838,"5914449\n0,00\n1,12\n0,0000","5914464\n0,00\n0,90\n0,0000","5914479\n30,10\n0,73\n21,9730","--",2.3814000000000002]
[{"$nulls":5},"Custo do FIT",null,null,null,0]
[{"$nulls":5},"Custo total de transporte",null,null,null,2.3814337000000001]
[]
[" 9.1 ","Código","Banco","Descrição","Tipo",null,"Und","Quant.","Valor Unit","Total"]
["Composição"," 5213417 ","SICRO3","Placa em aço nº 16 galvanizado com película retrorrefletiva tipo I + III - confecção","",null,"m²",1,449.36,449.36]
["A","Código","Banco","Equipamentos","Quantidade","Utilização",null,"Custo Horário",null,"Custo Horário Total"]
[{"$nulls":5},"Operativa","Improdutiva","Operativa","Improdutiva"]
["Insumo"," E9622 ","SICRO3","Máquina de bancada universal para corte de chapa - 1,50 kW",0.48193000000000003,1,0,12.683199999999999,8.0622000000000007,6.1124000000000001]
["Insumo"," E9623 ","SICRO3","Máquina de bancada guilhotina - 4,00 kW",0.20080000000000001,1,0,15.200200000000001,9.6621000000000006,3.0522]
["Insumo"," E9568 ","SICRO3","Furadeira de impacto de 12,5 mm - 0,80 kW",0.15060000000000001,1,0,0.36930000000000002,0.23960000000000001,5.5599999999999997E-2]
["Insumo"," E9753 ","SICRO3","Grupo gerador - 23 kVA",0.48193000000000003,1,0,30.8368,7.9413999999999998,14.8612]
["Insumo"," E9507 ","SICRO3","Plotadora de recorte com computador e programa computacional",0.48193000000000003,1,0,25.745799999999999,16.2303,12.4077]
[{"$nulls":5},"Custo horário total de equipamentos",null,null,null,36.489100000000001]
["B","Código","Banco","Mão de Obra","Quantidade","Custo Horário",null,null,null,"Custo Horário Total"]
["Insumo"," P9830 ","SICRO3","Montador",1,null,null,null,"32,072100000000000000000000000000","32,072100000000000000000000000000"]
["Insumo"," P9823 ","SICRO3","Serralheiro",1,null,null,null,"30,021200000000000000000000000000","30,021200000000000000000000000000"]
["Insumo"," P9824 ","SICRO3","Servente",2,null,null,null,"23,241200000000000000000000000000","46,482400000000000000000000000000"]
["Insumo"," P9801 ","SICRO3","Ajudante",2,null,null,null,"23,766800000000000000000000000000","47,533600000000000000000000000000"]
[{"$nulls":5},"Adicional de Mão de obra (%)",null,null,null,0]
[{"$nulls":5},"Custo horário total de mão de obra",null,null,null,156.10929999999999]
[{"$nulls":5},"Custo horário total de execução",null,null,null,192.5984]
[{"$nulls":5},"Produção de equipe",null,null,null,4]
[{"$nulls":5},"Custo unitário de execução",null,null,null,48.1496]
[{"$nulls":5},"Custo do FIC",null,null,null,0]
["C","Código","Banco","MATERIAL","Quantidade","Unidade","Preço Unitário",null,null,"Custo Horário"]
["Insumo"," M3235 ","SICRO3","Película retrorrefletiva tipo I",1,"m²","145,090800000000000000000000000000",null,null,"145,090800000000000000000000000000"]
["Insumo"," M3237 ","SICRO3","Película retrorrefletiva tipo III",0.4,"m²","235,793600000000000000000000000000",null,null,"94,317400000000000000000000000000"]
["Insumo"," M1367 ","SICRO3","Chapa fina em aço galvanizado",11.775,"kg","12,110700000000000000000000000000",null,null,"142,603500000000000000000000000000"]
[{"$nulls":5},"Custo unitário total de material",null,null,null,382.01170000000002]
["D","Código","Banco","ATIVIDADES AUXILIARES","Quantidade","Unidade","Preço Unitário",null,null,"Custo Horário"]
["Composição"," 5212552 ","SICRO3","Pintura eletrostática a pó com tinta poliéster em chapa de aço",1,"m²","18,750000000000000000000000000000",null,null,"18,750000000000000000000000000000"]
[{"$nulls":5},"Custo total de atividades auxiliares",null,null,null,18.75]
["E","Tempo Fixo","Banco","Descrição","Carga","Quantidade","Unidade","Preço Unitário",null,"Custo Horário"]
["Composição"," 5914655 ","SICRO3","Carga, manobra e descarga de materiais diversos em caminhão carroceria de 15 t - carga e descarga manuais","M3237",1.9000000000000001E-4,"t",35.75,null,6.7999999999999996E-3]
["Composição"," 5914333 ","SICRO3","Carga, manobra e descarga de materiais diversos em caminhão carroceria de 15 t - carga e descarga com caminhão guindauto com capacidade de elevação de 6,2 t","M1367",1.1780000000000001E-2,"t",34.72,null,0.40899999999999997]
["Composição"," 5914655 ","SICRO3","Carga, manobra e descarga de materiais diversos em caminhão carroceria de 15 t - carga e descarga manuais","M3235",4.4000000000000002E-4,"t",35.75,null,1.5699999999999999E-2]
[{"$nulls":5},"Custo Total dos Tempos Fixos",null,null,null,0.43149999999999999]
["F","Momento de Transporte","Banco","Descrição","Quantidade","Distância Média de Transporte (DMT)",null,null,null,"Custo Horário"]
[{"$nulls":5},"LN","RP","P","FE"]
["Insumo","M3235","SICRO3","Película retrorrefletiva tipo I",4.4000000000000002E-4,"5914449\n0,00\n1,12\n0,0000","5914464\n0,00\n0,90\n0,0000","5914479\n30,10\n0,73\n21,9730","--",9.7000000000000003E-3]
["Insumo","M3237","SICRO3","Película retrorrefletiva tipo III",1.9000000000000001E-4,"5914449\n0,00\n1,12\n0,0000","5914464\n0,00\n0,90\n0,0000","5914479\n30,10\n0,73\n21,9730","--",4.1999999999999997E-3]
["Insumo","M1367","SICRO3","Chapa fina em aço galvanizado",1.1780000000000001E-2,"5914449\n0,00\n1,12\n0,0000","5914464\n0,00\n0,90\n0,0000","5914479\n0,00\n0,73\n0,0000","--",0]
[{"$nulls":5},"Custo do FIT",null,null,null,0]
[{"$nulls":5},"Custo total de transporte",null,null,null,1.3842999999999999E-2]
[]
[" 9.2 ","Código","Banco","Descrição","Tipo",null,"Und","Quant.","Valor Unit","Total"]
["Composição"," 5213351 ","SICRO3","Suporte polimérico ecológico maciço colapsível D = 6,5 cm para placa de sinalização - fornecimento e implantação","",null,"un",1,745.45,745.45]
["A","Código","Banco","Equipamentos","Quantidade","Utilização",null,"Custo Horário",null,"Custo Horário Total"]
[{"$nulls":5},"Operativa","Improdutiva","Operativa","Improdutiva"]
["Insumo"," E9687 ","SICRO3","Caminhão carroceria com capacidade de 5 t - 120 kW",1,0.3,0.7,175.3391,71.250399999999999,102.477]
[{"$nulls":5},"Custo horário total de equipamentos",null,null,null,102.477]
["B","Código","Banco","Mão de Obra","Quantidade","Custo Horário",null,null,null,"Custo Horário Total"]
["Insumo"," P9824 ","SICRO3","Servente",1,null,null,null,"23,241200000000000000000000000000","23,241200000000000000000000000000"]
["Insumo"," P9830 ","SICRO3","Montador",1,null,null,null,"32,072100000000000000000000000000","32,072100000000000000000000000000"]
[{"$nulls":5},"Adicional de Mão de obra (%)",null,null,null,0]
[{"$nulls":5},"Custo horário total de mão de obra",null,null,null,55.313299999999998]
[{"$nulls":5},"Custo horário total de execução",null,null,null,157.7903]
[{"$nulls":5},"Produção de equipe",null,null,null,6]
[{"$nulls":5},"Custo unitário de execução",null,null,null,26.298400000000001]
[{"$nulls":5},"Custo do FIC",null,null,null,1.2871999999999999]
["C","Código","Banco","MATERIAL","Quantidade","Unidade","Preço Unitário",null,null,"Custo Horário"]
["Insumo"," M1591 ","SICRO3","Suporte polimérico ecológico maciço colapsível para placa de sinalização - D = 6,4 cm",3.6,"m","188,027800000000000000000000000000",null,null,"676,900100000000000000000000000000"]
["Insumo"," M0789 ","SICRO3","Conjunto para fixação de placas em aço galvanizado composto por barra chata, abraçadeira, parafusos, porcas e arruelas",0.69699999999999995,"kg","35,537800000000000000000000000000",null,null,"24,769800000000000000000000000000"]
[{"$nulls":5},"Custo unitário total de material",null,null,null,701.66989999999998]
["D","Código","Banco","ATIVIDADES AUXILIARES","Quantidade","Unidade","Preço Unitário",null,null,"Custo Horário"]
["Composição"," 1106165 ","SICRO3","Concreto ciclópico fck = 20 MPa - confecção em betoneira e lançamento manual - areia, brita e pedra de mão comerciais",1.414E-2,"m³","799,710000000000000000000000000000",null,null,"11,307900000000000000000000000000"]
["Composição"," 4805750 ","SICRO3","Escavação manual em material de 1ª categoria na profundidade de até 1 m",6.3619999999999996E-2,"m³","49,890000000000000000000000000000",null,null,"3,174000000000000000000000000000"]
["Composição"," 4815671 ","SICRO3","Reaterro e compactação com soquete vibratório",4.9480000000000003E-2,"m³","20,280000000000000000000000000000",null,null,"1,003500000000000000000000000000"]
[{"$nulls":5},"Custo total de atividades auxiliares",null,null,null,15.4854]
["E","Tempo Fixo","Banco","Descrição","Carga","Quantidade","Unidade","Preço Unitário",null,"Custo Horário"]
["Composição"," 5914655 ","SICRO3","Carga, manobra e descarga de materiais diversos em caminhão carroceria de 15 t - carga e descarga manuais","M1591",1.159E-2,"t",35.75,null,0.4143]
["Composição"," 5914655 ","SICRO3","Carga, manobra e descarga de materiais diversos em caminhão carroceria de 15 t - carga e descarga manuais","M0789",6.9999999999999999E-4,"t",35.75,null,2.5000000000000001E-2]
[{"$nulls":5},"Custo Total dos Tempos Fixos",null,null,null,0.43930000000000002]
["F","Momento de Transporte","Banco","Descrição","Quantidade","Distância Média de Transporte (DMT)",null,null,null,"Custo Horário"]
[{"$nulls":5},"LN","RP","P","FE"]
["Insumo","M0789","SICRO3","Conjunto para fixação de placas em aço galvanizado composto por barra chata, abraçadeira, parafusos, porcas e arruelas",6.9999999999999999E-4,"5914449\n0,00\n1,12\n0,0000","5914464\n0,00\n0,90\n0,0000","5914479\n30,10\n0,73\n21,9730","--",1.54E-2]
["Insumo","M1591","SICRO3","Suporte polimérico ecológico maciço colapsível para placa de sinalização - D = 6,4 cm",1.159E-2,"5914449\n0,00\n1,12\n0,0000","5914464\n0,00\n0,90\n0,0000","5914479\n30,10\n0,73\n21,9730","--",0.25469999999999998]
[{"$nulls":5},"Custo do FIT",null,null,null,0]
[{"$nulls":5},"Custo total de transporte",null,null,null,0.27004820000000002]
[]
[" 9.3 ","Código","Banco","Descrição","Tipo",null,"Und","Quant.","Valor Unit","Total"]
["Composição"," 5213403 ","SICRO3","Pintura de faixa com tinta acrílica emulsionada em água - espessura de 0,5 mm","",null,"m²",1,19.11,19.11]
["A","Código","Banco","Equipamentos","Quantidade","Utilização",null,"Custo Horário",null,"Custo Horário Total"]
[{"$nulls":5},"Operativa","Improdutiva","Operativa","Improdutiva"]
["Insumo"," E9644 ","SICRO3","Caminhão demarcador de faixas com sistema de pintura a frio - 28 kW/129 kW",1,1,0,461.63869999999997,192.04730000000001,461.63869999999997]
[{"$nulls":5},"Custo horário total de equipamentos",null,null,null,461.63869999999997]
["B","Código","Banco","Mão de Obra","Quantidade","Custo Horário",null,null,null,"Custo Horário Total"]
["Insumo"," P9824 ","SICRO3","Servente",4,null,null,null,"23,241200000000000000000000000000","92,964800000000000000000000000000"]
["Insumo"," P9853 ","SICRO3","Pré-marcador",1,null,null,null,"23,626700000000000000000000000000","23,626700000000000000000000000000"]
[{"$nulls":5},"Adicional de Mão de obra (%)",null,null,null,0]
[{"$nulls":5},"Custo horário total de mão de obra",null,null,null,116.5915]
[{"$nulls":5},"Custo horário total de execução",null,null,null,578.23019999999997]
[{"$nulls":5},"Produção de equipe",null,null,null,163.22999999999999]
[{"$nulls":5},"Custo unitário de execução",null,null,null,3.5424000000000002]
[{"$nulls":5},"Custo do FIC",null,null,null,0.1211]
["C","Código","Banco","MATERIAL","Quantidade","Unidade","Preço Unitário",null,null,"Custo Horário"]
["Insumo"," M2038 ","SICRO3","Microesferas refletivas de vidro tipo II-A",0.35,"kg","9,580800000000000000000000000000",null,null,"3,353300000000000000000000000000"]
["Insumo"," M2036 ","SICRO3","Tinta à base de resina acrílica emulsionada em água para demarcação viária",0.5,"l","22,051900000000000000000000000000",null,null,"11,026000000000000000000000000000"]
["Insumo"," M2037 ","SICRO3","Microesferas refletivas de vidro tipo I-B",0.1,"kg","9,779000000000000000000000000000",null,null,"0,977900000000000000000000000000"]
["Insumo"," M2044 ","SICRO3","Tinta à base de resina acrílica emulsionada em água para pré-marcação viária",9.7000000000000005E-4,"l","22,051900000000000000000000000000",null,null,"0,021400000000000000000000000000"]
[{"$nulls":5},"Custo unitário total de material",null,null,null,15.3786]
["E","Tempo Fixo","Banco","Descrição","Carga","Quantidade","Unidade","Preço Unitário",null,"Custo Horário"]
["Composição"," 5914655 ","SICRO3","Carga, manobra e descarga de materiais diversos em caminhão carroceria de 15 t - carga e descarga manuais","M2036",8.0000000000000004E-4,"t",35.75,null,2.86E-2]
["Composição"," 5914655 ","SICRO3","Carga, manobra e descarga de materiais diversos em caminhão carroceria de 15 t - carga e descarga manuais","M2037",1E-4,"t",35.75,null,3.5999999999999999E-3]
["Composição"," 5914655 ","SICRO3","Carga, manobra e descarga de materiais diversos em caminhão carroceria de 15 t - carga e descarga manuais","M2038",3.5E-4,"t",35.75,null,1.2500000000000001E-2]
[{"$nulls":5},"Custo Total dos Tempos Fixos",null,null,null,4.4699999999999997E-2]
["F","Momento de Transporte","Banco","Descrição","Quantidade","Distância Média de Transporte (DMT)",null,null,null,"Custo Horário"]
[{"$nulls":5},"LN","RP","P","FE"]
["Insumo","M2037","SICRO3","Microesferas refletivas de vidro tipo I-B",1E-4,"5914449\n0,00\n1,12\n0,0000","5914464\n0,00\n0,90\n0,0000","5914479\n30,10\n0,73\n21,9730","--",2.2000000000000001E-3]
["Insumo","M2038","SICRO3","Microesferas refletivas de vidro tipo II-A",3.5E-4,"5914449\n0,00\n1,12\n0,0000","5914464\n0,00\n0,90\n0,0000","5914479\n30,10\n0,73\n21,9730","--",7.7000000000000002E-3]
["Insumo","M2036","SICRO3","Tinta à base de resina acrílica emulsionada em água para demarcação viária",8.0000000000000004E-4,"5914449\n0,00\n1,12\n0,0000","5914464\n0,00\n0,90\n0,0000","5914479\n30,10\n0,73\n21,9730","--",1.7600000000000001E-2]
[{"$nulls":5},"Custo do FIT",null,null,null,0]
[{"$nulls":5},"Custo total de transporte",null,null,null,2.7466299999999999E-2]
[]
[" 9.4 ","Código","Banco","Descrição","Tipo",null,"Und","Quant.","Valor Unit","Total"]
["Composição"," 5213407 ","SICRO3","Pintura de setas e zebrados com tinta acrílica emulsionada em água - espessura de 0,5 mm","",null,"m²",1,35.270000000000003,35.270000000000003]
["A","Código","Banco","Equipamentos","Quantidade","Utilização",null,"Custo Horário",null,"Custo Horário Total"]
[{"$nulls":5},"Operativa","Improdutiva","Operativa","Improdutiva"]
["Insumo"," E9644 ","SICRO3","Caminhão demarcador de faixas com sistema de pintura a frio - 28 kW/129 kW",1,1,0,461.63869999999997,192.04730000000001,461.63869999999997]
[{"$nulls":5},"Custo horário total de equipamentos",null,null,null,461.63869999999997]
["B","Código","Banco","Mão de Obra","Quantidade","Custo Horário",null,null,null,"Custo Horário Total"]
["Insumo"," P9824 ","SICRO3","Servente",4,null,null,null,"23,241200000000000000000000000000","92,964800000000000000000000000000"]
["Insumo"," P9853 ","SICRO3","Pré-marcador",1,null,null,null,"23,626700000000000000000000000000","23,626700000000000000000000000000"]
[{"$nulls":5},"Adicional de Mão de obra (%)",null,null,null,0]
[{"$nulls":5},"Custo horário total de mão de obra",null,null,null,116.5915]
[{"$nulls":5},"Custo horário total de execução",null,null,null,578.23019999999997]
[{"$nulls":5},"Produção de equipe",null,null,null,30.18]
[{"$nulls":5},"Custo unitário de execução",null,null,null,19.159400000000002]
[{"$nulls":5},"Custo do FIC",null,null,null,0.6552]
["C","Código","Banco","MATERIAL","Quantidade","Unidade","Preço Unitário",null,null,"Custo Horário"]
["Insumo"," M2044 ","SICRO3","Tinta à base de resina acrílica emulsionada em água para pré-marcação viária",9.7000000000000005E-4,"l","22,051900000000000000000000000000",null,null,"0,021400000000000000000000000000"]
["Insumo"," M2037 ","SICRO3","Microesferas refletivas de vidro tipo I-B",0.1,"kg","9,779000000000000000000000000000",null,null,"0,977900000000000000000000000000"]
["Insumo"," M2036 ","SICRO3","Tinta à base de resina acrílica emulsionada em água para demarcação viária",0.5,"l","22,051900000000000000000000000000",null,null,"11,026000000000000000000000000000"]
["Insumo"," M2038 ","SICRO3","Microesferas refletivas de vidro tipo II-A",0.35,"kg","9,580800000000000000000000000000",null,null,"3,353300000000000000000000000000"]
[{"$nulls":5},"Custo unitário total de material",null,null,null,15.3786]
["E","Tempo Fixo","Banco","Descrição","Carga","Quantidade","Unidade","Preço Unitário",null,"Custo Horário"]
["Composição"," 5914655 ","SICRO3","Carga, manobra e descarga de materiais diversos em caminhão carroceria de 15 t - carga e descarga manuais","M2038",3.5E-4,"t",35.75,null,1.2500000000000001E-2]
["Composição"," 5914655 ","SICRO3","Carga, manobra e descarga de materiais diversos em caminhão carroceria de 15 t - carga e descarga manuais","M2036",8.0000000000000004E-4,"t",35.75,null,2.86E-2]
["Composição"," 5914655 ","SICRO3","Carga, manobra e descarga de materiais diversos em caminhão carroceria de 15 t - carga e descarga manuais","M2037",1E-4,"t",35.75,null,3.5999999999999999E-3]
[{"$nulls":5},"Custo Total dos Tempos Fixos",null,null,null,4.4699999999999997E-2]
["F","Momento de Transporte","Banco","Descrição","Quantidade","Distância Média de Transporte (DMT)",null,null,null,"Custo Horário"]
[{"$nulls":5},"LN","RP","P","FE"]
["Insumo","M2038","SICRO3","Microesferas refletivas de vidro tipo II-A",3.5E-4,"5914449\n0,00\n1,12\n0,0000","5914464\n0,00\n0,90\n0,0000","5914479\n30,10\n0,73\n21,9730","--",7.7000000000000002E-3]
["Insumo","M2037","SICRO3","Microesferas refletivas de vidro tipo I-B",1E-4,"5914449\n0,00\n1,12\n0,0000","5914464\n0,00\n0,90\n0,0000","5914479\n30,10\n0,73\n21,9730","--",2.2000000000000001E-3]
["Insumo","M2036","SICRO3","Tinta à base de resina acrílica emulsionada em água para demarcação viária",8.0000000000000004E-4,"5914449\n0,00\n1,12\n0,0000","5914464\n0,00\n0,90\n0,0000","5914479\n30,10\n0,73\n21,9730","--",1.7600000000000001E-2]
[{"$nulls":5},"Custo do FIT",null,null,null,0]
[{"$nulls":5},"Custo total de transporte",null,null,null,2.7466299999999999E-2]
[]
[" 10.1.1 ","Código","Banco","Descrição","Tipo",null,"Und","Quant.","Valor Unit","Total"]
["Composição"," 022969 ","SBC","REMOCAO POSTE CONCRETO ENGAT.CONC.10A13M C/E S/REAPROVEIT.","DEMOLICOES",null,"UN",1,956.5,956.5]
["Insumo"," 012620 ","SBC","CABO DE COBRE NU MEIO DURO 7 FIOS 35mm2","Material",null,"M",11.5,38.409999999999997,441.71499999999997]
["Insumo"," 099900 ","SBC","SERVENTE","Mão de Obra",null,"H",15.339,15.756288,241.68570159999999]
["Insumo"," 099050 ","SBC","PEDREIRO","Mão de Obra",null,"H",1.9019999999999999,23.441759999999999,44.5862275]
["Insumo"," 030542 ","SBC","CAMINHAO GUINDAUTO MERCEDES L1620 8tn 200CV","Material",null,"H",0.21,144,30.24]
["Insumo"," 099806 ","SBC","AJUDANTE DE ELETRICISTA","Mão de Obra",null,"H",2.4260000000000002,16.056000000000001,38.951855999999999]
["Insumo"," 099250 ","SBC","ELETRICISTA","Mão de Obra",null,"H",7.8840000000000003,20.209152,159.32895439999999]
[]
[" 10.1.2 ","Código","Banco","Descrição","Tipo",null,"Und","Quant.","Valor Unit","Total"]
["Composição"," 100585 ","SINAPI","ASSENTAMENTO DE POSTE DE CONCRETO COM COMPRIMENTO NOMINAL DE 12 M, CARGA NOMINAL MENOR OU IGUAL A 1000 DAN, ENGASTAMENTO SIMPLES COM 1,8 M DE SOLO (NÃO INCLUI FORNECIMENTO). AF_04/2025","Postes de Concreto e Metálicos",null,"UN",1,819.19,819.19]
["Composição Auxiliar"," 5928 ","SINAPI","GUINDAUTO HIDRÁULICO, CAPACIDADE MÁXIMA DE CARGA 6200 KG, MOMENTO MÁXIMO DE CARGA 11,7 TM, ALCANCE MÁXIMO HORIZONTAL 9,70 M, INCLUSIVE CAMINHÃO TOCO PBT 16.000 KG, POTÊNCIA DE 189 CV - CHP DIURNO. AF_06/2014","Custos Horários Produtivo e Improdutivo dos Equipamentos",null,"CHP",7.8740000000000004E-2,291.92250625999998,22.985978100000001]
["Composição Auxiliar"," 88247 ","SINAPI","AUXILIAR DE ELETRICISTA COM ENCARGOS COMPLEMENTARES","Livro SINAPI: Cálculos e Parâmetros",null,"H",1.1111818,23.583625999999999,26.205696]
["Composição Auxiliar"," 5930 ","SINAPI","GUINDAUTO HIDRÁULICO, CAPACIDADE MÁXIMA DE CARGA 6200 KG, MOMENTO MÁXIMO DE CARGA 11,7 TM, ALCANCE MÁXIMO HORIZONTAL 9,70 M, INCLUSIVE CAMINHÃO TOCO PBT 16.000 KG, POTÊNCIA DE 189 CV - CHI DIURNO. AF_06/2014","Custos Horários Produtivo e Improdutivo dos Equipamentos",null,"CHI",0.98652010000000001,74.221704465000002,73.221203299999999]
["Composição Auxiliar"," 88264 ","SINAPI","ELETRICISTA COM ENCARGOS COMPLEMENTARES","Livro SINAPI: Cálculos e Parâmetros",null,"H",5.0003181999999997,28.739106400000001,143.70467679999999]
["Insumo"," 00000863 ","SINAPI","CABO DE COBRE NU 35 MM2 MEIO-DURO","Material",null,"M",12,46.09,553.08000000000004]
[]
[" 10.1.4 ","Código","Banco","Descrição","Tipo",null,"Und","Quant.","Valor Unit","Total"]
["Composição"," 5915014 ","SICRO3","Transporte com caminhão carroceria com capacidade de 11,5 t e com guindauto com capacidade de elevação de 11,9 t - rodovia pavimentada","",null,"tkm",1,1.35,1.35]
["A","Código","Banco","Equipamentos","Quantidade","Utilização",null,"Custo Horário",null,"Custo Horário Total"]
[{"$nulls":5},"Operativa","Improdutiva","Operativa","Improdutiva"]
["Insumo"," E9041 ","SICRO3","Caminhão guindauto com capacidade de elevação de 11,9 t e carroceria de 11,5 t - 188 kW",1,1,0,399.62830000000002,125.8877,399.62830000000002]
[{"$nulls":5},"Custo horário total de equipamentos",null,null,null,399.62830000000002]
[{"$nulls":5},"Custo horário total de execução",null,null,null,399.62830000000002]
[{"$nulls":5},"Produção de equipe",null,null,null,296.56]
[{"$nulls":5},"Custo unitário de execução",null,null,null,1.3474999999999999]
[{"$nulls":5},"Custo do FIC",null,null,null,0]
["F","Momento de Transporte","Banco","Descrição","Quantidade","Distância Média de Transporte (DMT)",null,null,null,"Custo Horário"]
[{"$nulls":5},"LN","RP","P","FE"]
[{"$nulls":5},"Custo do FIT",null,null,null,0]
[{"$nulls":5},"Custo total de transporte",null,null,null,0]
[]
[" 10.2.1 ","Código","Banco","Descrição","Tipo",null,"Und","Quant.","Valor Unit","Total"]
["Composição"," 101553 ","SINAPI","ALÇA PREFORMADA DE DISTRIBUIÇÃO, EM AÇO GALVANIZADO, AWG 1 - FORNECIMENTO E INSTALAÇÃO. AF_12/2025","Instalações Elétricas - Rede de Distribuição",null,"UN",1,14.3,14.3]
["Composição Auxiliar"," 88247 ","SINAPI","AUXILIAR DE ELETRICISTA COM ENCARGOS COMPLEMENTARES","Livro SINAPI: Cálculos e Parâmetros",null,"H",2.826E-2,23.583625999999999,0.66647330000000005]
["Composição Auxiliar"," 88264 ","SINAPI","ELETRICISTA COM ENCARGOS COMPLEMENTARES","Livro SINAPI: Cálculos e Parâmetros",null,"H",0.14130000000000001,28.739106400000001,4.0608357000000002]
["Insumo"," 00011273 ","SINAPI","ALCA PREFORMADA DE DISTRIBUICAO, EM ACO GALVANIZADO, PARA CONDUTORES DE ALUMINIO AWG 1/0 (CAA 6/1 OU CA 7 FIOS)","Material",null,"UN",1,9.58,9.58]
[]
[" 10.2.2 ","Código","Banco","Descrição","Tipo",null,"Und","Quant.","Valor Unit","Total"]
["Composição"," 078564 ","SBC","ISOLADOR EM PORCELANA, TIPO PILAR, PARA TENSAO 15 KV GERMER","ATERRAMENTO",null,"UN",1,200.24,200.24]
["Insumo"," 036527 ","SBC","ISOLADOR DE PORCELANA TIPO PEDESTAL 25 KV","Material",null,"UN",1,196.73,196.73]
["Insumo"," 099250 ","SBC","ELETRICISTA","Mão de Obra",null,"H",9.7000000000000003E-2,20.209152,1.9602877000000001]
["Insumo"," 099806 ","SBC","AJUDANTE DE ELETRICISTA","Mão de Obra",null,"H",9.7000000000000003E-2,16.056000000000001,1.5574319999999999]
[]
[" 10.2.4 ","Código","Banco","Descrição","Tipo",null,"Und","Quant.","Valor Unit","Total"]
["Composição"," 078630 ","SBC","CRUZETA POLIMERICA RETA OCA P/ POSTE 90x112,5x2400mm","ATERRAMENTO",null,"UN",1,411.11,411.11]
["Insumo"," 031258 ","SBC","CRUZETA POLIMERICA RETA OCA P/POSTE 90x112,5x2400mm","Material",null,"UN",1,367.39,367.39]
["Insumo"," 099806 ","SBC","AJUDANTE DE ELETRICISTA","Mão de Obra",null,"H",1.0329999999999999,16.056000000000001,16.585847999999999]
["Insumo"," 099250 ","SBC","ELETRICISTA","Mão de Obra",null,"H",1.343,20.209152,27.140891100000001]
[]
[" 10.2.14 ","Código","Banco","Descrição","Tipo",null,"Und","Quant.","Valor Unit","Total"]
["Composição"," 065100 ","SBC","PARA RAIO POLIMERICO DE DISTRIBUICAO 15KV 10KA C/ FERRAGEM","INSTALACOES ELETRICAS - SUBESTACOES E GERACAO",null,"UN",1,745.05,745.05]
["Insumo"," 099250 ","SBC","ELETRICISTA","Mão de Obra",null,"H",5.4450000000000003,20.209152,110.03883260000001]
["Insumo"," 045604 ","SBC","PARA RAIO POLIMERICO DE DISTRIBUICAO 15KV 10KA C/ FERRAGE","Material",null,"UN",1,283,283]
["Insumo"," 099806 ","SBC","AJUDANTE DE ELETRICISTA","Mão de Obra",null,"H",5.4450000000000003,16.056000000000001,87.42492]
["Insumo"," 080188 ","SBC","BASE METALICA/SUPORTE DE PARA/RAIOS COM MASTRO 1.1/2\"","Material",null,"UN",1,79.44,79.44]
["Insumo"," 007366 ","SBC","MASTRO DE PARA-RAIOS GALVANIZADO 1.1/2\"x3,0m","Material",null,"UN",1,185.15,185.15]
[]
[" 10.2.15 ","Código","Banco","Descrição","Tipo",null,"Und","Quant.","Valor Unit","Total"]
["Composição"," 078037 ","SBC","CONECTOR PARALELO BRONZE 50mm PARA ATERRAMENTO","ATERRAMENTO",null,"UN",1,37.619999999999997,37.619999999999997]
["Insumo"," 078436 ","SBC","CONECTOR PARALELO BRONZE TEL 731 COM PARAFUSO 50mm PARA ATERRAMENTO","Material",null,"UN",1,24.9,24.9]
["Insumo"," 099806 ","SBC","AJUDANTE DE ELETRICISTA","Mão de Obra",null,"H",0.35099999999999998,16.056000000000001,5.635656]
["Insumo"," 099250 ","SBC","ELETRICISTA","Mão de Obra",null,"H",0.35099999999999998,20.209152,7.0934124000000001]
[]
[" 10.2.16 ","Código","Banco","Descrição","Tipo",null,"Und","Quant.","Valor Unit","Total"]
["Composição"," 063439 ","SBC","CABO SINGELO 0,6/1KV 2AWG - 25mm2","INSTALACOES ELETRICAS - LEITOS E CABOS",null,"M",1,43.43,43.43]
["Insumo"," 012491 ","SBC","CABO FLEXIVEL CLASSE 4 OU 5 1KV 1 CONDUTOR 25mm2","Material",null,"M",1,24.9,24.9]
["Insumo"," 099250 ","SBC","ELETRICISTA","Mão de Obra",null,"H",0.54200000000000004,20.209152,10.3268767]
["Insumo"," 099806 ","SBC","AJUDANTE DE ELETRICISTA","Mão de Obra",null,"H",0.54200000000000004,16.056000000000001,8.2046159999999997]
[]
[" 10.2.17 ","Código","Banco","Descrição","Tipo",null,"Und","Quant.","Valor Unit","Total"]
["Composição"," 078209 ","SBC","CABO COBRE NU CORDOALHA 7 FIOS 3/0 AWG - 70mm2","INSTALACOES ELETRICAS - ELETRODUTOS",null,"M",1,64.95,64.95]
["Insumo"," 099250 ","SBC","ELETRICISTA","Mão de Obra",null,"H",0.73199999999999998,20.209152,14.7930993]
["Insumo"," 012620 ","SBC","CABO DE COBRE NU MEIO DURO 7 FIOS 35mm2","Material",null,"M",1,38.409999999999997,38.409999999999997]
["Insumo"," 099806 ","SBC","AJUDANTE DE ELETRICISTA","Mão de Obra",null,"H",0.73199999999999998,16.056000000000001,11.752992000000001]
[]
[" 10.2.18 ","Código","Banco","Descrição","Tipo",null,"Und","Quant.","Valor Unit","Total"]
["Composição"," 078042 ","SBC","CONECTOR PARAFUSO FENDIDO SPLIT BOLD 1\"\" CABO 16mm2","ATERRAMENTO",null,"UN",1,25.98,25.98]
["Insumo"," 033262 ","SBC","CONECTOR METALICO TIPO PARAFUSO FENDIDO (SPLIT BOLD) 16mm","Material",null,"UN",1,8,8]
["Insumo"," 099806 ","SBC","AJUDANTE DE ELETRICISTA","Mão de Obra",null,"H",0.496,16.056000000000001,7.9637760000000002]
["Insumo"," 099250 ","SBC","ELETRICISTA","Mão de Obra",null,"H",0.496,20.209152,10.0237394]
[]
[" 10.2.20 ","Código","Banco","Descrição","Tipo",null,"Und","Quant.","Valor Unit","Total"]
["Composição"," 059230 ","SBC","HASTE ATERRAMENTO COBREADA 5/8\"\" x 2,40m NORMATIZADA INTELLI","INSTALACOES DE TELEFONE-LOGICA-CFTV-CATV",null,"UN",1,134.03,134.03]
["Insumo"," 099806 ","SBC","AJUDANTE DE ELETRICISTA","Mão de Obra",null,"H",1.2170000000000001,16.056000000000001,19.540151999999999]
["Insumo"," 099250 ","SBC","ELETRICISTA","Mão de Obra",null,"H",1.2170000000000001,20.209152,24.594538]
["Insumo"," 045201 ","SBC","HASTE ATERRAMENTO COBREADA 5/8\" x 2,40m 6715 670106 - MAGNET","Material",null,"UN",1,89.9,89.9]
[]
[" 10.2.21 ","Código","Banco","Descrição","Tipo",null,"Und","Quant.","Valor Unit","Total"]
["Composição"," 10433 ","ORSE","Fornecimento e instalação de chave seccionadora tripolar 15kv - 400a, com porta fusivel HH incorporado","Fornecimento de Materiais para Redes de Energia Elétrica e Iluminação",null,"un",1,2507.65,2507.65]
["Item","Código","Banco","Descrição","Tipo",null,"Und","Quant.","Valor Unit","Total"]
["Composição"," 10552 ","ORSE","Encargos Complementares - Eletricista","Provisórios",null,"h",3.5,"3,81","13,34"]
["Insumo"," 00002436/SINAPI ","ORSE","Eletricista (horista)","Mão de Obra",null,"h",3.5,"20,44","71,54"]
["Composição"," 10549 ","ORSE","Encargos Complementares - Servente","Provisórios",null,"h",3.5,"3,95","13,84"]
["Insumo"," 11211 ","ORSE","Chave seccionadora tripolar 15kv - 400a, com porta fusivel HH incorporado","Material",null,"un",1,"2.357,90","2.357,90"]
["Insumo"," 00006111/SINAPI ","ORSE","Servente de obras (horista)","Mão de Obra",null,"h",3.5,"14,58","51,03"]
["Detalhamento de Cálculo ORSE"]
["Item","Código","Banco","Descrição","Tipo",null,"Und","Quant.","Valor Unit","Total"]
["Insumo"," 00012895/SINAPI ","ORSE","Capacete de seguranca aba frontal com suspensao de polietileno, sem jugular (classe b)","Material",null,"un",4.1999999999999997E-3,"13,50","0,06"]
["Insumo"," 10596 ","ORSE","Protetor auricular","Material",null,"un",3.15E-2,"4,81","0,15"]
["Insumo"," 10579 ","ORSE","Chave de fenda chata 30 cm","Material",null,"un",6.9999999999999999E-4,"26,89","0,02"]
["Insumo"," 00012894/SINAPI ","ORSE","Capa para chuva em pvc com forro de poliester, com capuz (amarela ou azul)","Material",null,"un",1.4E-3,"20,11","0,03"]
["Insumo"," 10517 ","ORSE","Exames admissionais/demissionais (checkup)","Serviços",null,"cj",2.8E-3,"300,00","0,84"]
["Insumo"," 11241 ","ORSE","Alicate volt-amperimetro","Material",null,"un",6.9999999999999999E-4,"140,00","0,10"]
["Insumo"," 10761 ","ORSE","Refeição - café da manhã ( café com leite e dois pães com manteiga)","Serviços",null,"un",0.71260000000000001,"5,00","3,56"]
["Insumo"," 11240 ","ORSE","Alicate com isolamento","Material",null,"un",6.9999999999999999E-4,"47,69","0,03"]
["Insumo"," 1651 ","ORSE","Óculos branco proteção","Material",null,"pr",5.5999999999999999E-3,"6,00","0,03"]
["Insumo"," 10599 ","ORSE","Protetor solar fps 30 com 120ml","Material",null,"un",1.26E-2,"18,00","0,23"]
["Insumo"," 10492 ","ORSE","Cesta Básica","Material",null,"un",3.15E-2,"205,00","6,46"]
["Insumo"," 941 ","ORSE","Fardamento com mangas curta","Material",null,"un",1.0500000000000001E-2,"193,04","2,03"]
["Insumo"," 11242 ","ORSE","Chave inglesa 12\"","Material",null,"un",3.5E-4,"44,00","0,02"]
["Insumo"," 158 ","ORSE","Almoço (Participação do empregador)","Material",null,"un",0.71260000000000001,"14,00","9,98"]
["Insumo"," 00012893/SINAPI ","ORSE","Bota de seguranca com biqueira de aco e colarinho acolchoado","Material",null,"par",5.2500000000000003E-3,"73,93","0,39"]
["Insumo"," 2378 ","ORSE","Vale transporte","Material",null,"un",0.55825000000000002,"4,50","2,51"]
["Insumo"," 00012892/SINAPI ","ORSE","Luva raspa de couro, cano curto (punho *7* cm)","Material",null,"par",1.61E-2,"10,87","0,18"]
["Insumo"," 10362 ","ORSE","Seguro de vida e acidente em grupo","Serviços",null,"un",3.15E-2,"12,54","0,40"]
["Insumo"," 00002436/SINAPI ","ORSE","Eletricista (horista)","Mão de Obra",null,"h",3.5,"20,44","71,54"]
["Insumo"," 4728 ","ORSE","Talhadeira chata 10\"","Material",null,"un",1.0499999999999999E-3,"18,58","0,02"]
["Insumo"," 4729 ","ORSE","Marreta 1 kg com cabo","Material",null,"un",3.5E-4,"37,80","0,01"]
["Insumo"," 10788 ","ORSE","Pá quadrada","Material",null,"un",6.9999999999999999E-4,"36,90","0,03"]
["Insumo"," 00002711/SINAPI ","ORSE","Carrinho de mao, em aco, com capacidade de *45 a 65* l / *100* kg, pneu com camara","Material",null,"un",6.9999999999999999E-4,"185,00","0,13"]
["Insumo"," 11211 ","ORSE","Chave seccionadora tripolar 15kv - 400a, com porta fusivel HH incorporado","Material",null,"un",1,"2.357,90","2.357,90"]
["Insumo"," 00006111/SINAPI ","ORSE","Servente de obras (horista)","Mão de Obra",null,"h",3.5,"14,58","51,03"]
[]
[" 10.2.22 ","Código","Banco","Descrição","Tipo",null,"Und","Quant.","Valor Unit","Total"]
["Composição"," 065433 ","SBC","TRANSFORMADOR TRIFASICO 13,2KV 45 KVA INST EM POSTE","INSTALACOES ELETRICAS - SUBESTACOES E GERACAO",null,"UN",1,12700.04,12700.04]
["Insumo"," 099806 ","SBC","AJUDANTE DE ELETRICISTA","Mão de Obra",null,"H",8.532,16.056000000000001,136.98979199999999]
["Insumo"," 099031 ","SBC","ELETROTECNICO","Mão de Obra",null,"H",2.6829999999999998,37.207104000000001,99.826660000000004]
["Insumo"," 099250 ","SBC","ELETRICISTA","Mão de Obra",null,"H",8.532,20.209152,172.42448490000001]
["Insumo"," 030542 ","SBC","CAMINHAO GUINDAUTO MERCEDES L1620 8tn 200CV","Material",null,"H",1.325,144,190.8]
["Insumo"," 088620 ","SBC","TRANSFORMADOR 45KVA 15KV 3.800V - 220/380/440V ALUMINIO","Material",null,"UN",1,12100,12100]
[]
[" 10.2.23 ","Código","Banco","Descrição","Tipo",null,"Und","Quant.","Valor Unit","Total"]
["Composição"," 102110 ","SINAPI","SUPORTE PARA TRANSFORMADOR EM POSTE DE CONCRETO DUPLO T - FORNECIMENTO E INSTALAÇÃO. AF_12/2020","Transformadores",null,"UN",1,164.51,164.51]
["Composição Auxiliar"," 88264 ","SINAPI","ELETRICISTA COM ENCARGOS COMPLEMENTARES","Livro SINAPI: Cálculos e Parâmetros",null,"H",0.44359999999999999,28.739106400000001,12.748667599999999]
["Composição Auxiliar"," 88247 ","SINAPI","AUXILIAR DE ELETRICISTA COM ENCARGOS COMPLEMENTARES","Livro SINAPI: Cálculos e Parâmetros",null,"H",0.44359999999999999,23.583625999999999,10.4616965]
["Insumo"," 00007576 ","SINAPI","SUPORTE EM ACO GALVANIZADO PARA TRANSFORMADOR PARA POSTE DUPLO T 185 X 95 MM, CHAPA DE 5/16\"","Material",null,"UN",1,141.30000000000001,141.30000000000001]
[]
[" 10.2.24 ","Código","Banco","Descrição","Tipo",null,"Und","Quant.","Valor Unit","Total"]
["Composição"," 101542 ","SINAPI","ARMAÇÃO SECUNDÁRIA, COM 1 ESTRIBO, SEM ISOLADOR - FORNECIMENTO E INSTALAÇÃO. AF_12/2025","Instalações Elétricas - Rede de Distribuição",null,"UN",1,32.119999999999997,32.119999999999997]
["Composição Auxiliar"," 88264 ","SINAPI","ELETRICISTA COM ENCARGOS COMPLEMENTARES","Livro SINAPI: Cálculos e Parâmetros",null,"H",0.28029999999999999,28.739106400000001,8.0555714999999992]
["Composição Auxiliar"," 88247 ","SINAPI","AUXILIAR DE ELETRICISTA COM ENCARGOS COMPLEMENTARES","Livro SINAPI: Cálculos e Parâmetros",null,"H",5.6059999999999999E-2,23.583625999999999,1.3220981000000001]
["Insumo"," 00001094 ","SINAPI","ARMACAO VERTICAL COM HASTE E CONTRA-PINO, EM CHAPA DE ACO GALVANIZADO 3/16\", COM 1 ESTRIBO, SEM ISOLADOR","Material",null,"UN",1,18.239999999999998,18.239999999999998]
["Insumo"," 00039996 ","SINAPI","VERGALHAO ZINCADO ROSCA TOTAL, 1/4\" (6,3 MM)","Material",null,"M",0.16639999999999999,5.0999999999999996,0.84863999999999995]
["Insumo"," 00039997 ","SINAPI","PORCA ZINCADA, SEXTAVADA, DIAMETRO 1/4\"","Material",null,"UN",2,0.4,0.8]
["Insumo"," 00011267 ","SINAPI","ARRUELA LISA, REDONDA, DE LATAO POLIDO, DIAMETRO NOMINAL 5/8\", DIAMETRO EXTERNO = 34 MM, DIAMETRO DO FURO = 17 MM, ESPESSURA = *2,5* MM","Material",null,"UN",2,1.43,2.86]
[]
[" 10.2.25 ","Código","Banco","Descrição","Tipo",null,"Und","Quant.","Valor Unit","Total"]
["Composição"," 078655 ","SBC","ISOLADOR PARA PARA-RAIOS TIPO ROLDANA","ATERRAMENTO",null,"UN",1,21.77,21.77]
["Insumo"," 099806 ","SBC","AJUDANTE DE ELETRICISTA","Mão de Obra",null,"H",0.3,16.056000000000001,4.8167999999999997]
["Insumo"," 047772 ","SBC","ISOLADOR TIPO ROLDANA 72x72mm 060104 GERMER","Material",null,"UN",1,10.9,10.9]
["Insumo"," 099250 ","SBC","ELETRICISTA","Mão de Obra",null,"H",0.3,20.209152,6.0627456000000004]
[]
[" 10.2.26 ","Código","Banco","Descrição","Tipo",null,"Und","Quant.","Valor Unit","Total"]
["Composição"," 104751 ","SINAPI","CONECTOR GRAMPO PARALELO METÁLICO, PARA SPDA, PARA CABOS DE 6 A 50 MM2 - FORNECIMENTO E INSTALAÇÃO. AF_08/2023","Sistema de Proteção contra Descargas Atmosféricas - SPDA",null,"UN",1,23.37,23.37]
["Composição Auxiliar"," 88247 ","SINAPI","AUXILIAR DE ELETRICISTA COM ENCARGOS COMPLEMENTARES","Livro SINAPI: Cálculos e Parâmetros",null,"H",0.18629999999999999,23.583625999999999,4.3936295000000003]
["Composição Auxiliar"," 88264 ","SINAPI","ELETRICISTA COM ENCARGOS COMPLEMENTARES","Livro SINAPI: Cálculos e Parâmetros",null,"H",0.18629999999999999,28.739106400000001,5.3540954999999997]
["Insumo"," 00001564 ","SINAPI","GRAMPO PARALELO METALICO PARA CABO DE 6 A 50 MM2, COM 2 PARAFUSOS","Material",null,"UN",1,13.63,13.63]
[]
[" 10.2.27 ","Código","Banco","Descrição","Tipo",null,"Und","Quant.","Valor Unit","Total"]
["Composição"," 078321 ","SBC","CONDUTOR COBRE NU 70mm DE PARA-RAIOS COM SUPORTES","ATERRAMENTO",null,"M",1,107.93,107.93]
["Insumo"," 099806 ","SBC","AJUDANTE DE ELETRICISTA","Mão de Obra",null,"H",0.434,16.056000000000001,6.9683039999999998]
["Insumo"," 012622 ","SBC","CABO DE COBRE NU MEIO DURO 7 FIOS 70mm2","Material",null,"M",1.05,72.27,75.883499999999998]
["Insumo"," 010143 ","SBC","SUPORTE ISOLADOR SIMPLES EM ACO GALVANIZADO PARA MASTRO 2\" - UMA DESCIDA","Material",null,"UN",1,17.57,17.57]
["Insumo"," 099250 ","SBC","ELETRICISTA","Mão de Obra",null,"H",0.372,20.209152,7.5178044999999996]
[]
[" 10.2.28 ","Código","Banco","Descrição","Tipo",null,"Und","Quant.","Valor Unit","Total"]
["Composição"," 067010 ","SBC","ELETRODUTO GALVANIZADO NBR 5597 80mm 3\"\"","INSTALACOES ELETRICAS - SINALIZACAO",null,"M",1,124.02,124.02]
["Insumo"," 099806 ","SBC","AJUDANTE DE ELETRICISTA","Mão de Obra",null,"H",0.30099999999999999,16.056000000000001,4.8328559999999996]
["Insumo"," 099250 ","SBC","ELETRICISTA","Mão de Obra",null,"H",0.30099999999999999,20.209152,6.0829548000000004]
["Insumo"," 000517 ","SBC","ELETRODUTO GALVANIZADO (PESADO) NBR 5597 80mm 3\" (7,676kg/m)","Material",null,"M",1.1000000000000001,102.83,113.113]
[]
[" 10.2.30 ","Código","Banco","Descrição","Tipo",null,"Und","Quant.","Valor Unit","Total"]
["Composição"," 061452 ","SBC","CAIXA DE MEDICAO TRIFASICA CM3P4 TP LIGHT TAF","INSTALACOES ELETRICAS - ELETRODUTOS",null,"UN",1,110.93,110.93]
["Insumo"," 099250 ","SBC","ELETRICISTA","Mão de Obra",null,"H",0.99099999999999999,20.209152,20.0272696]
["Insumo"," 004953 ","SBC","CAIXA DE MEDICAO TRIFASICA CM3 P4 TP LIGHT TAF","Material",null,"UN",1,75,75]
["Insumo"," 099806 ","SBC","AJUDANTE DE ELETRICISTA","Mão de Obra",null,"H",0.99099999999999999,16.056000000000001,15.911496]
[]
[" 10.2.31 ","Código","Banco","Descrição","Tipo",null,"Und","Quant.","Valor Unit","Total"]
["Composição"," 88264 ","SINAPI","ELETRICISTA COM ENCARGOS COMPLEMENTARES","Livro SINAPI: Cálculos e Parâmetros",null,"H",1,28.73,28.73]
["Composição Auxiliar"," 95332 ","SINAPI","CURSO DE CAPACITAÇÃO PARA ELETRICISTA (ENCARGOS COMPLEMENTARES) - HORISTA","Livro SINAPI: Cálculos e Parâmetros",null,"H",1,0.85910640000000005,0.85910640000000005]
["Insumo"," 00037373 ","SINAPI","SEGURO - HORISTA (COLETADO CAIXA - ENCARGOS COMPLEMENTARES)","Encargos Complementares",null,"H",1,0.01,0.01]
["Insumo"," 00037371 ","SINAPI","TRANSPORTE - HORISTA (COLETADO CAIXA - ENCARGOS COMPLEMENTARES)","Encargos Complementares",null,"H",1,0.38,0.38]
["Insumo"," 00043484 ","SINAPI","EPI - FAMILIA ELETRICISTA - HORISTA (ENCARGOS COMPLEMENTARES - COLETADO CAIXA)","Encargos Complementares",null,"H",1,1.63,1.63]
["Insumo"," 00002436 ","SINAPI","ELETRICISTA (HORISTA)","Mão de Obra",null,"H",1,23.02,23.02]
["Insumo"," 00037372 ","SINAPI","EXAMES - HORISTA (COLETADO CAIXA - ENCARGOS COMPLEMENTARES)","Encargos Complementares",null,"H",1,1.3,1.3]
["Insumo"," 00037370 ","SINAPI","ALIMENTACAO - HORISTA (COLETADO CAIXA - ENCARGOS COMPLEMENTARES)","Encargos Complementares",null,"H",1,0.66,0.66]
["Insumo"," 00043460 ","SINAPI","FERRAMENTAS - FAMILIA ELETRICISTA - HORISTA (ENCARGOS COMPLEMENTARES - COLETADO CAIXA)","Encargos Complementares",null,"H",1,0.88,0.88]
[]
[" 10.2.32 ","Código","Banco","Descrição","Tipo",null,"Und","Quant.","Valor Unit","Total"]
["Composição"," 88266 ","SINAPI","ELETROTÉCNICO COM ENCARGOS COMPLEMENTARES","Livro SINAPI: Cálculos e Parâmetros",null,"H",1,32.11,32.11]
["Composição Auxiliar"," 95334 ","SINAPI","CURSO DE CAPACITAÇÃO PARA ELETROTÉCNICO (ENCARGOS COMPLEMENTARES) - HORISTA","Livro SINAPI: Cálculos e Parâmetros",null,"H",1,0.81620280000000001,0.81620280000000001]
["Insumo"," 00002438 ","SINAPI","ELETROTECNICO (HORISTA)","Mão de Obra",null,"H",1,26.44,26.44]
["Insumo"," 00043484 ","SINAPI","EPI - FAMILIA ELETRICISTA - HORISTA (ENCARGOS COMPLEMENTARES - COLETADO CAIXA)","Encargos Complementares",null,"H",1,1.63,1.63]
["Insumo"," 00037372 ","SINAPI","EXAMES - HORISTA (COLETADO CAIXA - ENCARGOS COMPLEMENTARES)","Encargos Complementares",null,"H",1,1.3,1.3]
["Insumo"," 00037373 ","SINAPI","SEGURO - HORISTA (COLETADO CAIXA - ENCARGOS COMPLEMENTARES)","Encargos Complementares",null,"H",1,0.01,0.01]
["Insumo"," 00043460 ","SINAPI","FERRAMENTAS - FAMILIA ELETRICISTA - HORISTA (ENCARGOS COMPLEMENTARES - COLETADO CAIXA)","Encargos Complementares",null,"H",1,0.88,0.88]
["Insumo"," 00037371 ","SINAPI","TRANSPORTE - HORISTA (COLETADO CAIXA - ENCARGOS COMPLEMENTARES)","Encargos Complementares",null,"H",1,0.38,0.38]
["Insumo"," 00037370 ","SINAPI","ALIMENTACAO - HORISTA (COLETADO CAIXA - ENCARGOS COMPLEMENTARES)","Encargos Complementares",null,"H",1,0.66,0.66]
[]
[" 10.2.33 ","Código","Banco","Descrição","Tipo",null,"Und","Quant.","Valor Unit","Total"]
["Composição"," 88316 ","SINAPI","SERVENTE COM ENCARGOS COMPLEMENTARES","Livro SINAPI: Cálculos e Parâmetros",null,"H",1,20.96,20.96]
["Composição Auxiliar"," 95378 ","SINAPI","CURSO DE CAPACITAÇÃO PARA SERVENTE (ENCARGOS COMPLEMENTARES) - HORISTA","Livro SINAPI: Cálculos e Parâmetros",null,"H",1,0.33601999999999999,0.33601999999999999]
["Insumo"," 00037373 ","SINAPI","SEGURO - HORISTA (COLETADO CAIXA - ENCARGOS COMPLEMENTARES)","Encargos Complementares",null,"H",1,0.01,0.01]
["Insumo"," 00037370 ","SINAPI","ALIMENTACAO - HORISTA (COLETADO CAIXA - ENCARGOS COMPLEMENTARES)","Encargos Complementares",null,"H",1,0.66,0.66]
["Insumo"," 00006111 ","SINAPI","SERVENTE DE OBRAS (HORISTA)","Mão de Obra",null,"H",1,15.85,15.85]
["Insumo"," 00037372 ","SINAPI","EXAMES - HORISTA (COLETADO CAIXA - ENCARGOS COMPLEMENTARES)","Encargos Complementares",null,"H",1,1.3,1.3]
["Insumo"," 00037371 ","SINAPI","TRANSPORTE - HORISTA (COLETADO CAIXA - ENCARGOS COMPLEMENTARES)","Encargos Complementares",null,"H",1,0.38,0.38]
["Insumo"," 00043491 ","SINAPI","EPI - FAMILIA SERVENTE - HORISTA (ENCARGOS COMPLEMENTARES - COLETADO CAIXA)","Encargos Complementares",null,"H",1,1.82,1.82]
["Insumo"," 00043467 ","SINAPI","FERRAMENTAS - FAMILIA SERVENTE - HORISTA (ENCARGOS COMPLEMENTARES - COLETADO CAIXA)","Encargos Complementares",null,"H",1,0.61,0.61]
[]
[" 10.3.7 ","Código","Banco","Descrição","Tipo",null,"Und","Quant.","Valor Unit","Total"]
["Composição"," 061873 ","SBC","CONECTOR METALICO TIPO PARAFUSO FENDIDO (SPLIT BOLT)120mm","INSTALACOES ELETRICAS - ELETRODUTOS",null,"UN",1,51.36,51.36]
["Insumo"," 099806 ","SBC","AJUDANTE DE ELETRICISTA","Mão de Obra",null,"H",0.46500000000000002,16.056000000000001,7.4660399999999996]
["Insumo"," 099250 ","SBC","ELETRICISTA","Mão de Obra",null,"H",0.46500000000000002,20.209152,9.3972557000000005]
["Insumo"," 033267 ","SBC","CONECTOR METALICO TIPO PARAFUSO FENDIDO (SPLIT BOLT) 120mm","Material",null,"UN",1,34.5,34.5]
[]
[" 10.3.8 ","Código","Banco","Descrição","Tipo",null,"Und","Quant.","Valor Unit","Total"]
["Composição"," 060881 ","SBC","SUPORTE LUMINARIA ALTURA VARIAVEL 0,80m","INSTALACOES ELETRICAS - LUMINARIAS",null,"UN",1,76.650000000000006,76.650000000000006]
["Insumo"," 003422 ","SBC","ARRUELA ACO 1/2\"","Material",null,"UN",4,0.28000000000000003,1.1200000000000001]
["Insumo"," 099250 ","SBC","ELETRICISTA","Mão de Obra",null,"H",0.48599999999999999,20.209152,9.8216479000000003]
["Insumo"," 004026 ","SBC","PARAFUSO ACO SEXTAVADO ASTM A325 1/2\" x 2.1/2\"","Material",null,"UN",2,5.83,11.66]
["Insumo"," 000264 ","SBC","PERFIL \"L\" ABAS DESIGUAIS 1.1/2\"x5/16\" (9,08kg/m)","Material",null,"KG",3.3759999999999999,12.17,41.085920000000002]
["Insumo"," 003156 ","SBC","PORCA ACO SEXTAVADA A325 1/2\"","Material",null,"UN",2,2.58,5.16]
["Insumo"," 099806 ","SBC","AJUDANTE DE ELETRICISTA","Mão de Obra",null,"H",0.48599999999999999,16.056000000000001,7.8032159999999999]
[]
[" 10.3.9 ","Código","Banco","Descrição","Tipo",null,"Und","Quant.","Valor Unit","Total"]
["Composição"," 101659 ","SINAPI","LUMINÁRIA DE LED PARA ILUMINAÇÃO PÚBLICA, DE 181 W ATÉ 239 W - FORNECIMENTO E INSTALAÇÃO. AF_02/2025_PS","Luminárias Externas",null,"UN",1,671.27,671.27]
["Composição Auxiliar"," 5928 ","SINAPI","GUINDAUTO HIDRÁULICO, CAPACIDADE MÁXIMA DE CARGA 6200 KG, MOMENTO MÁXIMO DE CARGA 11,7 TM, ALCANCE MÁXIMO HORIZONTAL 9,70 M, INCLUSIVE CAMINHÃO TOCO PBT 16.000 KG, POTÊNCIA DE 189 CV - CHP DIURNO. AF_06/2014","Custos Horários Produtivo e Improdutivo dos Equipamentos",null,"CHP",0.20160710000000001,291.92250625999998,58.853649900000001]
["Composição Auxiliar"," 5930 ","SINAPI","GUINDAUTO HIDRÁULICO, CAPACIDADE MÁXIMA DE CARGA 6200 KG, MOMENTO MÁXIMO DE CARGA 11,7 TM, ALCANCE MÁXIMO HORIZONTAL 9,70 M, INCLUSIVE CAMINHÃO TOCO PBT 16.000 KG, POTÊNCIA DE 189 CV - CHI DIURNO. AF_06/2014","Custos Horários Produtivo e Improdutivo dos Equipamentos",null,"CHI",5.1701400000000002E-2,74.221704465000002,3.8373659999999998]
["Composição Auxiliar"," 88264 ","SINAPI","ELETRICISTA COM ENCARGOS COMPLEMENTARES","Livro SINAPI: Cálculos e Parâmetros",null,"H",0.2064,28.739106400000001,5.9317516000000001]
["Composição Auxiliar"," 88247 ","SINAPI","AUXILIAR DE ELETRICISTA COM ENCARGOS COMPLEMENTARES","Livro SINAPI: Cálculos e Parâmetros",null,"H",0.2064,23.583625999999999,4.8676604000000001]
["Insumo"," 00021127 ","SINAPI","FITA ISOLANTE ADESIVA ANTICHAMA, USO ATE 750 V, EM ROLO DE 19 MM X 5 M","Material",null,"UN",1.4E-2,12.1,0.1694]
["Insumo"," 00042248 ","SINAPI","LUMINARIA DE LED PARA ILUMINACAO PUBLICA, DE 181 W ATE 239 W, INVOLUCRO EM ALUMINIO OU ACO INOX","Material",null,"UN",1,597.62,597.62]
[]
[" 10.3.10 ","Código","Banco","Descrição","Tipo",null,"Und","Quant.","Valor Unit","Total"]
["Composição"," 101636 ","SINAPI","BRAÇO PARA ILUMINAÇÃO PÚBLICA, EM TUBO DE AÇO GALVANIZADO, COMPRIMENTO DE 1,50 M, PARA FIXAÇÃO EM POSTE DE CONCRETO - FORNECIMENTO E INSTALAÇÃO. AF_02/2025_PS","Luminárias Externas",null,"UN",1,144.49,144.49]
["Composição Auxiliar"," 5928 ","SINAPI","GUINDAUTO HIDRÁULICO, CAPACIDADE MÁXIMA DE CARGA 6200 KG, MOMENTO MÁXIMO DE CARGA 11,7 TM, ALCANCE MÁXIMO HORIZONTAL 9,70 M, INCLUSIVE CAMINHÃO TOCO PBT 16.000 KG, POTÊNCIA DE 189 CV - CHP DIURNO. AF_06/2014","Custos Horários Produtivo e Improdutivo dos Equipamentos",null,"CHP",0.20160710000000001,291.92250625999998,58.853649900000001]
["Composição Auxiliar"," 5930 ","SINAPI","GUINDAUTO HIDRÁULICO, CAPACIDADE MÁXIMA DE CARGA 6200 KG, MOMENTO MÁXIMO DE CARGA 11,7 TM, ALCANCE MÁXIMO HORIZONTAL 9,70 M, INCLUSIVE CAMINHÃO TOCO PBT 16.000 KG, POTÊNCIA DE 189 CV - CHI DIURNO. AF_06/2014","Custos Horários Produtivo e Improdutivo dos Equipamentos",null,"CHI",5.1701400000000002E-2,74.221704465000002,3.8373659999999998]
["Composição Auxiliar"," 88264 ","SINAPI","ELETRICISTA COM ENCARGOS COMPLEMENTARES","Livro SINAPI: Cálculos e Parâmetros",null,"H",0.57399999999999995,28.739106400000001,16.496247100000001]
["Composição Auxiliar"," 88247 ","SINAPI","AUXILIAR DE ELETRICISTA COM ENCARGOS COMPLEMENTARES","Livro SINAPI: Cálculos e Parâmetros",null,"H",0.57399999999999995,23.583625999999999,13.5370013]
["Insumo"," 00001022 ","SINAPI","CABO DE COBRE, FLEXIVEL, CLASSE 4 OU 5, ISOLACAO EM PVC/A, ANTICHAMA BWF-B, COBERTURA PVC-ST1, ANTICHAMA BWF-B, 1 CONDUTOR, 0,6/1 KV, SECAO NOMINAL 2,5 MM2","Material",null,"M",5,3.31,16.55]
["Insumo"," 00002512 ","SINAPI","BRACO P/ LUMINARIA PUBLICA 1 X 1,50M ROMAGNOLE OU EQUIV","Material",null,"UN",1,35.22,35.22]
[]
[" 10.3.11 ","Código","Banco","Descrição","Tipo",null,"Und","Quant.","Valor Unit","Total"]
["Composição"," 101632 ","SINAPI","RELÉ FOTOELÉTRICO PARA COMANDO DE ILUMINAÇÃO EXTERNA 1000 W - FORNECIMENTO E INSTALAÇÃO. AF_02/2025","Luminárias Externas",null,"UN",1,33.04,33.04]
["Composição Auxiliar"," 88264 ","SINAPI","ELETRICISTA COM ENCARGOS COMPLEMENTARES","Livro SINAPI: Cálculos e Parâmetros",null,"H",1.46E-2,28.739106400000001,0.41959099999999999]
["Composição Auxiliar"," 88247 ","SINAPI","AUXILIAR DE ELETRICISTA COM ENCARGOS COMPLEMENTARES","Livro SINAPI: Cálculos e Parâmetros",null,"H",1.46E-2,23.583625999999999,0.34432089999999999]
["Insumo"," 00021127 ","SINAPI","FITA ISOLANTE ADESIVA ANTICHAMA, USO ATE 750 V, EM ROLO DE 19 MM X 5 M","Material",null,"UN",2.1000000000000001E-2,12.1,0.25409999999999999]
["Insumo"," 00002510 ","SINAPI","RELE FOTOELETRICO INTERNO E EXTERNO BIVOLT 1000 W, DE CONECTOR, SEM BASE","Material",null,"UN",1,32.03,32.03]
[]
[" 10.3.12 ","Código","Banco","Descrição","Tipo",null,"Und","Quant.","Valor Unit","Total"]
["Composição"," 96985 ","SINAPI","HASTE DE ATERRAMENTO, DIÂMETRO 5/8\", COM 3 METROS - FORNECIMENTO E INSTALAÇÃO. AF_08/2023","Sistema de Proteção contra Descargas Atmosféricas - SPDA",null,"UN",1,82.98,82.98]
["Composição Auxiliar"," 88247 ","SINAPI","AUXILIAR DE ELETRICISTA COM ENCARGOS COMPLEMENTARES","Livro SINAPI: Cálculos e Parâmetros",null,"H",0.24840000000000001,23.583625999999999,5.8581726999999999]
["Composição Auxiliar"," 88264 ","SINAPI","ELETRICISTA COM ENCARGOS COMPLEMENTARES","Livro SINAPI: Cálculos e Parâmetros",null,"H",0.24840000000000001,28.739106400000001,7.1387939999999999]
["Insumo"," 00003379 ","SINAPI","HASTE DE ATERRAMENTO EM ACO COM 3,00 M DE COMPRIMENTO E DN = 5/8\", REVESTIDA COM BAIXA CAMADA DE COBRE, SEM CONECTOR","Material",null,"UN",1,69.989999999999995,69.989999999999995]
[]
[" 10.3.13 ","Código","Banco","Descrição","Tipo",null,"Und","Quant.","Valor Unit","Total"]
["Composição"," 98111 ","SINAPI","CAIXA DE INSPEÇÃO PARA ATERRAMENTO, CIRCULAR, EM POLIETILENO, DIÂMETRO INTERNO = 0,3 M. AF_12/2020","Caixas Enterradas",null,"UN",1,60.98,60.98]
["Composição Auxiliar"," 101618 ","SINAPI","PREPARO DE FUNDO DE VALA COM LARGURA MENOR QUE 1,5 M, COM CAMADA DE AREIA, LANÇAMENTO MANUAL. AF_01/2026","Escoramento e Preparo de Fundo de Valas",null,"m³",1.41E-2,283.16258904246217,3.9925925000000002]
["Composição Auxiliar"," 88316 ","SINAPI","SERVENTE COM ENCARGOS COMPLEMENTARES","Livro SINAPI: Cálculos e Parâmetros",null,"H",0.10879999999999999,20.96602,2.2811029999999999]
["Composição Auxiliar"," 88309 ","SINAPI","PEDREIRO COM ENCARGOS COMPLEMENTARES","Livro SINAPI: Cálculos e Parâmetros",null,"H",0.1384,26.511984000000002,3.6692586]
["Insumo"," 00034643 ","SINAPI","CAIXA DE INSPECAO PARA ATERRAMENTO E PARA RAIOS, EM POLIPROPILENO, DIAMETRO = 300 MM X ALTURA = 400 MM (INCLUIDA TAMPA SEM ESCOTILHA)","Material",null,"UN",1,51.04,51.04]
[]
[" 10.3.14 ","Código","Banco","Descrição","Tipo",null,"Und","Quant.","Valor Unit","Total"]
["Composição"," 91930 ","SINAPI","CABO DE COBRE FLEXÍVEL ISOLADO, 6 MM², ANTI-CHAMA 450/750 V, PARA CIRCUITOS TERMINAIS - FORNECIMENTO E INSTALAÇÃO. AF_03/2023","Instalações Elétricas - Eletrodutos Embutidos, Cabos, Caixas, Tomadas e Interruptores",null,"M",1,11.03,11.03]
["Composição Auxiliar"," 88247 ","SINAPI","AUXILIAR DE ELETRICISTA COM ENCARGOS COMPLEMENTARES","Livro SINAPI: Cálculos e Parâmetros",null,"H",5.0999999999999997E-2,23.583625999999999,1.2027649]
["Composição Auxiliar"," 88264 ","SINAPI","ELETRICISTA COM ENCARGOS COMPLEMENTARES","Livro SINAPI: Cálculos e Parâmetros",null,"H",5.0999999999999997E-2,28.739106400000001,1.4656944000000001]
["Insumo"," 00021127 ","SINAPI","FITA ISOLANTE ADESIVA ANTICHAMA, USO ATE 750 V, EM ROLO DE 19 MM X 5 M","Material",null,"UN",9.4000000000000004E-3,12.1,0.11373999999999999]
["Insumo"," 00000982 ","SINAPI","CABO DE COBRE, FLEXIVEL, CLASSE 4 OU 5, ISOLACAO EM PVC/A, ANTICHAMA BWF-B, 1 CONDUTOR, 450/750 V, SECAO NOMINAL 6 MM2","Material",null,"M",1.2434000000000001,6.64,8.256176]
[]
[" 10.3.15 ","Código","Banco","Descrição","Tipo",null,"Und","Quant.","Valor Unit","Total"]
["Composição"," 063408 ","SBC","CABO FLEX CLASS 4 OU 5 450/750V 120mm2","INSTALACOES ELETRICAS - LEITOS E CABOS",null,"M",1,134.13,134.13]
["Insumo"," 004994 ","SBC","CABO FLEXIVEL CLASSE 4 OU 5 450/750V 120mm2","Material",null,"M",1.05,112.52,118.146]
["Insumo"," 099250 ","SBC","ELETRICISTA","Mão de Obra",null,"H",0.441,20.209152,8.912236]
["Insumo"," 099806 ","SBC","AJUDANTE DE ELETRICISTA","Mão de Obra",null,"H",0.441,16.056000000000001,7.0806959999999997]
[]
[" 11.1 ","Código","Banco","Descrição","Tipo",null,"Und","Quant.","Valor Unit","Total"]
["Composição"," 3713612 ","SICRO3","Cerca com 4 fios de arame farpado e mourão de concreto de seção triangular de 11 cm a cada 2,5 m e esticador de 15 cm a cada 50 m - areia e brita comerciais","",null,"m",1,32.49,32.49]
["B","Código","Banco","Mão de Obra","Quantidade","Custo Horário",null,null,null,"Custo Horário Total"]
["Insumo"," P9824 ","SICRO3","Servente",10,null,null,null,"23,241200000000000000000000000000","232,412000000000000000000000000000"]
[{"$nulls":5},"Adicional de Mão de obra (%)",null,null,null,0]
[{"$nulls":5},"Custo horário total de mão de obra",null,null,null,232.41200000000001]
[{"$nulls":5},"Custo horário total de execução",null,null,null,232.41200000000001]
[{"$nulls":5},"Produção de equipe",null,null,null,15]
[{"$nulls":5},"Custo unitário de execução",null,null,null,15.4941]
[{"$nulls":5},"Custo do FIC",null,null,null,0.94550000000000001]
["C","Código","Banco","MATERIAL","Quantidade","Unidade","Preço Unitário",null,null,"Custo Horário"]
["Insumo"," M0072 ","SICRO3","Arame liso em aço galvanizado - D = 2,10 mm (14 BWG)",1.728E-2,"kg","19,509700000000000000000000000000",null,null,"0,337100000000000000000000000000"]
["Insumo"," M0069 ","SICRO3","Arame farpado em aço galvanizado - D = 1,60 mm",4,"m","0,899000000000000000000000000000",null,null,"3,596000000000000000000000000000"]
[{"$nulls":5},"Custo unitário total de material",null,null,null,3.9331]
["D","Código","Banco","ATIVIDADES AUXILIARES","Quantidade","Unidade","Preço Unitário",null,null,"Custo Horário"]
["Composição"," 3716135 ","SICRO3","Fabricação de mourão de concreto suporte - seção triangular de 11 cm - areia e brita comerciais",0.42,"un","25,880000000000000000000000000000",null,null,"10,869600000000000000000000000000"]
["Composição"," 3716133 ","SICRO3","Fabricação de mourão de concreto esticador - seção triangular de 15 cm - areia e brita comercias",0.02,"un","39,480000000000000000000000000000",null,null,"0,789600000000000000000000000000"]
[{"$nulls":5},"Custo total de atividades auxiliares",null,null,null,11.6592]
["E","Tempo Fixo","Banco","Descrição","Carga","Quantidade","Unidade","Preço Unitário",null,"Custo Horário"]
["Composição"," 5914655 ","SICRO3","Carga, manobra e descarga de materiais diversos em caminhão carroceria de 15 t - carga e descarga manuais",3716133,1.0499999999999999E-3,"t",35.75,null,3.7499999999999999E-2]
["Composição"," 5914655 ","SICRO3","Carga, manobra e descarga de materiais diversos em caminhão carroceria de 15 t - carga e descarga manuais","M0069",2.0000000000000001E-4,"t",35.75,null,7.1999999999999998E-3]
["Composição"," 5914655 ","SICRO3","Carga, manobra e descarga de materiais diversos em caminhão carroceria de 15 t - carga e descarga manuais",3716135,1.1520000000000001E-2,"t",35.75,null,0.4118]
["Composição"," 5914655 ","SICRO3","Carga, manobra e descarga de materiais diversos em caminhão carroceria de 15 t - carga e descarga manuais","M0072",2.0000000000000002E-5,"t",35.75,null,6.9999999999999999E-4]
[{"$nulls":5},"Custo Total dos Tempos Fixos",null,null,null,0.4572]
["F","Momento de Transporte","Banco","Descrição","Quantidade","Distância Média de Transporte (DMT)",null,null,null,"Custo Horário"]
[{"$nulls":5},"LN","RP","P","FE"]
["Composição",3716135,"SICRO3","Fabricação de mourão de concreto suporte - seção triangular de 11 cm - areia e brita comerciais",1.1520000000000001E-2,"5914449\n0,00\n1,12\n0,0000","5914464\n0,00\n0,90\n0,0000","5914479\n0,00\n0,73\n0,0000","--",0]
["Insumo","M0069","SICRO3","Arame farpado em aço galvanizado - D = 1,60 mm",2.0000000000000001E-4,"5914449\n0,00\n1,12\n0,0000","5914464\n0,00\n0,90\n0,0000","5914479\n30,10\n0,73\n21,9730","--",4.4000000000000003E-3]
["Insumo","M0072","SICRO3","Arame liso em aço galvanizado - D = 2,10 mm (14 BWG)",2.0000000000000002E-5,"5914449\n0,00\n1,12\n0,0000","5914464\n0,00\n0,90\n0,0000","5914479\n30,10\n0,73\n21,9730","--",4.0000000000000002E-4]
["Composição",3716133,"SICRO3","Fabricação de mourão de concreto esticador - seção triangular de 15 cm - areia e brita comercias",1.0499999999999999E-3,"5914449\n0,00\n1,12\n0,0000","5914464\n0,00\n0,90\n0,0000","5914479\n0,00\n0,73\n0,0000","--",0]
[{"$nulls":5},"Custo do FIT",null,null,null,0]
[{"$nulls":5},"Custo total de transporte",null,null,null,4.8341E-3]
[]
["Composições Auxiliares"]
[null,"Código","Banco","Descrição","Tipo",null,"Und","Quant.","Valor Unit","Total"]
["Composição"," 94783 ","SINAPI","ADAPTADOR COM FLANGE E ANEL DE VEDAÇÃO, PVC, SOLDÁVEL, DN 20 MM X 1/2\", INSTALADO EM RESERVAÇÃO PREDIAL DE ÁGUA - FORNECIMENTO E INSTALAÇÃO. AF_04/2024","Instalações Hidráulicas - Reservação e Bombas de Recalque",null,"UN",1,17.649999999999999,17.649999999999999]
["Composição Auxiliar"," 88267 ","SINAPI","ENCANADOR OU BOMBEIRO HIDRÁULICO COM ENCARGOS COMPLEMENTARES","Livro SINAPI: Cálculos e Parâmetros",null,"H",0.13109999999999999,25.943333599999999,3.4011710000000002]
["Composição Auxiliar"," 88248 ","SINAPI","AUXILIAR DE ENCANADOR OU BOMBEIRO HIDRÁULICO COM ENCARGOS COMPLEMENTARES","Livro SINAPI: Cálculos e Parâmetros",null,"H",0.13109999999999999,22.614539000000001,2.9647660999999998]
["Insumo"," 00000095 ","SINAPI","ADAPTADOR PVC SOLDAVEL, COM FLANGE E ANEL DE VEDACAO, 20 MM X 1/2\", PARA CAIXA D'AGUA","Material",null,"UN",1,10.88,10.88]
["Insumo"," 00000122 ","SINAPI","ADESIVO PLASTICO PARA PVC, FRASCO COM *850* GR","Material",null,"UN",2.3999999999999998E-3,70.709999999999994,0.16970399999999999]
["Insumo"," 00020083 ","SINAPI","SOLUCAO PREPARADORA / LIMPADORA PARA PVC, FRASCO COM 1000 CM3","Material",null,"UN",3.0000000000000001E-3,80.11,0.24032999999999999]
[]
[null,"Código","Banco","Descrição","Tipo",null,"Und","Quant.","Valor Unit","Total"]
["Composição"," 94706 ","SINAPI","ADAPTADOR COM FLANGE E ANEL DE VEDAÇÃO, PVC, SOLDÁVEL, DN 50 MM X 1 1/2\", INSTALADO EM RESERVAÇÃO PREDIAL DE ÁGUA - FORNECIMENTO E INSTALAÇÃO. AF_04/2024","Instalações Hidráulicas - Reservação e Bombas de Recalque",null,"UN",1,33.81,33.81]
["Composição Auxiliar"," 88267 ","SINAPI","ENCANADOR OU BOMBEIRO HIDRÁULICO COM ENCARGOS COMPLEMENTARES","Livro SINAPI: Cálculos e Parâmetros",null,"H",0.1472,25.943333599999999,3.8188586999999998]
["Composição Auxiliar"," 88248 ","SINAPI","AUXILIAR DE ENCANADOR OU BOMBEIRO HIDRÁULICO COM ENCARGOS COMPLEMENTARES","Livro SINAPI: Cálculos e Parâmetros",null,"H",0.1472,22.614539000000001,3.3288601]
["Insumo"," 00000099 ","SINAPI","ADAPTADOR PVC SOLDAVEL, COM FLANGE E ANEL DE VEDACAO, 50 MM X 1 1/2\", PARA CAIXA D'AGUA","Material",null,"UN",1,25.19,25.19]
["Insumo"," 00038383 ","SINAPI","LIXA D'AGUA EM FOLHA, COR PRETA, GRAO 100","Material",null,"UN",7.7999999999999996E-3,2,1.5599999999999999E-2]
["Insumo"," 00000122 ","SINAPI","ADESIVO PLASTICO PARA PVC, FRASCO COM *850* GR","Material",null,"UN",8.2000000000000007E-3,70.709999999999994,0.57982199999999995]
["Insumo"," 00020083 ","SINAPI","SOLUCAO PREPARADORA / LIMPADORA PARA PVC, FRASCO COM 1000 CM3","Material",null,"UN",1.0999999999999999E-2,80.11,0.88121000000000005]
[]
[null,"Código","Banco","Descrição","Tipo",null,"Und","Quant.","Valor Unit","Total"]
["Composição"," 94656 ","SINAPI","ADAPTADOR CURTO COM BOLSA E ROSCA PARA REGISTRO, PVC, SOLDÁVEL, DN 25 MM X 3/4\", INSTALADO EM RESERVAÇÃO PREDIAL DE ÁGUA - FORNECIMENTO E INSTALAÇÃO. AF_04/2024","Instalações Hidráulicas - Reservação e Bombas de Recalque",null,"UN",1,3.37,3.37]
["Composição Auxiliar"," 88267 ","SINAPI","ENCANADOR OU BOMBEIRO HIDRÁULICO COM ENCARGOS COMPLEMENTARES","Livro SINAPI: Cálculos e Parâmetros",null,"H",3.8399999999999997E-2,25.943333599999999,0.996224]
["Composição Auxiliar"," 88248 ","SINAPI","AUXILIAR DE ENCANADOR OU BOMBEIRO HIDRÁULICO COM ENCARGOS COMPLEMENTARES","Livro SINAPI: Cálculos e Parâmetros",null,"H",3.8399999999999997E-2,22.614539000000001,0.86839829999999996]
["Insumo"," 00003148 ","SINAPI","FITA VEDA ROSCA, EM PTFE, ROLO DE 18 MM X 50 M (L X C)","Material",null,"UN",5.3E-3,16.59,8.7927000000000005E-2]
["Insumo"," 00020083 ","SINAPI","SOLUCAO PREPARADORA / LIMPADORA PARA PVC, FRASCO COM 1000 CM3","Material",null,"UN",4.0000000000000001E-3,80.11,0.32044]
["Insumo"," 00000122 ","SINAPI","ADESIVO PLASTICO PARA PVC, FRASCO COM *850* GR","Material",null,"UN",3.5000000000000001E-3,70.709999999999994,0.24748500000000001]
["Insumo"," 00000065 ","SINAPI","ADAPTADOR PVC SOLDAVEL CURTO COM BOLSA E ROSCA, 25 MM X 3/4\", PARA AGUA FRIA","Material",null,"UN",1,0.85,0.85]
[]
[null,"Código","Banco","Descrição","Tipo",null,"Und","Quant.","Valor Unit","Total"]
["Composição"," 88238 ","SINAPI","AJUDANTE DE ARMADOR COM ENCARGOS COMPLEMENTARES","Livro SINAPI: Cálculos e Parâmetros",null,"H",1,22.99,22.99]
["Composição Auxiliar"," 95308 ","SINAPI","CURSO DE CAPACITAÇÃO PARA AJUDANTE DE ARMADOR (ENCARGOS COMPLEMENTARES) - HORISTA","Livro SINAPI: Cálculos e Parâmetros",null,"H",1,0.20829700000000001,0.20829700000000001]
["Insumo"," 00043489 ","SINAPI","EPI - FAMILIA PEDREIRO - HORISTA (ENCARGOS COMPLEMENTARES - COLETADO CAIXA)","Encargos Complementares",null,"H",1,1.74,1.74]
["Insumo"," 00037372 ","SINAPI","EXAMES - HORISTA (COLETADO CAIXA - ENCARGOS COMPLEMENTARES)","Encargos Complementares",null,"H",1,1.3,1.3]
["Insumo"," 00006114 ","SINAPI","AJUDANTE DE ARMADOR (HORISTA)","Mão de Obra",null,"H",1,18.05,18.05]
["Insumo"," 00037373 ","SINAPI","SEGURO - HORISTA (COLETADO CAIXA - ENCARGOS COMPLEMENTARES)","Encargos Complementares",null,"H",1,0.01,0.01]
["Insumo"," 00043465 ","SINAPI","FERRAMENTAS - FAMILIA PEDREIRO - HORISTA (ENCARGOS COMPLEMENTARES - COLETADO CAIXA)","Encargos Complementares",null,"H",1,0.65,0.65]
["Insumo"," 00037370 ","SINAPI","ALIMENTACAO - HORISTA (COLETADO CAIXA - ENCARGOS COMPLEMENTARES)","Encargos Complementares",null,"H",1,0.66,0.66]
["Insumo"," 00037371 ","SINAPI","TRANSPORTE - HORISTA (COLETADO CAIXA - ENCARGOS COMPLEMENTARES)","Encargos Complementares",null,"H",1,0.38,0.38]
[]
[null,"Código","Banco","Descrição","Tipo",null,"Und","Quant.","Valor Unit","Total"]
["Composição"," 88239 ","SINAPI","AJUDANTE DE CARPINTEIRO COM ENCARGOS COMPLEMENTARES","Livro SINAPI: Cálculos e Parâmetros",null,"H",1,22.67,22.67]
["Composição Auxiliar"," 95309 ","SINAPI","CURSO DE CAPACITAÇÃO PARA AJUDANTE DE CARPINTEIRO (ENCARGOS COMPLEMENTARES) - HORISTA","Livro SINAPI: Cálculos e Parâmetros",null,"H",1,0.26641799999999999,0.26641799999999999]
["Insumo"," 00043483 ","SINAPI","EPI - FAMILIA CARPINTEIRO DE FORMAS - HORISTA (ENCARGOS COMPLEMENTARES - COLETADO CAIXA)","Encargos Complementares",null,"H",1,1.71,1.71]
["Insumo"," 00043459 ","SINAPI","FERRAMENTAS - FAMILIA CARPINTEIRO DE FORMAS - HORISTA (ENCARGOS COMPLEMENTARES - COLETADO CAIXA)","Encargos Complementares",null,"H",1,0.3,0.3]
["Insumo"," 00037371 ","SINAPI","TRANSPORTE - HORISTA (COLETADO CAIXA - ENCARGOS COMPLEMENTARES)","Encargos Complementares",null,"H",1,0.38,0.38]
["Insumo"," 00037373 ","SINAPI","SEGURO - HORISTA (COLETADO CAIXA - ENCARGOS COMPLEMENTARES)","Encargos Complementares",null,"H",1,0.01,0.01]
["Insumo"," 00006117 ","SINAPI","CARPINTEIRO AUXILIAR (HORISTA)","Mão de Obra",null,"H",1,18.05,18.05]
["Insumo"," 00037372 ","SINAPI","EXAMES - HORISTA (COLETADO CAIXA - ENCARGOS COMPLEMENTARES)","Encargos Complementares",null,"H",1,1.3,1.3]
["Insumo"," 00037370 ","SINAPI","ALIMENTACAO - HORISTA (COLETADO CAIXA - ENCARGOS COMPLEMENTARES)","Encargos Complementares",null,"H",1,0.66,0.66]
[]
[null,"Código","Banco","Descrição","Tipo",null,"Und","Quant.","Valor Unit","Total"]
["Composição"," 103328 ","SINAPI","ALVENARIA DE VEDAÇÃO DE BLOCOS CERÂMICOS FURADOS NA HORIZONTAL DE 9X19X19 CM (ESPESSURA 9 CM) E ARGAMASSA DE ASSENTAMENTO COM PREPARO EM BETONEIRA. AF_12/2021","Alvenaria de Vedação",null,"m²",1,98.59,98.59]
["Composição Auxiliar"," 87292 ","SINAPI","ARGAMASSA TRAÇO 1:2:8 (EM VOLUME DE CIMENTO, CAL E AREIA MÉDIA ÚMIDA) PARA EMBOÇO/MASSA ÚNICA/ASSENTAMENTO DE ALVENARIA DE VEDAÇÃO, PREPARO MECÂNICO COM BETONEIRA 400 L. AF_08/2019","Argamassas",null,"m³",9.1000000000000004E-3,717.559996802,6.5297960000000002]
["Composição Auxiliar"," 88309 ","SINAPI","PEDREIRO COM ENCARGOS COMPLEMENTARES","Livro SINAPI: Cálculos e Parâmetros",null,"H",1.61,26.511984000000002,42.684294199999997]
["Composição Auxiliar"," 88316 ","SINAPI","SERVENTE COM ENCARGOS COMPLEMENTARES","Livro SINAPI: Cálculos e Parâmetros",null,"H",0.80500000000000005,20.96602,16.8776461]
["Insumo"," 00007271 ","SINAPI","BLOCO CERAMICO / TIJOLO VAZADO PARA ALVENARIA DE VEDACAO, 8 FUROS NA HORIZONTAL DE 9 X 19 X 19 CM (L X A X C)","Material",null,"UN",28.31,1.1100000000000001,31.424099999999999]
["Insumo"," 00037395 ","SINAPI","PINO DE ACO COM FURO, HASTE = 27 MM (ACAO DIRETA)","Material",null,"CENTO",5.0000000000000001E-3,41.93,0.20965]
["Insumo"," 00034557 ","SINAPI","TELA DE ACO SOLDADA GALVANIZADA/ZINCADA PARA ALVENARIA, FIO D = *1,20 A 1,70* MM, MALHA 15 X 15 MM, (C X L) *50 X 7,5* CM","Material",null,"M",0.42,2.08,0.87360000000000004]
[]
[null,"Código","Banco","Descrição","Tipo",null,"Und","Quant.","Valor Unit","Total"]
["Composição"," 87408 ","SINAPI","ARGAMASSA INDUSTRIALIZADA PARA REVESTIMENTOS, MISTURA E PROJEÇÃO DE 2 M³/H DE ARGAMASSA. AF_08/2019","Argamassas",null,"m³",1,2398.44,2398.44]
["Composição Auxiliar"," 88438 ","SINAPI","PROJETOR DE ARGAMASSA, CAPACIDADE DE PROJEÇÃO 2 M3/H, ALCANCE ATÉ 50 M, MOTOR ELÉTRICO POTÊNCIA 7,5 HP - CHI DIURNO. AF_06/2014","Custos Horários Produtivo e Improdutivo dos Equipamentos",null,"CHI",2.68,9.2731146560000006,24.851947299999999]
["Composição Auxiliar"," 88377 ","SINAPI","OPERADOR DE BETONEIRA ESTACIONÁRIA/MISTURADOR COM ENCARGOS COMPLEMENTARES","Livro SINAPI: Cálculos e Parâmetros",null,"H",3.18,20.500355899999999,65.191131799999994]
["Composição Auxiliar"," 88433 ","SINAPI","PROJETOR DE ARGAMASSA, CAPACIDADE DE PROJEÇÃO 2 M3/H, ALCANCE ATÉ 50 M, MOTOR ELÉTRICO POTÊNCIA 7,5 HP - CHP DIURNO. AF_06/2014","Custos Horários Produtivo e Improdutivo dos Equipamentos",null,"CHP",0.5,19.758044256000002,9.8790221000000003]
["Insumo"," 00000371 ","SINAPI","ARGAMASSA INDUSTRIALIZADA MULTIUSO, PARA REVESTIMENTO INTERNO E EXTERNO E ASSENTAMENTO DE BLOCOS DIVERSOS","Material",null,"KG",1868.72,1.23,2298.5255999999999]
[]
[null,"Código","Banco","Descrição","Tipo",null,"Und","Quant.","Valor Unit","Total"]
["Composição"," 88627 ","SINAPI","ARGAMASSA TRAÇO 1:0,5:4,5 (EM VOLUME DE CIMENTO, CAL E AREIA MÉDIA ÚMIDA) PARA ASSENTAMENTO DE ALVENARIA, PREPARO MANUAL. AF_08/2019","Argamassas",null,"m³",1,835.46,835.46]
["Composição Auxiliar"," 88316 ","SINAPI","SERVENTE COM ENCARGOS COMPLEMENTARES","Livro SINAPI: Cálculos e Parâmetros",null,"H",8.7799999999999994,20.96602,184.0816556]
["Insumo"," 00001379 ","SINAPI","CIMENTO PORTLAND COMPOSTO CP II-32","Material",null,"KG",339.62,1.1299999999999999,383.7706]
["Insumo"," 00000370 ","SINAPI","AREIA MEDIA - POSTO JAZIDA/FORNECEDOR (RETIRADO NA JAZIDA, SEM TRANSPORTE)","Material",null,"m³",1.1299999999999999,150,169.5]
["Insumo"," 00001106 ","SINAPI","CAL HIDRATADA CH-I PARA ARGAMASSAS","Material",null,"KG",75.47,1.3,98.111000000000004]
[]
[null,"Código","Banco","Descrição","Tipo",null,"Und","Quant.","Valor Unit","Total"]
["Composição"," 87367 ","SINAPI","ARGAMASSA TRAÇO 1:1:6 (EM VOLUME DE CIMENTO, CAL E AREIA MÉDIA ÚMIDA) PARA EMBOÇO/MASSA ÚNICA/ASSENTAMENTO DE ALVENARIA DE VEDAÇÃO, PREPARO MANUAL. AF_08/2019","Argamassas",null,"m³",1,856.7,856.7]
["Composição Auxiliar"," 88316 ","SINAPI","SERVENTE COM ENCARGOS COMPLEMENTARES","Livro SINAPI: Cálculos e Parâmetros",null,"H",11.23,20.96602,235.4484046]
["Insumo"," 00001106 ","SINAPI","CAL HIDRATADA CH-I PARA ARGAMASSAS","Material",null,"KG",116.4,1.3,151.32]
["Insumo"," 00001379 ","SINAPI","CIMENTO PORTLAND COMPOSTO CP II-32","Material",null,"KG",261.89,1.1299999999999999,295.9357]
["Insumo"," 00000370 ","SINAPI","AREIA MEDIA - POSTO JAZIDA/FORNECEDOR (RETIRADO NA JAZIDA, SEM TRANSPORTE)","Material",null,"m³",1.1599999999999999,150,174]
[]
[null,"Código","Banco","Descrição","Tipo",null,"Und","Quant.","Valor Unit","Total"]
["Composição"," 87369 ","SINAPI","ARGAMASSA TRAÇO 1:2:8 (EM VOLUME DE CIMENTO, CAL E AREIA MÉDIA ÚMIDA) PARA EMBOÇO/MASSA ÚNICA/ASSENTAMENTO DE ALVENARIA DE VEDAÇÃO, PREPARO MANUAL. AF_08/2019","Argamassas",null,"m³",1,843.73,843.73]
["Composição Auxiliar"," 88316 ","SINAPI","SERVENTE COM ENCARGOS COMPLEMENTARES","Livro SINAPI: Cálculos e Parâmetros",null,"H",11.1,20.96602,232.72282200000001]
["Insumo"," 00000370 ","SINAPI","AREIA MEDIA - POSTO JAZIDA/FORNECEDOR (RETIRADO NA JAZIDA, SEM TRANSPORTE)","Material",null,"m³",1.1399999999999999,150,171]
["Insumo"," 00001106 ","SINAPI","CAL HIDRATADA CH-I PARA ARGAMASSAS","Material",null,"KG",171.13,1.3,222.46899999999999]
["Insumo"," 00001379 ","SINAPI","CIMENTO PORTLAND COMPOSTO CP II-32","Material",null,"KG",192.52,1.1299999999999999,217.54759999999999]
[]
[null,"Código","Banco","Descrição","Tipo",null,"Und","Quant.","Valor Unit","Total"]
["Composição"," 87292 ","SINAPI","ARGAMASSA TRAÇO 1:2:8 (EM VOLUME DE CIMENTO, CAL E AREIA MÉDIA ÚMIDA) PARA EMBOÇO/MASSA ÚNICA/ASSENTAMENTO DE ALVENARIA DE VEDAÇÃO, PREPARO MECÂNICO COM BETONEIRA 400 L. AF_08/2019","Argamassas",null,"m³",1,717.55,717.55]
["Composição Auxiliar"," 88830 ","SINAPI","BETONEIRA CAPACIDADE NOMINAL DE 400 L, CAPACIDADE DE MISTURA 280 L, MOTOR ELÉTRICO TRIFÁSICO POTÊNCIA DE 2 CV, SEM CARREGADOR - CHP DIURNO. AF_05/2023","Custos Horários Produtivo e Improdutivo dos Equipamentos",null,"CHP",1.05,2.0727040959999998,2.1763393]
["Composição Auxiliar"," 88377 ","SINAPI","OPERADOR DE BETONEIRA ESTACIONÁRIA/MISTURADOR COM ENCARGOS COMPLEMENTARES","Livro SINAPI: Cálculos e Parâmetros",null,"H",4.5,20.500355899999999,92.251601600000001]
["Composição Auxiliar"," 88831 ","SINAPI","BETONEIRA CAPACIDADE NOMINAL DE 400 L, CAPACIDADE DE MISTURA 280 L, MOTOR ELÉTRICO TRIFÁSICO POTÊNCIA DE 2 CV, SEM CARREGADOR - CHI DIURNO. AF_05/2023","Custos Horários Produtivo e Improdutivo dos Equipamentos",null,"CHI",3.45,0.42905969599999999,1.480256]
["Insumo"," 00001106 ","SINAPI","CAL HIDRATADA CH-I PARA ARGAMASSAS","Material",null,"KG",174.1,1.3,226.33]
["Insumo"," 00000370 ","SINAPI","AREIA MEDIA - POSTO JAZIDA/FORNECEDOR (RETIRADO NA JAZIDA, SEM TRANSPORTE)","Material",null,"m³",1.1599999999999999,150,174]
["Insumo"," 00001379 ","SINAPI","CIMENTO PORTLAND COMPOSTO CP II-32","Material",null,"KG",195.86,1.1299999999999999,221.3218]
[]
[null,"Código","Banco","Descrição","Tipo",null,"Und","Quant.","Valor Unit","Total"]
["Composição"," 100475 ","SINAPI","ARGAMASSA TRAÇO 1:3 (EM VOLUME DE CIMENTO E AREIA MÉDIA ÚMIDA) COM ADIÇÃO DE IMPERMEABILIZANTE, PREPARO MECÂNICO COM BETONEIRA 400 L. AF_08/2019","Argamassas",null,"m³",1,954.19,954.19]
["Composição Auxiliar"," 88831 ","SINAPI","BETONEIRA CAPACIDADE NOMINAL DE 400 L, CAPACIDADE DE MISTURA 280 L, MOTOR ELÉTRICO TRIFÁSICO POTÊNCIA DE 2 CV, SEM CARREGADOR - CHI DIURNO. AF_05/2023","Custos Horários Produtivo e Improdutivo dos Equipamentos",null,"CHI",2.88,0.42905969599999999,1.2356919]
["Composição Auxiliar"," 88377 ","SINAPI","OPERADOR DE BETONEIRA ESTACIONÁRIA/MISTURADOR COM ENCARGOS COMPLEMENTARES","Livro SINAPI: Cálculos e Parâmetros",null,"H",3.75,20.500355899999999,76.876334600000007]
["Composição Auxiliar"," 88830 ","SINAPI","BETONEIRA CAPACIDADE NOMINAL DE 400 L, CAPACIDADE DE MISTURA 280 L, MOTOR ELÉTRICO TRIFÁSICO POTÊNCIA DE 2 CV, SEM CARREGADOR - CHP DIURNO. AF_05/2023","Custos Horários Produtivo e Improdutivo dos Equipamentos",null,"CHP",0.87,2.0727040959999998,1.8032526]
["Insumo"," 00001379 ","SINAPI","CIMENTO PORTLAND COMPOSTO CP II-32","Material",null,"KG",486,1.1299999999999999,549.17999999999995]
["Insumo"," 00000123 ","SINAPI","ADITIVO IMPERMEABILIZANTE DE PEGA NORMAL PARA ARGAMASSAS E CONCRETOS SEM ARMACAO, LIQUIDO E ISENTO DE CLORETOS","Material",null,"L",19.440000000000001,8.39,163.10159999999999]
["Insumo"," 00000370 ","SINAPI","AREIA MEDIA - POSTO JAZIDA/FORNECEDOR (RETIRADO NA JAZIDA, SEM TRANSPORTE)","Material",null,"m³",1.08,150,162]
[]
[null,"Código","Banco","Descrição","Tipo",null,"Und","Quant.","Valor Unit","Total"]
["Composição"," 88629 ","SINAPI","ARGAMASSA TRAÇO 1:3 (EM VOLUME DE CIMENTO E AREIA MÉDIA ÚMIDA), PREPARO MANUAL. AF_08/2019","Argamassas",null,"m³",1,885.92,885.92]
["Composição Auxiliar"," 88316 ","SINAPI","SERVENTE COM ENCARGOS COMPLEMENTARES","Livro SINAPI: Cálculos e Parâmetros",null,"H",8.57,20.96602,179.67879139999999]
["Insumo"," 00001379 ","SINAPI","CIMENTO PORTLAND COMPOSTO CP II-32","Material",null,"KG",482.96,1.1299999999999999,545.74480000000005]
["Insumo"," 00000370 ","SINAPI","AREIA MEDIA - POSTO JAZIDA/FORNECEDOR (RETIRADO NA JAZIDA, SEM TRANSPORTE)","Material",null,"m³",1.07,150,160.5]
[]
[null,"Código","Banco","Descrição","Tipo",null,"Und","Quant.","Valor Unit","Total"]
["Composição"," 88628 ","SINAPI","ARGAMASSA TRAÇO 1:3 (EM VOLUME DE CIMENTO E AREIA MÉDIA ÚMIDA), PREPARO MECÂNICO COM BETONEIRA 400 L. AF_08/2019","Argamassas",null,"m³",1,779.97,779.97]
["Composição Auxiliar"," 88377 ","SINAPI","OPERADOR DE BETONEIRA ESTACIONÁRIA/MISTURADOR COM ENCARGOS COMPLEMENTARES","Livro SINAPI: Cálculos e Parâmetros",null,"H",3.42,20.500355899999999,70.111217199999999]
["Composição Auxiliar"," 88830 ","SINAPI","BETONEIRA CAPACIDADE NOMINAL DE 400 L, CAPACIDADE DE MISTURA 280 L, MOTOR ELÉTRICO TRIFÁSICO POTÊNCIA DE 2 CV, SEM CARREGADOR - CHP DIURNO. AF_05/2023","Custos Horários Produtivo e Improdutivo dos Equipamentos",null,"CHP",0.8,2.0727040959999998,1.6581633]
["Composição Auxiliar"," 88831 ","SINAPI","BETONEIRA CAPACIDADE NOMINAL DE 400 L, CAPACIDADE DE MISTURA 280 L, MOTOR ELÉTRICO TRIFÁSICO POTÊNCIA DE 2 CV, SEM CARREGADOR - CHI DIURNO. AF_05/2023","Custos Horários Produtivo e Improdutivo dos Equipamentos",null,"CHI",2.62,0.42905969599999999,1.1241364]
["Insumo"," 00001379 ","SINAPI","CIMENTO PORTLAND COMPOSTO CP II-32","Material",null,"KG",483.7,1.1299999999999999,546.58100000000002]
["Insumo"," 00000370 ","SINAPI","AREIA MEDIA - POSTO JAZIDA/FORNECEDOR (RETIRADO NA JAZIDA, SEM TRANSPORTE)","Material",null,"m³",1.07,150,160.5]
[]
[null,"Código","Banco","Descrição","Tipo",null,"Und","Quant.","Valor Unit","Total"]
["Composição"," 87316 ","SINAPI","ARGAMASSA TRAÇO 1:4 (EM VOLUME DE CIMENTO E AREIA GROSSA ÚMIDA) PARA CHAPISCO CONVENCIONAL, PREPARO MECÂNICO COM BETONEIRA 400 L. AF_08/2019","Argamassas",null,"m³",1,642.05999999999995,642.05999999999995]
["Composição Auxiliar"," 88831 ","SINAPI","BETONEIRA CAPACIDADE NOMINAL DE 400 L, CAPACIDADE DE MISTURA 280 L, MOTOR ELÉTRICO TRIFÁSICO POTÊNCIA DE 2 CV, SEM CARREGADOR - CHI DIURNO. AF_05/2023","Custos Horários Produtivo e Improdutivo dos Equipamentos",null,"CHI",3.56,0.42905969599999999,1.5274525000000001]
["Composição Auxiliar"," 88830 ","SINAPI","BETONEIRA CAPACIDADE NOMINAL DE 400 L, CAPACIDADE DE MISTURA 280 L, MOTOR ELÉTRICO TRIFÁSICO POTÊNCIA DE 2 CV, SEM CARREGADOR - CHP DIURNO. AF_05/2023","Custos Horários Produtivo e Improdutivo dos Equipamentos",null,"CHP",1.08,2.0727040959999998,2.2385204000000001]
["Composição Auxiliar"," 88377 ","SINAPI","OPERADOR DE BETONEIRA ESTACIONÁRIA/MISTURADOR COM ENCARGOS COMPLEMENTARES","Livro SINAPI: Cálculos e Parâmetros",null,"H",4.6399999999999997,20.500355899999999,95.121651400000005]
["Insumo"," 00000367 ","SINAPI","AREIA GROSSA - POSTO JAZIDA/FORNECEDOR (RETIRADO NA JAZIDA, SEM TRANSPORTE)","Material",null,"m³",1.02,151.96,154.9992]
["Insumo"," 00001379 ","SINAPI","CIMENTO PORTLAND COMPOSTO CP II-32","Material",null,"KG",343.52,1.1299999999999999,388.17759999999998]
[]
[null,"Código","Banco","Descrição","Tipo",null,"Und","Quant.","Valor Unit","Total"]
["Composição"," 88245 ","SINAPI","ARMADOR COM ENCARGOS COMPLEMENTARES","Livro SINAPI: Cálculos e Parâmetros",null,"H",1,26.3,26.3]
["Composição Auxiliar"," 95314 ","SINAPI","CURSO DE CAPACITAÇÃO PARA ARMADOR (ENCARGOS COMPLEMENTARES) - HORISTA","Livro SINAPI: Cálculos e Parâmetros",null,"H",1,0.2460328,0.2460328]
["Insumo"," 00043465 ","SINAPI","FERRAMENTAS - FAMILIA PEDREIRO - HORISTA (ENCARGOS COMPLEMENTARES - COLETADO CAIXA)","Encargos Complementares",null,"H",1,0.65,0.65]
["Insumo"," 00043489 ","SINAPI","EPI - FAMILIA PEDREIRO - HORISTA (ENCARGOS COMPLEMENTARES - COLETADO CAIXA)","Encargos Complementares",null,"H",1,1.74,1.74]
["Insumo"," 00037371 ","SINAPI","TRANSPORTE - HORISTA (COLETADO CAIXA - ENCARGOS COMPLEMENTARES)","Encargos Complementares",null,"H",1,0.38,0.38]
["Insumo"," 00000378 ","SINAPI","ARMADOR (HORISTA)","Mão de Obra",null,"H",1,21.32,21.32]
["Insumo"," 00037373 ","SINAPI","SEGURO - HORISTA (COLETADO CAIXA - ENCARGOS COMPLEMENTARES)","Encargos Complementares",null,"H",1,0.01,0.01]
["Insumo"," 00037370 ","SINAPI","ALIMENTACAO - HORISTA (COLETADO CAIXA - ENCARGOS COMPLEMENTARES)","Encargos Complementares",null,"H",1,0.66,0.66]
["Insumo"," 00037372 ","SINAPI","EXAMES - HORISTA (COLETADO CAIXA - ENCARGOS COMPLEMENTARES)","Encargos Complementares",null,"H",1,1.3,1.3]
[]
[null,"Código","Banco","Descrição","Tipo",null,"Und","Quant.","Valor Unit","Total"]
["Composição"," 89998 ","SINAPI","ARMAÇÃO DE CINTA DE ALVENARIA ESTRUTURAL; DIÂMETRO DE 10,0 MM. AF_09/2021","Graute e Armação",null,"KG",1,10.86,10.86]
["Composição Auxiliar"," 88245 ","SINAPI","ARMADOR COM ENCARGOS COMPLEMENTARES","Livro SINAPI: Cálculos e Parâmetros",null,"H",4.8800000000000003E-2,26.306032800000001,1.2837343999999999]
["Composição Auxiliar"," 88238 ","SINAPI","AJUDANTE DE ARMADOR COM ENCARGOS COMPLEMENTARES","Livro SINAPI: Cálculos e Parâmetros",null,"H",3.2500000000000001E-2,22.998297000000001,0.74744469999999996]
["Insumo"," 00000034 ","SINAPI","ACO CA-50, 10,0 MM, VERGALHAO","Material",null,"KG",1,8.83,8.83]
[]
[null,"Código","Banco","Descrição","Tipo",null,"Und","Quant.","Valor Unit","Total"]
["Composição"," 92767 ","SINAPI","ARMAÇÃO DE LAJE DE ESTRUTURA CONVENCIONAL DE CONCRETO ARMADO UTILIZANDO AÇO CA-60 DE 4,2 MM - MONTAGEM. AF_06/2022","Armação para Estruturas de Concreto Armado",null,"KG",1,16.170000000000002,16.170000000000002]
["Composição Auxiliar"," 88245 ","SINAPI","ARMADOR COM ENCARGOS COMPLEMENTARES","Livro SINAPI: Cálculos e Parâmetros",null,"H",0.1055,26.306032800000001,2.7752865]
["Composição Auxiliar"," 88238 ","SINAPI","AJUDANTE DE ARMADOR COM ENCARGOS COMPLEMENTARES","Livro SINAPI: Cálculos e Parâmetros",null,"H",1.72E-2,22.998297000000001,0.3955707]
["Composição Auxiliar"," 92799 ","SINAPI","CORTE E DOBRA DE AÇO CA-60, DIÂMETRO DE 4,2 MM. AF_06/2022","Armação para Estruturas de Concreto Armado",null,"KG",1,11.749126974639999,11.749127]
["Insumo"," 00043132 ","SINAPI","ARAME RECOZIDO 16 BWG, D = 1,65 MM (0,016 KG/M) OU 18 BWG, D = 1,25 MM (0,01 KG/M)","Material",null,"KG",2.5000000000000001E-2,25.6,0.64]
["Insumo"," 00039017 ","SINAPI","ESPACADOR / DISTANCIADOR CIRCULAR COM ENTRADA LATERAL, EM PLASTICO, PARA VERGALHAO *4,2 A 12,5* MM, COBRIMENTO 20 MM","Material",null,"UN",2.8159999999999998,0.22,0.61951999999999996]
[]
[null,"Código","Banco","Descrição","Tipo",null,"Und","Quant.","Valor Unit","Total"]
["Composição"," 92768 ","SINAPI","ARMAÇÃO DE LAJE DE ESTRUTURA CONVENCIONAL DE CONCRETO ARMADO UTILIZANDO AÇO CA-60 DE 5,0 MM - MONTAGEM. AF_06/2022","Armação para Estruturas de Concreto Armado",null,"KG",1,14.3,14.3]
["Composição Auxiliar"," 88238 ","SINAPI","AJUDANTE DE ARMADOR COM ENCARGOS COMPLEMENTARES","Livro SINAPI: Cálculos e Parâmetros",null,"H",1.3599999999999999E-2,22.998297000000001,0.31277680000000002]
["Composição Auxiliar"," 92800 ","SINAPI","CORTE E DOBRA DE AÇO CA-60, DIÂMETRO DE 5,0 MM. AF_06/2022","Armação para Estruturas de Concreto Armado",null,"KG",1,10.692064327180001,10.6920643]
["Composição Auxiliar"," 88245 ","SINAPI","ARMADOR COM ENCARGOS COMPLEMENTARES","Livro SINAPI: Cálculos e Parâmetros",null,"H",8.3599999999999994E-2,26.306032800000001,2.1991843000000002]
["Insumo"," 00039017 ","SINAPI","ESPACADOR / DISTANCIADOR CIRCULAR COM ENTRADA LATERAL, EM PLASTICO, PARA VERGALHAO *4,2 A 12,5* MM, COBRIMENTO 20 MM","Material",null,"UN",2.1179999999999999,0.22,0.46595999999999999]
["Insumo"," 00043132 ","SINAPI","ARAME RECOZIDO 16 BWG, D = 1,65 MM (0,016 KG/M) OU 18 BWG, D = 1,25 MM (0,01 KG/M)","Material",null,"KG",2.5000000000000001E-2,25.6,0.64]
[]
[null,"Código","Banco","Descrição","Tipo",null,"Und","Quant.","Valor Unit","Total"]
["Composição"," 89996 ","SINAPI","ARMAÇÃO VERTICAL DE ALVENARIA ESTRUTURAL; DIÂMETRO DE 10,0 MM. AF_09/2021","Graute e Armação",null,"KG",1,11.39,11.39]
["Composição Auxiliar"," 88238 ","SINAPI","AJUDANTE DE ARMADOR COM ENCARGOS COMPLEMENTARES","Livro SINAPI: Cálculos e Parâmetros",null,"H",4.1000000000000002E-2,22.998297000000001,0.94293020000000005]
["Composição Auxiliar"," 88245 ","SINAPI","ARMADOR COM ENCARGOS COMPLEMENTARES","Livro SINAPI: Cálculos e Parâmetros",null,"H",6.1499999999999999E-2,26.306032800000001,1.617821]
["Insumo"," 00000034 ","SINAPI","ACO CA-50, 10,0 MM, VERGALHAO","Material",null,"KG",1,8.83,8.83]
[]
[null,"Código","Banco","Descrição","Tipo",null,"Und","Quant.","Valor Unit","Total"]
["Composição"," 100578 ","SINAPI","ASSENTAMENTO DE POSTE DE CONCRETO COM COMPRIMENTO NOMINAL DE 9 M, CARGA NOMINAL MENOR OU IGUAL A 1000 DAN, ENGASTAMENTO SIMPLES COM 1,5 M DE SOLO (NÃO INCLUI FORNECIMENTO). AF_04/2025","Postes de Concreto e Metálicos",null,"UN",1,649.28,649.28]
["Composição Auxiliar"," 88264 ","SINAPI","ELETRICISTA COM ENCARGOS COMPLEMENTARES","Livro SINAPI: Cálculos e Parâmetros",null,"H",4.1170909,28.739106400000001,118.3215134]
["Composição Auxiliar"," 5928 ","SINAPI","GUINDAUTO HIDRÁULICO, CAPACIDADE MÁXIMA DE CARGA 6200 KG, MOMENTO MÁXIMO DE CARGA 11,7 TM, ALCANCE MÁXIMO HORIZONTAL 9,70 M, INCLUSIVE CAMINHÃO TOCO PBT 16.000 KG, POTÊNCIA DE 189 CV - CHP DIURNO. AF_06/2014","Custos Horários Produtivo e Improdutivo dos Equipamentos",null,"CHP",7.3160000000000003E-2,291.92250625999998,21.357050600000001]
["Composição Auxiliar"," 5930 ","SINAPI","GUINDAUTO HIDRÁULICO, CAPACIDADE MÁXIMA DE CARGA 6200 KG, MOMENTO MÁXIMO DE CARGA 11,7 TM, ALCANCE MÁXIMO HORIZONTAL 9,70 M, INCLUSIVE CAMINHÃO TOCO PBT 16.000 KG, POTÊNCIA DE 189 CV - CHI DIURNO. AF_06/2014","Custos Horários Produtivo e Improdutivo dos Equipamentos",null,"CHI",0.98652010000000001,74.221704465000002,73.221203299999999]
["Composição Auxiliar"," 88247 ","SINAPI","AUXILIAR DE ELETRICISTA COM ENCARGOS COMPLEMENTARES","Livro SINAPI: Cálculos e Parâmetros",null,"H",0.91490910000000003,23.583625999999999,21.576874]
["Insumo"," 00000863 ","SINAPI","CABO DE COBRE NU 35 MM2 MEIO-DURO","Material",null,"M",9,46.09,414.81]
[]
[null,"Código","Banco","Descrição","Tipo",null,"Und","Quant.","Valor Unit","Total"]
["Composição"," 88247 ","SINAPI","AUXILIAR DE ELETRICISTA COM ENCARGOS COMPLEMENTARES","Livro SINAPI: Cálculos e Parâmetros",null,"H",1,23.58,23.58]
["Composição Auxiliar"," 95316 ","SINAPI","CURSO DE CAPACITAÇÃO PARA AUXILIAR DE ELETRICISTA (ENCARGOS COMPLEMENTARES) - HORISTA","Livro SINAPI: Cálculos e Parâmetros",null,"H",1,0.67362599999999995,0.67362599999999995]
["Insumo"," 00000247 ","SINAPI","AJUDANTE DE ELETRICISTA (HORISTA)","Mão de Obra",null,"H",1,18.05,18.05]
["Insumo"," 00037371 ","SINAPI","TRANSPORTE - HORISTA (COLETADO CAIXA - ENCARGOS COMPLEMENTARES)","Encargos Complementares",null,"H",1,0.38,0.38]
["Insumo"," 00037370 ","SINAPI","ALIMENTACAO - HORISTA (COLETADO CAIXA - ENCARGOS COMPLEMENTARES)","Encargos Complementares",null,"H",1,0.66,0.66]
["Insumo"," 00037373 ","SINAPI","SEGURO - HORISTA (COLETADO CAIXA - ENCARGOS COMPLEMENTARES)","Encargos Complementares",null,"H",1,0.01,0.01]
["Insumo"," 00037372 ","SINAPI","EXAMES - HORISTA (COLETADO CAIXA - ENCARGOS COMPLEMENTARES)","Encargos Complementares",null,"H",1,1.3,1.3]
["Insumo"," 00043484 ","SINAPI","EPI - FAMILIA ELETRICISTA - HORISTA (ENCARGOS COMPLEMENTARES - COLETADO CAIXA)","Encargos Complementares",null,"H",1,1.63,1.63]
["Insumo"," 00043460 ","SINAPI","FERRAMENTAS - FAMILIA ELETRICISTA - HORISTA (ENCARGOS COMPLEMENTARES - COLETADO CAIXA)","Encargos Complementares",null,"H",1,0.88,0.88]
[]
[null,"Código","Banco","Descrição","Tipo",null,"Und","Quant.","Valor Unit","Total"]
["Composição"," 88248 ","SINAPI","AUXILIAR DE ENCANADOR OU BOMBEIRO HIDRÁULICO COM ENCARGOS COMPLEMENTARES","Livro SINAPI: Cálculos e Parâmetros",null,"H",1,22.61,22.61]
["Composição Auxiliar"," 95317 ","SINAPI","CURSO DE CAPACITAÇÃO PARA AUXILIAR DE ENCANADOR OU BOMBEIRO HIDRÁULICO (ENCARGOS COMPLEMENTARES) - HORISTA","Livro SINAPI: Cálculos e Parâmetros",null,"H",1,0.32453900000000002,0.32453900000000002]
["Insumo"," 00043461 ","SINAPI","FERRAMENTAS - FAMILIA ENCANADOR - HORISTA (ENCARGOS COMPLEMENTARES - COLETADO CAIXA)","Encargos Complementares",null,"H",1,0.43,0.43]
["Insumo"," 00037372 ","SINAPI","EXAMES - HORISTA (COLETADO CAIXA - ENCARGOS COMPLEMENTARES)","Encargos Complementares",null,"H",1,1.3,1.3]
["Insumo"," 00037370 ","SINAPI","ALIMENTACAO - HORISTA (COLETADO CAIXA - ENCARGOS COMPLEMENTARES)","Encargos Complementares",null,"H",1,0.66,0.66]
["Insumo"," 00037371 ","SINAPI","TRANSPORTE - HORISTA (COLETADO CAIXA - ENCARGOS COMPLEMENTARES)","Encargos Complementares",null,"H",1,0.38,0.38]
["Insumo"," 00000246 ","SINAPI","AUXILIAR DE ENCANADOR OU BOMBEIRO HIDRAULICO (HORISTA)","Mão de Obra",null,"H",1,18.05,18.05]
["Insumo"," 00037373 ","SINAPI","SEGURO - HORISTA (COLETADO CAIXA - ENCARGOS COMPLEMENTARES)","Encargos Complementares",null,"H",1,0.01,0.01]
["Insumo"," 00043485 ","SINAPI","EPI - FAMILIA ENCANADOR - HORISTA (ENCARGOS COMPLEMENTARES - COLETADO CAIXA)","Encargos Complementares",null,"H",1,1.46,1.46]
[]
[null,"Código","Banco","Descrição","Tipo",null,"Und","Quant.","Valor Unit","Total"]
["Composição"," 88256 ","SINAPI","AZULEJISTA OU LADRILHEIRO COM ENCARGOS COMPLEMENTARES","Livro SINAPI: Cálculos e Parâmetros",null,"H",1,30.43,30.43]
["Composição Auxiliar"," 95324 ","SINAPI","CURSO DE CAPACITAÇÃO PARA AZULEJISTA OU LADRILHEIRO (ENCARGOS COMPLEMENTARES) - HORISTA","Livro SINAPI: Cálculos e Parâmetros",null,"H",1,0.37372319999999998,0.37372319999999998]
["Insumo"," 00037372 ","SINAPI","EXAMES - HORISTA (COLETADO CAIXA - ENCARGOS COMPLEMENTARES)","Encargos Complementares",null,"H",1,1.3,1.3]
["Insumo"," 00037371 ","SINAPI","TRANSPORTE - HORISTA (COLETADO CAIXA - ENCARGOS COMPLEMENTARES)","Encargos Complementares",null,"H",1,0.38,0.38]
["Insumo"," 00037370 ","SINAPI","ALIMENTACAO - HORISTA (COLETADO CAIXA - ENCARGOS COMPLEMENTARES)","Encargos Complementares",null,"H",1,0.66,0.66]
["Insumo"," 00037373 ","SINAPI","SEGURO - HORISTA (COLETADO CAIXA - ENCARGOS COMPLEMENTARES)","Encargos Complementares",null,"H",1,0.01,0.01]
["Insumo"," 00043465 ","SINAPI","FERRAMENTAS - FAMILIA PEDREIRO - HORISTA (ENCARGOS COMPLEMENTARES - COLETADO CAIXA)","Encargos Complementares",null,"H",1,0.65,0.65]
["Insumo"," 00043489 ","SINAPI","EPI - FAMILIA PEDREIRO - HORISTA (ENCARGOS COMPLEMENTARES - COLETADO CAIXA)","Encargos Complementares",null,"H",1,1.74,1.74]
["Insumo"," 00004760 ","SINAPI","AZULEJISTA OU LADRILHEIRO (HORISTA)","Mão de Obra",null,"H",1,25.32,25.32]
[]
[null,"Código","Banco","Descrição","Tipo",null,"Und","Quant.","Valor Unit","Total"]
["Composição"," 1100657 ","SICRO3","Adensamento de concreto por vibrador de imersão","",null,"m³",1,3.76,3.76]
["A","Código","Banco","Equipamentos","Quantidade","Utilização",null,"Custo Horário",null,"Custo Horário Total"]
[{"$nulls":5},"Operativa","Improdutiva","Operativa","Improdutiva"]
["Insumo"," E9069 ","SICRO3","Vibrador de imersão para concreto - 4,10 kW",1,1,0,9.1136999999999997,0.92800000000000005,9.1136999999999997]
[{"$nulls":5},"Custo horário total de equipamentos",null,null,null,9.1136999999999997]
["B","Código","Banco","Mão de Obra","Quantidade","Custo Horário",null,null,null,"Custo Horário Total"]
["Insumo"," P9824 ","SICRO3","Servente",1,null,null,null,"23,241200000000000000000000000000","23,241200000000000000000000000000"]
[{"$nulls":5},"Adicional de Mão de obra (%)",null,null,null,0]
[{"$nulls":5},"Custo horário total de mão de obra",null,null,null,23.241199999999999]
[{"$nulls":5},"Custo horário total de execução",null,null,null,32.354900000000001]
[{"$nulls":5},"Produção de equipe",null,null,null,9]
[{"$nulls":5},"Custo unitário de execução",null,null,null,3.5950000000000002]
[{"$nulls":5},"Custo do FIC",null,null,null,0.16389999999999999]
["F","Momento de Transporte","Banco","Descrição","Quantidade","Distância Média de Transporte (DMT)",null,null,null,"Custo Horário"]
[{"$nulls":5},"LN","RP","P","FE"]
[{"$nulls":5},"Custo do FIT",null,null,null,0]
[{"$nulls":5},"Custo total de transporte",null,null,null,0]
[]
[null,"Código","Banco","Descrição","Tipo",null,"Und","Quant.","Valor Unit","Total"]
["Composição"," 2009619 ","SICRO3","Alvenaria de blocos de concreto 19 x 19 x 39 cm com espessura de 20 cm - areia comercial","",null,"m²",1,157.94999999999999,157.94999999999999]
["B","Código","Banco","Mão de Obra","Quantidade","Custo Horário",null,null,null,"Custo Horário Total"]
["Insumo"," P9824 ","SICRO3","Servente",1,null,null,null,"23,241200000000000000000000000000","23,241200000000000000000000000000"]
["Insumo"," P9821 ","SICRO3","Pedreiro",1,null,null,null,"29,919300000000000000000000000000","29,919300000000000000000000000000"]
[{"$nulls":5},"Adicional de Mão de obra (%)",null,null,null,0]
[{"$nulls":5},"Custo horário total de mão de obra",null,null,null,53.160499999999999]
[{"$nulls":5},"Custo horário total de execução",null,null,null,53.160499999999999]
[{"$nulls":5},"Produção de equipe",null,null,null,1]
[{"$nulls":5},"Custo unitário de execução",null,null,null,53.160499999999999]
[{"$nulls":5},"Custo do FIC",null,null,null,3.2439]
["C","Código","Banco","MATERIAL","Quantidade","Unidade","Preço Unitário",null,null,"Custo Horário"]
["Insumo"," M0156 ","SICRO3","Bloco de concreto - L = 19 cm, A = 19 cm e C = 39 cm",13,"un","6,144500000000000000000000000000",null,null,"79,878500000000000000000000000000"]
[{"$nulls":5},"Custo unitário total de material",null,null,null,79.878500000000003]
["D","Código","Banco","ATIVIDADES AUXILIARES","Quantidade","Unidade","Preço Unitário",null,null,"Custo Horário"]
["Composição"," 1109697 ","SICRO3","Argamassa de cimento, cal hidratada e areia 1:0,5:8 - confecção em betoneira e lançamento manual - areia comercial",1.4999999999999999E-2,"m³","634,350000000000000000000000000000",null,null,"9,515300000000000000000000000000"]
[{"$nulls":5},"Custo total de atividades auxiliares",null,null,null,9.5152999999999999]
["E","Tempo Fixo","Banco","Descrição","Carga","Quantidade","Unidade","Preço Unitário",null,"Custo Horário"]
["Composição"," 5914655 ","SICRO3","Carga, manobra e descarga de materiais diversos em caminhão carroceria de 15 t - carga e descarga manuais","M0156",0.21060000000000001,"t",35.75,null,7.5289999999999999]
[{"$nulls":5},"Custo Total dos Tempos Fixos",null,null,null,7.5289999999999999]
["F","Momento de Transporte","Banco","Descrição","Quantidade","Distância Média de Transporte (DMT)",null,null,null,"Custo Horário"]
[{"$nulls":5},"LN","RP","P","FE"]
["Insumo","M0156","SICRO3","Bloco de concreto - L = 19 cm, A = 19 cm e C = 39 cm",0.21060000000000001,"5914449\n0,00\n1,12\n0,0000","5914464\n0,00\n0,90\n0,0000","5914479\n30,10\n0,73\n21,9730","--",4.6275000000000004]
[{"$nulls":5},"Custo do FIT",null,null,null,0]
[{"$nulls":5},"Custo total de transporte",null,null,null,4.6275138]
[]
[null,"Código","Banco","Descrição","Tipo",null,"Und","Quant.","Valor Unit","Total"]
["Composição"," 4805756 ","SICRO3","Apiloamento manual de superfície com espessura de 15 cm","",null,"m²",1,5.61,5.61]
["B","Código","Banco","Mão de Obra","Quantidade","Custo Horário",null,null,null,"Custo Horário Total"]
["Insumo"," P9824 ","SICRO3","Servente",1,null,null,null,"23,241200000000000000000000000000","23,241200000000000000000000000000"]
[{"$nulls":5},"Adicional de Mão de obra (%)",null,null,null,0]
[{"$nulls":5},"Custo horário total de mão de obra",null,null,null,23.241199999999999]
[{"$nulls":5},"Custo horário total de execução",null,null,null,23.241199999999999]
[{"$nulls":5},"Produção de equipe",null,null,null,4.4444400000000002]
[{"$nulls":5},"Custo unitário de execução",null,null,null,5.2293000000000003]
[{"$nulls":5},"Custo do FIC",null,null,null,0.38290000000000002]
["F","Momento de Transporte","Banco","Descrição","Quantidade","Distância Média de Transporte (DMT)",null,null,null,"Custo Horário"]
[{"$nulls":5},"LN","RP","P","FE"]
[{"$nulls":5},"Custo do FIT",null,null,null,0]
[{"$nulls":5},"Custo total de transporte",null,null,null,0]
[]
[null,"Código","Banco","Descrição","Tipo",null,"Und","Quant.","Valor Unit","Total"]
["Composição"," 1109669 ","SICRO3","Argamassa de cimento e areia 1:3 - confecção em betoneira e lançamento manual - areia comercial","",null,"m³",1,868.23,868.23]
["A","Código","Banco","Equipamentos","Quantidade","Utilização",null,"Custo Horário",null,"Custo Horário Total"]
[{"$nulls":5},"Operativa","Improdutiva","Operativa","Improdutiva"]
["Insumo"," E9064 ","SICRO3","Transportador manual gerica com capacidade de 180 l",3,0.38,0.62,1.8064,1.2222999999999999,4.3327999999999998]
["Insumo"," E9071 ","SICRO3","Transportador manual carrinho de mão com capacidade de 80 l",3,0.95,0.05,0.75729999999999997,0.51239999999999997,2.2351999999999999]
["Insumo"," E9519 ","SICRO3","Betoneira com motor a gasolina com capacidade de 600 l - 10 kW",1,1,0,61.383600000000001,37.6995,61.383600000000001]
[{"$nulls":5},"Custo horário total de equipamentos",null,null,null,67.951599999999999]
["B","Código","Banco","Mão de Obra","Quantidade","Custo Horário",null,null,null,"Custo Horário Total"]
["Insumo"," P9824 ","SICRO3","Servente",8,null,null,null,"23,241200000000000000000000000000","185,929600000000000000000000000000"]
["Insumo"," P9821 ","SICRO3","Pedreiro",1,null,null,null,"29,919300000000000000000000000000","29,919300000000000000000000000000"]
[{"$nulls":5},"Adicional de Mão de obra (%)",null,null,null,0]
[{"$nulls":5},"Custo horário total de mão de obra",null,null,null,215.84889999999999]
[{"$nulls":5},"Custo horário total de execução",null,null,null,283.8005]
[{"$nulls":5},"Produção de equipe",null,null,null,4.2203400000000002]
[{"$nulls":5},"Custo unitário de execução",null,null,null,67.245900000000006]
[{"$nulls":5},"Custo do FIC",null,null,null,3.7412000000000001]
["C","Código","Banco","MATERIAL","Quantidade","Unidade","Preço Unitário",null,null,"Custo Horário"]
["Insumo"," M0424 ","SICRO3","Cimento Portland CP II - 32 - saco",458.01186999999999,"kg","0,973300000000000000000000000000",null,null,"445,783000000000000000000000000000"]
["Insumo"," M0082 ","SICRO3","Areia média lavada",1.0043500000000001,"m³","162,004600000000000000000000000000",null,null,"162,709300000000000000000000000000"]
[{"$nulls":5},"Custo unitário total de material",null,null,null,608.4923]
["E","Tempo Fixo","Banco","Descrição","Carga","Quantidade","Unidade","Preço Unitário",null,"Custo Horário"]
["Composição"," 5914647 ","SICRO3","Carga, manobra e descarga de agregados ou solos em caminhão basculante de 10 m³ - carga com carregadeira de 3,40 m³ (exclusa) e descarga livre","M0082",1.5065299999999999,"t",1.9,null,2.8624000000000001]
["Composição"," 5914655 ","SICRO3","Carga, manobra e descarga de materiais diversos em caminhão carroceria de 15 t - carga e descarga manuais","M0424",0.45800999999999997,"t",35.75,null,16.373899999999999]
[{"$nulls":5},"Custo Total dos Tempos Fixos",null,null,null,19.2363]
["F","Momento de Transporte","Banco","Descrição","Quantidade","Distância Média de Transporte (DMT)",null,null,null,"Custo Horário"]
[{"$nulls":5},"LN","RP","P","FE"]
["Insumo","M0424","SICRO3","Cimento Portland CP II - 32 - saco",0.45800999999999997,"5914449\n0,00\n1,12\n0,0000","5914464\n0,00\n0,90\n0,0000","5914479\n30,10\n0,73\n21,9730","--",10.0639]
["Insumo","M0082","SICRO3","Areia média lavada",1.5065299999999999,"5914359\n0,00\n1,29\n0,0000","5914374\n0,00\n1,03\n0,0000","5914389\n126,00\n0,84\n105,8400","--",159.4511]
[{"$nulls":5},"Custo do FIT",null,null,null,0]
[{"$nulls":5},"Custo total de transporte",null,null,null,169.51498889999999]
[]
[null,"Código","Banco","Descrição","Tipo",null,"Und","Quant.","Valor Unit","Total"]
["Composição"," 1109697 ","SICRO3","Argamassa de cimento, cal hidratada e areia 1:0,5:8 - confecção em betoneira e lançamento manual - areia comercial","",null,"m³",1,634.35,634.35]
["A","Código","Banco","Equipamentos","Quantidade","Utilização",null,"Custo Horário",null,"Custo Horário Total"]
[{"$nulls":5},"Operativa","Improdutiva","Operativa","Improdutiva"]
["Insumo"," E9519 ","SICRO3","Betoneira com motor a gasolina com capacidade de 600 l - 10 kW",1,1,0,61.383600000000001,37.6995,61.383600000000001]
["Insumo"," E9071 ","SICRO3","Transportador manual carrinho de mão com capacidade de 80 l",3,0.95,0.05,0.75729999999999997,0.51239999999999997,2.2351999999999999]
["Insumo"," E9064 ","SICRO3","Transportador manual gerica com capacidade de 180 l",3,0.32,0.68,1.8064,1.2222999999999999,4.2275999999999998]
[{"$nulls":5},"Custo horário total de equipamentos",null,null,null,67.846400000000003]
["B","Código","Banco","Mão de Obra","Quantidade","Custo Horário",null,null,null,"Custo Horário Total"]
["Insumo"," P9821 ","SICRO3","Pedreiro",1,null,null,null,"29,919300000000000000000000000000","29,919300000000000000000000000000"]
["Insumo"," P9824 ","SICRO3","Servente",8,null,null,null,"23,241200000000000000000000000000","185,929600000000000000000000000000"]
[{"$nulls":5},"Adicional de Mão de obra (%)",null,null,null,0]
[{"$nulls":5},"Custo horário total de mão de obra",null,null,null,215.84889999999999]
[{"$nulls":5},"Custo horário total de execução",null,null,null,283.69529999999997]
[{"$nulls":5},"Produção de equipe",null,null,null,4.0903499999999999]
[{"$nulls":5},"Custo unitário de execução",null,null,null,69.357200000000006]
[{"$nulls":5},"Custo do FIC",null,null,null,3.8601000000000001]
["C","Código","Banco","MATERIAL","Quantidade","Unidade","Preço Unitário",null,null,"Custo Horário"]
["Insumo"," M0345 ","SICRO3","Cal hidratada - saco",31.337050000000001,"kg","1,341200000000000000000000000000",null,null,"42,029300000000000000000000000000"]
["Insumo"," M0424 ","SICRO3","Cimento Portland CP II - 32 - saco",175.48747,"kg","0,973300000000000000000000000000",null,null,"170,802000000000000000000000000000"]
["Insumo"," M0082 ","SICRO3","Areia média lavada",1.03939,"m³","162,004600000000000000000000000000",null,null,"168,386000000000000000000000000000"]
[{"$nulls":5},"Custo unitário total de material",null,null,null,381.21730000000002]
["E","Tempo Fixo","Banco","Descrição","Carga","Quantidade","Unidade","Preço Unitário",null,"Custo Horário"]
["Composição"," 5914647 ","SICRO3","Carga, manobra e descarga de agregados ou solos em caminhão basculante de 10 m³ - carga com carregadeira de 3,40 m³ (exclusa) e descarga livre","M0082",1.5590900000000001,"t",1.9,null,2.9622999999999999]
["Composição"," 5914655 ","SICRO3","Carga, manobra e descarga de materiais diversos em caminhão carroceria de 15 t - carga e descarga manuais","M0424",0.17549000000000001,"t",35.75,null,6.2737999999999996]
["Composição"," 5914655 ","SICRO3","Carga, manobra e descarga de materiais diversos em caminhão carroceria de 15 t - carga e descarga manuais","M0345",3.134E-2,"t",35.75,null,1.1204000000000001]
[{"$nulls":5},"Custo Total dos Tempos Fixos",null,null,null,10.3565]
["F","Momento de Transporte","Banco","Descrição","Quantidade","Distância Média de Transporte (DMT)",null,null,null,"Custo Horário"]
[{"$nulls":5},"LN","RP","P","FE"]
["Insumo","M0082","SICRO3","Areia média lavada",1.5590900000000001,"5914359\n0,00\n1,29\n0,0000","5914374\n0,00\n1,03\n0,0000","5914389\n126,00\n0,84\n105,8400","--",165.01410000000001]
["Insumo","M0345","SICRO3","Cal hidratada - saco",3.134E-2,"5914449\n0,00\n1,12\n0,0000","5914464\n0,00\n0,90\n0,0000","5914479\n30,10\n0,73\n21,9730","--",0.68859999999999999]
["Insumo","M0424","SICRO3","Cimento Portland CP II - 32 - saco",0.17549000000000001,"5914449\n0,00\n1,12\n0,0000","5914464\n0,00\n0,90\n0,0000","5914479\n30,10\n0,73\n21,9730","--",3.8559999999999999]
[{"$nulls":5},"Custo do FIT",null,null,null,0]
[{"$nulls":5},"Custo total de transporte",null,null,null,169.55876119999999]
[]
[null,"Código","Banco","Descrição","Tipo",null,"Und","Quant.","Valor Unit","Total"]
["Composição"," 1109680 ","SICRO3","Argamassa para reparos e grauteamento - confecção em misturador e lançamento manual","",null,"m³",1,5799.48,5799.48]
["A","Código","Banco","Equipamentos","Quantidade","Utilização",null,"Custo Horário",null,"Custo Horário Total"]
[{"$nulls":5},"Operativa","Improdutiva","Operativa","Improdutiva"]
["Insumo"," E9064 ","SICRO3","Transportador manual gerica com capacidade de 180 l",2,0.17,0.83,1.8064,1.2222999999999999,2.6432000000000002]
["Insumo"," E9788 ","SICRO3","Misturador de argamassa com capacidade de 0,250 m³ - 3,70 kW",1,1,0,43.073599999999999,35.009799999999998,43.073599999999999]
[{"$nulls":5},"Custo horário total de equipamentos",null,null,null,45.716799999999999]
["B","Código","Banco","Mão de Obra","Quantidade","Custo Horário",null,null,null,"Custo Horário Total"]
["Insumo"," P9821 ","SICRO3","Pedreiro",1,null,null,null,"29,919300000000000000000000000000","29,919300000000000000000000000000"]
["Insumo"," P9824 ","SICRO3","Servente",2,null,null,null,"23,241200000000000000000000000000","46,482400000000000000000000000000"]
[{"$nulls":5},"Adicional de Mão de obra (%)",null,null,null,0]
[{"$nulls":5},"Custo horário total de mão de obra",null,null,null,76.401700000000005]
[{"$nulls":5},"Custo horário total de execução",null,null,null,122.1185]
[{"$nulls":5},"Produção de equipe",null,null,null,1.19712]
[{"$nulls":5},"Custo unitário de execução",null,null,null,102.0102]
[{"$nulls":5},"Custo do FIC",null,null,null,5.8034999999999997]
["C","Código","Banco","MATERIAL","Quantidade","Unidade","Preço Unitário",null,null,"Custo Horário"]
["Insumo"," M0083 ","SICRO3","Argamassa pré-dosada para grauteamento",2073.75,"kg","2,686900000000000000000000000000",null,null,"5.571,958900000000000000000000000000"]
[{"$nulls":5},"Custo unitário total de material",null,null,null,5571.9588999999996]
["E","Tempo Fixo","Banco","Descrição","Carga","Quantidade","Unidade","Preço Unitário",null,"Custo Horário"]
["Composição"," 5914655 ","SICRO3","Carga, manobra e descarga de materiais diversos em caminhão carroceria de 15 t - carga e descarga manuais","M0083",2.07375,"t",35.75,null,74.136600000000001]
[{"$nulls":5},"Custo Total dos Tempos Fixos",null,null,null,74.136600000000001]
["F","Momento de Transporte","Banco","Descrição","Quantidade","Distância Média de Transporte (DMT)",null,null,null,"Custo Horário"]
[{"$nulls":5},"LN","RP","P","FE"]
["Insumo","M0083","SICRO3","Argamassa pré-dosada para grauteamento",2.07375,"5914449\n0,00\n1,12\n0,0000","5914464\n0,00\n0,90\n0,0000","5914479\n30,10\n0,73\n21,9730","--",45.566499999999998]
[{"$nulls":5},"Custo do FIT",null,null,null,0]
[{"$nulls":5},"Custo total de transporte",null,null,null,45.566508800000001]
[]
[null,"Código","Banco","Descrição","Tipo",null,"Und","Quant.","Valor Unit","Total"]
["Composição"," 0407819 ","SICRO3","Armação em aço CA-50 - fornecimento, preparo e colocação","",null,"kg",1,12.89,12.89]
["B","Código","Banco","Mão de Obra","Quantidade","Custo Horário",null,null,null,"Custo Horário Total"]
["Insumo"," P9801 ","SICRO3","Ajudante",0.09,null,null,null,"23,766800000000000000000000000000","2,139000000000000000000000000000"]
["Insumo"," P9805 ","SICRO3","Armador",0.09,null,null,null,"30,239900000000000000000000000000","2,721600000000000000000000000000"]
[{"$nulls":5},"Adicional de Mão de obra (%)",null,null,null,0]
[{"$nulls":5},"Custo horário total de mão de obra",null,null,null,4.8605999999999998]
[{"$nulls":5},"Custo horário total de execução",null,null,null,4.8605999999999998]
[{"$nulls":5},"Produção de equipe",null,null,null,1]
[{"$nulls":5},"Custo unitário de execução",null,null,null,4.8605999999999998]
[{"$nulls":5},"Custo do FIC",null,null,null,0]
["C","Código","Banco","MATERIAL","Quantidade","Unidade","Preço Unitário",null,null,"Custo Horário"]
["Insumo"," M0075 ","SICRO3","Arame liso recozido em aço-carbono - D = 1,24 mm (18 BWG)",1.4999999999999999E-2,"kg","14,990000000000000000000000000000",null,null,"0,224900000000000000000000000000"]
["Insumo"," M0004 ","SICRO3","Aço CA 50",1.1000000000000001,"kg","7,037800000000000000000000000000",null,null,"7,741600000000000000000000000000"]
[{"$nulls":5},"Custo unitário total de material",null,null,null,7.9664999999999999]
["E","Tempo Fixo","Banco","Descrição","Carga","Quantidade","Unidade","Preço Unitário",null,"Custo Horário"]
["Composição"," 5914655 ","SICRO3","Carga, manobra e descarga de materiais diversos em caminhão carroceria de 15 t - carga e descarga manuais","M0004",1.1000000000000001E-3,"t",35.75,null,3.9300000000000002E-2]
["Composição"," 5914655 ","SICRO3","Carga, manobra e descarga de materiais diversos em caminhão carroceria de 15 t - carga e descarga manuais","M0075",2.0000000000000002E-5,"t",35.75,null,6.9999999999999999E-4]
[{"$nulls":5},"Custo Total dos Tempos Fixos",null,null,null,0.04]
["F","Momento de Transporte","Banco","Descrição","Quantidade","Distância Média de Transporte (DMT)",null,null,null,"Custo Horário"]
[{"$nulls":5},"LN","RP","P","FE"]
["Insumo","M0004","SICRO3","Aço CA 50",1.1000000000000001E-3,"5914449\n0,00\n1,12\n0,0000","5914464\n0,00\n0,90\n0,0000","5914479\n30,10\n0,73\n21,9730","--",2.4199999999999999E-2]
["Insumo","M0075","SICRO3","Arame liso recozido em aço-carbono - D = 1,24 mm (18 BWG)",2.0000000000000002E-5,"5914449\n0,00\n1,12\n0,0000","5914464\n0,00\n0,90\n0,0000","5914479\n30,10\n0,73\n21,9730","--",4.0000000000000002E-4]
[{"$nulls":5},"Custo do FIT",null,null,null,0]
[{"$nulls":5},"Custo total de transporte",null,null,null,2.4609800000000001E-2]
[]
[null,"Código","Banco","Descrição","Tipo",null,"Und","Quant.","Valor Unit","Total"]
["Composição"," 0407820 ","SICRO3","Armação em aço CA-60 - fornecimento, preparo e colocação","",null,"kg",1,14.2,14.2]
["B","Código","Banco","Mão de Obra","Quantidade","Custo Horário",null,null,null,"Custo Horário Total"]
["Insumo"," P9801 ","SICRO3","Ajudante",0.08,null,null,null,"23,766800000000000000000000000000","1,901300000000000000000000000000"]
["Insumo"," P9805 ","SICRO3","Armador",0.08,null,null,null,"30,239900000000000000000000000000","2,419200000000000000000000000000"]
[{"$nulls":5},"Adicional de Mão de obra (%)",null,null,null,0]
[{"$nulls":5},"Custo horário total de mão de obra",null,null,null,4.3205]
[{"$nulls":5},"Custo horário total de execução",null,null,null,4.3205]
[{"$nulls":5},"Produção de equipe",null,null,null,1]
[{"$nulls":5},"Custo unitário de execução",null,null,null,4.3205]
[{"$nulls":5},"Custo do FIC",null,null,null,0]
["C","Código","Banco","MATERIAL","Quantidade","Unidade","Preço Unitário",null,null,"Custo Horário"]
["Insumo"," M0075 ","SICRO3","Arame liso recozido em aço-carbono - D = 1,24 mm (18 BWG)",1.4999999999999999E-2,"kg","14,990000000000000000000000000000",null,null,"0,224900000000000000000000000000"]
["Insumo"," M0014 ","SICRO3","Aço CA 60",1.1000000000000001,"kg","8,721200000000000000000000000000",null,null,"9,593300000000000000000000000000"]
[{"$nulls":5},"Custo unitário total de material",null,null,null,9.8181999999999992]
["E","Tempo Fixo","Banco","Descrição","Carga","Quantidade","Unidade","Preço Unitário",null,"Custo Horário"]
["Composição"," 5914655 ","SICRO3","Carga, manobra e descarga de materiais diversos em caminhão carroceria de 15 t - carga e descarga manuais","M0075",2.0000000000000002E-5,"t",35.75,null,6.9999999999999999E-4]
["Composição"," 5914655 ","SICRO3","Carga, manobra e descarga de materiais diversos em caminhão carroceria de 15 t - carga e descarga manuais","M0014",1.1000000000000001E-3,"t",35.75,null,3.9300000000000002E-2]
[{"$nulls":5},"Custo Total dos Tempos Fixos",null,null,null,0.04]
["F","Momento de Transporte","Banco","Descrição","Quantidade","Distância Média de Transporte (DMT)",null,null,null,"Custo Horário"]
[{"$nulls":5},"LN","RP","P","FE"]
["Insumo","M0014","SICRO3","Aço CA 60",1.1000000000000001E-3,"5914449\n0,00\n1,12\n0,0000","5914464\n0,00\n0,90\n0,0000","5914479\n30,10\n0,73\n21,9730","--",2.4199999999999999E-2]
["Insumo","M0075","SICRO3","Arame liso recozido em aço-carbono - D = 1,24 mm (18 BWG)",2.0000000000000002E-5,"5914449\n0,00\n1,12\n0,0000","5914464\n0,00\n0,90\n0,0000","5914479\n30,10\n0,73\n21,9730","--",4.0000000000000002E-4]
[{"$nulls":5},"Custo do FIT",null,null,null,0]
[{"$nulls":5},"Custo total de transporte",null,null,null,2.4609800000000001E-2]
[]
[null,"Código","Banco","Descrição","Tipo",null,"Und","Quant.","Valor Unit","Total"]
["Composição"," 86899 ","SINAPI","BANCADA DE MÁRMORE BRANCO POLIDO, DE 0,50 X 0,60 M, PARA LAVATÓRIO - FORNECIMENTO E INSTALAÇÃO. AF_01/2020","Louças e Metais",null,"UN",1,370.02,370.02]
["Composição Auxiliar"," 88274 ","SINAPI","MARMORISTA/GRANITEIRO COM ENCARGOS COMPLEMENTARES","Livro SINAPI: Cálculos e Parâmetros",null,"H",1.9209000000000001,27.724314,53.255634800000003]
["Composição Auxiliar"," 88316 ","SINAPI","SERVENTE COM ENCARGOS COMPLEMENTARES","Livro SINAPI: Cálculos e Parâmetros",null,"H",0.98109999999999997,20.96602,20.5697622]
["Insumo"," 00004823 ","SINAPI","MASSA PLASTICA PARA MARMORE/GRANITO","Material",null,"KG",0.38440000000000002,40.11,15.418284]
["Insumo"," 00011692 ","SINAPI","BANCADA/ BANCA/ BALCAO/ TAMPO EM MARMORE BRANCO COMUM, POLIDO, LISO, ACABAMENTO RETO, E= *3* CM (SEM FUROS)","Material",null,"m²",0.377,639.91,241.24607]
["Insumo"," 00007568 ","SINAPI","BUCHA DE NYLON SEM ABA S10, COM PARAFUSO DE 6,10 X 65 MM EM ACO ZINCADO COM ROSCA SOBERBA, CABECA CHATA E FENDA PHILLIPS","Material",null,"UN",6,0.61,3.66]
["Insumo"," 00037329 ","SINAPI","REJUNTE EPOXI, QUALQUER COR","Material",null,"KG",1.54E-2,139.75,2.1521499999999998]
["Insumo"," 00037590 ","SINAPI","SUPORTE MAO-FRANCESA EM ACO, ABAS IGUAIS 30 CM, CAPACIDADE MINIMA 60 KG, BRANCO","Material",null,"UN",2,16.86,33.72]
[]
[null,"Código","Banco","Descrição","Tipo",null,"Und","Quant.","Valor Unit","Total"]
["Composição"," 86893 ","SINAPI","BANCADA DE MÁRMORE BRANCO POLIDO, DE 1,50 X 0,60 M, PARA PIA DE COZINHA - FORNECIMENTO E INSTALAÇÃO. AF_01/2020","Louças e Metais",null,"UN",1,773.27,773.27]
["Composição Auxiliar"," 88274 ","SINAPI","MARMORISTA/GRANITEIRO COM ENCARGOS COMPLEMENTARES","Livro SINAPI: Cálculos e Parâmetros",null,"H",1.4944,27.724314,41.431214799999999]
["Composição Auxiliar"," 88316 ","SINAPI","SERVENTE COM ENCARGOS COMPLEMENTARES","Livro SINAPI: Cálculos e Parâmetros",null,"H",0.98340000000000005,20.96602,20.617984100000001]
["Insumo"," 00011692 ","SINAPI","BANCADA/ BANCA/ BALCAO/ TAMPO EM MARMORE BRANCO COMUM, POLIDO, LISO, ACABAMENTO RETO, E= *3* CM (SEM FUROS)","Material",null,"m²",1.0049999999999999,639.91,643.10955000000001]
["Insumo"," 00007568 ","SINAPI","BUCHA DE NYLON SEM ABA S10, COM PARAFUSO DE 6,10 X 65 MM EM ACO ZINCADO COM ROSCA SOBERBA, CABECA CHATA E FENDA PHILLIPS","Material",null,"UN",6,0.61,3.66]
["Insumo"," 00037591 ","SINAPI","SUPORTE MAO-FRANCESA EM ACO, ABAS IGUAIS 40 CM, CAPACIDADE MINIMA 70 KG, BRANCO","Material",null,"UN",2,20.27,40.54]
["Insumo"," 00037329 ","SINAPI","REJUNTE EPOXI, QUALQUER COR","Material",null,"KG",2.1100000000000001E-2,139.75,2.948725]
["Insumo"," 00004823 ","SINAPI","MASSA PLASTICA PARA MARMORE/GRANITO","Material",null,"KG",0.52280000000000004,40.11,20.969508000000001]
[]
[null,"Código","Banco","Descrição","Tipo",null,"Und","Quant.","Valor Unit","Total"]
["Composição"," 88831 ","SINAPI","BETONEIRA CAPACIDADE NOMINAL DE 400 L, CAPACIDADE DE MISTURA 280 L, MOTOR ELÉTRICO TRIFÁSICO POTÊNCIA DE 2 CV, SEM CARREGADOR - CHI DIURNO. AF_05/2023","Custos Horários Produtivo e Improdutivo dos Equipamentos",null,"CHI",1,0.42,0.42]
["Composição Auxiliar"," 88827 ","SINAPI","BETONEIRA CAPACIDADE NOMINAL DE 400 L, CAPACIDADE DE MISTURA 280 L, MOTOR ELÉTRICO TRIFÁSICO POTÊNCIA DE 2 CV, SEM CARREGADOR - JUROS. AF_05/2023","Depreciação, Juros, Impostos e Seguros, Manutenção e Materiais na Operação dos Equipamentos",null,"H",1,8.0584816000000004E-2,8.0584799999999998E-2]
["Composição Auxiliar"," 88826 ","SINAPI","BETONEIRA CAPACIDADE NOMINAL DE 400 L, CAPACIDADE DE MISTURA 280 L, MOTOR ELÉTRICO TRIFÁSICO POTÊNCIA DE 2 CV, SEM CARREGADOR - DEPRECIAÇÃO. AF_05/2023","Depreciação, Juros, Impostos e Seguros, Manutenção e Materiais na Operação dos Equipamentos",null,"H",1,0.34847487999999999,0.34847489999999998]
[]
[null,"Código","Banco","Descrição","Tipo",null,"Und","Quant.","Valor Unit","Total"]
["Composição"," 88830 ","SINAPI","BETONEIRA CAPACIDADE NOMINAL DE 400 L, CAPACIDADE DE MISTURA 280 L, MOTOR ELÉTRICO TRIFÁSICO POTÊNCIA DE 2 CV, SEM CARREGADOR - CHP DIURNO. AF_05/2023","Custos Horários Produtivo e Improdutivo dos Equipamentos",null,"CHP",1,2.0699999999999998,2.0699999999999998]
["Composição Auxiliar"," 88826 ","SINAPI","BETONEIRA CAPACIDADE NOMINAL DE 400 L, CAPACIDADE DE MISTURA 280 L, MOTOR ELÉTRICO TRIFÁSICO POTÊNCIA DE 2 CV, SEM CARREGADOR - DEPRECIAÇÃO. AF_05/2023","Depreciação, Juros, Impostos e Seguros, Manutenção e Materiais na Operação dos Equipamentos",null,"H",1,0.34847487999999999,0.34847489999999998]
["Composição Auxiliar"," 88827 ","SINAPI","BETONEIRA CAPACIDADE NOMINAL DE 400 L, CAPACIDADE DE MISTURA 280 L, MOTOR ELÉTRICO TRIFÁSICO POTÊNCIA DE 2 CV, SEM CARREGADOR - JUROS. AF_05/2023","Depreciação, Juros, Impostos e Seguros, Manutenção e Materiais na Operação dos Equipamentos",null,"H",1,8.0584816000000004E-2,8.0584799999999998E-2]
["Composição Auxiliar"," 88829 ","SINAPI","BETONEIRA CAPACIDADE NOMINAL DE 400 L, CAPACIDADE DE MISTURA 280 L, MOTOR ELÉTRICO TRIFÁSICO POTÊNCIA DE 2 CV, SEM CARREGADOR - MATERIAIS NA OPERAÇÃO. AF_05/2023","Depreciação, Juros, Impostos e Seguros, Manutenção e Materiais na Operação dos Equipamentos",null,"H",1,1.2625,1.2625]
["Composição Auxiliar"," 88828 ","SINAPI","BETONEIRA CAPACIDADE NOMINAL DE 400 L, CAPACIDADE DE MISTURA 280 L, MOTOR ELÉTRICO TRIFÁSICO POTÊNCIA DE 2 CV, SEM CARREGADOR - MANUTENÇÃO. AF_05/2023","Depreciação, Juros, Impostos e Seguros, Manutenção e Materiais na Operação dos Equipamentos",null,"H",1,0.38114439999999999,0.38114439999999999]
[]
[null,"Código","Banco","Descrição","Tipo",null,"Und","Quant.","Valor Unit","Total"]
["Composição"," 88826 ","SINAPI","BETONEIRA CAPACIDADE NOMINAL DE 400 L, CAPACIDADE DE MISTURA 280 L, MOTOR ELÉTRICO TRIFÁSICO POTÊNCIA DE 2 CV, SEM CARREGADOR - DEPRECIAÇÃO. AF_05/2023","Depreciação, Juros, Impostos e Seguros, Manutenção e Materiais na Operação dos Equipamentos",null,"H",1,0.34,0.34]
["Insumo"," 00010535 ","SINAPI","BETONEIRA, CAPACIDADE NOMINAL 400 L, CAPACIDADE DE MISTURA 280 L, MOTOR ELETRICO TRIFASICO 220/380 V, POTENCIA 2 CV, SEM CARREGADOR","Equipamento para Aquisição Permanente",null,"UN",6.3999999999999997E-5,5444.92,0.34847489999999998]
[]
[null,"Código","Banco","Descrição","Tipo",null,"Und","Quant.","Valor Unit","Total"]
["Composição"," 88827 ","SINAPI","BETONEIRA CAPACIDADE NOMINAL DE 400 L, CAPACIDADE DE MISTURA 280 L, MOTOR ELÉTRICO TRIFÁSICO POTÊNCIA DE 2 CV, SEM CARREGADOR - JUROS. AF_05/2023","Depreciação, Juros, Impostos e Seguros, Manutenção e Materiais na Operação dos Equipamentos",null,"H",1,0.08,0.08]
["Insumo"," 00010535 ","SINAPI","BETONEIRA, CAPACIDADE NOMINAL 400 L, CAPACIDADE DE MISTURA 280 L, MOTOR ELETRICO TRIFASICO 220/380 V, POTENCIA 2 CV, SEM CARREGADOR","Equipamento para Aquisição Permanente",null,"UN",1.4800000000000001E-5,5444.92,8.0584799999999998E-2]
[]
[null,"Código","Banco","Descrição","Tipo",null,"Und","Quant.","Valor Unit","Total"]
["Composição"," 88828 ","SINAPI","BETONEIRA CAPACIDADE NOMINAL DE 400 L, CAPACIDADE DE MISTURA 280 L, MOTOR ELÉTRICO TRIFÁSICO POTÊNCIA DE 2 CV, SEM CARREGADOR - MANUTENÇÃO. AF_05/2023","Depreciação, Juros, Impostos e Seguros, Manutenção e Materiais na Operação dos Equipamentos",null,"H",1,0.38,0.38]
["Insumo"," 00010535 ","SINAPI","BETONEIRA, CAPACIDADE NOMINAL 400 L, CAPACIDADE DE MISTURA 280 L, MOTOR ELETRICO TRIFASICO 220/380 V, POTENCIA 2 CV, SEM CARREGADOR","Equipamento para Aquisição Permanente",null,"UN",6.9999999999999994E-5,5444.92,0.38114439999999999]
[]
[null,"Código","Banco","Descrição","Tipo",null,"Und","Quant.","Valor Unit","Total"]
["Composição"," 88829 ","SINAPI","BETONEIRA CAPACIDADE NOMINAL DE 400 L, CAPACIDADE DE MISTURA 280 L, MOTOR ELÉTRICO TRIFÁSICO POTÊNCIA DE 2 CV, SEM CARREGADOR - MATERIAIS NA OPERAÇÃO. AF_05/2023","Depreciação, Juros, Impostos e Seguros, Manutenção e Materiais na Operação dos Equipamentos",null,"H",1,1.26,1.26]
["Insumo"," 00002705 ","SINAPI","ENERGIA ELETRICA ATE 2000 KWH INDUSTRIAL, SEM DEMANDA","Franquia",null,"KWH",1.25,1.01,1.2625]
[]
[null,"Código","Banco","Descrição","Tipo",null,"Und","Quant.","Valor Unit","Total"]
["Composição"," 89226 ","SINAPI","BETONEIRA CAPACIDADE NOMINAL DE 600 L, CAPACIDADE DE MISTURA 360 L, MOTOR ELÉTRICO TRIFÁSICO POTÊNCIA DE 4 CV, SEM CARREGADOR - CHI DIURNO. AF_05/2023","Custos Horários Produtivo e Improdutivo dos Equipamentos",null,"CHI",1,1.74,1.74]
["Composição Auxiliar"," 89221 ","SINAPI","BETONEIRA CAPACIDADE NOMINAL DE 600 L, CAPACIDADE DE MISTURA 360 L, MOTOR ELÉTRICO TRIFÁSICO POTÊNCIA DE 4 CV, SEM CARREGADOR - DEPRECIAÇÃO. AF_05/2023","Depreciação, Juros, Impostos e Seguros, Manutenção e Materiais na Operação dos Equipamentos",null,"H",1,1.41752448,1.4175245000000001]
["Composição Auxiliar"," 89222 ","SINAPI","BETONEIRA CAPACIDADE NOMINAL DE 600 L, CAPACIDADE DE MISTURA 360 L, MOTOR ELÉTRICO TRIFÁSICO POTÊNCIA DE 4 CV, SEM CARREGADOR - JUROS. AF_05/2023","Depreciação, Juros, Impostos e Seguros, Manutenção e Materiais na Operação dos Equipamentos",null,"H",1,0.32780253599999998,0.3278025]
[]
[null,"Código","Banco","Descrição","Tipo",null,"Und","Quant.","Valor Unit","Total"]
["Composição"," 89225 ","SINAPI","BETONEIRA CAPACIDADE NOMINAL DE 600 L, CAPACIDADE DE MISTURA 360 L, MOTOR ELÉTRICO TRIFÁSICO POTÊNCIA DE 4 CV, SEM CARREGADOR - CHP DIURNO. AF_05/2023","Custos Horários Produtivo e Improdutivo dos Equipamentos",null,"CHP",1,5.82,5.82]
["Composição Auxiliar"," 89224 ","SINAPI","BETONEIRA CAPACIDADE NOMINAL DE 600 L, CAPACIDADE DE MISTURA 360 L, MOTOR ELÉTRICO TRIFÁSICO POTÊNCIA DE 4 CV, SEM CARREGADOR - MATERIAIS NA OPERAÇÃO. AF_05/2023","Depreciação, Juros, Impostos e Seguros, Manutenção e Materiais na Operação dos Equipamentos",null,"H",1,2.5249999999999999,2.5249999999999999]
["Composição Auxiliar"," 89223 ","SINAPI","BETONEIRA CAPACIDADE NOMINAL DE 600 L, CAPACIDADE DE MISTURA 360 L, MOTOR ELÉTRICO TRIFÁSICO POTÊNCIA DE 4 CV, SEM CARREGADOR - MANUTENÇÃO. AF_05/2023","Depreciação, Juros, Impostos e Seguros, Manutenção e Materiais na Operação dos Equipamentos",null,"H",1,1.5504173999999999,1.5504173999999999]
["Composição Auxiliar"," 89221 ","SINAPI","BETONEIRA CAPACIDADE NOMINAL DE 600 L, CAPACIDADE DE MISTURA 360 L, MOTOR ELÉTRICO TRIFÁSICO POTÊNCIA DE 4 CV, SEM CARREGADOR - DEPRECIAÇÃO. AF_05/2023","Depreciação, Juros, Impostos e Seguros, Manutenção e Materiais na Operação dos Equipamentos",null,"H",1,1.41752448,1.4175245000000001]
["Composição Auxiliar"," 89222 ","SINAPI","BETONEIRA CAPACIDADE NOMINAL DE 600 L, CAPACIDADE DE MISTURA 360 L, MOTOR ELÉTRICO TRIFÁSICO POTÊNCIA DE 4 CV, SEM CARREGADOR - JUROS. AF_05/2023","Depreciação, Juros, Impostos e Seguros, Manutenção e Materiais na Operação dos Equipamentos",null,"H",1,0.32780253599999998,0.3278025]
[]
[null,"Código","Banco","Descrição","Tipo",null,"Und","Quant.","Valor Unit","Total"]
["Composição"," 89221 ","SINAPI","BETONEIRA CAPACIDADE NOMINAL DE 600 L, CAPACIDADE DE MISTURA 360 L, MOTOR ELÉTRICO TRIFÁSICO POTÊNCIA DE 4 CV, SEM CARREGADOR - DEPRECIAÇÃO. AF_05/2023","Depreciação, Juros, Impostos e Seguros, Manutenção e Materiais na Operação dos Equipamentos",null,"H",1,1.41,1.41]
["Insumo"," 00036397 ","SINAPI","BETONEIRA, CAPACIDADE NOMINAL 600 L, CAPACIDADE DE MISTURA 360 L, MOTOR ELETRICO TRIFASICO 220/380V, POTENCIA 4CV, SEM CARREGADOR","Equipamento para Aquisição Permanente",null,"UN",6.3999999999999997E-5,22148.82,1.4175245000000001]
[]
[null,"Código","Banco","Descrição","Tipo",null,"Und","Quant.","Valor Unit","Total"]
["Composição"," 89222 ","SINAPI","BETONEIRA CAPACIDADE NOMINAL DE 600 L, CAPACIDADE DE MISTURA 360 L, MOTOR ELÉTRICO TRIFÁSICO POTÊNCIA DE 4 CV, SEM CARREGADOR - JUROS. AF_05/2023","Depreciação, Juros, Impostos e Seguros, Manutenção e Materiais na Operação dos Equipamentos",null,"H",1,0.32,0.32]
["Insumo"," 00036397 ","SINAPI","BETONEIRA, CAPACIDADE NOMINAL 600 L, CAPACIDADE DE MISTURA 360 L, MOTOR ELETRICO TRIFASICO 220/380V, POTENCIA 4CV, SEM CARREGADOR","Equipamento para Aquisição Permanente",null,"UN",1.4800000000000001E-5,22148.82,0.3278025]
[]
[null,"Código","Banco","Descrição","Tipo",null,"Und","Quant.","Valor Unit","Total"]
["Composição"," 89223 ","SINAPI","BETONEIRA CAPACIDADE NOMINAL DE 600 L, CAPACIDADE DE MISTURA 360 L, MOTOR ELÉTRICO TRIFÁSICO POTÊNCIA DE 4 CV, SEM CARREGADOR - MANUTENÇÃO. AF_05/2023","Depreciação, Juros, Impostos e Seguros, Manutenção e Materiais na Operação dos Equipamentos",null,"H",1,1.55,1.55]
["Insumo"," 00036397 ","SINAPI","BETONEIRA, CAPACIDADE NOMINAL 600 L, CAPACIDADE DE MISTURA 360 L, MOTOR ELETRICO TRIFASICO 220/380V, POTENCIA 4CV, SEM CARREGADOR","Equipamento para Aquisição Permanente",null,"UN",6.9999999999999994E-5,22148.82,1.5504173999999999]
[]
[null,"Código","Banco","Descrição","Tipo",null,"Und","Quant.","Valor Unit","Total"]
["Composição"," 89224 ","SINAPI","BETONEIRA CAPACIDADE NOMINAL DE 600 L, CAPACIDADE DE MISTURA 360 L, MOTOR ELÉTRICO TRIFÁSICO POTÊNCIA DE 4 CV, SEM CARREGADOR - MATERIAIS NA OPERAÇÃO. AF_05/2023","Depreciação, Juros, Impostos e Seguros, Manutenção e Materiais na Operação dos Equipamentos",null,"H",1,2.52,2.52]
["Insumo"," 00002705 ","SINAPI","ENERGIA ELETRICA ATE 2000 KWH INDUSTRIAL, SEM DEMANDA","Franquia",null,"KWH",2.5,1.01,2.5249999999999999]
[]
[null,"Código","Banco","Descrição","Tipo",null,"Und","Quant.","Valor Unit","Total"]
["Composição"," 105234 ","SINAPI","BUCHA DE REDUÇÃO PVC, SOLDÁVEL, LONGA, DN 50 X 25 MM, INSTALADO EM RESERVAÇÃO PREDIAL DE ÁGUA - FORNECIMENTO E INSTALAÇÃO. AF_04/2024","Instalações Hidráulicas - Reservação e Bombas de Recalque",null,"UN",1,9.32,9.32]
["Composição Auxiliar"," 88248 ","SINAPI","AUXILIAR DE ENCANADOR OU BOMBEIRO HIDRÁULICO COM ENCARGOS COMPLEMENTARES","Livro SINAPI: Cálculos e Parâmetros",null,"H",6.59E-2,22.614539000000001,1.4902981]
["Composição Auxiliar"," 88267 ","SINAPI","ENCANADOR OU BOMBEIRO HIDRÁULICO COM ENCARGOS COMPLEMENTARES","Livro SINAPI: Cálculos e Parâmetros",null,"H",6.59E-2,25.943333599999999,1.7096657]
["Insumo"," 00020083 ","SINAPI","SOLUCAO PREPARADORA / LIMPADORA PARA PVC, FRASCO COM 1000 CM3","Material",null,"UN",1.4999999999999999E-2,80.11,1.2016500000000001]
["Insumo"," 00000122 ","SINAPI","ADESIVO PLASTICO PARA PVC, FRASCO COM *850* GR","Material",null,"UN",1.18E-2,70.709999999999994,0.83437799999999995]
["Insumo"," 00000813 ","SINAPI","BUCHA DE REDUCAO DE PVC, SOLDAVEL, LONGA, COM 50 X 25 MM, PARA AGUA FRIA PREDIAL","Material",null,"UN",1,4.07,4.07]
["Insumo"," 00038383 ","SINAPI","LIXA D'AGUA EM FOLHA, COR PRETA, GRAO 100","Material",null,"UN",1.0999999999999999E-2,2,2.1999999999999999E-2]
[]
[null,"Código","Banco","Descrição","Tipo",null,"Und","Quant.","Valor Unit","Total"]
["Composição"," 101560 ","SINAPI","CABO DE COBRE FLEXÍVEL ISOLADO, 10 MM², 0,6/1,0 KV, PARA REDE AÉREA DE DISTRIBUIÇÃO DE ENERGIA ELÉTRICA DE BAIXA TENSÃO - FORNECIMENTO E INSTALAÇÃO. AF_12/2025","Instalações Elétricas - Rede de Distribuição",null,"M",1,12.67,12.67]
["Composição Auxiliar"," 88247 ","SINAPI","AUXILIAR DE ELETRICISTA COM ENCARGOS COMPLEMENTARES","Livro SINAPI: Cálculos e Parâmetros",null,"H",5.1999999999999995E-4,23.583625999999999,1.22635E-2]
["Composição Auxiliar"," 88264 ","SINAPI","ELETRICISTA COM ENCARGOS COMPLEMENTARES","Livro SINAPI: Cálculos e Parâmetros",null,"H",2.5999999999999999E-3,28.739106400000001,7.4721700000000002E-2]
["Insumo"," 00001020 ","SINAPI","CABO DE COBRE, FLEXIVEL, CLASSE 4 OU 5, ISOLACAO EM PVC/A, ANTICHAMA BWF-B, COBERTURA PVC-ST1, ANTICHAMA BWF-B, 1 CONDUTOR, 0,6/1 KV, SECAO NOMINAL 10 MM2","Material",null,"M",1.0401,12.1,12.58521]
[]
[null,"Código","Banco","Descrição","Tipo",null,"Und","Quant.","Valor Unit","Total"]
["Composição"," 91933 ","SINAPI","CABO DE COBRE FLEXÍVEL ISOLADO, 10 MM², ANTI-CHAMA 0,6/1,0 KV, PARA CIRCUITOS TERMINAIS - FORNECIMENTO E INSTALAÇÃO. AF_03/2023","Instalações Elétricas - Eletrodutos Embutidos, Cabos, Caixas, Tomadas e Interruptores",null,"M",1,19.13,19.13]
["Composição Auxiliar"," 88264 ","SINAPI","ELETRICISTA COM ENCARGOS COMPLEMENTARES","Livro SINAPI: Cálculos e Parâmetros",null,"H",7.5999999999999998E-2,28.739106400000001,2.1841721000000001]
["Composição Auxiliar"," 88247 ","SINAPI","AUXILIAR DE ELETRICISTA COM ENCARGOS COMPLEMENTARES","Livro SINAPI: Cálculos e Parâmetros",null,"H",7.5999999999999998E-2,23.583625999999999,1.7923556]
["Insumo"," 00001020 ","SINAPI","CABO DE COBRE, FLEXIVEL, CLASSE 4 OU 5, ISOLACAO EM PVC/A, ANTICHAMA BWF-B, COBERTURA PVC-ST1, ANTICHAMA BWF-B, 1 CONDUTOR, 0,6/1 KV, SECAO NOMINAL 10 MM2","Material",null,"M",1.2434000000000001,12.1,15.04514]
["Insumo"," 00021127 ","SINAPI","FITA ISOLANTE ADESIVA ANTICHAMA, USO ATE 750 V, EM ROLO DE 19 MM X 5 M","Material",null,"UN",9.4000000000000004E-3,12.1,0.11373999999999999]
[]
[null,"Código","Banco","Descrição","Tipo",null,"Und","Quant.","Valor Unit","Total"]
["Composição"," 91926 ","SINAPI","CABO DE COBRE FLEXÍVEL ISOLADO, 2,5 MM², ANTI-CHAMA 450/750 V, PARA CIRCUITOS TERMINAIS - FORNECIMENTO E INSTALAÇÃO. AF_03/2023","Instalações Elétricas - Eletrodutos Embutidos, Cabos, Caixas, Tomadas e Interruptores",null,"M",1,5.0999999999999996,5.0999999999999996]
["Composição Auxiliar"," 88264 ","SINAPI","ELETRICISTA COM ENCARGOS COMPLEMENTARES","Livro SINAPI: Cálculos e Parâmetros",null,"H",2.9000000000000001E-2,28.739106400000001,0.83343409999999996]
["Composição Auxiliar"," 88247 ","SINAPI","AUXILIAR DE ELETRICISTA COM ENCARGOS COMPLEMENTARES","Livro SINAPI: Cálculos e Parâmetros",null,"H",2.9000000000000001E-2,23.583625999999999,0.68392520000000001]
["Insumo"," 00001014 ","SINAPI","CABO DE COBRE, FLEXIVEL, CLASSE 4 OU 5, ISOLACAO EM PVC/A, ANTICHAMA BWF-B, 1 CONDUTOR, 450/750 V, SECAO NOMINAL 2,5 MM2","Material",null,"M",1.2434000000000001,2.79,3.4690859999999999]
["Insumo"," 00021127 ","SINAPI","FITA ISOLANTE ADESIVA ANTICHAMA, USO ATE 750 V, EM ROLO DE 19 MM X 5 M","Material",null,"UN",9.4000000000000004E-3,12.1,0.11373999999999999]
[]
[null,"Código","Banco","Descrição","Tipo",null,"Und","Quant.","Valor Unit","Total"]
["Composição"," 101886 ","SINAPI","CABO DE COBRE ISOLADO, 16 MM², ANTI-CHAMA 450/750 V, INSTALADO EM ELETROCALHA OU PERFILADO - FORNECIMENTO E INSTALAÇÃO. AF_07/2025","Instalações Elétricas - Quadros, Cabos, Disjuntores, Contatores e Barramentos Blindados",null,"M",1,19.09,19.09]
["Composição Auxiliar"," 88264 ","SINAPI","ELETRICISTA COM ENCARGOS COMPLEMENTARES","Livro SINAPI: Cálculos e Parâmetros",null,"H",6.7080000000000004E-3,28.739106400000001,0.19278190000000001]
["Composição Auxiliar"," 88247 ","SINAPI","AUXILIAR DE ELETRICISTA COM ENCARGOS COMPLEMENTARES","Livro SINAPI: Cálculos e Parâmetros",null,"H",6.7080000000000004E-3,23.583625999999999,0.15819900000000001]
["Insumo"," 00021127 ","SINAPI","FITA ISOLANTE ADESIVA ANTICHAMA, USO ATE 750 V, EM ROLO DE 19 MM X 5 M","Material",null,"UN",0.01,12.1,0.121]
["Insumo"," 00000979 ","SINAPI","CABO DE COBRE, FLEXIVEL, CLASSE 4 OU 5, ISOLACAO EM PVC/A, ANTICHAMA BWF-B, 1 CONDUTOR, 450/750 V, SECAO NOMINAL 16 MM2","Material",null,"M",1.0269999999999999,18.13,18.619509999999998]
[]
[null,"Código","Banco","Descrição","Tipo",null,"Und","Quant.","Valor Unit","Total"]
["Composição"," 102610 ","SINAPI","CAIXA D´ÁGUA EM POLIETILENO, 3000 LITROS - FORNECIMENTO E INSTALAÇÃO. AF_06/2021","Caixas de Água para Edificações",null,"UN",1,1979.83,1979.83]
["Composição Auxiliar"," 88267 ","SINAPI","ENCANADOR OU BOMBEIRO HIDRÁULICO COM ENCARGOS COMPLEMENTARES","Livro SINAPI: Cálculos e Parâmetros",null,"H",0.33700000000000002,25.943333599999999,8.7429033999999994]
["Composição Auxiliar"," 88248 ","SINAPI","AUXILIAR DE ENCANADOR OU BOMBEIRO HIDRÁULICO COM ENCARGOS COMPLEMENTARES","Livro SINAPI: Cálculos e Parâmetros",null,"H",0.33700000000000002,22.614539000000001,7.6210996]
["Insumo"," 00043977 ","SINAPI","CAIXA D'AGUA / RESERVATORIO EM POLIETILENO, 3000 LITROS, COM TAMPA","Material",null,"UN",1,1963.47,1963.47]
[]
[null,"Código","Banco","Descrição","Tipo",null,"Und","Quant.","Valor Unit","Total"]
["Composição"," 97881 ","SINAPI","CAIXA ENTERRADA ELÉTRICA RETANGULAR, EM CONCRETO PRÉ-MOLDADO, FUNDO COM BRITA, DIMENSÕES INTERNAS: 0,3X0,3X0,3 M. AF_12/2020","Caixas Enterradas",null,"UN",1,160.79,160.79]
["Composição Auxiliar"," 88316 ","SINAPI","SERVENTE COM ENCARGOS COMPLEMENTARES","Livro SINAPI: Cálculos e Parâmetros",null,"H",1.9099999999999999E-2,20.96602,0.400451]
["Composição Auxiliar"," 97733 ","SINAPI","PEÇA RETANGULAR PRÉ-MOLDADA, VOLUME DE CONCRETO DE ATÉ 10 LITROS, TAXA DE AÇO APROXIMADA DE 30KG/M³. AF_03/2024","Estruturas Pré-Fabricadas e Pré-Moldadas",null,"m³",9.1000000000000004E-3,3688.3808052096911,33.564265300000002]
["Composição Auxiliar"," 88309 ","SINAPI","PEDREIRO COM ENCARGOS COMPLEMENTARES","Livro SINAPI: Cálculos e Parâmetros",null,"H",2.4299999999999999E-2,26.511984000000002,0.64424119999999996]
["Composição Auxiliar"," 101619 ","SINAPI","PREPARO DE FUNDO DE VALA COM LARGURA MENOR QUE 1,5 M, COM CAMADA DE BRITA, LANÇAMENTO MANUAL. AF_01/2026","Escoramento e Preparo de Fundo de Valas",null,"m³",3.5999999999999997E-2,512.48553342856223,18.449479199999999]
["Insumo"," 00043429 ","SINAPI","CAIXA DE CONCRETO ARMADO PRE-MOLDADO, SEM FUNDO, QUADRADA, DIMENSOES DE 0,30 X 0,30 X 0,30 M","Material",null,"UN",1,107.74,107.74]
[]
[null,"Código","Banco","Descrição","Tipo",null,"Und","Quant.","Valor Unit","Total"]
["Composição"," 99253 ","SINAPI","CAIXA ENTERRADA HIDRÁULICA RETANGULAR EM ALVENARIA COM TIJOLOS CERÂMICOS MACIÇOS, DIMENSÕES INTERNAS: 0,6X0,6X0,6 M PARA REDE DE DRENAGEM. AF_12/2020","Caixas Enterradas",null,"UN",1,612.39,612.39]
["Composição Auxiliar"," 5678 ","SINAPI","RETROESCAVADEIRA SOBRE RODAS COM CARREGADEIRA, TRAÇÃO 4X4, POTÊNCIA LÍQ. 88 HP, CAÇAMBA CARREG. CAP. MÍN. 1 M3, CAÇAMBA RETRO CAP. 0,26 M3, PESO OPERACIONAL MÍN. 6.674 KG, PROFUNDIDADE ESCAVAÇÃO MÁX. 4,37 M - CHP DIURNO. AF_06/2014","Custos Horários Produtivo e Improdutivo dos Equipamentos",null,"CHP",8.6999999999999994E-3,148.91591270399999,1.2955684000000001]
["Composição Auxiliar"," 94970 ","SINAPI","CONCRETO FCK = 20MPA, TRAÇO 1:2,7:3 (EM MASSA SECA DE CIMENTO/ AREIA MÉDIA/ BRITA 1) - PREPARO MECÂNICO COM BETONEIRA 600 L. AF_05/2021","Produção de Concreto",null,"m³",7.4399999999999994E-2,731.57003252913034,54.428810400000003]
["Composição Auxiliar"," 101616 ","SINAPI","PREPARO DE FUNDO DE VALA COM LARGURA MENOR QUE 1,5 M (ACERTO DO SOLO NATURAL), EM LOCAL COM NÍVEL BAIXO DE INTERFERÊNCIA. AF_01/2026","Escoramento e Preparo de Fundo de Valas",null,"m²",0.81,7.2692672934839324,5.8881065000000001]
["Composição Auxiliar"," 97735 ","SINAPI","PEÇA RETANGULAR PRÉ-MOLDADA, VOLUME DE CONCRETO DE 30 A 100 LITROS, TAXA DE AÇO APROXIMADA DE 30KG/M³. AF_03/2024","Estruturas Pré-Fabricadas e Pré-Moldadas",null,"m³",4.48E-2,2745.4817546099553,122.9975826]
["Composição Auxiliar"," 88309 ","SINAPI","PEDREIRO COM ENCARGOS COMPLEMENTARES","Livro SINAPI: Cálculos e Parâmetros",null,"H",5.0944000000000003,26.511984000000002,135.0626513]
["Composição Auxiliar"," 88628 ","SINAPI","ARGAMASSA TRAÇO 1:3 (EM VOLUME DE CIMENTO E AREIA MÉDIA ÚMIDA), PREPARO MECÂNICO COM BETONEIRA 400 L. AF_08/2019","Argamassas",null,"m³",0.11559999999999999,779.97451685832004,90.165054100000006]
["Composição Auxiliar"," 5679 ","SINAPI","RETROESCAVADEIRA SOBRE RODAS COM CARREGADEIRA, TRAÇÃO 4X4, POTÊNCIA LÍQ. 88 HP, CAÇAMBA CARREG. CAP. MÍN. 1 M3, CAÇAMBA RETRO CAP. 0,26 M3, PESO OPERACIONAL MÍN. 6.674 KG, PROFUNDIDADE ESCAVAÇÃO MÁX. 4,37 M - CHI DIURNO. AF_06/2014","Custos Horários Produtivo e Improdutivo dos Equipamentos",null,"CHI",1.78E-2,61.500876104,1.0947156]
["Composição Auxiliar"," 87316 ","SINAPI","ARGAMASSA TRAÇO 1:4 (EM VOLUME DE CIMENTO E AREIA GROSSA ÚMIDA) PARA CHAPISCO CONVENCIONAL, PREPARO MECÂNICO COM BETONEIRA 400 L. AF_08/2019","Argamassas",null,"m³",1.4800000000000001E-2,642.06442431743994,9.5025534999999994]
["Composição Auxiliar"," 88316 ","SINAPI","SERVENTE COM ENCARGOS COMPLEMENTARES","Livro SINAPI: Cálculos e Parâmetros",null,"H",4.0027999999999997,20.96602,83.922784899999996]
["Insumo"," 00004491 ","SINAPI","PONTALETE *7,5 X 7,5* CM EM PINUS, MISTA OU EQUIVALENTE DA REGIAO - BRUTA","Material",null,"M",0.11840000000000001,10.050000000000001,1.1899200000000001]
["Insumo"," 00007258 ","SINAPI","TIJOLO CERAMICO MACICO COMUM DE *5 X 10 X 20* CM (L X A X C)","Material",null,"UN",131.81880000000001,0.76,100.182288]
["Insumo"," 00002692 ","SINAPI","DESMOLDANTE PROTETOR PARA FORMAS DE MADEIRA, DE BASE OLEOSA EMULSIONADA EM AGUA","Material",null,"L",5.4000000000000003E-3,8.06,4.3524E-2]
["Insumo"," 00006193 ","SINAPI","TABUA NAO APARELHADA *2,5 X 20* CM, EM MACARANDUBA/MASSARANDUBA, ANGELIM OU EQUIVALENTE DA REGIAO - BRUTA","Material",null,"M",0.44159999999999999,13.38,5.9086080000000001]
["Insumo"," 00004517 ","SINAPI","SARRAFO *2,5 X 7,5* CM EM PINUS, MISTA OU EQUIVALENTE DA REGIAO - BRUTA","Material",null,"M",0.14080000000000001,3.52,0.495616]
["Insumo"," 00005069 ","SINAPI","PREGO DE ACO POLIDO COM CABECA 17 X 27 (2 1/2 X 11)","Material",null,"KG",1.2500000000000001E-2,17.04,0.21299999999999999]
[]
[null,"Código","Banco","Descrição","Tipo",null,"Und","Quant.","Valor Unit","Total"]
["Composição"," 97904 ","SINAPI","CAIXA ENTERRADA HIDRÁULICA RETANGULAR EM ALVENARIA COM TIJOLOS CERÂMICOS MACIÇOS, DIMENSÕES INTERNAS: 1X1X0,6 M PARA REDE DE ESGOTO. AF_12/2020","Caixas Enterradas",null,"UN",1,1060.3399999999999,1060.3399999999999]
["Composição Auxiliar"," 5678 ","SINAPI","RETROESCAVADEIRA SOBRE RODAS COM CARREGADEIRA, TRAÇÃO 4X4, POTÊNCIA LÍQ. 88 HP, CAÇAMBA CARREG. CAP. MÍN. 1 M3, CAÇAMBA RETRO CAP. 0,26 M3, PESO OPERACIONAL MÍN. 6.674 KG, PROFUNDIDADE ESCAVAÇÃO MÁX. 4,37 M - CHP DIURNO. AF_06/2014","Custos Horários Produtivo e Improdutivo dos Equipamentos",null,"CHP",1.9699999999999999E-2,148.91591270399999,2.9336435000000001]
["Composição Auxiliar"," 87316 ","SINAPI","ARGAMASSA TRAÇO 1:4 (EM VOLUME DE CIMENTO E AREIA GROSSA ÚMIDA) PARA CHAPISCO CONVENCIONAL, PREPARO MECÂNICO COM BETONEIRA 400 L. AF_08/2019","Argamassas",null,"m³",2.4299999999999999E-2,642.06442431743994,15.6021655]
["Composição Auxiliar"," 100475 ","SINAPI","ARGAMASSA TRAÇO 1:3 (EM VOLUME DE CIMENTO E AREIA MÉDIA ÚMIDA) COM ADIÇÃO DE IMPERMEABILIZANTE, PREPARO MECÂNICO COM BETONEIRA 400 L. AF_08/2019","Argamassas",null,"m³",0.20499999999999999,954.19687911300002,195.6103602]
["Composição Auxiliar"," 5679 ","SINAPI","RETROESCAVADEIRA SOBRE RODAS COM CARREGADEIRA, TRAÇÃO 4X4, POTÊNCIA LÍQ. 88 HP, CAÇAMBA CARREG. CAP. MÍN. 1 M3, CAÇAMBA RETRO CAP. 0,26 M3, PESO OPERACIONAL MÍN. 6.674 KG, PROFUNDIDADE ESCAVAÇÃO MÁX. 4,37 M - CHI DIURNO. AF_06/2014","Custos Horários Produtivo e Improdutivo dos Equipamentos",null,"CHI",4.02E-2,61.500876104,2.4723351999999998]
["Composição Auxiliar"," 94970 ","SINAPI","CONCRETO FCK = 20MPA, TRAÇO 1:2,7:3 (EM MASSA SECA DE CIMENTO/ AREIA MÉDIA/ BRITA 1) - PREPARO MECÂNICO COM BETONEIRA 600 L. AF_05/2021","Produção de Concreto",null,"m³",0.16750000000000001,731.57003252913034,122.5379804]
["Composição Auxiliar"," 88316 ","SINAPI","SERVENTE COM ENCARGOS COMPLEMENTARES","Livro SINAPI: Cálculos e Parâmetros",null,"H",6.6422999999999996,20.96602,139.2625946]
["Composição Auxiliar"," 88309 ","SINAPI","PEDREIRO COM ENCARGOS COMPLEMENTARES","Livro SINAPI: Cálculos e Parâmetros",null,"H",8.4539000000000009,26.511984000000002,224.1296615]
["Composição Auxiliar"," 97736 ","SINAPI","PEÇA RETANGULAR PRÉ-MOLDADA, VOLUME DE CONCRETO ACIMA DE 100 LITROS, TAXA DE AÇO APROXIMADA DE 30KG/M³. AF_03/2024","Estruturas Pré-Fabricadas e Pré-Moldadas",null,"m³",0.1008,1810.0261107811771,182.45063200000001]
["Composição Auxiliar"," 101616 ","SINAPI","PREPARO DE FUNDO DE VALA COM LARGURA MENOR QUE 1,5 M (ACERTO DO SOLO NATURAL), EM LOCAL COM NÍVEL BAIXO DE INTERFERÊNCIA. AF_01/2026","Escoramento e Preparo de Fundo de Valas",null,"m²",1.69,7.2692672934839324,12.2850617]
["Insumo"," 00004491 ","SINAPI","PONTALETE *7,5 X 7,5* CM EM PINUS, MISTA OU EQUIVALENTE DA REGIAO - BRUTA","Material",null,"M",0.17760000000000001,10.050000000000001,1.78488]
["Insumo"," 00006193 ","SINAPI","TABUA NAO APARELHADA *2,5 X 20* CM, EM MACARANDUBA/MASSARANDUBA, ANGELIM OU EQUIVALENTE DA REGIAO - BRUTA","Material",null,"M",0.66239999999999999,13.38,8.8629119999999997]
["Insumo"," 00007258 ","SINAPI","TIJOLO CERAMICO MACICO COMUM DE *5 X 10 X 20* CM (L X A X C)","Material",null,"UN",199.05600000000001,0.76,151.28255999999999]
["Insumo"," 00004517 ","SINAPI","SARRAFO *2,5 X 7,5* CM EM PINUS, MISTA OU EQUIVALENTE DA REGIAO - BRUTA","Material",null,"M",0.2112,3.52,0.74342399999999997]
["Insumo"," 00002692 ","SINAPI","DESMOLDANTE PROTETOR PARA FORMAS DE MADEIRA, DE BASE OLEOSA EMULSIONADA EM AGUA","Material",null,"L",8.2000000000000007E-3,8.06,6.6091999999999998E-2]
["Insumo"," 00005069 ","SINAPI","PREGO DE ACO POLIDO COM CABECA 17 X 27 (2 1/2 X 11)","Material",null,"KG",1.8700000000000001E-2,17.04,0.31864799999999999]
[]
[null,"Código","Banco","Descrição","Tipo",null,"Und","Quant.","Valor Unit","Total"]
["Composição"," 91937 ","SINAPI","CAIXA OCTOGONAL 3\" X 3\", PVC, INSTALADA EM LAJE - FORNECIMENTO E INSTALAÇÃO. AF_03/2023","Instalações Elétricas - Eletrodutos Embutidos, Cabos, Caixas, Tomadas e Interruptores",null,"UN",1,17.079999999999998,17.079999999999998]
["Composição Auxiliar"," 88264 ","SINAPI","ELETRICISTA COM ENCARGOS COMPLEMENTARES","Livro SINAPI: Cálculos e Parâmetros",null,"H",0.222,28.739106400000001,6.3800815999999996]
["Composição Auxiliar"," 88247 ","SINAPI","AUXILIAR DE ELETRICISTA COM ENCARGOS COMPLEMENTARES","Livro SINAPI: Cálculos e Parâmetros",null,"H",0.222,23.583625999999999,5.2355650000000002]
["Insumo"," 00001871 ","SINAPI","CAIXA OCTOGONAL DE FUNDO MOVEL, EM PVC, DE 3\" X 3\", PARA ELETRODUTO FLEXIVEL CORRUGADO","Material",null,"UN",1,5.47,5.47]
[]
[null,"Código","Banco","Descrição","Tipo",null,"Und","Quant.","Valor Unit","Total"]
["Composição"," 91936 ","SINAPI","CAIXA OCTOGONAL 4\" X 4\", PVC, INSTALADA EM LAJE - FORNECIMENTO E INSTALAÇÃO. AF_03/2023","Instalações Elétricas - Eletrodutos Embutidos, Cabos, Caixas, Tomadas e Interruptores",null,"UN",1,19.52,19.52]
["Composição Auxiliar"," 88247 ","SINAPI","AUXILIAR DE ELETRICISTA COM ENCARGOS COMPLEMENTARES","Livro SINAPI: Cálculos e Parâmetros",null,"H",0.222,23.583625999999999,5.2355650000000002]
["Composição Auxiliar"," 88264 ","SINAPI","ELETRICISTA COM ENCARGOS COMPLEMENTARES","Livro SINAPI: Cálculos e Parâmetros",null,"H",0.222,28.739106400000001,6.3800815999999996]
["Insumo"," 00012001 ","SINAPI","CAIXA OCTOGONAL DE FUNDO MOVEL, EM PVC, DE 4\" X 4\", PARA ELETRODUTO FLEXIVEL CORRUGADO","Material",null,"UN",1,7.91,7.91]
[]
[null,"Código","Banco","Descrição","Tipo",null,"Und","Quant.","Valor Unit","Total"]
["Composição"," 91940 ","SINAPI","CAIXA RETANGULAR 4\" X 2\" MÉDIA (1,30 M DO PISO), PVC, INSTALADA EM PAREDE - FORNECIMENTO E INSTALAÇÃO. AF_03/2023","Instalações Elétricas - Eletrodutos Embutidos, Cabos, Caixas, Tomadas e Interruptores",null,"UN",1,19.079999999999998,19.079999999999998]
["Composição Auxiliar"," 88264 ","SINAPI","ELETRICISTA COM ENCARGOS COMPLEMENTARES","Livro SINAPI: Cálculos e Parâmetros",null,"H",0.29099999999999998,28.739106400000001,8.3630800000000001]
["Composição Auxiliar"," 88247 ","SINAPI","AUXILIAR DE ELETRICISTA COM ENCARGOS COMPLEMENTARES","Livro SINAPI: Cálculos e Parâmetros",null,"H",0.29099999999999998,23.583625999999999,6.8628352000000001]
["Composição Auxiliar"," 88629 ","SINAPI","ARGAMASSA TRAÇO 1:3 (EM VOLUME DE CIMENTO E AREIA MÉDIA ÚMIDA), PREPARO MANUAL. AF_08/2019","Argamassas",null,"m³",8.9999999999999998E-4,885.92359139999996,0.79733120000000002]
["Insumo"," 00001872 ","SINAPI","CAIXA DE PASSAGEM, EM PVC, DE 4\" X 2\", PARA ELETRODUTO FLEXIVEL CORRUGADO","Material",null,"UN",1,3.06,3.06]
[]
[null,"Código","Banco","Descrição","Tipo",null,"Und","Quant.","Valor Unit","Total"]
["Composição"," 89707 ","SINAPI","CAIXA SIFONADA, PVC, DN 100 X 100 X 50 MM, JUNTA ELÁSTICA, FORNECIDA E INSTALADA EM RAMAL DE DESCARGA OU EM RAMAL DE ESGOTO SANITÁRIO. AF_08/2022","Instalações Prediais de Esgoto - Caixas e Ralos",null,"UN",1,53.04,53.04]
["Composição Auxiliar"," 88248 ","SINAPI","AUXILIAR DE ENCANADOR OU BOMBEIRO HIDRÁULICO COM ENCARGOS COMPLEMENTARES","Livro SINAPI: Cálculos e Parâmetros",null,"H",0.3987,22.614539000000001,9.0164167000000006]
["Composição Auxiliar"," 88267 ","SINAPI","ENCANADOR OU BOMBEIRO HIDRÁULICO COM ENCARGOS COMPLEMENTARES","Livro SINAPI: Cálculos e Parâmetros",null,"H",0.3987,25.943333599999999,10.3436071]
["Insumo"," 00038383 ","SINAPI","LIXA D'AGUA EM FOLHA, COR PRETA, GRAO 100","Material",null,"UN",1.54E-2,2,3.0800000000000001E-2]
["Insumo"," 00000122 ","SINAPI","ADESIVO PLASTICO PARA PVC, FRASCO COM *850* GR","Material",null,"UN",2.92E-2,70.709999999999994,2.0647319999999998]
["Insumo"," 00005103 ","SINAPI","CAIXA SIFONADA PVC, 100 X 100 X 50 MM, COM GRELHA REDONDA, BRANCA","Material",null,"UN",1,28.06,28.06]
["Insumo"," 00020083 ","SINAPI","SOLUCAO PREPARADORA / LIMPADORA PARA PVC, FRASCO COM 1000 CM3","Material",null,"UN",4.3999999999999997E-2,80.11,3.5248400000000002]
[]
[null,"Código","Banco","Descrição","Tipo",null,"Und","Quant.","Valor Unit","Total"]
["Composição"," 94227 ","SINAPI","CALHA EM CHAPA DE AÇO GALVANIZADO NÚMERO 24, DESENVOLVIMENTO DE 33 CM, INCLUSO TRANSPORTE VERTICAL. AF_07/2019","Telhamento para Cobertura",null,"M",1,58.29,58.29]
["Composição Auxiliar"," 93281 ","SINAPI","GUINCHO ELÉTRICO DE COLUNA, CAPACIDADE 400 KG, COM MOTO FREIO, MOTOR TRIFÁSICO DE 1,25 CV - CHP DIURNO. AF_03/2016","Custos Horários Produtivo e Improdutivo dos Equipamentos",null,"CHP",1.32E-2,23.732961599999999,0.31327509999999997]
["Composição Auxiliar"," 93282 ","SINAPI","GUINCHO ELÉTRICO DE COLUNA, CAPACIDADE 400 KG, COM MOTO FREIO, MOTOR TRIFÁSICO DE 1,25 CV - CHI DIURNO. AF_03/2016","Custos Horários Produtivo e Improdutivo dos Equipamentos",null,"CHI",1.83E-2,22.694076599999999,0.41530159999999999]
["Composição Auxiliar"," 88316 ","SINAPI","SERVENTE COM ENCARGOS COMPLEMENTARES","Livro SINAPI: Cálculos e Parâmetros",null,"H",0.28199999999999997,20.96602,5.9124176000000004]
["Composição Auxiliar"," 88323 ","SINAPI","TELHADISTA COM ENCARGOS COMPLEMENTARES","Livro SINAPI: Cálculos e Parâmetros",null,"H",0.188,25.663032399999999,4.8246501000000004]
["Insumo"," 00005061 ","SINAPI","PREGO DE ACO POLIDO COM CABECA 18 X 27 (2 1/2 X 10)","Material",null,"KG",8.0000000000000002E-3,16.440000000000001,0.13152]
["Insumo"," 00005104 ","SINAPI","REBITE DE REPUXO EM ALUMINIO VAZADO, DIAMETRO 3,2 X 8 MM DE COMPRIMENTO (1KG = 1025 UNIDADES)","Material",null,"KG",1.6000000000000001E-3,70.37,0.112592]
["Insumo"," 00000142 ","SINAPI","SELANTE ELASTICO MONOCOMPONENTE A BASE DE POLIURETANO (PU) PARA JUNTAS DIVERSAS","Material",null,"310ML",5.2999999999999999E-2,40.24,2.1327199999999999]
["Insumo"," 00013388 ","SINAPI","SOLDA EM BARRA DE ESTANHO-CHUMBO 50/50","Material",null,"KG",5.8999999999999997E-2,131.15,7.7378499999999999]
["Insumo"," 00040782 ","SINAPI","CALHA QUADRADA DE CHAPA DE ACO GALVANIZADA NUM 24, CORTE 33 CM","Material",null,"M",1.05,34.97,36.718499999999999]
[]
[null,"Código","Banco","Descrição","Tipo",null,"Und","Quant.","Valor Unit","Total"]
["Composição"," 201 ","Próprio","CANTEIRO - INSTALAÇÕES ELÉTRICA","CANT - CANTEIRO DE OBRAS",null,"UN",1,10807.28,10807.28]
["Composição Auxiliar"," 93661 ","SINAPI","DISJUNTOR BIPOLAR TIPO DIN, CORRENTE NOMINAL DE 16A - FORNECIMENTO E INSTALAÇÃO. AF_07/2025","Instalações Elétricas - Quadros, Cabos, Disjuntores, Contatores e Barramentos Blindados",null,"UN",2,57.927431849666803,115.8548637]
["Composição Auxiliar"," 101886 ","SINAPI","CABO DE COBRE ISOLADO, 16 MM², ANTI-CHAMA 450/750 V, INSTALADO EM ELETROCALHA OU PERFILADO - FORNECIMENTO E INSTALAÇÃO. AF_07/2025","Instalações Elétricas - Quadros, Cabos, Disjuntores, Contatores e Barramentos Blindados",null,"M",72.12,19.091490888939202,1376.8783229000001]
["Composição Auxiliar"," 93666 ","SINAPI","DISJUNTOR BIPOLAR TIPO DIN, CORRENTE NOMINAL DE 50A - FORNECIMENTO E INSTALAÇÃO. AF_07/2025","Instalações Elétricas - Quadros, Cabos, Disjuntores, Contatores e Barramentos Blindados",null,"UN",2,74.3084531425812,148.61690630000001]
["Composição Auxiliar"," 91890 ","SINAPI","CURVA 90 GRAUS PARA ELETRODUTO, PVC, ROSCÁVEL, DN 25 MM (3/4\"), PARA CIRCUITOS TERMINAIS, INSTALADA EM FORRO - FORNECIMENTO E INSTALAÇÃO. AF_03/2023","Instalações Elétricas - Eletrodutos Embutidos, Cabos, Caixas, Tomadas e Interruptores",null,"UN",19,14.328482874400001,272.24117460000002]
["Composição Auxiliar"," 91926 ","SINAPI","CABO DE COBRE FLEXÍVEL ISOLADO, 2,5 MM², ANTI-CHAMA 450/750 V, PARA CIRCUITOS TERMINAIS - FORNECIMENTO E INSTALAÇÃO. AF_03/2023","Instalações Elétricas - Eletrodutos Embutidos, Cabos, Caixas, Tomadas e Interruptores",null,"M",331.84,5.1001852396,1692.4454699]
["Composição Auxiliar"," 101875 ","SINAPI","QUADRO DE DISTRIBUIÇÃO DE ENERGIA EM CHAPA DE AÇO GALVANIZADO, DE EMBUTIR, COM BARRAMENTO TRIFÁSICO, PARA 12 DISJUNTORES DIN 100A - FORNECIMENTO E INSTALAÇÃO. AF_07/2025","Instalações Elétricas - Quadros, Cabos, Disjuntores, Contatores e Barramentos Blindados",null,"UN",1,422.97465182918,422.9746518]
["Composição Auxiliar"," 103782 ","SINAPI","LUMINÁRIA TIPO PLAFON CIRCULAR, DE SOBREPOR, COM LED DE 12/13 W - FORNECIMENTO E INSTALAÇÃO. AF_09/2024","Iluminação Predial e Monitoramento",null,"UN",10,31.220639066664361,312.20639069999999]
["Composição Auxiliar"," 92008 ","SINAPI","TOMADA BAIXA DE EMBUTIR (2 MÓDULOS), 2P+T 10 A, INCLUINDO SUPORTE E PLACA - FORNECIMENTO E INSTALAÇÃO. AF_03/2023","Instalações Elétricas - Eletrodutos Embutidos, Cabos, Caixas, Tomadas e Interruptores",null,"UN",11,53.965180087599997,593.61698100000001]
["Composição Auxiliar"," 97605 ","SINAPI","LUMINÁRIA ARANDELA TIPO MEIA LUA, DE SOBREPOR, COM 1 LÂMPADA LED DE 6 W, SEM REATOR - FORNECIMENTO E INSTALAÇÃO. AF_09/2024","Iluminação Predial e Monitoramento",null,"UN",8,78.004186583885001,624.03349270000001]
["Composição Auxiliar"," 91896 ","SINAPI","CURVA 90 GRAUS PARA ELETRODUTO, PVC, ROSCÁVEL, DN 40 MM (1 1/4\"), PARA CIRCUITOS TERMINAIS, INSTALADA EM FORRO - FORNECIMENTO E INSTALAÇÃO. AF_03/2023","Instalações Elétricas - Eletrodutos Embutidos, Cabos, Caixas, Tomadas e Interruptores",null,"UN",4,20.605719607200001,82.422878400000002]
["Composição Auxiliar"," 89407 ","SINAPI","CURVA 45 GRAUS, PVC, SOLDÁVEL, DN 20MM, INSTALADO EM RAMAL DE DISTRIBUIÇÃO DE ÁGUA - FORNECIMENTO E INSTALAÇÃO. AF_06/2022","Instalações Prediais de Água Fria em PVC",null,"UN",1,8.6559796687200006,8.6559796999999996]
["Composição Auxiliar"," 91875 ","SINAPI","LUVA PARA ELETRODUTO, PVC, ROSCÁVEL, DN 25 MM (3/4\"), PARA CIRCUITOS TERMINAIS, INSTALADA EM FORRO - FORNECIMENTO E INSTALAÇÃO. AF_03/2023","Instalações Elétricas - Eletrodutos Embutidos, Cabos, Caixas, Tomadas e Interruptores",null,"UN",40,8.7082143387999995,348.32857360000003]
["Composição Auxiliar"," 91869 ","SINAPI","ELETRODUTO RÍGIDO ROSCÁVEL, PVC, DN 40 MM (1 1/4\"), PARA CIRCUITOS TERMINAIS, INSTALADO EM LAJE - FORNECIMENTO E INSTALAÇÃO. AF_03/2023","Instalações Elétricas - Eletrodutos Embutidos, Cabos, Caixas, Tomadas e Interruptores",null,"M",22.13,20.4771316064,453.15892239999999]
["Composição Auxiliar"," 91886 ","SINAPI","LUVA PARA ELETRODUTO, PVC, ROSCÁVEL, DN 40 MM (1 1/4\"), PARA CIRCUITOS TERMINAIS, INSTALADA EM PAREDE - FORNECIMENTO E INSTALAÇÃO. AF_03/2023","Instalações Elétricas - Eletrodutos Embutidos, Cabos, Caixas, Tomadas e Interruptores",null,"UN",8,16.096746705600001,128.77397360000001]
["Composição Auxiliar"," 91957 ","SINAPI","INTERRUPTOR SIMPLES (1 MÓDULO) COM INTERRUPTOR PARALELO (1 MÓDULO), 10A/250V, INCLUINDO SUPORTE E PLACA - FORNECIMENTO E INSTALAÇÃO. AF_03/2023","Instalações Elétricas - Eletrodutos Embutidos, Cabos, Caixas, Tomadas e Interruptores",null,"UN",5,57.586157693600001,287.93078850000001]
["Composição Auxiliar"," 98111 ","SINAPI","CAIXA DE INSPEÇÃO PARA ATERRAMENTO, CIRCULAR, EM POLIETILENO, DIÂMETRO INTERNO = 0,3 M. AF_12/2020","Caixas Enterradas",null,"UN",3,60.982954067098717,182.94886220000001]
["Composição Auxiliar"," 101894 ","SINAPI","DISJUNTOR TRIPOLAR TIPO NEMA, CORRENTE NOMINAL DE 60 ATÉ 100A - FORNECIMENTO E INSTALAÇÃO. AF_07/2025","Instalações Elétricas - Quadros, Cabos, Disjuntores, Contatores e Barramentos Blindados",null,"UN",1,158.745690023674,158.74569]
["Composição Auxiliar"," 93653 ","SINAPI","DISJUNTOR MONOPOLAR TIPO DIN, CORRENTE NOMINAL DE 10A - FORNECIMENTO E INSTALAÇÃO. AF_07/2025","Instalações Elétricas - Quadros, Cabos, Disjuntores, Contatores e Barramentos Blindados",null,"UN",5,12.1036897634672,60.518448800000002]
["Composição Auxiliar"," 101560 ","SINAPI","CABO DE COBRE FLEXÍVEL ISOLADO, 10 MM², 0,6/1,0 KV, PARA REDE AÉREA DE DISTRIBUIÇÃO DE ENERGIA ELÉTRICA DE BAIXA TENSÃO - FORNECIMENTO E INSTALAÇÃO. AF_12/2025","Instalações Elétricas - Rede de Distribuição",null,"M",7.04,12.67219516216,89.212253899999993]
["Composição Auxiliar"," 91936 ","SINAPI","CAIXA OCTOGONAL 4\" X 4\", PVC, INSTALADA EM LAJE - FORNECIMENTO E INSTALAÇÃO. AF_03/2023","Instalações Elétricas - Eletrodutos Embutidos, Cabos, Caixas, Tomadas e Interruptores",null,"UN",22,19.525646592800001,429.56422500000002]
["Composição Auxiliar"," 91937 ","SINAPI","CAIXA OCTOGONAL 3\" X 3\", PVC, INSTALADA EM LAJE - FORNECIMENTO E INSTALAÇÃO. AF_03/2023","Instalações Elétricas - Eletrodutos Embutidos, Cabos, Caixas, Tomadas e Interruptores",null,"UN",10,17.0856465928,170.85646589999999]
["Composição Auxiliar"," 91867 ","SINAPI","ELETRODUTO RÍGIDO ROSCÁVEL, PVC, DN 25 MM (3/4\"), PARA CIRCUITOS TERMINAIS, INSTALADO EM LAJE - FORNECIMENTO E INSTALAÇÃO. AF_03/2023","Instalações Elétricas - Eletrodutos Embutidos, Cabos, Caixas, Tomadas e Interruptores",null,"M",55.99,11.3613468456,636.12180990000002]
["Composição Auxiliar"," 97881 ","SINAPI","CAIXA ENTERRADA ELÉTRICA RETANGULAR, EM CONCRETO PRÉ-MOLDADO, FUNDO COM BRITA, DIMENSÕES INTERNAS: 0,3X0,3X0,3 M. AF_12/2020","Caixas Enterradas",null,"UN",5,160.79843672403643,803.99218359999998]
["Composição Auxiliar"," 96985 ","SINAPI","HASTE DE ATERRAMENTO, DIÂMETRO 5/8\", COM 3 METROS - FORNECIMENTO E INSTALAÇÃO. AF_08/2023","Sistema de Proteção contra Descargas Atmosféricas - SPDA",null,"UN",3,82.986966728159999,248.9609002]
["Composição Auxiliar"," 91940 ","SINAPI","CAIXA RETANGULAR 4\" X 2\" MÉDIA (1,30 M DO PISO), PVC, INSTALADA EM PAREDE - FORNECIMENTO E INSTALAÇÃO. AF_03/2023","Instalações Elétricas - Eletrodutos Embutidos, Cabos, Caixas, Tomadas e Interruptores",null,"UN",8,19.083246360659999,152.66597089999999]
["Insumo"," 00000799 ","SINAPI","BUCHA DE REDUCAO PVC, ROSCAVEL, 1\" X 1/2\"","Material",null,"UN",8,3.37,26.96]
["Insumo"," 00039471 ","SINAPI","DISPOSITIVO DPS CLASSE II, 1 POLO, TENSAO MAXIMA DE 275 V, CORRENTE MAXIMA DE *45* KA (TIPO AC)","Material",null,"UN",3,104,312]
["Insumo"," 00039352 ","SINAPI","TAMPA PARA CONDULETE, EM PVC, PARA TOMADA HEXAGONAL","Material",null,"UN",2,4.26,8.52]
["Insumo"," 00000792 ","SINAPI","BUCHA DE REDUCAO PVC, ROSCAVEL, 1\" X 3/4\"","Material",null,"UN",14,3.27,45.78]
["Insumo"," 00039345 ","SINAPI","CONDULETE EM PVC, TIPO \"X\", SEM TAMPA, DE 1\"","Material",null,"UN",26,23.55,612.29999999999995]
[]
[null,"Código","Banco","Descrição","Tipo",null,"Und","Quant.","Valor Unit","Total"]
["Composição"," 202 ","Próprio","CANTEIRO - INSTALAÇÕES HIDROSANITÁRIA","CANT - CANTEIRO DE OBRAS",null,"UN",1,58928.72,58928.72]
["Composição Auxiliar"," 86888 ","SINAPI","VASO SANITÁRIO SIFONADO COM CAIXA ACOPLADA LOUÇA BRANCA - FORNECIMENTO E INSTALAÇÃO. AF_01/2020","Louças e Metais",null,"UN",4,451.92592937576001,1807.7037175]
["Composição Auxiliar"," 89803 ","SINAPI","CURVA CURTA 90 GRAUS, PVC, SERIE NORMAL, ESGOTO PREDIAL, DN 50 MM, JUNTA ELÁSTICA, FORNECIDO E INSTALADO EM PRUMADA DE ESGOTO SANITÁRIO OU VENTILAÇÃO. AF_08/2022","Instalações Prediais de Esgoto - Tubos e Conexões",null,"UN",10,17.484535030180002,174.84535030000001]
["Composição Auxiliar"," 89825 ","SINAPI","TE, PVC, SERIE NORMAL, ESGOTO PREDIAL, DN 50 X 50 MM, JUNTA ELÁSTICA, FORNECIDO E INSTALADO EM PRUMADA DE ESGOTO SANITÁRIO OU VENTILAÇÃO. AF_08/2022","Instalações Prediais de Esgoto - Tubos e Conexões",null,"UN",13,17.617594777819999,229.02873210000001]
["Composição Auxiliar"," 89813 ","SINAPI","LUVA SIMPLES, PVC, SERIE NORMAL, ESGOTO PREDIAL, DN 50 MM, JUNTA ELÁSTICA, FORNECIDO E INSTALADO EM PRUMADA DE ESGOTO SANITÁRIO OU VENTILAÇÃO. AF_08/2022","Instalações Prediais de Esgoto - Tubos e Conexões",null,"UN",22,5.3505124952800003,117.71127490000001]
["Composição Auxiliar"," 97904 ","SINAPI","CAIXA ENTERRADA HIDRÁULICA RETANGULAR EM ALVENARIA COM TIJOLOS CERÂMICOS MACIÇOS, DIMENSÕES INTERNAS: 1X1X0,6 M PARA REDE DE ESGOTO. AF_12/2020","Caixas Enterradas",null,"UN",2,1060.3429507536882,2120.6859015]
["Composição Auxiliar"," 104006 ","SINAPI","TÊ DE REDUÇÃO, PVC, SOLDÁVEL, DN 50MM X 25MM, INSTALADO EM RAMAL DE DISTRIBUIÇÃO DE ÁGUA - FORNECIMENTO E INSTALAÇÃO. AF_06/2022","Instalações Prediais de Água Fria em PVC",null,"UN",14,24.180895357859999,338.532535]
["Composição Auxiliar"," 86883 ","SINAPI","SIFÃO DO TIPO FLEXÍVEL EM PVC 1 X 1.1/2 - FORNECIMENTO E INSTALAÇÃO. AF_01/2020","Louças e Metais",null,"UN",5,13.549307821199999,67.746539100000007]
["Composição Auxiliar"," 89576 ","SINAPI","TUBO PVC, SÉRIE R, ÁGUA PLUVIAL, DN 75 MM, FORNECIDO E INSTALADO EM CONDUTORES VERTICAIS DE ÁGUAS PLUVIAIS. AF_06/2022","Instalações Prediais de Águas Pluviais - Tubos, Conexões, Caixas e Ralos",null,"M",29.74,22.996959459319999,683.92957430000001]
["Composição Auxiliar"," 89817 ","SINAPI","LUVA SIMPLES, PVC, SERIE NORMAL, ESGOTO PREDIAL, DN 75 MM, JUNTA ELÁSTICA, FORNECIDO E INSTALADO EM PRUMADA DE ESGOTO SANITÁRIO OU VENTILAÇÃO. AF_08/2022","Instalações Prediais de Esgoto - Tubos e Conexões",null,"UN",12,13.13486672388,157.6184007]
["Composição Auxiliar"," 89709 ","SINAPI","RALO SIFONADO, PVC, DN 100 X 40 MM, JUNTA SOLDÁVEL, FORNECIDO E INSTALADO EM RAMAL DE DESCARGA OU EM RAMAL DE ESGOTO SANITÁRIO. AF_08/2022","Instalações Prediais de Esgoto - Caixas e Ralos",null,"UN",5,23.111064553519999,115.5553228]
["Composição Auxiliar"," 89805 ","SINAPI","JOELHO 90 GRAUS, PVC, SERIE NORMAL, ESGOTO PREDIAL, DN 75 MM, JUNTA ELÁSTICA, FORNECIDO E INSTALADO EM PRUMADA DE ESGOTO SANITÁRIO OU VENTILAÇÃO. AF_08/2022","Instalações Prediais de Esgoto - Tubos e Conexões",null,"UN",6,20.882224585820001,125.2933475]
["Composição Auxiliar"," 89353 ","SINAPI","REGISTRO DE GAVETA BRUTO, LATÃO, ROSCÁVEL, 3/4\" - FORNECIMENTO E INSTALAÇÃO. AF_08/2021","Válvulas e Registros para Sistemas Prediais",null,"UN",4,45.696931560519999,182.78772620000001]
["Composição Auxiliar"," 89630 ","SINAPI","TE DE REDUÇÃO, PVC, SOLDÁVEL, DN 75MM X 50MM, INSTALADO EM PRUMADA DE ÁGUA - FORNECIMENTO E INSTALAÇÃO. AF_06/2022","Instalações Prediais de Água Fria em PVC",null,"UN",3,57.653988139020001,172.9619644]
["Composição Auxiliar"," 95673 ","SINAPI","HIDRÔMETRO DN 1/2\", 1,5 M3/H - FORNECIMENTO E INSTALAÇÃO. AF_03/2024","Sistemas de Medição",null,"UN",1,126.0785760269,126.078576]
["Composição Auxiliar"," 89821 ","SINAPI","LUVA SIMPLES, PVC, SERIE NORMAL, ESGOTO PREDIAL, DN 100 MM, JUNTA ELÁSTICA, FORNECIDO E INSTALADO EM PRUMADA DE ESGOTO SANITÁRIO OU VENTILAÇÃO. AF_08/2022","Instalações Prediais de Esgoto - Tubos e Conexões",null,"UN",32,17.588774952480001,562.84079850000001]
["Composição Auxiliar"," 89366 ","SINAPI","JOELHO 90 GRAUS COM BUCHA DE LATÃO, PVC, SOLDÁVEL, DN 25MM, X 3/4 INSTALADO EM RAMAL OU SUB-RAMAL DE ÁGUA - FORNECIMENTO E INSTALAÇÃO. AF_06/2022","Instalações Prediais de Água Fria em PVC",null,"UN",16,15.661353760160001,250.58166019999999]
["Composição Auxiliar"," 89810 ","SINAPI","JOELHO 45 GRAUS, PVC, SERIE NORMAL, ESGOTO PREDIAL, DN 100 MM, JUNTA ELÁSTICA, FORNECIDO E INSTALADO EM PRUMADA DE ESGOTO SANITÁRIO OU VENTILAÇÃO. AF_08/2022","Instalações Prediais de Esgoto - Tubos e Conexões",null,"UN",4,29.73246992872,118.9298797]
["Composição Auxiliar"," 86906 ","SINAPI","TORNEIRA CROMADA DE MESA, 1/2\" OU 3/4\", PARA LAVATÓRIO, PADRÃO POPULAR - FORNECIMENTO E INSTALAÇÃO. AF_01/2020","Louças e Metais",null,"UN",5,150.17033043160001,750.85165219999999]
["Composição Auxiliar"," 89578 ","SINAPI","TUBO PVC, SÉRIE R, ÁGUA PLUVIAL, DN 100 MM, FORNECIDO E INSTALADO EM CONDUTORES VERTICAIS DE ÁGUAS PLUVIAIS. AF_06/2022","Instalações Prediais de Águas Pluviais - Tubos, Conexões, Caixas e Ralos",null,"M",9.31,28.642945743079999,266.66582490000002]
["Composição Auxiliar"," 86893 ","SINAPI","BANCADA DE MÁRMORE BRANCO POLIDO, DE 1,50 X 0,60 M, PARA PIA DE COZINHA - FORNECIMENTO E INSTALAÇÃO. AF_01/2020","Louças e Metais",null,"UN",1,773.27698190959995,773.27698190000001]
["Composição Auxiliar"," 89833 ","SINAPI","TE, PVC, SERIE NORMAL, ESGOTO PREDIAL, DN 100 X 100 MM, JUNTA ELÁSTICA, FORNECIDO E INSTALADO EM PRUMADA DE ESGOTO SANITÁRIO OU VENTILAÇÃO. AF_08/2022","Instalações Prediais de Esgoto - Tubos e Conexões",null,"UN",1,44.78590990496,44.7859099]
["Composição Auxiliar"," 89713 ","SINAPI","TUBO PVC, SERIE NORMAL, ESGOTO PREDIAL, DN 75 MM, FORNECIDO E INSTALADO EM RAMAL DE DESCARGA OU RAMAL DE ESGOTO SANITÁRIO. AF_08/2022","Instalações Prediais de Esgoto - Tubos e Conexões",null,"M",9.07,31.300708822379999,283.89742899999999]
["Composição Auxiliar"," 89408 ","SINAPI","JOELHO 90 GRAUS, PVC, SOLDÁVEL, DN 25MM, INSTALADO EM RAMAL DE DISTRIBUIÇÃO DE ÁGUA - FORNECIMENTO E INSTALAÇÃO. AF_06/2022","Instalações Prediais de Água Fria em PVC",null,"UN",32,8.5023358863399991,272.07474839999998]
["Composição Auxiliar"," 103984 ","SINAPI","JOELHO 90 GRAUS, PVC, SOLDÁVEL, DN 50MM, INSTALADO EM RAMAL DE DISTRIBUIÇÃO DE ÁGUA - FORNECIMENTO E INSTALAÇÃO. AF_06/2022","Instalações Prediais de Água Fria em PVC",null,"UN",8,18.97031097444,151.7624878]
["Composição Auxiliar"," 89802 ","SINAPI","JOELHO 45 GRAUS, PVC, SERIE NORMAL, ESGOTO PREDIAL, DN 50 MM, JUNTA ELÁSTICA, FORNECIDO E INSTALADO EM PRUMADA DE ESGOTO SANITÁRIO OU VENTILAÇÃO. AF_08/2022","Instalações Prediais de Esgoto - Tubos e Conexões",null,"UN",2,10.88453503018,21.7690701]
["Composição Auxiliar"," 94492 ","SINAPI","REGISTRO DE ESFERA, PVC, SOLDÁVEL, COM VOLANTE, DN 50 MM - FORNECIMENTO E INSTALAÇÃO. AF_08/2021","Válvulas e Registros para Sistemas Prediais",null,"UN",2,63.53429896558,127.0685979]
["Composição Auxiliar"," 86899 ","SINAPI","BANCADA DE MÁRMORE BRANCO POLIDO, DE 0,50 X 0,60 M, PARA LAVATÓRIO - FORNECIMENTO E INSTALAÇÃO. AF_01/2020","Louças e Metais",null,"UN",4,370.02190098459999,1480.0876039]
["Composição Auxiliar"," 104353 ","SINAPI","JUNÇÃO DE REDUÇÃO INVERTIDA, PVC, SÉRIE NORMAL, ESGOTO PREDIAL, DN 100 X 50 MM, JUNTA ELÁSTICA, FORNECIDO E INSTALADO EM PRUMADA DE ESGOTO SANITÁRIO OU VENTILAÇÃO. AF_08/2022","Instalações Prediais de Esgoto - Tubos e Conexões",null,"UN",7,40.789804862579999,285.52863400000001]
["Composição Auxiliar"," 98054 ","SINAPI","TANQUE SÉPTICO CIRCULAR, EM CONCRETO PRÉ-MOLDADO, DIÂMETRO INTERNO = 1,88 M, ALTURA INTERNA = 2,50 M, VOLUME ÚTIL: 6245,8 L (PARA 32 CONTRIBUINTES). AF_12/2020","Fossas e Sumidouros",null,"UN",1,5333.9318108580692,5333.9318108999996]
["Composição Auxiliar"," 100860 ","SINAPI","CHUVEIRO ELÉTRICO COMUM CORPO PLÁSTICO, TIPO DUCHA - FORNECIMENTO E INSTALAÇÃO. AF_01/2020","Louças e Metais",null,"UN",4,104.63330613312,418.53322450000002]
["Composição Auxiliar"," 89401 ","SINAPI","TUBO, PVC, SOLDÁVEL, DE 20MM, INSTALADO EM RAMAL DE DISTRIBUIÇÃO DE ÁGUA - FORNECIMENTO E INSTALAÇÃO. AF_06/2022","Instalações Prediais de Água Fria em PVC",null,"M",12.38,10.405690184419999,128.82244449999999]
["Composição Auxiliar"," 98101 ","SINAPI","SUMIDOURO RETANGULAR, EM ALVENARIA COM BLOCOS DE CONCRETO, DIMENSÕES INTERNAS: 1,6 X 5,8 X H=3,0 M, ÁREA DE INFILTRAÇÃO: 50 M² (PARA 20 CONTRIBUINTES). . AF_12/2020","Fossas e Sumidouros",null,"UN",1,10374.228243282674,10374.2282433]
["Composição Auxiliar"," 105234 ","SINAPI","BUCHA DE REDUÇÃO PVC, SOLDÁVEL, LONGA, DN 50 X 25 MM, INSTALADO EM RESERVAÇÃO PREDIAL DE ÁGUA - FORNECIMENTO E INSTALAÇÃO. AF_04/2024","Instalações Hidráulicas - Reservação e Bombas de Recalque",null,"UN",2,9.3279918043399999,18.655983599999999]
["Composição Auxiliar"," 100858 ","SINAPI","MICTÓRIO SIFONADO LOUÇA BRANCA - PADRÃO MÉDIO - FORNECIMENTO E INSTALAÇÃO. AF_01/2020","Louças e Metais",null,"UN",3,730.97617136040003,2192.9285141]
["Composição Auxiliar"," 94706 ","SINAPI","ADAPTADOR COM FLANGE E ANEL DE VEDAÇÃO, PVC, SOLDÁVEL, DN 50 MM X 1 1/2\", INSTALADO EM RESERVAÇÃO PREDIAL DE ÁGUA - FORNECIMENTO E INSTALAÇÃO. AF_04/2024","Instalações Hidráulicas - Reservação e Bombas de Recalque",null,"UN",4,33.814350846719996,135.25740339999999]
["Composição Auxiliar"," 89714 ","SINAPI","TUBO PVC, SERIE NORMAL, ESGOTO PREDIAL, DN 100 MM, FORNECIDO E INSTALADO EM RAMAL DE DESCARGA OU RAMAL DE ESGOTO SANITÁRIO. AF_08/2022","Instalações Prediais de Esgoto - Tubos e Conexões",null,"M",30.39,35.089042583439998,1066.3560041000001]
["Composição Auxiliar"," 98062 ","SINAPI","SUMIDOURO CIRCULAR, EM CONCRETO PRÉ-MOLDADO, DIÂMETRO INTERNO = 1,88 M, ALTURA INTERNA = 2,00 M, ÁREA DE INFILTRAÇÃO: 13,1 M² (PARA 5 CONTRIBUINTES). AF_12/2020","Fossas e Sumidouros",null,"UN",1,3560.8697272202903,3560.8697271999999]
["Composição Auxiliar"," 89834 ","SINAPI","JUNÇÃO SIMPLES, PVC, SERIE NORMAL, ESGOTO PREDIAL, DN 100 X 100 MM, JUNTA ELÁSTICA, FORNECIDO E INSTALADO EM PRUMADA DE ESGOTO SANITÁRIO OU VENTILAÇÃO. AF_08/2022","Instalações Prediais de Esgoto - Tubos e Conexões",null,"UN",2,51.655909904959998,103.31181979999999]
["Composição Auxiliar"," 104357 ","SINAPI","CAP, PVC, SÉRIE NORMAL, ESGOTO PREDIAL, DN 100 MM, JUNTA ELÁSTICA, FORNECIDO E INSTALADO EM SUBCOLETOR AÉREO DE ESGOTO SANITÁRIO. AF_08/2022","Instalações Prediais de Esgoto - Tubos e Conexões",null,"UN",1,18.429453215500001,18.429453200000001]
["Composição Auxiliar"," 103979 ","SINAPI","TUBO, PVC, SOLDÁVEL, DE 50MM, INSTALADO EM RAMAL DE DISTRIBUIÇÃO DE ÁGUA - FORNECIMENTO E INSTALAÇÃO. AF_06/2022","Instalações Prediais de Água Fria em PVC",null,"M",26.45,28.622461495020001,757.06410649999998]
["Composição Auxiliar"," 89812 ","SINAPI","CURVA LONGA 90 GRAUS, PVC, SERIE NORMAL, ESGOTO PREDIAL, DN 100 MM, JUNTA ELÁSTICA, FORNECIDO E INSTALADO EM PRUMADA DE ESGOTO SANITÁRIO OU VENTILAÇÃO. AF_08/2022","Instalações Prediais de Esgoto - Tubos e Conexões",null,"UN",1,71.802469928720001,71.802469900000006]
["Composição Auxiliar"," 104353 ","SINAPI","JUNÇÃO DE REDUÇÃO INVERTIDA, PVC, SÉRIE NORMAL, ESGOTO PREDIAL, DN 100 X 50 MM, JUNTA ELÁSTICA, FORNECIDO E INSTALADO EM PRUMADA DE ESGOTO SANITÁRIO OU VENTILAÇÃO. AF_08/2022","Instalações Prediais de Esgoto - Tubos e Conexões",null,"UN",5,40.789804862579999,203.94902429999999]
["Composição Auxiliar"," 86935 ","SINAPI","CUBA DE EMBUTIR DE AÇO INOXIDÁVEL MÉDIA, INCLUSO VÁLVULA TIPO AMERICANA EM METAL CROMADO E SIFÃO FLEXÍVEL EM PVC - FORNECIMENTO E INSTALAÇÃO. AF_01/2020","Louças e Metais",null,"UN",5,352.9759766752,1764.8798833999999]
["Composição Auxiliar"," 89495 ","SINAPI","RALO SIFONADO, PVC, DN 100 X 40 MM, JUNTA SOLDÁVEL, FORNECIDO E INSTALADO EM RAMAIS DE ENCAMINHAMENTO DE ÁGUA PLUVIAL. AF_06/2022","Instalações Prediais de Águas Pluviais - Tubos, Conexões, Caixas e Ralos",null,"UN",3,20.47692994394,61.430789799999999]
["Composição Auxiliar"," 86886 ","SINAPI","ENGATE FLEXÍVEL EM INOX, 1/2 X 30CM - FORNECIMENTO E INSTALAÇÃO. AF_01/2020","Louças e Metais",null,"UN",9,58.979323936,530.81391540000004]
["Composição Auxiliar"," 89833 ","SINAPI","TE, PVC, SERIE NORMAL, ESGOTO PREDIAL, DN 100 X 100 MM, JUNTA ELÁSTICA, FORNECIDO E INSTALADO EM PRUMADA DE ESGOTO SANITÁRIO OU VENTILAÇÃO. AF_08/2022","Instalações Prediais de Esgoto - Tubos e Conexões",null,"UN",4,44.78590990496,179.1436396]
["Composição Auxiliar"," 89711 ","SINAPI","TUBO PVC, SERIE NORMAL, ESGOTO PREDIAL, DN 40 MM, FORNECIDO E INSTALADO EM RAMAL DE DESCARGA OU RAMAL DE ESGOTO SANITÁRIO. AF_08/2022","Instalações Prediais de Esgoto - Tubos e Conexões",null,"M",9.1999999999999993,20.135849671799999,185.24981700000001]
["Composição Auxiliar"," 89821 ","SINAPI","LUVA SIMPLES, PVC, SERIE NORMAL, ESGOTO PREDIAL, DN 100 MM, JUNTA ELÁSTICA, FORNECIDO E INSTALADO EM PRUMADA DE ESGOTO SANITÁRIO OU VENTILAÇÃO. AF_08/2022","Instalações Prediais de Esgoto - Tubos e Conexões",null,"UN",2,17.588774952480001,35.177549900000002]
["Composição Auxiliar"," 98462 ","SINAPI","ESTRUTURA DE MADEIRA PROVISÓRIA PARA SUPORTE DE CAIXA DÁGUA ELEVADA DE 3000 LITROS. AF_03/2024","Instalações para Canteiros de Obras",null,"UN",1,10505.330478697166,10505.3304787]
["Composição Auxiliar"," 103042 ","SINAPI","REGISTRO DE ESFERA, PVC, ROSCÁVEL, COM BORBOLETA, 3/4\" - FORNECIMENTO E INSTALAÇÃO. AF_08/2021","Válvulas e Registros para Sistemas Prediais",null,"UN",1,25.026931560520001,25.026931600000001]
["Composição Auxiliar"," 89805 ","SINAPI","JOELHO 90 GRAUS, PVC, SERIE NORMAL, ESGOTO PREDIAL, DN 75 MM, JUNTA ELÁSTICA, FORNECIDO E INSTALADO EM PRUMADA DE ESGOTO SANITÁRIO OU VENTILAÇÃO. AF_08/2022","Instalações Prediais de Esgoto - Tubos e Conexões",null,"UN",15,20.882224585820001,313.23336879999999]
["Composição Auxiliar"," 99253 ","SINAPI","CAIXA ENTERRADA HIDRÁULICA RETANGULAR EM ALVENARIA COM TIJOLOS CERÂMICOS MACIÇOS, DIMENSÕES INTERNAS: 0,6X0,6X0,6 M PARA REDE DE DRENAGEM. AF_12/2020","Caixas Enterradas",null,"UN",3,612.39078334391115,1837.1723500000001]
["Composição Auxiliar"," 94679 ","SINAPI","CURVA 90 GRAUS, PVC, SOLDÁVEL, DN 50 MM, INSTALADO EM RESERVAÇÃO PREDIAL DE ÁGUA - FORNECIMENTO E INSTALAÇÃO. AF_04/2024","Instalações Hidráulicas - Reservação e Bombas de Recalque",null,"UN",2,22.29329295126,44.586585900000003]
["Composição Auxiliar"," 89402 ","SINAPI","TUBO, PVC, SOLDÁVEL, DE 25MM, INSTALADO EM RAMAL DE DISTRIBUIÇÃO DE ÁGUA - FORNECIMENTO E INSTALAÇÃO. AF_06/2022","Instalações Prediais de Água Fria em PVC",null,"M",22.1,11.96198559436,264.35988159999999]
["Composição Auxiliar"," 89817 ","SINAPI","LUVA SIMPLES, PVC, SERIE NORMAL, ESGOTO PREDIAL, DN 75 MM, JUNTA ELÁSTICA, FORNECIDO E INSTALADO EM PRUMADA DE ESGOTO SANITÁRIO OU VENTILAÇÃO. AF_08/2022","Instalações Prediais de Esgoto - Tubos e Conexões",null,"UN",15,13.13486672388,197.0230009]
["Composição Auxiliar"," 89801 ","SINAPI","JOELHO 90 GRAUS, PVC, SERIE NORMAL, ESGOTO PREDIAL, DN 50 MM, JUNTA ELÁSTICA, FORNECIDO E INSTALADO EM PRUMADA DE ESGOTO SANITÁRIO OU VENTILAÇÃO. AF_08/2022","Instalações Prediais de Esgoto - Tubos e Conexões",null,"UN",9,10.264535030179999,92.380815299999995]
["Composição Auxiliar"," 104355 ","SINAPI","JUNÇÃO DE REDUCAO INVERTIDA, PVC, SÉRIE NORMAL, ESGOTO PREDIAL, DN 100 X 75 MM, JUNTA ELÁSTICA, FORNECIDO E INSTALADO EM PRUMADA DE ESGOTO SANITÁRIO OU VENTILAÇÃO. AF_08/2022","Instalações Prediais de Esgoto - Tubos e Conexões",null,"UN",3,46.856004490140002,140.56801350000001]
["Composição Auxiliar"," 89712 ","SINAPI","TUBO PVC, SERIE NORMAL, ESGOTO PREDIAL, DN 50 MM, FORNECIDO E INSTALADO EM RAMAL DE DESCARGA OU RAMAL DE ESGOTO SANITÁRIO. AF_08/2022","Instalações Prediais de Esgoto - Tubos e Conexões",null,"M",26.11,25.191595061320001,657.75254710000002]
["Composição Auxiliar"," 94783 ","SINAPI","ADAPTADOR COM FLANGE E ANEL DE VEDAÇÃO, PVC, SOLDÁVEL, DN 20 MM X 1/2\", INSTALADO EM RESERVAÇÃO PREDIAL DE ÁGUA - FORNECIMENTO E INSTALAÇÃO. AF_04/2024","Instalações Hidráulicas - Reservação e Bombas de Recalque",null,"UN",1,17.65597109786,17.655971099999999]
["Composição Auxiliar"," 104178 ","SINAPI","CAP, PVC, SERIE R, ÁGUA PLUVIAL, DN 100 MM, JUNTA ELÁSTICA, FORNECIDO E INSTALADO EM RAMAL DE ENCAMINHAMENTO. AF_06/2022","Instalações Prediais de Águas Pluviais - Tubos, Conexões, Caixas e Ralos",null,"UN",1,20.524111719,20.524111699999999]
["Composição Auxiliar"," 89374 ","SINAPI","LUVA COM BUCHA DE LATÃO, PVC, SOLDÁVEL, DN 20MM X 1/2\", INSTALADO EM RAMAL OU SUB-RAMAL DE ÁGUA - FORNECIMENTO E INSTALAÇÃO. AF_06/2022","Instalações Prediais de Água Fria em PVC",null,"UN",2,9.7401057442999992,19.480211499999999]
["Composição Auxiliar"," 104004 ","SINAPI","TE, PVC, SOLDÁVEL, DN 50MM, INSTALADO EM RAMAL DE DISTRIBUIÇÃO DE ÁGUA - FORNECIMENTO E INSTALAÇÃO. AF_06/2022","Instalações Prediais de Água Fria em PVC",null,"UN",3,28.657020228339999,85.971060699999995]
["Composição Auxiliar"," 102610 ","SINAPI","CAIXA D´ÁGUA EM POLIETILENO, 3000 LITROS - FORNECIMENTO E INSTALAÇÃO. AF_06/2021","Caixas de Água para Edificações",null,"UN",1,1979.8340030662,1979.8340031]
["Composição Auxiliar"," 89404 ","SINAPI","JOELHO 90 GRAUS, PVC, SOLDÁVEL, DN 20MM, INSTALADO EM RAMAL DE DISTRIBUIÇÃO DE ÁGUA - FORNECIMENTO E INSTALAÇÃO. AF_06/2022","Instalações Prediais de Água Fria em PVC",null,"UN",13,7.1259796687200003,92.637735699999993]
["Composição Auxiliar"," 94227 ","SINAPI","CALHA EM CHAPA DE AÇO GALVANIZADO NÚMERO 24, DESENVOLVIMENTO DE 33 CM, INCLUSO TRANSPORTE VERTICAL. AF_07/2019","Telhamento para Cobertura",null,"M",34,58.2988264261,1982.1600985]
["Composição Auxiliar"," 103047 ","SINAPI","REGISTRO DE ESFERA, PVC, SOLDÁVEL, COM VOLANTE, DN 20 MM - FORNECIMENTO E INSTALAÇÃO. AF_08/2021","Válvulas e Registros para Sistemas Prediais",null,"UN",1,24.8527250436,24.852725]
["Composição Auxiliar"," 89726 ","SINAPI","JOELHO 45 GRAUS, PVC, SERIE NORMAL, ESGOTO PREDIAL, DN 40 MM, JUNTA SOLDÁVEL, FORNECIDO E INSTALADO EM RAMAL DE DESCARGA OU RAMAL DE ESGOTO SANITÁRIO. AF_08/2022","Instalações Prediais de Esgoto - Tubos e Conexões",null,"UN",10,10.0827288202,100.8272882]
["Composição Auxiliar"," 104348 ","SINAPI","TERMINAL DE VENTILAÇÃO, PVC, SÉRIE NORMAL, ESGOTO PREDIAL, DN 50 MM, JUNTA SOLDÁVEL, FORNECIDO E INSTALADO EM PRUMADA DE ESGOTO SANITÁRIO OU VENTILAÇÃO. AF_08/2022","Instalações Prediais de Esgoto - Tubos e Conexões",null,"UN",2,9.7769527476399993,19.553905499999999]
["Composição Auxiliar"," 89724 ","SINAPI","JOELHO 90 GRAUS, PVC, SERIE NORMAL, ESGOTO PREDIAL, DN 40 MM, JUNTA SOLDÁVEL, FORNECIDO E INSTALADO EM RAMAL DE DESCARGA OU RAMAL DE ESGOTO SANITÁRIO. AF_08/2022","Instalações Prediais de Esgoto - Tubos e Conexões",null,"UN",10,9.8927288202000003,98.927288200000007]
["Composição Auxiliar"," 94656 ","SINAPI","ADAPTADOR CURTO COM BOLSA E ROSCA PARA REGISTRO, PVC, SOLDÁVEL, DN 25 MM X 3/4\", INSTALADO EM RESERVAÇÃO PREDIAL DE ÁGUA - FORNECIMENTO E INSTALAÇÃO. AF_04/2024","Instalações Hidráulicas - Reservação e Bombas de Recalque",null,"UN",8,3.3704743078399999,26.963794499999999]
["Composição Auxiliar"," 89806 ","SINAPI","JOELHO 45 GRAUS, PVC, SERIE NORMAL, ESGOTO PREDIAL, DN 75 MM, JUNTA ELÁSTICA, FORNECIDO E INSTALADO EM PRUMADA DE ESGOTO SANITÁRIO OU VENTILAÇÃO. AF_08/2022","Instalações Prediais de Esgoto - Tubos e Conexões",null,"UN",3,21.722224585820001,65.166673799999998]
["Composição Auxiliar"," 89809 ","SINAPI","JOELHO 90 GRAUS, PVC, SERIE NORMAL, ESGOTO PREDIAL, DN 100 MM, JUNTA ELÁSTICA, FORNECIDO E INSTALADO EM PRUMADA DE ESGOTO SANITÁRIO OU VENTILAÇÃO. AF_08/2022","Instalações Prediais de Esgoto - Tubos e Conexões",null,"UN",5,29.012469928720002,145.0623496]
["Composição Auxiliar"," 94795 ","SINAPI","TORNEIRA DE BOIA PARA CAIXA D'ÁGUA, ROSCÁVEL, 1/2\" - FORNECIMENTO E INSTALAÇÃO. AF_08/2021","Válvulas e Registros para Sistemas Prediais",null,"UN",1,36.42056577692,36.420565799999999]
["Composição Auxiliar"," 104352 ","SINAPI","TE, PVC, SÉRIE NORMAL, ESGOTO PREDIAL, DN 100 X 50 MM, JUNTA ELÁSTICA, FORNECIDO E INSTALADO EM PRUMADA DE ESGOTO SANITÁRIO OU VENTILAÇÃO. AF_08/2022","Instalações Prediais de Esgoto - Tubos e Conexões",null,"UN",4,39.019804862580003,156.07921949999999]
["Composição Auxiliar"," 89707 ","SINAPI","CAIXA SIFONADA, PVC, DN 100 X 100 X 50 MM, JUNTA ELÁSTICA, FORNECIDA E INSTALADA EM RAMAL DE DESCARGA OU EM RAMAL DE ESGOTO SANITÁRIO. AF_08/2022","Instalações Prediais de Esgoto - Caixas e Ralos",null,"UN",3,53.040395805620001,159.1211874]
["Insumo"," 00000329 ","SINAPI","ANEL BORRACHA, PARA TUBO/CONEXAO PVC PBA, DN 75 MM, PARA REDE AGUA","Material",null,"UN",30,8.86,265.8]
["Insumo"," 00000297 ","SINAPI","ANEL BORRACHA PARA TUBO ESGOTO PREDIAL, DN 75 MM (NBR 5688)","Material",null,"UN",27,3.32,89.64]
["Insumo"," 00000296 ","SINAPI","ANEL BORRACHA PARA TUBO ESGOTO PREDIAL, DN 50 MM (NBR 5688)","Material",null,"UN",83,2.2599999999999998,187.58]
["Insumo"," 00000301 ","SINAPI","ANEL BORRACHA PARA TUBO ESGOTO PREDIAL, DN 100 MM (NBR 5688)","Material",null,"UN",52,4,208]
["Insumo"," 00006138 ","SINAPI","ANEL DE VEDACAO, PVC FLEXIVEL, 100 MM, PARA SAIDA DE BACIA / VASO SANITARIO","Material",null,"UN",4,13.5,54]
["Insumo"," 00000328 ","SINAPI","ANEL BORRACHA, PARA TUBO/CONEXAO PVC PBA, DN 100 MM, PARA REDE AGUA","Material",null,"UN",6,10.6,63.6]
[]
[null,"Código","Banco","Descrição","Tipo",null,"Und","Quant.","Valor Unit","Total"]
["Composição"," 104178 ","SINAPI","CAP, PVC, SERIE R, ÁGUA PLUVIAL, DN 100 MM, JUNTA ELÁSTICA, FORNECIDO E INSTALADO EM RAMAL DE ENCAMINHAMENTO. AF_06/2022","Instalações Prediais de Águas Pluviais - Tubos, Conexões, Caixas e Ralos",null,"UN",1,20.52,20.52]
["Composição Auxiliar"," 88267 ","SINAPI","ENCANADOR OU BOMBEIRO HIDRÁULICO COM ENCARGOS COMPLEMENTARES","Livro SINAPI: Cálculos e Parâmetros",null,"H",6.5000000000000002E-2,25.943333599999999,1.6863166999999999]
["Composição Auxiliar"," 88248 ","SINAPI","AUXILIAR DE ENCANADOR OU BOMBEIRO HIDRÁULICO COM ENCARGOS COMPLEMENTARES","Livro SINAPI: Cálculos e Parâmetros",null,"H",6.5000000000000002E-2,22.614539000000001,1.4699450000000001]
["Insumo"," 00020078 ","SINAPI","PASTA LUBRIFICANTE PARA TUBOS E CONEXOES COM JUNTA ELASTICA, EMBALAGEM DE *400* GR (USO EM PVC, ACO, POLIETILENO E OUTROS)","Material",null,"UN",5.7500000000000002E-2,29.18,1.6778500000000001]
["Insumo"," 00000299 ","SINAPI","ANEL BORRACHA, DN 100 MM, PARA TUBO SERIE REFORCADA ESGOTO PREDIAL","Material",null,"UN",1,4.6900000000000004,4.6900000000000004]
["Insumo"," 00020088 ","SINAPI","CAP PVC, SERIE R, DN 100 MM, PARA ESGOTO PREDIAL","Material",null,"UN",1,11,11]
[]
[null,"Código","Banco","Descrição","Tipo",null,"Und","Quant.","Valor Unit","Total"]
["Composição"," 104357 ","SINAPI","CAP, PVC, SÉRIE NORMAL, ESGOTO PREDIAL, DN 100 MM, JUNTA ELÁSTICA, FORNECIDO E INSTALADO EM SUBCOLETOR AÉREO DE ESGOTO SANITÁRIO. AF_08/2022","Instalações Prediais de Esgoto - Tubos e Conexões",null,"UN",1,18.420000000000002,18.420000000000002]
["Composição Auxiliar"," 88267 ","SINAPI","ENCANADOR OU BOMBEIRO HIDRÁULICO COM ENCARGOS COMPLEMENTARES","Livro SINAPI: Cálculos e Parâmetros",null,"H",9.2499999999999999E-2,25.943333599999999,2.3997584000000001]
["Composição Auxiliar"," 88248 ","SINAPI","AUXILIAR DE ENCANADOR OU BOMBEIRO HIDRÁULICO COM ENCARGOS COMPLEMENTARES","Livro SINAPI: Cálculos e Parâmetros",null,"H",9.2499999999999999E-2,22.614539000000001,2.0918448999999999]
["Insumo"," 00020078 ","SINAPI","PASTA LUBRIFICANTE PARA TUBOS E CONEXOES COM JUNTA ELASTICA, EMBALAGEM DE *400* GR (USO EM PVC, ACO, POLIETILENO E OUTROS)","Material",null,"UN",5.7500000000000002E-2,29.18,1.6778500000000001]
["Insumo"," 00000301 ","SINAPI","ANEL BORRACHA PARA TUBO ESGOTO PREDIAL, DN 100 MM (NBR 5688)","Material",null,"UN",1,4,4]
["Insumo"," 00001200 ","SINAPI","CAP PVC, SOLDAVEL, DN 100 MM, SERIE NORMAL, PARA ESGOTO PREDIAL","Material",null,"UN",1,8.26,8.26]
[]
[null,"Código","Banco","Descrição","Tipo",null,"Und","Quant.","Valor Unit","Total"]
["Composição"," 88261 ","SINAPI","CARPINTEIRO DE ESQUADRIAS COM ENCARGOS COMPLEMENTARES","Livro SINAPI: Cálculos e Parâmetros",null,"H",1,24.72,24.72]
["Composição Auxiliar"," 95329 ","SINAPI","CURSO DE CAPACITAÇÃO PARA CARPINTEIRO DE ESQUADRIA (ENCARGOS COMPLEMENTARES) - HORISTA","Livro SINAPI: Cálculos e Parâmetros",null,"H",1,0.29623319999999997,0.29623319999999997]
["Insumo"," 00037371 ","SINAPI","TRANSPORTE - HORISTA (COLETADO CAIXA - ENCARGOS COMPLEMENTARES)","Encargos Complementares",null,"H",1,0.38,0.38]
["Insumo"," 00037372 ","SINAPI","EXAMES - HORISTA (COLETADO CAIXA - ENCARGOS COMPLEMENTARES)","Encargos Complementares",null,"H",1,1.3,1.3]
["Insumo"," 00001214 ","SINAPI","CARPINTEIRO DE ESQUADRIAS (HORISTA)","Mão de Obra",null,"H",1,20.07,20.07]
["Insumo"," 00043483 ","SINAPI","EPI - FAMILIA CARPINTEIRO DE FORMAS - HORISTA (ENCARGOS COMPLEMENTARES - COLETADO CAIXA)","Encargos Complementares",null,"H",1,1.71,1.71]
["Insumo"," 00043459 ","SINAPI","FERRAMENTAS - FAMILIA CARPINTEIRO DE FORMAS - HORISTA (ENCARGOS COMPLEMENTARES - COLETADO CAIXA)","Encargos Complementares",null,"H",1,0.3,0.3]
["Insumo"," 00037373 ","SINAPI","SEGURO - HORISTA (COLETADO CAIXA - ENCARGOS COMPLEMENTARES)","Encargos Complementares",null,"H",1,0.01,0.01]
["Insumo"," 00037370 ","SINAPI","ALIMENTACAO - HORISTA (COLETADO CAIXA - ENCARGOS COMPLEMENTARES)","Encargos Complementares",null,"H",1,0.66,0.66]
[]
[null,"Código","Banco","Descrição","Tipo",null,"Und","Quant.","Valor Unit","Total"]
["Composição"," 88262 ","SINAPI","CARPINTEIRO DE FORMAS COM ENCARGOS COMPLEMENTARES","Livro SINAPI: Cálculos e Parâmetros",null,"H",1,25.92,25.92]
["Composição Auxiliar"," 95330 ","SINAPI","CURSO DE CAPACITAÇÃO PARA CARPINTEIRO DE FÔRMAS (ENCARGOS COMPLEMENTARES) - HORISTA","Livro SINAPI: Cálculos e Parâmetros",null,"H",1,0.2460328,0.2460328]
["Insumo"," 00037373 ","SINAPI","SEGURO - HORISTA (COLETADO CAIXA - ENCARGOS COMPLEMENTARES)","Encargos Complementares",null,"H",1,0.01,0.01]
["Insumo"," 00037370 ","SINAPI","ALIMENTACAO - HORISTA (COLETADO CAIXA - ENCARGOS COMPLEMENTARES)","Encargos Complementares",null,"H",1,0.66,0.66]
["Insumo"," 00001213 ","SINAPI","CARPINTEIRO DE FORMAS PARA CONCRETO (HORISTA)","Mão de Obra",null,"H",1,21.32,21.32]
["Insumo"," 00037371 ","SINAPI","TRANSPORTE - HORISTA (COLETADO CAIXA - ENCARGOS COMPLEMENTARES)","Encargos Complementares",null,"H",1,0.38,0.38]
["Insumo"," 00043483 ","SINAPI","EPI - FAMILIA CARPINTEIRO DE FORMAS - HORISTA (ENCARGOS COMPLEMENTARES - COLETADO CAIXA)","Encargos Complementares",null,"H",1,1.71,1.71]
["Insumo"," 00037372 ","SINAPI","EXAMES - HORISTA (COLETADO CAIXA - ENCARGOS COMPLEMENTARES)","Encargos Complementares",null,"H",1,1.3,1.3]
["Insumo"," 00043459 ","SINAPI","FERRAMENTAS - FAMILIA CARPINTEIRO DE FORMAS - HORISTA (ENCARGOS COMPLEMENTARES - COLETADO CAIXA)","Encargos Complementares",null,"H",1,0.3,0.3]
[]
[null,"Código","Banco","Descrição","Tipo",null,"Und","Quant.","Valor Unit","Total"]
["Composição"," 100860 ","SINAPI","CHUVEIRO ELÉTRICO COMUM CORPO PLÁSTICO, TIPO DUCHA - FORNECIMENTO E INSTALAÇÃO. AF_01/2020","Louças e Metais",null,"UN",1,104.63,104.63]
["Composição Auxiliar"," 88267 ","SINAPI","ENCANADOR OU BOMBEIRO HIDRÁULICO COM ENCARGOS COMPLEMENTARES","Livro SINAPI: Cálculos e Parâmetros",null,"H",0.44669999999999999,25.943333599999999,11.588887100000001]
["Composição Auxiliar"," 88316 ","SINAPI","SERVENTE COM ENCARGOS COMPLEMENTARES","Livro SINAPI: Cálculos e Parâmetros",null,"H",0.14069999999999999,20.96602,2.949919]
["Insumo"," 00001368 ","SINAPI","CHUVEIRO COMUM EM PLASTICO BRANCO, COM CANO, 3 TEMPERATURAS, 5500 W (110/220 V)","Material",null,"UN",1,90,90]
["Insumo"," 00003146 ","SINAPI","FITA VEDA ROSCA, EM PTFE, ROLO DE 18 MM X 10 M (L X C)","Material",null,"UN",2.1000000000000001E-2,4.5,9.4500000000000001E-2]
[]
[null,"Código","Banco","Descrição","Tipo",null,"Und","Quant.","Valor Unit","Total"]
["Composição"," 91533 ","SINAPI","COMPACTADOR DE SOLOS DE PERCUSSÃO (SOQUETE) COM MOTOR A GASOLINA 4 TEMPOS, POTÊNCIA 4 CV - CHP DIURNO. AF_08/2015","Custos Horários Produtivo e Improdutivo dos Equipamentos",null,"CHP",1,46.16,46.16]
["Composição Auxiliar"," 91529 ","SINAPI","COMPACTADOR DE SOLOS DE PERCUSSÃO (SOQUETE) COM MOTOR A GASOLINA 4 TEMPOS, POTÊNCIA 4 CV - DEPRECIAÇÃO. AF_08/2015","Depreciação, Juros, Impostos e Seguros, Manutenção e Materiais na Operação dos Equipamentos",null,"H",1,0.90711696399999997,0.90711699999999995]
["Composição Auxiliar"," 91531 ","SINAPI","COMPACTADOR DE SOLOS DE PERCUSSÃO (SOQUETE) COM MOTOR A GASOLINA 4 TEMPOS, POTÊNCIA 4 CV - MANUTENÇÃO. AF_08/2015","Depreciação, Juros, Impostos e Seguros, Manutenção e Materiais na Operação dos Equipamentos",null,"H",1,1.1351726360000001,1.1351726]
["Composição Auxiliar"," 88297 ","SINAPI","OPERADOR DE MÁQUINAS E EQUIPAMENTOS COM ENCARGOS COMPLEMENTARES","Livro SINAPI: Cálculos e Parâmetros",null,"H",1,37.6398212,37.6398212]
["Composição Auxiliar"," 91530 ","SINAPI","COMPACTADOR DE SOLOS DE PERCUSSÃO (SOQUETE) COM MOTOR A GASOLINA 4 TEMPOS, POTÊNCIA 4 CV - JUROS. AF_08/2015","Depreciação, Juros, Impostos e Seguros, Manutenção e Materiais na Operação dos Equipamentos",null,"H",1,0.243372844,0.2433728]
["Composição Auxiliar"," 91532 ","SINAPI","COMPACTADOR DE SOLOS DE PERCUSSÃO (SOQUETE) COM MOTOR A GASOLINA 4 TEMPOS, POTÊNCIA 4 CV - MATERIAIS NA OPERAÇÃO. AF_08/2015","Depreciação, Juros, Impostos e Seguros, Manutenção e Materiais na Operação dos Equipamentos",null,"H",1,6.2417999999999996,6.2417999999999996]
[]
[null,"Código","Banco","Descrição","Tipo",null,"Und","Quant.","Valor Unit","Total"]
["Composição"," 91529 ","SINAPI","COMPACTADOR DE SOLOS DE PERCUSSÃO (SOQUETE) COM MOTOR A GASOLINA 4 TEMPOS, POTÊNCIA 4 CV - DEPRECIAÇÃO. AF_08/2015","Depreciação, Juros, Impostos e Seguros, Manutenção e Materiais na Operação dos Equipamentos",null,"H",1,0.9,0.9]
["Insumo"," 00013458 ","SINAPI","COMPACTADOR DE SOLOS DE PERCURSAO (SOQUETE) COM MOTOR A GASOLINA 4 TEMPOS DE 4 HP (4 CV)","Equipamento para Aquisição Permanente",null,"UN",5.3300000000000001E-5,17019.080000000002,0.90711699999999995]
[]
[null,"Código","Banco","Descrição","Tipo",null,"Und","Quant.","Valor Unit","Total"]
["Composição"," 91530 ","SINAPI","COMPACTADOR DE SOLOS DE PERCUSSÃO (SOQUETE) COM MOTOR A GASOLINA 4 TEMPOS, POTÊNCIA 4 CV - JUROS. AF_08/2015","Depreciação, Juros, Impostos e Seguros, Manutenção e Materiais na Operação dos Equipamentos",null,"H",1,0.24,0.24]
["Insumo"," 00013458 ","SINAPI","COMPACTADOR DE SOLOS DE PERCURSAO (SOQUETE) COM MOTOR A GASOLINA 4 TEMPOS DE 4 HP (4 CV)","Equipamento para Aquisição Permanente",null,"UN",1.43E-5,17019.080000000002,0.2433728]
[]
[null,"Código","Banco","Descrição","Tipo",null,"Und","Quant.","Valor Unit","Total"]
["Composição"," 91531 ","SINAPI","COMPACTADOR DE SOLOS DE PERCUSSÃO (SOQUETE) COM MOTOR A GASOLINA 4 TEMPOS, POTÊNCIA 4 CV - MANUTENÇÃO. AF_08/2015","Depreciação, Juros, Impostos e Seguros, Manutenção e Materiais na Operação dos Equipamentos",null,"H",1,1.1299999999999999,1.1299999999999999]
["Insumo"," 00013458 ","SINAPI","COMPACTADOR DE SOLOS DE PERCURSAO (SOQUETE) COM MOTOR A GASOLINA 4 TEMPOS DE 4 HP (4 CV)","Equipamento para Aquisição Permanente",null,"UN",6.6699999999999995E-5,17019.080000000002,1.1351726]
[]
[null,"Código","Banco","Descrição","Tipo",null,"Und","Quant.","Valor Unit","Total"]
["Composição"," 91532 ","SINAPI","COMPACTADOR DE SOLOS DE PERCUSSÃO (SOQUETE) COM MOTOR A GASOLINA 4 TEMPOS, POTÊNCIA 4 CV - MATERIAIS NA OPERAÇÃO. AF_08/2015","Depreciação, Juros, Impostos e Seguros, Manutenção e Materiais na Operação dos Equipamentos",null,"H",1,6.24,6.24]
["Insumo"," 00004222 ","SINAPI","GASOLINA COMUM","Material",null,"L",1.03,6.06,6.2417999999999996]
[]
[null,"Código","Banco","Descrição","Tipo",null,"Und","Quant.","Valor Unit","Total"]
["Composição"," 102487 ","SINAPI","CONCRETO CICLÓPICO FCK = 15MPA, 30% PEDRA DE MÃO EM VOLUME REAL, INCLUSIVE LANÇAMENTO. AF_05/2021","Produção de Concreto",null,"m³",1,857.75,857.75]
["Composição Auxiliar"," 94963 ","SINAPI","CONCRETO FCK = 15MPA, TRAÇO 1:3,4:3,5 (EM MASSA SECA DE CIMENTO/ AREIA MÉDIA/ BRITA 1) - PREPARO MECÂNICO COM BETONEIRA 400 L. AF_05/2021","Produção de Concreto",null,"m³",0.80500000000000005,682.89907912207241,549.73375869999995]
["Composição Auxiliar"," 90587 ","SINAPI","VIBRADOR DE IMERSÃO, DIÂMETRO DE PONTEIRA 45MM, MOTOR ELÉTRICO TRIFÁSICO POTÊNCIA DE 2 CV - CHI DIURNO. AF_06/2015","Custos Horários Produtivo e Improdutivo dos Equipamentos",null,"CHI",0.63770000000000004,0.57153167199999999,0.3644657]
["Composição Auxiliar"," 88316 ","SINAPI","SERVENTE COM ENCARGOS COMPLEMENTARES","Livro SINAPI: Cálculos e Parâmetros",null,"H",6.4683999999999999,20.96602,135.61660380000001]
["Composição Auxiliar"," 90586 ","SINAPI","VIBRADOR DE IMERSÃO, DIÂMETRO DE PONTEIRA 45MM, MOTOR ELÉTRICO TRIFÁSICO POTÊNCIA DE 2 CV - CHP DIURNO. AF_06/2015","Custos Horários Produtivo e Improdutivo dos Equipamentos",null,"CHP",0.2198,1.4593786719999999,0.32077139999999998]
["Composição Auxiliar"," 88309 ","SINAPI","PEDREIRO COM ENCARGOS COMPLEMENTARES","Livro SINAPI: Cálculos e Parâmetros",null,"H",1.6701999999999999,26.511984000000002,44.280315700000003]
["Insumo"," 00004730 ","SINAPI","PEDRA DE MAO OU PEDRA RACHAO PARA ARRIMO/FUNDACAO (POSTO PEDREIRA/FORNECEDOR, SEM FRETE)","Material",null,"m³",0.45429999999999998,280.51,127.435693]
[]
[null,"Código","Banco","Descrição","Tipo",null,"Und","Quant.","Valor Unit","Total"]
["Composição"," 94963 ","SINAPI","CONCRETO FCK = 15MPA, TRAÇO 1:3,4:3,5 (EM MASSA SECA DE CIMENTO/ AREIA MÉDIA/ BRITA 1) - PREPARO MECÂNICO COM BETONEIRA 400 L. AF_05/2021","Produção de Concreto",null,"m³",1,682.89,682.89]
["Composição Auxiliar"," 88831 ","SINAPI","BETONEIRA CAPACIDADE NOMINAL DE 400 L, CAPACIDADE DE MISTURA 280 L, MOTOR ELÉTRICO TRIFÁSICO POTÊNCIA DE 2 CV, SEM CARREGADOR - CHI DIURNO. AF_05/2023","Custos Horários Produtivo e Improdutivo dos Equipamentos",null,"CHI",0.71309999999999996,0.42905969599999999,0.30596250000000003]
["Composição Auxiliar"," 88377 ","SINAPI","OPERADOR DE BETONEIRA ESTACIONÁRIA/MISTURADOR COM ENCARGOS COMPLEMENTARES","Livro SINAPI: Cálculos e Parâmetros",null,"H",1.4695,20.500355899999999,30.125273]
["Composição Auxiliar"," 88316 ","SINAPI","SERVENTE COM ENCARGOS COMPLEMENTARES","Livro SINAPI: Cálculos e Parâmetros",null,"H",2.3275000000000001,20.96602,48.798411600000001]
["Composição Auxiliar"," 88830 ","SINAPI","BETONEIRA CAPACIDADE NOMINAL DE 400 L, CAPACIDADE DE MISTURA 280 L, MOTOR ELÉTRICO TRIFÁSICO POTÊNCIA DE 2 CV, SEM CARREGADOR - CHP DIURNO. AF_05/2023","Custos Horários Produtivo e Improdutivo dos Equipamentos",null,"CHP",0.75629999999999997,2.0727040959999998,1.5675861]
["Insumo"," 00004721 ","SINAPI","PEDRA BRITADA N. 1 (9,5 A 19 MM) POSTO PEDREIRA/FORNECEDOR, SEM FRETE","Material",null,"m³",0.57920000000000005,298.43,172.85065599999999]
["Insumo"," 00001379 ","SINAPI","CIMENTO PORTLAND COMPOSTO CP II-32","Material",null,"KG",273.06299999999999,1.1299999999999999,308.56119000000001]
["Insumo"," 00000370 ","SINAPI","AREIA MEDIA - POSTO JAZIDA/FORNECEDOR (RETIRADO NA JAZIDA, SEM TRANSPORTE)","Material",null,"m³",0.80459999999999998,150,120.69]
[]
[null,"Código","Banco","Descrição","Tipo",null,"Und","Quant.","Valor Unit","Total"]
["Composição"," 94970 ","SINAPI","CONCRETO FCK = 20MPA, TRAÇO 1:2,7:3 (EM MASSA SECA DE CIMENTO/ AREIA MÉDIA/ BRITA 1) - PREPARO MECÂNICO COM BETONEIRA 600 L. AF_05/2021","Produção de Concreto",null,"m³",1,731.57,731.57]
["Composição Auxiliar"," 89226 ","SINAPI","BETONEIRA CAPACIDADE NOMINAL DE 600 L, CAPACIDADE DE MISTURA 360 L, MOTOR ELÉTRICO TRIFÁSICO POTÊNCIA DE 4 CV, SEM CARREGADOR - CHI DIURNO. AF_05/2023","Custos Horários Produtivo e Improdutivo dos Equipamentos",null,"CHI",0.61970000000000003,1.7453270160000001,1.0815792]
["Composição Auxiliar"," 89225 ","SINAPI","BETONEIRA CAPACIDADE NOMINAL DE 600 L, CAPACIDADE DE MISTURA 360 L, MOTOR ELÉTRICO TRIFÁSICO POTÊNCIA DE 4 CV, SEM CARREGADOR - CHP DIURNO. AF_05/2023","Custos Horários Produtivo e Improdutivo dos Equipamentos",null,"CHP",0.65720000000000001,5.8207444160000001,3.8253932000000002]
["Composição Auxiliar"," 88316 ","SINAPI","SERVENTE COM ENCARGOS COMPLEMENTARES","Livro SINAPI: Cálculos e Parâmetros",null,"H",2.0266999999999999,20.96602,42.491832700000003]
["Composição Auxiliar"," 88377 ","SINAPI","OPERADOR DE BETONEIRA ESTACIONÁRIA/MISTURADOR COM ENCARGOS COMPLEMENTARES","Livro SINAPI: Cálculos e Parâmetros",null,"H",1.2767999999999999,20.500355899999999,26.174854400000001]
["Insumo"," 00000370 ","SINAPI","AREIA MEDIA - POSTO JAZIDA/FORNECEDOR (RETIRADO NA JAZIDA, SEM TRANSPORTE)","Material",null,"m³",0.76090000000000002,150,114.13500000000001]
["Insumo"," 00001379 ","SINAPI","CIMENTO PORTLAND COMPOSTO CP II-32","Material",null,"KG",325.15890000000002,1.1299999999999999,367.42955699999999]
["Insumo"," 00004721 ","SINAPI","PEDRA BRITADA N. 1 (9,5 A 19 MM) POSTO PEDREIRA/FORNECEDOR, SEM FRETE","Material",null,"m³",0.59119999999999995,298.43,176.431816]
[]
[null,"Código","Banco","Descrição","Tipo",null,"Und","Quant.","Valor Unit","Total"]
["Composição"," 94971 ","SINAPI","CONCRETO FCK = 25MPA, TRAÇO 1:2,3:2,7 (EM MASSA SECA DE CIMENTO/ AREIA MÉDIA/ BRITA 1) - PREPARO MECÂNICO COM BETONEIRA 600 L. AF_05/2021","Produção de Concreto",null,"m³",1,771.66,771.66]
["Composição Auxiliar"," 89225 ","SINAPI","BETONEIRA CAPACIDADE NOMINAL DE 600 L, CAPACIDADE DE MISTURA 360 L, MOTOR ELÉTRICO TRIFÁSICO POTÊNCIA DE 4 CV, SEM CARREGADOR - CHP DIURNO. AF_05/2023","Custos Horários Produtivo e Improdutivo dos Equipamentos",null,"CHP",0.64339999999999997,5.8207444160000001,3.7450670000000001]
["Composição Auxiliar"," 88316 ","SINAPI","SERVENTE COM ENCARGOS COMPLEMENTARES","Livro SINAPI: Cálculos e Parâmetros",null,"H",1.9792000000000001,20.96602,41.495946799999999]
["Composição Auxiliar"," 88377 ","SINAPI","OPERADOR DE BETONEIRA ESTACIONÁRIA/MISTURADOR COM ENCARGOS COMPLEMENTARES","Livro SINAPI: Cálculos e Parâmetros",null,"H",1.2501,20.500355899999999,25.627494899999999]
["Composição Auxiliar"," 89226 ","SINAPI","BETONEIRA CAPACIDADE NOMINAL DE 600 L, CAPACIDADE DE MISTURA 360 L, MOTOR ELÉTRICO TRIFÁSICO POTÊNCIA DE 4 CV, SEM CARREGADOR - CHI DIURNO. AF_05/2023","Custos Horários Produtivo e Improdutivo dos Equipamentos",null,"CHI",0.60670000000000002,1.7453270160000001,1.0588899000000001]
["Insumo"," 00004721 ","SINAPI","PEDRA BRITADA N. 1 (9,5 A 19 MM) POSTO PEDREIRA/FORNECEDOR, SEM FRETE","Material",null,"m³",0.59719999999999995,298.43,178.222396]
["Insumo"," 00000370 ","SINAPI","AREIA MEDIA - POSTO JAZIDA/FORNECEDOR (RETIRADO NA JAZIDA, SEM TRANSPORTE)","Material",null,"m³",0.72750000000000004,150,109.125]
["Insumo"," 00001379 ","SINAPI","CIMENTO PORTLAND COMPOSTO CP II-32","Material",null,"KG",364.94330000000002,1.1299999999999999,412.38592899999998]
[]
[null,"Código","Banco","Descrição","Tipo",null,"Und","Quant.","Valor Unit","Total"]
["Composição"," 94972 ","SINAPI","CONCRETO FCK = 30MPA, TRAÇO 1:2,1:2,5 (EM MASSA SECA DE CIMENTO/ AREIA MÉDIA/ BRITA 1) - PREPARO MECÂNICO COM BETONEIRA 600 L. AF_05/2021","Produção de Concreto",null,"m³",1,797.03,797.03]
["Composição Auxiliar"," 88377 ","SINAPI","OPERADOR DE BETONEIRA ESTACIONÁRIA/MISTURADOR COM ENCARGOS COMPLEMENTARES","Livro SINAPI: Cálculos e Parâmetros",null,"H",1.24,20.500355899999999,25.4204413]
["Composição Auxiliar"," 89225 ","SINAPI","BETONEIRA CAPACIDADE NOMINAL DE 600 L, CAPACIDADE DE MISTURA 360 L, MOTOR ELÉTRICO TRIFÁSICO POTÊNCIA DE 4 CV, SEM CARREGADOR - CHP DIURNO. AF_05/2023","Custos Horários Produtivo e Improdutivo dos Equipamentos",null,"CHP",0.63819999999999999,5.8207444160000001,3.7147991]
["Composição Auxiliar"," 88316 ","SINAPI","SERVENTE COM ENCARGOS COMPLEMENTARES","Livro SINAPI: Cálculos e Parâmetros",null,"H",1.9633,20.96602,41.162587100000003]
["Composição Auxiliar"," 89226 ","SINAPI","BETONEIRA CAPACIDADE NOMINAL DE 600 L, CAPACIDADE DE MISTURA 360 L, MOTOR ELÉTRICO TRIFÁSICO POTÊNCIA DE 4 CV, SEM CARREGADOR - CHI DIURNO. AF_05/2023","Custos Horários Produtivo e Improdutivo dos Equipamentos",null,"CHI",0.6018,1.7453270160000001,1.0503378000000001]
["Insumo"," 00004721 ","SINAPI","PEDRA BRITADA N. 1 (9,5 A 19 MM) POSTO PEDREIRA/FORNECEDOR, SEM FRETE","Material",null,"m³",0.5927,298.43,176.87946099999999]
["Insumo"," 00001379 ","SINAPI","CIMENTO PORTLAND COMPOSTO CP II-32","Material",null,"KG",391.16629999999998,1.1299999999999999,442.01791900000001]
["Insumo"," 00000370 ","SINAPI","AREIA MEDIA - POSTO JAZIDA/FORNECEDOR (RETIRADO NA JAZIDA, SEM TRANSPORTE)","Material",null,"m³",0.71189999999999998,150,106.785]
[]
[null,"Código","Banco","Descrição","Tipo",null,"Und","Quant.","Valor Unit","Total"]
["Composição"," 94974 ","SINAPI","CONCRETO MAGRO PARA LASTRO, TRAÇO 1:4,5:4,5 (EM MASSA SECA DE CIMENTO/ AREIA MÉDIA/ BRITA 1) - PREPARO MANUAL. AF_05/2021","Produção de Concreto",null,"m³",1,685.44,685.44]
["Composição Auxiliar"," 88316 ","SINAPI","SERVENTE COM ENCARGOS COMPLEMENTARES","Livro SINAPI: Cálculos e Parâmetros",null,"H",6.2858000000000001,20.96602,131.7882085]
["Insumo"," 00000370 ","SINAPI","AREIA MEDIA - POSTO JAZIDA/FORNECEDOR (RETIRADO NA JAZIDA, SEM TRANSPORTE)","Material",null,"m³",0.8538,150,128.07]
["Insumo"," 00004721 ","SINAPI","PEDRA BRITADA N. 1 (9,5 A 19 MM) POSTO PEDREIRA/FORNECEDOR, SEM FRETE","Material",null,"m³",0.59709999999999996,298.43,178.192553]
["Insumo"," 00001379 ","SINAPI","CIMENTO PORTLAND COMPOSTO CP II-32","Material",null,"KG",218.93,1.1299999999999999,247.39089999999999]
[]
[null,"Código","Banco","Descrição","Tipo",null,"Und","Quant.","Valor Unit","Total"]
["Composição"," 94968 ","SINAPI","CONCRETO MAGRO PARA LASTRO, TRAÇO 1:4,5:4,5 (EM MASSA SECA DE CIMENTO/ AREIA MÉDIA/ BRITA 1) - PREPARO MECÂNICO COM BETONEIRA 600 L. AF_05/2021","Produção de Concreto",null,"m³",1,616.35,616.35]
["Composição Auxiliar"," 88377 ","SINAPI","OPERADOR DE BETONEIRA ESTACIONÁRIA/MISTURADOR COM ENCARGOS COMPLEMENTARES","Livro SINAPI: Cálculos e Parâmetros",null,"H",1.3314999999999999,20.500355899999999,27.296223900000001]
["Composição Auxiliar"," 88316 ","SINAPI","SERVENTE COM ENCARGOS COMPLEMENTARES","Livro SINAPI: Cálculos e Parâmetros",null,"H",2.1057999999999999,20.96602,44.150244899999997]
["Composição Auxiliar"," 89225 ","SINAPI","BETONEIRA CAPACIDADE NOMINAL DE 600 L, CAPACIDADE DE MISTURA 360 L, MOTOR ELÉTRICO TRIFÁSICO POTÊNCIA DE 4 CV, SEM CARREGADOR - CHP DIURNO. AF_05/2023","Custos Horários Produtivo e Improdutivo dos Equipamentos",null,"CHP",0.68530000000000002,5.8207444160000001,3.9889560999999998]
["Composição Auxiliar"," 89226 ","SINAPI","BETONEIRA CAPACIDADE NOMINAL DE 600 L, CAPACIDADE DE MISTURA 360 L, MOTOR ELÉTRICO TRIFÁSICO POTÊNCIA DE 4 CV, SEM CARREGADOR - CHI DIURNO. AF_05/2023","Custos Horários Produtivo e Improdutivo dos Equipamentos",null,"CHI",0.6462,1.7453270160000001,1.1278303000000001]
["Insumo"," 00001379 ","SINAPI","CIMENTO PORTLAND COMPOSTO CP II-32","Material",null,"KG",213.45310000000001,1.1299999999999999,241.20200299999999]
["Insumo"," 00004721 ","SINAPI","PEDRA BRITADA N. 1 (9,5 A 19 MM) POSTO PEDREIRA/FORNECEDOR, SEM FRETE","Material",null,"m³",0.58209999999999995,298.43,173.716103]
["Insumo"," 00000370 ","SINAPI","AREIA MEDIA - POSTO JAZIDA/FORNECEDOR (RETIRADO NA JAZIDA, SEM TRANSPORTE)","Material",null,"m³",0.83250000000000002,150,124.875]
[]
[null,"Código","Banco","Descrição","Tipo",null,"Und","Quant.","Valor Unit","Total"]
["Composição"," 104749 ","SINAPI","CONECTOR GRAMPO METÁLICO TIPO OLHAL, PARA SPDA, PARA HASTE DE ATERRAMENTO DE 3/4'' E CABOS DE 10 A 50 MM2 - FORNECIMENTO E INSTALAÇÃO. AF_08/2023","Sistema de Proteção contra Descargas Atmosféricas - SPDA",null,"UN",1,20.45,20.45]
["Composição Auxiliar"," 88247 ","SINAPI","AUXILIAR DE ELETRICISTA COM ENCARGOS COMPLEMENTARES","Livro SINAPI: Cálculos e Parâmetros",null,"H",0.18629999999999999,23.583625999999999,4.3936295000000003]
["Composição Auxiliar"," 88264 ","SINAPI","ELETRICISTA COM ENCARGOS COMPLEMENTARES","Livro SINAPI: Cálculos e Parâmetros",null,"H",0.18629999999999999,28.739106400000001,5.3540954999999997]
["Insumo"," 00000416 ","SINAPI","GRAMPO METALICO TIPO OLHAL PARA HASTE DE ATERRAMENTO DE 3/4\", CONDUTOR DE *10* A 50 MM2","Material",null,"UN",1,10.71,10.71]
[]
[null,"Código","Banco","Descrição","Tipo",null,"Und","Quant.","Valor Unit","Total"]
["Composição"," 88472 ","SINAPI","CONTRAPISO COM ARGAMASSA AUTONIVELANTE, APLICADO SOBRE LAJE, NÃO ADERIDO, ESPESSURA 5CM. AF_07/2021","Contrapiso",null,"m²",1,59.75,59.75]
["Composição Auxiliar"," 88316 ","SINAPI","SERVENTE COM ENCARGOS COMPLEMENTARES","Livro SINAPI: Cálculos e Parâmetros",null,"H",7.0000000000000007E-2,20.96602,1.4676214000000001]
["Composição Auxiliar"," 88309 ","SINAPI","PEDREIRO COM ENCARGOS COMPLEMENTARES","Livro SINAPI: Cálculos e Parâmetros",null,"H",0.14000000000000001,26.511984000000002,3.7116777999999999]
["Insumo"," 00038546 ","SINAPI","ARGAMASSA USINADA AUTOADENSAVEL E AUTONIVELANTE PARA CONTRAPISO, COM BOMBEAMENTO (DISPONIBILIZACAO DE BOMBA), SEM O LANCAMENTO","Material",null,"m³",6.0999999999999999E-2,894.74,54.579140000000002]
[]
[null,"Código","Banco","Descrição","Tipo",null,"Und","Quant.","Valor Unit","Total"]
["Composição"," 96977 ","SINAPI","CORDOALHA DE COBRE NU 50 MM², ENTERRADA - FORNECIMENTO E INSTALAÇÃO. AF_08/2023","Sistema de Proteção contra Descargas Atmosféricas - SPDA",null,"M",1,70.66,70.66]
["Composição Auxiliar"," 88264 ","SINAPI","ELETRICISTA COM ENCARGOS COMPLEMENTARES","Livro SINAPI: Cálculos e Parâmetros",null,"H",3.3099999999999997E-2,28.739106400000001,0.95126440000000001]
["Composição Auxiliar"," 88247 ","SINAPI","AUXILIAR DE ELETRICISTA COM ENCARGOS COMPLEMENTARES","Livro SINAPI: Cálculos e Parâmetros",null,"H",3.3099999999999997E-2,23.583625999999999,0.78061800000000003]
["Insumo"," 00000867 ","SINAPI","CABO DE COBRE NU 50 MM2 MEIO-DURO","Material",null,"M",1.05,65.650000000000006,68.932500000000005]
[]
[null,"Código","Banco","Descrição","Tipo",null,"Und","Quant.","Valor Unit","Total"]
["Composição"," 91285 ","SINAPI","CORTADORA DE PISO COM MOTOR 4 TEMPOS A GASOLINA, POTÊNCIA DE 13 HP, COM DISCO DE CORTE DIAMANTADO SEGMENTADO PARA CONCRETO, DIÂMETRO DE 350 MM, FURO DE 1\" (14 X 1\") - CHI DIURNO. AF_08/2015","Custos Horários Produtivo e Improdutivo dos Equipamentos",null,"CHI",1,0.44,0.44]
["Composição Auxiliar"," 91279 ","SINAPI","CORTADORA DE PISO COM MOTOR 4 TEMPOS A GASOLINA, POTÊNCIA DE 13 HP, COM DISCO DE CORTE DIAMANTADO SEGMENTADO PARA CONCRETO, DIÂMETRO DE 350 MM, FURO DE 1\" (14 X 1\") - DEPRECIAÇÃO. AF_08/2015","Depreciação, Juros, Impostos e Seguros, Manutenção e Materiais na Operação dos Equipamentos",null,"H",1,0.36875135999999997,0.36875140000000001]
["Composição Auxiliar"," 91280 ","SINAPI","CORTADORA DE PISO COM MOTOR 4 TEMPOS A GASOLINA, POTÊNCIA DE 13 HP, COM DISCO DE CORTE DIAMANTADO SEGMENTADO PARA CONCRETO, DIÂMETRO DE 350 MM, FURO DE 1\" (14 X 1\") - JUROS. AF_08/2015","Depreciação, Juros, Impostos e Seguros, Manutenção e Materiais na Operação dos Equipamentos",null,"H",1,8.0618707999999997E-2,8.0618700000000001E-2]
[]
[null,"Código","Banco","Descrição","Tipo",null,"Und","Quant.","Valor Unit","Total"]
["Composição"," 91283 ","SINAPI","CORTADORA DE PISO COM MOTOR 4 TEMPOS A GASOLINA, POTÊNCIA DE 13 HP, COM DISCO DE CORTE DIAMANTADO SEGMENTADO PARA CONCRETO, DIÂMETRO DE 350 MM, FURO DE 1\" (14 X 1\") - CHP DIURNO. AF_08/2015","Custos Horários Produtivo e Improdutivo dos Equipamentos",null,"CHP",1,9.69,9.69]
["Composição Auxiliar"," 91282 ","SINAPI","CORTADORA DE PISO COM MOTOR 4 TEMPOS A GASOLINA, POTÊNCIA DE 13 HP, COM DISCO DE CORTE DIAMANTADO SEGMENTADO PARA CONCRETO, DIÂMETRO DE 350 MM, FURO DE 1\" (14 X 1\") - MATERIAIS NA OPERAÇÃO. AF_08/2015","Depreciação, Juros, Impostos e Seguros, Manutenção e Materiais na Operação dos Equipamentos",null,"H",1,8.7870000000000008,8.7870000000000008]
["Composição Auxiliar"," 91279 ","SINAPI","CORTADORA DE PISO COM MOTOR 4 TEMPOS A GASOLINA, POTÊNCIA DE 13 HP, COM DISCO DE CORTE DIAMANTADO SEGMENTADO PARA CONCRETO, DIÂMETRO DE 350 MM, FURO DE 1\" (14 X 1\") - DEPRECIAÇÃO. AF_08/2015","Depreciação, Juros, Impostos e Seguros, Manutenção e Materiais na Operação dos Equipamentos",null,"H",1,0.36875135999999997,0.36875140000000001]
["Composição Auxiliar"," 91281 ","SINAPI","CORTADORA DE PISO COM MOTOR 4 TEMPOS A GASOLINA, POTÊNCIA DE 13 HP, COM DISCO DE CORTE DIAMANTADO SEGMENTADO PARA CONCRETO, DIÂMETRO DE 350 MM, FURO DE 1\" (14 X 1\") - MANUTENÇÃO. AF_08/2015","Depreciação, Juros, Impostos e Seguros, Manutenção e Materiais na Operação dos Equipamentos",null,"H",1,0.46093919999999999,0.46093919999999999]
["Composição Auxiliar"," 91280 ","SINAPI","CORTADORA DE PISO COM MOTOR 4 TEMPOS A GASOLINA, POTÊNCIA DE 13 HP, COM DISCO DE CORTE DIAMANTADO SEGMENTADO PARA CONCRETO, DIÂMETRO DE 350 MM, FURO DE 1\" (14 X 1\") - JUROS. AF_08/2015","Depreciação, Juros, Impostos e Seguros, Manutenção e Materiais na Operação dos Equipamentos",null,"H",1,8.0618707999999997E-2,8.0618700000000001E-2]
[]
[null,"Código","Banco","Descrição","Tipo",null,"Und","Quant.","Valor Unit","Total"]
["Composição"," 91279 ","SINAPI","CORTADORA DE PISO COM MOTOR 4 TEMPOS A GASOLINA, POTÊNCIA DE 13 HP, COM DISCO DE CORTE DIAMANTADO SEGMENTADO PARA CONCRETO, DIÂMETRO DE 350 MM, FURO DE 1\" (14 X 1\") - DEPRECIAÇÃO. AF_08/2015","Depreciação, Juros, Impostos e Seguros, Manutenção e Materiais na Operação dos Equipamentos",null,"H",1,0.36,0.36]
["Insumo"," 00011280 ","SINAPI","CORTADEIRA DE PISO DE CONCRETO E ASFALTO, PARA DISCO PADRAO DE DIAMETRO 350 MM (14\") OU 450 MM (18\"), MOTOR A GASOLINA, POTENCIA 13 HP, SEM DISCO","Equipamento para Aquisição Permanente",null,"UN",6.3999999999999997E-5,5447.21,0.34862140000000003]
["Insumo"," 00013887 ","SINAPI","DISCO DE CORTE DIAMANTADO SEGMENTADO PARA CONCRETO/ASFALTO, DIAMETRO DE *350* MM, FURO DE 25,40 MM","Material",null,"UN",6.3999999999999997E-5,314.52999999999997,2.0129899999999999E-2]
[]
[null,"Código","Banco","Descrição","Tipo",null,"Und","Quant.","Valor Unit","Total"]
["Composição"," 91280 ","SINAPI","CORTADORA DE PISO COM MOTOR 4 TEMPOS A GASOLINA, POTÊNCIA DE 13 HP, COM DISCO DE CORTE DIAMANTADO SEGMENTADO PARA CONCRETO, DIÂMETRO DE 350 MM, FURO DE 1\" (14 X 1\") - JUROS. AF_08/2015","Depreciação, Juros, Impostos e Seguros, Manutenção e Materiais na Operação dos Equipamentos",null,"H",1,0.08,0.08]
["Insumo"," 00011280 ","SINAPI","CORTADEIRA DE PISO DE CONCRETO E ASFALTO, PARA DISCO PADRAO DE DIAMETRO 350 MM (14\") OU 450 MM (18\"), MOTOR A GASOLINA, POTENCIA 13 HP, SEM DISCO","Equipamento para Aquisição Permanente",null,"UN",1.4800000000000001E-5,5447.21,8.0618700000000001E-2]
[]
[null,"Código","Banco","Descrição","Tipo",null,"Und","Quant.","Valor Unit","Total"]
["Composição"," 91281 ","SINAPI","CORTADORA DE PISO COM MOTOR 4 TEMPOS A GASOLINA, POTÊNCIA DE 13 HP, COM DISCO DE CORTE DIAMANTADO SEGMENTADO PARA CONCRETO, DIÂMETRO DE 350 MM, FURO DE 1\" (14 X 1\") - MANUTENÇÃO. AF_08/2015","Depreciação, Juros, Impostos e Seguros, Manutenção e Materiais na Operação dos Equipamentos",null,"H",1,0.46,0.46]
["Insumo"," 00011280 ","SINAPI","CORTADEIRA DE PISO DE CONCRETO E ASFALTO, PARA DISCO PADRAO DE DIAMETRO 350 MM (14\") OU 450 MM (18\"), MOTOR A GASOLINA, POTENCIA 13 HP, SEM DISCO","Equipamento para Aquisição Permanente",null,"UN",8.0000000000000007E-5,5447.21,0.43577680000000002]
["Insumo"," 00013887 ","SINAPI","DISCO DE CORTE DIAMANTADO SEGMENTADO PARA CONCRETO/ASFALTO, DIAMETRO DE *350* MM, FURO DE 25,40 MM","Material",null,"UN",8.0000000000000007E-5,314.52999999999997,2.5162400000000001E-2]
[]
[null,"Código","Banco","Descrição","Tipo",null,"Und","Quant.","Valor Unit","Total"]
["Composição"," 91282 ","SINAPI","CORTADORA DE PISO COM MOTOR 4 TEMPOS A GASOLINA, POTÊNCIA DE 13 HP, COM DISCO DE CORTE DIAMANTADO SEGMENTADO PARA CONCRETO, DIÂMETRO DE 350 MM, FURO DE 1\" (14 X 1\") - MATERIAIS NA OPERAÇÃO. AF_08/2015","Depreciação, Juros, Impostos e Seguros, Manutenção e Materiais na Operação dos Equipamentos",null,"H",1,8.7799999999999994,8.7799999999999994]
["Insumo"," 00004222 ","SINAPI","GASOLINA COMUM","Material",null,"L",1.45,6.06,8.7870000000000008]
[]
[null,"Código","Banco","Descrição","Tipo",null,"Und","Quant.","Valor Unit","Total"]
["Composição"," 92799 ","SINAPI","CORTE E DOBRA DE AÇO CA-60, DIÂMETRO DE 4,2 MM. AF_06/2022","Armação para Estruturas de Concreto Armado",null,"KG",1,11.74,11.74]
["Composição Auxiliar"," 88245 ","SINAPI","ARMADOR COM ENCARGOS COMPLEMENTARES","Livro SINAPI: Cálculos e Parâmetros",null,"H",9.3299999999999994E-2,26.306032800000001,2.4543528999999999]
["Composição Auxiliar"," 88238 ","SINAPI","AJUDANTE DE ARMADOR COM ENCARGOS COMPLEMENTARES","Livro SINAPI: Cálculos e Parâmetros",null,"H",1.52E-2,22.998297000000001,0.3495741]
["Insumo"," 00043059 ","SINAPI","ACO CA-60, 4,2 MM, OU 5,0 MM, OU 6,0 MM, OU 7,0 MM, VERGALHAO","Material",null,"KG",1.07,8.36,8.9451999999999998]
[]
[null,"Código","Banco","Descrição","Tipo",null,"Und","Quant.","Valor Unit","Total"]
["Composição"," 92800 ","SINAPI","CORTE E DOBRA DE AÇO CA-60, DIÂMETRO DE 5,0 MM. AF_06/2022","Armação para Estruturas de Concreto Armado",null,"KG",1,10.69,10.69]
["Composição Auxiliar"," 88245 ","SINAPI","ARMADOR COM ENCARGOS COMPLEMENTARES","Livro SINAPI: Cálculos e Parâmetros",null,"H",5.8099999999999999E-2,26.306032800000001,1.5283804999999999]
["Composição Auxiliar"," 88238 ","SINAPI","AJUDANTE DE ARMADOR COM ENCARGOS COMPLEMENTARES","Livro SINAPI: Cálculos e Parâmetros",null,"H",9.4999999999999998E-3,22.998297000000001,0.21848380000000001]
["Insumo"," 00043059 ","SINAPI","ACO CA-60, 4,2 MM, OU 5,0 MM, OU 6,0 MM, OU 7,0 MM, VERGALHAO","Material",null,"KG",1.07,8.36,8.9451999999999998]
[]
[null,"Código","Banco","Descrição","Tipo",null,"Und","Quant.","Valor Unit","Total"]
["Composição"," 86935 ","SINAPI","CUBA DE EMBUTIR DE AÇO INOXIDÁVEL MÉDIA, INCLUSO VÁLVULA TIPO AMERICANA EM METAL CROMADO E SIFÃO FLEXÍVEL EM PVC - FORNECIMENTO E INSTALAÇÃO. AF_01/2020","Louças e Metais",null,"UN",1,352.97,352.97]
["Composição Auxiliar"," 86878 ","SINAPI","VÁLVULA EM METAL CROMADO TIPO AMERICANA 3.1/2\" X 1.1/2\" PARA PIA - FORNECIMENTO E INSTALAÇÃO. AF_01/2020","Louças e Metais",null,"UN",1,86.189077942400004,86.189077900000001]
["Composição Auxiliar"," 86900 ","SINAPI","CUBA DE EMBUTIR RETANGULAR DE AÇO INOXIDÁVEL, 46 X 30 X 12 CM - FORNECIMENTO E INSTALAÇÃO. AF_01/2020","Louças e Metais",null,"UN",1,253.23759091159999,253.23759089999999]
["Composição Auxiliar"," 86883 ","SINAPI","SIFÃO DO TIPO FLEXÍVEL EM PVC 1 X 1.1/2 - FORNECIMENTO E INSTALAÇÃO. AF_01/2020","Louças e Metais",null,"UN",1,13.549307821199999,13.549307799999999]
[]
[null,"Código","Banco","Descrição","Tipo",null,"Und","Quant.","Valor Unit","Total"]
["Composição"," 86900 ","SINAPI","CUBA DE EMBUTIR RETANGULAR DE AÇO INOXIDÁVEL, 46 X 30 X 12 CM - FORNECIMENTO E INSTALAÇÃO. AF_01/2020","Louças e Metais",null,"UN",1,253.23,253.23]
["Composição Auxiliar"," 88274 ","SINAPI","MARMORISTA/GRANITEIRO COM ENCARGOS COMPLEMENTARES","Livro SINAPI: Cálculos e Parâmetros",null,"H",0.47739999999999999,27.724314,13.235587499999999]
["Composição Auxiliar"," 88316 ","SINAPI","SERVENTE COM ENCARGOS COMPLEMENTARES","Livro SINAPI: Cálculos e Parâmetros",null,"H",0.15040000000000001,20.96602,3.1532893999999998]
["Insumo"," 00004823 ","SINAPI","MASSA PLASTICA PARA MARMORE/GRANITO","Material",null,"KG",0.2974,40.11,11.928713999999999]
["Insumo"," 00001743 ","SINAPI","CUBA ACO INOX (AISI 304) DE EMBUTIR COM VALVULA 3 1/2\", DE *46 X 30 X 12* CM","Material",null,"UN",1,224.92,224.92]
[]
[null,"Código","Banco","Descrição","Tipo",null,"Und","Quant.","Valor Unit","Total"]
["Composição"," 95308 ","SINAPI","CURSO DE CAPACITAÇÃO PARA AJUDANTE DE ARMADOR (ENCARGOS COMPLEMENTARES) - HORISTA","Livro SINAPI: Cálculos e Parâmetros",null,"H",1,0.2,0.2]
["Insumo"," 00006114 ","SINAPI","AJUDANTE DE ARMADOR (HORISTA)","Mão de Obra",null,"H",1.154E-2,18.05,0.20829700000000001]
[]
[null,"Código","Banco","Descrição","Tipo",null,"Und","Quant.","Valor Unit","Total"]
["Composição"," 95309 ","SINAPI","CURSO DE CAPACITAÇÃO PARA AJUDANTE DE CARPINTEIRO (ENCARGOS COMPLEMENTARES) - HORISTA","Livro SINAPI: Cálculos e Parâmetros",null,"H",1,0.26,0.26]
["Insumo"," 00006117 ","SINAPI","CARPINTEIRO AUXILIAR (HORISTA)","Mão de Obra",null,"H",1.4760000000000001E-2,18.05,0.26641799999999999]
[]
[null,"Código","Banco","Descrição","Tipo",null,"Und","Quant.","Valor Unit","Total"]
["Composição"," 95314 ","SINAPI","CURSO DE CAPACITAÇÃO PARA ARMADOR (ENCARGOS COMPLEMENTARES) - HORISTA","Livro SINAPI: Cálculos e Parâmetros",null,"H",1,0.24,0.24]
["Insumo"," 00000378 ","SINAPI","ARMADOR (HORISTA)","Mão de Obra",null,"H",1.154E-2,21.32,0.2460328]
[]
[null,"Código","Banco","Descrição","Tipo",null,"Und","Quant.","Valor Unit","Total"]
["Composição"," 95316 ","SINAPI","CURSO DE CAPACITAÇÃO PARA AUXILIAR DE ELETRICISTA (ENCARGOS COMPLEMENTARES) - HORISTA","Livro SINAPI: Cálculos e Parâmetros",null,"H",1,0.67,0.67]
["Insumo"," 00000247 ","SINAPI","AJUDANTE DE ELETRICISTA (HORISTA)","Mão de Obra",null,"H",3.7319999999999999E-2,18.05,0.67362599999999995]
[]
[null,"Código","Banco","Descrição","Tipo",null,"Und","Quant.","Valor Unit","Total"]
["Composição"," 95317 ","SINAPI","CURSO DE CAPACITAÇÃO PARA AUXILIAR DE ENCANADOR OU BOMBEIRO HIDRÁULICO (ENCARGOS COMPLEMENTARES) - HORISTA","Livro SINAPI: Cálculos e Parâmetros",null,"H",1,0.32,0.32]
["Insumo"," 00000246 ","SINAPI","AUXILIAR DE ENCANADOR OU BOMBEIRO HIDRAULICO (HORISTA)","Mão de Obra",null,"H",1.7979999999999999E-2,18.05,0.32453900000000002]
[]
[null,"Código","Banco","Descrição","Tipo",null,"Und","Quant.","Valor Unit","Total"]
["Composição"," 95324 ","SINAPI","CURSO DE CAPACITAÇÃO PARA AZULEJISTA OU LADRILHEIRO (ENCARGOS COMPLEMENTARES) - HORISTA","Livro SINAPI: Cálculos e Parâmetros",null,"H",1,0.37,0.37]
["Insumo"," 00004760 ","SINAPI","AZULEJISTA OU LADRILHEIRO (HORISTA)","Mão de Obra",null,"H",1.4760000000000001E-2,25.32,0.37372319999999998]
[]
[null,"Código","Banco","Descrição","Tipo",null,"Und","Quant.","Valor Unit","Total"]
["Composição"," 95329 ","SINAPI","CURSO DE CAPACITAÇÃO PARA CARPINTEIRO DE ESQUADRIA (ENCARGOS COMPLEMENTARES) - HORISTA","Livro SINAPI: Cálculos e Parâmetros",null,"H",1,0.28999999999999998,0.28999999999999998]
["Insumo"," 00001214 ","SINAPI","CARPINTEIRO DE ESQUADRIAS (HORISTA)","Mão de Obra",null,"H",1.4760000000000001E-2,20.07,0.29623319999999997]
[]
[null,"Código","Banco","Descrição","Tipo",null,"Und","Quant.","Valor Unit","Total"]
["Composição"," 95330 ","SINAPI","CURSO DE CAPACITAÇÃO PARA CARPINTEIRO DE FÔRMAS (ENCARGOS COMPLEMENTARES) - HORISTA","Livro SINAPI: Cálculos e Parâmetros",null,"H",1,0.24,0.24]
["Insumo"," 00001213 ","SINAPI","CARPINTEIRO DE FORMAS PARA CONCRETO (HORISTA)","Mão de Obra",null,"H",1.154E-2,21.32,0.2460328]
[]
[null,"Código","Banco","Descrição","Tipo",null,"Und","Quant.","Valor Unit","Total"]
["Composição"," 95332 ","SINAPI","CURSO DE CAPACITAÇÃO PARA ELETRICISTA (ENCARGOS COMPLEMENTARES) - HORISTA","Livro SINAPI: Cálculos e Parâmetros",null,"H",1,0.85,0.85]
["Insumo"," 00002436 ","SINAPI","ELETRICISTA (HORISTA)","Mão de Obra",null,"H",3.7319999999999999E-2,23.02,0.85910640000000005]
[]
[null,"Código","Banco","Descrição","Tipo",null,"Und","Quant.","Valor Unit","Total"]
["Composição"," 95334 ","SINAPI","CURSO DE CAPACITAÇÃO PARA ELETROTÉCNICO (ENCARGOS COMPLEMENTARES) - HORISTA","Livro SINAPI: Cálculos e Parâmetros",null,"H",1,0.81,0.81]
["Insumo"," 00002438 ","SINAPI","ELETROTECNICO (HORISTA)","Mão de Obra",null,"H",3.0870000000000002E-2,26.44,0.81620280000000001]
[]
[null,"Código","Banco","Descrição","Tipo",null,"Und","Quant.","Valor Unit","Total"]
["Composição"," 95335 ","SINAPI","CURSO DE CAPACITAÇÃO PARA ENCANADOR OU BOMBEIRO HIDRÁULICO (ENCARGOS COMPLEMENTARES) - HORISTA","Livro SINAPI: Cálculos e Parâmetros",null,"H",1,0.38,0.38]
["Insumo"," 00002696 ","SINAPI","ENCANADOR OU BOMBEIRO HIDRAULICO (HORISTA)","Mão de Obra",null,"H",1.7979999999999999E-2,21.32,0.3833336]
[]
[null,"Código","Banco","Descrição","Tipo",null,"Und","Quant.","Valor Unit","Total"]
["Composição"," 95390 ","SINAPI","CURSO DE CAPACITAÇÃO PARA JARDINEIRO (ENCARGOS COMPLEMENTARES) - HORISTA","Livro SINAPI: Cálculos e Parâmetros",null,"H",1,0.08,0.08]
["Insumo"," 00044503 ","SINAPI","JARDINEIRO (HORISTA)","Mão de Obra",null,"H",5.0899999999999999E-3,16.48,8.3883200000000005E-2]
[]
[null,"Código","Banco","Descrição","Tipo",null,"Und","Quant.","Valor Unit","Total"]
["Composição"," 95341 ","SINAPI","CURSO DE CAPACITAÇÃO PARA MARMORISTA/GRANITEIRO (ENCARGOS COMPLEMENTARES) - HORISTA","Livro SINAPI: Cálculos e Parâmetros",null,"H",1,0.33,0.33]
["Insumo"," 00004755 ","SINAPI","MARMORISTA / GRANITEIRO (HORISTA)","Mão de Obra",null,"H",1.4760000000000001E-2,22.65,0.334314]
[]
[null,"Código","Banco","Descrição","Tipo",null,"Und","Quant.","Valor Unit","Total"]
["Composição"," 95344 ","SINAPI","CURSO DE CAPACITAÇÃO PARA MONTADOR DE ESTRUTURA METÁLICA (ENCARGOS COMPLEMENTARES) - HORISTA","Livro SINAPI: Cálculos e Parâmetros",null,"H",1,0.24,0.24]
["Insumo"," 00044497 ","SINAPI","MONTADOR DE ESTRUTURAS METALICAS HORISTA","Mão de Obra",null,"H",1.154E-2,21.25,0.245225]
[]
[null,"Código","Banco","Descrição","Tipo",null,"Und","Quant.","Valor Unit","Total"]
["Composição"," 95351 ","SINAPI","CURSO DE CAPACITAÇÃO PARA MOTORISTA OPERADOR DE MUNCK (ENCARGOS COMPLEMENTARES) - HORISTA","Livro SINAPI: Cálculos e Parâmetros",null,"H",1,0.44,0.44]
["Insumo"," 00004096 ","SINAPI","MOTORISTA OPERADOR DE CAMINHAO COM MUNCK (HORISTA)","Mão de Obra",null,"H",1.6369999999999999E-2,27.39,0.4483743]
[]
[null,"Código","Banco","Descrição","Tipo",null,"Und","Quant.","Valor Unit","Total"]
["Composição"," 95389 ","SINAPI","CURSO DE CAPACITAÇÃO PARA OPERADOR DE BETONEIRA ESTACIONÁRIA/MISTURADOR (ENCARGOS COMPLEMENTARES) - HORISTA","Livro SINAPI: Cálculos e Parâmetros",null,"H",1,0.14000000000000001,0.14000000000000001]
["Insumo"," 00037666 ","SINAPI","OPERADOR DE BETONEIRA ESTACIONARIA / MISTURADOR (HORISTA)","Mão de Obra",null,"H",8.3099999999999997E-3,16.89,0.14035590000000001]
[]
[null,"Código","Banco","Descrição","Tipo",null,"Und","Quant.","Valor Unit","Total"]
["Composição"," 95357 ","SINAPI","CURSO DE CAPACITAÇÃO PARA OPERADOR DE ESCAVADEIRA (ENCARGOS COMPLEMENTARES) - HORISTA","Livro SINAPI: Cálculos e Parâmetros",null,"H",1,0.28000000000000003,0.28000000000000003]
["Insumo"," 00004234 ","SINAPI","OPERADOR DE ESCAVADEIRA (HORISTA)","Mão de Obra",null,"H",1.154E-2,24.72,0.28526879999999999]
[]
[null,"Código","Banco","Descrição","Tipo",null,"Und","Quant.","Valor Unit","Total"]
["Composição"," 95358 ","SINAPI","CURSO DE CAPACITAÇÃO PARA OPERADOR DE GUINCHO (ENCARGOS COMPLEMENTARES) - HORISTA","Livro SINAPI: Cálculos e Parâmetros",null,"H",1,0.3,0.3]
["Insumo"," 00004253 ","SINAPI","OPERADOR DE GUINCHO OU GUINCHEIRO (HORISTA)","Mão de Obra",null,"H",1.6369999999999999E-2,18.59,0.30431829999999999]
[]
[null,"Código","Banco","Descrição","Tipo",null,"Und","Quant.","Valor Unit","Total"]
["Composição"," 95360 ","SINAPI","CURSO DE CAPACITAÇÃO PARA OPERADOR DE MÁQUINAS E EQUIPAMENTOS (ENCARGOS COMPLEMENTARES) - HORISTA","Livro SINAPI: Cálculos e Parâmetros",null,"H",1,0.38,0.38]
["Insumo"," 00004230 ","SINAPI","OPERADOR DE MAQUINAS E TRATORES DIVERSOS - TERRAPLANAGEM (HORISTA)","Mão de Obra",null,"H",1.154E-2,33.78,0.38982119999999998]
[]
[null,"Código","Banco","Descrição","Tipo",null,"Und","Quant.","Valor Unit","Total"]
["Composição"," 95371 ","SINAPI","CURSO DE CAPACITAÇÃO PARA PEDREIRO (ENCARGOS COMPLEMENTARES) - HORISTA","Livro SINAPI: Cálculos e Parâmetros",null,"H",1,0.45,0.45]
["Insumo"," 00004750 ","SINAPI","PEDREIRO (HORISTA)","Mão de Obra",null,"H",2.12E-2,21.32,0.451984]
[]
[null,"Código","Banco","Descrição","Tipo",null,"Und","Quant.","Valor Unit","Total"]
["Composição"," 95372 ","SINAPI","CURSO DE CAPACITAÇÃO PARA PINTOR (ENCARGOS COMPLEMENTARES) - HORISTA","Livro SINAPI: Cálculos e Parâmetros",null,"H",1,0.31,0.31]
["Insumo"," 00004783 ","SINAPI","PINTOR (HORISTA)","Mão de Obra",null,"H",1.4760000000000001E-2,21.32,0.3146832]
[]
[null,"Código","Banco","Descrição","Tipo",null,"Und","Quant.","Valor Unit","Total"]
["Composição"," 95378 ","SINAPI","CURSO DE CAPACITAÇÃO PARA SERVENTE (ENCARGOS COMPLEMENTARES) - HORISTA","Livro SINAPI: Cálculos e Parâmetros",null,"H",1,0.33,0.33]
["Insumo"," 00006111 ","SINAPI","SERVENTE DE OBRAS (HORISTA)","Mão de Obra",null,"H",2.12E-2,15.85,0.33601999999999999]
[]
[null,"Código","Banco","Descrição","Tipo",null,"Und","Quant.","Valor Unit","Total"]
["Composição"," 95385 ","SINAPI","CURSO DE CAPACITAÇÃO PARA TELHADISTA (ENCARGOS COMPLEMENTARES) - HORISTA","Livro SINAPI: Cálculos e Parâmetros",null,"H",1,0.24,0.24]
["Insumo"," 00012869 ","SINAPI","TELHADOR / TELHADISTA (HORISTA)","Mão de Obra",null,"H",1.154E-2,21.06,0.24303240000000001]
[]
[null,"Código","Banco","Descrição","Tipo",null,"Und","Quant.","Valor Unit","Total"]
["Composição"," 95386 ","SINAPI","CURSO DE CAPACITAÇÃO PARA TRATORISTA (ENCARGOS COMPLEMENTARES) - HORISTA","Livro SINAPI: Cálculos e Parâmetros",null,"H",1,0.38,0.38]
["Insumo"," 00004230 ","SINAPI","OPERADOR DE MAQUINAS E TRATORES DIVERSOS - TERRAPLANAGEM (HORISTA)","Mão de Obra",null,"H",1.154E-2,33.78,0.38982119999999998]
[]
[null,"Código","Banco","Descrição","Tipo",null,"Und","Quant.","Valor Unit","Total"]
["Composição"," 91919 ","SINAPI","CURVA 180 GRAUS PARA ELETRODUTO, PVC, ROSCÁVEL, DN 32 MM (1\"), PARA CIRCUITOS TERMINAIS, INSTALADA EM PAREDE - FORNECIMENTO E INSTALAÇÃO. AF_03/2023","Instalações Elétricas - Eletrodutos Embutidos, Cabos, Caixas, Tomadas e Interruptores",null,"UN",1,25.11,25.11]
["Composição Auxiliar"," 88247 ","SINAPI","AUXILIAR DE ELETRICISTA COM ENCARGOS COMPLEMENTARES","Livro SINAPI: Cálculos e Parâmetros",null,"H",0.32800000000000001,23.583625999999999,7.7354292999999998]
["Composição Auxiliar"," 88264 ","SINAPI","ELETRICISTA COM ENCARGOS COMPLEMENTARES","Livro SINAPI: Cálculos e Parâmetros",null,"H",0.32800000000000001,28.739106400000001,9.4264268999999992]
["Insumo"," 00039276 ","SINAPI","CURVA 180 GRAUS, DE PVC RIGIDO ROSCAVEL, DE 1\", PARA ELETRODUTO","Material",null,"UN",1,7.95,7.95]
[]
[null,"Código","Banco","Descrição","Tipo",null,"Und","Quant.","Valor Unit","Total"]
["Composição"," 89407 ","SINAPI","CURVA 45 GRAUS, PVC, SOLDÁVEL, DN 20MM, INSTALADO EM RAMAL DE DISTRIBUIÇÃO DE ÁGUA - FORNECIMENTO E INSTALAÇÃO. AF_06/2022","Instalações Prediais de Água Fria em PVC",null,"UN",1,8.65,8.65]
["Composição Auxiliar"," 88248 ","SINAPI","AUXILIAR DE ENCANADOR OU BOMBEIRO HIDRÁULICO COM ENCARGOS COMPLEMENTARES","Livro SINAPI: Cálculos e Parâmetros",null,"H",0.1172,22.614539000000001,2.6504240000000001]
["Composição Auxiliar"," 88267 ","SINAPI","ENCANADOR OU BOMBEIRO HIDRÁULICO COM ENCARGOS COMPLEMENTARES","Livro SINAPI: Cálculos e Parâmetros",null,"H",0.1172,25.943333599999999,3.0405587000000001]
["Insumo"," 00038383 ","SINAPI","LIXA D'AGUA EM FOLHA, COR PRETA, GRAO 100","Material",null,"UN",2.5999999999999999E-2,2,5.1999999999999998E-2]
["Insumo"," 00020083 ","SINAPI","SOLUCAO PREPARADORA / LIMPADORA PARA PVC, FRASCO COM 1000 CM3","Material",null,"UN",6.0000000000000001E-3,80.11,0.48065999999999998]
["Insumo"," 00000122 ","SINAPI","ADESIVO PLASTICO PARA PVC, FRASCO COM *850* GR","Material",null,"UN",4.7000000000000002E-3,70.709999999999994,0.33233699999999999]
["Insumo"," 00001926 ","SINAPI","CURVA DE PVC 45 GRAUS, SOLDAVEL, 20 MM, COR MARROM, PARA AGUA FRIA PREDIAL","Material",null,"UN",1,2.1,2.1]
[]
[null,"Código","Banco","Descrição","Tipo",null,"Und","Quant.","Valor Unit","Total"]
["Composição"," 91890 ","SINAPI","CURVA 90 GRAUS PARA ELETRODUTO, PVC, ROSCÁVEL, DN 25 MM (3/4\"), PARA CIRCUITOS TERMINAIS, INSTALADA EM FORRO - FORNECIMENTO E INSTALAÇÃO. AF_03/2023","Instalações Elétricas - Eletrodutos Embutidos, Cabos, Caixas, Tomadas e Interruptores",null,"UN",1,14.32,14.32]
["Composição Auxiliar"," 88264 ","SINAPI","ELETRICISTA COM ENCARGOS COMPLEMENTARES","Livro SINAPI: Cálculos e Parâmetros",null,"H",0.20599999999999999,28.739106400000001,5.9202558999999999]
["Composição Auxiliar"," 88247 ","SINAPI","AUXILIAR DE ELETRICISTA COM ENCARGOS COMPLEMENTARES","Livro SINAPI: Cálculos e Parâmetros",null,"H",0.20599999999999999,23.583625999999999,4.8582270000000003]
["Insumo"," 00001879 ","SINAPI","CURVA 90 GRAUS, LONGA, DE PVC RIGIDO ROSCAVEL, DE 3/4\", PARA ELETRODUTO","Material",null,"UN",1,3.55,3.55]
[]
[null,"Código","Banco","Descrição","Tipo",null,"Und","Quant.","Valor Unit","Total"]
["Composição"," 91917 ","SINAPI","CURVA 90 GRAUS PARA ELETRODUTO, PVC, ROSCÁVEL, DN 32 MM (1\"), PARA CIRCUITOS TERMINAIS, INSTALADA EM PAREDE - FORNECIMENTO E INSTALAÇÃO. AF_03/2023","Instalações Elétricas - Eletrodutos Embutidos, Cabos, Caixas, Tomadas e Interruptores",null,"UN",1,22.53,22.53]
["Composição Auxiliar"," 88264 ","SINAPI","ELETRICISTA COM ENCARGOS COMPLEMENTARES","Livro SINAPI: Cálculos e Parâmetros",null,"H",0.32800000000000001,28.739106400000001,9.4264268999999992]
["Composição Auxiliar"," 88247 ","SINAPI","AUXILIAR DE ELETRICISTA COM ENCARGOS COMPLEMENTARES","Livro SINAPI: Cálculos e Parâmetros",null,"H",0.32800000000000001,23.583625999999999,7.7354292999999998]
["Insumo"," 00001884 ","SINAPI","CURVA 90 GRAUS, LONGA, DE PVC RIGIDO ROSCAVEL, DE 1\", PARA ELETRODUTO","Material",null,"UN",1,5.37,5.37]
[]
[null,"Código","Banco","Descrição","Tipo",null,"Und","Quant.","Valor Unit","Total"]
["Composição"," 91896 ","SINAPI","CURVA 90 GRAUS PARA ELETRODUTO, PVC, ROSCÁVEL, DN 40 MM (1 1/4\"), PARA CIRCUITOS TERMINAIS, INSTALADA EM FORRO - FORNECIMENTO E INSTALAÇÃO. AF_03/2023","Instalações Elétricas - Eletrodutos Embutidos, Cabos, Caixas, Tomadas e Interruptores",null,"UN",1,20.6,20.6]
["Composição Auxiliar"," 88247 ","SINAPI","AUXILIAR DE ELETRICISTA COM ENCARGOS COMPLEMENTARES","Livro SINAPI: Cálculos e Parâmetros",null,"H",0.27800000000000002,23.583625999999999,6.5562480000000001]
["Composição Auxiliar"," 88264 ","SINAPI","ELETRICISTA COM ENCARGOS COMPLEMENTARES","Livro SINAPI: Cálculos e Parâmetros",null,"H",0.27800000000000002,28.739106400000001,7.9894715999999999]
["Insumo"," 00001874 ","SINAPI","CURVA 90 GRAUS, LONGA, DE PVC RIGIDO ROSCAVEL, DE 1 1/4\", PARA ELETRODUTO","Material",null,"UN",1,6.06,6.06]
[]
[null,"Código","Banco","Descrição","Tipo",null,"Und","Quant.","Valor Unit","Total"]
["Composição"," 94679 ","SINAPI","CURVA 90 GRAUS, PVC, SOLDÁVEL, DN 50 MM, INSTALADO EM RESERVAÇÃO PREDIAL DE ÁGUA - FORNECIMENTO E INSTALAÇÃO. AF_04/2024","Instalações Hidráulicas - Reservação e Bombas de Recalque",null,"UN",1,22.29,22.29]
["Composição Auxiliar"," 88267 ","SINAPI","ENCANADOR OU BOMBEIRO HIDRÁULICO COM ENCARGOS COMPLEMENTARES","Livro SINAPI: Cálculos e Parâmetros",null,"H",0.1401,25.943333599999999,3.6346609999999999]
["Composição Auxiliar"," 88248 ","SINAPI","AUXILIAR DE ENCANADOR OU BOMBEIRO HIDRÁULICO COM ENCARGOS COMPLEMENTARES","Livro SINAPI: Cálculos e Parâmetros",null,"H",0.1401,22.614539000000001,3.1682969000000001]
["Insumo"," 00038383 ","SINAPI","LIXA D'AGUA EM FOLHA, COR PRETA, GRAO 100","Material",null,"UN",1.5599999999999999E-2,2,3.1199999999999999E-2]
["Insumo"," 00001959 ","SINAPI","CURVA DE PVC 90 GRAUS, SOLDAVEL, 50 MM, COR MARROM, PARA AGUA FRIA PREDIAL","Material",null,"UN",1,12.53,12.53]
["Insumo"," 00020083 ","SINAPI","SOLUCAO PREPARADORA / LIMPADORA PARA PVC, FRASCO COM 1000 CM3","Material",null,"UN",2.1999999999999999E-2,80.11,1.7624200000000001]
["Insumo"," 00000122 ","SINAPI","ADESIVO PLASTICO PARA PVC, FRASCO COM *850* GR","Material",null,"UN",1.6500000000000001E-2,70.709999999999994,1.1667149999999999]
[]
[null,"Código","Banco","Descrição","Tipo",null,"Und","Quant.","Valor Unit","Total"]
["Composição"," 89803 ","SINAPI","CURVA CURTA 90 GRAUS, PVC, SERIE NORMAL, ESGOTO PREDIAL, DN 50 MM, JUNTA ELÁSTICA, FORNECIDO E INSTALADO EM PRUMADA DE ESGOTO SANITÁRIO OU VENTILAÇÃO. AF_08/2022","Instalações Prediais de Esgoto - Tubos e Conexões",null,"UN",1,17.48,17.48]
["Composição Auxiliar"," 88267 ","SINAPI","ENCANADOR OU BOMBEIRO HIDRÁULICO COM ENCARGOS COMPLEMENTARES","Livro SINAPI: Cálculos e Parâmetros",null,"H",3.4299999999999997E-2,25.943333599999999,0.88985630000000004]
["Composição Auxiliar"," 88248 ","SINAPI","AUXILIAR DE ENCANADOR OU BOMBEIRO HIDRÁULICO COM ENCARGOS COMPLEMENTARES","Livro SINAPI: Cálculos e Parâmetros",null,"H",3.4299999999999997E-2,22.614539000000001,0.77567870000000005]
["Insumo"," 00000296 ","SINAPI","ANEL BORRACHA PARA TUBO ESGOTO PREDIAL, DN 50 MM (NBR 5688)","Material",null,"UN",2,2.2599999999999998,4.5199999999999996]
["Insumo"," 00001932 ","SINAPI","CURVA PVC CURTA 90 GRAUS, DN 50 MM, PARA ESGOTO PREDIAL","Material",null,"UN",1,9.84,9.84]
["Insumo"," 00020078 ","SINAPI","PASTA LUBRIFICANTE PARA TUBOS E CONEXOES COM JUNTA ELASTICA, EMBALAGEM DE *400* GR (USO EM PVC, ACO, POLIETILENO E OUTROS)","Material",null,"UN",0.05,29.18,1.4590000000000001]
[]
[null,"Código","Banco","Descrição","Tipo",null,"Und","Quant.","Valor Unit","Total"]
["Composição"," 89812 ","SINAPI","CURVA LONGA 90 GRAUS, PVC, SERIE NORMAL, ESGOTO PREDIAL, DN 100 MM, JUNTA ELÁSTICA, FORNECIDO E INSTALADO EM PRUMADA DE ESGOTO SANITÁRIO OU VENTILAÇÃO. AF_08/2022","Instalações Prediais de Esgoto - Tubos e Conexões",null,"UN",1,71.8,71.8]
["Composição Auxiliar"," 88267 ","SINAPI","ENCANADOR OU BOMBEIRO HIDRÁULICO COM ENCARGOS COMPLEMENTARES","Livro SINAPI: Cálculos e Parâmetros",null,"H",0.2172,25.943333599999999,5.6348921000000001]
["Composição Auxiliar"," 88248 ","SINAPI","AUXILIAR DE ENCANADOR OU BOMBEIRO HIDRÁULICO COM ENCARGOS COMPLEMENTARES","Livro SINAPI: Cálculos e Parâmetros",null,"H",0.2172,22.614539000000001,4.9118779000000004]
["Insumo"," 00001970 ","SINAPI","CURVA PVC LONGA 90 GRAUS, DN 100 MM, PARA ESGOTO PREDIAL","Material",null,"UN",1,49.9,49.9]
["Insumo"," 00000301 ","SINAPI","ANEL BORRACHA PARA TUBO ESGOTO PREDIAL, DN 100 MM (NBR 5688)","Material",null,"UN",2,4,8]
["Insumo"," 00020078 ","SINAPI","PASTA LUBRIFICANTE PARA TUBOS E CONEXOES COM JUNTA ELASTICA, EMBALAGEM DE *400* GR (USO EM PVC, ACO, POLIETILENO E OUTROS)","Material",null,"UN",0.115,29.18,3.3557000000000001]
[]
[null,"Código","Banco","Descrição","Tipo",null,"Und","Quant.","Valor Unit","Total"]
["Composição"," 5914647 ","SICRO3","Carga, manobra e descarga de agregados ou solos em caminhão basculante de 10 m³ - carga com carregadeira de 3,40 m³ (exclusa) e descarga livre","",null,"t",1,1.9,1.9]
["A","Código","Banco","Equipamentos","Quantidade","Utilização",null,"Custo Horário",null,"Custo Horário Total"]
[{"$nulls":5},"Operativa","Improdutiva","Operativa","Improdutiva"]
["Insumo"," E9579 ","SICRO3","Caminhão basculante com capacidade de 10 m³ - 210 kW",3,0.86,0.14000000000000001,313.19380000000001,94.304599999999994,847.64790000000005]
[{"$nulls":5},"Custo horário total de equipamentos",null,null,null,847.64790000000005]
[{"$nulls":5},"Custo horário total de execução",null,null,null,847.64790000000005]
[{"$nulls":5},"Produção de equipe",null,null,null,457.16]
[{"$nulls":5},"Custo unitário de execução",null,null,null,1.8542000000000001]
[{"$nulls":5},"Custo do FIC",null,null,null,4.9099999999999998E-2]
["F","Momento de Transporte","Banco","Descrição","Quantidade","Distância Média de Transporte (DMT)",null,null,null,"Custo Horário"]
[{"$nulls":5},"LN","RP","P","FE"]
[{"$nulls":5},"Custo do FIT",null,null,null,0]
[{"$nulls":5},"Custo total de transporte",null,null,null,0]
[]
[null,"Código","Banco","Descrição","Tipo",null,"Und","Quant.","Valor Unit","Total"]
["Composição"," 5914354 ","SICRO3","Carga, manobra e descarga de agregados ou solos em caminhão basculante de 10 m³ - carga com escavadeira de 1,56 m³ (exclusa) e descarga livre","",null,"t",1,1.99,1.99]
["A","Código","Banco","Equipamentos","Quantidade","Utilização",null,"Custo Horário",null,"Custo Horário Total"]
[{"$nulls":5},"Operativa","Improdutiva","Operativa","Improdutiva"]
["Insumo"," E9579 ","SICRO3","Caminhão basculante com capacidade de 10 m³ - 210 kW",3,0.84,0.16,313.19380000000001,94.304599999999994,834.51459999999997]
[{"$nulls":5},"Custo horário total de equipamentos",null,null,null,834.51459999999997]
[{"$nulls":5},"Custo horário total de execução",null,null,null,834.51459999999997]
[{"$nulls":5},"Produção de equipe",null,null,null,431.6]
[{"$nulls":5},"Custo unitário de execução",null,null,null,1.9335]
[{"$nulls":5},"Custo do FIC",null,null,null,5.1999999999999998E-2]
["F","Momento de Transporte","Banco","Descrição","Quantidade","Distância Média de Transporte (DMT)",null,null,null,"Custo Horário"]
[{"$nulls":5},"LN","RP","P","FE"]
[{"$nulls":5},"Custo do FIT",null,null,null,0]
[{"$nulls":5},"Custo total de transporte",null,null,null,0]
[]
[null,"Código","Banco","Descrição","Tipo",null,"Und","Quant.","Valor Unit","Total"]
["Composição"," 5914363 ","SICRO3","Carga, manobra e descarga de cimento ou cal hidratada a granel em caminhão silo de 30 m³","",null,"t",1,19.64,19.64]
["A","Código","Banco","Equipamentos","Quantidade","Utilização",null,"Custo Horário",null,"Custo Horário Total"]
[{"$nulls":5},"Operativa","Improdutiva","Operativa","Improdutiva"]
["Insumo"," E9146 ","SICRO3","Caminhão silo com capacidade de 30 m³ - 368 kW",1,1,0,671.55380000000002,167.10380000000001,671.55380000000002]
[{"$nulls":5},"Custo horário total de equipamentos",null,null,null,671.55380000000002]
[{"$nulls":5},"Custo horário total de execução",null,null,null,671.55380000000002]
[{"$nulls":5},"Produção de equipe",null,null,null,34.86]
[{"$nulls":5},"Custo unitário de execução",null,null,null,19.264299999999999]
[{"$nulls":5},"Custo do FIC",null,null,null,0.38030000000000003]
["F","Momento de Transporte","Banco","Descrição","Quantidade","Distância Média de Transporte (DMT)",null,null,null,"Custo Horário"]
[{"$nulls":5},"LN","RP","P","FE"]
[{"$nulls":5},"Custo do FIT",null,null,null,0]
[{"$nulls":5},"Custo total de transporte",null,null,null,0]
[]
[null,"Código","Banco","Descrição","Tipo",null,"Und","Quant.","Valor Unit","Total"]
["Composição"," 5914333 ","SICRO3","Carga, manobra e descarga de materiais diversos em caminhão carroceria de 15 t - carga e descarga com caminhão guindauto com capacidade de elevação de 6,2 t","",null,"t",1,34.72,34.72]
["A","Código","Banco","Equipamentos","Quantidade","Utilização",null,"Custo Horário",null,"Custo Horário Total"]
[{"$nulls":5},"Operativa","Improdutiva","Operativa","Improdutiva"]
["Insumo"," E9686 ","SICRO3","Caminhão guindauto com capacidade de elevação de 6,2 t e carroceria de 7 t - 136 kW",1,1,0,323.96370000000002,114.413,323.96370000000002]
["Insumo"," E9592 ","SICRO3","Caminhão carroceria com capacidade de 15 t - 188 kW",2,0.5,0.5,283.62470000000002,87.947000000000003,371.57170000000002]
[{"$nulls":5},"Custo horário total de equipamentos",null,null,null,695.53539999999998]
["B","Código","Banco","Mão de Obra","Quantidade","Custo Horário",null,null,null,"Custo Horário Total"]
["Insumo"," P9824 ","SICRO3","Servente",2,null,null,null,"23,241200000000000000000000000000","46,482400000000000000000000000000"]
[{"$nulls":5},"Adicional de Mão de obra (%)",null,null,null,0]
[{"$nulls":5},"Custo horário total de mão de obra",null,null,null,46.482399999999998]
[{"$nulls":5},"Custo horário total de execução",null,null,null,742.01779999999997]
[{"$nulls":5},"Produção de equipe",null,null,null,21.37]
[{"$nulls":5},"Custo unitário de execução",null,null,null,34.7224]
[{"$nulls":5},"Custo do FIC",null,null,null,0]
["F","Momento de Transporte","Banco","Descrição","Quantidade","Distância Média de Transporte (DMT)",null,null,null,"Custo Horário"]
[{"$nulls":5},"LN","RP","P","FE"]
[{"$nulls":5},"Custo do FIT",null,null,null,0]
[{"$nulls":5},"Custo total de transporte",null,null,null,0]
[]
[null,"Código","Banco","Descrição","Tipo",null,"Und","Quant.","Valor Unit","Total"]
["Composição"," 5914649 ","SICRO3","Carga, manobra e descarga de mistura betuminosa a quente em caminhão basculante de 10 m³ - carga em usina de asfalto 100/140 t/h e descarga em vibroacabadora","",null,"t",1,8.41,8.41]
["A","Código","Banco","Equipamentos","Quantidade","Utilização",null,"Custo Horário",null,"Custo Horário Total"]
[{"$nulls":5},"Operativa","Improdutiva","Operativa","Improdutiva"]
["Insumo"," E9579 ","SICRO3","Caminhão basculante com capacidade de 10 m³ - 210 kW",3,0.81,0.19,313.19380000000001,94.304599999999994,814.81460000000004]
[{"$nulls":5},"Custo horário total de equipamentos",null,null,null,814.81460000000004]
[{"$nulls":5},"Custo horário total de execução",null,null,null,814.81460000000004]
[{"$nulls":5},"Produção de equipe",null,null,null,99.6]
[{"$nulls":5},"Custo unitário de execução",null,null,null,8.1808999999999994]
[{"$nulls":5},"Custo do FIC",null,null,null,0.2253]
["F","Momento de Transporte","Banco","Descrição","Quantidade","Distância Média de Transporte (DMT)",null,null,null,"Custo Horário"]
[{"$nulls":5},"LN","RP","P","FE"]
[{"$nulls":5},"Custo do FIT",null,null,null,0]
[{"$nulls":5},"Custo total de transporte",null,null,null,0]
[]
[null,"Código","Banco","Descrição","Tipo",null,"Und","Quant.","Valor Unit","Total"]
["Composição"," 1106165 ","SICRO3","Concreto ciclópico fck = 20 MPa - confecção em betoneira e lançamento manual - areia, brita e pedra de mão comerciais","",null,"m³",1,799.71,799.71]
["B","Código","Banco","Mão de Obra","Quantidade","Custo Horário",null,null,null,"Custo Horário Total"]
["Insumo"," P9824 ","SICRO3","Servente",2,null,null,null,"23,241200000000000000000000000000","46,482400000000000000000000000000"]
[{"$nulls":5},"Adicional de Mão de obra (%)",null,null,null,0]
[{"$nulls":5},"Custo horário total de mão de obra",null,null,null,46.482399999999998]
[{"$nulls":5},"Custo horário total de execução",null,null,null,46.482399999999998]
[{"$nulls":5},"Produção de equipe",null,null,null,3.9289900000000002]
[{"$nulls":5},"Custo unitário de execução",null,null,null,11.8306]
[{"$nulls":5},"Custo do FIC",null,null,null,0.72189999999999999]
["C","Código","Banco","MATERIAL","Quantidade","Unidade","Preço Unitário",null,null,"Custo Horário"]
["Insumo"," M1097 ","SICRO3","Pedra de mão ou rachão",0.52600000000000002,"m³","197,942200000000000000000000000000",null,null,"104,117600000000000000000000000000"]
[{"$nulls":5},"Custo unitário total de material",null,null,null,104.1176]
["D","Código","Banco","ATIVIDADES AUXILIARES","Quantidade","Unidade","Preço Unitário",null,null,"Custo Horário"]
["Composição"," 1107892 ","SICRO3","Concreto fck = 20 MPa - confecção em betoneira e lançamento manual - areia e brita comerciais",0.7,"m³","856,220000000000000000000000000000",null,null,"599,354000000000000000000000000000"]
[{"$nulls":5},"Custo total de atividades auxiliares",null,null,null,599.35400000000004]
["E","Tempo Fixo","Banco","Descrição","Carga","Quantidade","Unidade","Preço Unitário",null,"Custo Horário"]
["Composição"," 5914647 ","SICRO3","Carga, manobra e descarga de agregados ou solos em caminhão basculante de 10 m³ - carga com carregadeira de 3,40 m³ (exclusa) e descarga livre","M1097",0.78900000000000003,"t",1.9,null,1.4991000000000001]
[{"$nulls":5},"Custo Total dos Tempos Fixos",null,null,null,1.4991000000000001]
["F","Momento de Transporte","Banco","Descrição","Quantidade","Distância Média de Transporte (DMT)",null,null,null,"Custo Horário"]
[{"$nulls":5},"LN","RP","P","FE"]
["Insumo","M1097","SICRO3","Pedra de mão ou rachão",0.78900000000000003,"5914359\n0,00\n1,29\n0,0000","5914374\n0,00\n1,03\n0,0000","5914389\n124,00\n0,84\n104,1600","--",82.182199999999995]
[{"$nulls":5},"Custo do FIT",null,null,null,0]
[{"$nulls":5},"Custo total de transporte",null,null,null,82.182239999999993]
[]
[null,"Código","Banco","Descrição","Tipo",null,"Und","Quant.","Valor Unit","Total"]
["Composição"," 1107892 ","SICRO3","Concreto fck = 20 MPa - confecção em betoneira e lançamento manual - areia e brita comerciais","",null,"m³",1,856.22,856.22]
["A","Código","Banco","Equipamentos","Quantidade","Utilização",null,"Custo Horário",null,"Custo Horário Total"]
[{"$nulls":5},"Operativa","Improdutiva","Operativa","Improdutiva"]
["Insumo"," E9519 ","SICRO3","Betoneira com motor a gasolina com capacidade de 600 l - 10 kW",1,1,0,61.383600000000001,37.6995,61.383600000000001]
["Insumo"," E9010 ","SICRO3","Balança plataforma digital à bateria, com mesa de 75 x 75 cm e capacidade de 500 kg",1,1,0,1.2732000000000001,0.85529999999999995,1.2732000000000001]
["Insumo"," E9064 ","SICRO3","Transportador manual gerica com capacidade de 180 l",3,0.41,0.59,1.8064,1.2222999999999999,4.3853]
["Insumo"," E9071 ","SICRO3","Transportador manual carrinho de mão com capacidade de 80 l",4,0.9,0.1,0.75729999999999997,0.51239999999999997,2.9312]
[{"$nulls":5},"Custo horário total de equipamentos",null,null,null,69.973299999999995]
["B","Código","Banco","Mão de Obra","Quantidade","Custo Horário",null,null,null,"Custo Horário Total"]
["Insumo"," P9824 ","SICRO3","Servente",9,null,null,null,"23,241200000000000000000000000000","209,170800000000000000000000000000"]
["Insumo"," P9821 ","SICRO3","Pedreiro",1,null,null,null,"29,919300000000000000000000000000","29,919300000000000000000000000000"]
[{"$nulls":5},"Adicional de Mão de obra (%)",null,null,null,0]
[{"$nulls":5},"Custo horário total de mão de obra",null,null,null,239.09010000000001]
[{"$nulls":5},"Custo horário total de execução",null,null,null,309.0634]
[{"$nulls":5},"Produção de equipe",null,null,null,3.9289900000000002]
[{"$nulls":5},"Custo unitário de execução",null,null,null,78.662300000000002]
[{"$nulls":5},"Custo do FIC",null,null,null,4.4008000000000003]
["C","Código","Banco","MATERIAL","Quantidade","Unidade","Preço Unitário",null,null,"Custo Horário"]
["Insumo"," M0192 ","SICRO3","Brita 2",0.36753999999999998,"m³","203,896900000000000000000000000000",null,null,"74,940300000000000000000000000000"]
["Insumo"," M0191 ","SICRO3","Brita 1",0.36753999999999998,"m³","207,780200000000000000000000000000",null,null,"76,367500000000000000000000000000"]
["Insumo"," M0424 ","SICRO3","Cimento Portland CP II - 32 - saco",282.15206999999998,"kg","0,973300000000000000000000000000",null,null,"274,618600000000000000000000000000"]
["Insumo"," M0082 ","SICRO3","Areia média lavada",0.63334000000000001,"m³","162,004600000000000000000000000000",null,null,"102,604000000000000000000000000000"]
["Insumo"," M0030 ","SICRO3","Aditivo plastificante e retardador de pega para concreto e argamassa",0.84645999999999999,"kg","10,618500000000000000000000000000",null,null,"8,988100000000000000000000000000"]
[{"$nulls":5},"Custo unitário total de material",null,null,null,537.51850000000002]
["E","Tempo Fixo","Banco","Descrição","Carga","Quantidade","Unidade","Preço Unitário",null,"Custo Horário"]
["Composição"," 5914655 ","SICRO3","Carga, manobra e descarga de materiais diversos em caminhão carroceria de 15 t - carga e descarga manuais","M0030",8.4999999999999995E-4,"t",35.75,null,3.04E-2]
["Composição"," 5914647 ","SICRO3","Carga, manobra e descarga de agregados ou solos em caminhão basculante de 10 m³ - carga com carregadeira de 3,40 m³ (exclusa) e descarga livre","M0192",0.55130999999999997,"t",1.9,null,1.0475000000000001]
["Composição"," 5914647 ","SICRO3","Carga, manobra e descarga de agregados ou solos em caminhão basculante de 10 m³ - carga com carregadeira de 3,40 m³ (exclusa) e descarga livre","M0082",0.95001000000000002,"t",1.9,null,1.8049999999999999]
["Composição"," 5914655 ","SICRO3","Carga, manobra e descarga de materiais diversos em caminhão carroceria de 15 t - carga e descarga manuais","M0424",0.28215000000000001,"t",35.75,null,10.0869]
["Composição"," 5914647 ","SICRO3","Carga, manobra e descarga de agregados ou solos em caminhão basculante de 10 m³ - carga com carregadeira de 3,40 m³ (exclusa) e descarga livre","M0191",0.55130999999999997,"t",1.9,null,1.0475000000000001]
[{"$nulls":5},"Custo Total dos Tempos Fixos",null,null,null,14.017300000000001]
["F","Momento de Transporte","Banco","Descrição","Quantidade","Distância Média de Transporte (DMT)",null,null,null,"Custo Horário"]
[{"$nulls":5},"LN","RP","P","FE"]
["Insumo","M0030","SICRO3","Aditivo plastificante e retardador de pega para concreto e argamassa",8.4999999999999995E-4,"5914449\n0,00\n1,12\n0,0000","5914464\n0,00\n0,90\n0,0000","5914479\n30,10\n0,73\n21,9730","--",1.8700000000000001E-2]
["Insumo","M0192","SICRO3","Brita 2",0.55130999999999997,"5914359\n0,00\n1,29\n0,0000","5914374\n0,00\n1,03\n0,0000","5914389\n124,00\n0,84\n104,1600","--",57.424399999999999]
["Insumo","M0424","SICRO3","Cimento Portland CP II - 32 - saco",0.28215000000000001,"5914449\n0,00\n1,12\n0,0000","5914464\n0,00\n0,90\n0,0000","5914479\n30,10\n0,73\n21,9730","--",6.1997]
["Insumo","M0191","SICRO3","Brita 1",0.55130999999999997,"5914359\n0,00\n1,29\n0,0000","5914374\n0,00\n1,03\n0,0000","5914389\n124,00\n0,84\n104,1600","--",57.424399999999999]
["Insumo","M0082","SICRO3","Areia média lavada",0.95001000000000002,"5914359\n0,00\n1,29\n0,0000","5914374\n0,00\n1,03\n0,0000","5914389\n126,00\n0,84\n105,8400","--",100.5491]
[{"$nulls":5},"Custo do FIT",null,null,null,0]
[{"$nulls":5},"Custo total de transporte",null,null,null,221.6163166]
[]
[null,"Código","Banco","Descrição","Tipo",null,"Und","Quant.","Valor Unit","Total"]
["Composição"," 1116127 ","SICRO3","Concreto fck = 25 MPa para pré-moldados (mourões) - confecção em betoneira e lançamento manual - areia e brita comerciais","",null,"m³",1,903.82,903.82]
["A","Código","Banco","Equipamentos","Quantidade","Utilização",null,"Custo Horário",null,"Custo Horário Total"]
[{"$nulls":5},"Operativa","Improdutiva","Operativa","Improdutiva"]
["Insumo"," E9071 ","SICRO3","Transportador manual carrinho de mão com capacidade de 80 l",4,0.82,0.18,0.75729999999999997,0.51239999999999997,2.8529]
["Insumo"," E9519 ","SICRO3","Betoneira com motor a gasolina com capacidade de 600 l - 10 kW",1,1,0,61.383600000000001,37.6995,61.383600000000001]
["Insumo"," E9010 ","SICRO3","Balança plataforma digital à bateria, com mesa de 75 x 75 cm e capacidade de 500 kg",1,1,0,1.2732000000000001,0.85529999999999995,1.2732000000000001]
["Insumo"," E9064 ","SICRO3","Transportador manual gerica com capacidade de 180 l",3,0.4,0.6,1.8064,1.2222999999999999,4.3677999999999999]
[{"$nulls":5},"Custo horário total de equipamentos",null,null,null,69.877499999999998]
["B","Código","Banco","Mão de Obra","Quantidade","Custo Horário",null,null,null,"Custo Horário Total"]
["Insumo"," P9824 ","SICRO3","Servente",9,null,null,null,"23,241200000000000000000000000000","209,170800000000000000000000000000"]
["Insumo"," P9821 ","SICRO3","Pedreiro",1,null,null,null,"29,919300000000000000000000000000","29,919300000000000000000000000000"]
[{"$nulls":5},"Adicional de Mão de obra (%)",null,null,null,0]
[{"$nulls":5},"Custo horário total de mão de obra",null,null,null,239.09010000000001]
[{"$nulls":5},"Custo horário total de execução",null,null,null,308.9676]
[{"$nulls":5},"Produção de equipe",null,null,null,3.8381500000000002]
[{"$nulls":5},"Custo unitário de execução",null,null,null,80.499099999999999]
[{"$nulls":5},"Custo do FIC",null,null,null,4.5049999999999999]
["C","Código","Banco","MATERIAL","Quantidade","Unidade","Preço Unitário",null,null,"Custo Horário"]
["Insumo"," M0191 ","SICRO3","Brita 1",0.68813000000000002,"m³","207,780200000000000000000000000000",null,null,"142,979800000000000000000000000000"]
["Insumo"," M0424 ","SICRO3","Cimento Portland CP II - 32 - saco",366.92977000000002,"kg","0,973300000000000000000000000000",null,null,"357,132700000000000000000000000000"]
["Insumo"," M0082 ","SICRO3","Areia média lavada",0.58109999999999995,"m³","162,004600000000000000000000000000",null,null,"94,140900000000000000000000000000"]
[{"$nulls":5},"Custo unitário total de material",null,null,null,594.25340000000006]
["E","Tempo Fixo","Banco","Descrição","Carga","Quantidade","Unidade","Preço Unitário",null,"Custo Horário"]
["Composição"," 5914647 ","SICRO3","Carga, manobra e descarga de agregados ou solos em caminhão basculante de 10 m³ - carga com carregadeira de 3,40 m³ (exclusa) e descarga livre","M0191",1.0322,"t",1.9,null,1.9612000000000001]
["Composição"," 5914647 ","SICRO3","Carga, manobra e descarga de agregados ou solos em caminhão basculante de 10 m³ - carga com carregadeira de 3,40 m³ (exclusa) e descarga livre","M0082",0.87165000000000004,"t",1.9,null,1.6560999999999999]
["Composição"," 5914655 ","SICRO3","Carga, manobra e descarga de materiais diversos em caminhão carroceria de 15 t - carga e descarga manuais","M0424",0.36692999999999998,"t",35.75,null,13.117699999999999]
[{"$nulls":5},"Custo Total dos Tempos Fixos",null,null,null,16.734999999999999]
["F","Momento de Transporte","Banco","Descrição","Quantidade","Distância Média de Transporte (DMT)",null,null,null,"Custo Horário"]
[{"$nulls":5},"LN","RP","P","FE"]
["Insumo","M0424","SICRO3","Cimento Portland CP II - 32 - saco",0.36692999999999998,"5914449\n0,00\n1,12\n0,0000","5914464\n0,00\n0,90\n0,0000","5914479\n30,10\n0,73\n21,9730","--",8.0625999999999998]
["Insumo","M0082","SICRO3","Areia média lavada",0.87165000000000004,"5914359\n0,00\n1,29\n0,0000","5914374\n0,00\n1,03\n0,0000","5914389\n126,00\n0,84\n105,8400","--",92.255399999999995]
["Insumo","M0191","SICRO3","Brita 1",1.0322,"5914359\n0,00\n1,29\n0,0000","5914374\n0,00\n1,03\n0,0000","5914389\n124,00\n0,84\n104,1600","--",107.514]
[{"$nulls":5},"Custo do FIT",null,null,null,0]
[{"$nulls":5},"Custo total de transporte",null,null,null,207.83194090000001]
[]
[null,"Código","Banco","Descrição","Tipo",null,"Und","Quant.","Valor Unit","Total"]
["Composição"," 1106057 ","SICRO3","Concreto magro - confecção em betoneira e lançamento manual - areia e brita comerciais","",null,"m³",1,832.78,832.78]
["A","Código","Banco","Equipamentos","Quantidade","Utilização",null,"Custo Horário",null,"Custo Horário Total"]
[{"$nulls":5},"Operativa","Improdutiva","Operativa","Improdutiva"]
["Insumo"," E9071 ","SICRO3","Transportador manual carrinho de mão com capacidade de 80 l",4,0.88,0.12,0.75729999999999997,0.51239999999999997,2.9116]
["Insumo"," E9519 ","SICRO3","Betoneira com motor a gasolina com capacidade de 600 l - 10 kW",1,1,0,61.383600000000001,37.6995,61.383600000000001]
["Insumo"," E9064 ","SICRO3","Transportador manual gerica com capacidade de 180 l",3,0.41,0.59,1.8064,1.2222999999999999,4.3853]
[{"$nulls":5},"Custo horário total de equipamentos",null,null,null,68.680499999999995]
["B","Código","Banco","Mão de Obra","Quantidade","Custo Horário",null,null,null,"Custo Horário Total"]
["Insumo"," P9821 ","SICRO3","Pedreiro",1,null,null,null,"29,919300000000000000000000000000","29,919300000000000000000000000000"]
["Insumo"," P9824 ","SICRO3","Servente",9,null,null,null,"23,241200000000000000000000000000","209,170800000000000000000000000000"]
[{"$nulls":5},"Adicional de Mão de obra (%)",null,null,null,0]
[{"$nulls":5},"Custo horário total de mão de obra",null,null,null,239.09010000000001]
[{"$nulls":5},"Custo horário total de execução",null,null,null,307.7706]
[{"$nulls":5},"Produção de equipe",null,null,null,3.9289900000000002]
[{"$nulls":5},"Custo unitário de execução",null,null,null,78.333299999999994]
[{"$nulls":5},"Custo do FIC",null,null,null,4.3875000000000002]
["C","Código","Banco","MATERIAL","Quantidade","Unidade","Preço Unitário",null,null,"Custo Horário"]
["Insumo"," M0082 ","SICRO3","Areia média lavada",0.59948000000000001,"m³","162,004600000000000000000000000000",null,null,"97,118500000000000000000000000000"]
["Insumo"," M0192 ","SICRO3","Brita 2",0.73507999999999996,"m³","203,896900000000000000000000000000",null,null,"149,880500000000000000000000000000"]
["Insumo"," M0424 ","SICRO3","Cimento Portland CP II - 32 - saco",280.53417999999999,"kg","0,973300000000000000000000000000",null,null,"273,043900000000000000000000000000"]
[{"$nulls":5},"Custo unitário total de material",null,null,null,520.04290000000003]
["E","Tempo Fixo","Banco","Descrição","Carga","Quantidade","Unidade","Preço Unitário",null,"Custo Horário"]
["Composição"," 5914647 ","SICRO3","Carga, manobra e descarga de agregados ou solos em caminhão basculante de 10 m³ - carga com carregadeira de 3,40 m³ (exclusa) e descarga livre","M0082",0.89922000000000002,"t",1.9,null,1.7084999999999999]
["Composição"," 5914647 ","SICRO3","Carga, manobra e descarga de agregados ou solos em caminhão basculante de 10 m³ - carga com carregadeira de 3,40 m³ (exclusa) e descarga livre","M0192",1.1026199999999999,"t",1.9,null,2.0950000000000002]
["Composição"," 5914655 ","SICRO3","Carga, manobra e descarga de materiais diversos em caminhão carroceria de 15 t - carga e descarga manuais","M0424",0.28053,"t",35.75,null,10.0289]
[{"$nulls":5},"Custo Total dos Tempos Fixos",null,null,null,13.8324]
["F","Momento de Transporte","Banco","Descrição","Quantidade","Distância Média de Transporte (DMT)",null,null,null,"Custo Horário"]
[{"$nulls":5},"LN","RP","P","FE"]
["Insumo","M0192","SICRO3","Brita 2",1.1026199999999999,"5914359\n0,00\n1,29\n0,0000","5914374\n0,00\n1,03\n0,0000","5914389\n124,00\n0,84\n104,1600","--",114.8489]
["Insumo","M0082","SICRO3","Areia média lavada",0.89922000000000002,"5914359\n0,00\n1,29\n0,0000","5914374\n0,00\n1,03\n0,0000","5914389\n126,00\n0,84\n105,8400","--",95.173400000000001]
["Insumo","M0424","SICRO3","Cimento Portland CP II - 32 - saco",0.28053,"5914449\n0,00\n1,12\n0,0000","5914464\n0,00\n0,90\n0,0000","5914479\n30,10\n0,73\n21,9730","--",6.1641000000000004]
[{"$nulls":5},"Custo do FIT",null,null,null,0]
[{"$nulls":5},"Custo total de transporte",null,null,null,216.18642969999999]
[]
[null,"Código","Banco","Descrição","Tipo",null,"Und","Quant.","Valor Unit","Total"]
["Composição"," 93661 ","SINAPI","DISJUNTOR BIPOLAR TIPO DIN, CORRENTE NOMINAL DE 16A - FORNECIMENTO E INSTALAÇÃO. AF_07/2025","Instalações Elétricas - Quadros, Cabos, Disjuntores, Contatores e Barramentos Blindados",null,"UN",1,57.92,57.92]
["Composição Auxiliar"," 88247 ","SINAPI","AUXILIAR DE ELETRICISTA COM ENCARGOS COMPLEMENTARES","Livro SINAPI: Cálculos e Parâmetros",null,"H",7.0857000000000003E-2,23.583625999999999,1.671065]
["Composição Auxiliar"," 88264 ","SINAPI","ELETRICISTA COM ENCARGOS COMPLEMENTARES","Livro SINAPI: Cálculos e Parâmetros",null,"H",7.0857000000000003E-2,28.739106400000001,2.0363669]
["Insumo"," 00001570 ","SINAPI","TERMINAL A COMPRESSAO EM COBRE ESTANHADO PARA CABO 2,5 MM2, 1 FURO E 1 COMPRESSAO, PARA PARAFUSO DE FIXACAO M5","Material",null,"UN",2,1.22,2.44]
["Insumo"," 00034616 ","SINAPI","DISJUNTOR TERMOMAGNETICO PARA TRILHO DIN (IEC), BIPOLAR, 6 - 32 A","Material",null,"UN",1,51.78,51.78]
[]
[null,"Código","Banco","Descrição","Tipo",null,"Und","Quant.","Valor Unit","Total"]
["Composição"," 93666 ","SINAPI","DISJUNTOR BIPOLAR TIPO DIN, CORRENTE NOMINAL DE 50A - FORNECIMENTO E INSTALAÇÃO. AF_07/2025","Instalações Elétricas - Quadros, Cabos, Disjuntores, Contatores e Barramentos Blindados",null,"UN",1,74.3,74.3]
["Composição Auxiliar"," 88264 ","SINAPI","ELETRICISTA COM ENCARGOS COMPLEMENTARES","Livro SINAPI: Cálculos e Parâmetros",null,"H",0.353163,28.739106400000001,10.149589000000001]
["Composição Auxiliar"," 88247 ","SINAPI","AUXILIAR DE ELETRICISTA COM ENCARGOS COMPLEMENTARES","Livro SINAPI: Cálculos e Parâmetros",null,"H",0.353163,23.583625999999999,8.3288641000000005]
["Insumo"," 00034623 ","SINAPI","DISJUNTOR TERMOMAGNETICO PARA TRILHO DIN (IEC), BIPOLAR, 40 - 50 A","Material",null,"UN",1,50.99,50.99]
["Insumo"," 00001575 ","SINAPI","TERMINAL A COMPRESSAO EM COBRE ESTANHADO PARA CABO 16 MM2, 1 FURO E 1 COMPRESSAO, PARA PARAFUSO DE FIXACAO M6","Material",null,"UN",2,2.42,4.84]
[]
[null,"Código","Banco","Descrição","Tipo",null,"Und","Quant.","Valor Unit","Total"]
["Composição"," 93653 ","SINAPI","DISJUNTOR MONOPOLAR TIPO DIN, CORRENTE NOMINAL DE 10A - FORNECIMENTO E INSTALAÇÃO. AF_07/2025","Instalações Elétricas - Quadros, Cabos, Disjuntores, Contatores e Barramentos Blindados",null,"UN",1,12.1,12.1]
["Composição Auxiliar"," 88247 ","SINAPI","AUXILIAR DE ELETRICISTA COM ENCARGOS COMPLEMENTARES","Livro SINAPI: Cálculos e Parâmetros",null,"H",3.5428000000000001E-2,23.583625999999999,0.83552070000000001]
["Composição Auxiliar"," 88264 ","SINAPI","ELETRICISTA COM ENCARGOS COMPLEMENTARES","Livro SINAPI: Cálculos e Parâmetros",null,"H",3.5428000000000001E-2,28.739106400000001,1.0181690999999999]
["Insumo"," 00034653 ","SINAPI","DISJUNTOR TERMOMAGNETICO PARA TRILHO DIN (IEC), MONOPOLAR, 6 - 32 A","Material",null,"UN",1,9.0299999999999994,9.0299999999999994]
["Insumo"," 00001570 ","SINAPI","TERMINAL A COMPRESSAO EM COBRE ESTANHADO PARA CABO 2,5 MM2, 1 FURO E 1 COMPRESSAO, PARA PARAFUSO DE FIXACAO M5","Material",null,"UN",1,1.22,1.22]
[]
[null,"Código","Banco","Descrição","Tipo",null,"Und","Quant.","Valor Unit","Total"]
["Composição"," 93659 ","SINAPI","DISJUNTOR MONOPOLAR TIPO DIN, CORRENTE NOMINAL DE 50A - FORNECIMENTO E INSTALAÇÃO. AF_07/2025","Instalações Elétricas - Quadros, Cabos, Disjuntores, Contatores e Barramentos Blindados",null,"UN",1,25.04,25.04]
["Composição Auxiliar"," 88264 ","SINAPI","ELETRICISTA COM ENCARGOS COMPLEMENTARES","Livro SINAPI: Cálculos e Parâmetros",null,"H",0.17658199999999999,28.739106400000001,5.0748088999999998]
["Composição Auxiliar"," 88247 ","SINAPI","AUXILIAR DE ELETRICISTA COM ENCARGOS COMPLEMENTARES","Livro SINAPI: Cálculos e Parâmetros",null,"H",0.17658199999999999,23.583625999999999,4.1644437999999999]
["Insumo"," 00034686 ","SINAPI","DISJUNTOR TERMOMAGNETICO PARA TRILHO DIN (IEC), MONOPOLAR, 40 - 50 A","Material",null,"UN",1,13.39,13.39]
["Insumo"," 00001575 ","SINAPI","TERMINAL A COMPRESSAO EM COBRE ESTANHADO PARA CABO 16 MM2, 1 FURO E 1 COMPRESSAO, PARA PARAFUSO DE FIXACAO M6","Material",null,"UN",1,2.42,2.42]
[]
[null,"Código","Banco","Descrição","Tipo",null,"Und","Quant.","Valor Unit","Total"]
["Composição"," 101894 ","SINAPI","DISJUNTOR TRIPOLAR TIPO NEMA, CORRENTE NOMINAL DE 60 ATÉ 100A - FORNECIMENTO E INSTALAÇÃO. AF_07/2025","Instalações Elétricas - Quadros, Cabos, Disjuntores, Contatores e Barramentos Blindados",null,"UN",1,158.74,158.74]
["Composição Auxiliar"," 88247 ","SINAPI","AUXILIAR DE ELETRICISTA COM ENCARGOS COMPLEMENTARES","Livro SINAPI: Cálculos e Parâmetros",null,"H",0.72713499999999998,23.583625999999999,17.148479900000002]
["Composição Auxiliar"," 88264 ","SINAPI","ELETRICISTA COM ENCARGOS COMPLEMENTARES","Livro SINAPI: Cálculos e Parâmetros",null,"H",0.72713499999999998,28.739106400000001,20.897210099999999]
["Insumo"," 00001576 ","SINAPI","TERMINAL A COMPRESSAO EM COBRE ESTANHADO PARA CABO 25 MM2, 1 FURO E 1 COMPRESSAO, PARA PARAFUSO DE FIXACAO M8","Material",null,"UN",3,3.35,10.050000000000001]
["Insumo"," 00002373 ","SINAPI","DISJUNTOR TIPO NEMA, TRIPOLAR 60 ATE 100 A, TENSAO MAXIMA DE 415 V","Material",null,"UN",1,110.65,110.65]
[]
[null,"Código","Banco","Descrição","Tipo",null,"Und","Quant.","Valor Unit","Total"]
["Composição"," 91867 ","SINAPI","ELETRODUTO RÍGIDO ROSCÁVEL, PVC, DN 25 MM (3/4\"), PARA CIRCUITOS TERMINAIS, INSTALADO EM LAJE - FORNECIMENTO E INSTALAÇÃO. AF_03/2023","Instalações Elétricas - Eletrodutos Embutidos, Cabos, Caixas, Tomadas e Interruptores",null,"M",1,11.36,11.36]
["Composição Auxiliar"," 88247 ","SINAPI","AUXILIAR DE ELETRICISTA COM ENCARGOS COMPLEMENTARES","Livro SINAPI: Cálculos e Parâmetros",null,"H",9.4E-2,23.583625999999999,2.2168608000000001]
["Composição Auxiliar"," 88264 ","SINAPI","ELETRICISTA COM ENCARGOS COMPLEMENTARES","Livro SINAPI: Cálculos e Parâmetros",null,"H",9.4E-2,28.739106400000001,2.701476]
["Insumo"," 00002674 ","SINAPI","ELETRODUTO DE PVC RIGIDO ROSCAVEL DE 3/4\", SEM LUVA","Material",null,"M",1.0169999999999999,6.29,6.3969300000000002]
["Insumo"," 00043132 ","SINAPI","ARAME RECOZIDO 16 BWG, D = 1,65 MM (0,016 KG/M) OU 18 BWG, D = 1,25 MM (0,01 KG/M)","Material",null,"KG",1.8E-3,25.6,4.6080000000000003E-2]
[]
[null,"Código","Banco","Descrição","Tipo",null,"Und","Quant.","Valor Unit","Total"]
["Composição"," 91872 ","SINAPI","ELETRODUTO RÍGIDO ROSCÁVEL, PVC, DN 32 MM (1\"), PARA CIRCUITOS TERMINAIS, INSTALADO EM PAREDE - FORNECIMENTO E INSTALAÇÃO. AF_03/2023","Instalações Elétricas - Eletrodutos Embutidos, Cabos, Caixas, Tomadas e Interruptores",null,"M",1,20.3,20.3]
["Composição Auxiliar"," 88247 ","SINAPI","AUXILIAR DE ELETRICISTA COM ENCARGOS COMPLEMENTARES","Livro SINAPI: Cálculos e Parâmetros",null,"H",0.19700000000000001,23.583625999999999,4.6459742999999998]
["Composição Auxiliar"," 88264 ","SINAPI","ELETRICISTA COM ENCARGOS COMPLEMENTARES","Livro SINAPI: Cálculos e Parâmetros",null,"H",0.19700000000000001,28.739106400000001,5.6616039999999996]
["Insumo"," 00002685 ","SINAPI","ELETRODUTO DE PVC RIGIDO ROSCAVEL DE 1\", SEM LUVA","Material",null,"M",1.0169999999999999,9.83,9.9971099999999993]
[]
[null,"Código","Banco","Descrição","Tipo",null,"Und","Quant.","Valor Unit","Total"]
["Composição"," 91869 ","SINAPI","ELETRODUTO RÍGIDO ROSCÁVEL, PVC, DN 40 MM (1 1/4\"), PARA CIRCUITOS TERMINAIS, INSTALADO EM LAJE - FORNECIMENTO E INSTALAÇÃO. AF_03/2023","Instalações Elétricas - Eletrodutos Embutidos, Cabos, Caixas, Tomadas e Interruptores",null,"M",1,20.47,20.47]
["Composição Auxiliar"," 88247 ","SINAPI","AUXILIAR DE ELETRICISTA COM ENCARGOS COMPLEMENTARES","Livro SINAPI: Cálculos e Parâmetros",null,"H",0.13600000000000001,23.583625999999999,3.2073730999999999]
["Composição Auxiliar"," 88264 ","SINAPI","ELETRICISTA COM ENCARGOS COMPLEMENTARES","Livro SINAPI: Cálculos e Parâmetros",null,"H",0.13600000000000001,28.739106400000001,3.9085185]
["Insumo"," 00043132 ","SINAPI","ARAME RECOZIDO 16 BWG, D = 1,65 MM (0,016 KG/M) OU 18 BWG, D = 1,25 MM (0,01 KG/M)","Material",null,"KG",2.3E-3,25.6,5.8880000000000002E-2]
["Insumo"," 00002684 ","SINAPI","ELETRODUTO DE PVC RIGIDO ROSCAVEL DE 1 1/4\", SEM LUVA","Material",null,"M",1.0169999999999999,13.08,13.30236]
[]
[null,"Código","Banco","Descrição","Tipo",null,"Und","Quant.","Valor Unit","Total"]
["Composição"," 87794 ","SINAPI","EMBOÇO OU MASSA ÚNICA EM ARGAMASSA TRAÇO 1:2:8, PREPARO MANUAL, APLICADA MANUALMENTE EM PANOS CEGOS DE FACHADA (SEM PRESENÇA DE VÃOS), ESPESSURA DE 25 MM. AF_09/2022","Massa Única Externa",null,"m²",1,46.55,46.55]
["Composição Auxiliar"," 88316 ","SINAPI","SERVENTE COM ENCARGOS COMPLEMENTARES","Livro SINAPI: Cálculos e Parâmetros",null,"H",0.40899999999999997,20.96602,8.5751021999999999]
["Composição Auxiliar"," 87369 ","SINAPI","ARGAMASSA TRAÇO 1:2:8 (EM VOLUME DE CIMENTO, CAL E AREIA MÉDIA ÚMIDA) PARA EMBOÇO/MASSA ÚNICA/ASSENTAMENTO DE ALVENARIA DE VEDAÇÃO, PREPARO MANUAL. AF_08/2019","Argamassas",null,"m³",2.93E-2,843.73942199999999,24.721565099999999]
["Composição Auxiliar"," 88309 ","SINAPI","PEDREIRO COM ENCARGOS COMPLEMENTARES","Livro SINAPI: Cálculos e Parâmetros",null,"H",0.40899999999999997,26.511984000000002,10.843401500000001]
["Insumo"," 00037411 ","SINAPI","TELA DE ACO SOLDADA GALVANIZADA/ZINCADA PARA ALVENARIA, FIO D = *1,24 MM, MALHA 25 X 25 MM","Material",null,"m²",0.15809999999999999,15.25,2.411025]
[]
[null,"Código","Banco","Descrição","Tipo",null,"Und","Quant.","Valor Unit","Total"]
["Composição"," 88267 ","SINAPI","ENCANADOR OU BOMBEIRO HIDRÁULICO COM ENCARGOS COMPLEMENTARES","Livro SINAPI: Cálculos e Parâmetros",null,"H",1,25.94,25.94]
["Composição Auxiliar"," 95335 ","SINAPI","CURSO DE CAPACITAÇÃO PARA ENCANADOR OU BOMBEIRO HIDRÁULICO (ENCARGOS COMPLEMENTARES) - HORISTA","Livro SINAPI: Cálculos e Parâmetros",null,"H",1,0.3833336,0.3833336]
["Insumo"," 00037370 ","SINAPI","ALIMENTACAO - HORISTA (COLETADO CAIXA - ENCARGOS COMPLEMENTARES)","Encargos Complementares",null,"H",1,0.66,0.66]
["Insumo"," 00002696 ","SINAPI","ENCANADOR OU BOMBEIRO HIDRAULICO (HORISTA)","Mão de Obra",null,"H",1,21.32,21.32]
["Insumo"," 00037373 ","SINAPI","SEGURO - HORISTA (COLETADO CAIXA - ENCARGOS COMPLEMENTARES)","Encargos Complementares",null,"H",1,0.01,0.01]
["Insumo"," 00043485 ","SINAPI","EPI - FAMILIA ENCANADOR - HORISTA (ENCARGOS COMPLEMENTARES - COLETADO CAIXA)","Encargos Complementares",null,"H",1,1.46,1.46]
["Insumo"," 00043461 ","SINAPI","FERRAMENTAS - FAMILIA ENCANADOR - HORISTA (ENCARGOS COMPLEMENTARES - COLETADO CAIXA)","Encargos Complementares",null,"H",1,0.43,0.43]
["Insumo"," 00037372 ","SINAPI","EXAMES - HORISTA (COLETADO CAIXA - ENCARGOS COMPLEMENTARES)","Encargos Complementares",null,"H",1,1.3,1.3]
["Insumo"," 00037371 ","SINAPI","TRANSPORTE - HORISTA (COLETADO CAIXA - ENCARGOS COMPLEMENTARES)","Encargos Complementares",null,"H",1,0.38,0.38]
[]
[null,"Código","Banco","Descrição","Tipo",null,"Und","Quant.","Valor Unit","Total"]
["Composição"," 86886 ","SINAPI","ENGATE FLEXÍVEL EM INOX, 1/2 X 30CM - FORNECIMENTO E INSTALAÇÃO. AF_01/2020","Louças e Metais",null,"UN",1,58.97,58.97]
["Composição Auxiliar"," 88316 ","SINAPI","SERVENTE COM ENCARGOS COMPLEMENTARES","Livro SINAPI: Cálculos e Parâmetros",null,"H",4.8099999999999997E-2,20.96602,1.0084656000000001]
["Composição Auxiliar"," 88267 ","SINAPI","ENCANADOR OU BOMBEIRO HIDRÁULICO COM ENCARGOS COMPLEMENTARES","Livro SINAPI: Cálculos e Parâmetros",null,"H",0.1525,25.943333599999999,3.9563584000000001]
["Insumo"," 00011683 ","SINAPI","ENGATE / RABICHO FLEXIVEL INOX 1/2\" X 30 CM","Material",null,"UN",1,53.92,53.92]
["Insumo"," 00003146 ","SINAPI","FITA VEDA ROSCA, EM PTFE, ROLO DE 18 MM X 10 M (L X C)","Material",null,"UN",2.1000000000000001E-2,4.5,9.4500000000000001E-2]
[]
[null,"Código","Banco","Descrição","Tipo",null,"Und","Quant.","Valor Unit","Total"]
["Composição"," 101489 ","SINAPI","ENTRADA DE ENERGIA ELÉTRICA, AÉREA, MONOFÁSICA, COM CAIXA DE SOBREPOR, CABO DE 10 MM2 E DISJUNTOR DIN 50A (NÃO INCLUSO O POSTE DE CONCRETO). AF_12/2025","Instalações Elétricas - Rede de Distribuição",null,"UN",1,1676.23,1676.23]
["Composição Auxiliar"," 88247 ","SINAPI","AUXILIAR DE ELETRICISTA COM ENCARGOS COMPLEMENTARES","Livro SINAPI: Cálculos e Parâmetros",null,"H",0.63139999999999996,23.583625999999999,14.8907015]
["Composição Auxiliar"," 104749 ","SINAPI","CONECTOR GRAMPO METÁLICO TIPO OLHAL, PARA SPDA, PARA HASTE DE ATERRAMENTO DE 3/4'' E CABOS DE 10 A 50 MM2 - FORNECIMENTO E INSTALAÇÃO. AF_08/2023","Sistema de Proteção contra Descargas Atmosféricas - SPDA",null,"UN",1,20.45772504612,20.457725]
["Composição Auxiliar"," 100578 ","SINAPI","ASSENTAMENTO DE POSTE DE CONCRETO COM COMPRIMENTO NOMINAL DE 9 M, CARGA NOMINAL MENOR OU IGUAL A 1000 DAN, ENGASTAMENTO SIMPLES COM 1,5 M DE SOLO (NÃO INCLUI FORNECIMENTO). AF_04/2025","Postes de Concreto e Metálicos",null,"UN",1,649.28664134093219,649.28664130000004]
["Composição Auxiliar"," 91919 ","SINAPI","CURVA 180 GRAUS PARA ELETRODUTO, PVC, ROSCÁVEL, DN 32 MM (1\"), PARA CIRCUITOS TERMINAIS, INSTALADA EM PAREDE - FORNECIMENTO E INSTALAÇÃO. AF_03/2023","Instalações Elétricas - Eletrodutos Embutidos, Cabos, Caixas, Tomadas e Interruptores",null,"UN",1,25.111856227200001,25.111856199999998]
["Composição Auxiliar"," 96977 ","SINAPI","CORDOALHA DE COBRE NU 50 MM², ENTERRADA - FORNECIMENTO E INSTALAÇÃO. AF_08/2023","Sistema de Proteção contra Descargas Atmosféricas - SPDA",null,"M",1.95,70.664382442440001,137.79554580000001]
["Composição Auxiliar"," 91872 ","SINAPI","ELETRODUTO RÍGIDO ROSCÁVEL, PVC, DN 32 MM (1\"), PARA CIRCUITOS TERMINAIS, INSTALADO EM PAREDE - FORNECIMENTO E INSTALAÇÃO. AF_03/2023","Instalações Elétricas - Eletrodutos Embutidos, Cabos, Caixas, Tomadas e Interruptores",null,"M",6.05,20.304688282800001,122.8433641]
["Composição Auxiliar"," 91933 ","SINAPI","CABO DE COBRE FLEXÍVEL ISOLADO, 10 MM², ANTI-CHAMA 0,6/1,0 KV, PARA CIRCUITOS TERMINAIS - FORNECIMENTO E INSTALAÇÃO. AF_03/2023","Instalações Elétricas - Eletrodutos Embutidos, Cabos, Caixas, Tomadas e Interruptores",null,"M",11,19.135407662399999,210.48948429999999]
["Composição Auxiliar"," 91917 ","SINAPI","CURVA 90 GRAUS PARA ELETRODUTO, PVC, ROSCÁVEL, DN 32 MM (1\"), PARA CIRCUITOS TERMINAIS, INSTALADA EM PAREDE - FORNECIMENTO E INSTALAÇÃO. AF_03/2023","Instalações Elétricas - Eletrodutos Embutidos, Cabos, Caixas, Tomadas e Interruptores",null,"UN",1,22.531856227199999,22.5318562]
["Composição Auxiliar"," 91885 ","SINAPI","LUVA PARA ELETRODUTO, PVC, ROSCÁVEL, DN 32 MM (1\"), PARA CIRCUITOS TERMINAIS, INSTALADA EM PAREDE - FORNECIMENTO E INSTALAÇÃO. AF_03/2023","Instalações Elétricas - Eletrodutos Embutidos, Cabos, Caixas, Tomadas e Interruptores",null,"UN",1,13.6086783956,13.608678400000001]
["Composição Auxiliar"," 96986 ","SINAPI","HASTE DE ATERRAMENTO, DIÂMETRO 3/4\", COM 3 METROS - FORNECIMENTO E INSTALAÇÃO. AF_08/2023","Sistema de Proteção contra Descargas Atmosféricas - SPDA",null,"UN",1,123.88168471768,123.88168469999999]
["Composição Auxiliar"," 93659 ","SINAPI","DISJUNTOR MONOPOLAR TIPO DIN, CORRENTE NOMINAL DE 50A - FORNECIMENTO E INSTALAÇÃO. AF_07/2025","Instalações Elétricas - Quadros, Cabos, Disjuntores, Contatores e Barramentos Blindados",null,"UN",1,25.0492527326568,25.0492527]
["Composição Auxiliar"," 88264 ","SINAPI","ELETRICISTA COM ENCARGOS COMPLEMENTARES","Livro SINAPI: Cálculos e Parâmetros",null,"H",3.1568000000000001,28.739106400000001,90.723611099999999]
["Insumo"," 00039808 ","SINAPI","CAIXA PARA MEDIDOR MONOFASICO, EM POLICARBONATO / TERMOPLASTICO, PARA ALOJAR 1 DISJUNTOR (PADRAO DA CONCESSIONARIA LOCAL)","Material",null,"UN",1,94.96,94.96]
["Insumo"," 00039997 ","SINAPI","PORCA ZINCADA, SEXTAVADA, DIAMETRO 1/4\"","Material",null,"UN",2,0.4,0.8]
["Insumo"," 00003398 ","SINAPI","ISOLADOR DE PORCELANA, TIPO ROLDANA, DIMENSOES DE *72* X *72* MM, PARA USO EM BAIXA TENSAO","Material",null,"UN",1,5.79,5.79]
["Insumo"," 00004346 ","SINAPI","PARAFUSO DE FERRO POLIDO, SEXTAVADO, COM ROSCA PARCIAL, DIAMETRO 5/8\", COMPRIMENTO 6\", COM PORCA E ARRUELA DE PRESSAO MEDIA","Material",null,"UN",3,13.59,40.770000000000003]
["Insumo"," 00001094 ","SINAPI","ARMACAO VERTICAL COM HASTE E CONTRA-PINO, EM CHAPA DE ACO GALVANIZADO 3/16\", COM 1 ESTRIBO, SEM ISOLADOR","Material",null,"UN",1,18.239999999999998,18.239999999999998]
["Insumo"," 00039996 ","SINAPI","VERGALHAO ZINCADO ROSCA TOTAL, 1/4\" (6,3 MM)","Material",null,"M",0.16639999999999999,5.0999999999999996,0.84863999999999995]
["Insumo"," 00011950 ","SINAPI","BUCHA DE NYLON SEM ABA S6, COM PARAFUSO DE 4,20 X 40 MM EM ACO ZINCADO COM ROSCA SOBERBA, CABECA CHATA E FENDA PHILLIPS","Material",null,"UN",4,0.2,0.8]
["Insumo"," 00034643 ","SINAPI","CAIXA DE INSPECAO PARA ATERRAMENTO E PARA RAIOS, EM POLIPROPILENO, DIAMETRO = 300 MM X ALTURA = 400 MM (INCLUIDA TAMPA SEM ESCOTILHA)","Material",null,"UN",1,51.04,51.04]
["Insumo"," 00011267 ","SINAPI","ARRUELA LISA, REDONDA, DE LATAO POLIDO, DIAMETRO NOMINAL 5/8\", DIAMETRO EXTERNO = 34 MM, DIAMETRO DO FURO = 17 MM, ESPESSURA = *2,5* MM","Material",null,"UN",2,1.43,2.86]
["Insumo"," 00014153 ","SINAPI","FITA METALICA PERFURADA, L = *18* MM, ROLO DE 30 M, CARGA RECOMENDADA = *30* KGF","Material",null,"UN",0.06,57.68,3.4607999999999999]
[]
[null,"Código","Banco","Descrição","Tipo",null,"Und","Quant.","Valor Unit","Total"]
["Composição"," 5632 ","SINAPI","ESCAVADEIRA HIDRÁULICA SOBRE ESTEIRAS, CAÇAMBA 0,80 M3, PESO OPERACIONAL 17 T, POTENCIA BRUTA 111 HP - CHI DIURNO. AF_06/2014","Custos Horários Produtivo e Improdutivo dos Equipamentos",null,"CHI",1,88.47,88.47]
["Composição Auxiliar"," 88294 ","SINAPI","OPERADOR DE ESCAVADEIRA COM ENCARGOS COMPLEMENTARES","Livro SINAPI: Cálculos e Parâmetros",null,"H",1,28.475268799999998,28.475268799999998]
["Composição Auxiliar"," 5628 ","SINAPI","ESCAVADEIRA HIDRÁULICA SOBRE ESTEIRAS, CAÇAMBA 0,80 M3, PESO OPERACIONAL 17 T, POTENCIA BRUTA 111 HP - JUROS. AF_06/2014","Depreciação, Juros, Impostos e Seguros, Manutenção e Materiais na Operação dos Equipamentos",null,"H",1,12.541310579999999,12.541310599999999]
["Composição Auxiliar"," 5627 ","SINAPI","ESCAVADEIRA HIDRÁULICA SOBRE ESTEIRAS, CAÇAMBA 0,80 M3, PESO OPERACIONAL 17 T, POTENCIA BRUTA 111 HP - DEPRECIAÇÃO. AF_06/2014","Depreciação, Juros, Impostos e Seguros, Manutenção e Materiais na Operação dos Equipamentos",null,"H",1,47.453607599999998,47.453607599999998]
[]
[null,"Código","Banco","Descrição","Tipo",null,"Und","Quant.","Valor Unit","Total"]
["Composição"," 5631 ","SINAPI","ESCAVADEIRA HIDRÁULICA SOBRE ESTEIRAS, CAÇAMBA 0,80 M3, PESO OPERACIONAL 17 T, POTENCIA BRUTA 111 HP - CHP DIURNO. AF_06/2014","Custos Horários Produtivo e Improdutivo dos Equipamentos",null,"CHP",1,216.93,216.93]
["Composição Auxiliar"," 5630 ","SINAPI","ESCAVADEIRA HIDRÁULICA SOBRE ESTEIRAS, CAÇAMBA 0,80 M3, PESO OPERACIONAL 17 T, POTENCIA BRUTA 111 HP - MATERIAIS NA OPERAÇÃO. AF_06/2014","Depreciação, Juros, Impostos e Seguros, Manutenção e Materiais na Operação dos Equipamentos",null,"H",1,69.1434,69.1434]
["Composição Auxiliar"," 5627 ","SINAPI","ESCAVADEIRA HIDRÁULICA SOBRE ESTEIRAS, CAÇAMBA 0,80 M3, PESO OPERACIONAL 17 T, POTENCIA BRUTA 111 HP - DEPRECIAÇÃO. AF_06/2014","Depreciação, Juros, Impostos e Seguros, Manutenção e Materiais na Operação dos Equipamentos",null,"H",1,47.453607599999998,47.453607599999998]
["Composição Auxiliar"," 5629 ","SINAPI","ESCAVADEIRA HIDRÁULICA SOBRE ESTEIRAS, CAÇAMBA 0,80 M3, PESO OPERACIONAL 17 T, POTENCIA BRUTA 111 HP - MANUTENÇÃO. AF_06/2014","Depreciação, Juros, Impostos e Seguros, Manutenção e Materiais na Operação dos Equipamentos",null,"H",1,59.317009499999998,59.317009499999998]
["Composição Auxiliar"," 5628 ","SINAPI","ESCAVADEIRA HIDRÁULICA SOBRE ESTEIRAS, CAÇAMBA 0,80 M3, PESO OPERACIONAL 17 T, POTENCIA BRUTA 111 HP - JUROS. AF_06/2014","Depreciação, Juros, Impostos e Seguros, Manutenção e Materiais na Operação dos Equipamentos",null,"H",1,12.541310579999999,12.541310599999999]
["Composição Auxiliar"," 88294 ","SINAPI","OPERADOR DE ESCAVADEIRA COM ENCARGOS COMPLEMENTARES","Livro SINAPI: Cálculos e Parâmetros",null,"H",1,28.475268799999998,28.475268799999998]
[]
[null,"Código","Banco","Descrição","Tipo",null,"Und","Quant.","Valor Unit","Total"]
["Composição"," 5627 ","SINAPI","ESCAVADEIRA HIDRÁULICA SOBRE ESTEIRAS, CAÇAMBA 0,80 M3, PESO OPERACIONAL 17 T, POTENCIA BRUTA 111 HP - DEPRECIAÇÃO. AF_06/2014","Depreciação, Juros, Impostos e Seguros, Manutenção e Materiais na Operação dos Equipamentos",null,"H",1,47.45,47.45]
["Insumo"," 00010685 ","SINAPI","ESCAVADEIRA HIDRAULICA SOBRE ESTEIRAS, CACAMBA 0,80M3, PESO OPERACIONAL 17T, POTENCIA BRUTA 111HP","Equipamento para Aquisição Permanente",null,"UN",5.5999999999999999E-5,847385.85,47.453607599999998]
[]
[null,"Código","Banco","Descrição","Tipo",null,"Und","Quant.","Valor Unit","Total"]
["Composição"," 5628 ","SINAPI","ESCAVADEIRA HIDRÁULICA SOBRE ESTEIRAS, CAÇAMBA 0,80 M3, PESO OPERACIONAL 17 T, POTENCIA BRUTA 111 HP - JUROS. AF_06/2014","Depreciação, Juros, Impostos e Seguros, Manutenção e Materiais na Operação dos Equipamentos",null,"H",1,12.54,12.54]
["Insumo"," 00010685 ","SINAPI","ESCAVADEIRA HIDRAULICA SOBRE ESTEIRAS, CACAMBA 0,80M3, PESO OPERACIONAL 17T, POTENCIA BRUTA 111HP","Equipamento para Aquisição Permanente",null,"UN",1.4800000000000001E-5,847385.85,12.541310599999999]
[]
[null,"Código","Banco","Descrição","Tipo",null,"Und","Quant.","Valor Unit","Total"]
["Composição"," 5629 ","SINAPI","ESCAVADEIRA HIDRÁULICA SOBRE ESTEIRAS, CAÇAMBA 0,80 M3, PESO OPERACIONAL 17 T, POTENCIA BRUTA 111 HP - MANUTENÇÃO. AF_06/2014","Depreciação, Juros, Impostos e Seguros, Manutenção e Materiais na Operação dos Equipamentos",null,"H",1,59.31,59.31]
["Insumo"," 00010685 ","SINAPI","ESCAVADEIRA HIDRAULICA SOBRE ESTEIRAS, CACAMBA 0,80M3, PESO OPERACIONAL 17T, POTENCIA BRUTA 111HP","Equipamento para Aquisição Permanente",null,"UN",6.9999999999999994E-5,847385.85,59.317009499999998]
[]
[null,"Código","Banco","Descrição","Tipo",null,"Und","Quant.","Valor Unit","Total"]
["Composição"," 5630 ","SINAPI","ESCAVADEIRA HIDRÁULICA SOBRE ESTEIRAS, CAÇAMBA 0,80 M3, PESO OPERACIONAL 17 T, POTENCIA BRUTA 111 HP - MATERIAIS NA OPERAÇÃO. AF_06/2014","Depreciação, Juros, Impostos e Seguros, Manutenção e Materiais na Operação dos Equipamentos",null,"H",1,69.14,69.14]
["Insumo"," 00004221 ","SINAPI","OLEO DIESEL COMBUSTIVEL COMUM METROPOLITANO S-10 OU S-500","Material",null,"L",10.77,6.42,69.1434]
[]
[null,"Código","Banco","Descrição","Tipo",null,"Und","Quant.","Valor Unit","Total"]
["Composição"," 98462 ","SINAPI","ESTRUTURA DE MADEIRA PROVISÓRIA PARA SUPORTE DE CAIXA DÁGUA ELEVADA DE 3000 LITROS. AF_03/2024","Instalações para Canteiros de Obras",null,"UN",1,10505.33,10505.33]
["Composição Auxiliar"," 91693 ","SINAPI","SERRA CIRCULAR DE BANCADA COM MOTOR ELÉTRICO POTÊNCIA DE 5HP, COM COIFA PARA DISCO 10\" - CHI DIURNO. AF_08/2015","Custos Horários Produtivo e Improdutivo dos Equipamentos",null,"CHI",0.51229999999999998,37.738144767999998,19.333251600000001]
["Composição Auxiliar"," 88262 ","SINAPI","CARPINTEIRO DE FORMAS COM ENCARGOS COMPLEMENTARES","Livro SINAPI: Cálculos e Parâmetros",null,"H",63.392000000000003,25.926032800000002,1643.5030713000001]
["Composição Auxiliar"," 91692 ","SINAPI","SERRA CIRCULAR DE BANCADA COM MOTOR ELÉTRICO POTÊNCIA DE 5HP, COM COIFA PARA DISCO 10\" - CHP DIURNO. AF_08/2015","Custos Horários Produtivo e Improdutivo dos Equipamentos",null,"CHP",0.1275,39.168382768000001,4.9939688000000002]
["Composição Auxiliar"," 88239 ","SINAPI","AJUDANTE DE CARPINTEIRO COM ENCARGOS COMPLEMENTARES","Livro SINAPI: Cálculos e Parâmetros",null,"H",42.304000000000002,22.676418000000002,959.30318709999995]
["Insumo"," 00034492 ","SINAPI","CONCRETO USINADO BOMBEAVEL, CLASSE DE RESISTENCIA C20, COM BRITA 0 E 1, SLUMP = 100 +/- 20 MM, EXCLUI SERVICO DE BOMBEAMENTO (NBR 8953)","Material",null,"m³",1.474,820,1208.68]
["Insumo"," 00005061 ","SINAPI","PREGO DE ACO POLIDO COM CABECA 18 X 27 (2 1/2 X 10)","Material",null,"KG",1.871,16.440000000000001,30.759239999999998]
["Insumo"," 00001347 ","SINAPI","CHAPA/PAINEL DE MADEIRA COMPENSADA PLASTIFICADA (MADEIRITE PLASTIFICADO) PARA FORMA DE CONCRETO, DE 2200 X 1100 MM, E = 12 MM","Material",null,"m²",9.4499999999999993,76.040000000000006,718.57799999999997]
["Insumo"," 00004491 ","SINAPI","PONTALETE *7,5 X 7,5* CM EM PINUS, MISTA OU EQUIVALENTE DA REGIAO - BRUTA","Material",null,"M",48.84,10.050000000000001,490.84199999999998]
["Insumo"," 00006212 ","SINAPI","TABUA *2,5 X 30 CM EM PINUS, MISTA OU EQUIVALENTE DA REGIAO - BRUTA","Material",null,"M",123.72799999999999,16.670000000000002,2062.54576]
["Insumo"," 00002747 ","SINAPI","MOURAO ROLICO DE MADEIRA TRATADA, D = 16 A 20 CM, H = 2,20 M, EM EUCALIPTO OU EQUIVALENTE DA REGIAO (PARA CERCA)","Material",null,"M",105.6,30.09,3177.5039999999999]
["Insumo"," 00006194 ","SINAPI","TABUA *2,5 X 15 CM EM PINUS, MISTA OU EQUIVALENTE DA REGIAO - BRUTA","Material",null,"M",26.4,7.17,189.28800000000001]
[]
[null,"Código","Banco","Descrição","Tipo",null,"Und","Quant.","Valor Unit","Total"]
["Composição"," 10552 ","ORSE","Encargos Complementares - Eletricista","Provisórios",null,"h",1,3.81,3.81]
["Item","Código","Banco","Descrição","Tipo",null,"Und","Quant.","Valor Unit","Total"]
["Insumo"," 00012895/SINAPI ","ORSE","Capacete de seguranca aba frontal com suspensao de polietileno, sem jugular (classe b)","Material",null,"un",5.9999999999999995E-4,"13,50","0,01"]
["Insumo"," 10596 ","ORSE","Protetor auricular","Material",null,"un",4.4999999999999997E-3,"4,81","0,02"]
["Insumo"," 10579 ","ORSE","Chave de fenda chata 30 cm","Material",null,"un",2.0000000000000001E-4,"26,89","0,01"]
["Insumo"," 00012894/SINAPI ","ORSE","Capa para chuva em pvc com forro de poliester, com capuz (amarela ou azul)","Material",null,"un",2.0000000000000001E-4,"20,11","0,00"]
["Insumo"," 10517 ","ORSE","Exames admissionais/demissionais (checkup)","Serviços",null,"cj",4.0000000000000002E-4,"300,00","0,12"]
["Insumo"," 11241 ","ORSE","Alicate volt-amperimetro","Material",null,"un",2.0000000000000001E-4,"140,00","0,03"]
["Insumo"," 10761 ","ORSE","Refeição - café da manhã ( café com leite e dois pães com manteiga)","Serviços",null,"un",0.1018,"5,00","0,51"]
["Insumo"," 11240 ","ORSE","Alicate com isolamento","Material",null,"un",2.0000000000000001E-4,"47,69","0,01"]
["Insumo"," 1651 ","ORSE","Óculos branco proteção","Material",null,"pr",8.0000000000000004E-4,"6,00","0,00"]
["Insumo"," 10599 ","ORSE","Protetor solar fps 30 com 120ml","Material",null,"un",1.8E-3,"18,00","0,03"]
["Insumo"," 10492 ","ORSE","Cesta Básica","Material",null,"un",4.4999999999999997E-3,"205,00","0,92"]
["Insumo"," 941 ","ORSE","Fardamento com mangas curta","Material",null,"un",1.5E-3,"193,04","0,29"]
["Insumo"," 11242 ","ORSE","Chave inglesa 12\"","Material",null,"un",1E-4,"44,00","0,00"]
["Insumo"," 158 ","ORSE","Almoço (Participação do empregador)","Material",null,"un",0.1018,"14,00","1,43"]
["Insumo"," 00012893/SINAPI ","ORSE","Bota de seguranca com biqueira de aco e colarinho acolchoado","Material",null,"par",6.9999999999999999E-4,"73,93","0,05"]
["Insumo"," 2378 ","ORSE","Vale transporte","Material",null,"un",6.54E-2,"4,50","0,29"]
["Insumo"," 00012892/SINAPI ","ORSE","Luva raspa de couro, cano curto (punho *7* cm)","Material",null,"par",2.3E-3,"10,87","0,03"]
["Insumo"," 10362 ","ORSE","Seguro de vida e acidente em grupo","Serviços",null,"un",4.4999999999999997E-3,"12,54","0,06"]
["Detalhamento de Cálculo ORSE"]
["Item","Código","Banco","Descrição","Tipo",null,"Und","Quant.","Valor Unit","Total"]
["Insumo"," 00012895/SINAPI ","ORSE","Capacete de seguranca aba frontal com suspensao de polietileno, sem jugular (classe b)","Material",null,"un",5.9999999999999995E-4,"13,50","0,01"]
["Insumo"," 10596 ","ORSE","Protetor auricular","Material",null,"un",4.4999999999999997E-3,"4,81","0,02"]
["Insumo"," 10579 ","ORSE","Chave de fenda chata 30 cm","Material",null,"un",2.0000000000000001E-4,"26,89","0,01"]
["Insumo"," 00012894/SINAPI ","ORSE","Capa para chuva em pvc com forro de poliester, com capuz (amarela ou azul)","Material",null,"un",2.0000000000000001E-4,"20,11","0,00"]
["Insumo"," 10517 ","ORSE","Exames admissionais/demissionais (checkup)","Serviços",null,"cj",4.0000000000000002E-4,"300,00","0,12"]
["Insumo"," 11241 ","ORSE","Alicate volt-amperimetro","Material",null,"un",2.0000000000000001E-4,"140,00","0,03"]
["Insumo"," 10761 ","ORSE","Refeição - café da manhã ( café com leite e dois pães com manteiga)","Serviços",null,"un",0.1018,"5,00","0,51"]
["Insumo"," 11240 ","ORSE","Alicate com isolamento","Material",null,"un",2.0000000000000001E-4,"47,69","0,01"]
["Insumo"," 1651 ","ORSE","Óculos branco proteção","Material",null,"pr",8.0000000000000004E-4,"6,00","0,00"]
["Insumo"," 10599 ","ORSE","Protetor solar fps 30 com 120ml","Material",null,"un",1.8E-3,"18,00","0,03"]
["Insumo"," 10492 ","ORSE","Cesta Básica","Material",null,"un",4.4999999999999997E-3,"205,00","0,92"]
["Insumo"," 941 ","ORSE","Fardamento com mangas curta","Material",null,"un",1.5E-3,"193,04","0,29"]
["Insumo"," 11242 ","ORSE","Chave inglesa 12\"","Material",null,"un",1E-4,"44,00","0,00"]
["Insumo"," 158 ","ORSE","Almoço (Participação do empregador)","Material",null,"un",0.1018,"14,00","1,43"]
["Insumo"," 00012893/SINAPI ","ORSE","Bota de seguranca com biqueira de aco e colarinho acolchoado","Material",null,"par",6.9999999999999999E-4,"73,93","0,05"]
["Insumo"," 2378 ","ORSE","Vale transporte","Material",null,"un",6.54E-2,"4,50","0,29"]
["Insumo"," 00012892/SINAPI ","ORSE","Luva raspa de couro, cano curto (punho *7* cm)","Material",null,"par",2.3E-3,"10,87","0,03"]
["Insumo"," 10362 ","ORSE","Seguro de vida e acidente em grupo","Serviços",null,"un",4.4999999999999997E-3,"12,54","0,06"]
[]
[null,"Código","Banco","Descrição","Tipo",null,"Und","Quant.","Valor Unit","Total"]
["Composição"," 10549 ","ORSE","Encargos Complementares - Servente","Provisórios",null,"h",1,3.95,3.95]
["Item","Código","Banco","Descrição","Tipo",null,"Und","Quant.","Valor Unit","Total"]
["Insumo"," 2378 ","ORSE","Vale transporte","Material",null,"un",9.4100000000000003E-2,"4,50","0,42"]
["Insumo"," 158 ","ORSE","Almoço (Participação do empregador)","Material",null,"un",0.1018,"14,00","1,43"]
["Insumo"," 10362 ","ORSE","Seguro de vida e acidente em grupo","Serviços",null,"un",4.4999999999999997E-3,"12,54","0,06"]
["Insumo"," 4728 ","ORSE","Talhadeira chata 10\"","Material",null,"un",2.9999999999999997E-4,"18,58","0,01"]
["Insumo"," 4729 ","ORSE","Marreta 1 kg com cabo","Material",null,"un",1E-4,"37,80","0,00"]
["Insumo"," 00012895/SINAPI ","ORSE","Capacete de seguranca aba frontal com suspensao de polietileno, sem jugular (classe b)","Material",null,"un",5.9999999999999995E-4,"13,50","0,01"]
["Insumo"," 941 ","ORSE","Fardamento com mangas curta","Material",null,"un",1.5E-3,"193,04","0,29"]
["Insumo"," 10596 ","ORSE","Protetor auricular","Material",null,"un",4.4999999999999997E-3,"4,81","0,02"]
["Insumo"," 00012893/SINAPI ","ORSE","Bota de seguranca com biqueira de aco e colarinho acolchoado","Material",null,"par",8.0000000000000004E-4,"73,93","0,06"]
["Insumo"," 10517 ","ORSE","Exames admissionais/demissionais (checkup)","Serviços",null,"cj",4.0000000000000002E-4,"300,00","0,12"]
["Insumo"," 10788 ","ORSE","Pá quadrada","Material",null,"un",2.0000000000000001E-4,"36,90","0,01"]
["Insumo"," 00002711/SINAPI ","ORSE","Carrinho de mao, em aco, com capacidade de *45 a 65* l / *100* kg, pneu com camara","Material",null,"un",2.0000000000000001E-4,"185,00","0,04"]
["Insumo"," 1651 ","ORSE","Óculos branco proteção","Material",null,"pr",8.0000000000000004E-4,"6,00","0,00"]
["Insumo"," 00012894/SINAPI ","ORSE","Capa para chuva em pvc com forro de poliester, com capuz (amarela ou azul)","Material",null,"un",2.0000000000000001E-4,"20,11","0,00"]
["Insumo"," 10492 ","ORSE","Cesta Básica","Material",null,"un",4.4999999999999997E-3,"205,00","0,92"]
["Insumo"," 10599 ","ORSE","Protetor solar fps 30 com 120ml","Material",null,"un",1.8E-3,"18,00","0,03"]
["Insumo"," 10761 ","ORSE","Refeição - café da manhã ( café com leite e dois pães com manteiga)","Serviços",null,"un",0.1018,"5,00","0,51"]
["Insumo"," 00012892/SINAPI ","ORSE","Luva raspa de couro, cano curto (punho *7* cm)","Material",null,"par",2.3E-3,"10,87","0,03"]
["Detalhamento de Cálculo ORSE"]
["Item","Código","Banco","Descrição","Tipo",null,"Und","Quant.","Valor Unit","Total"]
["Insumo"," 2378 ","ORSE","Vale transporte","Material",null,"un",9.4100000000000003E-2,"4,50","0,42"]
["Insumo"," 158 ","ORSE","Almoço (Participação do empregador)","Material",null,"un",0.1018,"14,00","1,43"]
["Insumo"," 10362 ","ORSE","Seguro de vida e acidente em grupo","Serviços",null,"un",4.4999999999999997E-3,"12,54","0,06"]
["Insumo"," 4728 ","ORSE","Talhadeira chata 10\"","Material",null,"un",2.9999999999999997E-4,"18,58","0,01"]
["Insumo"," 4729 ","ORSE","Marreta 1 kg com cabo","Material",null,"un",1E-4,"37,80","0,00"]
["Insumo"," 00012895/SINAPI ","ORSE","Capacete de seguranca aba frontal com suspensao de polietileno, sem jugular (classe b)","Material",null,"un",5.9999999999999995E-4,"13,50","0,01"]
["Insumo"," 941 ","ORSE","Fardamento com mangas curta","Material",null,"un",1.5E-3,"193,04","0,29"]
["Insumo"," 10596 ","ORSE","Protetor auricular","Material",null,"un",4.4999999999999997E-3,"4,81","0,02"]
["Insumo"," 00012893/SINAPI ","ORSE","Bota de seguranca com biqueira de aco e colarinho acolchoado","Material",null,"par",8.0000000000000004E-4,"73,93","0,06"]
["Insumo"," 10517 ","ORSE","Exames admissionais/demissionais (checkup)","Serviços",null,"cj",4.0000000000000002E-4,"300,00","0,12"]
["Insumo"," 10788 ","ORSE","Pá quadrada","Material",null,"un",2.0000000000000001E-4,"36,90","0,01"]
["Insumo"," 00002711/SINAPI ","ORSE","Carrinho de mao, em aco, com capacidade de *45 a 65* l / *100* kg, pneu com camara","Material",null,"un",2.0000000000000001E-4,"185,00","0,04"]
["Insumo"," 1651 ","ORSE","Óculos branco proteção","Material",null,"pr",8.0000000000000004E-4,"6,00","0,00"]
["Insumo"," 00012894/SINAPI ","ORSE","Capa para chuva em pvc com forro de poliester, com capuz (amarela ou azul)","Material",null,"un",2.0000000000000001E-4,"20,11","0,00"]
["Insumo"," 10492 ","ORSE","Cesta Básica","Material",null,"un",4.4999999999999997E-3,"205,00","0,92"]
["Insumo"," 10599 ","ORSE","Protetor solar fps 30 com 120ml","Material",null,"un",1.8E-3,"18,00","0,03"]
["Insumo"," 10761 ","ORSE","Refeição - café da manhã ( café com leite e dois pães com manteiga)","Serviços",null,"un",0.1018,"5,00","0,51"]
["Insumo"," 00012892/SINAPI ","ORSE","Luva raspa de couro, cano curto (punho *7* cm)","Material",null,"par",2.3E-3,"10,87","0,03"]
[]
[null,"Código","Banco","Descrição","Tipo",null,"Und","Quant.","Valor Unit","Total"]
["Composição"," 4805750 ","SICRO3","Escavação manual em material de 1ª categoria na profundidade de até 1 m","",null,"m³",1,49.89,49.89]
["B","Código","Banco","Mão de Obra","Quantidade","Custo Horário",null,null,null,"Custo Horário Total"]
["Insumo"," P9824 ","SICRO3","Servente",1,null,null,null,"23,241200000000000000000000000000","23,241200000000000000000000000000"]
[{"$nulls":5},"Adicional de Mão de obra (%)",null,null,null,0]
[{"$nulls":5},"Custo horário total de mão de obra",null,null,null,23.241199999999999]
[{"$nulls":5},"Custo horário total de execução",null,null,null,23.241199999999999]
[{"$nulls":5},"Produção de equipe",null,null,null,0.5]
[{"$nulls":5},"Custo unitário de execução",null,null,null,46.482399999999998]
[{"$nulls":5},"Custo do FIC",null,null,null,3.4034]
["F","Momento de Transporte","Banco","Descrição","Quantidade","Distância Média de Transporte (DMT)",null,null,null,"Custo Horário"]
[{"$nulls":5},"LN","RP","P","FE"]
[{"$nulls":5},"Custo do FIT",null,null,null,0]
[{"$nulls":5},"Custo total de transporte",null,null,null,0]
[]
[null,"Código","Banco","Descrição","Tipo",null,"Und","Quant.","Valor Unit","Total"]
["Composição"," 2105605 ","SICRO3","Escoramento para corpo de bueiros celulares - utilização de 3 vezes - confecção, instalação e retirada","",null,"m³",1,63.77,63.77]
["A","Código","Banco","Equipamentos","Quantidade","Utilização",null,"Custo Horário",null,"Custo Horário Total"]
[{"$nulls":5},"Operativa","Improdutiva","Operativa","Improdutiva"]
["Insumo"," E9535 ","SICRO3","Serra circular com bancada - D = 30 cm - 4 kW",6.9970000000000004E-2,1,0,31.377199999999998,30.9909,2.1955]
["Insumo"," E9066 ","SICRO3","Grupo gerador - 14 kVA",6.9970000000000004E-2,1,0,20.908999999999999,6.1722000000000001,1.4630000000000001]
[{"$nulls":5},"Custo horário total de equipamentos",null,null,null,3.6585000000000001]
["B","Código","Banco","Mão de Obra","Quantidade","Custo Horário",null,null,null,"Custo Horário Total"]
["Insumo"," P9801 ","SICRO3","Ajudante",0.5,null,null,null,"23,766800000000000000000000000000","11,883400000000000000000000000000"]
["Insumo"," P9808 ","SICRO3","Carpinteiro",0.5,null,null,null,"29,936000000000000000000000000000","14,968000000000000000000000000000"]
[{"$nulls":5},"Adicional de Mão de obra (%)",null,null,null,0]
[{"$nulls":5},"Custo horário total de mão de obra",null,null,null,26.851400000000002]
[{"$nulls":5},"Custo horário total de execução",null,null,null,30.509899999999998]
[{"$nulls":5},"Produção de equipe",null,null,null,1]
[{"$nulls":5},"Custo unitário de execução",null,null,null,30.509899999999998]
[{"$nulls":5},"Custo do FIC",null,null,null,0]
["C","Código","Banco","MATERIAL","Quantidade","Unidade","Preço Unitário",null,null,"Custo Horário"]
["Insumo"," M0289 ","SICRO3","Tábua - E = 2,5 cm e L = 15 cm",0.30399999999999999,"m","8,796100000000000000000000000000",null,null,"2,674000000000000000000000000000"]
["Insumo"," M0284 ","SICRO3","Caibro de pinho - L = 7,5 cm e E = 7,5 cm",0.64680000000000004,"m","10,110000000000000000000000000000",null,null,"6,539100000000000000000000000000"]
["Insumo"," M0290 ","SICRO3","Tábua - E = 2,5 cm e L = 10 cm",2.7734800000000002,"m","5,864100000000000000000000000000",null,null,"16,264000000000000000000000000000"]
["Insumo"," M0286 ","SICRO3","Tábua - E = 2,5 cm e L = 30 cm",6.4680000000000001E-2,"m","17,592200000000000000000000000000",null,null,"1,137900000000000000000000000000"]
["Insumo"," M0285 ","SICRO3","Pontalete para escoramento - D = 15 cm",0.10780000000000001,"m","5,700500000000000000000000000000",null,null,"0,614500000000000000000000000000"]
["Insumo"," M1205 ","SICRO3","Prego de ferro",0.31957000000000002,"kg","16,261900000000000000000000000000",null,null,"5,196800000000000000000000000000"]
[{"$nulls":5},"Custo unitário total de material",null,null,null,32.426299999999998]
["E","Tempo Fixo","Banco","Descrição","Carga","Quantidade","Unidade","Preço Unitário",null,"Custo Horário"]
["Composição"," 5914655 ","SICRO3","Carga, manobra e descarga de materiais diversos em caminhão carroceria de 15 t - carga e descarga manuais","M1205",3.2000000000000003E-4,"t",35.75,null,1.14E-2]
["Composição"," 5914655 ","SICRO3","Carga, manobra e descarga de materiais diversos em caminhão carroceria de 15 t - carga e descarga manuais","M0285",1.9E-3,"t",35.75,null,6.7900000000000002E-2]
["Composição"," 5914655 ","SICRO3","Carga, manobra e descarga de materiais diversos em caminhão carroceria de 15 t - carga e descarga manuais","M0286",4.8999999999999998E-4,"t",35.75,null,1.7500000000000002E-2]
["Composição"," 5914655 ","SICRO3","Carga, manobra e descarga de materiais diversos em caminhão carroceria de 15 t - carga e descarga manuais","M0284",3.64E-3,"t",35.75,null,0.13009999999999999]
["Composição"," 5914655 ","SICRO3","Carga, manobra e descarga de materiais diversos em caminhão carroceria de 15 t - carga e descarga manuais","M0290",6.9300000000000004E-3,"t",35.75,null,0.2477]
["Composição"," 5914655 ","SICRO3","Carga, manobra e descarga de materiais diversos em caminhão carroceria de 15 t - carga e descarga manuais","M0289",1.14E-3,"t",35.75,null,4.0800000000000003E-2]
[{"$nulls":5},"Custo Total dos Tempos Fixos",null,null,null,0.51539999999999997]
["F","Momento de Transporte","Banco","Descrição","Quantidade","Distância Média de Transporte (DMT)",null,null,null,"Custo Horário"]
[{"$nulls":5},"LN","RP","P","FE"]
["Insumo","M0289","SICRO3","Tábua - E = 2,5 cm e L = 15 cm",1.14E-3,"5914449\n0,00\n1,12\n0,0000","5914464\n0,00\n0,90\n0,0000","5914479\n30,10\n0,73\n21,9730","--",2.5000000000000001E-2]
["Insumo","M0290","SICRO3","Tábua - E = 2,5 cm e L = 10 cm",6.9300000000000004E-3,"5914449\n0,00\n1,12\n0,0000","5914464\n0,00\n0,90\n0,0000","5914479\n30,10\n0,73\n21,9730","--",0.15229999999999999]
["Insumo","M0284","SICRO3","Caibro de pinho - L = 7,5 cm e E = 7,5 cm",3.64E-3,"5914449\n0,00\n1,12\n0,0000","5914464\n0,00\n0,90\n0,0000","5914479\n30,10\n0,73\n21,9730","--",0.08]
["Insumo","M0286","SICRO3","Tábua - E = 2,5 cm e L = 30 cm",4.8999999999999998E-4,"5914449\n0,00\n1,12\n0,0000","5914464\n0,00\n0,90\n0,0000","5914479\n30,10\n0,73\n21,9730","--",1.0800000000000001E-2]
["Insumo","M1205","SICRO3","Prego de ferro",3.2000000000000003E-4,"5914449\n0,00\n1,12\n0,0000","5914464\n0,00\n0,90\n0,0000","5914479\n30,10\n0,73\n21,9730","--",7.0000000000000001E-3]
["Insumo","M0285","SICRO3","Pontalete para escoramento - D = 15 cm",1.9E-3,"5914449\n0,00\n1,12\n0,0000","5914464\n0,00\n0,90\n0,0000","5914479\n30,10\n0,73\n21,9730","--",4.1700000000000001E-2]
[{"$nulls":5},"Custo do FIT",null,null,null,0]
[{"$nulls":5},"Custo total de transporte",null,null,null,0.31685069999999999]
[]
[null,"Código","Banco","Descrição","Tipo",null,"Und","Quant.","Valor Unit","Total"]
["Composição"," 96486 ","SINAPI","FORRO EM RÉGUAS DE PVC, LISO, PARA AMBIENTES COMERCIAIS, INCLUSIVE ESTRUTURA BIDIRECIONAL DE FIXAÇÃO. AF_08/2023_PS","Forros",null,"m²",1,86.93,86.93]
["Composição Auxiliar"," 88278 ","SINAPI","MONTADOR DE ESTRUTURAS METÁLICAS COM ENCARGOS COMPLEMENTARES","Livro SINAPI: Cálculos e Parâmetros",null,"H",0.6,24.965225,14.979134999999999]
["Insumo"," 00043131 ","SINAPI","ARAME GALVANIZADO 6 BWG, D = 5,16 MM (0,157 KG/M), OU 8 BWG, D = 4,19 MM (0,101 KG/M), OU 10 BWG, D = 3,40 MM (0,0713 KG/M)","Material",null,"KG",3.6999999999999998E-2,29.74,1.1003799999999999]
["Insumo"," 00039443 ","SINAPI","PARAFUSO DRY WALL, EM ACO ZINCADO, CABECA LENTILHA E PONTA BROCA (LB), LARGURA 4,2 MM, COMPRIMENTO 13 MM","Material",null,"UN",2.2134,0.32,0.70828800000000003]
["Insumo"," 00036225 ","SINAPI","FORRO DE PVC LISO, BRANCO, REGUA DE 20 CM, ESPESSURA APROXIMADA DE 8 MM, COMPRIMENTO 6 M (SEM COLOCACAO)","Material",null,"m²",1.0363,40.15,41.607444999999998]
["Insumo"," 00039427 ","SINAPI","PERFIL CANALETA, FORMATO C, EM ACO ZINCADO, PARA ESTRUTURA FORRO DRYWALL, E = 0,5 MM, *46 X 18* (L X H), COMPRIMENTO 3 M","Material",null,"M",3.5470000000000002,6.48,22.984559999999998]
["Insumo"," 00039430 ","SINAPI","PENDURAL OU PRESILHA REGULADORA, EM ACO GALVANIZADO, COM CORPO, MOLA E REBITE, PARA PERFIL TIPO CANALETA DE ESTRUTURA EM FORROS DRYWALL","Material",null,"UN",1.2266999999999999,2.44,2.9931480000000001]
["Insumo"," 00040547 ","SINAPI","PARAFUSO ZINCADO, AUTOBROCANTE, FLANGEADO, 4,2 MM X 19 MM","Material",null,"CENTO",1.23E-2,36.61,0.45030300000000001]
["Insumo"," 00040552 ","SINAPI","PARAFUSO, AUTOATARRAXANTE, CABECA CHATA, FENDA SIMPLES, EM ACO ZINCADO, 1/4\" (6,35 MM) X 25 MM","Material",null,"CENTO",3.3599999999999998E-2,62.77,2.1090719999999998]
[]
[null,"Código","Banco","Descrição","Tipo",null,"Und","Quant.","Valor Unit","Total"]
["Composição"," 3716133 ","SICRO3","Fabricação de mourão de concreto esticador - seção triangular de 15 cm - areia e brita comercias","",null,"un",1,39.479999999999997,39.479999999999997]
["A","Código","Banco","Equipamentos","Quantidade","Utilização",null,"Custo Horário",null,"Custo Horário Total"]
[{"$nulls":5},"Operativa","Improdutiva","Operativa","Improdutiva"]
["Insumo"," E9719 ","SICRO3","Talha manual com capacidade de 3 t",1,1,0,1.3853,0.91400000000000003,1.3853]
["Insumo"," E9703 ","SICRO3","Fábrica de pré-moldado de concreto para mourão - 2,20 kW",1,1,0,3.7105000000000001,2.2490999999999999,3.7105000000000001]
["Insumo"," E9764 ","SICRO3","Grupo gerador - 7,2 kVA",1,1,0,11.244999999999999,0.78520000000000001,11.244999999999999]
["Insumo"," E9011 ","SICRO3","Carro manual modelo plataforma de 200 x 80 cm com capacidade de 800 kg",2,1,0,0.57599999999999996,0.38500000000000001,1.1519999999999999]
[{"$nulls":5},"Custo horário total de equipamentos",null,null,null,17.492799999999999]
["B","Código","Banco","Mão de Obra","Quantidade","Custo Horário",null,null,null,"Custo Horário Total"]
["Insumo"," P9824 ","SICRO3","Servente",4,null,null,null,"23,241200000000000000000000000000","92,964800000000000000000000000000"]
[{"$nulls":5},"Adicional de Mão de obra (%)",null,null,null,0]
[{"$nulls":5},"Custo horário total de mão de obra",null,null,null,92.964799999999997]
[{"$nulls":5},"Custo horário total de execução",null,null,null,110.4576]
[{"$nulls":5},"Produção de equipe",null,null,null,179.1]
[{"$nulls":5},"Custo unitário de execução",null,null,null,0.61670000000000003]
[{"$nulls":5},"Custo do FIC",null,null,null,3.3300000000000003E-2]
["D","Código","Banco","ATIVIDADES AUXILIARES","Quantidade","Unidade","Preço Unitário",null,null,"Custo Horário"]
["Composição"," 1116127 ","SICRO3","Concreto fck = 25 MPa para pré-moldados (mourões) - confecção em betoneira e lançamento manual - areia e brita comerciais",2.145E-2,"m³","903,820000000000000000000000000000",null,null,"19,386900000000000000000000000000"]
["Composição"," 0407820 ","SICRO3","Armação em aço CA-60 - fornecimento, preparo e colocação",1.36904,"kg","14,200000000000000000000000000000",null,null,"19,440400000000000000000000000000"]
[{"$nulls":5},"Custo total de atividades auxiliares",null,null,null,38.827300000000001]
["F","Momento de Transporte","Banco","Descrição","Quantidade","Distância Média de Transporte (DMT)",null,null,null,"Custo Horário"]
[{"$nulls":5},"LN","RP","P","FE"]
[{"$nulls":5},"Custo do FIT",null,null,null,0]
[{"$nulls":5},"Custo total de transporte",null,null,null,0]
[]
[null,"Código","Banco","Descrição","Tipo",null,"Und","Quant.","Valor Unit","Total"]
["Composição"," 3716135 ","SICRO3","Fabricação de mourão de concreto suporte - seção triangular de 11 cm - areia e brita comerciais","",null,"un",1,25.88,25.88]
["A","Código","Banco","Equipamentos","Quantidade","Utilização",null,"Custo Horário",null,"Custo Horário Total"]
[{"$nulls":5},"Operativa","Improdutiva","Operativa","Improdutiva"]
["Insumo"," E9719 ","SICRO3","Talha manual com capacidade de 3 t",1,1,0,1.3853,0.91400000000000003,1.3853]
["Insumo"," E9764 ","SICRO3","Grupo gerador - 7,2 kVA",1,1,0,11.244999999999999,0.78520000000000001,11.244999999999999]
["Insumo"," E9011 ","SICRO3","Carro manual modelo plataforma de 200 x 80 cm com capacidade de 800 kg",2,1,0,0.57599999999999996,0.38500000000000001,1.1519999999999999]
["Insumo"," E9703 ","SICRO3","Fábrica de pré-moldado de concreto para mourão - 2,20 kW",1,1,0,3.7105000000000001,2.2490999999999999,3.7105000000000001]
[{"$nulls":5},"Custo horário total de equipamentos",null,null,null,17.492799999999999]
["B","Código","Banco","Mão de Obra","Quantidade","Custo Horário",null,null,null,"Custo Horário Total"]
["Insumo"," P9824 ","SICRO3","Servente",4,null,null,null,"23,241200000000000000000000000000","92,964800000000000000000000000000"]
[{"$nulls":5},"Adicional de Mão de obra (%)",null,null,null,0]
[{"$nulls":5},"Custo horário total de mão de obra",null,null,null,92.964799999999997]
[{"$nulls":5},"Custo horário total de execução",null,null,null,110.4576]
[{"$nulls":5},"Produção de equipe",null,null,null,348.92]
[{"$nulls":5},"Custo unitário de execução",null,null,null,0.31659999999999999]
[{"$nulls":5},"Custo do FIC",null,null,null,1.7100000000000001E-2]
["D","Código","Banco","ATIVIDADES AUXILIARES","Quantidade","Unidade","Preço Unitário",null,null,"Custo Horário"]
["Composição"," 0407820 ","SICRO3","Armação em aço CA-60 - fornecimento, preparo e colocação",1.0987199999999999,"kg","14,200000000000000000000000000000",null,null,"15,601800000000000000000000000000"]
["Composição"," 1116127 ","SICRO3","Concreto fck = 25 MPa para pré-moldados (mourões) - confecção em betoneira e lançamento manual - areia e brita comerciais",1.0999999999999999E-2,"m³","903,820000000000000000000000000000",null,null,"9,942000000000000000000000000000"]
[{"$nulls":5},"Custo total de atividades auxiliares",null,null,null,25.543800000000001]
["F","Momento de Transporte","Banco","Descrição","Quantidade","Distância Média de Transporte (DMT)",null,null,null,"Custo Horário"]
[{"$nulls":5},"LN","RP","P","FE"]
[{"$nulls":5},"Custo do FIT",null,null,null,0]
[{"$nulls":5},"Custo total de transporte",null,null,null,0]
[]
[null,"Código","Banco","Descrição","Tipo",null,"Und","Quant.","Valor Unit","Total"]
["Composição"," 3108005 ","SICRO3","Fôrmas de compensado resinado 14 mm - uso geral - utilização de 3 vezes - confecção, instalação e retirada","",null,"m²",1,83.9,83.9]
["A","Código","Banco","Equipamentos","Quantidade","Utilização",null,"Custo Horário",null,"Custo Horário Total"]
[{"$nulls":5},"Operativa","Improdutiva","Operativa","Improdutiva"]
["Insumo"," E9535 ","SICRO3","Serra circular com bancada - D = 30 cm - 4 kW",4.0160000000000001E-2,1,0,31.377199999999998,30.9909,1.2601]
["Insumo"," E9066 ","SICRO3","Grupo gerador - 14 kVA",4.0160000000000001E-2,1,0,20.908999999999999,6.1722000000000001,0.8397]
[{"$nulls":5},"Custo horário total de equipamentos",null,null,null,2.0998000000000001]
["B","Código","Banco","Mão de Obra","Quantidade","Custo Horário",null,null,null,"Custo Horário Total"]
["Insumo"," P9808 ","SICRO3","Carpinteiro",0.7,null,null,null,"29,936000000000000000000000000000","20,955200000000000000000000000000"]
["Insumo"," P9801 ","SICRO3","Ajudante",0.7,null,null,null,"23,766800000000000000000000000000","16,636800000000000000000000000000"]
[{"$nulls":5},"Adicional de Mão de obra (%)",null,null,null,0]
[{"$nulls":5},"Custo horário total de mão de obra",null,null,null,37.591999999999999]
[{"$nulls":5},"Custo horário total de execução",null,null,null,39.691800000000001]
[{"$nulls":5},"Produção de equipe",null,null,null,1]
[{"$nulls":5},"Custo unitário de execução",null,null,null,39.691800000000001]
[{"$nulls":5},"Custo do FIC",null,null,null,0]
["C","Código","Banco","MATERIAL","Quantidade","Unidade","Preço Unitário",null,null,"Custo Horário"]
["Insumo"," M1205 ","SICRO3","Prego de ferro",0.20394999999999999,"kg","16,261900000000000000000000000000",null,null,"3,316600000000000000000000000000"]
["Insumo"," M0560 ","SICRO3","Desmoldante para fôrmas de madeira",1.8519999999999998E-2,"l","12,871500000000000000000000000000",null,null,"0,238400000000000000000000000000"]
["Insumo"," M0286 ","SICRO3","Tábua - E = 2,5 cm e L = 30 cm",0.35937999999999998,"m","17,592200000000000000000000000000",null,null,"6,322300000000000000000000000000"]
["Insumo"," M0290 ","SICRO3","Tábua - E = 2,5 cm e L = 10 cm",2.0900300000000001,"m","5,864100000000000000000000000000",null,null,"12,256100000000000000000000000000"]
["Insumo"," M0310 ","SICRO3","Peça de madeira - L = 7,5 cm e E = 2,5 cm",0.19908000000000001,"m","3,370000000000000000000000000000",null,null,"0,670900000000000000000000000000"]
["Insumo"," M0448 ","SICRO3","Compensado resinado - E = 14 mm",0.40429999999999999,"m²","39,333200000000000000000000000000",null,null,"15,902400000000000000000000000000"]
["Insumo"," M0284 ","SICRO3","Caibro de pinho - L = 7,5 cm e E = 7,5 cm",0.44922000000000001,"m","10,110000000000000000000000000000",null,null,"4,541600000000000000000000000000"]
[{"$nulls":5},"Custo unitário total de material",null,null,null,43.2483]
["E","Tempo Fixo","Banco","Descrição","Carga","Quantidade","Unidade","Preço Unitário",null,"Custo Horário"]
["Composição"," 5914655 ","SICRO3","Carga, manobra e descarga de materiais diversos em caminhão carroceria de 15 t - carga e descarga manuais","M0286",2.7000000000000001E-3,"t",35.75,null,9.6500000000000002E-2]
["Composição"," 5914655 ","SICRO3","Carga, manobra e descarga de materiais diversos em caminhão carroceria de 15 t - carga e descarga manuais","M0560",2.0000000000000002E-5,"t",35.75,null,6.9999999999999999E-4]
["Composição"," 5914655 ","SICRO3","Carga, manobra e descarga de materiais diversos em caminhão carroceria de 15 t - carga e descarga manuais","M0310",3.6999999999999999E-4,"t",35.75,null,1.32E-2]
["Composição"," 5914655 ","SICRO3","Carga, manobra e descarga de materiais diversos em caminhão carroceria de 15 t - carga e descarga manuais","M0290",5.2300000000000003E-3,"t",35.75,null,0.187]
["Composição"," 5914655 ","SICRO3","Carga, manobra e descarga de materiais diversos em caminhão carroceria de 15 t - carga e descarga manuais","M0448",5.6600000000000001E-3,"t",35.75,null,0.20230000000000001]
["Composição"," 5914655 ","SICRO3","Carga, manobra e descarga de materiais diversos em caminhão carroceria de 15 t - carga e descarga manuais","M1205",2.0000000000000001E-4,"t",35.75,null,7.1999999999999998E-3]
["Composição"," 5914655 ","SICRO3","Carga, manobra e descarga de materiais diversos em caminhão carroceria de 15 t - carga e descarga manuais","M0284",2.5300000000000001E-3,"t",35.75,null,9.0399999999999994E-2]
[{"$nulls":5},"Custo Total dos Tempos Fixos",null,null,null,0.59730000000000005]
["F","Momento de Transporte","Banco","Descrição","Quantidade","Distância Média de Transporte (DMT)",null,null,null,"Custo Horário"]
[{"$nulls":5},"LN","RP","P","FE"]
["Insumo","M0448","SICRO3","Compensado resinado - E = 14 mm",5.6600000000000001E-3,"5914449\n0,00\n1,12\n0,0000","5914464\n0,00\n0,90\n0,0000","5914479\n30,10\n0,73\n21,9730","--",0.1244]
["Insumo","M0310","SICRO3","Peça de madeira - L = 7,5 cm e E = 2,5 cm",3.6999999999999999E-4,"5914449\n0,00\n1,12\n0,0000","5914464\n0,00\n0,90\n0,0000","5914479\n30,10\n0,73\n21,9730","--",8.0999999999999996E-3]
["Insumo","M1205","SICRO3","Prego de ferro",2.0000000000000001E-4,"5914449\n0,00\n1,12\n0,0000","5914464\n0,00\n0,90\n0,0000","5914479\n30,10\n0,73\n21,9730","--",4.4000000000000003E-3]
["Insumo","M0290","SICRO3","Tábua - E = 2,5 cm e L = 10 cm",5.2300000000000003E-3,"5914449\n0,00\n1,12\n0,0000","5914464\n0,00\n0,90\n0,0000","5914479\n30,10\n0,73\n21,9730","--",0.1149]
["Insumo","M0560","SICRO3","Desmoldante para fôrmas de madeira",2.0000000000000002E-5,"5914449\n0,00\n1,12\n0,0000","5914464\n0,00\n0,90\n0,0000","5914479\n30,10\n0,73\n21,9730","--",4.0000000000000002E-4]
["Insumo","M0286","SICRO3","Tábua - E = 2,5 cm e L = 30 cm",2.7000000000000001E-3,"5914449\n0,00\n1,12\n0,0000","5914464\n0,00\n0,90\n0,0000","5914479\n30,10\n0,73\n21,9730","--",5.9299999999999999E-2]
["Insumo","M0284","SICRO3","Caibro de pinho - L = 7,5 cm e E = 7,5 cm",2.5300000000000001E-3,"5914449\n0,00\n1,12\n0,0000","5914464\n0,00\n0,90\n0,0000","5914479\n30,10\n0,73\n21,9730","--",5.5599999999999997E-2]
[{"$nulls":5},"Custo do FIT",null,null,null,0]
[{"$nulls":5},"Custo total de transporte",null,null,null,0.36716880000000002]
[]
[null,"Código","Banco","Descrição","Tipo",null,"Und","Quant.","Valor Unit","Total"]
["Composição"," 3103302 ","SICRO3","Fôrmas de tábuas de pinho para dispositivos de drenagem - utilização de 3 vezes - confecção, instalação e retirada","",null,"m²",1,85.45,85.45]
["A","Código","Banco","Equipamentos","Quantidade","Utilização",null,"Custo Horário",null,"Custo Horário Total"]
[{"$nulls":5},"Operativa","Improdutiva","Operativa","Improdutiva"]
["Insumo"," E9535 ","SICRO3","Serra circular com bancada - D = 30 cm - 4 kW",9.3719999999999998E-2,1,0,31.377199999999998,30.9909,2.9407000000000001]
["Insumo"," E9066 ","SICRO3","Grupo gerador - 14 kVA",9.3719999999999998E-2,1,0,20.908999999999999,6.1722000000000001,1.9596]
[{"$nulls":5},"Custo horário total de equipamentos",null,null,null,4.9002999999999997]
["B","Código","Banco","Mão de Obra","Quantidade","Custo Horário",null,null,null,"Custo Horário Total"]
["Insumo"," P9808 ","SICRO3","Carpinteiro",0.9,null,null,null,"29,936000000000000000000000000000","26,942400000000000000000000000000"]
["Insumo"," P9801 ","SICRO3","Ajudante",0.9,null,null,null,"23,766800000000000000000000000000","21,390100000000000000000000000000"]
[{"$nulls":5},"Adicional de Mão de obra (%)",null,null,null,0]
[{"$nulls":5},"Custo horário total de mão de obra",null,null,null,48.332500000000003]
[{"$nulls":5},"Custo horário total de execução",null,null,null,53.232799999999997]
[{"$nulls":5},"Produção de equipe",null,null,null,1]
[{"$nulls":5},"Custo unitário de execução",null,null,null,53.232799999999997]
[{"$nulls":5},"Custo do FIC",null,null,null,0]
["C","Código","Banco","MATERIAL","Quantidade","Unidade","Preço Unitário",null,null,"Custo Horário"]
["Insumo"," M1429 ","SICRO3","Tábua de pinho de terceira - E = 2,5 cm",0.40429999999999999,"m²","58,640800000000000000000000000000",null,null,"23,708500000000000000000000000000"]
["Insumo"," M0290 ","SICRO3","Tábua - E = 2,5 cm e L = 10 cm",1.21489,"m","5,864100000000000000000000000000",null,null,"7,124200000000000000000000000000"]
["Insumo"," M1205 ","SICRO3","Prego de ferro",2.3650000000000001E-2,"kg","16,261900000000000000000000000000",null,null,"0,384600000000000000000000000000"]
["Insumo"," M0560 ","SICRO3","Desmoldante para fôrmas de madeira",1.8519999999999998E-2,"l","12,871500000000000000000000000000",null,null,"0,238400000000000000000000000000"]
[{"$nulls":5},"Custo unitário total de material",null,null,null,31.4557]
["E","Tempo Fixo","Banco","Descrição","Carga","Quantidade","Unidade","Preço Unitário",null,"Custo Horário"]
["Composição"," 5914655 ","SICRO3","Carga, manobra e descarga de materiais diversos em caminhão carroceria de 15 t - carga e descarga manuais","M1205",2.0000000000000002E-5,"t",35.75,null,6.9999999999999999E-4]
["Composição"," 5914655 ","SICRO3","Carga, manobra e descarga de materiais diversos em caminhão carroceria de 15 t - carga e descarga manuais","M0560",2.0000000000000002E-5,"t",35.75,null,6.9999999999999999E-4]
["Composição"," 5914655 ","SICRO3","Carga, manobra e descarga de materiais diversos em caminhão carroceria de 15 t - carga e descarga manuais","M1429",1.0109999999999999E-2,"t",35.75,null,0.3614]
["Composição"," 5914655 ","SICRO3","Carga, manobra e descarga de materiais diversos em caminhão carroceria de 15 t - carga e descarga manuais","M0290",3.0400000000000002E-3,"t",35.75,null,0.1087]
[{"$nulls":5},"Custo Total dos Tempos Fixos",null,null,null,0.47149999999999997]
["F","Momento de Transporte","Banco","Descrição","Quantidade","Distância Média de Transporte (DMT)",null,null,null,"Custo Horário"]
[{"$nulls":5},"LN","RP","P","FE"]
["Insumo","M1205","SICRO3","Prego de ferro",2.0000000000000002E-5,"5914449\n0,00\n1,12\n0,0000","5914464\n0,00\n0,90\n0,0000","5914479\n30,10\n0,73\n21,9730","--",4.0000000000000002E-4]
["Insumo","M0560","SICRO3","Desmoldante para fôrmas de madeira",2.0000000000000002E-5,"5914449\n0,00\n1,12\n0,0000","5914464\n0,00\n0,90\n0,0000","5914479\n30,10\n0,73\n21,9730","--",4.0000000000000002E-4]
["Insumo","M0290","SICRO3","Tábua - E = 2,5 cm e L = 10 cm",3.0400000000000002E-3,"5914449\n0,00\n1,12\n0,0000","5914464\n0,00\n0,90\n0,0000","5914479\n30,10\n0,73\n21,9730","--",6.6799999999999998E-2]
["Insumo","M1429","SICRO3","Tábua de pinho de terceira - E = 2,5 cm",1.0109999999999999E-2,"5914449\n0,00\n1,12\n0,0000","5914464\n0,00\n0,90\n0,0000","5914479\n30,10\n0,73\n21,9730","--",0.22209999999999999]
[{"$nulls":5},"Custo do FIT",null,null,null,0]
[{"$nulls":5},"Custo total de transporte",null,null,null,0.28982390000000002]
[]
[null,"Código","Banco","Descrição","Tipo",null,"Und","Quant.","Valor Unit","Total"]
["Composição"," 90279 ","SINAPI","GRAUTE FGK=20 MPA; TRAÇO 1:0,04:1,8:2,1 (EM MASSA SECA DE CIMENTO/ CAL/ AREIA GROSSA/ BRITA 0) - PREPARO MECÂNICO COM BETONEIRA 400 L. AF_09/2021","Graute e Armação",null,"m³",1,881.76,881.76]
["Composição Auxiliar"," 88316 ","SINAPI","SERVENTE COM ENCARGOS COMPLEMENTARES","Livro SINAPI: Cálculos e Parâmetros",null,"H",2.5491999999999999,20.96602,53.446578199999998]
["Composição Auxiliar"," 88830 ","SINAPI","BETONEIRA CAPACIDADE NOMINAL DE 400 L, CAPACIDADE DE MISTURA 280 L, MOTOR ELÉTRICO TRIFÁSICO POTÊNCIA DE 2 CV, SEM CARREGADOR - CHP DIURNO. AF_05/2023","Custos Horários Produtivo e Improdutivo dos Equipamentos",null,"CHP",1.1137999999999999,2.0727040959999998,2.3085778000000001]
["Composição Auxiliar"," 88831 ","SINAPI","BETONEIRA CAPACIDADE NOMINAL DE 400 L, CAPACIDADE DE MISTURA 280 L, MOTOR ELÉTRICO TRIFÁSICO POTÊNCIA DE 2 CV, SEM CARREGADOR - CHI DIURNO. AF_05/2023","Custos Horários Produtivo e Improdutivo dos Equipamentos",null,"CHI",0.49309999999999998,0.42905969599999999,0.21156929999999999]
["Composição Auxiliar"," 88377 ","SINAPI","OPERADOR DE BETONEIRA ESTACIONÁRIA/MISTURADOR COM ENCARGOS COMPLEMENTARES","Livro SINAPI: Cálculos e Parâmetros",null,"H",1.6069,20.500355899999999,32.9420219]
["Insumo"," 00001106 ","SINAPI","CAL HIDRATADA CH-I PARA ARGAMASSAS","Material",null,"KG",15.125500000000001,1.3,19.663150000000002]
["Insumo"," 00004720 ","SINAPI","PEDRA BRITADA N. 0, OU PEDRISCO (4,8 A 9,5 MM) POSTO PEDREIRA/FORNECEDOR, SEM FRETE","Material",null,"m³",0.58819999999999995,344.54,202.65842799999999]
["Insumo"," 00001379 ","SINAPI","CIMENTO PORTLAND COMPOSTO CP II-32","Material",null,"KG",420.15269999999998,1.1299999999999999,474.77255100000002]
["Insumo"," 00000367 ","SINAPI","AREIA GROSSA - POSTO JAZIDA/FORNECEDOR (RETIRADO NA JAZIDA, SEM TRANSPORTE)","Material",null,"m³",0.63019999999999998,151.96,95.765191999999999]
[]
[null,"Código","Banco","Descrição","Tipo",null,"Und","Quant.","Valor Unit","Total"]
["Composição"," 89995 ","SINAPI","GRAUTEAMENTO DE CINTA SUPERIOR OU DE VERGA EM ALVENARIA ESTRUTURAL. AF_09/2021","Graute e Armação",null,"m³",1,1360.98,1360.98]
["Composição Auxiliar"," 88316 ","SINAPI","SERVENTE COM ENCARGOS COMPLEMENTARES","Livro SINAPI: Cálculos e Parâmetros",null,"H",4.9432,20.96602,103.63923010000001]
["Composição Auxiliar"," 90279 ","SINAPI","GRAUTE FGK=20 MPA; TRAÇO 1:0,04:1,8:2,1 (EM MASSA SECA DE CIMENTO/ CAL/ AREIA GROSSA/ BRITA 0) - PREPARO MECÂNICO COM BETONEIRA 400 L. AF_09/2021","Graute e Armação",null,"m³",1.2030000000000001,881.76806823793243,1060.7669860999999]
["Composição Auxiliar"," 88309 ","SINAPI","PEDREIRO COM ENCARGOS COMPLEMENTARES","Livro SINAPI: Cálculos e Parâmetros",null,"H",7.4147999999999996,26.511984000000002,196.58105900000001]
[]
[null,"Código","Banco","Descrição","Tipo",null,"Und","Quant.","Valor Unit","Total"]
["Composição"," 89993 ","SINAPI","GRAUTEAMENTO VERTICAL EM ALVENARIA ESTRUTURAL. AF_09/2021","Graute e Armação",null,"m³",1,1396.71,1396.71]
["Composição Auxiliar"," 90279 ","SINAPI","GRAUTE FGK=20 MPA; TRAÇO 1:0,04:1,8:2,1 (EM MASSA SECA DE CIMENTO/ CAL/ AREIA GROSSA/ BRITA 0) - PREPARO MECÂNICO COM BETONEIRA 400 L. AF_09/2021","Graute e Armação",null,"m³",1.2030000000000001,881.76806823793243,1060.7669860999999]
["Composição Auxiliar"," 88316 ","SINAPI","SERVENTE COM ENCARGOS COMPLEMENTARES","Livro SINAPI: Cálculos e Parâmetros",null,"H",5.5315000000000003,20.96602,115.9735396]
["Composição Auxiliar"," 88309 ","SINAPI","PEDREIRO COM ENCARGOS COMPLEMENTARES","Livro SINAPI: Cálculos e Parâmetros",null,"H",8.2972999999999999,26.511984000000002,219.9778848]
[]
[null,"Código","Banco","Descrição","Tipo",null,"Und","Quant.","Valor Unit","Total"]
["Composição"," 93282 ","SINAPI","GUINCHO ELÉTRICO DE COLUNA, CAPACIDADE 400 KG, COM MOTO FREIO, MOTOR TRIFÁSICO DE 1,25 CV - CHI DIURNO. AF_03/2016","Custos Horários Produtivo e Improdutivo dos Equipamentos",null,"CHI",1,22.69,22.69]
["Composição Auxiliar"," 93277 ","SINAPI","GUINCHO ELÉTRICO DE COLUNA, CAPACIDADE 400 KG, COM MOTO FREIO, MOTOR TRIFÁSICO DE 1,25 CV - DEPRECIAÇÃO. AF_03/2016","Depreciação, Juros, Impostos e Seguros, Manutenção e Materiais na Operação dos Equipamentos",null,"H",1,0.26782400000000001,0.26782400000000001]
["Composição Auxiliar"," 93278 ","SINAPI","GUINCHO ELÉTRICO DE COLUNA, CAPACIDADE 400 KG, COM MOTO FREIO, MOTOR TRIFÁSICO DE 1,25 CV - JUROS. AF_03/2016","Depreciação, Juros, Impostos e Seguros, Manutenção e Materiais na Operação dos Equipamentos",null,"H",1,6.1934299999999998E-2,6.1934299999999998E-2]
["Composição Auxiliar"," 88295 ","SINAPI","OPERADOR DE GUINCHO COM ENCARGOS COMPLEMENTARES","Livro SINAPI: Cálculos e Parâmetros",null,"H",1,22.364318300000001,22.364318300000001]
[]
[null,"Código","Banco","Descrição","Tipo",null,"Und","Quant.","Valor Unit","Total"]
["Composição"," 93281 ","SINAPI","GUINCHO ELÉTRICO DE COLUNA, CAPACIDADE 400 KG, COM MOTO FREIO, MOTOR TRIFÁSICO DE 1,25 CV - CHP DIURNO. AF_03/2016","Custos Horários Produtivo e Improdutivo dos Equipamentos",null,"CHP",1,23.73,23.73]
["Composição Auxiliar"," 93278 ","SINAPI","GUINCHO ELÉTRICO DE COLUNA, CAPACIDADE 400 KG, COM MOTO FREIO, MOTOR TRIFÁSICO DE 1,25 CV - JUROS. AF_03/2016","Depreciação, Juros, Impostos e Seguros, Manutenção e Materiais na Operação dos Equipamentos",null,"H",1,6.1934299999999998E-2,6.1934299999999998E-2]
["Composição Auxiliar"," 88295 ","SINAPI","OPERADOR DE GUINCHO COM ENCARGOS COMPLEMENTARES","Livro SINAPI: Cálculos e Parâmetros",null,"H",1,22.364318300000001,22.364318300000001]
["Composição Auxiliar"," 93279 ","SINAPI","GUINCHO ELÉTRICO DE COLUNA, CAPACIDADE 400 KG, COM MOTO FREIO, MOTOR TRIFÁSICO DE 1,25 CV - MANUTENÇÃO. AF_03/2016","Depreciação, Juros, Impostos e Seguros, Manutenção e Materiais na Operação dos Equipamentos",null,"H",1,0.251085,0.251085]
["Composição Auxiliar"," 93277 ","SINAPI","GUINCHO ELÉTRICO DE COLUNA, CAPACIDADE 400 KG, COM MOTO FREIO, MOTOR TRIFÁSICO DE 1,25 CV - DEPRECIAÇÃO. AF_03/2016","Depreciação, Juros, Impostos e Seguros, Manutenção e Materiais na Operação dos Equipamentos",null,"H",1,0.26782400000000001,0.26782400000000001]
["Composição Auxiliar"," 93280 ","SINAPI","GUINCHO ELÉTRICO DE COLUNA, CAPACIDADE 400 KG, COM MOTO FREIO, MOTOR TRIFÁSICO DE 1,25 CV - MATERIAIS NA OPERAÇÃO. AF_03/2016","Depreciação, Juros, Impostos e Seguros, Manutenção e Materiais na Operação dos Equipamentos",null,"H",1,0.78779999999999994,0.78779999999999994]
[]
[null,"Código","Banco","Descrição","Tipo",null,"Und","Quant.","Valor Unit","Total"]
["Composição"," 93277 ","SINAPI","GUINCHO ELÉTRICO DE COLUNA, CAPACIDADE 400 KG, COM MOTO FREIO, MOTOR TRIFÁSICO DE 1,25 CV - DEPRECIAÇÃO. AF_03/2016","Depreciação, Juros, Impostos e Seguros, Manutenção e Materiais na Operação dos Equipamentos",null,"H",1,0.26,0.26]
["Insumo"," 00036487 ","SINAPI","GUINCHO ELETRICO DE COLUNA, CAPACIDADE 400 KG, COM MOTO FREIO, MOTOR TRIFASICO DE 1,25 CV","Equipamento para Aquisição Permanente",null,"UN",6.3999999999999997E-5,4184.75,0.26782400000000001]
[]
[null,"Código","Banco","Descrição","Tipo",null,"Und","Quant.","Valor Unit","Total"]
["Composição"," 93278 ","SINAPI","GUINCHO ELÉTRICO DE COLUNA, CAPACIDADE 400 KG, COM MOTO FREIO, MOTOR TRIFÁSICO DE 1,25 CV - JUROS. AF_03/2016","Depreciação, Juros, Impostos e Seguros, Manutenção e Materiais na Operação dos Equipamentos",null,"H",1,0.06,0.06]
["Insumo"," 00036487 ","SINAPI","GUINCHO ELETRICO DE COLUNA, CAPACIDADE 400 KG, COM MOTO FREIO, MOTOR TRIFASICO DE 1,25 CV","Equipamento para Aquisição Permanente",null,"UN",1.4800000000000001E-5,4184.75,6.1934299999999998E-2]
[]
[null,"Código","Banco","Descrição","Tipo",null,"Und","Quant.","Valor Unit","Total"]
["Composição"," 93279 ","SINAPI","GUINCHO ELÉTRICO DE COLUNA, CAPACIDADE 400 KG, COM MOTO FREIO, MOTOR TRIFÁSICO DE 1,25 CV - MANUTENÇÃO. AF_03/2016","Depreciação, Juros, Impostos e Seguros, Manutenção e Materiais na Operação dos Equipamentos",null,"H",1,0.25,0.25]
["Insumo"," 00036487 ","SINAPI","GUINCHO ELETRICO DE COLUNA, CAPACIDADE 400 KG, COM MOTO FREIO, MOTOR TRIFASICO DE 1,25 CV","Equipamento para Aquisição Permanente",null,"UN",6.0000000000000002E-5,4184.75,0.251085]
[]
[null,"Código","Banco","Descrição","Tipo",null,"Und","Quant.","Valor Unit","Total"]
["Composição"," 93280 ","SINAPI","GUINCHO ELÉTRICO DE COLUNA, CAPACIDADE 400 KG, COM MOTO FREIO, MOTOR TRIFÁSICO DE 1,25 CV - MATERIAIS NA OPERAÇÃO. AF_03/2016","Depreciação, Juros, Impostos e Seguros, Manutenção e Materiais na Operação dos Equipamentos",null,"H",1,0.78,0.78]
["Insumo"," 00002705 ","SINAPI","ENERGIA ELETRICA ATE 2000 KWH INDUSTRIAL, SEM DEMANDA","Franquia",null,"KWH",0.78,1.01,0.78779999999999994]
[]
[null,"Código","Banco","Descrição","Tipo",null,"Und","Quant.","Valor Unit","Total"]
["Composição"," 5930 ","SINAPI","GUINDAUTO HIDRÁULICO, CAPACIDADE MÁXIMA DE CARGA 6200 KG, MOMENTO MÁXIMO DE CARGA 11,7 TM, ALCANCE MÁXIMO HORIZONTAL 9,70 M, INCLUSIVE CAMINHÃO TOCO PBT 16.000 KG, POTÊNCIA DE 189 CV - CHI DIURNO. AF_06/2014","Custos Horários Produtivo e Improdutivo dos Equipamentos",null,"CHI",1,74.22,74.22]
["Composição Auxiliar"," 89259 ","SINAPI","GUINDAUTO HIDRÁULICO, CAPACIDADE MÁXIMA DE CARGA 6200 KG, MOMENTO MÁXIMO DE CARGA 11,7 TM, ALCANCE MÁXIMO HORIZONTAL 9,70 M, INCLUSIVE CAMINHÃO TOCO PBT 16.000 KG, POTÊNCIA DE 189 CV - DEPRECIAÇÃO. AF_06/2014","Depreciação, Juros, Impostos e Seguros, Manutenção e Materiais na Operação dos Equipamentos",null,"H",1,28.273657295,28.2736573]
["Composição Auxiliar"," 91466 ","SINAPI","GUINDAUTO HIDRÁULICO, CAPACIDADE MÁXIMA DE CARGA 6200 KG, MOMENTO MÁXIMO DE CARGA 11,7 TM, ALCANCE MÁXIMO HORIZONTAL 9,70 M, INCLUSIVE CAMINHÃO TOCO PBT 16.000 KG, POTÊNCIA DE 189 CV - IMPOSTOS E SEGUROS. AF_08/2015","Depreciação, Juros, Impostos e Seguros, Manutenção e Materiais na Operação dos Equipamentos",null,"H",1,4.2122562050000001,4.2122561999999997]
["Composição Auxiliar"," 89260 ","SINAPI","GUINDAUTO HIDRÁULICO, CAPACIDADE MÁXIMA DE CARGA 6200 KG, MOMENTO MÁXIMO DE CARGA 11,7 TM, ALCANCE MÁXIMO HORIZONTAL 9,70 M, INCLUSIVE CAMINHÃO TOCO PBT 16.000 KG, POTÊNCIA DE 189 CV - JUROS. AF_06/2014","Depreciação, Juros, Impostos e Seguros, Manutenção e Materiais na Operação dos Equipamentos",null,"H",1,10.427416665000001,10.4274167]
["Composição Auxiliar"," 88286 ","SINAPI","MOTORISTA OPERADOR DE MUNCK COM ENCARGOS COMPLEMENTARES","Livro SINAPI: Cálculos e Parâmetros",null,"H",1,31.308374300000001,31.308374300000001]
[]
[null,"Código","Banco","Descrição","Tipo",null,"Und","Quant.","Valor Unit","Total"]
["Composição"," 5928 ","SINAPI","GUINDAUTO HIDRÁULICO, CAPACIDADE MÁXIMA DE CARGA 6200 KG, MOMENTO MÁXIMO DE CARGA 11,7 TM, ALCANCE MÁXIMO HORIZONTAL 9,70 M, INCLUSIVE CAMINHÃO TOCO PBT 16.000 KG, POTÊNCIA DE 189 CV - CHP DIURNO. AF_06/2014","Custos Horários Produtivo e Improdutivo dos Equipamentos",null,"CHP",1,291.92,291.92]
["Composição Auxiliar"," 89260 ","SINAPI","GUINDAUTO HIDRÁULICO, CAPACIDADE MÁXIMA DE CARGA 6200 KG, MOMENTO MÁXIMO DE CARGA 11,7 TM, ALCANCE MÁXIMO HORIZONTAL 9,70 M, INCLUSIVE CAMINHÃO TOCO PBT 16.000 KG, POTÊNCIA DE 189 CV - JUROS. AF_06/2014","Depreciação, Juros, Impostos e Seguros, Manutenção e Materiais na Operação dos Equipamentos",null,"H",1,10.427416665000001,10.4274167]
["Composição Auxiliar"," 91467 ","SINAPI","GUINDAUTO HIDRÁULICO, CAPACIDADE MÁXIMA DE CARGA 6200 KG, MOMENTO MÁXIMO DE CARGA 11,7 TM, ALCANCE MÁXIMO HORIZONTAL 9,70 M, INCLUSIVE CAMINHÃO TOCO PBT 16.000 KG, POTÊNCIA DE 189 CV - MATERIAIS NA OPERAÇÃO. AF_08/2015","Depreciação, Juros, Impostos e Seguros, Manutenção e Materiais na Operação dos Equipamentos",null,"H",1,169.6806,169.6806]
["Composição Auxiliar"," 91466 ","SINAPI","GUINDAUTO HIDRÁULICO, CAPACIDADE MÁXIMA DE CARGA 6200 KG, MOMENTO MÁXIMO DE CARGA 11,7 TM, ALCANCE MÁXIMO HORIZONTAL 9,70 M, INCLUSIVE CAMINHÃO TOCO PBT 16.000 KG, POTÊNCIA DE 189 CV - IMPOSTOS E SEGUROS. AF_08/2015","Depreciação, Juros, Impostos e Seguros, Manutenção e Materiais na Operação dos Equipamentos",null,"H",1,4.2122562050000001,4.2122561999999997]
["Composição Auxiliar"," 89262 ","SINAPI","GUINDAUTO HIDRÁULICO, CAPACIDADE MÁXIMA DE CARGA 6200 KG, MOMENTO MÁXIMO DE CARGA 11,7 TM, ALCANCE MÁXIMO HORIZONTAL 9,70 M, INCLUSIVE CAMINHÃO TOCO PBT 16.000 KG, POTÊNCIA DE 189 CV - MANUTENÇÃO. AF_06/2014","Depreciação, Juros, Impostos e Seguros, Manutenção e Materiais na Operação dos Equipamentos",null,"H",1,48.020201794999998,48.020201800000002]
["Composição Auxiliar"," 88286 ","SINAPI","MOTORISTA OPERADOR DE MUNCK COM ENCARGOS COMPLEMENTARES","Livro SINAPI: Cálculos e Parâmetros",null,"H",1,31.308374300000001,31.308374300000001]
["Composição Auxiliar"," 89259 ","SINAPI","GUINDAUTO HIDRÁULICO, CAPACIDADE MÁXIMA DE CARGA 6200 KG, MOMENTO MÁXIMO DE CARGA 11,7 TM, ALCANCE MÁXIMO HORIZONTAL 9,70 M, INCLUSIVE CAMINHÃO TOCO PBT 16.000 KG, POTÊNCIA DE 189 CV - DEPRECIAÇÃO. AF_06/2014","Depreciação, Juros, Impostos e Seguros, Manutenção e Materiais na Operação dos Equipamentos",null,"H",1,28.273657295,28.2736573]
[]
[null,"Código","Banco","Descrição","Tipo",null,"Und","Quant.","Valor Unit","Total"]
["Composição"," 89259 ","SINAPI","GUINDAUTO HIDRÁULICO, CAPACIDADE MÁXIMA DE CARGA 6200 KG, MOMENTO MÁXIMO DE CARGA 11,7 TM, ALCANCE MÁXIMO HORIZONTAL 9,70 M, INCLUSIVE CAMINHÃO TOCO PBT 16.000 KG, POTÊNCIA DE 189 CV - DEPRECIAÇÃO. AF_06/2014","Depreciação, Juros, Impostos e Seguros, Manutenção e Materiais na Operação dos Equipamentos",null,"H",1,28.27,28.27]
["Insumo"," 00037752 ","SINAPI","CAMINHAO TOCO, PESO BRUTO TOTAL 16000 KG, CARGA UTIL MAXIMA 11030 KG, DISTANCIA ENTRE EIXOS 5,41 M, POTENCIA 185 CV (INCLUI CABINE E CHASSI, NAO INCLUI CARROCERIA)","Equipamento para Aquisição Permanente",null,"UN",3.43E-5,591575.65,20.291044800000002]
["Insumo"," 00003363 ","SINAPI","GUINDAUTO HIDRAULICO, CAPACIDADE MAXIMA DE CARGA 6200 KG, MOMENTO MAXIMO DE CARGA 11,7 TM, ALCANCE MAXIMO HORIZONTAL 9,70 M, PARA MONTAGEM SOBRE CHASSI DE CAMINHAO PBT MINIMO 13000 KG (INCLUI MONTAGEM, NAO INCLUI CAMINHAO)","Equipamento para Aquisição Permanente",null,"UN",5.5099999999999998E-5,144875,7.9826125000000001]
[]
[null,"Código","Banco","Descrição","Tipo",null,"Und","Quant.","Valor Unit","Total"]
["Composição"," 91466 ","SINAPI","GUINDAUTO HIDRÁULICO, CAPACIDADE MÁXIMA DE CARGA 6200 KG, MOMENTO MÁXIMO DE CARGA 11,7 TM, ALCANCE MÁXIMO HORIZONTAL 9,70 M, INCLUSIVE CAMINHÃO TOCO PBT 16.000 KG, POTÊNCIA DE 189 CV - IMPOSTOS E SEGUROS. AF_08/2015","Depreciação, Juros, Impostos e Seguros, Manutenção e Materiais na Operação dos Equipamentos",null,"H",1,4.21,4.21]
["Insumo"," 00037752 ","SINAPI","CAMINHAO TOCO, PESO BRUTO TOTAL 16000 KG, CARGA UTIL MAXIMA 11030 KG, DISTANCIA ENTRE EIXOS 5,41 M, POTENCIA 185 CV (INCLUI CABINE E CHASSI, NAO INCLUI CARROCERIA)","Equipamento para Aquisição Permanente",null,"UN",5.6999999999999996E-6,591575.65,3.3719812]
["Insumo"," 00003363 ","SINAPI","GUINDAUTO HIDRAULICO, CAPACIDADE MAXIMA DE CARGA 6200 KG, MOMENTO MAXIMO DE CARGA 11,7 TM, ALCANCE MAXIMO HORIZONTAL 9,70 M, PARA MONTAGEM SOBRE CHASSI DE CAMINHAO PBT MINIMO 13000 KG (INCLUI MONTAGEM, NAO INCLUI CAMINHAO)","Equipamento para Aquisição Permanente",null,"UN",5.8000000000000004E-6,144875,0.84027499999999999]
[]
[null,"Código","Banco","Descrição","Tipo",null,"Und","Quant.","Valor Unit","Total"]
["Composição"," 89260 ","SINAPI","GUINDAUTO HIDRÁULICO, CAPACIDADE MÁXIMA DE CARGA 6200 KG, MOMENTO MÁXIMO DE CARGA 11,7 TM, ALCANCE MÁXIMO HORIZONTAL 9,70 M, INCLUSIVE CAMINHÃO TOCO PBT 16.000 KG, POTÊNCIA DE 189 CV - JUROS. AF_06/2014","Depreciação, Juros, Impostos e Seguros, Manutenção e Materiais na Operação dos Equipamentos",null,"H",1,10.42,10.42]
["Insumo"," 00037752 ","SINAPI","CAMINHAO TOCO, PESO BRUTO TOTAL 16000 KG, CARGA UTIL MAXIMA 11030 KG, DISTANCIA ENTRE EIXOS 5,41 M, POTENCIA 185 CV (INCLUI CABINE E CHASSI, NAO INCLUI CARROCERIA)","Equipamento para Aquisição Permanente",null,"UN",1.4100000000000001E-5,591575.65,8.3412167000000004]
["Insumo"," 00003363 ","SINAPI","GUINDAUTO HIDRAULICO, CAPACIDADE MAXIMA DE CARGA 6200 KG, MOMENTO MAXIMO DE CARGA 11,7 TM, ALCANCE MAXIMO HORIZONTAL 9,70 M, PARA MONTAGEM SOBRE CHASSI DE CAMINHAO PBT MINIMO 13000 KG (INCLUI MONTAGEM, NAO INCLUI CAMINHAO)","Equipamento para Aquisição Permanente",null,"UN",1.4399999999999999E-5,144875,2.0861999999999998]
[]
[null,"Código","Banco","Descrição","Tipo",null,"Und","Quant.","Valor Unit","Total"]
["Composição"," 89262 ","SINAPI","GUINDAUTO HIDRÁULICO, CAPACIDADE MÁXIMA DE CARGA 6200 KG, MOMENTO MÁXIMO DE CARGA 11,7 TM, ALCANCE MÁXIMO HORIZONTAL 9,70 M, INCLUSIVE CAMINHÃO TOCO PBT 16.000 KG, POTÊNCIA DE 189 CV - MANUTENÇÃO. AF_06/2014","Depreciação, Juros, Impostos e Seguros, Manutenção e Materiais na Operação dos Equipamentos",null,"H",1,48.02,48.02]
["Insumo"," 00037752 ","SINAPI","CAMINHAO TOCO, PESO BRUTO TOTAL 16000 KG, CARGA UTIL MAXIMA 11030 KG, DISTANCIA ENTRE EIXOS 5,41 M, POTENCIA 185 CV (INCLUI CABINE E CHASSI, NAO INCLUI CARROCERIA)","Equipamento para Aquisição Permanente",null,"UN",6.4300000000000004E-5,591575.65,38.038314300000003]
["Insumo"," 00003363 ","SINAPI","GUINDAUTO HIDRAULICO, CAPACIDADE MAXIMA DE CARGA 6200 KG, MOMENTO MAXIMO DE CARGA 11,7 TM, ALCANCE MAXIMO HORIZONTAL 9,70 M, PARA MONTAGEM SOBRE CHASSI DE CAMINHAO PBT MINIMO 13000 KG (INCLUI MONTAGEM, NAO INCLUI CAMINHAO)","Equipamento para Aquisição Permanente",null,"UN",6.8899999999999994E-5,144875,9.9818874999999991]
[]
[null,"Código","Banco","Descrição","Tipo",null,"Und","Quant.","Valor Unit","Total"]
["Composição"," 91467 ","SINAPI","GUINDAUTO HIDRÁULICO, CAPACIDADE MÁXIMA DE CARGA 6200 KG, MOMENTO MÁXIMO DE CARGA 11,7 TM, ALCANCE MÁXIMO HORIZONTAL 9,70 M, INCLUSIVE CAMINHÃO TOCO PBT 16.000 KG, POTÊNCIA DE 189 CV - MATERIAIS NA OPERAÇÃO. AF_08/2015","Depreciação, Juros, Impostos e Seguros, Manutenção e Materiais na Operação dos Equipamentos",null,"H",1,169.68,169.68]
["Insumo"," 00004221 ","SINAPI","OLEO DIESEL COMBUSTIVEL COMUM METROPOLITANO S-10 OU S-500","Material",null,"L",26.43,6.42,169.6806]
[]
[null,"Código","Banco","Descrição","Tipo",null,"Und","Quant.","Valor Unit","Total"]
["Composição"," 96986 ","SINAPI","HASTE DE ATERRAMENTO, DIÂMETRO 3/4\", COM 3 METROS - FORNECIMENTO E INSTALAÇÃO. AF_08/2023","Sistema de Proteção contra Descargas Atmosféricas - SPDA",null,"UN",1,123.88,123.88]
["Composição Auxiliar"," 88264 ","SINAPI","ELETRICISTA COM ENCARGOS COMPLEMENTARES","Livro SINAPI: Cálculos e Parâmetros",null,"H",0.38819999999999999,28.739106400000001,11.156521100000001]
["Composição Auxiliar"," 88247 ","SINAPI","AUXILIAR DE ELETRICISTA COM ENCARGOS COMPLEMENTARES","Livro SINAPI: Cálculos e Parâmetros",null,"H",0.38819999999999999,23.583625999999999,9.1551635999999998]
["Insumo"," 00003378 ","SINAPI","HASTE DE ATERRAMENTO EM ACO COM 3,00 M DE COMPRIMENTO E DN = 3/4\", REVESTIDA COM BAIXA CAMADA DE COBRE, SEM CONECTOR","Material",null,"UN",1,103.57,103.57]
[]
[null,"Código","Banco","Descrição","Tipo",null,"Und","Quant.","Valor Unit","Total"]
["Composição"," 95673 ","SINAPI","HIDRÔMETRO DN 1/2\", 1,5 M3/H - FORNECIMENTO E INSTALAÇÃO. AF_03/2024","Sistemas de Medição",null,"UN",1,126.07,126.07]
["Composição Auxiliar"," 88267 ","SINAPI","ENCANADOR OU BOMBEIRO HIDRÁULICO COM ENCARGOS COMPLEMENTARES","Livro SINAPI: Cálculos e Parâmetros",null,"H",0.43149999999999999,25.943333599999999,11.1945484]
["Composição Auxiliar"," 88248 ","SINAPI","AUXILIAR DE ENCANADOR OU BOMBEIRO HIDRÁULICO COM ENCARGOS COMPLEMENTARES","Livro SINAPI: Cálculos e Parâmetros",null,"H",0.43149999999999999,22.614539000000001,9.7581735999999992]
["Insumo"," 00003148 ","SINAPI","FITA VEDA ROSCA, EM PTFE, ROLO DE 18 MM X 50 M (L X C)","Material",null,"UN",1.06E-2,16.59,0.17585400000000001]
["Insumo"," 00012769 ","SINAPI","HIDROMETRO UNIJATO / MEDIDOR DE AGUA, DN 1/2\", VAZAO MAXIMA DE 1,5 M3/H, PARA AGUA POTAVEL FRIA, RELOJOARIA PLANA, CLASSE B, HORIZONTAL (SEM CONEXOES)","Material",null,"UN",1,104.95,104.95]
[]
[null,"Código","Banco","Descrição","Tipo",null,"Und","Quant.","Valor Unit","Total"]
["Composição"," 91957 ","SINAPI","INTERRUPTOR SIMPLES (1 MÓDULO) COM INTERRUPTOR PARALELO (1 MÓDULO), 10A/250V, INCLUINDO SUPORTE E PLACA - FORNECIMENTO E INSTALAÇÃO. AF_03/2023","Instalações Elétricas - Eletrodutos Embutidos, Cabos, Caixas, Tomadas e Interruptores",null,"UN",1,57.58,57.58]
["Composição Auxiliar"," 91956 ","SINAPI","INTERRUPTOR SIMPLES (1 MÓDULO) COM INTERRUPTOR PARALELO (1 MÓDULO), 10A/250V, SEM SUPORTE E SEM PLACA - FORNECIMENTO E INSTALAÇÃO. AF_03/2023","Instalações Elétricas - Eletrodutos Embutidos, Cabos, Caixas, Tomadas e Interruptores",null,"UN",1,45.328847946400003,45.3288479]
["Composição Auxiliar"," 91946 ","SINAPI","SUPORTE PARAFUSADO COM PLACA DE ENCAIXE 4\" X 2\" MÉDIO (1,30 M DO PISO) PARA PONTO ELÉTRICO - FORNECIMENTO E INSTALAÇÃO. AF_03/2023","Instalações Elétricas - Eletrodutos Embutidos, Cabos, Caixas, Tomadas e Interruptores",null,"UN",1,12.257309747200001,12.2573097]
[]
[null,"Código","Banco","Descrição","Tipo",null,"Und","Quant.","Valor Unit","Total"]
["Composição"," 91956 ","SINAPI","INTERRUPTOR SIMPLES (1 MÓDULO) COM INTERRUPTOR PARALELO (1 MÓDULO), 10A/250V, SEM SUPORTE E SEM PLACA - FORNECIMENTO E INSTALAÇÃO. AF_03/2023","Instalações Elétricas - Eletrodutos Embutidos, Cabos, Caixas, Tomadas e Interruptores",null,"UN",1,45.32,45.32]
["Composição Auxiliar"," 88264 ","SINAPI","ELETRICISTA COM ENCARGOS COMPLEMENTARES","Livro SINAPI: Cálculos e Parâmetros",null,"H",0.48599999999999999,28.739106400000001,13.967205699999999]
["Composição Auxiliar"," 88247 ","SINAPI","AUXILIAR DE ELETRICISTA COM ENCARGOS COMPLEMENTARES","Livro SINAPI: Cálculos e Parâmetros",null,"H",0.48599999999999999,23.583625999999999,11.4616422]
["Insumo"," 00038112 ","SINAPI","INTERRUPTOR SIMPLES 10A, 250V (APENAS MODULO)","Material",null,"UN",1,8.64,8.64]
["Insumo"," 00038113 ","SINAPI","INTERRUPTOR PARALELO 10A, 250V (APENAS MODULO)","Material",null,"UN",1,11.26,11.26]
[]
[null,"Código","Banco","Descrição","Tipo",null,"Und","Quant.","Valor Unit","Total"]
["Composição"," 94559 ","SINAPI","JANELA DE AÇO TIPO BASCULANTE, PARA VIDROS (VIDROS NÃO INCLUSOS), BATENTE/ REQUADRO INCLUSO (6,5 A 14 CM), DIMENSÕES 60X60 CM, COM COM PINTURA ANTICORROSIVA, SEM ACABAMENTO, COM FERRAGENS, FIXAÇÃO COM ARGAMASSA, EXCLUSIVE CONTRAMARCO - FORNECIMENTO E INSTALAÇÃO. AF_11/2024","Esquadrias - Janelas",null,"m²",1,684.18,684.18]
["Composição Auxiliar"," 88309 ","SINAPI","PEDREIRO COM ENCARGOS COMPLEMENTARES","Livro SINAPI: Cálculos e Parâmetros",null,"H",5.0978640000000004,26.511984000000002,135.1544888]
["Composição Auxiliar"," 88316 ","SINAPI","SERVENTE COM ENCARGOS COMPLEMENTARES","Livro SINAPI: Cálculos e Parâmetros",null,"H",2.5489320000000002,20.96602,53.440959300000003]
["Composição Auxiliar"," 88629 ","SINAPI","ARGAMASSA TRAÇO 1:3 (EM VOLUME DE CIMENTO E AREIA MÉDIA ÚMIDA), PREPARO MANUAL. AF_08/2019","Argamassas",null,"m³",2.1000000000000001E-2,885.92359139999996,18.604395400000001]
["Insumo"," 00011190 ","SINAPI","JANELA BASCULANTE, ACO, COM BATENTE/REQUADRO, 60 X 60 CM (SEM VIDROS)","Material",null,"UN",2.778,171.7,476.98259999999999]
[]
[null,"Código","Banco","Descrição","Tipo",null,"Und","Quant.","Valor Unit","Total"]
["Composição"," 88441 ","SINAPI","JARDINEIRO COM ENCARGOS COMPLEMENTARES","Livro SINAPI: Cálculos e Parâmetros",null,"H",1,21.3,21.3]
["Composição Auxiliar"," 95390 ","SINAPI","CURSO DE CAPACITAÇÃO PARA JARDINEIRO (ENCARGOS COMPLEMENTARES) - HORISTA","Livro SINAPI: Cálculos e Parâmetros",null,"H",1,8.3883200000000005E-2,8.3883200000000005E-2]
["Insumo"," 00037371 ","SINAPI","TRANSPORTE - HORISTA (COLETADO CAIXA - ENCARGOS COMPLEMENTARES)","Encargos Complementares",null,"H",1,0.38,0.38]
["Insumo"," 00037373 ","SINAPI","SEGURO - HORISTA (COLETADO CAIXA - ENCARGOS COMPLEMENTARES)","Encargos Complementares",null,"H",1,0.01,0.01]
["Insumo"," 00037372 ","SINAPI","EXAMES - HORISTA (COLETADO CAIXA - ENCARGOS COMPLEMENTARES)","Encargos Complementares",null,"H",1,1.3,1.3]
["Insumo"," 00044503 ","SINAPI","JARDINEIRO (HORISTA)","Mão de Obra",null,"H",1,16.48,16.48]
["Insumo"," 00037370 ","SINAPI","ALIMENTACAO - HORISTA (COLETADO CAIXA - ENCARGOS COMPLEMENTARES)","Encargos Complementares",null,"H",1,0.66,0.66]
["Insumo"," 00043489 ","SINAPI","EPI - FAMILIA PEDREIRO - HORISTA (ENCARGOS COMPLEMENTARES - COLETADO CAIXA)","Encargos Complementares",null,"H",1,1.74,1.74]
["Insumo"," 00043465 ","SINAPI","FERRAMENTAS - FAMILIA PEDREIRO - HORISTA (ENCARGOS COMPLEMENTARES - COLETADO CAIXA)","Encargos Complementares",null,"H",1,0.65,0.65]
[]
[null,"Código","Banco","Descrição","Tipo",null,"Und","Quant.","Valor Unit","Total"]
["Composição"," 89810 ","SINAPI","JOELHO 45 GRAUS, PVC, SERIE NORMAL, ESGOTO PREDIAL, DN 100 MM, JUNTA ELÁSTICA, FORNECIDO E INSTALADO EM PRUMADA DE ESGOTO SANITÁRIO OU VENTILAÇÃO. AF_08/2022","Instalações Prediais de Esgoto - Tubos e Conexões",null,"UN",1,29.73,29.73]
["Composição Auxiliar"," 88267 ","SINAPI","ENCANADOR OU BOMBEIRO HIDRÁULICO COM ENCARGOS COMPLEMENTARES","Livro SINAPI: Cálculos e Parâmetros",null,"H",0.2172,25.943333599999999,5.6348921000000001]
["Composição Auxiliar"," 88248 ","SINAPI","AUXILIAR DE ENCANADOR OU BOMBEIRO HIDRÁULICO COM ENCARGOS COMPLEMENTARES","Livro SINAPI: Cálculos e Parâmetros",null,"H",0.2172,22.614539000000001,4.9118779000000004]
["Insumo"," 00020078 ","SINAPI","PASTA LUBRIFICANTE PARA TUBOS E CONEXOES COM JUNTA ELASTICA, EMBALAGEM DE *400* GR (USO EM PVC, ACO, POLIETILENO E OUTROS)","Material",null,"UN",0.115,29.18,3.3557000000000001]
["Insumo"," 00003528 ","SINAPI","JOELHO PVC, SOLDAVEL, PB, 45 GRAUS, DN 100 MM, PARA ESGOTO PREDIAL","Material",null,"UN",1,7.83,7.83]
["Insumo"," 00000301 ","SINAPI","ANEL BORRACHA PARA TUBO ESGOTO PREDIAL, DN 100 MM (NBR 5688)","Material",null,"UN",2,4,8]
[]
[null,"Código","Banco","Descrição","Tipo",null,"Und","Quant.","Valor Unit","Total"]
["Composição"," 89726 ","SINAPI","JOELHO 45 GRAUS, PVC, SERIE NORMAL, ESGOTO PREDIAL, DN 40 MM, JUNTA SOLDÁVEL, FORNECIDO E INSTALADO EM RAMAL DE DESCARGA OU RAMAL DE ESGOTO SANITÁRIO. AF_08/2022","Instalações Prediais de Esgoto - Tubos e Conexões",null,"UN",1,10.08,10.08]
["Composição Auxiliar"," 88267 ","SINAPI","ENCANADOR OU BOMBEIRO HIDRÁULICO COM ENCARGOS COMPLEMENTARES","Livro SINAPI: Cálculos e Parâmetros",null,"H",0.127,25.943333599999999,3.2948034000000002]
["Composição Auxiliar"," 88248 ","SINAPI","AUXILIAR DE ENCANADOR OU BOMBEIRO HIDRÁULICO COM ENCARGOS COMPLEMENTARES","Livro SINAPI: Cálculos e Parâmetros",null,"H",0.127,22.614539000000001,2.8720465000000002]
["Insumo"," 00038383 ","SINAPI","LIXA D'AGUA EM FOLHA, COR PRETA, GRAO 100","Material",null,"UN",7.1000000000000004E-3,2,1.4200000000000001E-2]
["Insumo"," 00020083 ","SINAPI","SOLUCAO PREPARADORA / LIMPADORA PARA PVC, FRASCO COM 1000 CM3","Material",null,"UN",1.4999999999999999E-2,80.11,1.2016500000000001]
["Insumo"," 00003516 ","SINAPI","JOELHO PVC, SOLDAVEL, BB, 45 GRAUS, DN 40 MM, PARA ESGOTO PREDIAL","Material",null,"UN",1,2,2]
["Insumo"," 00000122 ","SINAPI","ADESIVO PLASTICO PARA PVC, FRASCO COM *850* GR","Material",null,"UN",9.9000000000000008E-3,70.709999999999994,0.70002900000000001]
[]
[null,"Código","Banco","Descrição","Tipo",null,"Und","Quant.","Valor Unit","Total"]
["Composição"," 89802 ","SINAPI","JOELHO 45 GRAUS, PVC, SERIE NORMAL, ESGOTO PREDIAL, DN 50 MM, JUNTA ELÁSTICA, FORNECIDO E INSTALADO EM PRUMADA DE ESGOTO SANITÁRIO OU VENTILAÇÃO. AF_08/2022","Instalações Prediais de Esgoto - Tubos e Conexões",null,"UN",1,10.88,10.88]
["Composição Auxiliar"," 88267 ","SINAPI","ENCANADOR OU BOMBEIRO HIDRÁULICO COM ENCARGOS COMPLEMENTARES","Livro SINAPI: Cálculos e Parâmetros",null,"H",3.4299999999999997E-2,25.943333599999999,0.88985630000000004]
["Composição Auxiliar"," 88248 ","SINAPI","AUXILIAR DE ENCANADOR OU BOMBEIRO HIDRÁULICO COM ENCARGOS COMPLEMENTARES","Livro SINAPI: Cálculos e Parâmetros",null,"H",3.4299999999999997E-2,22.614539000000001,0.77567870000000005]
["Insumo"," 00000296 ","SINAPI","ANEL BORRACHA PARA TUBO ESGOTO PREDIAL, DN 50 MM (NBR 5688)","Material",null,"UN",2,2.2599999999999998,4.5199999999999996]
["Insumo"," 00020078 ","SINAPI","PASTA LUBRIFICANTE PARA TUBOS E CONEXOES COM JUNTA ELASTICA, EMBALAGEM DE *400* GR (USO EM PVC, ACO, POLIETILENO E OUTROS)","Material",null,"UN",0.05,29.18,1.4590000000000001]
["Insumo"," 00003518 ","SINAPI","JOELHO PVC, SOLDAVEL, PB, 45 GRAUS, DN 50 MM, PARA ESGOTO PREDIAL","Material",null,"UN",1,3.24,3.24]
[]
[null,"Código","Banco","Descrição","Tipo",null,"Und","Quant.","Valor Unit","Total"]
["Composição"," 89806 ","SINAPI","JOELHO 45 GRAUS, PVC, SERIE NORMAL, ESGOTO PREDIAL, DN 75 MM, JUNTA ELÁSTICA, FORNECIDO E INSTALADO EM PRUMADA DE ESGOTO SANITÁRIO OU VENTILAÇÃO. AF_08/2022","Instalações Prediais de Esgoto - Tubos e Conexões",null,"UN",1,21.72,21.72]
["Composição Auxiliar"," 88248 ","SINAPI","AUXILIAR DE ENCANADOR OU BOMBEIRO HIDRÁULICO COM ENCARGOS COMPLEMENTARES","Livro SINAPI: Cálculos e Parâmetros",null,"H",0.12570000000000001,22.614539000000001,2.8426475999999998]
["Composição Auxiliar"," 88267 ","SINAPI","ENCANADOR OU BOMBEIRO HIDRÁULICO COM ENCARGOS COMPLEMENTARES","Livro SINAPI: Cálculos e Parâmetros",null,"H",0.12570000000000001,25.943333599999999,3.2610769999999998]
["Insumo"," 00020078 ","SINAPI","PASTA LUBRIFICANTE PARA TUBOS E CONEXOES COM JUNTA ELASTICA, EMBALAGEM DE *400* GR (USO EM PVC, ACO, POLIETILENO E OUTROS)","Material",null,"UN",7.4999999999999997E-2,29.18,2.1884999999999999]
["Insumo"," 00003519 ","SINAPI","JOELHO PVC, SOLDAVEL, PB, 45 GRAUS, DN 75 MM, PARA ESGOTO PREDIAL","Material",null,"UN",1,6.79,6.79]
["Insumo"," 00000297 ","SINAPI","ANEL BORRACHA PARA TUBO ESGOTO PREDIAL, DN 75 MM (NBR 5688)","Material",null,"UN",2,3.32,6.64]
[]
[null,"Código","Banco","Descrição","Tipo",null,"Und","Quant.","Valor Unit","Total"]
["Composição"," 89366 ","SINAPI","JOELHO 90 GRAUS COM BUCHA DE LATÃO, PVC, SOLDÁVEL, DN 25MM, X 3/4 INSTALADO EM RAMAL OU SUB-RAMAL DE ÁGUA - FORNECIMENTO E INSTALAÇÃO. AF_06/2022","Instalações Prediais de Água Fria em PVC",null,"UN",1,15.66,15.66]
["Composição Auxiliar"," 88248 ","SINAPI","AUXILIAR DE ENCANADOR OU BOMBEIRO HIDRÁULICO COM ENCARGOS COMPLEMENTARES","Livro SINAPI: Cálculos e Parâmetros",null,"H",0.1416,22.614539000000001,3.2022187]
["Composição Auxiliar"," 88267 ","SINAPI","ENCANADOR OU BOMBEIRO HIDRÁULICO COM ENCARGOS COMPLEMENTARES","Livro SINAPI: Cálculos e Parâmetros",null,"H",0.1416,25.943333599999999,3.6735760000000002]
["Insumo"," 00038383 ","SINAPI","LIXA D'AGUA EM FOLHA, COR PRETA, GRAO 100","Material",null,"UN",3.3799999999999997E-2,2,6.7599999999999993E-2]
["Insumo"," 00000122 ","SINAPI","ADESIVO PLASTICO PARA PVC, FRASCO COM *850* GR","Material",null,"UN",5.8999999999999999E-3,70.709999999999994,0.41718899999999998]
["Insumo"," 00003524 ","SINAPI","JOELHO PVC, SOLDAVEL, COM BUCHA DE LATAO, 90 GRAUS, 25 MM X 3/4\", PARA AGUA FRIA PREDIAL","Material",null,"UN",1,7.74,7.74]
["Insumo"," 00020083 ","SINAPI","SOLUCAO PREPARADORA / LIMPADORA PARA PVC, FRASCO COM 1000 CM3","Material",null,"UN",7.0000000000000001E-3,80.11,0.56076999999999999]
[]
[null,"Código","Banco","Descrição","Tipo",null,"Und","Quant.","Valor Unit","Total"]
["Composição"," 89809 ","SINAPI","JOELHO 90 GRAUS, PVC, SERIE NORMAL, ESGOTO PREDIAL, DN 100 MM, JUNTA ELÁSTICA, FORNECIDO E INSTALADO EM PRUMADA DE ESGOTO SANITÁRIO OU VENTILAÇÃO. AF_08/2022","Instalações Prediais de Esgoto - Tubos e Conexões",null,"UN",1,29.01,29.01]
["Composição Auxiliar"," 88248 ","SINAPI","AUXILIAR DE ENCANADOR OU BOMBEIRO HIDRÁULICO COM ENCARGOS COMPLEMENTARES","Livro SINAPI: Cálculos e Parâmetros",null,"H",0.2172,22.614539000000001,4.9118779000000004]
["Composição Auxiliar"," 88267 ","SINAPI","ENCANADOR OU BOMBEIRO HIDRÁULICO COM ENCARGOS COMPLEMENTARES","Livro SINAPI: Cálculos e Parâmetros",null,"H",0.2172,25.943333599999999,5.6348921000000001]
["Insumo"," 00000301 ","SINAPI","ANEL BORRACHA PARA TUBO ESGOTO PREDIAL, DN 100 MM (NBR 5688)","Material",null,"UN",2,4,8]
["Insumo"," 00020078 ","SINAPI","PASTA LUBRIFICANTE PARA TUBOS E CONEXOES COM JUNTA ELASTICA, EMBALAGEM DE *400* GR (USO EM PVC, ACO, POLIETILENO E OUTROS)","Material",null,"UN",0.115,29.18,3.3557000000000001]
["Insumo"," 00003520 ","SINAPI","JOELHO PVC, SOLDAVEL, PB, 90 GRAUS, DN 100 MM, PARA ESGOTO PREDIAL","Material",null,"UN",1,7.11,7.11]
[]
[null,"Código","Banco","Descrição","Tipo",null,"Und","Quant.","Valor Unit","Total"]
["Composição"," 89724 ","SINAPI","JOELHO 90 GRAUS, PVC, SERIE NORMAL, ESGOTO PREDIAL, DN 40 MM, JUNTA SOLDÁVEL, FORNECIDO E INSTALADO EM RAMAL DE DESCARGA OU RAMAL DE ESGOTO SANITÁRIO. AF_08/2022","Instalações Prediais de Esgoto - Tubos e Conexões",null,"UN",1,9.89,9.89]
["Composição Auxiliar"," 88267 ","SINAPI","ENCANADOR OU BOMBEIRO HIDRÁULICO COM ENCARGOS COMPLEMENTARES","Livro SINAPI: Cálculos e Parâmetros",null,"H",0.127,25.943333599999999,3.2948034000000002]
["Composição Auxiliar"," 88248 ","SINAPI","AUXILIAR DE ENCANADOR OU BOMBEIRO HIDRÁULICO COM ENCARGOS COMPLEMENTARES","Livro SINAPI: Cálculos e Parâmetros",null,"H",0.127,22.614539000000001,2.8720465000000002]
["Insumo"," 00000122 ","SINAPI","ADESIVO PLASTICO PARA PVC, FRASCO COM *850* GR","Material",null,"UN",9.9000000000000008E-3,70.709999999999994,0.70002900000000001]
["Insumo"," 00020083 ","SINAPI","SOLUCAO PREPARADORA / LIMPADORA PARA PVC, FRASCO COM 1000 CM3","Material",null,"UN",1.4999999999999999E-2,80.11,1.2016500000000001]
["Insumo"," 00038383 ","SINAPI","LIXA D'AGUA EM FOLHA, COR PRETA, GRAO 100","Material",null,"UN",7.1000000000000004E-3,2,1.4200000000000001E-2]
["Insumo"," 00003517 ","SINAPI","JOELHO PVC, SOLDAVEL, BB, 90 GRAUS, SEM ANEL, DN 40 MM, PARA ESGOTO PREDIAL SECUNDARIO","Material",null,"UN",1,1.81,1.81]
[]
[null,"Código","Banco","Descrição","Tipo",null,"Und","Quant.","Valor Unit","Total"]
["Composição"," 89801 ","SINAPI","JOELHO 90 GRAUS, PVC, SERIE NORMAL, ESGOTO PREDIAL, DN 50 MM, JUNTA ELÁSTICA, FORNECIDO E INSTALADO EM PRUMADA DE ESGOTO SANITÁRIO OU VENTILAÇÃO. AF_08/2022","Instalações Prediais de Esgoto - Tubos e Conexões",null,"UN",1,10.26,10.26]
["Composição Auxiliar"," 88267 ","SINAPI","ENCANADOR OU BOMBEIRO HIDRÁULICO COM ENCARGOS COMPLEMENTARES","Livro SINAPI: Cálculos e Parâmetros",null,"H",3.4299999999999997E-2,25.943333599999999,0.88985630000000004]
["Composição Auxiliar"," 88248 ","SINAPI","AUXILIAR DE ENCANADOR OU BOMBEIRO HIDRÁULICO COM ENCARGOS COMPLEMENTARES","Livro SINAPI: Cálculos e Parâmetros",null,"H",3.4299999999999997E-2,22.614539000000001,0.77567870000000005]
["Insumo"," 00003526 ","SINAPI","JOELHO PVC, SOLDAVEL, PB, 90 GRAUS, DN 50 MM, PARA ESGOTO PREDIAL","Material",null,"UN",1,2.62,2.62]
["Insumo"," 00020078 ","SINAPI","PASTA LUBRIFICANTE PARA TUBOS E CONEXOES COM JUNTA ELASTICA, EMBALAGEM DE *400* GR (USO EM PVC, ACO, POLIETILENO E OUTROS)","Material",null,"UN",0.05,29.18,1.4590000000000001]
["Insumo"," 00000296 ","SINAPI","ANEL BORRACHA PARA TUBO ESGOTO PREDIAL, DN 50 MM (NBR 5688)","Material",null,"UN",2,2.2599999999999998,4.5199999999999996]
[]
[null,"Código","Banco","Descrição","Tipo",null,"Und","Quant.","Valor Unit","Total"]
["Composição"," 89805 ","SINAPI","JOELHO 90 GRAUS, PVC, SERIE NORMAL, ESGOTO PREDIAL, DN 75 MM, JUNTA ELÁSTICA, FORNECIDO E INSTALADO EM PRUMADA DE ESGOTO SANITÁRIO OU VENTILAÇÃO. AF_08/2022","Instalações Prediais de Esgoto - Tubos e Conexões",null,"UN",1,20.88,20.88]
["Composição Auxiliar"," 88267 ","SINAPI","ENCANADOR OU BOMBEIRO HIDRÁULICO COM ENCARGOS COMPLEMENTARES","Livro SINAPI: Cálculos e Parâmetros",null,"H",0.12570000000000001,25.943333599999999,3.2610769999999998]
["Composição Auxiliar"," 88248 ","SINAPI","AUXILIAR DE ENCANADOR OU BOMBEIRO HIDRÁULICO COM ENCARGOS COMPLEMENTARES","Livro SINAPI: Cálculos e Parâmetros",null,"H",0.12570000000000001,22.614539000000001,2.8426475999999998]
["Insumo"," 00000297 ","SINAPI","ANEL BORRACHA PARA TUBO ESGOTO PREDIAL, DN 75 MM (NBR 5688)","Material",null,"UN",2,3.32,6.64]
["Insumo"," 00003509 ","SINAPI","JOELHO PVC, SOLDAVEL, PB, 90 GRAUS, DN 75 MM, PARA ESGOTO PREDIAL","Material",null,"UN",1,5.95,5.95]
["Insumo"," 00020078 ","SINAPI","PASTA LUBRIFICANTE PARA TUBOS E CONEXOES COM JUNTA ELASTICA, EMBALAGEM DE *400* GR (USO EM PVC, ACO, POLIETILENO E OUTROS)","Material",null,"UN",7.4999999999999997E-2,29.18,2.1884999999999999]
[]
[null,"Código","Banco","Descrição","Tipo",null,"Und","Quant.","Valor Unit","Total"]
["Composição"," 89404 ","SINAPI","JOELHO 90 GRAUS, PVC, SOLDÁVEL, DN 20MM, INSTALADO EM RAMAL DE DISTRIBUIÇÃO DE ÁGUA - FORNECIMENTO E INSTALAÇÃO. AF_06/2022","Instalações Prediais de Água Fria em PVC",null,"UN",1,7.12,7.12]
["Composição Auxiliar"," 88267 ","SINAPI","ENCANADOR OU BOMBEIRO HIDRÁULICO COM ENCARGOS COMPLEMENTARES","Livro SINAPI: Cálculos e Parâmetros",null,"H",0.1172,25.943333599999999,3.0405587000000001]
["Composição Auxiliar"," 88248 ","SINAPI","AUXILIAR DE ENCANADOR OU BOMBEIRO HIDRÁULICO COM ENCARGOS COMPLEMENTARES","Livro SINAPI: Cálculos e Parâmetros",null,"H",0.1172,22.614539000000001,2.6504240000000001]
["Insumo"," 00003542 ","SINAPI","JOELHO PVC, SOLDAVEL, 90 GRAUS, 20 MM, COR MARROM, PARA AGUA FRIA PREDIAL","Material",null,"UN",1,0.56999999999999995,0.56999999999999995]
["Insumo"," 00000122 ","SINAPI","ADESIVO PLASTICO PARA PVC, FRASCO COM *850* GR","Material",null,"UN",4.7000000000000002E-3,70.709999999999994,0.33233699999999999]
["Insumo"," 00038383 ","SINAPI","LIXA D'AGUA EM FOLHA, COR PRETA, GRAO 100","Material",null,"UN",2.5999999999999999E-2,2,5.1999999999999998E-2]
["Insumo"," 00020083 ","SINAPI","SOLUCAO PREPARADORA / LIMPADORA PARA PVC, FRASCO COM 1000 CM3","Material",null,"UN",6.0000000000000001E-3,80.11,0.48065999999999998]
[]
[null,"Código","Banco","Descrição","Tipo",null,"Und","Quant.","Valor Unit","Total"]
["Composição"," 89408 ","SINAPI","JOELHO 90 GRAUS, PVC, SOLDÁVEL, DN 25MM, INSTALADO EM RAMAL DE DISTRIBUIÇÃO DE ÁGUA - FORNECIMENTO E INSTALAÇÃO. AF_06/2022","Instalações Prediais de Água Fria em PVC",null,"UN",1,8.5,8.5]
["Composição Auxiliar"," 88267 ","SINAPI","ENCANADOR OU BOMBEIRO HIDRÁULICO COM ENCARGOS COMPLEMENTARES","Livro SINAPI: Cálculos e Parâmetros",null,"H",0.13589999999999999,25.943333599999999,3.5256989999999999]
["Composição Auxiliar"," 88248 ","SINAPI","AUXILIAR DE ENCANADOR OU BOMBEIRO HIDRÁULICO COM ENCARGOS COMPLEMENTARES","Livro SINAPI: Cálculos e Parâmetros",null,"H",0.13589999999999999,22.614539000000001,3.0733158999999999]
["Insumo"," 00000122 ","SINAPI","ADESIVO PLASTICO PARA PVC, FRASCO COM *850* GR","Material",null,"UN",7.1000000000000004E-3,70.709999999999994,0.50204099999999996]
["Insumo"," 00003529 ","SINAPI","JOELHO PVC, SOLDAVEL, 90 GRAUS, 25 MM, COR MARROM, PARA AGUA FRIA PREDIAL","Material",null,"UN",1,0.7,0.7]
["Insumo"," 00038383 ","SINAPI","LIXA D'AGUA EM FOLHA, COR PRETA, GRAO 100","Material",null,"UN",3.0200000000000001E-2,2,6.0400000000000002E-2]
["Insumo"," 00020083 ","SINAPI","SOLUCAO PREPARADORA / LIMPADORA PARA PVC, FRASCO COM 1000 CM3","Material",null,"UN",8.0000000000000002E-3,80.11,0.64088000000000001]
[]
[null,"Código","Banco","Descrição","Tipo",null,"Und","Quant.","Valor Unit","Total"]
["Composição"," 103984 ","SINAPI","JOELHO 90 GRAUS, PVC, SOLDÁVEL, DN 50MM, INSTALADO EM RAMAL DE DISTRIBUIÇÃO DE ÁGUA - FORNECIMENTO E INSTALAÇÃO. AF_06/2022","Instalações Prediais de Água Fria em PVC",null,"UN",1,18.97,18.97]
["Composição Auxiliar"," 88248 ","SINAPI","AUXILIAR DE ENCANADOR OU BOMBEIRO HIDRÁULICO COM ENCARGOS COMPLEMENTARES","Livro SINAPI: Cálculos e Parâmetros",null,"H",0.22939999999999999,22.614539000000001,5.1877751999999999]
["Composição Auxiliar"," 88267 ","SINAPI","ENCANADOR OU BOMBEIRO HIDRÁULICO COM ENCARGOS COMPLEMENTARES","Livro SINAPI: Cálculos e Parâmetros",null,"H",0.22939999999999999,25.943333599999999,5.9514006999999998]
["Insumo"," 00000122 ","SINAPI","ADESIVO PLASTICO PARA PVC, FRASCO COM *850* GR","Material",null,"UN",1.6500000000000001E-2,70.709999999999994,1.1667149999999999]
["Insumo"," 00038383 ","SINAPI","LIXA D'AGUA EM FOLHA, COR PRETA, GRAO 100","Material",null,"UN",5.0999999999999997E-2,2,0.10199999999999999]
["Insumo"," 00003540 ","SINAPI","JOELHO PVC, SOLDAVEL, 90 GRAUS, 50 MM, COR MARROM, PARA AGUA FRIA PREDIAL","Material",null,"UN",1,4.8,4.8]
["Insumo"," 00020083 ","SINAPI","SOLUCAO PREPARADORA / LIMPADORA PARA PVC, FRASCO COM 1000 CM3","Material",null,"UN",2.1999999999999999E-2,80.11,1.7624200000000001]
[]
[null,"Código","Banco","Descrição","Tipo",null,"Und","Quant.","Valor Unit","Total"]
["Composição"," 104355 ","SINAPI","JUNÇÃO DE REDUCAO INVERTIDA, PVC, SÉRIE NORMAL, ESGOTO PREDIAL, DN 100 X 75 MM, JUNTA ELÁSTICA, FORNECIDO E INSTALADO EM PRUMADA DE ESGOTO SANITÁRIO OU VENTILAÇÃO. AF_08/2022","Instalações Prediais de Esgoto - Tubos e Conexões",null,"UN",1,46.85,46.85]
["Composição Auxiliar"," 88248 ","SINAPI","AUXILIAR DE ENCANADOR OU BOMBEIRO HIDRÁULICO COM ENCARGOS COMPLEMENTARES","Livro SINAPI: Cálculos e Parâmetros",null,"H",0.24890000000000001,22.614539000000001,5.6287588]
["Composição Auxiliar"," 88267 ","SINAPI","ENCANADOR OU BOMBEIRO HIDRÁULICO COM ENCARGOS COMPLEMENTARES","Livro SINAPI: Cálculos e Parâmetros",null,"H",0.24890000000000001,25.943333599999999,6.4572957000000004]
["Insumo"," 00010909 ","SINAPI","JUNCAO DE REDUCAO INVERTIDA, PVC SOLDAVEL, 100 X 75 MM, SERIE NORMAL PARA ESGOTO PREDIAL","Material",null,"UN",1,19,19]
["Insumo"," 00000297 ","SINAPI","ANEL BORRACHA PARA TUBO ESGOTO PREDIAL, DN 75 MM (NBR 5688)","Material",null,"UN",1,3.32,3.32]
["Insumo"," 00020078 ","SINAPI","PASTA LUBRIFICANTE PARA TUBOS E CONEXOES COM JUNTA ELASTICA, EMBALAGEM DE *400* GR (USO EM PVC, ACO, POLIETILENO E OUTROS)","Material",null,"UN",0.1525,29.18,4.4499500000000003]
["Insumo"," 00000301 ","SINAPI","ANEL BORRACHA PARA TUBO ESGOTO PREDIAL, DN 100 MM (NBR 5688)","Material",null,"UN",2,4,8]
[]
[null,"Código","Banco","Descrição","Tipo",null,"Und","Quant.","Valor Unit","Total"]
["Composição"," 104353 ","SINAPI","JUNÇÃO DE REDUÇÃO INVERTIDA, PVC, SÉRIE NORMAL, ESGOTO PREDIAL, DN 100 X 50 MM, JUNTA ELÁSTICA, FORNECIDO E INSTALADO EM PRUMADA DE ESGOTO SANITÁRIO OU VENTILAÇÃO. AF_08/2022","Instalações Prediais de Esgoto - Tubos e Conexões",null,"UN",1,40.78,40.78]
["Composição Auxiliar"," 88267 ","SINAPI","ENCANADOR OU BOMBEIRO HIDRÁULICO COM ENCARGOS COMPLEMENTARES","Livro SINAPI: Cálculos e Parâmetros",null,"H",0.20830000000000001,25.943333599999999,5.4039963999999996]
["Composição Auxiliar"," 88248 ","SINAPI","AUXILIAR DE ENCANADOR OU BOMBEIRO HIDRÁULICO COM ENCARGOS COMPLEMENTARES","Livro SINAPI: Cálculos e Parâmetros",null,"H",0.20830000000000001,22.614539000000001,4.7106085000000002]
["Insumo"," 00000296 ","SINAPI","ANEL BORRACHA PARA TUBO ESGOTO PREDIAL, DN 50 MM (NBR 5688)","Material",null,"UN",1,2.2599999999999998,2.2599999999999998]
["Insumo"," 00010908 ","SINAPI","JUNCAO DE REDUCAO INVERTIDA, PVC SOLDAVEL, 100 X 50 MM, SERIE NORMAL PARA ESGOTO PREDIAL","Material",null,"UN",1,16.329999999999998,16.329999999999998]
["Insumo"," 00020078 ","SINAPI","PASTA LUBRIFICANTE PARA TUBOS E CONEXOES COM JUNTA ELASTICA, EMBALAGEM DE *400* GR (USO EM PVC, ACO, POLIETILENO E OUTROS)","Material",null,"UN",0.14000000000000001,29.18,4.0852000000000004]
["Insumo"," 00000301 ","SINAPI","ANEL BORRACHA PARA TUBO ESGOTO PREDIAL, DN 100 MM (NBR 5688)","Material",null,"UN",2,4,8]
[]
[null,"Código","Banco","Descrição","Tipo",null,"Und","Quant.","Valor Unit","Total"]
["Composição"," 89834 ","SINAPI","JUNÇÃO SIMPLES, PVC, SERIE NORMAL, ESGOTO PREDIAL, DN 100 X 100 MM, JUNTA ELÁSTICA, FORNECIDO E INSTALADO EM PRUMADA DE ESGOTO SANITÁRIO OU VENTILAÇÃO. AF_08/2022","Instalações Prediais de Esgoto - Tubos e Conexões",null,"UN",1,51.65,51.65]
["Composição Auxiliar"," 88267 ","SINAPI","ENCANADOR OU BOMBEIRO HIDRÁULICO COM ENCARGOS COMPLEMENTARES","Livro SINAPI: Cálculos e Parâmetros",null,"H",0.28960000000000002,25.943333599999999,7.5131893999999999]
["Composição Auxiliar"," 88248 ","SINAPI","AUXILIAR DE ENCANADOR OU BOMBEIRO HIDRÁULICO COM ENCARGOS COMPLEMENTARES","Livro SINAPI: Cálculos e Parâmetros",null,"H",0.28960000000000002,22.614539000000001,6.5491704999999998]
["Insumo"," 00020078 ","SINAPI","PASTA LUBRIFICANTE PARA TUBOS E CONEXOES COM JUNTA ELASTICA, EMBALAGEM DE *400* GR (USO EM PVC, ACO, POLIETILENO E OUTROS)","Material",null,"UN",0.17249999999999999,29.18,5.03355]
["Insumo"," 00000301 ","SINAPI","ANEL BORRACHA PARA TUBO ESGOTO PREDIAL, DN 100 MM (NBR 5688)","Material",null,"UN",3,4,12]
["Insumo"," 00003670 ","SINAPI","JUNCAO SIMPLES, PVC, 45 GRAUS, DN 100 X 100 MM, SERIE NORMAL PARA ESGOTO PREDIAL","Material",null,"UN",1,20.56,20.56]
[]
[null,"Código","Banco","Descrição","Tipo",null,"Und","Quant.","Valor Unit","Total"]
["Composição"," 95636 ","SINAPI","KIT CAVALETE PARA MEDIÇÃO DE ÁGUA - ENTRADA PRINCIPAL, EM AÇO GALVANIZADO DN 25 MM (1\") - FORNECIMENTO E INSTALAÇÃO (EXCLUSIVE HIDRÔMETRO). AF_03/2024","Sistemas de Medição",null,"UN",1,398.35,398.35]
["Composição Auxiliar"," 88267 ","SINAPI","ENCANADOR OU BOMBEIRO HIDRÁULICO COM ENCARGOS COMPLEMENTARES","Livro SINAPI: Cálculos e Parâmetros",null,"H",3.5508000000000002,25.943333599999999,92.119588899999997]
["Composição Auxiliar"," 88248 ","SINAPI","AUXILIAR DE ENCANADOR OU BOMBEIRO HIDRÁULICO COM ENCARGOS COMPLEMENTARES","Livro SINAPI: Cálculos e Parâmetros",null,"H",3.5508000000000002,22.614539000000001,80.299705099999997]
["Insumo"," 00007307 ","SINAPI","FUNDO ANTICORROSIVO PARA METAIS FERROSOS (ZARCAO)","Material",null,"L",2.8799999999999999E-2,37.14,1.0696319999999999]
["Insumo"," 00006323 ","SINAPI","TE DE FERRO GALVANIZADO, DE 1\"","Material",null,"UN",1,22.52,22.52]
["Insumo"," 00040626 ","SINAPI","TUBO ACO GALVANIZADO COM COSTURA, CLASSE MEDIA, DN 1\", E = 3,38 MM, PESO 2,50 KG/M (NBR 5580)","Material",null,"M",1.143,34.85,39.833550000000002]
["Insumo"," 00004890 ","SINAPI","PLUG OU BUJAO DE FERRO GALVANIZADO, DE 1\"","Material",null,"UN",1,8.07,8.07]
["Insumo"," 00003472 ","SINAPI","COTOVELO 90 GRAUS DE FERRO GALVANIZADO, COM ROSCA BSP, DE 1\"","Material",null,"UN",4,16.239999999999998,64.959999999999994]
["Insumo"," 00003148 ","SINAPI","FITA VEDA ROSCA, EM PTFE, ROLO DE 18 MM X 50 M (L X C)","Material",null,"UN",0.1188,16.59,1.9708920000000001]
["Insumo"," 00006019 ","SINAPI","REGISTRO GAVETA BRUTO EM LATAO FORJADO, BITOLA 1\"","Material",null,"UN",1,63.41,63.41]
["Insumo"," 00004179 ","SINAPI","NIPLE DE FERRO GALVANIZADO, COM ROSCA BSP, DE 1\"","Material",null,"UN",2,12.05,24.1]
[]
[null,"Código","Banco","Descrição","Tipo",null,"Und","Quant.","Valor Unit","Total"]
["Composição"," 95241 ","SINAPI","LASTRO DE CONCRETO MAGRO, APLICADO EM PISOS, LAJES SOBRE SOLO OU RADIERS, ESPESSURA DE 5 CM. AF_01/2024","Lastro",null,"m²",1,51.19,51.19]
["Composição Auxiliar"," 94968 ","SINAPI","CONCRETO MAGRO PARA LASTRO, TRAÇO 1:4,5:4,5 (EM MASSA SECA DE CIMENTO/ AREIA MÉDIA/ BRITA 1) - PREPARO MECÂNICO COM BETONEIRA 600 L. AF_05/2021","Produção de Concreto",null,"m³",6.9000000000000006E-2,616.35636126287397,42.528588900000003]
["Composição Auxiliar"," 88309 ","SINAPI","PEDREIRO COM ENCARGOS COMPLEMENTARES","Livro SINAPI: Cálculos e Parâmetros",null,"H",0.25414999999999999,26.511984000000002,6.7380206999999999]
["Composição Auxiliar"," 88316 ","SINAPI","SERVENTE COM ENCARGOS COMPLEMENTARES","Livro SINAPI: Cálculos e Parâmetros",null,"H",9.1899999999999996E-2,20.96602,1.9267772000000001]
[]
[null,"Código","Banco","Descrição","Tipo",null,"Und","Quant.","Valor Unit","Total"]
["Composição"," 98525 ","SINAPI","LIMPEZA MECANIZADA DE CAMADA VEGETAL, VEGETAÇÃO E PEQUENAS ÁRVORES (DIÂMETRO DE TRONCO MENOR QUE 0,20 M), COM TRATOR DE ESTEIRAS. AF_03/2024","Supressão Vegetal",null,"m²",1,0.7,0.7]
["Composição Auxiliar"," 89031 ","SINAPI","TRATOR DE ESTEIRAS, POTÊNCIA 100 HP, PESO OPERACIONAL 9,4 T, COM LÂMINA 2,19 M3 - CHI DIURNO. AF_06/2014","Custos Horários Produtivo e Improdutivo dos Equipamentos",null,"CHI",2.8999999999999998E-3,86.020147600000001,0.2494584]
["Composição Auxiliar"," 88441 ","SINAPI","JARDINEIRO COM ENCARGOS COMPLEMENTARES","Livro SINAPI: Cálculos e Parâmetros",null,"H",4.5999999999999999E-3,21.303883200000001,9.7997899999999999E-2]
["Composição Auxiliar"," 89032 ","SINAPI","TRATOR DE ESTEIRAS, POTÊNCIA 100 HP, PESO OPERACIONAL 9,4 T, COM LÂMINA 2,19 M3 - CHP DIURNO. AF_06/2014","Custos Horários Produtivo e Improdutivo dos Equipamentos",null,"CHP",1.6999999999999999E-3,213.08838840000001,0.36225030000000003]
[]
[null,"Código","Banco","Descrição","Tipo",null,"Und","Quant.","Valor Unit","Total"]
["Composição"," 99059 ","SINAPI","LOCAÇÃO CONVENCIONAL DE OBRA, UTILIZANDO GABARITO DE TÁBUAS CORRIDAS PONTALETADAS A CADA 2,00M - 2 UTILIZAÇÕES. AF_03/2024","Locação de Obras",null,"M",1,59.73,59.73]
["Composição Auxiliar"," 91692 ","SINAPI","SERRA CIRCULAR DE BANCADA COM MOTOR ELÉTRICO POTÊNCIA DE 5HP, COM COIFA PARA DISCO 10\" - CHP DIURNO. AF_08/2015","Custos Horários Produtivo e Improdutivo dos Equipamentos",null,"CHP",7.0000000000000001E-3,39.168382768000001,0.2741787]
["Composição Auxiliar"," 88239 ","SINAPI","AJUDANTE DE CARPINTEIRO COM ENCARGOS COMPLEMENTARES","Livro SINAPI: Cálculos e Parâmetros",null,"H",0.72470000000000001,22.676418000000002,16.4336001]
["Composição Auxiliar"," 94974 ","SINAPI","CONCRETO MAGRO PARA LASTRO, TRAÇO 1:4,5:4,5 (EM MASSA SECA DE CIMENTO/ AREIA MÉDIA/ BRITA 1) - PREPARO MANUAL. AF_05/2021","Produção de Concreto",null,"m³",4.0000000000000001E-3,685.44166151599995,2.7417666000000001]
["Composição Auxiliar"," 91693 ","SINAPI","SERRA CIRCULAR DE BANCADA COM MOTOR ELÉTRICO POTÊNCIA DE 5HP, COM COIFA PARA DISCO 10\" - CHI DIURNO. AF_08/2015","Custos Horários Produtivo e Improdutivo dos Equipamentos",null,"CHI",2.8000000000000001E-2,37.738144767999998,1.0566681]
["Composição Auxiliar"," 88262 ","SINAPI","CARPINTEIRO DE FORMAS COM ENCARGOS COMPLEMENTARES","Livro SINAPI: Cálculos e Parâmetros",null,"H",0.72470000000000001,25.926032800000002,18.788595999999998]
["Insumo"," 00007356 ","SINAPI","TINTA LATEX ACRILICA PREMIUM, COR BRANCO FOSCO","Material",null,"L",2.5600000000000001E-2,33.89,0.86758400000000002]
["Insumo"," 00010567 ","SINAPI","TABUA *2,5 X 23* CM EM PINUS, MISTA OU EQUIVALENTE DA REGIAO - BRUTA","Material",null,"M",0.55000000000000004,11.36,6.2480000000000002]
["Insumo"," 00005068 ","SINAPI","PREGO DE ACO POLIDO COM CABECA 17 X 21 (2 X 11)","Material",null,"KG",0.111,16.72,1.85592]
["Insumo"," 00004417 ","SINAPI","SARRAFO NAO APARELHADO *2,5 X 7* CM, EM MACARANDUBA/MASSARANDUBA, ANGELIM, PEROBA-ROSA OU EQUIVALENTE DA REGIAO - BRUTA","Material",null,"M",0.74450000000000005,5.15,3.8341750000000001]
["Insumo"," 00004433 ","SINAPI","CAIBRO NAO APARELHADO *6 X 6* CM, EM MACARANDUBA/MASSARANDUBA, ANGELIM OU EQUIVALENTE DA REGIAO - BRUTA","Material",null,"M",0.41249999999999998,18.52,7.6395]
[]
[null,"Código","Banco","Descrição","Tipo",null,"Und","Quant.","Valor Unit","Total"]
["Composição"," 97605 ","SINAPI","LUMINÁRIA ARANDELA TIPO MEIA LUA, DE SOBREPOR, COM 1 LÂMPADA LED DE 6 W, SEM REATOR - FORNECIMENTO E INSTALAÇÃO. AF_09/2024","Iluminação Predial e Monitoramento",null,"UN",1,78,78]
["Composição Auxiliar"," 88264 ","SINAPI","ELETRICISTA COM ENCARGOS COMPLEMENTARES","Livro SINAPI: Cálculos e Parâmetros",null,"H",0.38340000000000002,28.739106400000001,11.018573399999999]
["Composição Auxiliar"," 88247 ","SINAPI","AUXILIAR DE ELETRICISTA COM ENCARGOS COMPLEMENTARES","Livro SINAPI: Cálculos e Parâmetros",null,"H",0.1198125,23.583625999999999,2.8256131999999998]
["Insumo"," 00038769 ","SINAPI","LUMINARIA ARANDELA TIPO MEIA-LUA COM VIDRO FOSCO *30 X 15* CM, PARA 1 LAMPADA, BASE E27, POTENCIA MAXIMA 40/60 W (NAO INCLUI LAMPADA)","Material",null,"UN",1,58.95,58.95]
["Insumo"," 00038193 ","SINAPI","LAMPADA LED 6 W BIVOLT BRANCA, FORMATO TRADICIONAL (BASE E27)","Material",null,"UN",1,5.21,5.21]
[]
[null,"Código","Banco","Descrição","Tipo",null,"Und","Quant.","Valor Unit","Total"]
["Composição"," 103782 ","SINAPI","LUMINÁRIA TIPO PLAFON CIRCULAR, DE SOBREPOR, COM LED DE 12/13 W - FORNECIMENTO E INSTALAÇÃO. AF_09/2024","Iluminação Predial e Monitoramento",null,"UN",1,31.22,31.22]
["Composição Auxiliar"," 88247 ","SINAPI","AUXILIAR DE ELETRICISTA COM ENCARGOS COMPLEMENTARES","Livro SINAPI: Cálculos e Parâmetros",null,"H",0.1509375,23.583625999999999,3.5596535]
["Composição Auxiliar"," 88264 ","SINAPI","ELETRICISTA COM ENCARGOS COMPLEMENTARES","Livro SINAPI: Cálculos e Parâmetros",null,"H",0.48299989999999998,28.739106400000001,13.8809855]
["Insumo"," 00039385 ","SINAPI","LUMINARIA LED PLAFON REDONDO DE SOBREPOR BIVOLT 12/13 W, D = *17* CM","Material",null,"UN",1,13.78,13.78]
[]
[null,"Código","Banco","Descrição","Tipo",null,"Und","Quant.","Valor Unit","Total"]
["Composição"," 89374 ","SINAPI","LUVA COM BUCHA DE LATÃO, PVC, SOLDÁVEL, DN 20MM X 1/2\", INSTALADO EM RAMAL OU SUB-RAMAL DE ÁGUA - FORNECIMENTO E INSTALAÇÃO. AF_06/2022","Instalações Prediais de Água Fria em PVC",null,"UN",1,9.74,9.74]
["Composição Auxiliar"," 88267 ","SINAPI","ENCANADOR OU BOMBEIRO HIDRÁULICO COM ENCARGOS COMPLEMENTARES","Livro SINAPI: Cálculos e Parâmetros",null,"H",8.0500000000000002E-2,25.943333599999999,2.0884383999999998]
["Composição Auxiliar"," 88248 ","SINAPI","AUXILIAR DE ENCANADOR OU BOMBEIRO HIDRÁULICO COM ENCARGOS COMPLEMENTARES","Livro SINAPI: Cálculos e Parâmetros",null,"H",8.0500000000000002E-2,22.614539000000001,1.8204704]
["Insumo"," 00003855 ","SINAPI","LUVA SOLDAVEL COM BUCHA DE LATAO, PVC, 20 MM X 1/2\"","Material",null,"UN",1,4.96,4.96]
["Insumo"," 00038383 ","SINAPI","LIXA D'AGUA EM FOLHA, COR PRETA, GRAO 100","Material",null,"UN",2.9100000000000001E-2,2,5.8200000000000002E-2]
["Insumo"," 00020083 ","SINAPI","SOLUCAO PREPARADORA / LIMPADORA PARA PVC, FRASCO COM 1000 CM3","Material",null,"UN",6.0000000000000001E-3,80.11,0.48065999999999998]
["Insumo"," 00000122 ","SINAPI","ADESIVO PLASTICO PARA PVC, FRASCO COM *850* GR","Material",null,"UN",4.7000000000000002E-3,70.709999999999994,0.33233699999999999]
[]
[null,"Código","Banco","Descrição","Tipo",null,"Und","Quant.","Valor Unit","Total"]
["Composição"," 91875 ","SINAPI","LUVA PARA ELETRODUTO, PVC, ROSCÁVEL, DN 25 MM (3/4\"), PARA CIRCUITOS TERMINAIS, INSTALADA EM FORRO - FORNECIMENTO E INSTALAÇÃO. AF_03/2023","Instalações Elétricas - Eletrodutos Embutidos, Cabos, Caixas, Tomadas e Interruptores",null,"UN",1,8.6999999999999993,8.6999999999999993]
["Composição Auxiliar"," 88247 ","SINAPI","AUXILIAR DE ELETRICISTA COM ENCARGOS COMPLEMENTARES","Livro SINAPI: Cálculos e Parâmetros",null,"H",0.13700000000000001,23.583625999999999,3.2309568]
["Composição Auxiliar"," 88264 ","SINAPI","ELETRICISTA COM ENCARGOS COMPLEMENTARES","Livro SINAPI: Cálculos e Parâmetros",null,"H",0.13700000000000001,28.739106400000001,3.9372576000000001]
["Insumo"," 00001891 ","SINAPI","LUVA EM PVC RIGIDO ROSCAVEL, DE 3/4\", PARA ELETRODUTO","Material",null,"UN",1,1.54,1.54]
[]
[null,"Código","Banco","Descrição","Tipo",null,"Und","Quant.","Valor Unit","Total"]
["Composição"," 91885 ","SINAPI","LUVA PARA ELETRODUTO, PVC, ROSCÁVEL, DN 32 MM (1\"), PARA CIRCUITOS TERMINAIS, INSTALADA EM PAREDE - FORNECIMENTO E INSTALAÇÃO. AF_03/2023","Instalações Elétricas - Eletrodutos Embutidos, Cabos, Caixas, Tomadas e Interruptores",null,"UN",1,13.6,13.6]
["Composição Auxiliar"," 88247 ","SINAPI","AUXILIAR DE ELETRICISTA COM ENCARGOS COMPLEMENTARES","Livro SINAPI: Cálculos e Parâmetros",null,"H",0.219,23.583625999999999,5.1648141000000001]
["Composição Auxiliar"," 88264 ","SINAPI","ELETRICISTA COM ENCARGOS COMPLEMENTARES","Livro SINAPI: Cálculos e Parâmetros",null,"H",0.219,28.739106400000001,6.2938643000000001]
["Insumo"," 00001892 ","SINAPI","LUVA EM PVC RIGIDO ROSCAVEL, DE 1\", PARA ELETRODUTO","Material",null,"UN",1,2.15,2.15]
[]
[null,"Código","Banco","Descrição","Tipo",null,"Und","Quant.","Valor Unit","Total"]
["Composição"," 91886 ","SINAPI","LUVA PARA ELETRODUTO, PVC, ROSCÁVEL, DN 40 MM (1 1/4\"), PARA CIRCUITOS TERMINAIS, INSTALADA EM PAREDE - FORNECIMENTO E INSTALAÇÃO. AF_03/2023","Instalações Elétricas - Eletrodutos Embutidos, Cabos, Caixas, Tomadas e Interruptores",null,"UN",1,16.09,16.09]
["Composição Auxiliar"," 88247 ","SINAPI","AUXILIAR DE ELETRICISTA COM ENCARGOS COMPLEMENTARES","Livro SINAPI: Cálculos e Parâmetros",null,"H",0.24399999999999999,23.583625999999999,5.7544047000000003]
["Composição Auxiliar"," 88264 ","SINAPI","ELETRICISTA COM ENCARGOS COMPLEMENTARES","Livro SINAPI: Cálculos e Parâmetros",null,"H",0.24399999999999999,28.739106400000001,7.0123420000000003]
["Insumo"," 00001902 ","SINAPI","LUVA EM PVC RIGIDO ROSCAVEL, DE 1 1/4\", PARA ELETRODUTO","Material",null,"UN",1,3.33,3.33]
[]
[null,"Código","Banco","Descrição","Tipo",null,"Und","Quant.","Valor Unit","Total"]
["Composição"," 89821 ","SINAPI","LUVA SIMPLES, PVC, SERIE NORMAL, ESGOTO PREDIAL, DN 100 MM, JUNTA ELÁSTICA, FORNECIDO E INSTALADO EM PRUMADA DE ESGOTO SANITÁRIO OU VENTILAÇÃO. AF_08/2022","Instalações Prediais de Esgoto - Tubos e Conexões",null,"UN",1,17.579999999999998,17.579999999999998]
["Composição Auxiliar"," 88267 ","SINAPI","ENCANADOR OU BOMBEIRO HIDRÁULICO COM ENCARGOS COMPLEMENTARES","Livro SINAPI: Cálculos e Parâmetros",null,"H",0.14480000000000001,25.943333599999999,3.7565947]
["Composição Auxiliar"," 88248 ","SINAPI","AUXILIAR DE ENCANADOR OU BOMBEIRO HIDRÁULICO COM ENCARGOS COMPLEMENTARES","Livro SINAPI: Cálculos e Parâmetros",null,"H",0.14480000000000001,22.614539000000001,3.2745852000000002]
["Insumo"," 00020083 ","SINAPI","SOLUCAO PREPARADORA / LIMPADORA PARA PVC, FRASCO COM 1000 CM3","Material",null,"UN",0.04,80.11,3.2044000000000001]
["Insumo"," 00038383 ","SINAPI","LIXA D'AGUA EM FOLHA, COR PRETA, GRAO 100","Material",null,"UN",5.4000000000000003E-3,2,1.0800000000000001E-2]
["Insumo"," 00000122 ","SINAPI","ADESIVO PLASTICO PARA PVC, FRASCO COM *850* GR","Material",null,"UN",2.4500000000000001E-2,70.709999999999994,1.7323949999999999]
["Insumo"," 00003899 ","SINAPI","LUVA SIMPLES, PVC, SOLDAVEL, DN 100 MM, SERIE NORMAL, PARA ESGOTO PREDIAL","Material",null,"UN",1,5.61,5.61]
[]
[null,"Código","Banco","Descrição","Tipo",null,"Und","Quant.","Valor Unit","Total"]
["Composição"," 89813 ","SINAPI","LUVA SIMPLES, PVC, SERIE NORMAL, ESGOTO PREDIAL, DN 50 MM, JUNTA ELÁSTICA, FORNECIDO E INSTALADO EM PRUMADA DE ESGOTO SANITÁRIO OU VENTILAÇÃO. AF_08/2022","Instalações Prediais de Esgoto - Tubos e Conexões",null,"UN",1,5.35,5.35]
["Composição Auxiliar"," 88248 ","SINAPI","AUXILIAR DE ENCANADOR OU BOMBEIRO HIDRÁULICO COM ENCARGOS COMPLEMENTARES","Livro SINAPI: Cálculos e Parâmetros",null,"H",2.2800000000000001E-2,22.614539000000001,0.5156115]
["Composição Auxiliar"," 88267 ","SINAPI","ENCANADOR OU BOMBEIRO HIDRÁULICO COM ENCARGOS COMPLEMENTARES","Livro SINAPI: Cálculos e Parâmetros",null,"H",2.2800000000000001E-2,25.943333599999999,0.59150800000000003]
["Insumo"," 00000122 ","SINAPI","ADESIVO PLASTICO PARA PVC, FRASCO COM *850* GR","Material",null,"UN",7.3000000000000001E-3,70.709999999999994,0.51618299999999995]
["Insumo"," 00038383 ","SINAPI","LIXA D'AGUA EM FOLHA, COR PRETA, GRAO 100","Material",null,"UN",8.0000000000000002E-3,2,1.6E-2]
["Insumo"," 00003875 ","SINAPI","LUVA SIMPLES, PVC, SOLDAVEL, DN 50 MM, SERIE NORMAL, PARA ESGOTO PREDIAL","Material",null,"UN",1,2.83,2.83]
["Insumo"," 00020083 ","SINAPI","SOLUCAO PREPARADORA / LIMPADORA PARA PVC, FRASCO COM 1000 CM3","Material",null,"UN",1.0999999999999999E-2,80.11,0.88121000000000005]
[]
[null,"Código","Banco","Descrição","Tipo",null,"Und","Quant.","Valor Unit","Total"]
["Composição"," 89817 ","SINAPI","LUVA SIMPLES, PVC, SERIE NORMAL, ESGOTO PREDIAL, DN 75 MM, JUNTA ELÁSTICA, FORNECIDO E INSTALADO EM PRUMADA DE ESGOTO SANITÁRIO OU VENTILAÇÃO. AF_08/2022","Instalações Prediais de Esgoto - Tubos e Conexões",null,"UN",1,13.13,13.13]
["Composição Auxiliar"," 88267 ","SINAPI","ENCANADOR OU BOMBEIRO HIDRÁULICO COM ENCARGOS COMPLEMENTARES","Livro SINAPI: Cálculos e Parâmetros",null,"H",8.3799999999999999E-2,25.943333599999999,2.1740514000000002]
["Composição Auxiliar"," 88248 ","SINAPI","AUXILIAR DE ENCANADOR OU BOMBEIRO HIDRÁULICO COM ENCARGOS COMPLEMENTARES","Livro SINAPI: Cálculos e Parâmetros",null,"H",8.3799999999999999E-2,22.614539000000001,1.8950984]
["Insumo"," 00000122 ","SINAPI","ADESIVO PLASTICO PARA PVC, FRASCO COM *850* GR","Material",null,"UN",1.67E-2,70.709999999999994,1.180857]
["Insumo"," 00038383 ","SINAPI","LIXA D'AGUA EM FOLHA, COR PRETA, GRAO 100","Material",null,"UN",3.1E-2,2,6.2E-2]
["Insumo"," 00003898 ","SINAPI","LUVA SIMPLES, PVC, SOLDAVEL, DN 75 MM, SERIE NORMAL, PARA ESGOTO PREDIAL","Material",null,"UN",1,5.74,5.74]
["Insumo"," 00020083 ","SINAPI","SOLUCAO PREPARADORA / LIMPADORA PARA PVC, FRASCO COM 1000 CM3","Material",null,"UN",2.5999999999999999E-2,80.11,2.0828600000000002]
[]
[null,"Código","Banco","Descrição","Tipo",null,"Und","Quant.","Valor Unit","Total"]
["Composição"," 88274 ","SINAPI","MARMORISTA/GRANITEIRO COM ENCARGOS COMPLEMENTARES","Livro SINAPI: Cálculos e Parâmetros",null,"H",1,27.72,27.72]
["Composição Auxiliar"," 95341 ","SINAPI","CURSO DE CAPACITAÇÃO PARA MARMORISTA/GRANITEIRO (ENCARGOS COMPLEMENTARES) - HORISTA","Livro SINAPI: Cálculos e Parâmetros",null,"H",1,0.334314,0.334314]
["Insumo"," 00043465 ","SINAPI","FERRAMENTAS - FAMILIA PEDREIRO - HORISTA (ENCARGOS COMPLEMENTARES - COLETADO CAIXA)","Encargos Complementares",null,"H",1,0.65,0.65]
["Insumo"," 00037373 ","SINAPI","SEGURO - HORISTA (COLETADO CAIXA - ENCARGOS COMPLEMENTARES)","Encargos Complementares",null,"H",1,0.01,0.01]
["Insumo"," 00037371 ","SINAPI","TRANSPORTE - HORISTA (COLETADO CAIXA - ENCARGOS COMPLEMENTARES)","Encargos Complementares",null,"H",1,0.38,0.38]
["Insumo"," 00043489 ","SINAPI","EPI - FAMILIA PEDREIRO - HORISTA (ENCARGOS COMPLEMENTARES - COLETADO CAIXA)","Encargos Complementares",null,"H",1,1.74,1.74]
["Insumo"," 00004755 ","SINAPI","MARMORISTA / GRANITEIRO (HORISTA)","Mão de Obra",null,"H",1,22.65,22.65]
["Insumo"," 00037372 ","SINAPI","EXAMES - HORISTA (COLETADO CAIXA - ENCARGOS COMPLEMENTARES)","Encargos Complementares",null,"H",1,1.3,1.3]
["Insumo"," 00037370 ","SINAPI","ALIMENTACAO - HORISTA (COLETADO CAIXA - ENCARGOS COMPLEMENTARES)","Encargos Complementares",null,"H",1,0.66,0.66]
[]
[null,"Código","Banco","Descrição","Tipo",null,"Und","Quant.","Valor Unit","Total"]
["Composição"," 100858 ","SINAPI","MICTÓRIO SIFONADO LOUÇA BRANCA - PADRÃO MÉDIO - FORNECIMENTO E INSTALAÇÃO. AF_01/2020","Louças e Metais",null,"UN",1,730.97,730.97]
["Composição Auxiliar"," 88267 ","SINAPI","ENCANADOR OU BOMBEIRO HIDRÁULICO COM ENCARGOS COMPLEMENTARES","Livro SINAPI: Cálculos e Parâmetros",null,"H",1.0089999999999999,25.943333599999999,26.176823599999999]
["Composição Auxiliar"," 88316 ","SINAPI","SERVENTE COM ENCARGOS COMPLEMENTARES","Livro SINAPI: Cálculos e Parâmetros",null,"H",0.31790000000000002,20.96602,6.6650977999999999]
["Insumo"," 00006142 ","SINAPI","CONJUNTO DE LIGACAO AJUSTAVEL, PARA VASO / BACIA SANITARIA, EM PLASTICO BRANCO, COM TUBO, CANOPLA E ESPUDE","Material",null,"UN",1,8.58,8.58]
["Insumo"," 00010432 ","SINAPI","MICTORIO INDIVIDUAL, SIFONADO, DE LOUCA BRANCA, SEM COMPLEMENTOS","Material",null,"UN",1,313.39,313.39]
["Insumo"," 00003146 ","SINAPI","FITA VEDA ROSCA, EM PTFE, ROLO DE 18 MM X 10 M (L X C)","Material",null,"UN",3.6499999999999998E-2,4.5,0.16425000000000001]
["Insumo"," 00004351 ","SINAPI","PARAFUSO NIQUELADO 3 1/2\" COM ACABAMENTO CROMADO PARA FIXAR PECA SANITARIA, INCLUI PORCA CEGA, ARRUELA E BUCHA DE NYLON TAMANHO S-8","Material",null,"UN",2,22.34,44.68]
["Insumo"," 00021112 ","SINAPI","VALVULA DE DESCARGA EM METAL CROMADO PARA MICTORIO COM ACIONAMENTO POR PRESSAO E FECHAMENTO AUTOMATICO","Material",null,"UN",1,331.32,331.32]
[]
[null,"Código","Banco","Descrição","Tipo",null,"Und","Quant.","Valor Unit","Total"]
["Composição"," 88278 ","SINAPI","MONTADOR DE ESTRUTURAS METÁLICAS COM ENCARGOS COMPLEMENTARES","Livro SINAPI: Cálculos e Parâmetros",null,"H",1,24.96,24.96]
["Composição Auxiliar"," 95344 ","SINAPI","CURSO DE CAPACITAÇÃO PARA MONTADOR DE ESTRUTURA METÁLICA (ENCARGOS COMPLEMENTARES) - HORISTA","Livro SINAPI: Cálculos e Parâmetros",null,"H",1,0.245225,0.245225]
["Insumo"," 00043464 ","SINAPI","FERRAMENTAS - FAMILIA OPERADOR ESCAVADEIRA - HORISTA (ENCARGOS COMPLEMENTARES - COLETADO CAIXA)","Encargos Complementares",null,"H",1,0.03,0.03]
["Insumo"," 00037373 ","SINAPI","SEGURO - HORISTA (COLETADO CAIXA - ENCARGOS COMPLEMENTARES)","Encargos Complementares",null,"H",1,0.01,0.01]
["Insumo"," 00037370 ","SINAPI","ALIMENTACAO - HORISTA (COLETADO CAIXA - ENCARGOS COMPLEMENTARES)","Encargos Complementares",null,"H",1,0.66,0.66]
["Insumo"," 00037371 ","SINAPI","TRANSPORTE - HORISTA (COLETADO CAIXA - ENCARGOS COMPLEMENTARES)","Encargos Complementares",null,"H",1,0.38,0.38]
["Insumo"," 00037372 ","SINAPI","EXAMES - HORISTA (COLETADO CAIXA - ENCARGOS COMPLEMENTARES)","Encargos Complementares",null,"H",1,1.3,1.3]
["Insumo"," 00044497 ","SINAPI","MONTADOR DE ESTRUTURAS METALICAS HORISTA","Mão de Obra",null,"H",1,21.25,21.25]
["Insumo"," 00043488 ","SINAPI","EPI - FAMILIA OPERADOR ESCAVADEIRA - HORISTA (ENCARGOS COMPLEMENTARES - COLETADO CAIXA)","Encargos Complementares",null,"H",1,1.0900000000000001,1.0900000000000001]
[]
[null,"Código","Banco","Descrição","Tipo",null,"Und","Quant.","Valor Unit","Total"]
["Composição"," 88286 ","SINAPI","MOTORISTA OPERADOR DE MUNCK COM ENCARGOS COMPLEMENTARES","Livro SINAPI: Cálculos e Parâmetros",null,"H",1,31.3,31.3]
["Composição Auxiliar"," 95351 ","SINAPI","CURSO DE CAPACITAÇÃO PARA MOTORISTA OPERADOR DE MUNCK (ENCARGOS COMPLEMENTARES) - HORISTA","Livro SINAPI: Cálculos e Parâmetros",null,"H",1,0.4483743,0.4483743]
["Insumo"," 00004096 ","SINAPI","MOTORISTA OPERADOR DE CAMINHAO COM MUNCK (HORISTA)","Mão de Obra",null,"H",1,27.39,27.39]
["Insumo"," 00037372 ","SINAPI","EXAMES - HORISTA (COLETADO CAIXA - ENCARGOS COMPLEMENTARES)","Encargos Complementares",null,"H",1,1.3,1.3]
["Insumo"," 00043464 ","SINAPI","FERRAMENTAS - FAMILIA OPERADOR ESCAVADEIRA - HORISTA (ENCARGOS COMPLEMENTARES - COLETADO CAIXA)","Encargos Complementares",null,"H",1,0.03,0.03]
["Insumo"," 00037371 ","SINAPI","TRANSPORTE - HORISTA (COLETADO CAIXA - ENCARGOS COMPLEMENTARES)","Encargos Complementares",null,"H",1,0.38,0.38]
["Insumo"," 00037373 ","SINAPI","SEGURO - HORISTA (COLETADO CAIXA - ENCARGOS COMPLEMENTARES)","Encargos Complementares",null,"H",1,0.01,0.01]
["Insumo"," 00043488 ","SINAPI","EPI - FAMILIA OPERADOR ESCAVADEIRA - HORISTA (ENCARGOS COMPLEMENTARES - COLETADO CAIXA)","Encargos Complementares",null,"H",1,1.0900000000000001,1.0900000000000001]
["Insumo"," 00037370 ","SINAPI","ALIMENTACAO - HORISTA (COLETADO CAIXA - ENCARGOS COMPLEMENTARES)","Encargos Complementares",null,"H",1,0.66,0.66]
[]
[null,"Código","Banco","Descrição","Tipo",null,"Und","Quant.","Valor Unit","Total"]
["Composição"," 88377 ","SINAPI","OPERADOR DE BETONEIRA ESTACIONÁRIA/MISTURADOR COM ENCARGOS COMPLEMENTARES","Livro SINAPI: Cálculos e Parâmetros",null,"H",1,20.5,20.5]
["Composição Auxiliar"," 95389 ","SINAPI","CURSO DE CAPACITAÇÃO PARA OPERADOR DE BETONEIRA ESTACIONÁRIA/MISTURADOR (ENCARGOS COMPLEMENTARES) - HORISTA","Livro SINAPI: Cálculos e Parâmetros",null,"H",1,0.14035590000000001,0.14035590000000001]
["Insumo"," 00043488 ","SINAPI","EPI - FAMILIA OPERADOR ESCAVADEIRA - HORISTA (ENCARGOS COMPLEMENTARES - COLETADO CAIXA)","Encargos Complementares",null,"H",1,1.0900000000000001,1.0900000000000001]
["Insumo"," 00043464 ","SINAPI","FERRAMENTAS - FAMILIA OPERADOR ESCAVADEIRA - HORISTA (ENCARGOS COMPLEMENTARES - COLETADO CAIXA)","Encargos Complementares",null,"H",1,0.03,0.03]
["Insumo"," 00037370 ","SINAPI","ALIMENTACAO - HORISTA (COLETADO CAIXA - ENCARGOS COMPLEMENTARES)","Encargos Complementares",null,"H",1,0.66,0.66]
["Insumo"," 00037666 ","SINAPI","OPERADOR DE BETONEIRA ESTACIONARIA / MISTURADOR (HORISTA)","Mão de Obra",null,"H",1,16.89,16.89]
["Insumo"," 00037371 ","SINAPI","TRANSPORTE - HORISTA (COLETADO CAIXA - ENCARGOS COMPLEMENTARES)","Encargos Complementares",null,"H",1,0.38,0.38]
["Insumo"," 00037373 ","SINAPI","SEGURO - HORISTA (COLETADO CAIXA - ENCARGOS COMPLEMENTARES)","Encargos Complementares",null,"H",1,0.01,0.01]
["Insumo"," 00037372 ","SINAPI","EXAMES - HORISTA (COLETADO CAIXA - ENCARGOS COMPLEMENTARES)","Encargos Complementares",null,"H",1,1.3,1.3]
[]
[null,"Código","Banco","Descrição","Tipo",null,"Und","Quant.","Valor Unit","Total"]
["Composição"," 88294 ","SINAPI","OPERADOR DE ESCAVADEIRA COM ENCARGOS COMPLEMENTARES","Livro SINAPI: Cálculos e Parâmetros",null,"H",1,28.47,28.47]
["Composição Auxiliar"," 95357 ","SINAPI","CURSO DE CAPACITAÇÃO PARA OPERADOR DE ESCAVADEIRA (ENCARGOS COMPLEMENTARES) - HORISTA","Livro SINAPI: Cálculos e Parâmetros",null,"H",1,0.28526879999999999,0.28526879999999999]
["Insumo"," 00037372 ","SINAPI","EXAMES - HORISTA (COLETADO CAIXA - ENCARGOS COMPLEMENTARES)","Encargos Complementares",null,"H",1,1.3,1.3]
["Insumo"," 00037371 ","SINAPI","TRANSPORTE - HORISTA (COLETADO CAIXA - ENCARGOS COMPLEMENTARES)","Encargos Complementares",null,"H",1,0.38,0.38]
["Insumo"," 00043488 ","SINAPI","EPI - FAMILIA OPERADOR ESCAVADEIRA - HORISTA (ENCARGOS COMPLEMENTARES - COLETADO CAIXA)","Encargos Complementares",null,"H",1,1.0900000000000001,1.0900000000000001]
["Insumo"," 00043464 ","SINAPI","FERRAMENTAS - FAMILIA OPERADOR ESCAVADEIRA - HORISTA (ENCARGOS COMPLEMENTARES - COLETADO CAIXA)","Encargos Complementares",null,"H",1,0.03,0.03]
["Insumo"," 00037370 ","SINAPI","ALIMENTACAO - HORISTA (COLETADO CAIXA - ENCARGOS COMPLEMENTARES)","Encargos Complementares",null,"H",1,0.66,0.66]
["Insumo"," 00037373 ","SINAPI","SEGURO - HORISTA (COLETADO CAIXA - ENCARGOS COMPLEMENTARES)","Encargos Complementares",null,"H",1,0.01,0.01]
["Insumo"," 00004234 ","SINAPI","OPERADOR DE ESCAVADEIRA (HORISTA)","Mão de Obra",null,"H",1,24.72,24.72]
[]
[null,"Código","Banco","Descrição","Tipo",null,"Und","Quant.","Valor Unit","Total"]
["Composição"," 88295 ","SINAPI","OPERADOR DE GUINCHO COM ENCARGOS COMPLEMENTARES","Livro SINAPI: Cálculos e Parâmetros",null,"H",1,22.36,22.36]
["Composição Auxiliar"," 95358 ","SINAPI","CURSO DE CAPACITAÇÃO PARA OPERADOR DE GUINCHO (ENCARGOS COMPLEMENTARES) - HORISTA","Livro SINAPI: Cálculos e Parâmetros",null,"H",1,0.30431829999999999,0.30431829999999999]
["Insumo"," 00037371 ","SINAPI","TRANSPORTE - HORISTA (COLETADO CAIXA - ENCARGOS COMPLEMENTARES)","Encargos Complementares",null,"H",1,0.38,0.38]
["Insumo"," 00037370 ","SINAPI","ALIMENTACAO - HORISTA (COLETADO CAIXA - ENCARGOS COMPLEMENTARES)","Encargos Complementares",null,"H",1,0.66,0.66]
["Insumo"," 00037372 ","SINAPI","EXAMES - HORISTA (COLETADO CAIXA - ENCARGOS COMPLEMENTARES)","Encargos Complementares",null,"H",1,1.3,1.3]
["Insumo"," 00043488 ","SINAPI","EPI - FAMILIA OPERADOR ESCAVADEIRA - HORISTA (ENCARGOS COMPLEMENTARES - COLETADO CAIXA)","Encargos Complementares",null,"H",1,1.0900000000000001,1.0900000000000001]
["Insumo"," 00004253 ","SINAPI","OPERADOR DE GUINCHO OU GUINCHEIRO (HORISTA)","Mão de Obra",null,"H",1,18.59,18.59]
["Insumo"," 00043464 ","SINAPI","FERRAMENTAS - FAMILIA OPERADOR ESCAVADEIRA - HORISTA (ENCARGOS COMPLEMENTARES - COLETADO CAIXA)","Encargos Complementares",null,"H",1,0.03,0.03]
["Insumo"," 00037373 ","SINAPI","SEGURO - HORISTA (COLETADO CAIXA - ENCARGOS COMPLEMENTARES)","Encargos Complementares",null,"H",1,0.01,0.01]
[]
[null,"Código","Banco","Descrição","Tipo",null,"Und","Quant.","Valor Unit","Total"]
["Composição"," 88297 ","SINAPI","OPERADOR DE MÁQUINAS E EQUIPAMENTOS COM ENCARGOS COMPLEMENTARES","Livro SINAPI: Cálculos e Parâmetros",null,"H",1,37.630000000000003,37.630000000000003]
["Composição Auxiliar"," 95360 ","SINAPI","CURSO DE CAPACITAÇÃO PARA OPERADOR DE MÁQUINAS E EQUIPAMENTOS (ENCARGOS COMPLEMENTARES) - HORISTA","Livro SINAPI: Cálculos e Parâmetros",null,"H",1,0.38982119999999998,0.38982119999999998]
["Insumo"," 00004230 ","SINAPI","OPERADOR DE MAQUINAS E TRATORES DIVERSOS - TERRAPLANAGEM (HORISTA)","Mão de Obra",null,"H",1,33.78,33.78]
["Insumo"," 00037370 ","SINAPI","ALIMENTACAO - HORISTA (COLETADO CAIXA - ENCARGOS COMPLEMENTARES)","Encargos Complementares",null,"H",1,0.66,0.66]
["Insumo"," 00037373 ","SINAPI","SEGURO - HORISTA (COLETADO CAIXA - ENCARGOS COMPLEMENTARES)","Encargos Complementares",null,"H",1,0.01,0.01]
["Insumo"," 00043488 ","SINAPI","EPI - FAMILIA OPERADOR ESCAVADEIRA - HORISTA (ENCARGOS COMPLEMENTARES - COLETADO CAIXA)","Encargos Complementares",null,"H",1,1.0900000000000001,1.0900000000000001]
["Insumo"," 00043464 ","SINAPI","FERRAMENTAS - FAMILIA OPERADOR ESCAVADEIRA - HORISTA (ENCARGOS COMPLEMENTARES - COLETADO CAIXA)","Encargos Complementares",null,"H",1,0.03,0.03]
["Insumo"," 00037372 ","SINAPI","EXAMES - HORISTA (COLETADO CAIXA - ENCARGOS COMPLEMENTARES)","Encargos Complementares",null,"H",1,1.3,1.3]
["Insumo"," 00037371 ","SINAPI","TRANSPORTE - HORISTA (COLETADO CAIXA - ENCARGOS COMPLEMENTARES)","Encargos Complementares",null,"H",1,0.38,0.38]
[]
[null,"Código","Banco","Descrição","Tipo",null,"Und","Quant.","Valor Unit","Total"]
["Composição"," 98441 ","SINAPI","PAREDE DE MADEIRA COMPENSADA PARA CONSTRUÇÃO TEMPORÁRIA EM CHAPA SIMPLES, EXTERNA, SEM VÃO. AF_03/2024","Instalações para Canteiros de Obras",null,"m²",1,105.83,105.83]
["Composição Auxiliar"," 88262 ","SINAPI","CARPINTEIRO DE FORMAS COM ENCARGOS COMPLEMENTARES","Livro SINAPI: Cálculos e Parâmetros",null,"H",0.81599999999999995,25.926032800000002,21.155642799999999]
["Composição Auxiliar"," 91693 ","SINAPI","SERRA CIRCULAR DE BANCADA COM MOTOR ELÉTRICO POTÊNCIA DE 5HP, COM COIFA PARA DISCO 10\" - CHI DIURNO. AF_08/2015","Custos Horários Produtivo e Improdutivo dos Equipamentos",null,"CHI",7.51E-2,37.738144767999998,2.8341346999999999]
["Composição Auxiliar"," 88239 ","SINAPI","AJUDANTE DE CARPINTEIRO COM ENCARGOS COMPLEMENTARES","Livro SINAPI: Cálculos e Parâmetros",null,"H",0.55000000000000004,22.676418000000002,12.472029900000001]
["Composição Auxiliar"," 94974 ","SINAPI","CONCRETO MAGRO PARA LASTRO, TRAÇO 1:4,5:4,5 (EM MASSA SECA DE CIMENTO/ AREIA MÉDIA/ BRITA 1) - PREPARO MANUAL. AF_05/2021","Produção de Concreto",null,"m³",2.8999999999999998E-3,685.44166151599995,1.9877807999999999]
["Composição Auxiliar"," 91692 ","SINAPI","SERRA CIRCULAR DE BANCADA COM MOTOR ELÉTRICO POTÊNCIA DE 5HP, COM COIFA PARA DISCO 10\" - CHP DIURNO. AF_08/2015","Custos Horários Produtivo e Improdutivo dos Equipamentos",null,"CHP",1.8700000000000001E-2,39.168382768000001,0.73244880000000001]
["Insumo"," 00006194 ","SINAPI","TABUA *2,5 X 15 CM EM PINUS, MISTA OU EQUIVALENTE DA REGIAO - BRUTA","Material",null,"M",1.6922999999999999,7.17,12.133791]
["Insumo"," 00005061 ","SINAPI","PREGO DE ACO POLIDO COM CABECA 18 X 27 (2 1/2 X 10)","Material",null,"KG",5.7000000000000002E-2,16.440000000000001,0.93708000000000002]
["Insumo"," 00043681 ","SINAPI","CHAPA/PAINEL DE MADEIRA COMPENSADA RESINADA (MADEIRITE RESINADO ROSA) PARA FORMA DE CONCRETO, DE 2200 X 1100 MM, E = 8 A 12 MM","Material",null,"m²",1.050038,39.25,41.213991499999999]
["Insumo"," 00004491 ","SINAPI","PONTALETE *7,5 X 7,5* CM EM PINUS, MISTA OU EQUIVALENTE DA REGIAO - BRUTA","Material",null,"M",1.2307999999999999,10.050000000000001,12.369540000000001]
[]
[null,"Código","Banco","Descrição","Tipo",null,"Und","Quant.","Valor Unit","Total"]
["Composição"," 88309 ","SINAPI","PEDREIRO COM ENCARGOS COMPLEMENTARES","Livro SINAPI: Cálculos e Parâmetros",null,"H",1,26.51,26.51]
["Composição Auxiliar"," 95371 ","SINAPI","CURSO DE CAPACITAÇÃO PARA PEDREIRO (ENCARGOS COMPLEMENTARES) - HORISTA","Livro SINAPI: Cálculos e Parâmetros",null,"H",1,0.451984,0.451984]
["Insumo"," 00037370 ","SINAPI","ALIMENTACAO - HORISTA (COLETADO CAIXA - ENCARGOS COMPLEMENTARES)","Encargos Complementares",null,"H",1,0.66,0.66]
["Insumo"," 00037372 ","SINAPI","EXAMES - HORISTA (COLETADO CAIXA - ENCARGOS COMPLEMENTARES)","Encargos Complementares",null,"H",1,1.3,1.3]
["Insumo"," 00043489 ","SINAPI","EPI - FAMILIA PEDREIRO - HORISTA (ENCARGOS COMPLEMENTARES - COLETADO CAIXA)","Encargos Complementares",null,"H",1,1.74,1.74]
["Insumo"," 00004750 ","SINAPI","PEDREIRO (HORISTA)","Mão de Obra",null,"H",1,21.32,21.32]
["Insumo"," 00037371 ","SINAPI","TRANSPORTE - HORISTA (COLETADO CAIXA - ENCARGOS COMPLEMENTARES)","Encargos Complementares",null,"H",1,0.38,0.38]
["Insumo"," 00037373 ","SINAPI","SEGURO - HORISTA (COLETADO CAIXA - ENCARGOS COMPLEMENTARES)","Encargos Complementares",null,"H",1,0.01,0.01]
["Insumo"," 00043465 ","SINAPI","FERRAMENTAS - FAMILIA PEDREIRO - HORISTA (ENCARGOS COMPLEMENTARES - COLETADO CAIXA)","Encargos Complementares",null,"H",1,0.65,0.65]
[]
[null,"Código","Banco","Descrição","Tipo",null,"Und","Quant.","Valor Unit","Total"]
["Composição"," 97740 ","SINAPI","PEÇA CIRCULAR PRÉ-MOLDADA, VOLUME DE CONCRETO ACIMA DE 100 LITROS, TAXA DE AÇO APROXIMADA DE 30KG/M³. AF_03/2024","Estruturas Pré-Fabricadas e Pré-Moldadas",null,"m³",1,2441.98,2441.98]
["Composição Auxiliar"," 91692 ","SINAPI","SERRA CIRCULAR DE BANCADA COM MOTOR ELÉTRICO POTÊNCIA DE 5HP, COM COIFA PARA DISCO 10\" - CHP DIURNO. AF_08/2015","Custos Horários Produtivo e Improdutivo dos Equipamentos",null,"CHP",0.26750000000000002,39.168382768000001,10.477542400000001]
["Composição Auxiliar"," 88261 ","SINAPI","CARPINTEIRO DE ESQUADRIAS COM ENCARGOS COMPLEMENTARES","Livro SINAPI: Cálculos e Parâmetros",null,"H",4.3066000000000004,24.726233199999999,106.48599590000001]
["Composição Auxiliar"," 92768 ","SINAPI","ARMAÇÃO DE LAJE DE ESTRUTURA CONVENCIONAL DE CONCRETO ARMADO UTILIZANDO AÇO CA-60 DE 5,0 MM - MONTAGEM. AF_06/2022","Armação para Estruturas de Concreto Armado",null,"KG",32.6798,14.309985508460001,467.64746439999999]
["Composição Auxiliar"," 90587 ","SINAPI","VIBRADOR DE IMERSÃO, DIÂMETRO DE PONTEIRA 45MM, MOTOR ELÉTRICO TRIFÁSICO POTÊNCIA DE 2 CV - CHI DIURNO. AF_06/2015","Custos Horários Produtivo e Improdutivo dos Equipamentos",null,"CHI",2.7986,0.57153167199999999,1.5994885000000001]
["Composição Auxiliar"," 88309 ","SINAPI","PEDREIRO COM ENCARGOS COMPLEMENTARES","Livro SINAPI: Cálculos e Parâmetros",null,"H",7.3795000000000002,26.511984000000002,195.6451859]
["Composição Auxiliar"," 88316 ","SINAPI","SERVENTE COM ENCARGOS COMPLEMENTARES","Livro SINAPI: Cálculos e Parâmetros",null,"H",7.3795000000000002,20.96602,154.71874460000001]
["Composição Auxiliar"," 90586 ","SINAPI","VIBRADOR DE IMERSÃO, DIÂMETRO DE PONTEIRA 45MM, MOTOR ELÉTRICO TRIFÁSICO POTÊNCIA DE 2 CV - CHP DIURNO. AF_06/2015","Custos Horários Produtivo e Improdutivo dos Equipamentos",null,"CHP",1.0264,1.4593786719999999,1.4979062999999999]
["Composição Auxiliar"," 94972 ","SINAPI","CONCRETO FCK = 30MPA, TRAÇO 1:2,1:2,5 (EM MASSA SECA DE CIMENTO/ AREIA MÉDIA/ BRITA 1) - PREPARO MECÂNICO COM BETONEIRA 600 L. AF_05/2021","Produção de Concreto",null,"m³",1.103,797.03054526651999,879.12469139999996]
["Composição Auxiliar"," 91693 ","SINAPI","SERRA CIRCULAR DE BANCADA COM MOTOR ELÉTRICO POTÊNCIA DE 5HP, COM COIFA PARA DISCO 10\" - CHI DIURNO. AF_08/2015","Custos Horários Produtivo e Improdutivo dos Equipamentos",null,"CHI",0.59379999999999999,37.738144767999998,22.4089104]
["Composição Auxiliar"," 88239 ","SINAPI","AJUDANTE DE CARPINTEIRO COM ENCARGOS COMPLEMENTARES","Livro SINAPI: Cálculos e Parâmetros",null,"H",0.86129999999999995,22.676418000000002,19.531198799999999]
["Insumo"," 00020247 ","SINAPI","PREGO DE ACO POLIDO COM CABECA 15 X 15 (1 1/4 X 13)","Material",null,"KG",0.2954,18.52,5.4708079999999999]
["Insumo"," 00001358 ","SINAPI","CHAPA/PAINEL DE MADEIRA COMPENSADA RESINADA (MADEIRITE RESINADO ROSA) PARA FORMA DE CONCRETO, DE 2200 X 1100 MM, E = 17 MM","Material",null,"m²",6.7614000000000001,62.3,421.23522000000003]
["Insumo"," 00005073 ","SINAPI","PREGO DE ACO POLIDO COM CABECA 17 X 24 (2 1/4 X 11)","Material",null,"KG",0.18429999999999999,17.04,3.1404719999999999]
["Insumo"," 00004491 ","SINAPI","PONTALETE *7,5 X 7,5* CM EM PINUS, MISTA OU EQUIVALENTE DA REGIAO - BRUTA","Material",null,"M",1.4216,10.050000000000001,14.28708]
["Insumo"," 00002692 ","SINAPI","DESMOLDANTE PROTETOR PARA FORMAS DE MADEIRA, DE BASE OLEOSA EMULSIONADA EM AGUA","Material",null,"L",3.5000000000000003E-2,8.06,0.28210000000000002]
["Insumo"," 00039995 ","SINAPI","POLIESTIRENO EXPANDIDO/EPS (ISOPOR), TIPO 2F, BLOCO","Material",null,"m³",0.2475,439.92,108.8802]
["Insumo"," 00004517 ","SINAPI","SARRAFO *2,5 X 7,5* CM EM PINUS, MISTA OU EQUIVALENTE DA REGIAO - BRUTA","Material",null,"M",6.25,3.52,22]
["Insumo"," 00043682 ","SINAPI","CHAPA/PAINEL DE MADEIRA COMPENSADA RESINADA (MADEIRITE RESINADO ROSA) PARA FORMA DE CONCRETO, DE 2200 X 1100 MM, E = 6 MM","Material",null,"m²",0.31890000000000002,23.69,7.5547409999999999]
[]
[null,"Código","Banco","Descrição","Tipo",null,"Und","Quant.","Valor Unit","Total"]
["Composição"," 97738 ","SINAPI","PEÇA CIRCULAR PRÉ-MOLDADA, VOLUME DE CONCRETO DE 10 A 30 LITROS, TAXA DE FIBRA DE POLIPROPILENO APROXIMADA DE 6 KG/M³. AF_03/2024_PS","Estruturas Pré-Fabricadas e Pré-Moldadas",null,"m³",1,4414.5600000000004,4414.5600000000004]
["Composição Auxiliar"," 88316 ","SINAPI","SERVENTE COM ENCARGOS COMPLEMENTARES","Livro SINAPI: Cálculos e Parâmetros",null,"H",31.7545,20.96602,665.76548209999999]
["Composição Auxiliar"," 90587 ","SINAPI","VIBRADOR DE IMERSÃO, DIÂMETRO DE PONTEIRA 45MM, MOTOR ELÉTRICO TRIFÁSICO POTÊNCIA DE 2 CV - CHI DIURNO. AF_06/2015","Custos Horários Produtivo e Improdutivo dos Equipamentos",null,"CHI",18.091699999999999,0.57153167199999999,10.339979599999999]
["Composição Auxiliar"," 88261 ","SINAPI","CARPINTEIRO DE ESQUADRIAS COM ENCARGOS COMPLEMENTARES","Livro SINAPI: Cálculos e Parâmetros",null,"H",21.535799999999998,24.726233199999999,532.49921289999997]
["Composição Auxiliar"," 94971 ","SINAPI","CONCRETO FCK = 25MPA, TRAÇO 1:2,3:2,7 (EM MASSA SECA DE CIMENTO/ AREIA MÉDIA/ BRITA 1) - PREPARO MECÂNICO COM BETONEIRA 600 L. AF_05/2021","Produção de Concreto",null,"m³",1.2,771.6607235524516,925.99286830000005]
["Composição Auxiliar"," 88309 ","SINAPI","PEDREIRO COM ENCARGOS COMPLEMENTARES","Livro SINAPI: Cálculos e Parâmetros",null,"H",31.7545,26.511984000000002,841.87479589999998]
["Composição Auxiliar"," 90586 ","SINAPI","VIBRADOR DE IMERSÃO, DIÂMETRO DE PONTEIRA 45MM, MOTOR ELÉTRICO TRIFÁSICO POTÊNCIA DE 2 CV - CHP DIURNO. AF_06/2015","Custos Horários Produtivo e Improdutivo dos Equipamentos",null,"CHP",6.6349999999999998,1.4593786719999999,9.6829774999999998]
["Composição Auxiliar"," 88239 ","SINAPI","AJUDANTE DE CARPINTEIRO COM ENCARGOS COMPLEMENTARES","Livro SINAPI: Cálculos e Parâmetros",null,"H",4.3071999999999999,22.676418000000002,97.671867599999999]
["Composição Auxiliar"," 91693 ","SINAPI","SERRA CIRCULAR DE BANCADA COM MOTOR ELÉTRICO POTÊNCIA DE 5HP, COM COIFA PARA DISCO 10\" - CHI DIURNO. AF_08/2015","Custos Horários Produtivo e Improdutivo dos Equipamentos",null,"CHI",3.4270999999999998,37.738144767999998,129.33239589999999]
["Composição Auxiliar"," 91692 ","SINAPI","SERRA CIRCULAR DE BANCADA COM MOTOR ELÉTRICO POTÊNCIA DE 5HP, COM COIFA PARA DISCO 10\" - CHP DIURNO. AF_08/2015","Custos Horários Produtivo e Improdutivo dos Equipamentos",null,"CHP",0.88009999999999999,39.168382768000001,34.472093700000002]
["Insumo"," 00002692 ","SINAPI","DESMOLDANTE PROTETOR PARA FORMAS DE MADEIRA, DE BASE OLEOSA EMULSIONADA EM AGUA","Material",null,"L",6.6699999999999995E-2,8.06,0.53760200000000002]
["Insumo"," 00020247 ","SINAPI","PREGO DE ACO POLIDO COM CABECA 15 X 15 (1 1/4 X 13)","Material",null,"KG",2.1276000000000002,18.52,39.403151999999999]
["Insumo"," 00043677 ","SINAPI","CHAPA/PAINEL DE MADEIRA COMPENSADA RESINADA (MADEIRITE RESINADO ROSA) PARA FORMA DE CONCRETO, DE 2200 X 1100 MM, E = 20 MM","Material",null,"m²",13.051399999999999,77.290000000000006,1008.742706]
["Insumo"," 00043682 ","SINAPI","CHAPA/PAINEL DE MADEIRA COMPENSADA RESINADA (MADEIRITE RESINADO ROSA) PARA FORMA DE CONCRETO, DE 2200 X 1100 MM, E = 6 MM","Material",null,"m²",0.60740000000000005,23.69,14.389305999999999]
["Insumo"," 00039014 ","SINAPI","FIBRA DE ACO PARA REFORCO DO CONCRETO, SOLTA, TIPO A-I, FATOR DE FORMA *50* L / D, COMPRIMENTO DE *30* MM E RESISTENCIA A TRACAO DO ACO MAIOR 1000 MPA","Material",null,"KG",6,17.309999999999999,103.86]
[]
[null,"Código","Banco","Descrição","Tipo",null,"Und","Quant.","Valor Unit","Total"]
["Composição"," 97736 ","SINAPI","PEÇA RETANGULAR PRÉ-MOLDADA, VOLUME DE CONCRETO ACIMA DE 100 LITROS, TAXA DE AÇO APROXIMADA DE 30KG/M³. AF_03/2024","Estruturas Pré-Fabricadas e Pré-Moldadas",null,"m³",1,1810.02,1810.02]
["Composição Auxiliar"," 91692 ","SINAPI","SERRA CIRCULAR DE BANCADA COM MOTOR ELÉTRICO POTÊNCIA DE 5HP, COM COIFA PARA DISCO 10\" - CHP DIURNO. AF_08/2015","Custos Horários Produtivo e Improdutivo dos Equipamentos",null,"CHP",8.9399999999999993E-2,39.168382768000001,3.5016533999999999]
["Composição Auxiliar"," 90586 ","SINAPI","VIBRADOR DE IMERSÃO, DIÂMETRO DE PONTEIRA 45MM, MOTOR ELÉTRICO TRIFÁSICO POTÊNCIA DE 2 CV - CHP DIURNO. AF_06/2015","Custos Horários Produtivo e Improdutivo dos Equipamentos",null,"CHP",0.76319999999999999,1.4593786719999999,1.1137977999999999]
["Composição Auxiliar"," 88309 ","SINAPI","PEDREIRO COM ENCARGOS COMPLEMENTARES","Livro SINAPI: Cálculos e Parâmetros",null,"H",6.3167999999999997,26.511984000000002,167.4709005]
["Composição Auxiliar"," 88316 ","SINAPI","SERVENTE COM ENCARGOS COMPLEMENTARES","Livro SINAPI: Cálculos e Parâmetros",null,"H",6.3167999999999997,20.96602,132.43815509999999]
["Composição Auxiliar"," 90587 ","SINAPI","VIBRADOR DE IMERSÃO, DIÂMETRO DE PONTEIRA 45MM, MOTOR ELÉTRICO TRIFÁSICO POTÊNCIA DE 2 CV - CHI DIURNO. AF_06/2015","Custos Horários Produtivo e Improdutivo dos Equipamentos",null,"CHI",2.081,0.57153167199999999,1.1893574]
["Composição Auxiliar"," 91693 ","SINAPI","SERRA CIRCULAR DE BANCADA COM MOTOR ELÉTRICO POTÊNCIA DE 5HP, COM COIFA PARA DISCO 10\" - CHI DIURNO. AF_08/2015","Custos Horários Produtivo e Improdutivo dos Equipamentos",null,"CHI",9.7100000000000006E-2,37.738144767999998,3.6643739000000002]
["Composição Auxiliar"," 88239 ","SINAPI","AJUDANTE DE CARPINTEIRO COM ENCARGOS COMPLEMENTARES","Livro SINAPI: Cálculos e Parâmetros",null,"H",0.1865,22.676418000000002,4.229152]
["Composição Auxiliar"," 92768 ","SINAPI","ARMAÇÃO DE LAJE DE ESTRUTURA CONVENCIONAL DE CONCRETO ARMADO UTILIZANDO AÇO CA-60 DE 5,0 MM - MONTAGEM. AF_06/2022","Armação para Estruturas de Concreto Armado",null,"KG",31.7318,14.309985508460001,454.08159819999997]
["Composição Auxiliar"," 88261 ","SINAPI","CARPINTEIRO DE ESQUADRIAS COM ENCARGOS COMPLEMENTARES","Livro SINAPI: Cálculos e Parâmetros",null,"H",0.93259999999999998,24.726233199999999,23.059685099999999]
["Composição Auxiliar"," 94972 ","SINAPI","CONCRETO FCK = 30MPA, TRAÇO 1:2,1:2,5 (EM MASSA SECA DE CIMENTO/ AREIA MÉDIA/ BRITA 1) - PREPARO MECÂNICO COM BETONEIRA 600 L. AF_05/2021","Produção de Concreto",null,"m³",1.103,797.03054526651999,879.12469139999996]
["Insumo"," 00020247 ","SINAPI","PREGO DE ACO POLIDO COM CABECA 15 X 15 (1 1/4 X 13)","Material",null,"KG",6.0100000000000001E-2,18.52,1.1130519999999999]
["Insumo"," 00001358 ","SINAPI","CHAPA/PAINEL DE MADEIRA COMPENSADA RESINADA (MADEIRITE RESINADO ROSA) PARA FORMA DE CONCRETO, DE 2200 X 1100 MM, E = 17 MM","Material",null,"m²",0.75829999999999997,62.3,47.242089999999997]
["Insumo"," 00004517 ","SINAPI","SARRAFO *2,5 X 7,5* CM EM PINUS, MISTA OU EQUIVALENTE DA REGIAO - BRUTA","Material",null,"M",2.8315999999999999,3.52,9.9672319999999992]
["Insumo"," 00002692 ","SINAPI","DESMOLDANTE PROTETOR PARA FORMAS DE MADEIRA, DE BASE OLEOSA EMULSIONADA EM AGUA","Material",null,"L",3.3399999999999999E-2,8.06,0.269204]
["Insumo"," 00039995 ","SINAPI","POLIESTIRENO EXPANDIDO/EPS (ISOPOR), TIPO 2F, BLOCO","Material",null,"m³",0.18540000000000001,439.92,81.561167999999995]
[]
[null,"Código","Banco","Descrição","Tipo",null,"Und","Quant.","Valor Unit","Total"]
["Composição"," 97735 ","SINAPI","PEÇA RETANGULAR PRÉ-MOLDADA, VOLUME DE CONCRETO DE 30 A 100 LITROS, TAXA DE AÇO APROXIMADA DE 30KG/M³. AF_03/2024","Estruturas Pré-Fabricadas e Pré-Moldadas",null,"m³",1,2745.48,2745.48]
["Composição Auxiliar"," 90587 ","SINAPI","VIBRADOR DE IMERSÃO, DIÂMETRO DE PONTEIRA 45MM, MOTOR ELÉTRICO TRIFÁSICO POTÊNCIA DE 2 CV - CHI DIURNO. AF_06/2015","Custos Horários Produtivo e Improdutivo dos Equipamentos",null,"CHI",12.7788,0.57153167199999999,7.3034888999999996]
["Composição Auxiliar"," 94972 ","SINAPI","CONCRETO FCK = 30MPA, TRAÇO 1:2,1:2,5 (EM MASSA SECA DE CIMENTO/ AREIA MÉDIA/ BRITA 1) - PREPARO MECÂNICO COM BETONEIRA 600 L. AF_05/2021","Produção de Concreto",null,"m³",1.2,797.03054526651999,956.43665429999999]
["Composição Auxiliar"," 88309 ","SINAPI","PEDREIRO COM ENCARGOS COMPLEMENTARES","Livro SINAPI: Cálculos e Parâmetros",null,"H",22.497399999999999,26.511984000000002,596.45070880000003]
["Composição Auxiliar"," 88261 ","SINAPI","CARPINTEIRO DE ESQUADRIAS COM ENCARGOS COMPLEMENTARES","Livro SINAPI: Cálculos e Parâmetros",null,"H",3.6779999999999999,24.726233199999999,90.943085699999997]
["Composição Auxiliar"," 91693 ","SINAPI","SERRA CIRCULAR DE BANCADA COM MOTOR ELÉTRICO POTÊNCIA DE 5HP, COM COIFA PARA DISCO 10\" - CHI DIURNO. AF_08/2015","Custos Horários Produtivo e Improdutivo dos Equipamentos",null,"CHI",0.42259999999999998,37.738144767999998,15.94814]
["Composição Auxiliar"," 88316 ","SINAPI","SERVENTE COM ENCARGOS COMPLEMENTARES","Livro SINAPI: Cálculos e Parâmetros",null,"H",22.497399999999999,20.96602,471.68093829999998]
["Composição Auxiliar"," 92767 ","SINAPI","ARMAÇÃO DE LAJE DE ESTRUTURA CONVENCIONAL DE CONCRETO ARMADO UTILIZANDO AÇO CA-60 DE 4,2 MM - MONTAGEM. AF_06/2022","Armação para Estruturas de Concreto Armado",null,"KG",28.936900000000001,16.179504143439999,468.18469340000001]
["Composição Auxiliar"," 91692 ","SINAPI","SERRA CIRCULAR DE BANCADA COM MOTOR ELÉTRICO POTÊNCIA DE 5HP, COM COIFA PARA DISCO 10\" - CHP DIURNO. AF_08/2015","Custos Horários Produtivo e Improdutivo dos Equipamentos",null,"CHP",0.313,39.168382768000001,12.2597038]
["Composição Auxiliar"," 90586 ","SINAPI","VIBRADOR DE IMERSÃO, DIÂMETRO DE PONTEIRA 45MM, MOTOR ELÉTRICO TRIFÁSICO POTÊNCIA DE 2 CV - CHP DIURNO. AF_06/2015","Custos Horários Produtivo e Improdutivo dos Equipamentos",null,"CHP",4.6864999999999997,1.4593786719999999,6.8393781000000002]
["Composição Auxiliar"," 88239 ","SINAPI","AJUDANTE DE CARPINTEIRO COM ENCARGOS COMPLEMENTARES","Livro SINAPI: Cálculos e Parâmetros",null,"H",0.73560000000000003,22.676418000000002,16.6807731]
["Insumo"," 00020247 ","SINAPI","PREGO DE ACO POLIDO COM CABECA 15 X 15 (1 1/4 X 13)","Material",null,"KG",0.26190000000000002,18.52,4.8503879999999997]
["Insumo"," 00004517 ","SINAPI","SARRAFO *2,5 X 7,5* CM EM PINUS, MISTA OU EQUIVALENTE DA REGIAO - BRUTA","Material",null,"M",4.4770000000000003,3.52,15.759040000000001]
["Insumo"," 00001358 ","SINAPI","CHAPA/PAINEL DE MADEIRA COMPENSADA RESINADA (MADEIRITE RESINADO ROSA) PARA FORMA DE CONCRETO, DE 2200 X 1100 MM, E = 17 MM","Material",null,"m²",1.3111999999999999,62.3,81.687759999999997]
["Insumo"," 00002692 ","SINAPI","DESMOLDANTE PROTETOR PARA FORMAS DE MADEIRA, DE BASE OLEOSA EMULSIONADA EM AGUA","Material",null,"L",5.67E-2,8.06,0.45700200000000002]
[]
[null,"Código","Banco","Descrição","Tipo",null,"Und","Quant.","Valor Unit","Total"]
["Composição"," 97733 ","SINAPI","PEÇA RETANGULAR PRÉ-MOLDADA, VOLUME DE CONCRETO DE ATÉ 10 LITROS, TAXA DE AÇO APROXIMADA DE 30KG/M³. AF_03/2024","Estruturas Pré-Fabricadas e Pré-Moldadas",null,"m³",1,3688.38,3688.38]
["Composição Auxiliar"," 88316 ","SINAPI","SERVENTE COM ENCARGOS COMPLEMENTARES","Livro SINAPI: Cálculos e Parâmetros",null,"H",31.992999999999999,20.96602,670.76587789999996]
["Composição Auxiliar"," 92767 ","SINAPI","ARMAÇÃO DE LAJE DE ESTRUTURA CONVENCIONAL DE CONCRETO ARMADO UTILIZANDO AÇO CA-60 DE 4,2 MM - MONTAGEM. AF_06/2022","Armação para Estruturas de Concreto Armado",null,"KG",42.646299999999997,16.179504143439999,689.99598760000003]
["Composição Auxiliar"," 88309 ","SINAPI","PEDREIRO COM ENCARGOS COMPLEMENTARES","Livro SINAPI: Cálculos e Parâmetros",null,"H",31.992999999999999,26.511984000000002,848.19790409999996]
["Composição Auxiliar"," 90587 ","SINAPI","VIBRADOR DE IMERSÃO, DIÂMETRO DE PONTEIRA 45MM, MOTOR ELÉTRICO TRIFÁSICO POTÊNCIA DE 2 CV - CHI DIURNO. AF_06/2015","Custos Horários Produtivo e Improdutivo dos Equipamentos",null,"CHI",18.091699999999999,0.57153167199999999,10.339979599999999]
["Composição Auxiliar"," 91693 ","SINAPI","SERRA CIRCULAR DE BANCADA COM MOTOR ELÉTRICO POTÊNCIA DE 5HP, COM COIFA PARA DISCO 10\" - CHI DIURNO. AF_08/2015","Custos Horários Produtivo e Improdutivo dos Equipamentos",null,"CHI",1.0401,37.738144767999998,39.251444399999997]
["Composição Auxiliar"," 91692 ","SINAPI","SERRA CIRCULAR DE BANCADA COM MOTOR ELÉTRICO POTÊNCIA DE 5HP, COM COIFA PARA DISCO 10\" - CHP DIURNO. AF_08/2015","Custos Horários Produtivo e Improdutivo dos Equipamentos",null,"CHP",0.77359999999999995,39.168382768000001,30.3006609]
["Composição Auxiliar"," 90586 ","SINAPI","VIBRADOR DE IMERSÃO, DIÂMETRO DE PONTEIRA 45MM, MOTOR ELÉTRICO TRIFÁSICO POTÊNCIA DE 2 CV - CHP DIURNO. AF_06/2015","Custos Horários Produtivo e Improdutivo dos Equipamentos",null,"CHP",6.6349999999999998,1.4593786719999999,9.6829774999999998]
["Composição Auxiliar"," 94971 ","SINAPI","CONCRETO FCK = 25MPA, TRAÇO 1:2,3:2,7 (EM MASSA SECA DE CIMENTO/ AREIA MÉDIA/ BRITA 1) - PREPARO MECÂNICO COM BETONEIRA 600 L. AF_05/2021","Produção de Concreto",null,"m³",1.2,771.6607235524516,925.99286830000005]
["Composição Auxiliar"," 88261 ","SINAPI","CARPINTEIRO DE ESQUADRIAS COM ENCARGOS COMPLEMENTARES","Livro SINAPI: Cálculos e Parâmetros",null,"H",9.0685000000000002,24.726233199999999,224.22984579999999]
["Composição Auxiliar"," 88239 ","SINAPI","AJUDANTE DE CARPINTEIRO COM ENCARGOS COMPLEMENTARES","Livro SINAPI: Cálculos e Parâmetros",null,"H",1.8137000000000001,22.676418000000002,41.128219299999998]
["Insumo"," 00002692 ","SINAPI","DESMOLDANTE PROTETOR PARA FORMAS DE MADEIRA, DE BASE OLEOSA EMULSIONADA EM AGUA","Material",null,"L",0.12,8.06,0.96719999999999995]
["Insumo"," 00020247 ","SINAPI","PREGO DE ACO POLIDO COM CABECA 15 X 15 (1 1/4 X 13)","Material",null,"KG",0.64449999999999996,18.52,11.93614]
["Insumo"," 00001358 ","SINAPI","CHAPA/PAINEL DE MADEIRA COMPENSADA RESINADA (MADEIRITE RESINADO ROSA) PARA FORMA DE CONCRETO, DE 2200 X 1100 MM, E = 17 MM","Material",null,"m²",2.9790000000000001,62.3,185.5917]
[]
[null,"Código","Banco","Descrição","Tipo",null,"Und","Quant.","Valor Unit","Total"]
["Composição"," 88310 ","SINAPI","PINTOR COM ENCARGOS COMPLEMENTARES","Livro SINAPI: Cálculos e Parâmetros",null,"H",1,28.1,28.1]
["Composição Auxiliar"," 95372 ","SINAPI","CURSO DE CAPACITAÇÃO PARA PINTOR (ENCARGOS COMPLEMENTARES) - HORISTA","Livro SINAPI: Cálculos e Parâmetros",null,"H",1,0.3146832,0.3146832]
["Insumo"," 00037370 ","SINAPI","ALIMENTACAO - HORISTA (COLETADO CAIXA - ENCARGOS COMPLEMENTARES)","Encargos Complementares",null,"H",1,0.66,0.66]
["Insumo"," 00037372 ","SINAPI","EXAMES - HORISTA (COLETADO CAIXA - ENCARGOS COMPLEMENTARES)","Encargos Complementares",null,"H",1,1.3,1.3]
["Insumo"," 00004783 ","SINAPI","PINTOR (HORISTA)","Mão de Obra",null,"H",1,21.32,21.32]
["Insumo"," 00043466 ","SINAPI","FERRAMENTAS - FAMILIA PINTOR - HORISTA (ENCARGOS COMPLEMENTARES - COLETADO CAIXA)","Encargos Complementares",null,"H",1,1.91,1.91]
["Insumo"," 00037373 ","SINAPI","SEGURO - HORISTA (COLETADO CAIXA - ENCARGOS COMPLEMENTARES)","Encargos Complementares",null,"H",1,0.01,0.01]
["Insumo"," 00037371 ","SINAPI","TRANSPORTE - HORISTA (COLETADO CAIXA - ENCARGOS COMPLEMENTARES)","Encargos Complementares",null,"H",1,0.38,0.38]
["Insumo"," 00043490 ","SINAPI","EPI - FAMILIA PINTOR - HORISTA (ENCARGOS COMPLEMENTARES - COLETADO CAIXA)","Encargos Complementares",null,"H",1,2.21,2.21]
[]
[null,"Código","Banco","Descrição","Tipo",null,"Und","Quant.","Valor Unit","Total"]
["Composição"," 102234 ","SINAPI","PINTURA IMUNIZANTE PARA MADEIRA, 2 DEMÃOS. AF_01/2021","Pintura em Madeira",null,"m²",1,24.73,24.73]
["Composição Auxiliar"," 88310 ","SINAPI","PINTOR COM ENCARGOS COMPLEMENTARES","Livro SINAPI: Cálculos e Parâmetros",null,"H",0.45290000000000002,28.1046832,12.728611000000001]
["Insumo"," 00007340 ","SINAPI","IMUNIZANTE PARA MADEIRA, INCOLOR","Material",null,"L",0.32569999999999999,36.869999999999997,12.008559]
[]
[null,"Código","Banco","Descrição","Tipo",null,"Und","Quant.","Valor Unit","Total"]
["Composição"," 100701 ","SINAPI","PORTA DE FERRO, DE ABRIR, TIPO GRADE COM CHAPA, COM GUARNIÇÕES. AF_10/2025","Esquadrias - Portas",null,"m²",1,765.09,765.09]
["Composição Auxiliar"," 88316 ","SINAPI","SERVENTE COM ENCARGOS COMPLEMENTARES","Livro SINAPI: Cálculos e Parâmetros",null,"H",0.3587822,20.96602,7.5222347999999997]
["Composição Auxiliar"," 88309 ","SINAPI","PEDREIRO COM ENCARGOS COMPLEMENTARES","Livro SINAPI: Cálculos e Parâmetros",null,"H",1.2695372,26.511984000000002,33.657949899999998]
["Composição Auxiliar"," 88627 ","SINAPI","ARGAMASSA TRAÇO 1:0,5:4,5 (EM VOLUME DE CIMENTO, CAL E AREIA MÉDIA ÚMIDA) PARA ASSENTAMENTO DE ALVENARIA, PREPARO MANUAL. AF_08/2019","Argamassas",null,"m³",1.2E-2,835.46325560000002,10.025559100000001]
["Insumo"," 00004930 ","SINAPI","PORTA DE ABRIR / GIRO, EM GRADIL FERRO, COM BARRA CHATA 3 CM X 1/4\", COM REQUADRO E GUARNICAO - COMPLETO - ACABAMENTO NATURAL","Material",null,"m²",1,713.89,713.89]
[]
[null,"Código","Banco","Descrição","Tipo",null,"Und","Quant.","Valor Unit","Total"]
["Composição"," 90823 ","SINAPI","PORTA DE MADEIRA PARA PINTURA, SEMI-OCA (LEVE OU MÉDIA), 90X210CM, ESPESSURA DE 3,5CM, INCLUSO DOBRADIÇAS - FORNECIMENTO E INSTALAÇÃO. AF_10/2025","Esquadrias - Portas",null,"UN",1,466.03,466.03]
["Composição Auxiliar"," 88316 ","SINAPI","SERVENTE COM ENCARGOS COMPLEMENTARES","Livro SINAPI: Cálculos e Parâmetros",null,"H",0.68772180000000005,20.96602,14.418789]
["Composição Auxiliar"," 88261 ","SINAPI","CARPINTEIRO DE ESQUADRIAS COM ENCARGOS COMPLEMENTARES","Livro SINAPI: Cálculos e Parâmetros",null,"H",2.4334772,24.726233199999999,60.170724700000001]
["Insumo"," 00002432 ","SINAPI","DOBRADICA EM ACO/FERRO, 3 1/2\" X 3\", E= 1,9 A 2 MM, COM ANEL, CROMADO OU ZINCADO, TAMPA BOLA, COM PARAFUSOS","Material",null,"UN",3,19.420000000000002,58.26]
["Insumo"," 00010556 ","SINAPI","PORTA DE MADEIRA, FOLHA MEDIA (NBR 15930) DE 900 X 2100 MM, DE 35 MM A 40 MM DE ESPESSURA, NUCLEO SEMI-SOLIDO (SARRAFEADO), CAPA LISA EM HDF, ACABAMENTO EM PRIMER PARA PINTURA","Material",null,"UN",1,329.42,329.42]
["Insumo"," 00011055 ","SINAPI","PARAFUSO ROSCA SOBERBA ZINCADO CABECA CHATA FENDA SIMPLES 3,5 X 25 MM (1\")","Material",null,"UN",19.8,0.13,2.5739999999999998]
["Insumo"," 00011945 ","SINAPI","BUCHA DE NYLON SEM ABA S4","Material",null,"UN",19.8,0.06,1.1879999999999999]
[]
[null,"Código","Banco","Descrição","Tipo",null,"Und","Quant.","Valor Unit","Total"]
["Composição"," 91341 ","SINAPI","PORTA EM ALUMÍNIO DE ABRIR TIPO VENEZIANA COM GUARNIÇÃO, FIXAÇÃO COM PARAFUSOS - FORNECIMENTO E INSTALAÇÃO. AF_10/2025","Esquadrias - Portas",null,"m²",1,671.24,671.24]
["Composição Auxiliar"," 88309 ","SINAPI","PEDREIRO COM ENCARGOS COMPLEMENTARES","Livro SINAPI: Cálculos e Parâmetros",null,"H",0.55487889999999995,26.511984000000002,14.7109405]
["Composição Auxiliar"," 88316 ","SINAPI","SERVENTE COM ENCARGOS COMPLEMENTARES","Livro SINAPI: Cálculos e Parâmetros",null,"H",0.1568136,20.96602,3.2877570999999999]
["Insumo"," 00000142 ","SINAPI","SELANTE ELASTICO MONOCOMPONENTE A BASE DE POLIURETANO (PU) PARA JUNTAS DIVERSAS","Material",null,"310ML",0.88290000000000002,40.24,35.527895999999998]
["Insumo"," 00036888 ","SINAPI","GUARNICAO / MOLDURA / ARREMATE DE ACABAMENTO PARA ESQUADRIA, EM ALUMINIO PERFIL 25, ACABAMENTO ANODIZADO BRANCO OU BRILHANTE, PARA 1 FACE","Material",null,"M",6.8503999999999996,29.87,204.62144799999999]
["Insumo"," 00039025 ","SINAPI","PORTA DE ABRIR, TIPO VENEZIANA, EM ALUMINIO, ACABAMENTO ANODIZADO NATURAL, 90 CM X 210 CM (LARGURA X ALTURA), SEM GUARNICAO/ALIZAR/VISTA","Material",null,"UN",0.54730000000000001,749.43,410.16303900000003]
["Insumo"," 00007568 ","SINAPI","BUCHA DE NYLON SEM ABA S10, COM PARAFUSO DE 6,10 X 65 MM EM ACO ZINCADO COM ROSCA SOBERBA, CABECA CHATA E FENDA PHILLIPS","Material",null,"UN",4.8166000000000002,0.61,2.938126]
[]
[null,"Código","Banco","Descrição","Tipo",null,"Und","Quant.","Valor Unit","Total"]
["Composição"," 101625 ","SINAPI","PREPARO DE FUNDO DE VALA COM LARGURA MAIOR OU IGUAL A 1,5 M E MENOR QUE 2,5 M, COM CAMADA DE AREIA, LANÇAMENTO MECANIZADO. AF_01/2026","Escoramento e Preparo de Fundo de Valas",null,"m³",1,249.1,249.1]
["Composição Auxiliar"," 88309 ","SINAPI","PEDREIRO COM ENCARGOS COMPLEMENTARES","Livro SINAPI: Cálculos e Parâmetros",null,"H",0.52765600000000001,26.511984000000002,13.9892074]
["Composição Auxiliar"," 5678 ","SINAPI","RETROESCAVADEIRA SOBRE RODAS COM CARREGADEIRA, TRAÇÃO 4X4, POTÊNCIA LÍQ. 88 HP, CAÇAMBA CARREG. CAP. MÍN. 1 M3, CAÇAMBA RETRO CAP. 0,26 M3, PESO OPERACIONAL MÍN. 6.674 KG, PROFUNDIDADE ESCAVAÇÃO MÁX. 4,37 M - CHP DIURNO. AF_06/2014","Custos Horários Produtivo e Improdutivo dos Equipamentos",null,"CHP",0.17988299999999999,148.91591270399999,26.787441099999999]
["Composição Auxiliar"," 91533 ","SINAPI","COMPACTADOR DE SOLOS DE PERCUSSÃO (SOQUETE) COM MOTOR A GASOLINA 4 TEMPOS, POTÊNCIA 4 CV - CHP DIURNO. AF_08/2015","Custos Horários Produtivo e Improdutivo dos Equipamentos",null,"CHP",0.12520000000000001,46.167283644000001,5.7801438999999997]
["Composição Auxiliar"," 5679 ","SINAPI","RETROESCAVADEIRA SOBRE RODAS COM CARREGADEIRA, TRAÇÃO 4X4, POTÊNCIA LÍQ. 88 HP, CAÇAMBA CARREG. CAP. MÍN. 1 M3, CAÇAMBA RETRO CAP. 0,26 M3, PESO OPERACIONAL MÍN. 6.674 KG, PROFUNDIDADE ESCAVAÇÃO MÁX. 4,37 M - CHI DIURNO. AF_06/2014","Custos Horários Produtivo e Improdutivo dos Equipamentos",null,"CHI",0.29980499999999999,61.500876104,18.438270200000002]
["Composição Auxiliar"," 88316 ","SINAPI","SERVENTE COM ENCARGOS COMPLEMENTARES","Livro SINAPI: Cálculos e Parâmetros",null,"H",0.91140600000000005,20.96602,19.108556400000001]
["Insumo"," 00000370 ","SINAPI","AREIA MEDIA - POSTO JAZIDA/FORNECEDOR (RETIRADO NA JAZIDA, SEM TRANSPORTE)","Material",null,"m³",1.1000000000000001,150,165]
[]
[null,"Código","Banco","Descrição","Tipo",null,"Und","Quant.","Valor Unit","Total"]
["Composição"," 101624 ","SINAPI","PREPARO DE FUNDO DE VALA COM LARGURA MAIOR OU IGUAL A 1,5 M E MENOR QUE 2,5 M, COM CAMADA DE BRITA, LANÇAMENTO MECANIZADO. AF_01/2026","Escoramento e Preparo de Fundo de Valas",null,"m³",1,476.65,476.65]
["Composição Auxiliar"," 88309 ","SINAPI","PEDREIRO COM ENCARGOS COMPLEMENTARES","Livro SINAPI: Cálculos e Parâmetros",null,"H",0.61901200000000001,26.511984000000002,16.411236200000001]
["Composição Auxiliar"," 88316 ","SINAPI","SERVENTE COM ENCARGOS COMPLEMENTARES","Livro SINAPI: Cálculos e Parâmetros",null,"H",1.069202,20.96602,22.4169105]
["Composição Auxiliar"," 91533 ","SINAPI","COMPACTADOR DE SOLOS DE PERCUSSÃO (SOQUETE) COM MOTOR A GASOLINA 4 TEMPOS, POTÊNCIA 4 CV - CHP DIURNO. AF_08/2015","Custos Horários Produtivo e Improdutivo dos Equipamentos",null,"CHP",0.12520000000000001,46.167283644000001,5.7801438999999997]
["Composição Auxiliar"," 5679 ","SINAPI","RETROESCAVADEIRA SOBRE RODAS COM CARREGADEIRA, TRAÇÃO 4X4, POTÊNCIA LÍQ. 88 HP, CAÇAMBA CARREG. CAP. MÍN. 1 M3, CAÇAMBA RETRO CAP. 0,26 M3, PESO OPERACIONAL MÍN. 6.674 KG, PROFUNDIDADE ESCAVAÇÃO MÁX. 4,37 M - CHI DIURNO. AF_06/2014","Custos Horários Produtivo e Improdutivo dos Equipamentos",null,"CHI",0.351711,61.500876104,21.630534600000001]
["Composição Auxiliar"," 5678 ","SINAPI","RETROESCAVADEIRA SOBRE RODAS COM CARREGADEIRA, TRAÇÃO 4X4, POTÊNCIA LÍQ. 88 HP, CAÇAMBA CARREG. CAP. MÍN. 1 M3, CAÇAMBA RETRO CAP. 0,26 M3, PESO OPERACIONAL MÍN. 6.674 KG, PROFUNDIDADE ESCAVAÇÃO MÁX. 4,37 M - CHP DIURNO. AF_06/2014","Custos Horários Produtivo e Improdutivo dos Equipamentos",null,"CHP",0.21102699999999999,148.91591270399999,31.425278299999999]
["Insumo"," 00004720 ","SINAPI","PEDRA BRITADA N. 0, OU PEDRISCO (4,8 A 9,5 MM) POSTO PEDREIRA/FORNECEDOR, SEM FRETE","Material",null,"m³",1.1000000000000001,344.54,378.99400000000003]
[]
[null,"Código","Banco","Descrição","Tipo",null,"Und","Quant.","Valor Unit","Total"]
["Composição"," 101616 ","SINAPI","PREPARO DE FUNDO DE VALA COM LARGURA MENOR QUE 1,5 M (ACERTO DO SOLO NATURAL), EM LOCAL COM NÍVEL BAIXO DE INTERFERÊNCIA. AF_01/2026","Escoramento e Preparo de Fundo de Valas",null,"m²",1,7.26,7.26]
["Composição Auxiliar"," 91533 ","SINAPI","COMPACTADOR DE SOLOS DE PERCUSSÃO (SOQUETE) COM MOTOR A GASOLINA 4 TEMPOS, POTÊNCIA 4 CV - CHP DIURNO. AF_08/2015","Custos Horários Produtivo e Improdutivo dos Equipamentos",null,"CHP",6.7530000000000003E-3,46.167283644000001,0.31176769999999998]
["Composição Auxiliar"," 88316 ","SINAPI","SERVENTE COM ENCARGOS COMPLEMENTARES","Livro SINAPI: Cálculos e Parâmetros",null,"H",0.19158700000000001,20.96602,4.0168169000000002]
["Composição Auxiliar"," 88309 ","SINAPI","PEDREIRO COM ENCARGOS COMPLEMENTARES","Livro SINAPI: Cálculos e Parâmetros",null,"H",0.110919,26.511984000000002,2.9406827999999998]
[]
[null,"Código","Banco","Descrição","Tipo",null,"Und","Quant.","Valor Unit","Total"]
["Composição"," 101618 ","SINAPI","PREPARO DE FUNDO DE VALA COM LARGURA MENOR QUE 1,5 M, COM CAMADA DE AREIA, LANÇAMENTO MANUAL. AF_01/2026","Escoramento e Preparo de Fundo de Valas",null,"m³",1,283.16000000000003,283.16000000000003]
["Composição Auxiliar"," 91533 ","SINAPI","COMPACTADOR DE SOLOS DE PERCUSSÃO (SOQUETE) COM MOTOR A GASOLINA 4 TEMPOS, POTÊNCIA 4 CV - CHP DIURNO. AF_08/2015","Custos Horários Produtivo e Improdutivo dos Equipamentos",null,"CHP",0.13505,46.167283644000001,6.2348917000000004]
["Composição Auxiliar"," 88316 ","SINAPI","SERVENTE COM ENCARGOS COMPLEMENTARES","Livro SINAPI: Cálculos e Parâmetros",null,"H",3.0821290000000001,20.96602,64.6199783]
["Composição Auxiliar"," 88309 ","SINAPI","PEDREIRO COM ENCARGOS COMPLEMENTARES","Livro SINAPI: Cálculos e Parâmetros",null,"H",1.7843899999999999,26.511984000000002,47.3077191]
["Insumo"," 00000370 ","SINAPI","AREIA MEDIA - POSTO JAZIDA/FORNECEDOR (RETIRADO NA JAZIDA, SEM TRANSPORTE)","Material",null,"m³",1.1000000000000001,150,165]
[]
[null,"Código","Banco","Descrição","Tipo",null,"Und","Quant.","Valor Unit","Total"]
["Composição"," 101619 ","SINAPI","PREPARO DE FUNDO DE VALA COM LARGURA MENOR QUE 1,5 M, COM CAMADA DE BRITA, LANÇAMENTO MANUAL. AF_01/2026","Escoramento e Preparo de Fundo de Valas",null,"m³",1,512.48,512.48]
["Composição Auxiliar"," 91533 ","SINAPI","COMPACTADOR DE SOLOS DE PERCUSSÃO (SOQUETE) COM MOTOR A GASOLINA 4 TEMPOS, POTÊNCIA 4 CV - CHP DIURNO. AF_08/2015","Custos Horários Produtivo e Improdutivo dos Equipamentos",null,"CHP",0.13505,46.167283644000001,6.2348917000000004]
["Composição Auxiliar"," 88316 ","SINAPI","SERVENTE COM ENCARGOS COMPLEMENTARES","Livro SINAPI: Cálculos e Parâmetros",null,"H",3.504238,20.96602,73.469924000000006]
["Composição Auxiliar"," 88309 ","SINAPI","PEDREIRO COM ENCARGOS COMPLEMENTARES","Livro SINAPI: Cálculos e Parâmetros",null,"H",2.0287700000000002,26.511984000000002,53.786717799999998]
["Insumo"," 00004720 ","SINAPI","PEDRA BRITADA N. 0, OU PEDRISCO (4,8 A 9,5 MM) POSTO PEDREIRA/FORNECEDOR, SEM FRETE","Material",null,"m³",1.1000000000000001,344.54,378.99400000000003]
[]
[null,"Código","Banco","Descrição","Tipo",null,"Und","Quant.","Valor Unit","Total"]
["Composição"," 88438 ","SINAPI","PROJETOR DE ARGAMASSA, CAPACIDADE DE PROJEÇÃO 2 M3/H, ALCANCE ATÉ 50 M, MOTOR ELÉTRICO POTÊNCIA 7,5 HP - CHI DIURNO. AF_06/2014","Custos Horários Produtivo e Improdutivo dos Equipamentos",null,"CHI",1,9.27,9.27]
["Composição Auxiliar"," 88435 ","SINAPI","PROJETOR DE ARGAMASSA, CAPACIDADE DE PROJEÇÃO 2 M3/H, ALCANCE ATÉ 50 M, MOTOR ELÉTRICO POTÊNCIA 7,5 HP - JUROS. AF_06/2014","Depreciação, Juros, Impostos e Seguros, Manutenção e Materiais na Operação dos Equipamentos",null,"H",1,1.7416509760000001,1.7416510000000001]
["Composição Auxiliar"," 88434 ","SINAPI","PROJETOR DE ARGAMASSA, CAPACIDADE DE PROJEÇÃO 2 M3/H, ALCANCE ATÉ 50 M, MOTOR ELÉTRICO POTÊNCIA 7,5 HP - DEPRECIAÇÃO. AF_06/2014","Depreciação, Juros, Impostos e Seguros, Manutenção e Materiais na Operação dos Equipamentos",null,"H",1,7.5314636799999999,7.5314636999999998]
[]
[null,"Código","Banco","Descrição","Tipo",null,"Und","Quant.","Valor Unit","Total"]
["Composição"," 88433 ","SINAPI","PROJETOR DE ARGAMASSA, CAPACIDADE DE PROJEÇÃO 2 M3/H, ALCANCE ATÉ 50 M, MOTOR ELÉTRICO POTÊNCIA 7,5 HP - CHP DIURNO. AF_06/2014","Custos Horários Produtivo e Improdutivo dos Equipamentos",null,"CHP",1,19.75,19.75]
["Composição Auxiliar"," 88434 ","SINAPI","PROJETOR DE ARGAMASSA, CAPACIDADE DE PROJEÇÃO 2 M3/H, ALCANCE ATÉ 50 M, MOTOR ELÉTRICO POTÊNCIA 7,5 HP - DEPRECIAÇÃO. AF_06/2014","Depreciação, Juros, Impostos e Seguros, Manutenção e Materiais na Operação dos Equipamentos",null,"H",1,7.5314636799999999,7.5314636999999998]
["Composição Auxiliar"," 88437 ","SINAPI","PROJETOR DE ARGAMASSA, CAPACIDADE DE PROJEÇÃO 2 M3/H, ALCANCE ATÉ 50 M, MOTOR ELÉTRICO POTÊNCIA 7,5 HP - MATERIAIS NA OPERAÇÃO. AF_06/2014","Depreciação, Juros, Impostos e Seguros, Manutenção e Materiais na Operação dos Equipamentos",null,"H",1,1.0706,1.0706]
["Composição Auxiliar"," 88435 ","SINAPI","PROJETOR DE ARGAMASSA, CAPACIDADE DE PROJEÇÃO 2 M3/H, ALCANCE ATÉ 50 M, MOTOR ELÉTRICO POTÊNCIA 7,5 HP - JUROS. AF_06/2014","Depreciação, Juros, Impostos e Seguros, Manutenção e Materiais na Operação dos Equipamentos",null,"H",1,1.7416509760000001,1.7416510000000001]
["Composição Auxiliar"," 88436 ","SINAPI","PROJETOR DE ARGAMASSA, CAPACIDADE DE PROJEÇÃO 2 M3/H, ALCANCE ATÉ 50 M, MOTOR ELÉTRICO POTÊNCIA 7,5 HP - MANUTENÇÃO. AF_06/2014","Depreciação, Juros, Impostos e Seguros, Manutenção e Materiais na Operação dos Equipamentos",null,"H",1,9.4143296000000003,9.4143296000000003]
[]
[null,"Código","Banco","Descrição","Tipo",null,"Und","Quant.","Valor Unit","Total"]
["Composição"," 88434 ","SINAPI","PROJETOR DE ARGAMASSA, CAPACIDADE DE PROJEÇÃO 2 M3/H, ALCANCE ATÉ 50 M, MOTOR ELÉTRICO POTÊNCIA 7,5 HP - DEPRECIAÇÃO. AF_06/2014","Depreciação, Juros, Impostos e Seguros, Manutenção e Materiais na Operação dos Equipamentos",null,"H",1,7.53,7.53]
["Insumo"," 00037548 ","SINAPI","PROJETOR DE ARGAMASSA, CAPACIDADE DE PROJECAO 2,0 M3/H, ALCANCE DA PROJECAO ATE 50 M, MOTOR ELETRICO TRIFASICO","Equipamento para Aquisição Permanente",null,"UN",6.3999999999999997E-5,117679.12,7.5314636999999998]
[]
[null,"Código","Banco","Descrição","Tipo",null,"Und","Quant.","Valor Unit","Total"]
["Composição"," 88435 ","SINAPI","PROJETOR DE ARGAMASSA, CAPACIDADE DE PROJEÇÃO 2 M3/H, ALCANCE ATÉ 50 M, MOTOR ELÉTRICO POTÊNCIA 7,5 HP - JUROS. AF_06/2014","Depreciação, Juros, Impostos e Seguros, Manutenção e Materiais na Operação dos Equipamentos",null,"H",1,1.74,1.74]
["Insumo"," 00037548 ","SINAPI","PROJETOR DE ARGAMASSA, CAPACIDADE DE PROJECAO 2,0 M3/H, ALCANCE DA PROJECAO ATE 50 M, MOTOR ELETRICO TRIFASICO","Equipamento para Aquisição Permanente",null,"UN",1.4800000000000001E-5,117679.12,1.7416510000000001]
[]
[null,"Código","Banco","Descrição","Tipo",null,"Und","Quant.","Valor Unit","Total"]
["Composição"," 88436 ","SINAPI","PROJETOR DE ARGAMASSA, CAPACIDADE DE PROJEÇÃO 2 M3/H, ALCANCE ATÉ 50 M, MOTOR ELÉTRICO POTÊNCIA 7,5 HP - MANUTENÇÃO. AF_06/2014","Depreciação, Juros, Impostos e Seguros, Manutenção e Materiais na Operação dos Equipamentos",null,"H",1,9.41,9.41]
["Insumo"," 00037548 ","SINAPI","PROJETOR DE ARGAMASSA, CAPACIDADE DE PROJECAO 2,0 M3/H, ALCANCE DA PROJECAO ATE 50 M, MOTOR ELETRICO TRIFASICO","Equipamento para Aquisição Permanente",null,"UN",8.0000000000000007E-5,117679.12,9.4143296000000003]
[]
[null,"Código","Banco","Descrição","Tipo",null,"Und","Quant.","Valor Unit","Total"]
["Composição"," 88437 ","SINAPI","PROJETOR DE ARGAMASSA, CAPACIDADE DE PROJEÇÃO 2 M3/H, ALCANCE ATÉ 50 M, MOTOR ELÉTRICO POTÊNCIA 7,5 HP - MATERIAIS NA OPERAÇÃO. AF_06/2014","Depreciação, Juros, Impostos e Seguros, Manutenção e Materiais na Operação dos Equipamentos",null,"H",1,1.07,1.07]
["Insumo"," 00002705 ","SINAPI","ENERGIA ELETRICA ATE 2000 KWH INDUSTRIAL, SEM DEMANDA","Franquia",null,"KWH",1.06,1.01,1.0706]
[]
[null,"Código","Banco","Descrição","Tipo",null,"Und","Quant.","Valor Unit","Total"]
["Composição"," 5212552 ","SICRO3","Pintura eletrostática a pó com tinta poliéster em chapa de aço","",null,"m²",1,18.75,18.75]
["A","Código","Banco","Equipamentos","Quantidade","Utilização",null,"Custo Horário",null,"Custo Horário Total"]
[{"$nulls":5},"Operativa","Improdutiva","Operativa","Improdutiva"]
["Insumo"," E9076 ","SICRO3","Equipamento para pintura eletrostática com cabine dupla de 7,00 kW e estufa de 80.000 kCal",1,1,0,48.775799999999997,43.121400000000001,48.775799999999997]
["Insumo"," E9753 ","SICRO3","Grupo gerador - 23 kVA",1,1,0,30.8368,7.9413999999999998,30.8368]
[{"$nulls":5},"Custo horário total de equipamentos",null,null,null,79.6126]
["B","Código","Banco","Mão de Obra","Quantidade","Custo Horário",null,null,null,"Custo Horário Total"]
["Insumo"," P9822 ","SICRO3","Pintor",2,null,null,null,"30,017300000000000000000000000000","60,034600000000000000000000000000"]
["Insumo"," P9801 ","SICRO3","Ajudante",1,null,null,null,"23,766800000000000000000000000000","23,766800000000000000000000000000"]
[{"$nulls":5},"Adicional de Mão de obra (%)",null,null,null,0]
[{"$nulls":5},"Custo horário total de mão de obra",null,null,null,83.801400000000001]
[{"$nulls":5},"Custo horário total de execução",null,null,null,163.41399999999999]
[{"$nulls":5},"Produção de equipe",null,null,null,19.149999999999999]
[{"$nulls":5},"Custo unitário de execução",null,null,null,8.5334000000000003]
[{"$nulls":5},"Custo do FIC",null,null,null,0]
["C","Código","Banco","MATERIAL","Quantidade","Unidade","Preço Unitário",null,null,"Custo Horário"]
["Insumo"," M3153 ","SICRO3","Tinta em pó à base de resina poliéster",0.112,"kg","91,152600000000000000000000000000",null,null,"10,209100000000000000000000000000"]
[{"$nulls":5},"Custo unitário total de material",null,null,null,10.209099999999999]
["E","Tempo Fixo","Banco","Descrição","Carga","Quantidade","Unidade","Preço Unitário",null,"Custo Horário"]
["Composição"," 5914655 ","SICRO3","Carga, manobra e descarga de materiais diversos em caminhão carroceria de 15 t - carga e descarga manuais","M3153",1.1E-4,"t",35.75,null,3.8999999999999998E-3]
[{"$nulls":5},"Custo Total dos Tempos Fixos",null,null,null,3.8999999999999998E-3]
["F","Momento de Transporte","Banco","Descrição","Quantidade","Distância Média de Transporte (DMT)",null,null,null,"Custo Horário"]
[{"$nulls":5},"LN","RP","P","FE"]
["Insumo","M3153","SICRO3","Tinta em pó à base de resina poliéster",1.1E-4,"5914449\n0,00\n1,12\n0,0000","5914464\n0,00\n0,90\n0,0000","5914479\n30,10\n0,73\n21,9730","--",2.3999999999999998E-3]
[{"$nulls":5},"Custo do FIT",null,null,null,0]
[{"$nulls":5},"Custo total de transporte",null,null,null,2.4169999999999999E-3]
[]
[null,"Código","Banco","Descrição","Tipo",null,"Und","Quant.","Valor Unit","Total"]
["Composição"," 101875 ","SINAPI","QUADRO DE DISTRIBUIÇÃO DE ENERGIA EM CHAPA DE AÇO GALVANIZADO, DE EMBUTIR, COM BARRAMENTO TRIFÁSICO, PARA 12 DISJUNTORES DIN 100A - FORNECIMENTO E INSTALAÇÃO. AF_07/2025","Instalações Elétricas - Quadros, Cabos, Disjuntores, Contatores e Barramentos Blindados",null,"UN",1,422.97,422.97]
["Composição Auxiliar"," 87367 ","SINAPI","ARGAMASSA TRAÇO 1:1:6 (EM VOLUME DE CIMENTO, CAL E AREIA MÉDIA ÚMIDA) PARA EMBOÇO/MASSA ÚNICA/ASSENTAMENTO DE ALVENARIA DE VEDAÇÃO, PREPARO MANUAL. AF_08/2019","Argamassas",null,"m³",1.17E-2,856.70410460000005,10.023438000000001]
["Composição Auxiliar"," 88264 ","SINAPI","ELETRICISTA COM ENCARGOS COMPLEMENTARES","Livro SINAPI: Cálculos e Parâmetros",null,"H",1.4514,28.739106400000001,41.711939000000001]
["Composição Auxiliar"," 88247 ","SINAPI","AUXILIAR DE ELETRICISTA COM ENCARGOS COMPLEMENTARES","Livro SINAPI: Cálculos e Parâmetros",null,"H",1.4514,23.583625999999999,34.229274799999999]
["Insumo"," 00013393 ","SINAPI","QUADRO DE DISTRIBUICAO COM BARRAMENTO TRIFASICO, DE EMBUTIR, EM CHAPA DE ACO GALVANIZADO, PARA 12 DISJUNTORES DIN, 100 A","Material",null,"UN",1,337.01,337.01]
[]
[null,"Código","Banco","Descrição","Tipo",null,"Und","Quant.","Valor Unit","Total"]
["Composição"," 89495 ","SINAPI","RALO SIFONADO, PVC, DN 100 X 40 MM, JUNTA SOLDÁVEL, FORNECIDO E INSTALADO EM RAMAIS DE ENCAMINHAMENTO DE ÁGUA PLUVIAL. AF_06/2022","Instalações Prediais de Águas Pluviais - Tubos, Conexões, Caixas e Ralos",null,"UN",1,20.47,20.47]
["Composição Auxiliar"," 88267 ","SINAPI","ENCANADOR OU BOMBEIRO HIDRÁULICO COM ENCARGOS COMPLEMENTARES","Livro SINAPI: Cálculos e Parâmetros",null,"H",0.1119,25.943333599999999,2.9030589999999998]
["Composição Auxiliar"," 88248 ","SINAPI","AUXILIAR DE ENCANADOR OU BOMBEIRO HIDRÁULICO COM ENCARGOS COMPLEMENTARES","Livro SINAPI: Cálculos e Parâmetros",null,"H",0.1119,22.614539000000001,2.5305669000000002]
["Insumo"," 00011741 ","SINAPI","RALO SIFONADO CILINDRICO, PVC, 100 X 40 MM, COM GRELHA REDONDA BRANCA","Material",null,"UN",1,14.07,14.07]
["Insumo"," 00020083 ","SINAPI","SOLUCAO PREPARADORA / LIMPADORA PARA PVC, FRASCO COM 1000 CM3","Material",null,"UN",7.4999999999999997E-3,80.11,0.60082500000000005]
["Insumo"," 00038383 ","SINAPI","LIXA D'AGUA EM FOLHA, COR PRETA, GRAO 100","Material",null,"UN",1.2999999999999999E-2,2,2.5999999999999999E-2]
["Insumo"," 00000122 ","SINAPI","ADESIVO PLASTICO PARA PVC, FRASCO COM *850* GR","Material",null,"UN",4.8999999999999998E-3,70.709999999999994,0.34647899999999998]
[]
[null,"Código","Banco","Descrição","Tipo",null,"Und","Quant.","Valor Unit","Total"]
["Composição"," 89709 ","SINAPI","RALO SIFONADO, PVC, DN 100 X 40 MM, JUNTA SOLDÁVEL, FORNECIDO E INSTALADO EM RAMAL DE DESCARGA OU EM RAMAL DE ESGOTO SANITÁRIO. AF_08/2022","Instalações Prediais de Esgoto - Caixas e Ralos",null,"UN",1,23.11,23.11]
["Composição Auxiliar"," 88248 ","SINAPI","AUXILIAR DE ENCANADOR OU BOMBEIRO HIDRÁULICO COM ENCARGOS COMPLEMENTARES","Livro SINAPI: Cálculos e Parâmetros",null,"H",0.16520000000000001,22.614539000000001,3.7359217999999998]
["Composição Auxiliar"," 88267 ","SINAPI","ENCANADOR OU BOMBEIRO HIDRÁULICO COM ENCARGOS COMPLEMENTARES","Livro SINAPI: Cálculos e Parâmetros",null,"H",0.16520000000000001,25.943333599999999,4.2858387000000002]
["Insumo"," 00000122 ","SINAPI","ADESIVO PLASTICO PARA PVC, FRASCO COM *850* GR","Material",null,"UN",4.8999999999999998E-3,70.709999999999994,0.34647899999999998]
["Insumo"," 00038383 ","SINAPI","LIXA D'AGUA EM FOLHA, COR PRETA, GRAO 100","Material",null,"UN",3.5999999999999997E-2,2,7.1999999999999995E-2]
["Insumo"," 00020083 ","SINAPI","SOLUCAO PREPARADORA / LIMPADORA PARA PVC, FRASCO COM 1000 CM3","Material",null,"UN",7.4999999999999997E-3,80.11,0.60082500000000005]
["Insumo"," 00011741 ","SINAPI","RALO SIFONADO CILINDRICO, PVC, 100 X 40 MM, COM GRELHA REDONDA BRANCA","Material",null,"UN",1,14.07,14.07]
[]
[null,"Código","Banco","Descrição","Tipo",null,"Und","Quant.","Valor Unit","Total"]
["Composição"," 103042 ","SINAPI","REGISTRO DE ESFERA, PVC, ROSCÁVEL, COM BORBOLETA, 3/4\" - FORNECIMENTO E INSTALAÇÃO. AF_08/2021","Válvulas e Registros para Sistemas Prediais",null,"UN",1,25.02,25.02]
["Composição Auxiliar"," 88248 ","SINAPI","AUXILIAR DE ENCANADOR OU BOMBEIRO HIDRÁULICO COM ENCARGOS COMPLEMENTARES","Livro SINAPI: Cálculos e Parâmetros",null,"H",0.11020000000000001,22.614539000000001,2.4921221999999998]
["Composição Auxiliar"," 88267 ","SINAPI","ENCANADOR OU BOMBEIRO HIDRÁULICO COM ENCARGOS COMPLEMENTARES","Livro SINAPI: Cálculos e Parâmetros",null,"H",0.11020000000000001,25.943333599999999,2.8589554000000001]
["Insumo"," 00003148 ","SINAPI","FITA VEDA ROSCA, EM PTFE, ROLO DE 18 MM X 50 M (L X C)","Material",null,"UN",1.06E-2,16.59,0.17585400000000001]
["Insumo"," 00006031 ","SINAPI","REGISTRO DE ESFERA PVC, COM BORBOLETA, COM ROSCA EXTERNA, DE 3/4\"","Material",null,"UN",1,19.5,19.5]
[]
[null,"Código","Banco","Descrição","Tipo",null,"Und","Quant.","Valor Unit","Total"]
["Composição"," 103047 ","SINAPI","REGISTRO DE ESFERA, PVC, SOLDÁVEL, COM VOLANTE, DN 20 MM - FORNECIMENTO E INSTALAÇÃO. AF_08/2021","Válvulas e Registros para Sistemas Prediais",null,"UN",1,24.85,24.85]
["Composição Auxiliar"," 88267 ","SINAPI","ENCANADOR OU BOMBEIRO HIDRÁULICO COM ENCARGOS COMPLEMENTARES","Livro SINAPI: Cálculos e Parâmetros",null,"H",8.5999999999999993E-2,25.943333599999999,2.2311266999999999]
["Composição Auxiliar"," 88248 ","SINAPI","AUXILIAR DE ENCANADOR OU BOMBEIRO HIDRÁULICO COM ENCARGOS COMPLEMENTARES","Livro SINAPI: Cálculos e Parâmetros",null,"H",8.5999999999999993E-2,22.614539000000001,1.9448504]
["Insumo"," 00038383 ","SINAPI","LIXA D'AGUA EM FOLHA, COR PRETA, GRAO 100","Material",null,"UN",4.2999999999999997E-2,2,8.5999999999999993E-2]
["Insumo"," 00020080 ","SINAPI","ADESIVO PLASTICO PARA PVC, FRASCO COM 175 GR","Material",null,"UN",2.86E-2,23.08,0.66008800000000001]
["Insumo"," 00011673 ","SINAPI","REGISTRO DE ESFERA, PVC, COM VOLANTE, VS, SOLDAVEL, DN 20 MM, COM CORPO DIVIDIDO","Material",null,"UN",1,19.45,19.45]
["Insumo"," 00020083 ","SINAPI","SOLUCAO PREPARADORA / LIMPADORA PARA PVC, FRASCO COM 1000 CM3","Material",null,"UN",6.0000000000000001E-3,80.11,0.48065999999999998]
[]
[null,"Código","Banco","Descrição","Tipo",null,"Und","Quant.","Valor Unit","Total"]
["Composição"," 94492 ","SINAPI","REGISTRO DE ESFERA, PVC, SOLDÁVEL, COM VOLANTE, DN 50 MM - FORNECIMENTO E INSTALAÇÃO. AF_08/2021","Válvulas e Registros para Sistemas Prediais",null,"UN",1,63.53,63.53]
["Composição Auxiliar"," 88248 ","SINAPI","AUXILIAR DE ENCANADOR OU BOMBEIRO HIDRÁULICO COM ENCARGOS COMPLEMENTARES","Livro SINAPI: Cálculos e Parâmetros",null,"H",0.1133,22.614539000000001,2.5622273]
["Composição Auxiliar"," 88267 ","SINAPI","ENCANADOR OU BOMBEIRO HIDRÁULICO COM ENCARGOS COMPLEMENTARES","Livro SINAPI: Cálculos e Parâmetros",null,"H",0.1133,25.943333599999999,2.9393796999999999]
["Insumo"," 00038383 ","SINAPI","LIXA D'AGUA EM FOLHA, COR PRETA, GRAO 100","Material",null,"UN",1.14E-2,2,2.2800000000000001E-2]
["Insumo"," 00020080 ","SINAPI","ADESIVO PLASTICO PARA PVC, FRASCO COM 175 GR","Material",null,"UN",7.1400000000000005E-2,23.08,1.647912]
["Insumo"," 00011677 ","SINAPI","REGISTRO DE ESFERA, PVC, COM VOLANTE, VS, SOLDAVEL, DN 50 MM, COM CORPO DIVIDIDO","Material",null,"UN",1,54.92,54.92]
["Insumo"," 00020083 ","SINAPI","SOLUCAO PREPARADORA / LIMPADORA PARA PVC, FRASCO COM 1000 CM3","Material",null,"UN",1.7999999999999999E-2,80.11,1.44198]
[]
[null,"Código","Banco","Descrição","Tipo",null,"Und","Quant.","Valor Unit","Total"]
["Composição"," 89353 ","SINAPI","REGISTRO DE GAVETA BRUTO, LATÃO, ROSCÁVEL, 3/4\" - FORNECIMENTO E INSTALAÇÃO. AF_08/2021","Válvulas e Registros para Sistemas Prediais",null,"UN",1,45.69,45.69]
["Composição Auxiliar"," 88248 ","SINAPI","AUXILIAR DE ENCANADOR OU BOMBEIRO HIDRÁULICO COM ENCARGOS COMPLEMENTARES","Livro SINAPI: Cálculos e Parâmetros",null,"H",0.11020000000000001,22.614539000000001,2.4921221999999998]
["Composição Auxiliar"," 88267 ","SINAPI","ENCANADOR OU BOMBEIRO HIDRÁULICO COM ENCARGOS COMPLEMENTARES","Livro SINAPI: Cálculos e Parâmetros",null,"H",0.11020000000000001,25.943333599999999,2.8589554000000001]
["Insumo"," 00003148 ","SINAPI","FITA VEDA ROSCA, EM PTFE, ROLO DE 18 MM X 50 M (L X C)","Material",null,"UN",1.06E-2,16.59,0.17585400000000001]
["Insumo"," 00006016 ","SINAPI","REGISTRO GAVETA BRUTO EM LATAO FORJADO, BITOLA 3/4\"","Material",null,"UN",1,40.17,40.17]
[]
[null,"Código","Banco","Descrição","Tipo",null,"Und","Quant.","Valor Unit","Total"]
["Composição"," 5679 ","SINAPI","RETROESCAVADEIRA SOBRE RODAS COM CARREGADEIRA, TRAÇÃO 4X4, POTÊNCIA LÍQ. 88 HP, CAÇAMBA CARREG. CAP. MÍN. 1 M3, CAÇAMBA RETRO CAP. 0,26 M3, PESO OPERACIONAL MÍN. 6.674 KG, PROFUNDIDADE ESCAVAÇÃO MÁX. 4,37 M - CHI DIURNO. AF_06/2014","Custos Horários Produtivo e Improdutivo dos Equipamentos",null,"CHI",1,61.5,61.5]
["Composição Auxiliar"," 88857 ","SINAPI","RETROESCAVADEIRA SOBRE RODAS COM CARREGADEIRA, TRAÇÃO 4X4, POTÊNCIA LÍQ. 88 HP, CAÇAMBA CARREG. CAP. MÍN. 1 M3, CAÇAMBA RETRO CAP. 0,26 M3, PESO OPERACIONAL MÍN. 6.674 KG, PROFUNDIDADE ESCAVAÇÃO MÁX. 4,37 M - DEPRECIAÇÃO. AF_06/2014","Depreciação, Juros, Impostos e Seguros, Manutenção e Materiais na Operação dos Equipamentos",null,"H",1,26.121949279999999,26.121949300000001]
["Composição Auxiliar"," 88858 ","SINAPI","RETROESCAVADEIRA SOBRE RODAS COM CARREGADEIRA, TRAÇÃO 4X4, POTÊNCIA LÍQ. 88 HP, CAÇAMBA CARREG. CAP. MÍN. 1 M3, CAÇAMBA RETRO CAP. 0,26 M3, PESO OPERACIONAL MÍN. 6.674 KG, PROFUNDIDADE ESCAVAÇÃO MÁX. 4,37 M - JUROS. AF_06/2014","Depreciação, Juros, Impostos e Seguros, Manutenção e Materiais na Operação dos Equipamentos",null,"H",1,6.9036580240000003,6.9036580000000001]
["Composição Auxiliar"," 88294 ","SINAPI","OPERADOR DE ESCAVADEIRA COM ENCARGOS COMPLEMENTARES","Livro SINAPI: Cálculos e Parâmetros",null,"H",1,28.475268799999998,28.475268799999998]
[]
[null,"Código","Banco","Descrição","Tipo",null,"Und","Quant.","Valor Unit","Total"]
["Composição"," 5678 ","SINAPI","RETROESCAVADEIRA SOBRE RODAS COM CARREGADEIRA, TRAÇÃO 4X4, POTÊNCIA LÍQ. 88 HP, CAÇAMBA CARREG. CAP. MÍN. 1 M3, CAÇAMBA RETRO CAP. 0,26 M3, PESO OPERACIONAL MÍN. 6.674 KG, PROFUNDIDADE ESCAVAÇÃO MÁX. 4,37 M - CHP DIURNO. AF_06/2014","Custos Horários Produtivo e Improdutivo dos Equipamentos",null,"CHP",1,148.91,148.91]
["Composição Auxiliar"," 88294 ","SINAPI","OPERADOR DE ESCAVADEIRA COM ENCARGOS COMPLEMENTARES","Livro SINAPI: Cálculos e Parâmetros",null,"H",1,28.475268799999998,28.475268799999998]
["Composição Auxiliar"," 88858 ","SINAPI","RETROESCAVADEIRA SOBRE RODAS COM CARREGADEIRA, TRAÇÃO 4X4, POTÊNCIA LÍQ. 88 HP, CAÇAMBA CARREG. CAP. MÍN. 1 M3, CAÇAMBA RETRO CAP. 0,26 M3, PESO OPERACIONAL MÍN. 6.674 KG, PROFUNDIDADE ESCAVAÇÃO MÁX. 4,37 M - JUROS. AF_06/2014","Depreciação, Juros, Impostos e Seguros, Manutenção e Materiais na Operação dos Equipamentos",null,"H",1,6.9036580240000003,6.9036580000000001]
["Composição Auxiliar"," 88857 ","SINAPI","RETROESCAVADEIRA SOBRE RODAS COM CARREGADEIRA, TRAÇÃO 4X4, POTÊNCIA LÍQ. 88 HP, CAÇAMBA CARREG. CAP. MÍN. 1 M3, CAÇAMBA RETRO CAP. 0,26 M3, PESO OPERACIONAL MÍN. 6.674 KG, PROFUNDIDADE ESCAVAÇÃO MÁX. 4,37 M - DEPRECIAÇÃO. AF_06/2014","Depreciação, Juros, Impostos e Seguros, Manutenção e Materiais na Operação dos Equipamentos",null,"H",1,26.121949279999999,26.121949300000001]
["Composição Auxiliar"," 53786 ","SINAPI","RETROESCAVADEIRA SOBRE RODAS COM CARREGADEIRA, TRAÇÃO 4X4, POTÊNCIA LÍQ. 88 HP, CAÇAMBA CARREG. CAP. MÍN. 1 M3, CAÇAMBA RETRO CAP. 0,26 M3, PESO OPERACIONAL MÍN. 6.674 KG, PROFUNDIDADE ESCAVAÇÃO MÁX. 4,37 M - MATERIAIS NA OPERAÇÃO. AF_06/2014","Depreciação, Juros, Impostos e Seguros, Manutenção e Materiais na Operação dos Equipamentos",null,"H",1,54.762599999999999,54.762599999999999]
["Composição Auxiliar"," 5664 ","SINAPI","RETROESCAVADEIRA SOBRE RODAS COM CARREGADEIRA, TRAÇÃO 4X4, POTÊNCIA LÍQ. 88 HP, CAÇAMBA CARREG. CAP. MÍN. 1 M3, CAÇAMBA RETRO CAP. 0,26 M3, PESO OPERACIONAL MÍN. 6.674 KG, PROFUNDIDADE ESCAVAÇÃO MÁX. 4,37 M - MANUTENÇÃO. AF_06/2014","Depreciação, Juros, Impostos e Seguros, Manutenção e Materiais na Operação dos Equipamentos",null,"H",1,32.652436600000001,32.652436600000001]
[]
[null,"Código","Banco","Descrição","Tipo",null,"Und","Quant.","Valor Unit","Total"]
["Composição"," 88857 ","SINAPI","RETROESCAVADEIRA SOBRE RODAS COM CARREGADEIRA, TRAÇÃO 4X4, POTÊNCIA LÍQ. 88 HP, CAÇAMBA CARREG. CAP. MÍN. 1 M3, CAÇAMBA RETRO CAP. 0,26 M3, PESO OPERACIONAL MÍN. 6.674 KG, PROFUNDIDADE ESCAVAÇÃO MÁX. 4,37 M - DEPRECIAÇÃO. AF_06/2014","Depreciação, Juros, Impostos e Seguros, Manutenção e Materiais na Operação dos Equipamentos",null,"H",1,26.12,26.12]
["Insumo"," 00036531 ","SINAPI","RETROESCAVADEIRA SOBRE RODAS COM CARREGADEIRA, TRACAO 4 X 4, POTENCIA LIQUIDA 88 HP, PESO OPERACIONAL MINIMO DE 6674 KG, CAPACIDADE DA CARREGADEIRA DE 1,00 M3 E DA RETROESCAVADEIRA MINIMA DE 0,26 M3, PROFUNDIDADE DE ESCAVACAO MAXIMA DE 4,37 M","Equipamento para Aquisição Permanente",null,"UN",5.5999999999999999E-5,466463.38,26.121949300000001]
[]
[null,"Código","Banco","Descrição","Tipo",null,"Und","Quant.","Valor Unit","Total"]
["Composição"," 88858 ","SINAPI","RETROESCAVADEIRA SOBRE RODAS COM CARREGADEIRA, TRAÇÃO 4X4, POTÊNCIA LÍQ. 88 HP, CAÇAMBA CARREG. CAP. MÍN. 1 M3, CAÇAMBA RETRO CAP. 0,26 M3, PESO OPERACIONAL MÍN. 6.674 KG, PROFUNDIDADE ESCAVAÇÃO MÁX. 4,37 M - JUROS. AF_06/2014","Depreciação, Juros, Impostos e Seguros, Manutenção e Materiais na Operação dos Equipamentos",null,"H",1,6.9,6.9]
["Insumo"," 00036531 ","SINAPI","RETROESCAVADEIRA SOBRE RODAS COM CARREGADEIRA, TRACAO 4 X 4, POTENCIA LIQUIDA 88 HP, PESO OPERACIONAL MINIMO DE 6674 KG, CAPACIDADE DA CARREGADEIRA DE 1,00 M3 E DA RETROESCAVADEIRA MINIMA DE 0,26 M3, PROFUNDIDADE DE ESCAVACAO MAXIMA DE 4,37 M","Equipamento para Aquisição Permanente",null,"UN",1.4800000000000001E-5,466463.38,6.9036580000000001]
[]
[null,"Código","Banco","Descrição","Tipo",null,"Und","Quant.","Valor Unit","Total"]
["Composição"," 5664 ","SINAPI","RETROESCAVADEIRA SOBRE RODAS COM CARREGADEIRA, TRAÇÃO 4X4, POTÊNCIA LÍQ. 88 HP, CAÇAMBA CARREG. CAP. MÍN. 1 M3, CAÇAMBA RETRO CAP. 0,26 M3, PESO OPERACIONAL MÍN. 6.674 KG, PROFUNDIDADE ESCAVAÇÃO MÁX. 4,37 M - MANUTENÇÃO. AF_06/2014","Depreciação, Juros, Impostos e Seguros, Manutenção e Materiais na Operação dos Equipamentos",null,"H",1,32.65,32.65]
["Insumo"," 00036531 ","SINAPI","RETROESCAVADEIRA SOBRE RODAS COM CARREGADEIRA, TRACAO 4 X 4, POTENCIA LIQUIDA 88 HP, PESO OPERACIONAL MINIMO DE 6674 KG, CAPACIDADE DA CARREGADEIRA DE 1,00 M3 E DA RETROESCAVADEIRA MINIMA DE 0,26 M3, PROFUNDIDADE DE ESCAVACAO MAXIMA DE 4,37 M","Equipamento para Aquisição Permanente",null,"UN",6.9999999999999994E-5,466463.38,32.652436600000001]
[]
[null,"Código","Banco","Descrição","Tipo",null,"Und","Quant.","Valor Unit","Total"]
["Composição"," 53786 ","SINAPI","RETROESCAVADEIRA SOBRE RODAS COM CARREGADEIRA, TRAÇÃO 4X4, POTÊNCIA LÍQ. 88 HP, CAÇAMBA CARREG. CAP. MÍN. 1 M3, CAÇAMBA RETRO CAP. 0,26 M3, PESO OPERACIONAL MÍN. 6.674 KG, PROFUNDIDADE ESCAVAÇÃO MÁX. 4,37 M - MATERIAIS NA OPERAÇÃO. AF_06/2014","Depreciação, Juros, Impostos e Seguros, Manutenção e Materiais na Operação dos Equipamentos",null,"H",1,54.76,54.76]
["Insumo"," 00004221 ","SINAPI","OLEO DIESEL COMBUSTIVEL COMUM METROPOLITANO S-10 OU S-500","Material",null,"L",8.5299999999999994,6.42,54.762599999999999]
[]
[null,"Código","Banco","Descrição","Tipo",null,"Und","Quant.","Valor Unit","Total"]
["Composição"," 87248 ","SINAPI","REVESTIMENTO CERÂMICO PARA PISO COM PLACAS TIPO ESMALTADA DE DIMENSÕES 35X35 CM APLICADA EM AMBIENTES DE ÁREA MAIOR QUE 10 M2. AF_02/2023_PE","Revestimentos Cerâmicos Internos",null,"m²",1,64.47,64.47]
["Composição Auxiliar"," 88256 ","SINAPI","AZULEJISTA OU LADRILHEIRO COM ENCARGOS COMPLEMENTARES","Livro SINAPI: Cálculos e Parâmetros",null,"H",0.24110000000000001,30.433723199999999,7.3375706999999997]
["Composição Auxiliar"," 88316 ","SINAPI","SERVENTE COM ENCARGOS COMPLEMENTARES","Livro SINAPI: Cálculos e Parâmetros",null,"H",0.129,20.96602,2.7046166]
["Insumo"," 00001381 ","SINAPI","ARGAMASSA COLANTE AC I PARA CERAMICAS","Material",null,"KG",9.1325000000000003,1.1299999999999999,10.319725]
["Insumo"," 00034357 ","SINAPI","REJUNTE CIMENTICIO, QUALQUER COR","Material",null,"KG",0.24099999999999999,6.63,1.5978300000000001]
["Insumo"," 00001287 ","SINAPI","PISO EM CERAMICA ESMALTADA, COR LISA, PEI MAIOR OU IGUAL A 4, FORMATO MENOR OU IGUAL A 2025 CM2","Material",null,"m²",1.0570999999999999,40.22,42.516562]
[]
[null,"Código","Banco","Descrição","Tipo",null,"Und","Quant.","Valor Unit","Total"]
["Composição"," 91693 ","SINAPI","SERRA CIRCULAR DE BANCADA COM MOTOR ELÉTRICO POTÊNCIA DE 5HP, COM COIFA PARA DISCO 10\" - CHI DIURNO. AF_08/2015","Custos Horários Produtivo e Improdutivo dos Equipamentos",null,"CHI",1,37.729999999999997,37.729999999999997]
["Composição Auxiliar"," 91688 ","SINAPI","SERRA CIRCULAR DE BANCADA COM MOTOR ELÉTRICO POTÊNCIA DE 5HP, COM COIFA PARA DISCO 10\" - DEPRECIAÇÃO. AF_08/2015","Depreciação, Juros, Impostos e Seguros, Manutenção e Materiais na Operação dos Equipamentos",null,"H",1,8.1558720000000001E-2,8.1558699999999998E-2]
["Composição Auxiliar"," 91689 ","SINAPI","SERRA CIRCULAR DE BANCADA COM MOTOR ELÉTRICO POTÊNCIA DE 5HP, COM COIFA PARA DISCO 10\" - JUROS. AF_08/2015","Depreciação, Juros, Impostos e Seguros, Manutenção e Materiais na Operação dos Equipamentos",null,"H",1,1.6764847999999999E-2,1.67648E-2]
["Composição Auxiliar"," 88297 ","SINAPI","OPERADOR DE MÁQUINAS E EQUIPAMENTOS COM ENCARGOS COMPLEMENTARES","Livro SINAPI: Cálculos e Parâmetros",null,"H",1,37.6398212,37.6398212]
[]
[null,"Código","Banco","Descrição","Tipo",null,"Und","Quant.","Valor Unit","Total"]
["Composição"," 91692 ","SINAPI","SERRA CIRCULAR DE BANCADA COM MOTOR ELÉTRICO POTÊNCIA DE 5HP, COM COIFA PARA DISCO 10\" - CHP DIURNO. AF_08/2015","Custos Horários Produtivo e Improdutivo dos Equipamentos",null,"CHP",1,39.159999999999997,39.159999999999997]
["Composição Auxiliar"," 91690 ","SINAPI","SERRA CIRCULAR DE BANCADA COM MOTOR ELÉTRICO POTÊNCIA DE 5HP, COM COIFA PARA DISCO 10\" - MANUTENÇÃO. AF_08/2015","Depreciação, Juros, Impostos e Seguros, Manutenção e Materiais na Operação dos Equipamentos",null,"H",1,5.6638000000000001E-2,5.6638000000000001E-2]
["Composição Auxiliar"," 91688 ","SINAPI","SERRA CIRCULAR DE BANCADA COM MOTOR ELÉTRICO POTÊNCIA DE 5HP, COM COIFA PARA DISCO 10\" - DEPRECIAÇÃO. AF_08/2015","Depreciação, Juros, Impostos e Seguros, Manutenção e Materiais na Operação dos Equipamentos",null,"H",1,8.1558720000000001E-2,8.1558699999999998E-2]
["Composição Auxiliar"," 91689 ","SINAPI","SERRA CIRCULAR DE BANCADA COM MOTOR ELÉTRICO POTÊNCIA DE 5HP, COM COIFA PARA DISCO 10\" - JUROS. AF_08/2015","Depreciação, Juros, Impostos e Seguros, Manutenção e Materiais na Operação dos Equipamentos",null,"H",1,1.6764847999999999E-2,1.67648E-2]
["Composição Auxiliar"," 88297 ","SINAPI","OPERADOR DE MÁQUINAS E EQUIPAMENTOS COM ENCARGOS COMPLEMENTARES","Livro SINAPI: Cálculos e Parâmetros",null,"H",1,37.6398212,37.6398212]
["Composição Auxiliar"," 91691 ","SINAPI","SERRA CIRCULAR DE BANCADA COM MOTOR ELÉTRICO POTÊNCIA DE 5HP, COM COIFA PARA DISCO 10\" - MATERIAIS NA OPERAÇÃO. AF_08/2015","Depreciação, Juros, Impostos e Seguros, Manutenção e Materiais na Operação dos Equipamentos",null,"H",1,1.3735999999999999,1.3735999999999999]
[]
[null,"Código","Banco","Descrição","Tipo",null,"Und","Quant.","Valor Unit","Total"]
["Composição"," 91688 ","SINAPI","SERRA CIRCULAR DE BANCADA COM MOTOR ELÉTRICO POTÊNCIA DE 5HP, COM COIFA PARA DISCO 10\" - DEPRECIAÇÃO. AF_08/2015","Depreciação, Juros, Impostos e Seguros, Manutenção e Materiais na Operação dos Equipamentos",null,"H",1,0.08,0.08]
["Insumo"," 00014618 ","SINAPI","SERRA CIRCULAR DE BANCADA COM MOTOR ELETRICO, POTENCIA DE *1600* W, PARA DISCO DE DIAMETRO DE 10\" (250 MM)","Equipamento para Aquisição Permanente",null,"UN",7.2000000000000002E-5,1132.76,8.1558699999999998E-2]
[]
[null,"Código","Banco","Descrição","Tipo",null,"Und","Quant.","Valor Unit","Total"]
["Composição"," 91689 ","SINAPI","SERRA CIRCULAR DE BANCADA COM MOTOR ELÉTRICO POTÊNCIA DE 5HP, COM COIFA PARA DISCO 10\" - JUROS. AF_08/2015","Depreciação, Juros, Impostos e Seguros, Manutenção e Materiais na Operação dos Equipamentos",null,"H",1,0.01,0.01]
["Insumo"," 00014618 ","SINAPI","SERRA CIRCULAR DE BANCADA COM MOTOR ELETRICO, POTENCIA DE *1600* W, PARA DISCO DE DIAMETRO DE 10\" (250 MM)","Equipamento para Aquisição Permanente",null,"UN",1.4800000000000001E-5,1132.76,1.67648E-2]
[]
[null,"Código","Banco","Descrição","Tipo",null,"Und","Quant.","Valor Unit","Total"]
["Composição"," 91690 ","SINAPI","SERRA CIRCULAR DE BANCADA COM MOTOR ELÉTRICO POTÊNCIA DE 5HP, COM COIFA PARA DISCO 10\" - MANUTENÇÃO. AF_08/2015","Depreciação, Juros, Impostos e Seguros, Manutenção e Materiais na Operação dos Equipamentos",null,"H",1,0.05,0.05]
["Insumo"," 00014618 ","SINAPI","SERRA CIRCULAR DE BANCADA COM MOTOR ELETRICO, POTENCIA DE *1600* W, PARA DISCO DE DIAMETRO DE 10\" (250 MM)","Equipamento para Aquisição Permanente",null,"UN",5.0000000000000002E-5,1132.76,5.6638000000000001E-2]
[]
[null,"Código","Banco","Descrição","Tipo",null,"Und","Quant.","Valor Unit","Total"]
["Composição"," 91691 ","SINAPI","SERRA CIRCULAR DE BANCADA COM MOTOR ELÉTRICO POTÊNCIA DE 5HP, COM COIFA PARA DISCO 10\" - MATERIAIS NA OPERAÇÃO. AF_08/2015","Depreciação, Juros, Impostos e Seguros, Manutenção e Materiais na Operação dos Equipamentos",null,"H",1,1.37,1.37]
["Insumo"," 00002705 ","SINAPI","ENERGIA ELETRICA ATE 2000 KWH INDUSTRIAL, SEM DEMANDA","Franquia",null,"KWH",1.36,1.01,1.3735999999999999]
[]
[null,"Código","Banco","Descrição","Tipo",null,"Und","Quant.","Valor Unit","Total"]
["Composição"," 86883 ","SINAPI","SIFÃO DO TIPO FLEXÍVEL EM PVC 1 X 1.1/2 - FORNECIMENTO E INSTALAÇÃO. AF_01/2020","Louças e Metais",null,"UN",1,13.54,13.54]
["Composição Auxiliar"," 88267 ","SINAPI","ENCANADOR OU BOMBEIRO HIDRÁULICO COM ENCARGOS COMPLEMENTARES","Livro SINAPI: Cálculos e Parâmetros",null,"H",8.4500000000000006E-2,25.943333599999999,2.1922117000000001]
["Composição Auxiliar"," 88316 ","SINAPI","SERVENTE COM ENCARGOS COMPLEMENTARES","Livro SINAPI: Cálculos e Parâmetros",null,"H",2.6599999999999999E-2,20.96602,0.55769610000000003]
["Insumo"," 00044945 ","SINAPI","SIFAO / TUBO SINFONADO EXTENSIVEL/SANFONADO, UNIVERSAL/ SIMPLES, ENTRE *50 A 70* CM, DE PLASTICO BRANCO","Material",null,"UN",1,10.65,10.65]
["Insumo"," 00003146 ","SINAPI","FITA VEDA ROSCA, EM PTFE, ROLO DE 18 MM X 10 M (L X C)","Material",null,"UN",3.32E-2,4.5,0.14940000000000001]
[]
[null,"Código","Banco","Descrição","Tipo",null,"Und","Quant.","Valor Unit","Total"]
["Composição"," 98062 ","SINAPI","SUMIDOURO CIRCULAR, EM CONCRETO PRÉ-MOLDADO, DIÂMETRO INTERNO = 1,88 M, ALTURA INTERNA = 2,00 M, ÁREA DE INFILTRAÇÃO: 13,1 M² (PARA 5 CONTRIBUINTES). AF_12/2020","Fossas e Sumidouros",null,"UN",1,3560.86,3560.86]
["Composição Auxiliar"," 88309 ","SINAPI","PEDREIRO COM ENCARGOS COMPLEMENTARES","Livro SINAPI: Cálculos e Parâmetros",null,"H",1.0448999999999999,26.511984000000002,27.702372100000002]
["Composição Auxiliar"," 97740 ","SINAPI","PEÇA CIRCULAR PRÉ-MOLDADA, VOLUME DE CONCRETO ACIMA DE 100 LITROS, TAXA DE AÇO APROXIMADA DE 30KG/M³. AF_03/2024","Estruturas Pré-Fabricadas e Pré-Moldadas",null,"m³",0.23730000000000001,2441.9877496487411,579.48369300000002]
["Composição Auxiliar"," 88316 ","SINAPI","SERVENTE COM ENCARGOS COMPLEMENTARES","Livro SINAPI: Cálculos e Parâmetros",null,"H",0.82099999999999995,20.96602,17.2131024]
["Composição Auxiliar"," 5679 ","SINAPI","RETROESCAVADEIRA SOBRE RODAS COM CARREGADEIRA, TRAÇÃO 4X4, POTÊNCIA LÍQ. 88 HP, CAÇAMBA CARREG. CAP. MÍN. 1 M3, CAÇAMBA RETRO CAP. 0,26 M3, PESO OPERACIONAL MÍN. 6.674 KG, PROFUNDIDADE ESCAVAÇÃO MÁX. 4,37 M - CHI DIURNO. AF_06/2014","Custos Horários Produtivo e Improdutivo dos Equipamentos",null,"CHI",0.81899999999999995,61.500876104,50.369217499999998]
["Composição Auxiliar"," 100475 ","SINAPI","ARGAMASSA TRAÇO 1:3 (EM VOLUME DE CIMENTO E AREIA MÉDIA ÚMIDA) COM ADIÇÃO DE IMPERMEABILIZANTE, PREPARO MECÂNICO COM BETONEIRA 400 L. AF_08/2019","Argamassas",null,"m³",1.46E-2,954.19687911300002,13.9312744]
["Composição Auxiliar"," 5678 ","SINAPI","RETROESCAVADEIRA SOBRE RODAS COM CARREGADEIRA, TRAÇÃO 4X4, POTÊNCIA LÍQ. 88 HP, CAÇAMBA CARREG. CAP. MÍN. 1 M3, CAÇAMBA RETRO CAP. 0,26 M3, PESO OPERACIONAL MÍN. 6.674 KG, PROFUNDIDADE ESCAVAÇÃO MÁX. 4,37 M - CHP DIURNO. AF_06/2014","Custos Horários Produtivo e Improdutivo dos Equipamentos",null,"CHP",0.40189999999999998,148.91591270399999,59.849305299999997]
["Composição Auxiliar"," 101624 ","SINAPI","PREPARO DE FUNDO DE VALA COM LARGURA MAIOR OU IGUAL A 1,5 M E MENOR QUE 2,5 M, COM CAMADA DE BRITA, LANÇAMENTO MECANIZADO. AF_01/2026","Escoramento e Preparo de Fundo de Valas",null,"m³",0.37330000000000002,476.65810361367772,177.93647010000001]
["Composição Auxiliar"," 97738 ","SINAPI","PEÇA CIRCULAR PRÉ-MOLDADA, VOLUME DE CONCRETO DE 10 A 30 LITROS, TAXA DE FIBRA DE POLIPROPILENO APROXIMADA DE 6 KG/M³. AF_03/2024_PS","Estruturas Pré-Fabricadas e Pré-Moldadas",null,"m³",1.54E-2,4414.564439486674,67.984292400000001]
["Insumo"," 00043446 ","SINAPI","ANEL EM CONCRETO ARMADO, PERFURADO, PARA FOSSAS SEPTICAS E SUMIDOUROS, SEM FUNDO, DIAMETRO INTERNO DE 2,00 M E ALTURA DE 0,50 M","Material",null,"UN",4,641.6,2566.4]
[]
[null,"Código","Banco","Descrição","Tipo",null,"Und","Quant.","Valor Unit","Total"]
["Composição"," 98101 ","SINAPI","SUMIDOURO RETANGULAR, EM ALVENARIA COM BLOCOS DE CONCRETO, DIMENSÕES INTERNAS: 1,6 X 5,8 X H=3,0 M, ÁREA DE INFILTRAÇÃO: 50 M² (PARA 20 CONTRIBUINTES). . AF_12/2020","Fossas e Sumidouros",null,"UN",1,10374.219999999999,10374.219999999999]
["Composição Auxiliar"," 89993 ","SINAPI","GRAUTEAMENTO VERTICAL EM ALVENARIA ESTRUTURAL. AF_09/2021","Graute e Armação",null,"m³",0.22420000000000001,1396.7184105634326,313.14426759999998]
["Composição Auxiliar"," 5678 ","SINAPI","RETROESCAVADEIRA SOBRE RODAS COM CARREGADEIRA, TRAÇÃO 4X4, POTÊNCIA LÍQ. 88 HP, CAÇAMBA CARREG. CAP. MÍN. 1 M3, CAÇAMBA RETRO CAP. 0,26 M3, PESO OPERACIONAL MÍN. 6.674 KG, PROFUNDIDADE ESCAVAÇÃO MÁX. 4,37 M - CHP DIURNO. AF_06/2014","Custos Horários Produtivo e Improdutivo dos Equipamentos",null,"CHP",0.84089999999999998,148.91591270399999,125.22339100000001]
["Composição Auxiliar"," 5679 ","SINAPI","RETROESCAVADEIRA SOBRE RODAS COM CARREGADEIRA, TRAÇÃO 4X4, POTÊNCIA LÍQ. 88 HP, CAÇAMBA CARREG. CAP. MÍN. 1 M3, CAÇAMBA RETRO CAP. 0,26 M3, PESO OPERACIONAL MÍN. 6.674 KG, PROFUNDIDADE ESCAVAÇÃO MÁX. 4,37 M - CHI DIURNO. AF_06/2014","Custos Horários Produtivo e Improdutivo dos Equipamentos",null,"CHI",1.7137,61.500876104,105.3940514]
["Composição Auxiliar"," 100475 ","SINAPI","ARGAMASSA TRAÇO 1:3 (EM VOLUME DE CIMENTO E AREIA MÉDIA ÚMIDA) COM ADIÇÃO DE IMPERMEABILIZANTE, PREPARO MECÂNICO COM BETONEIRA 400 L. AF_08/2019","Argamassas",null,"m³",0.70499999999999996,954.19687911300002,672.70879979999995]
["Composição Auxiliar"," 89998 ","SINAPI","ARMAÇÃO DE CINTA DE ALVENARIA ESTRUTURAL; DIÂMETRO DE 10,0 MM. AF_09/2021","Graute e Armação",null,"KG",9.1316000000000006,10.861179053140001,99.179942600000004]
["Composição Auxiliar"," 88309 ","SINAPI","PEDREIRO COM ENCARGOS COMPLEMENTARES","Livro SINAPI: Cálculos e Parâmetros",null,"H",48.378,26.511984000000002,1282.5967619999999]
["Composição Auxiliar"," 89995 ","SINAPI","GRAUTEAMENTO DE CINTA SUPERIOR OU DE VERGA EM ALVENARIA ESTRUTURAL. AF_09/2021","Graute e Armação",null,"m³",0.22770000000000001,1360.9872751174328,309.89680249999998]
["Composição Auxiliar"," 88316 ","SINAPI","SERVENTE COM ENCARGOS COMPLEMENTARES","Livro SINAPI: Cálculos e Parâmetros",null,"H",38.011299999999999,20.96602,796.94567600000005]
["Composição Auxiliar"," 89996 ","SINAPI","ARMAÇÃO VERTICAL DE ALVENARIA ESTRUTURAL; DIÂMETRO DE 10,0 MM. AF_09/2021","Graute e Armação",null,"KG",7.4039999999999999,11.3907511942,84.337121800000006]
["Composição Auxiliar"," 97735 ","SINAPI","PEÇA RETANGULAR PRÉ-MOLDADA, VOLUME DE CONCRETO DE 30 A 100 LITROS, TAXA DE AÇO APROXIMADA DE 30KG/M³. AF_03/2024","Estruturas Pré-Fabricadas e Pré-Moldadas",null,"m³",0.86799999999999999,2745.4817546099553,2383.0781630000001]
["Composição Auxiliar"," 101625 ","SINAPI","PREPARO DE FUNDO DE VALA COM LARGURA MAIOR OU IGUAL A 1,5 M E MENOR QUE 2,5 M, COM CAMADA DE AREIA, LANÇAMENTO MECANIZADO. AF_01/2026","Escoramento e Preparo de Fundo de Valas",null,"m³",1.159,249.10361905114615,288.7110945]
["Insumo"," 00025067 ","SINAPI","BLOCO DE CONCRETO ESTRUTURAL 19 X 19 X 39 CM, FBK 4,5 MPA (NBR 6136)","Material",null,"UN",409.02670000000001,6.25,2556.4168749999999]
["Insumo"," 00000660 ","SINAPI","CANALETA DE CONCRETO 19 X 19 X 19 CM (CLASSE C - NBR 6136)","Material",null,"UN",77.7,3.88,301.476]
["Insumo"," 00004720 ","SINAPI","PEDRA BRITADA N. 0, OU PEDRISCO (4,8 A 9,5 MM) POSTO PEDREIRA/FORNECEDOR, SEM FRETE","Material",null,"m³",3.0623999999999998,344.54,1055.1192960000001]
[]
[null,"Código","Banco","Descrição","Tipo",null,"Und","Quant.","Valor Unit","Total"]
["Composição"," 91946 ","SINAPI","SUPORTE PARAFUSADO COM PLACA DE ENCAIXE 4\" X 2\" MÉDIO (1,30 M DO PISO) PARA PONTO ELÉTRICO - FORNECIMENTO E INSTALAÇÃO. AF_03/2023","Instalações Elétricas - Eletrodutos Embutidos, Cabos, Caixas, Tomadas e Interruptores",null,"UN",1,12.25,12.25]
["Composição Auxiliar"," 88247 ","SINAPI","AUXILIAR DE ELETRICISTA COM ENCARGOS COMPLEMENTARES","Livro SINAPI: Cálculos e Parâmetros",null,"H",0.128,23.583625999999999,3.0187040999999999]
["Composição Auxiliar"," 88264 ","SINAPI","ELETRICISTA COM ENCARGOS COMPLEMENTARES","Livro SINAPI: Cálculos e Parâmetros",null,"H",0.128,28.739106400000001,3.6786056]
["Insumo"," 00038099 ","SINAPI","SUPORTE DE FIXACAO PARA ESPELHO / PLACA 4\" X 2\", PARA 3 MODULOS, PARA INSTALACAO DE TOMADAS E INTERRUPTORES (SOMENTE SUPORTE)","Material",null,"UN",1,1.9,1.9]
["Insumo"," 00038094 ","SINAPI","ESPELHO / PLACA DE 3 POSTOS 4\" X 2\", PARA INSTALACAO DE TOMADAS E INTERRUPTORES","Material",null,"UN",1,3.66,3.66]
[]
[null,"Código","Banco","Descrição","Tipo",null,"Und","Quant.","Valor Unit","Total"]
["Composição"," 98054 ","SINAPI","TANQUE SÉPTICO CIRCULAR, EM CONCRETO PRÉ-MOLDADO, DIÂMETRO INTERNO = 1,88 M, ALTURA INTERNA = 2,50 M, VOLUME ÚTIL: 6245,8 L (PARA 32 CONTRIBUINTES). AF_12/2020","Fossas e Sumidouros",null,"UN",1,5333.93,5333.93]
["Composição Auxiliar"," 97738 ","SINAPI","PEÇA CIRCULAR PRÉ-MOLDADA, VOLUME DE CONCRETO DE 10 A 30 LITROS, TAXA DE FIBRA DE POLIPROPILENO APROXIMADA DE 6 KG/M³. AF_03/2024_PS","Estruturas Pré-Fabricadas e Pré-Moldadas",null,"m³",1.54E-2,4414.564439486674,67.984292400000001]
["Composição Auxiliar"," 5678 ","SINAPI","RETROESCAVADEIRA SOBRE RODAS COM CARREGADEIRA, TRAÇÃO 4X4, POTÊNCIA LÍQ. 88 HP, CAÇAMBA CARREG. CAP. MÍN. 1 M3, CAÇAMBA RETRO CAP. 0,26 M3, PESO OPERACIONAL MÍN. 6.674 KG, PROFUNDIDADE ESCAVAÇÃO MÁX. 4,37 M - CHP DIURNO. AF_06/2014","Custos Horários Produtivo e Improdutivo dos Equipamentos",null,"CHP",0.50749999999999995,148.91591270399999,75.574825700000005]
["Composição Auxiliar"," 5679 ","SINAPI","RETROESCAVADEIRA SOBRE RODAS COM CARREGADEIRA, TRAÇÃO 4X4, POTÊNCIA LÍQ. 88 HP, CAÇAMBA CARREG. CAP. MÍN. 1 M3, CAÇAMBA RETRO CAP. 0,26 M3, PESO OPERACIONAL MÍN. 6.674 KG, PROFUNDIDADE ESCAVAÇÃO MÁX. 4,37 M - CHI DIURNO. AF_06/2014","Custos Horários Produtivo e Improdutivo dos Equipamentos",null,"CHI",1.0343,61.500876104,63.610356199999998]
["Composição Auxiliar"," 88309 ","SINAPI","PEDREIRO COM ENCARGOS COMPLEMENTARES","Livro SINAPI: Cálculos e Parâmetros",null,"H",2.4573,26.511984000000002,65.147898299999994]
["Composição Auxiliar"," 97740 ","SINAPI","PEÇA CIRCULAR PRÉ-MOLDADA, VOLUME DE CONCRETO ACIMA DE 100 LITROS, TAXA DE AÇO APROXIMADA DE 30KG/M³. AF_03/2024","Estruturas Pré-Fabricadas e Pré-Moldadas",null,"m³",0.24,2441.9877496487411,586.07705989999999]
["Composição Auxiliar"," 101624 ","SINAPI","PREPARO DE FUNDO DE VALA COM LARGURA MAIOR OU IGUAL A 1,5 M E MENOR QUE 2,5 M, COM CAMADA DE BRITA, LANÇAMENTO MECANIZADO. AF_01/2026","Escoramento e Preparo de Fundo de Valas",null,"m³",0.37330000000000002,476.65810361367772,177.93647010000001]
["Composição Auxiliar"," 88628 ","SINAPI","ARGAMASSA TRAÇO 1:3 (EM VOLUME DE CIMENTO E AREIA MÉDIA ÚMIDA), PREPARO MECÂNICO COM BETONEIRA 400 L. AF_08/2019","Argamassas",null,"m³",8.5800000000000001E-2,779.97451685832004,66.921813499999999]
["Composição Auxiliar"," 88316 ","SINAPI","SERVENTE COM ENCARGOS COMPLEMENTARES","Livro SINAPI: Cálculos e Parâmetros",null,"H",1.9307000000000001,20.96602,40.479094799999999]
["Insumo"," 00012565 ","SINAPI","ANEL EM CONCRETO ARMADO, LISO, PARA FOSSAS SEPTICAS E SUMIDOUROS, SEM FUNDO, DIAMETRO INTERNO DE 2,00 M E ALTURA DE 0,50 M","Material",null,"UN",5,838.04,4190.2]
[]
[null,"Código","Banco","Descrição","Tipo",null,"Und","Quant.","Valor Unit","Total"]
["Composição"," 89630 ","SINAPI","TE DE REDUÇÃO, PVC, SOLDÁVEL, DN 75MM X 50MM, INSTALADO EM PRUMADA DE ÁGUA - FORNECIMENTO E INSTALAÇÃO. AF_06/2022","Instalações Prediais de Água Fria em PVC",null,"UN",1,57.65,57.65]
["Composição Auxiliar"," 88267 ","SINAPI","ENCANADOR OU BOMBEIRO HIDRÁULICO COM ENCARGOS COMPLEMENTARES","Livro SINAPI: Cálculos e Parâmetros",null,"H",0.2077,25.943333599999999,5.3884303999999998]
["Composição Auxiliar"," 88248 ","SINAPI","AUXILIAR DE ENCANADOR OU BOMBEIRO HIDRÁULICO COM ENCARGOS COMPLEMENTARES","Livro SINAPI: Cálculos e Parâmetros",null,"H",0.2077,22.614539000000001,4.6970397999999998]
["Insumo"," 00007132 ","SINAPI","TE DE REDUCAO, PVC, SOLDAVEL, 90 GRAUS, 75 MM X 50 MM, PARA AGUA FRIA PREDIAL","Material",null,"UN",1,40.92,40.92]
["Insumo"," 00038383 ","SINAPI","LIXA D'AGUA EM FOLHA, COR PRETA, GRAO 100","Material",null,"UN",3.6999999999999998E-2,2,7.3999999999999996E-2]
["Insumo"," 00000122 ","SINAPI","ADESIVO PLASTICO PARA PVC, FRASCO COM *850* GR","Material",null,"UN",3.1800000000000002E-2,70.709999999999994,2.2485780000000002]
["Insumo"," 00020083 ","SINAPI","SOLUCAO PREPARADORA / LIMPADORA PARA PVC, FRASCO COM 1000 CM3","Material",null,"UN",5.3999999999999999E-2,80.11,4.3259400000000001]
[]
[null,"Código","Banco","Descrição","Tipo",null,"Und","Quant.","Valor Unit","Total"]
["Composição"," 89833 ","SINAPI","TE, PVC, SERIE NORMAL, ESGOTO PREDIAL, DN 100 X 100 MM, JUNTA ELÁSTICA, FORNECIDO E INSTALADO EM PRUMADA DE ESGOTO SANITÁRIO OU VENTILAÇÃO. AF_08/2022","Instalações Prediais de Esgoto - Tubos e Conexões",null,"UN",1,44.78,44.78]
["Composição Auxiliar"," 88248 ","SINAPI","AUXILIAR DE ENCANADOR OU BOMBEIRO HIDRÁULICO COM ENCARGOS COMPLEMENTARES","Livro SINAPI: Cálculos e Parâmetros",null,"H",0.28960000000000002,22.614539000000001,6.5491704999999998]
["Composição Auxiliar"," 88267 ","SINAPI","ENCANADOR OU BOMBEIRO HIDRÁULICO COM ENCARGOS COMPLEMENTARES","Livro SINAPI: Cálculos e Parâmetros",null,"H",0.28960000000000002,25.943333599999999,7.5131893999999999]
["Insumo"," 00020078 ","SINAPI","PASTA LUBRIFICANTE PARA TUBOS E CONEXOES COM JUNTA ELASTICA, EMBALAGEM DE *400* GR (USO EM PVC, ACO, POLIETILENO E OUTROS)","Material",null,"UN",0.17249999999999999,29.18,5.03355]
["Insumo"," 00000301 ","SINAPI","ANEL BORRACHA PARA TUBO ESGOTO PREDIAL, DN 100 MM (NBR 5688)","Material",null,"UN",3,4,12]
["Insumo"," 00007091 ","SINAPI","TE SANITARIO, PVC, DN 100 X 100 MM, SERIE NORMAL, PARA ESGOTO PREDIAL","Material",null,"UN",1,13.69,13.69]
[]
[null,"Código","Banco","Descrição","Tipo",null,"Und","Quant.","Valor Unit","Total"]
["Composição"," 89825 ","SINAPI","TE, PVC, SERIE NORMAL, ESGOTO PREDIAL, DN 50 X 50 MM, JUNTA ELÁSTICA, FORNECIDO E INSTALADO EM PRUMADA DE ESGOTO SANITÁRIO OU VENTILAÇÃO. AF_08/2022","Instalações Prediais de Esgoto - Tubos e Conexões",null,"UN",1,17.61,17.61]
["Composição Auxiliar"," 88267 ","SINAPI","ENCANADOR OU BOMBEIRO HIDRÁULICO COM ENCARGOS COMPLEMENTARES","Livro SINAPI: Cálculos e Parâmetros",null,"H",4.5699999999999998E-2,25.943333599999999,1.1856103]
["Composição Auxiliar"," 88248 ","SINAPI","AUXILIAR DE ENCANADOR OU BOMBEIRO HIDRÁULICO COM ENCARGOS COMPLEMENTARES","Livro SINAPI: Cálculos e Parâmetros",null,"H",4.5699999999999998E-2,22.614539000000001,1.0334844000000001]
["Insumo"," 00007097 ","SINAPI","TE SANITARIO, PVC, DN 50 X 50 MM, SERIE NORMAL, PARA ESGOTO PREDIAL","Material",null,"UN",1,6.43,6.43]
["Insumo"," 00000296 ","SINAPI","ANEL BORRACHA PARA TUBO ESGOTO PREDIAL, DN 50 MM (NBR 5688)","Material",null,"UN",3,2.2599999999999998,6.78]
["Insumo"," 00020078 ","SINAPI","PASTA LUBRIFICANTE PARA TUBOS E CONEXOES COM JUNTA ELASTICA, EMBALAGEM DE *400* GR (USO EM PVC, ACO, POLIETILENO E OUTROS)","Material",null,"UN",7.4999999999999997E-2,29.18,2.1884999999999999]
[]
[null,"Código","Banco","Descrição","Tipo",null,"Und","Quant.","Valor Unit","Total"]
["Composição"," 104004 ","SINAPI","TE, PVC, SOLDÁVEL, DN 50MM, INSTALADO EM RAMAL DE DISTRIBUIÇÃO DE ÁGUA - FORNECIMENTO E INSTALAÇÃO. AF_06/2022","Instalações Prediais de Água Fria em PVC",null,"UN",1,28.65,28.65]
["Composição Auxiliar"," 88267 ","SINAPI","ENCANADOR OU BOMBEIRO HIDRÁULICO COM ENCARGOS COMPLEMENTARES","Livro SINAPI: Cálculos e Parâmetros",null,"H",0.30590000000000001,25.943333599999999,7.9360657000000003]
["Composição Auxiliar"," 88248 ","SINAPI","AUXILIAR DE ENCANADOR OU BOMBEIRO HIDRÁULICO COM ENCARGOS COMPLEMENTARES","Livro SINAPI: Cálculos e Parâmetros",null,"H",0.30590000000000001,22.614539000000001,6.9177875000000002]
["Insumo"," 00007142 ","SINAPI","TE SOLDAVEL, PVC, 90 GRAUS,50 MM, PARA AGUA FRIA PREDIAL (NBR 5648)","Material",null,"UN",1,9.26,9.26]
["Insumo"," 00038383 ","SINAPI","LIXA D'AGUA EM FOLHA, COR PRETA, GRAO 100","Material",null,"UN",7.6499999999999999E-2,2,0.153]
["Insumo"," 00000122 ","SINAPI","ADESIVO PLASTICO PARA PVC, FRASCO COM *850* GR","Material",null,"UN",2.47E-2,70.709999999999994,1.746537]
["Insumo"," 00020083 ","SINAPI","SOLUCAO PREPARADORA / LIMPADORA PARA PVC, FRASCO COM 1000 CM3","Material",null,"UN",3.3000000000000002E-2,80.11,2.6436299999999999]
[]
[null,"Código","Banco","Descrição","Tipo",null,"Und","Quant.","Valor Unit","Total"]
["Composição"," 104352 ","SINAPI","TE, PVC, SÉRIE NORMAL, ESGOTO PREDIAL, DN 100 X 50 MM, JUNTA ELÁSTICA, FORNECIDO E INSTALADO EM PRUMADA DE ESGOTO SANITÁRIO OU VENTILAÇÃO. AF_08/2022","Instalações Prediais de Esgoto - Tubos e Conexões",null,"UN",1,39.01,39.01]
["Composição Auxiliar"," 88248 ","SINAPI","AUXILIAR DE ENCANADOR OU BOMBEIRO HIDRÁULICO COM ENCARGOS COMPLEMENTARES","Livro SINAPI: Cálculos e Parâmetros",null,"H",0.20830000000000001,22.614539000000001,4.7106085000000002]
["Composição Auxiliar"," 88267 ","SINAPI","ENCANADOR OU BOMBEIRO HIDRÁULICO COM ENCARGOS COMPLEMENTARES","Livro SINAPI: Cálculos e Parâmetros",null,"H",0.20830000000000001,25.943333599999999,5.4039963999999996]
["Insumo"," 00000296 ","SINAPI","ANEL BORRACHA PARA TUBO ESGOTO PREDIAL, DN 50 MM (NBR 5688)","Material",null,"UN",1,2.2599999999999998,2.2599999999999998]
["Insumo"," 00011655 ","SINAPI","TE SANITARIO DE REDUCAO, PVC, DN 100 X 50 MM, SERIE NORMAL, PARA ESGOTO PREDIAL","Material",null,"UN",1,14.56,14.56]
["Insumo"," 00020078 ","SINAPI","PASTA LUBRIFICANTE PARA TUBOS E CONEXOES COM JUNTA ELASTICA, EMBALAGEM DE *400* GR (USO EM PVC, ACO, POLIETILENO E OUTROS)","Material",null,"UN",0.14000000000000001,29.18,4.0852000000000004]
["Insumo"," 00000301 ","SINAPI","ANEL BORRACHA PARA TUBO ESGOTO PREDIAL, DN 100 MM (NBR 5688)","Material",null,"UN",2,4,8]
[]
[null,"Código","Banco","Descrição","Tipo",null,"Und","Quant.","Valor Unit","Total"]
["Composição"," 88323 ","SINAPI","TELHADISTA COM ENCARGOS COMPLEMENTARES","Livro SINAPI: Cálculos e Parâmetros",null,"H",1,25.66,25.66]
["Composição Auxiliar"," 95385 ","SINAPI","CURSO DE CAPACITAÇÃO PARA TELHADISTA (ENCARGOS COMPLEMENTARES) - HORISTA","Livro SINAPI: Cálculos e Parâmetros",null,"H",1,0.24303240000000001,0.24303240000000001]
["Insumo"," 00037373 ","SINAPI","SEGURO - HORISTA (COLETADO CAIXA - ENCARGOS COMPLEMENTARES)","Encargos Complementares",null,"H",1,0.01,0.01]
["Insumo"," 00043459 ","SINAPI","FERRAMENTAS - FAMILIA CARPINTEIRO DE FORMAS - HORISTA (ENCARGOS COMPLEMENTARES - COLETADO CAIXA)","Encargos Complementares",null,"H",1,0.3,0.3]
["Insumo"," 00037371 ","SINAPI","TRANSPORTE - HORISTA (COLETADO CAIXA - ENCARGOS COMPLEMENTARES)","Encargos Complementares",null,"H",1,0.38,0.38]
["Insumo"," 00037372 ","SINAPI","EXAMES - HORISTA (COLETADO CAIXA - ENCARGOS COMPLEMENTARES)","Encargos Complementares",null,"H",1,1.3,1.3]
["Insumo"," 00043483 ","SINAPI","EPI - FAMILIA CARPINTEIRO DE FORMAS - HORISTA (ENCARGOS COMPLEMENTARES - COLETADO CAIXA)","Encargos Complementares",null,"H",1,1.71,1.71]
["Insumo"," 00012869 ","SINAPI","TELHADOR / TELHADISTA (HORISTA)","Mão de Obra",null,"H",1,21.06,21.06]
["Insumo"," 00037370 ","SINAPI","ALIMENTACAO - HORISTA (COLETADO CAIXA - ENCARGOS COMPLEMENTARES)","Encargos Complementares",null,"H",1,0.66,0.66]
[]
[null,"Código","Banco","Descrição","Tipo",null,"Und","Quant.","Valor Unit","Total"]
["Composição"," 94207 ","SINAPI","TELHAMENTO COM TELHA ONDULADA DE FIBROCIMENTO E = 6 MM, COM RECOBRIMENTO LATERAL DE 1/4 DE ONDA PARA TELHADO COM INCLINAÇÃO MAIOR QUE 10°, COM ATÉ 2 ÁGUAS, INCLUSO IÇAMENTO. AF_07/2019","Telhamento para Cobertura",null,"m²",1,43.57,43.57]
["Composição Auxiliar"," 93281 ","SINAPI","GUINCHO ELÉTRICO DE COLUNA, CAPACIDADE 400 KG, COM MOTO FREIO, MOTOR TRIFÁSICO DE 1,25 CV - CHP DIURNO. AF_03/2016","Custos Horários Produtivo e Improdutivo dos Equipamentos",null,"CHP",5.0000000000000001E-3,23.732961599999999,0.1186648]
["Composição Auxiliar"," 93282 ","SINAPI","GUINCHO ELÉTRICO DE COLUNA, CAPACIDADE 400 KG, COM MOTO FREIO, MOTOR TRIFÁSICO DE 1,25 CV - CHI DIURNO. AF_03/2016","Custos Horários Produtivo e Improdutivo dos Equipamentos",null,"CHI",6.8999999999999999E-3,22.694076599999999,0.15658910000000001]
["Composição Auxiliar"," 88323 ","SINAPI","TELHADISTA COM ENCARGOS COMPLEMENTARES","Livro SINAPI: Cálculos e Parâmetros",null,"H",0.115,25.663032399999999,2.9512486999999998]
["Composição Auxiliar"," 88316 ","SINAPI","SERVENTE COM ENCARGOS COMPLEMENTARES","Livro SINAPI: Cálculos e Parâmetros",null,"H",0.15,20.96602,3.1449029999999998]
["Insumo"," 00007194 ","SINAPI","TELHA DE FIBROCIMENTO ONDULADA E = 6 MM, DE 2,44 X 1,10 M (SEM AMIANTO)","Material",null,"m²",1.2749999999999999,22.17,28.266749999999998]
["Insumo"," 00001607 ","SINAPI","CONJUNTO ARRUELAS DE VEDACAO 5/16\" PARA TELHA FIBROCIMENTO (UMA ARRUELA METALICA E UMA ARRUELA PVC - CONICAS)","Material",null,"CJ",1.27,0.44,0.55879999999999996]
["Insumo"," 00004302 ","SINAPI","PARAFUSO ZINCADO ROSCA SOBERBA, CABECA SEXTAVADA, 5/16\" X 250 MM, PARA FIXACAO DE TELHA EM MADEIRA","Material",null,"UN",1.27,6.6,8.3819999999999997]
[]
[null,"Código","Banco","Descrição","Tipo",null,"Und","Quant.","Valor Unit","Total"]
["Composição"," 104348 ","SINAPI","TERMINAL DE VENTILAÇÃO, PVC, SÉRIE NORMAL, ESGOTO PREDIAL, DN 50 MM, JUNTA SOLDÁVEL, FORNECIDO E INSTALADO EM PRUMADA DE ESGOTO SANITÁRIO OU VENTILAÇÃO. AF_08/2022","Instalações Prediais de Esgoto - Tubos e Conexões",null,"UN",1,9.77,9.77]
["Composição Auxiliar"," 88267 ","SINAPI","ENCANADOR OU BOMBEIRO HIDRÁULICO COM ENCARGOS COMPLEMENTARES","Livro SINAPI: Cálculos e Parâmetros",null,"H",1.14E-2,25.943333599999999,0.29575400000000002]
["Composição Auxiliar"," 88248 ","SINAPI","AUXILIAR DE ENCANADOR OU BOMBEIRO HIDRÁULICO COM ENCARGOS COMPLEMENTARES","Livro SINAPI: Cálculos e Parâmetros",null,"H",1.14E-2,22.614539000000001,0.25780570000000003]
["Insumo"," 00038383 ","SINAPI","LIXA D'AGUA EM FOLHA, COR PRETA, GRAO 100","Material",null,"UN",8.0000000000000002E-3,2,1.6E-2]
["Insumo"," 00000122 ","SINAPI","ADESIVO PLASTICO PARA PVC, FRASCO COM *850* GR","Material",null,"UN",7.3000000000000001E-3,70.709999999999994,0.51618299999999995]
["Insumo"," 00039319 ","SINAPI","TERMINAL DE VENTILACAO, 50 MM, SERIE NORMAL, ESGOTO PREDIAL","Material",null,"UN",1,7.81,7.81]
["Insumo"," 00020083 ","SINAPI","SOLUCAO PREPARADORA / LIMPADORA PARA PVC, FRASCO COM 1000 CM3","Material",null,"UN",1.0999999999999999E-2,80.11,0.88121000000000005]
[]
[null,"Código","Banco","Descrição","Tipo",null,"Und","Quant.","Valor Unit","Total"]
["Composição"," 92008 ","SINAPI","TOMADA BAIXA DE EMBUTIR (2 MÓDULOS), 2P+T 10 A, INCLUINDO SUPORTE E PLACA - FORNECIMENTO E INSTALAÇÃO. AF_03/2023","Instalações Elétricas - Eletrodutos Embutidos, Cabos, Caixas, Tomadas e Interruptores",null,"UN",1,53.96,53.96]
["Composição Auxiliar"," 92006 ","SINAPI","TOMADA BAIXA DE EMBUTIR (2 MÓDULOS), 2P+T 10 A, SEM SUPORTE E SEM PLACA - FORNECIMENTO E INSTALAÇÃO. AF_03/2023","Instalações Elétricas - Eletrodutos Embutidos, Cabos, Caixas, Tomadas e Interruptores",null,"UN",1,41.7078703404,41.707870300000003]
["Composição Auxiliar"," 91946 ","SINAPI","SUPORTE PARAFUSADO COM PLACA DE ENCAIXE 4\" X 2\" MÉDIO (1,30 M DO PISO) PARA PONTO ELÉTRICO - FORNECIMENTO E INSTALAÇÃO. AF_03/2023","Instalações Elétricas - Eletrodutos Embutidos, Cabos, Caixas, Tomadas e Interruptores",null,"UN",1,12.257309747200001,12.2573097]
[]
[null,"Código","Banco","Descrição","Tipo",null,"Und","Quant.","Valor Unit","Total"]
["Composição"," 92006 ","SINAPI","TOMADA BAIXA DE EMBUTIR (2 MÓDULOS), 2P+T 10 A, SEM SUPORTE E SEM PLACA - FORNECIMENTO E INSTALAÇÃO. AF_03/2023","Instalações Elétricas - Eletrodutos Embutidos, Cabos, Caixas, Tomadas e Interruptores",null,"UN",1,41.7,41.7]
["Composição Auxiliar"," 88264 ","SINAPI","ELETRICISTA COM ENCARGOS COMPLEMENTARES","Livro SINAPI: Cálculos e Parâmetros",null,"H",0.42099999999999999,28.739106400000001,12.099163799999999]
["Composição Auxiliar"," 88247 ","SINAPI","AUXILIAR DE ELETRICISTA COM ENCARGOS COMPLEMENTARES","Livro SINAPI: Cálculos e Parâmetros",null,"H",0.42099999999999999,23.583625999999999,9.9287065000000005]
["Insumo"," 00038101 ","SINAPI","TOMADA 2P+T 10A, 250V (APENAS MODULO)","Material",null,"UN",2,9.84,19.68]
[]
[null,"Código","Banco","Descrição","Tipo",null,"Und","Quant.","Valor Unit","Total"]
["Composição"," 86906 ","SINAPI","TORNEIRA CROMADA DE MESA, 1/2\" OU 3/4\", PARA LAVATÓRIO, PADRÃO POPULAR - FORNECIMENTO E INSTALAÇÃO. AF_01/2020","Louças e Metais",null,"UN",1,150.16999999999999,150.16999999999999]
["Composição Auxiliar"," 88267 ","SINAPI","ENCANADOR OU BOMBEIRO HIDRÁULICO COM ENCARGOS COMPLEMENTARES","Livro SINAPI: Cálculos e Parâmetros",null,"H",9.6000000000000002E-2,25.943333599999999,2.4905599999999999]
["Composição Auxiliar"," 88316 ","SINAPI","SERVENTE COM ENCARGOS COMPLEMENTARES","Livro SINAPI: Cálculos e Parâmetros",null,"H",3.0300000000000001E-2,20.96602,0.63527040000000001]
["Insumo"," 00013415 ","SINAPI","TORNEIRA DE MESA/BANCADA, PARA LAVATORIO, FIXA, METALICA CROMADA, PADRAO POPULAR, 1/2\" OU 3/4\"","Material",null,"UN",1,146.94999999999999,146.94999999999999]
["Insumo"," 00003146 ","SINAPI","FITA VEDA ROSCA, EM PTFE, ROLO DE 18 MM X 10 M (L X C)","Material",null,"UN",2.1000000000000001E-2,4.5,9.4500000000000001E-2]
[]
[null,"Código","Banco","Descrição","Tipo",null,"Und","Quant.","Valor Unit","Total"]
["Composição"," 94795 ","SINAPI","TORNEIRA DE BOIA PARA CAIXA D'ÁGUA, ROSCÁVEL, 1/2\" - FORNECIMENTO E INSTALAÇÃO. AF_08/2021","Válvulas e Registros para Sistemas Prediais",null,"UN",1,36.42,36.42]
["Composição Auxiliar"," 88267 ","SINAPI","ENCANADOR OU BOMBEIRO HIDRÁULICO COM ENCARGOS COMPLEMENTARES","Livro SINAPI: Cálculos e Parâmetros",null,"H",0.1242,25.943333599999999,3.222162]
["Composição Auxiliar"," 88248 ","SINAPI","AUXILIAR DE ENCANADOR OU BOMBEIRO HIDRÁULICO COM ENCARGOS COMPLEMENTARES","Livro SINAPI: Cálculos e Parâmetros",null,"H",0.1242,22.614539000000001,2.8087257000000001]
["Insumo"," 00003148 ","SINAPI","FITA VEDA ROSCA, EM PTFE, ROLO DE 18 MM X 50 M (L X C)","Material",null,"UN",4.1999999999999997E-3,16.59,6.9678000000000004E-2]
["Insumo"," 00011829 ","SINAPI","TORNEIRA DE BOIA CONVENCIONAL PARA CAIXA D'AGUA, AGUA FRIA, 1/2\", COM HASTE E TORNEIRA METALICOS E BALAO PLASTICO","Material",null,"UN",1,30.32,30.32]
[]
[null,"Código","Banco","Descrição","Tipo",null,"Und","Quant.","Valor Unit","Total"]
["Composição"," 89031 ","SINAPI","TRATOR DE ESTEIRAS, POTÊNCIA 100 HP, PESO OPERACIONAL 9,4 T, COM LÂMINA 2,19 M3 - CHI DIURNO. AF_06/2014","Custos Horários Produtivo e Improdutivo dos Equipamentos",null,"CHI",1,86.02,86.02]
["Composição Auxiliar"," 88324 ","SINAPI","TRATORISTA COM ENCARGOS COMPLEMENTARES","Livro SINAPI: Cálculos e Parâmetros",null,"H",1,37.6398212,37.6398212]
["Composição Auxiliar"," 89030 ","SINAPI","TRATOR DE ESTEIRAS, POTÊNCIA 100 HP, PESO OPERACIONAL 9,4 T, COM LÂMINA 2,19 M3 - JUROS. AF_06/2014","Depreciação, Juros, Impostos e Seguros, Manutenção e Materiais na Operação dos Equipamentos",null,"H",1,14.7948766,14.7948766]
["Composição Auxiliar"," 89029 ","SINAPI","TRATOR DE ESTEIRAS, POTÊNCIA 100 HP, PESO OPERACIONAL 9,4 T, COM LÂMINA 2,19 M3 - DEPRECIAÇÃO. AF_06/2014","Depreciação, Juros, Impostos e Seguros, Manutenção e Materiais na Operação dos Equipamentos",null,"H",1,33.585449799999999,33.585449799999999]
[]
[null,"Código","Banco","Descrição","Tipo",null,"Und","Quant.","Valor Unit","Total"]
["Composição"," 89032 ","SINAPI","TRATOR DE ESTEIRAS, POTÊNCIA 100 HP, PESO OPERACIONAL 9,4 T, COM LÂMINA 2,19 M3 - CHP DIURNO. AF_06/2014","Custos Horários Produtivo e Improdutivo dos Equipamentos",null,"CHP",1,213.08,213.08]
["Composição Auxiliar"," 88324 ","SINAPI","TRATORISTA COM ENCARGOS COMPLEMENTARES","Livro SINAPI: Cálculos e Parâmetros",null,"H",1,37.6398212,37.6398212]
["Composição Auxiliar"," 53817 ","SINAPI","TRATOR DE ESTEIRAS, POTÊNCIA 100 HP, PESO OPERACIONAL 9,4 T, COM LÂMINA 2,19 M3 - MATERIAIS NA OPERAÇÃO. AF_06/2014","Depreciação, Juros, Impostos e Seguros, Manutenção e Materiais na Operação dos Equipamentos",null,"H",1,67.024799999999999,67.024799999999999]
["Composição Auxiliar"," 89029 ","SINAPI","TRATOR DE ESTEIRAS, POTÊNCIA 100 HP, PESO OPERACIONAL 9,4 T, COM LÂMINA 2,19 M3 - DEPRECIAÇÃO. AF_06/2014","Depreciação, Juros, Impostos e Seguros, Manutenção e Materiais na Operação dos Equipamentos",null,"H",1,33.585449799999999,33.585449799999999]
["Composição Auxiliar"," 89030 ","SINAPI","TRATOR DE ESTEIRAS, POTÊNCIA 100 HP, PESO OPERACIONAL 9,4 T, COM LÂMINA 2,19 M3 - JUROS. AF_06/2014","Depreciação, Juros, Impostos e Seguros, Manutenção e Materiais na Operação dos Equipamentos",null,"H",1,14.7948766,14.7948766]
["Composição Auxiliar"," 5724 ","SINAPI","TRATOR DE ESTEIRAS, POTÊNCIA 100 HP, PESO OPERACIONAL 9,4 T, COM LÂMINA 2,19 M3 - MANUTENÇÃO. AF_06/2014","Depreciação, Juros, Impostos e Seguros, Manutenção e Materiais na Operação dos Equipamentos",null,"H",1,60.043440799999999,60.043440799999999]
[]
[null,"Código","Banco","Descrição","Tipo",null,"Und","Quant.","Valor Unit","Total"]
["Composição"," 89029 ","SINAPI","TRATOR DE ESTEIRAS, POTÊNCIA 100 HP, PESO OPERACIONAL 9,4 T, COM LÂMINA 2,19 M3 - DEPRECIAÇÃO. AF_06/2014","Depreciação, Juros, Impostos e Seguros, Manutenção e Materiais na Operação dos Equipamentos",null,"H",1,33.58,33.58]
["Insumo"," 00007622 ","SINAPI","TRATOR DE ESTEIRAS, POTENCIA DE 100 HP, PESO OPERACIONAL DE 9,4 T, COM LAMINA COM CAPACIDADE DE 2,19 M3","Equipamento para Aquisição Permanente",null,"UN",3.1099999999999997E-5,1079918,33.585449799999999]
[]
[null,"Código","Banco","Descrição","Tipo",null,"Und","Quant.","Valor Unit","Total"]
["Composição"," 89030 ","SINAPI","TRATOR DE ESTEIRAS, POTÊNCIA 100 HP, PESO OPERACIONAL 9,4 T, COM LÂMINA 2,19 M3 - JUROS. AF_06/2014","Depreciação, Juros, Impostos e Seguros, Manutenção e Materiais na Operação dos Equipamentos",null,"H",1,14.79,14.79]
["Insumo"," 00007622 ","SINAPI","TRATOR DE ESTEIRAS, POTENCIA DE 100 HP, PESO OPERACIONAL DE 9,4 T, COM LAMINA COM CAPACIDADE DE 2,19 M3","Equipamento para Aquisição Permanente",null,"UN",1.3699999999999999E-5,1079918,14.7948766]
[]
[null,"Código","Banco","Descrição","Tipo",null,"Und","Quant.","Valor Unit","Total"]
["Composição"," 5724 ","SINAPI","TRATOR DE ESTEIRAS, POTÊNCIA 100 HP, PESO OPERACIONAL 9,4 T, COM LÂMINA 2,19 M3 - MANUTENÇÃO. AF_06/2014","Depreciação, Juros, Impostos e Seguros, Manutenção e Materiais na Operação dos Equipamentos",null,"H",1,60.04,60.04]
["Insumo"," 00007622 ","SINAPI","TRATOR DE ESTEIRAS, POTENCIA DE 100 HP, PESO OPERACIONAL DE 9,4 T, COM LAMINA COM CAPACIDADE DE 2,19 M3","Equipamento para Aquisição Permanente",null,"UN",5.5600000000000003E-5,1079918,60.043440799999999]
[]
[null,"Código","Banco","Descrição","Tipo",null,"Und","Quant.","Valor Unit","Total"]
["Composição"," 53817 ","SINAPI","TRATOR DE ESTEIRAS, POTÊNCIA 100 HP, PESO OPERACIONAL 9,4 T, COM LÂMINA 2,19 M3 - MATERIAIS NA OPERAÇÃO. AF_06/2014","Depreciação, Juros, Impostos e Seguros, Manutenção e Materiais na Operação dos Equipamentos",null,"H",1,67.02,67.02]
["Insumo"," 00004221 ","SINAPI","OLEO DIESEL COMBUSTIVEL COMUM METROPOLITANO S-10 OU S-500","Material",null,"L",10.44,6.42,67.024799999999999]
[]
[null,"Código","Banco","Descrição","Tipo",null,"Und","Quant.","Valor Unit","Total"]
["Composição"," 88324 ","SINAPI","TRATORISTA COM ENCARGOS COMPLEMENTARES","Livro SINAPI: Cálculos e Parâmetros",null,"H",1,37.630000000000003,37.630000000000003]
["Composição Auxiliar"," 95386 ","SINAPI","CURSO DE CAPACITAÇÃO PARA TRATORISTA (ENCARGOS COMPLEMENTARES) - HORISTA","Livro SINAPI: Cálculos e Parâmetros",null,"H",1,0.38982119999999998,0.38982119999999998]
["Insumo"," 00037370 ","SINAPI","ALIMENTACAO - HORISTA (COLETADO CAIXA - ENCARGOS COMPLEMENTARES)","Encargos Complementares",null,"H",1,0.66,0.66]
["Insumo"," 00037373 ","SINAPI","SEGURO - HORISTA (COLETADO CAIXA - ENCARGOS COMPLEMENTARES)","Encargos Complementares",null,"H",1,0.01,0.01]
["Insumo"," 00037372 ","SINAPI","EXAMES - HORISTA (COLETADO CAIXA - ENCARGOS COMPLEMENTARES)","Encargos Complementares",null,"H",1,1.3,1.3]
["Insumo"," 00043488 ","SINAPI","EPI - FAMILIA OPERADOR ESCAVADEIRA - HORISTA (ENCARGOS COMPLEMENTARES - COLETADO CAIXA)","Encargos Complementares",null,"H",1,1.0900000000000001,1.0900000000000001]
["Insumo"," 00043464 ","SINAPI","FERRAMENTAS - FAMILIA OPERADOR ESCAVADEIRA - HORISTA (ENCARGOS COMPLEMENTARES - COLETADO CAIXA)","Encargos Complementares",null,"H",1,0.03,0.03]
["Insumo"," 00004230 ","SINAPI","OPERADOR DE MAQUINAS E TRATORES DIVERSOS - TERRAPLANAGEM (HORISTA)","Mão de Obra",null,"H",1,33.78,33.78]
["Insumo"," 00037371 ","SINAPI","TRANSPORTE - HORISTA (COLETADO CAIXA - ENCARGOS COMPLEMENTARES)","Encargos Complementares",null,"H",1,0.38,0.38]
[]
[null,"Código","Banco","Descrição","Tipo",null,"Und","Quant.","Valor Unit","Total"]
["Composição"," 89714 ","SINAPI","TUBO PVC, SERIE NORMAL, ESGOTO PREDIAL, DN 100 MM, FORNECIDO E INSTALADO EM RAMAL DE DESCARGA OU RAMAL DE ESGOTO SANITÁRIO. AF_08/2022","Instalações Prediais de Esgoto - Tubos e Conexões",null,"M",1,35.08,35.08]
["Composição Auxiliar"," 88248 ","SINAPI","AUXILIAR DE ENCANADOR OU BOMBEIRO HIDRÁULICO COM ENCARGOS COMPLEMENTARES","Livro SINAPI: Cálculos e Parâmetros",null,"H",0.44440000000000002,22.614539000000001,10.0499011]
["Composição Auxiliar"," 88267 ","SINAPI","ENCANADOR OU BOMBEIRO HIDRÁULICO COM ENCARGOS COMPLEMENTARES","Livro SINAPI: Cálculos e Parâmetros",null,"H",0.44440000000000002,25.943333599999999,11.5292175]
["Insumo"," 00038383 ","SINAPI","LIXA D'AGUA EM FOLHA, COR PRETA, GRAO 100","Material",null,"UN",2.47E-2,2,4.9399999999999999E-2]
["Insumo"," 00009836 ","SINAPI","TUBO PVC SERIE NORMAL, DN 100 MM, PARA ESGOTO PREDIAL (NBR 5688)","Material",null,"M",1.0548999999999999,12.76,13.460523999999999]
[]
[null,"Código","Banco","Descrição","Tipo",null,"Und","Quant.","Valor Unit","Total"]
["Composição"," 89711 ","SINAPI","TUBO PVC, SERIE NORMAL, ESGOTO PREDIAL, DN 40 MM, FORNECIDO E INSTALADO EM RAMAL DE DESCARGA OU RAMAL DE ESGOTO SANITÁRIO. AF_08/2022","Instalações Prediais de Esgoto - Tubos e Conexões",null,"M",1,20.13,20.13]
["Composição Auxiliar"," 88267 ","SINAPI","ENCANADOR OU BOMBEIRO HIDRÁULICO COM ENCARGOS COMPLEMENTARES","Livro SINAPI: Cálculos e Parâmetros",null,"H",0.29299999999999998,25.943333599999999,7.6013966999999996]
["Composição Auxiliar"," 88248 ","SINAPI","AUXILIAR DE ENCANADOR OU BOMBEIRO HIDRÁULICO COM ENCARGOS COMPLEMENTARES","Livro SINAPI: Cálculos e Parâmetros",null,"H",0.29299999999999998,22.614539000000001,6.6260598999999996]
["Insumo"," 00009835 ","SINAPI","TUBO PVC SERIE NORMAL, DN 40 MM, PARA ESGOTO PREDIAL (NBR 5688)","Material",null,"M",1.0548999999999999,5.57,5.8757929999999998]
["Insumo"," 00038383 ","SINAPI","LIXA D'AGUA EM FOLHA, COR PRETA, GRAO 100","Material",null,"UN",1.6299999999999999E-2,2,3.2599999999999997E-2]
[]
[null,"Código","Banco","Descrição","Tipo",null,"Und","Quant.","Valor Unit","Total"]
["Composição"," 89712 ","SINAPI","TUBO PVC, SERIE NORMAL, ESGOTO PREDIAL, DN 50 MM, FORNECIDO E INSTALADO EM RAMAL DE DESCARGA OU RAMAL DE ESGOTO SANITÁRIO. AF_08/2022","Instalações Prediais de Esgoto - Tubos e Conexões",null,"M",1,25.19,25.19]
["Composição Auxiliar"," 88248 ","SINAPI","AUXILIAR DE ENCANADOR OU BOMBEIRO HIDRÁULICO COM ENCARGOS COMPLEMENTARES","Livro SINAPI: Cálculos e Parâmetros",null,"H",0.31819999999999998,22.614539000000001,7.1959463000000001]
["Composição Auxiliar"," 88267 ","SINAPI","ENCANADOR OU BOMBEIRO HIDRÁULICO COM ENCARGOS COMPLEMENTARES","Livro SINAPI: Cálculos e Parâmetros",null,"H",0.31819999999999998,25.943333599999999,8.2551687999999999]
["Insumo"," 00038383 ","SINAPI","LIXA D'AGUA EM FOLHA, COR PRETA, GRAO 100","Material",null,"UN",1.77E-2,2,3.5400000000000001E-2]
["Insumo"," 00009838 ","SINAPI","TUBO PVC SERIE NORMAL, DN 50 MM, PARA ESGOTO PREDIAL (NBR 5688)","Material",null,"M",1.0548999999999999,9.1999999999999993,9.7050800000000006]
[]
[null,"Código","Banco","Descrição","Tipo",null,"Und","Quant.","Valor Unit","Total"]
["Composição"," 89713 ","SINAPI","TUBO PVC, SERIE NORMAL, ESGOTO PREDIAL, DN 75 MM, FORNECIDO E INSTALADO EM RAMAL DE DESCARGA OU RAMAL DE ESGOTO SANITÁRIO. AF_08/2022","Instalações Prediais de Esgoto - Tubos e Conexões",null,"M",1,31.3,31.3]
["Composição Auxiliar"," 88248 ","SINAPI","AUXILIAR DE ENCANADOR OU BOMBEIRO HIDRÁULICO COM ENCARGOS COMPLEMENTARES","Livro SINAPI: Cálculos e Parâmetros",null,"H",0.38129999999999997,22.614539000000001,8.6229236999999994]
["Composição Auxiliar"," 88267 ","SINAPI","ENCANADOR OU BOMBEIRO HIDRÁULICO COM ENCARGOS COMPLEMENTARES","Livro SINAPI: Cálculos e Parâmetros",null,"H",0.38129999999999997,25.943333599999999,9.8921931000000001]
["Insumo"," 00038383 ","SINAPI","LIXA D'AGUA EM FOLHA, COR PRETA, GRAO 100","Material",null,"UN",2.12E-2,2,4.24E-2]
["Insumo"," 00009837 ","SINAPI","TUBO PVC SERIE NORMAL, DN 75 MM, PARA ESGOTO PREDIAL (NBR 5688)","Material",null,"M",1.0548999999999999,12.08,12.743192000000001]
[]
[null,"Código","Banco","Descrição","Tipo",null,"Und","Quant.","Valor Unit","Total"]
["Composição"," 89578 ","SINAPI","TUBO PVC, SÉRIE R, ÁGUA PLUVIAL, DN 100 MM, FORNECIDO E INSTALADO EM CONDUTORES VERTICAIS DE ÁGUAS PLUVIAIS. AF_06/2022","Instalações Prediais de Águas Pluviais - Tubos, Conexões, Caixas e Ralos",null,"M",1,28.64,28.64]
["Composição Auxiliar"," 88248 ","SINAPI","AUXILIAR DE ENCANADOR OU BOMBEIRO HIDRÁULICO COM ENCARGOS COMPLEMENTARES","Livro SINAPI: Cálculos e Parâmetros",null,"H",7.5800000000000006E-2,22.614539000000001,1.7141820999999999]
["Composição Auxiliar"," 88267 ","SINAPI","ENCANADOR OU BOMBEIRO HIDRÁULICO COM ENCARGOS COMPLEMENTARES","Livro SINAPI: Cálculos e Parâmetros",null,"H",7.5800000000000006E-2,25.943333599999999,1.9665047]
["Insumo"," 00038383 ","SINAPI","LIXA D'AGUA EM FOLHA, COR PRETA, GRAO 100","Material",null,"UN",4.2000000000000003E-2,2,8.4000000000000005E-2]
["Insumo"," 00009841 ","SINAPI","TUBO PVC, SERIE R, DN 100 MM, PARA ESGOTO OU AGUAS PLUVIAIS PREDIAL (NBR 5688)","Material",null,"M",1.0353000000000001,24.03,24.878259]
[]
[null,"Código","Banco","Descrição","Tipo",null,"Und","Quant.","Valor Unit","Total"]
["Composição"," 89576 ","SINAPI","TUBO PVC, SÉRIE R, ÁGUA PLUVIAL, DN 75 MM, FORNECIDO E INSTALADO EM CONDUTORES VERTICAIS DE ÁGUAS PLUVIAIS. AF_06/2022","Instalações Prediais de Águas Pluviais - Tubos, Conexões, Caixas e Ralos",null,"M",1,22.99,22.99]
["Composição Auxiliar"," 88248 ","SINAPI","AUXILIAR DE ENCANADOR OU BOMBEIRO HIDRÁULICO COM ENCARGOS COMPLEMENTARES","Livro SINAPI: Cálculos e Parâmetros",null,"H",4.82E-2,22.614539000000001,1.0900208]
["Composição Auxiliar"," 88267 ","SINAPI","ENCANADOR OU BOMBEIRO HIDRÁULICO COM ENCARGOS COMPLEMENTARES","Livro SINAPI: Cálculos e Parâmetros",null,"H",4.82E-2,25.943333599999999,1.2504687000000001]
["Insumo"," 00009839 ","SINAPI","TUBO PVC, SERIE R, DN 75 MM, PARA ESGOTO OU AGUAS PLUVIAIS PREDIAL (NBR 5688)","Material",null,"M",1.0353000000000001,19.899999999999999,20.60247]
["Insumo"," 00038383 ","SINAPI","LIXA D'AGUA EM FOLHA, COR PRETA, GRAO 100","Material",null,"UN",2.7E-2,2,5.3999999999999999E-2]
[]
[null,"Código","Banco","Descrição","Tipo",null,"Und","Quant.","Valor Unit","Total"]
["Composição"," 89401 ","SINAPI","TUBO, PVC, SOLDÁVEL, DE 20MM, INSTALADO EM RAMAL DE DISTRIBUIÇÃO DE ÁGUA - FORNECIMENTO E INSTALAÇÃO. AF_06/2022","Instalações Prediais de Água Fria em PVC",null,"M",1,10.4,10.4]
["Composição Auxiliar"," 88248 ","SINAPI","AUXILIAR DE ENCANADOR OU BOMBEIRO HIDRÁULICO COM ENCARGOS COMPLEMENTARES","Livro SINAPI: Cálculos e Parâmetros",null,"H",0.13669999999999999,22.614539000000001,3.0914074999999999]
["Composição Auxiliar"," 88267 ","SINAPI","ENCANADOR OU BOMBEIRO HIDRÁULICO COM ENCARGOS COMPLEMENTARES","Livro SINAPI: Cálculos e Parâmetros",null,"H",0.13669999999999999,25.943333599999999,3.5464536999999998]
["Insumo"," 00038383 ","SINAPI","LIXA D'AGUA EM FOLHA, COR PRETA, GRAO 100","Material",null,"UN",3.1899999999999998E-2,2,6.3799999999999996E-2]
["Insumo"," 00009867 ","SINAPI","TUBO PVC, SOLDAVEL, DE 20 MM, AGUA FRIA (NBR-5648)","Material",null,"M",1.0492999999999999,3.53,3.7040289999999998]
[]
[null,"Código","Banco","Descrição","Tipo",null,"Und","Quant.","Valor Unit","Total"]
["Composição"," 89402 ","SINAPI","TUBO, PVC, SOLDÁVEL, DE 25MM, INSTALADO EM RAMAL DE DISTRIBUIÇÃO DE ÁGUA - FORNECIMENTO E INSTALAÇÃO. AF_06/2022","Instalações Prediais de Água Fria em PVC",null,"M",1,11.96,11.96]
["Composição Auxiliar"," 88267 ","SINAPI","ENCANADOR OU BOMBEIRO HIDRÁULICO COM ENCARGOS COMPLEMENTARES","Livro SINAPI: Cálculos e Parâmetros",null,"H",0.15859999999999999,25.943333599999999,4.1146127000000003]
["Composição Auxiliar"," 88248 ","SINAPI","AUXILIAR DE ENCANADOR OU BOMBEIRO HIDRÁULICO COM ENCARGOS COMPLEMENTARES","Livro SINAPI: Cálculos e Parâmetros",null,"H",0.15859999999999999,22.614539000000001,3.5866658999999999]
["Insumo"," 00038383 ","SINAPI","LIXA D'AGUA EM FOLHA, COR PRETA, GRAO 100","Material",null,"UN",3.6999999999999998E-2,2,7.3999999999999996E-2]
["Insumo"," 00009868 ","SINAPI","TUBO PVC, SOLDAVEL, DE 25 MM, AGUA FRIA (NBR-5648)","Material",null,"M",1.0492999999999999,3.99,4.1867070000000002]
[]
[null,"Código","Banco","Descrição","Tipo",null,"Und","Quant.","Valor Unit","Total"]
["Composição"," 103979 ","SINAPI","TUBO, PVC, SOLDÁVEL, DE 50MM, INSTALADO EM RAMAL DE DISTRIBUIÇÃO DE ÁGUA - FORNECIMENTO E INSTALAÇÃO. AF_06/2022","Instalações Prediais de Água Fria em PVC",null,"M",1,28.62,28.62]
["Composição Auxiliar"," 88248 ","SINAPI","AUXILIAR DE ENCANADOR OU BOMBEIRO HIDRÁULICO COM ENCARGOS COMPLEMENTARES","Livro SINAPI: Cálculos e Parâmetros",null,"H",0.26769999999999999,22.614539000000001,6.0539120999999998]
["Composição Auxiliar"," 88267 ","SINAPI","ENCANADOR OU BOMBEIRO HIDRÁULICO COM ENCARGOS COMPLEMENTARES","Livro SINAPI: Cálculos e Parâmetros",null,"H",0.26769999999999999,25.943333599999999,6.9450304000000003]
["Insumo"," 00009875 ","SINAPI","TUBO PVC, SOLDAVEL, DE 50 MM, AGUA FRIA (NBR-5648)","Material",null,"M",1.0492999999999999,14.83,15.561119]
["Insumo"," 00038383 ","SINAPI","LIXA D'AGUA EM FOLHA, COR PRETA, GRAO 100","Material",null,"UN",3.1199999999999999E-2,2,6.2399999999999997E-2]
[]
[null,"Código","Banco","Descrição","Tipo",null,"Und","Quant.","Valor Unit","Total"]
["Composição"," 5914359 ","SICRO3","Transporte com caminhão basculante de 10 m³ - rodovia em leito natural","",null,"tkm",1,1.29,1.29]
["A","Código","Banco","Equipamentos","Quantidade","Utilização",null,"Custo Horário",null,"Custo Horário Total"]
[{"$nulls":5},"Operativa","Improdutiva","Operativa","Improdutiva"]
["Insumo"," E9579 ","SICRO3","Caminhão basculante com capacidade de 10 m³ - 210 kW",1,1,0,313.19380000000001,94.304599999999994,313.19380000000001]
[{"$nulls":5},"Custo horário total de equipamentos",null,null,null,313.19380000000001]
[{"$nulls":5},"Custo horário total de execução",null,null,null,313.19380000000001]
[{"$nulls":5},"Produção de equipe",null,null,null,249]
[{"$nulls":5},"Custo unitário de execução",null,null,null,1.2578]
[{"$nulls":5},"Custo do FIC",null,null,null,2.7699999999999999E-2]
["F","Momento de Transporte","Banco","Descrição","Quantidade","Distância Média de Transporte (DMT)",null,null,null,"Custo Horário"]
[{"$nulls":5},"LN","RP","P","FE"]
[{"$nulls":5},"Custo do FIT",null,null,null,0]
[{"$nulls":5},"Custo total de transporte",null,null,null,0]
[]
[null,"Código","Banco","Descrição","Tipo",null,"Und","Quant.","Valor Unit","Total"]
["Composição"," 5914374 ","SICRO3","Transporte com caminhão basculante de 10 m³ - rodovia em revestimento primário","",null,"tkm",1,1.03,1.03]
["A","Código","Banco","Equipamentos","Quantidade","Utilização",null,"Custo Horário",null,"Custo Horário Total"]
[{"$nulls":5},"Operativa","Improdutiva","Operativa","Improdutiva"]
["Insumo"," E9579 ","SICRO3","Caminhão basculante com capacidade de 10 m³ - 210 kW",1,1,0,313.19380000000001,94.304599999999994,313.19380000000001]
[{"$nulls":5},"Custo horário total de equipamentos",null,null,null,313.19380000000001]
[{"$nulls":5},"Custo horário total de execução",null,null,null,313.19380000000001]
[{"$nulls":5},"Produção de equipe",null,null,null,311.25]
[{"$nulls":5},"Custo unitário de execução",null,null,null,1.0062]
[{"$nulls":5},"Custo do FIC",null,null,null,2.4E-2]
["F","Momento de Transporte","Banco","Descrição","Quantidade","Distância Média de Transporte (DMT)",null,null,null,"Custo Horário"]
[{"$nulls":5},"LN","RP","P","FE"]
[{"$nulls":5},"Custo do FIT",null,null,null,0]
[{"$nulls":5},"Custo total de transporte",null,null,null,0]
[]
[null,"Código","Banco","Descrição","Tipo",null,"Und","Quant.","Valor Unit","Total"]
["Composição"," 5914389 ","SICRO3","Transporte com caminhão basculante de 10 m³ - rodovia pavimentada","",null,"tkm",1,0.84,0.84]
["A","Código","Banco","Equipamentos","Quantidade","Utilização",null,"Custo Horário",null,"Custo Horário Total"]
[{"$nulls":5},"Operativa","Improdutiva","Operativa","Improdutiva"]
["Insumo"," E9579 ","SICRO3","Caminhão basculante com capacidade de 10 m³ - 210 kW",1,1,0,313.19380000000001,94.304599999999994,313.19380000000001]
[{"$nulls":5},"Custo horário total de equipamentos",null,null,null,313.19380000000001]
[{"$nulls":5},"Custo horário total de execução",null,null,null,313.19380000000001]
[{"$nulls":5},"Produção de equipe",null,null,null,373.5]
[{"$nulls":5},"Custo unitário de execução",null,null,null,0.83850000000000002]
[{"$nulls":5},"Custo do FIC",null,null,null,0]
["F","Momento de Transporte","Banco","Descrição","Quantidade","Distância Média de Transporte (DMT)",null,null,null,"Custo Horário"]
[{"$nulls":5},"LN","RP","P","FE"]
[{"$nulls":5},"Custo do FIT",null,null,null,0]
[{"$nulls":5},"Custo total de transporte",null,null,null,0]
[]
[null,"Código","Banco","Descrição","Tipo",null,"Und","Quant.","Valor Unit","Total"]
["Composição"," 5914584 ","SICRO3","Transporte com caminhão carroceria com capacidade de 7 t e com guindauto com capacidade de elevação de 6,2 t - rodovia em leito natural","",null,"tkm",1,2.86,2.86]
["A","Código","Banco","Equipamentos","Quantidade","Utilização",null,"Custo Horário",null,"Custo Horário Total"]
[{"$nulls":5},"Operativa","Improdutiva","Operativa","Improdutiva"]
["Insumo"," E9686 ","SICRO3","Caminhão guindauto com capacidade de elevação de 6,2 t e carroceria de 7 t - 136 kW",1,1,0,323.96370000000002,114.413,323.96370000000002]
[{"$nulls":5},"Custo horário total de equipamentos",null,null,null,323.96370000000002]
[{"$nulls":5},"Custo horário total de execução",null,null,null,323.96370000000002]
[{"$nulls":5},"Produção de equipe",null,null,null,116.2]
[{"$nulls":5},"Custo unitário de execução",null,null,null,2.7879999999999998]
[{"$nulls":5},"Custo do FIC",null,null,null,7.2099999999999997E-2]
["F","Momento de Transporte","Banco","Descrição","Quantidade","Distância Média de Transporte (DMT)",null,null,null,"Custo Horário"]
[{"$nulls":5},"LN","RP","P","FE"]
[{"$nulls":5},"Custo do FIT",null,null,null,0]
[{"$nulls":5},"Custo total de transporte",null,null,null,0]
[]
[null,"Código","Banco","Descrição","Tipo",null,"Und","Quant.","Valor Unit","Total"]
["Composição"," 5914599 ","SICRO3","Transporte com caminhão carroceria com capacidade de 7 t e com guindauto com capacidade de elevação de 6,2 t - rodovia em revestimento primário","",null,"tkm",1,2.29,2.29]
["A","Código","Banco","Equipamentos","Quantidade","Utilização",null,"Custo Horário",null,"Custo Horário Total"]
[{"$nulls":5},"Operativa","Improdutiva","Operativa","Improdutiva"]
["Insumo"," E9686 ","SICRO3","Caminhão guindauto com capacidade de elevação de 6,2 t e carroceria de 7 t - 136 kW",1,1,0,323.96370000000002,114.413,323.96370000000002]
[{"$nulls":5},"Custo horário total de equipamentos",null,null,null,323.96370000000002]
[{"$nulls":5},"Custo horário total de execução",null,null,null,323.96370000000002]
[{"$nulls":5},"Produção de equipe",null,null,null,145.25]
[{"$nulls":5},"Custo unitário de execução",null,null,null,2.2303999999999999]
[{"$nulls":5},"Custo do FIC",null,null,null,6.25E-2]
["F","Momento de Transporte","Banco","Descrição","Quantidade","Distância Média de Transporte (DMT)",null,null,null,"Custo Horário"]
[{"$nulls":5},"LN","RP","P","FE"]
[{"$nulls":5},"Custo do FIT",null,null,null,0]
[{"$nulls":5},"Custo total de transporte",null,null,null,0]
[]
[null,"Código","Banco","Descrição","Tipo",null,"Und","Quant.","Valor Unit","Total"]
["Composição"," 5914614 ","SICRO3","Transporte com caminhão carroceria com capacidade de 7 t e com guindauto com capacidade de elevação de 6,2 t - rodovia pavimentada","",null,"tkm",1,1.86,1.86]
["A","Código","Banco","Equipamentos","Quantidade","Utilização",null,"Custo Horário",null,"Custo Horário Total"]
[{"$nulls":5},"Operativa","Improdutiva","Operativa","Improdutiva"]
["Insumo"," E9686 ","SICRO3","Caminhão guindauto com capacidade de elevação de 6,2 t e carroceria de 7 t - 136 kW",1,1,0,323.96370000000002,114.413,323.96370000000002]
[{"$nulls":5},"Custo horário total de equipamentos",null,null,null,323.96370000000002]
[{"$nulls":5},"Custo horário total de execução",null,null,null,323.96370000000002]
[{"$nulls":5},"Produção de equipe",null,null,null,174.3]
[{"$nulls":5},"Custo unitário de execução",null,null,null,1.8587]
[{"$nulls":5},"Custo do FIC",null,null,null,0]
["F","Momento de Transporte","Banco","Descrição","Quantidade","Distância Média de Transporte (DMT)",null,null,null,"Custo Horário"]
[{"$nulls":5},"LN","RP","P","FE"]
[{"$nulls":5},"Custo do FIT",null,null,null,0]
[{"$nulls":5},"Custo total de transporte",null,null,null,0]
[]
[null,"Código","Banco","Descrição","Tipo",null,"Und","Quant.","Valor Unit","Total"]
["Composição"," 5914449 ","SICRO3","Transporte com caminhão carroceria de 15 t - rodovia em leito natural","",null,"tkm",1,1.1200000000000001,1.1200000000000001]
["A","Código","Banco","Equipamentos","Quantidade","Utilização",null,"Custo Horário",null,"Custo Horário Total"]
[{"$nulls":5},"Operativa","Improdutiva","Operativa","Improdutiva"]
["Insumo"," E9592 ","SICRO3","Caminhão carroceria com capacidade de 15 t - 188 kW",1,1,0,283.62470000000002,87.947000000000003,283.62470000000002]
[{"$nulls":5},"Custo horário total de equipamentos",null,null,null,283.62470000000002]
[{"$nulls":5},"Custo horário total de execução",null,null,null,283.62470000000002]
[{"$nulls":5},"Produção de equipe",null,null,null,259.04000000000002]
[{"$nulls":5},"Custo unitário de execução",null,null,null,1.0949]
[{"$nulls":5},"Custo do FIC",null,null,null,2.4899999999999999E-2]
["F","Momento de Transporte","Banco","Descrição","Quantidade","Distância Média de Transporte (DMT)",null,null,null,"Custo Horário"]
[{"$nulls":5},"LN","RP","P","FE"]
[{"$nulls":5},"Custo do FIT",null,null,null,0]
[{"$nulls":5},"Custo total de transporte",null,null,null,0]
[]
[null,"Código","Banco","Descrição","Tipo",null,"Und","Quant.","Valor Unit","Total"]
["Composição"," 5914479 ","SICRO3","Transporte com caminhão carroceria de 15 t - rodovia pavimentada","",null,"tkm",1,0.73,0.73]
["A","Código","Banco","Equipamentos","Quantidade","Utilização",null,"Custo Horário",null,"Custo Horário Total"]
[{"$nulls":5},"Operativa","Improdutiva","Operativa","Improdutiva"]
["Insumo"," E9592 ","SICRO3","Caminhão carroceria com capacidade de 15 t - 188 kW",1,1,0,283.62470000000002,87.947000000000003,283.62470000000002]
[{"$nulls":5},"Custo horário total de equipamentos",null,null,null,283.62470000000002]
[{"$nulls":5},"Custo horário total de execução",null,null,null,283.62470000000002]
[{"$nulls":5},"Produção de equipe",null,null,null,388.56]
[{"$nulls":5},"Custo unitário de execução",null,null,null,0.72989999999999999]
[{"$nulls":5},"Custo do FIC",null,null,null,0]
["F","Momento de Transporte","Banco","Descrição","Quantidade","Distância Média de Transporte (DMT)",null,null,null,"Custo Horário"]
[{"$nulls":5},"LN","RP","P","FE"]
[{"$nulls":5},"Custo do FIT",null,null,null,0]
[{"$nulls":5},"Custo total de transporte",null,null,null,0]
[]
[null,"Código","Banco","Descrição","Tipo",null,"Und","Quant.","Valor Unit","Total"]
["Composição"," 5914364 ","SICRO3","Transporte de cimento ou cal hidratada a granel com caminhão silo de 30 m³ - rodovia em leito natural","",null,"tkm",1,0.98,0.98]
["A","Código","Banco","Equipamentos","Quantidade","Utilização",null,"Custo Horário",null,"Custo Horário Total"]
[{"$nulls":5},"Operativa","Improdutiva","Operativa","Improdutiva"]
["Insumo"," E9146 ","SICRO3","Caminhão silo com capacidade de 30 m³ - 368 kW",1,1,0,671.55380000000002,167.10380000000001,671.55380000000002]
[{"$nulls":5},"Custo horário total de equipamentos",null,null,null,671.55380000000002]
[{"$nulls":5},"Custo horário total de execução",null,null,null,671.55380000000002]
[{"$nulls":5},"Produção de equipe",null,null,null,697.2]
[{"$nulls":5},"Custo unitário de execução",null,null,null,0.96319999999999995]
[{"$nulls":5},"Custo do FIC",null,null,null,1.7500000000000002E-2]
["F","Momento de Transporte","Banco","Descrição","Quantidade","Distância Média de Transporte (DMT)",null,null,null,"Custo Horário"]
[{"$nulls":5},"LN","RP","P","FE"]
[{"$nulls":5},"Custo do FIT",null,null,null,0]
[{"$nulls":5},"Custo total de transporte",null,null,null,0]
[]
[null,"Código","Banco","Descrição","Tipo",null,"Und","Quant.","Valor Unit","Total"]
["Composição"," 5914365 ","SICRO3","Transporte de cimento ou cal hidratada a granel com caminhão silo de 30 m³ - rodovia em revestimento primário","",null,"tkm",1,0.79,0.79]
["A","Código","Banco","Equipamentos","Quantidade","Utilização",null,"Custo Horário",null,"Custo Horário Total"]
[{"$nulls":5},"Operativa","Improdutiva","Operativa","Improdutiva"]
["Insumo"," E9146 ","SICRO3","Caminhão silo com capacidade de 30 m³ - 368 kW",1,1,0,671.55380000000002,167.10380000000001,671.55380000000002]
[{"$nulls":5},"Custo horário total de equipamentos",null,null,null,671.55380000000002]
[{"$nulls":5},"Custo horário total de execução",null,null,null,671.55380000000002]
[{"$nulls":5},"Produção de equipe",null,null,null,871.5]
[{"$nulls":5},"Custo unitário de execução",null,null,null,0.77059999999999995]
[{"$nulls":5},"Custo do FIC",null,null,null,1.52E-2]
["F","Momento de Transporte","Banco","Descrição","Quantidade","Distância Média de Transporte (DMT)",null,null,null,"Custo Horário"]
[{"$nulls":5},"LN","RP","P","FE"]
[{"$nulls":5},"Custo do FIT",null,null,null,0]
[{"$nulls":5},"Custo total de transporte",null,null,null,0]
[]
[null,"Código","Banco","Descrição","Tipo",null,"Und","Quant.","Valor Unit","Total"]
["Composição"," 5914366 ","SICRO3","Transporte de cimento ou cal hidratada a granel com caminhão silo de 30 m³ - rodovia pavimentada","",null,"tkm",1,0.68,0.68]
["A","Código","Banco","Equipamentos","Quantidade","Utilização",null,"Custo Horário",null,"Custo Horário Total"]
[{"$nulls":5},"Operativa","Improdutiva","Operativa","Improdutiva"]
["Insumo"," E9146 ","SICRO3","Caminhão silo com capacidade de 30 m³ - 368 kW",1,1,0,671.55380000000002,167.10380000000001,671.55380000000002]
[{"$nulls":5},"Custo horário total de equipamentos",null,null,null,671.55380000000002]
[{"$nulls":5},"Custo horário total de execução",null,null,null,671.55380000000002]
[{"$nulls":5},"Produção de equipe",null,null,null,983.05]
[{"$nulls":5},"Custo unitário de execução",null,null,null,0.68310000000000004]
[{"$nulls":5},"Custo do FIC",null,null,null,0]
["F","Momento de Transporte","Banco","Descrição","Quantidade","Distância Média de Transporte (DMT)",null,null,null,"Custo Horário"]
[{"$nulls":5},"LN","RP","P","FE"]
[{"$nulls":5},"Custo do FIT",null,null,null,0]
[{"$nulls":5},"Custo total de transporte",null,null,null,0]
[]
[null,"Código","Banco","Descrição","Tipo",null,"Und","Quant.","Valor Unit","Total"]
["Composição"," 104006 ","SINAPI","TÊ DE REDUÇÃO, PVC, SOLDÁVEL, DN 50MM X 25MM, INSTALADO EM RAMAL DE DISTRIBUIÇÃO DE ÁGUA - FORNECIMENTO E INSTALAÇÃO. AF_06/2022","Instalações Prediais de Água Fria em PVC",null,"UN",1,24.18,24.18]
["Composição Auxiliar"," 88267 ","SINAPI","ENCANADOR OU BOMBEIRO HIDRÁULICO COM ENCARGOS COMPLEMENTARES","Livro SINAPI: Cálculos e Parâmetros",null,"H",0.2311,25.943333599999999,5.9955043999999997]
["Composição Auxiliar"," 88248 ","SINAPI","AUXILIAR DE ENCANADOR OU BOMBEIRO HIDRÁULICO COM ENCARGOS COMPLEMENTARES","Livro SINAPI: Cálculos e Parâmetros",null,"H",0.2311,22.614539000000001,5.2262199999999996]
["Insumo"," 00038383 ","SINAPI","LIXA D'AGUA EM FOLHA, COR PRETA, GRAO 100","Material",null,"UN",6.6100000000000006E-2,2,0.13220000000000001]
["Insumo"," 00000122 ","SINAPI","ADESIVO PLASTICO PARA PVC, FRASCO COM *850* GR","Material",null,"UN",1.7600000000000001E-2,70.709999999999994,1.244496]
["Insumo"," 00020083 ","SINAPI","SOLUCAO PREPARADORA / LIMPADORA PARA PVC, FRASCO COM 1000 CM3","Material",null,"UN",2.2499999999999999E-2,80.11,1.802475]
["Insumo"," 00007129 ","SINAPI","TE DE REDUCAO, PVC, SOLDAVEL, 90 GRAUS, 50 MM X 25 MM, PARA AGUA FRIA PREDIAL","Material",null,"UN",1,9.7799999999999994,9.7799999999999994]
[]
[null,"Código","Banco","Descrição","Tipo",null,"Und","Quant.","Valor Unit","Total"]
["Composição"," 6416078 ","SICRO3","Usinagem de concreto asfáltico - faixa C-12,5 - areia e brita comerciais","",null,"t",1,325.81,325.81]
["A","Código","Banco","Equipamentos","Quantidade","Utilização",null,"Custo Horário",null,"Custo Horário Total"]
[{"$nulls":5},"Operativa","Improdutiva","Operativa","Improdutiva"]
["Insumo"," E9584 ","SICRO3","Carregadeira de pneus com capacidade de 1,72 m³ - 113 kW",1,0.86,0.14000000000000001,217.52969999999999,109.85980000000001,202.45590000000001]
["Insumo"," E9559 ","SICRO3","Aquecedor de fluido térmico - 12 kW",1,1,0,239.64060000000001,144.96270000000001,239.64060000000001]
["Insumo"," E9689 ","SICRO3","Usina de asfalto a quente gravimétrica com capacidade de 100/140 t/h - 260 kW",1,1,0,1893.7451000000001,946.79719999999998,1893.7451000000001]
["Insumo"," E9021 ","SICRO3","Grupo gerador - 456 kVA",1,1,0,423.18349999999998,31.8781,423.18349999999998]
["Insumo"," E9558 ","SICRO3","Tanque de estocagem de asfalto com capacidade de 30.000 l",2,1,0,144.7028,93.872799999999998,289.40559999999999]
[{"$nulls":5},"Custo horário total de equipamentos",null,null,null,3048.4306999999999]
["B","Código","Banco","Mão de Obra","Quantidade","Custo Horário",null,null,null,"Custo Horário Total"]
["Insumo"," P9824 ","SICRO3","Servente",4,null,null,null,"23,241200000000000000000000000000","92,964800000000000000000000000000"]
[{"$nulls":5},"Adicional de Mão de obra (%)",null,null,null,0]
[{"$nulls":5},"Custo horário total de mão de obra",null,null,null,92.964799999999997]
[{"$nulls":5},"Custo horário total de execução",null,null,null,3141.3955000000001]
[{"$nulls":5},"Produção de equipe",null,null,null,99.6]
[{"$nulls":5},"Custo unitário de execução",null,null,null,31.540099999999999]
[{"$nulls":5},"Custo do FIC",null,null,null,3.4935]
["C","Código","Banco","MATERIAL","Quantidade","Unidade","Preço Unitário",null,null,"Custo Horário"]
["Insumo"," M0344 ","SICRO3","Cal hidratada - a granel",14.4636,"kg","0,845600000000000000000000000000",null,null,"12,230400000000000000000000000000"]
["Insumo"," M0028 ","SICRO3","Areia média",2.7009999999999999E-2,"m³","154,553400000000000000000000000000",null,null,"4,174500000000000000000000000000"]
["Insumo"," M1943 ","SICRO3","Cimento asfáltico de petróleo - CAP 50/70",5.5449999999999999E-2,"t","0,000000000000000000000000000000",null,null,"0,000000000000000000000000000000"]
["Insumo"," M1103 ","SICRO3","Pedrisco",0.1479,"m³","219,410700000000000000000000000000",null,null,"32,450800000000000000000000000000"]
["Insumo"," M0005 ","SICRO3","Brita 0",9.0029999999999999E-2,"m³","231,145100000000000000000000000000",null,null,"20,810000000000000000000000000000"]
["Insumo"," M1941 ","SICRO3","Óleo tipo A1",8,"l","6,275900000000000000000000000000",null,null,"50,207200000000000000000000000000"]
["Insumo"," M0191 ","SICRO3","Brita 1",3.2149999999999998E-2,"m³","207,780200000000000000000000000000",null,null,"6,680100000000000000000000000000"]
["Insumo"," M1135 ","SICRO3","Pó de pedra",0.33631,"m³","186,736000000000000000000000000000",null,null,"62,801200000000000000000000000000"]
[{"$nulls":5},"Custo unitário total de material",null,null,null,189.35419999999999]
["E","Tempo Fixo","Banco","Descrição","Carga","Quantidade","Unidade","Preço Unitário",null,"Custo Horário"]
["Composição"," 5914647 ","SICRO3","Carga, manobra e descarga de agregados ou solos em caminhão basculante de 10 m³ - carga com carregadeira de 3,40 m³ (exclusa) e descarga livre","M1135",0.50446999999999997,"t",1.9,null,0.95850000000000002]
["Composição"," 5914647 ","SICRO3","Carga, manobra e descarga de agregados ou solos em caminhão basculante de 10 m³ - carga com carregadeira de 3,40 m³ (exclusa) e descarga livre","M1103",0.22184999999999999,"t",1.9,null,0.42149999999999999]
["Composição"," 5914363 ","SICRO3","Carga, manobra e descarga de cimento ou cal hidratada a granel em caminhão silo de 30 m³","M0344",1.4460000000000001E-2,"t",19.64,null,0.28399999999999997]
["Composição"," 5914647 ","SICRO3","Carga, manobra e descarga de agregados ou solos em caminhão basculante de 10 m³ - carga com carregadeira de 3,40 m³ (exclusa) e descarga livre","M0028",4.052E-2,"t",1.9,null,7.6999999999999999E-2]
["Composição"," 5914647 ","SICRO3","Carga, manobra e descarga de agregados ou solos em caminhão basculante de 10 m³ - carga com carregadeira de 3,40 m³ (exclusa) e descarga livre","M0191",4.8230000000000002E-2,"t",1.9,null,9.1600000000000001E-2]
["Composição"," 5914647 ","SICRO3","Carga, manobra e descarga de agregados ou solos em caminhão basculante de 10 m³ - carga com carregadeira de 3,40 m³ (exclusa) e descarga livre","M0005",0.13505,"t",1.9,null,0.25659999999999999]
[{"$nulls":5},"Custo Total dos Tempos Fixos",null,null,null,2.0891999999999999]
["F","Momento de Transporte","Banco","Descrição","Quantidade","Distância Média de Transporte (DMT)",null,null,null,"Custo Horário"]
[{"$nulls":5},"LN","RP","P","FE"]
["Insumo","M1103","SICRO3","Pedrisco",0.22184999999999999,"5914359\n0,00\n1,29\n0,0000","5914374\n0,00\n1,03\n0,0000","5914389\n124,00\n0,84\n104,1600","--",23.107900000000001]
["Insumo","M1135","SICRO3","Pó de pedra",0.50446999999999997,"5914359\n0,00\n1,29\n0,0000","5914374\n0,00\n1,03\n0,0000","5914389\n124,00\n0,84\n104,1600","--",52.5456]
["Insumo","M0005","SICRO3","Brita 0",0.13505,"5914359\n0,00\n1,29\n0,0000","5914374\n0,00\n1,03\n0,0000","5914389\n124,00\n0,84\n104,1600","--",14.066800000000001]
["Insumo","M0191","SICRO3","Brita 1",4.8230000000000002E-2,"5914359\n0,00\n1,29\n0,0000","5914374\n0,00\n1,03\n0,0000","5914389\n124,00\n0,84\n104,1600","--",5.0236000000000001]
["Insumo","M0344","SICRO3","Cal hidratada - a granel",1.4460000000000001E-2,"5914364\n0,00\n0,98\n0,0000","5914365\n0,00\n0,79\n0,0000","5914366\n30,10\n0,68\n20,4680","--",0.29599999999999999]
["Insumo","M0028","SICRO3","Areia média",4.052E-2,"5914359\n0,00\n1,29\n0,0000","5914374\n0,00\n1,03\n0,0000","5914389\n126,00\n0,84\n105,8400","--",4.2885999999999997]
[{"$nulls":5},"Custo do FIT",null,null,null,0]
[{"$nulls":5},"Custo total de transporte",null,null,null,99.328540099999998]
[]
[null,"Código","Banco","Descrição","Tipo",null,"Und","Quant.","Valor Unit","Total"]
["Composição"," 86888 ","SINAPI","VASO SANITÁRIO SIFONADO COM CAIXA ACOPLADA LOUÇA BRANCA - FORNECIMENTO E INSTALAÇÃO. AF_01/2020","Louças e Metais",null,"UN",1,451.92,451.92]
["Composição Auxiliar"," 88267 ","SINAPI","ENCANADOR OU BOMBEIRO HIDRÁULICO COM ENCARGOS COMPLEMENTARES","Livro SINAPI: Cálculos e Parâmetros",null,"H",0.77910000000000001,25.943333599999999,20.2124512]
["Composição Auxiliar"," 88316 ","SINAPI","SERVENTE COM ENCARGOS COMPLEMENTARES","Livro SINAPI: Cálculos e Parâmetros",null,"H",0.43840000000000001,20.96602,9.1915031999999997]
["Insumo"," 00006138 ","SINAPI","ANEL DE VEDACAO, PVC FLEXIVEL, 100 MM, PARA SAIDA DE BACIA / VASO SANITARIO","Material",null,"UN",1,13.5,13.5]
["Insumo"," 00010422 ","SINAPI","BACIA SANITARIA (VASO) COM CAIXA ACOPLADA, SIFAO APARENTE, DE LOUCA BRANCA (SEM ASSENTO)","Material",null,"UN",1,336.45,336.45]
["Insumo"," 00037329 ","SINAPI","REJUNTE EPOXI, QUALQUER COR","Material",null,"KG",8.8099999999999998E-2,139.75,12.311975]
["Insumo"," 00004384 ","SINAPI","PARAFUSO NIQUELADO COM ACABAMENTO CROMADO PARA FIXAR PECA SANITARIA, INCLUI PORCA CEGA, ARRUELA E BUCHA DE NYLON TAMANHO S-10","Material",null,"UN",2,30.13,60.26]
[]
[null,"Código","Banco","Descrição","Tipo",null,"Und","Quant.","Valor Unit","Total"]
["Composição"," 90587 ","SINAPI","VIBRADOR DE IMERSÃO, DIÂMETRO DE PONTEIRA 45MM, MOTOR ELÉTRICO TRIFÁSICO POTÊNCIA DE 2 CV - CHI DIURNO. AF_06/2015","Custos Horários Produtivo e Improdutivo dos Equipamentos",null,"CHI",1,0.56999999999999995,0.56999999999999995]
["Composição Auxiliar"," 90583 ","SINAPI","VIBRADOR DE IMERSÃO, DIÂMETRO DE PONTEIRA 45MM, MOTOR ELÉTRICO TRIFÁSICO POTÊNCIA DE 2 CV - JUROS. AF_06/2015","Depreciação, Juros, Impostos e Seguros, Manutenção e Materiais na Operação dos Equipamentos",null,"H",1,0.107343512,0.10734349999999999]
["Composição Auxiliar"," 90582 ","SINAPI","VIBRADOR DE IMERSÃO, DIÂMETRO DE PONTEIRA 45MM, MOTOR ELÉTRICO TRIFÁSICO POTÊNCIA DE 2 CV - DEPRECIAÇÃO. AF_06/2015","Depreciação, Juros, Impostos e Seguros, Manutenção e Materiais na Operação dos Equipamentos",null,"H",1,0.46418816000000002,0.4641882]
[]
[null,"Código","Banco","Descrição","Tipo",null,"Und","Quant.","Valor Unit","Total"]
["Composição"," 90586 ","SINAPI","VIBRADOR DE IMERSÃO, DIÂMETRO DE PONTEIRA 45MM, MOTOR ELÉTRICO TRIFÁSICO POTÊNCIA DE 2 CV - CHP DIURNO. AF_06/2015","Custos Horários Produtivo e Improdutivo dos Equipamentos",null,"CHP",1,1.45,1.45]
["Composição Auxiliar"," 90582 ","SINAPI","VIBRADOR DE IMERSÃO, DIÂMETRO DE PONTEIRA 45MM, MOTOR ELÉTRICO TRIFÁSICO POTÊNCIA DE 2 CV - DEPRECIAÇÃO. AF_06/2015","Depreciação, Juros, Impostos e Seguros, Manutenção e Materiais na Operação dos Equipamentos",null,"H",1,0.46418816000000002,0.4641882]
["Composição Auxiliar"," 90584 ","SINAPI","VIBRADOR DE IMERSÃO, DIÂMETRO DE PONTEIRA 45MM, MOTOR ELÉTRICO TRIFÁSICO POTÊNCIA DE 2 CV - MANUTENÇÃO. AF_06/2015","Depreciação, Juros, Impostos e Seguros, Manutenção e Materiais na Operação dos Equipamentos",null,"H",1,0.362647,0.362647]
["Composição Auxiliar"," 90585 ","SINAPI","VIBRADOR DE IMERSÃO, DIÂMETRO DE PONTEIRA 45MM, MOTOR ELÉTRICO TRIFÁSICO POTÊNCIA DE 2 CV - MATERIAIS NA OPERAÇÃO. AF_06/2015","Depreciação, Juros, Impostos e Seguros, Manutenção e Materiais na Operação dos Equipamentos",null,"H",1,0.5252,0.5252]
["Composição Auxiliar"," 90583 ","SINAPI","VIBRADOR DE IMERSÃO, DIÂMETRO DE PONTEIRA 45MM, MOTOR ELÉTRICO TRIFÁSICO POTÊNCIA DE 2 CV - JUROS. AF_06/2015","Depreciação, Juros, Impostos e Seguros, Manutenção e Materiais na Operação dos Equipamentos",null,"H",1,0.107343512,0.10734349999999999]
[]
[null,"Código","Banco","Descrição","Tipo",null,"Und","Quant.","Valor Unit","Total"]
["Composição"," 90582 ","SINAPI","VIBRADOR DE IMERSÃO, DIÂMETRO DE PONTEIRA 45MM, MOTOR ELÉTRICO TRIFÁSICO POTÊNCIA DE 2 CV - DEPRECIAÇÃO. AF_06/2015","Depreciação, Juros, Impostos e Seguros, Manutenção e Materiais na Operação dos Equipamentos",null,"H",1,0.46,0.46]
["Insumo"," 00013896 ","SINAPI","VIBRADOR DE IMERSAO, DIAMETRO DA PONTEIRA DE *45* MM, COM MOTOR ELETRICO TRIFASICO DE 2 HP (2 CV)","Equipamento para Aquisição Permanente",null,"UN",1.2799999999999999E-4,3626.47,0.4641882]
[]
[null,"Código","Banco","Descrição","Tipo",null,"Und","Quant.","Valor Unit","Total"]
["Composição"," 90583 ","SINAPI","VIBRADOR DE IMERSÃO, DIÂMETRO DE PONTEIRA 45MM, MOTOR ELÉTRICO TRIFÁSICO POTÊNCIA DE 2 CV - JUROS. AF_06/2015","Depreciação, Juros, Impostos e Seguros, Manutenção e Materiais na Operação dos Equipamentos",null,"H",1,0.1,0.1]
["Insumo"," 00013896 ","SINAPI","VIBRADOR DE IMERSAO, DIAMETRO DA PONTEIRA DE *45* MM, COM MOTOR ELETRICO TRIFASICO DE 2 HP (2 CV)","Equipamento para Aquisição Permanente",null,"UN",2.9600000000000001E-5,3626.47,0.10734349999999999]
[]
[null,"Código","Banco","Descrição","Tipo",null,"Und","Quant.","Valor Unit","Total"]
["Composição"," 90584 ","SINAPI","VIBRADOR DE IMERSÃO, DIÂMETRO DE PONTEIRA 45MM, MOTOR ELÉTRICO TRIFÁSICO POTÊNCIA DE 2 CV - MANUTENÇÃO. AF_06/2015","Depreciação, Juros, Impostos e Seguros, Manutenção e Materiais na Operação dos Equipamentos",null,"H",1,0.36,0.36]
["Insumo"," 00013896 ","SINAPI","VIBRADOR DE IMERSAO, DIAMETRO DA PONTEIRA DE *45* MM, COM MOTOR ELETRICO TRIFASICO DE 2 HP (2 CV)","Equipamento para Aquisição Permanente",null,"UN",1E-4,3626.47,0.362647]
[]
[null,"Código","Banco","Descrição","Tipo",null,"Und","Quant.","Valor Unit","Total"]
["Composição"," 90585 ","SINAPI","VIBRADOR DE IMERSÃO, DIÂMETRO DE PONTEIRA 45MM, MOTOR ELÉTRICO TRIFÁSICO POTÊNCIA DE 2 CV - MATERIAIS NA OPERAÇÃO. AF_06/2015","Depreciação, Juros, Impostos e Seguros, Manutenção e Materiais na Operação dos Equipamentos",null,"H",1,0.52,0.52]
["Insumo"," 00002705 ","SINAPI","ENERGIA ELETRICA ATE 2000 KWH INDUSTRIAL, SEM DEMANDA","Franquia",null,"KWH",0.52,1.01,0.5252]
[]
[null,"Código","Banco","Descrição","Tipo",null,"Und","Quant.","Valor Unit","Total"]
["Composição"," 86878 ","SINAPI","VÁLVULA EM METAL CROMADO TIPO AMERICANA 3.1/2\" X 1.1/2\" PARA PIA - FORNECIMENTO E INSTALAÇÃO. AF_01/2020","Louças e Metais",null,"UN",1,86.18,86.18]
["Composição Auxiliar"," 88267 ","SINAPI","ENCANADOR OU BOMBEIRO HIDRÁULICO COM ENCARGOS COMPLEMENTARES","Livro SINAPI: Cálculos e Parâmetros",null,"H",0.17399999999999999,25.943333599999999,4.5141400000000003]
["Composição Auxiliar"," 88316 ","SINAPI","SERVENTE COM ENCARGOS COMPLEMENTARES","Livro SINAPI: Cálculos e Parâmetros",null,"H",5.4800000000000001E-2,20.96602,1.1489379]
["Insumo"," 00003146 ","SINAPI","FITA VEDA ROSCA, EM PTFE, ROLO DE 18 MM X 10 M (L X C)","Material",null,"UN",4.8000000000000001E-2,4.5,0.216]
["Insumo"," 00006157 ","SINAPI","VALVULA EM METAL CROMADO PARA PIA AMERICANA 3.1/2 X 1.1/2\"","Material",null,"UN",1,80.31,80.31]

{"sheet":"Memória de Cálculo","index":7,"n_rows":146,"n_cols":25,"rows_kept":146,"cut":false,"hidden":false,"merged":[[0,7,0,8],[1,4,1,5],[1,8,1,9],[3,0,3,7],[3,8,3,14]]}
[null,null,null,"Obra","Bancos",null,"B.D.I.","Encargos Sociais"]
[null,null,null,{"$f":"'Orçamento Sintético'!D2","v":"CONTRATAÇÃO DE OBRAS DE PAVIMENTAÇÃO EM CONCRETO BETUMINOSO USINADO A QUENTE (CBUQ) NO RAMAL DA TOTOIA, NO MUNICÍPIO DE SANTANA/AP, NA ÁREA DE ATUAÇÃO DA 11ª SUPERINTENDÊNCIA REGIONAL DA CODEVASF, NO ESTADO DO AMAPÁ"},{"$f":"'Orçamento Sintético'!E2","v":"SINAPI - 01/2026 - Amapá\nSBC - 03/2026 - Amapá\nSICRO3 - 10/2025 - Amapá\nORSE - 12/2025 - Sergipe\n"},null,0.23380000000000001,"Não Desonerado"]
[{"$nulls":18}," = ",")","("," x ","+"," - ","/"]
["Memória de Cálculo",{"$nulls":7},"RAMAL DA TOTOIA"]
["Item","Código","Banco","Descrição","Und","Quant.",null,"Memória de Cálculo","AP 010-020","TRECHO 01","TRECHO 02","TRECHO 03","TRECHO 04","RAMAL A","RAMAL B",{"$nulls":6},"Confirmação"]
[1,null,null,"SERVIÇOS PREMILIMANRES"]
[" 1.1 ",103689,"SINAPI","FORNECIMENTO E INSTALAÇÃO DE PLACA DE OBRA COM CHAPA GALVANIZADA E ESTRUTURA DE MADEIRA. AF_03/2022_PS","m²",{"$f":"ROUND(SUM(I7:O7),2)","v":5.76},"Quantidade total de Placa de Obras => 2 placas com de 2,4 m x 1,2m cada",{"$f":"G7&$S$3&\" \"&I7&$S$3&\" \"&F7","v":"Quantidade total de Placa de Obras => 2 placas com de 2,4 m x 1,2m cada =  5,76 =  5,76"},{"$f":"2*2.4*1.2","v":5.76},0,0,0,0,null,0,5.76,{"$f":"P7-F7","v":0},{"$f":"#REF!","v":{"$error":"#REF!"}},null,null,null,{"$f":"F7-#REF!","v":{"$error":"#REF!"}}]
[" 1.2 ",42675,"SBC","ALUGUEL MENSAL DE BANHEIRO QUIMICO PADRAO STANDARD COM 3 LIMPEZAS SEMANAIS","MES",{"$f":"ROUND(SUM(I8:O8),2)","v":26},"Quantidade de Banheiros Quimicos x Quantidade de Meses => 2 x 13",{"$f":"G8&$S$3&\" \"&I8&$S$3&\" \"&F8","v":"Quantidade de Banheiros Quimicos x Quantidade de Meses => 2 x 13 =  26 =  26"},26,{"$nulls":6},26,0,{"$f":"#REF!","v":{"$error":"#REF!"}},null,null,null,{"$f":"F8-#REF!","v":{"$error":"#REF!"}}]
[" 1.3 ",200,"Próprio","CANTEIRO DE OBRAS","UN",{"$f":"ROUND(SUM(I9:O9),2)","v":1},"Canteiro de Obra de pequeno porte (UND.)",{"$f":"G9&$S$3&\" \"&I9&$S$3&\" \"&F9","v":"Canteiro de Obra de pequeno porte (UND.) =  1 =  1"},1,0,0,0,0,null,0,1,0,{"$nulls":4},{"$f":"F9-#REF!","v":{"$error":"#REF!"}}]
[" 1.4 ",5502985,"SICRO3","Limpeza mecanizada da camada vegetal","UND.",{"$f":"ROUND(SUM(I10:O10),2)","v":226960.93},"Área de Supressão Vegetal",{"$f":"G10&$S$3&$U$3&\" \"&I10&$W$3&J10&$W$3&L10&$W$3&M10&$W$3&N10&$W$3&O10&$W$3&K10&$T$3&$S$3&\" \"&F10","v":"Área de Supressão Vegetal = ( 3287,3+133556,38+14130,01+26612,81+0+0+49374,43) =  226960,93"},{"$f":"ROUND((VLOOKUP(I$5,'Consolidado Pavimentação'!$A$15:$AK$23,12,0)),2)","v":3287.3},{"$f":"ROUND((VLOOKUP(J$5,'Consolidado Pavimentação'!$A$15:$AK$23,12,0)),2)","v":133556.38},{"$f":"ROUND((VLOOKUP(K$5,'Consolidado Pavimentação'!$A$15:$AK$23,12,0)),2)","v":49374.43},{"$f":"ROUND((VLOOKUP(L$5,'Consolidado Pavimentação'!$A$15:$AK$23,12,0)),2)","v":14130.01},{"$f":"ROUND((VLOOKUP(M$5,'Consolidado Pavimentação'!$A$15:$AK$23,12,0)),2)","v":26612.81},{"$f":"ROUND((VLOOKUP(N$5,'Consolidado Pavimentação'!$A$15:$AK$23,12,0)),2)","v":0},{"$f":"ROUND((VLOOKUP(O$5,'Consolidado Pavimentação'!$A$15:$AK$23,12,0)),2)","v":0},{"$f":"'Consolidado Pavimentação'!L23","v":226960.93},0,{"$f":"#REF!","v":{"$error":"#REF!"}},null,null,null,{"$f":"F10-#REF!","v":{"$error":"#REF!"}}]
[" 1.5 ",5914655,"SICRO3","Carga, manobra e descarga de materiais diversos em caminhão carroceria de 15 t - carga e descarga manuais","t",{"$f":"ROUND(SUM(I10:O10)*0.05*1.65,2)","v":18724.28},"Volume total = Área total x 0,05 (altura) x  1,65 ton/m³(Densidade de solos granulares )",{"$f":"G11&$S$3&$U$3&\" \"&I11&$W$3&J11&$W$3&L11&$W$3&M11&$W$3&N11&$W$3&O11&$W$3&K11&$T$3&$V$3&0.05&$V$3&1.65&$S$3&\" \"&F11","v":"Volume total = Área total x 0,05 (altura) x  1,65 ton/m³(Densidade de solos granulares ) = ( 3287,3+133556,38+14130,01+26612,81+0+0+49374,43) x 0,05 x 1,65 =  18724,28"},{"$f":"I10","v":3287.3},133556.38,49374.43,14130.01,26612.81,0,0,{"$f":"P10*1.65*0.05","v":18724.276725},-3.2749999991210643E-3,{"$f":"#REF!","v":{"$error":"#REF!"}},null,null,null,{"$f":"F11-#REF!","v":{"$error":"#REF!"}}]
[" 1.6 ",5914464,"SICRO3","Transporte com caminhão carroceria de 15 t - rodovia em revestimento primário","tkm",{"$f":"ROUND(SUM(I12:O12)*0.05*1.65*'DMT ADOTADAS '!$J$14,2)","v":48308.63},"Transporte com Caminhão = Volume total x DMT",{"$f":"G12&$S$3&$U$3&\" \"&I13&$W$3&J12&$W$3&L12&$W$3&M12&$W$3&N12&$W$3&O12&$W$3&K12&$T$3&$V$3&'DMT ADOTADAS '!$J$14&$S$3&\" \"&F12","v":"Transporte com Caminhão = Volume total x DMT = ( 3287,3+133556,38+14130,01+26612,81+0+0+49374,43) x 2,58 =  48308,63"},3287.3,133556.38,49374.43,14130.01,26612.81,0,0,{"$f":"P11*'DMT ADOTADAS '!J14","v":48308.6339505},3.9505000022472814E-3,{"$f":"#REF!","v":{"$error":"#REF!"}},null,null,null,{"$f":"F12-#REF!","v":{"$error":"#REF!"}}]
[" 1.7 ",4413942,"SICRO3","Espalhamento de material em bota-fora","m³",{"$f":"ROUND(SUM(I12:O12)*0.05*1.65,2)","v":18724.28},"Volume total = Área total x 0,05 (altura) x 1,65 ton/m³(Densidade de solos granulares )",{"$f":"G13&$S$3&$U$3&\" \"&I13&$W$3&J13&$W$3&L13&$W$3&M13&$W$3&N13&$W$3&O13&$W$3&K13&$T$3&$V$3&0.05&$V$3&1.65&$S$3&\" \"&F13","v":"Volume total = Área total x 0,05 (altura) x 1,65 ton/m³(Densidade de solos granulares ) = ( 3287,3+133556,38+14130,01+26612,81+0+0+49374,43) x 0,05 x 1,65 =  18724,28"},3287.3,133556.38,49374.43,14130.01,26612.81,0,0,{"$f":"P11","v":18724.276725},-3.2749999991210643E-3,{"$f":"#REF!","v":{"$error":"#REF!"}},null,null,null,{"$f":"F13-#REF!","v":{"$error":"#REF!"}}]
[" 1.8 ",78472,"Próprio","SINAPI - 78472 - SERVICOS TOPOGRAFICOS PARA PAVIMENTACAO, INCLUSIVE NOTA DE SERVICOS, ACOMPANHAMENTO E GREIDE","m²",{"$f":"ROUND(SUM(I14:O14),2)","v":87748.01},"Área total construída = (Área pavimentada + Área de Acostamento) ",{"$f":"G14&$S$3&$U$3&\" \"&I14&$W$3&J14&$W$3&L14&$W$3&M14&$W$3&N14&$W$3&O14&$W$3&K14&$T$3&$S$3&\" \"&F14","v":"Área total construída = (Área pavimentada + Área de Acostamento)  = ( 4471,4+50380,07+6747,67+5476,27+689,4+712,4+19270,8) =  87748,01"},{"$f":"ROUND((VLOOKUP(I$5,'Consolidado Pavimentação'!$A$15:$AK$23,2,0))+(VLOOKUP(I$5,'Consolidado Pavimentação'!$A$15:$AK$23,3,0)),2)","v":4471.3999999999996},{"$f":"ROUND((VLOOKUP(J$5,'Consolidado Pavimentação'!$A$15:$AK$23,2,0))+(VLOOKUP(J$5,'Consolidado Pavimentação'!$A$15:$AK$23,3,0)),2)","v":50380.07},{"$f":"ROUND((VLOOKUP(K$5,'Consolidado Pavimentação'!$A$15:$AK$23,2,0))+(VLOOKUP(K$5,'Consolidado Pavimentação'!$A$15:$AK$23,3,0)),2)","v":19270.8},{"$f":"ROUND((VLOOKUP(L$5,'Consolidado Pavimentação'!$A$15:$AK$23,2,0))+(VLOOKUP(L$5,'Consolidado Pavimentação'!$A$15:$AK$23,3,0)),2)","v":6747.67},{"$f":"ROUND((VLOOKUP(M$5,'Consolidado Pavimentação'!$A$15:$AK$23,2,0))+(VLOOKUP(M$5,'Consolidado Pavimentação'!$A$15:$AK$23,3,0)),2)","v":5476.27},{"$f":"ROUND((VLOOKUP(N$5,'Consolidado Pavimentação'!$A$15:$AK$23,2,0))+(VLOOKUP(N$5,'Consolidado Pavimentação'!$A$15:$AK$23,3,0)),2)","v":689.4},{"$f":"ROUND((VLOOKUP(O$5,'Consolidado Pavimentação'!$A$15:$AK$23,2,0))+(VLOOKUP(O$5,'Consolidado Pavimentação'!$A$15:$AK$23,3,0)),2)","v":712.4},{"$f":"'Consolidado Pavimentação'!B23+'Consolidado Pavimentação'!C23","v":87747.999999999985},-1.0000000009313226E-2,{"$f":"#REF!","v":{"$error":"#REF!"}},null,null,null,{"$f":"F14-#REF!","v":{"$error":"#REF!"}}]
[2,"  ",null,"ADMINISTRAÇÃO LOCAL"]
["2.1",5,"Próprio","ADMINISTRAÇÃO DE OBRA","mês",{"$f":"ROUND(SUM(I16:O16),2)","v":13},"Quantiade de Meses - Colaboradores baseado em obra de Pequeno Porte do DNIT",{"$f":"G16&$S$3&\" \"&I16&$S$3&\" \"&F16","v":"Quantiade de Meses - Colaboradores baseado em obra de Pequeno Porte do DNIT =  13 =  13"},13,0,0,0,0,0,null,13,0,{"$f":"#REF!","v":{"$error":"#REF!"}},null,null,null,{"$f":"F16-#REF!","v":{"$error":"#REF!"}}]
[3,"  ",null,"MOBILIZAÇÃO E DESMOBIOLIZAÇÃO",{"$nulls":12},0]
["3.1",101,0,"MOBILIZAÇÃO E DESMOBILIZAÇÃO DE PESSOAL, VEÍCULOS E EQUIPAMENTOS","und",{"$f":"ROUND(SUM(I18:O18),2)","v":2},"Mobilização e Desmobilização",{"$f":"G18&$S$3&\" \"&I18&$S$3&\" \"&F18","v":"Mobilização e Desmobilização =  2 =  2"},2,0,0,0,0,0,0,2,0,{"$f":"#REF!","v":{"$error":"#REF!"}},null,null,null,{"$f":"F18-#REF!","v":{"$error":"#REF!"}}]
[4,null,null,"TERRAPLANAGEM"]
[" 4.1 ",5502138,"SICRO3","Escavação, carga e transporte de material de 1ª categoria - DMT de 600 a 800 m - caminho de serviço em revestimento primário - com escavadeira e caminhão basculante de 14 m³","m³",{"$f":"SUM(I20:O20)","v":21723.89},"Quadro de cubação => Volume de corte da terraplanagem ",{"$f":"G20&$S$3&$U$3&\" \"&I20&$W$3&J20&$W$3&K20&$W$3&L20&$W$3&M20&$W$3&N20&$W$3&O20&$T$3&$S$3&\" \"&F20","v":"Quadro de cubação => Volume de corte da terraplanagem  = ( 264,66+9519,57+6332,22+1703,03+2459,64+397,1+1047,67) =  21723,89"},{"$f":"ROUND((VLOOKUP(I$5,'Consolidado Pavimentação'!$A$15:$AK$23,4,0)),2)","v":264.66000000000003},{"$f":"ROUND((VLOOKUP(J$5,'Consolidado Pavimentação'!$A$15:$AK$23,4,0)),2)","v":9519.57},{"$f":"ROUND((VLOOKUP(K$5,'Consolidado Pavimentação'!$A$15:$AK$23,4,0)),2)","v":6332.22},{"$f":"ROUND((VLOOKUP(L$5,'Consolidado Pavimentação'!$A$15:$AK$23,4,0)),2)","v":1703.03},{"$f":"ROUND((VLOOKUP(M$5,'Consolidado Pavimentação'!$A$15:$AK$23,4,0)),2)","v":2459.64},{"$f":"ROUND((VLOOKUP(N$5,'Consolidado Pavimentação'!$A$15:$AK$23,4,0)),2)","v":397.1},{"$f":"ROUND((VLOOKUP(O$5,'Consolidado Pavimentação'!$A$15:$AK$23,4,0)),2)","v":1047.67},{"$f":"'Consolidado Pavimentação'!D23","v":21723.890000000018},{"$f":"P20-F20","v":0},{"$f":"#REF!","v":{"$error":"#REF!"}},null,null,null,{"$f":"F20-#REF!","v":{"$error":"#REF!"}}]
[" 4.2 ",4016096,"SICRO3","Escavação e carga de material de jazida com escavadeira hidráulica de 1,56 m³","m³",{"$f":"SUM(I21:O21)","v":26114.760000000002},"Volume escavado = (volume de aterro - de corte)  ",{"$f":"G21&$S$3&$U$3&\" \"&I21&$W$3&J21&$W$3&K21&$W$3&L21&$W$3&M21&$W$3&N21&$W$3&O21&$T$3&$S$3&\" \"&F21","v":"Volume escavado = (volume de aterro - de corte)   = ( 2317,05+21242,06+1659,68+1118,84+1164,91+-340,11+-1047,67) =  26114,76"},{"$f":"ROUND(I23-I20,2)","v":2317.0500000000002},{"$f":"ROUND(J23-J20,2)","v":21242.06},{"$f":"ROUND(K23-K20,2)","v":1659.68},{"$f":"ROUND(L23-L20,2)","v":1118.8399999999999},1164.9100000000001,-340.11,-1047.67,26114.76,{"$f":"P21-F21","v":0},{"$f":"#REF!","v":{"$error":"#REF!"}},null,null,null,{"$f":"F21-#REF!","v":{"$error":"#REF!"}}]
[" 4.3 ",5915320,"SICRO3","Transporte com caminhão basculante de 14 m³ - rodovia em revestimento primário","tkm",{"$f":"ROUND(SUM(I22:O22)*1.65*'DMT ADOTADAS '!$J$14,2)","v":111170.53},"Transporte com Caminhão = Carga total x Densidade (1,65 t/m³) x DMT",{"$f":"G22&$S$3&$U$3&\" \"&I22&$W$3&J22&$W$3&K22&$W$3&L22&$W$3&M22&$W$3&N22&$W$3&O22&$T$3&$V$3&1.65&$V$3&'DMT ADOTADAS '!$J$14&$S$3&\" \"&F22","v":"Transporte com Caminhão = Carga total x Densidade (1,65 t/m³) x DMT = ( 2317,05+21242,06+1659,68+1118,84+1164,91+-340,11+-1047,67) x 1,65 x 2,58 =  111170,53"},{"$f":"I21","v":2317.0500000000002},21242.06,1659.68,1118.8399999999999,1164.9100000000001,-340.11,-1047.67,{"$f":"P21*'DMT ADOTADAS '!$J$14*1.65","v":111170.53331999999},3.3199999888893217E-3,{"$f":"#REF!","v":{"$error":"#REF!"}},null,null,null,{"$f":"F22-#REF!","v":{"$error":"#REF!"}}]
[" 4.4 ",5502978,"SICRO3","Compactação de aterros a 100% do Proctor normal","m³",{"$f":"SUM(I23:O23)","v":47838.650000000009},"Quadro de cubação => Volume de aterro da terraplanagem ",{"$f":"G23&$S$3&$U$3&\" \"&I23&$W$3&J23&$W$3&L23&$W$3&M23&$W$3&N23&$W$3&O23&$W$3&K23&$T$3&$S$3&\" \"&F23","v":"Quadro de cubação => Volume de aterro da terraplanagem  = ( 2581,71+30761,63+2821,87+3624,55+56,99+0+7991,9) =  47838,65"},{"$f":"ROUND((VLOOKUP(I$5,'Consolidado Pavimentação'!$A$15:$AK$23,5,0)),2)","v":2581.71},{"$f":"ROUND((VLOOKUP(J$5,'Consolidado Pavimentação'!$A$15:$AK$23,5,0)),2)","v":30761.63},{"$f":"ROUND((VLOOKUP(K$5,'Consolidado Pavimentação'!$A$15:$AK$23,5,0)),2)","v":7991.9},{"$f":"ROUND((VLOOKUP(L$5,'Consolidado Pavimentação'!$A$15:$AK$23,5,0)),2)","v":2821.87},{"$f":"ROUND((VLOOKUP(M$5,'Consolidado Pavimentação'!$A$15:$AK$23,5,0)),2)","v":3624.55},{"$f":"ROUND((VLOOKUP(N$5,'Consolidado Pavimentação'!$A$15:$AK$23,5,0)),2)","v":56.99},{"$f":"ROUND((VLOOKUP(O$5,'Consolidado Pavimentação'!$A$15:$AK$23,5,0)),2)","v":0},{"$f":"'Consolidado Pavimentação'!E23","v":47838.649999999972},0,{"$f":"#REF!","v":{"$error":"#REF!"}},null,null,null,{"$f":"F23-#REF!","v":{"$error":"#REF!"}}]
[" 5 ","  ",null,"DRENAGEM PROFUNDA",{"$nulls":12},0]
[" 5.1 ",99063,"SINAPI","LOCAÇÃO DE REDE DE ÁGUA OU ESGOTO. AF_03/2024","M",{"$f":"ROUND((SUM(I25:O25)),2)","v":821},"LOCAÇÃO DE REDE PLUVIAL (SOMATÓRIO DOS TUBOS)\nCOMPRIMENTO\nQUANTIDADE:",{"$f":"G25&$S$3&$U$3&\" \"&I25&$W$3&J25&$W$3&K25&$W$3&L25&$W$3&M25&$W$3&N25&$W$3&O25&$T$3&$S$3&\" \"&F25","v":"LOCAÇÃO DE REDE PLUVIAL (SOMATÓRIO DOS TUBOS)\nCOMPRIMENTO\nQUANTIDADE: = ( 39+577+128+51+26+0+0) =  821"},{"$f":"I28+I29+I30+I31","v":39},{"$f":"J28+J29+J30+J31","v":577},128,51,26,0,0,{"$f":"P28+P29+P30+P31","v":821},0,{"$f":"#REF!","v":{"$error":"#REF!"}},null,null,null,{"$f":"F25-#REF!","v":{"$error":"#REF!"}}]
[" 5.2 ",4805757,"SICRO3","Escavação mecânica de vala em material de 1ª categoria","m³",{"$f":"ROUND((SUM(I26:O26)),2)","v":1987.61},"Volume escavação tubulação (m³)",{"$f":"G26&$S$3&$U$3&\" \"&I26&$W$3&J26&$W$3&K26&$W$3&L26&$W$3&M26&$W$3&N26&$W$3&O26&$T$3&$S$3&\" \"&F26","v":"Volume escavação tubulação (m³) = ( 34,54+1641,05+194,5+77,44+40,08+0+0) =  1987,61"},{"$f":"ROUND(IFERROR(IF(VLOOKUP(I$5,'Consolidado Drenagem'!$A$15:$AE$21,9,0)=0,0,VLOOKUP(I$5,'Consolidado Drenagem'!$A$15:$AE$21,9,0)),0),2)","v":34.54},{"$f":"ROUND(IFERROR(IF(VLOOKUP(J$5,'Consolidado Drenagem'!$A$15:$AE$21,9,0)=0,0,VLOOKUP(J$5,'Consolidado Drenagem'!$A$15:$AE$21,9,0)),0),2)","v":1641.05},{"$f":"ROUND(IFERROR(IF(VLOOKUP(K$5,'Consolidado Drenagem'!$A$15:$AE$21,9,0)=0,0,VLOOKUP(K$5,'Consolidado Drenagem'!$A$15:$AE$21,9,0)),0),2)","v":194.5},{"$f":"ROUND(IFERROR(IF(VLOOKUP(L$5,'Consolidado Drenagem'!$A$15:$AE$21,9,0)=0,0,VLOOKUP(L$5,'Consolidado Drenagem'!$A$15:$AE$21,9,0)),0),2)","v":77.44},{"$f":"ROUND(IFERROR(IF(VLOOKUP(M$5,'Consolidado Drenagem'!$A$15:$AE$21,9,0)=0,0,VLOOKUP(M$5,'Consolidado Drenagem'!$A$15:$AE$21,9,0)),0),2)","v":40.08},{"$f":"ROUND(IFERROR(IF(VLOOKUP(N$5,'Consolidado Drenagem'!$A$15:$AE$21,9,0)=0,0,VLOOKUP(N$5,'Consolidado Drenagem'!$A$15:$AE$21,9,0)),0),2)","v":0},{"$f":"ROUND(IFERROR(IF(VLOOKUP(O$5,'Consolidado Drenagem'!$A$15:$AE$21,9,0)=0,0,VLOOKUP(O$5,'Consolidado Drenagem'!$A$15:$AE$21,9,0)),0),2)","v":0},{"$f":"'ITEM 8.2 - DRENAGEM_PROF. TUBOS'!I92","v":1987.6081999999999},-1.8000000000029104E-3,{"$f":"#REF!","v":{"$error":"#REF!"}},null,null,null,{"$f":"F26-#REF!","v":{"$error":"#REF!"}}]
[" 5.3 ",2003767,"SICRO3","Lastro de areia comercial - espalhamento manual","m³",{"$f":"ROUND((SUM(I27:O27)),2)","v":264.69},"Volume de Concreto do Lastro (m³) (Extensão tubos para redes coletoras de águas pluviais x largura x altura):\n(Tubos 800 mm: ext. x 1,4m x 0,20m + Tubos 1000 mm: ext. x 1,64m x 0,20m + Tubos 1500 mm: ext. x 2,18 m x 0,20m )",{"$f":"G27&$S$3&$U$3&\" \"&I27&$W$3&J27&$W$3&K27&$W$3&L27&$W$3&M27&$W$3&N27&$W$3&O27&$T$3&$S$3&\" \"&F27","v":"Volume de Concreto do Lastro (m³) (Extensão tubos para redes coletoras de águas pluviais x largura x altura):\n(Tubos 800 mm: ext. x 1,4m x 0,20m + Tubos 1000 mm: ext. x 1,64m x 0,20m + Tubos 1500 mm: ext. x 2,18 m x 0,20m ) = ( 12,79+187,25+39,39+16,73+8,53+0+0) =  264,69"},{"$f":"ROUND(IFERROR(IF(VLOOKUP(I$5,'Consolidado Drenagem'!$A$15:$AE$21,11,0)=0,0,VLOOKUP(I$5,'Consolidado Drenagem'!$A$15:$AE$21,11,0)),0),2)","v":12.79},{"$f":"ROUND(IFERROR(IF(VLOOKUP(J$5,'Consolidado Drenagem'!$A$15:$AE$21,11,0)=0,0,VLOOKUP(J$5,'Consolidado Drenagem'!$A$15:$AE$21,11,0)),0),2)","v":187.25},{"$f":"ROUND(IFERROR(IF(VLOOKUP(K$5,'Consolidado Drenagem'!$A$15:$AE$21,11,0)=0,0,VLOOKUP(K$5,'Consolidado Drenagem'!$A$15:$AE$21,11,0)),0),2)","v":39.39},{"$f":"ROUND(IFERROR(IF(VLOOKUP(L$5,'Consolidado Drenagem'!$A$15:$AE$21,11,0)=0,0,VLOOKUP(L$5,'Consolidado Drenagem'!$A$15:$AE$21,11,0)),0),2)","v":16.73},{"$f":"ROUND(IFERROR(IF(VLOOKUP(M$5,'Consolidado Drenagem'!$A$15:$AE$21,11,0)=0,0,VLOOKUP(M$5,'Consolidado Drenagem'!$A$15:$AE$21,11,0)),0),2)","v":8.5299999999999994},{"$f":"ROUND(IFERROR(IF(VLOOKUP(N$5,'Consolidado Drenagem'!$A$15:$AE$21,11,0)=0,0,VLOOKUP(N$5,'Consolidado Drenagem'!$A$15:$AE$21,11,0)),0),2)","v":0},{"$f":"ROUND(IFERROR(IF(VLOOKUP(O$5,'Consolidado Drenagem'!$A$15:$AE$21,11,0)=0,0,VLOOKUP(O$5,'Consolidado Drenagem'!$A$15:$AE$21,11,0)),0),2)","v":0},{"$f":"'Consolidado Drenagem'!K21","v":264.69},0,{"$f":"#REF!","v":{"$error":"#REF!"}},null,null,null,{"$f":"F27-#REF!","v":{"$error":"#REF!"}}]
[" 5.4 ",2003826,"SICRO3","Tubo de concreto PA1 comercial para drenagem - D = 0,80 m - fornecimento e instalação","m",155,"Comprimento Total Tubo PA1 - D = 0,80 m =>",{"$f":"G28&$S$3&$U$3&\" \"&I28&$W$3&J28&$W$3&K28&$W$3&L28&$W$3&M28&$W$3&N28&$W$3&O28&$T$3&$S$3&\" \"&F28","v":"Comprimento Total Tubo PA1 - D = 0,80 m => = ( 0+101+54+0+0+0+0) =  155"},{"$f":"ROUND(IFERROR(IF(VLOOKUP(I$5,'Consolidado Drenagem'!$A$15:$AE$21,6,0)=0,0,VLOOKUP(I$5,'Consolidado Drenagem'!$A$15:$AE$21,6,0)),0),2)","v":0},{"$f":"ROUND(IFERROR(IF(VLOOKUP(J$5,'Consolidado Drenagem'!$A$15:$AE$21,6,0)=0,0,VLOOKUP(J$5,'Consolidado Drenagem'!$A$15:$AE$21,6,0)),0),2)","v":101},{"$f":"ROUND(IFERROR(IF(VLOOKUP(K$5,'Consolidado Drenagem'!$A$15:$AE$21,6,0)=0,0,VLOOKUP(K$5,'Consolidado Drenagem'!$A$15:$AE$21,6,0)),0),2)","v":54},{"$f":"ROUND(IFERROR(IF(VLOOKUP(L$5,'Consolidado Drenagem'!$A$15:$AE$21,6,0)=0,0,VLOOKUP(L$5,'Consolidado Drenagem'!$A$15:$AE$21,6,0)),0),2)","v":0},{"$f":"ROUND(IFERROR(IF(VLOOKUP(M$5,'Consolidado Drenagem'!$A$15:$AE$21,6,0)=0,0,VLOOKUP(M$5,'Consolidado Drenagem'!$A$15:$AE$21,6,0)),0),2)","v":0},{"$f":"ROUND(IFERROR(IF(VLOOKUP(N$5,'Consolidado Drenagem'!$A$15:$AE$21,6,0)=0,0,VLOOKUP(N$5,'Consolidado Drenagem'!$A$15:$AE$21,6,0)),0),2)","v":0},{"$f":"ROUND(IFERROR(IF(VLOOKUP(O$5,'Consolidado Drenagem'!$A$15:$AE$21,6,0)=0,0,VLOOKUP(O$5,'Consolidado Drenagem'!$A$15:$AE$21,6,0)),0),2)","v":0},{"$f":"'Consolidado Drenagem'!F21","v":155},0,{"$f":"#REF!","v":{"$error":"#REF!"}},null,null,null,{"$f":"F28-#REF!","v":{"$error":"#REF!"}}]
[" 5.5 ",2003830,"SICRO3","Tubo de concreto PA1 comercial para drenagem - D = 1,00 m - fornecimento e instalação","m",563,"Comprimento Total Tubo PA1 - D = 1,00 m =>",{"$f":"G29&$S$3&$U$3&\" \"&I29&$W$3&J29&$W$3&K29&$W$3&L29&$W$3&M29&$W$3&N29&$W$3&O29&$T$3&$S$3&\" \"&F29","v":"Comprimento Total Tubo PA1 - D = 1,00 m => = ( 39+373+74+51+26+0+0) =  563"},{"$f":"ROUND(IFERROR(IF(VLOOKUP(I$5,'Consolidado Drenagem'!$A$15:$AE$21,7,0)=0,0,VLOOKUP(I$5,'Consolidado Drenagem'!$A$15:$AE$21,7,0)),0),2)","v":39},{"$f":"ROUND(IFERROR(IF(VLOOKUP(J$5,'Consolidado Drenagem'!$A$15:$AE$21,7,0)=0,0,VLOOKUP(J$5,'Consolidado Drenagem'!$A$15:$AE$21,7,0)),0),2)","v":373},{"$f":"ROUND(IFERROR(IF(VLOOKUP(K$5,'Consolidado Drenagem'!$A$15:$AE$21,7,0)=0,0,VLOOKUP(K$5,'Consolidado Drenagem'!$A$15:$AE$21,7,0)),0),2)","v":74},{"$f":"ROUND(IFERROR(IF(VLOOKUP(L$5,'Consolidado Drenagem'!$A$15:$AE$21,7,0)=0,0,VLOOKUP(L$5,'Consolidado Drenagem'!$A$15:$AE$21,7,0)),0),2)","v":51},{"$f":"ROUND(IFERROR(IF(VLOOKUP(M$5,'Consolidado Drenagem'!$A$15:$AE$21,7,0)=0,0,VLOOKUP(M$5,'Consolidado Drenagem'!$A$15:$AE$21,7,0)),0),2)","v":26},{"$f":"ROUND(IFERROR(IF(VLOOKUP(N$5,'Consolidado Drenagem'!$A$15:$AE$21,7,0)=0,0,VLOOKUP(N$5,'Consolidado Drenagem'!$A$15:$AE$21,7,0)),0),2)","v":0},{"$f":"ROUND(IFERROR(IF(VLOOKUP(O$5,'Consolidado Drenagem'!$A$15:$AE$21,7,0)=0,0,VLOOKUP(O$5,'Consolidado Drenagem'!$A$15:$AE$21,7,0)),0),2)","v":0},{"$f":"'Consolidado Drenagem'!G21","v":563},0,{"$f":"#REF!","v":{"$error":"#REF!"}},null,null,null,{"$f":"F29-#REF!","v":{"$error":"#REF!"}}]
[" 5.6 ",2003838,"SICRO3","Tubo de concreto PA1 comercial para drenagem - D = 1,50 m - fornecimento e instalação","m",84,"Comprimento Total Tubo PA1 - D = 1,50 m =>","Comprimento Total Tubo PA1 - D = 1,50 m => = ( 0+84+0+0+0+0+0) =  84",{"$f":"ROUND(IFERROR(IF(VLOOKUP(I$5,'Consolidado Drenagem'!$A$15:$AE$21,8,0)=0,0,VLOOKUP(I$5,'Consolidado Drenagem'!$A$15:$AE$21,8,0)),0),2)","v":0},{"$f":"ROUND(IFERROR(IF(VLOOKUP(J$5,'Consolidado Drenagem'!$A$15:$AE$21,8,0)=0,0,VLOOKUP(J$5,'Consolidado Drenagem'!$A$15:$AE$21,8,0)),0),2)","v":84},{"$f":"ROUND(IFERROR(IF(VLOOKUP(K$5,'Consolidado Drenagem'!$A$15:$AE$21,8,0)=0,0,VLOOKUP(K$5,'Consolidado Drenagem'!$A$15:$AE$21,8,0)),0),2)","v":0},{"$f":"ROUND(IFERROR(IF(VLOOKUP(L$5,'Consolidado Drenagem'!$A$15:$AE$21,8,0)=0,0,VLOOKUP(L$5,'Consolidado Drenagem'!$A$15:$AE$21,8,0)),0),2)","v":0},{"$f":"ROUND(IFERROR(IF(VLOOKUP(M$5,'Consolidado Drenagem'!$A$15:$AE$21,8,0)=0,0,VLOOKUP(M$5,'Consolidado Drenagem'!$A$15:$AE$21,8,0)),0),2)","v":0},{"$f":"ROUND(IFERROR(IF(VLOOKUP(N$5,'Consolidado Drenagem'!$A$15:$AE$21,8,0)=0,0,VLOOKUP(N$5,'Consolidado Drenagem'!$A$15:$AE$21,8,0)),0),2)","v":0},{"$f":"ROUND(IFERROR(IF(VLOOKUP(O$5,'Consolidado Drenagem'!$A$15:$AE$21,8,0)=0,0,VLOOKUP(O$5,'Consolidado Drenagem'!$A$15:$AE$21,8,0)),0),2)","v":0},{"$f":"'Consolidado Drenagem'!H21","v":84},0,{"$f":"#REF!","v":{"$error":"#REF!"}},null,null,null,{"$f":"F30-#REF!","v":{"$error":"#REF!"}}]
[" 5.7 ",705388,"SICRO3","Corpo de BTCC 3,00 x 3,00 m - moldado no local - altura do aterro 0,00 a 1,00 m - areia e brita comerciais","m",19,"Comprimento Corpo BTCC 3,0 x 3,0 m =>","Comprimento Corpo BTCC 3,0 x 3,0 m => = ( 0+19+0+0+0+0+0) =  19",{"$f":"ROUND(IFERROR(IF(VLOOKUP(I$5,'Consolidado Drenagem'!$A$15:$AE$21,29,0)=0,0,VLOOKUP(I$5,'Consolidado Drenagem'!$A$15:$AE$21,29,0)),0),2)","v":0},{"$f":"ROUND(IFERROR(IF(VLOOKUP(J$5,'Consolidado Drenagem'!$A$15:$AE$21,29,0)=0,0,VLOOKUP(J$5,'Consolidado Drenagem'!$A$15:$AE$21,29,0)),0),2)","v":19},{"$f":"ROUND(IFERROR(IF(VLOOKUP(K$5,'Consolidado Drenagem'!$A$15:$AE$21,29,0)=0,0,VLOOKUP(K$5,'Consolidado Drenagem'!$A$15:$AE$21,29,0)),0),2)","v":0},{"$f":"ROUND(IFERROR(IF(VLOOKUP(L$5,'Consolidado Drenagem'!$A$15:$AE$21,29,0)=0,0,VLOOKUP(L$5,'Consolidado Drenagem'!$A$15:$AE$21,29,0)),0),2)","v":0},{"$f":"ROUND(IFERROR(IF(VLOOKUP(M$5,'Consolidado Drenagem'!$A$15:$AE$21,29,0)=0,0,VLOOKUP(M$5,'Consolidado Drenagem'!$A$15:$AE$21,29,0)),0),2)","v":0},{"$f":"ROUND(IFERROR(IF(VLOOKUP(N$5,'Consolidado Drenagem'!$A$15:$AE$21,29,0)=0,0,VLOOKUP(N$5,'Consolidado Drenagem'!$A$15:$AE$21,29,0)),0),2)","v":0},{"$f":"ROUND(IFERROR(IF(VLOOKUP(O$5,'Consolidado Drenagem'!$A$15:$AE$21,29,0)=0,0,VLOOKUP(O$5,'Consolidado Drenagem'!$A$15:$AE$21,29,0)),0),2)","v":0},{"$f":"'Consolidado Drenagem'!AC21","v":19},0,{"$f":"#REF!","v":{"$error":"#REF!"}}]
[" 5.8 ",804101,"SICRO3","Boca de BSTC D = 0,80 m - esconsidade 0° - areia e brita comerciais - alas retas","un",6,"Quantidade BSTC D = 0,80 m (Und.)","Quantidade BSTC D = 0,80 m (Und.) = ( 0+4+2+0+0+0+0) =  6",{"$f":"ROUND(IFERROR(IF(VLOOKUP(I$5,'Consolidado Drenagem'!$A$15:$AE$21,12,0)=0,0,VLOOKUP(I$5,'Consolidado Drenagem'!$A$15:$AE$21,12,0)),0),2)","v":0},{"$f":"ROUND(IFERROR(IF(VLOOKUP(J$5,'Consolidado Drenagem'!$A$15:$AE$21,12,0)=0,0,VLOOKUP(J$5,'Consolidado Drenagem'!$A$15:$AE$21,12,0)),0),2)","v":4},{"$f":"ROUND(IFERROR(IF(VLOOKUP(K$5,'Consolidado Drenagem'!$A$15:$AE$21,12,0)=0,0,VLOOKUP(K$5,'Consolidado Drenagem'!$A$15:$AE$21,12,0)),0),2)","v":2},{"$f":"ROUND(IFERROR(IF(VLOOKUP(L$5,'Consolidado Drenagem'!$A$15:$AE$21,12,0)=0,0,VLOOKUP(L$5,'Consolidado Drenagem'!$A$15:$AE$21,12,0)),0),2)","v":0},{"$f":"ROUND(IFERROR(IF(VLOOKUP(M$5,'Consolidado Drenagem'!$A$15:$AE$21,12,0)=0,0,VLOOKUP(M$5,'Consolidado Drenagem'!$A$15:$AE$21,12,0)),0),2)","v":0},{"$f":"ROUND(IFERROR(IF(VLOOKUP(N$5,'Consolidado Drenagem'!$A$15:$AE$21,12,0)=0,0,VLOOKUP(N$5,'Consolidado Drenagem'!$A$15:$AE$21,12,0)),0),2)","v":0},{"$f":"ROUND(IFERROR(IF(VLOOKUP(O$5,'Consolidado Drenagem'!$A$15:$AE$21,12,0)=0,0,VLOOKUP(O$5,'Consolidado Drenagem'!$A$15:$AE$21,12,0)),0),2)","v":0},{"$f":"'Consolidado Drenagem'!L21","v":6},0,{"$f":"#REF!","v":{"$error":"#REF!"}},null,null,null,{"$f":"F32-#REF!","v":{"$error":"#REF!"}}]
[" 5.9 ",804393,"SICRO3","Boca de BSTC D = 1,00 m - esconsidade 0° - areia e brita comerciais - alas esconsas","un",30,"Quantidade BSTC D = 1,00 m (Und.)","Quantidade BSTC D = 1,00 m (Und.) = ( 2+14+7+5+2+0+0) =  30",{"$f":"ROUND(IFERROR(IF(VLOOKUP(I$5,'Consolidado Drenagem'!$A$15:$AE$21,13,0)=0,0,VLOOKUP(I$5,'Consolidado Drenagem'!$A$15:$AE$21,13,0)),0),2)","v":2},{"$f":"ROUND(IFERROR(IF(VLOOKUP(J$5,'Consolidado Drenagem'!$A$15:$AE$21,13,0)=0,0,VLOOKUP(J$5,'Consolidado Drenagem'!$A$15:$AE$21,13,0)),0),2)","v":14},{"$f":"ROUND(IFERROR(IF(VLOOKUP(K$5,'Consolidado Drenagem'!$A$15:$AE$21,13,0)=0,0,VLOOKUP(K$5,'Consolidado Drenagem'!$A$15:$AE$21,13,0)),0),2)","v":7},{"$f":"ROUND(IFERROR(IF(VLOOKUP(L$5,'Consolidado Drenagem'!$A$15:$AE$21,13,0)=0,0,VLOOKUP(L$5,'Consolidado Drenagem'!$A$15:$AE$21,13,0)),0),2)","v":5},{"$f":"ROUND(IFERROR(IF(VLOOKUP(M$5,'Consolidado Drenagem'!$A$15:$AE$21,13,0)=0,0,VLOOKUP(M$5,'Consolidado Drenagem'!$A$15:$AE$21,13,0)),0),2)","v":2},{"$f":"ROUND(IFERROR(IF(VLOOKUP(N$5,'Consolidado Drenagem'!$A$15:$AE$21,13,0)=0,0,VLOOKUP(N$5,'Consolidado Drenagem'!$A$15:$AE$21,13,0)),0),2)","v":0},{"$f":"ROUND(IFERROR(IF(VLOOKUP(O$5,'Consolidado Drenagem'!$A$15:$AE$21,13,0)=0,0,VLOOKUP(O$5,'Consolidado Drenagem'!$A$15:$AE$21,13,0)),0),2)","v":0},{"$f":"'Consolidado Drenagem'!M21","v":30},0,{"$f":"#REF!","v":{"$error":"#REF!"}},null,null,null,{"$f":"F33-#REF!","v":{"$error":"#REF!"}}]
[" 5.10 ",804417,"SICRO3","Boca de BDTC D = 1,00 m - esconsidade 0° - areia e brita comerciais - alas esconsas","un",6,"Quantidade BDTC D = 1,00 m (Und.)","Quantidade BDTC D = 1,00 m (Und.) = ( 0+6+0+0+0+0+0) =  6",{"$f":"ROUND(IFERROR(IF(VLOOKUP(I$5,'Consolidado Drenagem'!$A$15:$AE$21,14,0)=0,0,VLOOKUP(I$5,'Consolidado Drenagem'!$A$15:$AE$21,14,0)),0),2)","v":0},{"$f":"ROUND(IFERROR(IF(VLOOKUP(J$5,'Consolidado Drenagem'!$A$15:$AE$21,14,0)=0,0,VLOOKUP(J$5,'Consolidado Drenagem'!$A$15:$AE$21,14,0)),0),2)","v":6},{"$f":"ROUND(IFERROR(IF(VLOOKUP(K$5,'Consolidado Drenagem'!$A$15:$AE$21,14,0)=0,0,VLOOKUP(K$5,'Consolidado Drenagem'!$A$15:$AE$21,14,0)),0),2)","v":0},{"$f":"ROUND(IFERROR(IF(VLOOKUP(L$5,'Consolidado Drenagem'!$A$15:$AE$21,14,0)=0,0,VLOOKUP(L$5,'Consolidado Drenagem'!$A$15:$AE$21,14,0)),0),2)","v":0},{"$f":"ROUND(IFERROR(IF(VLOOKUP(M$5,'Consolidado Drenagem'!$A$15:$AE$21,14,0)=0,0,VLOOKUP(M$5,'Consolidado Drenagem'!$A$15:$AE$21,14,0)),0),2)","v":0},{"$f":"ROUND(IFERROR(IF(VLOOKUP(N$5,'Consolidado Drenagem'!$A$15:$AE$21,14,0)=0,0,VLOOKUP(N$5,'Consolidado Drenagem'!$A$15:$AE$21,14,0)),0),2)","v":0},{"$f":"ROUND(IFERROR(IF(VLOOKUP(O$5,'Consolidado Drenagem'!$A$15:$AE$21,14,0)=0,0,VLOOKUP(O$5,'Consolidado Drenagem'!$A$15:$AE$21,14,0)),0),2)","v":0},{"$f":"'Consolidado Drenagem'!N21","v":6},0,{"$f":"#REF!","v":{"$error":"#REF!"}},null,null,null,{"$f":"F34-#REF!","v":{"$error":"#REF!"}}]
[" 5.11 ",804457,"SICRO3","Boca de BTTC D = 1,50 m - esconsidade 0° - areia e brita comerciais - alas esconsas","un",2,"Quantidade BTTC D = 1,50 m (Und.)","Quantidade BTTC D = 1,50 m (Und.) = ( 0+2+0+0+0+0+0) =  2",{"$f":"ROUND(IFERROR(IF(VLOOKUP(I$5,'Consolidado Drenagem'!$A$15:$AE$21,16,0)=0,0,VLOOKUP(I$5,'Consolidado Drenagem'!$A$15:$AE$21,16,0)),0),2)","v":0},{"$f":"ROUND(IFERROR(IF(VLOOKUP(J$5,'Consolidado Drenagem'!$A$15:$AE$21,16,0)=0,0,VLOOKUP(J$5,'Consolidado Drenagem'!$A$15:$AE$21,16,0)),0),2)","v":2},{"$f":"ROUND(IFERROR(IF(VLOOKUP(K$5,'Consolidado Drenagem'!$A$15:$AE$21,16,0)=0,0,VLOOKUP(K$5,'Consolidado Drenagem'!$A$15:$AE$21,16,0)),0),2)","v":0},{"$f":"ROUND(IFERROR(IF(VLOOKUP(L$5,'Consolidado Drenagem'!$A$15:$AE$21,16,0)=0,0,VLOOKUP(L$5,'Consolidado Drenagem'!$A$15:$AE$21,16,0)),0),2)","v":0},{"$f":"ROUND(IFERROR(IF(VLOOKUP(M$5,'Consolidado Drenagem'!$A$15:$AE$21,16,0)=0,0,VLOOKUP(M$5,'Consolidado Drenagem'!$A$15:$AE$21,16,0)),0),2)","v":0},{"$f":"ROUND(IFERROR(IF(VLOOKUP(N$5,'Consolidado Drenagem'!$A$15:$AE$21,16,0)=0,0,VLOOKUP(N$5,'Consolidado Drenagem'!$A$15:$AE$21,16,0)),0),2)","v":0},{"$f":"ROUND(IFERROR(IF(VLOOKUP(O$5,'Consolidado Drenagem'!$A$15:$AE$21,16,0)=0,0,VLOOKUP(O$5,'Consolidado Drenagem'!$A$15:$AE$21,16,0)),0),2)","v":0},{"$f":"'Consolidado Drenagem'!P21","v":2},0,{"$f":"#REF!","v":{"$error":"#REF!"}},null,null,null,{"$f":"F35-#REF!","v":{"$error":"#REF!"}}]
[" 5.12 ",705427,"SICRO3","Boca de BTCC 3,00 x 3,00 m - esconsidade 0° - areia e brita comerciais","un",2,"Quantidade BTCC D = 3,0  x 3,0 m (Und.)","Quantidade BTCC D = 3,0  x 3,0 m (Und.) = ( 0+2+0+0+0+0+0) =  2",{"$f":"ROUND(IFERROR(IF(VLOOKUP(I$5,'Consolidado Drenagem'!$A$15:$AE$21,28,0)=0,0,VLOOKUP(I$5,'Consolidado Drenagem'!$A$15:$AE$21,28,0)),0),2)","v":0},{"$f":"ROUND(IFERROR(IF(VLOOKUP(J$5,'Consolidado Drenagem'!$A$15:$AE$21,28,0)=0,0,VLOOKUP(J$5,'Consolidado Drenagem'!$A$15:$AE$21,28,0)),0),2)","v":2},{"$f":"ROUND(IFERROR(IF(VLOOKUP(K$5,'Consolidado Drenagem'!$A$15:$AE$21,28,0)=0,0,VLOOKUP(K$5,'Consolidado Drenagem'!$A$15:$AE$21,28,0)),0),2)","v":0},{"$f":"ROUND(IFERROR(IF(VLOOKUP(L$5,'Consolidado Drenagem'!$A$15:$AE$21,28,0)=0,0,VLOOKUP(L$5,'Consolidado Drenagem'!$A$15:$AE$21,28,0)),0),2)","v":0},{"$f":"ROUND(IFERROR(IF(VLOOKUP(M$5,'Consolidado Drenagem'!$A$15:$AE$21,28,0)=0,0,VLOOKUP(M$5,'Consolidado Drenagem'!$A$15:$AE$21,28,0)),0),2)","v":0},{"$f":"ROUND(IFERROR(IF(VLOOKUP(N$5,'Consolidado Drenagem'!$A$15:$AE$21,28,0)=0,0,VLOOKUP(N$5,'Consolidado Drenagem'!$A$15:$AE$21,28,0)),0),2)","v":0},{"$f":"ROUND(IFERROR(IF(VLOOKUP(O$5,'Consolidado Drenagem'!$A$15:$AE$21,28,0)=0,0,VLOOKUP(O$5,'Consolidado Drenagem'!$A$15:$AE$21,28,0)),0),2)","v":0},{"$f":"'Consolidado Drenagem'!AB21","v":2},0,{"$f":"#REF!","v":{"$error":"#REF!"}}]
[" 5.13 ",2003682,"SICRO3","Poço de visita - PVI 03 - areia e brita comerciais","un",3,"Quantidade PVI 03 (Und.)","Quantidade PVI 03 (Und.) = ( 0+2+1+0+0+0+0) =  3",{"$f":"ROUND(IFERROR(IF(VLOOKUP(I$5,'Consolidado Drenagem'!$A$15:$AE$21,17,0)=0,0,VLOOKUP(I$5,'Consolidado Drenagem'!$A$15:$AE$21,17,0)),0),2)","v":0},{"$f":"ROUND(IFERROR(IF(VLOOKUP(J$5,'Consolidado Drenagem'!$A$15:$AE$21,17,0)=0,0,VLOOKUP(J$5,'Consolidado Drenagem'!$A$15:$AE$21,17,0)),0),2)","v":2},{"$f":"ROUND(IFERROR(IF(VLOOKUP(K$5,'Consolidado Drenagem'!$A$15:$AE$21,17,0)=0,0,VLOOKUP(K$5,'Consolidado Drenagem'!$A$15:$AE$21,17,0)),0),2)","v":1},{"$f":"ROUND(IFERROR(IF(VLOOKUP(L$5,'Consolidado Drenagem'!$A$15:$AE$21,17,0)=0,0,VLOOKUP(L$5,'Consolidado Drenagem'!$A$15:$AE$21,17,0)),0),2)","v":0},{"$f":"ROUND(IFERROR(IF(VLOOKUP(M$5,'Consolidado Drenagem'!$A$15:$AE$21,17,0)=0,0,VLOOKUP(M$5,'Consolidado Drenagem'!$A$15:$AE$21,17,0)),0),2)","v":0},{"$f":"ROUND(IFERROR(IF(VLOOKUP(N$5,'Consolidado Drenagem'!$A$15:$AE$21,17,0)=0,0,VLOOKUP(N$5,'Consolidado Drenagem'!$A$15:$AE$21,17,0)),0),2)","v":0},{"$f":"ROUND(IFERROR(IF(VLOOKUP(O$5,'Consolidado Drenagem'!$A$15:$AE$21,17,0)=0,0,VLOOKUP(O$5,'Consolidado Drenagem'!$A$15:$AE$21,17,0)),0),2)","v":0},{"$f":"'Consolidado Drenagem'!Q21","v":3},0,{"$f":"#REF!","v":{"$error":"#REF!"}},null,null,null,{"$f":"F37-#REF!","v":{"$error":"#REF!"}}]
[" 5.14 ",2003714,"SICRO3","Chaminé dos poços de visita - CPV 01 - areia e brita comerciais","un",3,"Quantidade CPV 01 (Und.)","Quantidade CPV 01 (Und.) = ( 0+2+1+0+0+0+0) =  3",{"$f":"I37","v":0},{"$f":"J37","v":2},1,0,0,0,0,{"$f":"P37","v":3},0,{"$f":"#REF!","v":{"$error":"#REF!"}},null,null,null,{"$f":"F38-#REF!","v":{"$error":"#REF!"}}]
[" 5.15 ",2003919,"SICRO3","Boca de saída para dreno longitudinal profundo - BSD 01 - tubo de PEAD - areia e brita comerciais","un",24,"Quantidade BSD 01 (Und.)","Quantidade BSD 01 (Und.) = ( 0+24+0+0+0+0+0) =  24",{"$f":"ROUND(IFERROR(IF(VLOOKUP(I$5,'Consolidado Drenagem'!$A$15:$AE$21,27,0)=0,0,VLOOKUP(I$5,'Consolidado Drenagem'!$A$15:$AE$21,27,0)),0),2)","v":0},{"$f":"ROUND(IFERROR(IF(VLOOKUP(J$5,'Consolidado Drenagem'!$A$15:$AE$21,27,0)=0,0,VLOOKUP(J$5,'Consolidado Drenagem'!$A$15:$AE$21,27,0)),0),2)","v":24},{"$f":"ROUND(IFERROR(IF(VLOOKUP(K$5,'Consolidado Drenagem'!$A$15:$AE$21,27,0)=0,0,VLOOKUP(K$5,'Consolidado Drenagem'!$A$15:$AE$21,27,0)),0),2)","v":0},{"$f":"ROUND(IFERROR(IF(VLOOKUP(L$5,'Consolidado Drenagem'!$A$15:$AE$21,27,0)=0,0,VLOOKUP(L$5,'Consolidado Drenagem'!$A$15:$AE$21,27,0)),0),2)","v":0},{"$f":"ROUND(IFERROR(IF(VLOOKUP(M$5,'Consolidado Drenagem'!$A$15:$AE$21,27,0)=0,0,VLOOKUP(M$5,'Consolidado Drenagem'!$A$15:$AE$21,27,0)),0),2)","v":0},{"$f":"ROUND(IFERROR(IF(VLOOKUP(N$5,'Consolidado Drenagem'!$A$15:$AE$21,27,0)=0,0,VLOOKUP(N$5,'Consolidado Drenagem'!$A$15:$AE$21,27,0)),0),2)","v":0},{"$f":"ROUND(IFERROR(IF(VLOOKUP(O$5,'Consolidado Drenagem'!$A$15:$AE$21,27,0)=0,0,VLOOKUP(O$5,'Consolidado Drenagem'!$A$15:$AE$21,27,0)),0),2)","v":0},{"$f":"'Consolidado Drenagem'!AA21","v":24},0,{"$f":"#REF!","v":{"$error":"#REF!"}},null,null,null,{"$f":"F39-#REF!","v":{"$error":"#REF!"}}]
[" 5.16 ",2003573,"SICRO3","Dreno longitudinal profundo para corte em solo - DPS 02 - tubo PEAD e areia comercial","m",1341.15,"Comprimento Total DPS 02 (m) =>","Comprimento Total DPS 02 (m) => = ( 0+1341,15+0+0+0+0+0) =  1341,15",{"$f":"ROUND(IFERROR(IF(VLOOKUP(I$5,'Consolidado Drenagem'!$A$15:$AE$21,26,0)=0,0,VLOOKUP(I$5,'Consolidado Drenagem'!$A$15:$AE$21,26,0)),0),2)","v":0},{"$f":"ROUND(IFERROR(IF(VLOOKUP(J$5,'Consolidado Drenagem'!$A$15:$AE$21,26,0)=0,0,VLOOKUP(J$5,'Consolidado Drenagem'!$A$15:$AE$21,26,0)),0),2)","v":1341.15},{"$f":"ROUND(IFERROR(IF(VLOOKUP(K$5,'Consolidado Drenagem'!$A$15:$AE$21,26,0)=0,0,VLOOKUP(K$5,'Consolidado Drenagem'!$A$15:$AE$21,26,0)),0),2)","v":0},{"$f":"ROUND(IFERROR(IF(VLOOKUP(L$5,'Consolidado Drenagem'!$A$15:$AE$21,26,0)=0,0,VLOOKUP(L$5,'Consolidado Drenagem'!$A$15:$AE$21,26,0)),0),2)","v":0},{"$f":"ROUND(IFERROR(IF(VLOOKUP(M$5,'Consolidado Drenagem'!$A$15:$AE$21,26,0)=0,0,VLOOKUP(M$5,'Consolidado Drenagem'!$A$15:$AE$21,26,0)),0),2)","v":0},{"$f":"ROUND(IFERROR(IF(VLOOKUP(N$5,'Consolidado Drenagem'!$A$15:$AE$21,26,0)=0,0,VLOOKUP(N$5,'Consolidado Drenagem'!$A$15:$AE$21,26,0)),0),2)","v":0},{"$f":"ROUND(IFERROR(IF(VLOOKUP(O$5,'Consolidado Drenagem'!$A$15:$AE$21,26,0)=0,0,VLOOKUP(O$5,'Consolidado Drenagem'!$A$15:$AE$21,26,0)),0),2)","v":0},{"$f":"'Consolidado Drenagem'!Z21","v":1341.15},0,{"$f":"#REF!","v":{"$error":"#REF!"}},null,null,null,{"$f":"F40-#REF!","v":{"$error":"#REF!"}}]
[" 5.17 ",4815671,"SICRO3","Reaterro e compactação com soquete vibratório","m³",{"$f":"ROUND((SUM(I41:O41)),2)","v":971.6},"Volume aterro das valas(m³)",{"$f":"G41&$S$3&$U$3&\" \"&I41&$W$3&J41&$W$3&K41&$W$3&L41&$W$3&M41&$W$3&N41&$W$3&O41&$T$3&$S$3&\" \"&F41","v":"Volume aterro das valas(m³) = ( 21,26+708,48+151,65+59,36+30,85+0+0) =  971,6"},{"$f":"ROUND(IFERROR(IF(VLOOKUP(I$5,'Consolidado Drenagem'!$A$15:$AE$21,10,0)=0,0,VLOOKUP(I$5,'Consolidado Drenagem'!$A$15:$AE$21,10,0)),0),2)","v":21.26},{"$f":"ROUND(IFERROR(IF(VLOOKUP(J$5,'Consolidado Drenagem'!$A$15:$AE$21,10,0)=0,0,VLOOKUP(J$5,'Consolidado Drenagem'!$A$15:$AE$21,10,0)),0),2)","v":708.48},{"$f":"ROUND(IFERROR(IF(VLOOKUP(K$5,'Consolidado Drenagem'!$A$15:$AE$21,10,0)=0,0,VLOOKUP(K$5,'Consolidado Drenagem'!$A$15:$AE$21,10,0)),0),2)","v":151.65},{"$f":"ROUND(IFERROR(IF(VLOOKUP(L$5,'Consolidado Drenagem'!$A$15:$AE$21,10,0)=0,0,VLOOKUP(L$5,'Consolidado Drenagem'!$A$15:$AE$21,10,0)),0),2)","v":59.36},{"$f":"ROUND(IFERROR(IF(VLOOKUP(M$5,'Consolidado Drenagem'!$A$15:$AE$21,10,0)=0,0,VLOOKUP(M$5,'Consolidado Drenagem'!$A$15:$AE$21,10,0)),0),2)","v":30.85},{"$f":"ROUND(IFERROR(IF(VLOOKUP(N$5,'Consolidado Drenagem'!$A$15:$AE$21,10,0)=0,0,VLOOKUP(N$5,'Consolidado Drenagem'!$A$15:$AE$21,10,0)),0),2)","v":0},{"$f":"ROUND(IFERROR(IF(VLOOKUP(O$5,'Consolidado Drenagem'!$A$15:$AE$21,10,0)=0,0,VLOOKUP(O$5,'Consolidado Drenagem'!$A$15:$AE$21,10,0)),0),2)","v":0},{"$f":"'Consolidado Drenagem'!J21","v":971.6},0,{"$f":"#REF!","v":{"$error":"#REF!"}},null,null,null,{"$f":"F41-#REF!","v":{"$error":"#REF!"}}]
[" 6 ","  ",null,"PAVIMENTAÇÃO",{"$nulls":12},0]
[" 6.1 ","  ",null,"SUB-BASE",{"$nulls":12},0]
[" 6.1.1 ",4011227,"SICRO3","Sub-base de solo estabilizado granulometricamente sem mistura com material de jazida - 100% Proctor intermediário","m³",{"$f":"ROUND(SUM(I44:O44),2)","v":12937.37},"Volume total de SubBase (m³)",{"$f":"G44&$S$3&$U$3&\" \"&I44&$W$3&J44&$W$3&K44&$W$3&L44&$W$3&M44&$W$3&N44&$W$3&O44&$T$3&$S$3&\" \"&F44","v":"Volume total de SubBase (m³) = ( 445,96+7556,97+2890,6+1012,15+821,43+103,4+106,86) =  12937,37"},{"$f":"ROUND((VLOOKUP(I$5,'Consolidado Pavimentação'!$A$15:$AK$23,7,0)),2)","v":445.96},{"$f":"ROUND((VLOOKUP(J$5,'Consolidado Pavimentação'!$A$15:$AK$23,7,0)),2)","v":7556.97},{"$f":"ROUND((VLOOKUP(K$5,'Consolidado Pavimentação'!$A$15:$AK$23,7,0)),2)","v":2890.6},{"$f":"ROUND((VLOOKUP(L$5,'Consolidado Pavimentação'!$A$15:$AK$23,7,0)),2)","v":1012.15},{"$f":"ROUND((VLOOKUP(M$5,'Consolidado Pavimentação'!$A$15:$AK$23,7,0)),2)","v":821.43},{"$f":"ROUND((VLOOKUP(N$5,'Consolidado Pavimentação'!$A$15:$AK$23,7,0)),2)","v":103.4},{"$f":"ROUND((VLOOKUP(O$5,'Consolidado Pavimentação'!$A$15:$AK$23,7,0)),2)","v":106.86},{"$f":"'Consolidado Pavimentação'!G23","v":12937.369999999994},0,{"$f":"#REF!","v":{"$error":"#REF!"}},null,null,null,{"$f":"F44-#REF!","v":{"$error":"#REF!"}}]
[" 6.2 ","  ",null,"BASE",0,{"$nulls":11},0]
[" 6.2.1 ",4011287,"Próprio","Base de solo melhorado com 30% de areia e 2% de cimento e mistura na pista com material de jazida. SICRO (4011287/6416153)","m³",{"$f":"SUM(I46:O46)","v":12937.38},"Volume total de Base (m³)",{"$f":"G46&$S$3&$U$3&\" \"&I46&$W$3&J46&$W$3&K46&$W$3&L46&$W$3&M46&$W$3&N46&$W$3&O46&$T$3&$S$3&\" \"&F46","v":"Volume total de Base (m³) = ( 445,96+7556,98+2890,6+1012,15+821,43+103,4+106,86) =  12937,38"},{"$f":"ROUND((VLOOKUP(I$5,'Consolidado Pavimentação'!$A$15:$AK$23,6,0)),2)","v":445.96},{"$f":"ROUND((VLOOKUP(J$5,'Consolidado Pavimentação'!$A$15:$AK$23,6,0)),2)","v":7556.98},{"$f":"ROUND((VLOOKUP(K$5,'Consolidado Pavimentação'!$A$15:$AK$23,6,0)),2)","v":2890.6},{"$f":"ROUND((VLOOKUP(L$5,'Consolidado Pavimentação'!$A$15:$AK$23,6,0)),2)","v":1012.15},{"$f":"ROUND((VLOOKUP(M$5,'Consolidado Pavimentação'!$A$15:$AK$23,6,0)),2)","v":821.43},{"$f":"ROUND((VLOOKUP(N$5,'Consolidado Pavimentação'!$A$15:$AK$23,6,0)),2)","v":103.4},{"$f":"ROUND((VLOOKUP(O$5,'Consolidado Pavimentação'!$A$15:$AK$23,6,0)),2)","v":106.86},{"$f":"'Consolidado Pavimentação'!F23","v":12937.379999999992},0,{"$f":"#REF!","v":{"$error":"#REF!"}},null,null,null,{"$f":"F46-#REF!","v":{"$error":"#REF!"}}]
[" 6.3 ","  ",null,"CBUQ",0,{"$nulls":11},0]
[" 6.3.1 ",4011352,"SICRO3","Imprimação com emulsão asfáltica","m²",{"$f":"SUM(I48:O48)","v":87748.01},"Área Total de Pavimentação + Área Total de Acostamento(m²)  ",{"$f":"G48&$S$3&$U$3&\" \"&I48&$W$3&J48&$W$3&K48&$W$3&L48&$W$3&M48&$W$3&N48&$W$3&O48&$T$3&$S$3&\" \"&F48","v":"Área Total de Pavimentação + Área Total de Acostamento(m²)   = ( 4471,4+50380,07+19270,8+6747,67+5476,27+689,4+712,4) =  87748,01"},{"$f":"ROUND((VLOOKUP(I$5,'Consolidado Pavimentação'!$A$15:$AK$23,2,0)+(VLOOKUP(I$5,'Consolidado Pavimentação'!$A$15:$AK$23,3,0))),2)","v":4471.3999999999996},{"$f":"ROUND((VLOOKUP(J$5,'Consolidado Pavimentação'!$A$15:$AK$23,2,0)+(VLOOKUP(J$5,'Consolidado Pavimentação'!$A$15:$AK$23,3,0))),2)","v":50380.07},{"$f":"ROUND((VLOOKUP(K$5,'Consolidado Pavimentação'!$A$15:$AK$23,2,0)+(VLOOKUP(K$5,'Consolidado Pavimentação'!$A$15:$AK$23,3,0))),2)","v":19270.8},{"$f":"ROUND((VLOOKUP(L$5,'Consolidado Pavimentação'!$A$15:$AK$23,2,0)+(VLOOKUP(L$5,'Consolidado Pavimentação'!$A$15:$AK$23,3,0))),2)","v":6747.67},{"$f":"ROUND((VLOOKUP(M$5,'Consolidado Pavimentação'!$A$15:$AK$23,2,0)+(VLOOKUP(M$5,'Consolidado Pavimentação'!$A$15:$AK$23,3,0))),2)","v":5476.27},{"$f":"ROUND((VLOOKUP(N$5,'Consolidado Pavimentação'!$A$15:$AK$23,2,0)+(VLOOKUP(N$5,'Consolidado Pavimentação'!$A$15:$AK$23,3,0))),2)","v":689.4},{"$f":"ROUND((VLOOKUP(O$5,'Consolidado Pavimentação'!$A$15:$AK$23,2,0)+(VLOOKUP(O$5,'Consolidado Pavimentação'!$A$15:$AK$23,3,0))),2)","v":712.4},{"$f":"'Consolidado Pavimentação'!B23+'Consolidado Pavimentação'!C23","v":87747.999999999985},-1.0000000009313226E-2,{"$f":"#REF!","v":{"$error":"#REF!"}},null,null,null,{"$f":"F48-#REF!","v":{"$error":"#REF!"}}]
[" 6.3.2 ","EAI - 01.2026","Próprio","EMULSÃO ASFÁLTICA PARA IMPRIMAÇÃO (EAI)","kg",{"$f":"ROUND((SUM(I49:O49))*1.3,2)","v":114072.41},"Carga total=>Peso(Kg) = 1,2 kg x área imprimada ",{"$f":"G49&$S$3&$U$3&\" \"&I49&$W$3&J49&$W$3&K49&$W$3&L49&$W$3&M49&$W$3&N49&$W$3&O49&$T$3&$V$3&1.3&$S$3&\" \"&F49","v":"Carga total=>Peso(Kg) = 1,2 kg x área imprimada  = ( 4471,4+50380,07+19270,8+6747,67+5476,27+689,4+712,4) x 1,3 =  114072,41"},{"$f":"I48","v":4471.3999999999996},{"$f":"J48","v":50380.07},19270.8,6747.67,5476.27,689.4,712.4,null,null,{"$f":"#REF!","v":{"$error":"#REF!"}},null,null,null,{"$f":"F49-#REF!","v":{"$error":"#REF!"}}]
[" 6.3.3 ",5914622,"SICRO3","Transporte de material betuminoso com caminhão tanque distribuidor - rodovia pavimentada","tkm",{"$f":"ROUND(((SUM(I50:O50)*1.2)/1000)*'DMT ADOTADAS '!$H$14,2)","v":1254.0899999999999},"Transporte com Caminhão = Peso(Kg) = 1,2 kg x área imprimada =>Carga total/1000Kg/t x DMT (Usina ao Trecho)",{"$f":"G50&$S$3&$U$3&\" \"&I50&$W$3&J50&$W$3&K50&$W$3&L50&$W$3&M50&$W$3&N50&$W$3&O50&$T$3&$V$3&1.2&$Y$3&1000&$V$3&'DMT ADOTADAS '!$H$14&$S$3&\" \"&F50","v":"Transporte com Caminhão = Peso(Kg) = 1,2 kg x área imprimada =>Carga total/1000Kg/t x DMT (Usina ao Trecho) = ( 4471,4+50380,07+19270,8+6747,67+5476,27+689,4+712,4) x 1,2/1000 x 11,91 =  1254,09"},{"$f":"I48","v":4471.3999999999996},{"$f":"J48","v":50380.07},19270.8,6747.67,5476.27,689.4,712.4,{"$f":"(P48/1000)*1.2*'DMT ADOTADAS '!$H$14","v":1254.0944159999999},4.4159999999919819E-3,{"$f":"#REF!","v":{"$error":"#REF!"}},null,null,null,{"$f":"F50-#REF!","v":{"$error":"#REF!"}}]
[" 6.3.4 ",4011353,"SICRO3","Pintura de ligação","m²",{"$f":"SUM(I51:O51)","v":87748.01},"Área Total de Pavimentação + Área Total de Acostamento(m²)  ",{"$f":"G51&$S$3&$U$3&\" \"&I51&$W$3&J51&$W$3&K51&$W$3&L51&$W$3&M51&$W$3&N51&$W$3&O51&$T$3&$S$3&\" \"&F51","v":"Área Total de Pavimentação + Área Total de Acostamento(m²)   = ( 4471,4+50380,07+19270,8+6747,67+5476,27+689,4+712,4) =  87748,01"},{"$f":"ROUND((VLOOKUP(I$5,'Consolidado Pavimentação'!$A$15:$AK$23,2,0)+(VLOOKUP(I$5,'Consolidado Pavimentação'!$A$15:$AK$23,3,0))),2)","v":4471.3999999999996},{"$f":"ROUND((VLOOKUP(J$5,'Consolidado Pavimentação'!$A$15:$AK$23,2,0)+(VLOOKUP(J$5,'Consolidado Pavimentação'!$A$15:$AK$23,3,0))),2)","v":50380.07},{"$f":"ROUND((VLOOKUP(K$5,'Consolidado Pavimentação'!$A$15:$AK$23,2,0)+(VLOOKUP(K$5,'Consolidado Pavimentação'!$A$15:$AK$23,3,0))),2)","v":19270.8},{"$f":"ROUND((VLOOKUP(L$5,'Consolidado Pavimentação'!$A$15:$AK$23,2,0)+(VLOOKUP(L$5,'Consolidado Pavimentação'!$A$15:$AK$23,3,0))),2)","v":6747.67},{"$f":"ROUND((VLOOKUP(M$5,'Consolidado Pavimentação'!$A$15:$AK$23,2,0)+(VLOOKUP(M$5,'Consolidado Pavimentação'!$A$15:$AK$23,3,0))),2)","v":5476.27},{"$f":"ROUND((VLOOKUP(N$5,'Consolidado Pavimentação'!$A$15:$AK$23,2,0)+(VLOOKUP(N$5,'Consolidado Pavimentação'!$A$15:$AK$23,3,0))),2)","v":689.4},{"$f":"ROUND((VLOOKUP(O$5,'Consolidado Pavimentação'!$A$15:$AK$23,2,0)+(VLOOKUP(O$5,'Consolidado Pavimentação'!$A$15:$AK$23,3,0))),2)","v":712.4},{"$f":"P48","v":87747.999999999985},-1.0000000009313226E-2,{"$f":"#REF!","v":{"$error":"#REF!"}},null,null,null,{"$f":"F51-#REF!","v":{"$error":"#REF!"}}]
[" 6.3.5 "," RR 2C - 01.2026 ","Próprio","EMULSÕES ASFÁLTICAS RR-2C","kg",{"$f":"ROUND((SUM(I52:O52))*0.45,2)","v":39486.6},"Carga total=>Peso(Kg) = 0,45 kg x área imprimada ",{"$f":"G52&$S$3&$U$3&\" \"&I52&$W$3&J52&$W$3&K52&$W$3&L52&$W$3&M52&$W$3&N52&$W$3&O52&$T$3&$V$3&0.45&$S$3&\" \"&F52","v":"Carga total=>Peso(Kg) = 0,45 kg x área imprimada  = ( 4471,4+50380,07+19270,8+6747,67+5476,27+689,4+712,4) x 0,45 =  39486,6"},{"$f":"I51","v":4471.3999999999996},{"$f":"J51","v":50380.07},19270.8,6747.67,5476.27,689.4,712.4,null,null,{"$f":"#REF!","v":{"$error":"#REF!"}},null,null,null,{"$f":"F52-#REF!","v":{"$error":"#REF!"}}]
[" 6.3.6 ",5914622,"SICRO3","Transporte de material betuminoso com caminhão tanque distribuidor - rodovia pavimentada","tkm",{"$f":"ROUND(((SUM(I53:O53)*0.45)/1000)*'DMT ADOTADAS '!$H$14,2)","v":470.29},"Transporte com Caminhão => Peso(Kg) = 0,45 kg x área imprimada => Carga total/1000Kg/t x DMT (Usina ao Trecho)",{"$f":"G53&$S$3&$U$3&\" \"&I53&$W$3&J53&$W$3&K53&$W$3&L53&$W$3&M53&$W$3&N53&$W$3&O53&$T$3&$V$3&0.45&$Y$3&1000&$V$3&'DMT ADOTADAS '!$H$14&$S$3&\" \"&F53","v":"Transporte com Caminhão => Peso(Kg) = 0,45 kg x área imprimada => Carga total/1000Kg/t x DMT (Usina ao Trecho) = ( 4471,4+50380,07+19270,8+6747,67+5476,27+689,4+712,4) x 0,45/1000 x 11,91 =  470,29"},{"$f":"I51","v":4471.3999999999996},{"$f":"J51","v":50380.07},19270.8,6747.67,5476.27,689.4,712.4,{"$f":"(P51/1000)*0.45*'DMT ADOTADAS '!$H$14","v":470.28540599999997},-4.5940000000541659E-3,{"$f":"#REF!","v":{"$error":"#REF!"}},null,null,null,{"$f":"F53-#REF!","v":{"$error":"#REF!"}}]
[" 6.3.7 ",4011463,"SICRO3","Concreto asfáltico - faixa C-12,5 - areia e brita comerciais","t",{"$f":"ROUND((SUM(I54:O54))*2.5548,2)","v":9890.93},"(Volume da Pavimentação (m³) + Volume da Acostamento (m³))  x dens. 2,5548 ton/m³  com Transporte  variando DMT por material (Areia, Britas e CAL) ",{"$f":"G54&$S$3&$U$3&\" \"&I54&$W$3&J54&$W$3&K54&$W$3&L54&$W$3&M54&$W$3&N54&$W$3&O54&$T$3&$V$3&2.5548&$S$3&\" \"&F54","v":"(Volume da Pavimentação (m³) + Volume da Acostamento (m³))  x dens. 2,5548 ton/m³  com Transporte  variando DMT por material (Areia, Britas e CAL)  = ( 204,74+2217,6+846,18+301,83+239,67+30,2+31,29) x 2,5548 =  9890,93"},{"$f":"ROUND((VLOOKUP(I$5,'Consolidado Pavimentação'!$A$15:$AK$23,8,0)+(VLOOKUP(I$5,'Consolidado Pavimentação'!$A$15:$AK$23,9,0))),2)","v":204.74},{"$f":"ROUND((VLOOKUP(J$5,'Consolidado Pavimentação'!$A$15:$AK$23,8,0)+(VLOOKUP(J$5,'Consolidado Pavimentação'!$A$15:$AK$23,9,0))),2)","v":2217.6},{"$f":"ROUND((VLOOKUP(K$5,'Consolidado Pavimentação'!$A$15:$AK$23,8,0)+(VLOOKUP(K$5,'Consolidado Pavimentação'!$A$15:$AK$23,9,0))),2)","v":846.18},{"$f":"ROUND((VLOOKUP(L$5,'Consolidado Pavimentação'!$A$15:$AK$23,8,0)+(VLOOKUP(L$5,'Consolidado Pavimentação'!$A$15:$AK$23,9,0))),2)","v":301.83},{"$f":"ROUND((VLOOKUP(M$5,'Consolidado Pavimentação'!$A$15:$AK$23,8,0)+(VLOOKUP(M$5,'Consolidado Pavimentação'!$A$15:$AK$23,9,0))),2)","v":239.67},{"$f":"ROUND((VLOOKUP(N$5,'Consolidado Pavimentação'!$A$15:$AK$23,8,0)+(VLOOKUP(N$5,'Consolidado Pavimentação'!$A$15:$AK$23,9,0))),2)","v":30.2},{"$f":"ROUND((VLOOKUP(O$5,'Consolidado Pavimentação'!$A$15:$AK$23,8,0)+(VLOOKUP(O$5,'Consolidado Pavimentação'!$A$15:$AK$23,9,0))),2)","v":31.29},{"$f":"('Consolidado Pavimentação'!H23+'Consolidado Pavimentação'!I23)*2.5548","v":9890.9337479999976},3.7479999973584199E-3,{"$f":"#REF!","v":{"$error":"#REF!"}},null,null,null,{"$f":"F54-#REF!","v":{"$error":"#REF!"}}]
[" 6.3.8 "," CAP 50/70 - 01.2026 ","Próprio","CIMENTOS ASFÁLTICOS CAP-50-70","T",{"$f":"ROUND((SUM(I55:O55))*0.05545,2)","v":548.45000000000005},"Peso(Kg) = 0,05545 t/m³ x Volume m³",{"$f":"G55&$S$3&$U$3&\" \"&I55&$W$3&J55&$W$3&K55&$W$3&L55&$W$3&M55&$W$3&N55&$W$3&O55&$T$3&$V$3&0.05545&$S$3&\" \"&F55","v":"Peso(Kg) = 0,05545 t/m³ x Volume m³ = ( 523,07+5665,52+2161,82+771,12+612,31+77,15+79,94) x 0,05545 =  548,45"},{"$f":"ROUND(I54*2.5548,2)","v":523.07000000000005},{"$f":"ROUND(J54*2.5548,2)","v":5665.52},2161.8200000000002,771.12,612.30999999999995,77.150000000000006,79.94,{"$f":"SUM(I55:O55)*0.05545","v":548.4520685},2.0684999999502907E-3,{"$f":"#REF!","v":{"$error":"#REF!"}},null,null,null,{"$f":"F55-#REF!","v":{"$error":"#REF!"}}]
[" 6.3.9 ",5915321,"SICRO3","Transporte com caminhão basculante de 14 m³ - rodovia pavimentada","tkm",{"$f":"ROUND((SUM(I56:O56))*'DMT ADOTADAS '!$H$14,2)","v":6531.92},"Transporte com Caminhão => Peso(t)x DMT (Usina ao Trecho)",{"$f":"G56&$S$3&$U$3&\" \"&I56&$W$3&J56&$W$3&K56&$W$3&L56&$W$3&M56&$W$3&N56&$W$3&O56&$T$3&$V$3&'DMT ADOTADAS '!$H$14&$S$3&\" \"&F56","v":"Transporte com Caminhão => Peso(t)x DMT (Usina ao Trecho) = ( 29+314,15+119,87+42,76+33,95+4,28+4,43) x 11,91 =  6531,92"},{"$f":"ROUND(I55*0.05545,2)","v":29},{"$f":"ROUND(J55*0.05545,2)","v":314.14999999999998},119.87,42.76,33.950000000000003,4.28,4.43,{"$f":"ROUND((SUM(I56:O56))*'DMT ADOTADAS '!$H$14,2)","v":6531.92},0,{"$f":"#REF!","v":{"$error":"#REF!"}},null,null,null,{"$f":"F56-#REF!","v":{"$error":"#REF!"}}]
[" 7 ","  ",null,"DEMOLIÇÃO"]
[" 7.1 ","  ",null,"DEMOLIÇÃO PAVIMENTO"]
[" 7.1.1 ",97636,"SINAPI","DEMOLIÇÃO PARCIAL DE PAVIMENTO ASFÁLTICO, DE FORMA MECANIZADA, SEM REAPROVEITAMENTO. AF_09/2023","m²",{"$f":"SUM(I59:O59)","v":1952.16},"Área Total de Pavimentação para Demolição - AP010-020",{"$f":"G59&$S$3&$U$3&\" \"&I59&$W$3&J59&$W$3&K59&$W$3&L59&$W$3&M59&$W$3&N59&$W$3&O59&$T$3&$S$3&\" \"&F59","v":"Área Total de Pavimentação para Demolição - AP010-020 = ( 1952,16+0+0+0+0+0+0) =  1952,16"},{"$f":"ROUND((VLOOKUP(I$5,'Consolidado Pavimentação'!$A$15:$AK$23,10,0)),2)","v":1952.16},{"$f":"ROUND((VLOOKUP(J$5,'Consolidado Pavimentação'!$A$15:$AK$23,10,0)),2)","v":0},{"$f":"ROUND((VLOOKUP(K$5,'Consolidado Pavimentação'!$A$15:$AK$23,10,0)),2)","v":0},{"$f":"ROUND((VLOOKUP(L$5,'Consolidado Pavimentação'!$A$15:$AK$23,10,0)),2)","v":0},{"$f":"ROUND((VLOOKUP(M$5,'Consolidado Pavimentação'!$A$15:$AK$23,10,0)),2)","v":0},{"$f":"ROUND((VLOOKUP(N$5,'Consolidado Pavimentação'!$A$15:$AK$23,10,0)),2)","v":0},{"$f":"ROUND((VLOOKUP(O$5,'Consolidado Pavimentação'!$A$15:$AK$23,10,0)),2)","v":0},{"$f":"'Consolidado Pavimentação'!J23","v":1952.1599999999999},0,{"$f":"#REF!","v":{"$error":"#REF!"}},null,null,null,{"$f":"F59-#REF!","v":{"$error":"#REF!"}}]
[" 7.1.2 ",5915433,"SICRO3","Carga, manobra e descarga de material demolido em caminhão basculante de 6 m³ - carga manual e descarga livre","t",{"$f":"SUM(I60:O60)*0.05*2.5","v":244.02},"Carga Total (m³) = \n((Área de Demolição de Pavimento x 0,05 altura)) x Densidade (2,50 t/m³) \n",{"$f":"G60&$S$3&$U$3&\" \"&I60&$W$3&J60&$W$3&K60&$W$3&L60&$W$3&M60&$W$3&N60&$W$3&O60&$T$3&$V$3&0.05&$V$3&2.5&$S$3&\" \"&F60","v":"Carga Total (m³) = \n((Área de Demolição de Pavimento x 0,05 altura)) x Densidade (2,50 t/m³) \n = ( 1952,16+0+0+0+0+0+0) x 0,05 x 2,5 =  244,02"},{"$f":"I59","v":1952.16},{"$f":"J59","v":0},0,0,0,0,0,{"$f":"P59*0.05*2.5","v":244.02},0,{"$f":"#REF!","v":{"$error":"#REF!"}},null,null,null,{"$f":"F60-#REF!","v":{"$error":"#REF!"}}]
[" 7.1.3 ",5914344,"SICRO3","Transporte com caminhão basculante de 6 m³ - rodovia pavimentada","tkm",{"$f":"ROUND(SUM(I61:O61)*'DMT ADOTADAS '!$F$18,2)","v":7906.25},"Transporte com Caminhão = Carga total (T) x DMT (Trecho ao Bota fora)",{"$f":"G61&$S$3&$U$3&\" \"&I61&$W$3&J61&$W$3&K61&$W$3&L61&$W$3&M61&$W$3&N61&$W$3&O61&$T$3&$V$3&'DMT ADOTADAS '!F18&$S$3&\" \"&F61","v":"Transporte com Caminhão = Carga total (T) x DMT (Trecho ao Bota fora) = ( 244,02++0+0+0+0+0) x 32,4 =  7906,25"},{"$f":"I60*0.05*2.5","v":244.02},null,{"$f":"ROUND(K60*1.2*0.05*2.5,2)","v":0},0,0,0,0,{"$f":"ROUND(I61*'DMT ADOTADAS '!F18,2)","v":7906.25},0,{"$f":"#REF!","v":{"$error":"#REF!"}},null,null,null,{"$f":"F61-#REF!","v":{"$error":"#REF!"}}]
[" 7.1.4 "," RES - 01 ","Próprio","Resíduo Inerte -","T",{"$f":"ROUND(SUM(I62:O62)*2.5,2)","v":244.03},"Volume Total (m³) = \n(Carga total) x 2,50 t/m³",{"$f":"G62&$S$3&$U$3&\" \"&I62&$W$3&J62&$W$3&K62&$W$3&L62&$W$3&M62&$W$3&N62&$W$3&O62&$T$3&$V$3&2.5&$S$3&\" \"&F62","v":"Volume Total (m³) = \n(Carga total) x 2,50 t/m³ = ( 97,61++0+0+0+0+0) x 2,5 =  244,03"},{"$f":"ROUND(I60*0.05,2)","v":97.61},null,{"$f":"K61","v":0},0,0,0,0,{"$f":"ROUND(P59*0.05*2.5,2)","v":244.02},-9.9999999999909051E-3,{"$f":"#REF!","v":{"$error":"#REF!"}},null,null,null,{"$f":"F62-#REF!","v":{"$error":"#REF!"}}]
[" 7.2 ","  ",null,"DEMOLIÇÃO EDIFICAÇÃO",{"$nulls":12},0]
[" 7.2.1 ",1600896,"SICRO3","Demolição mecânica de alvenaria com escavadeira hidráulica","m²",{"$f":"SUM(I64:O64)","v":1778.4},"Área Total de edificação em alvenaria para Demolição (m²)",{"$f":"G64&$S$3&$U$3&\" \"&I64&$W$3&J64&$W$3&K64&$W$3&L64&$W$3&M64&$W$3&N64&$W$3&O64&$T$3&$S$3&\" \"&F64","v":"Área Total de edificação em alvenaria para Demolição (m²) = ( 0+1778,4+0+0+0+0+0) =  1778,4"},{"$f":"ROUND((VLOOKUP(I$5,'Consolidado Pavimentação'!$A$15:$AK$23,16,0)),2)","v":0},{"$f":"ROUND((VLOOKUP(J$5,'Consolidado Pavimentação'!$A$15:$AK$23,17,0)),2)","v":1778.4},{"$f":"ROUND((VLOOKUP(K$5,'Consolidado Pavimentação'!$A$15:$AK$23,16,0)),2)","v":0},{"$f":"ROUND((VLOOKUP(L$5,'Consolidado Pavimentação'!$A$15:$AK$23,16,0)),2)","v":0},{"$f":"ROUND((VLOOKUP(M$5,'Consolidado Pavimentação'!$A$15:$AK$23,16,0)),2)","v":0},{"$f":"ROUND((VLOOKUP(N$5,'Consolidado Pavimentação'!$A$15:$AK$23,16,0)),2)","v":0},{"$f":"ROUND((VLOOKUP(O$5,'Consolidado Pavimentação'!$A$15:$AK$23,16,0)),2)","v":0},{"$f":"'Consolidado Pavimentação'!Q23","v":1778.3999999999996},0,{"$f":"#REF!","v":{"$error":"#REF!"}},null,null,null,{"$f":"F64-#REF!","v":{"$error":"#REF!"}}]
[" 7.2.2 ",1600895,"SICRO3","Demolição manual de construções provisórias de madeira - sem reaproveitamento","m²",1336.52,"Área Total de edificação em madeira para Demolição (m²)","Área Total de edificação em madeira para Demolição (m²) = ( 0+1336,52+0+0+0+0+0) =  1336,52",{"$f":"ROUND((VLOOKUP(I$5,'Consolidado Pavimentação'!$A$15:$AK$23,16,0)),2)","v":0},{"$f":"ROUND((VLOOKUP(J$5,'Consolidado Pavimentação'!$A$15:$AK$23,18,0)),2)","v":1336.52},{"$f":"ROUND((VLOOKUP(K$5,'Consolidado Pavimentação'!$A$15:$AK$23,16,0)),2)","v":0},{"$f":"ROUND((VLOOKUP(L$5,'Consolidado Pavimentação'!$A$15:$AK$23,16,0)),2)","v":0},{"$f":"ROUND((VLOOKUP(M$5,'Consolidado Pavimentação'!$A$15:$AK$23,16,0)),2)","v":0},{"$f":"ROUND((VLOOKUP(N$5,'Consolidado Pavimentação'!$A$15:$AK$23,16,0)),2)","v":0},{"$f":"ROUND((VLOOKUP(O$5,'Consolidado Pavimentação'!$A$15:$AK$23,16,0)),2)","v":0},{"$f":"'Consolidado Pavimentação'!R23","v":1336.5200000000002},0,{"$f":"#REF!","v":{"$error":"#REF!"}},null,null,null,{"$f":"F65-#REF!","v":{"$error":"#REF!"}}]
[" 7.2.3 ",5915433,"SICRO3","Carga, manobra e descarga de material demolido em caminhão basculante de 6 m³ - carga manual e descarga livre","t",{"$f":"SUM(I66:O66)","v":4337.9799999999996},"Carga Total (m³) = \n((Área de Demolição de edificação x 1/3 da altura do pé direito para alvenariax Densidade  para alvenaria (1,5 t/m³) x((Área de Demolição de edificação x 1/5 para madeira  x Densidade  para madeira (0,75 t/m³)\n","Carga Total (m³) = \n((Área de Demolição de edificação x 1/3 da altura do pé direito para alvenariax Densidade  para alvenaria (1,5 t/m³) x((Área de Demolição de edificação x 1/5 para madeira  x Densidade  para madeira (0,75 t/m³)\n = ( 0+4337,98+0+0+0+0+0) =  4337,98",{"$f":"ROUND((VLOOKUP(I$5,'Consolidado Pavimentação'!$A$15:$AK$23,19,0))*1.5,2)+ROUND((VLOOKUP(I$5,'Consolidado Pavimentação'!$A$15:$AK$23,20,0))*1.15,2)","v":0},{"$f":"ROUND((VLOOKUP(J$5,'Consolidado Pavimentação'!$A$15:$AK$23,19,0))*1.5,2)+ROUND((VLOOKUP(J$5,'Consolidado Pavimentação'!$A$15:$AK$23,20,0))*0.75,2)","v":4337.9799999999996},{"$f":"ROUND((VLOOKUP(K$5,'Consolidado Pavimentação'!$A$15:$AK$23,19,0))*1.5,2)+ROUND((VLOOKUP(K$5,'Consolidado Pavimentação'!$A$15:$AK$23,20,0))*1.15,2)","v":0},{"$f":"ROUND((VLOOKUP(L$5,'Consolidado Pavimentação'!$A$15:$AK$23,19,0))*1.5,2)+ROUND((VLOOKUP(L$5,'Consolidado Pavimentação'!$A$15:$AK$23,20,0))*1.15,2)","v":0},{"$f":"ROUND((VLOOKUP(M$5,'Consolidado Pavimentação'!$A$15:$AK$23,19,0))*1.5,2)+ROUND((VLOOKUP(M$5,'Consolidado Pavimentação'!$A$15:$AK$23,20,0))*1.15,2)","v":0},{"$f":"ROUND((VLOOKUP(N$5,'Consolidado Pavimentação'!$A$15:$AK$23,19,0))*1.5,2)+ROUND((VLOOKUP(N$5,'Consolidado Pavimentação'!$A$15:$AK$23,20,0))*1.15,2)","v":0},{"$f":"ROUND((VLOOKUP(O$5,'Consolidado Pavimentação'!$A$15:$AK$23,19,0))*1.5,2)+ROUND((VLOOKUP(O$5,'Consolidado Pavimentação'!$A$15:$AK$23,20,0))*1.15,2)","v":0},{"$f":"'Consolidado Pavimentação'!S23*1.5+'Consolidado Pavimentação'!T23*0.75","v":4337.986249999999},6.2499999994543032E-3,{"$f":"#REF!","v":{"$error":"#REF!"}},null,null,null,{"$f":"F66-#REF!","v":{"$error":"#REF!"}}]
[" 7.2.4 ",5914344,"SICRO3","Transporte com caminhão basculante de 6 m³ - rodovia pavimentada","tkm",{"$f":"ROUND(SUM(I67:O67)*'DMT ADOTADAS '!$F$18,2)","v":140550.54999999999},"Transporte com Caminhão = Carga total/m³x (Densidade  para alvenaria (1,5 t/m³) e Densidade  para madeira (0,75 t/m³)x DMT (Trecho ao Bota fora)",{"$f":"G67&$S$3&$U$3&\" \"&I67&$W$3&J67&$W$3&K67&$W$3&L67&$W$3&M67&$W$3&N67&$W$3&O67&$T$3&$V$3&'DMT ADOTADAS '!F18&$S$3&\" \"&F67","v":"Transporte com Caminhão = Carga total/m³x (Densidade  para alvenaria (1,5 t/m³) e Densidade  para madeira (0,75 t/m³)x DMT (Trecho ao Bota fora) = ( 0+4337,98+0+0+0+0+0) x 32,4 =  140550,55"},{"$f":"ROUND((VLOOKUP(I$5,'Consolidado Pavimentação'!$A$15:$AK$23,19,0))*1.5*1.5,2)+ROUND((VLOOKUP(I$5,'Consolidado Pavimentação'!$A$15:$AK$23,20,0))*1.15*0.75,2)","v":0},{"$f":"ROUND((VLOOKUP(J$5,'Consolidado Pavimentação'!$A$15:$AK$23,19,0))*1.5,2)+ROUND((VLOOKUP(J$5,'Consolidado Pavimentação'!$A$15:$AK$23,20,0))*0.75,2)","v":4337.9799999999996},{"$f":"ROUND((VLOOKUP(K$5,'Consolidado Pavimentação'!$A$15:$AK$23,19,0))*1.5*1.5,2)+ROUND((VLOOKUP(K$5,'Consolidado Pavimentação'!$A$15:$AK$23,20,0))*1.15*0.75,2)","v":0},{"$f":"ROUND((VLOOKUP(L$5,'Consolidado Pavimentação'!$A$15:$AK$23,19,0))*1.5*1.5,2)+ROUND((VLOOKUP(L$5,'Consolidado Pavimentação'!$A$15:$AK$23,20,0))*1.15*0.75,2)","v":0},{"$f":"ROUND((VLOOKUP(M$5,'Consolidado Pavimentação'!$A$15:$AK$23,19,0))*1.5*1.5,2)+ROUND((VLOOKUP(M$5,'Consolidado Pavimentação'!$A$15:$AK$23,20,0))*1.15*0.75,2)","v":0},{"$f":"ROUND((VLOOKUP(N$5,'Consolidado Pavimentação'!$A$15:$AK$23,19,0))*1.5*1.5,2)+ROUND((VLOOKUP(N$5,'Consolidado Pavimentação'!$A$15:$AK$23,20,0))*1.15*0.75,2)","v":0},{"$f":"ROUND((VLOOKUP(O$5,'Consolidado Pavimentação'!$A$15:$AK$23,19,0))*1.5*1.5,2)+ROUND((VLOOKUP(O$5,'Consolidado Pavimentação'!$A$15:$AK$23,20,0))*1.15*0.75,2)","v":0},{"$f":"J67*32.4","v":140550.55199999997},1.9999999785795808E-3,{"$f":"#REF!","v":{"$error":"#REF!"}},null,null,null,{"$f":"F67-#REF!","v":{"$error":"#REF!"}}]
[" 7.2.5 "," RES - 01 ","Próprio","Resíduo Inerte -","T",4337.9799999999996,"Volume Total (m³) = \n(Carga total de Alvenaria) x 1,50 t/m³+(Carga total de Madeira) x 0,75 t/m³","Volume Total (m³) = \n(Carga total de Alvenaria) x 1,50 t/m³+(Carga total de Madeira) x 0,75 t/m³ = ( 0+4337,98+0+0+0+0+0) =  4337,98",{"$f":"ROUND((VLOOKUP(I$5,'Consolidado Pavimentação'!$A$15:$AK$23,19,0))*1.5*1.5,2)+ROUND((VLOOKUP(I$5,'Consolidado Pavimentação'!$A$15:$AK$23,20,0))*1.15*0.75,2)","v":0},{"$f":"ROUND((VLOOKUP(J$5,'Consolidado Pavimentação'!$A$15:$AK$23,19,0))*1.5,2)+ROUND((VLOOKUP(J$5,'Consolidado Pavimentação'!$A$15:$AK$23,20,0))*0.75,2)","v":4337.9799999999996},{"$f":"ROUND((VLOOKUP(K$5,'Consolidado Pavimentação'!$A$15:$AK$23,19,0))*1.5*1.5,2)+ROUND((VLOOKUP(K$5,'Consolidado Pavimentação'!$A$15:$AK$23,20,0))*1.15*0.75,2)","v":0},{"$f":"ROUND((VLOOKUP(L$5,'Consolidado Pavimentação'!$A$15:$AK$23,19,0))*1.5*1.5,2)+ROUND((VLOOKUP(L$5,'Consolidado Pavimentação'!$A$15:$AK$23,20,0))*1.15*0.75,2)","v":0},{"$f":"ROUND((VLOOKUP(M$5,'Consolidado Pavimentação'!$A$15:$AK$23,19,0))*1.5*1.5,2)+ROUND((VLOOKUP(M$5,'Consolidado Pavimentação'!$A$15:$AK$23,20,0))*1.15*0.75,2)","v":0},{"$f":"ROUND((VLOOKUP(N$5,'Consolidado Pavimentação'!$A$15:$AK$23,19,0))*1.5*1.5,2)+ROUND((VLOOKUP(N$5,'Consolidado Pavimentação'!$A$15:$AK$23,20,0))*1.15*0.75,2)","v":0},{"$f":"ROUND((VLOOKUP(O$5,'Consolidado Pavimentação'!$A$15:$AK$23,19,0))*1.5*1.5,2)+ROUND((VLOOKUP(O$5,'Consolidado Pavimentação'!$A$15:$AK$23,20,0))*1.15*0.75,2)","v":0},{"$f":"J68","v":4337.9799999999996},0,{"$f":"#REF!","v":{"$error":"#REF!"}},null,null,null,{"$f":"F68-#REF!","v":{"$error":"#REF!"}}]
[" 8 ","  ",null,"DRENAGEM SUPERFICIAL"]
[" 8.1 ",2003377,"SICRO3","Meio-fio de concreto - MFC 05 - areia e brita comerciais - fôrma de madeira","m",{"$f":"ROUND((SUM(I70:O70)),2)","v":1771.27},"Comprimento Total do Meio Fio - MFC-05(m) - Desconto de Comprimento EDA 02  (trecho 1 - 3,1m)",{"$f":"G70&$S$3&$U$3&\" \"&I70&$W$3&J70&$W$3&K70&$W$3&L70&$W$3&M70&$W$3&N70&$W$3&O70&$T$3&$S$3&\" \"&F70","v":"Comprimento Total do Meio Fio - MFC-05(m) - Desconto de Comprimento EDA 02  (trecho 1 - 3,1m) = ( 120+1078,38+432,41+40+100,48+0+0) =  1771,27"},{"$f":"ROUND(IFERROR(IF(VLOOKUP(I$5,'Consolidado Drenagem'!$A$15:$AE$21,2,0)=0,0,VLOOKUP(I$5,'Consolidado Drenagem'!$A$15:$AE$21,2,0)),0),2)","v":120},{"$f":"ROUND(IFERROR(IF(VLOOKUP(J$5,'Consolidado Drenagem'!$A$15:$AE$21,2,0)=0,0,VLOOKUP(J$5,'Consolidado Drenagem'!$A$15:$AE$21,2,0)),0),2)","v":1078.3800000000001},{"$f":"ROUND(IFERROR(IF(VLOOKUP(K$5,'Consolidado Drenagem'!$A$15:$AE$21,2,0)=0,0,VLOOKUP(K$5,'Consolidado Drenagem'!$A$15:$AE$21,2,0)),0),2)","v":432.41},{"$f":"ROUND(IFERROR(IF(VLOOKUP(L$5,'Consolidado Drenagem'!$A$15:$AE$21,2,0)=0,0,VLOOKUP(L$5,'Consolidado Drenagem'!$A$15:$AE$21,2,0)),0),2)","v":40},{"$f":"ROUND(IFERROR(IF(VLOOKUP(M$5,'Consolidado Drenagem'!$A$15:$AE$21,2,0)=0,0,VLOOKUP(M$5,'Consolidado Drenagem'!$A$15:$AE$21,2,0)),0),2)","v":100.48},{"$f":"ROUND(IFERROR(IF(VLOOKUP(N$5,'Consolidado Drenagem'!$A$15:$AE$21,2,0)=0,0,VLOOKUP(N$5,'Consolidado Drenagem'!$A$15:$AE$21,2,0)) - IF(VLOOKUP(N$5,'Consolidado Drenagem'!$A$15:$AE$21,3,0)=0,0,VLOOKUP(N$5,'Consolidado Drenagem'!$A$15:$AE$21,3,0)),0),2)","v":0},{"$f":"ROUND(IFERROR(IF(VLOOKUP(O$5,'Consolidado Drenagem'!$A$15:$AE$21,2,0)=0,0,VLOOKUP(O$5,'Consolidado Drenagem'!$A$15:$AE$21,2,0)) - IF(VLOOKUP(O$5,'Consolidado Drenagem'!$A$15:$AE$21,3,0)=0,0,VLOOKUP(O$5,'Consolidado Drenagem'!$A$15:$AE$21,3,0)),0),2)","v":0},{"$f":"'Consolidado Drenagem'!B21","v":1771.2599999999998},-1.0000000000218279E-2,{"$f":"#REF!","v":{"$error":"#REF!"}},null,null,null,{"$f":"F70-#REF!","v":{"$error":"#REF!"}}]
[" 8.2 ",4016096,"SICRO3","Escavação e carga de material de jazida com escavadeira hidráulica de 1,56 m³","m³",{"$f":"ROUND((SUM(I71:O71)),2)","v":265.69},"(Volume de Escavação Meio Fio MFC-05) x 0,3 x 0,5 =>",{"$f":"G71&$S$3&$U$3&\" \"&I71&$W$3&J71&$W$3&K71&$W$3&L71&$W$3&M71&$W$3&N71&$W$3&O71&$T$3&$S$3&\" \"&F71","v":"(Volume de Escavação Meio Fio MFC-05) x 0,3 x 0,5 => = ( 18+161,76+64,86+6+15,07+0+0) =  265,69"},{"$f":"ROUND(IFERROR(IF(VLOOKUP(I$5,'Consolidado Drenagem'!$A$15:$AE$21,4,0)=0,0,VLOOKUP(I$5,'Consolidado Drenagem'!$A$15:$AE$21,4,0)),0),2)","v":18},{"$f":"ROUND(IFERROR(IF(VLOOKUP(J$5,'Consolidado Drenagem'!$A$15:$AE$21,4,0)=0,0,VLOOKUP(J$5,'Consolidado Drenagem'!$A$15:$AE$21,4,0)),0),2)","v":161.76},{"$f":"ROUND(IFERROR(IF(VLOOKUP(K$5,'Consolidado Drenagem'!$A$15:$AE$21,4,0)=0,0,VLOOKUP(K$5,'Consolidado Drenagem'!$A$15:$AE$21,4,0)),0),2)","v":64.86},{"$f":"ROUND(IFERROR(IF(VLOOKUP(L$5,'Consolidado Drenagem'!$A$15:$AE$21,4,0)=0,0,VLOOKUP(L$5,'Consolidado Drenagem'!$A$15:$AE$21,4,0)),0),2)","v":6},{"$f":"ROUND(IFERROR(IF(VLOOKUP(M$5,'Consolidado Drenagem'!$A$15:$AE$21,4,0)=0,0,VLOOKUP(M$5,'Consolidado Drenagem'!$A$15:$AE$21,4,0)),0),2)","v":15.07},{"$f":"ROUND(IFERROR(IF(VLOOKUP(N$5,'Consolidado Drenagem'!$A$15:$AE$21,4,0)=0,0,VLOOKUP(N$5,'Consolidado Drenagem'!$A$15:$AE$21,4,0)),0),2)","v":0},{"$f":"ROUND(IFERROR(IF(VLOOKUP(O$5,'Consolidado Drenagem'!$A$15:$AE$21,4,0)=0,0,VLOOKUP(O$5,'Consolidado Drenagem'!$A$15:$AE$21,4,0)),0),2)","v":0},{"$f":"'Consolidado Drenagem'!D21","v":265.68899999999996},-1.0000000000331966E-3,{"$f":"#REF!","v":{"$error":"#REF!"}},null,null,null,{"$f":"F71-#REF!","v":{"$error":"#REF!"}}]
[" 8.3 ",5901638,"SICRO3","Transporte com caminhão basculante com caçamba estanque com capacidade de 14 m³ - rodovia em revestimento primário","tkm",{"$f":"ROUND(SUM(I72:O72)*1.3*'DMT ADOTADAS '!$J$14,2)","v":891.12},"Volume Total (m³)=(Volume de Compactação Meio Fio MFC-05) x (1,3 t/m³)  de Desnidade do solo X DMT",{"$f":"G72&$S$3&$U$3&\" \"&I72&$W$3&J72&$W$3&K72&$W$3&L72&$W$3&M72&$W$3&N72&$W$3&O72&$T$3&$V$3&1.3&$V$3&'DMT ADOTADAS '!J14&$S$3&\" \"&F72","v":"Volume Total (m³)=(Volume de Compactação Meio Fio MFC-05) x (1,3 t/m³)  de Desnidade do solo X DMT = ( 18+161,76+64,86+6+15,07+0+0) x 1,3 x 2,58 =  891,12"},{"$f":"I71","v":18},{"$f":"J71","v":161.76},{"$f":"K71","v":64.86},{"$f":"L71","v":6},{"$f":"M71","v":15.07},{"$f":"ROUND(IFERROR(IF(VLOOKUP(N$5,'Consolidado Drenagem'!$A$15:$AE$21,2,0)=0,0,VLOOKUP(N$5,'Consolidado Drenagem'!$A$15:$AE$21,2,0)) + IF(VLOOKUP(N$5,'Consolidado Drenagem'!$A$15:$AE$21,3,0)=0,0,VLOOKUP(N$5,'Consolidado Drenagem'!$A$15:$AE$21,3,0)),0),2)","v":0},{"$f":"O71","v":0},{"$f":"'Consolidado Drenagem'!D21*1.3*'DMT ADOTADAS '!$J$14","v":891.12090599999999},9.0599999998630665E-4,{"$f":"#REF!","v":{"$error":"#REF!"}},null,null,null,{"$f":"F72-#REF!","v":{"$error":"#REF!"}}]
[" 8.4 ",4805754,"SICRO3","Compactação manual com soquete vibratório","m³",{"$f":"ROUND((SUM(I73:O73)),2)","v":295.58999999999997},"Volume Total (m³)=(Volume de Compactação Meio Fio MFC-05) + Volume de Aterro Manual",{"$f":"G73&$S$3&$U$3&\" \"&I73&$W$3&J73&$W$3&K73&$W$3&L73&$W$3&M73&$W$3&N73&$W$3&O73&$T$3&$S$3&\" \"&F73","v":"Volume Total (m³)=(Volume de Compactação Meio Fio MFC-05) + Volume de Aterro Manual = ( 20,03+179,95+72,16+6,68+16,77+0+0) =  295,59"},{"$f":"ROUND(IFERROR(IF(VLOOKUP(I$5,'Consolidado Drenagem'!$A$15:$AE$21,4,0)=0,0,VLOOKUP(I$5,'Consolidado Drenagem'!$A$15:$AE$21,4,0)) + IF(VLOOKUP(I$5,'Consolidado Drenagem'!$A$15:$AE$21,5,0)=0,0,VLOOKUP(I$5,'Consolidado Drenagem'!$A$15:$AE$21,5,0)),0),2)","v":20.03},{"$f":"ROUND(IFERROR(IF(VLOOKUP(J$5,'Consolidado Drenagem'!$A$15:$AE$21,4,0)=0,0,VLOOKUP(J$5,'Consolidado Drenagem'!$A$15:$AE$21,4,0)) + IF(VLOOKUP(J$5,'Consolidado Drenagem'!$A$15:$AE$21,5,0)=0,0,VLOOKUP(J$5,'Consolidado Drenagem'!$A$15:$AE$21,5,0)),0),2)","v":179.95},{"$f":"ROUND(IFERROR(IF(VLOOKUP(K$5,'Consolidado Drenagem'!$A$15:$AE$21,4,0)=0,0,VLOOKUP(K$5,'Consolidado Drenagem'!$A$15:$AE$21,4,0)) + IF(VLOOKUP(K$5,'Consolidado Drenagem'!$A$15:$AE$21,5,0)=0,0,VLOOKUP(K$5,'Consolidado Drenagem'!$A$15:$AE$21,5,0)),0),2)","v":72.16},{"$f":"ROUND(IFERROR(IF(VLOOKUP(L$5,'Consolidado Drenagem'!$A$15:$AE$21,4,0)=0,0,VLOOKUP(L$5,'Consolidado Drenagem'!$A$15:$AE$21,4,0)) + IF(VLOOKUP(L$5,'Consolidado Drenagem'!$A$15:$AE$21,5,0)=0,0,VLOOKUP(L$5,'Consolidado Drenagem'!$A$15:$AE$21,5,0)),0),2)","v":6.68},{"$f":"ROUND(IFERROR(IF(VLOOKUP(M$5,'Consolidado Drenagem'!$A$15:$AE$21,4,0)=0,0,VLOOKUP(M$5,'Consolidado Drenagem'!$A$15:$AE$21,4,0)) + IF(VLOOKUP(M$5,'Consolidado Drenagem'!$A$15:$AE$21,5,0)=0,0,VLOOKUP(M$5,'Consolidado Drenagem'!$A$15:$AE$21,5,0)),0),2)","v":16.77},{"$f":"ROUND(IFERROR(IF(VLOOKUP(N$5,'Consolidado Drenagem'!$A$15:$AE$21,4,0)=0,0,VLOOKUP(N$5,'Consolidado Drenagem'!$A$15:$AE$21,4,0)) + IF(VLOOKUP(N$5,'Consolidado Drenagem'!$A$15:$AE$21,5,0)=0,0,VLOOKUP(N$5,'Consolidado Drenagem'!$A$15:$AE$21,5,0)),0),2)","v":0},{"$f":"ROUND(IFERROR(IF(VLOOKUP(O$5,'Consolidado Drenagem'!$A$15:$AE$21,4,0)=0,0,VLOOKUP(O$5,'Consolidado Drenagem'!$A$15:$AE$21,4,0)) + IF(VLOOKUP(O$5,'Consolidado Drenagem'!$A$15:$AE$21,5,0)=0,0,VLOOKUP(O$5,'Consolidado Drenagem'!$A$15:$AE$21,5,0)),0),2)","v":0},{"$f":"'Consolidado Drenagem'!D21+'Consolidado Drenagem'!E21","v":295.57901249999998},-1.0987499999998818E-2,{"$f":"#REF!","v":{"$error":"#REF!"}},null,null,null,{"$f":"F73-#REF!","v":{"$error":"#REF!"}}]
[" 8.5 ",2003177,"SICRO3","Dissipador de energia - DED 02 A - areia, brita e pedra de mão comerciais","un",23,"Quantidade DED 02 A (Und.)",{"$f":"G74&$S$3&$U$3&\" \"&I74&$W$3&J74&$W$3&K74&$W$3&L74&$W$3&M74&$W$3&N74&$W$3&O74&$T$3&$S$3&\" \"&F74","v":"Quantidade DED 02 A (Und.) = ( 1+16+4+1+1+0+0) =  23"},{"$f":"ROUND(IFERROR(IF(VLOOKUP(I$5,'Consolidado Drenagem'!$A$15:$AE$21,19,0)=0,0,VLOOKUP(I$5,'Consolidado Drenagem'!$A$15:$AE$21,19,0)),0),2)","v":1},{"$f":"ROUND(IFERROR(IF(VLOOKUP(J$5,'Consolidado Drenagem'!$A$15:$AE$21,19,0)=0,0,VLOOKUP(J$5,'Consolidado Drenagem'!$A$15:$AE$21,19,0)),0),2)","v":16},{"$f":"ROUND(IFERROR(IF(VLOOKUP(K$5,'Consolidado Drenagem'!$A$15:$AE$21,19,0)=0,0,VLOOKUP(K$5,'Consolidado Drenagem'!$A$15:$AE$21,19,0)),0),2)","v":4},{"$f":"ROUND(IFERROR(IF(VLOOKUP(L$5,'Consolidado Drenagem'!$A$15:$AE$21,19,0)=0,0,VLOOKUP(L$5,'Consolidado Drenagem'!$A$15:$AE$21,19,0)),0),2)","v":1},{"$f":"ROUND(IFERROR(IF(VLOOKUP(M$5,'Consolidado Drenagem'!$A$15:$AE$21,19,0)=0,0,VLOOKUP(M$5,'Consolidado Drenagem'!$A$15:$AE$21,19,0)),0),2)","v":1},{"$f":"ROUND(IFERROR(IF(VLOOKUP(N$5,'Consolidado Drenagem'!$A$15:$AE$21,19,0)=0,0,VLOOKUP(N$5,'Consolidado Drenagem'!$A$15:$AE$21,19,0)),0),2)","v":0},{"$f":"ROUND(IFERROR(IF(VLOOKUP(O$5,'Consolidado Drenagem'!$A$15:$AE$21,19,0)=0,0,VLOOKUP(O$5,'Consolidado Drenagem'!$A$15:$AE$21,19,0)),0),2)","v":0},{"$f":"'Consolidado Drenagem'!S21","v":23},0,{"$f":"#REF!","v":{"$error":"#REF!"}},null,null,null,{"$f":"F74-#REF!","v":{"$error":"#REF!"}}]
[" 8.6 ",2003115,"SICRO3","Entrada para descida d'água - EDA 01 B - areia e brita comerciais","un",13,"Quantidade EDA 01 B (Und.)","Quantidade EDA 01 B (Und.) = ( 0+8+4+0+1+0+0) =  13",{"$f":"ROUND(IFERROR(IF(VLOOKUP(I$5,'Consolidado Drenagem'!$A$15:$AE$21,20,0)=0,0,VLOOKUP(I$5,'Consolidado Drenagem'!$A$15:$AE$21,20,0)),0),2)","v":0},{"$f":"ROUND(IFERROR(IF(VLOOKUP(J$5,'Consolidado Drenagem'!$A$15:$AE$21,20,0)=0,0,VLOOKUP(J$5,'Consolidado Drenagem'!$A$15:$AE$21,20,0)),0),2)","v":8},{"$f":"ROUND(IFERROR(IF(VLOOKUP(K$5,'Consolidado Drenagem'!$A$15:$AE$21,20,0)=0,0,VLOOKUP(K$5,'Consolidado Drenagem'!$A$15:$AE$21,20,0)),0),2)","v":4},{"$f":"ROUND(IFERROR(IF(VLOOKUP(L$5,'Consolidado Drenagem'!$A$15:$AE$21,20,0)=0,0,VLOOKUP(L$5,'Consolidado Drenagem'!$A$15:$AE$21,20,0)),0),2)","v":0},{"$f":"ROUND(IFERROR(IF(VLOOKUP(M$5,'Consolidado Drenagem'!$A$15:$AE$21,20,0)=0,0,VLOOKUP(M$5,'Consolidado Drenagem'!$A$15:$AE$21,20,0)),0),2)","v":1},{"$f":"ROUND(IFERROR(IF(VLOOKUP(N$5,'Consolidado Drenagem'!$A$15:$AE$21,20,0)=0,0,VLOOKUP(N$5,'Consolidado Drenagem'!$A$15:$AE$21,20,0)),0),2)","v":0},{"$f":"ROUND(IFERROR(IF(VLOOKUP(O$5,'Consolidado Drenagem'!$A$15:$AE$21,20,0)=0,0,VLOOKUP(O$5,'Consolidado Drenagem'!$A$15:$AE$21,20,0)),0),2)","v":0},{"$f":"'Consolidado Drenagem'!T21","v":13},0,{"$f":"#REF!","v":{"$error":"#REF!"}},null,null,null,{"$f":"F75-#REF!","v":{"$error":"#REF!"}}]
[" 8.7 ",2003103,"SICRO3","Entrada para descida d'água - EDA 01 A - areia e brita comerciais","un",23,"Quantidade EDA 01 A (Und.)","Quantidade EDA 01 A (Und.) = ( 1+16+4+1+1+0+0) =  23",{"$f":"ROUND(IFERROR(IF(VLOOKUP(I$5,'Consolidado Drenagem'!$A$15:$AE$21,21,0)=0,0,VLOOKUP(I$5,'Consolidado Drenagem'!$A$15:$AE$21,21,0)),0),2)","v":1},{"$f":"ROUND(IFERROR(IF(VLOOKUP(J$5,'Consolidado Drenagem'!$A$15:$AE$21,21,0)=0,0,VLOOKUP(J$5,'Consolidado Drenagem'!$A$15:$AE$21,21,0)),0),2)","v":16},{"$f":"ROUND(IFERROR(IF(VLOOKUP(K$5,'Consolidado Drenagem'!$A$15:$AE$21,21,0)=0,0,VLOOKUP(K$5,'Consolidado Drenagem'!$A$15:$AE$21,21,0)),0),2)","v":4},{"$f":"ROUND(IFERROR(IF(VLOOKUP(L$5,'Consolidado Drenagem'!$A$15:$AE$21,21,0)=0,0,VLOOKUP(L$5,'Consolidado Drenagem'!$A$15:$AE$21,21,0)),0),2)","v":1},{"$f":"ROUND(IFERROR(IF(VLOOKUP(M$5,'Consolidado Drenagem'!$A$15:$AE$21,21,0)=0,0,VLOOKUP(M$5,'Consolidado Drenagem'!$A$15:$AE$21,21,0)),0),2)","v":1},{"$f":"ROUND(IFERROR(IF(VLOOKUP(N$5,'Consolidado Drenagem'!$A$15:$AE$21,21,0)=0,0,VLOOKUP(N$5,'Consolidado Drenagem'!$A$15:$AE$21,21,0)),0),2)","v":0},{"$f":"ROUND(IFERROR(IF(VLOOKUP(O$5,'Consolidado Drenagem'!$A$15:$AE$21,21,0)=0,0,VLOOKUP(O$5,'Consolidado Drenagem'!$A$15:$AE$21,21,0)),0),2)","v":0},{"$f":"'Consolidado Drenagem'!U21","v":23},0,{"$f":"#REF!","v":{"$error":"#REF!"}},null,null,null,{"$f":"F76-#REF!","v":{"$error":"#REF!"}}]
[" 8.8 ",2003455,"SICRO3","Dissipador de energia - DEB 240-316 - areia, brita e pedra de mão comerciais","un",2,"Quantidade DEB 240-316 (Und.)","Quantidade DEB 240-316 (Und.) = ( 0+1+1+0+0+0+0) =  2",{"$f":"ROUND(IFERROR(IF(VLOOKUP(I$5,'Consolidado Drenagem'!$A$15:$AE$21,22,0)=0,0,VLOOKUP(I$5,'Consolidado Drenagem'!$A$15:$AE$21,22,0)),0),2)","v":0},{"$f":"ROUND(IFERROR(IF(VLOOKUP(J$5,'Consolidado Drenagem'!$A$15:$AE$21,22,0)=0,0,VLOOKUP(J$5,'Consolidado Drenagem'!$A$15:$AE$21,22,0)),0),2)","v":1},{"$f":"ROUND(IFERROR(IF(VLOOKUP(K$5,'Consolidado Drenagem'!$A$15:$AE$21,22,0)=0,0,VLOOKUP(K$5,'Consolidado Drenagem'!$A$15:$AE$21,22,0)),0),2)","v":1},{"$f":"ROUND(IFERROR(IF(VLOOKUP(L$5,'Consolidado Drenagem'!$A$15:$AE$21,22,0)=0,0,VLOOKUP(L$5,'Consolidado Drenagem'!$A$15:$AE$21,22,0)),0),2)","v":0},{"$f":"ROUND(IFERROR(IF(VLOOKUP(M$5,'Consolidado Drenagem'!$A$15:$AE$21,22,0)=0,0,VLOOKUP(M$5,'Consolidado Drenagem'!$A$15:$AE$21,22,0)),0),2)","v":0},{"$f":"ROUND(IFERROR(IF(VLOOKUP(N$5,'Consolidado Drenagem'!$A$15:$AE$21,22,0)=0,0,VLOOKUP(N$5,'Consolidado Drenagem'!$A$15:$AE$21,22,0)),0),2)","v":0},{"$f":"ROUND(IFERROR(IF(VLOOKUP(O$5,'Consolidado Drenagem'!$A$15:$AE$21,22,0)=0,0,VLOOKUP(O$5,'Consolidado Drenagem'!$A$15:$AE$21,22,0)),0),2)","v":0},{"$f":"'Consolidado Drenagem'!V21","v":2},0,{"$f":"#REF!","v":{"$error":"#REF!"}},null,null,null,{"$f":"F77-#REF!","v":{"$error":"#REF!"}}]
[" 8.9 ",2003457,"SICRO3","Dissipador de energia - DEB 300-366 - areia, brita e pedra de mão comerciais","un",16,"Quantidade DEB 300-366 (Und.)","Quantidade DEB 300-366 (Und.) = ( 1+8+3+3+1+0+0) =  16",{"$f":"ROUND(IFERROR(IF(VLOOKUP(I$5,'Consolidado Drenagem'!$A$15:$AE$21,23,0)=0,0,VLOOKUP(I$5,'Consolidado Drenagem'!$A$15:$AE$21,23,0)),0),2)","v":1},{"$f":"ROUND(IFERROR(IF(VLOOKUP(J$5,'Consolidado Drenagem'!$A$15:$AE$21,23,0)=0,0,VLOOKUP(J$5,'Consolidado Drenagem'!$A$15:$AE$21,23,0)),0),2)","v":8},{"$f":"ROUND(IFERROR(IF(VLOOKUP(K$5,'Consolidado Drenagem'!$A$15:$AE$21,23,0)=0,0,VLOOKUP(K$5,'Consolidado Drenagem'!$A$15:$AE$21,23,0)),0),2)","v":3},{"$f":"ROUND(IFERROR(IF(VLOOKUP(L$5,'Consolidado Drenagem'!$A$15:$AE$21,23,0)=0,0,VLOOKUP(L$5,'Consolidado Drenagem'!$A$15:$AE$21,23,0)),0),2)","v":3},{"$f":"ROUND(IFERROR(IF(VLOOKUP(M$5,'Consolidado Drenagem'!$A$15:$AE$21,23,0)=0,0,VLOOKUP(M$5,'Consolidado Drenagem'!$A$15:$AE$21,23,0)),0),2)","v":1},{"$f":"ROUND(IFERROR(IF(VLOOKUP(N$5,'Consolidado Drenagem'!$A$15:$AE$21,23,0)=0,0,VLOOKUP(N$5,'Consolidado Drenagem'!$A$15:$AE$21,23,0)),0),2)","v":0},{"$f":"ROUND(IFERROR(IF(VLOOKUP(O$5,'Consolidado Drenagem'!$A$15:$AE$21,23,0)=0,0,VLOOKUP(O$5,'Consolidado Drenagem'!$A$15:$AE$21,23,0)),0),2)","v":0},{"$f":"'Consolidado Drenagem'!W21","v":16},0,{"$f":"#REF!","v":{"$error":"#REF!"}},null,null,null,{"$f":"F78-#REF!","v":{"$error":"#REF!"}}]
[" 8.10 ",2003463,"SICRO3","Dissipador de energia - DEB 300-511 - areia, brita e pedra de mão comerciais","un",3,"Quantidade DEB 300-511 (Und.)","Quantidade DEB 300-511 (Und.) = ( 0+3+0+0+0+0+0) =  3",{"$f":"ROUND(IFERROR(IF(VLOOKUP(I$5,'Consolidado Drenagem'!$A$15:$AE$21,24,0)=0,0,VLOOKUP(I$5,'Consolidado Drenagem'!$A$15:$AE$21,24,0)),0),2)","v":0},{"$f":"ROUND(IFERROR(IF(VLOOKUP(J$5,'Consolidado Drenagem'!$A$15:$AE$21,24,0)=0,0,VLOOKUP(J$5,'Consolidado Drenagem'!$A$15:$AE$21,24,0)),0),2)","v":3},{"$f":"ROUND(IFERROR(IF(VLOOKUP(K$5,'Consolidado Drenagem'!$A$15:$AE$21,24,0)=0,0,VLOOKUP(K$5,'Consolidado Drenagem'!$A$15:$AE$21,24,0)),0),2)","v":0},{"$f":"ROUND(IFERROR(IF(VLOOKUP(L$5,'Consolidado Drenagem'!$A$15:$AE$21,24,0)=0,0,VLOOKUP(L$5,'Consolidado Drenagem'!$A$15:$AE$21,24,0)),0),2)","v":0},{"$f":"ROUND(IFERROR(IF(VLOOKUP(M$5,'Consolidado Drenagem'!$A$15:$AE$21,24,0)=0,0,VLOOKUP(M$5,'Consolidado Drenagem'!$A$15:$AE$21,24,0)),0),2)","v":0},{"$f":"ROUND(IFERROR(IF(VLOOKUP(N$5,'Consolidado Drenagem'!$A$15:$AE$21,24,0)=0,0,VLOOKUP(N$5,'Consolidado Drenagem'!$A$15:$AE$21,24,0)),0),2)","v":0},{"$f":"ROUND(IFERROR(IF(VLOOKUP(O$5,'Consolidado Drenagem'!$A$15:$AE$21,24,0)=0,0,VLOOKUP(O$5,'Consolidado Drenagem'!$A$15:$AE$21,24,0)),0),2)","v":0},{"$f":"'Consolidado Drenagem'!X21","v":3},0,{"$f":"#REF!","v":{"$error":"#REF!"}},null,null,null,{"$f":"F79-#REF!","v":{"$error":"#REF!"}}]
[" 8.11 ",2003473,"SICRO3","Dissipador de energia - DEB 450-956 - areia, brita e pedra de mão comerciais","un",1,"Quantidade DEB 450-956 (Und.)","Quantidade DEB 450-956 (Und.) = ( 0+1+0+0+0+0+0) =  1",{"$f":"ROUND(IFERROR(IF(VLOOKUP(I$5,'Consolidado Drenagem'!$A$15:$AE$21,25,0)=0,0,VLOOKUP(I$5,'Consolidado Drenagem'!$A$15:$AE$21,25,0)),0),2)","v":0},{"$f":"ROUND(IFERROR(IF(VLOOKUP(J$5,'Consolidado Drenagem'!$A$15:$AE$21,25,0)=0,0,VLOOKUP(J$5,'Consolidado Drenagem'!$A$15:$AE$21,25,0)),0),2)","v":1},{"$f":"ROUND(IFERROR(IF(VLOOKUP(K$5,'Consolidado Drenagem'!$A$15:$AE$21,25,0)=0,0,VLOOKUP(K$5,'Consolidado Drenagem'!$A$15:$AE$21,25,0)),0),2)","v":0},{"$f":"ROUND(IFERROR(IF(VLOOKUP(L$5,'Consolidado Drenagem'!$A$15:$AE$21,25,0)=0,0,VLOOKUP(L$5,'Consolidado Drenagem'!$A$15:$AE$21,25,0)),0),2)","v":0},{"$f":"ROUND(IFERROR(IF(VLOOKUP(M$5,'Consolidado Drenagem'!$A$15:$AE$21,25,0)=0,0,VLOOKUP(M$5,'Consolidado Drenagem'!$A$15:$AE$21,25,0)),0),2)","v":0},{"$f":"ROUND(IFERROR(IF(VLOOKUP(N$5,'Consolidado Drenagem'!$A$15:$AE$21,25,0)=0,0,VLOOKUP(N$5,'Consolidado Drenagem'!$A$15:$AE$21,25,0)),0),2)","v":0},{"$f":"ROUND(IFERROR(IF(VLOOKUP(O$5,'Consolidado Drenagem'!$A$15:$AE$21,25,0)=0,0,VLOOKUP(O$5,'Consolidado Drenagem'!$A$15:$AE$21,25,0)),0),2)","v":0},{"$f":"'Consolidado Drenagem'!Y21","v":1},0,{"$f":"#REF!","v":{"$error":"#REF!"}},null,null,null,{"$f":"F80-#REF!","v":{"$error":"#REF!"}}]
[" 8.12 ",2003389,"SICRO3","Descida d'água de aterros tipo rápido - DAR 40-20 - areia e brita comerciais","m",91.61,"Comprimento DAR 40-20(m) ",{"$f":"G81&$S$3&$U$3&\" \"&I81&$W$3&J81&$W$3&K81&$W$3&L81&$W$3&M81&$W$3&N81&$W$3&O81&$T$3&$S$3&\" \"&F81","v":"Comprimento DAR 40-20(m)  = ( 2,13+58,9+22,57+3,45+4,56+0+0) =  91,61"},{"$f":"ROUND(IFERROR(IF(VLOOKUP(I$5,'Consolidado Drenagem'!$A$15:$AE$21,18,0)=0,0,VLOOKUP(I$5,'Consolidado Drenagem'!$A$15:$AE$21,18,0)),0),2)","v":2.13},{"$f":"ROUND(IFERROR(IF(VLOOKUP(J$5,'Consolidado Drenagem'!$A$15:$AE$21,18,0)=0,0,VLOOKUP(J$5,'Consolidado Drenagem'!$A$15:$AE$21,18,0)),0),2)","v":58.9},{"$f":"ROUND(IFERROR(IF(VLOOKUP(K$5,'Consolidado Drenagem'!$A$15:$AE$21,18,0)=0,0,VLOOKUP(K$5,'Consolidado Drenagem'!$A$15:$AE$21,18,0)),0),2)","v":22.57},{"$f":"ROUND(IFERROR(IF(VLOOKUP(L$5,'Consolidado Drenagem'!$A$15:$AE$21,18,0)=0,0,VLOOKUP(L$5,'Consolidado Drenagem'!$A$15:$AE$21,18,0)),0),2)","v":3.45},{"$f":"ROUND(IFERROR(IF(VLOOKUP(M$5,'Consolidado Drenagem'!$A$15:$AE$21,18,0)=0,0,VLOOKUP(M$5,'Consolidado Drenagem'!$A$15:$AE$21,18,0)),0),2)","v":4.5599999999999996},{"$f":"ROUND(IFERROR(IF(VLOOKUP(N$5,'Consolidado Drenagem'!$A$15:$AE$21,18,0)=0,0,VLOOKUP(N$5,'Consolidado Drenagem'!$A$15:$AE$21,18,0)),0),2)","v":0},{"$f":"ROUND(IFERROR(IF(VLOOKUP(O$5,'Consolidado Drenagem'!$A$15:$AE$21,18,0)=0,0,VLOOKUP(O$5,'Consolidado Drenagem'!$A$15:$AE$21,18,0)),0),2)","v":0},{"$f":"'Consolidado Drenagem'!R21","v":91.61},0,{"$f":"#REF!","v":{"$error":"#REF!"}},null,null,null,{"$f":"F81-#REF!","v":{"$error":"#REF!"}}]
[" 9 ","  ",null,"SINALIZAÇÃO",{"$nulls":12},0]
[" 9.1 ",5213417,"SICRO3","Placa em aço nº 16 galvanizado com película retrorrefletiva tipo I + III - confecção","m²",{"$f":"ROUND((SUM(I83:O83)),2)","v":91.93},"Área de placas\nPlaca Indicativa (UN x 1,0 x 0,5)+\nPlaca de Regulamentação (UN x (3,1416 x 0,5^2))+\nPlaca de Advertência (UN x 1,0 x 1,0)\nPlaca dê Preferência  ((√3/4)x 1,0²)\n",{"$f":"G83&$S$3&$U$3&\" \"&I83&$W$3&J83&$W$3&L83&$W$3&M83&$W$3&N83&$W$3&O83&$W$3&K83&$T$3&$S$3&\" \"&F83","v":"Área de placas\nPlaca Indicativa (UN x 1,0 x 0,5)+\nPlaca de Regulamentação (UN x (3,1416 x 0,5^2))+\nPlaca de Advertência (UN x 1,0 x 1,0)\nPlaca dê Preferência  ((√3/4)x 1,0²)\n = ( 4,14+52,93+10,5+2,07+3,57+3,57+15,15) =  91,93"},{"$f":"ROUND((((IFERROR(VLOOKUP(I$5,'Consolidado Sinalização'!$A$15:$AK$25,2,0),0)))*1*0.5)+(((IFERROR(VLOOKUP(I$5,'Consolidado Sinalização'!$A$15:$AK$25,3,0),0)))*(3.1416*(0.5^2)))+(((IFERROR(VLOOKUP(I$5,'Consolidado Sinalização'!$A$15:$AK$25,5,0),0)))*(1*1))+(((IFERROR(VLOOKUP(I$5,'Consolidado Sinalização'!$A$15:$AK$25,4,0),0)))*(SQRT(3)/4)*1^2),2)","v":4.1399999999999997},{"$f":"ROUND((((IFERROR(VLOOKUP(J$5,'Consolidado Sinalização'!$A$15:$AK$25,2,0),0)))*1*0.5)+(((IFERROR(VLOOKUP(J$5,'Consolidado Sinalização'!$A$15:$AK$25,3,0),0)))*(3.1416*(0.5^2)))+(((IFERROR(VLOOKUP(J$5,'Consolidado Sinalização'!$A$15:$AK$25,5,0),0)))*(1*1))+(((IFERROR(VLOOKUP(J$5,'Consolidado Sinalização'!$A$15:$AK$25,4,0),0)))*(SQRT(3)/4)*1^2),2)","v":52.93},{"$f":"ROUND((((IFERROR(VLOOKUP(K$5,'Consolidado Sinalização'!$A$15:$AK$25,2,0),0)))*1*0.5)+(((IFERROR(VLOOKUP(K$5,'Consolidado Sinalização'!$A$15:$AK$25,3,0),0)))*(3.1416*(0.5^2)))+(((IFERROR(VLOOKUP(K$5,'Consolidado Sinalização'!$A$15:$AK$25,5,0),0)))*(1*1))+(((IFERROR(VLOOKUP(K$5,'Consolidado Sinalização'!$A$15:$AK$25,4,0),0)))*(SQRT(3)/4)*1^2),2)","v":15.15},{"$f":"ROUND((((IFERROR(VLOOKUP(L$5,'Consolidado Sinalização'!$A$15:$AK$25,2,0),0)))*1*0.5)+(((IFERROR(VLOOKUP(L$5,'Consolidado Sinalização'!$A$15:$AK$25,3,0),0)))*(3.1416*(0.5^2)))+(((IFERROR(VLOOKUP(L$5,'Consolidado Sinalização'!$A$15:$AK$25,5,0),0)))*(1*1))+(((IFERROR(VLOOKUP(L$5,'Consolidado Sinalização'!$A$15:$AK$25,4,0),0)))*(SQRT(3)/4)*1^2),2)","v":10.5},{"$f":"ROUND((((IFERROR(VLOOKUP(M$5,'Consolidado Sinalização'!$A$15:$AK$25,2,0),0)))*1*0.5)+(((IFERROR(VLOOKUP(M$5,'Consolidado Sinalização'!$A$15:$AK$25,3,0),0)))*(3.1416*(0.5^2)))+(((IFERROR(VLOOKUP(M$5,'Consolidado Sinalização'!$A$15:$AK$25,5,0),0)))*(1*1))+(((IFERROR(VLOOKUP(M$5,'Consolidado Sinalização'!$A$15:$AK$25,4,0),0)))*(SQRT(3)/4)*1^2),2)","v":2.0699999999999998},{"$f":"ROUND((((IFERROR(VLOOKUP(N$5,'Consolidado Sinalização'!$A$15:$AK$25,2,0),0)))*1*0.5)+(((IFERROR(VLOOKUP(N$5,'Consolidado Sinalização'!$A$15:$AK$25,3,0),0)))*(3.1416*(0.5^2)))+(((IFERROR(VLOOKUP(N$5,'Consolidado Sinalização'!$A$15:$AK$25,5,0),0)))*(1*1))+(((IFERROR(VLOOKUP(N$5,'Consolidado Sinalização'!$A$15:$AK$25,4,0),0)))*(SQRT(3)/4)*1^2),2)","v":3.57},{"$f":"ROUND((((IFERROR(VLOOKUP(O$5,'Consolidado Sinalização'!$A$15:$AK$25,2,0),0)))*1*0.5)+(((IFERROR(VLOOKUP(O$5,'Consolidado Sinalização'!$A$15:$AK$25,3,0),0)))*(3.1416*(0.5^2)))+(((IFERROR(VLOOKUP(O$5,'Consolidado Sinalização'!$A$15:$AK$25,5,0),0)))*(1*1))+(((IFERROR(VLOOKUP(O$5,'Consolidado Sinalização'!$A$15:$AK$25,4,0),0)))*(SQRT(3)/4)*1^2),2)","v":3.57},{"$f":"('Consolidado Sinalização'!B23)*1*0.5+('Consolidado Sinalização'!C23*(3.1416*(0.5^2))+('Consolidado Sinalização'!E23)*1*1+('Consolidado Sinalização'!D23)*(SQRT((3))/4)*1^2)","v":91.943714317029972},1.3714317029965173E-2,{"$f":"#REF!","v":{"$error":"#REF!"}},null,null,null,{"$f":"F83-#REF!","v":{"$error":"#REF!"}}]
[" 9.2 ",5213351,"SICRO3","Suporte polimérico ecológico maciço colapsível D = 6,5 cm para placa de sinalização - fornecimento e implantação","un",{"$f":"ROUND((SUM(I84:O84)),2)","v":132},"Quantitativos das placas\nPlaca Indicativa (UN)+\nPlaca de Regulamentação (UN)+\nPlaca de Advertência (UN)+\nPlaca de Preferência (UN)\n\n",{"$f":"G84&$S$3&$U$3&\" \"&I84&$W$3&J84&$W$3&L84&$W$3&M84&$W$3&N84&$W$3&O84&$W$3&K84&$T$3&$S$3&\" \"&F84","v":"Quantitativos das placas\nPlaca Indicativa (UN)+\nPlaca de Regulamentação (UN)+\nPlaca de Advertência (UN)+\nPlaca de Preferência (UN)\n\n = ( 8+73+16+4+5+5+21) =  132"},{"$f":"ROUND((((IFERROR(VLOOKUP(I$5,'Consolidado Sinalização'!$A$15:$AK$25,2,0)*2,0))))+(((IFERROR(VLOOKUP(I$5,'Consolidado Sinalização'!$A$15:$AK$25,3,0),0))))+(((IFERROR(VLOOKUP(I$5,'Consolidado Sinalização'!$A$15:$AK$25,4,0),0))))+(((IFERROR(VLOOKUP(I$5,'Consolidado Sinalização'!$A$15:$AK$25,5,0),0)))),2)","v":8},{"$f":"ROUND((((IFERROR(VLOOKUP(J$5,'Consolidado Sinalização'!$A$15:$AK$25,2,0)*2,0))))+(((IFERROR(VLOOKUP(J$5,'Consolidado Sinalização'!$A$15:$AK$25,3,0),0))))+(((IFERROR(VLOOKUP(J$5,'Consolidado Sinalização'!$A$15:$AK$25,4,0),0))))+(((IFERROR(VLOOKUP(J$5,'Consolidado Sinalização'!$A$15:$AK$25,5,0),0)))),2)","v":73},{"$f":"ROUND((((IFERROR(VLOOKUP(K$5,'Consolidado Sinalização'!$A$15:$AK$25,2,0)*2,0))))+(((IFERROR(VLOOKUP(K$5,'Consolidado Sinalização'!$A$15:$AK$25,3,0),0))))+(((IFERROR(VLOOKUP(K$5,'Consolidado Sinalização'!$A$15:$AK$25,4,0),0))))+(((IFERROR(VLOOKUP(K$5,'Consolidado Sinalização'!$A$15:$AK$25,5,0),0)))),2)","v":21},{"$f":"ROUND((((IFERROR(VLOOKUP(L$5,'Consolidado Sinalização'!$A$15:$AK$25,2,0)*2,0))))+(((IFERROR(VLOOKUP(L$5,'Consolidado Sinalização'!$A$15:$AK$25,3,0),0))))+(((IFERROR(VLOOKUP(L$5,'Consolidado Sinalização'!$A$15:$AK$25,4,0),0))))+(((IFERROR(VLOOKUP(L$5,'Consolidado Sinalização'!$A$15:$AK$25,5,0),0)))),2)","v":16},{"$f":"ROUND((((IFERROR(VLOOKUP(M$5,'Consolidado Sinalização'!$A$15:$AK$25,2,0)*2,0))))+(((IFERROR(VLOOKUP(M$5,'Consolidado Sinalização'!$A$15:$AK$25,3,0),0))))+(((IFERROR(VLOOKUP(M$5,'Consolidado Sinalização'!$A$15:$AK$25,4,0),0))))+(((IFERROR(VLOOKUP(M$5,'Consolidado Sinalização'!$A$15:$AK$25,5,0),0)))),2)","v":4},{"$f":"ROUND((((IFERROR(VLOOKUP(N$5,'Consolidado Sinalização'!$A$15:$AK$25,2,0)*2,0))))+(((IFERROR(VLOOKUP(N$5,'Consolidado Sinalização'!$A$15:$AK$25,3,0),0))))+(((IFERROR(VLOOKUP(N$5,'Consolidado Sinalização'!$A$15:$AK$25,4,0),0))))+(((IFERROR(VLOOKUP(N$5,'Consolidado Sinalização'!$A$15:$AK$25,5,0),0)))),2)","v":5},{"$f":"ROUND((((IFERROR(VLOOKUP(O$5,'Consolidado Sinalização'!$A$15:$AK$25,2,0)*2,0))))+(((IFERROR(VLOOKUP(O$5,'Consolidado Sinalização'!$A$15:$AK$25,3,0),0))))+(((IFERROR(VLOOKUP(O$5,'Consolidado Sinalização'!$A$15:$AK$25,4,0),0))))+(((IFERROR(VLOOKUP(O$5,'Consolidado Sinalização'!$A$15:$AK$25,5,0),0)))),2)","v":5},{"$f":"'Consolidado Sinalização'!F23","v":132},0,{"$f":"#REF!","v":{"$error":"#REF!"}},null,null,null,{"$f":"F84-#REF!","v":{"$error":"#REF!"}}]
[" 9.3 ",5213403,"SICRO3","Pintura de faixa com tinta acrílica emulsionada em água - espessura de 0,5 mm","m²",{"$f":"ROUND((SUM(I85:O85)),2)","v":2512.36},"Área total de Pintura(m²) =\nLINHA SIMPLES   - Comprimento das linhas x 0,10 m +\nLINHA SIMPLES TRACEJADA 1/3 - Comprimento das linhas/3 x 0,10 m",{"$f":"G85&$S$3&$U$3&\" \"&I85&$W$3&J85&$W$3&L85&$W$3&M85&$W$3&N85&$W$3&O85&$W$3&K85&$T$3&$S$3&\" \"&F85","v":"Área total de Pintura(m²) =\nLINHA SIMPLES   - Comprimento das linhas x 0,10 m +\nLINHA SIMPLES TRACEJADA 1/3 - Comprimento das linhas/3 x 0,10 m = ( 44,55+1347,07+189,26+183,51+10,55+10,58+726,84) =  2512,36"},{"$f":"ROUND((((IFERROR((VLOOKUP(I$5,'Consolidado Sinalização'!$A$15:$AK$25,7,0)/3)*0.1,0))))+(((IFERROR(VLOOKUP(I$5,'Consolidado Sinalização'!$A$15:$AK$25,8,0)*0.1,0)))),2)","v":44.55},{"$f":"ROUND((((IFERROR((VLOOKUP(J$5,'Consolidado Sinalização'!$A$15:$AK$25,7,0)/3)*0.1,0))))+(((IFERROR(VLOOKUP(J$5,'Consolidado Sinalização'!$A$15:$AK$25,8,0)*0.1,0)))),2)","v":1347.07},{"$f":"ROUND((((IFERROR((VLOOKUP(K$5,'Consolidado Sinalização'!$A$15:$AK$25,7,0)/3)*0.1,0))))+(((IFERROR(VLOOKUP(K$5,'Consolidado Sinalização'!$A$15:$AK$25,8,0)*0.1,0)))),2)","v":726.84},{"$f":"ROUND((((IFERROR((VLOOKUP(L$5,'Consolidado Sinalização'!$A$15:$AK$25,7,0)/3)*0.1,0))))+(((IFERROR(VLOOKUP(L$5,'Consolidado Sinalização'!$A$15:$AK$25,8,0)*0.1,0)))),2)","v":189.26},{"$f":"ROUND((((IFERROR((VLOOKUP(M$5,'Consolidado Sinalização'!$A$15:$AK$25,7,0)/3)*0.1,0))))+(((IFERROR(VLOOKUP(M$5,'Consolidado Sinalização'!$A$15:$AK$25,8,0)*0.1,0)))),2)","v":183.51},{"$f":"ROUND((((IFERROR((VLOOKUP(N$5,'Consolidado Sinalização'!$A$15:$AK$25,7,0)/3)*0.1,0))))+(((IFERROR(VLOOKUP(N$5,'Consolidado Sinalização'!$A$15:$AK$25,8,0)*0.1,0)))),2)","v":10.55},{"$f":"ROUND((((IFERROR((VLOOKUP(O$5,'Consolidado Sinalização'!$A$15:$AK$25,7,0)/3)*0.1,0))))+(((IFERROR(VLOOKUP(O$5,'Consolidado Sinalização'!$A$15:$AK$25,8,0)*0.1,0)))),2)","v":10.58},{"$f":"('Consolidado Sinalização'!H23)*0.1+(('Consolidado Sinalização'!G23)/3)*0.1","v":2512.36},0,{"$f":"#REF!","v":{"$error":"#REF!"}},null,null,null,{"$f":"F85-#REF!","v":{"$error":"#REF!"}}]
[" 9.4 ",5213407,"SICRO3","Pintura de setas e zebrados com tinta acrílica emulsionada em água - espessura de 0,5 mm","m²",{"$f":"ROUND((SUM(I86:O86)),2)","v":392.2},"Área de setas e zebrados (m²) = ",{"$f":"G86&$S$3&$U$3&\" \"&I86&$W$3&J86&$W$3&L86&$W$3&M86&$W$3&N86&$W$3&O86&$W$3&K86&$T$3&$S$3&\" \"&F86","v":"Área de setas e zebrados (m²) =  = ( 0+132,12+0+114,6+0+0+145,48) =  392,2"},{"$f":"ROUND((((IFERROR(VLOOKUP(I$5,'Consolidado Sinalização'!$A$15:$AK$25,9,0),0)))),2)","v":0},{"$f":"ROUND((((IFERROR(VLOOKUP(J$5,'Consolidado Sinalização'!$A$15:$AK$25,9,0),0)))),2)","v":132.12},{"$f":"ROUND((((IFERROR(VLOOKUP(K$5,'Consolidado Sinalização'!$A$15:$AK$25,9,0),0)))),2)","v":145.47999999999999},{"$f":"ROUND((((IFERROR(VLOOKUP(L$5,'Consolidado Sinalização'!$A$15:$AK$25,9,0),0)))),2)","v":0},{"$f":"ROUND((((IFERROR(VLOOKUP(M$5,'Consolidado Sinalização'!$A$15:$AK$25,9,0),0)))),2)","v":114.6},{"$f":"ROUND((((IFERROR(VLOOKUP(N$5,'Consolidado Sinalização'!$A$15:$AK$25,9,0),0)))),2)","v":0},{"$f":"ROUND((((IFERROR(VLOOKUP(O$5,'Consolidado Sinalização'!$A$15:$AK$25,9,0),0)))),2)","v":0},{"$f":"'Consolidado Sinalização'!I23","v":392.19600000000003},-3.999999999962256E-3,{"$f":"#REF!","v":{"$error":"#REF!"}},null,null,null,{"$f":"F86-#REF!","v":{"$error":"#REF!"}}]
[" 10 ","  ",null,"ILUMINAÇÃO DO RAMAL DA TOTÓIA",{"$nulls":12},0]
[" 10.1 ","  ",null,"REALOÇÃO DOS POSTES"]
[" 10.1.1 ",22969,"SBC","REMOCAO POSTE CONCRETO ENGAT.CONC.10A13M C/E S/REAPROVEIT.","UN",{"$f":"ROUND((SUM(I89:O89)),2)","v":20},"Quant. de Poste a serem removidos (Und) = ",{"$f":"G89&$S$3&$U$3&\" \"&I89&$W$3&J89&$W$3&L89&$W$3&M89&$W$3&N89&$W$3&O89&$W$3&K89&$T$3&$S$3&\" \"&F89","v":"Quant. de Poste a serem removidos (Und) =  = ( +20+0+0+0+0+0) =  20"},null,20,{"$f":"ROUND((VLOOKUP(K$5,'Consolidado Pavimentação'!$A$15:$AK$23,16,0)),2)","v":0},{"$f":"ROUND((VLOOKUP(L$5,'Consolidado Pavimentação'!$A$15:$AK$23,16,0)),2)","v":0},{"$f":"ROUND((VLOOKUP(M$5,'Consolidado Pavimentação'!$A$15:$AK$23,16,0)),2)","v":0},{"$f":"ROUND((VLOOKUP(N$5,'Consolidado Pavimentação'!$A$15:$AK$23,16,0)),2)","v":0},{"$f":"ROUND((VLOOKUP(O$5,'Consolidado Pavimentação'!$A$15:$AK$23,16,0)),2)","v":0}]
[" 10.1.2 ",100585,"SINAPI","ASSENTAMENTO DE POSTE DE CONCRETO COM COMPRIMENTO NOMINAL DE 12 M, CARGA NOMINAL MENOR OU IGUAL A 1000 DAN, ENGASTAMENTO SIMPLES COM 1,8 M DE SOLO (NÃO INCLUI FORNECIMENTO). AF_04/2025","UN",{"$f":"ROUND((SUM(I90:O90)),2)","v":20},"Quant. De de Assentamento de Poste  substítuidos (Und) = ",{"$f":"G90&$S$3&$U$3&\" \"&I90&$W$3&J90&$W$3&L90&$W$3&M90&$W$3&N90&$W$3&O90&$W$3&K90&$T$3&$S$3&\" \"&F90","v":"Quant. De de Assentamento de Poste  substítuidos (Und) =  = ( +20+0+0+0+0+0) =  20"},null,{"$f":"J89","v":20},{"$f":"ROUND((VLOOKUP(K$5,'Consolidado Pavimentação'!$A$15:$AK$23,16,0)),2)","v":0},{"$f":"ROUND((VLOOKUP(L$5,'Consolidado Pavimentação'!$A$15:$AK$23,16,0)),2)","v":0},{"$f":"ROUND((VLOOKUP(M$5,'Consolidado Pavimentação'!$A$15:$AK$23,16,0)),2)","v":0},{"$f":"ROUND((VLOOKUP(N$5,'Consolidado Pavimentação'!$A$15:$AK$23,16,0)),2)","v":0},{"$f":"ROUND((VLOOKUP(O$5,'Consolidado Pavimentação'!$A$15:$AK$23,16,0)),2)","v":0}]
[" 10.1.3 ",41215,"SINAPI","POSTE DE CONCRETO ARMADO DE SECAO DUPLO T, EXTENSAO DE 13,00 M, RESISTENCIA DE 600 DAN, TIPO B","UN",{"$f":"ROUND((SUM(I91:O91)),2)","v":20},"Quant. de Poste  substítuidos (Und) = ",{"$f":"G91&$S$3&$U$3&\" \"&I91&$W$3&J91&$W$3&L91&$W$3&M91&$W$3&N91&$W$3&O91&$W$3&K91&$T$3&$S$3&\" \"&F91","v":"Quant. de Poste  substítuidos (Und) =  = ( +20+0+0+0+0+0) =  20"},null,{"$f":"J90","v":20},{"$f":"ROUND((VLOOKUP(K$5,'Consolidado Pavimentação'!$A$15:$AK$23,16,0)),2)","v":0},{"$f":"ROUND((VLOOKUP(L$5,'Consolidado Pavimentação'!$A$15:$AK$23,16,0)),2)","v":0},{"$f":"ROUND((VLOOKUP(M$5,'Consolidado Pavimentação'!$A$15:$AK$23,16,0)),2)","v":0},{"$f":"ROUND((VLOOKUP(N$5,'Consolidado Pavimentação'!$A$15:$AK$23,16,0)),2)","v":0},{"$f":"ROUND((VLOOKUP(O$5,'Consolidado Pavimentação'!$A$15:$AK$23,16,0)),2)","v":0}]
[" 10.1.4 ",5915014,"SICRO3","Transporte com caminhão carroceria com capacidade de 11,5 t e com guindauto com capacidade de elevação de 11,9 t - rodovia pavimentada","tkm",{"$f":"ROUND((SUM(I92:O92)*'DMT ADOTADAS '!$F$14),2)","v":963.2},"Transporte com Caminhão = Carga total/T( Quant. poste de 13m x 1,6 t/und)x DMT  (comércio para Obra)",{"$f":"G92&$S$3&$U$3&\" \"&I92&$W$3&J92&$W$3&K92&$W$3&L92&$W$3&M92&$W$3&N92&$W$3&O92&$T$3&$V$3&'DMT ADOTADAS '!$F$14&$S$3&\" \"&F92","v":"Transporte com Caminhão = Carga total/T( Quant. poste de 13m x 1,6 t/und)x DMT  (comércio para Obra) = ( 0+32+0+0+0+0+0) x 30,1 =  963,2"},0,{"$f":"ROUND(J89*1.6,2)","v":32},0,0,0,{"$f":"ROUND((((IFERROR(VLOOKUP(N$5,'Consolidado Sinalização'!$A$15:$AK$25,9,0)*0.4,0)))),2)","v":0},{"$f":"ROUND((((IFERROR(VLOOKUP(O$5,'Consolidado Sinalização'!$A$15:$AK$25,9,0)*0.4,0)))),2)","v":0}]
[" 10.1.5 ",5915014,"SICRO3","Transporte com caminhão carroceria com capacidade de 11,5 t e com guindauto com capacidade de elevação de 11,9 t - rodovia pavimentada","tkm",{"$f":"ROUND((SUM(I93:O93)*'DMT ADOTADAS '!$F$18),2)","v":1036.8},"Transporte com Caminhão = Carga total/T( Quant. poste de 13m x 1,6 t/und)x DMT (para ",{"$f":"G93&$S$3&$U$3&\" \"&I93&$W$3&J93&$W$3&K93&$W$3&L93&$W$3&M93&$W$3&N93&$W$3&O93&$T$3&$V$3&'DMT ADOTADAS '!$F$18&$S$3&\" \"&F93","v":"Transporte com Caminhão = Carga total/T( Quant. poste de 13m x 1,6 t/und)x DMT (para  = ( 0+32+0+0+0+0+0) x 32,4 =  1036,8"},0,{"$f":"ROUND(J90*1.6,2)","v":32},{"$f":"ROUND((VLOOKUP(K$5,'Consolidado Pavimentação'!$A$15:$AK$23,16,0)),2)","v":0},{"$f":"ROUND((VLOOKUP(L$5,'Consolidado Pavimentação'!$A$15:$AK$23,16,0)),2)","v":0},{"$f":"ROUND((VLOOKUP(M$5,'Consolidado Pavimentação'!$A$15:$AK$23,16,0)),2)","v":0},{"$f":"ROUND((VLOOKUP(N$5,'Consolidado Pavimentação'!$A$15:$AK$23,16,0)),2)","v":0},{"$f":"ROUND((VLOOKUP(O$5,'Consolidado Pavimentação'!$A$15:$AK$23,16,0)),2)","v":0}]
[" 10.1.6 "," RES - 01 ","Próprio","Resíduo Inerte -","T",{"$f":"ROUND((SUM(I94:O94)),2)","v":32},"Volume Total (t) = (Quant. de Poste  substítuidos (Und)) x 1,60 t/unid. (obra para ","Volume Total (m³) = \n(Carga total de Alvenaria) x 1,50 t/m³+(Carga total de Madeira) x 0,75 t/m³ = ( 0+4337,98+0+0+0+0+0) =  4337,98",0,{"$f":"ROUND(J91*1.6,2)","v":32},{"$f":"ROUND((VLOOKUP(K$5,'Consolidado Pavimentação'!$A$15:$AK$23,16,0)),2)","v":0},{"$f":"ROUND((VLOOKUP(L$5,'Consolidado Pavimentação'!$A$15:$AK$23,16,0)),2)","v":0},{"$f":"ROUND((VLOOKUP(M$5,'Consolidado Pavimentação'!$A$15:$AK$23,16,0)),2)","v":0},{"$f":"ROUND((VLOOKUP(N$5,'Consolidado Pavimentação'!$A$15:$AK$23,16,0)),2)","v":0},{"$f":"ROUND((VLOOKUP(O$5,'Consolidado Pavimentação'!$A$15:$AK$23,16,0)),2)","v":0}]
[" 10.2 ","  ",null,"SUBESTAÇÃO",{"$nulls":12},{"$f":"P95-F95","v":0}]
[" 10.2.1 ",101553,"SINAPI","ALÇA PREFORMADA DE DISTRIBUIÇÃO, EM AÇO GALVANIZADO, AWG 1 - FORNECIMENTO E INSTALAÇÃO. AF_07/2020","UN",{"$f":"ROUND((SUM(I96:O96)),2)","v":2},"Quant. de materiais para subestação (Und) = ",{"$f":"G96&$S$3&$U$3&\" \"&I96&$W$3&J96&$W$3&L96&$W$3&M96&$W$3&N96&$W$3&O96&$W$3&K96&$T$3&$S$3&\" \"&F96","v":"Quant. de materiais para subestação (Und) =  = ( 0+2+0+0+0+0+0) =  2"},{"$f":"ROUND((((IFERROR(VLOOKUP(I$5,'Consolidado Sinalização'!$A$15:$AK$25,9,0)*0.4,0)))),2)","v":0},{"$f":"IFERROR(VLOOKUP(A96,'BASE DE DADOS ILUMINAÇÃO'!$A$2:$E$103,5,0),0)","v":2},0,0,0,{"$f":"ROUND((((IFERROR(VLOOKUP(N$5,'Consolidado Sinalização'!$A$15:$AK$25,9,0)*0.4,0)))),2)","v":0},{"$f":"ROUND((((IFERROR(VLOOKUP(O$5,'Consolidado Sinalização'!$A$15:$AK$25,9,0)*0.4,0)))),2)","v":0},{"$f":"'BASE DE DADOS ILUMINAÇÃO'!E3","v":2},0,{"$f":"#REF!","v":{"$error":"#REF!"}},null,null,null,{"$f":"F96-#REF!","v":{"$error":"#REF!"}}]
[" 10.2.2 ",78564,"SBC","ISOLADOR EM PORCELANA, TIPO PILAR, PARA TENSAO 15 KV GERMER","UN",2,"Quant. de materiais para subestação (Und) = ","Quant. de materiais para subestação (Und) =  = ( 0+2+0+0+0+0+0) =  2",{"$f":"ROUND((((IFERROR(VLOOKUP(I$5,'Consolidado Sinalização'!$A$15:$AK$25,9,0)*0.4,0)))),2)","v":0},{"$f":"IFERROR(VLOOKUP(A97,'BASE DE DADOS ILUMINAÇÃO'!$A$2:$E$103,5,0),0)","v":2},0,0,0,{"$f":"ROUND((((IFERROR(VLOOKUP(N$5,'Consolidado Sinalização'!$A$15:$AK$25,9,0)*0.4,0)))),2)","v":0},{"$f":"ROUND((((IFERROR(VLOOKUP(O$5,'Consolidado Sinalização'!$A$15:$AK$25,9,0)*0.4,0)))),2)","v":0},{"$f":"'BASE DE DADOS ILUMINAÇÃO'!E4","v":2},0,{"$f":"#REF!","v":{"$error":"#REF!"}},null,null,null,{"$f":"F97-#REF!","v":{"$error":"#REF!"}}]
[" 10.2.3 ",444,"SINAPI","PINO ROSCA EXTERNA, EM ACO GALVANIZADO, PARA ISOLADOR DE 15KV, DIAMETRO 25 MM, COMPRIMENTO *290* MM","UN",2,"Quant. de materiais para subestação (Und) = ","Quant. de materiais para subestação (Und) =  = ( 0+2+0+0+0+0+0) =  2",{"$f":"ROUND((((IFERROR(VLOOKUP(I$5,'Consolidado Sinalização'!$A$15:$AK$25,9,0)*0.4,0)))),2)","v":0},{"$f":"IFERROR(VLOOKUP(A98,'BASE DE DADOS ILUMINAÇÃO'!$A$2:$E$103,5,0),0)","v":2},0,0,0,{"$f":"ROUND((((IFERROR(VLOOKUP(N$5,'Consolidado Sinalização'!$A$15:$AK$25,9,0)*0.4,0)))),2)","v":0},{"$f":"ROUND((((IFERROR(VLOOKUP(O$5,'Consolidado Sinalização'!$A$15:$AK$25,9,0)*0.4,0)))),2)","v":0},{"$f":"'BASE DE DADOS ILUMINAÇÃO'!E5","v":2},0,{"$f":"#REF!","v":{"$error":"#REF!"}},null,null,null,{"$f":"F98-#REF!","v":{"$error":"#REF!"}}]
[" 10.2.4 ",78630,"SBC","CRUZETA POLIMERICA 90x112,5x2400mm","UN",2,"Quant. de materiais para subestação (Und) = ","Quant. de materiais para subestação (Und) =  = ( 0+2+0+0+0+0+0) =  2",{"$f":"ROUND((((IFERROR(VLOOKUP(I$5,'Consolidado Sinalização'!$A$15:$AK$25,9,0)*0.4,0)))),2)","v":0},{"$f":"IFERROR(VLOOKUP(A99,'BASE DE DADOS ILUMINAÇÃO'!$A$2:$E$103,5,0),0)","v":2},0,0,0,{"$f":"ROUND((((IFERROR(VLOOKUP(N$5,'Consolidado Sinalização'!$A$15:$AK$25,9,0)*0.4,0)))),2)","v":0},{"$f":"ROUND((((IFERROR(VLOOKUP(O$5,'Consolidado Sinalização'!$A$15:$AK$25,9,0)*0.4,0)))),2)","v":0},{"$f":"'BASE DE DADOS ILUMINAÇÃO'!E6","v":2},0,{"$f":"#REF!","v":{"$error":"#REF!"}},null,null,null,{"$f":"F99-#REF!","v":{"$error":"#REF!"}}]
[" 10.2.5 ",433,"SINAPI","PARAFUSO M16 EM ACO GALVANIZADO, COMPRIMENTO = 350 MM, DIAMETRO = 16 MM, ROSCA MAQUINA, CABECA QUADRADA","UN",4,"Quant. de materiais para subestação (Und) = ","Quant. de materiais para subestação (Und) =  = ( 0+4+0+0+0+0+0) =  4",{"$f":"ROUND((((IFERROR(VLOOKUP(I$5,'Consolidado Sinalização'!$A$15:$AK$25,9,0)*0.4,0)))),2)","v":0},{"$f":"IFERROR(VLOOKUP(A100,'BASE DE DADOS ILUMINAÇÃO'!$A$2:$E$103,5,0),0)","v":4},0,0,0,{"$f":"ROUND((((IFERROR(VLOOKUP(N$5,'Consolidado Sinalização'!$A$15:$AK$25,9,0)*0.4,0)))),2)","v":0},{"$f":"ROUND((((IFERROR(VLOOKUP(O$5,'Consolidado Sinalização'!$A$15:$AK$25,9,0)*0.4,0)))),2)","v":0},{"$f":"'BASE DE DADOS ILUMINAÇÃO'!E7","v":4},0,{"$f":"#REF!","v":{"$error":"#REF!"}},null,null,null,{"$f":"F100-#REF!","v":{"$error":"#REF!"}}]
[" 10.2.6 ",47762,"SBC","SELA EM ACO GALVANIZADO PARA CRUZETA","UN",2,"Quant. de materiais para subestação (Und) = ","Quant. de materiais para subestação (Und) =  = ( 0+2+0+0+0+0+0) =  2",{"$f":"ROUND((((IFERROR(VLOOKUP(I$5,'Consolidado Sinalização'!$A$15:$AK$25,9,0)*0.4,0)))),2)","v":0},{"$f":"IFERROR(VLOOKUP(A101,'BASE DE DADOS ILUMINAÇÃO'!$A$2:$E$103,5,0),0)","v":2},0,0,0,{"$f":"ROUND((((IFERROR(VLOOKUP(N$5,'Consolidado Sinalização'!$A$15:$AK$25,9,0)*0.4,0)))),2)","v":0},{"$f":"ROUND((((IFERROR(VLOOKUP(O$5,'Consolidado Sinalização'!$A$15:$AK$25,9,0)*0.4,0)))),2)","v":0},{"$f":"'BASE DE DADOS ILUMINAÇÃO'!E8","v":2},0,{"$f":"#REF!","v":{"$error":"#REF!"}},null,null,null,{"$f":"F101-#REF!","v":{"$error":"#REF!"}}]
[" 10.2.7 ",436,"SINAPI","PARAFUSO FRANCES M16 EM ACO GALVANIZADO, COMPRIMENTO = 150 MM, DIAMETRO = 16 MM, CABECA ABAULADA","UN",10,"Quant. de materiais para subestação (Und) = ","Quant. de materiais para subestação (Und) =  = ( 0+10+0+0+0+0+0) =  10",{"$f":"ROUND((((IFERROR(VLOOKUP(I$5,'Consolidado Sinalização'!$A$15:$AK$25,9,0)*0.4,0)))),2)","v":0},{"$f":"IFERROR(VLOOKUP(A102,'BASE DE DADOS ILUMINAÇÃO'!$A$2:$E$103,5,0),0)","v":10},0,0,0,{"$f":"ROUND((((IFERROR(VLOOKUP(N$5,'Consolidado Sinalização'!$A$15:$AK$25,9,0)*0.4,0)))),2)","v":0},{"$f":"ROUND((((IFERROR(VLOOKUP(O$5,'Consolidado Sinalização'!$A$15:$AK$25,9,0)*0.4,0)))),2)","v":0},{"$f":"'BASE DE DADOS ILUMINAÇÃO'!E9","v":10},0,{"$f":"#REF!","v":{"$error":"#REF!"}},null,null,null,{"$f":"F102-#REF!","v":{"$error":"#REF!"}}]
[" 10.2.8 ",379,"SINAPI","ARRUELA QUADRADA EM ACO GALVANIZADO, DIMENSAO = 38 MM, ESPESSURA = 3MM, DIAMETRO DO FURO= 18 MM","UN",30,"Quant. de materiais para subestação (Und) = ","Quant. de materiais para subestação (Und) =  = ( 0+30+0+0+0+0+0) =  30",{"$f":"ROUND((((IFERROR(VLOOKUP(I$5,'Consolidado Sinalização'!$A$15:$AK$25,9,0)*0.4,0)))),2)","v":0},{"$f":"IFERROR(VLOOKUP(A103,'BASE DE DADOS ILUMINAÇÃO'!$A$2:$E$103,5,0),0)","v":30},0,0,0,{"$f":"ROUND((((IFERROR(VLOOKUP(N$5,'Consolidado Sinalização'!$A$15:$AK$25,9,0)*0.4,0)))),2)","v":0},{"$f":"ROUND((((IFERROR(VLOOKUP(O$5,'Consolidado Sinalização'!$A$15:$AK$25,9,0)*0.4,0)))),2)","v":0},{"$f":"'BASE DE DADOS ILUMINAÇÃO'!E10","v":30},0,{"$f":"#REF!","v":{"$error":"#REF!"}},null,null,null,{"$f":"F103-#REF!","v":{"$error":"#REF!"}}]
[" 10.2.9 ",1592,"ORSE","Mão francesa plana  619mm","un",4,"Quant. de materiais para subestação (Und) = ","Quant. de materiais para subestação (Und) =  = ( 0+4+0+0+0+0+0) =  4",{"$f":"ROUND((((IFERROR(VLOOKUP(I$5,'Consolidado Sinalização'!$A$15:$AK$25,9,0)*0.4,0)))),2)","v":0},{"$f":"IFERROR(VLOOKUP(A104,'BASE DE DADOS ILUMINAÇÃO'!$A$2:$E$103,5,0),0)","v":4},0,0,0,{"$f":"ROUND((((IFERROR(VLOOKUP(N$5,'Consolidado Sinalização'!$A$15:$AK$25,9,0)*0.4,0)))),2)","v":0},{"$f":"ROUND((((IFERROR(VLOOKUP(O$5,'Consolidado Sinalização'!$A$15:$AK$25,9,0)*0.4,0)))),2)","v":0},{"$f":"'BASE DE DADOS ILUMINAÇÃO'!E11","v":4},0,{"$f":"#REF!","v":{"$error":"#REF!"}},null,null,null,{"$f":"F104-#REF!","v":{"$error":"#REF!"}}]
[" 10.2.10 ",430,"SINAPI","PARAFUSO M16 EM ACO GALVANIZADO, COMPRIMENTO = 125 MM, DIAMETRO = 16 MM, ROSCA MAQUINA, CABECA QUADRADA","UN",4,"Quant. de materiais para subestação (Und) = ","Quant. de materiais para subestação (Und) =  = ( 0+4+0+0+0+0+0) =  4",{"$f":"ROUND((((IFERROR(VLOOKUP(I$5,'Consolidado Sinalização'!$A$15:$AK$25,9,0)*0.4,0)))),2)","v":0},{"$f":"IFERROR(VLOOKUP(A105,'BASE DE DADOS ILUMINAÇÃO'!$A$2:$E$103,5,0),0)","v":4},0,0,0,{"$f":"ROUND((((IFERROR(VLOOKUP(N$5,'Consolidado Sinalização'!$A$15:$AK$25,9,0)*0.4,0)))),2)","v":0},{"$f":"ROUND((((IFERROR(VLOOKUP(O$5,'Consolidado Sinalização'!$A$15:$AK$25,9,0)*0.4,0)))),2)","v":0},{"$f":"'BASE DE DADOS ILUMINAÇÃO'!E12","v":4},0,{"$f":"#REF!","v":{"$error":"#REF!"}},null,null,null,{"$f":"F105-#REF!","v":{"$error":"#REF!"}}]
[" 10.2.11 ",442,"SINAPI","PARAFUSO FRANCES M16 EM ACO GALVANIZADO, COMPRIMENTO = 45 MM, DIAMETRO = 16 MM, CABECA ABAULADA","UN",10,"Quant. de materiais para subestação (Und) = ","Quant. de materiais para subestação (Und) =  = ( 0+10+0+0+0+0+0) =  10",{"$f":"ROUND((((IFERROR(VLOOKUP(I$5,'Consolidado Sinalização'!$A$15:$AK$25,9,0)*0.4,0)))),2)","v":0},{"$f":"IFERROR(VLOOKUP(A106,'BASE DE DADOS ILUMINAÇÃO'!$A$2:$E$103,5,0),0)","v":10},0,0,0,{"$f":"ROUND((((IFERROR(VLOOKUP(N$5,'Consolidado Sinalização'!$A$15:$AK$25,9,0)*0.4,0)))),2)","v":0},{"$f":"ROUND((((IFERROR(VLOOKUP(O$5,'Consolidado Sinalização'!$A$15:$AK$25,9,0)*0.4,0)))),2)","v":0},{"$f":"'BASE DE DADOS ILUMINAÇÃO'!E13","v":10},0,{"$f":"#REF!","v":{"$error":"#REF!"}},null,null,null,{"$f":"F106-#REF!","v":{"$error":"#REF!"}}]
[" 10.2.12 ",8640,"SBC","PARAFUSO CABECA QUADRADA 18 x 450mm","UN",2,"Quant. de materiais para subestação (Und) = ","Quant. de materiais para subestação (Und) =  = ( 0+2+0+0+0+0+0) =  2",{"$f":"ROUND((((IFERROR(VLOOKUP(I$5,'Consolidado Sinalização'!$A$15:$AK$25,9,0)*0.4,0)))),2)","v":0},{"$f":"IFERROR(VLOOKUP(A107,'BASE DE DADOS ILUMINAÇÃO'!$A$2:$E$103,5,0),0)","v":2},0,0,0,{"$f":"ROUND((((IFERROR(VLOOKUP(N$5,'Consolidado Sinalização'!$A$15:$AK$25,9,0)*0.4,0)))),2)","v":0},{"$f":"ROUND((((IFERROR(VLOOKUP(O$5,'Consolidado Sinalização'!$A$15:$AK$25,9,0)*0.4,0)))),2)","v":0},{"$f":"'BASE DE DADOS ILUMINAÇÃO'!E14","v":2},0,{"$f":"#REF!","v":{"$error":"#REF!"}},null,null,null,{"$f":"F107-#REF!","v":{"$error":"#REF!"}}]
[" 10.2.13 ",4341,"SINAPI","PORCA ZINCADA, QUADRADA, DIAMETRO 3/8\"","UN",20,"Quant. de materiais para subestação (Und) = ","Quant. de materiais para subestação (Und) =  = ( 0+20+0+0+0+0+0) =  20",{"$f":"ROUND((((IFERROR(VLOOKUP(I$5,'Consolidado Sinalização'!$A$15:$AK$25,9,0)*0.4,0)))),2)","v":0},{"$f":"IFERROR(VLOOKUP(A108,'BASE DE DADOS ILUMINAÇÃO'!$A$2:$E$103,5,0),0)","v":20},0,0,0,{"$f":"ROUND((((IFERROR(VLOOKUP(N$5,'Consolidado Sinalização'!$A$15:$AK$25,9,0)*0.4,0)))),2)","v":0},{"$f":"ROUND((((IFERROR(VLOOKUP(O$5,'Consolidado Sinalização'!$A$15:$AK$25,9,0)*0.4,0)))),2)","v":0},{"$f":"'BASE DE DADOS ILUMINAÇÃO'!E15","v":20},0,{"$f":"#REF!","v":{"$error":"#REF!"}},null,null,null,{"$f":"F108-#REF!","v":{"$error":"#REF!"}}]
[" 10.2.14 ",65100,"SBC","PARA RAIO POLIMERICO DE DISTRIBUICAO 15KV 10KA C/ FERRAGEM","UN",2,"Quant. de materiais para subestação (Und) = ","Quant. de materiais para subestação (Und) =  = ( 0+2+0+0+0+0+0) =  2",{"$f":"ROUND((((IFERROR(VLOOKUP(I$5,'Consolidado Sinalização'!$A$15:$AK$25,9,0)*0.4,0)))),2)","v":0},{"$f":"IFERROR(VLOOKUP(A109,'BASE DE DADOS ILUMINAÇÃO'!$A$2:$E$103,5,0),0)","v":2},0,0,0,{"$f":"ROUND((((IFERROR(VLOOKUP(N$5,'Consolidado Sinalização'!$A$15:$AK$25,9,0)*0.4,0)))),2)","v":0},{"$f":"ROUND((((IFERROR(VLOOKUP(O$5,'Consolidado Sinalização'!$A$15:$AK$25,9,0)*0.4,0)))),2)","v":0},{"$f":"'BASE DE DADOS ILUMINAÇÃO'!E16","v":2},0,{"$f":"#REF!","v":{"$error":"#REF!"}},null,null,null,{"$f":"F109-#REF!","v":{"$error":"#REF!"}}]
[" 10.2.15 ",78037,"SBC","CONECTOR PARALELO BRONZE 50mm PARA ATERRAMENTO","UN",4,"Quant. de materiais para subestação (Und) = ","Quant. de materiais para subestação (Und) =  = ( 0+4+0+0+0+0+0) =  4",{"$f":"ROUND((((IFERROR(VLOOKUP(I$5,'Consolidado Sinalização'!$A$15:$AK$25,9,0)*0.4,0)))),2)","v":0},{"$f":"IFERROR(VLOOKUP(A110,'BASE DE DADOS ILUMINAÇÃO'!$A$2:$E$103,5,0),0)","v":4},0,0,0,{"$f":"ROUND((((IFERROR(VLOOKUP(N$5,'Consolidado Sinalização'!$A$15:$AK$25,9,0)*0.4,0)))),2)","v":0},{"$f":"ROUND((((IFERROR(VLOOKUP(O$5,'Consolidado Sinalização'!$A$15:$AK$25,9,0)*0.4,0)))),2)","v":0},{"$f":"'BASE DE DADOS ILUMINAÇÃO'!E17","v":4},0,{"$f":"#REF!","v":{"$error":"#REF!"}},null,null,null,{"$f":"F110-#REF!","v":{"$error":"#REF!"}}]
[" 10.2.16 ",63439,"SBC","CABO SINGELO 0,6/1KV 2AWG - 25mm2","M",10,"Comp. total para subestação (m) = ","Comp. total para subestação (m) =  = ( 0+10+0+0+0+0+0) =  10",{"$f":"ROUND((((IFERROR(VLOOKUP(I$5,'Consolidado Sinalização'!$A$15:$AK$25,9,0)*0.4,0)))),2)","v":0},{"$f":"IFERROR(VLOOKUP(A111,'BASE DE DADOS ILUMINAÇÃO'!$A$2:$E$103,5,0),0)","v":10},0,0,0,{"$f":"ROUND((((IFERROR(VLOOKUP(N$5,'Consolidado Sinalização'!$A$15:$AK$25,9,0)*0.4,0)))),2)","v":0},{"$f":"ROUND((((IFERROR(VLOOKUP(O$5,'Consolidado Sinalização'!$A$15:$AK$25,9,0)*0.4,0)))),2)","v":0},{"$f":"'BASE DE DADOS ILUMINAÇÃO'!E18","v":10},0,{"$f":"#REF!","v":{"$error":"#REF!"}},null,null,null,{"$f":"F111-#REF!","v":{"$error":"#REF!"}}]
[" 10.2.17 ",61905,"SBC","CONDUTOR COBRE NU CORDOALHA 7 FIOS P/PARA-RAIOS,COM SUPORTES","M",12,"Comp. total para subestação (m) = ","Comp. total para subestação (m) =  = ( 0+12+0+0+0+0+0) =  12",{"$f":"ROUND((((IFERROR(VLOOKUP(I$5,'Consolidado Sinalização'!$A$15:$AK$25,9,0)*0.4,0)))),2)","v":0},{"$f":"IFERROR(VLOOKUP(A112,'BASE DE DADOS ILUMINAÇÃO'!$A$2:$E$103,5,0),0)","v":12},0,0,0,{"$f":"ROUND((((IFERROR(VLOOKUP(N$5,'Consolidado Sinalização'!$A$15:$AK$25,9,0)*0.4,0)))),2)","v":0},{"$f":"ROUND((((IFERROR(VLOOKUP(O$5,'Consolidado Sinalização'!$A$15:$AK$25,9,0)*0.4,0)))),2)","v":0},{"$f":"'BASE DE DADOS ILUMINAÇÃO'!E19","v":12},0,{"$f":"#REF!","v":{"$error":"#REF!"}},null,null,null,{"$f":"F112-#REF!","v":{"$error":"#REF!"}}]
[" 10.2.18 ",78042,"SBC","CONECTOR PARAFUSO FENDIDO SPLIT BOLD 1\"\" CABO 16mm2","UN",2,"Quant. de materiais para subestação (Und) = ","Quant. de materiais para subestação (Und) =  = ( 0+2+0+0+0+0+0) =  2",{"$f":"ROUND((((IFERROR(VLOOKUP(I$5,'Consolidado Sinalização'!$A$15:$AK$25,9,0)*0.4,0)))),2)","v":0},{"$f":"IFERROR(VLOOKUP(A113,'BASE DE DADOS ILUMINAÇÃO'!$A$2:$E$103,5,0),0)","v":2},0,0,0,{"$f":"ROUND((((IFERROR(VLOOKUP(N$5,'Consolidado Sinalização'!$A$15:$AK$25,9,0)*0.4,0)))),2)","v":0},{"$f":"ROUND((((IFERROR(VLOOKUP(O$5,'Consolidado Sinalização'!$A$15:$AK$25,9,0)*0.4,0)))),2)","v":0},{"$f":"'BASE DE DADOS ILUMINAÇÃO'!E20","v":2},0,{"$f":"#REF!","v":{"$error":"#REF!"}},null,null,null,{"$f":"F113-#REF!","v":{"$error":"#REF!"}}]
[" 10.2.19 ",61905,"SBC","CONDUTOR COBRE NU CORDOALHA 7 FIOS P/PARA-RAIOS,COM SUPORTES","M",5,"Comp. total para subestação (m) = ","Comp. total para subestação (m) =  = ( 0+5+0+0+0+0+0) =  5",{"$f":"ROUND((((IFERROR(VLOOKUP(I$5,'Consolidado Sinalização'!$A$15:$AK$25,9,0)*0.4,0)))),2)","v":0},{"$f":"IFERROR(VLOOKUP(A114,'BASE DE DADOS ILUMINAÇÃO'!$A$2:$E$103,5,0),0)","v":5},0,0,0,{"$f":"ROUND((((IFERROR(VLOOKUP(N$5,'Consolidado Sinalização'!$A$15:$AK$25,9,0)*0.4,0)))),2)","v":0},{"$f":"ROUND((((IFERROR(VLOOKUP(O$5,'Consolidado Sinalização'!$A$15:$AK$25,9,0)*0.4,0)))),2)","v":0},{"$f":"'BASE DE DADOS ILUMINAÇÃO'!E21","v":5},0,{"$f":"#REF!","v":{"$error":"#REF!"}},null,null,null,{"$f":"F114-#REF!","v":{"$error":"#REF!"}}]
[" 10.2.20 ",59230,"SBC","HASTE ATERRAMENTO COBREADA 5/8\"\" x 2,40m NORMATIZADA INTELLI","UN",3,"Quant. de materiais para subestação (Und) = ","Quant. de materiais para subestação (Und) =  = ( 0+3+0+0+0+0+0) =  3",{"$f":"ROUND((((IFERROR(VLOOKUP(I$5,'Consolidado Sinalização'!$A$15:$AK$25,9,0)*0.4,0)))),2)","v":0},{"$f":"IFERROR(VLOOKUP(A115,'BASE DE DADOS ILUMINAÇÃO'!$A$2:$E$103,5,0),0)","v":3},0,0,0,{"$f":"ROUND((((IFERROR(VLOOKUP(N$5,'Consolidado Sinalização'!$A$15:$AK$25,9,0)*0.4,0)))),2)","v":0},{"$f":"ROUND((((IFERROR(VLOOKUP(O$5,'Consolidado Sinalização'!$A$15:$AK$25,9,0)*0.4,0)))),2)","v":0},{"$f":"'BASE DE DADOS ILUMINAÇÃO'!E22","v":3},0,{"$f":"#REF!","v":{"$error":"#REF!"}},null,null,null,{"$f":"F115-#REF!","v":{"$error":"#REF!"}}]
[" 10.2.21 ",10433,"ORSE","Fornecimento e instalação de chave seccionadora tripolar 15kv - 400a, com porta fusivel HH incorporado","un",2,"Quant. de materiais para subestação (Und) = ","Quant. de materiais para subestação (Und) =  = ( 0+2+0+0+0+0+0) =  2",{"$f":"ROUND((((IFERROR(VLOOKUP(I$5,'Consolidado Sinalização'!$A$15:$AK$25,9,0)*0.4,0)))),2)","v":0},{"$f":"IFERROR(VLOOKUP(A116,'BASE DE DADOS ILUMINAÇÃO'!$A$2:$E$103,5,0),0)","v":2},0,0,0,{"$f":"ROUND((((IFERROR(VLOOKUP(N$5,'Consolidado Sinalização'!$A$15:$AK$25,9,0)*0.4,0)))),2)","v":0},{"$f":"ROUND((((IFERROR(VLOOKUP(O$5,'Consolidado Sinalização'!$A$15:$AK$25,9,0)*0.4,0)))),2)","v":0},{"$f":"'BASE DE DADOS ILUMINAÇÃO'!E23","v":2},0,{"$f":"#REF!","v":{"$error":"#REF!"}},null,null,null,{"$f":"F116-#REF!","v":{"$error":"#REF!"}}]
[" 10.2.22 ",65433,"SBC","TRANSFORMADOR TRIFASICO 13,2KV 45 KVA","UN",1,"Quant. de materiais para subestação (Und) = ","Quant. de materiais para subestação (Und) =  = ( 0+1+0+0+0+0+0) =  1",{"$f":"ROUND((((IFERROR(VLOOKUP(I$5,'Consolidado Sinalização'!$A$15:$AK$25,9,0)*0.4,0)))),2)","v":0},{"$f":"IFERROR(VLOOKUP(A117,'BASE DE DADOS ILUMINAÇÃO'!$A$2:$E$103,5,0),0)","v":1},0,0,0,{"$f":"ROUND((((IFERROR(VLOOKUP(N$5,'Consolidado Sinalização'!$A$15:$AK$25,9,0)*0.4,0)))),2)","v":0},{"$f":"ROUND((((IFERROR(VLOOKUP(O$5,'Consolidado Sinalização'!$A$15:$AK$25,9,0)*0.4,0)))),2)","v":0},{"$f":"'BASE DE DADOS ILUMINAÇÃO'!E25","v":1},0,{"$f":"#REF!","v":{"$error":"#REF!"}},null,null,null,{"$f":"F117-#REF!","v":{"$error":"#REF!"}}]
[" 10.2.23 ",102110,"SINAPI","SUPORTE PARA TRANSFORMADOR EM POSTE DE CONCRETO DUPLO T - FORNECIMENTO E INSTALAÇÃO. AF_12/2020","UN",2,"Quant. de materiais para subestação (Und) = ","Quant. de materiais para subestação (Und) =  = ( 0+2+0+0+0+0+0) =  2",{"$f":"ROUND((((IFERROR(VLOOKUP(I$5,'Consolidado Sinalização'!$A$15:$AK$25,9,0)*0.4,0)))),2)","v":0},{"$f":"IFERROR(VLOOKUP(A118,'BASE DE DADOS ILUMINAÇÃO'!$A$2:$E$103,5,0),0)","v":2},0,0,0,{"$f":"ROUND((((IFERROR(VLOOKUP(N$5,'Consolidado Sinalização'!$A$15:$AK$25,9,0)*0.4,0)))),2)","v":0},{"$f":"ROUND((((IFERROR(VLOOKUP(O$5,'Consolidado Sinalização'!$A$15:$AK$25,9,0)*0.4,0)))),2)","v":0},{"$f":"'BASE DE DADOS ILUMINAÇÃO'!E26","v":2},0,{"$f":"#REF!","v":{"$error":"#REF!"}},null,null,null,{"$f":"F118-#REF!","v":{"$error":"#REF!"}}]
[" 10.2.24 ",101542,"SINAPI","ARMAÇÃO SECUNDÁRIA, COM 1 ESTRIBO, SEM ISOLADOR - FORNECIMENTO E INSTALAÇÃO. AF_07/2020","UN",2,"Quant. de materiais para subestação (Und) = ","Quant. de materiais para subestação (Und) =  = ( 0+2+0+0+0+0+0) =  2",{"$f":"ROUND((((IFERROR(VLOOKUP(I$5,'Consolidado Sinalização'!$A$15:$AK$25,9,0)*0.4,0)))),2)","v":0},{"$f":"IFERROR(VLOOKUP(A119,'BASE DE DADOS ILUMINAÇÃO'!$A$2:$E$103,5,0),0)","v":2},0,0,0,{"$f":"ROUND((((IFERROR(VLOOKUP(N$5,'Consolidado Sinalização'!$A$15:$AK$25,9,0)*0.4,0)))),2)","v":0},{"$f":"ROUND((((IFERROR(VLOOKUP(O$5,'Consolidado Sinalização'!$A$15:$AK$25,9,0)*0.4,0)))),2)","v":0},{"$f":"'BASE DE DADOS ILUMINAÇÃO'!E27","v":2},0,{"$f":"#REF!","v":{"$error":"#REF!"}},null,null,null,{"$f":"F119-#REF!","v":{"$error":"#REF!"}}]
[" 10.2.25 ",78655,"SBC","ISOLADOR PARA PARA-RAIOS TIPO ROLDANA","UN",4,"Quant. de materiais para subestação (Und) = ","Quant. de materiais para subestação (Und) =  = ( 0+4+0+0+0+0+0) =  4",{"$f":"ROUND((((IFERROR(VLOOKUP(I$5,'Consolidado Sinalização'!$A$15:$AK$25,9,0)*0.4,0)))),2)","v":0},{"$f":"IFERROR(VLOOKUP(A120,'BASE DE DADOS ILUMINAÇÃO'!$A$2:$E$103,5,0),0)","v":4},0,0,0,{"$f":"ROUND((((IFERROR(VLOOKUP(N$5,'Consolidado Sinalização'!$A$15:$AK$25,9,0)*0.4,0)))),2)","v":0},{"$f":"ROUND((((IFERROR(VLOOKUP(O$5,'Consolidado Sinalização'!$A$15:$AK$25,9,0)*0.4,0)))),2)","v":0},{"$f":"'BASE DE DADOS ILUMINAÇÃO'!E28","v":4},0,{"$f":"#REF!","v":{"$error":"#REF!"}},null,null,null,{"$f":"F120-#REF!","v":{"$error":"#REF!"}}]
[" 10.2.26 ",104751,"SINAPI","CONECTOR GRAMPO PARALELO METÁLICO, PARA SPDA, PARA CABOS DE 6 A 50 MM2 - FORNECIMENTO E INSTALAÇÃO. AF_08/2023","UN",8,"Quant. de materiais para subestação (Und) = ","Quant. de materiais para subestação (Und) =  = ( 0+8+0+0+0+0+0) =  8",{"$f":"ROUND((((IFERROR(VLOOKUP(I$5,'Consolidado Sinalização'!$A$15:$AK$25,9,0)*0.4,0)))),2)","v":0},{"$f":"IFERROR(VLOOKUP(A121,'BASE DE DADOS ILUMINAÇÃO'!$A$2:$E$103,5,0),0)","v":8},0,0,0,{"$f":"ROUND((((IFERROR(VLOOKUP(N$5,'Consolidado Sinalização'!$A$15:$AK$25,9,0)*0.4,0)))),2)","v":0},{"$f":"ROUND((((IFERROR(VLOOKUP(O$5,'Consolidado Sinalização'!$A$15:$AK$25,9,0)*0.4,0)))),2)","v":0},{"$f":"'BASE DE DADOS ILUMINAÇÃO'!E29","v":8},0,{"$f":"#REF!","v":{"$error":"#REF!"}},null,null,null,{"$f":"F121-#REF!","v":{"$error":"#REF!"}}]
[" 10.2.27 ",78321,"SBC","CONDUTOR COBRE NU 70mm DE PARA-RAIOS COM SUPORTES","M",15,"Comp. total para subestação (m) = ","Comp. total para subestação (m) =  = ( 0+15+0+0+0+0+0) =  15",{"$f":"ROUND((((IFERROR(VLOOKUP(I$5,'Consolidado Sinalização'!$A$15:$AK$25,9,0)*0.4,0)))),2)","v":0},{"$f":"IFERROR(VLOOKUP(A122,'BASE DE DADOS ILUMINAÇÃO'!$A$2:$E$103,5,0),0)","v":15},0,0,0,{"$f":"ROUND((((IFERROR(VLOOKUP(N$5,'Consolidado Sinalização'!$A$15:$AK$25,9,0)*0.4,0)))),2)","v":0},{"$f":"ROUND((((IFERROR(VLOOKUP(O$5,'Consolidado Sinalização'!$A$15:$AK$25,9,0)*0.4,0)))),2)","v":0},{"$f":"'BASE DE DADOS ILUMINAÇÃO'!E30","v":15},0,{"$f":"#REF!","v":{"$error":"#REF!"}},null,null,null,{"$f":"F122-#REF!","v":{"$error":"#REF!"}}]
[" 10.2.28 ",67010,"SBC","ELETRODUTO GALVANIZADO 3\"\"","M",10,"Comp. total para subestação (m) = ","Comp. total para subestação (m) =  = ( 0+10+0+0+0+0+0) =  10",{"$f":"ROUND((((IFERROR(VLOOKUP(I$5,'Consolidado Sinalização'!$A$15:$AK$25,9,0)*0.4,0)))),2)","v":0},{"$f":"IFERROR(VLOOKUP(A123,'BASE DE DADOS ILUMINAÇÃO'!$A$2:$E$103,5,0),0)","v":10},0,0,0,{"$f":"ROUND((((IFERROR(VLOOKUP(N$5,'Consolidado Sinalização'!$A$15:$AK$25,9,0)*0.4,0)))),2)","v":0},{"$f":"ROUND((((IFERROR(VLOOKUP(O$5,'Consolidado Sinalização'!$A$15:$AK$25,9,0)*0.4,0)))),2)","v":0},{"$f":"'BASE DE DADOS ILUMINAÇÃO'!E31","v":10},0,{"$f":"#REF!","v":{"$error":"#REF!"}},null,null,null,{"$f":"F123-#REF!","v":{"$error":"#REF!"}}]
[" 10.2.29 ",2629,"SINAPI","CURVA 135 GRAUS PARA ELETRODUTO, EM ACO GALVANIZADO ELETROLITICO, COM ROSCA, DIAMETRO DE 80 MM (3\")","UN",1,"Quant. de materiais para subestação (Und) = ","Quant. de materiais para subestação (Und) =  = ( 0+1+0+0+0+0+0) =  1",{"$f":"ROUND((((IFERROR(VLOOKUP(I$5,'Consolidado Sinalização'!$A$15:$AK$25,9,0)*0.4,0)))),2)","v":0},{"$f":"IFERROR(VLOOKUP(A124,'BASE DE DADOS ILUMINAÇÃO'!$A$2:$E$103,5,0),0)","v":1},0,0,0,{"$f":"ROUND((((IFERROR(VLOOKUP(N$5,'Consolidado Sinalização'!$A$15:$AK$25,9,0)*0.4,0)))),2)","v":0},{"$f":"ROUND((((IFERROR(VLOOKUP(O$5,'Consolidado Sinalização'!$A$15:$AK$25,9,0)*0.4,0)))),2)","v":0},{"$f":"'BASE DE DADOS ILUMINAÇÃO'!E32","v":1},0,{"$f":"#REF!","v":{"$error":"#REF!"}},null,null,null,{"$f":"F124-#REF!","v":{"$error":"#REF!"}}]
[" 10.2.30 ",61452,"SBC","CAIXA DE MEDICAO TRIFASICA CM3P4 TP LIGHT TAF","UN",1,"Quant. de materiais para subestação (Und) = ","Quant. de materiais para subestação (Und) =  = ( 0+1+0+0+0+0+0) =  1",{"$f":"ROUND((((IFERROR(VLOOKUP(I$5,'Consolidado Sinalização'!$A$15:$AK$25,9,0)*0.4,0)))),2)","v":0},{"$f":"IFERROR(VLOOKUP(A125,'BASE DE DADOS ILUMINAÇÃO'!$A$2:$E$103,5,0),0)","v":1},0,0,0,{"$f":"ROUND((((IFERROR(VLOOKUP(N$5,'Consolidado Sinalização'!$A$15:$AK$25,9,0)*0.4,0)))),2)","v":0},{"$f":"ROUND((((IFERROR(VLOOKUP(O$5,'Consolidado Sinalização'!$A$15:$AK$25,9,0)*0.4,0)))),2)","v":0},{"$f":"'BASE DE DADOS ILUMINAÇÃO'!E33","v":1},0,{"$f":"#REF!","v":{"$error":"#REF!"}},null,null,null,{"$f":"F125-#REF!","v":{"$error":"#REF!"}}]
[" 10.2.31 ",88264,"SINAPI","ELETRICISTA COM ENCARGOS COMPLEMENTARES","H",16,"Tempo de mão de obra para execução da subestação (H) = ","Tempo de mão de obra para execução da subestação (H) =  = ( 0+16+0+0+0+0+0) =  16",{"$f":"ROUND((((IFERROR(VLOOKUP(I$5,'Consolidado Sinalização'!$A$15:$AK$25,9,0)*0.4,0)))),2)","v":0},{"$f":"IFERROR(VLOOKUP(A126,'BASE DE DADOS ILUMINAÇÃO'!$A$2:$E$103,5,0),0)","v":16},0,0,0,{"$f":"ROUND((((IFERROR(VLOOKUP(N$5,'Consolidado Sinalização'!$A$15:$AK$25,9,0)*0.4,0)))),2)","v":0},{"$f":"ROUND((((IFERROR(VLOOKUP(O$5,'Consolidado Sinalização'!$A$15:$AK$25,9,0)*0.4,0)))),2)","v":0},{"$f":"'BASE DE DADOS ILUMINAÇÃO'!E34","v":16},0,{"$f":"#REF!","v":{"$error":"#REF!"}},null,null,null,{"$f":"F126-#REF!","v":{"$error":"#REF!"}}]
[" 10.2.32 ",88266,"SINAPI","ELETROTÉCNICO COM ENCARGOS COMPLEMENTARES","H",16,"Tempo de mão de obra para execução da subestação (H) = ","Tempo de mão de obra para execução da subestação (H) =  = ( 0+16+0+0+0+0+0) =  16",{"$f":"ROUND((((IFERROR(VLOOKUP(I$5,'Consolidado Sinalização'!$A$15:$AK$25,9,0)*0.4,0)))),2)","v":0},{"$f":"IFERROR(VLOOKUP(A127,'BASE DE DADOS ILUMINAÇÃO'!$A$2:$E$103,5,0),0)","v":16},0,0,0,{"$f":"ROUND((((IFERROR(VLOOKUP(N$5,'Consolidado Sinalização'!$A$15:$AK$25,9,0)*0.4,0)))),2)","v":0},{"$f":"ROUND((((IFERROR(VLOOKUP(O$5,'Consolidado Sinalização'!$A$15:$AK$25,9,0)*0.4,0)))),2)","v":0},{"$f":"'BASE DE DADOS ILUMINAÇÃO'!E35","v":16},0,{"$f":"#REF!","v":{"$error":"#REF!"}},null,null,null,{"$f":"F127-#REF!","v":{"$error":"#REF!"}}]
[" 10.2.33 ",88316,"SINAPI","SERVENTE COM ENCARGOS COMPLEMENTARES","H",16,"Tempo de mão de obra para execução da subestação (H) = ","Tempo de mão de obra para execução da subestação (H) =  = ( 0+16+0+0+0+0+0) =  16",{"$f":"ROUND((((IFERROR(VLOOKUP(I$5,'Consolidado Sinalização'!$A$15:$AK$25,9,0)*0.4,0)))),2)","v":0},{"$f":"IFERROR(VLOOKUP(A128,'BASE DE DADOS ILUMINAÇÃO'!$A$2:$E$103,5,0),0)","v":16},0,0,0,{"$f":"ROUND((((IFERROR(VLOOKUP(N$5,'Consolidado Sinalização'!$A$15:$AK$25,9,0)*0.4,0)))),2)","v":0},{"$f":"ROUND((((IFERROR(VLOOKUP(O$5,'Consolidado Sinalização'!$A$15:$AK$25,9,0)*0.4,0)))),2)","v":0},{"$f":"'BASE DE DADOS ILUMINAÇÃO'!E36","v":16},0,{"$f":"#REF!","v":{"$error":"#REF!"}},null,null,null,{"$f":"F128-#REF!","v":{"$error":"#REF!"}}]
[" 10.3 ","  ",null,"ILUMINAÇÃO",{"$nulls":5},{"$f":"IFERROR(VLOOKUP(A129,'BASE DE DADOS ILUMINAÇÃO'!$A$2:$E$103,5,0),0)","v":0},{"$nulls":6},0]
[" 10.3.1 ",41208,"SINAPI","POSTE DE CONCRETO ARMADO DE SECAO DUPLO T, EXTENSAO DE 12,00 M, RESISTENCIA DE 150 DAN, TIPO D","UN",158,"Quant. de materiais para iluminação(Und) = ","Quant. de materiais para iluminação(Und) =  = ( 0+158+0+0+0+0+0) =  158",{"$f":"ROUND((((IFERROR(VLOOKUP(I$5,'Consolidado Sinalização'!$A$15:$AK$25,9,0)*0.4,0)))),2)","v":0},{"$f":"IFERROR(VLOOKUP(A130,'BASE DE DADOS ILUMINAÇÃO'!$A$2:$E$103,5,0),0)","v":158},0,0,0,{"$f":"ROUND((((IFERROR(VLOOKUP(N$5,'Consolidado Sinalização'!$A$15:$AK$25,9,0)*0.4,0)))),2)","v":0},{"$f":"ROUND((((IFERROR(VLOOKUP(O$5,'Consolidado Sinalização'!$A$15:$AK$25,9,0)*0.4,0)))),2)","v":0},{"$f":"'BASE DE DADOS ILUMINAÇÃO'!E37","v":158},0,{"$f":"#REF!","v":{"$error":"#REF!"}},null,null,null,{"$f":"F130-#REF!","v":{"$error":"#REF!"}}]
[" 10.3.2 ",100585,"SINAPI","ASSENTAMENTO DE POSTE DE CONCRETO COM COMPRIMENTO NOMINAL DE 12 M, CARGA NOMINAL MENOR OU IGUAL A 1000 DAN, ENGASTAMENTO SIMPLES COM 1,8 M DE SOLO (NÃO INCLUI FORNECIMENTO). AF_04/2025","UN",158,"Quant. de materiais para iluminação(Und) = ","Quant. de materiais para iluminação(Und) =  = ( 0+158+0+0+0+0+0) =  158",{"$f":"ROUND((((IFERROR(VLOOKUP(I$5,'Consolidado Sinalização'!$A$15:$AK$25,9,0)*0.4,0)))),2)","v":0},{"$f":"IFERROR(VLOOKUP(A131,'BASE DE DADOS ILUMINAÇÃO'!$A$2:$E$103,5,0),0)","v":158},0,0,0,{"$f":"ROUND((((IFERROR(VLOOKUP(N$5,'Consolidado Sinalização'!$A$15:$AK$25,9,0)*0.4,0)))),2)","v":0},{"$f":"ROUND((((IFERROR(VLOOKUP(O$5,'Consolidado Sinalização'!$A$15:$AK$25,9,0)*0.4,0)))),2)","v":0},{"$f":"'BASE DE DADOS ILUMINAÇÃO'!E38","v":158},0,{"$f":"#REF!","v":{"$error":"#REF!"}},null,null,null,{"$f":"F131-#REF!","v":{"$error":"#REF!"}}]
[" 10.3.3 ",2560,"ORSE","Poste circular de concreto 12/ 200  para iluminação pública","un",3,"Quant. de materiais para iluminação(Und) = ","Quant. de materiais para iluminação(Und) =  = ( 0+3+0+0+0+0+0) =  3",{"$f":"ROUND((((IFERROR(VLOOKUP(I$5,'Consolidado Sinalização'!$A$15:$AK$25,9,0)*0.4,0)))),2)","v":0},{"$f":"IFERROR(VLOOKUP(A132,'BASE DE DADOS ILUMINAÇÃO'!$A$2:$E$103,5,0),0)","v":3},0,0,0,{"$f":"ROUND((((IFERROR(VLOOKUP(N$5,'Consolidado Sinalização'!$A$15:$AK$25,9,0)*0.4,0)))),2)","v":0},{"$f":"ROUND((((IFERROR(VLOOKUP(O$5,'Consolidado Sinalização'!$A$15:$AK$25,9,0)*0.4,0)))),2)","v":0},{"$f":"'BASE DE DADOS ILUMINAÇÃO'!E39","v":3},0,{"$f":"#REF!","v":{"$error":"#REF!"}},null,null,null,{"$f":"F132-#REF!","v":{"$error":"#REF!"}}]
[" 10.3.4 ",100585,"SINAPI","ASSENTAMENTO DE POSTE DE CONCRETO COM COMPRIMENTO NOMINAL DE 12 M, CARGA NOMINAL MENOR OU IGUAL A 1000 DAN, ENGASTAMENTO SIMPLES COM 1,8 M DE SOLO (NÃO INCLUI FORNECIMENTO). AF_04/2025","UN",3,"Quant. de materiais para iluminação(Und) = ","Quant. de materiais para iluminação(Und) =  = ( 0+3+0+0+0+0+0) =  3",{"$f":"ROUND((((IFERROR(VLOOKUP(I$5,'Consolidado Sinalização'!$A$15:$AK$25,9,0)*0.4,0)))),2)","v":0},{"$f":"IFERROR(VLOOKUP(A133,'BASE DE DADOS ILUMINAÇÃO'!$A$2:$E$103,5,0),0)","v":3},0,0,0,{"$f":"ROUND((((IFERROR(VLOOKUP(N$5,'Consolidado Sinalização'!$A$15:$AK$25,9,0)*0.4,0)))),2)","v":0},{"$f":"ROUND((((IFERROR(VLOOKUP(O$5,'Consolidado Sinalização'!$A$15:$AK$25,9,0)*0.4,0)))),2)","v":0},{"$f":"'BASE DE DADOS ILUMINAÇÃO'!E40","v":3},0,{"$f":"#REF!","v":{"$error":"#REF!"}},null,null,null,{"$f":"F133-#REF!","v":{"$error":"#REF!"}}]
[" 10.3.5 ",5915014,"SICRO3","Transporte com caminhão carroceria com capacidade de 11,5 t e com guindauto com capacidade de elevação de 11,9 t - rodovia pavimentada","tkm",{"$f":"ROUND((SUM(I134:O134)*'DMT ADOTADAS '!$F$14),2)","v":4995.3999999999996},"Transporte com Caminhão = Carga total/T( Quant. poste de 12m x 1,040 t/und + Quant. poste de 12 m x0,548 t/und)x DMT ",{"$f":"G134&$S$3&$U$3&\" \"&I134&$W$3&J134&$W$3&K134&$W$3&L134&$W$3&M134&$W$3&N134&$W$3&O134&$T$3&$V$3&'DMT ADOTADAS '!$F$14&$S$3&\" \"&F134","v":"Transporte com Caminhão = Carga total/T( Quant. poste de 12m x 1,040 t/und + Quant. poste de 12 m x0,548 t/und)x DMT  = ( 0+165,96+0+0+0+0+0) x 30,1 =  4995,4"},{"$f":"ROUND((((IFERROR(VLOOKUP(I$5,'Consolidado Sinalização'!$A$15:$AK$25,9,0)*0.4,0)))),2)","v":0},{"$f":"ROUND(J130*1.04+J132*0.548,2)","v":165.96},0,0,0,{"$f":"ROUND((((IFERROR(VLOOKUP(N$5,'Consolidado Sinalização'!$A$15:$AK$25,9,0)*0.4,0)))),2)","v":0},{"$f":"ROUND((((IFERROR(VLOOKUP(O$5,'Consolidado Sinalização'!$A$15:$AK$25,9,0)*0.4,0)))),2)","v":0},{"$f":"J134*'DMT ADOTADAS '!$F$14","v":4995.3960000000006},-3.9999999989959178E-3,{"$f":"#REF!","v":{"$error":"#REF!"}},null,null,null,{"$f":"F134-#REF!","v":{"$error":"#REF!"}}]
[" 10.3.6 ",78655,"SBC","ISOLADOR PARA PARA-RAIOS TIPO ROLDANA","UN",161,"Quant. de materiais para iluminação(Und) = ","Quant. de materiais para iluminação(Und) =  = ( 0+161+0+0+0+0+0) =  161",{"$f":"ROUND((((IFERROR(VLOOKUP(I$5,'Consolidado Sinalização'!$A$15:$AK$25,9,0)*0.4,0)))),2)","v":0},{"$f":"IFERROR(VLOOKUP(A135,'BASE DE DADOS ILUMINAÇÃO'!$A$2:$E$103,5,0),0)","v":161},0,0,0,{"$f":"ROUND((((IFERROR(VLOOKUP(N$5,'Consolidado Sinalização'!$A$15:$AK$25,9,0)*0.4,0)))),2)","v":0},{"$f":"ROUND((((IFERROR(VLOOKUP(O$5,'Consolidado Sinalização'!$A$15:$AK$25,9,0)*0.4,0)))),2)","v":0},{"$f":"'BASE DE DADOS ILUMINAÇÃO'!E41","v":161},0,{"$f":"#REF!","v":{"$error":"#REF!"}},null,null,null,{"$f":"F135-#REF!","v":{"$error":"#REF!"}}]
[" 10.3.7 ",61873,"SBC","CONECTOR METALICO TIPO PARAFUSO FENDIDO (SPLIT BOLT)120mm","UN",340,"Quant. de materiais para iluminação(Und) = ","Quant. de materiais para iluminação(Und) =  = ( 0+340+0+0+0+0+0) =  340",{"$f":"ROUND((((IFERROR(VLOOKUP(I$5,'Consolidado Sinalização'!$A$15:$AK$25,9,0)*0.4,0)))),2)","v":0},{"$f":"IFERROR(VLOOKUP(A136,'BASE DE DADOS ILUMINAÇÃO'!$A$2:$E$103,5,0),0)","v":340},0,0,0,{"$f":"ROUND((((IFERROR(VLOOKUP(N$5,'Consolidado Sinalização'!$A$15:$AK$25,9,0)*0.4,0)))),2)","v":0},{"$f":"ROUND((((IFERROR(VLOOKUP(O$5,'Consolidado Sinalização'!$A$15:$AK$25,9,0)*0.4,0)))),2)","v":0},{"$f":"'BASE DE DADOS ILUMINAÇÃO'!E42","v":340},0,{"$f":"#REF!","v":{"$error":"#REF!"}},null,null,null,{"$f":"F136-#REF!","v":{"$error":"#REF!"}}]
[" 10.3.8 ",60881,"SBC","SUPORTE LUMINARIA ALTURA VARIAVEL 0,80m","UN",340,"Quant. de materiais para iluminação(Und) = ","Quant. de materiais para iluminação(Und) =  = ( 0+340+0+0+0+0+0) =  340",{"$f":"ROUND((((IFERROR(VLOOKUP(I$5,'Consolidado Sinalização'!$A$15:$AK$25,9,0)*0.4,0)))),2)","v":0},{"$f":"IFERROR(VLOOKUP(A137,'BASE DE DADOS ILUMINAÇÃO'!$A$2:$E$103,5,0),0)","v":340},0,0,0,{"$f":"ROUND((((IFERROR(VLOOKUP(N$5,'Consolidado Sinalização'!$A$15:$AK$25,9,0)*0.4,0)))),2)","v":0},{"$f":"ROUND((((IFERROR(VLOOKUP(O$5,'Consolidado Sinalização'!$A$15:$AK$25,9,0)*0.4,0)))),2)","v":0},{"$f":"'BASE DE DADOS ILUMINAÇÃO'!E43","v":340},0,{"$f":"#REF!","v":{"$error":"#REF!"}},null,null,null,{"$f":"F137-#REF!","v":{"$error":"#REF!"}}]
[" 10.3.9 ",101659,"SINAPI","LUMINÁRIA DE LED PARA ILUMINAÇÃO PÚBLICA, DE 181 W ATÉ 239 W - FORNECIMENTO E INSTALAÇÃO. AF_02/2025_PS","UN",170,"Quant. de materiais para iluminação(Und) = ","Quant. de materiais para iluminação(Und) =  = ( 0+170+0+0+0+0+0) =  170",{"$f":"ROUND((((IFERROR(VLOOKUP(I$5,'Consolidado Sinalização'!$A$15:$AK$25,9,0)*0.4,0)))),2)","v":0},{"$f":"IFERROR(VLOOKUP(A138,'BASE DE DADOS ILUMINAÇÃO'!$A$2:$E$103,5,0),0)","v":170},0,0,0,{"$f":"ROUND((((IFERROR(VLOOKUP(N$5,'Consolidado Sinalização'!$A$15:$AK$25,9,0)*0.4,0)))),2)","v":0},{"$f":"ROUND((((IFERROR(VLOOKUP(O$5,'Consolidado Sinalização'!$A$15:$AK$25,9,0)*0.4,0)))),2)","v":0},{"$f":"'BASE DE DADOS ILUMINAÇÃO'!E44","v":170},0,{"$f":"#REF!","v":{"$error":"#REF!"}},null,null,null,{"$f":"F138-#REF!","v":{"$error":"#REF!"}}]
[" 10.3.10 ",101636,"SINAPI","BRAÇO PARA ILUMINAÇÃO PÚBLICA, EM TUBO DE AÇO GALVANIZADO, COMPRIMENTO DE 1,50 M, PARA FIXAÇÃO EM POSTE DE CONCRETO - FORNECIMENTO E INSTALAÇÃO. AF_02/2025_PS","UN",170,"Quant. de materiais para iluminação(Und) = ","Quant. de materiais para iluminação(Und) =  = ( 0+170+0+0+0+0+0) =  170",{"$f":"ROUND((((IFERROR(VLOOKUP(I$5,'Consolidado Sinalização'!$A$15:$AK$25,9,0)*0.4,0)))),2)","v":0},{"$f":"IFERROR(VLOOKUP(A139,'BASE DE DADOS ILUMINAÇÃO'!$A$2:$E$103,5,0),0)","v":170},0,0,0,{"$f":"ROUND((((IFERROR(VLOOKUP(N$5,'Consolidado Sinalização'!$A$15:$AK$25,9,0)*0.4,0)))),2)","v":0},{"$f":"ROUND((((IFERROR(VLOOKUP(O$5,'Consolidado Sinalização'!$A$15:$AK$25,9,0)*0.4,0)))),2)","v":0},{"$f":"'BASE DE DADOS ILUMINAÇÃO'!E45","v":170},0,{"$f":"#REF!","v":{"$error":"#REF!"}},null,null,null,{"$f":"F139-#REF!","v":{"$error":"#REF!"}}]
[" 10.3.11 ",101632,"SINAPI","RELÉ FOTOELÉTRICO PARA COMANDO DE ILUMINAÇÃO EXTERNA 1000 W - FORNECIMENTO E INSTALAÇÃO. AF_02/2025","UN",170,"Quant. de materiais para iluminação(Und) = ","Quant. de materiais para iluminação(Und) =  = ( 0+170+0+0+0+0+0) =  170",{"$f":"ROUND((((IFERROR(VLOOKUP(I$5,'Consolidado Sinalização'!$A$15:$AK$25,9,0)*0.4,0)))),2)","v":0},{"$f":"IFERROR(VLOOKUP(A140,'BASE DE DADOS ILUMINAÇÃO'!$A$2:$E$103,5,0),0)","v":170},0,0,0,{"$f":"ROUND((((IFERROR(VLOOKUP(N$5,'Consolidado Sinalização'!$A$15:$AK$25,9,0)*0.4,0)))),2)","v":0},{"$f":"ROUND((((IFERROR(VLOOKUP(O$5,'Consolidado Sinalização'!$A$15:$AK$25,9,0)*0.4,0)))),2)","v":0},{"$f":"'BASE DE DADOS ILUMINAÇÃO'!E46","v":170},0,{"$f":"#REF!","v":{"$error":"#REF!"}},null,null,null,{"$f":"F140-#REF!","v":{"$error":"#REF!"}}]
[" 10.3.12 ",96985,"SINAPI","HASTE DE ATERRAMENTO, DIÂMETRO 5/8\", COM 3 METROS - FORNECIMENTO E INSTALAÇÃO. AF_08/2023","UN",32,"Quant. de materiais para iluminação(Und) = ","Quant. de materiais para iluminação(Und) =  = ( 0+32+0+0+0+0+0) =  32",{"$f":"ROUND((((IFERROR(VLOOKUP(I$5,'Consolidado Sinalização'!$A$15:$AK$25,9,0)*0.4,0)))),2)","v":0},{"$f":"IFERROR(VLOOKUP(A141,'BASE DE DADOS ILUMINAÇÃO'!$A$2:$E$103,5,0),0)","v":32},0,0,0,{"$f":"ROUND((((IFERROR(VLOOKUP(N$5,'Consolidado Sinalização'!$A$15:$AK$25,9,0)*0.4,0)))),2)","v":0},{"$f":"ROUND((((IFERROR(VLOOKUP(O$5,'Consolidado Sinalização'!$A$15:$AK$25,9,0)*0.4,0)))),2)","v":0},{"$f":"'BASE DE DADOS ILUMINAÇÃO'!E47","v":32},0,{"$f":"#REF!","v":{"$error":"#REF!"}},null,null,null,{"$f":"F141-#REF!","v":{"$error":"#REF!"}}]
[" 10.3.13 ",98111,"SINAPI","CAIXA DE INSPEÇÃO PARA ATERRAMENTO, CIRCULAR, EM POLIETILENO, DIÂMETRO INTERNO = 0,3 M. AF_12/2020","UN",32,"Quant. de materiais para iluminação(Und) = ","Quant. de materiais para iluminação(Und) =  = ( 0+32+0+0+0+0+0) =  32",{"$f":"ROUND((((IFERROR(VLOOKUP(I$5,'Consolidado Sinalização'!$A$15:$AK$25,9,0)*0.4,0)))),2)","v":0},{"$f":"IFERROR(VLOOKUP(A142,'BASE DE DADOS ILUMINAÇÃO'!$A$2:$E$103,5,0),0)","v":32},0,0,0,{"$f":"ROUND((((IFERROR(VLOOKUP(N$5,'Consolidado Sinalização'!$A$15:$AK$25,9,0)*0.4,0)))),2)","v":0},{"$f":"ROUND((((IFERROR(VLOOKUP(O$5,'Consolidado Sinalização'!$A$15:$AK$25,9,0)*0.4,0)))),2)","v":0},{"$f":"'BASE DE DADOS ILUMINAÇÃO'!E48","v":32},0,{"$f":"#REF!","v":{"$error":"#REF!"}},null,null,null,{"$f":"F142-#REF!","v":{"$error":"#REF!"}}]
[" 10.3.14 ",91930,"SINAPI","CABO DE COBRE FLEXÍVEL ISOLADO, 6 MM², ANTI-CHAMA 450/750 V, PARA CIRCUITOS TERMINAIS - FORNECIMENTO E INSTALAÇÃO. AF_03/2023","M",1405,"Comp. total para iluminação (m) = ","Comp. total para iluminação (m) =  = ( 0+1405+0+0+0+0+0) =  1405",{"$f":"ROUND((((IFERROR(VLOOKUP(I$5,'Consolidado Sinalização'!$A$15:$AK$25,9,0)*0.4,0)))),2)","v":0},{"$f":"IFERROR(VLOOKUP(A143,'BASE DE DADOS ILUMINAÇÃO'!$A$2:$E$103,5,0),0)","v":1405},0,0,0,{"$f":"ROUND((((IFERROR(VLOOKUP(N$5,'Consolidado Sinalização'!$A$15:$AK$25,9,0)*0.4,0)))),2)","v":0},{"$f":"ROUND((((IFERROR(VLOOKUP(O$5,'Consolidado Sinalização'!$A$15:$AK$25,9,0)*0.4,0)))),2)","v":0},{"$f":"'BASE DE DADOS ILUMINAÇÃO'!E49","v":1405},0,{"$f":"#REF!","v":{"$error":"#REF!"}},null,null,null,{"$f":"F143-#REF!","v":{"$error":"#REF!"}}]
[" 10.3.15 ",63408,"SBC","CABO FLEX CLASS 4 OU 5 450/750V 120mm2","M",6150,"Comp. total para iluminação (m) = ","Comp. total para iluminação (m) =  = ( 0+6150+0+0+0+0+0) =  6150",{"$f":"ROUND((((IFERROR(VLOOKUP(I$5,'Consolidado Sinalização'!$A$15:$AK$25,9,0)*0.4,0)))),2)","v":0},{"$f":"IFERROR(VLOOKUP(A144,'BASE DE DADOS ILUMINAÇÃO'!$A$2:$E$103,5,0),0)","v":6150},0,0,0,{"$f":"ROUND((((IFERROR(VLOOKUP(N$5,'Consolidado Sinalização'!$A$15:$AK$25,9,0)*0.4,0)))),2)","v":0},{"$f":"ROUND((((IFERROR(VLOOKUP(O$5,'Consolidado Sinalização'!$A$15:$AK$25,9,0)*0.4,0)))),2)","v":0},{"$f":"'BASE DE DADOS ILUMINAÇÃO'!E50","v":6150},0,{"$f":"#REF!","v":{"$error":"#REF!"}},null,null,null,{"$f":"F144-#REF!","v":{"$error":"#REF!"}}]
[" 11 ","  ",null,"SERVIÇOS FINAIS",{"$nulls":12},0]
[" 11.1 ",3713612,"SICRO3","Cerca com 4 fios de arame farpado e mourão de concreto de seção triangular de 11 cm a cada 2,5 m e esticador de 15 cm a cada 50 m - areia e brita comerciais","m",11602.51,"Comp. total da cerca ao longo do trecho (m) = ","Comp. total da cerca ao longo do trecho (m) =  = ( 0+11602,51+0+0+0+0+0) =  11602,51",{"$f":"ROUND((VLOOKUP(I$5,'Consolidado Pavimentação'!$A$15:$AK$23,16,0)),2)","v":0},{"$f":"ROUND((VLOOKUP(J$5,'Consolidado Pavimentação'!$A$15:$AK$23,16,0)),2)","v":11602.51},{"$f":"ROUND((VLOOKUP(K$5,'Consolidado Pavimentação'!$A$15:$AK$23,16,0)),2)","v":0},{"$f":"ROUND((VLOOKUP(L$5,'Consolidado Pavimentação'!$A$15:$AK$23,16,0)),2)","v":0},{"$f":"ROUND((VLOOKUP(M$5,'Consolidado Pavimentação'!$A$15:$AK$23,16,0)),2)","v":0},{"$f":"ROUND((VLOOKUP(N$5,'Consolidado Pavimentação'!$A$15:$AK$23,16,0)),2)","v":0},{"$f":"ROUND((VLOOKUP(O$5,'Consolidado Pavimentação'!$A$15:$AK$23,16,0)),2)","v":0},{"$f":"'Consolidado Pavimentação'!P23","v":11602.510000000002},0,{"$f":"#REF!","v":{"$error":"#REF!"}},null,null,null,{"$f":"F146-#REF!","v":{"$error":"#REF!"}}]

{"sheet":"Cronograma","index":8,"n_rows":15,"n_cols":16,"rows_kept":15,"cut":false,"hidden":false,"merged":[[0,5,0,6],[1,5,1,6],[2,0,2,6]]}
[null,"Obra","Bancos",{"$f":"'Orçamento Sintético'!G1","v":"BDI SERVIÇO"},0.23380000000000001,"Encargos Sociais"]
[null,"CONTRATAÇÃO DE OBRAS DE PAVIMENTAÇÃO EM CONCRETO BETUMINOSO USINADO A QUENTE (CBUQ) NO RAMAL DA TOTOIA, NO MUNICÍPIO DE SANTANA/AP, NA ÁREA DE ATUAÇÃO DA 11ª SUPERINTENDÊNCIA REGIONAL DA CODEVASF, NO ESTADO DO AMAPÁ",{"$f":"'Orçamento Sintético'!E2","v":"SINAPI - 01/2026 - Amapá\nSBC - 03/2026 - Amapá\nSICRO3 - 10/2025 - Amapá\nORSE - 12/2025 - Sergipe\n"},{"$f":"'Orçamento Sintético'!G2","v":"BDI MATERIAL\n"},{"$f":"'Orçamento Sintético'!H2","v":0.1459},"Não Desonerado"]
["Cronograma Físico e Financeiro"]
["Item","Descrição","Total Por Etapa","30 DIAS","60 DIAS","90 DIAS","120 DIAS","150 DIAS","180 DIAS","210 DIAS","240 DIAS","270 DIAS","300 DIAS","330 DIAS","360 DIAS","390 DIAS"]
[1,"SERVIÇOS PRELIMINARES",{"$f":"VLOOKUP(A5,'Resumo do Orçamento'!$A$5:$I$15,9,FALSE)","v":1475877.09},"50,00%\n718.809,99","50,00%\n718.809,99","","","","","","","","","","",""]
[2,"ADMINISTRAÇÃO LOCAL",{"$f":"VLOOKUP(A6,'Resumo do Orçamento'!$A$5:$I$15,9,FALSE)","v":1488815.38},"2,58%\n38.318,73","3,24%\n48.121,19","3,86%\n57.329,57","3,86%\n57.329,57","8,35%\n124.016,03","11,20%\n166.344,86","14,49%\n215.208,66","13,11%\n194.712,59","10,82%\n160.701,01","10,06%\n149.413,33","9,04%\n134.264,06","5,19%\n77.083,02","4,20%\n62.379,32"]
[3,"MOBILIZAÇÃO E DESMOBIOLIZAÇÃO",{"$f":"VLOOKUP(A7,'Resumo do Orçamento'!$A$5:$I$15,9,FALSE)","v":21728.18},"50,00%\n10.864,09","","","","","","","","","","","","50,00%\n10.864,09"]
[4,"TERRAPLANAGEM",{"$f":"VLOOKUP(A8,'Resumo do Orçamento'!$A$5:$I$15,9,FALSE)","v":734886.8899999999},"","3,00%\n22.046,61","18,00%\n132.279,64","18,00%\n132.279,64","18,00%\n132.279,64","16,00%\n117.581,90","15,00%\n110.233,03","12,00%\n88.186,43","","","","",""]
[5,"DRENAGEM PROFUNDA",{"$f":"VLOOKUP(A9,'Resumo do Orçamento'!$A$5:$I$15,9,FALSE)","v":2146937.6},"","","15,00%\n323.837,57","15,00%\n323.837,57","15,00%\n323.837,57","15,00%\n323.837,57","15,00%\n323.837,57","15,00%\n323.837,57","10,00%\n215.891,72","","","",""]
[6,"PAVIMENTAÇÃO",{"$f":"VLOOKUP(A10,'Resumo do Orçamento'!$A$5:$I$15,9,FALSE)","v":11880859.890000001},"","","","","10,00%\n1.302.760,20","10,00%\n1.302.760,20","15,00%\n1.954.140,30","15,00%\n1.954.140,30","15,00%\n1.954.140,30","15,00%\n1.954.140,30","10,00%\n1.302.760,20","5,00%\n651.380,10","5,00%\n651.380,10"]
[7,"DEMOLIÇÃO",{"$f":"VLOOKUP(A11,'Resumo do Orçamento'!$A$5:$I$15,9,FALSE)","v":1107890.72},"","10,00%\n114.694,99","30,00%\n344.084,98","30,00%\n344.084,98","","","","","","","20,00%\n229.389,99","10,00%\n114.694,99",""]
[8,"DRENAGEM SUPERFICIAL",{"$f":"VLOOKUP(A12,'Resumo do Orçamento'!$A$5:$I$15,9,FALSE)","v":320134.94},"","","","","","","10,00%\n31.861,12","20,00%\n63.722,23","20,00%\n63.722,23","20,00%\n63.722,23","10,00%\n31.861,12","10,00%\n31.861,12","10,00%\n31.861,12"]
[9,"SINALIZAÇÃO",{"$f":"VLOOKUP(A13,'Resumo do Orçamento'!$A$5:$I$15,9,FALSE)","v":248653.13},"","","","","","","","","","","30,00%\n76.951,55","30,00%\n76.951,55","40,00%\n102.602,06"]
[10,"ILUMINAÇÃO DO RAMAL DA TOTOIA",{"$f":"VLOOKUP(A14,'Resumo do Orçamento'!$A$5:$I$15,9,FALSE)","v":1777526.8800000001},"6,30%\n111.592,81","","","","","33,70%\n596.932,97","30,00%\n531.394,34","30,00%\n531.394,34","","","","",""]
[11,"SERVIÇOS FINAIS",{"$f":"VLOOKUP(A15,'Resumo do Orçamento'!$A$5:$I$15,9,FALSE)","v":465028.6},"","","","","","","","","","10,00%\n45.238,19","40,00%\n180.952,74","40,00%\n180.952,74","10,00%\n45.238,19"]

{"sheet":"Transporte Cap 50-70","index":9,"n_rows":92,"n_cols":34,"rows_kept":92,"cut":false,"hidden":false,"merged":[[10,4,10,8],[10,9,10,10],[10,22,10,23],[12,3,25,3],[1,2,3,26],[6,2,8,2],[6,5,6,7],[6,12,8,12],[7,4,7,5],[7,6,8,6],[7,19,7,20]]}
[]
[null,null,"MEMÓRIA DE CÁLCULO"]
[]
[]
[]
[]
[null,null,"REAJUSTE",null,null,"TIPOLOGIA DO MATERIAL",null,null,"CIMENTOS ASFÁLTICOS CAP-50-70",null,null,null,"IMPOSTOS","COFINS",6.4999999999999997E-3,6.4999999999999997E-3]
[{"$nulls":6},"ÍNDICE DE PAVIMENTAÇÃO DNIT","2014-07-01","ÍNDICE INICIAL",270.23700000000002,null,null,null,"PIS",0.03,0.03,null,null,null,"LEGENDA",{"$nulls":8},"As empresas tributadas pelo Lucro Presumido pagam 0,65% de PIS e 3% de COFINS"]
[{"$nulls":7},"2026-02-01","ÍNDICE FINAL",593.00300000000004,null,null,null," ICMS",0.18,0.18,0.82000000000000006,0.82000000000000006,0.17999999999999994,"ENTRADA DE DADOS",{"$nulls":8},"As empresas tributadas pelo Lucro Real pagam 1,65% de PIS e 7,60% de COFINS"]
[{"$nulls":5},"CAP50/70","Data ANP","2026-01-01"]
[null,null,"DATA-BASE","PRODUTOS","LOCALIDADES",{"$nulls":4},"CUSTO ANP (R$/Kg)",null,"CUSTO ANP","IMPOSTOS DO PRODUTO","CUSTO DO PRODUTO COM IMPOSTOS","DMT's","DMT's FLUVIAL","CUSTO DO TRANSPORTE RODOVIA PAVIMENTADA","CUSTO DO TRANSPORTE FLUVIAL","CUSTO DO TRANSPORTE TOTAL","ICMS","ATUALIZAÇÃO DO CUSTO DE TRANSPORTE","CUSTO DO TRANSPORTE RODOVIA PAVIMENTADA COM IMPOSTOS E ATUALIZAÇÃO MONETÁRIA","PEDÁGIO ",null,"TOTAL TRANSPORTE","AQUISIÇÃO DO PRODUTO","TOTAL GERAL ( TRANSP + AQUISIÇÃO)",null,1,2,3]
[null,null,"2025-09-01",null,"REFINARIAS","ENDEREÇO","ESTADO","CIDADE","DESTINO","ESTADO","REGIÃO","R$/t","R$/t","R$/t","KM","KM","R$/t","R$/t","R$/t","R$/t","R$/t","R$/t","CUSTO ","R$/t","R$/t","R$/t","R$/t",null,"TOTAL GERAL ( TRANSP + AQUISIÇÃO)","TOTAL TRANSPORTE","AQUISIÇÃO DO PRODUTO"]
[null,{"$f":"AA13","v":5563.4025636213628},1,"CIMENTOS ASFÁLTICOS CAP-50-70","Refinaria Abreu e Lima","Rodovia PE 60, Km 10 - Ipojuca - PE CEP:55590-000","Pernambuco","IPOJUCA-PE","Santana -AP",{"$f":"VLOOKUP('Transporte Cap 50-70'!G13,OFFSET('ANP ESTADO'!$A$1,MATCH('Transporte Cap 50-70'!$I$7,'ANP ESTADO'!B:B,0)+MATCH('Transporte Cap 50-70'!$H$10,OFFSET('ANP ESTADO'!$A$1,MATCH('Transporte Cap 50-70'!$I$7,'ANP ESTADO'!B:B,0),0,100000,1),0),2,100000,2),2,FALSE)","v":"-"},{"$f":"VLOOKUP($H$10,OFFSET('ANP REGIÃO'!$A$9,MATCH('Transporte Cap 50-70'!$I$7,'ANP REGIÃO'!A:A,0),1,10000,10000),MATCH('Transporte Cap 50-70'!AH13,'ANP REGIÃO'!$B$8:$G$8,0),FALSE)","v":2.9795325636213619},{"$f":"IF(AND(J13=\"-\",K13=\"\"),\"\",IF(AND(J13<>0,K13=\"\"),J13*1000,IF(AND(J13=\"-\",K13<>0),K13*1000,IF(AND(J13<>0,K13<>0),J13*1000,\"\"))))","v":2979.532563621362},{"$f":"ROUND(((L13/(1-$O$7-$O$8-$O$9))-L13),2)","v":823.32},{"$f":"L13+M13","v":3802.8525636213622},2050.9,547,{"$f":"ROUND((26.939+0.253*O13),2)","v":545.82000000000005},{"$f":"(ROUND((24.3894+0.1603*P13),2))","v":112.07},{"$f":"Q13+R13","v":657.8900000000001},{"$f":"TRUNC(S13*($O$9/(1-$O$9)),2)","v":144.41},{"$f":"TRUNC(IF($J$8=\"\",\"\",(($J$9-$J$8)/$J$8)*(S13+T13)),2)","v":958.25},{"$f":"S13+T13+U13","v":1760.5500000000002},0,{"$f":"EVEN('Orçamento Sintético'!$F$54*2/28)*W13/('Orçamento Sintético'!$F$54)","v":0},{"$f":"IF(AND(Q13=\"\",T13=\"\"),\"\",V13+X13)","v":1760.5500000000002},{"$f":"IF(OR(L13=\"\",M13=\"\"),\"\",L13+M13)","v":3802.8525636213622},{"$f":"IF(OR(Y13=\"\",Z13=\"\"),\"\",Y13+Z13)","v":5563.4025636213628},null,6137.3381757566185,1733.23,4404.1081757566189,null,null,"NORDESTE"]
[null,{"$f":"AA14","v":6222.7118077616415},2,null,"ISAC SAABA","Rua Rio Quixito, 1, Vila Buriti - Distrito Industrial - Manaus - AM\nCEP: 69072-070","Amazonas","MANAUS-AM","Santana -AP",{"$f":"VLOOKUP('Transporte Cap 50-70'!G14,OFFSET('ANP ESTADO'!$A$1,MATCH('Transporte Cap 50-70'!$I$7,'ANP ESTADO'!B:B,0)+MATCH('Transporte Cap 50-70'!$H$10,OFFSET('ANP ESTADO'!$A$1,MATCH('Transporte Cap 50-70'!$I$7,'ANP ESTADO'!B:B,0),0,100000,1),0),2,100000,2),2,FALSE)","v":4.3928718077616411},{"$f":"VLOOKUP($H$10,OFFSET('ANP REGIÃO'!$A$9,MATCH('Transporte Cap 50-70'!$I$7,'ANP REGIÃO'!A:A,0),1,10000,10000),MATCH('Transporte Cap 50-70'!AH14,'ANP REGIÃO'!$B$8:$G$8,0),FALSE)","v":3.4679454062863444},{"$f":"IF(AND(J14=\"-\",K14=\"\"),\"\",IF(AND(J14<>0,K14=\"\"),J14*1000,IF(AND(J14=\"-\",K14<>0),K14*1000,IF(AND(J14<>0,K14<>0),J14*1000,\"\"))))","v":4392.8718077616413},{"$f":"ROUND(((L14/(1-$O$7-$O$8-$O$9))-L14),2)","v":1213.8599999999999},{"$f":"L14+M14","v":5606.731807761641},10,1100,{"$f":"ROUND((26.939+0.253*O14),2)","v":29.47},{"$f":"(ROUND((24.3894+0.1603*P14),2))","v":200.72},{"$f":"Q14+R14","v":230.19},{"$f":"TRUNC(S14*($O$9/(1-$O$9)),2)","v":50.52},{"$f":"TRUNC(IF($J$8=\"\",\"\",(($J$9-$J$8)/$J$8)*(S14+T14)),2)","v":335.27},{"$f":"S14+T14+U14","v":615.98},0,{"$f":"EVEN('Orçamento Sintético'!$F$54*2/28)*W14/('Orçamento Sintético'!$F$54)","v":0},{"$f":"IF(AND(Q14=\"\",T14=\"\"),\"\",V14+X14)","v":615.98},{"$f":"IF(OR(L14=\"\",M14=\"\"),\"\",L14+M14)","v":5606.731807761641},{"$f":"IF(OR(Y14=\"\",Z14=\"\"),\"\",Y14+Z14)","v":6222.7118077616415},null,7756.9684126979027,2156.2799999999997,5600.688412697903,null,null,"NORTE"]
[null,5443.4725636213625,2,null,"Refinaria Potiguar Clara Camarão","Rodovia RN 221, KM 25 - Guamaré - RN CEP:59598-000","Rio Grande do Norte","GUAMARÉ - RN","Santana -AP",{"$f":"VLOOKUP('Transporte Cap 50-70'!G15,OFFSET('ANP ESTADO'!$A$1,MATCH('Transporte Cap 50-70'!$I$7,'ANP ESTADO'!B:B,0)+MATCH('Transporte Cap 50-70'!$H$10,OFFSET('ANP ESTADO'!$A$1,MATCH('Transporte Cap 50-70'!$I$7,'ANP ESTADO'!B:B,0),0,100000,1),0),2,100000,2),2,FALSE)","v":"-"},{"$f":"VLOOKUP($H$10,OFFSET('ANP REGIÃO'!$A$9,MATCH('Transporte Cap 50-70'!$I$7,'ANP REGIÃO'!A:A,0),1,10000,10000),MATCH('Transporte Cap 50-70'!AH15,'ANP REGIÃO'!$B$8:$G$8,0),FALSE)","v":2.9795325636213619},{"$f":"IF(AND(J15=\"-\",K15=\"\"),\"\",IF(AND(J15<>0,K15=\"\"),J15*1000,IF(AND(J15=\"-\",K15<>0),K15*1000,IF(AND(J15<>0,K15<>0),J15*1000,\"\"))))","v":2979.532563621362},823.32,3802.8525636213622,1873.8,547,501.01,112.07,613.07999999999993,134.57,892.97,{"$f":"S15+T15+U15","v":1640.62},0,{"$f":"EVEN('Orçamento Sintético'!$F$54*2/28)*W15/('Orçamento Sintético'!$F$54)","v":0},1640.62,3802.8525636213622,5443.4725636213625,null,5998.5781757566192,1594.47,4404.1081757566189,null,null,"NORDESTE"]
[null,5650.1469330643286,3,null,"Refinaria Landulpho Alves (RLAM)","Rodovia BA 523, KM 4 – Mataripe São Francisco do Conde - BA CEP:43900-000","Bahia","SÃO FRANCISCO DO CONDE - BA","Santana -AP",{"$f":"VLOOKUP('Transporte Cap 50-70'!G16,OFFSET('ANP ESTADO'!$A$1,MATCH('Transporte Cap 50-70'!$I$7,'ANP ESTADO'!B:B,0)+MATCH('Transporte Cap 50-70'!$H$10,OFFSET('ANP ESTADO'!$A$1,MATCH('Transporte Cap 50-70'!$I$7,'ANP ESTADO'!B:B,0),0,100000,1),0),2,100000,2),2,FALSE)","v":3.026895344040716},{"$f":"VLOOKUP($H$10,OFFSET('ANP REGIÃO'!$A$9,MATCH('Transporte Cap 50-70'!$I$7,'ANP REGIÃO'!A:A,0),1,10000,10000),MATCH('Transporte Cap 50-70'!AH16,'ANP REGIÃO'!$B$8:$G$8,0),FALSE)","v":2.9795325636213619},3026.8953440407158,836.4,3863.2953440407159,2087.5,547,555.08000000000004,112.07,667.15000000000009,146.44,971.73,1785.3200000000002,21,{"$f":"EVEN('Orçamento Sintético'!$F$54*2/28)*W16/('Orçamento Sintético'!$F$54)","v":1.5315890236119973},1786.8515890236122,3863.2953440407159,5650.1469330643286,null,6445.6838926755863,1713.8496406473314,4731.8342520282549,null,null,"NORDESTE"]
[2403,5134.7423425972065,4,null,"Refinaria Lubrificantes e Derivados do Nordeste (Lubnor)","Av. Leite Barbosa, s/nº - Mucuripe Fortaleza - Ceará CEP:60180-420","Ceará","FORTALEZA - CE","Santana -AP",{"$f":"VLOOKUP('Transporte Cap 50-70'!G17,OFFSET('ANP ESTADO'!$A$1,MATCH('Transporte Cap 50-70'!$I$7,'ANP ESTADO'!B:B,0)+MATCH('Transporte Cap 50-70'!$H$10,OFFSET('ANP ESTADO'!$A$1,MATCH('Transporte Cap 50-70'!$I$7,'ANP ESTADO'!B:B,0),0,100000,1),0),2,100000,2),2,FALSE)","v":2.9526923425972065},{"$f":"VLOOKUP($H$10,OFFSET('ANP REGIÃO'!$A$9,MATCH('Transporte Cap 50-70'!$I$7,'ANP REGIÃO'!A:A,0),1,10000,10000),MATCH('Transporte Cap 50-70'!AH17,'ANP REGIÃO'!$B$8:$G$8,0),FALSE)","v":2.9795325636213619},2952.6923425972063,815.9,3768.5923425972064,1468.4,547,398.44,112.07,510.51,112.06,743.58,1366.15,0,{"$f":"EVEN('Orçamento Sintético'!$F$54*2/28)*W17/('Orçamento Sintético'!$F$54)","v":0},1366.15,3768.5923425972064,5134.7423425972065,null,5564.169581672586,1374.93,4189.2395816725857,null,null,"NORDESTE"]
[null,6608.4007843251911,5,null,"Refinaria Capuava (Recap)","Av. Alberto Soares Sampaio, 2122-A Capuava – Mauá - SP","São Paulo","MAUÁ - SP","Santana -AP",{"$f":"VLOOKUP('Transporte Cap 50-70'!G18,OFFSET('ANP ESTADO'!$A$1,MATCH('Transporte Cap 50-70'!$I$7,'ANP ESTADO'!B:B,0)+MATCH('Transporte Cap 50-70'!$H$10,OFFSET('ANP ESTADO'!$A$1,MATCH('Transporte Cap 50-70'!$I$7,'ANP ESTADO'!B:B,0),0,100000,1),0),2,100000,2),2,FALSE)","v":3.2358496748348089},{"$f":"VLOOKUP($H$10,OFFSET('ANP REGIÃO'!$A$9,MATCH('Transporte Cap 50-70'!$I$7,'ANP REGIÃO'!A:A,0),1,10000,10000),MATCH('Transporte Cap 50-70'!AH18,'ANP REGIÃO'!$B$8:$G$8,0),FALSE)","v":3.2187323111617077},3235.8496748348089,894.14,4129.9896748348092,2951.6,547,773.69,112.07,885.76,194.43,1290.1500000000001,2370.34,1481.79,{"$f":"EVEN('Orçamento Sintético'!$F$54*2/28)*W18/('Orçamento Sintético'!$F$54)","v":108.07110949038197},2478.4111094903819,4129.9896748348092,6608.4007843251911,null,7011.5272503809701,2420.3359663326173,4591.1912840483528,null,null,"SUDESTE"]
[null,6737.0570084071778,6,null,"Refinaria Duque de Caxias (Reduc)","Rodovia Washington Luiz, km 113,7 Campos Elíseos – Duque de Caxias - RJ CEP:25213-005","Rio de Janeiro","DUQUE DE CAXIAS - RJ","Santana -AP",{"$f":"VLOOKUP('Transporte Cap 50-70'!G19,OFFSET('ANP ESTADO'!$A$1,MATCH('Transporte Cap 50-70'!$I$7,'ANP ESTADO'!B:B,0)+MATCH('Transporte Cap 50-70'!$H$10,OFFSET('ANP ESTADO'!$A$1,MATCH('Transporte Cap 50-70'!$I$7,'ANP ESTADO'!B:B,0),0,100000,1),0),2,100000,2),2,FALSE)","v":3.2658010087718425},{"$f":"VLOOKUP($H$10,OFFSET('ANP REGIÃO'!$A$9,MATCH('Transporte Cap 50-70'!$I$7,'ANP REGIÃO'!A:A,0),1,10000,10000),MATCH('Transporte Cap 50-70'!AH19,'ANP REGIÃO'!$B$8:$G$8,0),FALSE)","v":3.2187323111617077},3265.8010087718426,902.42,4168.2210087718422,3096.3,547,810.3,112.07,922.36999999999989,202.47,1343.48,2468.3199999999997,1378.2,{"$f":"EVEN('Orçamento Sintético'!$F$54*2/28)*W19/('Orçamento Sintético'!$F$54)","v":100.51599963533594},2568.8359996353356,4168.2210087718422,6737.0570084071778,null,6887.7965524748006,2566.4063743806109,4321.3901780941897,null,null,"SUDESTE"]
[null,7536.6409193944728,7,null,"Refinaria Alberto Pasqualini (Refap)","Avenida Getúlio Vargas, 11001 - Bairro Brigadeira Canoas - RS - Brasil CEP:92420-221","Rio grande do sul","CANOAS - RS","Santana -AP",{"$f":"VLOOKUP('Transporte Cap 50-70'!G20,OFFSET('ANP ESTADO'!$A$1,MATCH('Transporte Cap 50-70'!$I$7,'ANP ESTADO'!B:B,0)+MATCH('Transporte Cap 50-70'!$H$10,OFFSET('ANP ESTADO'!$A$1,MATCH('Transporte Cap 50-70'!$I$7,'ANP ESTADO'!B:B,0),0,100000,1),0),2,100000,2),2,FALSE)","v":3.371304290713645},{"$f":"VLOOKUP($H$10,OFFSET('ANP REGIÃO'!$A$9,MATCH('Transporte Cap 50-70'!$I$7,'ANP REGIÃO'!A:A,0),1,10000,10000),MATCH('Transporte Cap 50-70'!AH20,'ANP REGIÃO'!$B$8:$G$8,0),FALSE)","v":3.3004199243741041},3371.3042907136451,931.57,4302.8742907136448,3992.9,547,1037.1400000000001,112.07,1149.21,252.26,1673.88,3075.3500000000004,2172.09,{"$f":"EVEN('Orçamento Sintético'!$F$54*2/28)*W20/('Orçamento Sintético'!$F$54)","v":158.41662868082778},3233.766628680828,4302.8742907136448,7536.6409193944728,null,7925.7564332732836,3182.8290420114849,4742.9273912617982,null,null,"SUL"]
[null,6785.9639677575742,8,null,"Unidade de Industrialização do Xisto (SIX)","Rodovia do Xisto, BR 476, km 153 São Mateus do Sul – PR CEP 83900-000","Paraná","SÃO MATEUS DO SUL - PR","Santana -AP",{"$f":"VLOOKUP('Transporte Cap 50-70'!G21,OFFSET('ANP ESTADO'!$A$1,MATCH('Transporte Cap 50-70'!$I$7,'ANP ESTADO'!B:B,0)+MATCH('Transporte Cap 50-70'!$H$10,OFFSET('ANP ESTADO'!$A$1,MATCH('Transporte Cap 50-70'!$I$7,'ANP ESTADO'!B:B,0),0,100000,1),0),2,100000,2),2,FALSE)","v":3.2600138200686333},{"$f":"VLOOKUP($H$10,OFFSET('ANP REGIÃO'!$A$9,MATCH('Transporte Cap 50-70'!$I$7,'ANP REGIÃO'!A:A,0),1,10000,10000),MATCH('Transporte Cap 50-70'!AH21,'ANP REGIÃO'!$B$8:$G$8,0),FALSE)","v":3.3004199243741041},3260.0138200686333,900.82,4160.833820068633,3193.5,547,834.89,112.07,946.96,207.86,1379.29,2534.11,1248,{"$f":"EVEN('Orçamento Sintético'!$F$54*2/28)*W21/('Orçamento Sintético'!$F$54)","v":91.020147688941549},2625.1301476889416,4160.833820068633,6785.9639677575742,null,7273.2894867240602,2613.2420216689916,4660.0474650550686,null,null,"SUL"]
[null,6239.6298853098469,9,null,"Refinaria Gabriel Passos (Regap)","Av. Refinaria Gabriel Passos, 690 Distrito Industrial Paulo Camilo Sul Betim - MG CEP:32669-205","Minas Gerais","BETIM - MG","Santana -AP",{"$f":"VLOOKUP('Transporte Cap 50-70'!G22,OFFSET('ANP ESTADO'!$A$1,MATCH('Transporte Cap 50-70'!$I$7,'ANP ESTADO'!B:B,0)+MATCH('Transporte Cap 50-70'!$H$10,OFFSET('ANP ESTADO'!$A$1,MATCH('Transporte Cap 50-70'!$I$7,'ANP ESTADO'!B:B,0),0,100000,1),0),2,100000,2),2,FALSE)","v":3.1145532438657768},{"$f":"VLOOKUP($H$10,OFFSET('ANP REGIÃO'!$A$9,MATCH('Transporte Cap 50-70'!$I$7,'ANP REGIÃO'!A:A,0),1,10000,10000),MATCH('Transporte Cap 50-70'!AH22,'ANP REGIÃO'!$B$8:$G$8,0),FALSE)","v":3.2187323111617077},3114.5532438657769,860.63,3975.1832438657771,2688.3,547,707.08,112.07,819.15000000000009,179.81,1193.1300000000001,2192.09,992.1,{"$f":"EVEN('Orçamento Sintético'!$F$54*2/28)*W22/('Orçamento Sintético'!$F$54)","v":72.356641444069652},2264.4466414440699,3975.1832438657771,6239.6298853098469,null,6807.5977310733724,2221.6016382681923,4585.9960928051796,null,null,"SUDESTE"]
[null,6912.3514014343,10,null,"Refinaria Presidente Getúlio Vargas (Repar)","Rodovia do Xisto, BR 476, km 16 Araucária - PR CEP:83707-440","Paraná","ARAUCÁRIA - PR","Santana -AP",{"$f":"VLOOKUP('Transporte Cap 50-70'!G23,OFFSET('ANP ESTADO'!$A$1,MATCH('Transporte Cap 50-70'!$I$7,'ANP ESTADO'!B:B,0)+MATCH('Transporte Cap 50-70'!$H$10,OFFSET('ANP ESTADO'!$A$1,MATCH('Transporte Cap 50-70'!$I$7,'ANP ESTADO'!B:B,0),0,100000,1),0),2,100000,2),2,FALSE)","v":3.2600138200686333},{"$f":"VLOOKUP($H$10,OFFSET('ANP REGIÃO'!$A$9,MATCH('Transporte Cap 50-70'!$I$7,'ANP REGIÃO'!A:A,0),1,10000,10000),MATCH('Transporte Cap 50-70'!AH23,'ANP REGIÃO'!$B$8:$G$8,0),FALSE)","v":3.3004199243741041},3260.0138200686333,900.82,4160.833820068633,3336.8,547,871.15,112.07,983.22,215.82,1432.11,2631.1499999999996,1650.39,{"$f":"EVEN('Orçamento Sintético'!$F$54*2/28)*W23/('Orçamento Sintético'!$F$54)","v":120.36758136566688},2751.5175813656665,4160.833820068633,6912.3514014343,null,7284.649230667098,2624.6017656120293,4660.0474650550686,null,null,"SUL"]
[null,6634.5407843251905,11,null,"Refinaria Presidente Bernardes (RPBC)","Av. 9 de abril, 777 - Jardim das Indústrias Cubatão - SP CEP:11505-000","São Paulo","CUBATÃO - SP","Santana -AP",{"$f":"VLOOKUP('Transporte Cap 50-70'!G24,OFFSET('ANP ESTADO'!$A$1,MATCH('Transporte Cap 50-70'!$I$7,'ANP ESTADO'!B:B,0)+MATCH('Transporte Cap 50-70'!$H$10,OFFSET('ANP ESTADO'!$A$1,MATCH('Transporte Cap 50-70'!$I$7,'ANP ESTADO'!B:B,0),0,100000,1),0),2,100000,2),2,FALSE)","v":3.2358496748348089},{"$f":"VLOOKUP($H$10,OFFSET('ANP REGIÃO'!$A$9,MATCH('Transporte Cap 50-70'!$I$7,'ANP REGIÃO'!A:A,0),1,10000,10000),MATCH('Transporte Cap 50-70'!AH24,'ANP REGIÃO'!$B$8:$G$8,0),FALSE)","v":3.2187323111617077},3235.8496748348089,894.14,4129.9896748348092,2990.2,547,783.46,112.07,895.53,196.57,1304.3800000000001,2396.48,1481.79,{"$f":"EVEN('Orçamento Sintético'!$F$54*2/28)*W24/('Orçamento Sintético'!$F$54)","v":108.07110949038197},2504.5511094903818,4129.9896748348092,6634.5407843251905,null,7038.4572503809704,2447.2659663326172,4591.1912840483528,null,null,"SUDESTE"]
[null,6513.1519284586584,12,null,"Refinaria de Paulínia (Replan)","Rodovia SP 332 - Km. 130 Bonfim - Paulínia – SP CEP:13140-000","São Paulo","PAULÍNIA - SP","Santana -AP",{"$f":"VLOOKUP('Transporte Cap 50-70'!G25,OFFSET('ANP ESTADO'!$A$1,MATCH('Transporte Cap 50-70'!$I$7,'ANP ESTADO'!B:B,0)+MATCH('Transporte Cap 50-70'!$H$10,OFFSET('ANP ESTADO'!$A$1,MATCH('Transporte Cap 50-70'!$I$7,'ANP ESTADO'!B:B,0),0,100000,1),0),2,100000,2),2,FALSE)","v":3.2358496748348089},{"$f":"VLOOKUP($H$10,OFFSET('ANP REGIÃO'!$A$9,MATCH('Transporte Cap 50-70'!$I$7,'ANP REGIÃO'!A:A,0),1,10000,10000),MATCH('Transporte Cap 50-70'!AH25,'ANP REGIÃO'!$B$8:$G$8,0),FALSE)","v":3.2187323111617077},3235.8496748348089,894.14,4129.9896748348092,2824.1,547,741.44,112.07,853.51,187.35,1243.18,2284.04,1359.09,{"$f":"EVEN('Orçamento Sintético'!$F$54*2/28)*W25/('Orçamento Sintético'!$F$54)","v":99.122253623849019},2383.1622536238492,4129.9896748348092,6513.1519284586584,null,6917.529042180644,2326.3377581322907,4591.1912840483528,null,null,"SUDESTE"]
[null,6637.4421016740835,13,null,"Refinaria Henrique Lage (Revap)","Rodovia Presidente Dutra, KM 143, S/N Bairro Jardim Diamante - São José dos Campos – SP CEP:12223-900","São Paulo","SÃO JOSÉ DOS CAMPOS - SP","Santana -AP",{"$f":"VLOOKUP('Transporte Cap 50-70'!G26,OFFSET('ANP ESTADO'!$A$1,MATCH('Transporte Cap 50-70'!$I$7,'ANP ESTADO'!B:B,0)+MATCH('Transporte Cap 50-70'!$H$10,OFFSET('ANP ESTADO'!$A$1,MATCH('Transporte Cap 50-70'!$I$7,'ANP ESTADO'!B:B,0),0,100000,1),0),2,100000,2),2,FALSE)","v":3.2358496748348089},{"$f":"VLOOKUP($H$10,OFFSET('ANP REGIÃO'!$A$9,MATCH('Transporte Cap 50-70'!$I$7,'ANP REGIÃO'!A:A,0),1,10000,10000),MATCH('Transporte Cap 50-70'!AH26,'ANP REGIÃO'!$B$8:$G$8,0),FALSE)","v":3.2187323111617077},3235.8496748348089,894.14,4129.9896748348092,2985.7,547,782.32,112.07,894.3900000000001,196.32,1302.72,2393.4300000000003,1563.39,{"$f":"EVEN('Orçamento Sintético'!$F$54*2/28)*W26/('Orçamento Sintético'!$F$54)","v":114.02242683927432},2507.4524268392747,4129.9896748348092,6637.4421016740835,null,7028.6578625385409,2437.4665784901886,4591.1912840483528,null,null,"SUDESTE"]
{"$rows_empty":9}
[null,null,null,"Acre"]
[null,null,null,"Alagoas"]
[null,null,null,"Amapá"]
[null,null,null,"Amazonas"]
[null,null,null,"Bahia"]
[null,null,null,"Ceará"]
[null,null,null,"Distrito Federal"]
[null,null,null,"Espírito Santo"]
[null,null,null,"Goiás"]
[null,null,null,"Maranhão"]
[null,null,null,"Mato Grosso"]
[null,null,null,"Mato Grosso do Sul"]
[null,null,null,"Minas Gerais"]
[null,null,null,"Pará"]
[null,null,null,"Paraíba"]
[null,null,null,"Paraná"]
[null,null,null,"Pernambuco"]
[null,null,null,"Piauí"]
[null,null,null,"Rio de Janeiro"]
[null,null,null,"Rio Grande do Norte"]
[null,null,null,"Rio Grande do Sul"]
[null,null,null,"Rondônia"]
[null,null,null,"Roraima"]
[null,null,null,"Santa Catarina"]
[null,null,null,"São Paulo"]
[null,null,null,"Sergipe"]
[null,null,null,"Tocantins"]
[]
[]
[]
[null,null,null,"ASFALTOS DILUÍDOS CM-30"]
[null,null,null,"ASFALTOS DILUÍDOS CM-70"]
[null,null,null,"ASFALTOS DILUÍDOS CR-250"]
[null,null,null,"ASFALTOS DILUÍDOS CR-70"]
[null,null,null,"CAP MODIFICADO POR BORRACHA DE PNEU AB22"]
[null,null,null,"CAP MODIFICADO POR BORRACHA DE PNEU AB8"]
[null,null,null,"CAP MODIFICADO POR POLÍMERO 55-75-E"]
[null,null,null,"CAP MODIFICADO POR POLÍMERO 60-85-E"]
[null,null,null,"CAP MODIFICADO POR POLÍMERO 65-90-E"]
[null,null,null,"CIMENTOS ASFÁLTICOS CAP-150-200"]
[null,null,null,"CIMENTOS ASFÁLTICOS CAP-30-45"]
[null,null,null,"CIMENTOS ASFÁLTICOS CAP-50-70"]
[null,null,null,"CIMENTOS ASFÁLTICOS CAP-85-100"]
[null,null,null,"EMULSÃO ASFÁLTICA CATIÔNICA DE RUPTURA CONTROLADA PARA SERVIÇO DE LAMA ASFÁLTICA"]
[null,null,null,"EMULSÃO ASFÁLTICA DE RUPTURA LENTA CATIÔNICA PARA SERVIÇO DE LAMA ASFÁLTICA"]
[null,null,null,"EMULSÃO ASFÁLTICA DE RUPTURA LENTA DE CARGA NEUTRA PARA SERVIÇO DE LAMA ASFÁLTICA"]
[null,null,null,"EMULSÃO ASFÁLTICA PARA SERVIÇO DE IMPRIMAÇÃO"]
[null,null,null,"EMULSÕES ASF. MOD. POR POLÍMEROS RC1C-E"]
[null,null,null,"EMULSÕES ASF. MOD. POR POLÍMEROS RL1C-E"]
[null,null,null,"EMULSÕES ASF. MOD. POR POLÍMEROS RM1C-E"]
[null,null,null,"EMULSÕES ASF. MOD. POR POLÍMEROS RR1C-E"]
[null,null,null,"EMULSÕES ASF. MOD. POR POLÍMEROS RR2C-E"]
[null,null,null,"EMULSÕES ASFÁLTICAS RL-1C"]
[null,null,null,"EMULSÕES ASFÁLTICAS RM-1C"]
[null,null,null,"EMULSÕES ASFÁLTICAS RM-2C"]
[null,null,null,"EMULSÕES ASFÁLTICAS RR-1C"]
[null,null,null,"EMULSÕES ASFÁLTICAS RR-2C"]

{"sheet":"Transporte CM-30","index":10,"n_rows":99,"n_cols":34,"rows_kept":99,"cut":false,"hidden":false,"merged":[[10,4,10,8],[10,9,10,10],[10,22,10,23],[12,3,32,3],[1,2,3,26],[6,2,8,2],[6,5,6,7],[6,12,8,12],[7,4,7,5],[7,6,8,6],[7,19,7,20]]}
[]
[null,null,"MEMÓRIA DE CÁLCULO"]
[]
[]
[]
[]
[null,null,"REAJUSTE",null,null,"TIPOLOGIA DO MATERIAL",null,null,"EMULSÃO ASFÁLTICA PARA SERVIÇO DE IMPRIMAÇÃO",null,null,null,"IMPOSTOS","COFINS",6.4999999999999997E-3,6.4999999999999997E-3]
[{"$nulls":6},"ÍNDICE DE PAVIMENTAÇÃO DNIT","2014-07-01","ÍNDICE INICIAL",270.23700000000002,null,null,null,"PIS",0.03,0.03,null,null,null,"LEGENDA",{"$nulls":8},"As empresas tributadas pelo Lucro Presumido pagam 0,65% de PIS e 3% de COFINS"]
[{"$nulls":7},"2026-02-01","ÍNDICE FINAL",593.00300000000004,null,null,null," ICMS",0.18,0.18,0.82000000000000006,0.82000000000000006,0.17999999999999994,"ENTRADA DE DADOS",{"$nulls":8},"As empresas tributadas pelo Lucro Real pagam 1,65% de PIS e 7,60% de COFINS"]
[{"$nulls":6},"Data ANP","2026-01-01"]
[null,null,"DATA-BASE","PRODUTOS","LOCALIDADES",{"$nulls":4},"CUSTO ANP (R$/Kg)",null,"CUSTO ANP","IMPOSTOS DO PRODUTO","CUSTO DO PRODUTO COM IMPOSTOS","DMT's","DMT'S FLUVIAL","CUSTO DO TRANSPORTE RODOVIA PAVIMENTADA","CUSTO DO TRANSPORTE FLUVIAL","CUSTO DO TRANSPORTE TOTAL","ICMS","ATUALIZAÇÃO DO CUSTO DE TRANSPORTE","CUSTO DO TRANSPORTE RODOVIA PAVIMENTADA COM IMPOSTOS E ATUALIZAÇÃO MONETÁRIA","PEDÁGIO ",null,"TOTAL TRANSPORTE","AQUISIÇÃO DO PRODUTO","TOTAL GERAL ( TRANSP + AQUISIÇÃO)",null,1,2,3]
[null,null,"2025-09-01",null,"REFINARIAS","ENDEREÇO","ESTADO","CIDADE","DESTINO","ESTADO","REGIÃO","R$/t","R$/t","R$/t","KM","KM","R$/t","R$/t","R$/t","R$/t","R$/t","R$/t","CUSTO ","R$/t","R$/t","R$/t","R$/t",null,"TOTAL GERAL ( TRANSP + AQUISIÇÃO)","TOTAL TRANSPORTE","AQUISIÇÃO DO PRODUTO"]
[null,{"$f":"AA13","v":4876.4862283756629},1,"ASFALTOS DILUÍDOS CM-30","'CENTRO OESTE ASFALTOS LTDA.","SETOR DE INFLAMÁVEIS, S/N TRECHO 02 - LOTE 1.100 - GUARÁ - CEP:71225-000","Distrito Federal","BRASÍLIA - DF","Santana -AP",{"$f":"VLOOKUP(G13,OFFSET('ANP ESTADO'!$A$1,MATCH($I$7,'ANP ESTADO'!B:B,0)+MATCH($H$10,OFFSET('ANP ESTADO'!$A$1,MATCH($I$7,'ANP ESTADO'!B:B,0),0,100000,1),0),2,100000,2),2,FALSE)","v":"-"},{"$f":"VLOOKUP($H$10,OFFSET('ANP REGIÃO'!$A$9,MATCH($I$7,'ANP REGIÃO'!A:A,0),1,10000,10000),MATCH(AH13,'ANP REGIÃO'!$B$8:$G$8,0),FALSE)","v":2.4624435826631723},{"$f":"IF(AND(J13=\"-\",K13=\"-\"),\"\",IF(AND(J13<>0,K13=\"-\"),J13*1000,IF(AND(J13=\"-\",K13<>0),K13*1000,IF(AND(J13<>0,K13<>0),J13*1000,\"\"))))","v":2462.4435826631725},{"$f":"ROUND(((L13/(1-$O$7-$O$8-$O$9))-L13),2)","v":680.43},{"$f":"L13+M13","v":3142.8735826631723},1968.1,547,{"$f":"ROUND((26.939+0.253*O13),2)","v":524.87},{"$f":"ROUND((20.7256+0.1603*P13),2)","v":108.41},{"$f":"Q13+R13","v":633.28},{"$f":"TRUNC(S13*($O$9/(1-$O$9)),2)","v":139.01},{"$f":"TRUNC(IF($J$8=\"\",\"\",(($J$9-$J$8)/$J$8)*(S13+T13)),2)","v":922.4},{"$f":"S13+T13+U13","v":1694.69},444,{"$f":"EVEN('Orçamento Sintético'!$F$48/1000*2/28)*W13/('Orçamento Sintético'!$F$48/1000)","v":38.922645712490862},{"$f":"IF(AND(S13=\"\",T13=\"\"),\"\",V13+X13)","v":1733.612645712491},{"$f":"IF(OR(L13=\"\",M13=\"\"),\"\",L13+M13)","v":3142.8735826631723},{"$f":"IF(OR(Y13=\"\",Z13=\"\"),\"\",Y13+Z13)","v":4876.4862283756629},null,8751.5855407736562,1711.9264335664334,7039.6591072072233,null,null,"CENTRO-OESTE"]
[null,{"$f":"AA14","v":4385.9885913470544},2,null,"ISAC SAABA","Rua Rio Quixito, 1, Vila Buriti - Distrito Industrial - Manaus - AM\nCEP: 69072-070","Amazonas","MANAUS - AM","Santana -AP",{"$f":"VLOOKUP(G14,OFFSET('ANP ESTADO'!$A$1,MATCH($I$7,'ANP ESTADO'!B:B,0)+MATCH($H$10,OFFSET('ANP ESTADO'!$A$1,MATCH($I$7,'ANP ESTADO'!B:B,0),0,100000,1),0),2,100000,2),2,FALSE)","v":"-"},{"$f":"VLOOKUP($H$10,OFFSET('ANP REGIÃO'!$A$9,MATCH($I$7,'ANP REGIÃO'!A:A,0),1,10000,10000),MATCH(AH14,'ANP REGIÃO'!$B$8:$G$8,0),FALSE)","v":2.9614685913470544},{"$f":"IF(AND(J14=\"-\",K14=\"-\"),\"\",IF(AND(J14<>0,K14=\"-\"),J14*1000,IF(AND(J14=\"-\",K14<>0),K14*1000,IF(AND(J14<>0,K14<>0),J14*1000,\"\"))))","v":2961.4685913470544},{"$f":"ROUND(((L14/(1-$O$7-$O$8-$O$9))-L14),2)","v":818.33},{"$f":"L14+M14","v":3779.7985913470543},10,1100,{"$f":"ROUND((26.939+0.253*O14),2)","v":29.47},{"$f":"ROUND((20.7256+0.1603*P14),2)","v":197.06},{"$f":"Q14+R14","v":226.53},{"$f":"TRUNC(S14*($O$9/(1-$O$9)),2)","v":49.72},{"$f":"TRUNC(IF($J$8=\"\",\"\",(($J$9-$J$8)/$J$8)*(S14+T14)),2)","v":329.94},{"$f":"S14+T14+U14","v":606.19000000000005},0,{"$f":"EVEN('Orçamento Sintético'!$F$48/1000*2/28)*W14/('Orçamento Sintético'!$F$48/1000)","v":0},{"$f":"IF(AND(S14=\"\",T14=\"\"),\"\",V14+X14)","v":606.19000000000005},{"$f":"IF(OR(L14=\"\",M14=\"\"),\"\",L14+M14)","v":3779.7985913470543},{"$f":"IF(OR(Y14=\"\",Z14=\"\"),\"\",Y14+Z14)","v":4385.9885913470544},null,11256.087371572645,2145.87,9110.217371572644,null,null,"NORTE"]
[null,4869.6015428772153,2,null,"STRATURA ASFALTOS S/A","AVENIDA PRESIDENTE WILSON, 08  - JUNDIAÍ - CEP:75115-100","Goiás","ANÁPOLIS - GO","Santana -AP",{"$f":"VLOOKUP(G15,OFFSET('ANP ESTADO'!$A$1,MATCH($I$7,'ANP ESTADO'!B:B,0)+MATCH($H$10,OFFSET('ANP ESTADO'!$A$1,MATCH($I$7,'ANP ESTADO'!B:B,0),0,100000,1),0),2,100000,2),2,FALSE)","v":"-"},{"$f":"VLOOKUP($H$10,OFFSET('ANP REGIÃO'!$A$9,MATCH($I$7,'ANP REGIÃO'!A:A,0),1,10000,10000),MATCH(AH15,'ANP REGIÃO'!$B$8:$G$8,0),FALSE)","v":2.4624435826631723},2462.4435826631725,680.43,3142.8735826631723,1945.8,547,519.23,108.41,627.64,137.77000000000001,914.19,1679.6,537.6,{"$f":"EVEN('Orçamento Sintético'!$F$48/1000*2/28)*W15/('Orçamento Sintético'!$F$48/1000)","v":47.127960214042993},1726.7279602140429,3142.8735826631723,4869.6015428772153,null,8275.6403398345828,1692.7333366633368,6582.9070031712463,null,null,"CENTRO-OESTE"]
[null,4906.3315428772148,3,null,"DISTRIBUIDORA BRASILEIRA DE ASFALTO SA - DISBRAL","VIA PRIMARIA 8, S/N QD-18, MODS. 24/47 - DAIAG - CEP:74980-970","Goiás","APARECIDA DE GOIANIA - GO","Santana -AP",{"$f":"VLOOKUP(G16,OFFSET('ANP ESTADO'!$A$1,MATCH($I$7,'ANP ESTADO'!B:B,0)+MATCH($H$10,OFFSET('ANP ESTADO'!$A$1,MATCH($I$7,'ANP ESTADO'!B:B,0),0,100000,1),0),2,100000,2),2,FALSE)","v":"-"},{"$f":"VLOOKUP($H$10,OFFSET('ANP REGIÃO'!$A$9,MATCH($I$7,'ANP REGIÃO'!A:A,0),1,10000,10000),MATCH(AH16,'ANP REGIÃO'!$B$8:$G$8,0),FALSE)","v":2.4624435826631723},2462.4435826631725,680.43,3142.8735826631723,2000.1,547,532.96,108.41,641.37,140.78,934.18,1716.33,537.6,{"$f":"EVEN('Orçamento Sintético'!$F$48/1000*2/28)*W16/('Orçamento Sintético'!$F$48/1000)","v":47.127960214042993},1763.4579602140429,3142.8735826631723,4906.3315428772148,null,8310.020339834582,1727.1133366633364,6582.9070031712463,null,null,"CENTRO-OESTE"]
[2403,4889.1515428772154,4,null,"INDÚSTRIA NACIONAL DE ASFALTOS LTDA.","VIA PRIMEIRA E SEGUNDA 3, S/N.º LOTES 01 A 10 - DISTRITO AGROINDUSTRIAL - CEP:75370-000","Goiás","GOIANIRA - GO","Santana -AP",{"$f":"VLOOKUP(G17,OFFSET('ANP ESTADO'!$A$1,MATCH($I$7,'ANP ESTADO'!B:B,0)+MATCH($H$10,OFFSET('ANP ESTADO'!$A$1,MATCH($I$7,'ANP ESTADO'!B:B,0),0,100000,1),0),2,100000,2),2,FALSE)","v":"-"},{"$f":"VLOOKUP($H$10,OFFSET('ANP REGIÃO'!$A$9,MATCH($I$7,'ANP REGIÃO'!A:A,0),1,10000,10000),MATCH(AH17,'ANP REGIÃO'!$B$8:$G$8,0),FALSE)","v":2.4624435826631723},2462.4435826631725,680.43,3142.8735826631723,1974.7,547,526.54,108.41,634.94999999999993,139.37,924.83,1699.15,537.6,{"$f":"EVEN('Orçamento Sintético'!$F$48/1000*2/28)*W17/('Orçamento Sintético'!$F$48/1000)","v":47.127960214042993},1746.2779602140431,3142.8735826631723,4889.1515428772154,null,8290.4903398345832,1707.5833366633365,6582.9070031712463,null,null,"CENTRO-OESTE"]
[null,4509.1566117465673,5,null,"STRATURA ASFALTOS S/A","RUA VICTOR RODRIGUES RESENDE, 333  - DISTRITO IND. DE UBERLÂNDIA - CEP:38405-440","Minas Gerais","UBERLANDIA - MG","Santana -AP",{"$f":"VLOOKUP(G18,OFFSET('ANP ESTADO'!$A$1,MATCH($I$7,'ANP ESTADO'!B:B,0)+MATCH($H$10,OFFSET('ANP ESTADO'!$A$1,MATCH($I$7,'ANP ESTADO'!B:B,0),0,100000,1),0),2,100000,2),2,FALSE)","v":1.9615999859270554},{"$f":"VLOOKUP($H$10,OFFSET('ANP REGIÃO'!$A$9,MATCH($I$7,'ANP REGIÃO'!A:A,0),1,10000,10000),MATCH(AH18,'ANP REGIÃO'!$B$8:$G$8,0),FALSE)","v":2.1739844807318573},1961.5999859270555,542.04,2503.6399859270555,2334.9,547,617.66999999999996,108.41,726.07999999999993,159.38,1057.57,1943.0299999999997,712.8,{"$f":"EVEN('Orçamento Sintético'!$F$48/1000*2/28)*W18/('Orçamento Sintético'!$F$48/1000)","v":62.486625819512355},2005.516625819512,2503.6399859270555,4509.1566117465673,null,10978.627512487514,1955.7575124875125,9022.8700000000008,null,null,"SUDESTE"]
[null,4509.1566117465673,6,null,"BETUNEL INDÚSTRIA E COMÉRCIO LTDA.","RUA   VICTOR RODRIGUES DE REZENDE, 185  - DISTRITO INDUSTRIAL - CEP:38402-334","Minas Gerais","UBERLANDIA - MG","Santana -AP",{"$f":"VLOOKUP(G19,OFFSET('ANP ESTADO'!$A$1,MATCH($I$7,'ANP ESTADO'!B:B,0)+MATCH($H$10,OFFSET('ANP ESTADO'!$A$1,MATCH($I$7,'ANP ESTADO'!B:B,0),0,100000,1),0),2,100000,2),2,FALSE)","v":1.9615999859270554},{"$f":"VLOOKUP($H$10,OFFSET('ANP REGIÃO'!$A$9,MATCH($I$7,'ANP REGIÃO'!A:A,0),1,10000,10000),MATCH(AH19,'ANP REGIÃO'!$B$8:$G$8,0),FALSE)","v":2.1739844807318573},1961.5999859270555,542.04,2503.6399859270555,2334.9,547,617.66999999999996,108.41,726.07999999999993,159.38,1057.57,1943.0299999999997,712.8,{"$f":"EVEN('Orçamento Sintético'!$F$48/1000*2/28)*W19/('Orçamento Sintético'!$F$48/1000)","v":62.486625819512355},2005.516625819512,2503.6399859270555,4509.1566117465673,null,10976.804005994007,1953.9340059940059,9022.8700000000008,null,null,"SUDESTE"]
[null,4886.9306162771145,7,null,"ARAPETRO DISTRIBUIDORA DE PETRÓLEO LTDA.","RUA 04, S/N° LOTES 17 A 20. - DISTRITO INDUSTRIAL 1/8 - CEP:78600-000","Mato grosso","BARRA DO GARCAS - MT","Santana -AP",{"$f":"VLOOKUP(G20,OFFSET('ANP ESTADO'!$A$1,MATCH($I$7,'ANP ESTADO'!B:B,0)+MATCH($H$10,OFFSET('ANP ESTADO'!$A$1,MATCH($I$7,'ANP ESTADO'!B:B,0),0,100000,1),0),2,100000,2),2,FALSE)","v":2.4809706162771143},{"$f":"VLOOKUP($H$10,OFFSET('ANP REGIÃO'!$A$9,MATCH($I$7,'ANP REGIÃO'!A:A,0),1,10000,10000),MATCH(AH20,'ANP REGIÃO'!$B$8:$G$8,0),FALSE)","v":2.4624435826631723},2480.9706162771145,685.55,3166.5206162771146,2006.1,547,534.48,108.41,642.89,141.12,936.4,1720.4099999999999,0,{"$f":"EVEN('Orçamento Sintético'!$F$48/1000*2/28)*W20/('Orçamento Sintético'!$F$48/1000)","v":0},1720.4099999999999,3166.5206162771146,4886.9306162771145,{"$nulls":6},"CENTRO-OESTE"]
[null,4779.2810598265205,8,null,"DISTRIBUIDORA BRASILEIRA DE ASFALTO SA - DISBRAL","SÃO JUDAS TADEU, 288  - DISTRITO INDUSTRIAL - CEP:32450-000","Minas Gerais","SARZEDO - MG","Santana -AP",{"$f":"VLOOKUP(G21,OFFSET('ANP ESTADO'!$A$1,MATCH($I$7,'ANP ESTADO'!B:B,0)+MATCH($H$10,OFFSET('ANP ESTADO'!$A$1,MATCH($I$7,'ANP ESTADO'!B:B,0),0,100000,1),0),2,100000,2),2,FALSE)","v":1.9615999859270554},{"$f":"VLOOKUP($H$10,OFFSET('ANP REGIÃO'!$A$9,MATCH($I$7,'ANP REGIÃO'!A:A,0),1,10000,10000),MATCH(AH21,'ANP REGIÃO'!$B$8:$G$8,0),FALSE)","v":2.1739844807318573},1961.5999859270555,542.04,2503.6399859270555,2697.7,547,709.46,108.41,817.87,179.53,1191.27,2188.67,992.1,{"$f":"EVEN('Orçamento Sintético'!$F$48/1000*2/28)*W21/('Orçamento Sintético'!$F$48/1000)","v":86.971073899464386},2275.6410738994646,2503.6399859270555,4779.2810598265205,{"$nulls":6},"SUDESTE"]
[null,4966.4885913470544,9,null,"'INDÚSTRIA NACIONAL DE ASFALTOS LTDA.","INDÚSTRIA NACIONAL DE ASFALTOS LTDA - CEP:77053-080","Tocantins"," PALMAS - TO","Santana -AP",{"$f":"VLOOKUP(G22,OFFSET('ANP ESTADO'!$A$1,MATCH($I$7,'ANP ESTADO'!B:B,0)+MATCH($H$10,OFFSET('ANP ESTADO'!$A$1,MATCH($I$7,'ANP ESTADO'!B:B,0),0,100000,1),0),2,100000,2),2,FALSE)","v":"-"},{"$f":"VLOOKUP($H$10,OFFSET('ANP REGIÃO'!$A$9,MATCH($I$7,'ANP REGIÃO'!A:A,0),1,10000,10000),MATCH(AH22,'ANP REGIÃO'!$B$8:$G$8,0),FALSE)","v":2.9614685913470544},2961.4685913470544,818.33,3779.7985913470543,1217.8,547,335.04,108.41,443.45000000000005,97.34,645.9,1186.69,0,{"$f":"EVEN('Orçamento Sintético'!$F$48/1000*2/28)*W22/('Orçamento Sintético'!$F$48/1000)","v":0},1186.69,3779.7985913470543,4966.4885913470544,{"$nulls":6},"NORTE"]
[null,5489.4717818156814,10,null,"'NTA - NOVAS TÉCNICAS DE ASFALTOS S/A","RUA SOFIA ATAURI FADIN, 150 SALA A - B. SANTA TEREZINHA - CEP:13140-000","São Paulo","PAULINIA - SP","Santana -AP",{"$f":"VLOOKUP(G23,OFFSET('ANP ESTADO'!$A$1,MATCH($I$7,'ANP ESTADO'!B:B,0)+MATCH($H$10,OFFSET('ANP ESTADO'!$A$1,MATCH($I$7,'ANP ESTADO'!B:B,0),0,100000,1),0),2,100000,2),2,FALSE)","v":2.4257790373080481},{"$f":"VLOOKUP($H$10,OFFSET('ANP REGIÃO'!$A$9,MATCH($I$7,'ANP REGIÃO'!A:A,0),1,10000,10000),MATCH(AH23,'ANP REGIÃO'!$B$8:$G$8,0),FALSE)","v":2.1739844807318573},2425.7790373080479,670.3,3096.0790373080481,2824.1,547,741.44,108.41,849.85,186.55,1237.8499999999999,2274.25,1359.09,{"$f":"EVEN('Orçamento Sintético'!$F$48/1000*2/28)*W23/('Orçamento Sintético'!$F$48/1000)","v":119.14274450763334},2393.3927445076333,3096.0790373080481,5489.4717818156814,null,11350.241198801199,2327.3711988011987,9022.8700000000008,null,null,"SUDESTE"]
[null,5562.1090435023598,11,null,"COMPANHIA BRASILEIRA DE ASFALTOS DA AMAZÔNIA - IMPORTAÇÃO E EXPORTAÇÃO","Avenida Doutor Olindo Dártora 2451, Galpão 02, Morro Grande - CEP:07726-555","São Paulo","CAIEIRAS - SP","Santana -AP",{"$f":"VLOOKUP(G24,OFFSET('ANP ESTADO'!$A$1,MATCH($I$7,'ANP ESTADO'!B:B,0)+MATCH($H$10,OFFSET('ANP ESTADO'!$A$1,MATCH($I$7,'ANP ESTADO'!B:B,0),0,100000,1),0),2,100000,2),2,FALSE)","v":2.4257790373080481},{"$f":"VLOOKUP($H$10,OFFSET('ANP REGIÃO'!$A$9,MATCH($I$7,'ANP REGIÃO'!A:A,0),1,10000,10000),MATCH(AH24,'ANP REGIÃO'!$B$8:$G$8,0),FALSE)","v":2.1739844807318573},2425.7790373080479,670.3,3096.0790373080481,2912.8,547,763.88,108.41,872.29,191.47,1270.53,2334.29,1502.79,{"$f":"EVEN('Orçamento Sintético'!$F$48/1000*2/28)*W24/('Orçamento Sintético'!$F$48/1000)","v":131.74000619431112},2466.0300061943112,3096.0790373080481,5562.1090435023598,{"$nulls":6},"SUDESTE"]
[null,5464.8242001279923,12,null,"BETUNEL INDÚSTRIA E COMÉRCIO LTDA.","R 16 , 82, Vila Nova Campo Grande - CEP:79.103-834","Mato Grosso do Sul","CAMPO GRANDE - MS","Santana -AP",{"$f":"VLOOKUP(G25,OFFSET('ANP ESTADO'!$A$1,MATCH($I$7,'ANP ESTADO'!B:B,0)+MATCH($H$10,OFFSET('ANP ESTADO'!$A$1,MATCH($I$7,'ANP ESTADO'!B:B,0),0,100000,1),0),2,100000,2),2,FALSE)","v":"-"},{"$f":"VLOOKUP($H$10,OFFSET('ANP REGIÃO'!$A$9,MATCH($I$7,'ANP REGIÃO'!A:A,0),1,10000,10000),MATCH(AH25,'ANP REGIÃO'!$B$8:$G$8,0),FALSE)","v":2.4624435826631723},2462.4435826631725,680.43,3142.8735826631723,2818.9,547,740.12,108.41,848.53,186.26,1235.93,2270.7200000000003,584.4,{"$f":"EVEN('Orçamento Sintético'!$F$48/1000*2/28)*W25/('Orçamento Sintético'!$F$48/1000)","v":51.230617464819055},2321.9506174648195,3142.8735826631723,5464.8242001279923,{"$nulls":6},"CENTRO-OESTE"]
[null,5216.2098089364081,13,null,"CENTRO OESTE ASFALTOS LTDA.","RUA   N, S/N.º LOTES 39/43 E LOTES 129/133 - DISTRITO INDUSTRIAL - CEP:78098-400","Mato Grosso","CUIABA - MT","Santana -AP",{"$f":"VLOOKUP(G26,OFFSET('ANP ESTADO'!$A$1,MATCH($I$7,'ANP ESTADO'!B:B,0)+MATCH($H$10,OFFSET('ANP ESTADO'!$A$1,MATCH($I$7,'ANP ESTADO'!B:B,0),0,100000,1),0),2,100000,2),2,FALSE)","v":2.4809706162771143},{"$f":"VLOOKUP($H$10,OFFSET('ANP REGIÃO'!$A$9,MATCH($I$7,'ANP REGIÃO'!A:A,0),1,10000,10000),MATCH(AH26,'ANP REGIÃO'!$B$8:$G$8,0),FALSE)","v":2.4624435826631723},2480.9706162771145,685.55,3166.5206162771146,2462.4,547,649.92999999999995,108.41,758.33999999999992,166.46,1104.56,2029.36,231.9,{"$f":"EVEN('Orçamento Sintético'!$F$48/1000*2/28)*W26/('Orçamento Sintético'!$F$48/1000)","v":20.329192659294215},2049.6891926592939,3166.5206162771146,5216.2098089364081,{"$nulls":6},"CENTRO-OESTE"]
[null,5216.2098089364081,14,null,"BETUNEL INDÚSTRIA E COMÉRCIO LTDA.","RUA N ESQUINA COM RUA X, S/N QD. IND. 7 L 01/08 - DIST. IND. - CEP:78015-285","Mato Grosso","CUIABA - MT","Santana -AP",{"$f":"VLOOKUP(G27,OFFSET('ANP ESTADO'!$A$1,MATCH($I$7,'ANP ESTADO'!B:B,0)+MATCH($H$10,OFFSET('ANP ESTADO'!$A$1,MATCH($I$7,'ANP ESTADO'!B:B,0),0,100000,1),0),2,100000,2),2,FALSE)","v":2.4809706162771143},{"$f":"VLOOKUP($H$10,OFFSET('ANP REGIÃO'!$A$9,MATCH($I$7,'ANP REGIÃO'!A:A,0),1,10000,10000),MATCH(AH27,'ANP REGIÃO'!$B$8:$G$8,0),FALSE)","v":2.4624435826631723},2480.9706162771145,685.55,3166.5206162771146,2462.4,547,649.92999999999995,108.41,758.33999999999992,166.46,1104.56,2029.36,231.9,{"$f":"EVEN('Orçamento Sintético'!$F$48/1000*2/28)*W27/('Orçamento Sintético'!$F$48/1000)","v":20.329192659294215},2049.6891926592939,3166.5206162771146,5216.2098089364081,{"$nulls":6},"CENTRO-OESTE"]
[null,5220.5498089364082,15,null,"EMAM - EMULSÕES E TRANSPORTES LTDA.","RODOVIA DOS IMIGRANTES, S/Nº KM 8,6 -  - CEP:60035-351","Mato Grosso","VARZEA GRANDE - MT","Santana -AP",{"$f":"VLOOKUP(G28,OFFSET('ANP ESTADO'!$A$1,MATCH($I$7,'ANP ESTADO'!B:B,0)+MATCH($H$10,OFFSET('ANP ESTADO'!$A$1,MATCH($I$7,'ANP ESTADO'!B:B,0),0,100000,1),0),2,100000,2),2,FALSE)","v":2.4809706162771143},{"$f":"VLOOKUP($H$10,OFFSET('ANP REGIÃO'!$A$9,MATCH($I$7,'ANP REGIÃO'!A:A,0),1,10000,10000),MATCH(AH28,'ANP REGIÃO'!$B$8:$G$8,0),FALSE)","v":2.4624435826631723},2480.9706162771145,685.55,3166.5206162771146,2468.8000000000002,547,651.54999999999995,108.41,759.95999999999992,166.82,1106.92,2033.7,231.9,{"$f":"EVEN('Orçamento Sintético'!$F$48/1000*2/28)*W28/('Orçamento Sintético'!$F$48/1000)","v":20.329192659294215},2054.029192659294,3166.5206162771146,5220.5498089364082,null,9673.022444284732,2022.4335264735264,7650.5889178112066,null,null,"CENTRO-OESTE"]
[null,5630.5314586604154,16,null,"VIAPOL LTDA.","VITO ARDITO, 6401 KM 118,5 - JARDIM CAMPO GRANDE - CEP:12282-535","São Paulo","CACAPAVA - SP","Santana -AP",{"$f":"VLOOKUP(G29,OFFSET('ANP ESTADO'!$A$1,MATCH($I$7,'ANP ESTADO'!B:B,0)+MATCH($H$10,OFFSET('ANP ESTADO'!$A$1,MATCH($I$7,'ANP ESTADO'!B:B,0),0,100000,1),0),2,100000,2),2,FALSE)","v":2.4257790373080481},{"$f":"VLOOKUP($H$10,OFFSET('ANP REGIÃO'!$A$9,MATCH($I$7,'ANP REGIÃO'!A:A,0),1,10000,10000),MATCH(AH29,'ANP REGIÃO'!$B$8:$G$8,0),FALSE)","v":2.1739844807318573},2425.7790373080479,670.3,3096.0790373080481,3006,547,787.46,108.41,895.87,196.65,1304.8800000000001,2397.4,1563.39,{"$f":"EVEN('Orçamento Sintético'!$F$48/1000*2/28)*W29/('Orçamento Sintético'!$F$48/1000)","v":137.05242135236733},2534.4524213523673,3096.0790373080481,5630.5314586604154,null,11478.869010989012,2455.9990109890114,9022.8700000000008,null,null,"SUDESTE"]
[null,5354.032476950224,17,null,"STRATURA ASFALTOS S/A","RUA LUIS DE CAMÕES, 26  - CAMPOS ELÍSEOS - CEP:25225-030","Rio de Janeiro","DUQUE DE CAXIAS - RJ","Santana -AP",{"$f":"VLOOKUP(G30,OFFSET('ANP ESTADO'!$A$1,MATCH($I$7,'ANP ESTADO'!B:B,0)+MATCH($H$10,OFFSET('ANP ESTADO'!$A$1,MATCH($I$7,'ANP ESTADO'!B:B,0),0,100000,1),0),2,100000,2),2,FALSE)","v":"-"},{"$f":"VLOOKUP($H$10,OFFSET('ANP REGIÃO'!$A$9,MATCH($I$7,'ANP REGIÃO'!A:A,0),1,10000,10000),MATCH(AH30,'ANP REGIÃO'!$B$8:$G$8,0),FALSE)","v":2.1739844807318573},2173.9844807318573,600.72,2774.7044807318571,3096.3,547,810.3,108.41,918.70999999999992,201.66,1338.14,2458.5100000000002,1378.2,{"$f":"EVEN('Orçamento Sintético'!$F$48/1000*2/28)*W30/('Orçamento Sintético'!$F$48/1000)","v":120.8179962183669},2579.3279962183669,2774.7044807318571,5354.032476950224,null,11588.336343656345,2565.4663436563437,9022.8700000000008,null,null,"SUDESTE"]
[null,5362.7924769502242,18,null,"PROBITEC - PRODUTOS BETUMINOSOS E TECNOLOGIA DE APLICAÇÃO LTDA.","AVENIDA CANAL DA PAVUNA, 620  - PAVUNA - CEP:21535-630","Rio de Janeiro","RIO DE JANEIRO - RJ","Santana -AP",{"$f":"VLOOKUP(G31,OFFSET('ANP ESTADO'!$A$1,MATCH($I$7,'ANP ESTADO'!B:B,0)+MATCH($H$10,OFFSET('ANP ESTADO'!$A$1,MATCH($I$7,'ANP ESTADO'!B:B,0),0,100000,1),0),2,100000,2),2,FALSE)","v":"-"},{"$f":"VLOOKUP($H$10,OFFSET('ANP REGIÃO'!$A$9,MATCH($I$7,'ANP REGIÃO'!A:A,0),1,10000,10000),MATCH(AH31,'ANP REGIÃO'!$B$8:$G$8,0),FALSE)","v":2.1739844807318573},2173.9844807318573,600.72,2774.7044807318571,3109.2,547,813.57,108.41,921.98,202.38,1342.91,2467.2700000000004,1378.2,{"$f":"EVEN('Orçamento Sintético'!$F$48/1000*2/28)*W31/('Orçamento Sintético'!$F$48/1000)","v":120.8179962183669},2588.0879962183672,2774.7044807318571,5362.7924769502242,null,11598.466343656344,2575.5963436563438,9022.8700000000008,null,null,"SUDESTE"]
[null,5394.1756719144232,19,null,"CASA DO ASFALTO DISTRIBUIDORA, INDÚSTRIA E COMÉRCIO DE ASFALTO LTDA.","BR 376, PARQUE INDUSTRIAL, S/N LOTE 6/7/7-A-3-1 - GL.PATR.MARIALVA - CEP:86990-000","Paraná","MARIALVA - PR","Santana -AP",{"$f":"VLOOKUP(G32,OFFSET('ANP ESTADO'!$A$1,MATCH($I$7,'ANP ESTADO'!B:B,0)+MATCH($H$10,OFFSET('ANP ESTADO'!$A$1,MATCH($I$7,'ANP ESTADO'!B:B,0),0,100000,1),0),2,100000,2),2,FALSE)","v":2.2986186614725481},{"$f":"VLOOKUP($H$10,OFFSET('ANP REGIÃO'!$A$9,MATCH($I$7,'ANP REGIÃO'!A:A,0),1,10000,10000),MATCH(AH32,'ANP REGIÃO'!$B$8:$G$8,0),FALSE)","v":2.3612471734411815},2298.618661472548,635.16,2933.7786614725478,2948.1,547,772.81,108.41,881.21999999999991,193.43,1283.54,2358.1899999999996,1165.9000000000001,{"$f":"EVEN('Orçamento Sintético'!$F$48/1000*2/28)*W32/('Orçamento Sintético'!$F$48/1000)","v":102.20701044187635},2460.3970104418759,2933.7786614725478,5394.1756719144232,null,8280.4623604618373,2423.2377122877119,5857.2246481741258,null,null,"SUL"]
[null,5480.5028548265764,20,null,"PETROBRAS DISTRIBUIDORA S.A.","RUA MAQUINISTA  ELEODORO JACINTO, 100  - OFICINAS - CEP:84045-170","Paraná","PONTA GROSSA - PR","Santana -AP",{"$f":"VLOOKUP(G33,OFFSET('ANP ESTADO'!$A$1,MATCH($I$7,'ANP ESTADO'!B:B,0)+MATCH($H$10,OFFSET('ANP ESTADO'!$A$1,MATCH($I$7,'ANP ESTADO'!B:B,0),0,100000,1),0),2,100000,2),2,FALSE)","v":2.2986186614725481},{"$f":"VLOOKUP($H$10,OFFSET('ANP REGIÃO'!$A$9,MATCH($I$7,'ANP REGIÃO'!A:A,0),1,10000,10000),MATCH(AH33,'ANP REGIÃO'!$B$8:$G$8,0),FALSE)","v":2.3612471734411815},2298.618661472548,635.16,2933.7786614725478,3065,547,802.38,108.41,910.79,199.92,1326.61,2437.3199999999997,1248,{"$f":"EVEN('Orçamento Sintético'!$F$48/1000*2/28)*W33/('Orçamento Sintético'!$F$48/1000)","v":109.40419335402837},2546.7241933540281,2933.7786614725478,5480.5028548265764,null,8389.3311316906093,2532.1064835164839,5857.2246481741258,null,null,"SUL"]
{"$rows_empty":9}
[null,null,null,"Acre"]
[null,null,null,"Alagoas"]
[null,null,null,"Amapá"]
[null,null,null,"Amazonas"]
[null,null,null,"Bahia"]
[null,null,null,"Ceará"]
[null,null,null,"Distrito Federal"]
[null,null,null,"Espírito Santo"]
[null,null,null,"Goiás"]
[null,null,null,"Maranhão"]
[null,null,null,"Mato Grosso"]
[null,null,null,"Mato Grosso do Sul"]
[null,null,null,"Minas Gerais"]
[null,null,null,"Pará"]
[null,null,null,"Paraíba"]
[null,null,null,"Paraná"]
[null,null,null,"Pernambuco"]
[null,null,null,"Piauí"]
[null,null,null,"Rio de Janeiro"]
[null,null,null,"Rio Grande do Norte"]
[null,null,null,"Rio Grande do Sul"]
[null,null,null,"Rondônia"]
[null,null,null,"Roraima"]
[null,null,null,"Santa Catarina"]
[null,null,null,"São Paulo"]
[null,null,null,"Sergipe"]
[null,null,null,"Tocantins"]
[]
[]
[]
[null,null,null,"ASFALTOS DILUÍDOS CM-30"]
[null,null,null,"ASFALTOS DILUÍDOS CM-70"]
[null,null,null,"ASFALTOS DILUÍDOS CR-250"]
[null,null,null,"ASFALTOS DILUÍDOS CR-70"]
[null,null,null,"CAP MODIFICADO POR BORRACHA DE PNEU AB22"]
[null,null,null,"CAP MODIFICADO POR BORRACHA DE PNEU AB8"]
[null,null,null,"CAP MODIFICADO POR POLÍMERO 55-75-E"]
[null,null,null,"CAP MODIFICADO POR POLÍMERO 60-85-E"]
[null,null,null,"CAP MODIFICADO POR POLÍMERO 65-90-E"]
[null,null,null,"CIMENTOS ASFÁLTICOS CAP-150-200"]
[null,null,null,"CIMENTOS ASFÁLTICOS CAP-30-45"]
[null,null,null,"CIMENTOS ASFÁLTICOS CAP-50-70"]
[null,null,null,"CIMENTOS ASFÁLTICOS CAP-85-100"]
[null,null,null,"EMULSÃO ASFÁLTICA CATIÔNICA DE RUPTURA CONTROLADA PARA SERVIÇO DE LAMA ASFÁLTICA"]
[null,null,null,"EMULSÃO ASFÁLTICA DE RUPTURA LENTA CATIÔNICA PARA SERVIÇO DE LAMA ASFÁLTICA"]
[null,null,null,"EMULSÃO ASFÁLTICA DE RUPTURA LENTA DE CARGA NEUTRA PARA SERVIÇO DE LAMA ASFÁLTICA"]
[null,null,null,"EMULSÃO ASFÁLTICA PARA SERVIÇO DE IMPRIMAÇÃO"]
[null,null,null,"EMULSÕES ASF. MOD. POR POLÍMEROS RC1C-E"]
[null,null,null,"EMULSÕES ASF. MOD. POR POLÍMEROS RL1C-E"]
[null,null,null,"EMULSÕES ASF. MOD. POR POLÍMEROS RM1C-E"]
[null,null,null,"EMULSÕES ASF. MOD. POR POLÍMEROS RR1C-E"]
[null,null,null,"EMULSÕES ASF. MOD. POR POLÍMEROS RR2C-E"]
[null,null,null,"EMULSÕES ASFÁLTICAS RL-1C"]
[null,null,null,"EMULSÕES ASFÁLTICAS RM-1C"]
[null,null,null,"EMULSÕES ASFÁLTICAS RM-2C"]
[null,null,null,"EMULSÕES ASFÁLTICAS RR-1C"]
[null,null,null,"EMULSÕES ASFÁLTICAS RR-2C"]

{"sheet":"Transporte RR-2C","index":11,"n_rows":99,"n_cols":34,"rows_kept":99,"cut":false,"hidden":false,"merged":[[10,4,10,8],[10,9,10,10],[10,22,10,23],[12,3,32,3],[1,2,3,26],[6,2,8,2],[6,5,6,7],[6,12,8,12],[7,4,7,5],[7,6,8,6],[7,19,7,20]]}
[]
[null,null,"MEMÓRIA DE CÁLCULO"]
[]
[]
[]
[]
[null,null,"REAJUSTE",null,null,"TIPOLOGIA DO MATERIAL",null,null,"EMULSÕES ASFÁLTICAS RR-2C",null,null,null,"IMPOSTOS","COFINS",6.4999999999999997E-3,6.4999999999999997E-3]
[{"$nulls":6},"ÍNDICE DE PAVIMENTAÇÃO DNIT","2014-07-01","ÍNDICE INICIAL",270.23700000000002,null,null,null,"PIS",0.03,0.03,null,null,null,"LEGENDA",{"$nulls":8},"As empresas tributadas pelo Lucro Presumido pagam 0,65% de PIS e 3% de COFINS"]
[{"$nulls":7},"2026-02-01","ÍNDICE FINAL",593.00300000000004,null,null,null," ICMS",0.18,0.18,0.82000000000000006,0.82000000000000006,0.17999999999999994,"ENTRADA DE DADOS",{"$nulls":8},"As empresas tributadas pelo Lucro Real pagam 1,65% de PIS e 7,60% de COFINS"]
[{"$nulls":6},"Data ANP","2026-01-01"]
[null,null,"DATA-BASE","PRODUTOS","LOCALIDADES",{"$nulls":4},"CUSTO ANP (R$/Kg)",null,"CUSTO ANP","IMPOSTOS DO PRODUTO","CUSTO DO PRODUTO COM IMPOSTOS","DMT's","DMT'S FLUVIAL","CUSTO DO TRANSPORTE RODOVIA PAVIMENTADA","CUSTO DO TRANSPORTE FLUVIAL","CUSTO DO TRANSPORTE TOTAL","ICMS","ATUALIZAÇÃO DO CUSTO DE TRANSPORTE","CUSTO DO TRANSPORTE RODOVIA PAVIMENTADA COM IMPOSTOS E ATUALIZAÇÃO MONETÁRIA","PEDÁGIO ",null,"TOTAL TRANSPORTE","AQUISIÇÃO DO PRODUTO","TOTAL GERAL ( TRANSP + AQUISIÇÃO)",null,1,2,3]
[null,null,"2025-09-01",null,"REFINARIAS","ENDEREÇO","ESTADO","CIDADE","DESTINO","ESTADO","REGIÃO","R$/t","R$/t","R$/t","KM","KM","R$/t","R$/t","R$/t","R$/t","R$/t","R$/t","CUSTO ","R$/t","R$/t","R$/t","R$/t",null,"TOTAL GERAL ( TRANSP + AQUISIÇÃO)","TOTAL TRANSPORTE","AQUISIÇÃO DO PRODUTO"]
[null,{"$f":"AA13","v":5723.4190583181917},1,"EMULSÕES ASFÁLTICAS RR-2C","'CENTRO OESTE ASFALTOS LTDA.","SETOR DE INFLAMÁVEIS, S/N TRECHO 02 - LOTE 1.100 - GUARÁ - CEP:71225-000","Distrito Federal","BRASÍLIA - DF","Santana -AP",{"$f":"VLOOKUP(G13,OFFSET('ANP ESTADO'!$A$1,MATCH($I$7,'ANP ESTADO'!B:B,0)+MATCH($H$10,OFFSET('ANP ESTADO'!$A$1,MATCH($I$7,'ANP ESTADO'!B:B,0),0,100000,1),0),2,100000,2),2,FALSE)","v":"-"},{"$f":"VLOOKUP($H$10,OFFSET('ANP REGIÃO'!$A$9,MATCH('Transporte RR-2C'!$I$7,'ANP REGIÃO'!A:A,0),1,10000,10000),MATCH('Transporte RR-2C'!AH13,'ANP REGIÃO'!$B$8:$G$8,0),FALSE)","v":3.1212717748853311},{"$f":"IF(AND(J13=\"-\",K13=\"-\"),\"\",IF(AND(J13<>0,K13=\"-\"),J13*1000,IF(AND(J13=\"-\",K13<>0),K13*1000,IF(AND(J13<>0,K13<>0),J13*1000,\"\"))))","v":3121.2717748853311},{"$f":"ROUND(((L13/(1-$O$7-$O$8-$O$9))-L13),2)","v":862.48},{"$f":"L13+M13","v":3983.7517748853311},1968.1,547,{"$f":"ROUND((26.939+0.253*O13),2)","v":524.87},{"$f":"ROUND((20.7256+0.1603*P13),2)","v":108.41},{"$f":"Q13+R13","v":633.28},{"$f":"TRUNC(S13*($O$9/(1-$O$9)),2)","v":139.01},{"$f":"TRUNC(IF($J$8=\"\",\"\",(($J$9-$J$8)/$J$8)*(S13+T13)),2)","v":922.4},{"$f":"S13+T13+U13","v":1694.69},444,{"$f":"EVEN('Orçamento Sintético'!$F$51/1000*2/28)*W13/('Orçamento Sintético'!$F$51/1000)","v":44.977283432860773},{"$f":"IF(AND(Q13=\"\",T13=\"\"),\"\",V13+X13)","v":1739.6672834328608},{"$f":"IF(OR(L13=\"\",M13=\"\"),\"\",L13+M13)","v":3983.7517748853311},{"$f":"IF(OR(Y13=\"\",Z13=\"\"),\"\",Y13+Z13)","v":5723.4190583181917},null,5855.7943381856094,1714.7236363636362,4141.0707018219728,null,null,"CENTRO-OESTE"]
[null,{"$f":"AA14","v":6744.210621708794},2,null,"ISAC SAABA","Rua Rio Quixito, 1, Vila Buriti - Distrito Industrial - Manaus - AM\nCEP: 69072-070","Amazonas","MANAUS - AM","Santana -AP",{"$f":"VLOOKUP(G14,OFFSET('ANP ESTADO'!$A$1,MATCH($I$7,'ANP ESTADO'!B:B,0)+MATCH($H$10,OFFSET('ANP ESTADO'!$A$1,MATCH($I$7,'ANP ESTADO'!B:B,0),0,100000,1),0),2,100000,2),2,FALSE)","v":3.6028006217087936},{"$f":"VLOOKUP($H$10,OFFSET('ANP REGIÃO'!$A$9,MATCH('Transporte RR-2C'!$I$7,'ANP REGIÃO'!A:A,0),1,10000,10000),MATCH('Transporte RR-2C'!AH14,'ANP REGIÃO'!$B$8:$G$8,0),FALSE)","v":3.1256180108148164},{"$f":"IF(AND(J14=\"-\",K14=\"-\"),\"\",IF(AND(J14<>0,K14=\"-\"),J14*1000,IF(AND(J14=\"-\",K14<>0),K14*1000,IF(AND(J14<>0,K14<>0),J14*1000,\"\"))))","v":3602.8006217087936},{"$f":"ROUND(((L14/(1-$O$7-$O$8-$O$9))-L14),2)","v":995.54},{"$f":"L14+M14","v":4598.3406217087941},10,1100,{"$f":"ROUND((26.939+0.253*O14),2)","v":29.47},{"$f":"ROUND((20.7256+0.1603*P14),2)","v":197.06},{"$f":"Q14+R14","v":226.53},{"$f":"TRUNC(S14*($O$9/(1-$O$9)),2)","v":49.72},{"$f":"TRUNC(IF($J$8=\"\",\"\",(($J$9-$J$8)/$J$8)*(S14+T14)),2)","v":329.94},2145.87,0,{"$f":"EVEN('Orçamento Sintético'!$F$51/1000*2/28)*W14/('Orçamento Sintético'!$F$51/1000)","v":0},{"$f":"IF(AND(Q14=\"\",T14=\"\"),\"\",V14+X14)","v":2145.87},{"$f":"IF(OR(L14=\"\",M14=\"\"),\"\",L14+M14)","v":4598.3406217087941},{"$f":"IF(OR(Y14=\"\",Z14=\"\"),\"\",Y14+Z14)","v":6744.210621708794},null,6789.6401897122923,2145.87,4643.7701897122924,null,null,"NORTE"]
[null,5690.2807559067405,2,null,"STRATURA ASFALTOS S/A","AVENIDA PRESIDENTE WILSON, 08  - JUNDIAÍ - CEP:75115-100","Goiás","ANÁPOLIS - GO","Santana -AP",{"$f":"VLOOKUP(G15,OFFSET('ANP ESTADO'!$A$1,MATCH($I$7,'ANP ESTADO'!B:B,0)+MATCH($H$10,OFFSET('ANP ESTADO'!$A$1,MATCH($I$7,'ANP ESTADO'!B:B,0),0,100000,1),0),2,100000,2),2,FALSE)","v":"-"},{"$f":"VLOOKUP($H$10,OFFSET('ANP REGIÃO'!$A$9,MATCH('Transporte RR-2C'!$I$7,'ANP REGIÃO'!A:A,0),1,10000,10000),MATCH('Transporte RR-2C'!AH15,'ANP REGIÃO'!$B$8:$G$8,0),FALSE)","v":3.1212717748853311},3121.2717748853311,862.48,3983.7517748853311,1945.8,547,519.23,108.41,627.64,137.77000000000001,914.19,1652.0700000000002,537.6,{"$f":"EVEN('Orçamento Sintético'!$F$51/1000*2/28)*W15/('Orçamento Sintético'!$F$51/1000)","v":54.458981021409805},1706.5289810214099,3983.7517748853311,5690.2807559067405,null,5250.1727731086276,1695.4985714285715,3554.6742016800563,null,null,"CENTRO-OESTE"]
[null,5724.6607559067406,3,null,"DISTRIBUIDORA BRASILEIRA DE ASFALTO SA - DISBRAL","VIA PRIMARIA 8, S/N QD-18, MODS. 24/47 - DAIAG - CEP:74980-970","Goiás","APARECIDA DE GOIANIA - GO","Santana -AP",{"$f":"VLOOKUP(G16,OFFSET('ANP ESTADO'!$A$1,MATCH($I$7,'ANP ESTADO'!B:B,0)+MATCH($H$10,OFFSET('ANP ESTADO'!$A$1,MATCH($I$7,'ANP ESTADO'!B:B,0),0,100000,1),0),2,100000,2),2,FALSE)","v":"-"},{"$f":"VLOOKUP($H$10,OFFSET('ANP REGIÃO'!$A$9,MATCH('Transporte RR-2C'!$I$7,'ANP REGIÃO'!A:A,0),1,10000,10000),MATCH('Transporte RR-2C'!AH16,'ANP REGIÃO'!$B$8:$G$8,0),FALSE)","v":3.1212717748853311},3121.2717748853311,862.48,3983.7517748853311,2000.1,547,532.96,108.41,641.37,140.78,934.18,1686.4499999999998,537.6,{"$f":"EVEN('Orçamento Sintético'!$F$51/1000*2/28)*W16/('Orçamento Sintético'!$F$51/1000)","v":54.458981021409805},1740.9089810214095,3983.7517748853311,5724.6607559067406,null,5285.176149732004,1730.5019480519479,3554.6742016800563,null,null,"CENTRO-OESTE"]
[2403,5705.1307559067409,4,null,"INDÚSTRIA NACIONAL DE ASFALTOS LTDA.","VIA PRIMEIRA E SEGUNDA 3, S/N.º LOTES 01 A 10 - DISTRITO AGROINDUSTRIAL - CEP:75370-000","Goiás","GOIANIRA - GO","Santana -AP",{"$f":"VLOOKUP(G17,OFFSET('ANP ESTADO'!$A$1,MATCH($I$7,'ANP ESTADO'!B:B,0)+MATCH($H$10,OFFSET('ANP ESTADO'!$A$1,MATCH($I$7,'ANP ESTADO'!B:B,0),0,100000,1),0),2,100000,2),2,FALSE)","v":"-"},{"$f":"VLOOKUP($H$10,OFFSET('ANP REGIÃO'!$A$9,MATCH('Transporte RR-2C'!$I$7,'ANP REGIÃO'!A:A,0),1,10000,10000),MATCH('Transporte RR-2C'!AH17,'ANP REGIÃO'!$B$8:$G$8,0),FALSE)","v":3.1212717748853311},3121.2717748853311,862.48,3983.7517748853311,1974.7,547,526.54,108.41,634.94999999999993,139.37,924.83,1666.9199999999998,537.6,{"$f":"EVEN('Orçamento Sintético'!$F$51/1000*2/28)*W17/('Orçamento Sintético'!$F$51/1000)","v":54.458981021409805},1721.3789810214096,3983.7517748853311,5705.1307559067409,null,5265.6461497320042,1710.9719480519479,3554.6742016800563,null,null,"CENTRO-OESTE"]
[null,5267.4984872027762,5,null,"STRATURA ASFALTOS S/A","RUA VICTOR RODRIGUES RESENDE, 333  - DISTRITO IND. DE UBERLÂNDIA - CEP:38405-440","Minas Gerais","UBERLANDIA - MG","Santana -AP",{"$f":"VLOOKUP(G18,OFFSET('ANP ESTADO'!$A$1,MATCH($I$7,'ANP ESTADO'!B:B,0)+MATCH($H$10,OFFSET('ANP ESTADO'!$A$1,MATCH($I$7,'ANP ESTADO'!B:B,0),0,100000,1),0),2,100000,2),2,FALSE)","v":2.5824317132592109},{"$f":"VLOOKUP($H$10,OFFSET('ANP REGIÃO'!$A$9,MATCH('Transporte RR-2C'!$I$7,'ANP REGIÃO'!A:A,0),1,10000,10000),MATCH('Transporte RR-2C'!AH18,'ANP REGIÃO'!$B$8:$G$8,0),FALSE)","v":2.6588027269288128},2582.4317132592109,713.59,3296.0217132592111,2334.9,547,617.66999999999996,108.41,726.07999999999993,159.38,1057.57,1899.27,712.8,{"$f":"EVEN('Orçamento Sintético'!$F$51/1000*2/28)*W18/('Orçamento Sintético'!$F$51/1000)","v":72.206773943565665},1971.4767739435656,3296.0217132592111,5267.4984872027762,null,5538.0702792479133,1960.4648051948052,3577.6054740531081,null,null,"SUDESTE"]
[null,5268.1684872027763,6,null,"BETUNEL INDÚSTRIA E COMÉRCIO LTDA.","RUA   VICTOR RODRIGUES DE REZENDE, 185  - DISTRITO INDUSTRIAL - CEP:38402-334","Minas Gerais","UBERLANDIA - MG","Santana -AP",{"$f":"VLOOKUP(G19,OFFSET('ANP ESTADO'!$A$1,MATCH($I$7,'ANP ESTADO'!B:B,0)+MATCH($H$10,OFFSET('ANP ESTADO'!$A$1,MATCH($I$7,'ANP ESTADO'!B:B,0),0,100000,1),0),2,100000,2),2,FALSE)","v":2.5824317132592109},{"$f":"VLOOKUP($H$10,OFFSET('ANP REGIÃO'!$A$9,MATCH('Transporte RR-2C'!$I$7,'ANP REGIÃO'!A:A,0),1,10000,10000),MATCH('Transporte RR-2C'!AH19,'ANP REGIÃO'!$B$8:$G$8,0),FALSE)","v":2.6588027269288128},2582.4317132592109,713.59,3296.0217132592111,2334.9,547,617.66999999999996,108.41,726.07999999999993,159.38,1057.57,1899.9399999999998,712.8,{"$f":"EVEN('Orçamento Sintético'!$F$51/1000*2/28)*W19/('Orçamento Sintético'!$F$51/1000)","v":72.206773943565665},1972.1467739435654,3296.0217132592111,5268.1684872027763,null,5536.0389805466148,1958.4335064935062,3577.6054740531081,null,null,"SUDESTE"]
[null,6191.4665318331154,7,null,"ARAPETRO DISTRIBUIDORA DE PETRÓLEO LTDA.","RUA 04, S/N° LOTES 17 A 20. - DISTRITO INDUSTRIAL 1/8 - CEP:78600-000","Mato grosso","BARRA DO GARCAS - MT","Santana -AP",{"$f":"VLOOKUP(G20,OFFSET('ANP ESTADO'!$A$1,MATCH($I$7,'ANP ESTADO'!B:B,0)+MATCH($H$10,OFFSET('ANP ESTADO'!$A$1,MATCH($I$7,'ANP ESTADO'!B:B,0),0,100000,1),0),2,100000,2),2,FALSE)","v":3.4368265318331153},{"$f":"VLOOKUP($H$10,OFFSET('ANP REGIÃO'!$A$9,MATCH('Transporte RR-2C'!$I$7,'ANP REGIÃO'!A:A,0),1,10000,10000),MATCH('Transporte RR-2C'!AH20,'ANP REGIÃO'!$B$8:$G$8,0),FALSE)","v":3.1212717748853311},3436.826531833115,949.68,4386.5065318331153,2006.1,547,534.48,108.41,642.89,141.12,936.4,1804.96,0,{"$f":"EVEN('Orçamento Sintético'!$F$51/1000*2/28)*W20/('Orçamento Sintético'!$F$51/1000)","v":0},1804.96,4386.5065318331153,6191.4665318331154,{"$nulls":6},"CENTRO-OESTE"]
[null,5604.9316296865563,8,null,"DISTRIBUIDORA BRASILEIRA DE ASFALTO SA - DISBRAL","SÃO JUDAS TADEU, 288  - DISTRITO INDUSTRIAL - CEP:32450-000","Minas Gerais","SARZEDO - MG","Santana -AP",{"$f":"VLOOKUP(G21,OFFSET('ANP ESTADO'!$A$1,MATCH($I$7,'ANP ESTADO'!B:B,0)+MATCH($H$10,OFFSET('ANP ESTADO'!$A$1,MATCH($I$7,'ANP ESTADO'!B:B,0),0,100000,1),0),2,100000,2),2,FALSE)","v":2.5824317132592109},{"$f":"VLOOKUP($H$10,OFFSET('ANP REGIÃO'!$A$9,MATCH('Transporte RR-2C'!$I$7,'ANP REGIÃO'!A:A,0),1,10000,10000),MATCH('Transporte RR-2C'!AH21,'ANP REGIÃO'!$B$8:$G$8,0),FALSE)","v":2.6588027269288128},2582.4317132592109,713.59,3296.0217132592111,2697.7,547,709.46,108.41,817.87,179.53,1191.27,2208.41,992.1,{"$f":"EVEN('Orçamento Sintético'!$F$51/1000*2/28)*W21/('Orçamento Sintético'!$F$51/1000)","v":100.49991642734498},2308.9099164273448,3296.0217132592111,5604.9316296865563,{"$nulls":6},"SUDESTE"]
[null,5152.4380108148162,9,null,"'INDÚSTRIA NACIONAL DE ASFALTOS LTDA.","INDÚSTRIA NACIONAL DE ASFALTOS LTDA - CEP:77053-080","Tocantins"," PALMAS - TO","Santana -AP",{"$f":"VLOOKUP(G22,OFFSET('ANP ESTADO'!$A$1,MATCH($I$7,'ANP ESTADO'!B:B,0)+MATCH($H$10,OFFSET('ANP ESTADO'!$A$1,MATCH($I$7,'ANP ESTADO'!B:B,0),0,100000,1),0),2,100000,2),2,FALSE)","v":"-"},{"$f":"VLOOKUP($H$10,OFFSET('ANP REGIÃO'!$A$9,MATCH('Transporte RR-2C'!$I$7,'ANP REGIÃO'!A:A,0),1,10000,10000),MATCH('Transporte RR-2C'!AH22,'ANP REGIÃO'!$B$8:$G$8,0),FALSE)","v":3.1256180108148164},3125.6180108148164,863.68,3989.2980108148163,1217.8,547,335.04,108.41,443.45000000000005,97.34,645.9,1163.1399999999999,0,{"$f":"EVEN('Orçamento Sintético'!$F$51/1000*2/28)*W22/('Orçamento Sintético'!$F$51/1000)","v":0},1163.1399999999999,3989.2980108148163,5152.4380108148162,{"$nulls":6},"NORTE"]
[null,5774.1290979961395,10,null,"'NTA - NOVAS TÉCNICAS DE ASFALTOS S/A","RUA SOFIA ATAURI FADIN, 150 SALA A - B. SANTA TEREZINHA - CEP:13140-000","São Paulo","PAULINIA - SP","Santana -AP",{"$f":"VLOOKUP(G23,OFFSET('ANP ESTADO'!$A$1,MATCH($I$7,'ANP ESTADO'!B:B,0)+MATCH($H$10,OFFSET('ANP ESTADO'!$A$1,MATCH($I$7,'ANP ESTADO'!B:B,0),0,100000,1),0),2,100000,2),2,FALSE)","v":2.673213025607025},{"$f":"VLOOKUP($H$10,OFFSET('ANP REGIÃO'!$A$9,MATCH('Transporte RR-2C'!$I$7,'ANP REGIÃO'!A:A,0),1,10000,10000),MATCH('Transporte RR-2C'!AH23,'ANP REGIÃO'!$B$8:$G$8,0),FALSE)","v":2.6588027269288128},2673.213025607025,738.67,3411.883025607025,2824.1,547,741.44,108.41,849.85,186.55,1237.8499999999999,2224.5699999999997,1359.09,{"$f":"EVEN('Orçamento Sintético'!$F$51/1000*2/28)*W23/('Orçamento Sintético'!$F$51/1000)","v":137.6760723891143},2362.246072389114,3411.883025607025,5774.1290979961395,null,6041.10992457676,2335.9379653679653,3705.1719592087952,null,null,"SUDESTE"]
[null,5835.8359349990724,11,null,"COMPANHIA BRASILEIRA DE ASFALTOS DA AMAZÔNIA - IMPORTAÇÃO E EXPORTAÇÃO","Avenida Doutor Olindo Dártora 2451, Galpão 02, Morro Grande - CEP:07726-555","São Paulo","CAIEIRAS - SP","Santana -AP",{"$f":"VLOOKUP(G24,OFFSET('ANP ESTADO'!$A$1,MATCH($I$7,'ANP ESTADO'!B:B,0)+MATCH($H$10,OFFSET('ANP ESTADO'!$A$1,MATCH($I$7,'ANP ESTADO'!B:B,0),0,100000,1),0),2,100000,2),2,FALSE)","v":2.673213025607025},{"$f":"VLOOKUP($H$10,OFFSET('ANP REGIÃO'!$A$9,MATCH('Transporte RR-2C'!$I$7,'ANP REGIÃO'!A:A,0),1,10000,10000),MATCH('Transporte RR-2C'!AH24,'ANP REGIÃO'!$B$8:$G$8,0),FALSE)","v":2.6588027269288128},2673.213025607025,738.67,3411.883025607025,2912.8,547,763.88,108.41,872.29,191.47,1270.53,2271.7200000000003,1502.79,{"$f":"EVEN('Orçamento Sintético'!$F$51/1000*2/28)*W24/('Orçamento Sintético'!$F$51/1000)","v":152.23290939204693},2423.9529093920473,3411.883025607025,5835.8359349990724,{"$nulls":6},"SUDESTE"]
[null,6279.6516047010155,12,null,"BETUNEL INDÚSTRIA E COMÉRCIO LTDA.","R 16 , 82, Vila Nova Campo Grande - CEP:79.103-834","Mato Grosso do Sul","CAMPO GRANDE - MS","Santana -AP",{"$f":"VLOOKUP(G25,OFFSET('ANP ESTADO'!$A$1,MATCH($I$7,'ANP ESTADO'!B:B,0)+MATCH($H$10,OFFSET('ANP ESTADO'!$A$1,MATCH($I$7,'ANP ESTADO'!B:B,0),0,100000,1),0),2,100000,2),2,FALSE)","v":"-"},{"$f":"VLOOKUP($H$10,OFFSET('ANP REGIÃO'!$A$9,MATCH('Transporte RR-2C'!$I$7,'ANP REGIÃO'!A:A,0),1,10000,10000),MATCH('Transporte RR-2C'!AH25,'ANP REGIÃO'!$B$8:$G$8,0),FALSE)","v":3.1212717748853311},3121.2717748853311,862.48,3983.7517748853311,2818.9,547,740.12,108.41,848.53,186.26,1235.93,2236.6999999999998,584.4,{"$f":"EVEN('Orçamento Sintético'!$F$51/1000*2/28)*W25/('Orçamento Sintético'!$F$51/1000)","v":59.199829815684311},2295.8998298156839,3983.7517748853311,6279.6516047010155,{"$nulls":6},"CENTRO-OESTE"]
[null,6377.3080454098726,13,null,"CENTRO OESTE ASFALTOS LTDA.","RUA   N, S/N.º LOTES 39/43 E LOTES 129/133 - DISTRITO INDUSTRIAL - CEP:78098-400","Mato Grosso","CUIABA - MT","Santana -AP",{"$f":"VLOOKUP(G26,OFFSET('ANP ESTADO'!$A$1,MATCH($I$7,'ANP ESTADO'!B:B,0)+MATCH($H$10,OFFSET('ANP ESTADO'!$A$1,MATCH($I$7,'ANP ESTADO'!B:B,0),0,100000,1),0),2,100000,2),2,FALSE)","v":3.4368265318331153},{"$f":"VLOOKUP($H$10,OFFSET('ANP REGIÃO'!$A$9,MATCH('Transporte RR-2C'!$I$7,'ANP REGIÃO'!A:A,0),1,10000,10000),MATCH('Transporte RR-2C'!AH26,'ANP REGIÃO'!$B$8:$G$8,0),FALSE)","v":3.1212717748853311},3436.826531833115,949.68,4386.5065318331153,2462.4,547,649.92999999999995,108.41,758.33999999999992,166.46,1104.56,1967.31,231.9,{"$f":"EVEN('Orçamento Sintético'!$F$51/1000*2/28)*W26/('Orçamento Sintético'!$F$51/1000)","v":23.491513576757686},1990.8015135767575,4386.5065318331153,6377.3080454098726,{"$nulls":6},"CENTRO-OESTE"]
[null,6377.3080454098726,14,null,"BETUNEL INDÚSTRIA E COMÉRCIO LTDA.","RUA N ESQUINA COM RUA X, S/N QD. IND. 7 L 01/08 - DIST. IND. - CEP:78015-285","Mato Grosso","CUIABA - MT","Santana -AP",{"$f":"VLOOKUP(G27,OFFSET('ANP ESTADO'!$A$1,MATCH($I$7,'ANP ESTADO'!B:B,0)+MATCH($H$10,OFFSET('ANP ESTADO'!$A$1,MATCH($I$7,'ANP ESTADO'!B:B,0),0,100000,1),0),2,100000,2),2,FALSE)","v":3.4368265318331153},{"$f":"VLOOKUP($H$10,OFFSET('ANP REGIÃO'!$A$9,MATCH('Transporte RR-2C'!$I$7,'ANP REGIÃO'!A:A,0),1,10000,10000),MATCH('Transporte RR-2C'!AH27,'ANP REGIÃO'!$B$8:$G$8,0),FALSE)","v":3.1212717748853311},3436.826531833115,949.68,4386.5065318331153,2462.4,547,649.92999999999995,108.41,758.33999999999992,166.46,1104.56,1967.31,231.9,{"$f":"EVEN('Orçamento Sintético'!$F$51/1000*2/28)*W27/('Orçamento Sintético'!$F$51/1000)","v":23.491513576757686},1990.8015135767575,4386.5065318331153,6377.3080454098726,{"$nulls":6},"CENTRO-OESTE"]
[null,6377.9580454098732,15,null,"EMAM - EMULSÕES E TRANSPORTES LTDA.","RODOVIA DOS IMIGRANTES, S/Nº KM 8,6 -  - CEP:60035-351","Mato Grosso","VARZEA GRANDE - MT","Santana -AP",{"$f":"VLOOKUP(G28,OFFSET('ANP ESTADO'!$A$1,MATCH($I$7,'ANP ESTADO'!B:B,0)+MATCH($H$10,OFFSET('ANP ESTADO'!$A$1,MATCH($I$7,'ANP ESTADO'!B:B,0),0,100000,1),0),2,100000,2),2,FALSE)","v":3.4368265318331153},{"$f":"VLOOKUP($H$10,OFFSET('ANP REGIÃO'!$A$9,MATCH('Transporte RR-2C'!$I$7,'ANP REGIÃO'!A:A,0),1,10000,10000),MATCH('Transporte RR-2C'!AH28,'ANP REGIÃO'!$B$8:$G$8,0),FALSE)","v":3.1212717748853311},3436.826531833115,949.68,4386.5065318331153,2468.8000000000002,547,651.54999999999995,108.41,759.95999999999992,166.82,1106.92,1967.96,231.9,{"$f":"EVEN('Orçamento Sintético'!$F$51/1000*2/28)*W28/('Orçamento Sintético'!$F$51/1000)","v":23.491513576757686},1991.4515135767576,4386.5065318331153,6377.9580454098732,null,6513.3958896759159,2026.972987012987,4486.4229026629291,null,null,"CENTRO-OESTE"]
[null,5903.2647263865301,16,null,"VIAPOL LTDA.","VITO ARDITO, 6401 KM 118,5 - JARDIM CAMPO GRANDE - CEP:12282-535","São Paulo","CACAPAVA - SP","Santana -AP",{"$f":"VLOOKUP(G29,OFFSET('ANP ESTADO'!$A$1,MATCH($I$7,'ANP ESTADO'!B:B,0)+MATCH($H$10,OFFSET('ANP ESTADO'!$A$1,MATCH($I$7,'ANP ESTADO'!B:B,0),0,100000,1),0),2,100000,2),2,FALSE)","v":2.673213025607025},{"$f":"VLOOKUP($H$10,OFFSET('ANP REGIÃO'!$A$9,MATCH('Transporte RR-2C'!$I$7,'ANP REGIÃO'!A:A,0),1,10000,10000),MATCH('Transporte RR-2C'!AH29,'ANP REGIÃO'!$B$8:$G$8,0),FALSE)","v":2.6588027269288128},2673.213025607025,738.67,3411.883025607025,3006,547,787.46,108.41,895.87,196.65,1304.8800000000001,2333.0100000000002,1563.39,{"$f":"EVEN('Orçamento Sintético'!$F$51/1000*2/28)*W29/('Orçamento Sintético'!$F$51/1000)","v":158.37170077950498},2491.3817007795051,3411.883025607025,5903.2647263865301,null,6171.4200544468913,2466.2480952380956,3705.1719592087952,null,null,"SUDESTE"]
[null,6010.9146459089225,17,null,"STRATURA ASFALTOS S/A","RUA LUIS DE CAMÕES, 26  - CAMPOS ELÍSEOS - CEP:25225-030","Rio de Janeiro","DUQUE DE CAXIAS - RJ","Santana -AP",{"$f":"VLOOKUP(G30,OFFSET('ANP ESTADO'!$A$1,MATCH($I$7,'ANP ESTADO'!B:B,0)+MATCH($H$10,OFFSET('ANP ESTADO'!$A$1,MATCH($I$7,'ANP ESTADO'!B:B,0),0,100000,1),0),2,100000,2),2,FALSE)","v":"-"},{"$f":"VLOOKUP($H$10,OFFSET('ANP REGIÃO'!$A$9,MATCH('Transporte RR-2C'!$I$7,'ANP REGIÃO'!A:A,0),1,10000,10000),MATCH('Transporte RR-2C'!AH30,'ANP REGIÃO'!$B$8:$G$8,0),FALSE)","v":2.6588027269288128},2658.8027269288127,734.69,3393.4927269288128,3096.3,547,810.3,108.41,918.70999999999992,201.66,1338.14,2477.81,1378.2,{"$f":"EVEN('Orçamento Sintético'!$F$51/1000*2/28)*W30/('Orçamento Sintético'!$F$51/1000)","v":139.61191898010972},2617.4219189801097,3393.4927269288128,6010.9146459089225,null,6250.1466332863092,2572.7710389610388,3677.3755943252704,null,null,"SUDESTE"]
[null,6021.0446459089226,18,null,"PROBITEC - PRODUTOS BETUMINOSOS E TECNOLOGIA DE APLICAÇÃO LTDA.","AVENIDA CANAL DA PAVUNA, 620  - PAVUNA - CEP:21535-630","Rio de Janeiro","RIO DE JANEIRO - RJ","Santana -AP",{"$f":"VLOOKUP(G31,OFFSET('ANP ESTADO'!$A$1,MATCH($I$7,'ANP ESTADO'!B:B,0)+MATCH($H$10,OFFSET('ANP ESTADO'!$A$1,MATCH($I$7,'ANP ESTADO'!B:B,0),0,100000,1),0),2,100000,2),2,FALSE)","v":"-"},{"$f":"VLOOKUP($H$10,OFFSET('ANP REGIÃO'!$A$9,MATCH('Transporte RR-2C'!$I$7,'ANP REGIÃO'!A:A,0),1,10000,10000),MATCH('Transporte RR-2C'!AH31,'ANP REGIÃO'!$B$8:$G$8,0),FALSE)","v":2.6588027269288128},2658.8027269288127,734.69,3393.4927269288128,3109.2,547,813.57,108.41,921.98,202.38,1342.91,2487.94,1378.2,{"$f":"EVEN('Orçamento Sintético'!$F$51/1000*2/28)*W31/('Orçamento Sintético'!$F$51/1000)","v":139.61191898010972},2627.5519189801098,3393.4927269288128,6021.0446459089226,null,6260.2766332863093,2582.9010389610389,3677.3755943252704,null,null,"SUDESTE"]
[null,5715.726534284111,19,null,"CASA DO ASFALTO DISTRIBUIDORA, INDÚSTRIA E COMÉRCIO DE ASFALTO LTDA.","BR 376, PARQUE INDUSTRIAL, S/N LOTE 6/7/7-A-3-1 - GL.PATR.MARIALVA - CEP:86990-000","Paraná","MARIALVA - PR","Santana -AP",{"$f":"VLOOKUP(G32,OFFSET('ANP ESTADO'!$A$1,MATCH($I$7,'ANP ESTADO'!B:B,0)+MATCH($H$10,OFFSET('ANP ESTADO'!$A$1,MATCH($I$7,'ANP ESTADO'!B:B,0),0,100000,1),0),2,100000,2),2,FALSE)","v":2.5625706451976873},{"$f":"VLOOKUP($H$10,OFFSET('ANP REGIÃO'!$A$9,MATCH('Transporte RR-2C'!$I$7,'ANP REGIÃO'!A:A,0),1,10000,10000),MATCH('Transporte RR-2C'!AH32,'ANP REGIÃO'!$B$8:$G$8,0),FALSE)","v":2.6001453328824664},2562.5706451976871,708.1,3270.670645197687,2948.1,547,772.81,108.41,881.21999999999991,193.43,1283.54,2326.9499999999998,1165.9000000000001,{"$f":"EVEN('Orçamento Sintético'!$F$51/1000*2/28)*W32/('Orçamento Sintético'!$F$51/1000)","v":118.10588908642428},2445.055889086424,3270.670645197687,5715.726534284111,null,6008.9538277106467,2431.261688311688,3577.6921393989587,null,null,"SUL"]
[null,5821.683279711674,20,null,"PETROBRAS DISTRIBUIDORA S.A.","RUA MAQUINISTA  ELEODORO JACINTO, 100  - OFICINAS - CEP:84045-170","Paraná","PONTA GROSSA - PR","Santana -AP",{"$f":"VLOOKUP(G33,OFFSET('ANP ESTADO'!$A$1,MATCH($I$7,'ANP ESTADO'!B:B,0)+MATCH($H$10,OFFSET('ANP ESTADO'!$A$1,MATCH($I$7,'ANP ESTADO'!B:B,0),0,100000,1),0),2,100000,2),2,FALSE)","v":2.5625706451976873},{"$f":"VLOOKUP($H$10,OFFSET('ANP REGIÃO'!$A$9,MATCH('Transporte RR-2C'!$I$7,'ANP REGIÃO'!A:A,0),1,10000,10000),MATCH('Transporte RR-2C'!AH33,'ANP REGIÃO'!$B$8:$G$8,0),FALSE)","v":2.6001453328824664},2562.5706451976871,708.1,3270.670645197687,3065,547,802.38,108.41,910.79,199.92,1326.61,2424.59,1248,{"$f":"EVEN('Orçamento Sintético'!$F$51/1000*2/28)*W33/('Orçamento Sintético'!$F$51/1000)","v":126.42263451398703},2551.012634513987,3270.670645197687,5821.683279711674,null,6118.7583298751488,2541.0661904761905,3577.6921393989587,null,null,"SUL"]
{"$rows_empty":9}
[null,null,null,"Acre"]
[null,null,null,"Alagoas"]
[null,null,null,"Amapá"]
[null,null,null,"Amazonas"]
[null,null,null,"Bahia"]
[null,null,null,"Ceará"]
[null,null,null,"Distrito Federal"]
[null,null,null,"Espírito Santo"]
[null,null,null,"Goiás"]
[null,null,null,"Maranhão"]
[null,null,null,"Mato Grosso"]
[null,null,null,"Mato Grosso do Sul"]
[null,null,null,"Minas Gerais"]
[null,null,null,"Pará"]
[null,null,null,"Paraíba"]
[null,null,null,"Paraná"]
[null,null,null,"Pernambuco"]
[null,null,null,"Piauí"]
[null,null,null,"Rio de Janeiro"]
[null,null,null,"Rio Grande do Norte"]
[null,null,null,"Rio Grande do Sul"]
[null,null,null,"Rondônia"]
[null,null,null,"Roraima"]
[null,null,null,"Santa Catarina"]
[null,null,null,"São Paulo"]
[null,null,null,"Sergipe"]
[null,null,null,"Tocantins"]
[]
[]
[]
[null,null,null,"ASFALTOS DILUÍDOS CM-30"]
[null,null,null,"ASFALTOS DILUÍDOS CM-70"]
[null,null,null,"ASFALTOS DILUÍDOS CR-250"]
[null,null,null,"ASFALTOS DILUÍDOS CR-70"]
[null,null,null,"CAP MODIFICADO POR BORRACHA DE PNEU AB22"]
[null,null,null,"CAP MODIFICADO POR BORRACHA DE PNEU AB8"]
[null,null,null,"CAP MODIFICADO POR POLÍMERO 55-75-E"]
[null,null,null,"CAP MODIFICADO POR POLÍMERO 60-85-E"]
[null,null,null,"CAP MODIFICADO POR POLÍMERO 65-90-E"]
[null,null,null,"CIMENTOS ASFÁLTICOS CAP-150-200"]
[null,null,null,"CIMENTOS ASFÁLTICOS CAP-30-45"]
[null,null,null,"CIMENTOS ASFÁLTICOS CAP-50-70"]
[null,null,null,"CIMENTOS ASFÁLTICOS CAP-85-100"]
[null,null,null,"EMULSÃO ASFÁLTICA CATIÔNICA DE RUPTURA CONTROLADA PARA SERVIÇO DE LAMA ASFÁLTICA"]
[null,null,null,"EMULSÃO ASFÁLTICA DE RUPTURA LENTA CATIÔNICA PARA SERVIÇO DE LAMA ASFÁLTICA"]
[null,null,null,"EMULSÃO ASFÁLTICA DE RUPTURA LENTA DE CARGA NEUTRA PARA SERVIÇO DE LAMA ASFÁLTICA"]
[null,null,null,"EMULSÃO ASFÁLTICA PARA SERVIÇO DE IMPRIMAÇÃO"]
[null,null,null,"EMULSÕES ASF. MOD. POR POLÍMEROS RC1C-E"]
[null,null,null,"EMULSÕES ASF. MOD. POR POLÍMEROS RL1C-E"]
[null,null,null,"EMULSÕES ASF. MOD. POR POLÍMEROS RM1C-E"]
[null,null,null,"EMULSÕES ASF. MOD. POR POLÍMEROS RR1C-E"]
[null,null,null,"EMULSÕES ASF. MOD. POR POLÍMEROS RR2C-E"]
[null,null,null,"EMULSÕES ASFÁLTICAS RL-1C"]
[null,null,null,"EMULSÕES ASFÁLTICAS RM-1C"]
[null,null,null,"EMULSÕES ASFÁLTICAS RM-2C"]
[null,null,null,"EMULSÕES ASFÁLTICAS RR-1C"]
[null,null,null,"EMULSÕES ASFÁLTICAS RR-2C"]

{"sheet":"RESUMO_Transp","index":12,"n_rows":47,"n_cols":23,"rows_kept":47,"cut":false,"hidden":false,"merged":[[7,1,7,19],[2,1,2,8],[3,1,3,8],[4,1,4,8],[5,1,5,8],[6,1,6,22],[10,1,12,1],[10,4,10,5],[10,6,10,7],[10,10,12,10],[11,15,11,16],[14,18,14,19],[16,2,21,2],[27,2,32,2],[34,2,39,2],[41,2,46,2],[14,3,14,6],[14,7,14,8]]}
{"$rows_empty":10}
[null,"ÍNDICE DE PAVIMENTAÇÃO DNIT",null,null,"TIPOLOGIA DO MATERIAL",null,"LIGANTE BETUMINOSO",null,null,null,"IMPOSTOS","COFINS",6.4999999999999997E-3,6.4999999999999997E-3]
[null,null,"DATA INICIAL",null,null,"2014-07-01","ÍNDICE INICIAL",270.23700000000002,null,null,null,"PIS",0.03,0.03,null,"LEGENDA"]
[null,null,"DATA FINAL",null,null,"2026-02-01","ÍNDICE FINAL",593.00300000000004,null,null,null," ICMS",0.18,0.18,null,"ENTRADA DE DADOS"]
[]
[null,"DATA-BASE","PRODUTOS","LOCALIDADES",null,null,null,"CUSTO ANP (R$/Kg)",null,"CUSTO ANP","IMPOSTOS DO PRODUTO","CUSTO DO PRODUTO COM IMPOSTOS","DMT's","DMT's","CUSTO DO TRANSPORTE TOTAL","ICMS","ATUALIZAÇÃO DO CUSTO DE TRANSPORTE","CUSTO DO TRANSPORTE RODOVIA PAVIMENTADA COM IMPOSTOS E ATUALIZAÇÃO MONETÁRIA","PEDÁGIO ",null,"TOTAL TRANSPORTE","TOTAL PRODUTO","TOTAL GERAL"]
[null,"2025-09-01",null,"REFINARIAS","ENDEREÇO","ORIGEM\nREFINARIAS / DISTRIBUIDORAS","DESTINO","ESTADO","REGIÃO","R$/t","R$/t","R$/t","KM","KM","R$/t","R$/t","R$/t","R$/t","CUSTO POR EIXO","R$/t","R$/t","R$/t","R$/t"]
[null,1,"CAP 50/70","Refinaria Abreu e Lima","Rodovia PE 60, Km 10 - Ipojuca - PE CEP:55590-000","FORTALEZA - CE","Santana -AP",3.282269581672586,3.4506181757566186,{"$f":"VLOOKUP($W17,'Transporte Cap 50-70'!$B:$AA,11,FALSE)","v":2952.6923425972063},{"$f":"VLOOKUP($W17,'Transporte Cap 50-70'!$B:$AA,12,FALSE)","v":815.9},{"$f":"VLOOKUP($W17,'Transporte Cap 50-70'!$B:$AA,13,FALSE)","v":3768.5923425972064},1492,547,{"$f":"VLOOKUP($W17,'Transporte Cap 50-70'!$B:$AA,18,FALSE)","v":510.51},{"$f":"VLOOKUP($W17,'Transporte Cap 50-70'!$B:$AA,19,FALSE)","v":112.06},{"$f":"VLOOKUP($W17,'Transporte Cap 50-70'!$B:$AA,20,FALSE)","v":743.58},{"$f":"VLOOKUP($W17,'Transporte Cap 50-70'!$B:$AA,21,FALSE)","v":1366.15},{"$f":"VLOOKUP($W17,'Transporte Cap 50-70'!$B:$AA,22,FALSE)","v":0},{"$f":"VLOOKUP($W17,'Transporte Cap 50-70'!$B:$AA,23,FALSE)","v":0},{"$f":"VLOOKUP($W17,'Transporte Cap 50-70'!$B:$AA,24,FALSE)","v":1366.15},{"$f":"VLOOKUP($W17,'Transporte Cap 50-70'!$B:$AA,25,FALSE)","v":3768.5923425972064},{"$f":"SMALL('Transporte Cap 50-70'!$AA:$AA,1)","v":5134.7423425972065}]
[null,2,null,"Refinaria Potiguar Clara Camarão","Rodovia RN 221, KM 25 - Guamaré - RN CEP:59598-000","GUAMARÉ - RN","Santana -AP","-",3.4506181757566186,{"$f":"VLOOKUP($W18,'Transporte Cap 50-70'!$B:$AA,11,FALSE)","v":2979.532563621362},{"$f":"VLOOKUP($W18,'Transporte Cap 50-70'!$B:$AA,12,FALSE)","v":823.32},{"$f":"VLOOKUP($W18,'Transporte Cap 50-70'!$B:$AA,13,FALSE)","v":3802.8525636213622},1818,547,{"$f":"VLOOKUP($W18,'Transporte Cap 50-70'!$B:$AA,18,FALSE)","v":613.07999999999993},{"$f":"VLOOKUP($W18,'Transporte Cap 50-70'!$B:$AA,19,FALSE)","v":134.57},{"$f":"VLOOKUP($W18,'Transporte Cap 50-70'!$B:$AA,20,FALSE)","v":892.97},{"$f":"VLOOKUP($W18,'Transporte Cap 50-70'!$B:$AA,21,FALSE)","v":1640.62},{"$f":"VLOOKUP($W18,'Transporte Cap 50-70'!$B:$AA,22,FALSE)","v":0},{"$f":"VLOOKUP($W18,'Transporte Cap 50-70'!$B:$AA,23,FALSE)","v":0},{"$f":"VLOOKUP($W18,'Transporte Cap 50-70'!$B:$AA,24,FALSE)","v":1640.62},{"$f":"VLOOKUP($W18,'Transporte Cap 50-70'!$B:$AA,25,FALSE)","v":3802.8525636213622},{"$f":"SMALL('Transporte Cap 50-70'!$AA:$AA,2)","v":5443.4725636213625}]
[null,3,null,"Complexo Petroquímico do Rio de Janeiro (Comperj)","Rodovia Estadual RJ-116 - Km 5,2 - Acesso A-1, s/n, Complemento Sambaetiba - Zona Urbana do 4º Distrito de Itaboraí - RJ CEP:24841-203","IPOJUCA - PE","Santana -AP","-",3.4506181757566186,{"$f":"VLOOKUP($W19,'Transporte Cap 50-70'!$B:$AA,11,FALSE)","v":2979.532563621362},{"$f":"VLOOKUP($W19,'Transporte Cap 50-70'!$B:$AA,12,FALSE)","v":823.32},{"$f":"VLOOKUP($W19,'Transporte Cap 50-70'!$B:$AA,13,FALSE)","v":3802.8525636213622},2024,547,{"$f":"VLOOKUP($W19,'Transporte Cap 50-70'!$B:$AA,18,FALSE)","v":657.8900000000001},{"$f":"VLOOKUP($W19,'Transporte Cap 50-70'!$B:$AA,19,FALSE)","v":144.41},{"$f":"VLOOKUP($W19,'Transporte Cap 50-70'!$B:$AA,20,FALSE)","v":958.25},{"$f":"VLOOKUP($W19,'Transporte Cap 50-70'!$B:$AA,21,FALSE)","v":1760.5500000000002},{"$f":"VLOOKUP($W19,'Transporte Cap 50-70'!$B:$AA,22,FALSE)","v":0},{"$f":"VLOOKUP($W19,'Transporte Cap 50-70'!$B:$AA,23,FALSE)","v":0},{"$f":"VLOOKUP($W19,'Transporte Cap 50-70'!$B:$AA,24,FALSE)","v":1760.5500000000002},{"$f":"VLOOKUP($W19,'Transporte Cap 50-70'!$B:$AA,25,FALSE)","v":3802.8525636213622},{"$f":"SMALL('Transporte Cap 50-70'!$AA:$AA,3)","v":5563.4025636213628}]
[null,4,null,null,null,"SÃO FRANCISCO DO CONDE - BA","Santana -AP",3.7073942520282555,3.4506181757566186,{"$f":"VLOOKUP($W20,'Transporte Cap 50-70'!$B:$AA,11,FALSE)","v":3026.8953440407158},{"$f":"VLOOKUP($W20,'Transporte Cap 50-70'!$B:$AA,12,FALSE)","v":836.4},{"$f":"VLOOKUP($W20,'Transporte Cap 50-70'!$B:$AA,13,FALSE)","v":3863.2953440407159},1993,547,{"$f":"VLOOKUP($W20,'Transporte Cap 50-70'!$B:$AA,18,FALSE)","v":667.15000000000009},{"$f":"VLOOKUP($W20,'Transporte Cap 50-70'!$B:$AA,19,FALSE)","v":146.44},{"$f":"VLOOKUP($W20,'Transporte Cap 50-70'!$B:$AA,20,FALSE)","v":971.73},{"$f":"VLOOKUP($W20,'Transporte Cap 50-70'!$B:$AA,21,FALSE)","v":1785.3200000000002},{"$f":"VLOOKUP($W20,'Transporte Cap 50-70'!$B:$AA,22,FALSE)","v":21},{"$f":"VLOOKUP($W20,'Transporte Cap 50-70'!$B:$AA,23,FALSE)","v":1.5315890236119973},{"$f":"VLOOKUP($W20,'Transporte Cap 50-70'!$B:$AA,24,FALSE)","v":1786.8515890236122},{"$f":"VLOOKUP($W20,'Transporte Cap 50-70'!$B:$AA,25,FALSE)","v":3863.2953440407159},{"$f":"SMALL('Transporte Cap 50-70'!$AA:$AA,4)","v":5650.1469330643286}]
[null,5,null,null,null,"BETIM - MG","Santana -AP",3.5931260928051794,3.5747892774891388,{"$f":"VLOOKUP($W21,'Transporte Cap 50-70'!$B:$AA,11,FALSE)","v":4392.8718077616413},{"$f":"VLOOKUP($W21,'Transporte Cap 50-70'!$B:$AA,12,FALSE)","v":1213.8599999999999},{"$f":"VLOOKUP($W21,'Transporte Cap 50-70'!$B:$AA,13,FALSE)","v":5606.731807761641},2672,547,{"$f":"VLOOKUP($W21,'Transporte Cap 50-70'!$B:$AA,18,FALSE)","v":230.19},{"$f":"VLOOKUP($W21,'Transporte Cap 50-70'!$B:$AA,19,FALSE)","v":50.52},{"$f":"VLOOKUP($W21,'Transporte Cap 50-70'!$B:$AA,20,FALSE)","v":335.27},{"$f":"VLOOKUP($W21,'Transporte Cap 50-70'!$B:$AA,21,FALSE)","v":615.98},{"$f":"VLOOKUP($W21,'Transporte Cap 50-70'!$B:$AA,22,FALSE)","v":0},{"$f":"VLOOKUP($W21,'Transporte Cap 50-70'!$B:$AA,23,FALSE)","v":0},{"$f":"VLOOKUP($W21,'Transporte Cap 50-70'!$B:$AA,24,FALSE)","v":615.98},{"$f":"VLOOKUP($W21,'Transporte Cap 50-70'!$B:$AA,25,FALSE)","v":5606.731807761641},{"$f":"SMALL('Transporte Cap 50-70'!$AA:$AA,5)","v":6222.7118077616415}]
[null,6,null,null,null,"DUQUE DE CAXIAS - RJ","Santana -AP",3.3858101780941894,3.5747892774891388,{"$f":"VLOOKUP($W22,'Transporte Cap 50-70'!$B:$AA,11,FALSE)","v":4392.8718077616413},{"$f":"VLOOKUP($W22,'Transporte Cap 50-70'!$B:$AA,12,FALSE)","v":1213.8599999999999},{"$f":"VLOOKUP($W22,'Transporte Cap 50-70'!$B:$AA,13,FALSE)","v":5606.731807761641},3144,547,{"$f":"VLOOKUP($W22,'Transporte Cap 50-70'!$B:$AA,18,FALSE)","v":230.19},{"$f":"VLOOKUP($W22,'Transporte Cap 50-70'!$B:$AA,19,FALSE)","v":50.52},{"$f":"VLOOKUP($W22,'Transporte Cap 50-70'!$B:$AA,20,FALSE)","v":335.27},{"$f":"VLOOKUP($W22,'Transporte Cap 50-70'!$B:$AA,21,FALSE)","v":615.98},{"$f":"VLOOKUP($W22,'Transporte Cap 50-70'!$B:$AA,22,FALSE)","v":0},{"$f":"VLOOKUP($W22,'Transporte Cap 50-70'!$B:$AA,23,FALSE)","v":0},{"$f":"VLOOKUP($W22,'Transporte Cap 50-70'!$B:$AA,24,FALSE)","v":615.98},{"$f":"VLOOKUP($W22,'Transporte Cap 50-70'!$B:$AA,25,FALSE)","v":5606.731807761641},{"$f":"SMALL('Transporte Cap 50-70'!$AA:$AA,5)","v":6222.7118077616415}]
[{"$nulls":14},{"$error":"#REF!"},null,null,{"$error":"#REF!"}]
[{"$nulls":14},{"$error":"#REF!"},null,null,{"$error":"#REF!"}]
[{"$nulls":14},{"$error":"#REF!"},null,null,{"$error":"#REF!"}]
[{"$nulls":14},{"$error":"#REF!"},null,null,{"$error":"#REF!"}]
[{"$nulls":14},{"$error":"#REF!"},null,null,{"$error":"#REF!"}]
[null,1,"CAP MODIF. C/ POLÍMERO 60/85","Refinaria Abreu e Lima","Rodovia PE 60, Km 10 - Ipojuca - PE CEP:55590-000","Transporte EAI'!","Palmas - TO",2.2618949483203123,2.3534139050749991,2261.8949483203123,393.19,2655.0849483203124,1181,1181,{"$error":"#REF!"},44.41,202.55,{"$error":"#REF!"},102,102,674.69,2655.0849483203124,3329.7749483203124]
[null,2,null,"Refinaria Potiguar Clara Camarão","Rodovia RN 221, KM 25 - Guamaré - RN CEP:59598-000","UBERLANDIA - MG","Palmas - TO",2.2618949483203123,2.3534139050749991,2261.8949483203123,393.19,2655.0849483203124,1182,1182,{"$error":"#REF!"},44.45,202.71,{"$error":"#REF!"},102,102,675.14,2655.0849483203124,3330.2249483203123]
[null,3,null,"Complexo Petroquímico do Rio de Janeiro (Comperj)","Rodovia Estadual RJ-116 - Km 5,2 - Acesso A-1, s/n, Complemento Sambaetiba - Zona Urbana do 4º Distrito de Itaboraí - RJ CEP:24841-203","GOIANIRA - GO","Palmas - TO","",2.5552069552432553,2555.2069552432554,444.18,2999.3869552432552,814,814,{"$error":"#REF!"},31.75,144.81,{"$error":"#REF!"},0,0,409.44,2999.3869552432552,3408.8269552432553]
[null,4,null,null,null,"BRASÍLIA - DF","Palmas - TO","",2.5552069552432553,2555.2069552432554,444.18,2999.3869552432552,822,822,{"$error":"#REF!"},32.03,146.07,{"$error":"#REF!"},0,0,413,2999.3869552432552,3412.3869552432552]
[null,5,null,null,null,"APARECIDA DE GOIANIA - GO","Palmas - TO","",2.5552069552432553,2555.2069552432554,444.18,2999.3869552432552,842,842,{"$error":"#REF!"},32.72,149.22,{"$error":"#REF!"},0,0,421.9,2999.3869552432552,3421.2869552432553]
[null,6,null,null,null,"ANÁPOLIS - GO","Palmas - TO","",2.5552069552432553,2555.2069552432554,444.18,2999.3869552432552,950,950,{"$error":"#REF!"},36.44,166.21,{"$error":"#REF!"},0,0,469.92999999999995,2999.3869552432552,3469.3169552432551]
[]
[null,1,"ASFALTOS DILUÍDOS CM-30","Refinaria Abreu e Lima","Rodovia PE 60, Km 10 - Ipojuca - PE CEP:55590-000","ANÁPOLIS - GO","Santana -AP",5.1577070031712466,5.5155691072072228,{"$f":"VLOOKUP($W35,'Transporte CM-30'!$B$13:$AA$26,11,FALSE)","v":2961.4685913470544},{"$f":"VLOOKUP($W35,'Transporte CM-30'!$B$13:$AA$26,12,FALSE)","v":818.33},{"$f":"VLOOKUP($W35,'Transporte CM-30'!$B$13:$AA$26,13,FALSE)","v":3779.7985913470543},1918,547,{"$f":"VLOOKUP($W35,'Transporte CM-30'!$B$13:$AA$26,18,FALSE)","v":226.53},{"$f":"VLOOKUP($W35,'Transporte CM-30'!$B$13:$AA$26,19,FALSE)","v":49.72},{"$f":"VLOOKUP($W35,'Transporte CM-30'!$B$13:$AA$26,20,FALSE)","v":329.94},{"$f":"VLOOKUP($W35,'Transporte CM-30'!$B$13:$AA$26,21,FALSE)","v":606.19000000000005},{"$f":"VLOOKUP($W35,'Transporte CM-30'!$B$13:$AA$26,22,FALSE)","v":0},{"$f":"VLOOKUP($W35,'Transporte CM-30'!$B$13:$AA$26,23,FALSE)","v":0},{"$f":"VLOOKUP($W35,'Transporte CM-30'!$B$13:$AA$26,24,FALSE)","v":606.19000000000005},{"$f":"VLOOKUP($W35,'Transporte CM-30'!$B$13:$AA$26,25,FALSE)","v":3779.7985913470543},{"$f":"SMALL('Transporte CM-30'!$AA:$AA,1)","v":4385.9885913470544}]
[null,2,null,"Refinaria Potiguar Clara Camarão","Rodovia RN 221, KM 25 - Guamaré - RN CEP:59598-000","MARIALVA - PR","Santana -AP","-",4.5891346481741255,{"$f":"VLOOKUP($W36,'Transporte CM-30'!$B$13:$AA$26,11,FALSE)","v":1961.5999859270555},{"$f":"VLOOKUP($W36,'Transporte CM-30'!$B$13:$AA$26,12,FALSE)","v":542.04},{"$f":"VLOOKUP($W36,'Transporte CM-30'!$B$13:$AA$26,13,FALSE)","v":2503.6399859270555},2920,547,{"$f":"VLOOKUP($W36,'Transporte CM-30'!$B$13:$AA$26,18,FALSE)","v":726.07999999999993},{"$f":"VLOOKUP($W36,'Transporte CM-30'!$B$13:$AA$26,19,FALSE)","v":159.38},{"$f":"VLOOKUP($W36,'Transporte CM-30'!$B$13:$AA$26,20,FALSE)","v":1057.57},{"$f":"VLOOKUP($W36,'Transporte CM-30'!$B$13:$AA$26,21,FALSE)","v":1943.0299999999997},{"$f":"VLOOKUP($W36,'Transporte CM-30'!$B$13:$AA$26,22,FALSE)","v":712.8},{"$f":"VLOOKUP($W36,'Transporte CM-30'!$B$13:$AA$26,23,FALSE)","v":62.486625819512355},{"$f":"VLOOKUP($W36,'Transporte CM-30'!$B$13:$AA$26,24,FALSE)","v":2005.516625819512},{"$f":"VLOOKUP($W36,'Transporte CM-30'!$B$13:$AA$26,25,FALSE)","v":2503.6399859270555},{"$f":"SMALL('Transporte CM-30'!$AA:$AA,2)","v":4509.1566117465673}]
[null,3,null,"Complexo Petroquímico do Rio de Janeiro (Comperj)","Rodovia Estadual RJ-116 - Km 5,2 - Acesso A-1, s/n, Complemento Sambaetiba - Zona Urbana do 4º Distrito de Itaboraí - RJ CEP:24841-203","GOIANIRA - GO","Santana -AP",5.1577070031712466,5.5155691072072228,{"$f":"VLOOKUP($W37,'Transporte CM-30'!$B$13:$AA$26,11,FALSE)","v":1961.5999859270555},{"$f":"VLOOKUP($W37,'Transporte CM-30'!$B$13:$AA$26,12,FALSE)","v":542.04},{"$f":"VLOOKUP($W37,'Transporte CM-30'!$B$13:$AA$26,13,FALSE)","v":2503.6399859270555},1940,547,{"$f":"VLOOKUP($W37,'Transporte CM-30'!$B$13:$AA$26,18,FALSE)","v":726.07999999999993},{"$f":"VLOOKUP($W37,'Transporte CM-30'!$B$13:$AA$26,19,FALSE)","v":159.38},{"$f":"VLOOKUP($W37,'Transporte CM-30'!$B$13:$AA$26,20,FALSE)","v":1057.57},{"$f":"VLOOKUP($W37,'Transporte CM-30'!$B$13:$AA$26,21,FALSE)","v":1943.0299999999997},{"$f":"VLOOKUP($W37,'Transporte CM-30'!$B$13:$AA$26,22,FALSE)","v":712.8},{"$f":"VLOOKUP($W37,'Transporte CM-30'!$B$13:$AA$26,23,FALSE)","v":62.486625819512355},{"$f":"VLOOKUP($W37,'Transporte CM-30'!$B$13:$AA$26,24,FALSE)","v":2005.516625819512},{"$f":"VLOOKUP($W37,'Transporte CM-30'!$B$13:$AA$26,25,FALSE)","v":2503.6399859270555},{"$f":"SMALL('Transporte CM-30'!$AA:$AA,3)","v":4509.1566117465673}]
[null,4,null,null,null,"APARECIDA DE GOIANIA - GO","Santana -AP",5.1577070031712466,5.5155691072072228,{"$f":"VLOOKUP($W38,'Transporte CM-30'!$B$13:$AA$26,11,FALSE)","v":1961.5999859270555},{"$f":"VLOOKUP($W38,'Transporte CM-30'!$B$13:$AA$26,12,FALSE)","v":542.04},{"$f":"VLOOKUP($W38,'Transporte CM-30'!$B$13:$AA$26,13,FALSE)","v":2503.6399859270555},1969,547,{"$f":"VLOOKUP($W38,'Transporte CM-30'!$B$13:$AA$26,18,FALSE)","v":817.87},{"$f":"VLOOKUP($W38,'Transporte CM-30'!$B$13:$AA$26,19,FALSE)","v":179.53},{"$f":"VLOOKUP($W38,'Transporte CM-30'!$B$13:$AA$26,20,FALSE)","v":1191.27},{"$f":"VLOOKUP($W38,'Transporte CM-30'!$B$13:$AA$26,21,FALSE)","v":2188.67},{"$f":"VLOOKUP($W38,'Transporte CM-30'!$B$13:$AA$26,22,FALSE)","v":992.1},{"$f":"VLOOKUP($W38,'Transporte CM-30'!$B$13:$AA$26,23,FALSE)","v":86.971073899464386},{"$f":"VLOOKUP($W38,'Transporte CM-30'!$B$13:$AA$26,24,FALSE)","v":2275.6410738994646},{"$f":"VLOOKUP($W38,'Transporte CM-30'!$B$13:$AA$26,25,FALSE)","v":2503.6399859270555},{"$f":"SMALL('Transporte CM-30'!$AA:$AA,4)","v":4779.2810598265205}]
[null,5,null,null,null,"PONTA GROSSA - PR","Santana -AP","-",4.5891346481741255,{"$f":"VLOOKUP($W39,'Transporte CM-30'!$B$13:$AA$26,11,FALSE)","v":2462.4435826631725},{"$f":"VLOOKUP($W39,'Transporte CM-30'!$B$13:$AA$26,12,FALSE)","v":680.43},{"$f":"VLOOKUP($W39,'Transporte CM-30'!$B$13:$AA$26,13,FALSE)","v":3142.8735826631723},3065,547,{"$f":"VLOOKUP($W39,'Transporte CM-30'!$B$13:$AA$26,18,FALSE)","v":627.64},{"$f":"VLOOKUP($W39,'Transporte CM-30'!$B$13:$AA$26,19,FALSE)","v":137.77000000000001},{"$f":"VLOOKUP($W39,'Transporte CM-30'!$B$13:$AA$26,20,FALSE)","v":914.19},{"$f":"VLOOKUP($W39,'Transporte CM-30'!$B$13:$AA$26,21,FALSE)","v":1679.6},{"$f":"VLOOKUP($W39,'Transporte CM-30'!$B$13:$AA$26,22,FALSE)","v":537.6},{"$f":"VLOOKUP($W39,'Transporte CM-30'!$B$13:$AA$26,23,FALSE)","v":47.127960214042993},{"$f":"VLOOKUP($W39,'Transporte CM-30'!$B$13:$AA$26,24,FALSE)","v":1726.7279602140429},{"$f":"VLOOKUP($W39,'Transporte CM-30'!$B$13:$AA$26,25,FALSE)","v":3142.8735826631723},{"$f":"SMALL('Transporte CM-30'!$AA:$AA,5)","v":4869.6015428772153}]
[null,6,null,null,null,"BRASÍLIA - DF","Santana -AP","-",5.5155691072072228,{"$f":"VLOOKUP($W40,'Transporte CM-30'!$B$13:$AA$26,11,FALSE)","v":2462.4435826631725},{"$f":"VLOOKUP($W40,'Transporte CM-30'!$B$13:$AA$26,12,FALSE)","v":680.43},{"$f":"VLOOKUP($W40,'Transporte CM-30'!$B$13:$AA$26,13,FALSE)","v":3142.8735826631723},1957,547,{"$f":"VLOOKUP($W40,'Transporte CM-30'!$B$13:$AA$26,18,FALSE)","v":633.28},{"$f":"VLOOKUP($W40,'Transporte CM-30'!$B$13:$AA$26,19,FALSE)","v":139.01},{"$f":"VLOOKUP($W40,'Transporte CM-30'!$B$13:$AA$26,20,FALSE)","v":922.4},{"$f":"VLOOKUP($W40,'Transporte CM-30'!$B$13:$AA$26,21,FALSE)","v":1694.69},{"$f":"VLOOKUP($W40,'Transporte CM-30'!$B$13:$AA$26,22,FALSE)","v":444},{"$f":"VLOOKUP($W40,'Transporte CM-30'!$B$13:$AA$26,23,FALSE)","v":38.922645712490862},{"$f":"VLOOKUP($W40,'Transporte CM-30'!$B$13:$AA$26,24,FALSE)","v":1733.612645712491},{"$f":"VLOOKUP($W40,'Transporte CM-30'!$B$13:$AA$26,25,FALSE)","v":3142.8735826631723},{"$f":"SMALL('Transporte CM-30'!$AA:$AA,6)","v":4876.4862283756629}]
[]
[null,1,"EMULSÕES ASFÁLTICAS RR-2C","Refinaria Abreu e Lima","Rodovia PE 60, Km 10 - Ipojuca - PE CEP:55590-000"," PALMAS - TO","Santana -AP",2.7396747640675838,3.1941742733514396,{"$f":"VLOOKUP($W42,'Transporte RR-2C'!$B:$AA,11,FALSE)","v":3125.6180108148164},{"$f":"VLOOKUP($W42,'Transporte RR-2C'!$B:$AA,12,FALSE)","v":863.68},{"$f":"VLOOKUP($W42,'Transporte RR-2C'!$B:$AA,13,FALSE)","v":3989.2980108148163},1192,547,{"$f":"VLOOKUP($W42,'Transporte RR-2C'!$B:$AA,18,FALSE)","v":443.45000000000005},{"$f":"VLOOKUP($W42,'Transporte RR-2C'!$B:$AA,19,FALSE)","v":97.34},{"$f":"VLOOKUP($W42,'Transporte RR-2C'!$B:$AA,20,FALSE)","v":645.9},{"$f":"VLOOKUP($W42,'Transporte RR-2C'!$B:$AA,21,FALSE)","v":1163.1399999999999},{"$f":"VLOOKUP($W42,'Transporte RR-2C'!$B:$AA,22,FALSE)","v":0},{"$f":"VLOOKUP($W42,'Transporte RR-2C'!$B:$AA,23,FALSE)","v":0},{"$f":"VLOOKUP($W42,'Transporte RR-2C'!$B:$AA,24,FALSE)","v":1163.1399999999999},{"$f":"VLOOKUP($W42,'Transporte RR-2C'!$B:$AA,25,FALSE)","v":3989.2980108148163},{"$f":"SMALL('Transporte RR-2C'!$AA:$AA,1)","v":5152.4380108148162}]
[null,2,null,"Refinaria Potiguar Clara Camarão","Rodovia RN 221, KM 25 - Guamaré - RN CEP:59598-000","ANÁPOLIS - GO","Santana -AP",2.7850842016800561,3.2445307018219727,{"$f":"VLOOKUP($W43,'Transporte RR-2C'!$B:$AA,11,FALSE)","v":2582.4317132592109},{"$f":"VLOOKUP($W43,'Transporte RR-2C'!$B:$AA,12,FALSE)","v":713.59},{"$f":"VLOOKUP($W43,'Transporte RR-2C'!$B:$AA,13,FALSE)","v":3296.0217132592111},1918,547,{"$f":"VLOOKUP($W43,'Transporte RR-2C'!$B:$AA,18,FALSE)","v":726.07999999999993},{"$f":"VLOOKUP($W43,'Transporte RR-2C'!$B:$AA,19,FALSE)","v":159.38},{"$f":"VLOOKUP($W43,'Transporte RR-2C'!$B:$AA,20,FALSE)","v":1057.57},{"$f":"VLOOKUP($W43,'Transporte RR-2C'!$B:$AA,21,FALSE)","v":1899.27},{"$f":"VLOOKUP($W43,'Transporte RR-2C'!$B:$AA,22,FALSE)","v":712.8},{"$f":"VLOOKUP($W43,'Transporte RR-2C'!$B:$AA,23,FALSE)","v":72.206773943565665},{"$f":"VLOOKUP($W43,'Transporte RR-2C'!$B:$AA,24,FALSE)","v":1971.4767739435656},{"$f":"VLOOKUP($W43,'Transporte RR-2C'!$B:$AA,25,FALSE)","v":3296.0217132592111},{"$f":"SMALL('Transporte RR-2C'!$AA:$AA,2)","v":5267.4984872027762}]
[null,3,null,"Complexo Petroquímico do Rio de Janeiro (Comperj)","Rodovia Estadual RJ-116 - Km 5,2 - Acesso A-1, s/n, Complemento Sambaetiba - Zona Urbana do 4º Distrito de Itaboraí - RJ CEP:24841-203","GOIANIRA - GO","Santana -AP",2.7850842016800561,3.2445307018219727,{"$f":"VLOOKUP($W44,'Transporte RR-2C'!$B:$AA,11,FALSE)","v":2582.4317132592109},{"$f":"VLOOKUP($W44,'Transporte RR-2C'!$B:$AA,12,FALSE)","v":713.59},{"$f":"VLOOKUP($W44,'Transporte RR-2C'!$B:$AA,13,FALSE)","v":3296.0217132592111},1940,547,{"$f":"VLOOKUP($W44,'Transporte RR-2C'!$B:$AA,18,FALSE)","v":726.07999999999993},{"$f":"VLOOKUP($W44,'Transporte RR-2C'!$B:$AA,19,FALSE)","v":159.38},{"$f":"VLOOKUP($W44,'Transporte RR-2C'!$B:$AA,20,FALSE)","v":1057.57},{"$f":"VLOOKUP($W44,'Transporte RR-2C'!$B:$AA,21,FALSE)","v":1899.9399999999998},{"$f":"VLOOKUP($W44,'Transporte RR-2C'!$B:$AA,22,FALSE)","v":712.8},{"$f":"VLOOKUP($W44,'Transporte RR-2C'!$B:$AA,23,FALSE)","v":72.206773943565665},{"$f":"VLOOKUP($W44,'Transporte RR-2C'!$B:$AA,24,FALSE)","v":1972.1467739435654},{"$f":"VLOOKUP($W44,'Transporte RR-2C'!$B:$AA,25,FALSE)","v":3296.0217132592111},{"$f":"SMALL('Transporte RR-2C'!$AA:$AA,3)","v":5268.1684872027763}]
[null,4,null,"Refinaria Abreu e Lima","Rodovia PE 60, Km 10 - Ipojuca - PE CEP:55590-000","APARECIDA DE GOIANIA - GO","Santana -AP",2.7850842016800561,3.2445307018219727,{"$f":"VLOOKUP($W45,'Transporte RR-2C'!$B:$AA,11,FALSE)","v":2582.4317132592109},{"$f":"VLOOKUP($W45,'Transporte RR-2C'!$B:$AA,12,FALSE)","v":713.59},{"$f":"VLOOKUP($W45,'Transporte RR-2C'!$B:$AA,13,FALSE)","v":3296.0217132592111},1969,547,{"$f":"VLOOKUP($W45,'Transporte RR-2C'!$B:$AA,18,FALSE)","v":817.87},{"$f":"VLOOKUP($W45,'Transporte RR-2C'!$B:$AA,19,FALSE)","v":179.53},{"$f":"VLOOKUP($W45,'Transporte RR-2C'!$B:$AA,20,FALSE)","v":1191.27},{"$f":"VLOOKUP($W45,'Transporte RR-2C'!$B:$AA,21,FALSE)","v":2208.41},{"$f":"VLOOKUP($W45,'Transporte RR-2C'!$B:$AA,22,FALSE)","v":992.1},{"$f":"VLOOKUP($W45,'Transporte RR-2C'!$B:$AA,23,FALSE)","v":100.49991642734498},{"$f":"VLOOKUP($W45,'Transporte RR-2C'!$B:$AA,24,FALSE)","v":2308.9099164273448},{"$f":"VLOOKUP($W45,'Transporte RR-2C'!$B:$AA,25,FALSE)","v":3296.0217132592111},{"$f":"SMALL('Transporte RR-2C'!$AA:$AA,4)","v":5604.9316296865563}]
[null,5,null,"Refinaria Potiguar Clara Camarão","Rodovia RN 221, KM 25 - Guamaré - RN CEP:59598-000","UBERLANDIA - MG","Santana -AP",2.8030554740531084,2.8812255943252705,{"$f":"VLOOKUP($W46,'Transporte RR-2C'!$B:$AA,11,FALSE)","v":3121.2717748853311},{"$f":"VLOOKUP($W46,'Transporte RR-2C'!$B:$AA,12,FALSE)","v":862.48},{"$f":"VLOOKUP($W46,'Transporte RR-2C'!$B:$AA,13,FALSE)","v":3983.7517748853311},2286,547,{"$f":"VLOOKUP($W46,'Transporte RR-2C'!$B:$AA,18,FALSE)","v":627.64},{"$f":"VLOOKUP($W46,'Transporte RR-2C'!$B:$AA,19,FALSE)","v":137.77000000000001},{"$f":"VLOOKUP($W46,'Transporte RR-2C'!$B:$AA,20,FALSE)","v":914.19},{"$f":"VLOOKUP($W46,'Transporte RR-2C'!$B:$AA,21,FALSE)","v":1652.0700000000002},{"$f":"VLOOKUP($W46,'Transporte RR-2C'!$B:$AA,22,FALSE)","v":537.6},{"$f":"VLOOKUP($W46,'Transporte RR-2C'!$B:$AA,23,FALSE)","v":54.458981021409805},{"$f":"VLOOKUP($W46,'Transporte RR-2C'!$B:$AA,24,FALSE)","v":1706.5289810214099},{"$f":"VLOOKUP($W46,'Transporte RR-2C'!$B:$AA,25,FALSE)","v":3983.7517748853311},{"$f":"SMALL('Transporte RR-2C'!$AA:$AA,5)","v":5690.2807559067405}]
[null,6,null,"Complexo Petroquímico do Rio de Janeiro (Comperj)","Rodovia Estadual RJ-116 - Km 5,2 - Acesso A-1, s/n, Complemento Sambaetiba - Zona Urbana do 4º Distrito de Itaboraí - RJ CEP:24841-203","UBERLANDIA - MG","Santana -AP",2.8030554740531084,2.8812255943252705,{"$f":"VLOOKUP($W47,'Transporte RR-2C'!$B:$AA,11,FALSE)","v":3121.2717748853311},{"$f":"VLOOKUP($W47,'Transporte RR-2C'!$B:$AA,12,FALSE)","v":862.48},{"$f":"VLOOKUP($W47,'Transporte RR-2C'!$B:$AA,13,FALSE)","v":3983.7517748853311},2285,547,{"$f":"VLOOKUP($W47,'Transporte RR-2C'!$B:$AA,18,FALSE)","v":634.94999999999993},{"$f":"VLOOKUP($W47,'Transporte RR-2C'!$B:$AA,19,FALSE)","v":139.37},{"$f":"VLOOKUP($W47,'Transporte RR-2C'!$B:$AA,20,FALSE)","v":924.83},{"$f":"VLOOKUP($W47,'Transporte RR-2C'!$B:$AA,21,FALSE)","v":1666.9199999999998},{"$f":"VLOOKUP($W47,'Transporte RR-2C'!$B:$AA,22,FALSE)","v":537.6},{"$f":"VLOOKUP($W47,'Transporte RR-2C'!$B:$AA,23,FALSE)","v":54.458981021409805},{"$f":"VLOOKUP($W47,'Transporte RR-2C'!$B:$AA,24,FALSE)","v":1721.3789810214096},{"$f":"VLOOKUP($W47,'Transporte RR-2C'!$B:$AA,25,FALSE)","v":3983.7517748853311},{"$f":"SMALL('Transporte RR-2C'!$AA:$AA,6)","v":5705.1307559067409}]

{"sheet":"BDI - Material","index":13,"n_rows":40,"n_cols":11,"rows_kept":40,"cut":false,"hidden":false,"merged":[[12,4,12,8],[13,4,13,8],[14,4,14,8],[0,1,0,4],[1,0,1,8],[2,0,2,8],[5,2,5,8],[6,0,6,8],[7,0,7,8],[8,0,8,8],[10,4,10,8],[11,4,11,8],[43,0,43,8],[44,0,44,8],[45,0,45,8],[15,4,15,8],[16,4,16,8],[33,0,33,8],[35,0,37,8],[41,0,41,8],[42,0,42,8]]}
[]
["CODEVASF – Companhia de Desenvolvimento do Vale do São Francisco"]
[{"$f":"'DECLARAÇÃO Anexo I'!A3","v":"ESTUDO DE VIABILIDADE TÉCNICA, ECONÔMICA E AMBIENTAL, ESTUDOS BÁSICOS, PROJETO BÁSICO E PROJETO EXECUTIVO PARA PAVIMENTAÇÃO DO RAMAL DA TOTOIA, NO ESTADO DO AMAPÁ. V1"}]
[{"$f":"'DECLARAÇÃO Anexo I'!A4","v":{"$error":"#REF!"}}]
[{"$f":"'BDI - Serviço'!A5","v":"DATA: OUTUBRO 2025"},{"$nulls":7},{"$f":"#REF!","v":{"$error":"#REF!"}}]
[]
["DEMONSTRATIVO BDI"]
[]
["Cálculo do BDI  - CONSTRUÇÃO DE RODOVIAS"]
[]
["Item","1º quartil","3º quartil","Adotado","Identificação"]
["AC",1.5,4.49,2.13,"Administração Central"]
["S e G",0.3,0.82,0.5,"Seguro e Garantia"]
["R",0.56000000000000005,0.89,0.5,"Risco"]
["DF",0.85,1.1100000000000001,1,"Despesas Financeiras"]
["L",3.5,6.22,6,"Lucro"]
["T",null,null,{"$f":"B29","v":3.65},"Tributos *"]
[]
[null,null,"TOTAL",{"$f":"IF(OR(B28=\"\",D12=\"\",D13=\"\",D14=\"\",D15=\"\",D16=\"\"),0,IF(B21=\"0\",\"\",ROUND((((1+D12/100+D13/100+D14/100)*(1+D15/100)*(1+D16/100)/(1-(B29/100)))-1),4)))","v":0.1459},"BDI A SER ADOTADO"]
[{"$nulls":10},87913.2]
["Verificação:",{"$f":"IF(OR(B28=\"\",D12=\"\",D13=\"\",D14=\"\",D15=\"\",D16=\"\"),0,IF(OR(ROUND((((1+D12/100+D13/100+D14/100)*(1+D15/100)*(1+D16/100)/(1-((B29-B27)/100)))-1)*100,2)>16.8,ROUND((((1+D12/100+D13/100+D14/100)*(1+D15/100)*(1+D16/100)/(1-((B29-B27)/100)))-1)*100,2)<11.1),\"FORA DO LIMITE !\",ROUND((((1+D12/100+D13/100+D14/100)*(1+D15/100)*(1+D16/100)/(1-((B29-B27)/100)))-1)*100,2)))","v":14.59},"←  limite 11,10% a 16,80% - ACÓRDÃO Nº 2622/2013 - TCU",{"$nulls":7},{"$f":"I19/K20","v":0}]
[null,{"$f":"IF(B21=\"FORA DO LIMITE !\",ROUND((((1+D12/100+D13/100+D14/100)*(1+D15/100)*(1+D16/100)/(1-((B29-B27)/100)))-1)*100,2)/100,\"\")","v":""}]
[]
["* TRIBUTOS","%"]
["PIS",0.65]
["COFINS",3]
["CPRB",0]
["ISS",0]
["Total",{"$f":"IF(B28=\"\",\"\",SUM(B25:B28))","v":3.65}]
[]
["Declaramos que, conforme legislação tributária municipal, a base de cálculo do ISS é de",{"$nulls":7},1]
["sobre o valor da obra e a alíquota do ISS aplicável no Município é de ",{"$nulls":5},0.05,"← (limitado a 5,00%)"]
[]
["FÓRMULA"]
[]
["BDI calculado pela expressão:\nBDI = { [ (1+AC+S+R+G) x (1+DF) x (1+L) / (1-T)] -1}"]
[]
[]
[]
[{"$f":"A5","v":"DATA: OUTUBRO 2025"}]

{"sheet":"BDI - Serviço","index":14,"n_rows":41,"n_cols":11,"rows_kept":41,"cut":false,"hidden":false,"merged":[[12,4,12,8],[13,4,13,8],[0,1,0,4],[1,0,1,8],[2,0,2,8],[5,2,5,8],[6,0,6,8],[7,0,7,8],[8,0,8,8],[10,4,10,8],[11,4,11,8],[4,2,4,7],[41,0,41,8],[42,0,42,8],[43,0,43,8],[44,0,44,8],[40,0,40,9],[14,4,14,8],[15,4,15,8],[16,4,16,8],[32,0,32,8],[34,0,36,8]]}
[]
[{"$f":"'BDI - Material'!A2","v":"CODEVASF – Companhia de Desenvolvimento do Vale do São Francisco"}]
[{"$f":"'DECLARAÇÃO Anexo I'!A3","v":"ESTUDO DE VIABILIDADE TÉCNICA, ECONÔMICA E AMBIENTAL, ESTUDOS BÁSICOS, PROJETO BÁSICO E PROJETO EXECUTIVO PARA PAVIMENTAÇÃO DO RAMAL DA TOTOIA, NO ESTADO DO AMAPÁ. V1"}]
[{"$f":"'DECLARAÇÃO Anexo I'!A4","v":{"$error":"#REF!"}}]
[{"$f":"MOBILIZAÇÃO_DESMOBILIZAÇÃO!A5","v":"DATA: OUTUBRO 2025"},null,{"$f":"'BDI - Material'!I5","v":{"$error":"#REF!"}},{"$nulls":5},{"$f":"'DECLARAÇÃO Anexo I'!K5","v":"Ref. SICRO 04/2023, SINAPI 08/2023, SBC 08/2023, ORSE 08/2023 deson."}]
[]
["QUADRO DE COMPOSIÇÃO DA TAXA DE BDI"]
[]
["Cálculo do BDI  - CONSTRUÇÃO DE RODOVIAS"]
[]
["Item","1º quartil","3º quartil","Adotado","Identificação"]
["AC",3.8,4.67,3.8,"Administração Central"]
["S e G",0.32,0.74,0.32,"Seguro e Garantia"]
["R",0.5,0.97,0.5,"Risco"]
["DF",1.02,1.21,1.02,"Despesas Financeiras"]
["L",6.64,8.69,6.64,"Lucro"]
["T",null,null,{"$f":"B29","v":8.65},"Tributos *"]
[]
[null,null,"TOTAL",{"$f":"IF(OR(B27=\"\",D12=\"\",D13=\"\",D14=\"\",D15=\"\",D16=\"\"),0,IF(B20=\"0\",\"\",ROUND((((1+D12/100+D13/100+D14/100)*(1+D15/100)*(1+D16/100)/(1-(B29/100)))-1),4)))","v":0.23380000000000001},"BDI A SER ADOTADO"]
["Verificação:",{"$f":"IF(OR(B27=\"\",D12=\"\",D13=\"\",D14=\"\",D15=\"\",D16=\"\"),0,IF(OR(ROUND((((1+D12/100+D13/100+D14/100)*(1+D15/100)*(1+D16/100)/(1-((B29-B26)/100)))-1)*100,2)>24.23,ROUND((((1+D12/100+D13/100+D14/100)*(1+D15/100)*(1+D16/100)/(1-((B29-B26)/100)))-1)*100,2)<19.6),\"FORA DO LIMITE !\",ROUND((((1+D12/100+D13/100+D14/100)*(1+D15/100)*(1+D16/100)/(1-((B29-B26)/100)))-1)*100,2)))","v":23.38},"←  limite 19,60% a 24,23% - ACÓRDÃO Nº 2622/2013 - TCU",{"$nulls":7},87913.2]
[null,{"$f":"IF(B20=\"FORA DO LIMITE !\",ROUND((((1+D12/100+D13/100+D14/100)*(1+D15/100)*(1+D16/100)/(1-((B29-B26)/100)))-1)*100,2)/100,\"\")","v":""},{"$nulls":8},{"$f":"I19/K20","v":0}]
[]
["* TRIBUTOS","%"]
["PIS",0.65]
["COFINS",3]
["CPRB",0]
["ISS",5]
["FE",0]
["Total",{"$f":"SUM(B24:B28)","v":8.65}]
["Declaramos que, conforme legislação tributária municipal, a base de cálculo do ISS é de",{"$nulls":7},1]
["sobre o valor da obra e a alíquota do ISS aplicável no Município é de ",{"$nulls":5},0.05,"← (limitado a 5,00%)"]
[]
["FÓRMULA"]
[]
["BDI calculado pela expressão:\nBDI = { [ (1+AC+S+R+G) x (1+DF) x (1+L) / (1-T)] -1}"]
[]
[]
[]
[{"$f":"'BDI - Material'!$A$40","v":"DATA: OUTUBRO 2025"}]
[]
["_______________________________________________________________\nMarcus Vinícius Vasconcelos Nascimento\nEngenheiro civil\nCREA nº 210.169.654-1\nResponsável pelo projeto e orçamento."]

{"sheet":"Encargos","index":15,"n_rows":4,"n_cols":1,"rows_kept":4,"cut":false,"hidden":false,"merged":[[5,0,5,10],[1,0,1,9],[2,0,2,9]]}
[]
["CODEVASF – Companhia de Desenvolvimento do Vale do São Francisco"]
[{"$f":"#REF!","v":{"$error":"#REF!"}}]
["LOCAL: SANTANA-AP"]

{"sheet":"DIMENSIONAMENTO PRAZO","index":16,"n_rows":118,"n_cols":33,"rows_kept":118,"cut":false,"hidden":true,"merged":[[1,0,1,7],[63,0,66,3],[117,3,119,4],[117,5,119,5],[9,1,9,7],[20,1,20,7],[63,5,65,5],[25,1,25,6],[42,1,42,6]]}
[]
["DIMENSIONAMENTO DE PRAZO"]
["ITEM",{"$f":"'[172]Memória de Cálculo'!D5","v":"Descrição"},{"$f":"'[172]Memória de Cálculo'!E5","v":"Und"},{"$f":"'[172]Memória de Cálculo'!F5","v":"Quant."},"PRODUÇÃO HORÁRIA TOTAL","HORA","QUANT. EQUIPES","EQUIPAMENTOS","PRODUÇÃO HORÁRIA","CÓDIGO SICRO",null,"EQUIP.","QUANT. EQUIP.","CÓDIGO SICRO",null,"EQUIP.","QUANT. EQUIP.","CÓDIGO SICRO",null,"EQUIP.","QUANT. EQUIP.","CÓDIGO SICRO",null,"EQUIP."]
[1,{"$f":"VLOOKUP(A4,'Orçamento Sintético'!$A$5:I13,4,FALSE)","v":"SERVIÇOS PRELIMINARES"}]
["1.1",{"$f":"VLOOKUP(A5,'Orçamento Sintético'!$A$5:I14,4,FALSE)","v":"FORNECIMENTO E INSTALAÇÃO DE PLACA DE OBRA COM CHAPA GALVANIZADA E ESTRUTURA DE MADEIRA. AF_03/2022_PS"},{"$f":"VLOOKUP($A$5,'Orçamento Sintético'!$A$5:J14,5,FALSE)","v":"m²"},{"$f":"VLOOKUP(A5,'Orçamento Sintético'!$A$5:K14,6,FALSE)","v":5.76}]
["1.2",{"$f":"VLOOKUP(A6,'Orçamento Sintético'!$A$5:I15,4,FALSE)","v":"ALUGUEL MENSAL DE BANHEIRO QUIMICO PADRAO STANDARD COM 3 LIMPEZAS SEMANAIS"},{"$f":"VLOOKUP(A6,'Orçamento Sintético'!$A$5:J15,5,FALSE)","v":"MES"},{"$f":"VLOOKUP(A6,'Orçamento Sintético'!$A$5:K15,6,FALSE)","v":26}]
["1.3",{"$f":"VLOOKUP(A7,'Orçamento Sintético'!$A$5:I16,4,FALSE)","v":"CANTEIRO DE OBRAS"},{"$f":"VLOOKUP(A7,'Orçamento Sintético'!$A$5:J16,5,FALSE)","v":"UN"},{"$f":"VLOOKUP(A7,'Orçamento Sintético'!$A$5:K16,6,FALSE)","v":1}]
["1.4",{"$f":"VLOOKUP(A8,'Orçamento Sintético'!$A$5:I17,4,FALSE)","v":"Limpeza mecanizada da camada vegetal"},{"$f":"VLOOKUP(A8,'Orçamento Sintético'!$A$5:J17,5,FALSE)","v":"m²"},{"$f":"VLOOKUP(A8,'Orçamento Sintético'!$A$5:K17,6,FALSE)","v":226960.93}]
["1.5",{"$f":"VLOOKUP(A9,'Orçamento Sintético'!$A$5:I18,4,FALSE)","v":"Carga, manobra e descarga de materiais diversos em caminhão carroceria de 15 t - carga e descarga manuais"},{"$f":"VLOOKUP(A9,'Orçamento Sintético'!$A$5:J18,5,FALSE)","v":"t"},{"$f":"VLOOKUP(A9,'Orçamento Sintético'!$A$5:K18,6,FALSE)","v":18724.28},null,null,1,{"$nulls":4},"usina de asfalto a quente com capacidade de 120 t/h"]
[null,"SERVIÇOS PRELIMINARES"]
[" 1.5 ",{"$f":"#REF!","v":{"$error":"#REF!"}},{"$f":"#REF!","v":{"$error":"#REF!"}},{"$f":"VLOOKUP(B11,#REF!,3,0)","v":{"$error":"#REF!"}},{"$f":"G11*I11","v":1245.9000000000001},{"$f":"D11/E11","v":{"$error":"#REF!"}},2,"Trator sobre esteiras com lâmina - 127 Kw",622.95000000000005,"E9540","SICRO3","Trator sobre esteiras com lâmina - 127 kW",1]
[" 1.6 ",{"$f":"#REF!","v":{"$error":"#REF!"}},{"$f":"#REF!","v":{"$error":"#REF!"}},{"$f":"VLOOKUP(B12,#REF!,3,0)","v":{"$error":"#REF!"}},{"$f":"G12*I12","v":23.68},{"$f":"D12/E12","v":{"$error":"#REF!"}},2,"Caminhão carroceria com capacidade de 15 t - 188 kW",11.84,"E9592","SICRO3","Caminhão carroceria com capacidade de 15 t - 188 kW",{"$f":"1*$G12","v":2}]
[" 1.7 ",{"$f":"#REF!","v":{"$error":"#REF!"}},{"$f":"#REF!","v":{"$error":"#REF!"}},{"$f":"VLOOKUP(B13,#REF!,3,0)","v":{"$error":"#REF!"}},621.46,{"$f":"D13/E13","v":{"$error":"#REF!"}},2,"Caminhão carroceria com capacidade de 15 t - 188 kW",310.73,"E9592","SICRO3","Caminhão carroceria com capacidade de 15 t - 188 kW",1]
[" 1.7 ",{"$f":"#REF!","v":{"$error":"#REF!"}},{"$f":"#REF!","v":{"$error":"#REF!"}},{"$f":"#REF!","v":{"$error":"#REF!"}},0,null,null,null,310.73]
[" 2 ",{"$f":"#REF!","v":{"$error":"#REF!"}},{"$f":"#REF!","v":{"$error":"#REF!"}},{"$f":"#REF!","v":{"$error":"#REF!"}},0]
[" 2.1 ",{"$f":"#REF!","v":{"$error":"#REF!"}},{"$f":"#REF!","v":{"$error":"#REF!"}},{"$f":"#REF!","v":{"$error":"#REF!"}},0]
[" 3 ",{"$f":"#REF!","v":{"$error":"#REF!"}},{"$f":"#REF!","v":{"$error":"#REF!"}},{"$f":"#REF!","v":{"$error":"#REF!"}},0]
[" 3.1 ",{"$f":"#REF!","v":{"$error":"#REF!"}},{"$f":"#REF!","v":{"$error":"#REF!"}},{"$f":"#REF!","v":{"$error":"#REF!"}},0]
[" 4 ",{"$f":"#REF!","v":{"$error":"#REF!"}},{"$f":"#REF!","v":{"$error":"#REF!"}},{"$f":"#REF!","v":{"$error":"#REF!"}},0]
[" 4.1 ",{"$f":"#REF!","v":{"$error":"#REF!"}},{"$f":"#REF!","v":{"$error":"#REF!"}},{"$f":"#REF!","v":{"$error":"#REF!"}},0,{"$nulls":5},87913.2]
[null,"TERRAPLANAGEM",{"$nulls":8},{"$f":"I19/K20","v":0}]
[" 4.2 ",{"$f":"#REF!","v":{"$error":"#REF!"}},{"$f":"#REF!","v":{"$error":"#REF!"}},{"$f":"VLOOKUP(B22,#REF!,3,0)","v":{"$error":"#REF!"}},{"$f":"G22*I22","v":487.64},{"$f":"D22/E22","v":{"$error":"#REF!"}},2,"Patrulha Terraplanagem",243.82,"E9667","SICRO3","Caminhão basculante com capacidade de 14 m³ - 210 kW",6]
[" 4.3 ",{"$f":"#REF!","v":{"$error":"#REF!"}},{"$f":"#REF!","v":{"$error":"#REF!"}},{"$f":"VLOOKUP(B23,#REF!,3,0)","v":{"$error":"#REF!"}},{"$f":"G23*I23","v":460.38},{"$f":"D23/E23","v":{"$error":"#REF!"}},2,"Escavadeira hidráulica sobre esteiras com caçamba com capacidade de 1,56 m³ - 118 kW",230.19,"E9515","SICRO3","Escavadeira hidráulica sobre esteiras com caçamba com capacidade de 1,56 m³ - 118 kW",1]
[" 4.4 ",{"$f":"#REF!","v":{"$error":"#REF!"}},{"$f":"#REF!","v":{"$error":"#REF!"}},{"$f":"VLOOKUP(B24,#REF!,3,0)","v":{"$error":"#REF!"}},871.5,{"$f":"D24/E24","v":{"$error":"#REF!"}},2,"Caminhão basculante com capacidade de 14 m³ - 188 kW",435.75,"E9667","SICRO3","Caminhão basculante com capacidade de 14 m³ - 210 kW",1,"E9518","SICRO3","Grade de 24 discos rebocável de D = 60 cm (24\")",1,"E9524","SICRO3","Motoniveladora - 93 kW",1,"E9685","SICRO3","Rolo compactador pé de carneiro vibratório autopropelido por pneus de 11,6 t - 82 kW",1,"E9577","SICRO3","Trator agrícola sobre pneus - 77 kW",1]
[" 5 ",{"$f":"#REF!","v":{"$error":"#REF!"}},{"$f":"#REF!","v":{"$error":"#REF!"}},{"$f":"VLOOKUP(B25,#REF!,3,0)","v":{"$error":"#REF!"}},336.4,{"$f":"D25/E25","v":{"$error":"#REF!"}},2,"Caminhão basculante com capacidade de 14 m³ - 188 kW",168.2,"E9667","SICRO3","Caminhão basculante com capacidade de 14 m³ - 188 kW",1]
[" 5.1 ",{"$f":"#REF!","v":{"$error":"#REF!"}}]
[" 5.2 ",{"$f":"#REF!","v":{"$error":"#REF!"}},{"$f":"#REF!","v":{"$error":"#REF!"}},{"$f":"VLOOKUP(B27,#REF!,3,0)","v":{"$error":"#REF!"}},{"$f":"G27*I27","v":26},{"$f":"D27/E27","v":{"$error":"#REF!"}},1,null,26,"E9526","SICRO3","Retroescavadeira de pneus - capacidade da caçamba da pá-carregadeira de 0,76 m³ e da retroescavadeira de 0,29 m³ - 58 kW",1]
[" 5.3 ",{"$f":"#REF!","v":{"$error":"#REF!"}},{"$f":"#REF!","v":{"$error":"#REF!"}},{"$f":"VLOOKUP(B28,#REF!,3,0)","v":{"$error":"#REF!"}},{"$f":"G28*I28","v":7.8579800000000004},{"$error":"#REF!"},2,null,3.9289900000000002,"E9686","SICRO3","Caminhão carroceria com guindauto com capacidade de 20 t.m - 136 kW",1]
[" 5.4 ",{"$f":"#REF!","v":{"$error":"#REF!"}},{"$f":"#REF!","v":{"$error":"#REF!"}},{"$f":"VLOOKUP(B29,#REF!,3,0)","v":{"$error":"#REF!"}},{"$f":"G29*I29","v":6.2249999999999996},{"$error":"#REF!"},1,null,6.2249999999999996,"E9686","SICRO3","Caminhão carroceria com guindauto com capacidade de 20 t.m - 136 kW",1]
[" 5.5 ",{"$f":"#REF!","v":{"$error":"#REF!"}},{"$f":"#REF!","v":{"$error":"#REF!"}},{"$f":"VLOOKUP(B30,#REF!,3,0)","v":{"$error":"#REF!"}},9.9600000000000009,{"$error":"#REF!"},2,null,4.9800000000000004,"E9686","SICRO3","Caminhão carroceria com guindauto com capacidade de 20 t.m - 136 kW",1]
[" 5.6 ",{"$f":"#REF!","v":{"$error":"#REF!"}},{"$f":"#REF!","v":{"$error":"#REF!"}},{"$f":"VLOOKUP(B31,#REF!,3,0)","v":{"$error":"#REF!"}},3.32,{"$error":"#REF!"},1,null,3.32,"E9556","SICRO3","Compactador manual de placa vibratória - 3,00 kW",2.0080000000000001E-2]
[" 5.7 ",{"$f":"#REF!","v":{"$error":"#REF!"}},{"$f":"#REF!","v":{"$error":"#REF!"}},{"$f":"VLOOKUP(B32,#REF!,3,0)","v":{"$error":"#REF!"}},1,{"$f":"D32/E32","v":{"$error":"#REF!"}},1]
[" 5.7 ",{"$f":"#REF!","v":{"$error":"#REF!"}},{"$f":"#REF!","v":{"$error":"#REF!"}},{"$f":"VLOOKUP(B33,#REF!,3,0)","v":{"$error":"#REF!"}},1,{"$error":"#REF!"},1,null,1]
[" 5.9 ",{"$f":"#REF!","v":{"$error":"#REF!"}},{"$f":"#REF!","v":{"$error":"#REF!"}},{"$f":"VLOOKUP(B34,#REF!,3,0)","v":{"$error":"#REF!"}},1,{"$error":"#REF!"},1,null,1]
[" 5.10 ",{"$f":"#REF!","v":{"$error":"#REF!"}},{"$f":"#REF!","v":{"$error":"#REF!"}},{"$f":"VLOOKUP(B35,#REF!,3,0)","v":{"$error":"#REF!"}},1,{"$error":"#REF!"},1,null,1]
[" 5.11 ",{"$f":"#REF!","v":{"$error":"#REF!"}},{"$f":"#REF!","v":{"$error":"#REF!"}},{"$f":"VLOOKUP(B36,#REF!,3,0)","v":{"$error":"#REF!"}},1,{"$error":"#REF!"},1,null,1]
[" 5.12 ",{"$f":"#REF!","v":{"$error":"#REF!"}},{"$f":"#REF!","v":{"$error":"#REF!"}},{"$f":"VLOOKUP(B37,#REF!,3,0)","v":{"$error":"#REF!"}},{"$f":"G37*I37","v":0},{"$f":"D37/E37","v":{"$error":"#REF!"}},1]
[" 5.12 ",{"$f":"#REF!","v":{"$error":"#REF!"}},{"$f":"#REF!","v":{"$error":"#REF!"}},{"$f":"VLOOKUP(B38,#REF!,3,0)","v":{"$error":"#REF!"}},1,{"$error":"#REF!"},1,null,1]
[" 5.14 ",{"$f":"#REF!","v":{"$error":"#REF!"}},{"$f":"#REF!","v":{"$error":"#REF!"}},{"$f":"VLOOKUP(B39,#REF!,3,0)","v":{"$error":"#REF!"}},1,{"$error":"#REF!"},1,null,1]
[" 5.15 ",{"$f":"#REF!","v":{"$error":"#REF!"}},{"$f":"#REF!","v":{"$error":"#REF!"}},{"$f":"VLOOKUP(B40,#REF!,3,0)","v":{"$error":"#REF!"}},1,{"$error":"#REF!"},1,null,1]
[" 5.16 ",{"$f":"#REF!","v":{"$error":"#REF!"}},{"$f":"#REF!","v":{"$error":"#REF!"}},{"$f":"VLOOKUP(B41,#REF!,3,0)","v":{"$error":"#REF!"}},1,{"$error":"#REF!"},1,null,1]
[" 5.17 ",{"$f":"#REF!","v":{"$error":"#REF!"}},{"$f":"#REF!","v":{"$error":"#REF!"}},{"$f":"VLOOKUP(B42,#REF!,3,0)","v":{"$error":"#REF!"}},6.2249999999999996,{"$error":"#REF!"},2,null,3.1124999999999998,"E9647","SICRO3","Compactador manual com soquete vibratório - 4,10 kW",1]
[" 6.1 ",{"$f":"#REF!","v":{"$error":"#REF!"}}]
[" 6.1.1 ",{"$f":"#REF!","v":{"$error":"#REF!"}},{"$f":"#REF!","v":{"$error":"#REF!"}},{"$f":"#REF!","v":{"$error":"#REF!"}},0,null,1]
[" 6.1.1 ",{"$f":"#REF!","v":{"$error":"#REF!"}},{"$f":"#REF!","v":{"$error":"#REF!"}},{"$f":"VLOOKUP(B45,#REF!,3,0)","v":{"$error":"#REF!"}},224.27,{"$f":"D45/E45","v":{"$error":"#REF!"}},1,"Patrulha Subbase/Base",224.27,"E9518","SICRO3","Grade de 24 discos rebocável de D = 60 cm (24\")",{"$f":"1*$G45","v":1},"E9571","SICRO3","Caminhão tanque com capacidade de 10.000 l - 188 kW",{"$f":"2*$G45","v":2},"E9524","SICRO3","Motoniveladora - 93 kW",{"$f":"1*$G45","v":1},"E9577","SICRO3","Trator agrícola sobre pneus - 77 kW",{"$f":"1*$G45","v":1},"E9762","SICRO3","Rolo compactador de pneus autopropelido de 27 t - 85 kW",{"$f":"1*$G45","v":1},"E9685","SICRO3","Rolo compactador pé de carneiro vibratório autopropelido por pneus de 11,6 t - 82 kW",{"$f":"1*$G45","v":1}]
[" 6.2.1 ",{"$f":"#REF!","v":{"$error":"#REF!"}},{"$f":"#REF!","v":{"$error":"#REF!"}},{"$f":"#REF!","v":{"$error":"#REF!"}},0,null,1]
[" 6.2.1 ",{"$f":"#REF!","v":{"$error":"#REF!"}},{"$f":"#REF!","v":{"$error":"#REF!"}},{"$f":"VLOOKUP(B47,#REF!,3,0)","v":{"$error":"#REF!"}},150.88,{"$f":"D47/E47","v":{"$error":"#REF!"}},1,"Patrulha Subbase/Base",150.88,"E9685","SICRO3","Rolo compactador pé de carneiro vibratório autopropelido por pneus de 11,6 t - 82 kW",{"$f":"1*$G47","v":1},"E9762","SICRO3","Rolo compactador de pneus autopropelido de 27 t - 85 kW",{"$f":"1*$G47","v":1},"E9571","SICRO3","Caminhão tanque com capacidade de 10.000 l - 188 kW",{"$f":"1*$G47","v":1},"E9518","SICRO3","Grade de 24 discos rebocável de D = 60 cm (24\")",{"$f":"1*$G47","v":1},"E9524","SICRO3","Motoniveladora - 93 kW",{"$f":"1*$G47","v":1},"E9577","SICRO3","Trator agrícola sobre pneus - 77 kW",{"$f":"1*$G47","v":1}]
[" 6.3.1 ",{"$f":"#REF!","v":{"$error":"#REF!"}},{"$f":"#REF!","v":{"$error":"#REF!"}},{"$f":"#REF!","v":{"$error":"#REF!"}},0,null,1]
[" 6.3.2 ",{"$f":"#REF!","v":{"$error":"#REF!"}},{"$f":"#REF!","v":{"$error":"#REF!"}},{"$f":"#REF!","v":{"$error":"#REF!"}},1125,{"$f":"D49/E49","v":{"$error":"#REF!"}},1,"Patrulha Imprimação",1125]
[{"$error":"#REF!"},{"$f":"#REF!","v":{"$error":"#REF!"}},{"$f":"#REF!","v":{"$error":"#REF!"}},{"$f":"#REF!","v":{"$error":"#REF!"}},0,null,1]
[{"$error":"#REF!"},{"$f":"#REF!","v":{"$error":"#REF!"}},{"$f":"#REF!","v":{"$error":"#REF!"}},{"$f":"#REF!","v":{"$error":"#REF!"}},149.4,{"$f":"D51/E51","v":{"$error":"#REF!"}},1,"Caminhão tanque distribuidor de asfalto com capacidade de 6.000 l - 7 kW/136 kW",149.4]
[" 6.3.4 ",{"$f":"#REF!","v":{"$error":"#REF!"}},{"$f":"#REF!","v":{"$error":"#REF!"}},{"$f":"#REF!","v":{"$error":"#REF!"}},124.5,{"$f":"D52/E52","v":{"$error":"#REF!"}},1,"Caminhão tanque distribuidor de asfalto com capacidade de 6.000 l - 7 kW/136 kW",124.5]
[" 6.3.5 ",{"$f":"#REF!","v":{"$error":"#REF!"}},{"$f":"#REF!","v":{"$error":"#REF!"}},{"$f":"#REF!","v":{"$error":"#REF!"}},1500,{"$f":"D53/E53","v":{"$error":"#REF!"}},1,"Patrulha Pintura de Ligação",1500]
[{"$error":"#REF!"},{"$f":"#REF!","v":{"$error":"#REF!"}},{"$f":"#REF!","v":{"$error":"#REF!"}},{"$f":"#REF!","v":{"$error":"#REF!"}},0,null,1]
[{"$error":"#REF!"},{"$f":"#REF!","v":{"$error":"#REF!"}},{"$f":"#REF!","v":{"$error":"#REF!"}},{"$f":"#REF!","v":{"$error":"#REF!"}},149.4,{"$f":"D55/E55","v":{"$error":"#REF!"}},1,"Caminhão tanque distribuidor de asfalto com capacidade de 6.000 l - 7 kW/136 kW",149.4]
[" 6.3.7 ",{"$f":"#REF!","v":{"$error":"#REF!"}},{"$f":"#REF!","v":{"$error":"#REF!"}},{"$f":"#REF!","v":{"$error":"#REF!"}},124.5,{"$error":"#REF!"},1,"Caminhão tanque distribuidor de asfalto com capacidade de 6.000 l - 7 kW/136 kW",124.5]
[" 6.3.8 ",{"$f":"#REF!","v":{"$error":"#REF!"}},{"$f":"#REF!","v":{"$error":"#REF!"}},{"$f":"VLOOKUP(B57,#REF!,3,0)","v":{"$error":"#REF!"}},99.6,{"$error":"#REF!"},1,"Patrulha Concreto Asfáltico",99.6,"E9762","SICRO3","Rolo compactador de pneus autopropelido de 27 t - 85 kW",1,"E9545","SICRO3","Vibroacabadora de asfalto sobre esteiras - 82 kW",1,"E9681","SICRO3","Rolo compactador liso tandem vibratório autopropelido de 10,4 t - 82 kW",1]
[{"$f":"#REF!","v":{"$error":"#REF!"}},{"$f":"#REF!","v":{"$error":"#REF!"}},{"$f":"#REF!","v":{"$error":"#REF!"}},{"$f":"VLOOKUP(B58,#REF!,3,0)","v":{"$error":"#REF!"}},{"$f":"G58*I58","v":0},{"$error":"#REF!"},1]
[{"$f":"#REF!","v":{"$error":"#REF!"}},{"$f":"#REF!","v":{"$error":"#REF!"}},{"$f":"#REF!","v":{"$error":"#REF!"}},{"$f":"#REF!","v":{"$error":"#REF!"}},1,{"$error":"#REF!"},1,"EQUIPE",1]
[{"$f":"#REF!","v":{"$error":"#REF!"}},{"$f":"#REF!","v":{"$error":"#REF!"}},{"$f":"#REF!","v":{"$error":"#REF!"}},{"$f":"#REF!","v":{"$error":"#REF!"}},1,{"$error":"#REF!"},1,"EQUIPE",1]
[{"$f":"#REF!","v":{"$error":"#REF!"}},{"$f":"#REF!","v":{"$error":"#REF!"}},{"$f":"#REF!","v":{"$error":"#REF!"}},{"$f":"#REF!","v":{"$error":"#REF!"}},1,{"$error":"#REF!"},1,"EQUIPE",1]
[{"$f":"#REF!","v":{"$error":"#REF!"}},{"$f":"#REF!","v":{"$error":"#REF!"}},{"$f":"#REF!","v":{"$error":"#REF!"}},{"$f":"#REF!","v":{"$error":"#REF!"}},{"$f":"G62*I62","v":1},{"$error":"#REF!"},1,"EQUIPE",1]
[{"$f":"#REF!","v":{"$error":"#REF!"}},{"$f":"#REF!","v":{"$error":"#REF!"}},{"$f":"#REF!","v":{"$error":"#REF!"}},{"$f":"#REF!","v":{"$error":"#REF!"}},{"$f":"G63*I63","v":3.1124999999999998},{"$error":"#REF!"},1,"Compactador manual com soquete vibratório - 4,10 kW",3.1124999999999998]
["Utilizando um coeficiente de ineficiência de 20,00 %",null,null,null,"TOTAL EM MESES",{"$f":"SUM(F11,F12,F13,F22,F23,F24,F25,F27,F28,F29,F30,F31,F32,F42,F45,F47,F57)/(8*22)","v":{"$error":"#REF!"}}]
{"$rows_empty":53}
[null,null,null,"PRAZO CONSIDERADO (mês)",null,{"$f":"INT(F64*1.2)","v":{"$error":"#REF!"}}]

{"sheet":"EQUIPAMENTOS","index":17,"n_rows":30,"n_cols":9,"rows_kept":30,"cut":false,"hidden":true,"merged":[]}
["COD.","Base","TIPO","QUANT."]
[{"$f":"'DIMENSIONAMENTO PRAZO'!$J$11","v":"E9540"},"SICRO3","Trator sobre esteiras com lâmina - 127 kW",1]
["E9592","SICRO3","Caminhão carroceria com capacidade de 15 t - 188 kW",2]
["E9592","SICRO3","Caminhão carroceria com capacidade de 15 t - 188 kW",1,null,null,null,"Rótulos de Linha","Soma de QUANT."]
["E9667","SICRO3","Caminhão basculante com capacidade de 14 m³ - 210 kW",6,null,null,null,"Caminhão basculante com capacidade de 14 m³ - 188 kW",1]
["E9515","SICRO3","Escavadeira hidráulica sobre esteiras com caçamba com capacidade de 1,56 m³ - 118 kW",1,null,null,null,"Caminhão basculante com capacidade de 14 m³ - 210 kW",7]
["E9667","SICRO3","Caminhão basculante com capacidade de 14 m³ - 210 kW",1,null,null,null,"Caminhão carroceria com capacidade de 15 t - 188 kW",3]
["E9667","SICRO3","Caminhão basculante com capacidade de 14 m³ - 188 kW",1,null,null,null,"Caminhão carroceria com guindauto com capacidade de 20 t.m - 136 kW",3]
["E9526","SICRO3","Retroescavadeira de pneus - capacidade da caçamba da pá-carregadeira de 0,76 m³ e da retroescavadeira de 0,29 m³ - 58 kW",1,null,null,null,"Caminhão tanque com capacidade de 10.000 l - 188 kW",6]
["E9686","SICRO3","Caminhão carroceria com guindauto com capacidade de 20 t.m - 136 kW",1,null,null,null,"Compactador manual com soquete vibratório - 4,10 kW",1]
["E9686","SICRO3","Caminhão carroceria com guindauto com capacidade de 20 t.m - 136 kW",1,null,null,null,"Compactador manual de placa vibratória - 3,00 kW",2.0080000000000001E-2]
["E9686","SICRO3","Caminhão carroceria com guindauto com capacidade de 20 t.m - 136 kW",1,null,null,null,"Escavadeira hidráulica sobre esteiras com caçamba com capacidade de 1,56 m³ - 118 kW",1]
["E9556","SICRO3","Compactador manual de placa vibratória - 3,00 kW",2.0080000000000001E-2,null,null,null,"Grade de 24 discos rebocável de D = 60 cm (24\")",5]
["E9647","SICRO3","Compactador manual com soquete vibratório - 4,10 kW",1,null,null,null,"Motoniveladora - 93 kW",5]
["E9518","SICRO3","Grade de 24 discos rebocável de D = 60 cm (24\")",2,null,null,null,"Retroescavadeira de pneus - capacidade da caçamba da pá-carregadeira de 0,76 m³ e da retroescavadeira de 0,29 m³ - 58 kW",1]
["E9685","SICRO3","Rolo compactador pé de carneiro vibratório autopropelido por pneus de 11,6 t - 82 kW",2,null,null,null,"Rolo compactador de pneus autopropelido de 27 t - 85 kW",4]
["E9518","SICRO3","Grade de 24 discos rebocável de D = 60 cm (24\")",1,null,null,null,"Rolo compactador pé de carneiro vibratório autopropelido por pneus de 11,6 t - 82 kW",5]
["E9571","SICRO3","Caminhão tanque com capacidade de 10.000 l - 188 kW",4,null,null,null,"Trator agrícola sobre pneus - 77 kW",5]
["E9762","SICRO3","Rolo compactador de pneus autopropelido de 27 t - 85 kW",2,null,null,null,"Trator sobre esteiras com lâmina - 127 kW",1]
["E9524","SICRO3","Motoniveladora - 93 kW",1,null,null,null,"Total Geral",48.02008]
["E9524","SICRO3","Motoniveladora - 93 kW",2]
["E9571","SICRO3","Caminhão tanque com capacidade de 10.000 l - 188 kW",2]
["E9685","SICRO3","Rolo compactador pé de carneiro vibratório autopropelido por pneus de 11,6 t - 82 kW",1]
["E9577","SICRO3","Trator agrícola sobre pneus - 77 kW",2]
["E9518","SICRO3","Grade de 24 discos rebocável de D = 60 cm (24\")",2]
["E9577","SICRO3","Trator agrícola sobre pneus - 77 kW",1]
["E9762","SICRO3","Rolo compactador de pneus autopropelido de 27 t - 85 kW",2]
["E9524","SICRO3","Motoniveladora - 93 kW",2]
["E9685","SICRO3","Rolo compactador pé de carneiro vibratório autopropelido por pneus de 11,6 t - 82 kW",2]
["E9577","SICRO3","Trator agrícola sobre pneus - 77 kW",2]

{"sheet":"MOBILIZAÇÃO_DESMOBILIZAÇÃO","index":18,"n_rows":53,"n_cols":18,"rows_kept":53,"cut":false,"hidden":false,"merged":[[38,1,40,1],[38,0,40,0],[42,0,46,0],[42,1,46,1],[47,1,47,6],[52,7,52,9],[47,8,47,9],[48,1,48,6],[48,7,48,9],[49,1,49,6],[49,7,49,8],[50,1,50,6],[50,7,50,9],[51,1,51,6],[51,7,51,9],[52,1,52,6],[19,1,19,2],[20,1,20,2],[11,1,11,2],[12,1,12,2],[13,1,13,2],[14,1,14,2],[15,1,15,2],[31,1,37,1],[22,1,22,2],[21,1,21,2],[1,0,1,10],[2,0,2,10],[8,3,9,3],[8,4,9,4],[6,0,6,10],[31,0,37,0],[16,1,16,2],[17,1,17,2],[18,1,18,2],[23,5,24,8],[25,5,27,8],[28,3,29,3],[28,4,29,4]]}
[]
["CODEVASF – Companhia de Desenvolvimento do Vale do São Francisco"]
["ESTUDO DE VIABILIDADE TÉCNICA, ECONÔMICA E AMBIENTAL, ESTUDOS BÁSICOS, PROJETO BÁSICO E PROJETO EXECUTIVO PARA PAVIMENTAÇÃO DO RAMAL DA TOTOIA, NO ESTADO DO AMAPÁ. V1"]
["LOCAL: SANTANA-AP"]
["DATA: OUTUBRO 2025",{"$nulls":9},{"$f":"#REF!","v":{"$error":"#REF!"}}]
[]
["MOBILIZAÇÃO E DESMOBILIZAÇÃO DE PESSOAL, VEÍCULOS E EQUIPAMENTOS PESADOS"]
[]
[1,null,"MOBILIZAÇÃO","UNID.","QUANT.","Fator Relacionado","Fator de Utilização do Veículo","Custo Horário do Veículo","CUST. MOB. E DESMOB.","CUST. MOB. E DESMOB.","CUST. MOB. E DESMOB."]
["1.1",null,"VEÍCULOS LEVES E CAMINHÕES COMUNS",null,null,"K (1 ou 2)","FU","CH","CMob (PAV.)","CMob (Rev. Prim.)","CMob total"]
["SICRO"]
[" E9592 ","Caminhão carroceria com capacidade de 15 t - 188 kW",null,"CHP",1,1,1,287.99,{"$f":"ROUND(E12*((($E$25*F12*G12)/$E$27)*H12),2)","v":144.47},{"$f":"ROUND(E12*((($E$26*F12*G12)/$E$28)*H12),2)","v":0},{"$f":"ROUND(J12+I12,2)","v":144.47},{"$f":"(K12/H12)/E12","v":0.50164936282509809}]
[" E9579 ","Caminhão basculante com capacidade de 10 m³ - 188 kW",null,"CHP",6,1,1,312.31,940.05,0,940.05,0.50166501232749505]
[" E9146","Caminhão silo com capacidade de 30 m³ - 265 Kw",null,"CHP",1,1,1,680.05,341.16,0,341.16,0.50166899492684369]
[" E9571 ","Caminhão tanque com capacidade de 10.000 l - 188 kW",null,"CHP",2,1,1,365.76,366.98,0,366.98,0.50166776027996507]
[" E9667 ","Caminhão basculante com capacidade de 14 m³ - 188 kW",null,"CHP",1,1,1,326.01,163.55000000000001,0,163.55000000000001,0.50167172786110859]
[" E9509 ","Caminhão tanque distribuidor de asfalto com capacidade de 6.000 l - 7 kW/136 kW",null,"CHP",1,1,1,338.47,169.8,0,169.8,0.50166927644990689]
[" E9686 ","Caminhão carroceria com guindauto com capacidade de 20 t.m - 136 kW",null,"CHP",1,1,1,327.38,164.24,0,164.24,0.50168000488728703]
[" E9687 ","Caminhão carroceria com capacidade de 5 t - 115 kW",null,"CHP",1,1,1,177.32,88.96,0,88.96,0.50169185653056614]
[" E9644 ","Caminhão demarcador de faixas com sistema de pintura a frio - 28 kW/115 kW",null,"CHP",1,1,1,465.55,233.55,0,233.55,0.50166469766942323]
[" E9575 ","Caminhão basculante com caçamba estanque com capacidade de 14 m³ - 210 kW",null,"CHP",1,1,1,326.63,163.86,0,163.86,0.50166855463368343]
[" E9512 ","Veículo leve - 53 kW",null,"CHP",1,1,1,67.040000000000006,33.630000000000003,0,{"$f":"ROUND(J22+I22,2)","v":33.630000000000003},0.50164081145584727]
["E9684","Veículo leve picape 4 x 4 com capacidade de 1,10 t - 147 kW",null,"CHP",1,1,1,110.97,55.67,0,{"$f":"ROUND(J23+I23,2)","v":55.67},0.50166711723889346]
[null,null,"Dados Considerados","UNID.","QUANT.","Custos de Mobilização e Desmobilização: \nCMob = ((DM x K x FU)/V) x CH"]
[null,null,"Distância de Mobilização (Pavimentado)","km",30.1]
[null,null,"Distância de Mobilização (Rev. Prim.)","km",{"$f":"0","v":0},"DNIT - Manual de Custos de ingraestrutura de Trasnportes - Volume 09 - Mobilização e Desmobilização - CGCIT"]
[null,null,"Veloc. Média de Transp. (Pavimentado)","km/h",60]
[null,null,"Veloc. Média de Transp. (Rev. Prim.)","km/h",50,{"$nulls":4},"SUB-TOTAL 1.1",{"$f":"ROUND(SUM(K12:K23),2)","v":2865.92}]
[null,null,"MOBILIZAÇÃO","UNID.","QUANT.","Fator Relacionado","Fator de Utilização do Veículo","Custo Horário do Veículo","CUST. MOB. E DESMOB.","CUST. MOB. E DESMOB.","CUST. MOB. E DESMOB."]
["1.2",null,"VEÍCULO A TRANSPORTAR",null,null,"K (1 ou 2)","FU","CH","Cmob (PAV.)","Cmob (Rev. Prim.)","Cmob total"]
["SICRO"]
["E9665","Cavalo mecânico com semirreboque com capacidade de 22 t - 240 kW","Motoniveladora - 93 kW -  E9524 ","CHP",2,2,1,430.35,{"$f":"ROUND((($E$25*F32*G32)/$E$27)*H32,2)","v":431.78},{"$f":"ROUND((($E$26*F32*G32)/$E$28)*H32,2)","v":0},{"$f":"ROUND(J32+I32,2)","v":431.78},{"$f":"(K32/H32)/E32","v":0.50166143836412214}]
[null,null,"Carregadeira de pneus com capacidade de 1,72 m³ - 113 kW -  E9584 ","CHP",2,2,0.5,430.35,{"$f":"ROUND((($E$25*F33*G33)/$E$27)*H33,2)","v":215.89},{"$f":"ROUND((($E$26*F33*G33)/$E$28)*H33,2)","v":0},215.89,{"$f":"(K33/H33)/E33","v":0.25083071918206107}]
[null,null,"Trator agrícola sobre pneus - 77 kW -  E9577 ","CHP",2,2,0.5,430.35,215.89,{"$f":"ROUND((($E$26*F34*G34)/$E$28)*H34,2)","v":0},215.89,{"$f":"(K34/H34)/E34","v":0.25083071918206107}]
[null,null,"Tanque de estocagem de asfalto com capacidade de 30.000 l -  E9558 ","CHP",1,2,1,430.35,431.78,0,431.78,1.0033228767282443]
[null,null,"Retroescavadeira de pneus - capacidade da caçamba da pá-carregadeira de 0,76 m³ e da -  E9526 ","CHP",1,2,0.5,430.35,215.89,0,215.89,0.50166143836412214]
[null,null,"Carregadeira de pneus com capacidade de 3,40 m³ - 195 kW -  E9511 ","CHP",1,2,0.5,430.35,215.89,0,215.89,0.50166143836412214]
[null,null,"Equipamento para pintura eletrostática com cabine dupla de 7,00 kW e estufa de 80.000 kCal - E9076","CHP",1,2,0.5,430.35,215.89,0,215.89,0.50166143836412214]
["E9018","Cavalo mecânico com dolly intermediário e semirreboque de 4 eixos com capacidade de 53 t - 323 kW","Trator sobre esteiras com lâmina - 127 kW -  E9540 ","CHP",1,2,0.5,571.03,{"$f":"ROUND((($E$25*F39*G39)/$E$27)*H39,2)","v":286.47000000000003},0,{"$f":"ROUND(J39+I39,2)","v":286.47000000000003},{"$f":"(K39/H39)/E39","v":0.50167241651051619}]
[null,null,"Trator sobre esteiras com lâmina - 259 kW -  E9541 ","CHP",1,2,1,571.03,572.92999999999995,0,572.92999999999995,1.0033273208062623]
[null,null,"Vibroacabadora de asfalto sobre esteiras - 82 kW -  E9545 ","CHP",1,2,0.5,571.03,286.47000000000003,0,286.47000000000003,0.50167241651051619]
["E9508","Caminhão carroceria com capacidade de 9 t - 136 kW","Grupo gerador - 456 kVA - E9021","CHP",1,2,1,198.26,198.92,0,198.92,1.0033289619691315]
["E9666","Cavalo mecânico com semirreboque com capacidade de 30 t - 265 kW","Usina de asfalto a quente gravimétrica com capacidade de 100/140 t/h - 260 kW -  E9689 ","CHP",1,2,3,480.52,1446.37,0,1446.37,3.01000998917839]
[null,null,"Rolo compactador pé de carneiro vibratório autopropelido por pneus de 11,6 t - 82 kW -  E9685 ","CHP",1,2,0.5,480.52,{"$f":"ROUND((($E$25*F44*G44)/$E$27)*H44,2)","v":241.06},{"$f":"ROUND((($E$26*F44*G44)/$E$28)*H44,2)","v":0},{"$f":"ROUND(J44+I44,2)","v":241.06},{"$f":"(K44/H44)/E44","v":0.5016648630650129}]
[null,null,"Escavadeira hidráulica sobre esteiras com caçamba com capacidade de 1,56 m³ - 118 kW -  E9515 ","CHP",1,2,1,480.52,482.12,0,482.12,1.0033297261300258]
[null,null,"Rolo compactador de pneus autopropelido de 27 t - 85 kW -  E9762 ","CHP",1,2,0.5,480.52,241.06,0,241.06,0.5016648630650129]
[null,null,"Rolo compactador liso tandem vibratório autopropelido de 10,4 t - 82 kW - E9681 ","CHP",1,2,0.5,480.52,241.06,0,241.06,0.5016648630650129]
["Dados da Formula, onde:",{"$nulls":7},"SUB-TOTAL 1.2",null,{"$f":"ROUND(SUM(K32:K47),2)","v":5939.47},{"$f":"(SUM(L32:L38))","v":3.5116300685488553}]
["DM","Representa a distância de mobilização, em quilômetros (km)",{"$nulls":5},"TOTAL",null,null,{"$f":"K48+K28","v":8805.39},{"$nulls":6},{"$f":"12*30","v":360}]
["K","Representa o fator relacionado à necessidade de retorno do veículo a sua origem 1 (não Retorna), 2 (retorna)"]
["FU","Representa o fator de utilização do veículo transportador (Tabela 02 - Manual de Custos de instraetrutura de transporte - Volume 09 - Mobilização e Desmobilização - DNIT), ",{"$nulls":5},"TOTAL MOBILIZAÇÃO  R$",null,null,{"$f":"K50+K49","v":8805.39}]
["V","Representa a velocidade média de transporte, em km/h - (Tabela 01 - Manual de Custos de instraetrutura de transporte - Volume 09 - Mobilização e Desmobilização - DNIT)",{"$nulls":5},"DESMOBILIZAÇÃO = MOBILIZAÇÃO  R$",null,null,{"$f":"K51","v":8805.39}]
["CH","Representa o custo horário do veículo transportador (SICRO)",{"$nulls":5},"TOTAL MOB. / DESMOB.",null,null,{"$f":"K51+K52","v":17610.78},null,null,null,{"$f":"K53*1.2338","v":21728.180364}]

{"sheet":"DECLARAÇÃO Anexo I","index":19,"n_rows":252,"n_cols":11,"rows_kept":252,"cut":false,"hidden":true,"merged":[[11,0,30,0],[32,0,47,0],[48,0,62,0],[63,0,71,0],[72,0,78,0],[7,0,7,10],[8,0,9,0],[8,1,9,1],[8,2,9,2],[8,3,8,5],[8,6,8,8],[8,9,9,9],[162,0,165,0],[83,0,91,0],[92,0,93,0],[112,0,126,0],[127,0,138,0],[139,0,144,0],[247,0,247,7],[251,0,251,10],[204,0,205,0],[236,0,241,0],[178,0,181,0],[182,0,192,0],[193,0,197,0],[198,0,199,0],[200,0,203,0],[243,0,243,10],[244,0,244,10],[245,0,245,10],[1,0,1,10],[2,0,2,10],[94,0,105,0],[106,0,111,0],[242,0,242,10],[206,0,215,0],[216,0,217,0],[218,0,222,0],[224,0,230,0],[231,0,235,0],[166,0,171,0],[172,0,177,0],[79,0,82,0],[145,0,150,0],[151,0,157,0],[158,0,161,0]]}
[]
["CODEVASF – Companhia de Desenvolvimento do Vale do São Francisco"]
["ESTUDO DE VIABILIDADE TÉCNICA, ECONÔMICA E AMBIENTAL, ESTUDOS BÁSICOS, PROJETO BÁSICO E PROJETO EXECUTIVO PARA PAVIMENTAÇÃO DO RAMAL DA TOTOIA, NO ESTADO DO AMAPÁ. V1"]
[{"$f":"#REF!","v":{"$error":"#REF!"}}]
[{"$f":"#REF!","v":{"$error":"#REF!"}},{"$nulls":9},"Ref. SICRO 04/2023, SINAPI 08/2023, SBC 08/2023, ORSE 08/2023 deson."]
[]
[]
["ANEXO I\nLISTA DE VERIFICAÇÃO EM ACESSIBILIDADE"]
[null,"ITEM","DESCRIÇÃO","ATENDIMENTO*",null,null,"ETAPA DE VERIFICAÇÃO",null,null,"ITEM DA NBR 9050/15:","OBS."]
[null,null,null,"SIM","NÃO nesta etapa**","N/A - Justificar (não será verificado)","PELO CONCEDENTE OU MANDATÁRIA***  NO PROJETO DE ENGENHARIA","PELO CONVENENTE NO PROJETO EXECUTIVO DE ACESSIBILIDADE","PELO CONVENENTE NO LAUDO DE CONFORMIDADE",null,"*"]
["ROTA ACESSÍVEL",1,"Há indicação em projeto do traçado da rota acessível na área de intervenção?","S",null,null,"S","S"," ","6.1"]
["CALÇADAS",2,"As calçadas novas ou reformadas possuem faixa livre com largura mínima de 1,20 m?"," S",{"$nulls":5},"6.12.3.b)"]
[null,3,"As faixas livres não possuem obstáculos?"," S",{"$nulls":5},"6.12.3.b)"]
[null,4,"As calçadas novas ou reformadas possuem faixa de serviço com largura mínima de 0,70 m?"," S",{"$nulls":5},"6.12.3.a)"]
[null,5,"Em casos de calçadas novas ou reformadas com largura superior a 2,0m, há faixa de acesso?"," S",{"$nulls":5},"6.12.1                           6.12.3.c)"]
[null,6,"A faixa livre possui 2,10 m de altura livre nas calçadas novas ou reformadas?","S",{"$nulls":5},"6.12.3.b)"]
[null,7,"A sinalização suspensa está instalada acima de 2,10 m do piso nas calçadas novas ou reformadas?",null,null,"N/A",null,null,null,"5.2.8.2.3"]
[null,8,"A faixa livre ou passeio das calçadas novas ou reformadas possui inclinação transversal de até 3%?","S",{"$nulls":5},"6.12.3.b)"]
[null,9,"Nas calçadas novas ou reformadas há sinalização tátil direcional quando da ausência ou descontinuidade de linha-guia identificável?","S",{"$nulls":5},"ABNT NBR 16537 - 7.8.1"]
[null,10,"A sinalização visual possui contraste de luminância, em condições secas e molhadas nas calçadas novas?",null,"N",{"$nulls":4},"5.4.6.2"]
[null,11,"Há sinalização tátil ou piso tátil para informar a existência de: desníveis, objetos suspensos, equipamentos, mudança de direção, travessia de pedestre, início e término de rampas e escadas, rebaixamentos de guia nas calçadas novas ou reformadas?"," S",{"$nulls":5},"5.4.6.3                      ABNT NBR 16537 - 6.6 - 7.4"]
[null,12,"A faixa livre das calçadas novas ou reformadas possui piso com superfície regular, firme, estável, não trepidante e anti derrapante, sob condição seca ou molhada?"," S",{"$nulls":5},"6.3.2"]
[null,13,"O acesso de veículos aos lotes cria degraus ou desníveis na faixa livre nas calçadas novas ou reformadas?",null," N",{"$nulls":4},"6.12.4"]
[null,14,"Os rebaixamentos de calçadas ou faixas elevadas para a travessia das vias constantes da intervenção estão na direção do fluxo da travessia de pedestres em calçadas novas ou reformadas?",null,null," N/A",null,null,null,"6.12.7"]
[null,15,"Os rebaixamentos de calçadas possuem inclinação igual ou inferior a 8,33% (nas rampas laterais e central) ou igual ou inferior a 5% para rebaixamento total (nas rampas laterais) em calçadas novas?"," S",{"$nulls":5},"6.12.7.3 6.12.7.3.4"]
[null,16,"Os rebaixamentos de calçadas possuem rampa central com largura mínima de 1,50m em calçadas novas ou reformadas?"," S",{"$nulls":5},"6.12.7.3"]
[null,17,"Os rebaixamentos de calçadas são feitos de forma a não reduzir a largura da faixa livre ou passeio em medida inferior a 1,20m em calçadas novas ou reformadas?"," S",{"$nulls":5},"6.12.7.3"]
[null,18,"Há desnível entre o término do rebaixamento da calçada e o leito carroçável em calçadas novas ou reformadas?",null,"N ",{"$nulls":4},"6.12.7.3.1"]
[null,19,"Há rebaixamento do canteiro divisor de pistas, com largura igual à da faixa de travessia?",null,null,"N/A",null,null,null,"6.12.7.3.5"]
[null,20,"Os semáforos para pedestres possuem dispositivos sincronizados com sinais visuais e sonoros?",null,null,"N/A",null,null,null,"8.2.2.3"]
[null,21,"Os semáforos, se acionados manualmente, possuem comando com altura entre 0,80 m e 1,20 m do piso?",null,null,"N/A",null,null,null,"5.6.4.3                8.2.2.1"]
["PASSARELAS",22,"As passarelas de pedestres possuem uma das alternativas?                                         a. rampas;                                                      b. rampas e escadas;                                    c. rampas e elevadores;                                 d. escadas e elevadores.",null,null," N/A",null,null,null,"6.13.1"]
["RAMPAS E ESCADAS",23,"As rampas em rota acessível possuem, no mínimo, 1,20 m de largura?"," s",null,null,"s","s",null,"6.6.2.5"]
[null,24,"Os patamares (intermediários, de início e término da rampa)  possuem dimensão longitudinal mínima de 1,20 m e não invadem a área de circulação adjacente?",null,null,"N/A",null,null,null,"6.6.4"]
[null,25,"Para segmento de rampa com desnível máximo de 1,50 m, a inclinação é de 5%?",null,null," N/A",null,null,null,"6.6.2.1"]
[null,26,"Para segmento de rampa com desnível máximo de 1,00 m, a inclinação é de até 6,25%?",null,null," N/A",null,null,null,"6.6.2.1"]
[null,27,"Para segmento de rampa com desnível máximo de 0,80 m, sua inclinação é de até 8,33% e o número máximo de segmentos de rampa é 15?",null,null," N/A",null,null,null,"6.6.2.1"]
[null,28,"Em rampas, na ausência de paredes laterais, há guarda corpos e guias de balizamento?",null,null," N/A",null,null,null,"6.9.5"]
[null,29,"As escadas em rota acessível possuem no mínimo 1,20 m de largura?",null,null," N/A",null,null,null,"6.8.3"]
[null,30,"Há patamar em escadas a cada desnível de 3,20 m  (exceto escada de lances curvos ou mistos) com no mínimo 1,20m de dimensão longitudinal?",null,null," N/A",null,null,null,"6.8.7"]
[null,31,"Os pisos dos degraus das escadas possuem dimensão entre 0,28 m e 0,32 m?",null,null," N/A",null,null,null,"6.8.2"]
[null,32,"Os espelhos dos degraus das escadas possuem dimensão entre 0,16 m e 0,18 m?",null,null," N/A",null,null,null,"6.8.2"]
[null,33,"Há sinalização visual aplicada nos pisos e espelhos dos degraus, contrastante com o revestimento adjacente?",null,null," N/A",null,null,null,"5.4.4"]
[null,34,"Em escadas, na ausência de paredes laterais, há guarda corpos e guias de balizamento?",null,null," N/A",null,null,null,"6.9.5"]
[null,35,"Nas rampas e escadas há corrimãos?",null,null," N/A",null,null,null,"6.9.2.1"]
[null,36,"Em escadas e rampas os corrimãos são contínuos com diâmetro entre 30 mm a 45 mm, com altura de 0,92 m e a 0,70 m do piso e prolongamento mínimo de 0,30 m nas extremidades e recurvados nas extremidades?",null,null," N/A",null,null,null,"6.9"]
[null,37,"Em rampas ou escadas com largura igual ou superior a 2,40 m, há instalação de corrimão intermediário?",null,null," N/A",null,null,null,"6.9.4"]
[null,38,"Em rampas ou escadas, se há corrimão intermediário e patamar com comprimento superior a 1,40 m, há espaçamento mínimo de 0,80 m?",null,null," N/A",null,null,null,"6.9.4.1"]
["PLATAFORMAS E ELEVADORES",39,"Em plataforma de elevação vertical com percurso aberto, há fechamento contínuo com altura de 1,10 m e sem vãos laterais?",null,null," N/A",null,null,null,"6.10"]
[null,40,"Em plataforma de elevação vertical com percurso superior a 2,00 m, o percurso é fechado?",null,null,"N/A",null,null,null,"6.10.3.2"]
[null,41,"Em plataforma de elevação inclinada há parada programada no patamares ou pelo menos a cada 3,20 m de desnível?",null,null,"N/A",null,null,null,"6.10.4.2"]
[null,42,"Há dispositivos de comunicação interno e externo à caixa de corrida, para solicitação de auxílio?",null,null," N/A",null,null,null,"6.10.1                 "]
[null,43,"Os elevadores, quando projetados para 1 cadeira de rodas e 1 outro usuário, possuem cabine com dimensões mínimas de 1,40 m x 1,10 m?",null,null," N/A",null,null,null,"ABNT NBR NM 313 - Tabela 1"]
[null,44,"Em elevadores, quando projetados para 1 cadeira de rodas e 1 outro usuário, as portas, quando abertas, possuem vão livre de 0,80 m x 2,10 m?",null,null," N/A",null,null,null,"ABNT NBR NM 313 - Tabela 1"]
[null,45,"O piso da cabine contrasta com o da circulação?",null,null," N/A",null,null,null,"ABNT NBR NM 313"]
[null,46,"Há sinalização com piso tátil de alerta junto à porta dos elevadores e plataformas de elevação vertical?",null,null," N/A",null,null,null,"ABNT NBR 16537 - 6.9.1"]
[null,47,"Possui sinalização sonora informando o pavimento em equipamentos com mais de duas paradas?",null,null," N/A",null,null,null,"6.10.1"]
[null,48,"Junto à porta do elevador há dispositivo entre 1,80 m e 2,50 m que emite sinais sonoro e visual, indicando o sentido em que a cabine se movimenta?",null,null," N/A",null,null,null,"ABNT NBR NM 313"]
[null,49,"A botoeira do pavimento está localizada entre 0,90 m e 1,10 m do piso?",null,null," N/A","n","s","S","ABNT NBR NM 313"]
[null,50,"A botoeira da cabine está localizada entre 0,90 m e 1,30 m do piso?",null,null," N/A","n","s","S","ABNT NBR NM 313"]
[null,51,"O desnível entre o piso da cabine e o piso externo é de, no máximo, 15 mm?",null,null," N/A","n","s","s","ABNT NBR NM 313"]
[null,52,"A distância horizontal entre o piso da cabine e o piso externo é de, no máximo, 35 mm?",null,null," N/A","n","s","s","ABNT NBR NM 313"]
[null,53,"O número do pavimento está localizado nos batentes externos, indicando o andar, em relevo e em Braille?",null,null," N/A","n","s","s","5.4.5.2"]
["ESTACIONAMENTO DE VEÍCULOS",54,"Há rota acessível interligando as vagas reservadas dos estacionamentos aos acessos?",null,null," N/A","n","s","s","6.2.4"]
[null,55,"Há vagas de estacionamento reservadas a veículos que transportem pessoas com deficiência?",null,null," N/A","s","s","s","Lei 13.146/2015"]
[null,56,"O número de vagas de estacionamento reservadas a veículos que transportem pessoas com deficiência é de,  no mínimo, 2% do total de vagas, assegurada, no mínimo 1 vaga?",null,null," N/A","s","s","s","Lei 13.146/2015"]
[null,57,"As vagas destinadas a pessoas com deficiência localizam-se a, no máximo, 50m do acesso à edificação ou elevadores?",null,null," N/A","n","s","s","6.14.1.2"]
[null,58,"As vagas destinadas a pessoas com deficiência contam com espaço adicional de, no mínimo, 1,20 m de largura?",null,null," N/A","n","s","s","6.14.1.2"]
[null,59,"Há vagas de estacionamento reservadas a veículos que transportem pessoas idosas?",null,null," N/A","s","s","s","Lei 10.741/2003"]
[null,60,"O número de vagas destinadas a veículos que transportem pessoas idosas é de, no mínimo, 5% do total de vagas, com no mínimo uma vaga?",null,null," N/A","s","s","s","Lei 10.741/2003"]
[null,61,"As vagas destinadas a pessoas idosas estão posicionadas próximas das entradas do edifício?",null,null," N/A","n","s","s","6.14"]
[null,62,"As vagas reservadas contém sinalização vertical e horizontal?",null,null," N/A","n","s","s","5.5.2.3                         6.14"]
["ACESSO",63,"Há indicação no projeto do traçado da rota acessível?",null,null," N/A","s","s","s","6.1.1"]
[null,64,"A rota acessível interliga as áreas de uso público e adaptadas da edificação e incorpora as circulações?",null,null," N/A","s","s","s","6.1.1"]
[null,65,"Todas as entradas da edificação de uso público ou comum são acessíveis?",null,null," N/A","n","s","s","6.2.1; 6.1.1.1"]
[null,66,"Se houver controle de acesso, tipo catracas ou cancelas, pelo menos um deles em cada conjunto é acessível?",null,null," N/A","n","s","s","6.2.5"]
[null,67,"Possui sinalização informativa e direcional nas entradas e saídas acessíveis?",null,null," N/A","n","s","s","6.2.8"]
[null,68,"Há mapa acessível instalado imediatamente após a entrada principal com piso tátil associado, informando os principais pontos de distribuição no prédio ou locais de maior utilização?",null,null," N/A","n","s","s","Anexo B       B.4"]
[null,69,"Há pelo menos duas formas de deslocamento vertical nas circulações verticais? (escadas, rampas, plataformas elevatórias ou elevador)",null,null," N/A",null,null,null,"6.3"]
["PISO",70,"As superfícies de piso possuem revestimento regular, firme, estável, não trepidante e antiderrapante, estando secas ou molhadas?"," S",null,null,"S","S",null,"6.3.2"]
[null,71,"A rota acessível é nivelada ou possui desníveis de no máximo 0,5 cm, ou quando maior que 0,5 cm e menor que 2 cm é chanfrada na proporção 1:2 (50%)"," S",null,null,"S","S",null,"6.3.4.1"]
[null,72,"Há rampa nos casos em que ocorra um desnível maior que 2 cm?"," S",{"$nulls":5},"6.1                  6.1.1.2           6.3.4.1"]
[null,73,"Se houver grelhas e juntas de dilatação em rotas acessíveis, os vãos perpendiculares ao fluxo principal possuem dimensão máxima de 15mm?"," S",null,null,"n",null,"s","6.3.5"]
["CORREDORES",74,"Para corredores de uso comum com extensão de até 4,00 m, a largura é de, no mínimo, 0,90 m?",null,null,"N/A","n",null,"s","6.11.1"]
[null,75,"Para corredores de uso comum com extensão de até 10,00 m, a largura é de, no mínimo, 1,20 m?",null,null,"N/A","n",null,"s","6.11.1"]
[null,76,"Para corredores de uso comum com extensão acima de 10,00m, a largura é de, no mínimo, 1,50 m?",null,null,"N/A","n",null,"s","6.11.1"]
[null,77,"Para corredores de uso público, a largura é de, no mínimo, 1,50 m?",null,null,"N/A","n",null,"s","6.11.1"]
[null,78,"Para transposição de obstáculos com no máximo 0,40 m de extensão, a largura é de no mínimo 0,80 m?",null,null,"N/A","n",null,"s","6.11.1.2"]
[null,79,"Para transposição de obstáculos com extensão superior a 0,40 m, a largura é de no mínimo 0,90 m?",null,null,"N/A","n",null,"s","6.11.1.2"]
[null,80,"As passagens possuem informação visual, associada a sinalização tátil ou sonora?",null,null,"N/A","n",null,"s","5.4.1"]
[null,81,"Há placas de sinalização informando sobre os sanitários, acessos verticais e horizontais, números de pavimentos e rota de fuga?",null,null,"N/A","n",null,"s","5.2.8.1"]
[null,82,"Esta sinalização está  disposta em locais acessíveis para pessoa em cadeira de rodas, com deficiência visual, entre outros usuários, de tal forma que possa se compreendida por todos",null,null,"N/A","n",null,"s","5.2.8.1"]
["ROTA DE FUGA",83,"Quando a rota de fuga incorpora escadas de emergência e elevaores de emergência há área de resgate com no mínimo um M.R (0.80X1,20m) por pavimento e um para cada escada e elevador de emergência?",null,null,"N/A","s",null,"s","6.4.4"]
[null,84,"As rotas de fuga e as saídas de emergência estão sinalizadas, com informações visuais, sonoras e táteis?",null,null,"N/A","n",null,"s","5.5.1"]
["PORTAS E JANELAS",118,"As portas, quando abertas, possuem vão livre de 0,80 m de largura e 2,10 m de altura? ",null,null,"N/A",null,null,null,"6.11.2.4"]
[null,119,"Nos locais de prática esportivas, as portas tem largura mínima de 1m nas circulações destinada a praticantes?",null,null,"N/A",null,null,null,"6.11.2.4; 6.11.2.12;                  10.11.1"]
[null,120,"Em portas de duas ou mais folhas, pelo menos um delas possui vão livre de 0,80 m de largura?",null,null,"N/A",null,null,null,"6.11.2.4"]
[null,121,"Se houver portas em sequência, há espaço entre elas (abertas) de, no mínimo, 1,50 m de diâmetro e 0,60 m ao lado da maçaneta?",null,null,"N/A",null,null,null,"6.11.2"]
[null,122,"A área de varredura das portas não interfere nas áreas de manobra, na dimensão mínima dos patamares e no fluxo principal de circulação?",null,null,"N/A",null,null,null,"6.6.4.1; 6.8.8; 6.11.2.1"]
[null,123,"Se abertura da porta é no sentido do deslocamento do usuário, existe espaço livre de 0,30 m entre a porta e a parede e espaço frontal de 1,2 m ou acionamento automático?",null,null,"N/A",null,null,null,"6.11.2.2"]
[null,124,"Se abertura da porta é no sentido oposto ou lateral ao deslocamento do usuário, existe espaço livre de 0,60 m entre a porta e a parede e espaço frontal de 1,5m ou acionamento automático?",null,null,"N/A",null,null,null,"6.11.2.2; 6.11.2.3"]
[null,125,"Possui sinalização visual no centro da porta ou na parede ao lado da maçaneta (1,20 m - 1,60 m) no lado externo, informando o ambiente?",null,null,"N/A",null,null,null,"5.4.1"]
[null,126,"A sinalização visual está associada à sinalização tátil em relevo e Braille (instalada na parede adjacente ou batente em altura entre 0,90 m - 1,20 m) ou sonora?",null,null,"N/A",null,null,null,"5.4.1"]
[null,127,"As maçanetas das portas são do tipo alavanca e estão instaladas entre 0,80 m e 1,10 m do piso?",null,null,"N/A",null,null,null,"6.11.2.6"]
[null,128,"A altura do peitoril respeita o cone visual de pessoa em cadeira rodas (aprox. 60 cm)?",null,null,"N/A",null,null,null,"6.11.3"]
[null,129,"As janelas possuem comando de abertura instalados entre 0,60 m e 1,20 m do piso?",null,null,"N/A",null,null,null,"6.11.3"]
["GERAL",130,"Existe sanitário acessível, para cada sexo, em todos os pavimentos, com entrada independente dos sanitários coletivos?",null,null,"N/A",null,null,null,"7.4.3"]
[null,131,"As superfícies de piso dos sanitários acessíveis não possuem desníveis e possuem revestimento regular, firme, estável, não trepidante, e antiderrapante, estando secas ou molhadas?",null,null,"N/A",null,null,null,"6.3.2            6.3.4"]
[null,132,"Há no mínimo 5% do total de cada peça sanitária, com no mínimo uma, para cada sexo em cada pavimento, onde há sanitários?",null,null,"N/A",null,null,null,"7.4.3"]
[null,133,"O sanitário acessível ou boxe sanitário acessível possui circulação livre para giro de 360º (diâmetro 1,50 m)?",null,null,"N/A",null,null,null,"7.5.a)"]
[null,134,"Os sanitários acessíveis possuem dispositivo de sinalização de emergência (alarme sonoro e visual) próximo à bacia, acionado através de pressão ou alavanca, instalado à 40 cm do piso e com cor contrastante?",null,null,"N/A",null,null,null,"5.6.4.1"]
[null,135,"Os interruptores foram instalados em altura de 0,60m a 1,00 m do piso?",null,null,"N/A",null,null,null,"4.6.9"]
["PLATAFORMAS E ELEVADORES",103,"Em plataforma de elevação vertical com percurso aberto, há fechamento contínuo com altura de 1,10 m e sem vãos laterais?",null,null,"N/A","n",null,"s","6.10.3.1"]
[null,104,"Em plataforma de elevação vertical com percurso superior a 2,00 m, o percurso é fechado?",null,null,"N/A","n",null,"s","6.10.3.2"]
[null,105,"Em plataforma de elevação inclinada há parada programada nos patamares ou pelo menos a cada 3,20 m de desnível?",null,null,"N/A","n",null,"s","6.10.4.2"]
[null,106,"Há dispositivos de comunicação interno e externo à caixa de corrida, para solicitação de auxílio?",null,null,"N/A","n",null,"s","6.10.1"]
[null,107,"Os elevadores possuem cabine com dimensões mínimas de 1,40 m x 1,10 m?",null,null,"N/A","s",null,"s","ABNT NBR NM 313"]
[null,108,"Em elevadores as portas, quando abertas, possuem vão livre mínimo de 0,80 m x 2,10 m?",null,null,"N/A","n",null,"s","6.11.2.4"]
[null,109,"O piso da cabine contrasta com o da circulação?",null,null,"N/A","n",null,"s","ABNT NBR NM 313"]
[null,110,"Possui sinalização com piso tátil de alerta e visual junto ao equipamento? (exceto plataforma de elevação inclinada)",null,null,"N/A","n",null,"s","6.10.1;             6.10.4.4"]
[null,111,"Possui sinalização sonora informando o pavimento em equipamentos com mais de duas paradas?",null,null,"N/A",null,null,"s","6.10.1"]
[null,112,"Junto à porta do elevador há dispositivo entre 1,80 m e 2,50 m que emite sinais sonoro e visual, indicando o sentido em que a cabine se movimenta?",null,null,"N/A",null,null,null,"ABNT NBR NM 313"]
[null,113,"A botoeira do pavimento está localizada entre 0,90 m e 1,10 m do piso?",null,null,"N/A",null,null,null,"ABNT NBR NM 313"]
[null,114,"A botoeira da cabine está localizada entre 0,90 m e 1,30 m do piso?",null,null,"N/A",null,null,null,"ABNT NBR NM 313"]
[null,115,"O desnível entre o piso da cabine e o piso externo é de, no máximo, 15 mm?",null,null,"N/A",null,null,null,"ABNT NBR NM 313"]
[null,116,"A distância horizontal entre o piso da cabine e o piso externo é de, no máximo, 35 mm?",null,null,"N/A",null,null,null,"ABNT NBR NM 313"]
[null,117,"O número do pavimento está localizado nos batentes externos, indicando o andar, em relevo e em Braille?",null,null,"N/A",null,null,null,"5.4.5.2"]
["PORTAS E JANELAS",118,"As portas, quando abertas, possuem vão livre de 0,80 m de largura e 2,10 m de altura? ",null,null,"N/A",null,null,null,"6.11.2.4"]
[null,119,"Nos locais de prática esportivas, as portas tem largura mínima de 1m nas circulações destinada a praticantes?",null,null,"N/A",null,null,null,"6.11.2.4; 6.11.2.12;                  10.11.1"]
[null,120,"Em portas de duas ou mais folhas, pelo menos um delas possui vão livre de 0,80 m de largura?",null,null,"N/A",null,null,null,"6.11.2.4"]
[null,121,"Se houver portas em sequência, há espaço entre elas (abertas) de, no mínimo, 1,50 m de diâmetro e 0,60 m ao lado da maçaneta?",null,null,"N/A",null,null,null,"6.11.2"]
[null,122,"A área de varredura das portas não interfere nas áreas de manobra, na dimensão mínima dos patamares e no fluxo principal de circulação?",null,null,"N/A",null,null,null,"6.6.4.1; 6.8.8; 6.11.2.1"]
[null,123,"Se abertura da porta é no sentido do deslocamento do usuário, existe espaço livre de 0,30 m entre a porta e a parede e espaço frontal de 1,2 m ou acionamento automático?",null,null,"N/A",null,null,null,"6.11.2.2"]
[null,124,"Se abertura da porta é no sentido oposto ou lateral ao deslocamento do usuário, existe espaço livre de 0,60 m entre a porta e a parede e espaço frontal de 1,5m ou acionamento automático?",null,null,"N/A",null,null,null,"6.11.2.2; 6.11.2.3"]
[null,125,"Possui sinalização visual no centro da porta ou na parede ao lado da maçaneta (1,20 m - 1,60 m) no lado externo, informando o ambiente?",null,null,"N/A",null,null,null,"5.4.1"]
[null,126,"A sinalização visual está associada à sinalização tátil em relevo e Braille (instalada na parede adjacente ou batente em altura entre 0,90 m - 1,20 m) ou sonora?",null,null,"N/A",null,null,null,"5.4.1"]
[null,127,"As maçanetas das portas são do tipo alavanca e estão instaladas entre 0,80 m e 1,10 m do piso?",null,null,"N/A",null,null,null,"6.11.2.6"]
[null,128,"A altura do peitoril respeita o cone visual de pessoa em cadeira rodas (aprox. 60 cm)?",null,null,"N/A",null,null,null,"6.11.3"]
[null,129,"As janelas possuem comando de abertura instalados entre 0,60 m e 1,20 m do piso?",null,null,"N/A",null,null,null,"6.11.3"]
["GERAL",130,"Existe sanitário acessível, para cada sexo, em todos os pavimentos, com entrada independente dos sanitários coletivos?",null,null,"N/A",null,null,null,"7.4.3"]
[null,131,"As superfícies de piso dos sanitários acessíveis não possuem desníveis e possuem revestimento regular, firme, estável, não trepidante, e antiderrapante, estando secas ou molhadas?",null,null,"N/A",null,null,null,"6.3.2            6.3.4"]
[null,132,"Há no mínimo 5% do total de cada peça sanitária, com no mínimo uma, para cada sexo em cada pavimento, onde há sanitários?",null,null,"N/A",null,null,null,"7.4.3"]
[null,133,"O sanitário acessível ou boxe sanitário acessível possui circulação livre para giro de 360º (diâmetro 1,50 m)?",null,null,"N/A",null,null,null,"7.5.a)"]
[null,134,"Os sanitários acessíveis possuem dispositivo de sinalização de emergência (alarme sonoro e visual) próximo à bacia, acionado através de pressão ou alavanca, instalado à 40 cm do piso e com cor contrastante?",null,null,"N/A",null,null,null,"5.6.4.1"]
[null,135,"Os interruptores foram instalados em altura de 0,60m a 1,00 m do piso?",null,null,"N/A",null,null,null,"4.6.9"]
["PORTAS",136,"As portas, quando abertas, possuem vão livre de 0,80 m de largura e 2,10 m de altura? ",null,null,"N/A",null,null,null,"6.11.2.4"]
[null,137,"Em caso de porta de eixo vertical, a abertura é para o lado externo do sanitário ou boxe?",null,null,"N/A",null,null,null,"7.5.f)"]
[null,138,"Nos locais de prática esportivas, as portas tem largura mínima de 1m nas circulações destinada a praticantes?",null,null,"N/A",null,null,null,"6.11.2.4; 6.11.2.12;  10.11.1"]
[null,139,"A porta possui puxador horizontal, com diâmetro entre 25 mm a 35 mm, com comprimento mínimo de 0,40 m, afixado na parte interna da porta e maçaneta tipo alavanca?",null,null,"N/A",null,null,null,"6.11.2.7                        Figura 84;                       7.11.5"]
[null,140,"Há sinalização visual no centro da porta ou na parede ao lado da maçaneta (1,20 m - 1,60 m) no lado externo, informando o ambiente?",null,null,"N/A",null,null,null,"5.4.1"]
[null,141,"A sinalização visual está associada à sinalização tátil em relevo e Braille (instalada na parede adjacente ou batente em altura entre 0,90 m - 1,20 m) ou sonora?",null,null,"N/A",null,null,null,"5.4.1"]
["BACIA SANITÁRIA",142,"Há área de transferência (0,80 m x 1,20 m) lateral, diagonal e perpendicular para a bacia sanitária?",null,null,"N/A",null,null,null,"7.5"]
[null,143,"A bacia possui 0,43 m a 0,45 m de altura em o assento (46 cm de altura com assento)?",null,null,"N/A",null,null,null,"7.7.2.1"]
[null,144,"A bacia NÃO possui abertura frontal?",null,null,"N/A",null,null,null,"7.7.2.1"]
[null,145,"Há barras de apoio com comprimento mínimo de 0,80 m, fixadas horizontalemente nas paredes de fundo e na lateral da bacia sanitária, distando 0,75 m do piso acabado e uma barra vertical de, no mínimo 0,70m, a 0,10m acima da barra horizontal e a 0,30m da borda frontal da bacia?",null,null,"N/A",null,null,null,"7.7.2.2                         Figuras 103 e 104"]
[null,146,"O acionamento da válvula de descarga está a no máximo 1,00 m do piso?",null,null,"N/A",null,null,null,"7.7.3.1"]
[null,147,"No caso de caixa acoplada, a barra sobre esta, possui altura máxima de 0,89 m?",null,null,"N/A",null,null,null,"7.7.2.3.3"]
[null,148,"O acionamento de descarga em caixa acoplada é do tipo alavanca ou sensores?",null,null,"N/A",null,null,null,"7.7.3.2"]
["LAVATÓRIO",149,"O lavatório acessível é sem coluna ou com coluna suspensa, com profundidade máxima de 0,50m, altura final entre 0,78 e 0,80m e distante 0,30 m do piso?",null,null,"N/A",null,null,null,"7.5.d)              Figura 98"]
[null,150,"No caso de lavatório instalado em bancada, a altura superior da cuba está entre 78 e 80 cm, e possui altura livre inferior de, no mínimo, 73 cm?",null,null,"N/A",null,null,null,"7.10.3"]
[null,151,"Há barras de apoio de cada lado dos lavatórios, distantes a, no máximo, 0,50m da parede e do eixo da torneira e no caso de barra horizontal, o perfil superior de 0,78 a 0,80m do piso e no caso de barra vertical com, no mínimo, 0,40m de comprimento, a 0,90m do piso? ",null,null,"N/A",null,null,null,"7.8.1                Figuras 113 e 114"]
[null,152,"As torneiras são acionadas por alavanca, sensor eletrônico ou dispositivo equivalente ?",null,null,"N/A",null,null,null,"7.8.2"]
["MICTÓRIO",153,"Existe área de aproximação frontal para Pessoa com Mobilidade Reduzida (diâmetro de 60 cm)  e para Pessoa em Cadeira de Rodas (0,80 m x 1,20 m)",null,null,"N/A",null,null,null,"7.10.4"]
[null,154,"Para os mictórios suspensos, a altura da borda frontal é de 0,60 m a 0,65 m?",null,null,"N/A",null,null,null,"7.10.4.3"]
[null,155,"Acionamento da descarga é do tipo alavanca ou automática e possui altura de 1,00 m do piso?",null,null,"N/A",null,null,null,"7.10.4.3"]
[null,156,"O mictório possui barras de apoio em ambos os lados com afastamento de 0,30 m (a partir do eixo), comprimento mínimo de 0,70 m e fixadas a altura de 0,75 m do piso acabado?",null,null,"N/A",null,null,null,"7.10.4.3"]
["ACESSÓRIOS",157,"Se existir ducha higiênica, está instalada de 0,45 a 1,20 do piso e distânte de 0,25 a 0,43m da borda lateral da bacia?",null,null,"N/A",null,null,null,"7.5. m)                  Figura 14"]
[null,158,"O espelho, quando instalado em parede sem pias, possui borda inferior a, no máximo, 0,50 m e a borda superior a, no mínimo, 1,80 m do piso? ",null,null,"N/A",null,null,null,"7.11.1"]
[null,159,"O espelho, quando instalado sobre o lavatório, possui borda inferior a, no máximo, a 0,90 m e a borda superior a, no mínimo, 1,80 m do piso? ",null,null,"N/A",null,null,null,"7.11.1"]
[null,160,"A papeleira embutida está em altura mínima de 0,55 m (eixo) do piso e dista 0,20 m da borda frontal da bacia?",null,null,"N/A",null,null,null,"7.11.2"]
[null,161,"A papeleira de sobrepor está alinhada com a borda frontal da bacia e o acesso ao papel está a 1,00 m do piso acabado?",null,null,"N/A",null,null,null,"7.11.2"]
[null,162,"Os acessórios (papeleira, cabide e porta-objetos) atendem à altura entre 0,80 m e 1,20 m?",null,null,"N/A",null,null,null,"7.11.3                 7.11.4"]
["BOXE DE CHUVEIRO",163,"As dimensões mínimas do boxe de chuveiro são de 0,90 m x 0,95 m?",null,null,"N/A",null,null,null,"7.12.1.2"]
[null,164,"Caso exista porta no boxe, esta possui vão com largura livre mínima de 0,90 m confeccionada em material resistente a impacto?",null,null,"N/A",null,null,null,"7.12.1.1"]
[null,165,"O registro do chuveiro está a 1,00 m do piso acabado e a 0,45 m de distância do banco?",null,null,"N/A",null,null,null,"7.12.2               Figura 126"]
[null,166,"Há banco instalado na parede lateral ao chuveiro, com dimensões mínimas de 0,70 m x 0,45 m, e altura de 0,46 m do piso acabado? ",null,null,"N/A",null,null,null,"7.12.3                 Figura 126.b)"]
[null,167,"No boxe há barra de apoio de 90º na parede lateral ao banco e barra vertical na parede de fixação do banco?",null,null,"N/A",null,null,null,"7.12.3                 Figura 126.a)"]
[null,168,"O piso do boxe de chuveiro é antiderrapante, está nivelado com o piso adjacente e possui grelhas ou ralos fora da área de manobra e transferência",null,null,"N/A",null,null,null,"7.12.4"]
["BANHEIRA",169,"Há área de transferência (0,80 m x 1,20 m) lateral à banheira?",null,null,"N/A",null,null,null,"7.13.2                       Figuras 127 e 128"]
[null,170,"A banheira possui altura máxima de 0,46 m?",null,null,"N/A",null,null,null,"7.13.2.1"]
[null,171,"O acionamento da banheira do comando deve estar a uma altura de 0,80 m do piso acabado?",null,null,"N/A",null,null,null,"7.13.2.3"]
[null,172,"A banheira possui duas barras de apoio horizontais na parede frontal e uma vertical na parede lateral?",null,null,"N/A",null,null,null,"7.13.2.4              Figura 129"]
["ÁREA COMUM DOS VESTIÁRIOS",173,"Os vestiários acessíveis estão localizados em rotas acessíveis?",null,null,"N/A",null,null,null,"7.3.1"]
[null,174,"Existe vestiário acessível com entrada independente ?",null,null,"N/A",null,null,null,"7.4.2"]
[null,175,"As superfícies de piso dos vestiários acessíveis possuem revestimento regular, firme, estável, não trepidante e antiderrapante, estando secas ou molhadas?",null,null,"N/A",null,null,null,"7.12.4"]
[null,176,"Há, no mínimo, 5% do total de cada peça instalada acessível, com no mínimo uma, consideradas separadamente, se houver divisão por sexo?",null,null,"N/A",null,null,null,"7.4.5"]
[null,177,"Há sinalização de emergência?",null,null,"N/A",null,null,null,"7.4.2.2"]
[null,178,"Os vestiários acessíveis possuem dispositivo de sinalização de emergência (alarme sonoro e visual) próximo à bacia, acionado através de pressão ou alavanca, instalado à 40 cm do piso e com cor contrastante?",null,null,"N/A",null,null,null,"5.6.4.1"]
[null,179,"Os interruptores foram instalados em altura de 0,60m a 1,00 m do piso?",null,null,"N/A",null,null,null,"4.6.9"]
[null,180,"A sinalização visual está associada à sinalização tátil em relevo e Braille (instalada na parede adjacente ou batente em altura entre 0,90 m - 1,20 m) ou sonora?",null,null,"N/A",null,null,null,"5.4.1"]
[null,181,"As portas, quando abertas, possuem vão livre de 0,80 m de largura e 2,10 m de altura? ",null,null,"N/A",null,null,null,"6.11.2.4"]
[null,182,"A porta possui puxador horizontal, com diâmetro entre 25 mm a 35 mm, com comprimento mínimo de 0,40 m, afixado na parte interna da porta e maçaneta tipo alavanca?",null,null,"N/A",null,null,null,"6.11.2.7                        Figura 84;                       7.11.5"]
[null,183,"Nos locais de prática esportivas, as portas tem largura mínima de 1m nas circulações destinada a praticantes?",null,null,"N/A",null,null,null,"6.11.2.4; 6.11.2.12; 10.11.1"]
["CABINAS",184,"As cabinas individuais acessíveis possuem superfície para troca de roupas na posição deitada, de dimensões mínimas de 0,70 m de largura, 1,80 m de comprimento e altura de 0,46 m?",null,null,"N/A",null,null,null,"7.14.1"]
[null,185,"Há duas barras de apoio horizontais junto à superfície de troca de roupas com comprimento mínimo de 0,80 m, instaladas na cabeceira a 0,30 m da lateral e na lateral a 0,50 m da cabeceira, ambas em altura de 0,75 m do piso acabado?",null,null,"N/A",null,null,null,"7.14.1"]
[null,186,"A porta da cabina, quando aberta, possui  vão livre com largura de 0,80 m ou 1,00 m, em locais de pratica esportiva, com abertura para o lado externo da cabina?",null,null,"N/A",null,null,null,"7.14.1; 10.11.1"]
[null,187,"A porta da cabina possui puxador horizontal, com diâmetro entre 25 mm a 35 mm, com comprimento mínimo de 0,40 m, afixado na parte interna da porta e sistema de travamento acessível?",null,null,"N/A",null,null,null,"7.5.f)                      Figura 84"]
[null,188,"O espelho, quando instalado, possui borda inferior a 0,30 m e a borda superior a, no mínimo, 1,80 m do piso? ",null,null,"N/A",null,null,null,"7.14.1"]
["BANCOS",189,"Os bancos para vestiários possuem encosto e profundidade mínima de 0,45 m, largura mínima de 0,70 m e altura de 0,46 m do piso, e possuem um espaço livre inferior com 0,30 m de profundidade?",null,null,"N/A",null,null,null,"7.14.2"]
[null,190,"Os bancos possuem área de transferência lateral com  dimensões mínimas de 0,80 x 1,20 m?",null,null,"N/A",null,null,null,"7.14.2               Figura 131"]
["ARMÁRIOS",191,"A altura de utilização dos armários está entre 0,40 m e 1,20m do piso acabado?",null,null,"N/A",null,null,null,"7.14.3"]
[null,192,"A altura de fixação dos puxadores dos armários está entre 0,40 m e 1,20 m?",null,null,"N/A",null,null,null,"7.14.3"]
[null,193,"As prateleiras possuem profundidade que variam entre 0,25 e 0,43, a depender da altura de cada prateleira, conforme figura 14 da NBR 9050?",null,null,"N/A",null,null,null,"7.14.3              4.6.2                 Figura 14"]
[null,194,"As projeção de abertura das portas dos armários permite área de circulação mínima de 0,90 m?",null,null,"N/A",null,null,null,"7.14.3"]
["ACESSÓRIOS",195,"Os cabides e porta-objetos estão a uma altura entre 0,80 m e 1,20 m?",null,null,"N/A",null,null,null,"7.14.5"]
[null,196,"O porta-objetos possui profundidade máxima de 0,25 m?",null,null,"N/A",null,null,null,"7.14.5"]
["MOBILIÁRIO (EXTERNO E INTERNO)",197,"O mobiliário urbano está localizado junto a uma rota acessível e fora da faixa livre para circulação de pedestre?",null,null,"N/A",null,null,null,"4.3.3                                8.1"]
[null,198,"Os assentos públicos possuem altura e profunidade entre 0,40 e 0,45 m, largura individual entre 0,45 e 0,50 m e encosto com ângulo entre 100º e 110º?",null,null,"N/A",null,null,null,"8.9.1"]
[null,199,"Em locais de atentimento ao público, existe assento de uso preferencial sinalizado com o Símbolo Internacional de Acesso e com os símbolos de gestante, pessoa com criança de colo, pessoa idosa, pessoa obesa e pessoa com mobilidade reduzida?",null,null,"N/A",null,null,null,"5.3.2                      Figuras 31 e 32;             5.3.5.1           Figuras 35 a 39               "]
[null,200,"Em locais de atendimento ao público, existe assento para pessoa obesa (5% com no mínimo um)?",null,null,"N/A",null,null,null,"10.19"]
[null,201,"O assento para pessoa obesa possui largura mínima de 0,75 m, profundidade entre 0,47 m e 0,51 m e altura do assento entre 0,41 m e 0,45 m e suporta carga de 250 Kg?",null,null,"N/A",null,null,null,"4.7"]
[null,202,"O mobiliário não interrrompe a livre passagem, nos espaços de circulação das rotas acessíveis?",null,null,"N/A",null,null,null,"4.3.3"]
[null,203,"Há M.R (0,80 x 1,20 m) ao lado dos assentos fixos e fora da faixa para circulação de pedestres?",null,null,"N/A",null,null,null,"8.9.3"]
[null,204,"A circulação entre os móveis ou passagens internas é, no mínimo, de 0,90 m e possui áreas de giro para retorno?",null,null,"N/A",null,null,null,"4.3"]
[null,205,"As mesas possuem largura mínima de 0,90 m e altura da superfície de trabalho entre 0,75 m e 0,85 m?",null,null,"N/A",null,null,null,"9.3.1.3"]
[null,206,"As mesas permitem aproximação frontal da cadeira de rodas, com uma altura livre mínima de 0,73 m embaixo da superfície de trabalho, garantindo largura mínima de 0,80 m e profundidade mínima de 0,50 m?",null,null,"N/A",null,null,null,"9.3.1.4"]
["TRANSPORTE",207,"Em pontos de embarque e desembarque de transporte público, se houver assentos fixos e/ou apoios isquiáticos, há também espaço para P.C.R com dimensões de 0,80 m x 1,20 m?",null,null,"N/A",null,null,null,"8.2.1.2"]
[null,208,"Há sinalização informativa sobre as linhas disponíveis nos pontos de ônibus, dos tipos visual e sonora?",null,null,"N/A",null,null,null,"8.2.1.3                      5.2.7"]
["TELEFONES",209,"Em edificações de grande porte e equipamentos urbanos, há pelo menos um telefone que transmita mensagens de texto (TDD) ou tecnologia similar, instalado a uma altura entre 0,75 m e 0,80 m do piso acabado? ",null,null,"N/A",null,null,null,"8.3.2"]
[null,210,"Pelo menos um telefone de cada conjunto assegura dimensão e espaço apropriado para aproximação, alcance, manipulação e uso, devidamente sinalizado?",null,null,"N/A",null,null,null,"8.3.1                              8.1"]
[null,211,"Caso exista cabina telefônica, pelo menos uma é acessível e possui dimensões que garantem um M.R (0,80 m x 1,20 m) com aproximação frontal?",null,null,"N/A",null,null,null,"8.4.2"]
[null,212,"O telefone da cabina acessível está instalado suspenso, na parede oposta à entrada?",null,null,"N/A",null,null,null,"8.4.2"]
[null,213,"Em frente à cabina há espaço para rotação de 180º de cadeira de rodas (1,50 x 1,20 m)?",null,null,"N/A",null,null,null,"8.4.2"]
["VEGETAÇÃO",214,"Se houver áreas drenantes de árvores invadindo as faixas livres do passeio, há grelhas de proteção, com vãos de no máximo 15 mm?",null,null,"N/A",null,null,null,"8.8.3"]
["BALCÕES DE ATENDIMENTO E/OU INFORMAÇÕES",215,"O balcão de atendimento e/ou informações está facilmente identificado e localizado em rota acessível?",null,null,"N/A",null,null,null,"9.2.1.1"]
[null,216,"Os balcões de atendimento e/ou informações garantem um M.R frontal?",null,null,"N/A",null,null,null,"9.2.1.2"]
[null,217,"Há circulação adjacente aos balcões que permita giro de 180º (1,20 x 1,50 m) de cadeira de rodas?",null,null,"N/A",null,null,null,"9.2.1.2"]
[null,218,"Balcão de atendimento possui superfície com largura mínima de 0,90 m e altura entre 0,75 m a 0,85 m do piso, assegurando-se largura livre mínima sob a superfície de 0,80 m?",null,null,"N/A",null,null,null,"9.2.1.4"]
[null,219,"Balcão de informações possui superfície com largura mínima de 0,90 m e altura entre 0,90 m a 1,05 m do piso, assegurando-se largura livre mínima sob a superfície de 0,80 m?",null,null,"N/A",null,null,null,"9.2.3.4"]
[null,220,"Balcão de atendimento ou de informação possui  altura livre sob o tampo de no mínimo 0,73 m e profundidade livre mínima de 0,30 m, de modo que a pessoa em cadeira de rodas tenha a possibilidade de avançar sob o balcão?",null,null,"N/A",null,null,null,"9.2.1.5                     9.2.3.5"]
[null,221,"Os balcões possuem o Símbolo Internacional de Acesso próximo à parte rebaixada?",null,null,"N/A",null,null,null,"5.3.2.2"]
["AUTO-ATENDIMENTO",222,"Em áreas de atendimento, no caso de dispensers de senha ou totens de autoatendimento, estes estão localizados em área de piso nivelado e sem obstruções?",null,null,"N/A",null,null,null,"9.4.3.2"]
[null,223,"Pelo menos um desses equipamentos possui um M. R. para aproximação (frontal e alcance visual frontal ou lateral) de pessoa em cadeira de rodas?",null,null,"N/A",null,null,null,"9.4.3.4"]
[null,224,"Os controles estão localizados entre 0,80 m e 1,20 m do piso, com profundidade de no máximo 0,30 m em relação à face frontal externa do equipamento?",null,null,"N/A",null,null,null,"9.4.3.5"]
[null,225,"O equipamento apresenta instruções e informações visuais e auditivas ou táteis em posição visível, conforme Seção 5?",null,null,"N/A",null,null,null,"9.4.3.8"]
[null,226,"No caso de displays de senhas, a informação é compreensível por pessoas com deficiência, sendo apresentada de forma visual e sonora?",null,null,"N/A",null,null,null,"5.1.3"]
["BEBEDOUROS",227,"Os bebedouros estão instalados com no mínimo duas alturas diferentes de bica: 0,90 m e outra entre 1,00 m e 1,10 m em relação ao piso acabado?",null,null,"N/A",null,null,null,"8.5.1.2"]
[null,228,"O bebedouro de 0,90 m possui altura livre inferior de 0,73 m?",null,null,"N/A",null,null,null,"8.5.1.3"]
[null,229,"Há possibilidade de aproximação frontal sob o equipamento, garantido um M.R.?",null,null,"N/A",null,null,null,"8.5.1.3"]
[null,230,"Havendo copos descartáveis, estes estão entre 0,80 m e 1,20 m do piso?",null,null,"N/A",null,null,null,"8.5.2"]
[null,231,"Os outros modelos (garrafão, filtro, etc.), assim como o manuseio dos copos, estão posicionados na altura entre 0,80 m e 1,20 m do piso acabado? ",null,null,"N/A",null,null,null,"8.5.2"]
[null,232,"Estes modelos permitem a aproximação lateral de uma Pessoa com Cadeira de Rodas?",null,null,"N/A",null,null,null,"8.5.2"]
["* A ser preenchido pelo Proponente na entrega de documentação para a Mandatária / Concedente, referente a 1ª etapa de verificação (análise do Projeto Engenharia)"]
["** Será verificado pelo Convenente no Projeto Executivo de Acessibilidade"]
["*** A Mandatária verificará somente os itens inseridos na rota acessível (indicada no projeto) marcados com \"SIM\" nos instrumentos de transferência com valor de repasse acima de R$ 5 milhões."]
["N/A - Não se aplica; s-sim; n-não"]
[]
[]
[]
[]
[]
["Marcus Vinícius Vasconcelos Nascimento \nEngenheiro civil\nCREA nº 210.169.654-1\nResponsável pelo projeto e orçamento."]

{"sheet":"DECLARAÇÃO Anexo II","index":20,"n_rows":19,"n_cols":8,"rows_kept":19,"cut":false,"hidden":true,"merged":[[14,0,14,7],[18,0,18,7],[19,0,19,7],[20,0,20,7],[21,0,21,7],[1,0,1,7],[2,0,2,7],[7,0,7,7],[10,0,10,7],[12,0,12,7]]}
[]
["CODEVASF – Companhia de Desenvolvimento do Vale do São Francisco"]
[{"$f":"#REF!","v":{"$error":"#REF!"}}]
[{"$f":"'DECLARAÇÃO Anexo I'!A4","v":{"$error":"#REF!"}}]
[{"$f":"'DECLARAÇÃO Anexo I'!A5","v":{"$error":"#REF!"}},{"$nulls":6},{"$f":"'DECLARAÇÃO Anexo I'!K5","v":"Ref. SICRO 04/2023, SINAPI 08/2023, SBC 08/2023, ORSE 08/2023 deson."}]
[]
[]
["ANEXO II\nDECLARAÇÃO DE CONFORMIDADE EM ACESSIBILIDADE"]
[]
[]
["Eu, MARCUS VINÍCIUS VASCONCELOS NASCIMENTO CPF.: 791.418.624-49, DECLARO, na qualidade de Responsável Técnico pelo Projeto e ao convênio acima especificado, para fins do disposto no Anexo I da Instrução Normativa nº 02, de 09 outubro de 2017, do Ministério do Planejamento, Desenvolvimento e Gestão, que foram atendidos os itens de acessibilidade constantes da Lista de Verificação de Acessibilidade anexa."]
[]
["DECLARO, outrossim, sob as penas da lei, estar plenamente ciente do teor e da extensão desta declaração e deter plenos poderes, conhecimento técnico e informações para firmá-la."]
[]
[]
[]
[]
[]
["Marcus Vinícius Vasconcelos Nascimento \nEngenheiro civil\nCREA nº 210.169.654-1\nResponsável pelo projeto e orçamento."]

{"sheet":"DECLARAÇÃO ANEXO III","index":21,"n_rows":51,"n_cols":24,"rows_kept":51,"cut":false,"hidden":true,"merged":[[17,1,17,12],[18,1,18,12],[21,1,21,12],[26,2,26,10],[1,0,1,12],[2,0,2,12],[7,0,7,12],[10,1,10,12],[11,1,11,3],[11,4,11,6],[11,7,11,12],[12,1,12,12],[15,1,15,12],[27,14,28,14],[28,1,28,12],[34,0,35,3],[34,4,34,9],[34,10,35,12],[35,4,35,5],[35,6,35,7],[35,8,35,9],[36,0,36,2],[36,4,36,5],[36,6,36,7],[36,8,36,9],[36,10,36,12],[37,0,37,2],[37,4,37,5],[37,6,37,7],[37,8,37,9],[37,10,37,12],[38,0,38,2],[38,4,38,5],[38,6,38,7],[38,8,38,9],[38,10,38,12],[39,0,39,2],[39,4,39,5],[39,6,39,7],[39,8,39,9],[39,10,39,12],[40,0,40,2],[40,4,40,5],[40,6,40,7],[40,8,40,9],[40,10,40,12],[41,0,41,2],[41,4,41,5],[41,6,41,7],[41,8,41,9],[41,10,41,12],[42,0,42,2],[42,4,42,5],[42,6,42,7],[42,8,42,9],[42,10,42,12],[43,0,43,2],[43,4,43,5],[43,6,43,7],[43,8,43,9],[43,10,43,12],[50,0,50,12],[44,0,44,2],[44,4,44,5],[44,6,44,7],[44,8,44,9],[44,10,44,12],[45,0,45,2],[45,4,45,5],[45,6,45,7],[45,8,45,9],[45,10,45,12],[46,0,46,2],[46,4,46,5],[46,6,46,7],[46,8,46,9],[46,10,46,12]]}
[]
["CODEVASF – Companhia de Desenvolvimento do Vale do São Francisco"]
[{"$f":"'DECLARAÇÃO Anexo I'!A3","v":"ESTUDO DE VIABILIDADE TÉCNICA, ECONÔMICA E AMBIENTAL, ESTUDOS BÁSICOS, PROJETO BÁSICO E PROJETO EXECUTIVO PARA PAVIMENTAÇÃO DO RAMAL DA TOTOIA, NO ESTADO DO AMAPÁ. V1"}]
[{"$f":"'DECLARAÇÃO Anexo I'!A4","v":{"$error":"#REF!"}}]
[{"$f":"'DECLARAÇÃO Anexo I'!A5","v":{"$error":"#REF!"}},{"$nulls":11},{"$f":"'DECLARAÇÃO Anexo I'!K5","v":"Ref. SICRO 04/2023, SINAPI 08/2023, SBC 08/2023, ORSE 08/2023 deson."}]
[]
[]
["ANEXO III\nDECLARAÇÃO"]
[{"$nulls":20},"ALTERNATIVAS",null,"SELECIONADO",0]
[]
[null,"Declaro, para os devidos fins, que a alternativa de incidência da contribuição previdênciária sobre folha de pagamento para a planilha orçamentária do presente Projeto Básico de",{"$nulls":18},"OBRA TIPO",null,"SELECIONADO",2]
[null,"Engenharia foi",null,null,"DESONERADO",null,null,", pois tornou-se a mais vantajosa para esta",{"$nulls":6},"OBRA TIPO","Alternativa",null,null,{"$f":"X9","v":0},null,1,"Construção de edifícios.",null,1]
[null,"Administração Pública, uma vez que a meta estipulada alcançou uma maior área a ser ",{"$nulls":14},"1º Quartil","Médio","2º Quartil",null,2,"Construção de rodovias e ferrovias."]
[null,"beneficiada.",{"$nulls":11},"Declaro ainda que a data base de referência foi ",null,1,{"$f":"IF($X$9=1,((((((20.34/100)+1)*(1-(5.15/100)))/(1-(9.65/100)))-1)*100),IF($X$9=2,20.34,\"SELECT OPT\"))","v":"SELECT OPT"},{"$f":"IF($X$9=1,((((((22.12/100)+1)*(1-(6.65/100)))/(1-(11.15/100)))-1)*100),IF($X$9=2,22.12,\"SELECT OPT\"))","v":"SELECT OPT"},{"$f":"IF($X$9=1,((((((25/100)+1)*(1-(8.65/100)))/(1-(13.15/100)))-1)*100),IF($X$9=2,25,\"SELECT OPT\"))","v":"SELECT OPT"},null,3,"Saneamento básico."]
[{"$nulls":15},2,{"$f":"IF($X$9=1,((((((19.6/100)+1)*(1-(5.15/100)))/(1-(9.65/100)))-1)*100),IF($X$9=2,19.6,\"SELECT OPT\"))","v":"SELECT OPT"},{"$f":"IF($X$9=1,((((((20.97/100)+1)*(1-(6.65/100)))/(1-(11.15/100)))-1)*100),IF($X$9=2,20.97,\"SELECT OPT\"))","v":"SELECT OPT"},{"$f":"IF($X$9=1,((((((24.23/100)+1)*(1-(8.65/100)))/(1-(13.15/100)))-1)*100),IF($X$9=2,24.23,\"SELECT OPT\"))","v":"SELECT OPT"},null,4,"Estações e redes de energia."]
[null,{"$f":"N14&$M$5","v":"Declaro ainda que a data base de referência foi Ref. SICRO 04/2023, SINAPI 08/2023, SBC 08/2023, ORSE 08/2023 deson."},{"$nulls":13},3,{"$f":"IF($X$9=1,((((((20.76/100)+1)*(1-(5.15/100)))/(1-(9.65/100)))-1)*100),IF($X$9=2,20.76,\"SELECT OPT\"))","v":"SELECT OPT"},{"$f":"IF($X$9=1,((((((24.18/100)+1)*(1-(6.65/100)))/(1-(11.15/100)))-1)*100),IF($X$9=2,24.18,\"SELECT OPT\"))","v":"SELECT OPT"},{"$f":"IF($X$9=1,((((((26.44/100)+1)*(1-(8.65/100)))/(1-(13.15/100)))-1)*100),IF($X$9=2,26.44,\"SELECT OPT\"))","v":"SELECT OPT"},null,5,"Obras portuárias, marítmas e fluviais."]
[{"$nulls":15},4,{"$f":"IF($X$9=1,((((((24/100)+1)*(1-(5.15/100)))/(1-(9.65/100)))-1)*100),IF($X$9=2,24,\"SELECT OPT\"))","v":"SELECT OPT"},{"$f":"IF($X$9=1,((((((25.84/100)+1)*(1-(6.65/100)))/(1-(11.15/100)))-1)*100),IF($X$9=2,25.84,\"SELECT OPT\"))","v":"SELECT OPT"},{"$f":"IF($X$9=1,((((((27.86/100)+1)*(1-(8.65/100)))/(1-(13.15/100)))-1)*100),IF($X$9=2,27.86,\"SELECT OPT\"))","v":"SELECT OPT"},null,6,"Fornecimento de materiais e equipamentos."]
[null,"Em ambas planilhas orçamentárias, no cálculo do BDI adotado, foram utilizados os ",{"$nulls":13},5,{"$f":"IF($X$9=1,((((((22.8/100)+1)*(1-(5.15/100)))/(1-(9.65/100)))-1)*100),IF($X$9=2,22.8,\"SELECT OPT\"))","v":"SELECT OPT"},{"$f":"IF($X$9=1,((((((27.48/100)+1)*(1-(6.65/100)))/(1-(11.15/100)))-1)*100),IF($X$9=2,27.48,\"SELECT OPT\"))","v":"SELECT OPT"},{"$f":"IF($X$9=1,((((((30.95/100)+1)*(1-(8.65/100)))/(1-(13.15/100)))-1)*100),IF($X$9=2,30.95,\"SELECT OPT\"))","v":"SELECT OPT"}]
[null,"mesmos valores de seus componentes e, ainda, declaro que os percentuais relativos aos",{"$nulls":13},6,{"$f":"IF($X$9=1,((((((11.1/100)+1)*(1-(3.65/100)))/(1-(8.15/100)))-1)*100),IF($X$9=2,11.1,\"SELECT OPT\"))","v":"SELECT OPT"},{"$f":"IF($X$9=1,((((((14.02/100)+1)*(1-(3.65/100)))/(1-(8.15/100)))-1)*100),IF($X$9=2,14.02,\"SELECT OPT\"))","v":"SELECT OPT"},{"$f":"IF($X$9=1,((((((16.8/100)+1)*(1-(3.65/100)))/(1-(8.15/100)))-1)*100),IF($X$9=2,16.8,\"SELECT OPT\"))","v":"SELECT OPT"}]
[null,"impostos estão de acordo com o que emanam as leis pertinentes.",{"$nulls":13},"SELECIONADO",{"$f":"VLOOKUP($X$11,$P$14:$S$19,2,FALSE)","v":"SELECT OPT"},{"$f":"VLOOKUP($X$11,$P$14:$S$19,2,FALSE)","v":"SELECT OPT"},{"$f":"VLOOKUP($X$11,$P$14:$S$19,2,FALSE)","v":"SELECT OPT"}]
[]
[null,"Ademais, verificamos que as especificidades locais justificam a manutenção dos serviços SINAPI utilizados na planilha orçamentária que apresentam em suas composições, insumos que possuem sua origem de preço definida como: Atribuído São Paulo."]
[]
[null,"Para fins de verificação do BDI em relação aos limites definidos no Acórdão 2.622/2013",{"$nulls":14},"="]
[null,"do Plenário do TCU, a obra foi enquadrada como:"]
[]
[null,null,{"$f":"IF(AND($X$11<>1,$X$11<>2,$X$11<>3,$X$11<>4,$X$11<>5,$X$11<>6),\"SELECT OPT\",IF($X$11=1,$V$12,IF($X$11=2,$V$13,IF($X$11=3,$V$14,IF($X$11=4,$V$15,IF($X$11=5,$V$16,IF($X$11=6,$V$17,\"SELECT OPT\")))))))","v":"Construção de rodovias e ferrovias."}]
[{"$nulls":14},"VERIFICAÇÃO"]
[null,"Ademais, informo que o percentual de BDI adotado foi obtido a partir da fórmula abaixo,"]
[null,"seguida do memorial de cálculo do índice.",{"$nulls":12},{"$f":"IF(K37=\"\",\"NULL\",IF(AND(K37>=E37,K37<=I37),\"OK!\",\"ERRO\"))","v":"OK!"}]
[{"$nulls":14},{"$f":"IF(K38=\"\",\"NULL\",IF(AND(K38>=E38,K38<=I38),\"OK!\",\"ERRO\"))","v":"OK!"}]
[{"$nulls":14},{"$f":"IF(K39=\"\",\"NULL\",IF(AND(K39>=E39,K39<=I39),\"OK!\",\"ERRO\"))","v":"OK!"}]
[{"$nulls":14},"OK!"]
[{"$nulls":14},"OK!"]
["DESCRIÇÃO",null,null,null,"VALORES DE REFERÊNCIA",{"$nulls":5},"BDI ADOTADO",null,null,null,{"$f":"IF(K42=\"\",\"NULL\",IF(AND(K42>=E42,K42<=I42),\"OK!\",\"ERRO\"))","v":"OK!"}]
[{"$nulls":4},"1º Quartil",null,"Médio",null,"2º Quartil",{"$nulls":5},"OK!"]
["Administração Central",null,null,"(AC)",{"$f":"IF(AND($X$11<>1,$X$11<>2,$X$11<>3,$X$11<>4,$X$11<>5,$X$11<>6),\"SELECT OPT\",IF($X$11=1,3,IF($X$11=2,3.8,IF($X$11=3,3.43,IF($X$11=4,5.29,IF($X$11=5,4,IF($X$11=6,1.5,\"SELECT OPT\")))))))","v":3.8},null,{"$f":"IF(AND($X$11<>1,$X$11<>2,$X$11<>3,$X$11<>4,$X$11<>5,$X$11<>6),\"SELECT OPT\",IF($X$11=1,4,IF($X$11=2,4.01,IF($X$11=3,4.93,IF($X$11=4,5.92,IF($X$11=5,5.52,IF($X$11=6,3.45,\"SELECT OPT\")))))))","v":4.01},null,{"$f":"IF(AND($X$11<>1,$X$11<>2,$X$11<>3,$X$11<>4,$X$11<>5,$X$11<>6),\"SELECT OPT\",IF($X$11=1,5.5,IF($X$11=2,4.67,IF($X$11=3,6.71,IF($X$11=4,7.93,IF($X$11=5,7.85,IF($X$11=6,4.49,\"SELECT OPT\")))))))","v":4.67},null,3.8,null,null,null,{"$f":"IF(K44=\"\",\"NULL\",IF(AND(K44>=E44,K44<=I44),\"OK!\",\"ERRO\"))","v":"OK!"}]
["Seguro e Garantia (*)",null,null,"(S e G)",{"$f":"IF(AND($X$11<>1,$X$11<>2,$X$11<>3,$X$11<>4,$X$11<>5,$X$11<>6),\"SELECT OPT\",IF($X$11=1,0.8,IF($X$11=2,0.32,IF($X$11=3,0.28,IF($X$11=4,0.25,IF($X$11=5,0.81,IF($X$11=6,0.3,\"SELECT OPT\")))))))","v":0.32},null,{"$f":"IF(AND($X$11<>1,$X$11<>2,$X$11<>3,$X$11<>4,$X$11<>5,$X$11<>6),\"SELECT OPT\",IF($X$11=1,0.8,IF($X$11=2,0.4,IF($X$11=3,0.49,IF($X$11=4,0.51,IF($X$11=5,1.22,IF($X$11=6,0.48,\"SELECT OPT\")))))))","v":0.4},null,{"$f":"IF(AND($X$11<>1,$X$11<>2,$X$11<>3,$X$11<>4,$X$11<>5,$X$11<>6),\"SELECT OPT\",IF($X$11=1,1,IF($X$11=2,0.74,IF($X$11=3,0.75,IF($X$11=4,0.56,IF($X$11=5,1.99,IF($X$11=6,0.82,\"SELECT OPT\")))))))","v":0.74},null,0.32,null,null,null,{"$f":"IF(K45=\"\",\"NULL\",IF(AND(K45>=E45,K45<=I45),\"OK!\",\"ERRO\"))","v":"OK!"}]
["Risco",null,null,"(R) ",{"$f":"IF(AND($X$11<>1,$X$11<>2,$X$11<>3,$X$11<>4,$X$11<>5,$X$11<>6),\"SELECT OPT\",IF($X$11=1,0.97,IF($X$11=2,0.5,IF($X$11=3,1,IF($X$11=4,1,IF($X$11=5,1.46,IF($X$11=6,0.56,\"SELECT OPT\")))))))","v":0.5},null,{"$f":"IF(AND($X$11<>1,$X$11<>2,$X$11<>3,$X$11<>4,$X$11<>5,$X$11<>6),\"SELECT OPT\",IF($X$11=1,1.27,IF($X$11=2,0.56,IF($X$11=3,1.39,IF($X$11=4,1.48,IF($X$11=5,2.32,IF($X$11=6,0.85,\"SELECT OPT\")))))))","v":0.56000000000000005},null,{"$f":"IF(AND($X$11<>1,$X$11<>2,$X$11<>3,$X$11<>4,$X$11<>5,$X$11<>6),\"SELECT OPT\",IF($X$11=1,1.27,IF($X$11=2,0.97,IF($X$11=3,1.74,IF($X$11=4,1.97,IF($X$11=5,3.16,IF($X$11=6,0.89,\"SELECT OPT\")))))))","v":0.97},null,0.5]
["Despesas Financeiras",null,null,"(DF)",{"$f":"IF(AND($X$11<>1,$X$11<>2,$X$11<>3,$X$11<>4,$X$11<>5,$X$11<>6),\"SELECT OPT\",IF($X$11=1,0.59,IF($X$11=2,1.02,IF($X$11=3,0.94,IF($X$11=4,1.01,IF($X$11=5,0.94,IF($X$11=6,0.85,\"SELECT OPT\")))))))","v":1.02},null,{"$f":"IF(AND($X$11<>1,$X$11<>2,$X$11<>3,$X$11<>4,$X$11<>5,$X$11<>6),\"SELECT OPT\",IF($X$11=1,1.23,IF($X$11=2,1.11,IF($X$11=3,0.99,IF($X$11=4,1.07,IF($X$11=5,1.02,IF($X$11=6,0.85,\"SELECT OPT\")))))))","v":1.1100000000000001},null,{"$f":"IF(AND($X$11<>1,$X$11<>2,$X$11<>3,$X$11<>4,$X$11<>5,$X$11<>6),\"SELECT OPT\",IF($X$11=1,1.39,IF($X$11=2,1.21,IF($X$11=3,1.17,IF($X$11=4,1.11,IF($X$11=5,1.33,IF($X$11=6,1.11,\"SELECT OPT\")))))))","v":1.21},null,1.02]
["Lucro",null,null,"(L)",{"$f":"IF(AND($X$11<>1,$X$11<>2,$X$11<>3,$X$11<>4,$X$11<>5,$X$11<>6),\"SELECT OPT\",IF($X$11=1,6.16,IF($X$11=2,6.64,IF($X$11=3,6.74,IF($X$11=4,8,IF($X$11=5,7.14,IF($X$11=6,3.5,\"SELECT OPT\")))))))","v":6.64},null,{"$f":"IF(AND($X$11<>1,$X$11<>2,$X$11<>3,$X$11<>4,$X$11<>5,$X$11<>6),\"SELECT OPT\",IF($X$11=1,7.4,IF($X$11=2,7.3,IF($X$11=3,8.04,IF($X$11=4,8.31,IF($X$11=5,8.4,IF($X$11=6,5.11,\"SELECT OPT\")))))))","v":7.3},null,{"$f":"IF(AND($X$11<>1,$X$11<>2,$X$11<>3,$X$11<>4,$X$11<>5,$X$11<>6),\"SELECT OPT\",IF($X$11=1,8.96,IF($X$11=2,8.69,IF($X$11=3,9.4,IF($X$11=4,9.51,IF($X$11=5,10.43,IF($X$11=6,6.22,\"SELECT OPT\")))))))","v":8.69},null,6.64]
["TRIBUTOS",null,null,"(I)",{"$f":"SUM(E43:F46)","v":5.15},null,{"$f":"SUM(G43:H46)","v":6.65},null,{"$f":"SUM(I43:J46)","v":8.65},null,{"$f":"ROUND(SUM(K43:M46),2)","v":8.65}]
["COFINS",null,null,null,3,null,3,null,3,null,3]
["PIS",null,null,null,0.65,null,0.65,null,0.65,null,0.65]
["ISSQN (**)",null,null,null,{"$f":"IF(AND($X$11<>1,$X$11<>2,$X$11<>3,$X$11<>4,$X$11<>5,$X$11<>6),\"SELECT OPT\",IF($X$11=1,1.5,IF($X$11=2,1.5,IF($X$11=3,1.5,IF($X$11=4,1.5,IF($X$11=5,1.5,IF($X$11=6,0,\"SELECT OPT\")))))))","v":1.5},null,{"$f":"IF(AND($X$11<>1,$X$11<>2,$X$11<>3,$X$11<>4,$X$11<>5,$X$11<>6),\"SELECT OPT\",IF($X$11=1,3,IF($X$11=2,3,IF($X$11=3,3,IF($X$11=4,3,IF($X$11=5,3,IF($X$11=6,0,\"SELECT OPT\")))))))","v":3},null,{"$f":"IF(AND($X$11<>1,$X$11<>2,$X$11<>3,$X$11<>4,$X$11<>5,$X$11<>6),\"SELECT OPT\",IF($X$11=1,5,IF($X$11=2,5,IF($X$11=3,5,IF($X$11=4,5,IF($X$11=5,5,IF($X$11=6,0,\"SELECT OPT\")))))))","v":5},null,{"$f":"'BDI - Serviço'!B27","v":5}]
["CPRB",null,null,null,{"$f":"IF(X10=1,4.5,IF(X10=2,0,\"\"))","v":""},null,{"$f":"IF(X10=1,4.5,IF(X10=2,0,\"\"))","v":""},null,{"$f":"IF(X10=1,4.5,IF(X10=2,0,\"\"))","v":""},null,0]
["TOTAL",null,null,null,{"$f":"IF(AND($X$11<>1,$X$11<>2,$X$11<>3,$X$11<>4,$X$11<>5,$X$11<>6),\"SELECT OPT\",$Q$20)","v":"SELECT OPT"},null,{"$f":"IF(AND($X$11<>1,$X$11<>2,$X$11<>3,$X$11<>4,$X$11<>5,$X$11<>6),\"SELECT OPT\",$R$20)","v":"SELECT OPT"},null,{"$f":"IF(AND($X$11<>1,$X$11<>2,$X$11<>3,$X$11<>4,$X$11<>5,$X$11<>6),\"SELECT OPT\",$S$20)","v":"SELECT OPT"},null,{"$f":"ROUND(((((1+K37/100+K38/100+K39/100)*(1+K40/100)*(1+K41/100))/(1-K42/100))-1)*100,2)","v":23.38}]
[]
[]
[]
["Marcus Vinícius Vasconcelos Nascimento \nEngenheiro civil\nCREA nº 210.169.654-1\nResponsável pelo projeto e orçamento."]

{"sheet":"DECLARAÇÃO Anexo IV","index":22,"n_rows":19,"n_cols":8,"rows_kept":19,"cut":false,"hidden":true,"merged":[[14,0,14,7],[18,0,18,7],[19,0,19,7],[20,0,20,7],[21,0,21,7],[1,0,1,7],[2,0,2,7],[7,0,7,7],[10,0,10,7],[12,0,12,7]]}
[]
["CODEVASF – Companhia de Desenvolvimento do Vale do São Francisco"]
[{"$f":"'DECLARAÇÃO Anexo I'!A3","v":"ESTUDO DE VIABILIDADE TÉCNICA, ECONÔMICA E AMBIENTAL, ESTUDOS BÁSICOS, PROJETO BÁSICO E PROJETO EXECUTIVO PARA PAVIMENTAÇÃO DO RAMAL DA TOTOIA, NO ESTADO DO AMAPÁ. V1"}]
[{"$f":"'DECLARAÇÃO Anexo I'!A4","v":{"$error":"#REF!"}}]
[{"$f":"'DECLARAÇÃO Anexo I'!A5","v":{"$error":"#REF!"}},{"$nulls":6},{"$f":"'DECLARAÇÃO Anexo I'!K5","v":"Ref. SICRO 04/2023, SINAPI 08/2023, SBC 08/2023, ORSE 08/2023 deson."}]
[]
[]
["ANEXO IV\nDECLARAÇÃO DE SINALIZAÇÃO VIÁRIA"]
[]
[]
["Eu, MARCUS VINÍCIUS VASCONCELOS NASCIMENTO, Engenheiro Civil, CREA nº 210.169.654-1, DECLARO, como autor do projeto da obra de Sinalização de Vias Públicas referente ao Ramal da Totoia, que este foi elaborado de acordo com os manuais de \"Sinalização Vertical de Regulamentação\" - Volume I, CONTRAN/DENATRAM,  publicado por meio da Resolução Nº 180, de 26 de Agosto de 2005, e de \"Sinalização Horizontal\" - Volume IV, CONTRAM/DENATRAM, publicado por meio da Resolução Nº 236, de maio de 2007."]
[]
["DECLARO, outrossim, sob as penas da lei, estar plenamente ciente do teor e da extensão desta declaração e deter plenos poderes, conhecimento técnico e informações para firmá-la."]
[]
["Amapá-AP, 26 de novembro de 2024"]
[]
[]
[]
["Marcus Vinícius Vasconcelos Nascimento \nEngenheiro civil\nCREA nº 210.169.654-1\nResponsável pelo projeto e orçamento."]

{"sheet":"Consolidado Pavimentação","index":23,"n_rows":23,"n_cols":31,"rows_kept":23,"cut":false,"hidden":false,"merged":[]}
[1,2,3,4,5,6,7,8,9,10,11,12,13,14,15,16,17,18,19,20,21,22,23,24,25,26,27,28,29,30,31]
[null,"Valores"]
["Rótulos de Linha","Soma de Área Pista de Rolamento (m²)","Soma de Área Acostamento  (m²)","Soma de Volume de Corte (m3)","Soma de Volume de Aterro (m3)","Soma de Base Volume (m³)","Soma de SubBase Volume (m³)","Soma de Pavimento Volume (m³)","Soma de Acostamento Volume (m³)","Soma de ÁREA DE DEMOLIÇÃO DO PAVIMENTO","Soma de VOLUME DE DEMOLIÇÃO DO PAVIMENTO2","Soma de ÁREA DE SUPRESSÃO VEGETAL (m²)","Mín. de DMT M.B - ROD PAV. (Km)","Mín. de DMT TER - ROD NÃO PAV. (Km)","Mín. de DMT BASE/SUB - ROD NÃO PAV. (Km)","Soma de CERCA","Soma de Área de Demolição de Casas em Alvenaria (m²)","Soma de Área de Demolição de Casas em Madeira  (m²)","Soma de Volume de Demolição de Casas em Alvenaria  (m³)","Soma de Volume de Demolição de Casas em Madeira  (m³)2","Soma de Comprimento"]
["RAMAL A",476.4,213,397.09999999999997,56.989999999999995,103.4,103.4,23.81,6.3900000000000006,null,null,null,10.9,2.6,5.0999999999999996,null,0,null,null,null,52.67]
["RAMAL B",495.4,217,1047.67,0,106.86000000000001,106.86000000000001,24.770000000000003,6.52,null,null,null,13.5,0.08,2.5,null,0,null,null,null,52.89]
["AP 010-020",3529.3999999999996,942.00000000000011,264.65999999999991,2581.7099999999996,445.96,445.96,176.47,28.269999999999996,1952.1599999999999,97.608000000000004,3287.3,9,4.5,7,null,0,null,null,null,244.01999999999998]
["TRECHO 01",35309.399999999994,15070.666666666666,9519.5700000000033,30761.63,7556.9800000000014,7556.9700000000021,1765.4500000000007,452.14999999999884,null,null,133556.38,10.9,2.6,5.0999999999999996,11602.510000000002,1778.3999999999996,1336.5200000000002,2442.8283333333329,898.32499999999993,3809.8999999999996]
["TRECHO 02",13403.8,5867,6332.2200000000021,7991.9000000000005,2890.5999999999995,2890.5999999999995,670.16000000000031,176.02000000000021,null,null,49374.43,13.5,0.08,2.5,null,0,null,null,null,1442.5099999999998]
["TRECHO 03",4969.9999999999991,1777.6666666666665,1703.03,2821.8699999999994,1012.1499999999997,1012.1499999999997,248.49999999999997,53.329999999999991,null,null,14130.01,14.4,0.8,1.7,null,0,null,null,null,452.5]
["TRECHO 04",3768.6,1707.6666666666665,2459.6399999999994,3624.5499999999997,821.43000000000006,821.43000000000006,188.43,51.239999999999981,null,null,26612.81,14.9,1.4,1.9,null,0,null,null,null,420]
["Total Geral",61952.999999999993,25794.999999999996,21723.890000000018,47838.649999999972,12937.379999999992,12937.369999999994,3097.5900000000024,773.91999999999643,1952.1599999999999,97.608000000000004,226960.93,9,0.08,1.7,11602.510000000002,1778.3999999999996,1336.5200000000002,2442.8283333333329,898.32499999999993,6474.4899999999989]
[]
[]
[1,2,3,4,5,6,7,8,9,10,11,12,13,14,15,16,17,18,19,20,21,22,23,24,25,26,27,28,29,30,31]
[{"$f":"A3","v":"Rótulos de Linha"},{"$f":"B3","v":"Soma de Área Pista de Rolamento (m²)"},"Soma de Área Acostamento  (m²)","Soma de Volume de Corte (m3)","Soma de Volume de Aterro (m3)","Soma de Base Volume (m³)","Soma de SubBase Volume (m³)","Soma de Pavimento Volume (m³)","Soma de Acostamento Volume (m³)","Soma de ÁREA DE DEMOLIÇÃO DO PAVIMENTO","Soma de VOLUME DE DEMOLIÇÃO DO PAVIMENTO2","Soma de ÁREA DE SUPRESSÃO VEGETAL (m²)","Mín. de DMT M.B - ROD PAV. (Km)","Mín. de DMT TER - ROD NÃO PAV. (Km)","Mín. de DMT BASE/SUB - ROD NÃO PAV. (Km)","Soma de CERCA","Soma de Área de Demolição de Casas em Alvenaria (m²)","Soma de Área de Demolição de Casas em Madeira  (m²)","Soma de Volume de Demolição de Casas em Alvenaria  (m³)","Soma de Volume de Demolição de Casas em Madeira  (m³)2","Soma de Comprimento","PONDERADA. de DMT M.B - ROD PAV. (Km)","MÉDIA. de DMT M.B - ROD PAV. (Km)","PONDERADA. de DMT TER - ROD NÃO PAV. (Km)","MÉDIA de DMT TER - ROD NÃO PAV. (Km)","PONDERADA de DMT BASE/SUB - ROD NÃO PAV. (Km)","MÉDIA de DMT BASE/SUB - ROD NÃO PAV. (Km)"]
[{"$f":"A4","v":"RAMAL A"},{"$f":"B4","v":476.4},213,397.09999999999997,56.989999999999995,103.4,103.4,23.81,6.3900000000000006,0,0,0,10.9,2.6,5.0999999999999996,{"$f":"P4","v":0},{"$f":"Q4","v":0},0,{"$f":"S4","v":0},{"$f":"T4","v":0},{"$f":"U4","v":52.67},{"$f":"(B16+C16)*M16","v":7514.46},{"$f":"$V$23/($B$23+$C$23)","v":11.914069380498702},{"$f":"(E16-D16)*N16","v":-884.28599999999994},{"$f":"$X$23/($E$23-$D$23)","v":2.5788750040207185},{"$f":"(F16+G16)*O16","v":1054.68},{"$f":"$Z$23/($F$23+$G$23)","v":4.0939258930037994}]
[{"$f":"A5","v":"RAMAL B"},495.4,217,1047.67,0,106.86000000000001,106.86000000000001,24.770000000000003,6.52,0,0,0,13.5,0.08,2.5,0,{"$f":"Q5","v":0},0,0,{"$f":"T5","v":0},52.89,{"$f":"(B17+C17)*M17","v":9617.4},{"$f":"$V$23/($B$23+$C$23)","v":11.914069380498702},{"$f":"(E17-D17)*N17","v":-83.813600000000008},{"$f":"$X$23/($E$23-$D$23)","v":2.5788750040207185},{"$f":"(F17+G17)*O17","v":534.30000000000007},{"$f":"$Z$23/($F$23+$G$23)","v":4.0939258930037994}]
[{"$f":"A6","v":"AP 010-020"},3529.3999999999996,942.00000000000011,264.65999999999991,2581.7099999999996,445.96,445.96,176.47,28.269999999999996,1952.1599999999999,97.608000000000004,3287.3,9,4.5,7,0,{"$f":"Q6","v":0},0,0,{"$f":"T6","v":0},244.01999999999998,40242.6,11.914069380498702,10426.724999999999,2.5788750040207185,6243.44,4.0939258930037994]
[{"$f":"A7","v":"TRECHO 01"},35309.399999999994,15070.666666666666,9519.5700000000033,30761.63,7556.9800000000014,7556.9700000000021,1765.4500000000007,452.14999999999884,0,0,133556.38,10.9,2.6,5.0999999999999996,11602.510000000002,{"$f":"Q7","v":1778.3999999999996},1336.5200000000002,2442.8283333333329,{"$f":"T7","v":898.32499999999993},3809.8999999999996,549142.72666666657,11.914069380498702,55229.355999999992,2.5788750040207185,77081.145000000019,4.0939258930037994]
[{"$f":"A8","v":"TRECHO 02"},13403.8,5867,6332.2200000000021,7991.9000000000005,2890.5999999999995,2890.5999999999995,670.16000000000031,176.02000000000021,0,0,49374.43,13.5,0.08,2.5,0,{"$f":"Q8","v":0},0,0,{"$f":"T8","v":0},1442.5099999999998,260155.8,11.914069380498702,132.77439999999987,2.5788750040207185,14452.999999999996,4.0939258930037994]
[{"$f":"A9","v":"TRECHO 03"},4969.9999999999991,1777.6666666666665,1703.03,2821.8699999999994,1012.1499999999997,1012.1499999999997,248.49999999999997,53.329999999999991,0,0,14130.01,14.4,0.8,1.7,0,{"$f":"Q9","v":0},0,0,{"$f":"T9","v":0},452.5,97166.399999999994,11.914069380498702,895.07199999999966,2.5788750040207185,3441.309999999999,4.0939258930037994]
[{"$f":"A10","v":"TRECHO 04"},3768.6,1707.6666666666665,2459.6399999999994,3624.5499999999997,821.43000000000006,821.43000000000006,188.43,51.239999999999981,0,0,26612.81,14.9,1.4,1.9,0,{"$f":"Q10","v":0},0,0,{"$f":"T10","v":0},420,81596.373333333337,11.914069380498702,1630.8740000000003,2.5788750040207185,3121.4340000000002,4.0939258930037994]
[{"$f":"A11","v":"Total Geral"},61952.999999999993,25794.999999999996,21723.890000000018,47838.649999999972,12937.379999999992,12937.369999999994,3097.5900000000024,773.91999999999643,1952.1599999999999,97.608000000000004,226960.93,9,0.08,1.7,11602.510000000002,{"$f":"Q11","v":1778.3999999999996},1336.5200000000002,2442.8283333333329,{"$f":"T11","v":898.32499999999993},6474.4899999999989,{"$f":"SUM(V16:V22)","v":1045435.7599999999},11.914069380498702,{"$f":"SUM(X16:X22)","v":67346.701799999981},2.5788750040207185,{"$f":"SUM(Z16:Z22)","v":105929.30900000001},4.0939258930037994]

{"sheet":"Consolidado Drenagem","index":24,"n_rows":21,"n_cols":31,"rows_kept":21,"cut":false,"hidden":false,"merged":[]}
[]
[1,2,3,4,5,6,7,8,9,10,11,12,13,14,15,16,17,18,19,20,21,22,23,24,25,26,27,28,29,30,31]
[null,"Valores"]
["Rótulos de Linha","Soma de Comprimento Meio fio (m)","Soma de MEIO FIO A DESCONT. EDA 02 (m)","Soma de COMPACTAÇÃO MANUAL (m³)","Soma de ATERRO MANUAL (m³)","Soma de COMP. TUBO DE 0,80 (m)","Soma de COMP. Tubo de 1,00 (m)","Soma de COMP. Tubo de 1,50 (m)","Soma de Escavação tubulação (m³)","Soma de Aterro Tubulação (m³)","Soma de Lastro Tubulação(m³)","Soma de Quant. BSTC 800 (Und)","Soma de Quant. BSTC 1000 (Und)","Soma de Quant. BDTC 1000 (Und)","Contagem de Quant. BTTC 1000 (Und)","Soma de Quant. BTTC 1500 (Und)","Soma de Quant. PVI (Und)","Soma de Quant. DAR 40-20 (m)","Soma de Quant. DED 02-A (Und)","Soma de Quant. EDA 01-B (Und)2","Soma de Quant. EDA 01-A (Und)","Soma de Quant. DEB 240-316 (Und)","Soma de Quant. DEB 300-366 (Und)","Soma de Quant. DEB 300-551 (Und)","Soma de Quant. DEB 450-956 (Und)","Soma de COMP. DPS02","Soma de QUANT. BSD 01","Soma de Quant. BTCC 3,0 x3,0 (Und)","Soma de COMP. CORPO 3,0 X 3,0 alt 0,90 (m)"]
["Trecho 01",1078.3780952380953,3.1,161.75671428571425,18.197630357142859,101,373,84,1641.05,708.48,187.25,4,14,6,null,2,2,58.9,16,8,16,1,8,3,1,1341.15,24,2,19]
["Trecho 02",432.40571428571423,null,64.860857142857142,7.2968464285714285,54,74,null,194.5,151.65,39.39,2,7,null,null,null,1,22.57,4,4,4,1,3]
["Trecho 03",39.999999999999993,null,5.9999999999999991,0.67499999999999993,null,51,null,77.44,59.36,16.73,null,5,{"$nulls":4},3.45,1,null,1,null,3]
["Trecho 04",100.47619047619047,null,15.071428571428569,1.6955357142857141,null,26,null,40.08,30.85,8.5299999999999994,null,2,{"$nulls":4},4.5599999999999996,1,1,1,null,1]
["AP 010-020",120,null,18,2.0250000000000004,null,39,null,34.54,21.26,12.79,null,2,{"$nulls":4},2.13,1,null,1,null,1]
["Total Geral",1771.2599999999998,3.1,265.68899999999996,29.890012500000005,155,563,84,1987.61,971.6,264.69,6,30,6,null,2,3,91.61,23,13,23,2,16,3,1,1341.15,24,2,19]
[]
[{"$nulls":17},"Soma de Quant. DAR 02 (m)","Soma de Quant. EDA 01 (Und)","Soma de Quant. EDA 02(Und)","Soma de Quant. DEB 01 (Und)2","Soma de Quant. DEB 04 (Und)2","Soma de Quant. DEB 05 (Und)","Soma de Quant. DEB 08 (Und)","Soma de Quant. DEB 13 (Und)"]
[]
[1,2,3,4,5,6,7,8,9,10,11,12,13,14,15,16,17,18,19,20,21,22,23,24,25,26,27,28,29,30,31]
[{"$f":"A4","v":"Rótulos de Linha"},{"$f":"B4","v":"Soma de Comprimento Meio fio (m)"},"Soma de MEIO FIO A DESCONT. EDA 02 (m)","Soma de COMPACTAÇÃO MANUAL (m³)","Soma de ATERRO MANUAL (m³)","Soma de COMP. TUBO DE 0,80 (m)","Soma de COMP. Tubo de 1,00 (m)","Soma de COMP. Tubo de 1,50 (m)","Soma de Escavação tubulação (m³)","Soma de Aterro Tubulação (m³)","Soma de Lastro Tubulação(m³)","Soma de Quant. BSTC 800 (Und)","Soma de Quant. BSTC 1000 (Und)","Soma de Quant. BDTC 1000 (Und)","Contagem de Quant. BTTC 1000 (Und)","Soma de Quant. BTTC 1500 (Und)","Soma de Quant. PVI (Und)","Soma de Quant. DAR 40-20 (m)","Soma de Quant. DED 02-A (Und)","Soma de Quant. EDA 01-B (Und)2","Soma de Quant. EDA 01-A (Und)","Soma de Quant. DEB 240-316 (Und)","Soma de Quant. DEB 300-366 (Und)","Soma de Quant. DEB 300-551 (Und)","Soma de Quant. DEB 450-956 (Und)","Soma de COMP. DPS02","Soma de QUANT. BSD 01",{"$f":"AB4","v":"Soma de Quant. BTCC 3,0 x3,0 (Und)"},"Soma de COMP. CORPO 3,0 X 3,0 alt 0,90 (m)"]
[{"$f":"A5","v":"Trecho 01"},1078.3780952380953,3.1,161.75671428571425,18.197630357142859,101,373,84,1641.05,708.48,187.25,4,14,6,0,2,2,58.9,16,8,16,1,8,3,1,1341.15,24,{"$f":"AB5","v":2},19]
[{"$f":"A6","v":"Trecho 02"},432.40571428571423,0,64.860857142857142,7.2968464285714285,54,74,0,194.5,151.65,39.39,2,7,0,0,0,1,22.57,4,4,4,1,3,0,0,0,0,{"$f":"AB6","v":0},0]
[{"$f":"A7","v":"Trecho 03"},39.999999999999993,0,5.9999999999999991,0.67499999999999993,0,51,0,77.44,59.36,16.73,0,5,0,0,0,0,3.45,1,0,1,0,3,0,0,0,0,{"$f":"AB7","v":0},0]
[{"$f":"A8","v":"Trecho 04"},100.47619047619047,0,15.071428571428569,1.6955357142857141,0,26,0,40.08,30.85,8.5299999999999994,0,2,0,0,0,0,4.5599999999999996,1,1,1,0,1,0,0,0,0,{"$f":"AB8","v":0},0]
[{"$f":"A9","v":"AP 010-020"},120,0,18,2.0250000000000004,0,39,0,34.54,21.26,12.79,0,2,0,0,0,0,2.13,1,0,1,0,1,0,0,0,0,{"$f":"AB9","v":0},0]
[{"$f":"A10","v":"Total Geral"},1771.2599999999998,3.1,265.68899999999996,29.890012500000005,155,563,84,1987.61,971.6,264.69,6,30,6,0,2,3,91.61,23,13,23,2,16,3,1,1341.15,24,{"$f":"AB10","v":2},19]

{"sheet":"Consolidado Sinalização","index":25,"n_rows":23,"n_cols":31,"rows_kept":23,"cut":false,"hidden":false,"merged":[]}
[]
[1,2,3,4,5,6,7,8,9,10,11,12,13,14,15,16,17,18,19,20,21,22,23,24,25,26,27,28,29,30,31]
[null,"Valores"]
["Rótulos de Linha","Soma de Quant. Placa de Indicação (Un)","Soma de Quant. Regulamentação (Un)","Soma de Quant. Preferência (Un)","Soma de Quant. Placa de Advertência(Un)","Soma de Suporte Metálico (Und.)","Soma de Linha Tracejada (m)","Soma de Linha Simples (m)","Soma de Zebrado/Setas/Preferência (m²)"]
["RAMAL A",null,4,1,null,5,null,105.54000000000002]
["RAMAL B",null,4,1,null,5,null,105.84]
["AP 010-020",2,4,0,0,8,12.49,441.29]
["TRECHO 01",6,41,4,16,73,1066.5,13115.160000000002,132.11700000000002]
["TRECHO 02",1,15,2,2,21,756.95,7016.13,145.47500000000002]
["TRECHO 03",2,9,1,2,16,104.25,1857.8299999999997]
["TRECHO 04",1,2,null,null,4,166.32,1779.64,114.604]
["Total Geral",12,79,9,20,132,2106.5100000000002,24421.43,392.19600000000003]
[]
[1,2,3,4,5,6,7,8,9,10,11,12,13,14,15,16,17,18,19,20,21,22,23,24,25,26,27,28,29,30,31]
[{"$f":"A4","v":"Rótulos de Linha"},{"$f":"B4","v":"Soma de Quant. Placa de Indicação (Un)"},"Soma de Quant. Regulamentação (Un)","Soma de Quant. Preferência (Un)","Soma de Quant. Placa de Advertência(Un)","Soma de Suporte Metálico (Und.)","Soma de Linha Tracejada (m)","Soma de Linha Simples (m)","Soma de Zebrado/Setas/Preferência (m²)",0,{"$f":"K3","v":0},0,0,0,0,0,0,0,0,0,0]
[{"$f":"A5","v":"RAMAL A"},{"$f":"B5","v":0},4,1,0,5,0,105.54000000000002,0,0,0,0,0,0,0,0,0,0,0,0,0]
[{"$f":"A6","v":"RAMAL B"},0,4,1,0,5,0,105.84,0,0,0,0,0,0,0,0,0,0,0,0,0]
[{"$f":"A7","v":"AP 010-020"},2,4,0,0,8,12.49,441.29,0,0,0,0,0,0,0,0,0,0,0,0,0]
[{"$f":"A8","v":"TRECHO 01"},6,41,4,16,73,1066.5,13115.160000000002,132.11700000000002,0,0,0,0,0,0,0,0,0,0,0,0]
[{"$f":"A9","v":"TRECHO 02"},1,15,2,2,21,756.95,7016.13,145.47500000000002,0,0,0,0,0,0,0,0,0,0,0,0]
[{"$f":"A10","v":"TRECHO 03"},2,9,1,2,16,104.25,1857.8299999999997,0,0,0,0,0,0,0,0,0,0,0,0,0]
[{"$f":"A11","v":"TRECHO 04"},1,2,0,0,4,166.32,1779.64,114.604,0,0,0,0,0,0,0,0,0,0,0,0]
[{"$f":"A12","v":"Total Geral"},12,79,9,20,132,2106.5100000000002,24421.43,392.19600000000003,0,0,0,0,0,0,0,0,0,0,0,0]

{"sheet":"COTAS_SINALIZAÇÃO","index":26,"n_rows":95,"n_cols":67,"rows_kept":95,"cut":false,"hidden":false,"merged":[[3,31,3,33],[3,34,3,36],[3,38,3,40],[3,41,3,43],[2,38,2,44],[1,1,3,1],[1,53,3,53],[40,60,40,65],[41,1,41,4],[41,30,41,33],[41,40,41,43],[1,59,3,59],[1,45,3,45],[41,16,41,19],[41,49,41,52],[41,54,41,58],[3,17,3,19],[3,20,3,22],[2,31,2,37],[1,16,3,16],[0,46,1,49],[0,60,0,65],[2,2,2,8],[2,9,2,15],[0,2,0,15],[3,24,3,26],[3,27,3,29],[3,2,3,4],[3,5,3,7],[3,9,3,11],[3,12,3,14],[2,17,2,23],[2,24,2,30],[0,54,0,58],[0,16,0,30],[0,50,1,52],[0,31,0,44]]}
[null,null,"Linhas de Acostamento - LMS - (Estacas não representam o alinhamento do eixo) - 0,10m",{"$nulls":13},"Linha divisão de fluxo oposto - Linha Tracejado - LFO - Relação 1:2 - 0,10 m",{"$nulls":14},"Linha divisão de fluxo oposto - Linha Continua  - LFO - 0,10 m",{"$nulls":14},"Linha divisão de fluxo mesmo sentido - Linha Tracejado - LMS Relação 1:2",null,null,null,"Linha divisão de fluxo mesmo sentido - Linha Continua  - LMS",null,null,null,"ZEBRADO",{"$nulls":5},"SETAS DIRECIONAIS"]
[null,"Local","Comprimento Total (m)",{"$nulls":5},{"$f":"SUBTOTAL(9,I5:I28)","v":6322.29},{"$nulls":6},{"$f":"SUBTOTAL(9,P5:P28)","v":6362.0199999999995},"Local","Comprimento Total (m)",{"$nulls":5},{"$f":"(SUBTOTAL(9,X5:X29))","v":700},{"$nulls":6},{"$f":"(SUBTOTAL(9,AE5:AE29))","v":480},"Comprimento Total (m)",{"$nulls":5},{"$f":"SUBTOTAL(9,AL5:AL29)","v":5585.09},{"$nulls":6},{"$f":"SUBTOTAL(9,AS5:AS29)","v":5805.09},"Local",{"$nulls":7},"Local","Área total",{"$f":"SUBTOTAL(9,BD5:BD27)*BD3","v":31.905000000000001},{"$f":"SUBTOTAL(9,BE4:BE27)*BE3","v":65.25},{"$f":"SUBTOTAL(9,BF4:BF27)*BF3","v":22.375},{"$f":"SUBTOTAL(9,BG4:BG27)*BG3","v":92.296000000000006},"Local","Área por Unid. (m²)",1.64,5.7,2.06,2.81,4.32]
["Trecho",null,"Esquerdo",{"$nulls":6},"Direito",{"$nulls":7},"Esquerdo",{"$nulls":6},"Direito",{"$nulls":6},"Esquerdo",{"$nulls":6},"Direito",{"$nulls":7},"Comprimento Total (m)",null,null,{"$f":"(SUBTOTAL(9,AX5:AX33))","v":914.02},null,null,{"$f":"SUBTOTAL(9,BA5:BA28)","v":282.44},null,"Espessura da Linha (m)",0.1,0.4,0.1,0.4,null,"Área total (m²)",{"$f":"BJ5*BJ2","v":16.399999999999999},{"$f":"BK5*BK2","v":79.8},{"$f":"BL5*BL2","v":32.96},{"$f":"BM5*BM2","v":25.29},{"$f":"BN5*BN2","v":25.92}]
["Trecho 1",null,"Est. Inicial",null,null,"Est. Final",null,null,"Comp. Total","Est. Inicial",null,null,"Est. Final",null,null,"Comp. Total",null,"Est. Inicial",null,null,"Est. Final",null,null,"Comp. Total","Est. Inicial",null,null,"Est. Final",null,null,"Comp. Total","Est. Inicial",null,null,"Est. Final",null,null,"Comp. Total","Est. Inicial",null,null,"Est. Final",null,null,"Comp. Total",null,"Local","Esquerda","Direita","Comp. Total","Esquerda","Direita","Comp. Total",null,"LOCAL/TIPO","ZEB. BRANCO ","ZEB. BRANCO ","ZEB. AMAR.","ZEB. AMAR.",null,"TIPO","Siga em Frente","Mudança. Obrigatória de faixa - MOF","Vire Dir/Esq.","Sig. Em Frente ou vire Esq./Dir.","Dê a preferência"]
["Trecho 1","AP-010/020",{"$nulls":7},0,"+",0,0,"+",12.49,{"$f":"(M5-J5)*20+O5-L5","v":12.49},"AP-010/020",{"$nulls":14},2,"+",0,7,"+",10,{"$f":"(AI5-AF5)*20+AK5-AH5","v":110},2,"+",0,7,"+",10,{"$f":"(AP5-AM5)*20+AR5-AO5","v":110},"TRECHO 01","INTERSEÇÃO 01        AP-010/020/TR 01",56.56,20.010000000000002,{"$f":"AV5+AW5","v":76.570000000000007},null,null,{"$f":"AY5+AZ5","v":0},"TRECHO 01","INTERSEÇÃO 01                  AP-010/020/TR 01",{"$f":"10.64+9.44+10+27.11","v":57.19},10.63,{"$f":"23.02+17.31+20.24+20.26","v":80.83},{"$f":"((3.99+1.17)/2)*9","v":23.22},null,"LOCAL/QUANT.",{"$f":"SUBTOTAL(9,BJ6:BJ8)","v":10},{"$f":"SUBTOTAL(9,BK6:BK8)","v":14},16,9,6]
["Trecho 1","TRECHO 01",0,"+",0,101,"+",19.190000000000001,{"$f":"(F6-C6)*20+H6-E6","v":2039.19},0,"+",0,196,"+",5.49,{"$f":"(M6-J6)*20+O6-L6","v":3925.49},"AP-010/020",{"$nulls":14},9,"+",0,14,"+",4.4000000000000004,104.4,9,"+",0,14,"+",4.4000000000000004,{"$f":"(AP6-AM6)*20+AR6-AO6","v":104.4},"TRECHO 01","INTERSEÇÃO 01       AP-010/020/TR 01",57.13,30,87.13,null,30,{"$f":"AY6+AZ6","v":30},"TRECHO 01","INTERSEÇÃO 01                  AP-010/020/TR 01",null,{"$f":"((3.82+0.48)/2)*3","v":6.4499999999999993},null,{"$f":"((3.85+1.36)/2)*6","v":15.629999999999999},"TRECHO 01","INTERSEÇÃO 01         AP-010/020/TR 01",4,5,6,2,2]
["Trecho 1","TRECHO 02",0,"+",0,82,"+",12.07,1652.07,{"$nulls":7},"TRECHO 01",{"$nulls":14},1,"+",0,93,"+",16.96,1856.96,1,"+",0,93,"+",16.96,{"$f":"(AP7-AM7)*20+AR7-AO7","v":1856.96},"TRECHO 01","INTERSEÇÃO 01       AP-010/020/TR 01",59.13,59.51,118.64,null,null,0,"TRECHO 01","INTERSEÇÃO 01                  AP-010/020/TR 01",null,{"$f":"((1.25+0.78)/2)*3","v":3.0450000000000004},null,{"$f":"((3.57+1.26)/2)*9","v":21.734999999999999},"TRECHO 02","INTERSEÇÃO 2        TR01/TR02",4,5,5,4,2]
["Trecho 1","TRECHO 01",0,"+",0,17,"+",6.51,{"$f":"(F8-C8)*20+H8-E8","v":346.51},{"$nulls":7},"TRECHO 01",{"$nulls":14},95,"+",{"$f":"20-8.1","v":11.9},130,"+",0,{"$f":"(AI8-AF8)*20+AK8-AH8","v":688.1},95,"+",{"$f":"20-8.1","v":11.9},130,"+",0,{"$f":"(AP8-AM8)*20+AR8-AO8","v":688.1},"TRECHO 01","ROTATÓRIA 1",null,9.85,9.85,{"$f":"19.65+11.47+9.73","v":40.849999999999994},null,40.849999999999994,"TRECHO 01","INTERSEÇÃO 01                  AP-010/020/TR 01",{"$f":"9.7+10.7+6+18.45","v":44.849999999999994},{"$f":"((0.96+1.79)/2)*4","v":5.5},null,{"$f":"((3.42+1.36)/2)*6","v":14.34},"TRECHO 04","INTERSEÇÃO 3           TR-03/TR-04",2,4,5,3,2]
[null,"TRECHO 02",0,"+",0,68,"+",9.51,{"$f":"(F9-C9)*20+H9-E9","v":1369.51},0,"+",0,75,"+",19.760000000000002,{"$f":"(M9-J9)*20+O9-L9","v":1519.76},"TRECHO 01",{"$nulls":7},130,"+",0,145,"+",0,{"$f":"(AB9-Y9)*20+AD9-AA9","v":300},130,"+",0,145,"+",0,300,{"$nulls":7},"TRECHO 01","ROTATÓRIA 1",{"$f":"31.9+23.79+19.7","v":75.39},null,75.39,null,null,0,"TRECHO 01","INTERSEÇÃO 01                  AP-010/020/TR 01",null,{"$f":"1.51+1.92+2.98+1.5","v":7.91},null,{"$f":"((3.57+1.3)/2)*9","v":21.914999999999999}]
[null,"TRECHO 03",0,"+",0,22,"+",11.94,{"$f":"(F10-C10)*20+H10-E10","v":451.94},0,"+",0,24,"+",0.15,{"$f":"(M10-J10)*20+O10-L10","v":480.15},"TRECHO 01",{"$nulls":14},145,"+",0,149,"+",0,80,145,"+",0,149,"+",0,{"$f":"(AP10-AM10)*20+AR10-AO10","v":80},"TRECHO 01","ROTATÓRIA 1",9.5500000000000007,null,9.5500000000000007,null,null,0,"TRECHO 02","INTERSEÇÃO 2         TR01/TR02",null,{"$f":"((3.72+1.19)/2)*5","v":12.275},{"$f":"19.78+20.25","v":40.03},{"$f":"((3.24+1.3)/2)*7","v":15.89}]
[null,"TRECHO 04",0,"+",0,23,"+",3.07,{"$f":"(F11-C11)*20+H11-E11","v":463.07},0,"+",0,21,"+",4.13,{"$f":"(M11-J11)*20+O11-L11","v":424.13},"TRECHO 01",149,"+",0,165,"+",0,{"$f":"(U11-R11)*20+W11-T11","v":320},{"$nulls":14},149,null,0,165,null,0,{"$f":"(AP11-AM11)*20+AR11-AO11","v":320},"TRECHO 01","ROTATÓRIA 1",9.3699999999999992,null,9.3699999999999992,null,null,0,"TRECHO 02","INTERSEÇÃO 2         TR01/TR02",{"$f":"11.65+17.37+10.08","v":39.1},{"$f":"((3.25+2.83)/2)*5","v":15.2},null,{"$f":"((3.57+1.3)/2)*9","v":21.914999999999999}]
[{"$nulls":16},"TRECHO 01",{"$nulls":14},165,"+",0,171,"+",5.72,{"$f":"(AI12-AF12)*20+AK12-AH12","v":125.72},165,"+",0,171,"+",5.72,{"$f":"(AP12-AM12)*20+AR12-AO12","v":125.72},"TRECHO 02","ROTATÓRIA 2",null,9.93,9.93,{"$f":"17.28+12.89+10.67","v":40.840000000000003},null,40.840000000000003,"TRECHO 02","INTERSEÇÃO 2         TR01/TR02",null,{"$f":"((5.39+2.1)/2)*3","v":11.234999999999999},null,{"$f":"((4.03+1.15)/2)*7","v":18.13}]
[{"$nulls":16},"TRECHO 01",{"$nulls":14},173,"+",0,177,"+",0,80,173,"+",0,177,"+",0,{"$f":"(AP13-AM13)*20+AR13-AO13","v":80},"TRECHO 02","ROTATÓRIA 2",{"$f":"31.9+23.79+19.7","v":75.39},null,75.39,null,null,0,"TRECHO 02","INTERSEÇÃO 2         TR01/TR02",null,{"$f":"3.79+2.03","v":5.82},{"$f":"20.3+20.46","v":40.760000000000005},{"$f":"((3.87+1.66)/2)*6","v":16.59}]
[{"$nulls":16},"TRECHO 01",{"$nulls":7},177,"+",0,180,"+",0,{"$f":"(AB14-Y14)*20+AD14-AA14","v":60},177,"+",0,180,"+",0,60,{"$nulls":7},"TRECHO 02","ROTATÓRIA 2",9.93,null,9.93,null,null,0,"TRECHO 02","INTERSEÇÃO 2         TR01/TR02",null,{"$f":"((2+0.9)/2)*5","v":7.25}]
[{"$nulls":16},"TRECHO 01",{"$nulls":14},180,"+",0,186,"+",5.78,125.78,180,"+",0,186,"+",5.78,{"$f":"(AP15-AM15)*20+AR15-AO15","v":125.78},"TRECHO 02","ROTATÓRIA 2",9.89,null,9.89,null,null,0,"TRECHO 02","INTERSEÇÃO 2         TR01/TR02",null,{"$f":"5.33+1.1","v":6.43}]
[{"$nulls":16},"TRECHO 01",{"$nulls":14},188,"+",0,191,"+",10,70,188,"+",0,191,"+",10,70,"TRECHO 02","INTERSEÇÃO 2       TR01/TR02",null,48.12,48.12,null,4.0199999999999996,4.0199999999999996,"TRECHO 02","INTERSEÇÃO 2         TR01/TR02",null,{"$f":"((3.01+2.42)/2)*5","v":13.574999999999999}]
[{"$nulls":16},"TRECHO 02",{"$nulls":14},193,"+",0,198,"+",0,100,193,"+",0,198,"+",0,100,"TRECHO 02","INTERSEÇÃO 2       TR01/TR02",null,13.76,13.76,null,13.76,13.76,"TRECHO 02","INTERSEÇÃO 2         TR01/TR02",{"$f":"34.82+14.36+26.1","v":75.28},{"$f":"((3.25+1.74)/2)*3","v":7.4850000000000003}]
[{"$nulls":16},"TRECHO 02",198,"+",0,212,"+",0,{"$f":"(U18-R18)*20+W18-T18","v":280},{"$nulls":13},0,198,"+",0,212,"+",0,280,"TRECHO 02","INTERSEÇÃO 2       TR01/TR02",28.54,null,28.54,26.32,null,26.32,"TRECHO 04","INTERSEÇÃO 3             TR-03/TR-04",null,{"$f":"((8.41+7.52)/2)*3","v":23.895},null,{"$f":"((4.22+1.75)/2)*4","v":11.94}]
[{"$nulls":16},"TRECHO 02",{"$nulls":14},212,"+",0,219,"+",0,140,212,"+",0,219,"+",0,140,"TRECHO 02","INTERSEÇÃO 2       TR01/TR02",null,32.81,32.81,null,null,0,"TRECHO 04","INTERSEÇÃO 3             TR-03/TR-04",{"$f":"6.75+9.67+11.57+22.79","v":50.78},{"$f":"2.07+1.75","v":3.82},{"$f":"14.07+7.76","v":21.83},{"$f":"4.11+2.77","v":6.8800000000000008}]
[{"$nulls":16},"TRECHO 02",219,"+",0,224,"+",0,{"$f":"(U20-R20)*20+W20-T20","v":100},{"$nulls":13},0,219,"+",0,224,"+",0,100,"TRECHO 02","INTERSEÇÃO 2       TR01/TR02",null,28.58,28.58,53.09,32.72,85.81,"TRECHO 04","INTERSEÇÃO 3             TR-03/TR-04",null,{"$f":"8.1+2.01","v":10.11},null,{"$f":"((4.06+0.89)/2)*9","v":22.274999999999999}]
[{"$nulls":16},"TRECHO 02",{"$nulls":14},224,"+",0,232,"+",0,160,224,"+",0,232,"+",0,160,"TRECHO 03","ROTATÓRIA 3",null,9.69,9.69,null,null,0,"TRECHO 04","INTERSEÇÃO 3             TR-03/TR-04",{"$f":"25.1+7.85+8.65+10.25","v":51.85},{"$f":"((1.67+1.9)/2)*7","v":12.494999999999999},{"$f":"20.06+20.24","v":40.299999999999997},{"$f":"((3.86+1.21)/2)*8","v":20.28}]
[{"$nulls":16},"TRECHO 02",{"$nulls":7},232,"+",0,238,"+",0,{"$f":"(AB22-Y22)*20+AD22-AA22","v":120},232,"+",0,238,"+",0,120,{"$nulls":7},"TRECHO 03","ROTATÓRIA 3",{"$f":"31.9+23.79+19.7","v":75.39},null,75.39,{"$f":"19.01+13.04+8.79","v":40.839999999999996},null,40.839999999999996]
[{"$nulls":16},"TRECHO 02",{"$nulls":14},238,"+",0,259,"+",{"$f":"20-2.13","v":17.87},437.87,238,"+",0,259,"+",{"$f":"20-2.13","v":17.87},{"$f":"(AP23-AM23)*20+AR23-AO23","v":437.87},"TRECHO 03","ROTATÓRIA 3",9.56,null,9.56,null,null,0]
["Trecho 1",{"$nulls":15},"TRECHO 02",{"$nulls":14},261,"+",{"$f":"20-7.15","v":12.85},264,"+",17,64.150000000000006,261,"+",{"$f":"20-7.15","v":12.85},264,"+",17,64.150000000000006,"TRECHO 03","ROTATÓRIA 3",9.61,null,9.61,null,null,0]
["Trecho 1",{"$nulls":15},"TRECHO 03",{"$nulls":14},265,"+",{"$f":"20-15.45","v":4.5500000000000007},285,"+",0,395.45,265,"+",{"$f":"20-15.45","v":4.5500000000000007},285,"+",0,395.45,"TRECHO 04","INTERSEÇÃO 3       TR0-03/TR-04",null,25.47,25.47,null,23.47,{"$f":"AY30+AZ30","v":0}]
["Trecho 1",{"$nulls":15},"TRECHO 03",{"$nulls":14},286,"+",0,288,"+",7,47,286,"+",0,288,"+",7,47,"TRECHO 04","INTERSEÇÃO 3       TR0-03/TR-04",null,15.44,15.44,null,null,{"$f":"AY31+AZ31","v":0}]
["Trecho 1",{"$nulls":15},"TRECHO 04",{"$nulls":14},289,"+",{"$f":"20-13.97","v":6.0299999999999994},310,"+",0,413.97,289,"+",{"$f":"20-13.97","v":6.0299999999999994},310,"+",0,413.97,"TRECHO 04","INTERSEÇÃO 3       TR0-03/TR-04",16.5,19.010000000000002,35.510000000000005,19.12,null,{"$f":"AY32+AZ32","v":0}]
["Trecho 1",{"$nulls":15},"RAMAL A",{"$nulls":14},0,"+",17.41,3,"+",10.18,52.77000000000001,0,"+",17.41,3,"+",10.18,52.77000000000001,"TRECHO 04","INTERSEÇÃO 3      TR0-03/TR-04",53,36.9,89.9,9.61,12.3,{"$f":"AY33+AZ33","v":0}]
["Trecho 1",{"$nulls":15},"RAMAL B",{"$nulls":14},0,"+",17.5,3,"+",10.42,52.92,0,"+",17.5,3,"+",10.42,52.92]
["Trecho 1"]
["Trecho 1"]
["Trecho 1"]
["Trecho 1"]
["Trecho 1"]
["Trecho 1"]
["Trecho 2"]
["Trecho 2"]
["Trecho 2"]
["Trecho 2"]
["Trecho 2"]
["Trecho 2",{"$nulls":59},"SETAS DIRECIONAIS"]
["Trecho 2","Linhas de Acostamento - LMS - (Estacas não representam o alinhamento do eixo) - 0,10m",{"$nulls":14},"Linha divisão de fluxo oposto - Linha Tracejado - LFO - Relação 1:2 - 0,10 m",{"$nulls":13},"Linha divisão de fluxo oposto - Linha Continua  - LFO - 0,10 m",{"$nulls":9},"Linha divisão de fluxo mesmo sentido - Linha Tracejado - LMS Relação 1:2",{"$nulls":8},"Linha divisão de fluxo mesmo sentido - Linha Continua  - LMS",{"$nulls":4},"ZEBRADO",{"$nulls":5},"Área por unidade (m²)",1.64,5.7,2.06,2.81,4.32]
["Trecho 2",null,"Comp. Total","Comp. Total",{"$nulls":13},"Comp. Total","Comp. Total","Comp. Total",{"$nulls":11},"Comp. Total","Comp. Total","Comp. Total",{"$nulls":7},"Comp. Total","Comp. Total","Comp. Total",{"$nulls":6},"Comp. Total","Comp. Total","Comp. Total",null,"Espessura da Linha (m)",0.1,0.4,0.1,0.4,null,"Local","Siga em Frente","Mudança. Obrigatória de faixa - MOF","Vire Dir/Esq.","Sig. Em Frente ou vire Esq./Dir.","Dê a preferência"]
["Trecho 2","Local","Esquerdo","Direito","Total",{"$nulls":11},"Local",{"$f":"R3","v":"Esquerdo"},{"$f":"Y3","v":"Direito"},"Total",{"$nulls":10},"Local","Esquerdo","Direito","Total",{"$nulls":6},"Local","Esquerdo","Direito","Total",{"$nulls":5},"Local","Esquerdo","Direito","Total",null,"Local","ZEB. BRANCO - 0,10","ZEB. BRANCO - 0,4","ZEB. AMAR. -0,10","ZEB. AMAR. -0,40",null,"TRECHO 01",{"$f":"BJ6","v":4},{"$f":"BK6","v":5},6,2,2]
["Trecho 2","AP-010/020",null,12.49,{"$f":"C45+D45","v":12.49},{"$nulls":11},{"$f":"Q5","v":"AP-010/020"},{"$f":"X5","v":0},{"$f":"AE5","v":0},{"$f":"R45+S45","v":0},{"$nulls":10},"AP-010/020",{"$f":"AL5","v":110},{"$f":"AS5","v":110},{"$f":"AF45+AG45","v":220},{"$nulls":6},"TRECHO 01",{"$f":"AV5","v":56.56},{"$f":"AW5","v":20.010000000000002},{"$f":"AP45+AQ45","v":76.570000000000007},{"$nulls":5},"TRECHO 01",{"$f":"AY5","v":0},{"$f":"AZ5","v":0},{"$f":"AY45+AZ45","v":0},null,{"$f":"BB5","v":"TRECHO 01"},{"$f":"BD5","v":57.19},{"$f":"BE5","v":10.63},{"$f":"BF5","v":80.83},{"$f":"BG5","v":23.22},null,"TRECHO 02",{"$f":"BJ7","v":4},5,5,4,2]
[null,"TRECHO 01",2039.19,3925.49,{"$f":"C46+D46","v":5964.68},{"$nulls":11},{"$f":"Q6","v":"AP-010/020"},{"$f":"X6","v":0},{"$f":"AE6","v":0},{"$f":"R46+S46","v":0},{"$nulls":10},"AP-010/020",104.4,104.4,{"$f":"AF46+AG46","v":208.8},{"$nulls":6},"TRECHO 01",57.13,30,{"$f":"AP46+AQ46","v":87.13},{"$nulls":5},"TRECHO 01",{"$f":"AY6","v":0},30,{"$f":"AY46+AZ46","v":30},null,{"$f":"BB6","v":"TRECHO 01"},{"$f":"BD6","v":0},6.4499999999999993,0,15.629999999999999,null,"TRECHO 04",2,4,5,3,2]
[null,"TRECHO 02",1652.07,null,1652.07,{"$nulls":11},"TRECHO 01",0,0,0,{"$nulls":10},"TRECHO 01",1856.96,1856.96,3713.92,{"$nulls":6},"TRECHO 01",59.13,59.51,118.64,{"$nulls":5},"TRECHO 01",{"$f":"AY7","v":0},0,0,null,"TRECHO 01",{"$f":"BD7","v":0},3.0450000000000004,0,21.734999999999999,null,"TIPO","Siga em Frente","Mudança. Obrigatória de faixa - MOF","Vire Dir/Esq.","Sig. Em Frente ou vire Esq./Dir.","Dê a preferência","Total"]
[null,"TRECHO 01",346.51,null,346.51,{"$nulls":11},"TRECHO 01",0,0,0,{"$nulls":10},"TRECHO 01",688.1,688.1,1376.2,{"$nulls":6},"TRECHO 01",0,9.85,9.85,{"$nulls":5},"TRECHO 01",{"$f":"AY8","v":40.849999999999994},0,40.849999999999994,null,"TRECHO 01",{"$f":"BD8","v":44.849999999999994},5.5,0,14.34,null,"TRECHO 01",{"$f":"BJ44*$BJ$42","v":6.56},{"$f":"BK44*$BK$42","v":28.5},{"$f":"BL44*$BL$42","v":12.36},{"$f":"BM44*$BM$42","v":5.62},{"$f":"BN44*$BN$42","v":8.64},{"$f":"SUM(BJ48:BN48)","v":61.68}]
[null,"TRECHO 02",1369.51,1519.76,2889.27,{"$nulls":11},"TRECHO 01",0,300,300,{"$nulls":10},"TRECHO 01",300,0,300,{"$nulls":6},"TRECHO 01",75.39,0,75.39,{"$nulls":5},"TRECHO 01",{"$f":"AY9","v":0},0,0,null,"TRECHO 01",{"$f":"BD9","v":0},7.91,0,21.914999999999999,null,"TRECHO 02",{"$f":"BJ45*$BJ$42","v":6.56},{"$f":"BK45*$BK$42","v":28.5},{"$f":"BL45*$BL$42","v":10.3},{"$f":"BM45*$BM$42","v":11.24},{"$f":"BN45*$BN$42","v":8.64},{"$f":"SUM(BJ49:BN49)","v":65.240000000000009}]
[null,"TRECHO 03",451.94,480.15,932.08999999999992,{"$nulls":11},"TRECHO 01",0,0,0,{"$nulls":10},"TRECHO 01",80,80,160,{"$nulls":6},"TRECHO 01",9.5500000000000007,0,9.5500000000000007,{"$nulls":5},"TRECHO 01",{"$f":"AY10","v":0},0,0,null,"TRECHO 02",{"$f":"BD10","v":0},12.275,40.03,15.89,null,"TRECHO 04",{"$f":"BJ46*$BJ$42","v":3.28},{"$f":"BK46*$BK$42","v":22.8},{"$f":"BL46*$BL$42","v":10.3},{"$f":"BM46*$BM$42","v":8.43},{"$f":"BN46*$BN$42","v":8.64},53.45]
[null,"TRECHO 04",463.07,424.13,887.2,{"$nulls":11},"TRECHO 01",320,0,320,{"$nulls":10},"TRECHO 01",0,320,320,{"$nulls":6},"TRECHO 01",9.3699999999999992,0,9.3699999999999992,{"$nulls":5},"TRECHO 01",{"$f":"AY11","v":0},0,0,null,"TRECHO 02",{"$f":"BD11","v":39.1},15.2,0,21.914999999999999,null,"Área total (m²)",{"$f":"SUM(BJ48:BJ50)","v":16.399999999999999},{"$f":"SUM(BK48:BK50)","v":79.8},{"$f":"SUM(BL48:BL50)","v":32.96},{"$f":"SUM(BM48:BM50)","v":25.29},25.92,180.37]
[{"$nulls":16},"TRECHO 01",0,0,0,{"$nulls":10},"TRECHO 01",125.72,125.72,251.44,{"$nulls":6},"TRECHO 02",0,9.93,9.93,{"$nulls":5},"TRECHO 02",{"$f":"AY12","v":40.840000000000003},0,40.840000000000003,null,"TRECHO 02",{"$f":"BD12","v":0},11.234999999999999,0,18.13]
[{"$nulls":16},"TRECHO 01",0,0,0,{"$nulls":10},"TRECHO 01",80,80,160,{"$nulls":6},"TRECHO 02",75.39,0,75.39,{"$nulls":5},"TRECHO 02",{"$f":"AY13","v":0},0,0,null,"TRECHO 02",{"$f":"BD13","v":0},5.82,40.760000000000005,16.59]
[{"$nulls":16},"TRECHO 01",0,60,60,{"$nulls":10},"TRECHO 01",60,0,60,{"$nulls":6},"TRECHO 02",9.93,0,9.93,{"$nulls":5},"TRECHO 02",{"$f":"AY14","v":0},0,0,null,"TRECHO 02",{"$f":"BD14","v":0},7.25,0,0]
[null,"Rótulos de Linha","Soma de Esquerdo","Soma de Direito","Soma de Total",{"$nulls":11},"TRECHO 01",0,0,0,{"$nulls":10},"TRECHO 01",125.78,125.78,251.56,{"$nulls":6},"TRECHO 02",9.89,0,9.89,{"$nulls":5},"TRECHO 02",{"$f":"AY15","v":0},0,0,null,"TRECHO 02",{"$f":"BD15","v":0},6.43,0,0]
[null,"AP-010/020",null,12.49,12.49,{"$nulls":11},"TRECHO 01",0,0,0,{"$nulls":10},"TRECHO 01",70,70,140,{"$nulls":6},"TRECHO 02",0,48.12,48.12,{"$nulls":5},"TRECHO 02",{"$f":"AY16","v":0},4.0199999999999996,4.0199999999999996,null,"TRECHO 02",{"$f":"BD16","v":0},13.574999999999999,0,0]
[null,"TRECHO 01",2385.6999999999998,3925.49,6311.1900000000005,{"$nulls":11},"TRECHO 02",0,0,0,{"$nulls":10},"TRECHO 02",100,100,200,{"$nulls":6},"TRECHO 02",0,13.76,13.76,{"$nulls":5},"TRECHO 02",{"$f":"AY17","v":0},13.76,13.76,null,"TRECHO 02",{"$f":"BD17","v":75.28},7.4850000000000003,0,0]
[null,"TRECHO 02",3021.58,1519.76,4541.34,{"$nulls":11},"TRECHO 02",280,0,280,{"$nulls":10},"TRECHO 02",0,280,280,{"$nulls":6},"TRECHO 02",28.54,0,28.54,{"$nulls":5},"TRECHO 02",{"$f":"AY18","v":26.32},0,26.32,null,"TRECHO 04",{"$f":"BD18","v":0},23.895,0,11.94]
[null,"TRECHO 03",451.94,480.15,932.08999999999992,{"$nulls":11},"TRECHO 02",0,0,0,{"$nulls":10},"TRECHO 02",140,140,280,{"$nulls":6},"TRECHO 02",0,32.81,32.81,{"$nulls":5},"TRECHO 02",{"$f":"AY19","v":0},0,0,null,"TRECHO 04",{"$f":"BD19","v":50.78},3.82,21.83,6.8800000000000008]
[null,"TRECHO 04",463.07,424.13,887.2,{"$nulls":11},"TRECHO 02",100,0,100,{"$nulls":10},"TRECHO 02",0,100,100,{"$nulls":6},"TRECHO 02",0,28.58,28.58,{"$nulls":5},"TRECHO 02",{"$f":"AY20","v":53.09},32.72,85.81,null,"TRECHO 04",{"$f":"BD20","v":0},10.11,0,22.274999999999999]
[null,"Total Geral",6322.2899999999991,6362.0199999999995,12684.310000000001,{"$nulls":11},"TRECHO 02",0,0,0,{"$nulls":10},"TRECHO 02",160,160,320,{"$nulls":6},"TRECHO 03",0,9.69,9.69,{"$nulls":5},"TRECHO 03",{"$f":"AY21","v":0},0,0,null,"TRECHO 04",{"$f":"BD21","v":51.85},12.494999999999999,40.299999999999997,20.28]
[{"$nulls":16},"TRECHO 02",0,120,120,{"$nulls":10},"TRECHO 02",120,0,120,{"$nulls":6},"TRECHO 03",75.39,0,75.39,{"$nulls":5},"TRECHO 03",{"$f":"AY22","v":40.839999999999996},0,40.839999999999996]
[{"$nulls":16},"TRECHO 02",0,0,0,{"$nulls":10},"TRECHO 02",437.87,437.87,875.74,{"$nulls":6},"TRECHO 03",9.56,0,9.56,{"$nulls":5},"TRECHO 03",{"$f":"AY23","v":0},0,0,null,"Rótulos de Linha","Soma de ZEB. BRANCO - 0,10","Soma de ZEB. BRANCO - 0,4","Soma de ZEB. AMAR. -0,10","Soma de ZEB. AMAR. -0,40"]
[{"$nulls":16},{"$f":"Q24","v":"TRECHO 02"},{"$f":"X24","v":0},{"$f":"AE24","v":0},0,{"$nulls":10},"TRECHO 02",64.150000000000006,64.150000000000006,128.30000000000001,{"$nulls":6},"TRECHO 03",9.61,0,9.61,{"$nulls":5},"TRECHO 03",{"$f":"AY24","v":0},0,0,null,"TRECHO 01",102.03999999999999,33.534999999999997,80.83,96.84]
[{"$nulls":16},"TRECHO 03",{"$f":"X25","v":0},{"$f":"AE25","v":0},0,{"$nulls":10},"TRECHO 03",395.45,395.45,790.9,{"$nulls":6},"TRECHO 04",0,25.47,25.47,{"$nulls":5},"TRECHO 04",{"$f":"AY25","v":0},23.47,23.47,null,"TRECHO 02",114.38,79.27,80.790000000000006,72.525000000000006]
[{"$nulls":16},"TRECHO 03",0,0,0,{"$nulls":10},"TRECHO 03",47,47,94,{"$nulls":6},"TRECHO 04",0,15.44,15.44,{"$nulls":5},"TRECHO 04",{"$f":"AY26","v":0},0,0,null,"TRECHO 04",102.63,50.32,62.129999999999995,61.375]
[{"$nulls":16},{"$f":"Q27","v":"TRECHO 04"},{"$f":"X27","v":0},{"$f":"AE27","v":0},0,{"$nulls":10},"TRECHO 04",413.97,413.97,827.94,{"$nulls":6},"TRECHO 04",16.5,19.010000000000002,35.510000000000005,{"$nulls":5},"TRECHO 04",{"$f":"AY27","v":19.12},0,19.12,null,"Total Geral",319.04999999999995,163.125,223.75,230.74]
[{"$nulls":16},"RAMAL A",{"$f":"X28","v":0},{"$f":"AE28","v":0},0,{"$nulls":10},"RAMAL A",52.77000000000001,52.77000000000001,105.54000000000002,{"$nulls":6},"TRECHO 04",53,36.9,89.9,{"$nulls":5},"TRECHO 04",{"$f":"AY28","v":9.61},12.3,21.91]
[{"$nulls":16},{"$f":"Q29","v":"RAMAL B"},{"$f":"X29","v":0},{"$f":"AE29","v":0},0,{"$nulls":10},"RAMAL B",52.92,52.92,105.84,{"$nulls":20},{"$f":"BC63","v":"Rótulos de Linha"},{"$f":"BD63","v":"Soma de ZEB. BRANCO - 0,10"},"Soma de ZEB. BRANCO - 0,4","Soma de ZEB. AMAR. -0,10","Soma de ZEB. AMAR. -0,40"]
[{"$nulls":40},"Rótulos de Linha","Soma de Esquerdo","Soma de Direito","Soma de Total",{"$nulls":5},"Rótulos de Linha","Soma de Esquerdo","Soma de Direito","Soma de Total",null,{"$f":"BC64","v":"TRECHO 01"},102.03999999999999,33.534999999999997,80.83,96.84]
[{"$nulls":16},"Rótulos de Linha","Soma de Esquerdo","Soma de Direito","Soma de Total",{"$nulls":10},"Rótulos de Linha","Soma de Esquerdo","Soma de Direito","Soma de Total",{"$nulls":6},"TRECHO 01",267.13,119.37,386.5,{"$nulls":5},"TRECHO 01",40.849999999999994,30,70.849999999999994,null,{"$f":"BC65","v":"TRECHO 02"},114.38,79.27,80.790000000000006,72.525000000000006]
[{"$nulls":16},"AP-010/020",0,0,0,{"$nulls":10},"AP-010/020",214.4,214.4,428.8,{"$nulls":6},"TRECHO 02",123.75,133.19999999999999,256.95,{"$nulls":5},"TRECHO 02",120.25,50.5,170.75,null,{"$f":"BC66","v":"TRECHO 04"},102.63,50.32,62.129999999999995,61.375]
[{"$nulls":16},"RAMAL A",0,0,0,{"$nulls":10},"TRECHO 01",3386.56,3346.56,6733.12,{"$nulls":6},"TRECHO 03",94.56,9.69,104.25,{"$nulls":5},"TRECHO 03",40.839999999999996,0,40.839999999999996,null,{"$f":"BC67","v":"Total Geral"},319.04999999999995,163.125,223.75,230.74]
[{"$nulls":16},"RAMAL B",0,0,0,{"$nulls":10},"TRECHO 02",1022.02,1282.02,2304.04,{"$nulls":6},"TRECHO 04",69.5,96.82,166.32,{"$nulls":5},"TRECHO 04",28.73,35.769999999999996,64.5]
[{"$nulls":16},"TRECHO 01",320,360,680,{"$nulls":10},"TRECHO 03",442.45,442.45,884.9,{"$nulls":6},"Total Geral",554.94000000000005,359.08,914.02,{"$nulls":5},"Total Geral",230.67,116.27,346.94]
[{"$nulls":16},"TRECHO 02",380,120,500,{"$nulls":10},"TRECHO 04",413.97,413.97,827.94,{"$nulls":20},"ÁREA TOTAL","ZEB. BRANCO - 0,10","ZEB. BRANCO - 0,4","ZEB. AMAR. -0,10","ZEB. AMAR. -0,40","Área total"]
[{"$nulls":16},"TRECHO 03",0,0,0,{"$nulls":10},"RAMAL A",52.77000000000001,52.77000000000001,105.54000000000002,{"$nulls":20},{"$f":"BC64","v":"TRECHO 01"},{"$f":"BD70*$BD$43","v":10.204000000000001},{"$f":"BE70*$BE$43","v":13.414},{"$f":"BF70*$BF$43","v":8.0830000000000002},{"$f":"BG70*$BG$43","v":38.736000000000004},{"$f":"SUM(BD77:BG77)","v":70.437000000000012}]
[{"$nulls":16},"TRECHO 04",0,0,0,{"$nulls":10},"RAMAL B",52.92,52.92,105.84,{"$nulls":20},{"$f":"BC65","v":"TRECHO 02"},{"$f":"BD71*$BD$43","v":11.438000000000001},{"$f":"BE71*$BE$43","v":31.707999999999998},{"$f":"BF71*$BF$43","v":8.0790000000000006},{"$f":"BG71*$BG$43","v":29.010000000000005},{"$f":"SUM(BD78:BG78)","v":80.235000000000014}]
[{"$nulls":16},"Total Geral",700,480,1180,{"$nulls":10},"Total Geral",5585.09,5805.09,11390.18,{"$nulls":20},{"$f":"BC66","v":"TRECHO 04"},{"$f":"BD72*$BD$43","v":10.263},{"$f":"BE72*$BE$43","v":20.128},{"$f":"BF72*$BF$43","v":6.2130000000000001},{"$f":"BG72*$BG$43","v":24.55},61.153999999999996]
[{"$nulls":54},{"$f":"BC67","v":"Total Geral"},{"$f":"SUM(BD77:BD79)","v":31.905000000000001},{"$f":"SUM(BE77:BE79)","v":65.25},22.375,92.296000000000006,{"$f":"SUM(BH77:BH79)","v":211.82600000000002}]
[]
[]
[]
[]
["Trecho 2"]
["Trecho 2"]
["Trecho 2"]
["Trecho 2"]
["Trecho 2"]
["Trecho 2"]
["Trecho 2"]
["Trecho 2"]
["Trecho 1"]
["Trecho 1"]
["Trecho 1"]

{"sheet":"PLACAS","index":27,"n_rows":147,"n_cols":21,"rows_kept":147,"cut":false,"hidden":false,"merged":[[0,0,0,10],[1,0,1,2],[1,8,1,10],[1,4,1,6]]}
["NOTA DE SERVIÇO - SINALIZAÇÃO VERTICAL",{"$nulls":17},"LOCALIZAÇÃO","ESTACA","CÓDIGO"]
["LADO ESQUERDO",null,null,null,"CENTRO",null,null,null,"LADO DIREITO",{"$nulls":9},{"$f":"A4","v":"AP-010"},{"$f":"B4","v":2},{"$f":"C4","v":"R-19.4"}]
["LOCALIZAÇÃO","ESTACA","CÓDIGO",null,"LOCALIZAÇÃO","ESTACA","CÓDIGO",null,"LOCALIZAÇÃO","ESTACA","CÓDIGO",{"$nulls":7},{"$f":"A5","v":"AP-010"},13,"I 03"]
["AP-010",2,"R-19.4",null,"TRECHO 01","93+16,96","R-24a",null,{"$f":"A4","v":"AP-010"},2,"R-19.7",{"$nulls":7},{"$f":"A6","v":"AP-010"},"14+5","R-19.4"]
["AP-010",13,"I 03",null,"TRECHO 01","94+11","R-24a",null,"AP-010","3+10","I 02",{"$nulls":7},{"$f":"A7","v":"TRECHO 01"},6,"R-19.4"]
["AP-010","14+5","R-19.4",null,"TRECHO 01","94+17","R-24a",null,"AP-010","14.5","R-19.7",{"$nulls":7},{"$f":"A8","v":"TRECHO 01"},8,"I 01"]
["TRECHO 01",6,"R-19.4",null,"TRECHO 01","95+12","R-24a",null,"TRECHO 01",6,"R-19.7",{"$nulls":7},{"$f":"A9","v":"TRECHO 01"},23,"A-2a"]
["TRECHO 01",8,"I 01",null,"TRECHO 01","171+5","R-24a",null,"TRECHO 01","8+10","R-7",{"$nulls":7},{"$f":"A10","v":"TRECHO 01"},28,"A-2b"]
["TRECHO 01",23,"A-2a",null,"TRECHO 01",172,"R-24a",null,"TRECHO 01",14,"A-2b",{"$nulls":7},{"$f":"A11","v":"TRECHO 01"},"46+10","A-2a"]
["TRECHO 01",28,"A-2b",null,"TRECHO 01","172+6","R-24a",null,"TRECHO 01",23,"A-2a",{"$nulls":7},{"$f":"A12","v":"TRECHO 01"},50,"A-2b"]
["TRECHO 01","46+10","A-2a",null,"TRECHO 01",173,"R-24a",null,"TRECHO 01",41,"A-2b",{"$nulls":7},{"$f":"A13","v":"TRECHO 01"},55,"A-2a"]
["TRECHO 01",50,"A-2b",null,"TRECHO 02","259+18","R-24a",null,"TRECHO 01",45,"R-7",{"$nulls":7},{"$f":"A14","v":"TRECHO 01"},66,"A-2b"]
["TRECHO 01",55,"A-2a",null,"TRECHO 02","260+12","R-24a",null,"TRECHO 01","46+10","A-2a",{"$nulls":7},{"$f":"A15","v":"TRECHO 01"},86,"R-7"]
["TRECHO 01",66,"A-2b",null,"TRECHO 02","260+18","R-24a",null,"TRECHO 01",50,"A-2b",{"$nulls":7},{"$f":"A16","v":"TRECHO 01"},89,"I 04"]
["TRECHO 01",86,"R-7",null,"TRECHO 02","261+13","R-24a",null,"TRECHO 01",55,"A-2a",{"$nulls":7},{"$f":"A17","v":"TRECHO 01"},91,"R-19.7"]
["TRECHO 01",89,"I 04",null,"TRECHO 03",265,"R-24a",null,"TRECHO 01",86,"R-7",{"$nulls":7},{"$f":"A18","v":"TRECHO 01"},"95+12","R-24a"]
["TRECHO 01",91,"R-19.7",null,"TRECHO 03","265+15","R-24a",null,"TRECHO 01",91,"R-19.4",{"$nulls":7},{"$f":"A19","v":"TRECHO 01"},"95+12","R-2"]
["TRECHO 01","95+12","R-24a",null,"RAMAL A","0+3","R-24a",null,"TRECHO 01","92+10","R-33",{"$nulls":7},{"$f":"A20","v":"TRECHO 01"},97,"R-33"]
["TRECHO 01","95+12","R-2",null,"RAMAL A","0+18","R-24a",null,"TRECHO 01","93+16,96","R-2",{"$nulls":7},{"$f":"A21","v":"TRECHO 01"},99,"R-19.4"]
["TRECHO 01",97,"R-33",null,"RAMAL B","0+3","R-24a",null,"TRECHO 01","93+16,96","R-24a",{"$nulls":7},{"$f":"A22","v":"TRECHO 01"},"100+10","I 04"]
["TRECHO 01",99,"R-19.4",null,"RAMAL B","0+18","R-24a",null,"TRECHO 01",98,"R-7",{"$nulls":7},{"$f":"A23","v":"TRECHO 01"},102,"R-7"]
["TRECHO 01","100+10","I 04",{"$nulls":5},"TRECHO 01",99,"R-19.4",{"$nulls":7},{"$f":"A24","v":"TRECHO 01"},109,"R-19.4"]
["TRECHO 01",102,"R-7",{"$nulls":5},"TRECHO 01",112,"A-2b",{"$nulls":7},{"$f":"A25","v":"TRECHO 01"},{"$f":"B25","v":120},{"$f":"C25","v":"A-2a"}]
["TRECHO 01",109,"R-19.4",{"$nulls":5},"TRECHO 01",133,"A-2a",{"$nulls":7},{"$f":"A26","v":"TRECHO 01"},{"$f":"B26","v":142},{"$f":"C26","v":"A-2b"}]
["TRECHO 01",120,"A-2a",{"$nulls":5},"TRECHO 01",145,"R-7",{"$nulls":7},"TRECHO 01",149,"R-7"]
["TRECHO 01",142,"A-2b",{"$nulls":5},"TRECHO 01",166,"R-7",{"$nulls":7},"TRECHO 01",166,"I 04"]
["TRECHO 01",149,"R-7",{"$nulls":5},{"$f":"A27","v":"TRECHO 01"},168,"R-19.4",{"$nulls":7},"TRECHO 01",168,"R-19.7"]
["TRECHO 01",166,"I 04",{"$nulls":5},"TRECHO 01",170,"R-33",{"$nulls":7},"TRECHO 01",173,"R-24a"]
["TRECHO 01",168,"R-19.7",{"$nulls":5},"TRECHO 01","171+5","R-2",{"$nulls":7},"TRECHO 01",173,"R-2"]
["TRECHO 01",173,"R-24a",{"$nulls":5},"TRECHO 01","171+5","R-24a",{"$nulls":7},{"$f":"A32","v":"TRECHO 01"},{"$f":"B32","v":"175+10"},{"$f":"C32","v":"R-33"}]
["TRECHO 01",173,"R-2",{"$nulls":5},"TRECHO 01",176,"R-19.7",{"$nulls":7},{"$f":"A33","v":"TRECHO 01"},{"$f":"B33","v":176},{"$f":"C33","v":"R-19.4"}]
["TRECHO 01","175+10","R-33",{"$nulls":5},"TRECHO 01",180,"R-7",{"$nulls":7},"TRECHO 01",177,"I 04"]
["TRECHO 01",176,"R-19.4",{"$nulls":5},"TRECHO 01",181,"R-19.4",{"$nulls":7},"TRECHO 01","178+10","R-7"]
["TRECHO 01",177,"I 04",{"$nulls":5},"TRECHO 01",198,"R-19.7",{"$nulls":7},"TRECHO 01",181,"R-19.7"]
["TRECHO 01","178+10","R-7",{"$nulls":5},"TRECHO 02",200,"R-7",{"$nulls":7},"TRECHO 01","186+10","I 05"]
["TRECHO 01",181,"R-19.7",{"$nulls":5},"TRECHO 02",238,"R-7",{"$nulls":7},"TRECHO 02",198,"R-19.4"]
["TRECHO 01","186+10","I 05",{"$nulls":5},"TRECHO 02",242,"A-2b",{"$nulls":7},{"$f":"A39","v":"TRECHO 02"},{"$f":"B39","v":219},{"$f":"C39","v":"R-7"}]
["TRECHO 02",198,"R-19.4",{"$nulls":5},"TRECHO 02",257,"R-19.4",{"$nulls":7},{"$f":"A40","v":"TRECHO 02"},{"$f":"B40","v":252},{"$f":"C40","v":"A-2a"}]
["TRECHO 02",219,"R-7",{"$nulls":5},"TRECHO 02","258+10","R-33",{"$nulls":7},"TRECHO 02",255,"I 04"]
["TRECHO 02",252,"A-2a",{"$nulls":5},"TRECHO 02","259+18","R-2",{"$nulls":7},"TRECHO 02",257,"R-19.7"]
["TRECHO 02",255,"I 04",{"$nulls":5},"TRECHO 02","259+18","R-24a",{"$nulls":7},"TRECHO 02","261+13","R-24a"]
["TRECHO 02",257,"R-19.7",{"$nulls":5},"TRECHO 02",269,"R-19.7",{"$nulls":7},{"$f":"A44","v":"TRECHO 02"},{"$f":"B44","v":"261+13"},{"$f":"C44","v":"R-2"}]
["TRECHO 02","261+13","R-24a",{"$nulls":5},"TRECHO 03",275,"A-1a",{"$nulls":7},{"$f":"A45","v":"TRECHO 02"},{"$f":"B45","v":263},{"$f":"C45","v":"R-33"}]
["TRECHO 02","261+13","R-2",{"$nulls":5},"TRECHO 03",279,"R-7",{"$nulls":7},"TRECHO 03","265+15","R-24a"]
["TRECHO 02",263,"R-33",{"$nulls":5},"TRECHO 03",280,"R-19.4",{"$nulls":7},"TRECHO 03","265+15","R-2"]
["TRECHO 03","265+15","R-24a",{"$nulls":5},"TRECHO 04",294,"R-19.7",{"$nulls":7},"TRECHO 03",267,"R-33"]
["TRECHO 03","265+15","R-2",{"$nulls":15},"TRECHO 03",268,"I 05"]
["TRECHO 03",267,"R-33",{"$nulls":15},{"$f":"A50","v":"TRECHO 03"},{"$f":"B50","v":270},{"$f":"C50","v":"R-7"}]
["TRECHO 03",268,"I 05",{"$nulls":15},{"$f":"A51","v":"TRECHO 03"},{"$f":"B51","v":272},{"$f":"C51","v":"R-19.4"}]
["TRECHO 03",270,"R-7",{"$nulls":15},"TRECHO 03",278,"I 04"]
["TRECHO 03",272,"R-19.4",{"$nulls":15},"TRECHO 03",280,"R-19.7"]
["TRECHO 03",278,"I 04",{"$nulls":15},"TRECHO 03",282,"A-1b"]
["TRECHO 03",280,"R-19.7",{"$nulls":15},{"$f":"A55","v":"TRECHO 04"},{"$f":"B55","v":294},{"$f":"C55","v":"I 06"}]
["TRECHO 03",282,"A-1b",{"$nulls":15},{"$f":"A56","v":"TRECHO 04"},{"$f":"B56","v":296},{"$f":"C56","v":"R-19.4"}]
["TRECHO 04",294,"I 06",{"$nulls":15},"RAMAL A","0+18","R-24a"]
["TRECHO 04",296,"R-19.4",{"$nulls":15},"RAMAL A","0+18","R-2"]
["RAMAL A","0+18","R-24a",{"$nulls":15},{"$f":"A59","v":"RAMAL A"},"2+2","R-33"]
["RAMAL A","0+18","R-2",{"$nulls":15},"RAMAL B","0+18","R-24a"]
["RAMAL A","2+2","R-33",{"$nulls":15},{"$f":"A61","v":"RAMAL B"},{"$f":"B61","v":"0+18"},{"$f":"C61","v":"R-2"}]
["RAMAL B","0+18","R-24a",{"$nulls":15},"RAMAL B","2+2","R-33"]
["RAMAL B","0+18","R-2",{"$nulls":15},{"$f":"E4","v":"TRECHO 01"},{"$f":"F4","v":"93+16,96"},{"$f":"G4","v":"R-24a"}]
["RAMAL B","2+2","R-33",{"$nulls":15},{"$f":"E5","v":"TRECHO 01"},"94+11","R-24a"]
[{"$nulls":18},{"$f":"E6","v":"TRECHO 01"},"94+17","R-24a"]
[{"$nulls":18},{"$f":"E7","v":"TRECHO 01"},"95+12","R-24a"]
[{"$nulls":18},{"$f":"E8","v":"TRECHO 01"},"171+5","R-24a"]
[{"$nulls":18},{"$f":"E9","v":"TRECHO 01"},172,"R-24a"]
[{"$nulls":18},{"$f":"E10","v":"TRECHO 01"},"172+6","R-24a"]
[{"$nulls":18},{"$f":"E11","v":"TRECHO 01"},173,"R-24a"]
[{"$nulls":18},{"$f":"E12","v":"TRECHO 02"},"259+18","R-24a"]
[null,null,"R-7",{"$nulls":15},{"$f":"E13","v":"TRECHO 02"},"260+12","R-24a"]
[null,null,"PLACA DE INDICAÇÃO",{"$nulls":15},{"$f":"E14","v":"TRECHO 02"},"260+18","R-24a"]
[null,null,"R-19.4",{"$nulls":15},{"$f":"E15","v":"TRECHO 02"},"261+13","R-24a"]
[null,null,"R-19.7",{"$nulls":15},{"$f":"E16","v":"TRECHO 03"},265,"R-24a"]
[null,null,"R-24a",{"$nulls":15},{"$f":"E17","v":"TRECHO 03"},"265+15","R-24a"]
[null,null,"R-2",{"$nulls":15},{"$f":"E18","v":"RAMAL A"},"0+3","R-24a"]
[null,null,"A-1a",{"$nulls":15},{"$f":"E19","v":"RAMAL A"},{"$f":"F19","v":"0+18"},{"$f":"G19","v":"R-24a"}]
[null,null,"A-1b",{"$nulls":15},{"$f":"E20","v":"RAMAL B"},{"$f":"F20","v":"0+3"},{"$f":"G20","v":"R-24a"}]
[null,null,"A-2a",{"$nulls":15},{"$f":"E21","v":"RAMAL B"},{"$f":"F21","v":"0+18"},{"$f":"G21","v":"R-24a"}]
[null,null,"A-2b",{"$nulls":15},{"$f":"I4","v":"AP-010"},{"$f":"J4","v":2},{"$f":"K4","v":"R-19.7"}]
[null,null,"A-22",{"$nulls":15},{"$f":"I5","v":"AP-010"},"3+10","I 02"]
[null,null,"R-33",{"$nulls":15},{"$f":"I6","v":"AP-010"},"14.5","R-19.7"]
[null,null,"I 01",{"$nulls":15},{"$f":"I7","v":"TRECHO 01"},6,"R-19.7"]
[null,null,"I 02",{"$nulls":15},{"$f":"I8","v":"TRECHO 01"},"8+10","R-7"]
[null,null,"I 03",{"$nulls":15},{"$f":"I9","v":"TRECHO 01"},14,"A-2b"]
[null,null,"I 04",{"$nulls":15},{"$f":"I10","v":"TRECHO 01"},23,"A-2a"]
[null,null,"I 05",{"$nulls":15},{"$f":"I11","v":"TRECHO 01"},41,"A-2b"]
[null,null,"I 06",{"$nulls":15},{"$f":"I12","v":"TRECHO 01"},45,"R-7"]
[{"$nulls":18},{"$f":"I13","v":"TRECHO 01"},"46+10","A-2a"]
[{"$nulls":18},{"$f":"I14","v":"TRECHO 01"},50,"A-2b"]
[{"$nulls":18},{"$f":"I15","v":"TRECHO 01"},55,"A-2a"]
[{"$nulls":18},{"$f":"I16","v":"TRECHO 01"},86,"R-7"]
[{"$nulls":18},{"$f":"I17","v":"TRECHO 01"},91,"R-19.4"]
[{"$nulls":18},{"$f":"I18","v":"TRECHO 01"},"92+10","R-33"]
[{"$nulls":18},{"$f":"I19","v":"TRECHO 01"},"93+16,96","R-2"]
[{"$nulls":18},{"$f":"I20","v":"TRECHO 01"},"93+16,96","R-24a"]
["Rótulos de Linha","Contagem de ESTACA",{"$nulls":8},"CÓDIGO ","QUANT.",{"$nulls":6},{"$f":"I21","v":"TRECHO 01"},98,"R-7"]
["AP-010",6,{"$nulls":8},{"$f":"A97","v":"AP-010"},{"$f":"B97","v":6},{"$nulls":6},{"$f":"I22","v":"TRECHO 01"},99,"R-19.4"]
["I 02",1,{"$nulls":8},{"$f":"A98","v":"I 02"},{"$f":"B98","v":1},{"$nulls":6},{"$f":"I23","v":"TRECHO 01"},112,"A-2b"]
["I 03",1,{"$nulls":8},"I 03",1,{"$nulls":6},{"$f":"I24","v":"TRECHO 01"},133,"A-2a"]
["R-19.4",2,{"$nulls":8},"R-19.4",2,{"$nulls":6},{"$f":"I25","v":"TRECHO 01"},145,"R-7"]
["R-19.7",2,{"$nulls":8},"R-19.7",2,{"$nulls":6},{"$f":"I26","v":"TRECHO 01"},166,"R-7"]
["TRECHO 01",67,{"$nulls":8},"TRECHO 01",67,{"$nulls":6},{"$f":"I27","v":"TRECHO 01"},168,"R-19.4"]
["A-2a",8,{"$nulls":8},"A-2a",8,{"$nulls":6},{"$f":"I28","v":"TRECHO 01"},170,"R-33"]
["A-2b",8,{"$nulls":8},"A-2b",8,{"$nulls":6},{"$f":"I29","v":"TRECHO 01"},"171+5","R-2"]
["I 01",1,{"$nulls":8},"I 01",1,{"$nulls":6},{"$f":"I30","v":"TRECHO 01"},"171+5","R-24a"]
["I 04",4,{"$nulls":8},"I 04",4,{"$nulls":6},{"$f":"I31","v":"TRECHO 01"},176,"R-19.7"]
["I 05",1,{"$nulls":8},"I 05",1,{"$nulls":6},{"$f":"I32","v":"TRECHO 01"},180,"R-7"]
["R-19.4",8,{"$nulls":8},"R-19.4",8,{"$nulls":6},{"$f":"I33","v":"TRECHO 01"},181,"R-19.4"]
["R-19.7",6,{"$nulls":8},"R-19.7",6,{"$nulls":6},{"$f":"I34","v":"TRECHO 01"},198,"R-19.7"]
["R-2",4,{"$nulls":8},"R-2",4,{"$nulls":6},{"$f":"I35","v":"TRECHO 02"},200,"R-7"]
["R-24a",12,{"$nulls":8},{"$f":"A111","v":"R-24a"},{"$f":"B111","v":12},{"$nulls":6},{"$f":"I36","v":"TRECHO 02"},238,"R-7"]
["R-33",4,{"$nulls":8},"R-33",4,{"$nulls":6},{"$f":"I37","v":"TRECHO 02"},242,"A-2b"]
["R-7",11,{"$nulls":8},"R-7",11,{"$nulls":6},{"$f":"I38","v":"TRECHO 02"},257,"R-19.4"]
["TRECHO 02",20,{"$nulls":8},"TRECHO 02",20,{"$nulls":6},{"$f":"I39","v":"TRECHO 02"},"258+10","R-33"]
["A-2a",1,{"$nulls":8},"A-2a",1,{"$nulls":6},{"$f":"I40","v":"TRECHO 02"},"259+18","R-2"]
["A-2b",1,{"$nulls":8},"A-2b",1,{"$nulls":6},{"$f":"I41","v":"TRECHO 02"},"259+18","R-24a"]
["I 04",1,{"$nulls":8},"I 04",1,{"$nulls":6},{"$f":"I42","v":"TRECHO 02"},269,"R-19.7"]
["R-19.4",2,{"$nulls":8},"R-19.4",2,{"$nulls":6},{"$f":"I43","v":"TRECHO 03"},275,"A-1a"]
["R-19.7",2,{"$nulls":8},"R-19.7",2,{"$nulls":6},{"$f":"I44","v":"TRECHO 03"},279,"R-7"]
["R-2",2,{"$nulls":8},"R-2",2,{"$nulls":6},{"$f":"I45","v":"TRECHO 03"},280,"R-19.4"]
["R-24a",6,{"$nulls":8},"R-24a",6,{"$nulls":6},{"$f":"I46","v":"TRECHO 04"},294,"R-19.7"]
["R-33",2,{"$nulls":8},"R-33",2]
["R-7",3,{"$nulls":8},"R-7",3]
["TRECHO 03",14,{"$nulls":8},"TRECHO 03",14]
["A-1a",1,{"$nulls":8},"A-1a",1]
["A-1b",1,{"$nulls":8},{"$f":"A126","v":"A-1b"},{"$f":"B126","v":1}]
["I 04",1,{"$nulls":8},"I 04",1]
["I 05",1,{"$nulls":8},"I 05",1]
["R-19.4",2,{"$nulls":8},"R-19.4",2]
["R-19.7",1,{"$nulls":8},"R-19.7",1]
["R-2",1,{"$nulls":8},"R-2",1]
["R-24a",3,{"$nulls":8},"R-24a",3]
["R-33",1,{"$nulls":8},"R-33",1]
["R-7",2,{"$nulls":8},"R-7",2]
["TRECHO 04",3,{"$nulls":8},"TRECHO 04",3]
["I 06",1,{"$nulls":8},"I 06",1]
["R-19.4",1,{"$nulls":8},"R-19.4",1]
["R-19.7",1,{"$nulls":8},"R-19.7",1]
["RAMAL A",5,{"$nulls":8},"RAMAL A",5]
["R-2",1,{"$nulls":8},"R-2",1]
["R-24a",3,{"$nulls":8},"R-24a",3]
["R-33",1,{"$nulls":8},"R-33",1]
["RAMAL B",5,{"$nulls":8},"RAMAL B",5]
["R-2",1,{"$nulls":8},"R-2",1]
["R-24a",3,{"$nulls":8},"R-24a",3]
["R-33",1,{"$nulls":8},"R-33",1]
["Total Geral",120,{"$nulls":8},"Total Geral",120]

{"sheet":"COTAÇÃO","index":28,"n_rows":24,"n_cols":6,"rows_kept":24,"cut":false,"hidden":true,"merged":[[13,1,13,2],[13,3,13,4],[13,5,13,6],[11,3,11,4],[11,5,11,6],[12,1,12,2],[12,3,12,4],[12,5,12,6],[11,1,11,2],[23,1,23,6],[22,1,22,2],[22,3,22,4],[22,5,22,6],[18,3,18,4],[18,5,18,6],[19,3,19,4],[19,5,19,6],[20,1,20,2],[20,3,20,4],[3,5,3,6],[15,1,15,6],[17,3,17,4],[21,1,21,2],[21,3,21,4],[21,5,21,6],[17,5,17,6],[20,5,20,6],[19,1,19,2],[6,1,6,2],[6,3,6,4],[14,3,14,4],[14,5,14,6],[6,5,6,6],[10,3,10,4],[10,5,10,6],[4,1,4,2],[4,3,4,4],[4,5,4,6],[14,1,14,2],[1,3,1,4],[1,5,1,6],[3,1,3,2],[7,1,7,6],[9,3,9,4],[9,5,9,6],[5,1,5,2],[5,3,5,4],[5,5,5,6],[2,3,2,4],[2,5,2,6],[3,3,3,4]]}
[]
["CÓDIGO","DESCRIÇÃO","UNIDADE","MEDIANA",null,"ÍNDICE RETROAÇÃO"]
["Cot CM-30","Asfalto diluído CM 30","kg",{"$f":"MEDIAN(D5:E7)","v":7.2729999999999997}]
["EMPRESA","NOME DA EMPRESA",null,"COTAÇÕES",null,"DATA COTAÇÃO"]
["01","CBAA - ASFALTOS LTDA",null,{"$f":"(6578+695)/1000","v":7.2729999999999997},null,"16/10/2023"]
["02","STRATURA ASFALTOS S.A.",null,{"$f":"(5500+1200)/1000","v":6.7},null,"25/10/2023"]
["03","EMAN ASFLATO",null,{"$f":"(9300+600)/1000","v":9.9},null,"16/10/2023"]
["OBSERVAÇÕES:"]
[]
["CÓDIGO","DESCRIÇÃO","UNIDADE","MEDIANA",null,"ÍNDICE RETROAÇÃO"]
["Cot RR-2C","EMULSAO ASFALTICA CATIONICA RR-2C PARA USO EM PAVIMENTACAO ASFALTICA","kg",{"$f":"MEDIAN(D13:E15)","v":4.6500000000000004}]
["EMPRESA","NOME DA EMPRESA",null,"COTAÇÕES",null,"DATA COTAÇÃO"]
["01","CBAA - ASFALTOS LTDA",null,{"$f":"(4673+695)/1000","v":5.3680000000000003},null,"16/10/2023"]
["02","STRATURA ASFALTOS S.A.",null,{"$f":"(3450+1200)/1000","v":4.6500000000000004},null,"25/10/2023"]
["03","EMAN ASFLATO",null,{"$f":"(4000+600)/1000","v":4.5999999999999996},null,"16/10/2023"]
["OBSERVAÇÕES:"]
[]
["CÓDIGO","DESCRIÇÃO","UNIDADE","MEDIANA",null,"ÍNDICE RETROAÇÃO"]
["Cot CAP","CIMENTO ASFALTICO DE PETROLEO A GRANEL (CAP) 50/70","t",{"$f":"MEDIAN(D21:E23)","v":5700}]
["EMPRESA","NOME DA EMPRESA",null,"COTAÇÕES",null,"DATA COTAÇÃO"]
["01","CBAA - ASFALTOS LTDA",null,{"$f":"(5232+695)","v":5927},null,"16/10/2023"]
["02","STRATURA ASFALTOS S.A.",null,{"$f":"4500+1200","v":5700},null,"25/10/2023"]
["03","EMAN ASFLATO",null,{"$f":"4600+600","v":5200},null,"16/10/2023"]
["OBSERVAÇÕES:"]

{"sheet":"DMT ADOTADAS ","index":29,"n_rows":79,"n_cols":20,"rows_kept":79,"cut":false,"hidden":false,"merged":[[5,1,6,1],[5,3,6,3],[5,5,6,5],[5,7,6,7],[5,9,6,9],[5,11,6,11],[7,6,7,7],[7,8,7,9],[7,10,7,11],[60,7,60,8],[4,1,4,3],[4,4,4,5],[4,6,4,7],[4,8,4,9],[4,10,4,11],[59,16,59,17],[66,5,66,6],[64,14,64,15],[64,16,64,17],[67,5,67,6],[59,14,59,15]]}
[]
[null,"CROQUI DE LOCALIZAÇÃO",{"$nulls":4},{"$f":"87913.21*1.2","v":105495.852},{"$f":"G2/1000","v":105.495852},{"$f":"H2*11.92","v":1257.5105558400001}]
[null,"JAZIDAS ADOTADAS e DMT´S"]
[]
[null,"COORDENADAS",null,null,"DMT'S ADOTADAS",null,"DMT'S ADOTADAS",null,"DMT'S ADOTADAS",null,"DMT'S ADOTADAS"]
[null,"OCORRÊNCIAS","LOCALIZAÇÃO","COORDENADAS UTM (22N) DATUM SIRGAS 2000","DISTÂNCIAS DE TRANSPORTES","DMT","DISTÂNCIAS DE TRANSPORTES","DMT","DISTÂNCIAS DE TRANSPORTES","DMT","DISTÂNCIAS DE TRANSPORTES","DMT"]
[null,null,"BR/KM",null,"TRANSPORTE COMERCIAL",null,"TRANSPORTE LOCAL",null,"TRANSPORTE LOCAL",null,"TRANSPORTE LOCAL"]
[null,"COMÉRCIO","Macapá-AP","0°02'25.9\"N 51°03'21.9\"W","Areia (Areal até canteiro) RODOVIA PAVIMENTADA",126,"MATERIAL BETUMINOSO",null,"MATERIAL PARA TERRAPLANAGEM",null,"MATERIAL PARA BASE E SUBBASE"]
[null,"PEDREIRA","Porto Grande/AP","0°40'46.9\"N 51°22'56.4\"W","Brita (Pedreira até canteiro)\nRODOVIA PAVIMENTADA",124,"Usina de asfalto - TRECHO 01 (Média) - ROD PAVIMENTADA",10.9,"Jazida 01 - TRECHO 01 (Média) - ROD NÃO PAVIMENTADA",2.6,"Jazida 02 - TRECHO 01 (Média) - ROD NÃO PAVIMENTADA",5.0999999999999996]
[null,"JAZIDA DE AREIA","Porto Grande/AP","0°44'08.0\"N 51°22'14.9\"W","Areia (Areal até usina) RODOVIA PAVIMENTADA",114,"Usina de asfalto - TRECHO 02 (Média) - ROD PAVIMENTADA",13.5,"Jazida 01 - TRECHO 02 (Média) - ROD NÃO PAVIMENTADA",0.08,"Jazida 02 - TRECHO 02 (Média) - ROD NÃO PAVIMENTADA",2.5]
[null,"JAZIDA 01","Santana-AP","0°01'21.1\"S 51°15'25.5\"W","Brita (Pedreira até usina)\nRODOVIA PAVIMENTADA",112,"Usina de asfalto - TRECHO 03 (Média) - ROD PAVIMENTADA",14.4,"Jazida 01 - TRECHO 03 (Média) - ROD NÃO PAVIMENTADA",0.8,"Jazida 02 - TRECHO 03 (Média) - ROD NÃO PAVIMENTADA",1.7]
[null,"JAZIDA 02","Santana-AP","0°01'13.3\"S 51°16'01.4\"W","Material diverso (Comércio até canteiro) RODOVIA PAVIMENTADA",30.1,"Usina de asfalto - TRECHO 04 (Média) - ROD PAVIMENTADA",14.9,"Jazida 01 - TRECHO 04 (Média) - ROD NÃO PAVIMENTADA",1.4,"Jazida 02 - TRECHO 04 (Média) - ROD NÃO PAVIMENTADA",1.9]
[null,"CANTEIRO","Ramal da Totoia","0°02'17.8\"S 51°15'27.0\"W","Material diverso (Comércio até Usina) RODOVIA PAVIMENTADA",18.14,"Usina de asfalto- AP-010-020- ROD PAVIMENTADA",9,"Jazida 01 - AP-010 - ROD NÃO PAVIMENTADA",4.5,"Jazida 02 - AP-010 - ROD NÃO PAVIMENTADA",7]
[null,"Trecho 01","Ramal da Totoia","0°02'38.4\"S 51°15'23.1\"W","Mobilização (Macapá até canteiro)  RODOVIA PAVIMENTADA",30.1,"Média Ponderada Usina de asfalto até os Trechos (baseado na área total de pavimento)",{"$f":"ROUND('Consolidado Pavimentação'!W23,2)","v":11.91},"Média Ponderada Jazida 01 até os Trechos (baseado no volume total (Aterro-corte)",{"$f":"ROUND('Consolidado Pavimentação'!Y23,2)","v":2.58},"Média Ponderada Jazida 02 até os Trechos (baseado no volume total (Base + Subbase)",{"$f":"ROUND('Consolidado Pavimentação'!AA23,2)","v":4.09}]
[null,"Trecho 02","Ramal da Totoia","0°01'24.1\"S 51°15'24.0\"W","Material asfáltico (refinaria até balsa Belém)  RODOVIA PAVIMENTADA",1521]
[null,"Trecho 03","Ramal da Totoia","0°01'00.2\"S 51°15'17.4\"W","Material asfáltico (Belém até Porto Santana-AP) TRANSPORTE FLUVIAL ",526]
[null,"Trecho 04","Ramal da Totoia","0°00'49.1\"S 51°15'29.5\"W","Material asfáltico (Porto Santana-AP Até Usina de asfalto)  ROD PAVIMENTADA",8.3000000000000007]
[null,"REFINARIA - Petrobras LUBNOR","Fortaleza - CE","3°43'00.4\"S 38°28'23.6\"W","ATERRO SANITÁRIO até AP010-020 - ROD PAVIMENTADA",32.4]
[null,"Balsa  BELÉM-PA","Belém-PA","1°18'00.8\"S 48°29'25.5\"W"]
[null,"Porto de Santana-AP","Santana-AP","0°03'28.1\"S 51°10'29.1\"W"]
[null,"AP-010/020","Santana-AP","0°03'24.1\"S 51°14'48.2\"W"]
[null,"ATERRO SANITÁRIO","Macapá/AP","0°09'16.4\"N 51°08'10.8\"W"]
[null,"Usina de asfalto 01","Santana-AP","0°00'24.2\"S 51°11'36.6\"W"]
{"$rows_empty":31}
[{"$nulls":4},"Jazida 3","trecho 1","techo 2","Trecho3","Trecho 4"]
[null,"JAZIDA 01","0°00'49.4\"S 51°16'24.3\"W",null,238,"95+15"]
[null,"JAZIDA 02","0°00'47.8\"S 51°16'12.9\"W","Estaca"]
[null,"JAZIDA 03","0°01'17.8\"S 51°15'24.0\"W"]
[{"$nulls":10},"Comprimento"]
[{"$nulls":14},"Jazida",null,"Trechos"]
[{"$nulls":7},"Estaca Inicial",null,15,{"$f":"#REF!*20","v":{"$error":"#REF!"}},{"$f":"K61/20","v":{"$error":"#REF!"}},95,{"$f":"L61-M61","v":{"$error":"#REF!"}},238,0,95,{"$f":"N61*20","v":{"$error":"#REF!"}},{"$f":"(O61-Q61)*20-R61","v":{"$error":"#REF!"}}]
[{"$nulls":4},"Ramal da Totoia","Estaca inicial","Estaca final",null,null,{"$f":"0.68*20","v":13.600000000000001},{"$f":"(H64*20)+I64+(#REF!*20)+J62","v":{"$error":"#REF!"}},{"$f":"K62/20","v":{"$error":"#REF!"}},228,{"$f":"L62-M62","v":{"$error":"#REF!"}},238,0,228,{"$f":"N62*20","v":{"$error":"#REF!"}},{"$f":"(O62-Q62)*20-R62","v":{"$error":"#REF!"}},{"$f":"Q62*20+R62","v":{"$error":"#REF!"}}]
[{"$nulls":4},"Trecho 01",0,"191+10",0,0,{"$f":"0.75*20","v":15},{"$f":"(H65*20)+I65+(#REF!*20)+J63","v":{"$error":"#REF!"}},{"$f":"K63/20","v":{"$error":"#REF!"}},276,{"$f":"L63-M63","v":{"$error":"#REF!"}},238,0,276,{"$f":"N63*20","v":{"$error":"#REF!"}},{"$f":"(Q63-O63)*20+R63","v":{"$error":"#REF!"}},{"$f":"Q63*20+R63","v":{"$error":"#REF!"}}]
[null,null,null,"0°02'38.4\"S 51°15'23.1\"W","Trecho 02","191+10","264+17",191,10,{"$f":"0.33*20","v":6.6000000000000005},{"$f":"(H66*20)+I66+(#REF!*20)+J64","v":{"$error":"#REF!"}},{"$f":"K64/20","v":{"$error":"#REF!"}},306,{"$f":"L64-M64","v":{"$error":"#REF!"}},238,0,306,{"$f":"N64*20","v":{"$error":"#REF!"}},{"$f":"(Q64-O64)*20+R64","v":{"$error":"#REF!"}},{"$f":"Q64*20+R64","v":{"$error":"#REF!"}}]
[{"$nulls":4},"Trecho 03","264.17","288+7",264,17,null,{"$f":"H67*20","v":4760},null,null,null,"Jazida",null,"Trechos"]
[{"$nulls":4},"Trecho 04","288+7",325,288,7,{"$nulls":5},126,0,95,{"$f":"R61","v":{"$error":"#REF!"}},{"$f":"(O66-Q66)*20-R66","v":{"$error":"#REF!"}},{"$f":"S66/1000","v":{"$error":"#REF!"}}]
[{"$nulls":4},"Jazida de Material","Est. 238",null,238,0,{"$nulls":5},126,0,228,{"$f":"R62","v":{"$error":"#REF!"}},{"$f":"(Q67-O67)*20-R67","v":{"$error":"#REF!"}},{"$f":"S67/1000","v":{"$error":"#REF!"}}]
[{"$nulls":4},"Canteiro de obra","Est. 126",{"$nulls":8},126,0,276,{"$f":"R63","v":{"$error":"#REF!"}},{"$f":"(Q68-O68)*20+R68","v":{"$error":"#REF!"}},{"$f":"S68/1000","v":{"$error":"#REF!"}}]
[{"$nulls":14},126,0,306,{"$f":"R64","v":{"$error":"#REF!"}},{"$f":"(Q69-O69)*20+R69","v":{"$error":"#REF!"}},{"$f":"S69/1000","v":{"$error":"#REF!"}}]
[]
[]
[]
[]
[]
[]
[null,"Trecho 01","0°02'38.4\"S 51°15'23.1\"W"]
[null,"Trecho 02","0°01'24.1\"S 51°15'24.0\"W"]
[null,"Trecho 03","0°01'00.2\"S 51°15'17.4\"W"]
[null,"Trecho 04","0°00'49.1\"S 51°15'29.5\"W"]

{"sheet":"CANTEIRO","index":30,"n_rows":206,"n_cols":19,"rows_kept":206,"cut":false,"hidden":false,"merged":[[92,1,92,3],[0,0,0,6],[0,11,0,18],[55,1,55,3],[63,1,63,3],[73,0,73,7],[79,0,79,7],[87,0,87,3],[88,1,88,3],[89,1,89,3],[90,1,90,3],[91,1,91,3],[104,1,104,3],[93,1,93,3],[94,1,94,3],[95,1,95,3],[96,1,96,3],[97,1,97,3],[98,1,98,3],[99,1,99,3],[100,1,100,3],[101,0,101,3],[102,1,102,3],[103,1,103,3],[116,1,116,3],[105,1,105,3],[106,1,106,3],[107,1,107,3],[108,1,108,3],[109,1,109,3],[110,1,110,3],[111,1,111,3],[112,1,112,3],[113,1,113,3],[114,1,114,3],[115,1,115,3],[129,0,129,3],[117,1,117,3],[118,1,118,3],[119,1,119,3],[120,1,120,3],[121,1,121,3],[122,1,122,3],[123,1,123,3],[124,1,124,3],[125,1,125,3],[126,1,126,3],[127,1,127,3],[148,0,148,3],[130,1,130,3],[131,1,131,3],[132,1,132,3],[133,1,133,3],[134,1,134,3],[135,1,135,3],[136,1,136,3],[137,1,137,3],[138,1,138,3],[140,0,140,3],[142,0,142,3],[169,1,169,3],[158,0,158,3],[159,1,159,3],[160,1,160,3],[161,1,161,3],[162,1,162,3],[163,1,163,3],[164,0,164,3],[165,1,165,3],[166,1,166,3],[167,1,167,3],[168,1,168,3],[181,1,181,3],[170,1,170,3],[171,0,171,3],[172,1,172,3],[173,1,173,3],[174,1,174,3],[175,1,175,3],[176,1,176,3],[177,1,177,3],[178,1,178,3],[179,1,179,3],[180,1,180,3],[197,0,197,3],[199,3,201,3],[199,9,201,9],[205,0,205,6],[182,1,182,3],[183,1,183,3],[186,0,186,3],[188,9,190,9],[191,0,191,3],[193,9,196,9]]}
["Lista de Materiais",{"$nulls":10},"LOCAL"]
["DISCIPLINA","MATERIAL","UNITÁRIO","ÁREA ","Mémoria de Cálculo","VOLUME ","Unidade",{"$nulls":4},"MURO","ADM","DEP","SAN FEM","SAN MASC","REFEITÓRIO","BAIAS","BLADRAME"]
["Forros","",{"$nulls":4},"un"]
["","FORRO DE PVC",null,{"$f":"O4+P4+Q4","v":39.54},"=(13,18x3)",null,"m²",null,null,96486,{"$nulls":4},13.18,13.18,13.18]
["Paredes",""]
["","PAREDE DE BLOCOS CERÂMICOS",null,{"$f":"O6+P6+R6","v":76.359999999999985},"=(1,45*1,8*6)+(4,6*1,8)-(5*1,12)+(1,45*4*1,8)+(2,8*1,8)-(1,12*3)+(0,7*1,8*3)+(7,9+5,4+5,4+2,5+2,5+3,5+7,9)*1,2",null,"m²",null,null,103328,{"$nulls":4},{"$f":"(1.45*1.8*6)+(4.6*1.8)-(5*1.12)","v":18.339999999999996},{"$f":"(1.45*4*1.8)+(2.8*1.8)-(1.12*3)+(0.7*1.8*3)","v":15.900000000000002},null,{"$f":"(7.9+5.4+5.4+2.5+2.5+3.5+7.9)*1.2","v":42.12}]
["","PAREDE EM CHAPA DE MADEIRA COMPENSADA (1Omm)",null,{"$f":"L7+M7+N7+O7+P7","v":291.19200000000006},"=(18+20)*2*(2,2)-(8+2)+(2,31+2,31+6,01+6,01)*2,2-(1,89+1)+(2,31+2,31+6,01+6,01)*2,2-(1,89+1)+(2,31+2,31+6,01+6,01)*2,2-(1,89+(0,36)*4)+(2,31+2,31+6,01+6,01)*2,2-(1,89+(0,36)*4)",null,"m²",null,null,98441,null,{"$f":"(18+20)*2*(2.2)-(8+2)","v":157.20000000000002},{"$f":"(2.31+2.31+6.01+6.01)*2.2-(1.89+1)","v":33.718000000000004},{"$f":"(2.31+2.31+6.01+6.01)*2.2-(1.89+1)","v":33.718000000000004},{"$f":"(2.31+2.31+6.01+6.01)*2.2-(1.89+(0.36)*4)","v":33.278000000000006},{"$f":"(2.31+2.31+6.01+6.01)*2.2-(1.89+(0.36)*4)","v":33.278000000000006}]
["","PAREDE EM CHAPA DE MADEIRA COMPENSADA (12mm),",null,{"$f":"Q8","v":33.550000000000004},"=(2,3+2,3+6+6)*2,2-(1,89+(0,36)*3)",null,"m²",null,null,98441,{"$nulls":6},{"$f":"(2.3+2.3+6+6)*2.2-(1.89+(0.36)*3)","v":33.550000000000004}]
[null,"REBOCO PAREDE BANHEIROS",null,{"$f":"O9+P9","v":68.47999999999999},"=((1,45*1,8*6)+(4,6*1,8)-(5*1,12))*2+((1,45*4*1,8)+(2,8*1,8)-(1,12*3)+(0,7*1,8*3))*2",null,"m²",null,null,87794,{"$nulls":4},{"$f":"((1.45*1.8*6)+(4.6*1.8)-(5*1.12))*2","v":36.679999999999993},{"$f":"((1.45*4*1.8)+(2.8*1.8)-(1.12*3)+(0.7*1.8*3))*2","v":31.800000000000004}]
["Quadro estrutural",""]
["","VIGA BALDRAME RETANGULAR: 20 x 25 - concreto ciclópico",null,null,"=((0,4+2,3+0,9+2,3+0,9+2,3+10,7+0,87+6+2,03+6+2,9)*2+(2,3+6)*2*5)*0,2*0,25",{"$f":"S11","v":7.91},"m³",null,null,102487,{"$nulls":8},{"$f":"((0.4+2.3+0.9+2.3+0.9+2.3+10.7+0.87+6+2.03+6+2.9)*2+(2.3+6)*2*5)*0.2*0.25","v":7.91}]
["Pisos",""]
["","CONCRETO NÃO ESTRUTURAL (5cm)",null,{"$f":"M13+N13+O13+P13+Q13","v":69},"=2,3*6*5",{"$f":"D13*0.05","v":3.45},"m²/m³",null,null,88472,null,null,{"$f":"2.3*6","v":13.799999999999999},{"$f":"2.3*6","v":13.799999999999999},{"$f":"2.3*6","v":13.799999999999999},{"$f":"2.3*6","v":13.799999999999999},{"$f":"2.3*6","v":13.799999999999999}]
["","CONCRETO NÃO ESTRUTURAL/CERÂMICA",null,{"$f":"O14+P14","v":27.599999999999998},"=2,3*6*2",{"$f":"D14*0.02","v":0.55199999999999994},"m²/m³",null,null,88472,87408,null,null,null,{"$f":"O13","v":13.799999999999999},{"$f":"P13","v":13.799999999999999}]
["Acabamentos",""]
[null,"PIA PARA BANHEIRO EM MARMORE  BRANCO",4,null,null,null,"un"]
[null,"PIA PARA COZINHA EM MARMORE  BRANCO",1,null,null,null,"un"]
["Portas",""]
["","P3 - PORTA DE MADEIRA SEMI OCA: 90 X 210",4,null,"Quadro de Esquadrias",null,"un",null,null,90823]
["","P4 - PORTA EXTERNA DE FERRO: 90 X 210",1,1.89,"Quadro de Esquadrias",null,"un/m²",null,null,100701]
["","P5 - PORTA VENEZIANA PARA BANHEIRO: PORTA VENEZIANA PARA BANHEIRO",8,{"$f":"1.12*C21","v":8.9600000000000009},"Quadro de Esquadrias",null,"un/m²",null,null,91341]
["","P1 - PORTÃO EXTERNO - TRÁFEGO DE PEDESTRES: PORTÃO EXTERNO - TRÁFEGO DE PEDESTRES",1,2,"Quadro de Esquadrias",null,"un/m²",null,null,100701]
["","P2 - PORTÃO EXTERNO - TRÁFEGO DE VEICULOS: PORTÃO EXTERNO - TRÁFEGO DE VEICULOS",1,8,"Quadro de Esquadrias",null,"un/m²",null,null,100701]
["Janelas",""]
["","JANELA TIPO BASCULANTE EM CHAPAS DE AÇO: 90cm x 40cm x 160m",11,{"$f":"0.36*11","v":3.96},"Quadro de Esquadrias",null,"un/m²",null,null,94559]
["","JANELA TIPO BASCULANTE EM CHAPAS DE AÇO: 100cm x 100cm x 65cm",5,{"$f":"1*5","v":5},"Quadro de Esquadrias",null,"un/m²",null,null,94559]
["Telhados",""]
["","Telhado básico: TELHA DE FIBROCIMENTO ONDULADA (6mm)",null,{"$f":"2.9*6.8*5","v":98.6},"=2,9*6,8*5",null,"m²",null,null,94207]
[]
[null,"Descrição do Material","Dimensões","Qtde."]
[null,"Conduletes de PVC","",""]
[null,"Adaptador de Redução para Condulete de PVC, Ø1''x1/2''","Ø1''x1/2''","8",{"$nulls":5},799]
[null,"Adaptador de Redução para Condulete de PVC, Ø1''x3/4''","Ø1''x3/4''","14",{"$nulls":5},792]
[null,"Caixa de sobrepor em PVC para linha Conduete Top","5 Entradas","26",{"$nulls":5},39345]
[null,"Conjunto com 2 Interruptores simples, Condulete Top","2Int., Condulete Top","5",{"$nulls":5},91957]
[null,"Conjunto de 2 Tomadas 2P+T 10A, Condulete Top","2Tom, Condulete Top","11",{"$nulls":5},92008]
[null,"Placa para Saída de Fio linha Condulete Top","Saída de fio, Condulete Top","2",{"$nulls":5},39352]
[null,"Ponto de Luz na parede linha Condulete Top","Arandela, Condulete Top","8",{"$nulls":5},91940,97605]
[null,"Descrição do Material","Dimensões","Qtde."]
[null,"Derivações para Eletrodutos de PVC Rígido","",""]
[null,"Curva 45° para eletroduto rígido roscável de PVC, DN25mm (Ø3/4'')","DN25mm (Ø3/4'')","1",{"$nulls":5},89407]
[null,"Curva 90° para eletroduto rígido roscável de PVC, DN25mm (Ø3/4'')","DN25mm (Ø3/4'')","19",{"$nulls":5},91890]
[null,"Curva 90° para eletroduto rígido roscável de PVC, DN40mm (Ø1.1/4'')","DN40mm (Ø1.1/4'')","4",{"$nulls":5},91896]
[null,"Luva para eletroduto de PVC rígido roscável, DN25mm (Ø3/4'')","DN25mm (Ø3/4'')","40",{"$nulls":5},91875]
[null,"Luva para eletroduto de PVC rígido roscável, DN40mm (Ø1.1/4'')","DN40mm (Ø1.1/4'')","8",{"$nulls":5},91886]
[null,"Descrição do Material","Dimensões","Qtde."]
[null,"Padrão de Entrada","",""]
[null,"Disjuntor DIN - Tripolar - Curva C - 50A","C 50A","1",{"$nulls":5},93673]
[null,"Medidor de Energia","Padrão","1"]
[null,"Descrição do Material","Dimensões","Qtde."]
[null,"Ponto de Luz","",""]
[null,"Ponto de Luz","Ponto de Luz","10",{"$nulls":5},91937,103782]
[null,"Descrição do Material","Dimensões","Qtde."]
[null,"Quadros","",""]
[null,"Quadro de Distribuição 12/16 Disjuntores, de embutir, fabricado em PVC antichamas, com barramento de terra e neutro, porta branca, dimensões 250x344,8x78,7mm","12/16 Disjuntores","1",{"$nulls":5},101875]
[null,"Lista de Materiais - Eletrodutos"]
[null,"Descrição do Material","DN","Comprimento"]
[null,"Cabo de Cobre Nú","",""]
[null,"Cabo de Cobre","Ø10","7,04 m",{"$nulls":5},101560]
[null,"Descrição do Material","DN","Comprimento"]
[null,"PVC Roscável Preto","",""]
[null,"Eletroduto de PVC Rígido Roscável, antichama, na cor preta","Ø40","22,13 m",{"$nulls":5},91869]
[null,"Eletroduto de PVC Rígido Roscável, antichama, na cor preta","Ø25","55,99 m",{"$nulls":5},91867]
[null,"Quantitativo de Itens de Proteção - QDC-01"]
[null,"Descrição","Icc (KA)","QTD"]
[null,"Barramento de Neutro/Terra com 12 entradas","","2"]
[null,"Dispositivo de Proteção a Surtos (DPS) Monopolar 275V 45kA","","3",{"$nulls":5},39471]
[null,"Interruptor Diferencial Tetrapolar IDR 63 A","","1",{"$nulls":5},101894,null,"DISJUNTOR TRIPOLAR TIPO NEMA, CORRENTE NOMINAL DE 60 ATÉ 100A - FORNECIMENTO E INSTALAÇÃO"]
[null,"Mini Disjuntor Termo Magnético Bipolar de 16 A Curva C","3","2",{"$nulls":5},93661]
[null,"DISJUNTOR BIPOLAR TIPO DIN, CORRENTE NOMINAL DE 50A ","3",2,{"$nulls":5},93666,null,"DISJUNTOR BIPOLAR TIPO DIN, CORRENTE NOMINAL DE 50A - FORNECIMENTO E INSTALAÇÃO. AF_10/2020"]
[null,"Mini Disjuntor Termo Magnético Monopolar de 10 A Curva C","3","5",{"$nulls":5},93653]
[]
[]
["Quantitativo de Fiacao do quadro MED"]
["Seção do Cabo (mm²)","Tipo de Cabo","Isolação","Condutor",null,"Cor","Comprimento Corrigido(cm)"]
["16,0","Isolado","PVC","Fase A",null,"Vermelho",1802.92,"ok"]
["16,0","Isolado","PVC","Fase B",null,"Preto",1802.92,"ok"]
["16,0","Isolado","PVC","Neutro",null,"Azul",1802.92,"ok"]
["16,0","Isolado","PVC","Terra",null,"Verde",1802.92,"ok",101886,{"$f":"SUM(G76:G79)","v":7211.68},{"$f":"J79/100","v":72.116799999999998}]
["Quantitativo de Fiacao do quadro QDC-01"]
["Seção do Cabo (mm²)","Tipo de Cabo","Isolação","Condutor",null,"Cor","Comprimento Corrigido(cm)"]
["2,5","Isolado","PVC","Fase A",null,"Vermelho",4338,"ok"]
["2,5","Isolado","PVC","Fase B",null,"Preto",4719.7,"ok"]
["2,5","Isolado","PVC","Neutro",null,"Azul",10082.42,"ok"]
["2,5","Isolado","PVC","Terra",null,"Verde",8735.3700000000008,"ok"]
["2,5","Isolado","PVC","Retorno",null,"Amarelo",5308.68,"ok",91926,{"$f":"SUM(G82:G86)","v":33184.170000000006},{"$f":"J86/100","v":331.84170000000006}]
[]
["Conexões - Água fria "]
["Quantidade","Descrição"]
["1","Adaptador Soldavel com Anel para Caixa d'Agua 20 x 1/2",{"$nulls":7},94783]
["4","Adaptador Soldavel com Anel para Caixa d'Agua 50 x 11/2",{"$nulls":7},94706]
["8","Adaptador Soldável Curto com Bolsa e Rosca para Registro 25 x 3/4'', PVC Marrom, Água Fria - TIGRE",{"$nulls":7},94656]
["2","Bucha de Redução Soldável Longa 50x25mm, PVC Marrom, Água Fria - TIGRE",{"$nulls":7},105234]
["2","Curva 90º Soldável 50mm, PVC Marrom, Água Fria - TIGRE",{"$nulls":7},94679]
["13","Joelho 90º Soldável 20mm, PVC Marrom, Água Fria - TIGRE",{"$nulls":7},89404]
["32","Joelho 90º Soldável 25mm, PVC Marrom, Água Fria - TIGRE",{"$nulls":7},89408]
["8","Joelho 90º Soldável 50mm, PVC Marrom, Água Fria - TIGRE",{"$nulls":7},103984]
["16","Joelho 90º Soldável com Bucha de Latão 25 x 3/4'', PVC Marrom, Água Fria - TIGRE",{"$nulls":7},89366]
["2","Luva Soldável e com Bucha de Latão 20 x 1/2'', PVC Marrom, Água Fria - TIGRE",{"$nulls":7},89374]
["14","Tê de Redução Soldável 50x25mm, PVC Marrom, Água Fria - TIGRE",{"$nulls":7},104006]
["3","Tê Soldável 50mm, PVC Marrom, Água Fria - TIGRE",{"$nulls":7},104004]
["Conexões - Esgoto"]
["Quantidade","Descrição"]
["83","Anel de vedação para conexão Série N, 50mm",{"$nulls":7},296]
["27","Anel de vedação para conexão Série N, 75mm",{"$nulls":7},297]
["52","Anel de vedação para conexão Série N, 100mm",{"$nulls":7},301]
["4","Anel de vedação para Vaso Sanitário",{"$nulls":7},6138]
["1","Cap 100mm, Esgoto Série Normal - TIGRE",{"$nulls":7},104357]
["10","Curva 90º Curta 50mm, Esgoto Série Normal - TIGRE",{"$nulls":7},89803]
["10","Joelho 45º 40mm, Esgoto Série Normal - TIGRE",{"$nulls":7},89726]
["2","Joelho 45º 50mm, Esgoto Série Normal - TIGRE",{"$nulls":7},89802]
["3","Joelho 45º 75mm, Esgoto Série Normal - TIGRE",{"$nulls":7},89806]
["4","Joelho 45º 100mm, Esgoto Série Normal - TIGRE",{"$nulls":7},89810]
["10","Joelho 90º 40mm, Esgoto Série Normal - TIGRE",{"$nulls":7},89724]
["9","Joelho 90º 50mm, Esgoto Série Normal - TIGRE",{"$nulls":7},89801]
["6","Joelho 90º 75mm, Esgoto Série Normal - TIGRE",{"$nulls":7},89805]
["5","Joelho 90º 100mm, Esgoto Série Normal - TIGRE",{"$nulls":7},89809]
["7","Junção Simples 100 x 50mm, Esgoto Série Normal - TIGRE",{"$nulls":7},104353]
["3","Junção Simples 100 x 75mm, Esgoto Série Normal - TIGRE",{"$nulls":7},104355]
["2","Junção Simples 100 x 100mm, Esgoto Série Normal - TIGRE",{"$nulls":7},89834]
["22","Luva Simples 50mm, Esgoto Série Normal - TIGRE",{"$nulls":7},89813]
["12","Luva Simples 75mm, Esgoto Série Normal - TIGRE",{"$nulls":7},89817]
[32,"Luva Simples 100mm, Esgoto Série Normal - TIGRE",{"$nulls":7},89821]
["5","Redução Excêntrica 100x50mm, Esgoto Série Normal - TIGRE",{"$nulls":7},104353]
["2","Terminal de Ventilação 50mm, Esgoto Série Normal - TIGRE",{"$nulls":7},104348]
["13","Tê 50 x 50mm, Esgoto Série Normal - TIGRE",{"$nulls":7},89825]
["3","Tê 75 x 50mm, Esgoto Série Normal - TIGRE",{"$nulls":7},89630]
["4","Tê 100 x 50mm, Esgoto Série Normal - TIGRE",{"$nulls":7},104352]
[4,"Tê 100 x 100mm, Esgoto Série Normal - TIGRE",{"$nulls":7},89833]
["Conexões - Pluvial"]
["Quantidade","Descrição"]
["30","Anel de vedação para conexão Série N, 75mm",{"$nulls":7},329]
["6","Anel de vedação para conexão Série N, 100mm",{"$nulls":7},328]
["1","Cap 100mm, Esgoto Série Normal - TIGRE",{"$nulls":7},104178]
["1","Curva 90º Longa 100mm, Esgoto Série Normal - TIGRE",{"$nulls":7},89812]
["15","Joelho 90º 75mm, Esgoto Série Normal - TIGRE",{"$nulls":7},89805]
["15","Luva Simples 75mm, Esgoto Série Normal - TIGRE",{"$nulls":7},89817]
["2","Luva Simples 100mm, Esgoto Série Normal - TIGRE",{"$nulls":7},89821]
["1","Tê 100 x 100mm, Esgoto Série Normal - TIGRE",{"$nulls":7},89833]
[]
["Tubos Rigidos"]
["Descrição","Abreviatura","Diâmetro","Comprimento (m)"]
["Esgoto"]
["Tubo Série Normal","PVC-N","40,00 mm","9,20",{"$nulls":5},89711]
["Tubo Série Normal","PVC-N","50,00 mm","26,11",{"$nulls":5},89712]
["Tubo Série Normal","PVC-N","75,00 mm","9,07",{"$nulls":5},89713]
["Tubo Série Normal","PVC-N","100,00 mm","30,39",{"$nulls":5},89714]
["Descrição","Abreviatura","Diâmetro","Comprimento (m)"]
["Pluvial"]
["Tubo Série Normal","PVC-N","75,00 mm","29,74",{"$nulls":5},89576]
["Tubo Série Normal","PVC-N","100,00 mm","9,31",{"$nulls":5},89578]
["Descrição","Abreviatura","Diâmetro","Comprimento (m)"]
["Água Fria"]
["Tubo Soldável Marrom","PVC-S","20,00 mm","12,38",{"$nulls":5},89401]
["Tubo Soldável Marrom","PVC-S","25,00 mm","22,10",{"$nulls":5},89402]
["Tubo Soldável Marrom","PVC-S","50,00 mm","26,45",{"$nulls":5},103979]
[]
[]
["Caixas - Ralos - Complementos"]
["Quantidade","Descrição"]
["3","Antiespuma 100 mm, Esgoto",{"$nulls":7},89495]
["2","Caixa de Inspeção de Alvenaria",{"$nulls":7},97904]
["3","Caixa Sifonada 100 x 100 x 50mm",{"$nulls":7},89707]
["3","Caixa de Passagem Pluvial de Alvenaria",{"$nulls":7},99253]
["Válvulas, registros e acessórios de tubo"]
["Quantidade","Descrição"]
["1","Hidrômetro - Designação Y - Qn = 0,75 m³/h",{"$nulls":7},95673]
["4","Registro de gaveta Europa 3/4\" - DocolBásicos",{"$nulls":7},89353]
["1","Registro Esfera VS Compacto Soldável 20mm - TIGRE",{"$nulls":7},103042]
["2","Registro Esfera VS Compacto Soldável 50mm - TIGRE",{"$nulls":7},94492]
["1","Registro Esfera VS Soldável 20mm - TIGRE",{"$nulls":7},103047]
["Peças hidráulicas e sanitárias"]
["Quantidade","Descrição"]
["5","Grelha e Porta Grelha Quadrado Inox 100mm para ralo seco",{"$nulls":7},89709]
["34 m","Calha Retângular de Aço Galvanizado - Num 24 ",null,null,"=6,80*5",null,null,null,{"$f":"6.8*5","v":34},94227]
["4","Bacia Sanitária com Caixa Acoplada",{"$nulls":7},86888]
["4","Chuveiro",{"$nulls":7},100860]
["3","Mictório",{"$nulls":7},100858]
["5","Torneira de mesa bica baixa para lavatório",{"$nulls":7},86906]
["5","Cuba de sobrepor",{"$nulls":7},86935]
["5","Sifão para lavatório 1\"x1.1⁄2\" com tubo de 300 mm",{"$nulls":7},86883]
["1","Caixa d’água de polietileno, 3000 litros - Fortlev",{"$nulls":7},102610,98462]
["9","Engate flexível 300mm",{"$nulls":7},86886]
["1","Torneira de Boia haste ABS Fortlev",{"$nulls":7},94795]
[]
[]
["Materiais - Tanque(s) Séptico(s) Circular(es)"]
["Quantidade","Materiais"]
[3,"Anel de concreto LISO (Ø 2000 mm)",{"$nulls":7},98054]
["3","Revestimento impermeabilizante semi-flexível"]
["1","Tampa circular (Ø 2000 mm) c/ inspeção quadrada (600x600mm) "]
["Materiais - Sumidouro(s) Prismático(s)"]
["Quantidade","Descrição","Área material","Volume material"]
["1","Alvenaria em blocos cerâmicos","25,68 m²","",{"$nulls":5},98101]
["1","Camada de Brita N°4","","11,60 m³"]
["1","Concreto (Laje de Concreto)","","0,66 m³"]
["1","Tampão de ferro fundido articulado 60X60 cm","",""]
["Materiais - Sumidouro(s) Circular(es)"]
["Quantidade","Descrição","Área material","Volume material"]
[6,"Anel de concreto FURADO 1.50 (Ø 1500 mm)",null,"5,41 m³",{"$nulls":5},98062]
["1","Tampa circular (Ø 1500 mm)  "]
["1","Camada de Brita N°4",""]
[]
[]
[]
["Marcus Vinícius Vasconcelos Nascimento\nEngenheiro civil\nCREA nº 210.169.654-1\nResponsável pelo projeto e orçamento."]

{"sheet":"ITEM 8.2 - DRENAGEM_PROF. TUBOS","index":31,"n_rows":153,"n_cols":17,"rows_kept":153,"cut":false,"hidden":false,"merged":[[45,0,45,11],[46,0,46,11],[47,12,48,12],[47,11,48,11],[98,4,98,5],[84,7,84,10],[47,0,48,0],[79,0,79,5],[47,6,48,6],[47,7,47,8],[47,9,48,9],[47,10,48,10],[47,1,48,1],[47,2,48,2],[47,3,48,3],[47,4,48,4],[47,5,48,5]]}
["LOCAL",null,"TUBO","DN\r\n(m)","COMPRIENTO\n(m)","DECLIVIDADE\r\n(%)","COBERTURA\r\nINICIAL","COBERTURA\r\nFINAL","COORDENADAS INÍCIO\r\n(UTM) SIRGAS 2000","COORDENADAS FINAL\r\n(UTM) SIRGAS 2000","COBRIMENTO \nMÉDIO ATÉ O TN"]
["AP - 010",null,141.84,"1,00 - SIMPLES",39,"0,58%",-1.1200000000000001,-0.68,"472520.17m E 9993732.05m S","472557.75m E 9993722.21m S",-0.04,null,141.84,{"$f":"M2/20","v":7.0920000000000005}]
["TRECHO 01","ESTACA","TUBO\r\nDN","COMPRIMENTO\r\n(m)","COMPRIMENTO\r\n(m)","DECLIVIDADE\r\n(%)","COBERTURA\r\nINICIAL","COBERTURA\r\nFINAL","COORDENADAS INÍCIO\r\n(UTM) SIRGAS 2000","COORDENADAS FINAL\r\n(UTM) SIRGAS 2000","COBRIMENTO \r\nMÉDIO ATÉ O TN",null,"TUBO",{"$f":"M3/20","v":{"$error":"#VALUE!"}}]
["TRECHO 01","12 + 13.0","BDTC 1000mm","1,00 - DUPLO",23,"0,50%",-0.44,-0.2,"472325.69m E 9993864.72m S","472327.34m E 9993841.42m S","-0,19 m",null,258.99,12.9495]
["TRECHO 01","25 + 8.0","BDTC 1000mm","1,00 - DUPLO",29,"0,52%",-0.64,-0.82,"472212.21m E 9994053.34m S","472241.31m E 9994049.40m S","-0,64 m",null,512.04999999999995,25.602499999999999]
["TRECHO 01","42 + 1.0","BSTC 1000mm","1,00 - SIMPLES",28,"1,22%",-0.91,-0.68,"472069.45m E 9994340.68m S","472041.17m E 9994338.15m S","-0,53 m",null,839.06,41.952999999999996]
["TRECHO 01",49,"BSTC 1000mm","1,00 - SIMPLES",25,"0,50%",-0.17,-0.02,"472037.31m E 9994472.43m S","472061.50m E 9994479.66m S","0,08 m",null,981.8,49.089999999999996]
["TRECHO 01","62 + 17.0","BSTC 1000mm","1,00 - SIMPLES",29,"0,77%",-0.68,-0.68,"471961.79m E 9994724.72m S","471989.99m E 9994731.14m S","-0,35 m",null,1262.0899999999999,63.104499999999994]
["TRECHO 01","68 + 18.0","BSTC 1000mm","1,00 - SIMPLES",26,"0,50%",-0.6,-0.32,"471864.48m E 9994790.05m S","471886.52m E 9994804.23m S","-0,25 m",null,1382.45,69.122500000000002]
["TRECHO 01","78 + 3.0","BDTC 1000mm","1,00 - DUPLO",29,"0,50%",-0.93,-0.51,"471725.50m E 9994903.53m S","471703.63m E 9994884.93m S","-0,40 m",null,1561.85,78.092500000000001]
["TRECHO 01","94 + 10.0","BSTC 800mm","0,80 - SIMPLES",27,"0,50%",-0.47,-0.62,"471475.91m E 9995119.56m S","471502.41m E 9995117.43m S","-0,47 m",null,1894.35,94.717500000000001]
["TRECHO 01","95 + 0.0","BSTC 800mm","0,80 - SIMPLES",26,"0,50%",-0.67,-0.47,"471450.47m E 9995122.72m S","471475.91m E 9995119.56m S","-0,37 m",null,1907.56,95.378]
["TRECHO 01","104 + 5.0","BTCC 3,0 x 3,0m\n\n\nh = 0,90m","BTCC 3,0 X 3,0",19,"0,51%",0.21,0.36,"471404.35m E 9995272.79m S","471423.33m E 9995273.76m S","0,52 m",null,2175.6799999999998,108.78399999999999]
["TRECHO 01","109 + 1.0","BTTC 1500mm","1,50 - TRIPLO",28,"0,50%",-0.71,-0.6,"471396.88m E 9995388.14m S","471368.67m E 9995391.70m S","-0,59 m",null,2870.31,143.5155]
["TRECHO 01","143 + 1.0","BSTC 1000mm","1,00 - SIMPLES",28,"0,49%",-0.52,-0.28999999999999998,"471273.99m E 9996033.43m S","471301.91m E 9996034.14m S","-0,29 m",null,3066.37,153.3185]
["TRECHO 01","153 + 0.0","BSTC 1000mm","1,00 - SIMPLES",28,"0,94%",-0.51,-0.64,"471137.79m E 9996173.76m S","471164.95m E 9996181.02m S","-0,48 m",null,3259.4,162.97]
["TRECHO 01","162 + 18.0","BSTC 1000mm","1,00 - SIMPLES",26,"0,53%",-0.66,-0.83,"471051.97m E 9996350.57m S","471077.51m E 9996355.25m S","-0,63 m",null,3443.07,172.15350000000001]
["TRECHO 01","172 + 2.0","BSTC 800mm","0,80 - SIMPLES",24,"0,50%",-0.17,-0.08,"471048.29m E 9996532.29m S","471067.23m E 9996518.04m S","-0,08 m",null,3446.7,172.33499999999998,null,null,{"$f":"202*20","v":4040}]
["TRECHO 01","172 + 10.0","BSTC 800mm","0,80 - SIMPLES",24,"1,16%",-0.1,-0.1,"471035.48m E 9996552.47m S","471048.29m E 9996532.29m S","-0,07 m",null,3579.3,178.965]
["TRECHO 01",179,"BSTC 1000mm","1,00 - SIMPLES",21,"0,50%",-0.55000000000000004,-0.55000000000000004,"471109.59m E 9996651.19m S","471129.29m E 9996643.63m S","-0,53 m"]
["TRECHO 02",null,"TUBO","DN\r\n(m)","COPRIENTO\n(m)","DECLIVIDADE\r\n(%)","COBERTURA\r\nINICIAL","COBERTURA\r\nFINAL","COORDENADAS INÍCIO\r\n(UTM) SIRGAS 2000","COORDENADAS FINAL\r\n(UTM) SIRGAS 2000","COBRIENTO \r\nÉDIO ATÉ O TN",null,"TUBO",{"$error":"#VALUE!"}]
["TRECHO 02",null,3998.2,"1,00 - SIMPLES",23,"0,90%",-0.18,-0.41,"471309.64m E 9996883.70m S","471286.82m E 9996889.23m S",-0.18,null,3998.2,199.91]
["TRECHO 02",null,4765.8500000000004,"1,00 - SIMPLES",26,"0,54%",-0.45,-0.68,"471496.96m E 9997609.82m S","471470.52m E 9997609.82m S",-0.45,null,4765.8500000000004,238.29250000000002]
["TRECHO 02",null,4864.7,"1,00 - SIMPLES",25,"0,56%",-0.37,-0.7,"471529.67m E 9997703.75m S","471504.32m E 9997703.75m S",-0.37,null,4864.7,243.23499999999999,null,null,{"$f":"263*20","v":5260}]
["TRECHO 02",null,5215.38,"0,80 - SIMPLES",28,"1,55%",-0.13,-0.21,"471748.13m E 9997959.52m S","471720.39m E 9997961.67m S",-0.12,null,5215.38,260.76900000000001]
["TRECHO 02",null,5237.1400000000003,"0,80 - SIMPLES",26,"0,55%",-0.18,-0.18,"471774.18m E 9997956.03m S","471748.13m E 9997959.52m S",-7.0000000000000007E-2,null,5237.1400000000003,261.85700000000003]
["TRECHO 03",null,"TUBO","DN\r\n(m)","COPRIENTO\n(m)","DECLIVIDADE\r\n(%)","COBERTURA\r\nINICIAL","COBERTURA\r\nFINAL","COORDENADAS INÍCIO\r\n(UTM) SIRGAS 2000","COORDENADAS FINAL\r\n(UTM) SIRGAS 2000","COBRIENTO \r\nÉDIO ATÉ O TN",null,"TUBO",{"$error":"#VALUE!"}]
["TRECHO 03",null,5359.64,"1,00 - SIMPLES",21,"2,20%",-0.62,-0.62,"471705.43m E 9998006.43m S","471691.89m E 9997989.95m S",-0.62,null,5359.64,267.98200000000003]
["TRECHO 03",null,5504,"1,00 - SIMPLES",30,"0,68%",-0.06,-0.81,"471655.30m E 9998122.28m S","471626.24m E 9998117.14m S",-0.06,null,5504,275.2]
["TRECHO 04",null,"TUBO","DN\r\n(m)","COPRIENTO\n(m)","DECLIVIDADE\r\n(%)","COBERTURA\r\nINICIAL","COBERTURA\r\nFINAL","COORDENADAS INÍCIO\r\n(UTM) SIRGAS 2000","COORDENADAS FINAL\r\n(UTM) SIRGAS 2000","COBRIENTO \r\nÉDIO ATÉ O TN",null,"TUBO",{"$error":"#VALUE!"}]
["TRECHO 04",null,6042.04,"1,00 - SIMPLES",26,"1,60%",-0.5,-0.5,"471338.17m E 9998420.04m S","471317.70m E 9998403.93m S",-0.5,null,6042.04,302.10199999999998]
{"$rows_empty":14}
["TABELA DE ESCAVAÇÃO E ATERRO"]
["RAMAL DA TOTOIA"]
["TIPO","DN        (m)","Comp. (m)","Cober. inicial (m)","Cober. final (m)","Seção Média (m)","Escav.    (m³)","Preenchimento Lateral \nAterro Manual (m³) **",null,"Aterro Manual (m³)","Vol.de tubos total (m³)","Lastro de Areia (m³)","Vol. total (PL+ATM+VT+L)"]
[{"$nulls":7},"Aflorando","Aterrando"]
["BSTC Ø 1,00",{"$f":"D2","v":"1,00 - SIMPLES"},{"$f":"E2","v":39},{"$f":"G2","v":-1.1200000000000001},{"$f":"H2","v":-0.68},{"$f":"ROUND((D50+E50)/2,2)","v":-0.9},{"$f":"(F50+1.24+0.2)*1.64*C50","v":34.538400000000003},{"$f":"((1.24+F50)*1.64*C50)-K50*(1-(ABS(F50)/1.24))","v":21.262634136774189},null,null,{"$f":"((3.1416*0.12^2)*C50)","v":1.7643225600000001},{"$f":"0.2*1.64*C50","v":12.792},{"$f":"H50+K50+L50","v":35.818956696774187},{"$f":"ROUND(M50-G50,2)","v":1.28}]
[null,{"$f":"D3","v":"COMPRIMENTO\r\n(m)"},{"$f":"E3","v":"COMPRIMENTO\r\n(m)"},"COBERTURA\r\nINICIAL","COBERTURA\r\nFINAL",{"$nulls":7},{"$f":"H51+K51+L51","v":0}]
["BDTC Ø 1,00","1,00 - DUPLO",{"$f":"E4*2","v":46},-0.44,-0.2,{"$f":"ROUND((D52+E52)/2,2)","v":-0.32},{"$f":"(F52+1.24+0.2)*1.64*C52","v":84.492799999999988},{"$f":"((1.24+F52)*1.64*C52)-K52*(1-(ABS(F52)/1.24))","v":67.860835344516104},null,null,{"$f":"((3.1416*0.12^2)*C52)","v":2.0809958399999999},{"$f":"0.2*1.64*C52","v":15.088000000000001},85.029831184516098,{"$f":"ROUND(M52-G52,2)","v":0.54}]
["BDTC Ø 1,00","1,00 - DUPLO",{"$f":"E5*2","v":58},-0.64,-0.82,{"$f":"ROUND((D53+E53)/2,2)","v":-0.73},{"$f":"(F53+1.24+0.2)*1.64*C53","v":67.535199999999989},{"$f":"((1.24+F53)*1.64*C53)-K53*(1-(ABS(F53)/1.24))","v":47.432029997419349},null,null,{"$f":"((3.1416*0.12^2)*C53)","v":2.62386432},{"$f":"0.2*1.64*C53","v":19.024000000000001},69.07989431741936,1.54]
["BSTC Ø 1,00","1,00 - SIMPLES",{"$f":"E6","v":28},-0.91,-0.68,-0.8,29.388799999999996,19.755328247741936,null,null,1.26669312,9.1840000000000011,30.206021367741936,0.82]
["BSTC Ø 1,00","1,00 - SIMPLES",{"$f":"E7","v":25},-0.17,-0.02,-0.1,54.939999999999991,45.700231741935482,null,null,1.130976,8.2000000000000011,55.031207741935482,0.09]
["BSTC Ø 1,00","1,00 - SIMPLES",{"$f":"E8","v":29},-0.68,-0.68,-0.68,36.145600000000002,26.041114508387096,null,null,1.31193216,9.5120000000000005,36.865046668387095,0.72]
["BSTC Ø 1,00","1,00 - SIMPLES",{"$f":"E9","v":26},-0.6,-0.32,-0.46,41.787199999999999,32.519322797419356,null,null,1.17621504,8.5280000000000005,42.223537837419357,0.44]
["BDTC Ø 1,00","1,00 - DUPLO",{"$f":"E10*2","v":58},-0.93,-0.51,-0.72,68.486399999999989,48.362069801290325,null,null,2.62386432,19.024000000000001,70.009934121290328,1.52]
["BSTC Ø 0,80","0,80 - SIMPLES",{"$f":"E11","v":27},-0.47,-0.62,{"$f":"ROUND((D59+E59)/2,2)","v":-0.55000000000000004},{"$f":"(F59+1+0.2)*1.4*C59","v":24.569999999999993},{"$f":"((1+F59)*1.4*C59)-K59*(1-(ABS(F59)/1))","v":16.628295599999998},null,null,{"$f":"((3.1416*0.1^2)*C59)","v":0.84823200000000021},{"$f":"0.2*1.4*C59","v":7.56},25.036527599999996,0.47]
["BSTC Ø 0,80","0,80 - SIMPLES",{"$f":"E12","v":26},-0.67,-0.47,-0.56999999999999995,{"$f":"(F60+1+0.2)*1.4*C60","v":22.932000000000002},{"$f":"((1+F60)*1.4*C60)-K60*(1-(ABS(F60)/1))","v":15.300769119999998},null,null,{"$f":"((3.1416*0.1^2)*C60)","v":0.81681600000000021},{"$f":"0.2*1.4*C60","v":7.2799999999999994},23.397585119999995,0.47]
["BTCC 3,0 x 3,0m","BTCC 3,0 X 3,0",{"$f":"E13","v":19},0.21,0.36,0.28999999999999998,{"$f":"(F61+3.4+0.1)*10.1*C61","v":727.30099999999993},{"$nulls":5},0,-727.3]
["BTTC Ø 1,50","1,50 - TRIPLO",{"$f":"E14*3","v":84},-0.71,-0.6,{"$f":"ROUND((D62+E62)/2,2)","v":-0.66},{"$f":"(F62+1.9+0.2)*2.18*C62","v":263.69279999999998},{"$f":"((1.9+F62)*2.18*C62)-K62*(1-(ABS(F62)/1.9))","v":220.17976724210524},null,null,{"$f":"((3.1416*0.2^2)*C62)","v":10.555776000000002},{"$f":"0.2*2.18*C62","v":36.624000000000002},{"$f":"H62+K62+L62","v":267.35954324210525},{"$f":"ROUND(M62-G62,2)","v":3.67}]
["BSTC Ø 1,00","1,00 - SIMPLES",{"$f":"E15","v":28},-0.52,-0.28999999999999998,-0.41,{"$f":"(F63+1.24+0.2)*1.64*C63","v":47.297600000000003},{"$f":"((1.24+F63)*1.64*C63)-K63*(1-(ABS(F63)/1.24))","v":37.265732830967742},null,null,{"$f":"((3.1416*0.12^2)*C63)","v":1.26669312},{"$f":"0.2*1.64*C63","v":9.1840000000000011},47.716425950967746,0.42]
["BSTC Ø 1,00","1,00 - SIMPLES",28,-0.51,-0.64,-0.57999999999999996,39.491200000000006,29.632992371612904,null,null,1.26669312,9.1840000000000011,40.083685491612904,0.59]
["BSTC Ø 1,00","1,00 - SIMPLES",26,-0.66,-0.83,-0.75,29.421599999999998,20.428805347096773,null,null,1.17621504,8.5280000000000005,30.133020387096771,0.71]
["BSTC Ø 0,80","0,80 - SIMPLES",24,-0.17,-0.08,-0.13,{"$f":"(F66+1+0.2)*1.4*C66","v":35.951999999999998},{"$f":"((1+F66)*1.4*C66)-K66*(1-(ABS(F66)/1))","v":28.57603392},null,null,{"$f":"((3.1416*0.1^2)*C66)","v":0.75398400000000021},{"$f":"0.2*1.4*C66","v":6.7199999999999989},36.050017920000002,0.1]
["BSTC Ø 0,80","0,80 - SIMPLES",24,-0.1,-0.1,-0.1,{"$f":"(F67+1+0.2)*1.4*C67","v":36.96},{"$f":"((1+F67)*1.4*C67)-K67*(1-(ABS(F67)/1))","v":29.5614144},null,null,{"$f":"((3.1416*0.1^2)*C67)","v":0.75398400000000021},{"$f":"0.2*1.4*C67","v":6.7199999999999989},37.035398399999998,0.08]
["BSTC Ø 1,00","1,00 - SIMPLES",21,-0.55000000000000004,-0.55000000000000004,-0.55000000000000004,{"$f":"(F68+1.24+0.2)*1.64*C68","v":30.651599999999995},{"$f":"((1.24+F68)*1.64*C68)-K68*(1-(ABS(F68)/1.24))","v":23.234959927741937},null,null,{"$f":"((3.1416*0.12^2)*C68)","v":0.95001984000000006},{"$f":"0.2*1.64*C68","v":6.8879999999999999},{"$f":"H68+K68+L68","v":31.072979767741934},{"$f":"ROUND(M68-G68,2)","v":0.42}]
[null,{"$f":"D21","v":"DN\r\n(m)"},"COPRIENTO\n(m)",{"$f":"G21","v":"COBERTURA\r\nINICIAL"},{"$f":"H21","v":"COBERTURA\r\nFINAL"},{"$nulls":7},{"$f":"H69+K69+L69","v":0},{"$f":"ROUND(M69-G69,2)","v":0}]
["BSTC Ø 1,00","1,00 - SIMPLES",23,{"$f":"G22","v":-0.18},{"$f":"H22","v":-0.41},-0.3,43.000799999999991,34.668035447741929,null,null,1.04049792,7.5440000000000005,43.252533367741933,{"$f":"ROUND(M70-G70,2)","v":0.25}]
["BSTC Ø 1,00",{"$f":"D23","v":"1,00 - SIMPLES"},26,{"$f":"G23","v":-0.45},{"$f":"H23","v":-0.68},-0.56999999999999995,37.096800000000002,27.933264454193548,null,null,1.17621504,8.5280000000000005,37.637479494193549,{"$f":"ROUND(M71-G71,2)","v":0.54}]
["BSTC Ø 0,80","1,00 - SIMPLES",25,-0.37,-0.7,-0.54,36.899999999999991,28.061545806451612,null,null,1.130976,8.2000000000000011,37.392521806451612,{"$f":"ROUND(M72-G72,2)","v":0.49}]
["BSTC Ø 0,80","0,80 - SIMPLES",28,-0.13,-0.21,{"$f":"ROUND((D73+E73)/2,2)","v":-0.17},{"$f":"(F73+1+0.2)*1.4*C73","v":40.375999999999998},{"$f":"((1+F73)*1.4*C73)-K73*(1-(ABS(F73)/1))","v":31.805892160000003},null,null,{"$f":"((3.1416*0.1^2)*C73)","v":0.87964800000000021},{"$f":"0.2*1.4*C73","v":7.839999999999999},40.525540159999998,{"$f":"ROUND(M73-G73,2)","v":0.15}]
["BSTC Ø 0,80","0,80 - SIMPLES",26,-0.18,-0.18,{"$f":"ROUND((D74+E74)/2,2)","v":-0.18},{"$f":"(F74+1+0.2)*1.4*C74","v":37.128},{"$f":"((1+F74)*1.4*C74)-K74*(1-(ABS(F74)/1))","v":29.178210879999998},null,null,{"$f":"((3.1416*0.1^2)*C74)","v":0.81681600000000021},{"$f":"0.2*1.4*C74","v":7.2799999999999994},{"$f":"H74+K74+L74","v":37.275026879999999},{"$f":"ROUND(M74-G74,2)","v":0.15}]
[null,"DN\r\n(m)","COPRIENTO\n(m)"]
["BSTC Ø 1,00","1,00 - SIMPLES",{"$f":"E28","v":21},{"$f":"G28","v":-0.62},-0.62,{"$f":"ROUND((D76+E76)/2,2)","v":-0.62},{"$f":"(F76+1.24+0.2)*1.64*C76","v":28.2408},{"$f":"((1.24+F76)*1.64*C76)-K76*(1-(ABS(F76)/1.24))","v":20.877790079999997},null,null,{"$f":"((3.1416*0.12^2)*C76)","v":0.95001984000000006},{"$f":"0.2*1.64*C76","v":6.8879999999999999},28.715809919999998,{"$f":"ROUND(M76-G76,2)","v":0.48}]
["BSTC Ø 1,00","1,00 - SIMPLES",{"$f":"E29","v":30},-0.06,-0.81,-0.44,49.199999999999996,38.484405677419353,null,null,1.3571712,9.84,49.68157687741936,{"$f":"ROUND(M77-G77,2)","v":0.48}]
[null,"DN\r\n(m)",{"$f":"E30","v":"COPRIENTO\n(m)"},"COBERTURA\r\nINICIAL","COBERTURA\r\nFINAL",{"$nulls":7},0]
["BSTC Ø 1,00","1,00 - SIMPLES",26,-0.5,-0.5,-0.5,40.081599999999995,30.851665218064515,null,null,1.17621504,8.5280000000000005,40.555880258064512,{"$f":"ROUND(M79-G79,2)","v":0.47}]
["Total",{"$nulls":5},{"$f":"SUBTOTAL(9,G50:G79)","v":1987.6081999999999},{"$f":"SUM(H50:H79)","v":971.60314705887924},null,null,40.894835520000015,264.68800000000005,1277.1859825788792]
[]
[]
[]
[]
[null,null,"Valores",{"$nulls":4},"TABELA DE ESCAVAÇÃO E ATERRO DOS BUEIROS"]
[null,"Rótulos de Linha","Soma de COMPRIENTO\n(m)","Soma de Escav.    (m³)","Soma de Aterro Manual (m³)","Soma de Lastro (m³)",null,"LOCAL","ESCAVAÇÃO (m³)","ATERRO MANUAL (m³)","LASTRO DE AREIA (m³)"]
[null,"AP - 010",39,34.538400000000003,21.262634136774189,12.792,null,{"$f":"B87","v":"AP - 010"},{"$f":"D87","v":34.538400000000003},{"$f":"E87","v":21.262634136774189},{"$f":"F87","v":12.792}]
[null,"TRECHO 01",440,1641.0457999999999,708.47970319823412,187.24800000000002,null,{"$f":"B88","v":"TRECHO 01"},{"$f":"D88","v":1641.0457999999999},{"$f":"E88","v":708.47970319823412},{"$f":"F88","v":187.24800000000002}]
[null,"TRECHO 02",128,194.5016,151.6469487483871,39.392000000000003,null,"TRECHO 02",194.5016,151.6469487483871,39.392000000000003]
[null,"TRECHO 03",51,77.440799999999996,59.36219575741935,16.728000000000002,null,"TRECHO 03",77.440799999999996,59.36219575741935,16.728000000000002]
[null,"TRECHO 04",26,40.081599999999995,30.851665218064515,8.5280000000000005,null,"TRECHO 04",40.081599999999995,30.851665218064515,8.5280000000000005]
[null,"Total Geral",684,1987.6081999999999,971.60314705887936,264.68800000000005,null,"TOTAL",1987.6081999999999,971.60314705887936,264.68800000000005]
[]
[]
[]
[]
[]
[]
[{"$nulls":4},"QUANTIDADES DOS BUEIROS"]
[null,"Rótulos de Linha","Soma de Comprimento total (m)",null,"LOCAL","COMP. (m)"]
[null,"AP - 010",39,null,{"$f":"B101","v":"AP - 010"},{"$f":"C101","v":39}]
[null,"Tubo de 1,00 (m)",39,null,{"$f":"B102","v":"Tubo de 1,00 (m)"},{"$f":"C102","v":39}]
[null,"TRECHO 01",577,null,"TRECHO 01",577]
[null,"Tubo de 0,80 (m)",101,null,"Tubo de 0,80 (m)",101]
[null,"Tubo de 1,00 (m)",373,null,"Tubo de 1,00 (m)",373]
[null,"Tubo de 1,50 (m)",84,null,"Tubo de 1,50 (m)",84]
[null,"BTCC 3,0 X 3,0 (m)",19,null,"BTCC 3,0 X 3,0 (m)",19]
[null,"TRECHO 02",128,null,"TRECHO 02",128]
[null,"Tubo de 0,80 (m)",54,null,"Tubo de 0,80 (m)",54]
[null,"Tubo de 1,00 (m)",74,null,"Tubo de 1,00 (m)",74]
[null,"TRECHO 03",51,null,"TRECHO 03",51]
[null,"Tubo de 1,00 (m)",51,null,"Tubo de 1,00 (m)",51]
[null,"TRECHO 04",26,null,"TRECHO 04",26]
[null,"Tubo de 1,00 (m)",26,null,{"$f":"B114","v":"Tubo de 1,00 (m)"},{"$f":"C114","v":26}]
[null,"Total Geral",821,null,{"$f":"B115","v":"Total Geral"},{"$f":"C115","v":821}]
[]
[{"$nulls":10},{"$f":"821-684","v":137}]
[{"$nulls":4},"TUBO DE 0,80 (m)","TUBO DE 1,00 (m)","TUBO DE 1,50 (m)","BTCC 3,0 X 3,0 (m)"]
[{"$nulls":4},"(m)","(m)","(m)","(m)"]
[{"$nulls":4},{"$f":"101+54","v":155},{"$f":"39+373+74+51+26","v":563},{"$f":"84","v":84},19]
[]
[]
[{"$f":"A1","v":"LOCAL"},"TIPO",{"$f":"A1","v":"LOCAL"},{"$f":"D1","v":"DN\r\n(m)"},{"$f":"E1","v":"COMPRIENTO\n(m)"},"TIPO DE TUBO","Quantidade de Tubos","Comprimento total (m)","Escav.    (m³)","Aterro Manual (m³)","Vol.de tubos total (m³)","Lastro (m³)",null,"Lastro (m³)"]
[{"$f":"A2","v":"AP - 010"},{"$f":"A50","v":"BSTC Ø 1,00"},{"$f":"A2","v":"AP - 010"},{"$f":"D2","v":"1,00 - SIMPLES"},{"$f":"E2","v":39},"Tubo de 1,00 (m)",1,{"$f":"E124*G124","v":39},{"$f":"G50","v":34.538400000000003},{"$f":"H50","v":21.262634136774189},{"$f":"K50","v":1.7643225600000001},12.792,null,{"$f":"L50","v":12.792}]
[{"$nulls":8},{"$f":"G51","v":0},{"$f":"H51","v":0},0,0,null,{"$f":"L52","v":15.088000000000001}]
[{"$f":"A4","v":"TRECHO 01"},{"$f":"A52","v":"BDTC Ø 1,00"},{"$f":"A4","v":"TRECHO 01"},{"$f":"D4","v":"1,00 - DUPLO"},23,"Tubo de 1,00 (m)",2,46,84.492799999999988,67.860835344516104,2.0809958399999999,15.088000000000001,null,19.024000000000001]
["TRECHO 01","BDTC Ø 1,00","TRECHO 01","1,00 - DUPLO",29,"Tubo de 1,00 (m)",2,58,67.535199999999989,47.432029997419349,2.62386432,19.024000000000001,null,9.1840000000000011]
["TRECHO 01","BSTC Ø 1,00","TRECHO 01","1,00 - SIMPLES",28,"Tubo de 1,00 (m)",1,28,29.388799999999996,19.755328247741936,1.26669312,9.1840000000000011,null,8.2000000000000011]
["TRECHO 01","BSTC Ø 1,00","TRECHO 01","1,00 - SIMPLES",25,"Tubo de 1,00 (m)",1,25,54.939999999999991,45.700231741935482,1.130976,8.2000000000000011,null,9.5120000000000005]
["TRECHO 01","BSTC Ø 1,00","TRECHO 01","1,00 - SIMPLES",29,"Tubo de 1,00 (m)",1,29,36.145600000000002,26.041114508387096,1.31193216,9.5120000000000005,null,8.5280000000000005]
["TRECHO 01","BSTC Ø 1,00","TRECHO 01","1,00 - SIMPLES",26,"Tubo de 1,00 (m)",1,26,41.787199999999999,32.519322797419356,1.17621504,8.5280000000000005,null,19.024000000000001]
["TRECHO 01","BDTC Ø 1,00","TRECHO 01","1,00 - DUPLO",29,"Tubo de 1,00 (m)",2,58,68.486399999999989,48.362069801290325,2.62386432,19.024000000000001,null,7.56]
["TRECHO 01","BSTC Ø 0,80","TRECHO 01","0,80 - SIMPLES",27,"Tubo de 0,80 (m)",1,27,24.569999999999993,16.628295599999998,0.84823200000000021,7.56,null,7.2799999999999994]
["TRECHO 01","BSTC Ø 0,80","TRECHO 01","0,80 - SIMPLES",26,"Tubo de 0,80 (m)",1,26,22.932000000000002,15.300769119999998,0.81681600000000021,7.2799999999999994,null,0]
["TRECHO 01","BTCC 3,0 x 3,0m","TRECHO 01","BTCC 3,0 X 3,0",19,"BTCC 3,0 X 3,0 (m)",1,19,727.30099999999993,0,0,0,null,36.624000000000002]
["TRECHO 01","BTTC Ø 1,50","TRECHO 01","1,50 - TRIPLO",28,"Tubo de 1,50 (m)",3,{"$f":"E136*G136","v":84},263.69279999999998,220.17976724210524,10.555776000000002,36.624000000000002,null,9.1840000000000011]
["TRECHO 01","BSTC Ø 1,00","TRECHO 01","1,00 - SIMPLES",28,"Tubo de 1,00 (m)",1,28,47.297600000000003,37.265732830967742,1.26669312,9.1840000000000011,null,9.1840000000000011]
["TRECHO 01","BSTC Ø 1,00","TRECHO 01","1,00 - SIMPLES",28,"Tubo de 1,00 (m)",1,28,39.491200000000006,29.632992371612904,1.26669312,9.1840000000000011,null,8.5280000000000005]
["TRECHO 01","BSTC Ø 1,00","TRECHO 01","1,00 - SIMPLES",26,"Tubo de 1,00 (m)",1,26,29.421599999999998,20.428805347096773,1.17621504,8.5280000000000005,null,6.7199999999999989]
["TRECHO 01","BSTC Ø 0,80","TRECHO 01","0,80 - SIMPLES",24,"Tubo de 0,80 (m)",1,24,35.951999999999998,28.57603392,0.75398400000000021,6.7199999999999989,null,6.7199999999999989]
["TRECHO 01","BSTC Ø 0,80","TRECHO 01","0,80 - SIMPLES",24,"Tubo de 0,80 (m)",1,24,36.96,29.5614144,0.75398400000000021,6.7199999999999989,null,{"$f":"L69","v":0}]
["TRECHO 01","BSTC Ø 1,00","TRECHO 01","1,00 - SIMPLES",21,"Tubo de 1,00 (m)",1,21,30.651599999999995,23.234959927741937,0.95001984000000006,6.8879999999999999,null,{"$f":"L70","v":7.5440000000000005}]
[{"$nulls":8},0,0,0,0,null,{"$f":"L71","v":8.5280000000000005}]
[{"$f":"A22","v":"TRECHO 02"},{"$f":"A70","v":"BSTC Ø 1,00"},{"$f":"A22","v":"TRECHO 02"},{"$f":"D22","v":"1,00 - SIMPLES"},23,"Tubo de 1,00 (m)",1,23,43.000799999999991,34.668035447741929,1.04049792,7.5440000000000005,null,{"$f":"L72","v":8.2000000000000011}]
[{"$f":"A23","v":"TRECHO 02"},{"$f":"A71","v":"BSTC Ø 1,00"},{"$f":"A23","v":"TRECHO 02"},"1,00 - SIMPLES",26,"Tubo de 1,00 (m)",1,26,37.096800000000002,27.933264454193548,1.17621504,8.5280000000000005,null,{"$f":"L73","v":7.839999999999999}]
[{"$f":"A24","v":"TRECHO 02"},{"$f":"A72","v":"BSTC Ø 0,80"},{"$f":"A24","v":"TRECHO 02"},"1,00 - SIMPLES",25,"Tubo de 1,00 (m)",1,25,36.899999999999991,28.061545806451612,1.130976,8.2000000000000011,null,{"$f":"L76","v":6.8879999999999999}]
[{"$f":"A25","v":"TRECHO 02"},{"$f":"A73","v":"BSTC Ø 0,80"},{"$f":"A25","v":"TRECHO 02"},"0,80 - SIMPLES",28,"Tubo de 0,80 (m)",1,28,40.375999999999998,31.805892160000003,0.87964800000000021,7.839999999999999,null,{"$f":"L77","v":9.84}]
[{"$f":"A26","v":"TRECHO 02"},{"$f":"A74","v":"BSTC Ø 0,80"},{"$f":"A26","v":"TRECHO 02"},"0,80 - SIMPLES",26,"Tubo de 0,80 (m)",1,26,37.128,29.178210879999998,0.81681600000000021,7.2799999999999994,null,{"$f":"L79","v":8.5280000000000005}]
[{"$nulls":8},0,0]
[{"$f":"A28","v":"TRECHO 03"},{"$f":"A76","v":"BSTC Ø 1,00"},{"$f":"A28","v":"TRECHO 03"},{"$f":"D28","v":"1,00 - SIMPLES"},{"$f":"E28","v":21},"Tubo de 1,00 (m)",1,21,28.2408,20.877790079999997,{"$f":"K76","v":0.95001984000000006},{"$f":"L76","v":6.8879999999999999}]
[{"$f":"A29","v":"TRECHO 03"},{"$f":"A77","v":"BSTC Ø 1,00"},{"$f":"A29","v":"TRECHO 03"},{"$f":"D29","v":"1,00 - SIMPLES"},{"$f":"E29","v":30},"Tubo de 1,00 (m)",1,30,49.199999999999996,38.484405677419353,{"$f":"K77","v":1.3571712},{"$f":"L77","v":9.84}]
[{"$nulls":8},{"$f":"G78","v":0},0]
[{"$f":"A31","v":"TRECHO 04"},{"$f":"A79","v":"BSTC Ø 1,00"},{"$f":"A31","v":"TRECHO 04"},{"$f":"D31","v":"1,00 - SIMPLES"},{"$f":"E31","v":26},"Tubo de 1,00 (m)",1,26,40.081599999999995,30.851665218064515,{"$f":"K79","v":1.17621504},{"$f":"L79","v":8.5280000000000005}]

{"sheet":"DRENAGEM_PROF. EQUIPAMENTOS","index":32,"n_rows":91,"n_cols":18,"rows_kept":91,"cut":false,"hidden":false,"merged":[[90,3,90,7],[83,4,83,5],[83,6,83,7],[57,8,57,9],[82,3,82,11]]}
["Local","ESTACA","DESCRIÇÃO","COTAS","PROFUNDIDADE\r\n(m)","COORDENADAS","EQUIPAMENTOS","DISSIPADOR"]
["AP-010","7 + 2.0 LE","BOCA BSTC 1,0m 01","CT= 4,88\r\n CF= 3,70","1,18","472520.17m E \r\n\r\n\n9993732.05m S","BOCA BSTC 1000"]
["AP-010","7 + 18.0 LD","BOCA BSTC 1,0m 02 \r\n\r\n\nCOM DISSIPADOR DEB 05","CT= 4,80\r\n CF= 3,48","1,32","472557.75m E \r\n\r\n\n9993722.21m S","BOCA BSTC 1000","DEB 300-366"]
[null,"ESTACA","DESCRIÇÃO","COTAS","PROFUNDIDADE\r\n(m)","COORDENADAS"]
["Trecho 01","12 + 10 LE","BOCA BDTC 1,0m 01\r\n\r\n\nCOM DISSIPADOR DEB 08","CT= 3,26\r\n CF= 2,08","1,18","472327.34m E \r\n\r\n\n9993841.42m S","BOCA BDTC 1000","DEB 300-551"]
["Trecho 01","12 + 19.0 LD","BOCA BDTC 1,0m 02","CT= 3,38\r\n CF= 2,20","1,18","472325.69m E \r\n\r\n\n9993864.72m S","BOCA BDTC 1000"]
["Trecho 01","25 + 1.0 LD","BOCA BDTC 1,0m 03\r\n\r\n\nCOM DISSIPADOR DEB 08","CT= 5,56\r\n CF= 4,38","1,18","472241.31m E \r\n\r\n\n9994049.40m S","BOCA BDTC 1000","DEB 300-551"]
["Trecho 01","25 + 8.0 LE","BOCA BDTC 1,0m 04","CT= 5,71\r\n CF= 4,54","1,18","472212.21m E \r\n\r\n\n9994053.34m S","BOCA BDTC 1000"]
["Trecho 01","42 + 0.0 LD","BOCA BSTC 1,0m 03","CT= 4,48\r\n CF= 3,30","1,18","472069.45m E \r\n\r\n\n9994340.68m S","BOCA BSTC 1000"]
["Trecho 01","42 + 2.0 LE","BOCA BSTC 1,0m 04 \r\n\r\n\nCOM DISSIPADOR DEB 05","CT= 4,28\r\n CF= 2,96","1,32","472041.17m E \r\n\r\n\n9994338.15m S","BOCA BSTC 1000","DEB 300-366"]
["Trecho 01","48 + 19 LD","BOCA BSTC 1,0m 06\r\n\r\n\nCOM DISSIPADOR DEB 05","CT= 4,56\r\n CF= 3,38","1,18","472061.50m E \r\n\r\n\n9994479.66m S","BOCA BSTC 1000","DEB 300-366"]
["Trecho 01","49 LE","BOCA BSTC 1,0m 05","CT= 4,69\r\n CF= 3,51","1,18","472037.31m E \r\n\r\n\n9994472.43m S","BOCA BSTC 1000"]
["Trecho 01","62 + 10.0 LD","BOCA BSTC 1,0m 08\r\n\r\n\nCOM DISSIPADOR DEB 05","CT= 3,55\r\n CF= 2,22","1,32","471989.99m E \r\n\r\n\n9994731.14m S","BOCA BSTC 1000","DEB 300-366"]
["Trecho 01","63 + 1.0 LE","BOCA BSTC 1,0m 07","CT= 3,62\r\n CF= 2,45","1,18","471961.79m E \r\n\r\n\n9994724.72m S","BOCA BSTC 1000"]
["Trecho 01","68 + 8.0 LD","BOCA BSTC 1,0m 10\r\n\r\n\nCOM DISSIPADOR DEB 05","CT= 3,26\r\n CF= 2,08","1,18","471886.52m E \r\n\r\n\n9994804.23m S","BOCA BSTC 1000","DEB 300-366"]
["Trecho 01","69 + 1.0 LE","BOCA BSTC 1,0m 09","CT= 3,39\r\n CF= 2,21","1,18","471864.48m E \r\n\r\n\n9994790.05m S","BOCA BSTC 1000"]
["Trecho 01","78 + 1.0 LD","BOCA BDTC 1,0m 05","CT= 3,71\r\n CF= 2,54","1,18","471725.50m E \r\n\r\n\n9994903.53m S","BOCA BDTC 1000"]
["Trecho 01","78 + 6.0 LE","BOCA BDTC 1,0m 06\r\n\r\n\nCOM DISSIPADOR DEB 08","CT= 3,57\r\n CF= 2,40","1,18","471703.63m E \r\n\r\n\n9994884.93m S","BOCA BDTC 1000","DEB 300-551"]
["Trecho 01","94 + 0.0 LD","BOCA BSTC 0,80m 02\r\n\r\n\nCOM DISSIPADOR DEB 05","CT= 3,67\r\n CF= 2,69","0,98","471502.41m E \r\n\r\n\n9995117.43m S","BOCA BSTC 800","DEB 300-366"]
["Trecho 01","94 + 14.0","PVI 01\r\n\r\n\nTipo: PVI 03 / CPV 01","CT= 4,70\r\n CF= 2,83","1,87","471475.91m E \r\n\r\n\n9995119.56m S","PVI 03/CPV 01"]
["Trecho 01","95 + 8.0 LE","BOCA BSTC 0,80m 01","CT= 3,93\r\n CF= 2,95","0,98","471450.47m E \r\n\r\n\n9995122.72m S","BOCA BSTC 800"]
["Trecho 01","103 + 0.0 LD","BOCA BTCC 3,0 x 3,0 - 02","CT= 3,40\r\n CF= 0,00","3,40","471423.33m E \r\n\r\n\n9995273.76m S","BOCA BTCC 3,0 X 3,0"]
["Trecho 01","103 + 5.0 LE","BOCA BTCC 3,0 x 3,0 - 01","CT= 3,34\r\n CF= 0,20","3,14","471404.34m E \r\n\r\n\n9995272.79m S","BOCA BTCC 3,0 X 3,0"]
["Trecho 01","108 + 18.0 LD","BOCA BTTC 1,5 m 01","CT= 5,10\r\n CF= 3,05","2,05","471396.88m E \r\n\r\n\n9995388.14m S","BOCA BTTC 1500"]
["Trecho 01","ESTACA","DESCRIÇÃO","COTAS","PROFUNDIDADE\r\n(m)","COORDENADAS"]
["Trecho 01","109 + 4.0 LE","BOCA BTTC 1,5 m 02\r\n\r\n\nCOM DISSIPADOR DEB 13","CT= 4,96\r\n CF= 2,91","2,05","471368.67m E \r\n\r\n\n9995391.70m S","BOCA BTTC 1500","DEB 450-956"]
["Trecho 01","142 + 16.0 LD","BOCA BSTC 1,0m 12\r\n\r\n\nCOM DISSIPADOR DEB 05","CT= 11,73\r\n CF= 10,55","1,18","471301.91m E \r\n\r\n\n9996034.14m S","BOCA BSTC 1000","DEB 300-366"]
["Trecho 01","143 + 11.0 LE","BOCA BSTC 1,0m 11","CT= 11,87\r\n CF= 10,69","1,18","471273.99m E \r\n\r\n\n9996033.43m S","BOCA BSTC 1000"]
["Trecho 01","152 + 18.0 LD","BOCA BSTC 1,0m 14\r\n\r\n\n COM DISSIPADOR DEB 05","CT= 12,98\r\n CF= 11,80","1,18","471164.95m E \r\n\r\n\n9996181.02m S","BOCA BSTC 1000","DEB 300-366"]
["Trecho 01","153 + 8.0 LE","BOCA BSTC 1,0m 13","CT= 13,24\r\n CF= 12,07","1,18","471137.79m E \r\n\r\n\n9996173.76m S","BOCA BSTC 1000"]
["Trecho 01","162 + 17.0 LD","BOCA BSTC 1,0m 16 \r\n\r\n\nCOM DISSIPADOR DEB 05","CT= 15,26\r\n CF= 13,93","1,32","471077.51m E \r\n\r\n\n9996355.25m S","BOCA BSTC 1000","DEB 300-366"]
["Trecho 01","162 + 19.0 LE","BOCA BSTC 1,0m 15","CT= 15,39\r\n CF= 14,07","1,32","471051.97m E \r\n\r\n\n9996350.57m S","BOCA BSTC 1000"]
["Trecho 01","172 + 2.0 LD","BOCA BSTC 0,80m 04\r\n\r\n\n COM DISSIPADOR DEB 04","CT= 15,24\r\n CF= 13,98","1,26","471067.23m E \r\n\r\n\n9996518.04m S","BOCA BSTC 800","DEB 240-316"]
["Trecho 01","172 + 3.0","PVI 02\r\n\r\n\nTipo: PVI 03 / CPV 01","CT= 15,70\r\n CF= 14,03","1,67","471048.29m E \r\n\r\n\n9996532.29m S","PVI 03/CPV 01"]
["Trecho 01","172 + 17.0 LE","BOCA BSTC 0,80m 03","CT= 15,44\r\n CF= 14,31","1,12","471035.48m E \r\n\r\n\n9996552.47m S","BOCA BSTC 800"]
["Trecho 02","179 + 0.0 LE","BOCA BSTC 1,0m 17","CT= 15,45\r\n CF= 14,13","1,32","471109.59m E \r\n\r\n\n9996651.19m S","BOCA BSTC 1000"]
["Trecho 03","179 + 0.5 LD","BOCA BSTC 1,0m 18\r\n\r\n\nCOM DISSIPADOR DEB 05","CT= 15,35\r\n CF= 14,02","1,32","471129.29m E \r\n\r\n\n9996643.63m S","BOCA BSTC 1000","DEB 300-366"]
[null,"ESTACA","DESCRIÇÃO","COTAS","PROFUNDIDADE\r\n(m)","COORDENADAS"]
["Trecho 02","199 + 18.0 LD","BOCA BSTC 1,0m 19","CT= 12,31\r\n CF= 10,98","1,32","471309.64m E \r\n\r\n\n9996883.70m S","BOCA BSTC 1000"]
["Trecho 02","200 + 0.0 LE","BOCA BSTC 1,0m 20\r\n\r\n\nCOM DISSIPADOR DEB 05","CT= 12,10\r\n CF= 10,77","1,32","471286.82m E \r\n\r\n\n9996889.23m S","BOCA BSTC 1000","DEB 300-366"]
["Trecho 02","237 + 17.0 LE","BOCA BSTC 1,0m 22\r\n\r\n\nCOM DISSIPADOR DEB 05","CT= 14,59\r\n CF= 13,41","1,18","471470.52m E \r\n\r\n\n9997609.82m S","BOCA BSTC 1000","DEB 300-366"]
["Trecho 02","238 + 8.0 LD","BOCA BSTC 1,0m 21","CT= 14,73\r\n CF= 13,56","1,18","471496.96m E \r\n\r\n\n9997609.82m S","BOCA BSTC 1000"]
["Trecho 02","242 + 17.0 LE","BOCA BSTC 1,00m 24\r\n\r\n\nCOM DISSIPADOR DEB 05","CT= 13,88\r\n CF= 12,56","1,32","471504.32m E \r\n\r\n\n9997703.75m S","BOCA BSTC 1000","DEB 300-366"]
["Trecho 02","243 + 5.0 LD","BOCA BSTC 1,00m 23","CT= 14,03\r\n CF= 12,70","1,32","471529.67m E \r\n\r\n\n9997703.75m S","BOCA BSTC 1000"]
["Trecho 02","259 + 12.0 LE","BOCA BSTC 0,80m 06\r\n\r\n\nCOM DISSIPADOR DEB 04","CT= 16,15\r\n CF= 14,95","1,20","471720.39m E \r\n\r\n\n9997961.67m S","BOCA BSTC 800","DEB 240-316"]
["Trecho 02","260 + 14.0","PVI 03\r\n\r\n\nTipo: PVI 03 / CPV 01","CT= 16,85\r\n CF= 15,21","1,65","471748.13m E \r\n\r\n\n9997959.52m S","PVI 03/CPV 01"]
["Trecho 02","261 + 18.0 LD","BOCA BSTC 0,80m 05","CT= 16,70\r\n CF= 15,58","1,12","471774.18m E \r\n\r\n\n9997956.03m S","BOCA BSTC 800"]
[null,"ESTACA","DESCRIÇÃO","COTAS","PROFUNDIDADE\r\n(m)","COORDENADAS"]
["Trecho 03","267 + 19.0 LE","BOCA BSTC 1,00m 26\r\n\r\n\nCOM DISSIPADOR DEB 05","CT= 16,25\r\n CF= 14,92","1,32","471691.89m E \r\n\r\n\n9997989.95m S","BOCA BSTC 1000","DEB 300-366"]
["Trecho 03","268 LD","BOCA BSTC 1,00m 25","CT= 16,72\r\n CF= 15,39","1,32","471705.43m E \r\n\r\n\n9998006.43m S","BOCA BSTC 1000"]
["Trecho 03","274 + 18.0 LE","BOCA BSTC 1,00m 28\r\n\r\n\nCOM DISSIPADOR DEB 05","CT= 15,43\r\n CF= 14,10","1,32","471626.24m E \r\n\r\n\n9998117.14m S","BOCA BSTC 1000","DEB 300-366"]
["Trecho 03","275 + 4.0 LD","BOCA BSTC 1,00m 27","CT= 15,63\r\n CF= 14,30","1,32","471655.30m E \r\n\r\n\n9998122.28m S","BOCA BSTC 1000"]
[null,"ESTACA","DESCRIÇÃO","COTAS","PROFUNDIDADE\r\n(m)","COORDENADAS"]
["Trecho 04","302 + 1.0 LD","BOCA BSTC 1,00m 29","CT= 12,21\r\n CF= 10,88","1,32","471338.17m E \r\n\r\n\n9998420.04m S","BOCA BSTC 1000"]
["Trecho 04","302 + 3.0 LE","BOCA BSTC 1,00m 30\r\n\r\n\nCOM DISSIPADOR DEB 05","CT= 11,79\r\n CF= 10,47","1,32","471317.70m E \r\n\r\n\n9998403.93m S","BOCA BSTC 1000","DEB 300-366"]
[]
[]
[{"$nulls":8},"QUADRO RESUMO                                         DISPOSITIVOS DE DRENAGEM"]
["Rótulos de Linha","Contagem de EQUIPAMENTOS",null,null,"Rótulos de Linha","Contagem de EQUIPAMENTOS",null,null,"TIPO","QUANT. DO DISPOSITIVO ",null,"Rótulos de Linha","Contagem de DISSIPADOR",null,null,null,"Rótulos de Linha","Contagem de DISSIPADOR"]
["AP-010",2,null,null,"BOCA BSTC 800",6,null,null,{"$f":"E60","v":"BOCA BSTC 800"},{"$f":"F60","v":6},null,"DEB 300-551",3,null,null,null,"AP-010",1]
["BOCA BSTC 1000",2,null,null,"BOCA BSTC 1000",30,null,null,{"$f":"E61","v":"BOCA BSTC 1000"},30,null,"DEB 450-956",1,null,null,null,"DEB 300-366",1]
["Trecho 01",30,null,null,"BOCA BDTC 1000",6,null,null,"BOCA BDTC 1000",6,null,"DEB 240-316",2,null,null,null,"Trecho 01",13]
["BOCA BSTC 800",4,null,null,"BOCA BTTC 1500",2,null,null,"BOCA BTTC 1500",2,null,"DEB 300-366",16,null,null,null,"DEB 300-551",3]
["BOCA BSTC 1000",14,null,null,"PVI 03/CPV 01",3,null,null,{"$f":"E65","v":"BOCA BTCC 3,0 X 3,0"},{"$f":"F65","v":2},null,"Total Geral",22,null,null,null,"DEB 450-956",1]
["BOCA BDTC 1000",6,null,null,"BOCA BTCC 3,0 X 3,0",2,null,null,{"$f":"E64","v":"PVI 03/CPV 01"},{"$f":"F64","v":3},{"$nulls":6},"DEB 240-316",1]
["BOCA BTTC 1500",2,null,null,"Total Geral",49,null,null,{"$f":"L60","v":"DEB 300-551"},3,{"$nulls":6},"DEB 300-366",8]
["PVI 03/CPV 01",2,{"$nulls":6},"DEB 450-956",1,{"$nulls":6},"Trecho 02",4]
["BOCA BTCC 3,0 X 3,0",2,{"$nulls":6},"DEB 240-316",2,{"$nulls":6},"DEB 240-316",1]
["Trecho 02",10,{"$nulls":6},"DEB 300-366",16,{"$nulls":6},"DEB 300-366",3]
["BOCA BSTC 800",2,{"$nulls":6},{"$f":"DRENAGEM_SUPERFICIAL!M5","v":"EDA 01 - B"},{"$f":"DRENAGEM_SUPERFICIAL!N5","v":13},{"$nulls":6},"Trecho 03",3]
["BOCA BSTC 1000",7,{"$nulls":6},{"$f":"DRENAGEM_SUPERFICIAL!M6","v":"EDA 01 - A"},{"$f":"DRENAGEM_SUPERFICIAL!N6","v":23},{"$nulls":6},"DEB 300-366",3]
["PVI 03/CPV 01",1,{"$nulls":6},{"$f":"DRENAGEM_SUPERFICIAL!M7","v":"DED 02 - A"},{"$f":"DRENAGEM_SUPERFICIAL!N7","v":23},{"$nulls":6},"Trecho 04",1]
["Trecho 03",5,{"$nulls":6},"DAR 40-20 (m)",{"$f":"DRENAGEM_SUPERFICIAL!O29","v":91.605039405288409},{"$nulls":6},"DEB 300-366",1]
["BOCA BSTC 1000",5,{"$nulls":6},"DPS 02",{"$f":"K91","v":1341.15},{"$nulls":6},"Total Geral",22]
["Trecho 04",2,{"$nulls":6},"BSD 01",{"$f":"L91","v":24}]
["BOCA BSTC 1000",2,{"$nulls":6},"MFC-05 (m)",{"$f":"'Consolidado Drenagem'!B21","v":1771.2599999999998}]
["Total Geral",49,{"$nulls":6},"MFC-05 - DESCONTAR (m)",{"$f":"DRENAGEM_SUPERFICIAL!P29","v":3.0999999999999996}]
[]
[]
[]
[]
[]
[null,null,null,"COMPRIMENTO DPS 02 E BSD01"]
[null,null,null,"Local","Estaca Inicial",null,"Estaca Final",null,"Comp.","Comp. Ext.","Comp. DPS 02","BSD 01"]
[null,null,null,"Trecho 01",2,0,11,10,{"$f":"(G85-E85)*20+H85-F85","v":190},{"$f":"6+3.68+18.83+6+3.68+6+3.68+6+3.68","v":57.55},{"$f":"J85+I85","v":247.55},4]
[null,null,null,"Trecho 01",14,0,24,0,200,{"$f":"6+3.68+6+3.68+6+3.68+6+3.68","v":38.72},238.72,4]
[null,null,null,"Trecho 01",27,0,41,0,280,{"$f":"6+3.68+6+3.68+6+3.68+6+3.68","v":38.72},318.72000000000003,4]
[null,null,null,"Trecho 01",65,0,68,0,60,{"$f":"6+3.68+6+3.68+6+3.68+6+3.68","v":38.72},98.72,4]
[null,null,null,"Trecho 01",70,0,77,0,140,{"$f":"6+3.68+6+3.68+6+3.68+6+3.68","v":38.72},178.72,4]
[null,null,null,"Trecho 01",79,0,90,0,220,{"$f":"6+3.68+6+3.68+6+3.68+6+3.68","v":38.72},258.72000000000003,4]
[null,null,null,"Total",{"$nulls":4},{"$f":"SUM(I85:I90)","v":1090},{"$f":"SUM(J85:J90)","v":251.15},{"$f":"SUM(K85:K90)","v":1341.15},{"$f":"SUM(L85:L90)","v":24}]

{"sheet":"DRENAGEM_SUPERFICIAL","index":33,"n_rows":102,"n_cols":25,"rows_kept":102,"cut":false,"hidden":false,"merged":[[1,5,1,7],[23,12,23,15],[64,18,64,24],[65,22,65,23],[65,18,66,18],[65,19,66,19],[65,20,66,20]]}
[null,null,null,{"$f":"SUBTOTAL(9,D4:D1217)","v":0},{"$f":"SUBTOTAL(9,E4:E1217)","v":3.0999999999999996},{"$f":"SUBTOTAL(9,F4:F1217)","v":76.220000000000013},{"$f":"SUBTOTAL(9,G4:G1217)","v":50.813333333333304},{"$f":"SUBTOTAL(9,H4:H1217)","v":91.60503940528848}]
[{"$nulls":4},"EDA 02","DAR 02"]
[null,"Trecho","Estaca","Equipamentos (Unid.)","EDA 02 -MEIO FIO DESCONTAR","DAR 02 \nb","DAR 02 \nc","DAR 40-20\na Comprimento (m)",{"$nulls":5},"Valores"]
[null,"AP-010",8,"DED 02 - A",null,1.77,{"$f":"F4/1.5","v":1.18},{"$f":"SQRT(F4^2+G4^2)","v":2.1272752525237535},{"$nulls":4},"Rótulos de Linha","Contagem de Equipamentos (Unid.)","Soma de EDA 02 -MEIO FIO DESCONTAR","Soma de DAR 40-20\na Comprimento (m)"]
[null,"Trecho 01",31,"DED 02 - A",null,2.36,{"$f":"F5/1.5","v":1.5733333333333333},{"$f":"SQRT(F5^2+G5^2)","v":2.8363670033650048},{"$nulls":4},"EDA 01 - B",13,3.0999999999999996,36.920845060751255]
[null,"Trecho 01",38,"DED 02 - A",null,1.48,0.98666666666666669,1.7787386292289014,{"$nulls":4},"EDA 01 - A",23]
[null,"Trecho 01",43,"DED 02 - A",null,1.47,0.98,1.7667201249773548,{"$nulls":4},"DED 02 - A",23,null,54.684194344537168]
[null,"Trecho 01",64,"DED 02 - A",null,1.63,1.0866666666666667,1.9590161930021008,{"$nulls":4},"Total Geral",59,3.0999999999999996,91.605039405288409]
[null,"Trecho 01",66,"DED 02 - A",null,2.42,1.6133333333333333,2.9084780288742844]
[null,"Trecho 01",81,"DED 02 - A",null,1.75,1.1666666666666667,2.1032382440206607]
[null,"Trecho 01",107,"DED 02 - A",null,1.79,1.1933333333333334,2.1513122610268471]
[null,"Trecho 01",107,"DED 02 - A",null,2.61,1.74,3.1368296096536703]
[null,"Trecho 01",142,"DED 02 - A",null,1.71,1.1399999999999999,2.0551642270144739]
[null,"Trecho 01",142,"DED 02 - A",null,1.69,1.1266666666666667,2.0311272185113807]
[null,"Trecho 01",145,"DED 02 - A",null,1.35,0.9,1.6224980739587953]
[null,"Trecho 01",146,"DED 02 - A",null,1.75,1.1666666666666667,2.1032382440206607]
[null,"Trecho 01",177,"DED 02 - A",null,1.83,1.22,2.1993862780330335]
[null,"Trecho 01",177,"DED 02 - A",null,1.41,0.94,1.6946090994680749]
[null,"Trecho 01",181,"DED 02 - A",null,1.65,1.0999999999999999,1.9830532015051938]
[null,"Trecho 01",181,"DED 02 - A",null,1.63,1.0866666666666667,1.9590161930021008]
[null,"Trecho 02",203,"DED 02 - A",null,2.2200000000000002,1.4800000000000002,2.6681079438433524]
[null,"Trecho 02",203,"DED 02 - A",null,1.17,0.77999999999999992,1.4061649974309556]
[null,"Trecho 02",235,"DED 02 - A",null,1.8,1.2,2.1633307652783933]
[null,"Trecho 02",244,"DED 02 - A",null,3.35,2.2333333333333334,4.0261989242681215,{"$nulls":4},"QUANTIDADE DE ESTRUTURA DRENAGEM SUPERFICIAL"]
[null,"Trecho 03",274,"DED 02 - A",null,2.87,1.9133333333333333,3.4493107201938833,{"$nulls":4},"LOCAL","EQUIP. (Un.)","DAR- 40-20 - COMP.(m)","MEIO FIO A DESCONT. (m)"]
[null,"Trecho 04",301,"DED 02 - A",null,3.79,2.5266666666666668,4.5550131113361729,{"$nulls":4},{"$f":"M5","v":"EDA 01 - B"},{"$f":"N5","v":13},{"$f":"P5","v":36.920845060751255},{"$f":"O5","v":3.0999999999999996}]
["rotatória ","Trecho 01",94,"EDA 01 - B",null,2.56,1.7066666666666668,3.0767370883959377,{"$nulls":4},{"$f":"M6","v":"EDA 01 - A"},23,{"$f":"P6","v":0},{"$f":"O6","v":0}]
["rotatória ","Trecho 01",94,"EDA 01 - B",null,2.56,1.7066666666666668,3.0767370883959377,{"$nulls":4},"DED 02 - A",23,{"$f":"P7","v":54.684194344537168},{"$f":"O7","v":0}]
["rotatória ","Trecho 01",94,"EDA 01 - B",null,2.56,{"$f":"F29/1.5","v":1.7066666666666668},{"$f":"SQRT(F29^2+G29^2)","v":3.0767370883959377},{"$nulls":4},"Total Geral",{"$f":"GETPIVOTDATA(\"Contagem de Equipamentos (Unid.)\",$M$3)","v":59},{"$f":"P8","v":91.605039405288409},{"$f":"GETPIVOTDATA(\"Soma de EDA 02 -MEIO FIO DESCONTAR\",$M$3)","v":3.0999999999999996}]
["rotatória ","Trecho 01",94,"EDA 01 - B",null,2.56,1.7066666666666668,3.0767370883959377]
["rotatória ","Trecho 01",172,"EDA 01 - B",null,2.56,1.7066666666666668,3.0767370883959377]
["rotatória ","Trecho 01",172,"EDA 01 - B",null,2.56,1.7066666666666668,3.0767370883959377]
["rotatória ","Trecho 01",172,"EDA 01 - B",null,2.56,1.7066666666666668,3.0767370883959377]
["rotatória ","Trecho 01",172,"EDA 01 - B",null,2.56,1.7066666666666668,3.0767370883959377]
["rotatória ","Trecho 02",264,"EDA 01 - B",null,2.56,1.7066666666666668,3.0767370883959377]
["rotatória ","Trecho 02",264,"EDA 01 - B",null,2.56,1.7066666666666668,3.0767370883959377]
["rotatória ","Trecho 02",264,"EDA 01 - B",null,2.56,1.7066666666666668,3.0767370883959377]
["rotatória ","Trecho 02",264,"EDA 01 - B",null,2.56,1.7066666666666668,3.0767370883959377]
[null,"AP-010",8,"EDA 01 - A"]
[null,"Trecho 01",31,"EDA 01 - A"]
[null,"Trecho 01",38,"EDA 01 - A"]
[null,"Trecho 01",43,"EDA 01 - A"]
[null,"Trecho 01",64,"EDA 01 - A"]
[null,"Trecho 01",66,"EDA 01 - A"]
[null,"Trecho 01",81,"EDA 01 - A"]
[null,"Trecho 01",107,"EDA 01 - A"]
[null,"Trecho 01",107,"EDA 01 - A"]
[null,"Trecho 01",142,"EDA 01 - A"]
[null,"Trecho 01",142,"EDA 01 - A"]
[null,"Trecho 01",145,"EDA 01 - A"]
[null,"Trecho 01",146,"EDA 01 - A"]
[null,"Trecho 01",177,"EDA 01 - A"]
[null,"Trecho 01",177,"EDA 01 - A"]
[null,"Trecho 01",181,"EDA 01 - A"]
[null,"Trecho 01",181,"EDA 01 - A"]
[null,"Trecho 02",203,"EDA 01 - A"]
[null,"Trecho 02",203,"EDA 01 - A"]
[null,"Trecho 02",235,"EDA 01 - A",{"$nulls":8},"Rótulos de Linha","Contagem de Equipamentos (Unid.)","Soma de EDA 02 -MEIO FIO DESCONTAR","Soma de DAR 40-20\na Comprimento (m)"]
[null,"Trecho 02",244,"EDA 01 - A",{"$nulls":8},"AP-010",2,null,2.1272752525237535]
[null,"Trecho 03",274,"EDA 01 - A",{"$nulls":8},"EDA 01 - A",1]
[null,"Trecho 04",301,"EDA 01 - A",{"$nulls":8},"DED 02 - A",1,null,2.1272752525237535]
[null,"Trecho 04",301,"EDA 01 - B",{"$f":"(1.2+0.7+1.2)*1","v":3.0999999999999996},{"$nulls":7},"Trecho 01",40,null,58.902689336830029]
[{"$nulls":12},"EDA 01 - B",8,null,24.613896707167502]
[{"$nulls":12},"EDA 01 - A",16]
[{"$nulls":12},"DED 02 - A",16,null,34.288792629662531,null,null,"DISPOSITIVOS DE DRENAGEM"]
[{"$nulls":12},"Trecho 02",12,null,22.570750984404572,null,null,"LOCAL","ESTACA ","LADO","ENTRADA DESCIDA D'ÁGUA","DESCIDA D'ÁGUA",null,"DISSIPADOR DE  ENERGIA"]
[{"$nulls":12},"EDA 01 - B",4,null,12.306948353583751,{"$nulls":5},"Tipo","Tipo","Extensão","Tipo"]
[{"$nulls":12},"EDA 01 - A",4,{"$nulls":4},"AP-010",8,"LD","EDA 01 A","DAR 40-20",2.13,"DED 02 A"]
[{"$nulls":12},"DED 02 - A",4,null,10.263802630820823,null,null,"Trecho 01",31,"LD","EDA 01 A","DAR 40-20",2.84,"DED 02 A"]
[{"$nulls":12},"Trecho 03",2,null,3.4493107201938833,null,null,"Trecho 01",38,"LD","EDA 01 A","DAR 40-20",1.78,"DED 02 A"]
[{"$nulls":12},"EDA 01 - A",1,{"$nulls":4},"Trecho 01",43,"LD","EDA 01 A","DAR 40-20",1.77,"DED 02 A"]
[{"$nulls":12},"DED 02 - A",1,null,3.4493107201938833,null,null,"Trecho 01",64,"LE","EDA 01 A","DAR 40-20",1.96,"DED 02 A"]
[{"$nulls":12},"Trecho 04",3,3.0999999999999996,4.5550131113361729,null,null,"Trecho 01",66,"LD","EDA 01 A","DAR 40-20",2.91,"DED 02 A"]
[{"$nulls":12},"EDA 01 - B",1,3.0999999999999996,null,null,null,"Trecho 01",81,"LD","EDA 01 A","DAR 40-20",2.1,"DED 02 A"]
[{"$nulls":12},"EDA 01 - A",1,{"$nulls":4},"Trecho 01",107,"LD","EDA 01 A","DAR 40-20",2.15,"DED 02 A"]
[{"$nulls":12},"DED 02 - A",1,null,4.5550131113361729,null,null,"Trecho 01",107,"LE","EDA 01 A","DAR 40-20",3.14,"DED 02 A"]
[{"$nulls":12},"Total Geral",59,3.0999999999999996,91.605039405288409,null,null,"Trecho 01",142,"LD","EDA 01 A","DAR 40-20",2.06,"DED 02 A"]
[{"$nulls":18},"Trecho 01",142,"LE","EDA 01 A","DAR 40-20",2.0299999999999998,"DED 02 A"]
[{"$nulls":18},"Trecho 01",145,"LE","EDA 01 A","DAR 40-20",1.62,"DED 02 A"]
[{"$nulls":18},"Trecho 01",146,"LD","EDA 01 A","DAR 40-20",2.1,"DED 02 A"]
[{"$nulls":18},"Trecho 01",177,"LD","EDA 01 A","DAR 40-20",2.2000000000000002,"DED 02 A"]
[{"$nulls":18},"Trecho 01",177,"LE","EDA 01 A","DAR 40-20",1.69,"DED 02 A"]
[{"$nulls":18},"Trecho 01",181,"LE","EDA 01 A","DAR 40-20",1.98,"DED 02 A"]
[{"$nulls":18},"Trecho 01",181,"LD","EDA 01 A","DAR 40-20",1.96,"DED 02 A"]
[{"$nulls":18},"Trecho 02",203,"LE","EDA 01 A","DAR 40-20",2.67,"DED 02 A"]
[{"$nulls":18},"Trecho 02",203,"LD","EDA 01 A","DAR 40-20",1.41,"DED 02 A"]
[{"$nulls":18},"Trecho 02",235,"LE","EDA 01 A","DAR 40-20",2.16,"DED 02 A"]
[{"$nulls":18},"Trecho 02",244,"LE","EDA 01 A","DAR 40-20",4.03,"DED 02 A"]
[{"$nulls":18},"Trecho 03",274,"LE","EDA 01 A","DAR 40-20",3.45,"DED 02 A"]
[{"$nulls":18},"Trecho 04",301,"LE","EDA 01 B","DAR 40-20",4.5599999999999996,"DED 02 A"]
[{"$nulls":18},"Trecho 01 - rotatória",94,"LE","EDA 01 B","DAR 40-20",3.08,"-"]
[{"$nulls":18},"Trecho 01 - rotatória",94,"LE","EDA 01 B","DAR 40-20",3.08,"-"]
[{"$nulls":18},"Trecho 01 - rotatória",94,"LD","EDA 01 B","DAR 40-20",3.08,"-"]
[{"$nulls":18},"Trecho 01 - rotatória",94,"LD","EDA 01 B","DAR 40-20",3.08,"-"]
[{"$nulls":18},"Trecho 01 - rotatória",172,"LE","EDA 01 B","DAR 40-20",3.08,"-"]
[{"$nulls":18},"Trecho 01 - rotatória",172,"LE","EDA 01 B","DAR 40-20",3.08,"-"]
[{"$nulls":18},"Trecho 01 - rotatória",172,"LD","EDA 01 B","DAR 40-20",3.08,"-"]
[{"$nulls":18},"Trecho 01 - rotatória",172,"LD","EDA 01 B","DAR 40-20",3.08,"-"]
[{"$nulls":18},"Trecho 02 - rotatória",264,"LE","EDA 01 B","DAR 40-20",3.08,"-"]
[{"$nulls":18},"Trecho 02 - rotatória",264,"LE","EDA 01 B","DAR 40-20",3.08,"-"]
[{"$nulls":18},"Trecho 02 - rotatória",264,"LD","EDA 01 B","DAR 40-20",3.08,"-"]
[{"$nulls":18},"Trecho 02 - rotatória",264,"LD","EDA 01 B","DAR 40-20",3.08,"-"]

{"sheet":"MEIO FIO EXERNO ","index":34,"n_rows":92,"n_cols":15,"rows_kept":92,"cut":false,"hidden":false,"merged":[]}
[{"$nulls":5},{"$f":"SUBTOTAL(9,F3:F92)","v":1774.3599999999997},{"$f":"SUBTOTAL(9,G3:G92)","v":266.154},{"$f":"SUBTOTAL(9,H3:H92)","v":29.942324999999997}]
["Local","Estaca","Área de\r\nMeio Fio \r\n(m²)","Volume \r\nMeio fio \r\n(m³)","Volume\r\nAcumulado\r\nMeio Fio (m³)","Comprimento Meio fio (m)","COMPACTAÇÃO MANUAL (m³)","ATERRO MANUAL (m³)",null,null,null,"Rótulos de Linha","Soma de Comprimento Meio fio (m)","Soma de COMPACTAÇÃO MANUAL (m³)","Soma de ATERRO MANUAL (m³)"]
["AP-010","8+0,00",4.2000000000000003E-2,0,0,null,{"$f":"F3*0.5*0.3","v":0},{"$f":"F3*(0.15*0.225/2)","v":0},null,null,null,"AP-010",120,18,2.0250000000000004]
["AP-010","9+0,00",4.2000000000000003E-2,0.84,0.84,null,{"$f":"F4*0.5*0.3","v":0},{"$f":"F4*(0.15*0.225/2)","v":0},null,null,null,"Trecho 01",1081.4780952380952,162.22171428571428,18.249942857142859]
["AP-010","10+0,00",4.2000000000000003E-2,0.84,1.68,null,0,0,null,null,null,"Trecho 02",432.40571428571423,64.860857142857142,7.2968464285714285]
["AP-010","11+0,00",4.2000000000000003E-2,0.84,2.52,null,0,0,null,null,null,"Trecho 03",39.999999999999993,5.9999999999999991,0.67499999999999993]
["AP-010","12+0,00",4.2000000000000003E-2,0.84,3.36,null,0,0,null,null,null,"Trecho 04",100.47619047619047,15.071428571428569,1.6955357142857141]
["AP-010","13+0,00",4.2000000000000003E-2,0.84,4.2,null,0,0,null,null,null,"Total Geral",1774.3599999999997,266.154,29.942325000000004]
["AP-010","14+0,00",4.2000000000000003E-2,0.84,5.04,{"$f":"E9/C9","v":120},18,2.0250000000000004]
["Trecho 01","Estaca","Área de\r\nMeio Fio \r\n(m²)","Volume \r\nMeio fio \r\n(m³)","Volume\r\nAcumulado\r\nMeio Fio (m³)",null,0,0]
["Trecho 01","31+0,00",4.2000000000000003E-2,0,0,null,0,0]
["Trecho 01","32+0,00",4.2000000000000003E-2,0.84,0.84,null,0,0]
["Trecho 01","33+0,00",4.2000000000000003E-2,0.84,1.68,{"$f":"E13/C13","v":39.999999999999993},5.9999999999999991,0.67499999999999993,"Meio fio a Descontar",3.1]
["Trecho 01","Estaca","Área de\r\nMeio Fio \r\n(m²)","Volume \r\nMeio fio \r\n(m³)","Volume\r\nAcumulado\r\nMeio Fio (m³)",null,0,0]
["Trecho 01","35+0,00",4.2000000000000003E-2,0,0,null,0,0]
["Trecho 01","36+0,00",4.2000000000000003E-2,0.84,0.84,null,0,0]
["Trecho 01","37+0,00",4.2000000000000003E-2,0.84,1.68,null,0,0]
["Trecho 01","38+0,00",4.2000000000000003E-2,0.84,2.52,{"$f":"E18/C18","v":60},9,1.0125000000000002]
["Trecho 01","Estaca","Área de\r\nMeio Fio \r\n(m²)","Volume \r\nMeio fio \r\n(m³)","Volume\r\nAcumulado\r\nMeio Fio (m³)",null,0,0]
["Trecho 01","40+0,00",4.2000000000000003E-2,0,0,null,0,0]
["Trecho 01","41+0,00",4.2000000000000003E-2,0.84,0.42,null,0,0]
["Trecho 01","42+0,00",4.2000000000000003E-2,0.76,1.6,null,0,0]
["Trecho 01","42+20,00",4.2000000000000003E-2,0.81,2.41,{"$f":"E23/C23","v":57.38095238095238},8.6071428571428559,0.96830357142857149]
["Trecho 01","Estaca","Área de\r\nMeio Fio \r\n(m²)","Volume \r\nMeio fio \r\n(m³)","Volume\r\nAcumulado\r\nMeio Fio (m³)",null,0,0]
["Trecho 01","64+0,00",4.2000000000000003E-2,0,0,null,0,0,null,null,null,"LOCAL","COMP. MEIO FIO MFC- 05 (m)","COMPACTAÇÃO MANUAL (m³)","ATERRO MANUAL (m³)"]
["Trecho 01","65+0,00",4.2000000000000003E-2,0.79,0.79,null,0,0,null,null,null,{"$f":"L3","v":"AP-010"},120,18,2.0250000000000004]
["Trecho 01","66+0,00",4.2000000000000003E-2,0.84,1.63,null,0,0,null,null,null,"Trecho 01",1081.4780952380952,162.22171428571428,18.249942857142859]
["Trecho 01","67+0,00",4.2000000000000003E-2,1.26,2.89,null,0,0,null,null,null,"Trecho 02",432.40571428571423,64.860857142857142,7.2968464285714285]
["Trecho 01","68+0,00",4.2000000000000003E-2,1.68,4.57,null,0,0,null,null,null,"Trecho 03",39.999999999999993,5.9999999999999991,0.67499999999999993]
["Trecho 01","69+0,00",4.2000000000000003E-2,1.68,6.25,null,0,0,null,null,null,"Trecho 04",100.47619047619047,15.071428571428569,1.6955357142857141]
["Trecho 01","70+0,00",4.2000000000000003E-2,1.68,7.93,null,0,0,null,null,null,"Total Geral",1774.3599999999997,266.154,29.942325000000004]
["Trecho 01","71+0,00",4.2000000000000003E-2,1.68,9.61,null,0,0]
["Trecho 01","72+0,00",4.2000000000000003E-2,1.68,11.29,null,0,0]
["Trecho 01","73+0,00",4.2000000000000003E-2,1.68,12.97,null,0,0]
["Trecho 01","74+0,00",4.2000000000000003E-2,1.26,14.23,null,0,0]
["Trecho 01","75+0,00",4.2000000000000003E-2,0.84,15.07,null,0,0]
["Trecho 01","76+0,00",4.2000000000000003E-2,0.85,15.92,null,0,0]
["Trecho 01","77+0,00",4.2000000000000003E-2,0.82,16.739999999999998,null,0,0]
["Trecho 01","78+0,00",4.2000000000000003E-2,0.82,17.559999999999999,null,0,0]
["Trecho 01","79+0,00",4.2000000000000003E-2,0.83,18.39,null,0,0]
["Trecho 01","80+0,00",4.2000000000000003E-2,0.84,19.23,null,0,0]
["Trecho 01","80+20,00",4.2000000000000003E-2,0.84,20.07,{"$f":"E42/C42","v":477.85714285714283},71.678571428571416,8.0638392857142858]
["Trecho 01","Rotatória 01",null,null,null,{"$f":"3.52+3.28+3.28+3.04","v":13.120000000000001},1.968,0.22140000000000004]
["Trecho 01","Estaca","Área de\r\nMeio Fio \r\n(m²)","Volume \r\nMeio fio \r\n(m³)","Volume\r\nAcumulado\r\nMeio Fio (m³)",null,0,0]
["Trecho 01","107+0,00",4.2000000000000003E-2,0,0,null,0,0]
["Trecho 01","108+0,00",4.2000000000000003E-2,1.68,{"$f":"D46","v":1.68},null,0,0]
["Trecho 01","109+0,00",4.2000000000000003E-2,1.68,{"$f":"D47+E46","v":3.36},null,0,0]
["Trecho 01","110+0,00",4.2000000000000003E-2,1.68,{"$f":"D48+E47","v":5.04},{"$f":"E48/C48","v":120},18,2.0250000000000004]
["Trecho 01","Estaca","Área de\r\nMeio Fio \r\n(m²)","Volume \r\nMeio fio \r\n(m³)","Volume\r\nAcumulado\r\nMeio Fio (m³)",null,0,0]
["Trecho 01","142+0,00",4.2000000000000003E-2,0,0,null,0,0]
["Trecho 01","143+0,00",4.2000000000000003E-2,1.68,1.68,null,0,0]
["Trecho 01","144+0,00",4.2000000000000003E-2,1.68,3.36,null,0,0]
["Trecho 01","145+0,00",4.2000000000000003E-2,1.68,5.04,null,0,0]
["Trecho 01","145+20,00",4.2000000000000003E-2,1.26,5.88,{"$f":"E54/C54","v":140},21,2.3625000000000003]
["Trecho 01","Rotatória 02",null,null,null,{"$f":"3.52+3.28+3.28+3.04","v":13.120000000000001},1.968,0.22140000000000004]
["Trecho 01","Estaca","Área de\r\nMeio Fio \r\n(m²)","Volume \r\nMeio fio \r\n(m³)","Volume\r\nAcumulado\r\nMeio Fio (m³)",null,0,0]
["Trecho 01","177+0,00",4.2000000000000003E-2,0,0,null,0,0]
["Trecho 01","178+0,00",4.2000000000000003E-2,1.68,{"$f":"D58","v":1.68},null,0,0]
["Trecho 01","179+0,00",4.2000000000000003E-2,1.68,{"$f":"D59+E58","v":3.36},null,0,0]
["Trecho 01","180+0,00",4.2000000000000003E-2,1.68,{"$f":"D60+E59","v":5.04},null,0,0]
["Trecho 01","180+20,00",4.2000000000000003E-2,1.68,{"$f":"D61+E60","v":6.72},{"$f":"E61/C61","v":159.99999999999997},23.999999999999996,2.6999999999999997]
["Trecho 02","Estaca","Área de\r\nMeio Fio \r\n(m²)","Volume \r\nMeio fio \r\n(m³)","Volume\r\nAcumulado\r\nMeio Fio (m³)",null,0,0]
["Trecho 02","197+0,00",4.2000000000000003E-2,0,0,null,0,0]
["Trecho 02","198+0,00",4.2000000000000003E-2,1.68,1.68,null,0,0]
["Trecho 02","199+0,00",4.2000000000000003E-2,1.68,3.36,null,0,0]
["Trecho 02","200+0,00",4.2000000000000003E-2,1.68,5.04,null,0,0]
["Trecho 02","201+0,00",4.2000000000000003E-2,1.68,6.72,null,0,0]
["Trecho 02","202+0,00",4.2000000000000003E-2,1.68,8.4,null,{"$f":"F68*0.5*0.3","v":0},{"$f":"F68*(0.15*0.225/2)","v":0}]
["Trecho 02","202+20,00",4.2000000000000003E-2,1.68,10.08,{"$f":"E69/C69","v":240},36,4.0500000000000007]
["Trecho 02","Estaca","Área de\r\nMeio Fio \r\n(m²)","Volume \r\nMeio fio \r\n(m³)","Volume\r\nAcumulado\r\nMeio Fio (m³)",null,0,0]
["Trecho 02","235+0,00",4.2000000000000003E-2,0,0,null,0,0]
["Trecho 02","236+0,00",4.2000000000000003E-2,0.84,{"$f":"D72","v":0.84},null,0,0]
["Trecho 02","237+0,00",4.2000000000000003E-2,0.84,{"$f":"D73+E72","v":1.68},null,0,0]
["Trecho 02","238+0,00",4.2000000000000003E-2,0.84,{"$f":"D74+E73","v":2.52},null,0,0]
["Trecho 02","239+0,00",4.2000000000000003E-2,0.84,3.36,null,0,0]
["Trecho 02","240+0,00",4.2000000000000003E-2,0.84,4.2,null,0,0]
["Trecho 02","241+0,00",4.2000000000000003E-2,0.84,5.04,null,0,0]
["Trecho 02","242+0,00",4.2000000000000003E-2,0.84,5.88,null,0,0]
["Trecho 02","243+0,00",4.2000000000000003E-2,0.84,6.72,null,0,0]
["Trecho 02","244+0,00",4.2000000000000003E-2,0.81,7.5299999999999994,{"$f":"E80/C80","v":179.28571428571425},26.892857142857135,3.0254464285714282]
["Trecho 02","Rotatória 03",null,null,null,{"$f":"3.52+3.28+3.28+3.04","v":13.120000000000001},1.968,0.22140000000000004]
["Trecho 03","Estaca","Área de\r\nMeio Fio \r\n(m²)","Volume \r\nMeio fio \r\n(m³)","Volume\r\nAcumulado\r\nMeio Fio (m³)",null,0,0]
["Trecho 03","274+0,00",4.2000000000000003E-2,0,0,null,0,0]
["Trecho 03","275+0,00",4.2000000000000003E-2,0.84,0.84,null,0,0]
["Trecho 03","275+20,00",4.2000000000000003E-2,0.84,{"$f":"D85+E84","v":1.68},{"$f":"E85/C85","v":39.999999999999993},5.9999999999999991,0.67499999999999993]
["Trecho 04","Estaca","Área de\r\nMeio Fio \r\n(m²)","Volume \r\nMeio fio \r\n(m³)","Volume\r\nAcumulado\r\nMeio Fio (m³)",null,0,0]
["Trecho 04","299+0,00",4.2000000000000003E-2,0,0,null,0,0]
["Trecho 04","300+0,00",4.2000000000000003E-2,0.84,{"$f":"D88","v":0.84},null,0,0]
["Trecho 04","301+0,00",4.2000000000000003E-2,0.84,{"$f":"D89+E88","v":1.68},null,0,0]
["Trecho 04","302+0,00",4.2000000000000003E-2,0.84,{"$f":"D90+E89","v":2.52},null,0,0]
["Trecho 04","303+0,00",4.2000000000000003E-2,0.84,{"$f":"D91+E90","v":3.36},null,0,0]
["Trecho 04","304+0,00",4.2000000000000003E-2,0.86,{"$f":"D92+E91","v":4.22},{"$f":"E92/C92","v":100.47619047619047},15.071428571428569,1.6955357142857141]

{"sheet":"MEIO FIO_EXTERNO","index":35,"n_rows":22,"n_cols":8,"rows_kept":22,"cut":false,"hidden":true,"merged":[[1,0,1,6]]}
[null,null,null,{"$f":"SUBTOTAL(9,D4:D77)","v":2172.79},{"$f":"SUBTOTAL(9,E4:E77)","v":1840},{"$f":"SUBTOTAL(9,F4:F77)","v":475.91689400000007},{"$f":"SUBTOTAL(9,G4:G77)","v":4.0500000000000007},{"$f":"F1*1.3","v":618.69196220000015}]
["MEIO FIO"]
["LOCAL","ESTACA INICIAL","ESTACA FINAL","LADO ESQUERDO (m)","LADO DIREITO (m)","COMPACTAÇÃO MANUAL (m³)","ATERRO MANUAL (m³)"]
["BR - 156",null,null,{"$f":"97.76+15.03","v":112.79},null,{"$f":"(D4+E4)*0.1186","v":13.376894},{"$f":"(D5+E5)*(0.15*0.225/2)","v":4.0500000000000007}]
["Ramal do Manga",42,48,{"$f":"($C5-$B5)*20","v":120},{"$f":"($C5-$B5)*20","v":120},{"$f":"(D5+E5)*0.1186","v":28.463999999999999}]
["Ramal do Manga",58,63,{"$f":"($C6-$B6)*20","v":100},null,11.86]
["Ramal do Manga",59,63,null,{"$f":"($C7-$B7)*20","v":80},9.4879999999999995]
["Ramal do Manga",68,70,{"$f":"($C8-$B8)*20","v":40},null,4.7439999999999998]
["Ramal do Manga",81,96,300,null,35.58]
["Ramal do Manga",81,82,null,20,2.3719999999999999]
["Ramal do Manga",105,112,140,140,33.207999999999998]
["Ramal do Manga",118,130,240,240,56.927999999999997]
["Ramal do Manga",135,140,null,100,11.86]
["Ramal do Manga",160,178,360,null,42.695999999999998]
["Ramal do Manga",160,190,null,600,71.16]
["Ramal do Manga",187,192,100,null,11.86]
["Ramal do Manga",199,207,160,160,37.951999999999998]
["Ramal do Manga",216,221,100,100,23.72]
["Ramal do Manga",233,245,240,null,28.463999999999999]
["Ramal do Manga",254,258,80,null,9.4879999999999995]
["Ramal do Manga",252,262,null,200,23.72]
["Ramal do Manga",269,273,80,80,18.975999999999999]

{"sheet":"BASE DE DADOS","index":36,"n_rows":489,"n_cols":57,"rows_kept":489,"cut":false,"hidden":false,"merged":[]}
[{"$f":"SUBTOTAL(9,A3:A356)","v":0},{"$f":"SUBTOTAL(9,B3:B377)","v":22.349999999999994},2.5499999999999994,312.41000000000003,12937.410000000002,0,0,22.349999999999994,2.5499999999999994,312.41000000000003,12937.400000000003,0,0,5.0199999999999996,0.8500000000000002,70.27,3097.65,61952.999999999993,6474.49,0,1.6700000000000004,0.51000000000000023,21.25,773.85,25794.999999999996,0,0,0,31.490000000000002,76.970000000000013,496.46,808.29,21912.79,47838.700000000004,-25925.9,119,null,{"$f":"SUBTOTAL(9,AL3:AL377)","v":2106.5100000000002},24421.43,392.19600000000003,12,{"$f":"SUBTOTAL(9,AP3:AP377)","v":79},20,9,132,1952.1599999999999,97.608000000000004,226960.93]
["Estaca","Altura do \r\nBase\r\nConsiderado (m)","Área da\nBase\nConsiderado (m)","Base Volume (m³)\n","Volume Acumulado Base\n(m³)","Local","Estaca5","Altura do \nSubSub-Base\nConsiderado (m)","SubBase Área Perfil (m²) \n","SubBase Volume (m³)\n","Volume Acumulado SubBase\n(m³)","Coluna1","Estaca6","Pavimento Área Perfil (m²) \n","Altura do \nPavimento\nConsiderado (m)","Pavimento Volume (m³)\n","Volume Acumulado Pavimento\n(m³)","Área Pista de Rolamento (m²)","Comprimento","Estaca62","Acostamento Área Perfil (m²) \n","Altura do \nAcostamento\nConsiderado (m)","Acostamento Volume (m³)\n","Volume Acumulado Acostamento\n(m³)","Área Acostamento  (m²)","RUA","Sequência","Estaca4","Área de\r\nCorte (m²)","Área de\r\nAterro (m²)","Volume de Corte (m3)","Volume de Aterro (m3)","Volum. Corte\r\nAcum. (m3)","Volum Aterro\r\nAcum. (m3)","Volume\r\nLíquido (m3)","LARGURA PAVIMENTO (m)","Local2","Linha Tracejada (m)","Linha Simples (m)","Zebrado/Setas/Preferência (m²)","Quant. Placa de Indicação (Un)","Quant. Regulamentação (Un)","Quant. Placa de Advertência(Un)","Quant. Preferência (Un)","Suporte Metálico (Und.)","ÁREA DE DEMOLIÇÃO DO PAVIMENTO","VOLUME DE DEMOLIÇÃO DO PAVIMENTO2","ÁREA DE SUPRESSÃO VEGETAL (m²)","Coluna2","DMT M.B - ROD PAV. (Km)","DMT TER - ROD NÃO PAV. (Km)","DMT BASE/SUB - ROD NÃO PAV. (Km)","CERCA","Área de Demolição de Casas em Alvenaria (m²)","Área de Demolição de Casas em Madeira  (m²)","Volume de Demolição de Casas em Alvenaria  (m³)","Volume de Demolição de Casas em Madeira  (m³)2"]
["Estaca","Área (m²)","Altura do \r\nBase\r\nConsiderado (m)","Volume (m³)","Volume \r\nAcumulado \r\n(m³)","AP 010-020","Estaca","Área (m²)","Altura do \r\nSub-base\r\nConsiderado (m)","Volume (m³)","Volume \r\nAcumulado \r\n(m³)",{"$f":"F3","v":"AP 010-020"},"Estaca","Área (m²)","Altura do \r\nPavimento \r\nConsiderado (m)","Volume (m³)","Volume \r\nAcumulado \r\n(m³)",null,null,"Estaca","Área (m²)","Altura do \r\nAcostamento \r\nConsiderado (m)","Volume (m³)","Volume \r\nAcumulado \r\n(m³)",null,{"$f":"F3","v":"AP 010-020"},null,"Estaca","Área de\r\nCorte (m²)","Área de\r\nAterro (m²)","Volume de\r\nCorte (m3)","Volume de\r\nAterro (m3)","Volum. Corte\r\nAcum. (m3)","Volum Aterro\r\nAcum. (m3)","Volume\r\nLíquido (m3)",null,"AP 010-020",{"$nulls":7},{"$f":"AO3*2+AP3+AQ3+AR3","v":0},null,null,null,{"$f":"Z3","v":"AP 010-020"}]
["2+0,37",0.6,0.15,0,0,"AP 010-020","2+0,37",0.6,0.15,0,0,"AP 010-020","2+0,37",0.35,0.05,0,0,null,null,"2+0,37",0.12,0.03,0,0,null,"AP 010-020",null,"2+0,37",2.1800000000000002,1.29,0,0,0,0,0,7,"AP 010-020",{"$nulls":7},0,null,null,null,"AP 010-020"]
["3+0,00",1.1200000000000001,0.15,16.84,16.84,"AP 010-020","3+0,00",1.1200000000000001,0.15,16.84,16.84,"AP 010-020","3+0,00",0.52,0.05,8.56,8.56,null,null,"3+0,00",0.12,0.03,2.36,2.36,null,"AP 010-020",null,"3+0,00",2.21,4.13,43.13,53.23,43.13,53.23,-10.1,7,"AP 010-020",{"$nulls":7},0,null,null,null,"AP 010-020"]
["4+0,00",1.72,0.15,28.32,45.17,"AP 010-020","4+0,00",1.72,0.15,28.32,45.17,"AP 010-020","4+0,00",0.72,0.05,12.44,21,null,null,"4+0,00",0.12,0.03,2.4,4.76,null,"AP 010-020",null,"4+0,00",0.59,6.84,28.03,109.67,71.150000000000006,162.9,-91.75,7,"AP 010-020",{"$nulls":7},0,null,null,null,"AP 010-020"]
["5+0,00",1.8,0.15,35.19,80.36,"AP 010-020","5+0,00",1.8,0.15,35.19,80.36,"AP 010-020","5+0,00",0.75,0.05,14.73,35.729999999999997,null,null,"5+0,00",0.12,0.03,2.4,7.16,null,"AP 010-020",null,"5+0,00",0.09,13.67,6.8,205.04,77.95,367.94,-289.99,7,"AP 010-020",{"$nulls":7},0,null,null,null,"AP 010-020"]
["6+0,00",1.8,0.15,36.03,116.39,"AP 010-020","6+0,00",1.8,0.15,36.03,116.39,"AP 010-020","6+0,00",0.75,0.05,15.01,50.74,null,null,"6+0,00",0.12,0.03,2.4,9.56,null,"AP 010-020",null,"6+0,00",0.11,6.93,1.95,205.93,79.900000000000006,573.87,-493.97,7,"AP 010-020",{"$nulls":7},0,null,null,null,"AP 010-020"]
["7+0,00",2.58,0.15,43.81,160.19,"AP 010-020","7+0,00",2.58,0.15,43.81,160.19,"AP 010-020","7+0,00",0.82,0.05,15.75,66.489999999999995,null,null,"7+0,00",0.13,0.03,2.46,12.02,null,"AP 010-020",null,"7+0,00",6.94,1.06,70.48,79.83,150.38,653.71,-503.32,7,"AP 010-020",{"$nulls":7},0,null,null,null,"AP 010-020"]
["8+0,00",3.8,0.15,63.79,223.98,"AP 010-020","8+0,00",3.8,0.15,63.79,223.98,"AP 010-020","8+0,00",1.34,0.05,21.66,88.15,null,null,"8+0,00",0.06,0.03,1.86,13.88,null,"AP 010-020",null,"8+0,00",0.08,9.3699999999999992,70.2,104.22,220.58,757.93,-537.34,7,"AP 010-020",{"$nulls":7},0,null,null,null,"AP 010-020"]
["9+0,00",2.4300000000000002,0.15,62.34,286.33,"AP 010-020","9+0,00",2.4300000000000002,0.15,62.34,286.33,"AP 010-020","9+0,00",0.78,0.05,21.24,109.39,null,null,"9+0,00",0.12,0.03,1.83,15.7,null,"AP 010-020",null,"9+0,00",0,16.940000000000001,0.79,263.07,221.37,1020.99,-799.62,7,"AP 010-020",{"$nulls":7},0,null,null,null,"AP 010-020"]
["10+0,00",1.81,0.15,42.48,328.81,"AP 010-020","10+0,00",1.81,0.15,42.48,328.81,"AP 010-020","10+0,00",0.75,0.05,15.37,124.76,null,null,"10+0,00",0.12,0.03,2.4300000000000002,18.13,null,"AP 010-020",null,"10+0,00",0,16.86,0,337.97,221.37,1358.97,-1137.5999999999999,7,"AP 010-020",{"$nulls":7},0,null,null,null,"AP 010-020"]
["11+0,00",1.82,0.15,36.340000000000003,365.15,"AP 010-020","11+0,00",1.82,0.15,36.340000000000003,365.15,"AP 010-020","11+0,00",0.76,0.05,15.11,139.87,null,null,"11+0,00",0.12,0.03,2.4,20.53,null,"AP 010-020",null,"11+0,00",0.22,13.16,2.17,300.18,223.54,1659.15,-1435.61,7,"AP 010-020",{"$nulls":7},0,null,null,null,"AP 010-020"]
["12+0,00",1.66,0.15,34.78,399.93,"AP 010-020","12+0,00",1.66,0.15,34.78,399.93,"AP 010-020","12+0,00",0.7,0.05,14.59,154.46,null,null,"12+0,00",0.12,0.03,2.4,22.93,null,"AP 010-020",null,"12+0,00",0.83,18.72,10.5,318.77999999999997,234.04,1977.93,-1743.89,7,"AP 010-020",{"$nulls":7},0,null,null,null,"AP 010-020"]
["13+0,00",1.04,0.15,26.99,426.91,"AP 010-020","13+0,00",1.04,0.15,26.99,426.91,"AP 010-020","13+0,00",0.5,0.05,12,166.46,null,null,"13+0,00",0.12,0.03,2.4,25.33,null,"AP 010-020",null,"13+0,00",0.93,14.71,17.66,334.24,251.7,2312.17,-2060.4699999999998,7,"AP 010-020",{"$nulls":7},0,null,null,null,"AP 010-020"]
["14+0,00",0.6,0.15,16.420000000000002,443.33,"AP 010-020","14+0,00",0.6,0.15,16.420000000000002,443.33,"AP 010-020","14+0,00",0.35,0.05,8.4700000000000006,174.93,null,null,"14+0,00",0.12,0.03,2.4,27.73,null,"AP 010-020",null,"14+0,00",0.3,8.5500000000000007,12.3,232.62,264,2544.79,-2280.79,7,"AP 010-020",{"$nulls":7},0,null,null,null,"AP 010-020"]
["14+4,39",0.6,0.15,2.63,445.96,"AP 010-020","14+4,39",0.6,0.15,2.63,445.96,"AP 010-020","14+4,39",0.35,0.05,1.54,176.47,{"$f":"Q17/O17","v":3529.3999999999996},{"$f":"(14-2)*20+4.39-0.37","v":244.01999999999998},"14+4,39",0.12,0.03,0.53,28.26,{"$f":"X17/V17","v":942.00000000000011},"AP 010-020",null,"14+4,39",0,8.2799999999999994,0.65,36.93,264.64999999999998,2581.7199999999998,-2317.0700000000002,7,"AP 010-020",{"$f":"GETPIVOTDATA(\"Soma de Direito\",COTAS_SINALIZAÇÃO!$B$55,\"Local\",\"AP-010/020\")","v":12.49},{"$f":"GETPIVOTDATA(\"Soma de Total\",COTAS_SINALIZAÇÃO!$B$55,\"Local\",\"AP-010/020\")+GETPIVOTDATA(\"Soma de Total\",COTAS_SINALIZAÇÃO!$AE$71,\"Local\",\"AP-010/020\")","v":441.29},null,2,4,0,0,8,{"$f":"((14-2)*20+4.39-0.37)*8","v":1952.1599999999999},{"$f":"AT17*0.05","v":97.608000000000004},3287.3,"AP 010-020",9,4.5,7,null,{"$f":"DESAPROPRIAÇÃO!O23","v":0}]
["Estaca","Área (m²)","Altura do \r\nBase\r\nConsiderado (m)","Volume (m³)","Volume \r\nAcumulado \r\n(m³)","TRECHO 01","Estaca","Área (m²)","Altura do \r\nSub-base\r\nConsiderado (m)","Volume (m³)","Volume \r\nAcumulado \r\n(m³)","TRECHO 01","Estaca","Área (m²)","Altura do \r\nPavimento \r\nConsiderado (m)","Volume (m³)","Volume \r\nAcumulado \r\n(m³)",null,null,"Estaca","Área (m²)","Altura do \r\nAcostamento \r\nConsiderado (m)","Volume (m³)","Volume \r\nAcumulado \r\n(m³)",null,"TRECHO 01",null,"Estaca","Área de\r\nCorte (m²)","Área de\r\nAterro (m²)","Volume de\r\nCorte (m3)","Volume de\r\nAterro (m3)","Volum. Corte\r\nAcum. (m3)","Volum Aterro\r\nAcum. (m3)","Volume\r\nLíquido (m3)",7,"TRECHO 01",{"$nulls":7},0,null,null,null,"TRECHO 01"]
["1+0,00",3.44,0.15,0,0,"TRECHO 01","1+0,00",3.44,0.15,0,0,"TRECHO 01","1+0,00",0.93,0.05,0,0,null,null,"1+0,00",0.13,0.03,0,0,null,"TRECHO 01",null,"1+0,00",2.89,11.73,0,0,0,0,0,7,"TRECHO 01",{"$nulls":7},0,null,null,null,"TRECHO 01"]
["2+0,00",3.06,0.15,65,65,"TRECHO 01","2+0,00",3.06,0.15,65,65,"TRECHO 01","2+0,00",0.82,0.05,17.510000000000002,17.510000000000002,null,null,"2+0,00",0.12,0.03,2.4900000000000002,2.4900000000000002,null,"TRECHO 01",null,"2+0,00",1.29,21.62,41.8,333.59,41.8,333.59,-291.79000000000002,7,"TRECHO 01",{"$nulls":7},0,null,null,null,"TRECHO 01"]
["3+0,00",3.06,0.15,61.2,126.2,"TRECHO 01","3+0,00",3.06,0.15,61.2,126.2,"TRECHO 01","3+0,00",0.82,0.05,16.399999999999999,33.909999999999997,null,null,"3+0,00",0.12,0.03,2.4,4.8899999999999997,null,"TRECHO 01",null,"3+0,00",0,17.04,12.89,386.66,54.69,720.25,-665.56,7,"TRECHO 01",{"$nulls":7},0,null,null,null,"TRECHO 01"]
["4+0,00",2.91,0.15,59.71,185.91,"TRECHO 01","4+0,00",2.91,0.15,59.71,185.91,"TRECHO 01","4+0,00",0.77,0.05,15.9,49.82,null,null,"4+0,00",0.12,0.03,2.4,7.29,null,"TRECHO 01",null,"4+0,00",0.63,10.41,6.35,274.49,61.04,994.74,-933.7,7,"TRECHO 01",{"$nulls":7},0,null,null,null,"TRECHO 01"]
["5+0,00",2.21,0.15,51.17,237.08,"TRECHO 01","5+0,00",2.21,0.15,51.17,237.08,"TRECHO 01","5+0,00",0.54,0.05,13.06,62.87,null,null,"5+0,00",0.12,0.03,2.4,9.69,null,"TRECHO 01",null,"5+0,00",0.57999999999999996,11.15,12.15,215.55,73.19,1210.29,-1137.0999999999999,7,"TRECHO 01",{"$nulls":7},0,null,null,null,"TRECHO 01"]
["6+0,00",1.65,0.15,38.56,275.64,"TRECHO 01","6+0,00",1.65,0.15,38.56,275.64,"TRECHO 01","6+0,00",0.35,0.05,8.85,71.73,null,null,"6+0,00",0.12,0.03,2.4,12.09,null,"TRECHO 01",null,"6+0,00",0.48,7.49,10.59,186.42,83.78,1396.71,-1312.93,7,"TRECHO 01",{"$nulls":7},0,null,null,null,"TRECHO 01"]
["7+0,00",1.65,0.15,33,308.64,"TRECHO 01","7+0,00",1.65,0.15,33,308.64,"TRECHO 01","7+0,00",0.35,0.05,7,78.73,{"$f":"Q25/O25","v":1574.6},{"$f":"(7-1)*20","v":120},"7+0,00",0.12,0.03,2.4,14.49,{"$f":"X25/V25","v":483},"TRECHO 01",null,"7+0,00",0.1,9.52,5.77,170.1,89.55,1566.81,-1477.26,7,"TRECHO 01",{"$nulls":7},0,null,null,133556.38,"TRECHO 01",10.9,2.6,5.0999999999999996,{"$f":"(289-0)*20+4.22+(290-0)*20+18.29","v":11602.510000000002},{"$f":"DESAPROPRIAÇÃO!O31","v":1778.3999999999996},{"$f":"DESAPROPRIAÇÃO!P31","v":1336.5200000000002},{"$f":"DESAPROPRIAÇÃO!Q31","v":2442.8283333333329},{"$f":"DESAPROPRIAÇÃO!R31","v":898.32499999999993}]
["Estaca","Área (m²)","Altura do \r\nBase\r\nConsiderado (m)","Volume (m³)","Volume \r\nAcumulado \r\n(m³)","TRECHO 01","Estaca","Área (m²)","Altura do \r\nSub-base\r\nConsiderado (m)","Volume (m³)","Volume \r\nAcumulado \r\n(m³)","TRECHO 01","Estaca","Área (m²)","Altura do \r\nPavimento \r\nConsiderado (m)","Volume (m³)","Volume \r\nAcumulado \r\n(m³)",null,null,"Estaca","Área (m²)","Altura do \r\nAcostamento \r\nConsiderado (m)","Volume (m³)","Volume \r\nAcumulado \r\n(m³)",null,"TRECHO 01",null,"Estaca","Área de\r\nCorte (m²)","Área de\r\nAterro (m²)","Volume de\r\nCorte (m3)","Volume de\r\nAterro (m3)","Volum. Corte\r\nAcum. (m3)","Volum Aterro\r\nAcum. (m3)","Volume\r\nLíquido (m3)",7,"TRECHO 01",{"$nulls":7},0,null,null,null,"TRECHO 01",{"$nulls":4},{"$f":"DESAPROPRIAÇÃO!O32","v":0}]
["7+0,00",1.65,0.15,0,0,"TRECHO 01","7+0,00",1.65,0.15,0,0,"TRECHO 01","7+0,00",0.35,0.05,0,0,null,null,"7+0,00",0.12,0.03,0,0,null,"TRECHO 01",null,"7+0,00",0,0,0,0,0,0,0,7,"TRECHO 01",{"$nulls":7},0,null,null,null,"TRECHO 01",{"$nulls":4},{"$f":"DESAPROPRIAÇÃO!O33","v":0}]
["8+0,00",1.85,0.15,34.99,34.99,"TRECHO 01","8+0,00",1.85,0.15,34.99,34.99,"TRECHO 01","8+0,00",0.42,0.05,7.66,7.66,null,null,"8+0,00",0.12,0.03,2.4,2.4,null,"TRECHO 01",null,"8+0,00",0.03,8.68,0.34,86.72,0.34,86.72,-86.39,7,"TRECHO 01",{"$nulls":7},0,null,null,null,"TRECHO 01",{"$nulls":4},{"$f":"DESAPROPRIAÇÃO!O34","v":0}]
["9+0,00",2.0699999999999998,0.15,39.19,74.180000000000007,"TRECHO 01","9+0,00",2.0699999999999998,0.15,39.19,74.180000000000007,"TRECHO 01","9+0,00",0.49,0.05,9.06,16.73,null,null,"9+0,00",0.12,0.03,2.4,4.8,null,"TRECHO 01",null,"9+0,00",0.2,8.07,2.2599999999999998,169.3,2.6,256.02,-253.42,7,"TRECHO 01",{"$nulls":7},0,null,null,null,"TRECHO 01",{"$nulls":4},{"$f":"DESAPROPRIAÇÃO!O35","v":0}]
["10+0,00",2.0499999999999998,0.15,41.16,115.34,"TRECHO 01","10+0,00",2.0499999999999998,0.15,41.16,115.34,"TRECHO 01","10+0,00",0.48,0.05,9.7200000000000006,26.45,null,null,"10+0,00",0.12,0.03,2.4,7.2,null,"TRECHO 01",null,"10+0,00",0,7.78,1.95,160.41,4.54,416.42,-411.88,7,"TRECHO 01",{"$nulls":7},0,null,null,null,"TRECHO 01",{"$nulls":4},{"$f":"DESAPROPRIAÇÃO!O36","v":0}]
["11+0,00",2.0099999999999998,0.15,40.56,155.91,"TRECHO 01","11+0,00",2.0099999999999998,0.15,40.56,155.91,"TRECHO 01","11+0,00",0.47,0.05,9.52,35.97,null,null,"11+0,00",0.12,0.03,2.4,9.6,null,"TRECHO 01",null,"11+0,00",1.26,8.77,13.93,163.30000000000001,18.47,579.72,-561.25,7,"TRECHO 01",{"$nulls":7},0,null,null,null,"TRECHO 01",{"$nulls":4},{"$f":"DESAPROPRIAÇÃO!O37","v":0}]
["12+0,00",2.0099999999999998,0.15,40.200000000000003,196.11,"TRECHO 01","12+0,00",2.0099999999999998,0.15,40.200000000000003,196.11,"TRECHO 01","12+0,00",0.47,0.05,9.4,45.38,null,null,"12+0,00",0.12,0.03,2.4,12,null,"TRECHO 01",null,"12+0,00",2.15,9.18,32.630000000000003,181.65,51.1,761.37,-710.27,7,"TRECHO 01",{"$nulls":7},0,null,null,null,"TRECHO 01",{"$nulls":4},{"$f":"DESAPROPRIAÇÃO!O38","v":0}]
["13+0,00",2.0099999999999998,0.15,40.200000000000003,236.31,"TRECHO 01","13+0,00",2.0099999999999998,0.15,40.200000000000003,236.31,"TRECHO 01","13+0,00",0.47,0.05,9.4,54.78,null,null,"13+0,00",0.12,0.03,2.4,14.4,null,"TRECHO 01",null,"13+0,00",0,14.53,20.49,239.14,71.59,1000.51,-928.92,7,"TRECHO 01",{"$nulls":7},0,null,null,null,"TRECHO 01",{"$nulls":4},{"$f":"DESAPROPRIAÇÃO!O39","v":0}]
["14+0,00",2.0099999999999998,0.15,40.200000000000003,276.51,"TRECHO 01","14+0,00",2.0099999999999998,0.15,40.200000000000003,276.51,"TRECHO 01","14+0,00",0.47,0.05,9.4,64.180000000000007,null,null,"14+0,00",0.12,0.03,2.4,16.8,null,"TRECHO 01",null,"14+0,00",0.06,11.15,0.63,258.39,72.22,1258.9000000000001,-1186.68,7,"TRECHO 01",{"$nulls":7},0,null,null,null,"TRECHO 01",{"$nulls":4},{"$f":"DESAPROPRIAÇÃO!O40","v":0}]
["15+0,00",2.0099999999999998,0.15,40.200000000000003,316.70999999999998,"TRECHO 01","15+0,00",2.0099999999999998,0.15,40.200000000000003,316.70999999999998,"TRECHO 01","15+0,00",0.47,0.05,9.4,73.58,null,null,"15+0,00",0.12,0.03,2.4,19.2,null,"TRECHO 01",null,"15+0,00",0,16.87,0.63,282.52999999999997,72.86,1541.43,-1468.57,7,"TRECHO 01",{"$nulls":7},0,null,null,null,"TRECHO 01",{"$nulls":4},{"$f":"DESAPROPRIAÇÃO!O41","v":0}]
["16+0,00",2.0099999999999998,0.15,40.200000000000003,356.91,"TRECHO 01","16+0,00",2.0099999999999998,0.15,40.200000000000003,356.91,"TRECHO 01","16+0,00",0.47,0.05,9.4,82.98,null,null,"16+0,00",0.12,0.03,2.4,21.6,null,"TRECHO 01",null,"16+0,00",0.77,9.32,8.07,263.85000000000002,80.92,1805.27,-1724.35,7,"TRECHO 01",{"$nulls":7},0,null,null,null,"TRECHO 01",{"$nulls":4},{"$f":"DESAPROPRIAÇÃO!O42","v":0}]
["17+0,00",1.97,0.15,39.75,396.66,"TRECHO 01","17+0,00",1.97,0.15,39.75,396.66,"TRECHO 01","17+0,00",0.46,0.05,9.25,92.23,null,null,"17+0,00",0.12,0.03,2.4,24,null,"TRECHO 01",null,"17+0,00",0.01,9.69,8.1999999999999993,190.43,89.13,1995.71,-1906.58,7,"TRECHO 01",{"$nulls":7},0,null,null,null,"TRECHO 01",{"$nulls":4},{"$f":"DESAPROPRIAÇÃO!O43","v":0}]
["18+0,00",2.06,0.15,40.04,436.7,"TRECHO 01","18+0,00",2.06,0.15,40.04,436.7,"TRECHO 01","18+0,00",0.49,0.05,9.3699999999999992,101.59,null,null,"18+0,00",0.12,0.03,2.39,26.38,null,"TRECHO 01",null,"18+0,00",0,12.97,0.16,233.37,89.29,2229.08,-2139.79,7,"TRECHO 01",{"$nulls":7},0,null,null,null,"TRECHO 01",{"$nulls":4},{"$f":"DESAPROPRIAÇÃO!O44","v":0}]
["19+0,00",2.0299999999999998,0.15,40.81,477.51,"TRECHO 01","19+0,00",2.0299999999999998,0.15,40.81,477.51,"TRECHO 01","19+0,00",0.48,0.05,9.61,111.2,null,null,"19+0,00",0.12,0.03,2.4,28.78,null,"TRECHO 01",null,"19+0,00",0.04,8.74,0.36,218.56,89.65,2447.63,-2357.98,7,"TRECHO 01",{"$nulls":7},0,null,null,null,"TRECHO 01",{"$nulls":4},{"$f":"DESAPROPRIAÇÃO!O45","v":0}]
["20+0,00",1.92,0.15,39.42,516.92999999999995,"TRECHO 01","20+0,00",1.92,0.15,39.42,516.92999999999995,"TRECHO 01","20+0,00",0.44,0.05,9.14,120.35,null,null,"20+0,00",0.12,0.03,2.4,31.18,null,"TRECHO 01",null,"20+0,00",0.43,5.86,5.27,141.44,94.92,2589.0700000000002,-2494.15,7,"TRECHO 01",{"$nulls":7},0,null,null,null,"TRECHO 01",{"$nulls":4},{"$f":"DESAPROPRIAÇÃO!O46","v":0}]
["21+0,00",1.92,0.15,38.4,555.33000000000004,"TRECHO 01","21+0,00",1.92,0.15,38.4,555.33000000000004,"TRECHO 01","21+0,00",0.44,0.05,8.8000000000000007,129.15,null,null,"21+0,00",0.12,0.03,2.4,33.58,null,"TRECHO 01",null,"21+0,00",0.59,4.3099999999999996,10.18,102.23,105.1,2691.3,-2586.1999999999998,7,"TRECHO 01",{"$nulls":7},0,null,null,null,"TRECHO 01",{"$nulls":4},{"$f":"DESAPROPRIAÇÃO!O47","v":0}]
["22+0,00",1.92,0.15,38.4,593.73,"TRECHO 01","22+0,00",1.92,0.15,38.4,593.73,"TRECHO 01","22+0,00",0.44,0.05,8.8000000000000007,137.94999999999999,null,null,"22+0,00",0.12,0.03,2.4,35.979999999999997,null,"TRECHO 01",null,"22+0,00",0.79,3.44,13.68,77.89,118.78,2769.19,-2650.41,7,"TRECHO 01",{"$nulls":7},0,null,null,null,"TRECHO 01",{"$nulls":4},{"$f":"DESAPROPRIAÇÃO!O48","v":0}]
["23+0,00",1.92,0.15,38.4,632.13,"TRECHO 01","23+0,00",1.92,0.15,38.4,632.13,"TRECHO 01","23+0,00",0.44,0.05,8.8000000000000007,146.75,null,null,"23+0,00",0.12,0.03,2.4,38.380000000000003,null,"TRECHO 01",null,"23+0,00",0.1,6.22,8.82,96.8,127.6,2866,-2738.4,7,"TRECHO 01",{"$nulls":7},0,null,null,null,"TRECHO 01",{"$nulls":4},{"$f":"DESAPROPRIAÇÃO!O49","v":0}]
["24+0,00",1.97,0.15,38.909999999999997,671.04,"TRECHO 01","24+0,00",1.97,0.15,38.909999999999997,671.04,"TRECHO 01","24+0,00",0.46,0.05,8.9700000000000006,155.72,null,null,"24+0,00",0.12,0.03,2.4,40.78,null,"TRECHO 01",null,"24+0,00",2.4700000000000002,12.37,27.54,185.8,155.13999999999999,3051.8,-2896.66,7,"TRECHO 01",{"$nulls":7},0,null,null,null,"TRECHO 01",{"$nulls":4},{"$f":"DESAPROPRIAÇÃO!O50","v":0}]
["25+0,00",2.0699999999999998,0.15,40.409999999999997,711.45,"TRECHO 01","25+0,00",2.0699999999999998,0.15,40.409999999999997,711.45,"TRECHO 01","25+0,00",0.49,0.05,9.4700000000000006,165.19,null,null,"25+0,00",0.12,0.03,2.4,43.18,null,"TRECHO 01",null,"25+0,00",0.65,21.86,33.83,343.66,188.97,3395.46,-3206.49,7,"TRECHO 01",{"$nulls":7},0,null,null,null,"TRECHO 01",{"$nulls":4},{"$f":"DESAPROPRIAÇÃO!O51","v":0}]
["26+0,00",2.04,0.15,41.05,752.49,"TRECHO 01","26+0,00",2.04,0.15,41.05,752.49,"TRECHO 01","26+0,00",0.48,0.05,9.68,174.87,null,null,"26+0,00",0.12,0.03,2.4,45.58,null,"TRECHO 01",null,"26+0,00",0.15,27.3,8.4600000000000009,495.2,197.43,3890.66,-3693.22,7,"TRECHO 01",{"$nulls":7},0,null,null,null,"TRECHO 01",{"$nulls":4},{"$f":"DESAPROPRIAÇÃO!O52","v":0}]
["27+0,00",1.86,0.15,38.950000000000003,791.44,"TRECHO 01","27+0,00",1.86,0.15,38.950000000000003,791.44,"TRECHO 01","27+0,00",0.42,0.05,8.98,183.86,null,null,"27+0,00",0.12,0.03,2.4,47.97,null,"TRECHO 01",null,"27+0,00",0.01,26.01,1.45,544.98,198.88,4435.6400000000003,-4236.75,7,"TRECHO 01",{"$nulls":7},0,null,null,null,"TRECHO 01",{"$nulls":4},{"$f":"DESAPROPRIAÇÃO!O53","v":0}]
["28+0,00",1.71,0.15,35.700000000000003,827.14,"TRECHO 01","28+0,00",1.71,0.15,35.700000000000003,827.14,"TRECHO 01","28+0,00",0.37,0.05,7.9,191.76,null,null,"28+0,00",0.12,0.03,2.4,50.37,null,"TRECHO 01",null,"28+0,00",0,12.85,0.08,388.53,198.96,4824.16,-4625.2,7,"TRECHO 01",{"$nulls":7},0,null,null,null,"TRECHO 01",{"$nulls":4},{"$f":"DESAPROPRIAÇÃO!O54","v":0}]
["29+0,00",1.65,0.15,33.590000000000003,860.73,"TRECHO 01","29+0,00",1.65,0.15,33.590000000000003,860.73,"TRECHO 01","29+0,00",0.35,0.05,7.2,198.95,null,null,"29+0,00",0.12,0.03,2.4,52.77,null,"TRECHO 01",null,"29+0,00",7.45,4.83,74.510000000000005,176.77,273.48,5000.93,-4727.46,7,"TRECHO 01",{"$nulls":7},0,null,null,null,"TRECHO 01",{"$nulls":4},{"$f":"DESAPROPRIAÇÃO!O55","v":0}]
["30+0,00",1.65,0.15,33,893.73,"TRECHO 01","30+0,00",1.65,0.15,33,893.73,"TRECHO 01","30+0,00",0.35,0.05,7,205.95,null,null,"30+0,00",0.12,0.03,2.4,55.17,null,"TRECHO 01",null,"30+0,00",6.35,2.4700000000000002,138.04,73.040000000000006,411.51,5073.97,-4662.46,7,"TRECHO 01",{"$nulls":7},0,null,null,null,"TRECHO 01",{"$nulls":4},{"$f":"DESAPROPRIAÇÃO!O56","v":0}]
["31+0,00",1.65,0.15,33,926.73,"TRECHO 01","31+0,00",1.65,0.15,33,926.73,"TRECHO 01","31+0,00",0.35,0.05,7,212.95,null,null,"31+0,00",0.12,0.03,2.4,57.57,null,"TRECHO 01",null,"31+0,00",3.59,8.1199999999999992,99.4,105.97,510.92,5179.9399999999996,-4669.03,7,"TRECHO 01",{"$nulls":7},0,null,null,null,"TRECHO 01",{"$nulls":4},{"$f":"DESAPROPRIAÇÃO!O57","v":0}]
["32+0,00",1.65,0.15,33,959.73,"TRECHO 01","32+0,00",1.65,0.15,33,959.73,"TRECHO 01","32+0,00",0.35,0.05,7,219.95,null,null,"32+0,00",0.12,0.03,2.4,59.97,null,"TRECHO 01",null,"32+0,00",0,13.12,35.880000000000003,212.47,546.79999999999995,5392.41,-4845.6099999999997,7,"TRECHO 01",{"$nulls":7},0,null,null,null,"TRECHO 01",{"$nulls":4},{"$f":"DESAPROPRIAÇÃO!O58","v":0}]
["33+0,00",1.65,0.15,33,992.73,"TRECHO 01","33+0,00",1.65,0.15,33,992.73,"TRECHO 01","33+0,00",0.35,0.05,7,226.95,null,null,"33+0,00",0.12,0.03,2.4,62.37,null,"TRECHO 01",null,"33+0,00",9.5299999999999994,6.27,95.33,193.91,642.12,5586.31,-4944.1899999999996,7,"TRECHO 01",{"$nulls":7},0,null,null,null,"TRECHO 01",{"$nulls":4},{"$f":"DESAPROPRIAÇÃO!O59","v":0}]
["34+0,00",1.77,0.15,34.200000000000003,1026.92,"TRECHO 01","34+0,00",1.77,0.15,34.200000000000003,1026.92,"TRECHO 01","34+0,00",0.39,0.05,7.4,234.35,null,null,"34+0,00",0.12,0.03,2.4,64.77,null,"TRECHO 01",null,"34+0,00",11.78,3.19,213.12,94.61,855.24,5680.93,-4825.68,7,"TRECHO 01",{"$nulls":7},0,null,null,null,"TRECHO 01",{"$nulls":4},{"$f":"DESAPROPRIAÇÃO!O60","v":0}]
["35+0,00",1.86,0.15,36.299999999999997,1063.22,"TRECHO 01","35+0,00",1.86,0.15,36.299999999999997,1063.22,"TRECHO 01","35+0,00",0.42,0.05,8.1,242.45,null,null,"35+0,00",0.12,0.03,2.4,67.17,null,"TRECHO 01",null,"35+0,00",7.64,5.13,189.77,83.21,1045.01,5764.14,-4719.13,7,"TRECHO 01",{"$nulls":7},0,null,null,null,"TRECHO 01",{"$nulls":4},{"$f":"DESAPROPRIAÇÃO!O61","v":0}]
["36+0,00",1.86,0.15,37.200000000000003,1100.42,"TRECHO 01","36+0,00",1.86,0.15,37.200000000000003,1100.42,"TRECHO 01","36+0,00",0.42,0.05,8.4,250.85,null,null,"36+0,00",0.12,0.03,2.4,69.569999999999993,null,"TRECHO 01",null,"36+0,00",0.35,9.27,79.83,143.97999999999999,1124.8399999999999,5908.12,-4783.28,7,"TRECHO 01",{"$nulls":7},0,null,null,null,"TRECHO 01",{"$nulls":4},{"$f":"DESAPROPRIAÇÃO!O62","v":0}]
["37+0,00",1.86,0.15,37.200000000000003,1137.6199999999999,"TRECHO 01","37+0,00",1.86,0.15,37.200000000000003,1137.6199999999999,"TRECHO 01","37+0,00",0.42,0.05,8.4,259.25,null,null,"37+0,00",0.12,0.03,2.4,71.97,null,"TRECHO 01",null,"37+0,00",0,10.74,3.47,200.11,1128.31,6108.23,-4979.92,7,"TRECHO 01",{"$nulls":7},0,null,null,null,"TRECHO 01",{"$nulls":4},{"$f":"DESAPROPRIAÇÃO!O63","v":0}]
["38+0,00",1.86,0.15,37.200000000000003,1174.82,"TRECHO 01","38+0,00",1.86,0.15,37.200000000000003,1174.82,"TRECHO 01","38+0,00",0.42,0.05,8.4,267.64999999999998,null,null,"38+0,00",0.12,0.03,2.4,74.37,null,"TRECHO 01",null,"38+0,00",0.53,5.35,5.32,160.86000000000001,1133.6300000000001,6269.09,-5135.46,7,"TRECHO 01",{"$nulls":7},0,null,null,null,"TRECHO 01",{"$nulls":4},{"$f":"DESAPROPRIAÇÃO!O64","v":0}]
["39+0,00",1.86,0.15,37.200000000000003,1212.02,"TRECHO 01","39+0,00",1.86,0.15,37.200000000000003,1212.02,"TRECHO 01","39+0,00",0.42,0.05,8.4,276.05,null,null,"39+0,00",0.12,0.03,2.4,76.77,null,"TRECHO 01",null,"39+0,00",0,11.34,5.36,166.81,1138.98,6435.9,-5296.92,7,"TRECHO 01",{"$nulls":7},0,null,null,null,"TRECHO 01",{"$nulls":4},{"$f":"DESAPROPRIAÇÃO!O65","v":0}]
["40+0,00",1.86,0.15,37.200000000000003,1249.22,"TRECHO 01","40+0,00",1.86,0.15,37.200000000000003,1249.22,"TRECHO 01","40+0,00",0.42,0.05,8.4,284.45,{"$f":"Q60/O60","v":5688.9999999999991},{"$f":"(40-7)*20","v":660},"40+0,00",0.12,0.03,2.4,79.17,{"$f":"X60/V60","v":2639},"TRECHO 01",null,"40+0,00",0,17.64,0.04,289.70999999999998,1139.02,6725.61,-5586.59,7,"TRECHO 01",{"$nulls":7},0,null,null,null,"TRECHO 01",10.9,2.6,5.0999999999999996,null,{"$f":"DESAPROPRIAÇÃO!O66","v":0}]
["Estaca","Área (m²)","Altura do \r\nBase\r\nConsiderado (m)","Volume (m³)","Volume \r\nAcumulado \r\n(m³)","TRECHO 01","Estaca","Área (m²)","Altura do \r\nSub-base\r\nConsiderado (m)","Volume (m³)","Volume \r\nAcumulado \r\n(m³)","TRECHO 01","Estaca","Área (m²)","Altura do \r\nPavimento \r\nConsiderado (m)","Volume (m³)","Volume \r\nAcumulado \r\n(m³)",null,null,"Estaca","Área (m²)","Altura do \r\nAcostamento \r\nConsiderado (m)","Volume (m³)","Volume \r\nAcumulado \r\n(m³)",null,"TRECHO 01",null,"Estaca","Área de\r\nCorte (m²)","Área de\r\nAterro (m²)","Volume de\r\nCorte (m3)","Volume de\r\nAterro (m3)","Volum. Corte\r\nAcum. (m3)","Volum Aterro\r\nAcum. (m3)","Volume\r\nLíquido (m3)",7,"TRECHO 01",{"$nulls":7},0,null,null,null,"TRECHO 01",{"$nulls":4},{"$f":"DESAPROPRIAÇÃO!O67","v":0}]
["40+0,00",1.86,0.15,0,0,"TRECHO 01","40+0,00",1.86,0.15,0,0,"TRECHO 01","40+0,00",0.42,0.05,0,0,null,null,"40+0,00",0.12,0.03,0,0,null,"TRECHO 01",null,"40+0,00",0,17.64,0,0,0,0,0,7,"TRECHO 01",{"$nulls":7},0,null,null,null,"TRECHO 01",{"$nulls":4},{"$f":"DESAPROPRIAÇÃO!O68","v":0}]
["41+0,00",1.86,0.15,37.200000000000003,37.200000000000003,"TRECHO 01","41+0,00",1.86,0.15,37.200000000000003,37.200000000000003,"TRECHO 01","41+0,00",0.42,0.05,8.4,8.4,null,null,"41+0,00",0.12,0.03,2.4,2.4,null,"TRECHO 01",null,"41+0,00",0,25.45,0,430.85,0,430.85,-430.85,7,"TRECHO 01",{"$nulls":7},0,null,null,null,"TRECHO 01",{"$nulls":4},{"$f":"DESAPROPRIAÇÃO!O69","v":0}]
["42+0,00",1.99,0.15,38.44,75.64,"TRECHO 01","42+0,00",1.99,0.15,38.44,75.64,"TRECHO 01","42+0,00",0.46,0.05,8.81,17.21,null,null,"42+0,00",0.12,0.03,2.4,4.8,null,"TRECHO 01",null,"42+0,00",0.01,30.01,0.05,528.26,0.05,959.11,-959.06,7,"TRECHO 01",{"$nulls":7},0,null,null,null,"TRECHO 01",{"$nulls":4},{"$f":"DESAPROPRIAÇÃO!O70","v":0}]
["43+0,00",2.0699999999999998,0.15,40.549999999999997,116.18,"TRECHO 01","43+0,00",2.0699999999999998,0.15,40.549999999999997,116.18,"TRECHO 01","43+0,00",0.49,0.05,9.52,26.73,null,null,"43+0,00",0.12,0.03,2.4,7.2,null,"TRECHO 01",null,"43+0,00",0,23.52,0.06,525.91,0.11,1485.02,-1484.92,7,"TRECHO 01",{"$nulls":7},0,null,null,null,"TRECHO 01",{"$nulls":4},{"$f":"DESAPROPRIAÇÃO!O71","v":0}]
["44+0,00",2.0699999999999998,0.15,41.39,157.58000000000001,"TRECHO 01","44+0,00",2.0699999999999998,0.15,41.39,157.58000000000001,"TRECHO 01","44+0,00",0.49,0.05,9.8000000000000007,36.53,null,null,"44+0,00",0.12,0.03,2.4,9.6,null,"TRECHO 01",null,"44+0,00",0.03,19.989999999999998,0.28999999999999998,428.73,0.4,1913.75,-1913.36,7,"TRECHO 01",{"$nulls":7},0,null,null,null,"TRECHO 01",{"$nulls":4},{"$f":"DESAPROPRIAÇÃO!O72","v":0}]
["45+0,00",2.06,0.15,41.31,198.88,"TRECHO 01","45+0,00",2.06,0.15,41.31,198.88,{"$f":"F67","v":"TRECHO 01"},"45+0,00",0.49,0.05,9.77,46.3,null,null,"45+0,00",0.12,0.03,2.4,12,null,{"$f":"F67","v":"TRECHO 01"},null,"45+0,00",0.08,15.74,1.1499999999999999,348.79,1.55,2262.5500000000002,-2261,7,"TRECHO 01",{"$nulls":7},{"$f":"AO67*2+AP67+AQ67+AR67","v":0},null,null,null,{"$f":"Z67","v":"TRECHO 01"},{"$nulls":4},{"$f":"DESAPROPRIAÇÃO!O73","v":0}]
["46+0,00",2.0699999999999998,0.15,41.27,240.16,"TRECHO 01","46+0,00",2.0699999999999998,0.15,41.27,240.16,"TRECHO 01","46+0,00",0.49,0.05,9.76,56.06,null,null,"46+0,00",0.12,0.03,2.4,14.4,null,"TRECHO 01",null,"46+0,00",0.75,7.75,8.24,234.97,9.7899999999999991,2497.52,-2487.73,7,"TRECHO 01",{"$nulls":7},0,null,null,null,"TRECHO 01",{"$nulls":4},{"$f":"DESAPROPRIAÇÃO!O74","v":0}]
["47+0,00",2.0299999999999998,0.15,40.96,281.12,"TRECHO 01","47+0,00",2.0299999999999998,0.15,40.96,281.12,"TRECHO 01","47+0,00",0.48,0.05,9.66,65.709999999999994,null,null,"47+0,00",0.12,0.03,2.4,16.8,null,"TRECHO 01",null,"47+0,00",5.4,0.22,59.35,91.75,69.13,2589.27,-2520.14,7,"TRECHO 01",{"$nulls":7},0,null,null,null,"TRECHO 01",{"$nulls":4},{"$f":"DESAPROPRIAÇÃO!O75","v":0}]
["48+0,00",2.0699999999999998,0.15,41.03,322.14999999999998,"TRECHO 01","48+0,00",2.0699999999999998,0.15,41.03,322.14999999999998,"TRECHO 01","48+0,00",0.49,0.05,9.68,75.39,null,null,"48+0,00",0.12,0.03,2.4,19.190000000000001,null,"TRECHO 01",null,"48+0,00",2.75,3.54,80.069999999999993,38.89,149.19999999999999,2628.17,-2478.96,7,"TRECHO 01",{"$nulls":7},0,null,null,null,"TRECHO 01",{"$nulls":4},{"$f":"DESAPROPRIAÇÃO!O76","v":0}]
["49+0,00",2.0699999999999998,0.15,41.4,363.55,"TRECHO 01","49+0,00",2.0699999999999998,0.15,41.4,363.55,"TRECHO 01","49+0,00",0.49,0.05,9.8000000000000007,85.19,null,null,"49+0,00",0.12,0.03,2.4,21.59,null,"TRECHO 01",null,"49+0,00",2.94,6.03,53.71,99.11,202.91,2727.28,-2524.37,7,"TRECHO 01",{"$nulls":7},0,null,null,null,"TRECHO 01",{"$nulls":4},{"$f":"DESAPROPRIAÇÃO!O77","v":0}]
["50+0,00",2.0699999999999998,0.15,41.39,404.94,"TRECHO 01","50+0,00",2.0699999999999998,0.15,41.39,404.94,"TRECHO 01","50+0,00",0.49,0.05,9.8000000000000007,94.99,null,null,"50+0,00",0.12,0.03,2.4,23.99,null,"TRECHO 01",null,"50+0,00",1.94,6.34,46.05,127.84,248.96,2855.12,-2606.16,7,"TRECHO 01",{"$nulls":7},0,null,null,null,"TRECHO 01",{"$nulls":4},{"$f":"DESAPROPRIAÇÃO!O78","v":0}]
["51+0,00",2.0699999999999998,0.15,41.4,446.34,"TRECHO 01","51+0,00",2.0699999999999998,0.15,41.4,446.34,"TRECHO 01","51+0,00",0.49,0.05,9.8000000000000007,104.79,null,null,"51+0,00",0.12,0.03,2.4,26.39,null,"TRECHO 01",null,"51+0,00",1.59,2.91,35.24,92.15,284.2,2947.26,-2663.07,7,"TRECHO 01",{"$nulls":7},0,null,null,null,"TRECHO 01",{"$nulls":4},{"$f":"DESAPROPRIAÇÃO!O79","v":0}]
["52+0,00",2.0699999999999998,0.15,41.4,487.74,"TRECHO 01","52+0,00",2.0699999999999998,0.15,41.4,487.74,"TRECHO 01","52+0,00",0.49,0.05,9.8000000000000007,114.59,null,null,"52+0,00",0.12,0.03,2.4,28.79,null,"TRECHO 01",null,"52+0,00",10.06,3.25,110.31,64.3,394.51,3011.56,-2617.0500000000002,7,"TRECHO 01",{"$nulls":7},0,null,null,null,"TRECHO 01",{"$nulls":4},{"$f":"DESAPROPRIAÇÃO!O80","v":0}]
["53+0,00",2.0699999999999998,0.15,41.34,529.08000000000004,"TRECHO 01","53+0,00",2.0699999999999998,0.15,41.34,529.08000000000004,"TRECHO 01","53+0,00",0.49,0.05,9.7799999999999994,124.37,null,null,"53+0,00",0.12,0.03,2.4,31.19,null,"TRECHO 01",null,"53+0,00",6.59,3.78,140.57,82.68,535.08000000000004,3094.24,-2559.16,7,"TRECHO 01",{"$nulls":7},0,null,null,null,"TRECHO 01",{"$nulls":4},{"$f":"DESAPROPRIAÇÃO!O81","v":0}]
["54+0,00",2.0699999999999998,0.15,41.33,570.41,"TRECHO 01","54+0,00",2.0699999999999998,0.15,41.33,570.41,"TRECHO 01","54+0,00",0.49,0.05,9.7799999999999994,134.15,null,null,"54+0,00",0.12,0.03,2.4,33.590000000000003,null,"TRECHO 01",null,"54+0,00",1.33,8.4700000000000006,74.66,128.76,609.73,3223,-2613.2600000000002,7,"TRECHO 01",{"$nulls":7},0,null,null,null,"TRECHO 01",{"$nulls":4},{"$f":"DESAPROPRIAÇÃO!O82","v":0}]
["55+0,00",2.0699999999999998,0.15,41.38,611.79,"TRECHO 01","55+0,00",2.0699999999999998,0.15,41.38,611.79,"TRECHO 01","55+0,00",0.49,0.05,9.7899999999999991,143.94,null,null,"55+0,00",0.12,0.03,2.4,35.99,null,"TRECHO 01",null,"55+0,00",1.1599999999999999,5.9,24.29,145.6,634.02,3368.6,-2734.58,7,"TRECHO 01",{"$nulls":7},0,null,null,null,"TRECHO 01",{"$nulls":4},{"$f":"DESAPROPRIAÇÃO!O83","v":0}]
["56+0,00",2.0699999999999998,0.15,41.4,653.19000000000005,"TRECHO 01","56+0,00",2.0699999999999998,0.15,41.4,653.19000000000005,"TRECHO 01","56+0,00",0.49,0.05,9.8000000000000007,153.74,null,null,"56+0,00",0.12,0.03,2.4,38.39,null,"TRECHO 01",null,"56+0,00",3.78,5.12,47.8,115.89,681.82,3484.49,-2802.67,7,"TRECHO 01",{"$nulls":7},0,null,null,null,"TRECHO 01",{"$nulls":4},{"$f":"DESAPROPRIAÇÃO!O84","v":0}]
["57+0,00",2.06,0.15,41.25,694.44,"TRECHO 01","57+0,00",2.06,0.15,41.25,694.44,"TRECHO 01","57+0,00",0.49,0.05,9.75,163.49,null,null,"57+0,00",0.12,0.03,2.4,40.79,null,"TRECHO 01",null,"57+0,00",1.98,5.34,55.99,108.62,737.81,3593.1,-2855.29,7,"TRECHO 01",{"$nulls":7},0,null,null,null,"TRECHO 01",{"$nulls":4},{"$f":"DESAPROPRIAÇÃO!O85","v":0}]
["58+0,00",2.04,0.15,40.93,735.37,"TRECHO 01","58+0,00",2.04,0.15,40.93,735.37,"TRECHO 01","58+0,00",0.48,0.05,9.65,173.14,null,null,"58+0,00",0.12,0.03,2.4,43.19,null,"TRECHO 01",null,"58+0,00",2.5099999999999998,6.92,44.92,129.68,782.73,3722.79,-2940.05,7,"TRECHO 01",{"$nulls":7},0,null,null,null,"TRECHO 01",{"$nulls":4},{"$f":"DESAPROPRIAÇÃO!O86","v":0}]
["59+0,00",2.04,0.15,40.770000000000003,776.13,"TRECHO 01","59+0,00",2.04,0.15,40.770000000000003,776.13,"TRECHO 01","59+0,00",0.48,0.05,9.59,182.73,null,null,"59+0,00",0.12,0.03,2.4,45.59,null,"TRECHO 01",null,"59+0,00",1.37,7.38,38.54,145.36000000000001,821.27,3868.15,-3046.88,7,"TRECHO 01",{"$nulls":7},0,null,null,null,"TRECHO 01",{"$nulls":4},{"$f":"DESAPROPRIAÇÃO!O87","v":0}]
["60+0,00",2.02,0.15,40.549999999999997,816.68,"TRECHO 01","60+0,00",2.02,0.15,40.549999999999997,816.68,"TRECHO 01","60+0,00",0.47,0.05,9.52,192.25,null,null,"60+0,00",0.12,0.03,2.4,47.99,null,"TRECHO 01",null,"60+0,00",0.03,13.83,12.66,217.17,833.93,4085.32,-3251.39,7,"TRECHO 01",{"$nulls":7},0,null,null,null,"TRECHO 01",{"$nulls":4},{"$f":"DESAPROPRIAÇÃO!O88","v":0}]
["61+0,00",2.02,0.15,40.36,857.04,"TRECHO 01","61+0,00",2.02,0.15,40.36,857.04,"TRECHO 01","61+0,00",0.47,0.05,9.4499999999999993,201.7,null,null,"61+0,00",0.12,0.03,2.4,50.39,null,"TRECHO 01",null,"61+0,00",0,15.76,0.26,295.88,834.19,4381.2,-3547.01,7,"TRECHO 01",{"$nulls":7},0,null,null,null,"TRECHO 01",{"$nulls":4},{"$f":"DESAPROPRIAÇÃO!O89","v":0}]
["62+0,00",2.0099999999999998,0.15,40.270000000000003,897.31,"TRECHO 01","62+0,00",2.0099999999999998,0.15,40.270000000000003,897.31,"TRECHO 01","62+0,00",0.47,0.05,9.42,211.12,null,null,"62+0,00",0.12,0.03,2.4,52.79,null,"TRECHO 01",null,"62+0,00",0,16.84,0,329.25,834.19,4710.46,-3876.27,7,"TRECHO 01",{"$nulls":7},0,null,null,null,"TRECHO 01",{"$nulls":4},{"$f":"DESAPROPRIAÇÃO!O90","v":0}]
["63+0,00",2.0099999999999998,0.15,40.200000000000003,937.51,"TRECHO 01","63+0,00",2.0099999999999998,0.15,40.200000000000003,937.51,"TRECHO 01","63+0,00",0.47,0.05,9.4,220.52,null,null,"63+0,00",0.12,0.03,2.4,55.19,null,"TRECHO 01",null,"63+0,00",0,16.75,0.03,339.11,834.22,5049.57,-4215.3500000000004,7,"TRECHO 01",{"$nulls":7},0,null,null,null,"TRECHO 01",{"$nulls":4},{"$f":"DESAPROPRIAÇÃO!O91","v":0}]
["64+0,00",1.98,0.15,39.94,977.46,"TRECHO 01","64+0,00",1.98,0.15,39.94,977.46,"TRECHO 01","64+0,00",0.46,0.05,9.31,229.84,null,null,"64+0,00",0.12,0.03,2.4,57.59,null,"TRECHO 01",null,"64+0,00",0,20.28,0.03,373.15,834.25,5422.72,-4588.47,7,"TRECHO 01",{"$nulls":7},0,null,null,null,"TRECHO 01",{"$nulls":4},{"$f":"DESAPROPRIAÇÃO!O92","v":0}]
["65+0,00",1.83,0.15,38.090000000000003,1015.55,"TRECHO 01","65+0,00",1.83,0.15,38.090000000000003,1015.55,"TRECHO 01","65+0,00",0.41,0.05,8.6999999999999993,238.54,null,null,"65+0,00",0.12,0.03,2.4,59.99,null,"TRECHO 01",null,"65+0,00",0,19.760000000000002,0,403.97,834.25,5826.69,-4992.4399999999996,7,"TRECHO 01",{"$nulls":7},0,null,null,null,"TRECHO 01",{"$nulls":4},{"$f":"DESAPROPRIAÇÃO!O93","v":0}]
["66+0,00",1.68,0.15,35.08,1050.6300000000001,"TRECHO 01","66+0,00",1.68,0.15,35.08,1050.6300000000001,"TRECHO 01","66+0,00",0.36,0.05,7.69,246.23,null,null,"66+0,00",0.12,0.03,2.4,62.39,null,"TRECHO 01",null,"66+0,00",0.24,17.82,2.44,375.82,836.69,6202.51,-5365.82,7,"TRECHO 01",{"$nulls":7},0,null,null,null,"TRECHO 01",{"$nulls":4},{"$f":"DESAPROPRIAÇÃO!O94","v":0}]
["67+0,00",1.65,0.15,33.33,1083.96,"TRECHO 01","67+0,00",1.65,0.15,33.33,1083.96,"TRECHO 01","67+0,00",0.35,0.05,7.11,253.34,null,null,"67+0,00",0.12,0.03,2.4,64.790000000000006,null,"TRECHO 01",null,"67+0,00",0.81,16.899999999999999,10.58,347.25,847.26,6549.75,-5702.49,7,"TRECHO 01",{"$nulls":7},0,null,null,null,"TRECHO 01",{"$nulls":4},{"$f":"DESAPROPRIAÇÃO!O95","v":0}]
["68+0,00",1.65,0.15,33,1116.96,"TRECHO 01","68+0,00",1.65,0.15,33,1116.96,"TRECHO 01","68+0,00",0.35,0.05,7,260.33999999999997,null,null,"68+0,00",0.12,0.03,2.4,67.19,null,"TRECHO 01",null,"68+0,00",1.9,16.22,27.1,331.23,874.36,6880.98,-6006.62,7,"TRECHO 01",{"$nulls":7},0,null,null,null,"TRECHO 01",{"$nulls":4},{"$f":"DESAPROPRIAÇÃO!O96","v":0}]
["69+0,00",1.65,0.15,33,1149.96,"TRECHO 01","69+0,00",1.65,0.15,33,1149.96,"TRECHO 01","69+0,00",0.35,0.05,7,267.33999999999997,null,null,"69+0,00",0.12,0.03,2.4,69.59,null,"TRECHO 01",null,"69+0,00",0.96,16.63,28.55,328.48,902.91,7209.47,-6306.55,7,"TRECHO 01",{"$nulls":7},0,null,null,null,"TRECHO 01",{"$nulls":4},{"$f":"DESAPROPRIAÇÃO!O97","v":0}]
["70+0,00",1.65,0.15,33,1182.96,"TRECHO 01","70+0,00",1.65,0.15,33,1182.96,"TRECHO 01","70+0,00",0.35,0.05,7,274.33999999999997,null,null,"70+0,00",0.12,0.03,2.4,71.989999999999995,null,"TRECHO 01",null,"70+0,00",0.88,17.13,18.36,337.58,921.28,7547.05,-6625.77,7,"TRECHO 01",{"$nulls":7},0,null,null,null,"TRECHO 01",{"$nulls":4},{"$f":"DESAPROPRIAÇÃO!O98","v":0}]
["71+0,00",1.65,0.15,33,1215.96,"TRECHO 01","71+0,00",1.65,0.15,33,1215.96,"TRECHO 01","71+0,00",0.35,0.05,7,281.33999999999997,null,null,"71+0,00",0.12,0.03,2.4,74.39,null,"TRECHO 01",null,"71+0,00",0.87,17.43,17.510000000000002,345.59,938.78,7892.64,-6953.86,7,"TRECHO 01",{"$nulls":7},0,null,null,null,"TRECHO 01",{"$nulls":4},{"$f":"DESAPROPRIAÇÃO!O99","v":0}]
["72+0,00",1.65,0.15,33,1248.96,"TRECHO 01","72+0,00",1.65,0.15,33,1248.96,"TRECHO 01","72+0,00",0.35,0.05,7,288.33999999999997,null,null,"72+0,00",0.12,0.03,2.4,76.790000000000006,null,"TRECHO 01",null,"72+0,00",0.56999999999999995,18.13,14.4,355.57,953.18,8248.2099999999991,-7295.03,7,"TRECHO 01",{"$nulls":7},0,null,null,null,"TRECHO 01",{"$nulls":4},{"$f":"DESAPROPRIAÇÃO!O100","v":0}]
["73+0,00",1.65,0.15,33,1281.96,"TRECHO 01","73+0,00",1.65,0.15,33,1281.96,"TRECHO 01","73+0,00",0.35,0.05,7,295.33999999999997,null,null,"73+0,00",0.12,0.03,2.4,79.19,null,"TRECHO 01",null,"73+0,00",0.01,19.55,5.75,376.76,958.93,8624.9699999999993,-7666.04,7,"TRECHO 01",{"$nulls":7},0,null,null,null,"TRECHO 01",{"$nulls":4},{"$f":"DESAPROPRIAÇÃO!O101","v":0}]
["74+0,00",1.65,0.15,33,1314.96,"TRECHO 01","74+0,00",1.65,0.15,33,1314.96,"TRECHO 01","74+0,00",0.35,0.05,7,302.33999999999997,null,null,"74+0,00",0.12,0.03,2.4,81.59,null,"TRECHO 01",null,"74+0,00",0.1,17.68,1.0900000000000001,372.24,960.02,8997.2099999999991,-8037.19,7,"TRECHO 01",{"$nulls":7},0,null,null,null,"TRECHO 01",{"$nulls":4},{"$f":"DESAPROPRIAÇÃO!O102","v":0}]
["75+0,00",1.78,0.15,34.270000000000003,1349.23,"TRECHO 01","75+0,00",1.78,0.15,34.270000000000003,1349.23,"TRECHO 01","75+0,00",0.39,0.05,7.42,309.76,null,null,"75+0,00",0.12,0.03,2.4,83.99,null,"TRECHO 01",null,"75+0,00",0.43,18.25,5.31,359.27,965.32,9356.48,-8391.15,7,"TRECHO 01",{"$nulls":7},0,null,null,null,"TRECHO 01",{"$nulls":4},{"$f":"DESAPROPRIAÇÃO!O103","v":0}]
["76+0,00",1.93,0.15,37.06,1386.29,"TRECHO 01","76+0,00",1.93,0.15,37.06,1386.29,"TRECHO 01","76+0,00",0.44,0.05,8.35,318.12,null,null,"76+0,00",0.12,0.03,2.4,86.39,null,"TRECHO 01",null,"76+0,00",0.28999999999999998,18.82,7.44,370.15,972.76,9726.6299999999992,-8753.8700000000008,7,"TRECHO 01",{"$nulls":7},0,null,null,null,"TRECHO 01",{"$nulls":4},{"$f":"DESAPROPRIAÇÃO!O104","v":0}]
["77+0,00",2.0099999999999998,0.15,39.39,1425.68,"TRECHO 01","77+0,00",2.0099999999999998,0.15,39.39,1425.68,"TRECHO 01","77+0,00",0.47,0.05,9.1300000000000008,327.25,null,null,"77+0,00",0.12,0.03,2.4,88.79,null,"TRECHO 01",null,"77+0,00",0.3,19,5.48,379.84,978.24,10106.469999999999,-9128.23,7,"TRECHO 01",{"$nulls":7},0,null,null,null,"TRECHO 01",{"$nulls":4},{"$f":"DESAPROPRIAÇÃO!O105","v":0}]
["78+0,00",1.99,0.15,39.97,1465.65,"TRECHO 01","78+0,00",1.99,0.15,39.97,1465.65,"TRECHO 01","78+0,00",0.46,0.05,9.32,336.57,null,null,"78+0,00",0.12,0.03,2.4,91.19,null,"TRECHO 01",null,"78+0,00",0.51,17.53,7.49,367.02,985.73,10473.49,-9487.76,7,"TRECHO 01",{"$nulls":7},0,null,null,null,"TRECHO 01",{"$nulls":4},{"$f":"DESAPROPRIAÇÃO!O106","v":0}]
["79+0,00",1.83,0.15,38.22,1503.87,"TRECHO 01","79+0,00",1.83,0.15,38.22,1503.87,"TRECHO 01","79+0,00",0.41,0.05,8.74,345.31,null,null,"79+0,00",0.12,0.03,2.4,93.59,null,"TRECHO 01",null,"79+0,00",0.6,17.36,10.74,349.54,996.46,10823.03,-9826.57,7,"TRECHO 01",{"$nulls":7},0,null,null,null,"TRECHO 01",{"$nulls":4},{"$f":"DESAPROPRIAÇÃO!O107","v":0}]
["80+0,00",1.68,0.15,35.159999999999997,1539.02,"TRECHO 01","80+0,00",1.68,0.15,35.159999999999997,1539.02,"TRECHO 01","80+0,00",0.36,0.05,7.72,353.03,null,null,"80+0,00",0.12,0.03,2.4,95.99,null,"TRECHO 01",null,"80+0,00",0.68,14.45,12.82,318.08999999999997,1009.29,11141.12,-10131.83,7,"TRECHO 01",{"$nulls":7},0,null,null,null,"TRECHO 01",{"$nulls":4},{"$f":"DESAPROPRIAÇÃO!O108","v":0}]
["81+0,00",1.65,0.15,33.31,1572.33,"TRECHO 01","81+0,00",1.65,0.15,33.31,1572.33,"TRECHO 01","81+0,00",0.35,0.05,7.1,360.13,null,null,"81+0,00",0.12,0.03,2.4,98.39,null,"TRECHO 01",null,"81+0,00",0.71,10.58,13.85,250.28,1023.14,11391.4,-10368.26,7,"TRECHO 01",{"$nulls":7},0,null,null,null,"TRECHO 01",{"$nulls":4},{"$f":"DESAPROPRIAÇÃO!O109","v":0}]
["82+0,00",1.65,0.15,33,1605.33,"TRECHO 01","82+0,00",1.65,0.15,33,1605.33,"TRECHO 01","82+0,00",0.35,0.05,7,367.13,null,null,"82+0,00",0.12,0.03,2.4,100.79,null,"TRECHO 01",null,"82+0,00",0.83,4.83,15.33,154.08000000000001,1038.48,11545.48,-10507,7,"TRECHO 01",{"$nulls":7},0,null,null,null,"TRECHO 01",{"$nulls":4},{"$f":"DESAPROPRIAÇÃO!O110","v":0}]
["83+0,00",1.65,0.15,33,1638.33,"TRECHO 01","83+0,00",1.65,0.15,33,1638.33,"TRECHO 01","83+0,00",0.35,0.05,7,374.13,null,null,"83+0,00",0.12,0.03,2.4,103.19,null,"TRECHO 01",null,"83+0,00",0.86,4.3899999999999997,16.87,92.1,1055.3499999999999,11637.58,-10582.24,7,"TRECHO 01",{"$nulls":7},0,null,null,null,"TRECHO 01",{"$nulls":4},{"$f":"DESAPROPRIAÇÃO!O111","v":0}]
["84+0,00",1.65,0.15,33,1671.33,"TRECHO 01","84+0,00",1.65,0.15,33,1671.33,"TRECHO 01","84+0,00",0.35,0.05,7,381.13,null,null,"84+0,00",0.12,0.03,2.4,105.59,null,"TRECHO 01",null,"84+0,00",1.02,2.82,18.850000000000001,72.06,1074.19,11709.64,-10635.45,7,"TRECHO 01",{"$nulls":7},0,null,null,null,"TRECHO 01",{"$nulls":4},{"$f":"DESAPROPRIAÇÃO!O112","v":0}]
["85+0,00",1.65,0.15,33,1704.33,"TRECHO 01","85+0,00",1.65,0.15,33,1704.33,"TRECHO 01","85+0,00",0.35,0.05,7,388.13,null,null,"85+0,00",0.12,0.03,2.4,107.99,null,"TRECHO 01",null,"85+0,00",2,1.35,30.23,41.69,1104.42,11751.33,-10646.9,7,"TRECHO 01",{"$nulls":7},0,null,null,null,"TRECHO 01",{"$nulls":4},{"$f":"DESAPROPRIAÇÃO!O113","v":0}]
["86+0,00",1.65,0.15,33,1737.33,"TRECHO 01","86+0,00",1.65,0.15,33,1737.33,"TRECHO 01","86+0,00",0.35,0.05,7,395.13,null,null,"86+0,00",0.12,0.03,2.4,110.39,null,"TRECHO 01",null,"86+0,00",0.8,1.1100000000000001,28.01,24.58,1132.44,11775.9,-10643.47,7,"TRECHO 01",{"$nulls":7},0,null,null,null,"TRECHO 01",{"$nulls":4},{"$f":"DESAPROPRIAÇÃO!O114","v":0}]
["87+0,00",1.65,0.15,33,1770.33,"TRECHO 01","87+0,00",1.65,0.15,33,1770.33,"TRECHO 01","87+0,00",0.35,0.05,7,402.13,null,null,"87+0,00",0.12,0.03,2.4,112.79,null,"TRECHO 01",null,"87+0,00",2.78,0.83,35.83,19.39,1168.27,11795.3,-10627.03,7,"TRECHO 01",{"$nulls":7},0,null,null,null,"TRECHO 01",{"$nulls":4},{"$f":"DESAPROPRIAÇÃO!O115","v":0}]
["88+0,00",1.65,0.15,33,1803.33,"TRECHO 01","88+0,00",1.65,0.15,33,1803.33,"TRECHO 01","88+0,00",0.35,0.05,7,409.13,null,null,"88+0,00",0.12,0.03,2.4,115.19,null,"TRECHO 01",null,"88+0,00",4.25,0.03,70.28,8.6199999999999992,1238.55,11803.91,-10565.36,7,"TRECHO 01",{"$nulls":7},0,null,null,null,"TRECHO 01",{"$nulls":4},{"$f":"DESAPROPRIAÇÃO!O116","v":0}]
["89+0,00",1.65,0.15,33,1836.33,"TRECHO 01","89+0,00",1.65,0.15,33,1836.33,"TRECHO 01","89+0,00",0.35,0.05,7,416.13,null,null,"89+0,00",0.12,0.03,2.4,117.59,null,"TRECHO 01",null,"89+0,00",5.36,0,96.1,0.32,1334.65,11804.23,-10469.59,7,"TRECHO 01",{"$nulls":7},0,null,null,null,"TRECHO 01",{"$nulls":4},{"$f":"DESAPROPRIAÇÃO!O117","v":0}]
["90+0,00",1.65,0.15,33,1869.33,"TRECHO 01","90+0,00",1.65,0.15,33,1869.33,"TRECHO 01","90+0,00",0.35,0.05,7,423.13,null,null,"90+0,00",0.12,0.03,2.4,119.99,null,"TRECHO 01",null,"90+0,00",5.56,0.05,109.25,0.51,1443.89,11804.75,-10360.86,7,"TRECHO 01",{"$nulls":7},0,null,null,null,"TRECHO 01",{"$nulls":4},{"$f":"DESAPROPRIAÇÃO!O118","v":0}]
["91+0,00",1.65,0.15,33,1902.33,"TRECHO 01","91+0,00",1.65,0.15,33,1902.33,"TRECHO 01","91+0,00",0.35,0.05,7,430.13,null,null,"91+0,00",0.12,0.03,2.4,122.39,null,"TRECHO 01",null,"91+0,00",3.5,2.46,88.92,25.05,1532.81,11829.8,-10296.99,7,"TRECHO 01",{"$nulls":7},0,null,null,null,"TRECHO 01",{"$nulls":4},{"$f":"DESAPROPRIAÇÃO!O119","v":0}]
["91+4,02",1.65,0.15,6.63,1908.97,"TRECHO 01","91+4,02",1.65,0.15,6.63,1908.97,"TRECHO 01","91+4,02",0.35,0.05,1.41,431.54,null,null,"91+4,02",0.12,0.03,0.48,122.87,null,"TRECHO 01",null,"91+4,02",0,0,0.01,0.01,1545.37,11840.93,-10295.549999999999,7,"TRECHO 01",{"$nulls":7},0,null,null,null,"TRECHO 01",{"$nulls":4},{"$f":"DESAPROPRIAÇÃO!O120","v":0}]
["91+4,02",0,0.15,0,1908.97,"TRECHO 01","91+4,02",0,0.15,0,1908.97,"TRECHO 01","91+4,02",0,0.05,0,431.54,{"$f":"Q115/O115","v":8630.7999999999993},{"$f":"(91-40)*20+4.02","v":1024.02},"91+4,02",0,0.03,0,122.87,{"$f":"X115/V115","v":4095.666666666667},"TRECHO 01",null,"91+4,02",3.22,3.1,12.55,11.12,1545.37,11840.92,-10295.549999999999,7,"TRECHO 01",{"$nulls":7},0,null,null,null,"TRECHO 01",10.9,2.6,5.0999999999999996,null,{"$f":"DESAPROPRIAÇÃO!O121","v":0}]
["Estaca","Área (m²)","Altura do \r\nBase\r\nConsiderado (m)","Volume (m³)","Volume \r\nAcumulado \r\n(m³)","TRECHO 01","Estaca","Área (m²)","Altura do \r\nSub-base\r\nConsiderado (m)","Volume (m³)","Volume \r\nAcumulado \r\n(m³)","TRECHO 01","Estaca","Área (m²)","Altura do \r\nPavimento \r\nConsiderado (m)","Volume (m³)","Volume \r\nAcumulado \r\n(m³)",null,null,"Estaca","Área (m²)","Altura do \r\nAcostamento \r\nConsiderado (m)","Volume (m³)","Volume \r\nAcumulado \r\n(m³)",null,"TRECHO 01",null,"Estaca","Área de\r\nCorte (m²)","Área de\r\nAterro (m²)","Volume de\r\nCorte (m3)","Volume de\r\nAterro (m3)","Volum. Corte\r\nAcum. (m3)","Volum Aterro\r\nAcum. (m3)","Volume\r\nLíquido (m3)",7,"TRECHO 01",{"$nulls":7},0,null,null,null,"TRECHO 01",{"$nulls":4},{"$f":"DESAPROPRIAÇÃO!O122","v":0}]
["91+4,02",1.65,0.15,0,0,"TRECHO 01","91+4,02",1.65,0.15,0,0,"TRECHO 01","91+4,02",0.35,0.05,0,0,null,null,"91+4,02",0.12,0.03,0,0,null,"TRECHO 01",null,"91+4,02",0.05,2.65,0,0,0,0,0,7,"TRECHO 01",{"$nulls":7},0,null,null,null,"TRECHO 01",{"$nulls":4},{"$f":"DESAPROPRIAÇÃO!O123","v":0}]
["92+0,00",1.65,0.15,26.36,26.36,"TRECHO 01","92+0,00",1.65,0.15,26.36,26.36,"TRECHO 01","92+0,00",0.35,0.05,5.59,5.59,null,null,"92+0,00",0.12,0.03,1.92,1.92,null,"TRECHO 01",null,"92+0,00",3.59,1.53,29.86,33.270000000000003,29.86,33.270000000000003,-3.41,7,"TRECHO 01",{"$nulls":7},0,null,null,null,"TRECHO 01",{"$nulls":4},{"$f":"DESAPROPRIAÇÃO!O124","v":0}]
["93+0,00",1.83,0.15,34.729999999999997,61.09,"TRECHO 01","93+0,00",1.83,0.15,34.729999999999997,61.09,"TRECHO 01","93+0,00",0.41,0.05,7.57,13.16,null,null,"93+0,00",0.12,0.03,2.4,4.32,null,"TRECHO 01",null,"93+0,00",6.24,0.89,100.35,24.08,130.21,57.36,72.849999999999994,7,"TRECHO 01",{"$nulls":7},0,null,null,null,"TRECHO 01",{"$nulls":4},{"$f":"DESAPROPRIAÇÃO!O125","v":0}]
["94+0,00",4.09,0.15,59.03,120.12,"TRECHO 01","94+0,00",4.09,0.15,59.03,120.12,"TRECHO 01","94+0,00",1.1200000000000001,0.05,15.24,28.4,null,null,"94+0,00",0.15,0.03,2.66,6.99,null,"TRECHO 01",null,"94+0,00",2.7,1.74,91.1,26.33,221.31,83.68,137.62,7,"TRECHO 01",{"$nulls":7},0,null,null,null,"TRECHO 01",{"$nulls":4},{"$f":"DESAPROPRIAÇÃO!O126","v":0}]
["95+0,00",5.77,0.15,98.71,218.82,"TRECHO 01","95+0,00",5.77,0.15,98.71,218.82,"TRECHO 01","95+0,00",1.82,0.05,29.51,57.91,null,null,"95+0,00",0.06,0.03,2.04,9.02,null,"TRECHO 01",null,"95+0,00",5.87,0.39,87.19,21.1,308.49,104.79,203.7,7,"TRECHO 01",{"$nulls":7},0,null,null,null,"TRECHO 01",{"$nulls":4},{"$f":"DESAPROPRIAÇÃO!O127","v":0}]
["96+0,00",2.38,0.15,81.61,300.43,"TRECHO 01","96+0,00",2.38,0.15,81.61,300.43,"TRECHO 01","96+0,00",0.57999999999999996,0.05,24.09,81.99,null,null,"96+0,00",0.13,0.03,1.87,10.89,null,"TRECHO 01",null,"96+0,00",5.05,1.88,110.33,22.45,418.82,127.24,291.58,7,"TRECHO 01",{"$nulls":7},0,null,null,null,"TRECHO 01",{"$nulls":4},{"$f":"DESAPROPRIAÇÃO!O128","v":0}]
["97+0,00",1.68,0.15,40.590000000000003,341.02,"TRECHO 01","97+0,00",1.68,0.15,40.590000000000003,341.02,"TRECHO 01","97+0,00",0.36,0.05,9.43,91.43,null,null,"97+0,00",0.12,0.03,2.46,13.35,null,"TRECHO 01",null,"97+0,00",2.35,4.97,74.03,68.489999999999995,492.85,195.73,297.12,7,"TRECHO 01",{"$nulls":7},0,null,null,null,"TRECHO 01",{"$nulls":4},{"$f":"DESAPROPRIAÇÃO!O129","v":0}]
["98+0,00",1.65,0.15,33.26,374.29,"TRECHO 01","98+0,00",1.65,0.15,33.26,374.29,"TRECHO 01","98+0,00",0.35,0.05,7.09,98.51,null,null,"98+0,00",0.12,0.03,2.4,15.75,null,"TRECHO 01",null,"98+0,00",0,8.61,23.53,135.75,516.38,331.48,184.89,7,"TRECHO 01",{"$nulls":7},0,null,null,null,"TRECHO 01",{"$nulls":4},{"$f":"DESAPROPRIAÇÃO!O130","v":0}]
["98+4,35",1.65,0.15,7.19,381.47,"TRECHO 01","98+4,35",1.65,0.15,7.19,381.47,"TRECHO 01","98+4,35",0.35,0.05,1.52,100.04,{"$f":"Q125/O125","v":2000.8},{"$f":"ROUND((98-91)*20+4.35-4.02,2)","v":140.33000000000001},"98+4,35",0.12,0.03,0.52,16.27,{"$f":"X125/V125","v":542.33333333333337},"TRECHO 01",null,"98+4,35",0,8.6199999999999992,0,37.5,516.38,368.99,147.38999999999999,7,"TRECHO 01",{"$nulls":7},0,null,null,null,"TRECHO 01",10.9,2.6,5.0999999999999996,null,{"$f":"DESAPROPRIAÇÃO!O131","v":0}]
["Estaca","Área (m²)","Altura do \r\nBase\r\nConsiderado (m)","Volume (m³)","Volume \r\nAcumulado \r\n(m³)","TRECHO 01","Estaca","Área (m²)","Altura do \r\nSub-base\r\nConsiderado (m)","Volume (m³)","Volume \r\nAcumulado \r\n(m³)","TRECHO 01","Estaca","Área (m²)","Altura do \r\nPavimento \r\nConsiderado (m)","Volume (m³)","Volume \r\nAcumulado \r\n(m³)",null,null,"Estaca","Área (m²)","Altura do \r\nAcostamento \r\nConsiderado (m)","Volume (m³)","Volume \r\nAcumulado \r\n(m³)",null,"TRECHO 01",null,"Estaca","Área de\r\nCorte (m²)","Área de\r\nAterro (m²)","Volume de\r\nCorte (m3)","Volume de\r\nAterro (m3)","Volum. Corte\r\nAcum. (m3)","Volum Aterro\r\nAcum. (m3)","Volume\r\nLíquido (m3)",7,"TRECHO 01",{"$nulls":7},0,null,null,null,"TRECHO 01",{"$nulls":4},{"$f":"DESAPROPRIAÇÃO!O132","v":0}]
["98+4,36",1.65,0.15,0,0,"TRECHO 01","98+4,36",1.65,0.15,0,0,"TRECHO 01","98+4,36",0.35,0.05,0,0,null,null,"98+4,36",0.12,0.03,0,0,null,"TRECHO 01",null,"98+4,36",0,9.3699999999999992,0,0,0,0,0,7,"TRECHO 01",{"$nulls":7},0,null,null,null,"TRECHO 01",{"$nulls":4},{"$f":"DESAPROPRIAÇÃO!O133","v":0}]
["99+0,00",1.65,0.15,25.81,25.81,"TRECHO 01","99+0,00",1.65,0.15,25.81,25.81,"TRECHO 01","99+0,00",0.35,0.05,5.48,5.48,null,null,"99+0,00",0.12,0.03,1.88,1.88,null,"TRECHO 01",null,"99+0,00",0.12,5.68,0.95,117.79,0.95,117.79,-116.84,7,"TRECHO 01",{"$nulls":7},0,null,null,null,"TRECHO 01",{"$nulls":4},{"$f":"DESAPROPRIAÇÃO!O134","v":0}]
["100+0,00",1.65,0.15,33,58.81,"TRECHO 01","100+0,00",1.65,0.15,33,58.81,"TRECHO 01","100+0,00",0.35,0.05,7,12.48,null,null,"100+0,00",0.12,0.03,2.4,4.28,null,"TRECHO 01",null,"100+0,00",0.3,4.83,4.16,105.1,5.1100000000000003,222.89,-217.77,7,"TRECHO 01",{"$nulls":7},0,null,null,null,"TRECHO 01",{"$nulls":4},{"$f":"DESAPROPRIAÇÃO!O135","v":0}]
["101+0,00",1.65,0.15,33,91.81,"TRECHO 01","101+0,00",1.65,0.15,33,91.81,"TRECHO 01","101+0,00",0.35,0.05,7,19.48,null,null,"101+0,00",0.12,0.03,2.4,6.68,null,"TRECHO 01",null,"101+0,00",0.96,2.59,12.39,74.36,17.5,297.25,-279.75,7,"TRECHO 01",{"$nulls":7},0,null,null,null,"TRECHO 01",{"$nulls":4},{"$f":"DESAPROPRIAÇÃO!O136","v":0}]
["102+0,00",1.65,0.15,33,124.81,"TRECHO 01","102+0,00",1.65,0.15,33,124.81,{"$f":"F131","v":"TRECHO 01"},"102+0,00",0.35,0.05,7,26.48,null,null,"102+0,00",0.12,0.03,2.4,9.08,null,{"$f":"F131","v":"TRECHO 01"},null,"102+0,00",0.6,2.48,15.34,50.86,32.840000000000003,348.11,-315.27,7,"TRECHO 01",{"$nulls":7},{"$f":"AO131*2+AP131+AQ131+AR131","v":0},null,null,null,{"$f":"Z131","v":"TRECHO 01"},{"$nulls":4},{"$f":"DESAPROPRIAÇÃO!O137","v":0}]
["103+0,00",1.65,0.15,33,157.81,"TRECHO 01","103+0,00",1.65,0.15,33,157.81,"TRECHO 01","103+0,00",0.35,0.05,7,33.479999999999997,null,null,"103+0,00",0.12,0.03,2.4,11.48,null,"TRECHO 01",null,"103+0,00",1.32,4.08,18.920000000000002,65.739999999999995,51.76,413.84,-362.09,7,"TRECHO 01",{"$nulls":7},0,null,null,null,"TRECHO 01",{"$nulls":4},{"$f":"DESAPROPRIAÇÃO!O138","v":0}]
["104+0,00",1.79,0.15,34.409999999999997,192.22,"TRECHO 01","104+0,00",1.79,0.15,34.409999999999997,192.22,"TRECHO 01","104+0,00",0.4,0.05,7.47,40.950000000000003,{"$f":"Q133/O133","v":819},{"$f":"ROUND((104-98)*20-4.36,2)","v":115.64},"104+0,00",0.12,0.03,2.4,13.88,{"$f":"X133/V133","v":462.66666666666669},"TRECHO 01",null,"104+0,00",2.14,0.35,34.22,44.45,85.98,458.3,-372.32,7,"TRECHO 01",{"$nulls":7},0,null,null,null,"TRECHO 01",10.9,2.6,5.0999999999999996,null,{"$f":"DESAPROPRIAÇÃO!O139","v":0}]
["Estaca","Área (m²)","Altura do \r\nBase\r\nConsiderado (m)","Volume (m³)","Volume \r\nAcumulado \r\n(m³)","TRECHO 01","Estaca","Área (m²)","Altura do \r\nSub-base\r\nConsiderado (m)","Volume (m³)","Volume \r\nAcumulado \r\n(m³)","TRECHO 01","Estaca","Área (m²)","Altura do \r\nPavimento \r\nConsiderado (m)","Volume (m³)","Volume \r\nAcumulado \r\n(m³)",null,null,"Estaca","Área (m²)","Altura do \r\nAcostamento \r\nConsiderado (m)","Volume (m³)","Volume \r\nAcumulado \r\n(m³)",null,"TRECHO 01",null,"Estaca","Área de\r\nCorte (m²)","Área de\r\nAterro (m²)","Volume de\r\nCorte (m3)","Volume de\r\nAterro (m3)","Volum. Corte\r\nAcum. (m3)","Volum Aterro\r\nAcum. (m3)","Volume\r\nLíquido (m3)",7,"TRECHO 01",{"$nulls":7},0,null,null,null,"TRECHO 01",{"$nulls":4},{"$f":"DESAPROPRIAÇÃO!O140","v":0}]
["104+0,00",1.79,0.15,0,0,"TRECHO 01","104+0,00",1.79,0.15,0,0,"TRECHO 01","104+0,00",0.4,0.05,0,0,null,null,"104+0,00",0.12,0.03,0,0,null,"TRECHO 01",null,"104+0,00",2.14,0.35,0,0,0,0,0,7,"TRECHO 01",{"$nulls":7},0,null,null,null,"TRECHO 01",{"$nulls":4},{"$f":"DESAPROPRIAÇÃO!O141","v":0}]
["105+0,00",1.86,0.15,36.5,36.5,"TRECHO 01","105+0,00",1.86,0.15,36.5,36.5,"TRECHO 01","105+0,00",0.42,0.05,8.17,8.17,null,null,"105+0,00",0.12,0.03,2.4,2.4,null,"TRECHO 01",null,"105+0,00",0.75,0.5,29.49,8.36,29.49,8.36,21.12,7,"TRECHO 01",{"$nulls":7},0,null,null,null,"TRECHO 01",{"$nulls":4},{"$f":"DESAPROPRIAÇÃO!O142","v":0}]
["106+0,00",1.86,0.15,37.200000000000003,73.7,"TRECHO 01","106+0,00",1.86,0.15,37.200000000000003,73.7,"TRECHO 01","106+0,00",0.42,0.05,8.4,16.57,null,null,"106+0,00",0.12,0.03,2.4,4.8,null,"TRECHO 01",null,"106+0,00",0.03,6.69,7.77,71.92,37.26,80.28,-43.02,7,"TRECHO 01",{"$nulls":7},0,null,null,null,"TRECHO 01",{"$nulls":4},{"$f":"DESAPROPRIAÇÃO!O143","v":0}]
["107+0,00",1.86,0.15,37.200000000000003,110.9,"TRECHO 01","107+0,00",1.86,0.15,37.200000000000003,110.9,"TRECHO 01","107+0,00",0.42,0.05,8.4,24.97,null,null,"107+0,00",0.12,0.03,2.4,7.2,null,"TRECHO 01",null,"107+0,00",0,14.42,0.28000000000000003,211.13,37.54,291.41000000000003,-253.88,7,"TRECHO 01",{"$nulls":7},0,null,null,null,"TRECHO 01",{"$nulls":4},{"$f":"DESAPROPRIAÇÃO!O144","v":0}]
["108+0,00",1.86,0.15,37.200000000000003,148.1,"TRECHO 01","108+0,00",1.86,0.15,37.200000000000003,148.1,"TRECHO 01","108+0,00",0.42,0.05,8.4,33.369999999999997,null,null,"108+0,00",0.12,0.03,2.4,9.6,null,"TRECHO 01",null,"108+0,00",0,21.09,0,355.09,37.54,646.5,-608.96,7,"TRECHO 01",{"$nulls":7},0,null,null,null,"TRECHO 01",{"$nulls":4},{"$f":"DESAPROPRIAÇÃO!O145","v":0}]
["109+0,00",1.86,0.15,37.200000000000003,185.3,"TRECHO 01","109+0,00",1.86,0.15,37.200000000000003,185.3,"TRECHO 01","109+0,00",0.42,0.05,8.4,41.77,null,null,"109+0,00",0.12,0.03,2.4,12,null,"TRECHO 01",null,"109+0,00",0.06,22.72,0.61,438.04,38.15,1084.54,-1046.3900000000001,7,"TRECHO 01",{"$nulls":7},0,null,null,null,"TRECHO 01",{"$nulls":4},{"$f":"DESAPROPRIAÇÃO!O146","v":0}]
["110+0,00",1.86,0.15,37.200000000000003,222.5,"TRECHO 01","110+0,00",1.86,0.15,37.200000000000003,222.5,"TRECHO 01","110+0,00",0.42,0.05,8.4,50.17,null,null,"110+0,00",0.12,0.03,2.4,14.4,null,"TRECHO 01",null,"110+0,00",2.1800000000000002,12.61,22.4,353.3,60.55,1437.84,-1377.29,7,"TRECHO 01",{"$nulls":7},0,null,null,null,"TRECHO 01",{"$nulls":4},{"$f":"DESAPROPRIAÇÃO!O147","v":0}]
["111+0,00",1.86,0.15,37.200000000000003,259.7,"TRECHO 01","111+0,00",1.86,0.15,37.200000000000003,259.7,"TRECHO 01","111+0,00",0.42,0.05,8.4,58.57,null,null,"111+0,00",0.12,0.03,2.4,16.8,null,"TRECHO 01",null,"111+0,00",4.2300000000000004,5.79,64.06,184.03,124.61,1621.88,-1497.26,7,"TRECHO 01",{"$nulls":7},0,null,null,null,"TRECHO 01",{"$nulls":4},{"$f":"DESAPROPRIAÇÃO!O148","v":0}]
["112+0,00",1.86,0.15,37.200000000000003,296.89999999999998,"TRECHO 01","112+0,00",1.86,0.15,37.200000000000003,296.89999999999998,"TRECHO 01","112+0,00",0.42,0.05,8.4,66.97,null,null,"112+0,00",0.12,0.03,2.4,19.2,null,"TRECHO 01",null,"112+0,00",2.0299999999999998,8.73,62.62,145.26,187.23,1767.14,-1579.91,7,"TRECHO 01",{"$nulls":7},0,null,null,null,"TRECHO 01",{"$nulls":4},{"$f":"DESAPROPRIAÇÃO!O149","v":0}]
["113+0,00",1.86,0.15,37.22,334.12,"TRECHO 01","113+0,00",1.86,0.15,37.22,334.12,"TRECHO 01","113+0,00",0.42,0.05,8.41,75.37,null,null,"113+0,00",0.12,0.03,2.4,21.6,null,"TRECHO 01",null,"113+0,00",0.84,10.26,28.71,189.99,215.94,1957.13,-1741.19,7,"TRECHO 01",{"$nulls":7},0,null,null,null,"TRECHO 01",{"$nulls":4},{"$f":"DESAPROPRIAÇÃO!O150","v":0}]
["114+0,00",2.0699999999999998,0.15,39.270000000000003,373.39,"TRECHO 01","114+0,00",2.0699999999999998,0.15,39.270000000000003,373.39,"TRECHO 01","114+0,00",0.49,0.05,9.09,84.46,null,null,"114+0,00",0.12,0.03,2.4,24,null,"TRECHO 01",null,"114+0,00",0.88,11.96,17.86,220.9,233.79,2178.0300000000002,-1944.23,7,"TRECHO 01",{"$nulls":7},0,null,null,null,"TRECHO 01",{"$nulls":4},{"$f":"DESAPROPRIAÇÃO!O151","v":0}]
["115+0,00",2.0699999999999998,0.15,41.35,414.74,"TRECHO 01","115+0,00",2.0699999999999998,0.15,41.35,414.74,"TRECHO 01","115+0,00",0.49,0.05,9.7799999999999994,94.25,null,null,"115+0,00",0.12,0.03,2.4,26.4,null,"TRECHO 01",null,"115+0,00",3.96,11.32,45,236.87,278.79000000000002,2414.9,-2136.11,7,"TRECHO 01",{"$nulls":7},0,null,null,null,"TRECHO 01",{"$nulls":4},{"$f":"DESAPROPRIAÇÃO!O152","v":0}]
["116+0,00",2.0699999999999998,0.15,41.4,456.14,"TRECHO 01","116+0,00",2.0699999999999998,0.15,41.4,456.14,"TRECHO 01","116+0,00",0.49,0.05,9.8000000000000007,104.05,null,null,"116+0,00",0.12,0.03,2.4,28.8,null,"TRECHO 01",null,"116+0,00",6.26,9.4499999999999993,94.61,212.01,373.4,2626.91,-2253.5100000000002,7,"TRECHO 01",{"$nulls":7},0,null,null,null,"TRECHO 01",{"$nulls":4},{"$f":"DESAPROPRIAÇÃO!O153","v":0}]
["117+0,00",2.0699999999999998,0.15,41.4,497.54,"TRECHO 01","117+0,00",2.0699999999999998,0.15,41.4,497.54,"TRECHO 01","117+0,00",0.49,0.05,9.8000000000000007,113.85,null,null,"117+0,00",0.12,0.03,2.4,31.2,null,"TRECHO 01",null,"117+0,00",8.17,6.06,134.21,158.63999999999999,507.61,2785.56,-2277.94,7,"TRECHO 01",{"$nulls":7},0,null,null,null,"TRECHO 01",{"$nulls":4},{"$f":"DESAPROPRIAÇÃO!O154","v":0}]
["118+0,00",1.97,0.15,40.44,537.98,"TRECHO 01","118+0,00",1.97,0.15,40.44,537.98,"TRECHO 01","118+0,00",0.46,0.05,9.48,123.33,null,null,"118+0,00",0.12,0.03,2.4,33.6,null,"TRECHO 01",null,"118+0,00",9.56,4.78,168.56,110.78,676.17,2896.34,-2220.16,7,"TRECHO 01",{"$nulls":7},0,null,null,null,"TRECHO 01",{"$nulls":4},{"$f":"DESAPROPRIAÇÃO!O155","v":0}]
["119+0,00",1.81,0.15,37.880000000000003,575.86,"TRECHO 01","119+0,00",1.81,0.15,37.880000000000003,575.86,"TRECHO 01","119+0,00",0.4,0.05,8.6300000000000008,131.94999999999999,null,null,"119+0,00",0.12,0.03,2.4,36,null,"TRECHO 01",null,"119+0,00",7.56,4.74,171.22,95.16,847.39,2991.5,-2144.1,7,"TRECHO 01",{"$nulls":7},0,null,null,null,"TRECHO 01",{"$nulls":4},{"$f":"DESAPROPRIAÇÃO!O156","v":0}]
["120+0,00",1.65,0.15,34.65,610.51,"TRECHO 01","120+0,00",1.65,0.15,34.65,610.51,"TRECHO 01","120+0,00",0.35,0.05,7.55,139.5,null,null,"120+0,00",0.12,0.03,2.4,38.4,null,"TRECHO 01",null,"120+0,00",6.13,2.9,136.91999999999999,76.430000000000007,984.31,3067.92,-2083.61,7,"TRECHO 01",{"$nulls":7},0,null,null,null,"TRECHO 01",{"$nulls":4},{"$f":"DESAPROPRIAÇÃO!O157","v":0}]
["121+0,00",1.65,0.15,33.020000000000003,643.53,"TRECHO 01","121+0,00",1.65,0.15,33.020000000000003,643.53,"TRECHO 01","121+0,00",0.35,0.05,7.01,146.51,null,null,"121+0,00",0.12,0.03,2.4,40.799999999999997,null,"TRECHO 01",null,"121+0,00",5.29,2.95,114.19,58.49,1098.5,3126.42,-2027.92,7,"TRECHO 01",{"$nulls":7},0,null,null,null,"TRECHO 01",{"$nulls":4},{"$f":"DESAPROPRIAÇÃO!O158","v":0}]
["122+5,67",1.65,0.15,42.35,685.88,"TRECHO 01","122+5,67",1.65,0.15,42.35,685.88,"TRECHO 01","122+5,67",0.35,0.05,8.98,155.49,null,null,"122+5,67",0.12,0.03,3.08,43.88,null,"TRECHO 01",null,"122+0,00",6.36,0.28000000000000003,116.54,32.31,1215.04,3158.73,-1943.69,7,"TRECHO 01",{"$nulls":7},0,null,null,null,"TRECHO 01",{"$nulls":4},{"$f":"DESAPROPRIAÇÃO!O159","v":0}]
["123+0,00",1.65,0.15,23.65,709.53,"TRECHO 01","123+0,00",1.65,0.15,23.65,709.53,"TRECHO 01","123+0,00",0.35,0.05,5.0199999999999996,160.51,null,null,"123+0,00",0.12,0.03,1.72,45.6,null,"TRECHO 01",null,"123+0,00",3.85,0.26,102.12,5.42,1317.16,3164.15,-1846.99,7,"TRECHO 01",{"$nulls":7},0,null,null,null,"TRECHO 01",{"$nulls":4},{"$f":"DESAPROPRIAÇÃO!O160","v":0}]
["124+0,00",1.65,0.15,33,742.53,"TRECHO 01","124+0,00",1.65,0.15,33,742.53,"TRECHO 01","124+0,00",0.35,0.05,7,167.51,null,null,"124+0,00",0.12,0.03,2.4,48,null,"TRECHO 01",null,"124+0,00",4.49,0.33,83.43,5.87,1400.59,3170.02,-1769.43,7,"TRECHO 01",{"$nulls":7},0,null,null,null,"TRECHO 01",{"$nulls":4},{"$f":"DESAPROPRIAÇÃO!O161","v":0}]
["125+0,00",1.76,0.15,34.14,776.67,"TRECHO 01","125+0,00",1.76,0.15,34.14,776.67,"TRECHO 01","125+0,00",0.39,0.05,7.38,174.89,null,null,"125+0,00",0.12,0.03,2.4,50.4,null,"TRECHO 01",null,"125+0,00",11.17,0,156.63,3.29,1557.22,3173.31,-1616.09,7,"TRECHO 01",{"$nulls":7},0,null,null,null,"TRECHO 01",{"$nulls":4},{"$f":"DESAPROPRIAÇÃO!O162","v":0}]
["126+0,00",1.89,0.15,36.54,813.21,"TRECHO 01","126+0,00",1.89,0.15,36.54,813.21,"TRECHO 01","126+0,00",0.43,0.05,8.18,183.07,null,null,"126+0,00",0.12,0.03,2.4,52.8,null,"TRECHO 01",null,"126+0,00",7.94,3.4,190.13,29.98,1747.35,3203.29,-1455.94,7,"TRECHO 01",{"$nulls":7},0,null,null,null,"TRECHO 01",{"$nulls":4},{"$f":"DESAPROPRIAÇÃO!O163","v":0}]
["127+0,00",1.89,0.15,37.799999999999997,851.01,"TRECHO 01","127+0,00",1.89,0.15,37.799999999999997,851.01,"TRECHO 01","127+0,00",0.43,0.05,8.6,191.67,null,null,"127+0,00",0.12,0.03,2.4,55.2,null,"TRECHO 01",null,"127+0,00",2.95,5.44,108.84,88.42,1856.19,3291.71,-1435.51,7,"TRECHO 01",{"$nulls":7},0,null,null,null,"TRECHO 01",{"$nulls":4},{"$f":"DESAPROPRIAÇÃO!O164","v":0}]
["128+0,00",1.89,0.15,37.799999999999997,888.81,"TRECHO 01","128+0,00",1.89,0.15,37.799999999999997,888.81,"TRECHO 01","128+0,00",0.43,0.05,8.6,200.27,null,null,"128+0,00",0.12,0.03,2.4,57.6,null,"TRECHO 01",null,"128+0,00",1.27,7.2,42.14,126.39,1898.34,3418.1,-1519.76,7,"TRECHO 01",{"$nulls":7},0,null,null,null,"TRECHO 01",{"$nulls":4},{"$f":"DESAPROPRIAÇÃO!O165","v":0}]
["129+0,00",1.89,0.15,37.799999999999997,926.61,"TRECHO 01","129+0,00",1.89,0.15,37.799999999999997,926.61,"TRECHO 01","129+0,00",0.43,0.05,8.6,208.87,null,null,"129+0,00",0.12,0.03,2.4,60,null,"TRECHO 01",null,"129+0,00",1.28,5.56,25.51,127.61,1923.85,3545.71,-1621.86,7,"TRECHO 01",{"$nulls":7},0,null,null,null,"TRECHO 01",{"$nulls":4},{"$f":"DESAPROPRIAÇÃO!O166","v":0}]
["130+0,00",1.89,0.15,37.799999999999997,964.41,"TRECHO 01","130+0,00",1.89,0.15,37.799999999999997,964.41,"TRECHO 01","130+0,00",0.43,0.05,8.6,217.47,null,null,"130+0,00",0.12,0.03,2.4,62.4,null,"TRECHO 01",null,"130+0,00",2.5299999999999998,2.65,38.130000000000003,82.1,1961.97,3627.81,-1665.84,7,"TRECHO 01",{"$nulls":7},0,null,null,null,"TRECHO 01",{"$nulls":4},{"$f":"DESAPROPRIAÇÃO!O167","v":0}]
["131+0,00",1.89,0.15,37.799999999999997,1002.21,"TRECHO 01","131+0,00",1.89,0.15,37.799999999999997,1002.21,"TRECHO 01","131+0,00",0.43,0.05,8.6,226.07,null,null,"131+0,00",0.12,0.03,2.4,64.8,null,"TRECHO 01",null,"131+0,00",1.39,5.56,39.229999999999997,82.08,2001.21,3709.89,-1708.69,7,"TRECHO 01",{"$nulls":7},0,null,null,null,"TRECHO 01",{"$nulls":4},{"$f":"DESAPROPRIAÇÃO!O168","v":0}]
["132+0,00",1.89,0.15,37.799999999999997,1040.01,"TRECHO 01","132+0,00",1.89,0.15,37.799999999999997,1040.01,"TRECHO 01","132+0,00",0.43,0.05,8.6,234.67,null,null,"132+0,00",0.12,0.03,2.4,67.2,null,"TRECHO 01",null,"132+0,00",0.2,5.14,15.93,107.02,2017.13,3816.91,-1799.78,7,"TRECHO 01",{"$nulls":7},0,null,null,null,"TRECHO 01",{"$nulls":4},{"$f":"DESAPROPRIAÇÃO!O169","v":0}]
["133+0,00",1.89,0.15,37.799999999999997,1077.81,"TRECHO 01","133+0,00",1.89,0.15,37.799999999999997,1077.81,"TRECHO 01","133+0,00",0.43,0.05,8.6,243.27,null,null,"133+0,00",0.12,0.03,2.4,69.599999999999994,null,"TRECHO 01",null,"133+0,00",0,6.72,1.99,118.67,2019.12,3935.58,-1916.46,7,"TRECHO 01",{"$nulls":7},0,null,null,null,"TRECHO 01",{"$nulls":4},{"$f":"DESAPROPRIAÇÃO!O170","v":0}]
["134+0,00",1.89,0.15,37.799999999999997,1115.6099999999999,"TRECHO 01","134+0,00",1.89,0.15,37.799999999999997,1115.6099999999999,"TRECHO 01","134+0,00",0.43,0.05,8.6,251.87,null,null,"134+0,00",0.12,0.03,2.4,72,null,"TRECHO 01",null,"134+0,00",1.78,2.66,17.8,93.82,2036.92,4029.4,-1992.48,7,"TRECHO 01",{"$nulls":7},0,null,null,null,"TRECHO 01",{"$nulls":4},{"$f":"DESAPROPRIAÇÃO!O171","v":0}]
["135+0,00",1.89,0.15,37.799999999999997,1153.4100000000001,"TRECHO 01","135+0,00",1.89,0.15,37.799999999999997,1153.4100000000001,"TRECHO 01","135+0,00",0.43,0.05,8.6,260.47000000000003,null,null,"135+0,00",0.12,0.03,2.4,74.400000000000006,null,"TRECHO 01",null,"135+0,00",0.91,2.84,26.89,54.96,2063.8000000000002,4084.37,-2020.56,7,"TRECHO 01",{"$nulls":7},0,null,null,null,"TRECHO 01",{"$nulls":4},{"$f":"DESAPROPRIAÇÃO!O172","v":0}]
["136+0,00",2.04,0.15,39.25,1192.67,"TRECHO 01","136+0,00",2.04,0.15,39.25,1192.67,"TRECHO 01","136+0,00",0.48,0.05,9.09,269.56,null,null,"136+0,00",0.12,0.03,2.4,76.8,null,"TRECHO 01",null,"136+0,00",3.19,4.16,38.46,61.48,2102.27,4145.8500000000004,-2043.58,7,"TRECHO 01",{"$nulls":7},0,null,null,null,"TRECHO 01",{"$nulls":4},{"$f":"DESAPROPRIAÇÃO!O173","v":0}]
["137+0,00",2.06,0.15,40.93,1233.5999999999999,"TRECHO 01","137+0,00",2.06,0.15,40.93,1233.5999999999999,"TRECHO 01","137+0,00",0.49,0.05,9.65,279.2,null,null,"137+0,00",0.12,0.03,2.4,79.2,null,"TRECHO 01",null,"137+0,00",3.98,4.2699999999999996,69.180000000000007,79.61,2171.4499999999998,4225.46,-2054.0100000000002,7,"TRECHO 01",{"$nulls":7},0,null,null,null,"TRECHO 01",{"$nulls":4},{"$f":"DESAPROPRIAÇÃO!O174","v":0}]
["138+0,00",1.86,0.15,39.17,1272.77,"TRECHO 01","138+0,00",1.86,0.15,39.17,1272.77,"TRECHO 01","138+0,00",0.42,0.05,9.06,288.26,null,null,"138+0,00",0.12,0.03,2.4,81.599999999999994,null,"TRECHO 01",null,"138+0,00",3.56,2.44,69.67,58.23,2241.11,4283.6899999999996,-2042.57,7,"TRECHO 01",{"$nulls":7},0,null,null,null,"TRECHO 01",{"$nulls":4},{"$f":"DESAPROPRIAÇÃO!O175","v":0}]
["139+0,00",1.86,0.15,37.200000000000003,1309.97,"TRECHO 01","139+0,00",1.86,0.15,37.200000000000003,1309.97,"TRECHO 01","139+0,00",0.42,0.05,8.4,296.66000000000003,null,null,"139+0,00",0.12,0.03,2.4,84,null,"TRECHO 01",null,"139+0,00",4.75,2,83.17,44.43,2324.29,4328.12,-2003.83,7,"TRECHO 01",{"$nulls":7},0,null,null,null,"TRECHO 01",{"$nulls":4},{"$f":"DESAPROPRIAÇÃO!O176","v":0}]
["140+0,00",1.86,0.15,37.200000000000003,1347.17,"TRECHO 01","140+0,00",1.86,0.15,37.200000000000003,1347.17,"TRECHO 01","140+0,00",0.42,0.05,8.4,305.06,null,null,"140+0,00",0.12,0.03,2.4,86.4,null,"TRECHO 01",null,"140+0,00",4.4400000000000004,1.57,91.91,35.69,2416.19,4363.8100000000004,-1947.62,7,"TRECHO 01",{"$nulls":7},0,null,null,null,"TRECHO 01",{"$nulls":4},{"$f":"DESAPROPRIAÇÃO!O177","v":0}]
["141+0,00",1.86,0.15,37.200000000000003,1384.37,"TRECHO 01","141+0,00",1.86,0.15,37.200000000000003,1384.37,"TRECHO 01","141+0,00",0.42,0.05,8.4,313.45999999999998,null,null,"141+0,00",0.12,0.03,2.4,88.8,null,"TRECHO 01",null,"141+0,00",2.5099999999999998,5.6,69.45,71.680000000000007,2485.64,4435.49,-1949.85,7,"TRECHO 01",{"$nulls":7},0,null,null,null,"TRECHO 01",{"$nulls":4},{"$f":"DESAPROPRIAÇÃO!O178","v":0}]
["142+0,00",1.86,0.15,37.200000000000003,1421.57,"TRECHO 01","142+0,00",1.86,0.15,37.200000000000003,1421.57,"TRECHO 01","142+0,00",0.42,0.05,8.4,321.86,null,null,"142+0,00",0.12,0.03,2.4,91.2,null,"TRECHO 01",null,"142+0,00",0.63,8.07,31.39,136.68,2517.0300000000002,4572.17,-2055.13,7,"TRECHO 01",{"$nulls":7},0,null,null,null,"TRECHO 01",{"$nulls":4},{"$f":"DESAPROPRIAÇÃO!O179","v":0}]
["143+0,00",1.86,0.15,37.200000000000003,1458.77,"TRECHO 01","143+0,00",1.86,0.15,37.200000000000003,1458.77,"TRECHO 01","143+0,00",0.42,0.05,8.4,330.26,null,null,"143+0,00",0.12,0.03,2.4,93.6,null,"TRECHO 01",null,"143+0,00",0,13.3,6.31,213.65,2523.34,4785.8100000000004,-2262.4699999999998,7,"TRECHO 01",{"$nulls":7},0,null,null,null,"TRECHO 01",{"$nulls":4},{"$f":"DESAPROPRIAÇÃO!O180","v":0}]
["144+0,00",1.86,0.15,37.200000000000003,1495.97,"TRECHO 01","144+0,00",1.86,0.15,37.200000000000003,1495.97,"TRECHO 01","144+0,00",0.42,0.05,8.4,338.66,null,null,"144+0,00",0.12,0.03,2.4,96,null,"TRECHO 01",null,"144+0,00",0,13,0,262.92,2523.34,5048.74,-2525.39,7,"TRECHO 01",{"$nulls":7},0,null,null,null,"TRECHO 01",{"$nulls":4},{"$f":"DESAPROPRIAÇÃO!O181","v":0}]
["145+0,00",1.86,0.15,37.200000000000003,1533.17,"TRECHO 01","145+0,00",1.86,0.15,37.200000000000003,1533.17,"TRECHO 01","145+0,00",0.42,0.05,8.4,347.06,null,null,"145+0,00",0.12,0.03,2.4,98.4,null,"TRECHO 01",null,"145+0,00",0.57999999999999996,11.5,5.85,244.92,2529.19,5293.65,-2764.46,7,"TRECHO 01",{"$nulls":7},0,null,null,null,"TRECHO 01",{"$nulls":4},{"$f":"DESAPROPRIAÇÃO!O182","v":0}]
["146+0,00",1.86,0.15,37.200000000000003,1570.37,"TRECHO 01","146+0,00",1.86,0.15,37.200000000000003,1570.37,"TRECHO 01","146+0,00",0.42,0.05,8.4,355.46,null,null,"146+0,00",0.12,0.03,2.4,100.8,null,"TRECHO 01",null,"146+0,00",0.55000000000000004,8.57,11.3,200.66,2540.4899999999998,5494.32,-2953.82,7,"TRECHO 01",{"$nulls":7},0,null,null,null,"TRECHO 01",{"$nulls":4},{"$f":"DESAPROPRIAÇÃO!O183","v":0}]
["147+0,00",1.86,0.15,37.200000000000003,1607.57,"TRECHO 01","147+0,00",1.86,0.15,37.200000000000003,1607.57,"TRECHO 01","147+0,00",0.42,0.05,8.4,363.86,null,null,"147+0,00",0.12,0.03,2.4,103.2,null,"TRECHO 01",null,"147+0,00",0.75,5.01,12.91,135.81,2553.4,5630.12,-3076.72,7,"TRECHO 01",{"$nulls":7},0,null,null,null,"TRECHO 01",{"$nulls":4},{"$f":"DESAPROPRIAÇÃO!O184","v":0}]
["148+0,00",1.74,0.15,35.950000000000003,1643.52,"TRECHO 01","148+0,00",1.74,0.15,35.950000000000003,1643.52,"TRECHO 01","148+0,00",0.38,0.05,7.98,371.84,null,null,"148+0,00",0.12,0.03,2.4,105.6,null,"TRECHO 01",null,"148+0,00",0.76,3.44,14.22,87.02,2567.62,5717.14,-3149.52,7,"TRECHO 01",{"$nulls":7},0,null,null,null,"TRECHO 01",{"$nulls":4},{"$f":"DESAPROPRIAÇÃO!O185","v":0}]
["149+0,00",1.65,0.15,33.85,1677.37,"TRECHO 01","149+0,00",1.65,0.15,33.85,1677.37,"TRECHO 01","149+0,00",0.35,0.05,7.28,379.13,null,null,"149+0,00",0.12,0.03,2.4,108,null,"TRECHO 01",null,"149+0,00",0.76,3.19,15.15,66.31,2582.7800000000002,5783.45,-3200.67,7,"TRECHO 01",{"$nulls":7},0,null,null,null,"TRECHO 01",{"$nulls":4},{"$f":"DESAPROPRIAÇÃO!O186","v":0}]
["150+0,00",1.65,0.15,33,1710.37,"TRECHO 01","150+0,00",1.65,0.15,33,1710.37,"TRECHO 01","150+0,00",0.35,0.05,7,386.13,null,null,"150+0,00",0.12,0.03,2.4,110.4,null,"TRECHO 01",null,"150+0,00",1.1000000000000001,5.72,18.52,89.15,2601.3000000000002,5872.6,-3271.3,7,"TRECHO 01",{"$nulls":7},0,null,null,null,"TRECHO 01",{"$nulls":4},{"$f":"DESAPROPRIAÇÃO!O187","v":0}]
["151+0,00",1.79,0.15,34.43,1744.8,"TRECHO 01","151+0,00",1.79,0.15,34.43,1744.8,"TRECHO 01","151+0,00",0.4,0.05,7.48,393.61,null,null,"151+0,00",0.12,0.03,2.4,112.8,null,"TRECHO 01",null,"151+0,00",1.26,10.67,23.61,163.91,2624.9,6036.51,-3411.61,7,"TRECHO 01",{"$nulls":7},0,null,null,null,"TRECHO 01",{"$nulls":4},{"$f":"DESAPROPRIAÇÃO!O188","v":0}]
["152+0,00",1.95,0.15,37.47,1782.27,"TRECHO 01","152+0,00",1.95,0.15,37.47,1782.27,"TRECHO 01","152+0,00",0.45,0.05,8.49,402.09,null,null,"152+0,00",0.12,0.03,2.4,115.2,null,"TRECHO 01",null,"152+0,00",0.72,15.05,19.2,257.08,2644.1,6293.59,-3649.49,7,"TRECHO 01",{"$nulls":7},0,null,null,null,"TRECHO 01",{"$nulls":4},{"$f":"DESAPROPRIAÇÃO!O189","v":0}]
["153+0,00",2.0099999999999998,0.15,39.630000000000003,1821.9,"TRECHO 01","153+0,00",2.0099999999999998,0.15,39.630000000000003,1821.9,"TRECHO 01","153+0,00",0.47,0.05,9.2100000000000009,411.31,null,null,"153+0,00",0.12,0.03,2.4,117.6,null,"TRECHO 01",null,"153+0,00",0.27,15.53,10.38,306.37,2654.48,6599.95,-3945.48,7,"TRECHO 01",{"$nulls":7},0,null,null,null,"TRECHO 01",{"$nulls":4},{"$f":"DESAPROPRIAÇÃO!O190","v":0}]
["154+0,00",2.0099999999999998,0.15,40.200000000000003,1862.1,"TRECHO 01","154+0,00",2.0099999999999998,0.15,40.200000000000003,1862.1,"TRECHO 01","154+0,00",0.47,0.05,9.4,420.71,null,null,"154+0,00",0.12,0.03,2.4,120,null,"TRECHO 01",null,"154+0,00",0.53,12.05,7.92,276.58,2662.39,6876.54,-4214.1400000000003,7,"TRECHO 01",{"$nulls":7},0,null,null,null,"TRECHO 01",{"$nulls":4},{"$f":"DESAPROPRIAÇÃO!O191","v":0}]
["155+0,00",2.0099999999999998,0.15,40.200000000000003,1902.3,"TRECHO 01","155+0,00",2.0099999999999998,0.15,40.200000000000003,1902.3,"TRECHO 01","155+0,00",0.47,0.05,9.4,430.11,null,null,"155+0,00",0.12,0.03,2.4,122.4,null,"TRECHO 01",null,"155+0,00",2.69,6.76,31.03,189.33,2693.42,7065.87,-4372.45,7,"TRECHO 01",{"$nulls":7},0,null,null,null,"TRECHO 01",{"$nulls":4},{"$f":"DESAPROPRIAÇÃO!O192","v":0}]
["156+0,00",2.0099999999999998,0.15,40.200000000000003,1942.5,"TRECHO 01","156+0,00",2.0099999999999998,0.15,40.200000000000003,1942.5,"TRECHO 01","156+0,00",0.47,0.05,9.4,439.51,null,null,"156+0,00",0.12,0.03,2.4,124.8,null,"TRECHO 01",null,"156+0,00",4.41,3.48,68.36,103.64,2761.78,7169.51,-4407.74,7,"TRECHO 01",{"$nulls":7},0,null,null,null,"TRECHO 01",{"$nulls":4},{"$f":"DESAPROPRIAÇÃO!O193","v":0}]
["157+0,00",2.0099999999999998,0.15,40.200000000000003,1982.7,"TRECHO 01","157+0,00",2.0099999999999998,0.15,40.200000000000003,1982.7,"TRECHO 01","157+0,00",0.47,0.05,9.4,448.91,null,null,"157+0,00",0.12,0.03,2.4,127.2,null,"TRECHO 01",null,"157+0,00",7.36,1.0900000000000001,113.7,46.4,2875.48,7215.91,-4340.43,7,"TRECHO 01",{"$nulls":7},0,null,null,null,"TRECHO 01",{"$nulls":4},{"$f":"DESAPROPRIAÇÃO!O194","v":0}]
["158+0,00",1.96,0.15,39.67,2022.37,"TRECHO 01","158+0,00",1.96,0.15,39.67,2022.37,"TRECHO 01","158+0,00",0.45,0.05,9.23,458.13,null,null,"158+0,00",0.12,0.03,2.4,129.6,null,"TRECHO 01",null,"158+0,00",8,0.39,148.86000000000001,15.09,3024.34,7231.01,-4206.66,7,"TRECHO 01",{"$nulls":7},0,null,null,null,"TRECHO 01",{"$nulls":4},{"$f":"DESAPROPRIAÇÃO!O195","v":0}]
["159+0,00",1.79,0.15,37.520000000000003,2059.89,"TRECHO 01","159+0,00",1.79,0.15,37.520000000000003,2059.89,"TRECHO 01","159+0,00",0.4,0.05,8.51,466.64,null,null,"159+0,00",0.12,0.03,2.4,132,null,"TRECHO 01",null,"159+0,00",7.28,0.28999999999999998,144.86000000000001,7.04,3169.2,7238.05,-4068.85,7,"TRECHO 01",{"$nulls":7},0,null,null,null,"TRECHO 01",{"$nulls":4},{"$f":"DESAPROPRIAÇÃO!O196","v":0}]
["160+0,00",1.65,0.15,34.450000000000003,2094.34,"TRECHO 01","160+0,00",1.65,0.15,34.450000000000003,2094.34,"TRECHO 01","160+0,00",0.35,0.05,7.48,474.12,null,null,"160+0,00",0.12,0.03,2.4,134.4,null,"TRECHO 01",null,"160+0,00",4.41,1.71,116.86,20.010000000000002,3286.06,7258.06,-3972,7,"TRECHO 01",{"$nulls":7},0,null,null,null,"TRECHO 01",{"$nulls":4},{"$f":"DESAPROPRIAÇÃO!O197","v":0}]
["161+0,00",1.65,0.15,33,2127.34,"TRECHO 01","161+0,00",1.65,0.15,33,2127.34,"TRECHO 01","161+0,00",0.35,0.05,7,481.12,null,null,"161+0,00",0.12,0.03,2.4,136.80000000000001,null,"TRECHO 01",null,"161+0,00",0.87,6.5,52.79,82.07,3338.85,7340.13,-4001.28,7,"TRECHO 01",{"$nulls":7},0,null,null,null,"TRECHO 01",{"$nulls":4},{"$f":"DESAPROPRIAÇÃO!O198","v":0}]
["162+0,00",1.65,0.15,33,2160.34,"TRECHO 01","162+0,00",1.65,0.15,33,2160.34,"TRECHO 01","162+0,00",0.35,0.05,7,488.12,null,null,"162+0,00",0.12,0.03,2.4,139.19999999999999,null,"TRECHO 01",null,"162+0,00",0,10.220000000000001,8.74,167.12,3347.59,7507.25,-4159.66,7,"TRECHO 01",{"$nulls":7},0,null,null,null,"TRECHO 01",{"$nulls":4},{"$f":"DESAPROPRIAÇÃO!O199","v":0}]
["163+0,00",1.65,0.15,33,2193.34,"TRECHO 01","163+0,00",1.65,0.15,33,2193.34,"TRECHO 01","163+0,00",0.35,0.05,7,495.12,null,null,"163+0,00",0.12,0.03,2.4,141.6,null,"TRECHO 01",null,"163+0,00",0,11.76,0,219.73,3347.59,7726.98,-4379.3900000000003,7,"TRECHO 01",{"$nulls":7},0,null,null,null,"TRECHO 01",{"$nulls":4},{"$f":"DESAPROPRIAÇÃO!O200","v":0}]
["164+0,00",1.65,0.15,33,2226.34,"TRECHO 01","164+0,00",1.65,0.15,33,2226.34,{"$f":"F195","v":"TRECHO 01"},"164+0,00",0.35,0.05,7,502.12,null,null,"164+0,00",0.12,0.03,2.4,144,null,{"$f":"F195","v":"TRECHO 01"},null,"164+0,00",7.0000000000000007E-2,11.1,0.68,228.63,3348.27,7955.61,-4607.34,7,"TRECHO 01",{"$nulls":7},{"$f":"AO195*2+AP195+AQ195+AR195","v":0},null,null,null,{"$f":"Z195","v":"TRECHO 01"},{"$nulls":4},{"$f":"DESAPROPRIAÇÃO!O201","v":0}]
["165+0,00",1.65,0.15,33,2259.34,"TRECHO 01","165+0,00",1.65,0.15,33,2259.34,"TRECHO 01","165+0,00",0.35,0.05,7,509.12,null,null,"165+0,00",0.12,0.03,2.4,146.4,null,"TRECHO 01",null,"165+0,00",0.51,8.74,5.81,198.43,3354.08,8154.04,-4799.96,7,"TRECHO 01",{"$nulls":7},0,null,null,null,"TRECHO 01",{"$nulls":4},{"$f":"DESAPROPRIAÇÃO!O202","v":0}]
["166+0,00",1.65,0.15,33,2292.34,"TRECHO 01","166+0,00",1.65,0.15,33,2292.34,"TRECHO 01","166+0,00",0.35,0.05,7,516.12,null,null,"166+0,00",0.12,0.03,2.4,148.80000000000001,null,"TRECHO 01",null,"166+0,00",0,5.62,5.13,143.57,3359.21,8297.61,-4938.3900000000003,7,"TRECHO 01",{"$nulls":7},0,null,null,null,"TRECHO 01",{"$nulls":4},{"$f":"DESAPROPRIAÇÃO!O203","v":0}]
["167+0,00",1.65,0.15,33,2325.34,"TRECHO 01","167+0,00",1.65,0.15,33,2325.34,"TRECHO 01","167+0,00",0.35,0.05,7,523.12,null,null,"167+0,00",0.12,0.03,2.4,151.19999999999999,null,"TRECHO 01",null,"167+0,00",0.05,3.4,0.48,90.2,3359.7,8387.81,-5028.1099999999997,7,"TRECHO 01",{"$nulls":7},0,null,null,null,"TRECHO 01",{"$nulls":4},{"$f":"DESAPROPRIAÇÃO!O204","v":0}]
["168+0,00",1.65,0.15,33,2358.34,"TRECHO 01","168+0,00",1.65,0.15,33,2358.34,"TRECHO 01","168+0,00",0.35,0.05,7,530.12,null,null,"168+0,00",0.12,0.03,2.4,153.6,null,"TRECHO 01",null,"168+0,00",0.04,3.04,0.77,64.430000000000007,3360.47,8452.24,-5091.7700000000004,7,"TRECHO 01",{"$nulls":7},0,null,null,null,"TRECHO 01",{"$nulls":4},{"$f":"DESAPROPRIAÇÃO!O205","v":0}]
["168+12,57",0,0.15,10.37,2368.71,"TRECHO 01","168+12,57",0,0.15,10.37,2368.71,"TRECHO 01","168+12,57",0,0.05,2.2000000000000002,532.32000000000005,{"$f":"Q200/O200","v":10646.4},{"$f":"ROUND((168-104)*20+12.57,2)","v":1292.57},"168+12,57",0,0.03,0.75,154.35,{"$f":"X200/V200","v":5145},"TRECHO 01",null,"168+12,57",0.28999999999999998,2.6,1.9,35.35,3362.36,8487.59,-5125.2299999999996,7,"TRECHO 01",{"$nulls":7},0,null,null,null,"TRECHO 01",10.9,2.6,5.0999999999999996,null,{"$f":"DESAPROPRIAÇÃO!O206","v":0}]
["Estaca","Área (m²)","Altura do \r\nBase\r\nConsiderado (m)","Volume (m³)","Volume \r\nAcumulado \r\n(m³)","TRECHO 01","Estaca","Área (m²)","Altura do \r\nSub-base\r\nConsiderado (m)","Volume (m³)","Volume \r\nAcumulado \r\n(m³)","TRECHO 01","Estaca","Área (m²)","Altura do \r\nPavimento \r\nConsiderado (m)","Volume (m³)","Volume \r\nAcumulado \r\n(m³)",null,null,"Estaca","Área (m²)","Altura do \r\nAcostamento \r\nConsiderado (m)","Volume (m³)","Volume \r\nAcumulado \r\n(m³)",null,"TRECHO 01",null,"Estaca","Área de\r\nCorte (m²)","Área de\r\nAterro (m²)","Volume de\r\nCorte (m3)","Volume de\r\nAterro (m3)","Volum. Corte\r\nAcum. (m3)","Volum Aterro\r\nAcum. (m3)","Volume\r\nLíquido (m3)",7,"TRECHO 01",{"$nulls":7},0,null,null,null,"TRECHO 01",{"$nulls":4},{"$f":"DESAPROPRIAÇÃO!O207","v":0}]
["168+12,57",1.65,0.15,0,0,"TRECHO 01","168+12,57",1.65,0.15,0,0,"TRECHO 01","168+12,57",0.35,0.05,0,0,null,null,"168+12,57",0.12,0.03,0,0,null,"TRECHO 01",null,"168+12,57",1.65,0,0,0,0,0,0,7,"TRECHO 01",{"$nulls":7},0,null,null,null,"TRECHO 01",{"$nulls":4},{"$f":"DESAPROPRIAÇÃO!O208","v":0}]
["169+0,00",1.65,0.15,12.25,12.25,"TRECHO 01","169+0,00",1.65,0.15,12.25,12.25,"TRECHO 01","169+0,00",0.35,0.05,2.6,2.6,null,null,"169+0,00",0.12,0.03,0.89,0.89,null,"TRECHO 01",null,"169+0,00",6.62,0,31.07,0,31.07,0,31.07,7,"TRECHO 01",{"$nulls":7},0,null,null,null,"TRECHO 01",{"$nulls":4},{"$f":"DESAPROPRIAÇÃO!O209","v":0}]
["170+0,00",1.69,0.15,33.380000000000003,45.63,"TRECHO 01","170+0,00",1.69,0.15,33.380000000000003,45.63,"TRECHO 01","170+0,00",0.36,0.05,7.13,9.73,null,null,"170+0,00",0.12,0.03,2.4,3.29,null,"TRECHO 01",null,"170+0,00",18.920000000000002,0,260.24,0,291.3,0,291.3,7,"TRECHO 01",{"$nulls":7},0,null,null,null,"TRECHO 01",{"$nulls":4},{"$f":"DESAPROPRIAÇÃO!O210","v":0}]
["171+0,00",2.68,0.15,43.57,89.2,"TRECHO 01","171+0,00",2.68,0.15,43.56,89.2,"TRECHO 01","171+0,00",0.68,0.05,10.39,20.12,null,null,"171+0,00",0.13,0.03,2.48,5.77,null,"TRECHO 01",null,"171+0,00",16.43,0,358.51,0,649.80999999999995,0,649.80999999999995,7,"TRECHO 01",{"$nulls":7},0,null,null,null,"TRECHO 01",{"$nulls":4},{"$f":"DESAPROPRIAÇÃO!O211","v":0}]
["172+0,00",4.66,0.15,73,162.19999999999999,"TRECHO 01","172+0,00",4.66,0.15,73,162.19,"TRECHO 01","172+0,00",1.45,0.05,21.3,41.42,null,null,"172+0,00",0.06,0.03,1.82,7.59,null,"TRECHO 01",null,"172+0,00",8.7799999999999994,0,253.9,0,903.71,0,903.71,7,"TRECHO 01",{"$nulls":7},0,null,null,null,"TRECHO 01",{"$nulls":4},{"$f":"DESAPROPRIAÇÃO!O212","v":0}]
["173+0,00",3.55,0.15,81.58,243.78,"TRECHO 01","173+0,00",3.55,0.15,81.58,243.77,"TRECHO 01","173+0,00",0.95,0.05,24.23,65.650000000000006,null,null,"173+0,00",0.14000000000000001,0.03,1.78,9.3699999999999992,null,"TRECHO 01",null,"173+0,00",15.18,0,277.17,0,1180.8800000000001,0,1180.8800000000001,7,"TRECHO 01",{"$nulls":7},0,null,null,null,"TRECHO 01",{"$nulls":4},{"$f":"DESAPROPRIAÇÃO!O213","v":0}]
["174+0,00",1.78,0.15,53.05,296.83999999999997,"TRECHO 01","174+0,00",1.78,0.15,53.05,296.83,"TRECHO 01","174+0,00",0.39,0.05,13.4,79.05,null,null,"174+0,00",0.12,0.03,2.57,11.94,null,"TRECHO 01",null,"174+0,00",10.96,0,244.98,0,1425.87,0,1425.87,7,"TRECHO 01",{"$nulls":7},0,null,null,null,"TRECHO 01",{"$nulls":4},{"$f":"DESAPROPRIAÇÃO!O214","v":0}]
["175+0,00",1.65,0.15,34.22,331.06,"TRECHO 01","175+0,00",1.65,0.15,34.22,331.05,"TRECHO 01","175+0,00",0.35,0.05,7.4,86.45,null,null,"175+0,00",0.12,0.03,2.4,14.34,null,"TRECHO 01",null,"175+0,00",8.01,0.31,178.37,3.1,1604.24,3.1,1601.14,7,"TRECHO 01",{"$nulls":7},0,null,null,null,"TRECHO 01",{"$nulls":4},{"$f":"DESAPROPRIAÇÃO!O215","v":0}]
["175+13,57",0,0.15,11.19,342.25,"TRECHO 01","175+13,57",0,0.15,11.19,342.24,"TRECHO 01","175+13,57",0,0.05,2.37,88.83,{"$f":"Q210/O210","v":1776.6},{"$f":"ROUND((175-168)*20+13.57-12.57,2)","v":141},"175+13,57",0,0.03,0.81,15.16,{"$f":"X210/V210","v":505.33333333333337},"TRECHO 01",null,"175+13,57",1.03,0.81,57.57,7.65,1661.81,10.75,1651.06,7,"TRECHO 01",{"$nulls":7},0,null,null,null,"TRECHO 01",10.9,2.6,5.0999999999999996,null,{"$f":"DESAPROPRIAÇÃO!O216","v":0}]
["Estaca","Área (m²)","Altura do \r\nBase\r\nConsiderado (m)","Volume (m³)","Volume \r\nAcumulado \r\n(m³)","TRECHO 01","Estaca","Área (m²)","Altura do \r\nSub-base\r\nConsiderado (m)","Volume (m³)","Volume \r\nAcumulado \r\n(m³)","TRECHO 01","Estaca","Área (m²)","Altura do \r\nPavimento \r\nConsiderado (m)","Volume (m³)","Volume \r\nAcumulado \r\n(m³)",null,null,"Estaca","Área (m²)","Altura do \r\nAcostamento \r\nConsiderado (m)","Volume (m³)","Volume \r\nAcumulado \r\n(m³)",null,"TRECHO 01",null,"Estaca","Área de\r\nCorte (m²)","Área de\r\nAterro (m²)","Volume de\r\nCorte (m3)","Volume de\r\nAterro (m3)","Volum. Corte\r\nAcum. (m3)","Volum Aterro\r\nAcum. (m3)","Volume\r\nLíquido (m3)",7,"TRECHO 01",{"$nulls":7},0,null,null,null,"TRECHO 01",{"$nulls":4},{"$f":"DESAPROPRIAÇÃO!O217","v":0}]
["175+13,57",1.65,0.15,0,0,"TRECHO 01","175+13,57",1.65,0.15,0,0,"TRECHO 01","175+13,57",0.35,0.05,0,0,null,null,"175+13,57",0.12,0.03,0,0,null,"TRECHO 01",null,"175+13,57",0,3.86,0,0,0,0,0,7,"TRECHO 01",{"$nulls":7},0,null,null,null,"TRECHO 01",{"$nulls":4},{"$f":"DESAPROPRIAÇÃO!O218","v":0}]
["176+0,00",1.65,0.15,10.6,10.6,"TRECHO 01","176+0,00",1.65,0.15,10.6,10.6,"TRECHO 01","176+0,00",0.35,0.05,2.25,2.25,null,null,"176+0,00",0.12,0.03,0.77,0.77,null,"TRECHO 01",null,"176+0,00",0.02,5.59,7.0000000000000007E-2,30.62,7.0000000000000007E-2,30.62,-30.55,7,"TRECHO 01",{"$nulls":7},0,null,null,null,"TRECHO 01",{"$nulls":4},{"$f":"DESAPROPRIAÇÃO!O219","v":0}]
["177+0,00",1.65,0.15,33,43.6,"TRECHO 01","177+0,00",1.65,0.15,33,43.6,"TRECHO 01","177+0,00",0.35,0.05,7,9.25,null,null,"177+0,00",0.12,0.03,2.4,3.17,null,"TRECHO 01",null,"177+0,00",0.3,8.1,3.12,136.83000000000001,3.18,167.45,-164.27,7,"TRECHO 01",{"$nulls":7},0,null,null,null,"TRECHO 01",{"$nulls":4},{"$f":"DESAPROPRIAÇÃO!O220","v":0}]
["178+0,00",1.65,0.15,33,76.599999999999994,"TRECHO 01","178+0,00",1.65,0.15,33,76.599999999999994,"TRECHO 01","178+0,00",0.35,0.05,7,16.25,null,null,"178+0,00",0.12,0.03,2.4,5.57,null,"TRECHO 01",null,"178+0,00",0.25,10.23,5.5,183.33,8.68,350.78,-342.09,7,"TRECHO 01",{"$nulls":7},0,null,null,null,"TRECHO 01",{"$nulls":4},{"$f":"DESAPROPRIAÇÃO!O221","v":0}]
["179+0,00",1.65,0.15,33,109.6,"TRECHO 01","179+0,00",1.65,0.15,33,109.6,"TRECHO 01","179+0,00",0.35,0.05,7,23.25,null,null,"179+0,00",0.12,0.03,2.4,7.97,null,"TRECHO 01",null,"179+0,00",0.17,12.08,4.25,223.17,12.94,573.94000000000005,-561,7,"TRECHO 01",{"$nulls":7},0,null,null,null,"TRECHO 01",{"$nulls":4},{"$f":"DESAPROPRIAÇÃO!O222","v":0}]
["180+0,00",1.65,0.15,33,142.6,"TRECHO 01","180+0,00",1.65,0.15,33,142.6,"TRECHO 01","180+0,00",0.35,0.05,7,30.25,null,null,"180+0,00",0.12,0.03,2.4,10.37,null,"TRECHO 01",null,"180+0,00",1.65,10.58,18.190000000000001,226.59,31.12,800.53,-769.41,7,"TRECHO 01",{"$nulls":7},0,null,null,null,"TRECHO 01",{"$nulls":4},{"$f":"DESAPROPRIAÇÃO!O223","v":0}]
["181+0,00",1.65,0.15,33,175.6,"TRECHO 01","181+0,00",1.65,0.15,33,175.6,"TRECHO 01","181+0,00",0.35,0.05,7,37.25,null,null,"181+0,00",0.12,0.03,2.4,12.77,null,"TRECHO 01",null,"181+0,00",5.7,7.2,73.430000000000007,177.75,104.55,978.28,-873.72,7,"TRECHO 01",{"$nulls":7},0,null,null,null,"TRECHO 01",{"$nulls":4},{"$f":"DESAPROPRIAÇÃO!O224","v":0}]
["182+0,00",1.88,0.15,35.299999999999997,210.91,"TRECHO 01","182+0,00",1.88,0.15,35.299999999999997,210.91,"TRECHO 01","182+0,00",0.43,0.05,7.77,45.02,null,null,"182+0,00",0.12,0.03,2.4,15.17,null,"TRECHO 01",null,"182+0,00",1.65,6.05,45.57,133.94,150.13,1112.21,-962.09,7,"TRECHO 01",{"$nulls":7},0,null,null,null,"TRECHO 01",{"$nulls":4},{"$f":"DESAPROPRIAÇÃO!O225","v":0}]
["183+0,00",2.67,0.15,45.47,256.38,"TRECHO 01","183+0,00",2.67,0.15,45.47,256.38,"TRECHO 01","183+0,00",0.69,0.05,11.15,56.17,null,null,"183+0,00",0.12,0.03,2.4,17.57,null,"TRECHO 01",null,"183+0,00",3.67,2.57,48.46,86.35,198.58,1198.56,-999.98,7,"TRECHO 01",{"$nulls":7},0,null,null,null,"TRECHO 01",{"$nulls":4},{"$f":"DESAPROPRIAÇÃO!O226","v":0}]
["184+0,00",3,0.15,56.88,313.26,"TRECHO 01","184+0,00",3,0.15,56.88,313.26,"TRECHO 01","184+0,00",0.8,0.05,14.95,71.12,null,null,"184+0,00",0.12,0.03,2.41,19.98,null,"TRECHO 01",null,"184+0,00",6.86,0.08,98.39,26.59,296.98,1225.1500000000001,-928.18,7,"TRECHO 01",{"$nulls":7},0,null,null,null,"TRECHO 01",{"$nulls":4},{"$f":"DESAPROPRIAÇÃO!O228","v":0}]
["185+0,00",3,0.15,60.37,373.63,"TRECHO 01","185+0,00",3,0.15,60.37,373.63,"TRECHO 01","185+0,00",0.8,0.05,16.100000000000001,87.22,null,null,"185+0,00",0.12,0.03,2.41,22.4,null,"TRECHO 01",null,"185+0,00",8.0299999999999994,0.02,141.62,1.01,438.6,1226.17,-787.57,7,"TRECHO 01",{"$nulls":7},0,null,null,null,"TRECHO 01",{"$nulls":4},{"$f":"DESAPROPRIAÇÃO!O229","v":0}]
["186+0,00",3,0.15,60.36,433.99,"TRECHO 01","186+0,00",3,0.15,60.36,433.99,"TRECHO 01","186+0,00",0.8,0.05,16.100000000000001,103.31,null,null,"186+0,00",0.12,0.03,2.41,24.81,null,"TRECHO 01",null,"186+0,00",6.85,0.8,143.21,8.2899999999999991,581.80999999999995,1234.46,-652.65,7,"TRECHO 01",{"$nulls":7},0,null,null,null,"TRECHO 01",{"$nulls":4},{"$f":"DESAPROPRIAÇÃO!O230","v":0}]
["186+11,48",5.28,0.15,56.46,490.45,"TRECHO 01","186+11,48",5.28,0.15,56.46,490.45,"TRECHO 01","186+11,48",1.65,0.05,17.2,120.51,null,null,"186+11,48",0.06,0.03,0.98,25.79,null,"TRECHO 01",null,"186+11,48",4.7300000000000004,2.5299999999999998,46.77,22.21,628.58000000000004,1256.67,-628.09,7,"TRECHO 01",{"$nulls":7},0,null,null,null,"TRECHO 01",{"$nulls":4},{"$f":"DESAPROPRIAÇÃO!O231","v":0}]
["188+0,00",3.74,0.15,125.59,616.04,"TRECHO 01","188+0,00",3.74,0.15,125.59,616.04,"TRECHO 01","188+0,00",1.1100000000000001,0.05,38.31,158.82,null,null,"188+0,00",0.08,0.03,2.13,27.92,null,"TRECHO 01",null,"188+0,00",5.27,0.35,148.52000000000001,40.380000000000003,777.1,1297.04,-519.95000000000005,7,"TRECHO 01",{"$nulls":7},0,null,null,null,"TRECHO 01",{"$nulls":4},{"$f":"DESAPROPRIAÇÃO!O232","v":0}]
["189+0,00",2.85,0.15,65.349999999999994,681.4,"TRECHO 01","189+0,00",2.85,0.15,65.349999999999994,681.4,"TRECHO 01","189+0,00",0.75,0.05,18.39,177.21,null,null,"189+0,00",0.12,0.03,2.04,29.95,null,"TRECHO 01",null,"189+0,00",6.17,0.11,117.79,4.58,894.89,1301.6199999999999,-406.74,7,"TRECHO 01",{"$nulls":7},0,null,null,null,"TRECHO 01",{"$nulls":4},{"$f":"DESAPROPRIAÇÃO!O233","v":0}]
["190+0,00",2.85,0.15,56.9,738.29,"TRECHO 01","190+0,00",2.85,0.15,56.9,738.29,"TRECHO 01","190+0,00",0.75,0.05,14.97,192.18,null,null,"190+0,00",0.12,0.03,2.4,32.35,null,"TRECHO 01",null,"190+0,00",8.5,0,150.36000000000001,1.06,1045.25,1302.68,-257.43,7,"TRECHO 01",{"$nulls":7},0,null,null,null,"TRECHO 01",{"$nulls":4},{"$f":"DESAPROPRIAÇÃO!O234","v":0}]
["191+9,91",1.65,0.15,67.22,805.51,"TRECHO 01","191+9,91",1.65,0.15,67.22,805.51,"TRECHO 01","191+9,91",0.35,0.05,16.43,208.61,{"$f":"Q228/O228","v":4172.2},{"$f":"ROUND((191-175)*20+9.91-13.57,2)","v":316.33999999999997},"191+9,91",0.12,0.03,3.59,35.93,{"$f":"X228/V228","v":1197.6666666666667},"TRECHO 01",null,"191+9,91",4.7300000000000004,0,73.760000000000005,0,1308.02,1302.69,5.33,7,"TRECHO 01",{"$f":"GETPIVOTDATA(\"Soma de Total\",COTAS_SINALIZAÇÃO!$Q$71,\"Local\",\"TRECHO 01\")+GETPIVOTDATA(\"Soma de Total\",COTAS_SINALIZAÇÃO!$AO$70,\"Local\",\"TRECHO 01\")","v":1066.5},{"$f":"GETPIVOTDATA(\"Soma de Total\",COTAS_SINALIZAÇÃO!$B$55,\"Local\",\"TRECHO 01\")+GETPIVOTDATA(\"Soma de Total\",COTAS_SINALIZAÇÃO!$AE$71,\"Local\",\"TRECHO 01\")+GETPIVOTDATA(\"Soma de Total\",COTAS_SINALIZAÇÃO!$AX$70,\"Local\",\"TRECHO 01\")","v":13115.160000000002},{"$f":"COTAS_SINALIZAÇÃO!BH77+COTAS_SINALIZAÇÃO!BO48","v":132.11700000000002},6,41,16,4,73,null,null,null,"TRECHO 01",10.9,2.6,5.0999999999999996,null,{"$f":"DESAPROPRIAÇÃO!O235","v":0}]
["Estaca","Área (m²)","Altura do \r\nBase\r\nConsiderado (m)","Volume (m³)","Volume \r\nAcumulado \r\n(m³)","RAMAL A","Estaca","Área (m²)","Altura do \r\nSub-base\r\nConsiderado (m)","Volume (m³)","Volume \r\nAcumulado \r\n(m³)","RAMAL A","Estaca","Área (m²)","Altura do \r\nPavimento \r\nConsiderado (m)","Volume (m³)","Volume \r\nAcumulado \r\n(m³)",null,null,"Estaca","Área (m²)","Altura do \r\nAcostamento \r\nConsiderado (m)","Volume (m³)","Volume \r\nAcumulado \r\n(m³)",null,"RAMAL A",null,"Estaca","Área de\r\nCorte (m²)","Área de\r\nAterro (m²)","Volume de\r\nCorte (m3)","Volume de\r\nAterro (m3)","Volum. Corte\r\nAcum. (m3)","Volum Aterro\r\nAcum. (m3)","Volume\r\nLíquido (m3)",7,"RAMAL A",{"$nulls":7},0,null,null,null,"RAMAL A",{"$nulls":4},{"$f":"DESAPROPRIAÇÃO!O236","v":0}]
["0+17,50",3.5,0.15,0,0,"RAMAL A","0+17,50",3.5,0.15,0,0,"RAMAL A","0+17,50",0.94,0.05,0,0,null,null,"0+17,50",0.14000000000000001,0.03,0,0,null,"RAMAL A",null,"0+17,50",5.25,0.92,0,0,0,0,0,7,"RAMAL A",{"$nulls":7},0,null,null,null,"RAMAL A",{"$nulls":4},{"$f":"DESAPROPRIAÇÃO!O237","v":0}]
["1+0,00",3.1,0.15,8.24,8.24,"RAMAL A","1+0,00",3.1,0.15,8.24,8.24,"RAMAL A","1+0,00",0.81,0.05,2.1800000000000002,2.1800000000000002,null,null,"1+0,00",0.13,0.03,0.34,0.34,null,"RAMAL A",null,"1+0,00",6.19,0.89,14.3,2.25,14.3,2.25,12.04,7,"RAMAL A",{"$nulls":7},0,null,null,null,"RAMAL A",{"$nulls":4},{"$f":"DESAPROPRIAÇÃO!O238","v":0}]
["1+10,00",2.08,0.15,25.82,34.049999999999997,"RAMAL A","1+10,00",2.08,0.15,25.82,34.049999999999997,"RAMAL A","1+10,00",0.49,0.05,6.48,8.67,null,null,"1+10,00",0.12,0.03,1.27,1.61,null,"RAMAL A",null,"1+10,00",7.74,1.27,69.39,10.75,83.68,13,70.680000000000007,7,"RAMAL A",{"$nulls":7},0,null,null,null,"RAMAL A",{"$nulls":4},{"$f":"DESAPROPRIAÇÃO!O239","v":0}]
["2+0,00",1.74,0.15,19.07,53.12,"RAMAL A","2+0,00",1.74,0.15,19.07,53.12,"RAMAL A","2+0,00",0.38,0.05,4.34,13,null,null,"2+0,00",0.12,0.03,1.21,2.82,null,"RAMAL A",null,"2+0,00",6.57,1.72,70.89,14.92,154.58000000000001,27.92,126.66,7,"RAMAL A",{"$nulls":7},0,null,null,null,"RAMAL A",{"$nulls":4},{"$f":"DESAPROPRIAÇÃO!O240","v":0}]
["2+10,00",1.68,0.15,17.100000000000001,70.22,"RAMAL A","2+10,00",1.68,0.15,17.100000000000001,70.22,"RAMAL A","2+10,00",0.36,0.05,3.7,16.7,null,null,"2+10,00",0.12,0.03,1.2,4.0199999999999996,null,"RAMAL A",null,"2+10,00",9.67,1.1299999999999999,79.3,14.29,233.87,42.21,191.66,7,"RAMAL A",{"$nulls":7},0,null,null,null,"RAMAL A",{"$nulls":4},{"$f":"DESAPROPRIAÇÃO!O241","v":0}]
["3+0,00",1.65,0.15,16.66,86.88,"RAMAL A","3+0,00",1.65,0.15,16.66,86.88,"RAMAL A","3+0,00",0.35,0.05,3.55,20.260000000000002,null,null,"3+0,00",0.12,0.03,1.2,5.22,null,"RAMAL A",null,"3+0,00",10.51,0.84,97.65,9.94,331.52,52.15,279.38,7,"RAMAL A",{"$nulls":7},0,null,null,null,"RAMAL A",{"$nulls":4},{"$f":"DESAPROPRIAÇÃO!O242","v":0}]
["3+10,17",1.6,0.15,16.510000000000002,103.4,"RAMAL A","3+10,17",1.6,0.15,16.510000000000002,103.4,"RAMAL A","3+10,17",0.35,0.05,3.56,23.82,{"$f":"Q236/O236","v":476.4},{"$f":"(3-0)*20+10.17-17.5","v":52.67},"3+10,17",0.11,0.03,1.17,6.39,{"$f":"X236/V236","v":213},"RAMAL A",null,"3+10,17",2.78,0.1,65.569999999999993,4.84,397.09,56.99,340.11,7,"RAMAL A",null,{"$f":"GETPIVOTDATA(\"Soma de Total\",COTAS_SINALIZAÇÃO!$AE$71,\"Local\",\"RAMAL A\")","v":105.54000000000002},null,null,4,null,1,5,null,null,null,"RAMAL A",10.9,2.6,5.0999999999999996,null,{"$f":"DESAPROPRIAÇÃO!O243","v":0}]
["Estaca","Área (m²)","Altura do \r\nBase\r\nConsiderado (m)","Volume (m³)","Volume \r\nAcumulado \r\n(m³)","TRECHO 02","Estaca","Área (m²)","Altura do \r\nSub-base\r\nConsiderado (m)","Volume (m³)","Volume \r\nAcumulado \r\n(m³)","TRECHO 02","Estaca","Área (m²)","Altura do \r\nPavimento \r\nConsiderado (m)","Volume (m³)","Volume \r\nAcumulado \r\n(m³)",null,null,"Estaca","Área (m²)","Altura do \r\nAcostamento \r\nConsiderado (m)","Volume (m³)","Volume \r\nAcumulado \r\n(m³)",null,"TRECHO 02",null,"Estaca","Área de\r\nCorte (m²)","Área de\r\nAterro (m²)","Volume de\r\nCorte (m3)","Volume de\r\nAterro (m3)","Volum. Corte\r\nAcum. (m3)","Volum Aterro\r\nAcum. (m3)","Volume\r\nLíquido (m3)",7,"TRECHO 02",{"$nulls":7},0,null,null,null,"TRECHO 02",{"$nulls":4},{"$f":"DESAPROPRIAÇÃO!O244","v":0}]
["192+14,49",5.76,0.15,0,0,"TRECHO 02","192+14,49",5.76,0.15,0,0,"TRECHO 02","192+14,49",1.39,0.05,0,0,null,null,"192+14,49",0.32,0.03,0,0,null,"TRECHO 02",null,"192+14,49",1.39,4.8499999999999996,0,0,0,0,0,7,"TRECHO 02",{"$nulls":7},0,null,null,null,"TRECHO 02",{"$nulls":4},{"$f":"DESAPROPRIAÇÃO!O245","v":0}]
["193+0,00",3.82,0.15,26.37,26.37,"TRECHO 02","193+0,00",3.82,0.15,26.37,26.37,"TRECHO 02","193+0,00",1.04,0.05,6.69,6.69,null,null,"193+0,00",0.14000000000000001,0.03,1.26,1.26,null,"TRECHO 02",null,"193+0,00",0.33,4.29,4.74,25.15,4.74,25.15,-20.41,7,"TRECHO 02",{"$nulls":7},0,null,null,null,"TRECHO 02",{"$nulls":4},{"$f":"DESAPROPRIAÇÃO!O246","v":0}]
["194+0,00",3.15,0.15,69.72,96.09,"TRECHO 02","194+0,00",3.15,0.15,69.72,96.09,"TRECHO 02","194+0,00",0.85,0.05,18.940000000000001,25.63,null,null,"194+0,00",0.12,0.03,2.58,3.84,null,"TRECHO 02",null,"194+0,00",2.99,2.59,33.68,68.900000000000006,38.43,94.05,-55.62,7,"TRECHO 02",{"$nulls":7},0,null,null,null,"TRECHO 02",{"$nulls":4},{"$f":"DESAPROPRIAÇÃO!O247","v":0}]
["195+0,00",2.95,0.15,60.94,157.03,"TRECHO 02","195+0,00",2.95,0.15,60.94,157.03,"TRECHO 02","195+0,00",0.78,0.05,16.309999999999999,41.95,null,null,"195+0,00",0.12,0.03,2.4,6.24,null,"TRECHO 02",null,"195+0,00",8.49,1.1399999999999999,116.29,37.28,154.72,131.34,23.38,7,"TRECHO 02",{"$nulls":7},0,null,null,null,"TRECHO 02",{"$nulls":4},{"$f":"DESAPROPRIAÇÃO!O248","v":0}]
["196+0,00",2.5299999999999998,0.15,54.83,211.87,"TRECHO 02","196+0,00",2.5299999999999998,0.15,54.83,211.87,"TRECHO 02","196+0,00",0.64,0.05,14.27,56.22,null,null,"196+0,00",0.12,0.03,2.4,8.64,null,"TRECHO 02",null,"196+0,00",3.8,3.68,124.51,48.07,279.23,179.41,99.83,7,"TRECHO 02",{"$nulls":7},0,null,null,null,"TRECHO 02",{"$nulls":4},{"$f":"DESAPROPRIAÇÃO!O249","v":0}]
["197+0,00",2.0099999999999998,0.15,45.51,257.38,"TRECHO 02","197+0,00",2.0099999999999998,0.15,45.51,257.38,"TRECHO 02","197+0,00",0.47,0.05,11.16,67.39,null,null,"197+0,00",0.12,0.03,2.4,11.04,null,"TRECHO 02",null,"197+0,00",0.68,11.53,45.55,151.54,324.79000000000002,330.94,-6.15,7,"TRECHO 02",{"$nulls":7},0,null,null,null,"TRECHO 02",{"$nulls":4},{"$f":"DESAPROPRIAÇÃO!O250","v":0}]
["198+0,00",1.67,0.15,36.880000000000003,294.26,"TRECHO 02","198+0,00",1.67,0.15,36.880000000000003,294.26,"TRECHO 02","198+0,00",0.36,0.05,8.2899999999999991,75.680000000000007,null,null,"198+0,00",0.12,0.03,2.4,13.45,null,"TRECHO 02",null,"198+0,00",0.68,11.82,13.72,232.82,338.51,563.76,-225.25,7,"TRECHO 02",{"$nulls":7},0,null,null,null,"TRECHO 02",{"$nulls":4},{"$f":"DESAPROPRIAÇÃO!O251","v":0}]
["199+0,00",1.65,0.15,33.26,327.52,"TRECHO 02","199+0,00",1.65,0.15,33.26,327.52,"TRECHO 02","199+0,00",0.35,0.05,7.08,82.76,null,null,"199+0,00",0.12,0.03,2.4,15.85,null,"TRECHO 02",null,"199+0,00",0.04,11.75,7.77,228.93,346.28,792.68,-446.41,7,"TRECHO 02",{"$nulls":7},0,null,null,null,"TRECHO 02",{"$nulls":4},{"$f":"DESAPROPRIAÇÃO!O252","v":0}]
["200+0,00",1.65,0.15,33,360.52,"TRECHO 02","200+0,00",1.65,0.15,33,360.52,"TRECHO 02","200+0,00",0.35,0.05,7,89.76,null,null,"200+0,00",0.12,0.03,2.4,18.25,null,"TRECHO 02",null,"200+0,00",0,13.3,0.44,250.51,346.72,1043.19,-696.48,7,"TRECHO 02",{"$nulls":7},0,null,null,null,"TRECHO 02",{"$nulls":4},{"$f":"DESAPROPRIAÇÃO!O253","v":0}]
["201+0,00",1.65,0.15,33,393.52,"TRECHO 02","201+0,00",1.65,0.15,33,393.52,"TRECHO 02","201+0,00",0.35,0.05,7,96.76,null,null,"201+0,00",0.12,0.03,2.4,20.65,null,"TRECHO 02",null,"201+0,00",0.36,12.16,3.61,254.59,350.33,1297.78,-947.45,7,"TRECHO 02",{"$nulls":7},0,null,null,null,"TRECHO 02",{"$nulls":4},{"$f":"DESAPROPRIAÇÃO!O254","v":0}]
["202+0,00",1.65,0.15,33,426.52,"TRECHO 02","202+0,00",1.65,0.15,33,426.52,"TRECHO 02","202+0,00",0.35,0.05,7,103.76,null,null,"202+0,00",0.12,0.03,2.4,23.05,null,"TRECHO 02",null,"202+0,00",2.11,10.29,24.74,224.52,375.07,1522.3,-1147.23,7,"TRECHO 02",{"$nulls":7},0,null,null,null,"TRECHO 02",{"$nulls":4},{"$f":"DESAPROPRIAÇÃO!O255","v":0}]
["203+0,00",1.65,0.15,33,459.52,"TRECHO 02","203+0,00",1.65,0.15,33,459.52,"TRECHO 02","203+0,00",0.35,0.05,7,110.76,null,null,"203+0,00",0.12,0.03,2.4,25.45,null,"TRECHO 02",null,"203+0,00",1.44,7.28,35.520000000000003,175.76,410.59,1698.06,-1287.47,7,"TRECHO 02",{"$nulls":7},0,null,null,null,"TRECHO 02",{"$nulls":4},{"$f":"DESAPROPRIAÇÃO!O256","v":0}]
["204+0,00",1.65,0.15,33,492.52,"TRECHO 02","204+0,00",1.65,0.15,33,492.52,"TRECHO 02","204+0,00",0.35,0.05,7,117.76,null,null,"204+0,00",0.12,0.03,2.4,27.85,null,"TRECHO 02",null,"204+0,00",4.01,3.71,54.46,109.93,465.04,1807.98,-1342.94,7,"TRECHO 02",{"$nulls":7},0,null,null,null,"TRECHO 02",{"$nulls":4},{"$f":"DESAPROPRIAÇÃO!O257","v":0}]
["205+0,00",1.65,0.15,33,525.52,"TRECHO 02","205+0,00",1.65,0.15,33,525.52,"TRECHO 02","205+0,00",0.35,0.05,7,124.76,null,null,"205+0,00",0.12,0.03,2.4,30.25,null,"TRECHO 02",null,"205+0,00",6.54,2.2599999999999998,105.45,59.71,570.49,1867.69,-1297.2,7,"TRECHO 02",{"$nulls":7},0,null,null,null,"TRECHO 02",{"$nulls":4},{"$f":"DESAPROPRIAÇÃO!O258","v":0}]
["206+0,00",1.8,0.15,34.53,560.04999999999995,"TRECHO 02","206+0,00",1.8,0.15,34.53,560.04999999999995,"TRECHO 02","206+0,00",0.4,0.05,7.51,132.27000000000001,null,null,"206+0,00",0.12,0.03,2.4,32.65,null,"TRECHO 02",null,"206+0,00",8.25,3.34,147.82,56.04,718.31,1923.73,-1205.42,7,"TRECHO 02",{"$nulls":7},0,null,null,null,"TRECHO 02",{"$nulls":4},{"$f":"DESAPROPRIAÇÃO!O259","v":0}]
["207+0,00",1.95,0.15,37.53,597.58000000000004,"TRECHO 02","207+0,00",1.95,0.15,37.53,597.58000000000004,"TRECHO 02","207+0,00",0.45,0.05,8.51,140.78,null,null,"207+0,00",0.12,0.03,2.4,35.049999999999997,null,"TRECHO 02",null,"207+0,00",10.84,3.89,167.43,75.2,885.74,1998.93,-1113.19,7,"TRECHO 02",{"$nulls":7},0,null,null,null,"TRECHO 02",{"$nulls":4},{"$f":"DESAPROPRIAÇÃO!O260","v":0}]
["208+0,00",1.95,0.15,39,636.58000000000004,"TRECHO 02","208+0,00",1.95,0.15,39,636.58000000000004,"TRECHO 02","208+0,00",0.45,0.05,9,149.78,null,null,"208+0,00",0.12,0.03,2.4,37.450000000000003,null,"TRECHO 02",null,"208+0,00",11.69,2.79,220.34,67.28,1106.08,2066.21,-960.12,7,"TRECHO 02",{"$nulls":7},0,null,null,null,"TRECHO 02",{"$nulls":4},{"$f":"DESAPROPRIAÇÃO!O261","v":0}]
["209+0,00",1.95,0.15,39,675.58,"TRECHO 02","209+0,00",1.95,0.15,39,675.58,"TRECHO 02","209+0,00",0.45,0.05,9,158.78,null,null,"209+0,00",0.12,0.03,2.4,39.85,null,"TRECHO 02",null,"209+0,00",12.79,2.4700000000000002,239.54,52.96,1345.62,2119.17,-773.55,7,"TRECHO 02",{"$nulls":7},0,null,null,null,"TRECHO 02",{"$nulls":4},{"$f":"DESAPROPRIAÇÃO!O262","v":0}]
["210+0,00",1.95,0.15,39,714.58,"TRECHO 02","210+0,00",1.95,0.15,39,714.58,"TRECHO 02","210+0,00",0.45,0.05,9,167.78,null,null,"210+0,00",0.12,0.03,2.4,42.25,null,"TRECHO 02",null,"210+0,00",16.02,1.67,282.14999999999998,41.7,1627.76,2160.87,-533.1,7,"TRECHO 02",{"$nulls":7},0,null,null,null,"TRECHO 02",{"$nulls":4},{"$f":"DESAPROPRIAÇÃO!O263","v":0}]
["211+0,00",1.95,0.15,39,753.58,"TRECHO 02","211+0,00",1.95,0.15,39,753.58,"TRECHO 02","211+0,00",0.45,0.05,9,176.78,null,null,"211+0,00",0.12,0.03,2.4,44.65,null,"TRECHO 02",null,"211+0,00",13.76,2.87,291.45,45.75,1919.22,2206.61,-287.39999999999998,7,"TRECHO 02",{"$nulls":7},0,null,null,null,"TRECHO 02",{"$nulls":4},{"$f":"DESAPROPRIAÇÃO!O264","v":0}]
["212+0,00",1.95,0.15,39,792.58,"TRECHO 02","212+0,00",1.95,0.15,39,792.58,{"$f":"F258","v":"TRECHO 02"},"212+0,00",0.45,0.05,9,185.78,null,null,"212+0,00",0.12,0.03,2.4,47.05,null,{"$f":"F258","v":"TRECHO 02"},null,"212+0,00",10.98,2.27,241.93,51.8,2161.15,2258.41,-97.26,7,"TRECHO 02",{"$nulls":7},{"$f":"AO258*2+AP258+AQ258+AR258","v":0},null,null,null,{"$f":"Z258","v":"TRECHO 02"},{"$nulls":4},{"$f":"DESAPROPRIAÇÃO!O265","v":0}]
["213+0,00",1.96,0.15,39.11,831.69,"TRECHO 02","213+0,00",1.96,0.15,39.11,831.69,"TRECHO 02","213+0,00",0.45,0.05,9.0399999999999991,194.82,null,null,"213+0,00",0.12,0.03,2.4,49.45,null,"TRECHO 02",null,"213+0,00",6.49,1.78,171.06,40.81,2332.21,2299.2199999999998,32.99,7,"TRECHO 02",{"$nulls":7},0,null,null,null,"TRECHO 02",{"$nulls":4},{"$f":"DESAPROPRIAÇÃO!O266","v":0}]
["214+0,00",2.0499999999999998,0.15,40.08,871.77,"TRECHO 02","214+0,00",2.0499999999999998,0.15,40.08,871.77,"TRECHO 02","214+0,00",0.48,0.05,9.36,204.18,null,null,"214+0,00",0.12,0.03,2.4,51.85,null,"TRECHO 02",null,"214+0,00",3.19,1.95,96.81,37.26,2429.02,2336.48,92.53,7,"TRECHO 02",{"$nulls":7},0,null,null,null,"TRECHO 02",{"$nulls":4},{"$f":"DESAPROPRIAÇÃO!O267","v":0}]
["215+0,00",2.0699999999999998,0.15,41.16,912.93,"TRECHO 02","215+0,00",2.0699999999999998,0.15,41.16,912.93,"TRECHO 02","215+0,00",0.49,0.05,9.7200000000000006,213.9,null,null,"215+0,00",0.12,0.03,2.4,54.25,null,"TRECHO 02",null,"215+0,00",1.57,5.51,47.02,73.959999999999994,2476.0300000000002,2410.4499999999998,65.59,7,"TRECHO 02",{"$nulls":7},0,null,null,null,"TRECHO 02",{"$nulls":4},{"$f":"DESAPROPRIAÇÃO!O268","v":0}]
["216+0,00",2.0699999999999998,0.15,41.4,954.33,"TRECHO 02","216+0,00",2.0699999999999998,0.15,41.4,954.33,"TRECHO 02","216+0,00",0.49,0.05,9.8000000000000007,223.7,null,null,"216+0,00",0.12,0.03,2.4,56.65,null,"TRECHO 02",null,"216+0,00",0.93,6.5,24,118.88,2500.0300000000002,2529.3200000000002,-29.29,7,"TRECHO 02",{"$nulls":7},0,null,null,null,"TRECHO 02",{"$nulls":4},{"$f":"DESAPROPRIAÇÃO!O269","v":0}]
["217+0,00",2.0699999999999998,0.15,41.4,995.73,"TRECHO 02","217+0,00",2.0699999999999998,0.15,41.4,995.73,"TRECHO 02","217+0,00",0.49,0.05,9.8000000000000007,233.5,null,null,"217+0,00",0.12,0.03,2.4,59.05,null,"TRECHO 02",null,"217+0,00",1.1000000000000001,5.51,19.43,119.81,2519.46,2649.13,-129.66999999999999,7,"TRECHO 02",{"$nulls":7},0,null,null,null,"TRECHO 02",{"$nulls":4},{"$f":"DESAPROPRIAÇÃO!O270","v":0}]
["218+0,00",1.96,0.15,40.31,1036.05,"TRECHO 02","218+0,00",1.96,0.15,40.31,1036.05,"TRECHO 02","218+0,00",0.45,0.05,9.44,242.94,null,null,"218+0,00",0.12,0.03,2.4,61.45,null,"TRECHO 02",null,"218+0,00",0.46,5.57,14.91,109.17,2534.37,2758.3,-223.93,7,"TRECHO 02",{"$nulls":7},0,null,null,null,"TRECHO 02",{"$nulls":4},{"$f":"DESAPROPRIAÇÃO!O271","v":0}]
["219+0,00",1.8,0.15,37.58,1073.6199999999999,"TRECHO 02","219+0,00",1.8,0.15,37.58,1073.6199999999999,"TRECHO 02","219+0,00",0.4,0.05,8.5299999999999994,251.47,null,null,"219+0,00",0.12,0.03,2.4,63.84,null,"TRECHO 02",null,"219+0,00",0.33,2.63,7.54,78.13,2541.91,2836.44,-294.52999999999997,7,"TRECHO 02",{"$nulls":7},0,null,null,null,"TRECHO 02",{"$nulls":4},{"$f":"DESAPROPRIAÇÃO!O272","v":0}]
["220+0,00",1.65,0.15,34.47,1108.0899999999999,"TRECHO 02","220+0,00",1.65,0.15,34.47,1108.0899999999999,"TRECHO 02","220+0,00",0.35,0.05,7.49,258.95999999999998,null,null,"220+0,00",0.12,0.03,2.4,66.239999999999995,null,"TRECHO 02",null,"220+0,00",0.68,0.61,10.119999999999999,32.42,2552.0300000000002,2868.85,-316.82,7,"TRECHO 02",{"$nulls":7},0,null,null,null,"TRECHO 02",{"$nulls":4},{"$f":"DESAPROPRIAÇÃO!O273","v":0}]
["221+0,00",1.65,0.15,33,1141.0899999999999,"TRECHO 02","221+0,00",1.65,0.15,33,1141.0899999999999,"TRECHO 02","221+0,00",0.35,0.05,7,265.95999999999998,null,null,"221+0,00",0.12,0.03,2.4,68.64,null,"TRECHO 02",null,"221+0,00",5.16,0.12,58.36,7.3,2610.39,2876.15,-265.76,7,"TRECHO 02",{"$nulls":7},0,null,null,null,"TRECHO 02",{"$nulls":4},{"$f":"DESAPROPRIAÇÃO!O274","v":0}]
["222+0,00",1.65,0.15,33,1174.0899999999999,"TRECHO 02","222+0,00",1.65,0.15,33,1174.0899999999999,"TRECHO 02","222+0,00",0.35,0.05,7,272.95999999999998,null,null,"222+0,00",0.12,0.03,2.4,71.040000000000006,null,"TRECHO 02",null,"222+0,00",6.31,0.66,114.67,7.78,2725.06,2883.93,-158.87,7,"TRECHO 02",{"$nulls":7},0,null,null,null,"TRECHO 02",{"$nulls":4},{"$f":"DESAPROPRIAÇÃO!O275","v":0}]
["223+0,00",1.65,0.15,33,1207.0899999999999,"TRECHO 02","223+0,00",1.65,0.15,33,1207.0899999999999,"TRECHO 02","223+0,00",0.35,0.05,7,279.95999999999998,null,null,"223+0,00",0.12,0.03,2.4,73.44,null,"TRECHO 02",null,"223+0,00",4.32,2.62,106.35,32.78,2831.41,2916.71,-85.3,7,"TRECHO 02",{"$nulls":7},0,null,null,null,"TRECHO 02",{"$nulls":4},{"$f":"DESAPROPRIAÇÃO!O276","v":0}]
["224+0,00",1.65,0.15,33,1240.0899999999999,"TRECHO 02","224+0,00",1.65,0.15,33,1240.0899999999999,"TRECHO 02","224+0,00",0.35,0.05,7,286.95999999999998,null,null,"224+0,00",0.12,0.03,2.4,75.84,null,"TRECHO 02",null,"224+0,00",4.58,3.08,89.01,57.05,2920.42,2973.76,-53.34,7,"TRECHO 02",{"$nulls":7},0,null,null,null,"TRECHO 02",{"$nulls":4},{"$f":"DESAPROPRIAÇÃO!O277","v":0}]
["225+0,00",1.65,0.15,33,1273.0899999999999,"TRECHO 02","225+0,00",1.65,0.15,33,1273.0899999999999,"TRECHO 02","225+0,00",0.35,0.05,7,293.95999999999998,null,null,"225+0,00",0.12,0.03,2.4,78.239999999999995,null,"TRECHO 02",null,"225+0,00",5.08,3.55,96.53,66.3,3016.95,3040.05,-23.1,7,"TRECHO 02",{"$nulls":7},0,null,null,null,"TRECHO 02",{"$nulls":4},{"$f":"DESAPROPRIAÇÃO!O278","v":0}]
["226+0,00",1.65,0.15,33,1306.0899999999999,"TRECHO 02","226+0,00",1.65,0.15,33,1306.0899999999999,"TRECHO 02","226+0,00",0.35,0.05,7,300.95999999999998,null,null,"226+0,00",0.12,0.03,2.4,80.64,null,"TRECHO 02",null,"226+0,00",4.74,4.96,98.17,85.06,3115.13,3125.12,-9.99,7,"TRECHO 02",{"$nulls":7},0,null,null,null,"TRECHO 02",{"$nulls":4},{"$f":"DESAPROPRIAÇÃO!O279","v":0}]
["227+0,00",1.65,0.15,33,1339.09,"TRECHO 02","227+0,00",1.65,0.15,33,1339.09,"TRECHO 02","227+0,00",0.35,0.05,7,307.95999999999998,null,null,"227+0,00",0.12,0.03,2.4,83.04,null,"TRECHO 02",null,"227+0,00",3.67,5.49,84.15,104.48,3199.28,3229.6,-30.32,7,"TRECHO 02",{"$nulls":7},0,null,null,null,"TRECHO 02",{"$nulls":4},{"$f":"DESAPROPRIAÇÃO!O280","v":0}]
["228+0,00",1.72,0.15,33.700000000000003,1372.79,"TRECHO 02","228+0,00",1.72,0.15,33.700000000000003,1372.79,"TRECHO 02","228+0,00",0.37,0.05,7.23,315.19,null,null,"228+0,00",0.12,0.03,2.4,85.44,null,"TRECHO 02",null,"228+0,00",3.36,5.52,70.36,110.06,3269.64,3339.66,-70.02,7,"TRECHO 02",{"$nulls":7},0,null,null,null,"TRECHO 02",{"$nulls":4},{"$f":"DESAPROPRIAÇÃO!O281","v":0}]
["229+0,00",1.87,0.15,35.93,1408.71,"TRECHO 02","229+0,00",1.87,0.15,35.93,1408.71,"TRECHO 02","229+0,00",0.42,0.05,7.98,323.16000000000003,null,null,"229+0,00",0.12,0.03,2.4,87.84,null,"TRECHO 02",null,"229+0,00",3.24,6.25,66.010000000000005,117.67,3335.65,3457.33,-121.68,7,"TRECHO 02",{"$nulls":7},0,null,null,null,"TRECHO 02",{"$nulls":4},{"$f":"DESAPROPRIAÇÃO!O282","v":0}]
["230+0,00",2.0099999999999998,0.15,38.83,1447.54,"TRECHO 02","230+0,00",2.0099999999999998,0.15,38.83,1447.54,"TRECHO 02","230+0,00",0.47,0.05,8.94,332.11,null,null,"230+0,00",0.12,0.03,2.4,90.24,null,"TRECHO 02",null,"230+0,00",3.75,6.8,69.91,130.51,3405.56,3587.84,-182.29,7,"TRECHO 02",{"$nulls":7},0,null,null,null,"TRECHO 02",{"$nulls":4},{"$f":"DESAPROPRIAÇÃO!O283","v":0}]
["231+0,00",2.0099999999999998,0.15,40.200000000000003,1487.74,"TRECHO 02","231+0,00",2.0099999999999998,0.15,40.200000000000003,1487.74,"TRECHO 02","231+0,00",0.47,0.05,9.4,341.51,null,null,"231+0,00",0.12,0.03,2.4,92.64,null,"TRECHO 02",null,"231+0,00",3.97,6.92,73.739999999999995,139.19,3479.29,3727.03,-247.74,7,"TRECHO 02",{"$nulls":7},0,null,null,null,"TRECHO 02",{"$nulls":4},{"$f":"DESAPROPRIAÇÃO!O284","v":0}]
["232+0,00",2.0099999999999998,0.15,40.200000000000003,1527.94,"TRECHO 02","232+0,00",2.0099999999999998,0.15,40.200000000000003,1527.94,"TRECHO 02","232+0,00",0.47,0.05,9.4,350.91,null,null,"232+0,00",0.12,0.03,2.4,95.04,null,"TRECHO 02",null,"232+0,00",4.8899999999999997,6.2,84.51,133.19999999999999,3563.81,3860.23,-296.42,7,"TRECHO 02",{"$nulls":7},0,null,null,null,"TRECHO 02",{"$nulls":4},{"$f":"DESAPROPRIAÇÃO!O285","v":0}]
["233+0,00",2.0099999999999998,0.15,40.200000000000003,1568.14,"TRECHO 02","233+0,00",2.0099999999999998,0.15,40.200000000000003,1568.14,"TRECHO 02","233+0,00",0.47,0.05,9.4,360.31,null,null,"233+0,00",0.12,0.03,2.4,97.44,null,"TRECHO 02",null,"233+0,00",3.95,6.42,84.43,128.32,3648.24,3988.55,-340.31,7,"TRECHO 02",{"$nulls":7},0,null,null,null,"TRECHO 02",{"$nulls":4},{"$f":"DESAPROPRIAÇÃO!O286","v":0}]
["234+0,00",1.98,0.15,39.86,1608.01,"TRECHO 02","234+0,00",1.98,0.15,39.86,1608.01,"TRECHO 02","234+0,00",0.46,0.05,9.2899999999999991,369.6,null,null,"234+0,00",0.12,0.03,2.4,99.84,null,"TRECHO 02",null,"234+0,00",2.2999999999999998,5.86,59.81,124.75,3708.05,4113.29,-405.24,7,"TRECHO 02",{"$nulls":7},0,null,null,null,"TRECHO 02",{"$nulls":4},{"$f":"DESAPROPRIAÇÃO!O287","v":0}]
["235+0,00",1.89,0.15,38.659999999999997,1646.67,"TRECHO 02","235+0,00",1.89,0.15,38.659999999999997,1646.67,"TRECHO 02","235+0,00",0.43,0.05,8.89,378.48,null,null,"235+0,00",0.12,0.03,2.4,102.24,null,"TRECHO 02",null,"235+0,00",0.55000000000000004,8.6999999999999993,27.59,145.9,3735.64,4259.2,-523.55999999999995,7,"TRECHO 02",{"$nulls":7},0,null,null,null,"TRECHO 02",{"$nulls":4},{"$f":"DESAPROPRIAÇÃO!O288","v":0}]
["236+0,00",1.89,0.15,37.799999999999997,1684.47,"TRECHO 02","236+0,00",1.89,0.15,37.799999999999997,1684.47,"TRECHO 02","236+0,00",0.43,0.05,8.6,387.08,null,null,"236+0,00",0.12,0.03,2.4,104.64,null,"TRECHO 02",null,"236+0,00",0.46,11.89,10.039999999999999,205.85,3745.68,4465.05,-719.37,7,"TRECHO 02",{"$nulls":7},0,null,null,null,"TRECHO 02",{"$nulls":4},{"$f":"DESAPROPRIAÇÃO!O289","v":0}]
["237+0,00",1.89,0.15,37.799999999999997,1722.27,"TRECHO 02","237+0,00",1.89,0.15,37.799999999999997,1722.27,"TRECHO 02","237+0,00",0.43,0.05,8.6,395.68,null,null,"237+0,00",0.12,0.03,2.4,107.04,null,"TRECHO 02",null,"237+0,00",0.43,12.79,8.84,246.79,3754.52,4711.84,-957.32,7,"TRECHO 02",{"$nulls":7},0,null,null,null,"TRECHO 02",{"$nulls":4},{"$f":"DESAPROPRIAÇÃO!O290","v":0}]
["238+0,00",1.89,0.15,37.799999999999997,1760.07,"TRECHO 02","238+0,00",1.89,0.15,37.799999999999997,1760.07,"TRECHO 02","238+0,00",0.43,0.05,8.6,404.28,null,null,"238+0,00",0.12,0.03,2.4,109.44,null,"TRECHO 02",null,"238+0,00",0.08,13.69,5.03,264.85000000000002,3759.55,4976.6899999999996,-1217.1400000000001,7,"TRECHO 02",{"$nulls":7},0,null,null,null,"TRECHO 02",{"$nulls":4},{"$f":"DESAPROPRIAÇÃO!O291","v":0}]
["239+0,00",1.89,0.15,37.799999999999997,1797.87,"TRECHO 02","239+0,00",1.89,0.15,37.799999999999997,1797.87,"TRECHO 02","239+0,00",0.43,0.05,8.6,412.88,null,null,"239+0,00",0.12,0.03,2.4,111.84,null,"TRECHO 02",null,"239+0,00",0,14.15,0.76,278.42,3760.31,5255.11,-1494.8,7,"TRECHO 02",{"$nulls":7},0,null,null,null,"TRECHO 02",{"$nulls":4},{"$f":"DESAPROPRIAÇÃO!O292","v":0}]
["240+0,00",1.89,0.15,37.799999999999997,1835.67,"TRECHO 02","240+0,00",1.89,0.15,37.799999999999997,1835.67,"TRECHO 02","240+0,00",0.43,0.05,8.6,421.48,null,null,"240+0,00",0.12,0.03,2.4,114.24,null,"TRECHO 02",null,"240+0,00",0.14000000000000001,12.04,1.41,261.86,3761.72,5516.97,-1755.25,7,"TRECHO 02",{"$nulls":7},0,null,null,null,"TRECHO 02",{"$nulls":4},{"$f":"DESAPROPRIAÇÃO!O293","v":0}]
["241+0,00",1.89,0.15,37.799999999999997,1873.47,"TRECHO 02","241+0,00",1.89,0.15,37.799999999999997,1873.47,"TRECHO 02","241+0,00",0.43,0.05,8.6,430.08,null,null,"241+0,00",0.12,0.03,2.4,116.64,null,"TRECHO 02",null,"241+0,00",0.06,11.9,2.04,239.36,3763.75,5756.34,-1992.58,7,"TRECHO 02",{"$nulls":7},0,null,null,null,"TRECHO 02",{"$nulls":4},{"$f":"DESAPROPRIAÇÃO!O294","v":0}]
["242+0,00",1.89,0.15,37.799999999999997,1911.27,"TRECHO 02","242+0,00",1.89,0.15,37.799999999999997,1911.27,"TRECHO 02","242+0,00",0.43,0.05,8.6,438.68,null,null,"242+0,00",0.12,0.03,2.4,119.04,null,"TRECHO 02",null,"242+0,00",0,11.67,0.62,235.69,3764.38,5992.03,-2227.65,7,"TRECHO 02",{"$nulls":7},0,null,null,null,"TRECHO 02",{"$nulls":4},{"$f":"DESAPROPRIAÇÃO!O295","v":0}]
["243+0,00",1.89,0.15,37.799999999999997,1949.07,"TRECHO 02","243+0,00",1.89,0.15,37.799999999999997,1949.07,"TRECHO 02","243+0,00",0.43,0.05,8.6,447.28,null,null,"243+0,00",0.12,0.03,2.4,121.44,null,"TRECHO 02",null,"243+0,00",0,13.67,0,253.42,3764.38,6245.45,-2481.0700000000002,7,"TRECHO 02",{"$nulls":7},0,null,null,null,"TRECHO 02",{"$nulls":4},{"$f":"DESAPROPRIAÇÃO!O296","v":0}]
["244+0,00",1.97,0.15,38.64,1987.72,"TRECHO 02","244+0,00",1.97,0.15,38.64,1987.72,"TRECHO 02","244+0,00",0.46,0.05,8.8800000000000008,456.17,null,null,"244+0,00",0.12,0.03,2.4,123.84,null,"TRECHO 02",null,"244+0,00",1.17,13.07,12.6,266.57,3776.98,6512.01,-2735.03,7,"TRECHO 02",{"$nulls":7},0,null,null,null,"TRECHO 02",{"$nulls":4},{"$f":"DESAPROPRIAÇÃO!O297","v":0}]
["245+0,00",2.0699999999999998,0.15,40.450000000000003,2028.17,"TRECHO 02","245+0,00",2.0699999999999998,0.15,40.450000000000003,2028.17,"TRECHO 02","245+0,00",0.49,0.05,9.48,465.65,null,null,"245+0,00",0.12,0.03,2.4,126.24,null,"TRECHO 02",null,"245+0,00",5.89,8.32,65.78,217.73,3842.76,6729.74,-2886.98,7,"TRECHO 02",{"$nulls":7},0,null,null,null,"TRECHO 02",{"$nulls":4},{"$f":"DESAPROPRIAÇÃO!O298","v":0}]
["246+0,00",2.0699999999999998,0.15,41.4,2069.5700000000002,"TRECHO 02","246+0,00",2.0699999999999998,0.15,41.4,2069.5700000000002,"TRECHO 02","246+0,00",0.49,0.05,9.8000000000000007,475.45,null,null,"246+0,00",0.12,0.03,2.4,128.63999999999999,null,"TRECHO 02",null,"246+0,00",14.47,3.74,191.78,123.98,4034.54,6853.72,-2819.18,7,"TRECHO 02",{"$nulls":7},0,null,null,null,"TRECHO 02",{"$nulls":4},{"$f":"DESAPROPRIAÇÃO!O299","v":0}]
["247+0,00",2.0699999999999998,0.15,41.4,2110.9699999999998,"TRECHO 02","247+0,00",2.0699999999999998,0.15,41.4,2110.9699999999998,"TRECHO 02","247+0,00",0.49,0.05,9.8000000000000007,485.25,null,null,"247+0,00",0.12,0.03,2.4,131.04,null,"TRECHO 02",null,"247+0,00",12.57,3.54,253.73,75.27,4288.2700000000004,6928.99,-2640.72,7,"TRECHO 02",{"$nulls":7},0,null,null,null,"TRECHO 02",{"$nulls":4},{"$f":"DESAPROPRIAÇÃO!O300","v":0}]
["248+0,00",2.0699999999999998,0.15,41.4,2152.37,"TRECHO 02","248+0,00",2.0699999999999998,0.15,41.4,2152.37,"TRECHO 02","248+0,00",0.49,0.05,9.8000000000000007,495.05,null,null,"248+0,00",0.12,0.03,2.4,133.44,null,"TRECHO 02",null,"248+0,00",13.3,3.29,240.87,71.12,4529.1400000000003,7000.12,-2470.9699999999998,7,"TRECHO 02",{"$nulls":7},0,null,null,null,"TRECHO 02",{"$nulls":4},{"$f":"DESAPROPRIAÇÃO!O301","v":0}]
["249+0,00",2.0699999999999998,0.15,41.4,2193.77,"TRECHO 02","249+0,00",2.0699999999999998,0.15,41.4,2193.77,"TRECHO 02","249+0,00",0.49,0.05,9.8000000000000007,504.85,null,null,"249+0,00",0.12,0.03,2.4,135.84,null,"TRECHO 02",null,"249+0,00",12.11,2.96,237.3,65.41,4766.4399999999996,7065.52,-2299.08,7,"TRECHO 02",{"$nulls":7},0,null,null,null,"TRECHO 02",{"$nulls":4},{"$f":"DESAPROPRIAÇÃO!O302","v":0}]
["250+0,00",2.0699999999999998,0.15,41.4,2235.17,"TRECHO 02","250+0,00",2.0699999999999998,0.15,41.4,2235.17,"TRECHO 02","250+0,00",0.49,0.05,9.8000000000000007,514.65,null,null,"250+0,00",0.12,0.03,2.4,138.24,null,"TRECHO 02",null,"250+0,00",9.69,2.62,204.93,58.31,4971.37,7123.83,-2152.46,7,"TRECHO 02",{"$nulls":7},0,null,null,null,"TRECHO 02",{"$nulls":4},{"$f":"DESAPROPRIAÇÃO!O303","v":0}]
["251+0,00",1.91,0.15,39.78,2274.94,"TRECHO 02","251+0,00",1.91,0.15,39.78,2274.94,"TRECHO 02","251+0,00",0.44,0.05,9.26,523.91,null,null,"251+0,00",0.12,0.03,2.4,140.63999999999999,null,"TRECHO 02",null,"251+0,00",4.88,0.12,137.76,28.86,5109.13,7152.69,-2043.56,7,"TRECHO 02",{"$nulls":7},0,null,null,null,"TRECHO 02",{"$nulls":4},{"$f":"DESAPROPRIAÇÃO!O304","v":0}]
["252+0,00",1.75,0.15,36.619999999999997,2311.5700000000002,"TRECHO 02","252+0,00",1.75,0.15,36.619999999999997,2311.5700000000002,"TRECHO 02","252+0,00",0.38,0.05,8.2100000000000009,532.12,null,null,"252+0,00",0.12,0.03,2.4,143.04,null,"TRECHO 02",null,"252+0,00",3.04,0.4,79.63,5.2,5188.7700000000004,7157.89,-1969.12,7,"TRECHO 02",{"$nulls":7},0,null,null,null,"TRECHO 02",{"$nulls":4},{"$f":"DESAPROPRIAÇÃO!O305","v":0}]
["253+0,00",1.65,0.15,33.99,2345.56,"TRECHO 02","253+0,00",1.65,0.15,33.99,2345.56,"TRECHO 02","253+0,00",0.35,0.05,7.33,539.45000000000005,null,null,"253+0,00",0.12,0.03,2.4,145.44,null,"TRECHO 02",null,"253+0,00",2.39,0.36,54.29,7.67,5243.06,7165.56,-1922.51,7,"TRECHO 02",{"$nulls":7},0,null,null,null,"TRECHO 02",{"$nulls":4},{"$f":"DESAPROPRIAÇÃO!O306","v":0}]
["254+0,00",1.65,0.15,33,2378.56,"TRECHO 02","254+0,00",1.65,0.15,33,2378.56,"TRECHO 02","254+0,00",0.35,0.05,7,546.45000000000005,null,null,"254+0,00",0.12,0.03,2.4,147.84,null,"TRECHO 02",null,"254+0,00",1.84,1.1299999999999999,42.66,14.99,5285.72,7180.56,-1894.84,7,"TRECHO 02",{"$nulls":7},0,null,null,null,"TRECHO 02",{"$nulls":4},{"$f":"DESAPROPRIAÇÃO!O307","v":0}]
["255+0,00",1.65,0.15,33,2411.56,"TRECHO 02","255+0,00",1.65,0.15,33,2411.56,"TRECHO 02","255+0,00",0.35,0.05,7,553.45000000000005,null,null,"255+0,00",0.12,0.03,2.4,150.24,null,"TRECHO 02",null,"255+0,00",1.36,3.44,32.35,45.8,5318.07,7226.35,-1908.28,7,"TRECHO 02",{"$nulls":7},0,null,null,null,"TRECHO 02",{"$nulls":4},{"$f":"DESAPROPRIAÇÃO!O308","v":0}]
["256+0,00",1.65,0.15,33,2444.56,"TRECHO 02","256+0,00",1.65,0.15,33,2444.56,"TRECHO 02","256+0,00",0.35,0.05,7,560.45000000000005,null,null,"256+0,00",0.12,0.03,2.4,152.63999999999999,null,"TRECHO 02",null,"256+0,00",0.01,5.47,13.79,89.1,5331.86,7315.45,-1983.6,7,"TRECHO 02",{"$nulls":7},0,null,null,null,"TRECHO 02",{"$nulls":4},{"$f":"DESAPROPRIAÇÃO!O309","v":0}]
["257+0,00",1.65,0.15,33,2477.56,"TRECHO 02","257+0,00",1.65,0.15,33,2477.56,"TRECHO 02","257+0,00",0.35,0.05,7,567.45000000000005,null,null,"257+0,00",0.12,0.03,2.4,155.04,null,"TRECHO 02",null,"257+0,00",0.25,7.83,2.64,132.85,5334.5,7448.31,-2113.81,7,"TRECHO 02",{"$nulls":7},0,null,null,null,"TRECHO 02",{"$nulls":4},{"$f":"DESAPROPRIAÇÃO!O310","v":0}]
["257+5,05",1.65,0.15,8.33,2485.89,"TRECHO 02","257+5,05",1.65,0.15,8.33,2485.89,"TRECHO 02","257+5,05",0.35,0.05,1.77,569.22,{"$f":"Q304/O304","v":11384.4},{"$f":"(257-192)*20+5.05-14.49","v":1290.56},"257+5,05",0.12,0.03,0.61,155.65,{"$f":"X304/V304","v":5188.3333333333339},"TRECHO 02",null,"257+5,05",0.41,9.0299999999999994,1.66,42.55,5336.16,7490.86,-2154.6999999999998,7,"TRECHO 02",{"$nulls":7},0,null,null,49374.43,"TRECHO 02",13.5,0.08,2.5,null,{"$f":"DESAPROPRIAÇÃO!O311","v":0}]
["Estaca","Área (m²)","Altura do \r\nBase\r\nConsiderado (m)","Volume (m³)","Volume \r\nAcumulado \r\n(m³)","TRECHO 02","Estaca","Área (m²)","Altura do \r\nSub-base\r\nConsiderado (m)","Volume (m³)","Volume \r\nAcumulado \r\n(m³)","TRECHO 02","Estaca","Área (m²)","Altura do \r\nPavimento \r\nConsiderado (m)","Volume (m³)","Volume \r\nAcumulado \r\n(m³)",null,null,"Estaca","Área (m²)","Altura do \r\nAcostamento \r\nConsiderado (m)","Volume (m³)","Volume \r\nAcumulado \r\n(m³)",null,"TRECHO 02",null,"Estaca","Área de\r\nCorte (m²)","Área de\r\nAterro (m²)","Volume de\r\nCorte (m3)","Volume de\r\nAterro (m3)","Volum. Corte\r\nAcum. (m3)","Volum Aterro\r\nAcum. (m3)","Volume\r\nLíquido (m3)",7,"TRECHO 02",{"$nulls":7},0,null,null,null,"TRECHO 02",{"$nulls":4},{"$f":"DESAPROPRIAÇÃO!O312","v":0}]
["257+5,05",1.65,0.15,0,0,"TRECHO 02","257+5,05",1.65,0.15,0,0,"TRECHO 02","257+5,05",0.35,0.05,0,0,null,null,"257+5,05",0.12,0.03,0,0,null,"TRECHO 02",null,"257+5,05",0,7.98,0,0,0,0,0,7,"TRECHO 02",{"$nulls":7},0,null,null,null,"TRECHO 02",{"$nulls":4},{"$f":"DESAPROPRIAÇÃO!O313","v":0}]
["258+0,00",1.65,0.15,24.71,24.71,"TRECHO 02","258+0,00",1.65,0.15,24.71,24.71,"TRECHO 02","258+0,00",0.35,0.05,5.24,5.24,null,null,"258+0,00",0.12,0.03,1.8,1.8,null,"TRECHO 02",null,"258+0,00",0.02,9.68,0.17,131.41,0.17,131.41,-131.22999999999999,7,"TRECHO 02",{"$nulls":7},0,null,null,null,"TRECHO 02",{"$nulls":4},{"$f":"DESAPROPRIAÇÃO!O314","v":0}]
["259+0,00",1.79,0.15,34.270000000000003,58.97,"TRECHO 02","259+0,00",1.79,0.15,34.270000000000003,58.97,"TRECHO 02","259+0,00",0.4,0.05,7.43,12.67,null,null,"259+0,00",0.12,0.03,2.4,4.1900000000000004,null,"TRECHO 02",null,"259+0,00",0.91,6.6,8.81,164.88,8.99,296.29000000000002,-287.3,7,"TRECHO 02",{"$nulls":7},0,null,null,null,"TRECHO 02",{"$nulls":4},{"$f":"DESAPROPRIAÇÃO!O315","v":0}]
["260+0,00",4.17,0.15,59.46,118.44,"TRECHO 02","260+0,00",4.17,0.15,59.46,118.44,"TRECHO 02","260+0,00",1.06,0.05,14.43,27.1,null,null,"260+0,00",0.2,0.03,3.23,7.43,null,"TRECHO 02",null,"260+0,00",1.07,6.76,18.05,135.41,27.03,431.7,-404.66,7,"TRECHO 02",{"$nulls":7},0,null,null,null,"TRECHO 02",{"$nulls":4},{"$f":"DESAPROPRIAÇÃO!O316","v":0}]
["261+0,00",5.82,0.15,100.22,218.66,"TRECHO 02","261+0,00",5.82,0.15,100.22,218.66,"TRECHO 02","261+0,00",1.72,0.05,27.71,54.81,null,null,"261+0,00",0.13,0.03,3.42,10.84,null,"TRECHO 02",null,"261+0,00",11.16,0,123.96,68.92,150.99,500.62,-349.63,7,"TRECHO 02",{"$nulls":7},0,null,null,null,"TRECHO 02",{"$nulls":4},{"$f":"DESAPROPRIAÇÃO!O317","v":0}]
["262+0,00",2.48,0.15,83.08,301.74,"TRECHO 02","262+0,00",2.48,0.15,83.08,301.74,"TRECHO 02","262+0,00",0.62,0.05,23.34,78.150000000000006,null,null,"262+0,00",0.13,0.03,2.61,13.45,null,"TRECHO 02",null,"262+0,00",16.45,0,276.10000000000002,0,427.09,500.62,-73.53,7,"TRECHO 02",{"$nulls":7},0,null,null,null,"TRECHO 02",{"$nulls":4},{"$f":"DESAPROPRIAÇÃO!O318","v":0}]
["263+0,00",1.68,0.15,41.64,343.38,"TRECHO 02","263+0,00",1.68,0.15,41.64,343.38,"TRECHO 02","263+0,00",0.36,0.05,9.76,87.92,null,null,"263+0,00",0.12,0.03,2.4700000000000002,15.92,null,"TRECHO 02",null,"263+0,00",13.47,0,299.24,0,726.33,500.62,225.71,7,"TRECHO 02",{"$nulls":7},0,null,null,null,"TRECHO 02",{"$nulls":4},{"$f":"DESAPROPRIAÇÃO!O319","v":0}]
["264+0,00",1.65,0.15,33.299999999999997,376.67,"TRECHO 02","264+0,00",1.65,0.15,33.299999999999997,376.67,"TRECHO 02","264+0,00",0.35,0.05,7.1,95.02,null,null,"264+0,00",0.12,0.03,2.4,18.32,null,"TRECHO 02",null,"264+0,00",5.21,0,186.79,0,913.12,500.62,412.5,7,"TRECHO 02",{"$nulls":7},0,null,null,null,"TRECHO 02",{"$nulls":4},{"$f":"DESAPROPRIAÇÃO!O320","v":0}]
["264+5,38",1.65,0.15,8.8699999999999992,385.54,"TRECHO 02","264+5,38",1.65,0.15,8.8699999999999992,385.54,"TRECHO 02","264+5,38",0.35,0.05,1.88,96.9,{"$f":"Q314/O314","v":1938},{"$f":"(264-257)*20+5.38-5.05","v":140.32999999999998},"264+5,38",0.12,0.03,0.65,18.97,{"$f":"X314/V314","v":632.33333333333337},"TRECHO 02",null,"264+5,38",3.02,0,22.14,0,935.26,500.62,434.63,7,"TRECHO 02",{"$nulls":7},0,null,null,null,"TRECHO 02",13.5,0.08,2.5,null,{"$f":"DESAPROPRIAÇÃO!O321","v":0}]
["Estaca","Área (m²)","Altura do \r\nBase\r\nConsiderado (m)","Volume (m³)","Volume \r\nAcumulado \r\n(m³)","TRECHO 02","Estaca","Área (m²)","Altura do \r\nSub-base\r\nConsiderado (m)","Volume (m³)","Volume \r\nAcumulado \r\n(m³)","TRECHO 02","Estaca","Área (m²)","Altura do \r\nPavimento \r\nConsiderado (m)","Volume (m³)","Volume \r\nAcumulado \r\n(m³)",null,null,"Estaca","Área (m²)","Altura do \r\nAcostamento \r\nConsiderado (m)","Volume (m³)","Volume \r\nAcumulado \r\n(m³)",null,"TRECHO 02",null,"Estaca","Área de\r\nCorte (m²)","Área de\r\nAterro (m²)","Volume de\r\nCorte (m3)","Volume de\r\nAterro (m3)","Volum. Corte\r\nAcum. (m3)","Volum Aterro\r\nAcum. (m3)","Volume\r\nLíquido (m3)",7,"TRECHO 02",{"$nulls":7},0,null,null,null,"TRECHO 02",{"$nulls":4},{"$f":"DESAPROPRIAÇÃO!O322","v":0}]
["264+5,38",1.65,0.15,0,0,"TRECHO 02","264+5,38",1.65,0.15,0,0,"TRECHO 02","264+5,38",0.35,0.05,0,0,null,null,"264+5,38",0.12,0.03,0,0,null,"TRECHO 02",null,"264+5,38",7.77,0.02,0,0,0,0,0,7,"TRECHO 02",{"$nulls":7},0,null,null,null,"TRECHO 02",{"$nulls":4},{"$f":"DESAPROPRIAÇÃO!O323","v":0}]
["264+17,00",1.65,0.15,19.18,19.18,"TRECHO 02","264+17,00",1.65,0.15,19.18,19.18,"TRECHO 02","264+17,00",0.35,0.05,4.07,4.07,{"$f":"Q317/O317","v":81.400000000000006},{"$f":"17-5.38","v":11.620000000000001},"264+17,00",0.12,0.03,1.39,1.39,{"$f":"X317/V317","v":46.333333333333329},"TRECHO 02",null,"264+17,00",2.7,0.04,60.82,0.4,60.82,0.4,60.42,7,"TRECHO 02",{"$f":"GETPIVOTDATA(\"Soma de Total\",COTAS_SINALIZAÇÃO!$Q$71,\"Local\",\"TRECHO 02\")+GETPIVOTDATA(\"Soma de Total\",COTAS_SINALIZAÇÃO!$AO$70,\"Local\",\"TRECHO 02\")","v":756.95},{"$f":"GETPIVOTDATA(\"Soma de Total\",COTAS_SINALIZAÇÃO!$B$55,\"Local\",\"TRECHO 02\")+GETPIVOTDATA(\"Soma de Total\",COTAS_SINALIZAÇÃO!$AE$71,\"Local\",\"TRECHO 02\")+GETPIVOTDATA(\"Soma de Total\",COTAS_SINALIZAÇÃO!$AX$70,\"Local\",\"TRECHO 02\")","v":7016.13},{"$f":"COTAS_SINALIZAÇÃO!BH78+COTAS_SINALIZAÇÃO!BO49","v":145.47500000000002},1,15,2,2,21,null,null,null,"TRECHO 02",13.5,0.08,2.5,null,{"$f":"DESAPROPRIAÇÃO!O324","v":0}]
["Estaca","Área (m²)","Altura do \r\nBase\r\nConsiderado (m)","Volume (m³)","Volume \r\nAcumulado \r\n(m³)","RAMAL B","Estaca","Área (m²)","Altura do \r\nSub-base\r\nConsiderado (m)","Volume (m³)","Volume \r\nAcumulado \r\n(m³)","RAMAL B","Estaca","Área (m²)","Altura do \r\nPavimento \r\nConsiderado (m)","Volume (m³)","Volume \r\nAcumulado \r\n(m³)",null,null,"Estaca","Área (m²)","Altura do \r\nAcostamento \r\nConsiderado (m)","Volume (m³)","Volume \r\nAcumulado \r\n(m³)",null,"RAMAL B",null,"Estaca","Área de\r\nCorte (m²)","Área de\r\nAterro (m²)","Volume de\r\nCorte (m3)","Volume de\r\nAterro (m3)","Volum. Corte\r\nAcum. (m3)","Volum Aterro\r\nAcum. (m3)","Volume\r\nLíquido (m3)",7,"RAMAL B",{"$nulls":7},0,null,null,null,"RAMAL B",{"$nulls":4},{"$f":"DESAPROPRIAÇÃO!O325","v":0}]
["0+17,52",3.51,0.15,0,0,"RAMAL B","0+17,52",3.51,0.15,0,0,"RAMAL B","0+17,52",0.94,0.05,0,0,null,null,"0+17,52",0.14000000000000001,0.03,0,0,null,"RAMAL B",null,"0+17,52",26.64,0,0,0,0,0,0,7,"RAMAL B",{"$nulls":7},0,null,null,null,"RAMAL B",{"$nulls":4},{"$f":"DESAPROPRIAÇÃO!O326","v":0}]
["1+0,00",3.08,0.15,8.16,8.16,"RAMAL B","1+0,00",3.08,0.15,8.16,8.16,"RAMAL B","1+0,00",0.8,0.05,2.16,2.16,null,null,"1+0,00",0.13,0.03,0.34,0.34,null,"RAMAL B",null,"1+0,00",20.03,0,57.81,0,57.81,0,57.81,7,"RAMAL B",{"$nulls":7},0,null,null,null,"RAMAL B",{"$nulls":4},{"$f":"DESAPROPRIAÇÃO!O327","v":0}]
["2+0,00",1.72,0.15,47.85,56.01,"RAMAL B","2+0,00",1.72,0.15,47.85,56.01,"RAMAL B","2+0,00",0.37,0.05,11.74,13.9,null,null,"2+0,00",0.12,0.03,2.5299999999999998,2.86,null,"RAMAL B",null,"2+0,00",25.1,0,451.68,0,509.49,0,509.49,7,"RAMAL B",{"$nulls":7},0,null,null,null,"RAMAL B",{"$nulls":4},{"$f":"DESAPROPRIAÇÃO!O328","v":0}]
["3+0,00",1.65,0.15,33.67,89.68,"RAMAL B","3+0,00",1.65,0.15,33.67,89.68,{"$f":"F322","v":"RAMAL B"},"3+0,00",0.35,0.05,7.23,21.12,null,null,"3+0,00",0.12,0.03,2.4,5.26,null,{"$f":"F322","v":"RAMAL B"},null,"3+0,00",17.690000000000001,0,421.18,0,930.67,0,930.67,7,"RAMAL B",{"$nulls":7},{"$f":"AO322*2+AP322+AQ322+AR322","v":0},null,null,null,{"$f":"Z322","v":"RAMAL B"},{"$nulls":4},{"$f":"DESAPROPRIAÇÃO!O329","v":0}]
["3+10,41",1.65,0.15,17.18,106.86,"RAMAL B","3+10,41",1.65,0.15,17.18,106.86,"RAMAL B","3+10,41",0.35,0.05,3.64,24.77,{"$f":"Q323/O323","v":495.4},{"$f":"(3-0)*20+10.41-17.52","v":52.89},"3+10,41",0.12,0.03,1.25,6.51,{"$f":"X323/V323","v":217},"RAMAL B",null,"3+10,41",5.43,0,117,0,1047.67,0,1047.67,7,"RAMAL B",null,{"$f":"GETPIVOTDATA(\"Soma de Total\",COTAS_SINALIZAÇÃO!$AE$71,\"Local\",\"RAMAL B\")","v":105.84},null,null,4,null,1,5,null,null,null,"RAMAL B",13.5,0.08,2.5,null,{"$f":"DESAPROPRIAÇÃO!O330","v":0}]
["Estaca","Área (m²)","Altura do \r\nBase\r\nConsiderado (m)","Volume (m³)","Volume \r\nAcumulado \r\n(m³)","TRECHO 03","Estaca","Área (m²)","Altura do \r\nSub-base\r\nConsiderado (m)","Volume (m³)","Volume \r\nAcumulado \r\n(m³)","TRECHO 03","Estaca","Área (m²)","Altura do \r\nPavimento \r\nConsiderado (m)","Volume (m³)","Volume \r\nAcumulado \r\n(m³)",null,null,"Estaca","Área (m²)","Altura do \r\nAcostamento \r\nConsiderado (m)","Volume (m³)","Volume \r\nAcumulado \r\n(m³)",null,"TRECHO 03",null,"Estaca","Área de\r\nCorte (m²)","Área de\r\nAterro (m²)","Volume de\r\nCorte (m3)","Volume de\r\nAterro (m3)","Volum. Corte\r\nAcum. (m3)","Volum Aterro\r\nAcum. (m3)","Volume\r\nLíquido (m3)",7,"TRECHO 03",{"$nulls":7},0,null,null,null,"TRECHO 03",{"$nulls":4},{"$f":"DESAPROPRIAÇÃO!O331","v":0}]
["265+14,50",3.47,0.15,0,0,"TRECHO 03","265+14,50",3.47,0.15,0,0,"TRECHO 03","265+14,50",0.93,0.05,0,0,null,null,"265+14,50",0.14000000000000001,0.03,0,0,null,"TRECHO 03",null,"265+14,50",5.86,3.76,0,0,0,0,0,7,"TRECHO 03",{"$nulls":7},0,null,null,null,"TRECHO 03",{"$nulls":4},{"$f":"DESAPROPRIAÇÃO!O332","v":0}]
["266+0,00",2.67,0.15,16.89,16.89,"TRECHO 03","266+0,00",2.67,0.15,16.89,16.89,"TRECHO 03","266+0,00",0.68,0.05,4.41,4.41,null,null,"266+0,00",0.13,0.03,0.73,0.73,null,"TRECHO 03",null,"266+0,00",5.2,3.76,30.43,20.7,30.43,20.7,9.73,7,"TRECHO 03",{"$nulls":7},0,null,null,null,"TRECHO 03",{"$nulls":4},{"$f":"DESAPROPRIAÇÃO!O333","v":0}]
["267+0,00",1.69,0.15,43.55,60.44,"TRECHO 03","267+0,00",1.69,0.15,43.55,60.44,"TRECHO 03","267+0,00",0.36,0.05,10.38,14.79,null,null,"267+0,00",0.12,0.03,2.48,3.22,null,"TRECHO 03",null,"267+0,00",0.14000000000000001,10.119999999999999,53.45,138.80000000000001,83.87,159.5,-75.63,7,"TRECHO 03",{"$nulls":7},0,null,null,null,"TRECHO 03",{"$nulls":4},{"$f":"DESAPROPRIAÇÃO!O334","v":0}]
["268+0,00",1.65,0.15,33.369999999999997,93.81,"TRECHO 03","268+0,00",1.65,0.15,33.369999999999997,93.81,"TRECHO 03","268+0,00",0.35,0.05,7.12,21.91,null,null,"268+0,00",0.12,0.03,2.4,5.62,null,"TRECHO 03",null,"268+0,00",0,16.149999999999999,1.4,262.7,85.27,422.2,-336.92,7,"TRECHO 03",{"$nulls":7},0,null,null,null,"TRECHO 03",{"$nulls":4},{"$f":"DESAPROPRIAÇÃO!O335","v":0}]
["268+7,00",1.65,0.15,11.55,105.36,"TRECHO 03","268+7,00",1.65,0.15,11.55,105.36,"TRECHO 03","268+7,00",0.35,0.05,2.4500000000000002,24.36,{"$f":"Q329/O329","v":487.2},{"$f":"(268-265)*20+7-14.5","v":52.5},"268+7,00",0.12,0.03,0.84,6.46,{"$f":"X329/V329","v":215.33333333333334},"TRECHO 03",null,"268+7,00",0,12.9,0,101.7,85.27,523.9,-438.62,7,"TRECHO 03",{"$f":"GETPIVOTDATA(\"Soma de Total\",COTAS_SINALIZAÇÃO!$AO$70,\"Local\",\"TRECHO 03\")","v":104.25},{"$f":"GETPIVOTDATA(\"Soma de Total\",COTAS_SINALIZAÇÃO!$B$55,\"Local\",\"TRECHO 03\")+GETPIVOTDATA(\"Soma de Total\",COTAS_SINALIZAÇÃO!$AE$71,\"Local\",\"TRECHO 03\")+GETPIVOTDATA(\"Soma de Total\",COTAS_SINALIZAÇÃO!$AX$70,\"Local\",\"TRECHO 03\")","v":1857.8299999999997},null,2,9,2,1,16,null,null,14130.01,"TRECHO 03",14.4,0.8,1.7,null,{"$f":"DESAPROPRIAÇÃO!O336","v":0}]
["Estaca","Área (m²)","Altura do \r\nBase\r\nConsiderado (m)","Volume (m³)","Volume \r\nAcumulado \r\n(m³)","TRECHO 03","Estaca","Área (m²)","Altura do \r\nSub-base\r\nConsiderado (m)","Volume (m³)","Volume \r\nAcumulado \r\n(m³)","TRECHO 03","Estaca","Área (m²)","Altura do \r\nPavimento \r\nConsiderado (m)","Volume (m³)","Volume \r\nAcumulado \r\n(m³)",null,null,"Estaca","Área (m²)","Altura do \r\nAcostamento \r\nConsiderado (m)","Volume (m³)","Volume \r\nAcumulado \r\n(m³)",null,"TRECHO 03",null,"Estaca","Área de\r\nCorte (m²)","Área de\r\nAterro (m²)","Volume de\r\nCorte (m3)","Volume de\r\nAterro (m3)","Volum. Corte\r\nAcum. (m3)","Volum Aterro\r\nAcum. (m3)","Volume\r\nLíquido (m3)",7,"TRECHO 03",{"$nulls":7},0,null,null,null,"TRECHO 03",{"$nulls":4},{"$f":"DESAPROPRIAÇÃO!O337","v":0}]
["268+7,00",1.65,0.15,0,0,"TRECHO 03","268+7,00",1.65,0.15,0,0,"TRECHO 03","268+7,00",0.35,0.05,0,0,null,null,"268+7,00",0.12,0.03,0,0,null,"TRECHO 03",null,"268+7,00",1.75,15.11,0,0,0,0,0,7,"TRECHO 03",{"$nulls":7},0,null,null,null,"TRECHO 03",{"$nulls":4},{"$f":"DESAPROPRIAÇÃO!O338","v":0}]
["269+0,00",1.72,0.15,21.9,21.9,"TRECHO 03","269+0,00",1.72,0.15,21.9,21.9,"TRECHO 03","269+0,00",0.37,0.05,4.7,4.7,null,null,"269+0,00",0.12,0.03,1.56,1.56,null,"TRECHO 03",null,"269+0,00",3.2,12.68,28.74,182.59,28.74,182.59,-153.85,7,"TRECHO 03",{"$nulls":7},0,null,null,null,"TRECHO 03",{"$nulls":4},{"$f":"DESAPROPRIAÇÃO!O339","v":0}]
["270+0,00",2.0699999999999998,0.15,37.89,59.79,"TRECHO 03","270+0,00",2.0699999999999998,0.15,37.89,59.79,"TRECHO 03","270+0,00",0.49,0.05,8.6300000000000008,13.33,null,null,"270+0,00",0.12,0.03,2.4,3.96,null,"TRECHO 03",null,"270+0,00",4.5599999999999996,10.33,71.33,234.07,100.06,416.66,-316.60000000000002,7,"TRECHO 03",{"$nulls":7},0,null,null,null,"TRECHO 03",{"$nulls":4},{"$f":"DESAPROPRIAÇÃO!O340","v":0}]
["271+0,00",2.0699999999999998,0.15,41.4,101.19,"TRECHO 03","271+0,00",2.0699999999999998,0.15,41.4,101.19,"TRECHO 03","271+0,00",0.49,0.05,9.8000000000000007,23.13,null,null,"271+0,00",0.12,0.03,2.4,6.36,null,"TRECHO 03",null,"271+0,00",9.08,7.83,129.09,186.35,229.16,603.01,-373.85,7,"TRECHO 03",{"$nulls":7},0,null,null,null,"TRECHO 03",{"$nulls":4},{"$f":"DESAPROPRIAÇÃO!O341","v":0}]
["272+0,00",2.0699999999999998,0.15,41.4,142.59,"TRECHO 03","272+0,00",2.0699999999999998,0.15,41.4,142.59,"TRECHO 03","272+0,00",0.49,0.05,9.8000000000000007,32.93,null,null,"272+0,00",0.12,0.03,2.4,8.76,null,"TRECHO 03",null,"272+0,00",7.24,8.0299999999999994,154.37,163.09,383.52,766.1,-382.57,7,"TRECHO 03",{"$nulls":7},0,null,null,null,"TRECHO 03",{"$nulls":4},{"$f":"DESAPROPRIAÇÃO!O342","v":0}]
["273+0,00",2.0699999999999998,0.15,41.39,183.98,"TRECHO 03","273+0,00",2.0699999999999998,0.15,41.39,183.98,"TRECHO 03","273+0,00",0.49,0.05,9.8000000000000007,42.73,null,null,"273+0,00",0.12,0.03,2.4,11.16,null,"TRECHO 03",null,"273+0,00",9.2899999999999991,7.26,153.66999999999999,157.16999999999999,537.19000000000005,923.26,-386.07,7,"TRECHO 03",{"$nulls":7},0,null,null,null,"TRECHO 03",{"$nulls":4},{"$f":"DESAPROPRIAÇÃO!O343","v":0}]
["274+0,00",2,0.15,40.68,224.66,"TRECHO 03","274+0,00",2,0.15,40.68,224.66,"TRECHO 03","274+0,00",0.47,0.05,9.56,52.29,null,null,"274+0,00",0.12,0.03,2.4,13.56,null,"TRECHO 03",null,"274+0,00",2.38,10.1,89.7,188.05,626.89,1111.31,-484.43,7,"TRECHO 03",{"$nulls":7},0,null,null,null,"TRECHO 03",{"$nulls":4},{"$f":"DESAPROPRIAÇÃO!O344","v":0}]
["275+0,00",2.0299999999999998,0.15,40.299999999999997,264.95999999999998,"TRECHO 03","275+0,00",2.0299999999999998,0.15,40.299999999999997,264.95999999999998,"TRECHO 03","275+0,00",0.48,0.05,9.43,61.72,null,null,"275+0,00",0.12,0.03,2.4,15.96,null,"TRECHO 03",null,"275+0,00",0.13,15.83,25.1,259.27,651.99,1370.58,-718.59,7,"TRECHO 03",{"$nulls":7},0,null,null,null,"TRECHO 03",{"$nulls":4},{"$f":"DESAPROPRIAÇÃO!O345","v":0}]
["276+0,00",2.06,0.15,40.89,305.85000000000002,"TRECHO 03","276+0,00",2.06,0.15,40.89,305.85000000000002,"TRECHO 03","276+0,00",0.49,0.05,9.6300000000000008,71.349999999999994,null,null,"276+0,00",0.12,0.03,2.4,18.36,null,"TRECHO 03",null,"276+0,00",2.83,6.66,29.61,224.87,681.6,1595.46,-913.86,7,"TRECHO 03",{"$nulls":7},0,null,null,null,"TRECHO 03",{"$nulls":4},{"$f":"DESAPROPRIAÇÃO!O346","v":0}]
["277+0,00",2.0699999999999998,0.15,41.27,347.12,"TRECHO 03","277+0,00",2.0699999999999998,0.15,41.27,347.12,"TRECHO 03","277+0,00",0.49,0.05,9.76,81.11,null,null,"277+0,00",0.12,0.03,2.4,20.76,null,"TRECHO 03",null,"277+0,00",1.68,3.08,33.770000000000003,101.56,715.37,1697.02,-981.65,7,"TRECHO 03",{"$nulls":7},0,null,null,null,"TRECHO 03",{"$nulls":4},{"$f":"DESAPROPRIAÇÃO!O347","v":0}]
["278+0,00",2.0699999999999998,0.15,41.39,388.51,"TRECHO 03","278+0,00",2.0699999999999998,0.15,41.39,388.51,"TRECHO 03","278+0,00",0.49,0.05,9.8000000000000007,90.91,null,null,"278+0,00",0.12,0.03,2.4,23.16,null,"TRECHO 03",null,"278+0,00",3.29,1.95,47.42,52.03,762.79,1749.05,-986.26,7,"TRECHO 03",{"$nulls":7},0,null,null,null,"TRECHO 03",{"$nulls":4},{"$f":"DESAPROPRIAÇÃO!O348","v":0}]
["279+0,00",1.7,0.15,37.299999999999997,425.81,"TRECHO 03","279+0,00",1.7,0.15,37.299999999999997,425.81,"TRECHO 03","279+0,00",0.37,0.05,8.48,99.39,null,null,"279+0,00",0.12,0.03,2.37,25.53,null,"TRECHO 03",null,"279+0,00",2.44,1.89,45.89,42.93,808.68,1791.98,-983.3,7,"TRECHO 03",{"$nulls":7},0,null,null,null,"TRECHO 03",{"$nulls":4},{"$f":"DESAPROPRIAÇÃO!O349","v":0}]
["280+0,00",1.65,0.15,33.450000000000003,459.25,"TRECHO 03","280+0,00",1.65,0.15,33.450000000000003,459.25,"TRECHO 03","280+0,00",0.35,0.05,7.16,106.55,null,null,"280+0,00",0.12,0.03,2.39,27.92,null,"TRECHO 03",null,"280+0,00",0.62,1.17,29.52,30.87,838.2,1822.85,-984.65,7,"TRECHO 03",{"$nulls":7},0,null,null,null,"TRECHO 03",{"$nulls":4},{"$f":"DESAPROPRIAÇÃO!O350","v":0}]
["281+0,00",2.37,0.15,40.03,499.28,"TRECHO 03","281+0,00",2.37,0.15,40.03,499.28,"TRECHO 03","281+0,00",0.59,0.05,9.36,115.91,null,null,"281+0,00",0.12,0.03,2.39,30.31,null,"TRECHO 03",null,"281+0,00",1.79,3.18,24.96,43.17,863.16,1866.02,-1002.86,7,"TRECHO 03",{"$nulls":7},0,null,null,null,"TRECHO 03",{"$nulls":4},{"$f":"DESAPROPRIAÇÃO!O351","v":0}]
["282+0,00",2.8,0.15,51.29,550.57000000000005,"TRECHO 03","282+0,00",2.8,0.15,51.29,550.57000000000005,"TRECHO 03","282+0,00",0.73,0.05,13.14,129.05000000000001,null,null,"282+0,00",0.12,0.03,2.38,32.69,null,"TRECHO 03",null,"282+0,00",1.78,9.16,33.42,121.54,896.58,1987.56,-1090.98,7,"TRECHO 03",{"$nulls":7},0,null,null,null,"TRECHO 03",{"$nulls":4},{"$f":"DESAPROPRIAÇÃO!O352","v":0}]
["283+0,00",2.86,0.15,56.65,607.22,"TRECHO 03","283+0,00",2.86,0.15,56.65,607.22,"TRECHO 03","283+0,00",0.75,0.05,14.88,143.91999999999999,null,null,"283+0,00",0.12,0.03,2.4,35.090000000000003,null,"TRECHO 03",null,"283+0,00",0.47,8.56,21.92,176.92,918.5,2164.48,-1245.98,7,"TRECHO 03",{"$nulls":7},0,null,null,null,"TRECHO 03",{"$nulls":4},{"$f":"DESAPROPRIAÇÃO!O353","v":0}]
["284+0,00",2.85,0.15,57.28,664.5,"TRECHO 03","284+0,00",2.85,0.15,57.28,664.5,"TRECHO 03","284+0,00",0.75,0.05,15.08,159,null,null,"284+0,00",0.12,0.03,2.41,37.5,null,"TRECHO 03",null,"284+0,00",3.18,1.23,38.25,96.86,956.75,2261.35,-1304.5999999999999,7,"TRECHO 03",{"$nulls":7},0,null,null,null,"TRECHO 03",{"$nulls":4},{"$f":"DESAPROPRIAÇÃO!O354","v":0}]
["285+0,00",3.16,0.15,60.31,724.8,"TRECHO 03","285+0,00",3.16,0.15,60.31,724.8,"TRECHO 03","285+0,00",0.84,0.05,15.94,174.94,null,null,"285+0,00",0.13,0.03,2.5,39.99,null,"TRECHO 03",null,"285+0,00",8.61,0,120.27,12.04,1077.02,2273.39,-1196.3699999999999,7,"TRECHO 03",{"$nulls":7},0,null,null,null,"TRECHO 03",{"$nulls":4},{"$f":"DESAPROPRIAÇÃO!O355","v":0}]
["286+0,00",3.03,0.15,62.92,787.73,"TRECHO 03","286+0,00",3.03,0.15,62.92,787.73,"TRECHO 03","286+0,00",0.91,0.05,17.88,192.82,null,null,"286+0,00",0.06,0.03,1.86,41.85,null,"TRECHO 03",null,"286+0,00",4.17,0.02,132.47999999999999,0.13,1209.51,2273.52,-1064.02,7,"TRECHO 03",{"$nulls":7},0,null,null,null,"TRECHO 03",{"$nulls":4},{"$f":"DESAPROPRIAÇÃO!O356","v":0}]
["287+0,00",2.85,0.15,58.92,846.65,"TRECHO 03","287+0,00",2.85,0.15,58.92,846.65,"TRECHO 03","287+0,00",0.75,0.05,16.66,209.48,null,null,"287+0,00",0.12,0.03,1.79,43.64,null,"TRECHO 03",null,"287+0,00",13.78,0.1,182.74,1.08,1392.24,2274.6,-882.36,7,"TRECHO 03",{"$nulls":7},0,null,null,null,"TRECHO 03",{"$nulls":4},{"$f":"DESAPROPRIAÇÃO!O357","v":0}]
["288+0,00",1.93,0.15,47.61,894.26,"TRECHO 03","288+0,00",1.93,0.15,47.61,894.26,"TRECHO 03","288+0,00",0.44,0.05,11.88,221.37,null,null,"288+0,00",0.12,0.03,2.39,46.03,null,"TRECHO 03",null,"288+0,00",6.96,0.8,184.93,10.45,1577.17,2285.06,-707.89,7,"TRECHO 03",{"$nulls":7},0,null,null,null,"TRECHO 03",{"$nulls":4},{"$f":"DESAPROPRIAÇÃO!O358","v":0}]
["288+7,00",1.65,0.15,12.52,906.79,"TRECHO 03","288+7,00",1.65,0.15,12.52,906.79,"TRECHO 03","288+7,00",0.35,0.05,2.77,224.14,{"$f":"Q352/O352","v":4482.7999999999993},{"$f":"(288-268)*20+7-7","v":400},"288+7,00",0.12,0.03,0.84,46.87,{"$f":"X352/V352","v":1562.3333333333333},"TRECHO 03",null,"288+7,00",5.44,2.67,40.57,12.93,1617.74,2297.98,-680.24,7,"TRECHO 03",{"$nulls":7},{"$f":"AO352*2+AP352+AQ352+AR352","v":0},null,null,null,"TRECHO 03",14.4,0.8,1.7,null,{"$f":"DESAPROPRIAÇÃO!O359","v":0}]
["Estaca","Área (m²)","Altura do \r\nBase\r\nConsiderado (m)","Volume (m³)","Volume \r\nAcumulado \r\n(m³)","TRECHO 04","Estaca","Área (m²)","Altura do \r\nSub-base\r\nConsiderado (m)","Volume (m³)","Volume \r\nAcumulado \r\n(m³)","TRECHO 04","Estaca","Área (m²)","Altura do \r\nPavimento \r\nConsiderado (m)","Volume (m³)","Volume \r\nAcumulado \r\n(m³)",null,null,"Estaca","Área (m²)","Altura do \r\nAcostamento \r\nConsiderado (m)","Volume (m³)","Volume \r\nAcumulado \r\n(m³)",null,"TRECHO 04",null,"Estaca","Área de\r\nCorte (m²)","Área de\r\nAterro (m²)","Volume de\r\nCorte (m3)","Volume de\r\nAterro (m3)","Volum. Corte\r\nAcum. (m3)","Volum Aterro\r\nAcum. (m3)","Volume\r\nLíquido (m3)",7,"TRECHO 04",{"$nulls":7},0,null,null,null,"TRECHO 04",{"$nulls":4},{"$f":"DESAPROPRIAÇÃO!O360","v":0}]
["289+0,00",5.72,0.15,0,0,"TRECHO 04","289+0,00",5.72,0.15,0,0,"TRECHO 04","289+0,00",1.42,0.05,0,0,null,null,"289+0,00",0.28999999999999998,0.03,0,0,null,"TRECHO 04",null,"289+0,00",18.78,0,0,0,0,0,0,7,"TRECHO 04",{"$nulls":7},0,null,null,null,"TRECHO 04",{"$nulls":4},{"$f":"DESAPROPRIAÇÃO!O361","v":0}]
["289+8,34",3.52,0.15,38.5,38.5,"TRECHO 04","289+8,34",3.52,0.15,38.5,38.5,"TRECHO 04","289+8,34",0.95,0.05,9.9,9.9,null,null,"289+8,34",0.13,0.03,1.76,1.76,null,"TRECHO 04",null,"289+8,34",10.35,0.13,121.49,0.55000000000000004,121.49,0.55000000000000004,120.95,7,"TRECHO 04",{"$nulls":7},0,null,null,null,"TRECHO 04",{"$nulls":4},{"$f":"DESAPROPRIAÇÃO!O362","v":0}]
["290+0,00",3.03,0.15,38.17,76.67,"TRECHO 04","290+0,00",3.03,0.15,38.17,76.67,"TRECHO 04","290+0,00",0.81,0.05,10.28,20.18,null,null,"290+0,00",0.12,0.03,1.47,3.23,null,"TRECHO 04",null,"290+0,00",3.48,2.14,80.63,13.22,202.12,13.76,188.36,7,"TRECHO 04",{"$nulls":7},0,null,null,null,"TRECHO 04",{"$nulls":4},{"$f":"DESAPROPRIAÇÃO!O363","v":0}]
["291+0,00",3.03,0.15,60.6,137.27000000000001,"TRECHO 04","291+0,00",3.03,0.15,60.6,137.27000000000001,"TRECHO 04","291+0,00",0.81,0.05,16.2,36.380000000000003,null,null,"291+0,00",0.12,0.03,2.4,5.63,null,"TRECHO 04",null,"291+0,00",7.0000000000000007E-2,6.03,35.520000000000003,81.709999999999994,237.64,95.47,142.16999999999999,7,"TRECHO 04",{"$nulls":7},0,null,null,null,"TRECHO 04",{"$nulls":4},{"$f":"DESAPROPRIAÇÃO!O364","v":0}]
["292+0,00",2.93,0.15,59.59,196.86,"TRECHO 04","292+0,00",2.93,0.15,59.59,196.86,"TRECHO 04","292+0,00",0.78,0.05,15.86,52.24,null,null,"292+0,00",0.12,0.03,2.4,8.0299999999999994,null,"TRECHO 04",null,"292+0,00",0.04,8.25,1.1299999999999999,142.84,238.77,238.32,0.46,7,"TRECHO 04",{"$nulls":7},0,null,null,null,"TRECHO 04",{"$nulls":4},{"$f":"DESAPROPRIAÇÃO!O365","v":0}]
["293+0,00",2.38,0.15,53.24,250.1,"TRECHO 04","293+0,00",2.38,0.15,53.24,250.1,"TRECHO 04","293+0,00",0.59,0.05,13.74,65.98,null,null,"293+0,00",0.12,0.03,2.41,10.43,null,"TRECHO 04",null,"293+0,00",0.31,4.5599999999999996,3.27,129.33000000000001,242.04,367.65,-125.61,7,"TRECHO 04",{"$nulls":7},0,null,null,null,"TRECHO 04",{"$nulls":4},{"$f":"DESAPROPRIAÇÃO!O366","v":0}]
["294+0,00",1.8,0.15,41.83,291.93,"TRECHO 04","294+0,00",1.8,0.15,41.83,291.93,"TRECHO 04","294+0,00",0.4,0.05,9.9499999999999993,75.930000000000007,null,null,"294+0,00",0.12,0.03,2.4,12.83,null,"TRECHO 04",null,"294+0,00",0,5.73,3.16,103.01,245.2,470.65,-225.45,7,"TRECHO 04",{"$nulls":7},0,null,null,null,"TRECHO 04",{"$nulls":4},{"$f":"DESAPROPRIAÇÃO!O367","v":0}]
["295+0,00",1.65,0.15,34.5,326.44,"TRECHO 04","295+0,00",1.65,0.15,34.5,326.44,"TRECHO 04","295+0,00",0.35,0.05,7.5,83.43,null,null,"295+0,00",0.12,0.03,2.4,15.23,null,"TRECHO 04",null,"295+0,00",2.94,1.69,29.13,74.58,274.33,545.24,-270.89999999999998,7,"TRECHO 04",{"$nulls":7},0,null,null,null,"TRECHO 04",{"$nulls":4},{"$f":"DESAPROPRIAÇÃO!O368","v":0}]
["296+0,00",1.65,0.15,33,359.44,"TRECHO 04","296+0,00",1.65,0.15,33,359.44,"TRECHO 04","296+0,00",0.35,0.05,7,90.43,null,null,"296+0,00",0.12,0.03,2.4,17.63,null,"TRECHO 04",null,"296+0,00",9.57,0,124.69,17.11,399.02,562.35,-163.33000000000001,7,"TRECHO 04",{"$nulls":7},0,null,null,null,"TRECHO 04",{"$nulls":4},{"$f":"DESAPROPRIAÇÃO!O369","v":0}]
["297+0,00",1.65,0.15,33,392.44,"TRECHO 04","297+0,00",1.65,0.15,33,392.44,"TRECHO 04","297+0,00",0.35,0.05,7,97.43,null,null,"297+0,00",0.12,0.03,2.4,20.03,null,"TRECHO 04",null,"297+0,00",23.22,0,328.34,0.04,727.36,562.39,164.97,7,"TRECHO 04",{"$nulls":7},0,null,null,null,"TRECHO 04",{"$nulls":4},{"$f":"DESAPROPRIAÇÃO!O370","v":0}]
["298+0,00",1.65,0.15,33,425.44,"TRECHO 04","298+0,00",1.65,0.15,33,425.44,"TRECHO 04","298+0,00",0.35,0.05,7,104.43,null,null,"298+0,00",0.12,0.03,2.4,22.43,null,"TRECHO 04",null,"298+0,00",29.53,0.81,529.92999999999995,8.06,1257.29,570.45000000000005,686.85,7,"TRECHO 04",{"$nulls":7},0,null,null,null,"TRECHO 04",{"$nulls":4},{"$f":"DESAPROPRIAÇÃO!O371","v":0}]
["299+0,00",1.65,0.15,33,458.44,"TRECHO 04","299+0,00",1.65,0.15,33,458.44,"TRECHO 04","299+0,00",0.35,0.05,7,111.43,null,null,"299+0,00",0.12,0.03,2.4,24.83,null,"TRECHO 04",null,"299+0,00",13.44,6.64,431.7,74.180000000000007,1689,644.63,1044.3699999999999,7,"TRECHO 04",{"$nulls":7},0,null,null,null,"TRECHO 04",{"$nulls":4},{"$f":"DESAPROPRIAÇÃO!O372","v":0}]
["300+0,00",1.65,0.15,33,491.44,"TRECHO 04","300+0,00",1.65,0.15,33,491.44,"TRECHO 04","300+0,00",0.35,0.05,7,118.43,null,null,"300+0,00",0.12,0.03,2.4,27.23,null,"TRECHO 04",null,"300+0,00",3.87,21.84,172.79,284.57,1861.78,929.2,932.59,7,"TRECHO 04",{"$nulls":7},0,null,null,null,"TRECHO 04",{"$nulls":4},{"$f":"DESAPROPRIAÇÃO!O373","v":0}]
["301+0,00",1.65,0.15,33,524.44000000000005,"TRECHO 04","301+0,00",1.65,0.15,33,524.44000000000005,"TRECHO 04","301+0,00",0.35,0.05,7,125.43,null,null,"301+0,00",0.12,0.03,2.4,29.63,null,"TRECHO 04",null,"301+0,00",0.94,43.04,47.49,648.88,1909.27,1578.07,331.2,7,"TRECHO 04",{"$nulls":7},0,null,null,null,"TRECHO 04",{"$nulls":4},{"$f":"DESAPROPRIAÇÃO!O374","v":0}]
["302+0,00",1.65,0.15,33,557.44000000000005,"TRECHO 04","302+0,00",1.65,0.15,33,557.44000000000005,"TRECHO 04","302+0,00",0.35,0.05,7,132.43,null,null,"302+0,00",0.12,0.03,2.4,32.03,null,"TRECHO 04",null,"302+0,00",0,40.97,9.25,840.17,1918.52,2418.25,-499.72,7,"TRECHO 04",{"$nulls":7},0,null,null,null,"TRECHO 04",{"$nulls":4},{"$f":"DESAPROPRIAÇÃO!O375","v":0}]
["303+0,00",1.65,0.15,33,590.44000000000005,"TRECHO 04","303+0,00",1.65,0.15,33,590.44000000000005,"TRECHO 04","303+0,00",0.35,0.05,7,139.43,null,null,"303+0,00",0.12,0.03,2.4,34.43,null,"TRECHO 04",null,"303+0,00",0.01,27.5,0.11,684.78,1918.63,3103.03,-1184.4000000000001,7,"TRECHO 04",{"$nulls":7},0,null,null,null,"TRECHO 04",{"$nulls":4},{"$f":"DESAPROPRIAÇÃO!O376","v":0}]
["304+0,00",1.65,0.15,33,623.44000000000005,"TRECHO 04","304+0,00",1.65,0.15,33,623.44000000000005,"TRECHO 04","304+0,00",0.35,0.05,7,146.43,null,null,"304+0,00",0.12,0.03,2.4,36.83,null,"TRECHO 04",null,"304+0,00",0.88,10.17,8.52,375.99,1927.15,3479.02,-1551.87,7,"TRECHO 04",{"$nulls":7},0,null,null,null,"TRECHO 04",{"$nulls":4},{"$f":"DESAPROPRIAÇÃO!O377","v":0}]
["305+0,00",1.65,0.15,33,656.44,"TRECHO 04","305+0,00",1.65,0.15,33,656.44,"TRECHO 04","305+0,00",0.35,0.05,7,153.43,null,null,"305+0,00",0.12,0.03,2.4,39.229999999999997,null,"TRECHO 04",null,"305+0,00",4.3899999999999997,0.57999999999999996,52.71,107.52,1979.86,3586.54,-1606.69,7,"TRECHO 04",{"$nulls":7},0,null,null,null,"TRECHO 04",{"$nulls":4},{"$f":"DESAPROPRIAÇÃO!O378","v":0}]
["306+0,00",1.65,0.15,33,689.44,"TRECHO 04","306+0,00",1.65,0.15,33,689.44,"TRECHO 04","306+0,00",0.35,0.05,7,160.43,null,null,"306+0,00",0.12,0.03,2.4,41.63,null,"TRECHO 04",null,"306+0,00",8.15,0,125.41,5.8,2105.27,3592.35,-1487.08,7,"TRECHO 04",{"$nulls":7},0,null,null,null,"TRECHO 04",{"$nulls":4},{"$f":"DESAPROPRIAÇÃO!O379","v":0}]
["307+0,00",1.65,0.15,33,722.44,"TRECHO 04","307+0,00",1.65,0.15,33,722.44,"TRECHO 04","307+0,00",0.35,0.05,7,167.43,null,null,"307+0,00",0.12,0.03,2.4,44.03,null,"TRECHO 04",null,"307+0,00",8.4499999999999993,0,166.01,0,2271.27,3592.35,-1321.07,7,"TRECHO 04",{"$nulls":7},0,null,null,null,"TRECHO 04",{"$nulls":4},{"$f":"DESAPROPRIAÇÃO!O380","v":0}]
["308+0,00",1.65,0.15,33,755.44,"TRECHO 04","308+0,00",1.65,0.15,33,755.44,"TRECHO 04","308+0,00",0.35,0.05,7,174.43,null,null,"308+0,00",0.12,0.03,2.4,46.43,null,"TRECHO 04",null,"308+0,00",4.49,0,129.38999999999999,0,2400.67,3592.35,-1191.68,7,"TRECHO 04",{"$nulls":7},0,null,null,null,"TRECHO 04",{"$nulls":4},{"$f":"DESAPROPRIAÇÃO!O381","v":0}]
["309+0,00",1.65,0.15,33,788.44,"TRECHO 04","309+0,00",1.65,0.15,33,788.44,"TRECHO 04","309+0,00",0.35,0.05,7,181.43,null,null,"309+0,00",0.12,0.03,2.4,48.83,null,"TRECHO 04",null,"309+0,00",0.66,0.69,51.54,6.94,2452.21,3599.29,-1147.08,7,"TRECHO 04",{"$nulls":7},0,null,null,null,"TRECHO 04",{"$nulls":4},{"$f":"DESAPROPRIAÇÃO!O382","v":0}]
["309+10,87",1.65,0.15,17.940000000000001,806.37,"TRECHO 04","309+10,87",1.65,0.15,17.940000000000001,806.37,"TRECHO 04","309+10,87",0.35,0.05,3.8,185.23,null,null,"309+10,87",0.12,0.03,1.3,50.13,null,"TRECHO 04",null,"309+10,87",0.28999999999999998,1.55,5.19,12.21,2457.4,3611.5,-1154.0999999999999,7,"TRECHO 04",{"$nulls":7},0,null,null,null,"TRECHO 04",{"$nulls":4},{"$f":"DESAPROPRIAÇÃO!O383","v":0}]
["309+20,00",1.65,0.15,15.06,821.44,"TRECHO 04","309+20,00",1.65,0.15,15.06,821.44,"TRECHO 04","309+20,00",0.35,0.05,3.2,188.43,{"$f":"Q377/O377","v":3768.6},{"$f":"(309-289)*20+20","v":420},"309+20,00",0.12,0.03,1.1000000000000001,51.23,{"$f":"X377/V377","v":1707.6666666666665},"TRECHO 04",null,"309+20,00",0.2,1.31,2.2400000000000002,13.06,2459.64,3624.57,-1164.93,7,"TRECHO 04",{"$f":"GETPIVOTDATA(\"Soma de Total\",COTAS_SINALIZAÇÃO!$AO$70,\"Local\",\"TRECHO 04\")","v":166.32},{"$f":"GETPIVOTDATA(\"Soma de Total\",COTAS_SINALIZAÇÃO!$B$55,\"Local\",\"TRECHO 04\")+GETPIVOTDATA(\"Soma de Total\",COTAS_SINALIZAÇÃO!$AE$71,\"Local\",\"TRECHO 04\")+GETPIVOTDATA(\"Soma de Total\",COTAS_SINALIZAÇÃO!$AX$70,\"Local\",\"TRECHO 04\")","v":1779.64},{"$f":"COTAS_SINALIZAÇÃO!BH79+COTAS_SINALIZAÇÃO!BO50","v":114.604},1,2,null,null,{"$f":"AO377*2+AP377+AQ377+AR377","v":4},null,null,26612.81,"TRECHO 04",14.9,1.4,1.9,null,{"$f":"DESAPROPRIAÇÃO!O384","v":0}]
[{"$nulls":11},{"$f":"F378","v":0},{"$nulls":23},7,{"$nulls":8},0,null,null,null,0,{"$nulls":4},{"$f":"DESAPROPRIAÇÃO!O385","v":0}]
[{"$nulls":11},0,{"$nulls":23},7,{"$nulls":8},0,null,null,null,0,{"$nulls":4},{"$f":"DESAPROPRIAÇÃO!O386","v":0}]
[{"$nulls":11},0,{"$nulls":23},7,{"$nulls":8},0,null,null,null,0,{"$nulls":4},{"$f":"DESAPROPRIAÇÃO!O387","v":0}]
[{"$nulls":11},0,{"$nulls":23},7,{"$nulls":8},0,null,null,null,0,{"$nulls":4},{"$f":"DESAPROPRIAÇÃO!O388","v":0}]
[{"$nulls":11},0,{"$nulls":23},7,{"$nulls":8},0,null,null,null,0,{"$nulls":4},{"$f":"DESAPROPRIAÇÃO!O389","v":0}]
[{"$nulls":11},0,{"$nulls":23},7,{"$nulls":8},0,null,null,null,0,{"$nulls":4},{"$f":"DESAPROPRIAÇÃO!O390","v":0}]
[{"$nulls":11},0,{"$nulls":23},7,{"$nulls":8},0,null,null,null,0,{"$nulls":4},{"$f":"DESAPROPRIAÇÃO!O391","v":0}]
[{"$nulls":11},0,{"$nulls":23},7,{"$nulls":8},0,null,null,null,0,{"$nulls":4},{"$f":"DESAPROPRIAÇÃO!O392","v":0}]
[{"$nulls":11},0,{"$nulls":23},7,{"$nulls":8},{"$f":"AO386*2+AP386+AQ386+AR386","v":0},null,null,null,{"$f":"Z386","v":0},{"$nulls":4},{"$f":"DESAPROPRIAÇÃO!O393","v":0}]
[{"$nulls":11},0,{"$nulls":23},7,{"$nulls":8},0,null,null,null,0,{"$nulls":4},{"$f":"DESAPROPRIAÇÃO!O394","v":0}]
[{"$nulls":11},0,{"$nulls":23},7,{"$nulls":8},0,null,null,null,0,{"$nulls":4},{"$f":"DESAPROPRIAÇÃO!O395","v":0}]
[{"$nulls":11},0,{"$nulls":23},7,{"$nulls":8},0,null,null,null,0,{"$nulls":4},{"$f":"DESAPROPRIAÇÃO!O396","v":0}]
[{"$nulls":11},0,{"$nulls":23},7,{"$nulls":8},0,null,null,null,0,{"$nulls":4},{"$f":"DESAPROPRIAÇÃO!O397","v":0}]
[{"$nulls":11},0,{"$nulls":23},7,{"$nulls":8},0,null,null,null,0,{"$nulls":4},{"$f":"DESAPROPRIAÇÃO!O398","v":0}]
[{"$nulls":11},0,{"$nulls":23},7,{"$nulls":8},0,null,null,null,0,{"$nulls":4},{"$f":"DESAPROPRIAÇÃO!O399","v":0}]
[{"$nulls":11},0,{"$nulls":23},7,{"$nulls":8},0,null,null,null,0,{"$nulls":4},{"$f":"DESAPROPRIAÇÃO!O400","v":0}]
[{"$nulls":11},0,{"$nulls":23},7,{"$nulls":8},0,null,null,null,0,{"$nulls":4},{"$f":"DESAPROPRIAÇÃO!O401","v":0}]
[{"$nulls":11},0,{"$nulls":23},7,{"$nulls":8},0,null,null,null,0,{"$nulls":4},{"$f":"DESAPROPRIAÇÃO!O402","v":0}]
[{"$nulls":11},0,{"$nulls":23},7,{"$nulls":8},0,null,null,null,0,{"$nulls":4},{"$f":"DESAPROPRIAÇÃO!O403","v":0}]
[{"$nulls":11},0,{"$nulls":23},7,{"$nulls":8},0,null,null,null,0,{"$nulls":4},{"$f":"DESAPROPRIAÇÃO!O404","v":0}]
[{"$nulls":11},0,{"$nulls":23},7,{"$nulls":8},0,null,null,null,0,{"$nulls":4},{"$f":"DESAPROPRIAÇÃO!O405","v":0}]
[{"$nulls":11},0,{"$nulls":23},7,{"$nulls":8},0,null,null,null,0,{"$nulls":4},{"$f":"DESAPROPRIAÇÃO!O406","v":0}]
[{"$nulls":11},0,{"$nulls":23},7,{"$nulls":8},0,null,null,null,0,{"$nulls":4},{"$f":"DESAPROPRIAÇÃO!O407","v":0}]
[{"$nulls":11},0,{"$nulls":23},7,{"$nulls":8},0,null,null,null,0,{"$nulls":4},{"$f":"DESAPROPRIAÇÃO!O408","v":0}]
[{"$nulls":11},0,{"$nulls":23},7,{"$nulls":8},0,null,null,null,0,{"$nulls":4},{"$f":"DESAPROPRIAÇÃO!O409","v":0}]
[{"$nulls":11},0,{"$nulls":23},7,{"$nulls":8},0,null,null,null,0,{"$nulls":4},{"$f":"DESAPROPRIAÇÃO!O410","v":0}]
[{"$nulls":11},0,{"$nulls":23},7,{"$nulls":8},0,null,null,null,0,{"$nulls":4},{"$f":"DESAPROPRIAÇÃO!O411","v":0}]
[{"$nulls":11},0,{"$nulls":23},7,{"$nulls":8},0,null,null,null,0,{"$nulls":4},{"$f":"DESAPROPRIAÇÃO!O412","v":0}]
[{"$nulls":11},0,{"$nulls":23},7,{"$nulls":8},0,null,null,null,0,{"$nulls":4},{"$f":"DESAPROPRIAÇÃO!O413","v":0}]
[{"$nulls":11},0,{"$nulls":23},7,{"$nulls":8},0,null,null,null,0,{"$nulls":4},{"$f":"DESAPROPRIAÇÃO!O414","v":0}]
[{"$nulls":11},0,{"$nulls":23},7,{"$nulls":8},0,null,null,null,0,{"$nulls":4},{"$f":"DESAPROPRIAÇÃO!O415","v":0}]
[{"$nulls":11},0,{"$nulls":23},7,{"$nulls":8},0,null,null,null,0,{"$nulls":4},{"$f":"DESAPROPRIAÇÃO!O416","v":0}]
[{"$nulls":11},0,{"$nulls":23},7,{"$nulls":8},0,null,null,null,0,{"$nulls":4},{"$f":"DESAPROPRIAÇÃO!O417","v":0}]
[{"$nulls":11},0,{"$nulls":23},7,{"$nulls":8},0,null,null,null,0,{"$nulls":4},{"$f":"DESAPROPRIAÇÃO!O418","v":0}]
[{"$nulls":11},0,{"$nulls":23},7,{"$nulls":8},0,null,null,null,0,{"$nulls":4},{"$f":"DESAPROPRIAÇÃO!O419","v":0}]
[{"$nulls":11},0,{"$nulls":23},7,{"$nulls":8},0,null,null,null,0,{"$nulls":4},{"$f":"DESAPROPRIAÇÃO!O420","v":0}]
[{"$nulls":11},0,{"$nulls":23},7,{"$nulls":8},0,null,null,null,0,{"$nulls":4},{"$f":"DESAPROPRIAÇÃO!O421","v":0}]
[{"$nulls":11},0,{"$nulls":23},7,{"$nulls":8},0,null,null,null,0,{"$nulls":4},{"$f":"DESAPROPRIAÇÃO!O422","v":0}]
[{"$nulls":11},0,{"$nulls":23},7,{"$nulls":8},0,null,null,null,0,{"$nulls":4},{"$f":"DESAPROPRIAÇÃO!O423","v":0}]
[{"$nulls":11},0,{"$nulls":23},7,{"$nulls":8},0,null,null,null,0,{"$nulls":4},{"$f":"DESAPROPRIAÇÃO!O424","v":0}]
[{"$nulls":11},0,{"$nulls":23},7,{"$nulls":8},0,null,null,null,0,{"$nulls":4},{"$f":"DESAPROPRIAÇÃO!O425","v":0}]
[{"$nulls":11},0,{"$nulls":23},7,{"$nulls":8},0,null,null,null,0,{"$nulls":4},{"$f":"DESAPROPRIAÇÃO!O426","v":0}]
[{"$nulls":11},0,{"$nulls":23},7,{"$nulls":8},0,null,null,null,0,{"$nulls":4},{"$f":"DESAPROPRIAÇÃO!O427","v":0}]
[{"$nulls":11},0,{"$nulls":23},7,{"$nulls":8},0,null,null,null,0,{"$nulls":4},{"$f":"DESAPROPRIAÇÃO!O428","v":0}]
[{"$nulls":11},0,{"$nulls":23},7,{"$nulls":8},0,null,null,null,0,{"$nulls":4},{"$f":"DESAPROPRIAÇÃO!O429","v":0}]
[{"$nulls":11},0,{"$nulls":23},7,{"$nulls":8},0,null,null,null,0,{"$nulls":4},{"$f":"DESAPROPRIAÇÃO!O430","v":0}]
[{"$nulls":11},0,{"$nulls":23},7,{"$nulls":8},0,null,null,null,0,{"$nulls":4},{"$f":"DESAPROPRIAÇÃO!O431","v":0}]
[{"$nulls":11},0,{"$nulls":23},7,{"$nulls":8},0,null,null,null,0,{"$nulls":4},{"$f":"DESAPROPRIAÇÃO!O432","v":0}]
[{"$nulls":11},0,{"$nulls":23},7,{"$nulls":8},0,null,null,null,0,{"$nulls":4},{"$f":"DESAPROPRIAÇÃO!O433","v":0}]
[{"$nulls":11},0,{"$nulls":23},7,{"$nulls":8},0,null,null,null,0,{"$nulls":4},{"$f":"DESAPROPRIAÇÃO!O434","v":0}]
[{"$nulls":11},0,{"$nulls":23},7,{"$nulls":8},0,null,null,null,0,{"$nulls":4},{"$f":"DESAPROPRIAÇÃO!O435","v":0}]
[{"$nulls":11},0,{"$nulls":23},7,{"$nulls":8},0,null,null,null,0,{"$nulls":4},{"$f":"DESAPROPRIAÇÃO!O436","v":0}]
[{"$nulls":11},0,{"$nulls":23},7,{"$nulls":8},0,null,null,null,0,{"$nulls":4},{"$f":"DESAPROPRIAÇÃO!O437","v":0}]
[{"$nulls":11},0,{"$nulls":23},7,{"$nulls":8},0,null,null,null,0,{"$nulls":4},{"$f":"DESAPROPRIAÇÃO!O438","v":0}]
[{"$nulls":11},0,{"$nulls":23},7,{"$nulls":8},0,null,null,null,0,{"$nulls":4},{"$f":"DESAPROPRIAÇÃO!O439","v":0}]
[{"$nulls":11},{"$f":"F433","v":0},{"$nulls":23},7,{"$nulls":8},0,null,null,null,0,{"$nulls":4},{"$f":"DESAPROPRIAÇÃO!O440","v":0}]
[{"$nulls":11},0,{"$nulls":23},7,{"$nulls":8},0,null,null,null,0,{"$nulls":4},{"$f":"DESAPROPRIAÇÃO!O441","v":0}]
[{"$nulls":11},0,{"$nulls":23},7,{"$nulls":8},0,null,null,null,0,{"$nulls":4},{"$f":"DESAPROPRIAÇÃO!O442","v":0}]
[{"$nulls":11},0,{"$nulls":23},7,{"$nulls":8},0,null,null,null,0,{"$nulls":4},{"$f":"DESAPROPRIAÇÃO!O443","v":0}]
[{"$nulls":11},0,{"$nulls":23},7,{"$nulls":8},0,null,null,null,0,{"$nulls":4},{"$f":"DESAPROPRIAÇÃO!O444","v":0}]
[{"$nulls":11},0,{"$nulls":23},7,{"$nulls":8},0,null,null,null,0,{"$nulls":4},{"$f":"DESAPROPRIAÇÃO!O445","v":0}]
[{"$nulls":11},0,{"$nulls":23},7,{"$nulls":8},0,null,null,null,0,{"$nulls":4},{"$f":"DESAPROPRIAÇÃO!O446","v":0}]
[{"$nulls":11},0,{"$nulls":23},7,{"$nulls":8},0,null,null,null,0,{"$nulls":4},{"$f":"DESAPROPRIAÇÃO!O447","v":0}]
[{"$nulls":11},0,{"$nulls":23},7,{"$nulls":8},0,null,null,null,0,{"$nulls":4},{"$f":"DESAPROPRIAÇÃO!O448","v":0}]
[{"$nulls":11},0,{"$nulls":23},7,{"$nulls":8},0,null,null,null,0,{"$nulls":4},{"$f":"DESAPROPRIAÇÃO!O449","v":0}]
[{"$nulls":11},0,{"$nulls":23},7,{"$nulls":8},0,null,null,null,0,{"$nulls":4},{"$f":"DESAPROPRIAÇÃO!O450","v":0}]
[{"$nulls":11},0,{"$nulls":23},7,{"$nulls":8},0,null,null,null,0,{"$nulls":4},{"$f":"DESAPROPRIAÇÃO!O451","v":0}]
[{"$nulls":11},0,{"$nulls":23},7,{"$nulls":8},0,null,null,null,0,{"$nulls":4},{"$f":"DESAPROPRIAÇÃO!O452","v":0}]
[{"$nulls":11},0,{"$nulls":23},7,{"$nulls":8},0,null,null,null,0,{"$nulls":4},{"$f":"DESAPROPRIAÇÃO!O453","v":0}]
[{"$nulls":11},0,{"$nulls":23},7,{"$nulls":8},0,null,null,null,0,{"$nulls":4},{"$f":"DESAPROPRIAÇÃO!O454","v":0}]
[{"$nulls":11},0,{"$nulls":23},7,{"$nulls":8},0,null,null,null,0,{"$nulls":4},{"$f":"DESAPROPRIAÇÃO!O455","v":0}]
[{"$nulls":11},0,{"$nulls":23},7,{"$nulls":8},0,null,null,null,0,{"$nulls":4},{"$f":"DESAPROPRIAÇÃO!O456","v":0}]
[{"$nulls":11},0,{"$nulls":23},7,{"$nulls":8},{"$f":"AO450*2+AP450+AQ450+AR450","v":0},null,null,null,{"$f":"Z450","v":0},{"$nulls":4},{"$f":"DESAPROPRIAÇÃO!O457","v":0}]
[{"$nulls":11},0,{"$nulls":23},7,{"$nulls":8},0,null,null,null,0,{"$nulls":4},{"$f":"DESAPROPRIAÇÃO!O458","v":0}]
[{"$nulls":11},0,{"$nulls":23},7,{"$nulls":8},0,null,null,null,0,{"$nulls":4},{"$f":"DESAPROPRIAÇÃO!O459","v":0}]
[{"$nulls":11},0,{"$nulls":23},7,{"$nulls":8},0,null,null,null,0,{"$nulls":4},{"$f":"DESAPROPRIAÇÃO!O460","v":0}]
[{"$nulls":11},0,{"$nulls":23},7,{"$nulls":8},0,null,null,null,0,{"$nulls":4},{"$f":"DESAPROPRIAÇÃO!O461","v":0}]
[{"$nulls":11},0,{"$nulls":23},7,{"$nulls":8},0,null,null,null,0,{"$nulls":4},{"$f":"DESAPROPRIAÇÃO!O462","v":0}]
[{"$nulls":11},0,{"$nulls":23},7,{"$nulls":8},0,null,null,null,0,{"$nulls":4},{"$f":"DESAPROPRIAÇÃO!O463","v":0}]
[{"$nulls":11},0,{"$nulls":23},7,{"$nulls":8},0,null,null,null,0,{"$nulls":4},{"$f":"DESAPROPRIAÇÃO!O464","v":0}]
[{"$nulls":11},0,{"$nulls":23},7,{"$nulls":8},0,null,null,null,0,{"$nulls":4},{"$f":"DESAPROPRIAÇÃO!O465","v":0}]
[{"$nulls":11},0,{"$nulls":23},7,{"$nulls":8},0,null,null,null,0,{"$nulls":4},{"$f":"DESAPROPRIAÇÃO!O466","v":0}]
[{"$nulls":11},0,{"$nulls":23},7,{"$nulls":8},0,null,null,null,0,{"$nulls":4},{"$f":"DESAPROPRIAÇÃO!O467","v":0}]
[{"$nulls":11},0,{"$nulls":23},7,{"$nulls":8},0,null,null,null,0,{"$nulls":4},{"$f":"DESAPROPRIAÇÃO!O468","v":0}]
[{"$nulls":11},0,{"$nulls":32},0,null,null,null,0,{"$nulls":4},{"$f":"DESAPROPRIAÇÃO!O469","v":0}]
[{"$nulls":11},0,{"$nulls":32},0,null,null,null,0,{"$nulls":4},{"$f":"DESAPROPRIAÇÃO!O470","v":0}]
[{"$nulls":11},0,{"$nulls":32},0,null,null,null,0,{"$nulls":4},{"$f":"DESAPROPRIAÇÃO!O471","v":0}]
[{"$nulls":11},0,{"$nulls":32},0,null,null,null,0,{"$nulls":4},{"$f":"DESAPROPRIAÇÃO!O472","v":0}]
[{"$nulls":11},0,{"$nulls":32},0,null,null,null,0,{"$nulls":4},{"$f":"DESAPROPRIAÇÃO!O473","v":0}]
[{"$nulls":11},0,{"$nulls":32},0,null,null,null,0,{"$nulls":4},{"$f":"DESAPROPRIAÇÃO!O474","v":0}]
[{"$nulls":11},0,{"$nulls":32},0,null,null,null,0,{"$nulls":4},{"$f":"DESAPROPRIAÇÃO!O475","v":0}]
[{"$nulls":11},0,{"$nulls":32},0,null,null,null,0,{"$nulls":4},{"$f":"DESAPROPRIAÇÃO!O476","v":0}]
[{"$nulls":11},0,{"$nulls":32},0,null,null,null,0,{"$nulls":4},{"$f":"DESAPROPRIAÇÃO!O477","v":0}]
[{"$nulls":11},0,{"$nulls":32},0,null,null,null,0,{"$nulls":4},{"$f":"DESAPROPRIAÇÃO!O478","v":0}]
[{"$nulls":11},0,{"$nulls":32},0,null,null,null,0,{"$nulls":4},{"$f":"DESAPROPRIAÇÃO!O479","v":0}]
[{"$nulls":11},0,{"$nulls":32},0,null,null,null,0,{"$nulls":4},{"$f":"DESAPROPRIAÇÃO!O480","v":0}]
[{"$nulls":11},0,{"$nulls":32},0,null,null,null,0,{"$nulls":4},{"$f":"DESAPROPRIAÇÃO!O481","v":0}]
[{"$nulls":11},0,{"$nulls":32},0,null,null,null,0,{"$nulls":4},{"$f":"DESAPROPRIAÇÃO!O482","v":0}]
[{"$nulls":11},0,{"$nulls":32},0,null,null,null,0,{"$nulls":4},{"$f":"DESAPROPRIAÇÃO!O483","v":0}]
[{"$nulls":11},0,{"$nulls":32},0,null,null,null,0,{"$nulls":4},{"$f":"DESAPROPRIAÇÃO!O484","v":0}]
[{"$nulls":11},0,{"$nulls":32},0,null,null,null,0,{"$nulls":4},{"$f":"DESAPROPRIAÇÃO!O485","v":0}]
[{"$nulls":11},0,{"$nulls":32},0,null,null,null,0,{"$nulls":4},{"$f":"DESAPROPRIAÇÃO!O486","v":0}]
[{"$nulls":11},0,{"$nulls":32},0,null,null,null,0,{"$nulls":4},{"$f":"DESAPROPRIAÇÃO!O487","v":0}]
[{"$nulls":11},0,{"$nulls":32},0,null,null,null,0,{"$nulls":4},{"$f":"DESAPROPRIAÇÃO!O488","v":0}]
[{"$nulls":11},0,{"$nulls":32},0,null,null,null,0,{"$nulls":4},{"$f":"DESAPROPRIAÇÃO!O489","v":0}]
[{"$nulls":11},0,{"$nulls":32},0,null,null,null,0,{"$nulls":4},{"$f":"DESAPROPRIAÇÃO!O490","v":0}]
[{"$nulls":11},0,{"$nulls":32},0,null,null,null,0,{"$nulls":4},{"$f":"DESAPROPRIAÇÃO!O491","v":0}]
[{"$nulls":11},0,{"$nulls":32},0,null,null,null,0,{"$nulls":4},{"$f":"DESAPROPRIAÇÃO!O492","v":0}]
[{"$nulls":11},0,{"$nulls":32},0,null,null,null,0,{"$nulls":4},{"$f":"DESAPROPRIAÇÃO!O493","v":0}]
[{"$nulls":11},0,{"$nulls":32},0,null,null,null,0,{"$nulls":4},{"$f":"DESAPROPRIAÇÃO!O494","v":0}]
[{"$nulls":11},0,{"$nulls":32},0,null,null,null,0,{"$nulls":4},{"$f":"DESAPROPRIAÇÃO!O495","v":0}]
[{"$nulls":11},0,{"$nulls":32},0,null,null,null,0,{"$nulls":4},{"$f":"DESAPROPRIAÇÃO!O496","v":0}]

{"sheet":"BASE DE DADOS DRENAGEM","index":37,"n_rows":92,"n_cols":34,"rows_kept":92,"cut":false,"hidden":false,"merged":[]}
[{"$nulls":4},{"$f":"SUBTOTAL(9,E3:E92)","v":355.80000000000007},{"$f":"SUBTOTAL(9,F3:F92)","v":1771.2599999999998},{"$f":"SUBTOTAL(9,G3:G92)","v":265.68899999999996},29.890012499999997,0,6,30,6,0,2,2,3,91.61,23,23,13,2,16,3,1,155,563,84,19,1987.61,971.6,264.69,3.1]
["Local","Estaca","Área de\r\nMeio Fio \r\n(m²)","Volume \r\nMeio fio \r\n(m³)","Volume\r\nAcumulado\r\nMeio Fio (m³)","Comprimento Meio fio (m)","COMPACTAÇÃO MANUAL (m³)","ATERRO MANUAL (m³)","Local2","Quant. BSTC 800 (Und)","Quant. BSTC 1000 (Und)","Quant. BDTC 1000 (Und)","Quant. BTTC 1000 (Und)","Quant. BTTC 1500 (Und)","Quant. BTCC 3,0 x3,0 (Und)","Quant. PVI (Und)","Quant. DAR 40-20 (m)","Quant. DED 02-A (Und)","Quant. EDA 01-A (Und)","Quant. EDA 01-B (Und)2","Quant. DEB 240-316 (Und)","Quant. DEB 300-366 (Und)","Quant. DEB 300-551 (Und)","Quant. DEB 450-956 (Und)","COMP. TUBO DE 0,80 (m)","COMP. Tubo de 1,00 (m)","COMP. Tubo de 1,50 (m)","COMP. CORPO 3,0 X 3,0 alt 0,90 (m)","Escavação tubulação (m³)","Aterro Tubulação (m³)","Lastro Tubulação(m³)","MEIO FIO A DESCONT. EDA 01 B (m)","COMP. DPS02","QUANT. BSD 01"]
["AP 010-020","8+0,00",4.2000000000000003E-2,0,0,null,{"$f":"F3*0.5*0.3","v":0},{"$f":"F3*(0.15*0.225/2)","v":0},"AP-010"]
["AP 010-020","9+0,00",4.2000000000000003E-2,0.84,0.84,null,{"$f":"F4*0.5*0.3","v":0},{"$f":"F4*(0.15*0.225/2)","v":0},"AP-010"]
["AP 010-020","10+0,00",4.2000000000000003E-2,0.84,1.68,null,0,0,"AP-010"]
["AP 010-020","11+0,00",4.2000000000000003E-2,0.84,2.52,null,0,0,"AP-010"]
["AP 010-020","12+0,00",4.2000000000000003E-2,0.84,3.36,null,0,0,"AP-010"]
["AP 010-020","13+0,00",4.2000000000000003E-2,0.84,4.2,null,0,0,"AP-010"]
["AP 010-020","14+0,00",4.2000000000000003E-2,0.84,5.04,{"$f":"E9/C9-AF9","v":120},{"$f":"F9*0.5*0.3","v":18},2.0250000000000004,"AP-010",null,2,{"$nulls":5},2.13,1,1,null,null,1,null,null,null,39,null,null,34.54,21.26,12.79]
["Trecho 01","Estaca","Área de\r\nMeio Fio \r\n(m²)","Volume \r\nMeio fio \r\n(m³)","Volume\r\nAcumulado\r\nMeio Fio (m³)",null,0,0,"Trecho 01"]
["Trecho 01","31+0,00",4.2000000000000003E-2,0,0,null,0,0,"Trecho 01"]
["Trecho 01","32+0,00",4.2000000000000003E-2,0.84,0.84,null,0,0,"Trecho 01"]
["Trecho 01","33+0,00",4.2000000000000003E-2,0.84,1.68,{"$f":"E13/C13-AF13","v":36.899999999999991},{"$f":"F13*0.5*0.3","v":5.5349999999999984},0.62268749999999995,"Trecho 01",4,14,6,null,2,2,2,58.9,16,16,8,1,8,3,1,101,{"$f":"162+211","v":373},84,19,1641.05,708.48,187.25,3.1,{"$f":"'DRENAGEM_PROF. EQUIPAMENTOS'!K91","v":1341.15},{"$f":"'DRENAGEM_PROF. EQUIPAMENTOS'!L91","v":24}]
["Trecho 01","Estaca","Área de\r\nMeio Fio \r\n(m²)","Volume \r\nMeio fio \r\n(m³)","Volume\r\nAcumulado\r\nMeio Fio (m³)",null,0,0,"Trecho 01"]
["Trecho 01","35+0,00",4.2000000000000003E-2,0,0,null,0,0,"Trecho 01"]
["Trecho 01","36+0,00",4.2000000000000003E-2,0.84,0.84,null,0,0,"Trecho 01"]
["Trecho 01","37+0,00",4.2000000000000003E-2,0.84,1.68,null,0,0,"Trecho 01"]
["Trecho 01","38+0,00",4.2000000000000003E-2,0.84,2.52,{"$f":"E18/C18","v":60},{"$f":"F18*0.5*0.3","v":9},1.0125000000000002,"Trecho 01"]
["Trecho 01","Estaca","Área de\r\nMeio Fio \r\n(m²)","Volume \r\nMeio fio \r\n(m³)","Volume\r\nAcumulado\r\nMeio Fio (m³)",null,0,0,"Trecho 01"]
["Trecho 01","40+0,00",4.2000000000000003E-2,0,0,null,0,0,"Trecho 01"]
["Trecho 01","41+0,00",4.2000000000000003E-2,0.84,0.42,null,0,0,"Trecho 01"]
["Trecho 01","42+0,00",4.2000000000000003E-2,0.76,1.6,null,0,0,"Trecho 01"]
["Trecho 01","42+20,00",4.2000000000000003E-2,0.81,2.41,{"$f":"E23/C23","v":57.38095238095238},8.6071428571428559,0.96830357142857149,"Trecho 01"]
["Trecho 01","Estaca","Área de\r\nMeio Fio \r\n(m²)","Volume \r\nMeio fio \r\n(m³)","Volume\r\nAcumulado\r\nMeio Fio (m³)",null,0,0,"Trecho 01"]
["Trecho 01","64+0,00",4.2000000000000003E-2,0,0,null,0,0,"Trecho 01"]
["Trecho 01","65+0,00",4.2000000000000003E-2,0.79,0.79,null,0,0,"Trecho 01"]
["Trecho 01","66+0,00",4.2000000000000003E-2,0.84,1.63,null,0,0,"Trecho 01"]
["Trecho 01","67+0,00",4.2000000000000003E-2,1.26,2.89,null,0,0,"Trecho 01"]
["Trecho 01","68+0,00",4.2000000000000003E-2,1.68,4.57,null,0,0,"Trecho 01"]
["Trecho 01","69+0,00",4.2000000000000003E-2,1.68,6.25,null,0,0,"Trecho 01"]
["Trecho 01","70+0,00",4.2000000000000003E-2,1.68,7.93,null,0,0,"Trecho 01"]
["Trecho 01","71+0,00",4.2000000000000003E-2,1.68,9.61,null,0,0,"Trecho 01"]
["Trecho 01","72+0,00",4.2000000000000003E-2,1.68,11.29,null,0,0,"Trecho 01"]
["Trecho 01","73+0,00",4.2000000000000003E-2,1.68,12.97,null,0,0,"Trecho 01"]
["Trecho 01","74+0,00",4.2000000000000003E-2,1.26,14.23,null,0,0,"Trecho 01"]
["Trecho 01","75+0,00",4.2000000000000003E-2,0.84,15.07,null,0,0,"Trecho 01"]
["Trecho 01","76+0,00",4.2000000000000003E-2,0.85,15.92,null,0,0,"Trecho 01"]
["Trecho 01","77+0,00",4.2000000000000003E-2,0.82,16.739999999999998,null,0,0,"Trecho 01"]
["Trecho 01","78+0,00",4.2000000000000003E-2,0.82,17.559999999999999,null,0,0,"Trecho 01"]
["Trecho 01","79+0,00",4.2000000000000003E-2,0.83,18.39,null,0,0,"Trecho 01"]
["Trecho 01","80+0,00",4.2000000000000003E-2,0.84,19.23,null,0,0,"Trecho 01"]
["Trecho 01","80+20,00",4.2000000000000003E-2,0.84,20.07,{"$f":"E42/C42","v":477.85714285714283},71.678571428571416,8.0638392857142858,"Trecho 01"]
["Trecho 01","Rotatória 01",null,null,null,{"$f":"3.52+3.28+3.28+3.04","v":13.120000000000001},1.968,0.22140000000000004,"Trecho 01"]
["Trecho 01","Estaca","Área de\r\nMeio Fio \r\n(m²)","Volume \r\nMeio fio \r\n(m³)","Volume\r\nAcumulado\r\nMeio Fio (m³)",null,0,0,"Trecho 01"]
["Trecho 01","107+0,00",4.2000000000000003E-2,0,0,null,0,0,"Trecho 01"]
["Trecho 01","108+0,00",4.2000000000000003E-2,1.68,{"$f":"D46","v":1.68},null,0,0,"Trecho 01"]
["Trecho 01","109+0,00",4.2000000000000003E-2,1.68,{"$f":"D47+E46","v":3.36},null,0,0,"Trecho 01"]
["Trecho 01","110+0,00",4.2000000000000003E-2,1.68,{"$f":"D48+E47","v":5.04},{"$f":"E48/C48","v":120},18,2.0250000000000004,"Trecho 01"]
["Trecho 01","Estaca","Área de\r\nMeio Fio \r\n(m²)","Volume \r\nMeio fio \r\n(m³)","Volume\r\nAcumulado\r\nMeio Fio (m³)",null,0,0,"Trecho 01"]
["Trecho 01","142+0,00",4.2000000000000003E-2,0,0,null,0,0,"Trecho 01"]
["Trecho 01","143+0,00",4.2000000000000003E-2,1.68,1.68,null,0,0,"Trecho 01"]
["Trecho 01","144+0,00",4.2000000000000003E-2,1.68,3.36,null,0,0,"Trecho 01"]
["Trecho 01","145+0,00",4.2000000000000003E-2,1.68,5.04,null,0,0,"Trecho 01"]
["Trecho 01","145+20,00",4.2000000000000003E-2,1.26,5.88,{"$f":"E54/C54","v":140},21,2.3625000000000003,"Trecho 01"]
["Trecho 01","Rotatória 02",null,null,null,{"$f":"3.52+3.28+3.28+3.04","v":13.120000000000001},1.968,0.22140000000000004,"Trecho 01"]
["Trecho 01","Estaca","Área de\r\nMeio Fio \r\n(m²)","Volume \r\nMeio fio \r\n(m³)","Volume\r\nAcumulado\r\nMeio Fio (m³)",null,0,0,"Trecho 01"]
["Trecho 01","177+0,00",4.2000000000000003E-2,0,0,null,0,0,"Trecho 01"]
["Trecho 01","178+0,00",4.2000000000000003E-2,1.68,{"$f":"D58","v":1.68},null,0,0,"Trecho 01"]
["Trecho 01","179+0,00",4.2000000000000003E-2,1.68,{"$f":"D59+E58","v":3.36},null,0,0,"Trecho 01"]
["Trecho 01","180+0,00",4.2000000000000003E-2,1.68,{"$f":"D60+E59","v":5.04},null,0,0,"Trecho 01"]
["Trecho 01","180+20,00",4.2000000000000003E-2,1.68,{"$f":"D61+E60","v":6.72},{"$f":"E61/C61","v":159.99999999999997},23.999999999999996,2.6999999999999997,"Trecho 01"]
["Trecho 02","Estaca","Área de\r\nMeio Fio \r\n(m²)","Volume \r\nMeio fio \r\n(m³)","Volume\r\nAcumulado\r\nMeio Fio (m³)",null,0,0,"Trecho 02"]
["Trecho 02","197+0,00",4.2000000000000003E-2,0,0,null,0,0,"Trecho 02"]
["Trecho 02","198+0,00",4.2000000000000003E-2,1.68,1.68,null,0,0,"Trecho 02"]
["Trecho 02","199+0,00",4.2000000000000003E-2,1.68,3.36,null,0,0,"Trecho 02"]
["Trecho 02","200+0,00",4.2000000000000003E-2,1.68,5.04,null,0,0,"Trecho 02"]
["Trecho 02","201+0,00",4.2000000000000003E-2,1.68,6.72,null,0,0,"Trecho 02"]
["Trecho 02","202+0,00",4.2000000000000003E-2,1.68,8.4,null,{"$f":"F68*0.5*0.3","v":0},{"$f":"F68*(0.15*0.225/2)","v":0},"Trecho 02"]
["Trecho 02","202+20,00",4.2000000000000003E-2,1.68,10.08,{"$f":"E69/C69","v":240},36,4.0500000000000007,"Trecho 02",2,7,{"$nulls":4},1,22.57,4,4,4,1,3,null,null,54,74,null,null,194.5,151.65,39.39]
["Trecho 02","Estaca","Área de\r\nMeio Fio \r\n(m²)","Volume \r\nMeio fio \r\n(m³)","Volume\r\nAcumulado\r\nMeio Fio (m³)",null,0,0,"Trecho 02"]
["Trecho 02","235+0,00",4.2000000000000003E-2,0,0,null,0,0,"Trecho 02"]
["Trecho 02","236+0,00",4.2000000000000003E-2,0.84,{"$f":"D72","v":0.84},null,0,0,"Trecho 02"]
["Trecho 02","237+0,00",4.2000000000000003E-2,0.84,{"$f":"D73+E72","v":1.68},null,0,0,"Trecho 02"]
["Trecho 02","238+0,00",4.2000000000000003E-2,0.84,{"$f":"D74+E73","v":2.52},null,0,0,"Trecho 02"]
["Trecho 02","239+0,00",4.2000000000000003E-2,0.84,3.36,null,0,0,"Trecho 02"]
["Trecho 02","240+0,00",4.2000000000000003E-2,0.84,4.2,null,0,0,"Trecho 02"]
["Trecho 02","241+0,00",4.2000000000000003E-2,0.84,5.04,null,0,0,"Trecho 02"]
["Trecho 02","242+0,00",4.2000000000000003E-2,0.84,5.88,null,0,0,"Trecho 02"]
["Trecho 02","243+0,00",4.2000000000000003E-2,0.84,6.72,null,0,0,"Trecho 02"]
["Trecho 02","244+0,00",4.2000000000000003E-2,0.81,7.5299999999999994,{"$f":"E80/C80","v":179.28571428571425},26.892857142857135,3.0254464285714282,"Trecho 02"]
["Trecho 02","Rotatória 03",null,null,null,{"$f":"3.52+3.28+3.28+3.04","v":13.120000000000001},1.968,0.22140000000000004,"Trecho 02"]
["Trecho 03","Estaca","Área de\r\nMeio Fio \r\n(m²)","Volume \r\nMeio fio \r\n(m³)","Volume\r\nAcumulado\r\nMeio Fio (m³)",null,0,0,"Trecho 03"]
["Trecho 03","274+0,00",4.2000000000000003E-2,0,0,null,0,0,"Trecho 03"]
["Trecho 03","275+0,00",4.2000000000000003E-2,0.84,0.84,null,0,0,"Trecho 03"]
["Trecho 03","275+20,00",4.2000000000000003E-2,0.84,{"$f":"D85+E84","v":1.68},{"$f":"E85/C85","v":39.999999999999993},5.9999999999999991,0.67499999999999993,"Trecho 03",null,5,{"$nulls":5},3.45,1,1,null,null,3,null,null,null,51,null,null,77.44,59.36,16.73]
["Trecho 04","Estaca","Área de\r\nMeio Fio \r\n(m²)","Volume \r\nMeio fio \r\n(m³)","Volume\r\nAcumulado\r\nMeio Fio (m³)",null,0,0,"Trecho 04"]
["Trecho 04","299+0,00",4.2000000000000003E-2,0,0,null,0,0,"Trecho 04"]
["Trecho 04","300+0,00",4.2000000000000003E-2,0.84,{"$f":"D88","v":0.84},null,0,0,"Trecho 04"]
["Trecho 04","301+0,00",4.2000000000000003E-2,0.84,{"$f":"D89+E88","v":1.68},null,0,0,"Trecho 04"]
["Trecho 04","302+0,00",4.2000000000000003E-2,0.84,{"$f":"D90+E89","v":2.52},null,0,0,"Trecho 04"]
["Trecho 04","303+0,00",4.2000000000000003E-2,0.84,{"$f":"D91+E90","v":3.36},null,0,0,"Trecho 04"]
["Trecho 04","304+0,00",4.2000000000000003E-2,0.86,{"$f":"D92+E91","v":4.22},{"$f":"E92/C92","v":100.47619047619047},15.071428571428569,1.6955357142857141,"Trecho 04",null,2,{"$nulls":5},4.5599999999999996,1,1,1,null,1,null,null,null,26,null,null,40.08,30.85,8.5299999999999994]

{"sheet":"BASE DE DADOS ILUMINAÇÃO","index":38,"n_rows":50,"n_cols":5,"rows_kept":50,"cut":false,"hidden":false,"merged":[]}
["Item","Trecho","Serviço","Materiais","Quant."]
[null,"TRECHO 01","SUBESTAÇÃO","Poste de concreto armado duplo T ","Existente"]
[" 10.2.1 ","TRECHO 01","SUBESTAÇÃO","Alça dupla preformada de distribuição",2]
[" 10.2.2 ","TRECHO 01","SUBESTAÇÃO","Isolador do tipo pilar NBI 110KV",2]
[" 10.2.3 ","TRECHO 01","SUBESTAÇÃO","Pino de isolador",2]
[" 10.2.4 ","TRECHO 01","SUBESTAÇÃO","Cruzeta de concreto de 2400mm",2]
[" 10.2.5 ","TRECHO 01","SUBESTAÇÃO","Parafuso de cabeça quadrada Ø16mm",4]
[" 10.2.6 ","TRECHO 01","SUBESTAÇÃO","Sela para cruzeta",2]
[" 10.2.7 ","TRECHO 01","SUBESTAÇÃO","Parafuso cabeça abaulada de Ø16x150mm ",10]
[" 10.2.8 ","TRECHO 01","SUBESTAÇÃO","Arruela quadrada de Ø18x38mm",30]
[" 10.2.9 ","TRECHO 01","SUBESTAÇÃO","Mão francesa plana 619mm",4]
[" 10.2.10 ","TRECHO 01","SUBESTAÇÃO","Parafuso cabeça quadrada de Ø16x125mm",4]
[" 10.2.11 ","TRECHO 01","SUBESTAÇÃO","Parafuso de cabeça abaulada de Ø16x45mm",10]
[" 10.2.12 ","TRECHO 01","SUBESTAÇÃO","Parafuso de cabeça quadrada de Ø16mm (tirante) ",2]
[" 10.2.13 ","TRECHO 01","SUBESTAÇÃO","Porca quadrada de 24mm - rosca M16x2\"",20]
[" 10.2.14 ","TRECHO 01","SUBESTAÇÃO","Pára-raios de distribuição",2]
[" 10.2.15 ","TRECHO 01","SUBESTAÇÃO","Conector a compressão ou paralelo",4]
[" 10.2.16 ","TRECHO 01","SUBESTAÇÃO","Cabo de alumínio 2AWG ",10]
[" 10.2.17 ","TRECHO 01","SUBESTAÇÃO","Condutor de cobre nú 16mm² ",12]
[" 10.2.18 ","TRECHO 01","SUBESTAÇÃO","Conector tipo parafuso fendido de bronze ",2]
[" 10.2.19 ","TRECHO 01","SUBESTAÇÃO","Condutor de cobre nú 50mm² ",5]
[" 10.2.20 ","TRECHO 01","SUBESTAÇÃO","Haste de aço cobreada ",3]
[" 10.2.21 ","TRECHO 01","SUBESTAÇÃO","Chave fusível de distribuição 100A 15kV ",2]
[null,"TRECHO 01","SUBESTAÇÃO","Porta-fusível de distribuição ",2]
[" 10.2.22 ","TRECHO 01","SUBESTAÇÃO","Transformador trifásico 45kVA ",1]
[" 10.2.23 ","TRECHO 01","SUBESTAÇÃO","Suporte de transformador para poste duplo T ",2]
[" 10.2.24 ","TRECHO 01","SUBESTAÇÃO","Armação secundária ",2]
[" 10.2.25 ","TRECHO 01","SUBESTAÇÃO","Isolador roldana ",4]
[" 10.2.26 ","TRECHO 01","SUBESTAÇÃO","Conector paralelo para cbo de 50mm² ",8]
[" 10.2.27 ","TRECHO 01","SUBESTAÇÃO","Condutor de cobre isolado 50mm² ",15]
[" 10.2.28 ","TRECHO 01","SUBESTAÇÃO","Eletroduto de ferro galvanizado 3\" ",10]
[" 10.2.29 ","TRECHO 01","SUBESTAÇÃO","Curva 135º ou cabeçote 3\" ",1]
[" 10.2.30 ","TRECHO 01","SUBESTAÇÃO","Caixa de medição padrão CEA para medição indireta ",1]
[" 10.2.31 ","TRECHO 02","SUBESTAÇÃO","ELETRICISTA COM ENCARGOS COMPLEMENTARES",16]
[" 10.2.32 ","TRECHO 03","SUBESTAÇÃO","ELETROTÉCNICO COM ENCARGOS COMPLEMENTARES",16]
[" 10.2.33 ","TRECHO 04","SUBESTAÇÃO","SERVENTE COM ENCARGOS COMPLEMENTARES",16]
[" 10.3.1 ","TRECHO 01","ILUMINAÇÃO","Poste em concreto duplo T 12m",158]
[" 10.3.2 ","TRECHO 01","ILUMINAÇÃO","Assentamento de Poste",158]
[" 10.3.3 ","TRECHO 01","ILUMINAÇÃO","Poste em concreto Circular 12m ",3]
[" 10.3.4 ","TRECHO 01","ILUMINAÇÃO","Assentamento de Poste",3]
[" 10.3.6 ","TRECHO 01","ILUMINAÇÃO","Isolador tipo roldana ",161]
[" 10.3.7 ","TRECHO 01","ILUMINAÇÃO","Conector de derivação perfurante 120mm ",340]
[" 10.3.8 ","TRECHO 01","ILUMINAÇÃO","Cinta de suporte luminária ",340]
[" 10.3.9 ","TRECHO 01","ILUMINAÇÃO","Luminária LED para iluminação pública 200W ",170]
[" 10.3.10 ","TRECHO 01","ILUMINAÇÃO","Braço de iluminação pública em aço galvanizado 1,50m",170]
[" 10.3.11 ","TRECHO 01","ILUMINAÇÃO","Relé fotoelétrico resistivo 2 funções, 1000W, 220V ",170]
[" 10.3.12 ","TRECHO 01","ILUMINAÇÃO","Haste de aterramento 5/8\" x 2,40m ",32]
[" 10.3.13 ","TRECHO 01","ILUMINAÇÃO","Caixa de inspeção de aterramento circular d= 30cm ",32]
[" 10.3.14 ","TRECHO 01","ILUMINAÇÃO","Cabo de cobre isolado 470/750V 6mm² ",1405]
[" 10.3.15 ","TRECHO 01","ILUMINAÇÃO","Cabo de alumínio multiplexado quadruplex 4x120mm² ",6150]

{"sheet":"RESUMO","index":39,"n_rows":24,"n_cols":15,"rows_kept":24,"cut":false,"hidden":false,"merged":[[0,1,1,14],[2,7,2,8],[2,9,2,14],[11,1,11,3],[2,6,3,6],[2,4,3,4],[2,2,2,3],[2,1,3,1],[2,5,3,5]]}
[null,"QUADRO DE QUANTIDADES"]
[]
[null,"DIMENSIONAMENTO","ESTACA",null,"COMPRIMENTO (m)","PISTA DE ROLAMENTO COMP. (m)","PISTA DE ACOSTAMENTO COMP. (m)","ÁREA (m²)",null," VOLUME (m³)"]
[null,null,"INICIAL ","FINAL",null,null,null,"Pista de Rolamento","Acostamento ","Corte","Aterro"," Base"," SubBase","Pista de Rolamento  CBUQ","Acostamento CBUQ"]
[null,"Ramal A - Trecho 01","0+17,50","3+10,17",{"$f":"3*20+10.17-17.5","v":52.67},7,2,{"$f":"'Consolidado Pavimentação'!B16","v":476.4},{"$f":"'Consolidado Pavimentação'!C16","v":213},{"$f":"'Consolidado Pavimentação'!D16","v":397.09999999999997},{"$f":"'Consolidado Pavimentação'!E16","v":56.989999999999995},{"$f":"'Consolidado Pavimentação'!F16","v":103.4},{"$f":"'Consolidado Pavimentação'!G16","v":103.4},{"$f":"'Consolidado Pavimentação'!H16","v":23.81},{"$f":"'Consolidado Pavimentação'!I16","v":6.3900000000000006}]
[null,"Ramal B - Trecho 02","0+17,52","3+10,41",{"$f":"(3-0)*20+10.41-17.52","v":52.89},7,2,{"$f":"'Consolidado Pavimentação'!B17","v":495.4},{"$f":"'Consolidado Pavimentação'!C17","v":217},{"$f":"'Consolidado Pavimentação'!D17","v":1047.67},{"$f":"'Consolidado Pavimentação'!E17","v":0},{"$f":"'Consolidado Pavimentação'!F17","v":106.86000000000001},{"$f":"'Consolidado Pavimentação'!G17","v":106.86000000000001},{"$f":"'Consolidado Pavimentação'!H17","v":24.770000000000003},{"$f":"'Consolidado Pavimentação'!I17","v":6.52}]
[null,"AP-010","2+0,37","14+4,39",244.02,7,2,{"$f":"'Consolidado Pavimentação'!B18","v":3529.3999999999996},{"$f":"'Consolidado Pavimentação'!C18","v":942.00000000000011},{"$f":"'Consolidado Pavimentação'!D18","v":264.65999999999991},{"$f":"'Consolidado Pavimentação'!E18","v":2581.7099999999996},{"$f":"'Consolidado Pavimentação'!F18","v":445.96},{"$f":"'Consolidado Pavimentação'!G18","v":445.96},{"$f":"'Consolidado Pavimentação'!H18","v":176.47},{"$f":"'Consolidado Pavimentação'!I18","v":28.269999999999996}]
[null,"Ramal da Totoia -Trecho 01","1+0,00","191+9,91",{"$f":"(191-1)*20+9.91","v":3809.91},7,2,{"$f":"'Consolidado Pavimentação'!B19","v":35309.399999999994},{"$f":"'Consolidado Pavimentação'!C19","v":15070.666666666666},{"$f":"'Consolidado Pavimentação'!D19","v":9519.5700000000033},{"$f":"'Consolidado Pavimentação'!E19","v":30761.63},{"$f":"'Consolidado Pavimentação'!F19","v":7556.9800000000014},{"$f":"'Consolidado Pavimentação'!G19","v":7556.9700000000021},{"$f":"'Consolidado Pavimentação'!H19","v":1765.4500000000007},{"$f":"'Consolidado Pavimentação'!I19","v":452.14999999999884}]
[null,"Ramal da Totoia -Trecho 02","192+14,49","264+17,00",{"$f":"(264-192)*20+17-14.49","v":1442.51},7,2,{"$f":"'Consolidado Pavimentação'!B20","v":13403.8},{"$f":"'Consolidado Pavimentação'!C20","v":5867},{"$f":"'Consolidado Pavimentação'!D20","v":6332.2200000000021},{"$f":"'Consolidado Pavimentação'!E20","v":7991.9000000000005},{"$f":"'Consolidado Pavimentação'!F20","v":2890.5999999999995},{"$f":"'Consolidado Pavimentação'!G20","v":2890.5999999999995},{"$f":"'Consolidado Pavimentação'!H20","v":670.16000000000031},{"$f":"'Consolidado Pavimentação'!I20","v":176.02000000000021}]
[null,"Ramal da Totoia -Trecho 03","265+14,50","288+7,00",{"$f":"(288-265)*20+7-14.5","v":452.5},7,2,{"$f":"'Consolidado Pavimentação'!B21","v":4969.9999999999991},{"$f":"'Consolidado Pavimentação'!C21","v":1777.6666666666665},{"$f":"'Consolidado Pavimentação'!D21","v":1703.03},{"$f":"'Consolidado Pavimentação'!E21","v":2821.8699999999994},{"$f":"'Consolidado Pavimentação'!F21","v":1012.1499999999997},{"$f":"'Consolidado Pavimentação'!G21","v":1012.1499999999997},{"$f":"'Consolidado Pavimentação'!H21","v":248.49999999999997},{"$f":"'Consolidado Pavimentação'!I21","v":53.329999999999991}]
[null,"Ramal da Totoia -Trecho 04","289+0",310,{"$f":"(309-289)*20+20","v":420},7,2,{"$f":"'Consolidado Pavimentação'!B22","v":3768.6},{"$f":"'Consolidado Pavimentação'!C22","v":1707.6666666666665},{"$f":"'Consolidado Pavimentação'!D22","v":2459.6399999999994},{"$f":"'Consolidado Pavimentação'!E22","v":3624.5499999999997},{"$f":"'Consolidado Pavimentação'!F22","v":821.43000000000006},{"$f":"'Consolidado Pavimentação'!G22","v":821.43000000000006},{"$f":"'Consolidado Pavimentação'!H22","v":188.43},{"$f":"'Consolidado Pavimentação'!I22","v":51.239999999999981}]
[null,"TOTAL",null,null,{"$f":"SUM(E5:E11)","v":6474.5},7,2,{"$f":"SUM(H5:H11)","v":61952.999999999993},{"$f":"SUM(I5:I11)","v":25795},21723.890000000003,47838.650000000009,12937.38,12937.37,3097.5900000000006,773.91999999999905]
{"$rows_empty":11}
[{"$nulls":6},{"$f":"13*30","v":390}]

{"sheet":"Planilha4","index":40,"n_rows":20,"n_cols":14,"rows_kept":20,"cut":false,"hidden":true,"merged":[[2,1,2,2],[2,3,2,4],[1,10,1,11],[1,6,1,7],[1,12,1,13]]}
[{"$nulls":5},{"$f":"SUBTOTAL(9,F4:F24)","v":6454.61},null,null,{"$f":"SUBTOTAL(9,I4:I24)","v":0.8500000000000002},0.51000000000000023,45182.27,25818.44,2259.1135000000004,774.55319999999995]
[{"$nulls":6},"Largura",null,"Espessura",null,"ÁREA",null,"Volume"]
["Rua","Estaca inicial",null,"Estaca Final",null,"Comprimento","PAV","ACOST","PAV","ACOST","PAV","ACOST","PAV","ACOST"]
["AP 010-020",2,0.37,14,4.3899999999999997,{"$f":"(D4-B4)*20+(E4-C4)","v":244.02},7,2,0.05,0.03,{"$f":"F4*G4","v":1708.14},{"$f":"F4*H4*2","v":976.08},{"$f":"K4*I4","v":85.407000000000011},{"$f":"J4*L4","v":29.282399999999999}]
["Trecho 01",1,0,7,0,{"$f":"(D5-B5)*20+(E5-C5)","v":120},7,2,0.05,0.03,840,480,{"$f":"K5*I5","v":42},{"$f":"J5*L5","v":14.399999999999999}]
["Trecho 01",7,0,40,0,{"$f":"(D6-B6)*20+(E6-C6)","v":660},7,2,0.05,0.03,4620,2640,231,79.2]
["Trecho 01",40,0,91,4.0199999999999996,1024.02,7,2,0.05,0.03,7168.1399999999994,4096.08,358.40699999999998,122.88239999999999]
["Trecho 01",91,4.0199999999999996,98,4.3499999999999996,140.33000000000001,7,2,0.05,0.03,982.31000000000006,561.32000000000005,49.115500000000004,16.839600000000001]
["Trecho 01",98,4.3499999999999996,103,13.98,109.63,7,2,0.05,0.03,767.41,438.52,38.3705,13.1556]
["Trecho 01",104,13.96,168,12.57,1278.6099999999999,7,2,0.05,0.03,8950.2699999999986,5114.4399999999996,447.51349999999996,153.43319999999997]
["Trecho 01",168,12.57,175,13.57,141,7,2,0.05,0.03,987,564,49.35,16.919999999999998]
["Trecho 01",175,13.57,191,10,316.43,7,2,0.05,0.03,2215.0100000000002,1265.72,110.75050000000002,37.971600000000002]
["RAMAL A",0,17.5,3,10.17,52.67,7,2,0.05,0.03,368.69,210.68,18.4345,6.3204000000000002]
["Trecho 02",192,14.49,257,5.05,1290.56,7,2,0.05,0.03,9033.92,5162.24,451.69600000000003,154.8672]
["Trecho 02",257,5.05,264,5.38,140.33000000000001,7,2,0.05,0.03,982.31000000000006,561.32000000000005,49.115500000000004,16.839600000000001]
["Trecho 02",264,5.38,264,17,11.620000000000001,7,2,0.05,0.03,81.34,46.480000000000004,4.0670000000000002,1.3944000000000001]
["RAMAL B",0,17.52,3,10.41,52.89,7,2,0.05,0.03,370.23,211.56,18.511500000000002,6.3468]
["Trecho 03",265,14.5,268,7,52.5,7,2,0.05,0.03,367.5,210,18.375,6.3]
["Trecho 03",268,7,288,7,400,7,2,0.05,0.03,2800,1600,140,48]
["Trecho 04",289,0,309,20,420,7,2,0.05,0.03,2940,1680,147,50.4]

{"sheet":"DESAPROPRIAÇÃO","index":41,"n_rows":38,"n_cols":22,"rows_kept":38,"cut":false,"hidden":false,"merged":[[0,0,0,13],[0,14,0,15],[0,16,0,17]]}
["DESAPROPRIAÇÃO - EDIFICAÇÃO",{"$nulls":13},"ÁREA DE DEMOLIÇÃO",null,"VOLUME DE DEMOLIÇÃO"]
["Descrição","Área (m²)","Tipo de Construção","Pé Direito","Área Total","Padrão Adotado","VU - Vida Útil","Idade do Imóvel","IR em % da VU","Depreciação","CUB/CUF","Avaliação do Imóvel","Classificação","Valor Total Edificação (R$)","ALVENARIA","MADEIRA","ALVENARIA","MADEIRA"]
["Casa 01",109.4,"Alvenaria",3,{"$f":"B3","v":109.4},"RP1Q",65,12,{"$f":"((H3*100)/G3)/100","v":0.1846153846153846},0.57599999999999996,{"$f":"2237.98","v":2237.98},"Mau","g",{"$f":"(E3*K3)-(E3*K3)*J3","v":103810.04508800001},{"$f":"IFERROR(INDEX(C3:N3, MATCH(\"Alvenaria\", C3:N3, 0) + 2), 0)","v":109.4},{"$f":"(IFERROR(INDEX(D3:O3, MATCH(\"Mista\", D3:O3, 0) + 2), 0))/2","v":0},{"$f":"O3*D3/3","v":109.40000000000002},{"$f":"P3*D3/5","v":0}]
["Casa 02",48.79,"Mista",7,{"$f":"B4*2","v":97.58},"RP1Q",55,12,{"$f":"((H4*100)/G4)/100","v":0.21818181818181817},0.42199999999999999,{"$f":"2237.98*0.5+1324.3*0.5","v":1781.1399999999999},"Deficiente","f",{"$f":"(E4*K4)-(E4*K4)*J4","v":100458.50461359999},{"$f":"(IFERROR(INDEX(C4:N4, MATCH(\"Mista\", C4:N4, 0) + 2), 0))/2","v":48.79},{"$f":"(IFERROR(INDEX(C4:N4, MATCH(\"Mista\", C4:N4, 0) + 2), 0))/2","v":48.79},{"$f":"O4*D4/3","v":113.84333333333332},{"$f":"P4*D4/5","v":68.305999999999997}]
["Casa 03",133.91999999999999,"Alvenaria",3,{"$f":"B5","v":133.91999999999999},"RP1Q",65,5,7.6923076923076927E-2,0.121,{"$f":"2237.98","v":2237.98},"Intermediário","d",263445.33752639999,{"$f":"IFERROR(INDEX(C5:N5, MATCH(\"Alvenaria\", C5:N5, 0) + 2), 0)","v":133.91999999999999},{"$f":"(IFERROR(INDEX(D5:O5, MATCH(\"Mista\", D5:O5, 0) + 2), 0))/2","v":0},{"$f":"O5*D5/3","v":133.91999999999999},0]
["Casa 04",88.64,"Alvenaria",3,88.64,"RP1Q",65,8,0.12307692307692308,0.377,{"$f":"2237.98","v":2237.98},"Deficiente","f",123587.3429056,{"$f":"IFERROR(INDEX(C6:N6, MATCH(\"Alvenaria\", C6:N6, 0) + 2), 0)","v":88.64},{"$f":"(IFERROR(INDEX(D6:O6, MATCH(\"Mista\", D6:O6, 0) + 2), 0))/2","v":0},{"$f":"O6*D6/3","v":88.64},0]
["Casa 05",49.9,"Madeira",3,49.9,"HSM",45,7,{"$f":"((H7*100)/G7)/100","v":0.15555555555555556},0.56999999999999995,1324.3,"Mau","g",{"$f":"(E7*K7)-(E7*K7)*J7","v":28415.505100000002},{"$f":"(IFERROR(INDEX(C7:N7, MATCH(\"Mista\", C7:N7, 0) + 2), 0))/2","v":0},{"$f":"IFERROR(INDEX(C7:N7, MATCH(\"madeira\", C7:N7, 0) + 2), 0)","v":49.9},0,29.939999999999998]
["Casa 06",85.9,"Madeira",3,85.9,"HSM",45,6,{"$f":"((H8*100)/G8)/100","v":0.13333333333333333},0.77200000000000002,1324.3,"Muito Mau","h",{"$f":"(E8*K8)-(E8*K8)*J8","v":25936.680359999998},{"$f":"(IFERROR(INDEX(C8:N8, MATCH(\"Mista\", C8:N8, 0) + 2), 0))/2","v":0},{"$f":"IFERROR(INDEX(C8:N8, MATCH(\"madeira\", C8:N8, 0) + 2), 0)","v":85.9},0,51.540000000000006]
["Casa 07",97.51,"Madeira",3,97.51,"HSM",45,5,0.1111111111111111,0.55800000000000005,1324.3,"Mau","g",57076.561905999988,{"$f":"(IFERROR(INDEX(C9:N9, MATCH(\"Mista\", C9:N9, 0) + 2), 0))/2","v":0},{"$f":"IFERROR(INDEX(C9:N9, MATCH(\"madeira\", C9:N9, 0) + 2), 0)","v":97.51},0,58.506000000000007]
["Casa 08",152.4,"Madeira",3,152.4,"HSM",45,6,0.13333333333333333,0.56399999999999995,1324.3,"Mau","g",87994.96752000002,{"$f":"(IFERROR(INDEX(C10:N10, MATCH(\"Mista\", C10:N10, 0) + 2), 0))/2","v":0},{"$f":"IFERROR(INDEX(C10:N10, MATCH(\"madeira\", C10:N10, 0) + 2), 0)","v":152.4},0,91.440000000000012]
["Casa 09",104.87,"Madeira",3,104.87,"HSM",45,4,8.8888888888888892E-2,0.36099999999999999,1324.3,"Deficiente","f",88743.898899000022,{"$f":"(IFERROR(INDEX(C11:N11, MATCH(\"Mista\", C11:N11, 0) + 2), 0))/2","v":0},{"$f":"IFERROR(INDEX(C11:N11, MATCH(\"madeira\", C11:N11, 0) + 2), 0)","v":104.87},0,62.922000000000004]
["Casa 10",35.47,"Madeira",3,35.47,"HSM",45,12,0.26666666666666666,0.79300000000000004,1324.3,"Muito Mau","h",9723.3946469999937,{"$f":"(IFERROR(INDEX(C12:N12, MATCH(\"Mista\", C12:N12, 0) + 2), 0))/2","v":0},{"$f":"IFERROR(INDEX(C12:N12, MATCH(\"madeira\", C12:N12, 0) + 2), 0)","v":35.47},0,21.282]
["Casa 11",55.24,"Madeira",3,55.24,"HSM",45,8,0.17777777777777778,0.57599999999999996,1324.3,"Mau","g",31017.436768,{"$f":"(IFERROR(INDEX(C13:N13, MATCH(\"Mista\", C13:N13, 0) + 2), 0))/2","v":0},{"$f":"IFERROR(INDEX(C13:N13, MATCH(\"madeira\", C13:N13, 0) + 2), 0)","v":55.24},0,33.143999999999998]
["Casa 12",66.05,"Madeira",3,66.05,"HSM",45,2,4.4444444444444446E-2,0.75700000000000001,1324.3,"Muito Mau","h",21255.213644999996,{"$f":"(IFERROR(INDEX(C14:N14, MATCH(\"Mista\", C14:N14, 0) + 2), 0))/2","v":0},{"$f":"IFERROR(INDEX(C14:N14, MATCH(\"madeira\", C14:N14, 0) + 2), 0)","v":66.05},0,39.629999999999995]
["Casa 13",66.63,"Madeira",4,66.63,"HSM",45,8,0.17777777777777778,0.40300000000000002,1324.3,"Deficiente","f",52678.151072999994,{"$f":"(IFERROR(INDEX(C15:N15, MATCH(\"Mista\", C15:N15, 0) + 2), 0))/2","v":0},{"$f":"IFERROR(INDEX(C15:N15, MATCH(\"madeira\", C15:N15, 0) + 2), 0)","v":66.63},0,53.303999999999995]
["Casa 14",94.71,"Mista",3,94.71,"RP1Q",55,5,9.0909090909090912E-2,0.36899999999999999,{"$f":"2237.98*0.5+1324.3*0.5","v":1781.1399999999999},"Deficiente","f",106444.5064914,{"$f":"(IFERROR(INDEX(C16:N16, MATCH(\"Mista\", C16:N16, 0) + 2), 0))/2","v":47.354999999999997},{"$f":"(IFERROR(INDEX(C16:N16, MATCH(\"Mista\", C16:N16, 0) + 2), 0))/2","v":47.354999999999997},47.354999999999997,28.413]
["Casa 15",315.57,"Alvenaria",8,315.57,"RP1Q",65,12,0.1846153846153846,0.26800000000000002,{"$f":"2237.98","v":2237.98},"Regular","e",516967.20317520003,{"$f":"IFERROR(INDEX(C17:N17, MATCH(\"Alvenaria\", C17:N17, 0) + 2), 0)","v":315.57},{"$f":"IFERROR(INDEX(C17:N17, MATCH(\"madeira\", C17:N17, 0) + 2), 0)","v":0},841.52,0]
["Casa 16",196.91,"Mista",3,196.91,"RP1Q",55,8,0.14545454545454545,0.56399999999999995,{"$f":"2237.98*0.5+1324.3*0.5","v":1781.1399999999999},"Mau","g",152915.7849464,{"$f":"(IFERROR(INDEX(C18:N18, MATCH(\"Mista\", C18:N18, 0) + 2), 0))/2","v":98.454999999999998},{"$f":"(IFERROR(INDEX(C18:N18, MATCH(\"Mista\", C18:N18, 0) + 2), 0))/2","v":98.454999999999998},98.454999999999998,59.073]
["Casa 17",111.25,"Mista",3,111.25,"RP1Q",55,8,0.14545454545454545,0.38500000000000001,{"$f":"2237.98*0.5+1324.3*0.5","v":1781.1399999999999},"Deficiente","f",121863.37237499999,{"$f":"(IFERROR(INDEX(C19:N19, MATCH(\"Mista\", C19:N19, 0) + 2), 0))/2","v":55.625},{"$f":"(IFERROR(INDEX(C19:N19, MATCH(\"Mista\", C19:N19, 0) + 2), 0))/2","v":55.625},55.625,33.375]
["Casa 18",146.85,"Mista",6,146.85,"RP1Q",55,8,0.14545454545454545,0.56399999999999995,{"$f":"2237.98*0.5+1324.3*0.5","v":1781.1399999999999},"Mau","g",114040.33832400001,{"$f":"(IFERROR(INDEX(C20:N20, MATCH(\"Mista\", C20:N20, 0) + 2), 0))/2","v":73.424999999999997},{"$f":"(IFERROR(INDEX(C20:N20, MATCH(\"Mista\", C20:N20, 0) + 2), 0))/2","v":73.424999999999997},146.85,88.109999999999985]
["Casa 19",170.85,"Alvenaria",3,170.85,"RP1Q",65,2,3.0769230769230771E-2,0.34599999999999997,{"$f":"2237.98","v":2237.98},"Deficiente","f",250062.70948200001,{"$f":"IFERROR(INDEX(C21:N21, MATCH(\"Alvenaria\", C21:N21, 0) + 2), 0)","v":170.85},{"$f":"IFERROR(INDEX(C21:N21, MATCH(\"madeira\", C21:N21, 0) + 2), 0)","v":0},170.85,0]
["Casa 20",75.900000000000006,"Madeira",3,75.900000000000006,"HSM",45,8,0.17777777777777778,0.57599999999999996,1324.3,"Mau","g",42618.092880000011,{"$f":"(IFERROR(INDEX(C22:N22, MATCH(\"Mista\", C22:N22, 0) + 2), 0))/2","v":0},{"$f":"IFERROR(INDEX(C22:N22, MATCH(\"madeira\", C22:N22, 0) + 2), 0)","v":75.900000000000006},0,45.540000000000006]
["Casa 21",42.56,"Madeira",3,42.56,"HSM",45,6,0.13333333333333333,0.56399999999999995,1324.3,"Mau","g",24573.922688000002,{"$f":"(IFERROR(INDEX(C23:N23, MATCH(\"Mista\", C23:N23, 0) + 2), 0))/2","v":0},{"$f":"IFERROR(INDEX(C23:N23, MATCH(\"madeira\", C23:N23, 0) + 2), 0)","v":42.56},0,25.536000000000001]
["Casa 22",57.49,"Madeira",3,57.49,"HSM",45,8,0.17777777777777778,0.57599999999999996,1324.3,"Mau","g",32280.818968,{"$f":"(IFERROR(INDEX(C24:N24, MATCH(\"Mista\", C24:N24, 0) + 2), 0))/2","v":0},{"$f":"IFERROR(INDEX(C24:N24, MATCH(\"madeira\", C24:N24, 0) + 2), 0)","v":57.49},0,34.494]
["Casa 23",63.71,"Madeira",3,63.71,"HSM",45,8,0.17777777777777778,0.77800000000000002,1324.3,"Muito Mau","h",18730.395965999996,{"$f":"(IFERROR(INDEX(C25:N25, MATCH(\"Mista\", C25:N25, 0) + 2), 0))/2","v":0},{"$f":"IFERROR(INDEX(C25:N25, MATCH(\"madeira\", C25:N25, 0) + 2), 0)","v":63.71},0,38.225999999999999]
["Casa 24",240.06,"Alvenaria",3,240.06,"RP1Q",65,8,0.12307692307692308,0.377,{"$f":"2237.98","v":2237.98},"Deficiente","f",334706.42529240006,{"$f":"IFERROR(INDEX(C26:N26, MATCH(\"Alvenaria\", C26:N26, 0) + 2), 0)","v":240.06},{"$f":"IFERROR(INDEX(C26:N26, MATCH(\"madeira\", C26:N26, 0) + 2), 0)","v":0},240.06000000000003,0]
["Casa 25",60.35,"Alvenaria",3,60.35,"RP1Q",65,6,9.2307692307692299E-2,0.22600000000000001,{"$f":"2237.98","v":2237.98},"Regular","e",104538.05998199999,{"$f":"IFERROR(INDEX(C27:N27, MATCH(\"Alvenaria\", C27:N27, 0) + 2), 0)","v":60.35},{"$f":"IFERROR(INDEX(C27:N27, MATCH(\"madeira\", C27:N27, 0) + 2), 0)","v":0},60.35,0]
["Casa 26 ",78.56,"Alvenaria",3,78.56,"RP1Q",65,2,3.0769230769230771E-2,0.53600000000000003,{"$f":"2237.98","v":2237.98},"Mau","g",81578.488883199985,{"$f":"IFERROR(INDEX(C28:N28, MATCH(\"Alvenaria\", C28:N28, 0) + 2), 0)","v":78.56},{"$f":"IFERROR(INDEX(C28:N28, MATCH(\"madeira\", C28:N28, 0) + 2), 0)","v":0},78.56,0]
["Casa 27",257.39999999999998,"Alvenaria",3,257.39999999999998,"RP1Q",65,8,0.12307692307692308,0.23599999999999999,{"$f":"2237.98","v":2237.98},"Regular","e",440106.82372799993,{"$f":"IFERROR(INDEX(C29:N29, MATCH(\"Alvenaria\", C29:N29, 0) + 2), 0)","v":257.39999999999998},{"$f":"IFERROR(INDEX(C29:N29, MATCH(\"madeira\", C29:N29, 0) + 2), 0)","v":0},257.39999999999998,0]
["Casa 28",59.24,"Madeira",3,59.24,"HSM",45,2,4.4444444444444446E-2,0.754,1324.3,"Muito Mau","h",19299.076871999998,{"$f":"IFERROR(INDEX(C30:N30, MATCH(\"Alvenaria\", C30:N30, 0) + 2), 0)","v":0},{"$f":"IFERROR(INDEX(C30:N30, MATCH(\"madeira\", C30:N30, 0) + 2), 0)","v":59.24},0,35.543999999999997]
[{"$nulls":13},{"$f":"SUM(N3:N30)","v":3354869.0601051999},{"$f":"SUM(O3:O30)","v":1778.3999999999996},{"$f":"SUM(P3:P30)","v":1336.5200000000002},{"$f":"SUM(Q3:Q30)","v":2442.8283333333329},{"$f":"SUM(R3:R30)","v":898.32499999999993}]
[]
[]
[]
[]
[]
[]
[{"$nulls":15},270.5,959.81,{"$f":"Q38*P38","v":259628.60499999998},{"$f":"227694.28","v":227694.28},{"$f":"R38-S38","v":31934.324999999983},{"$f":"T38/Q38","v":33.271506860732835},{"$f":"U38/P38","v":0.12300002536315281}]

{"sheet":"ANP ESTADO","index":42,"n_rows":112736,"n_cols":4,"rows_kept":4500,"cut":true,"hidden":false,"merged":[[4,0,4,3],[4,7,4,13]],"bounds":{"rows_first":2000,"rows_last":500,"rows_between":2000,"halvings":0}}
["                       Agência Nacional do Petróleo, Gás Natural e Biocombustíveis"]
["                       Superintendência de Defesa da Concorrência"]
[]
[]
["PREÇO MÉDIO MENSAL PONDERADO PRATICADO PELOS DISTRIBUIDORES DE PRODUTOS ASFÁLTICOS (R$/KG)"]
[]
["Importante:","Quando não houver declaração de venda do produto selecionado, ou quando a declaração de venda do produto ocorrer por menos de 03 (três) distribuidoras, a tabela indicará campo vazio."]
["Mês","Produto","Estado","Preço"]
["2013-01-01","ASFALTOS DILUÍDOS CM-30","Acre","-"]
["2013-01-01","ASFALTOS DILUÍDOS CM-30","Alagoas","-"]
["2013-01-01","ASFALTOS DILUÍDOS CM-30","Amapá","-"]
["2013-01-01","ASFALTOS DILUÍDOS CM-30","Amazonas",1.4535270214060187]
["2013-01-01","ASFALTOS DILUÍDOS CM-30","Bahia",1.4640441420517516]
["2013-01-01","ASFALTOS DILUÍDOS CM-30","Ceará",1.4479979339846571]
["2013-01-01","ASFALTOS DILUÍDOS CM-30","Distrito Federal","-"]
["2013-01-01","ASFALTOS DILUÍDOS CM-30","Espírito Santo","-"]
["2013-01-01","ASFALTOS DILUÍDOS CM-30","Goiás",1.6863830648778011]
["2013-01-01","ASFALTOS DILUÍDOS CM-30","Maranhão","-"]
["2013-01-01","ASFALTOS DILUÍDOS CM-30","Mato Grosso","-"]
["2013-01-01","ASFALTOS DILUÍDOS CM-30","Mato Grosso do Sul","-"]
["2013-01-01","ASFALTOS DILUÍDOS CM-30","Minas Gerais",1.4511061136949568]
["2013-01-01","ASFALTOS DILUÍDOS CM-30","Pará","-"]
["2013-01-01","ASFALTOS DILUÍDOS CM-30","Paraíba","-"]
["2013-01-01","ASFALTOS DILUÍDOS CM-30","Paraná",1.5201250313327568]
["2013-01-01","ASFALTOS DILUÍDOS CM-30","Pernambuco","-"]
["2013-01-01","ASFALTOS DILUÍDOS CM-30","Piauí","-"]
["2013-01-01","ASFALTOS DILUÍDOS CM-30","Rio de Janeiro",1.3304751064278189]
["2013-01-01","ASFALTOS DILUÍDOS CM-30","Rio Grande do Norte","-"]
["2013-01-01","ASFALTOS DILUÍDOS CM-30","Rio Grande do Sul",1.5986110742416622]
["2013-01-01","ASFALTOS DILUÍDOS CM-30","Rondônia","-"]
["2013-01-01","ASFALTOS DILUÍDOS CM-30","Roraima","-"]
["2013-01-01","ASFALTOS DILUÍDOS CM-30","Santa Catarina","-"]
["2013-01-01","ASFALTOS DILUÍDOS CM-30","São Paulo",1.4710084232194318]
["2013-01-01","ASFALTOS DILUÍDOS CM-30","Sergipe","-"]
["2013-01-01","ASFALTOS DILUÍDOS CM-30","Tocantins","-"]
["2013-02-01","ASFALTOS DILUÍDOS CM-30","Acre","-"]
["2013-02-01","ASFALTOS DILUÍDOS CM-30","Alagoas","-"]
["2013-02-01","ASFALTOS DILUÍDOS CM-30","Amapá","-"]
["2013-02-01","ASFALTOS DILUÍDOS CM-30","Amazonas",1.4855781787830731]
["2013-02-01","ASFALTOS DILUÍDOS CM-30","Bahia",1.4570141012974054]
["2013-02-01","ASFALTOS DILUÍDOS CM-30","Ceará",1.4131923360976373]
["2013-02-01","ASFALTOS DILUÍDOS CM-30","Distrito Federal","-"]
["2013-02-01","ASFALTOS DILUÍDOS CM-30","Espírito Santo","-"]
["2013-02-01","ASFALTOS DILUÍDOS CM-30","Goiás",1.6674597105953242]
["2013-02-01","ASFALTOS DILUÍDOS CM-30","Maranhão","-"]
["2013-02-01","ASFALTOS DILUÍDOS CM-30","Mato Grosso","-"]
["2013-02-01","ASFALTOS DILUÍDOS CM-30","Mato Grosso do Sul","-"]
["2013-02-01","ASFALTOS DILUÍDOS CM-30","Minas Gerais",1.4521211168848078]
["2013-02-01","ASFALTOS DILUÍDOS CM-30","Pará","-"]
["2013-02-01","ASFALTOS DILUÍDOS CM-30","Paraíba","-"]
["2013-02-01","ASFALTOS DILUÍDOS CM-30","Paraná",1.4937831726234798]
["2013-02-01","ASFALTOS DILUÍDOS CM-30","Pernambuco","-"]
["2013-02-01","ASFALTOS DILUÍDOS CM-30","Piauí","-"]
["2013-02-01","ASFALTOS DILUÍDOS CM-30","Rio de Janeiro",1.4182349010292952]
["2013-02-01","ASFALTOS DILUÍDOS CM-30","Rio Grande do Norte","-"]
["2013-02-01","ASFALTOS DILUÍDOS CM-30","Rio Grande do Sul",1.4358617819236099]
["2013-02-01","ASFALTOS DILUÍDOS CM-30","Rondônia","-"]
["2013-02-01","ASFALTOS DILUÍDOS CM-30","Roraima","-"]
["2013-02-01","ASFALTOS DILUÍDOS CM-30","Santa Catarina","-"]
["2013-02-01","ASFALTOS DILUÍDOS CM-30","São Paulo",1.4341902042953412]
["2013-02-01","ASFALTOS DILUÍDOS CM-30","Sergipe","-"]
["2013-02-01","ASFALTOS DILUÍDOS CM-30","Tocantins","-"]
["2013-03-01","ASFALTOS DILUÍDOS CM-30","Acre","-"]
["2013-03-01","ASFALTOS DILUÍDOS CM-30","Alagoas","-"]
["2013-03-01","ASFALTOS DILUÍDOS CM-30","Amapá","-"]
["2013-03-01","ASFALTOS DILUÍDOS CM-30","Amazonas",1.5079239205862709]
["2013-03-01","ASFALTOS DILUÍDOS CM-30","Bahia",1.4494403251178087]
["2013-03-01","ASFALTOS DILUÍDOS CM-30","Ceará",1.4016074852948124]
["2013-03-01","ASFALTOS DILUÍDOS CM-30","Distrito Federal","-"]
["2013-03-01","ASFALTOS DILUÍDOS CM-30","Espírito Santo","-"]
["2013-03-01","ASFALTOS DILUÍDOS CM-30","Goiás",1.6617587007265764]
["2013-03-01","ASFALTOS DILUÍDOS CM-30","Maranhão","-"]
["2013-03-01","ASFALTOS DILUÍDOS CM-30","Mato Grosso","-"]
["2013-03-01","ASFALTOS DILUÍDOS CM-30","Mato Grosso do Sul","-"]
["2013-03-01","ASFALTOS DILUÍDOS CM-30","Minas Gerais",1.4432433296645579]
["2013-03-01","ASFALTOS DILUÍDOS CM-30","Pará","-"]
["2013-03-01","ASFALTOS DILUÍDOS CM-30","Paraíba","-"]
["2013-03-01","ASFALTOS DILUÍDOS CM-30","Paraná",1.4689959959501271]
["2013-03-01","ASFALTOS DILUÍDOS CM-30","Pernambuco","-"]
["2013-03-01","ASFALTOS DILUÍDOS CM-30","Piauí","-"]
["2013-03-01","ASFALTOS DILUÍDOS CM-30","Rio de Janeiro",1.4380555738810545]
["2013-03-01","ASFALTOS DILUÍDOS CM-30","Rio Grande do Norte","-"]
["2013-03-01","ASFALTOS DILUÍDOS CM-30","Rio Grande do Sul",1.5814258782658748]
["2013-03-01","ASFALTOS DILUÍDOS CM-30","Rondônia","-"]
["2013-03-01","ASFALTOS DILUÍDOS CM-30","Roraima","-"]
["2013-03-01","ASFALTOS DILUÍDOS CM-30","Santa Catarina","-"]
["2013-03-01","ASFALTOS DILUÍDOS CM-30","São Paulo",1.4660617024058002]
["2013-03-01","ASFALTOS DILUÍDOS CM-30","Sergipe","-"]
["2013-03-01","ASFALTOS DILUÍDOS CM-30","Tocantins","-"]
["2013-04-01","ASFALTOS DILUÍDOS CM-30","Acre","-"]
["2013-04-01","ASFALTOS DILUÍDOS CM-30","Alagoas","-"]
["2013-04-01","ASFALTOS DILUÍDOS CM-30","Amapá","-"]
["2013-04-01","ASFALTOS DILUÍDOS CM-30","Amazonas",1.4847966561231034]
["2013-04-01","ASFALTOS DILUÍDOS CM-30","Bahia",1.454836546307112]
["2013-04-01","ASFALTOS DILUÍDOS CM-30","Ceará",1.3870739617974539]
["2013-04-01","ASFALTOS DILUÍDOS CM-30","Distrito Federal","-"]
["2013-04-01","ASFALTOS DILUÍDOS CM-30","Espírito Santo","-"]
["2013-04-01","ASFALTOS DILUÍDOS CM-30","Goiás",1.6734818355604775]
["2013-04-01","ASFALTOS DILUÍDOS CM-30","Maranhão","-"]
["2013-04-01","ASFALTOS DILUÍDOS CM-30","Mato Grosso",1.9219384218389803]
["2013-04-01","ASFALTOS DILUÍDOS CM-30","Mato Grosso do Sul","-"]
["2013-04-01","ASFALTOS DILUÍDOS CM-30","Minas Gerais",1.4565566827656029]
["2013-04-01","ASFALTOS DILUÍDOS CM-30","Pará","-"]
["2013-04-01","ASFALTOS DILUÍDOS CM-30","Paraíba","-"]
["2013-04-01","ASFALTOS DILUÍDOS CM-30","Paraná",1.5344194983914978]
["2013-04-01","ASFALTOS DILUÍDOS CM-30","Pernambuco","-"]
["2013-04-01","ASFALTOS DILUÍDOS CM-30","Piauí","-"]
["2013-04-01","ASFALTOS DILUÍDOS CM-30","Rio de Janeiro",1.4184195161224069]
["2013-04-01","ASFALTOS DILUÍDOS CM-30","Rio Grande do Norte","-"]
["2013-04-01","ASFALTOS DILUÍDOS CM-30","Rio Grande do Sul",1.572582456389797]
["2013-04-01","ASFALTOS DILUÍDOS CM-30","Rondônia","-"]
["2013-04-01","ASFALTOS DILUÍDOS CM-30","Roraima","-"]
["2013-04-01","ASFALTOS DILUÍDOS CM-30","Santa Catarina","-"]
["2013-04-01","ASFALTOS DILUÍDOS CM-30","São Paulo",1.4757643482956038]
["2013-04-01","ASFALTOS DILUÍDOS CM-30","Sergipe","-"]
["2013-04-01","ASFALTOS DILUÍDOS CM-30","Tocantins","-"]
["2013-05-01","ASFALTOS DILUÍDOS CM-30","Acre","-"]
["2013-05-01","ASFALTOS DILUÍDOS CM-30","Alagoas","-"]
["2013-05-01","ASFALTOS DILUÍDOS CM-30","Amapá","-"]
["2013-05-01","ASFALTOS DILUÍDOS CM-30","Amazonas","-"]
["2013-05-01","ASFALTOS DILUÍDOS CM-30","Bahia",1.4925874242145125]
["2013-05-01","ASFALTOS DILUÍDOS CM-30","Ceará",1.3762630205188797]
["2013-05-01","ASFALTOS DILUÍDOS CM-30","Distrito Federal","-"]
["2013-05-01","ASFALTOS DILUÍDOS CM-30","Espírito Santo","-"]
["2013-05-01","ASFALTOS DILUÍDOS CM-30","Goiás",1.6682148189524701]
["2013-05-01","ASFALTOS DILUÍDOS CM-30","Maranhão","-"]
["2013-05-01","ASFALTOS DILUÍDOS CM-30","Mato Grosso",1.9030981590145519]
["2013-05-01","ASFALTOS DILUÍDOS CM-30","Mato Grosso do Sul","-"]
["2013-05-01","ASFALTOS DILUÍDOS CM-30","Minas Gerais",1.4647097164454981]
["2013-05-01","ASFALTOS DILUÍDOS CM-30","Pará","-"]
["2013-05-01","ASFALTOS DILUÍDOS CM-30","Paraíba","-"]
["2013-05-01","ASFALTOS DILUÍDOS CM-30","Paraná",1.4890278492054516]
["2013-05-01","ASFALTOS DILUÍDOS CM-30","Pernambuco","-"]
["2013-05-01","ASFALTOS DILUÍDOS CM-30","Piauí","-"]
["2013-05-01","ASFALTOS DILUÍDOS CM-30","Rio de Janeiro",1.3992560478193556]
["2013-05-01","ASFALTOS DILUÍDOS CM-30","Rio Grande do Norte","-"]
["2013-05-01","ASFALTOS DILUÍDOS CM-30","Rio Grande do Sul",1.5396369613878009]
["2013-05-01","ASFALTOS DILUÍDOS CM-30","Rondônia","-"]
["2013-05-01","ASFALTOS DILUÍDOS CM-30","Roraima","-"]
["2013-05-01","ASFALTOS DILUÍDOS CM-30","Santa Catarina","-"]
["2013-05-01","ASFALTOS DILUÍDOS CM-30","São Paulo",1.4512159364340786]
["2013-05-01","ASFALTOS DILUÍDOS CM-30","Sergipe","-"]
["2013-05-01","ASFALTOS DILUÍDOS CM-30","Tocantins","-"]
["2013-06-01","ASFALTOS DILUÍDOS CM-30","Acre","-"]
["2013-06-01","ASFALTOS DILUÍDOS CM-30","Alagoas","-"]
["2013-06-01","ASFALTOS DILUÍDOS CM-30","Amapá","-"]
["2013-06-01","ASFALTOS DILUÍDOS CM-30","Amazonas",1.5863258175048849]
["2013-06-01","ASFALTOS DILUÍDOS CM-30","Bahia",1.448129069812556]
["2013-06-01","ASFALTOS DILUÍDOS CM-30","Ceará",1.3827009885251489]
["2013-06-01","ASFALTOS DILUÍDOS CM-30","Distrito Federal","-"]
["2013-06-01","ASFALTOS DILUÍDOS CM-30","Espírito Santo","-"]
["2013-06-01","ASFALTOS DILUÍDOS CM-30","Goiás",1.6996138671289776]
["2013-06-01","ASFALTOS DILUÍDOS CM-30","Maranhão","-"]
["2013-06-01","ASFALTOS DILUÍDOS CM-30","Mato Grosso",1.9159756577927578]
["2013-06-01","ASFALTOS DILUÍDOS CM-30","Mato Grosso do Sul","-"]
["2013-06-01","ASFALTOS DILUÍDOS CM-30","Minas Gerais",1.4753668962896909]
["2013-06-01","ASFALTOS DILUÍDOS CM-30","Pará","-"]
["2013-06-01","ASFALTOS DILUÍDOS CM-30","Paraíba","-"]
["2013-06-01","ASFALTOS DILUÍDOS CM-30","Paraná",1.4321669740385425]
["2013-06-01","ASFALTOS DILUÍDOS CM-30","Pernambuco","-"]
["2013-06-01","ASFALTOS DILUÍDOS CM-30","Piauí","-"]
["2013-06-01","ASFALTOS DILUÍDOS CM-30","Rio de Janeiro",1.5274202263737213]
["2013-06-01","ASFALTOS DILUÍDOS CM-30","Rio Grande do Norte","-"]
["2013-06-01","ASFALTOS DILUÍDOS CM-30","Rio Grande do Sul",1.5986834901348475]
["2013-06-01","ASFALTOS DILUÍDOS CM-30","Rondônia","-"]
["2013-06-01","ASFALTOS DILUÍDOS CM-30","Roraima","-"]
["2013-06-01","ASFALTOS DILUÍDOS CM-30","Santa Catarina","-"]
["2013-06-01","ASFALTOS DILUÍDOS CM-30","São Paulo",1.4327481873578112]
["2013-06-01","ASFALTOS DILUÍDOS CM-30","Sergipe","-"]
["2013-06-01","ASFALTOS DILUÍDOS CM-30","Tocantins","-"]
["2013-07-01","ASFALTOS DILUÍDOS CM-30","Acre","-"]
["2013-07-01","ASFALTOS DILUÍDOS CM-30","Alagoas","-"]
["2013-07-01","ASFALTOS DILUÍDOS CM-30","Amapá","-"]
["2013-07-01","ASFALTOS DILUÍDOS CM-30","Amazonas",1.5098909307114052]
["2013-07-01","ASFALTOS DILUÍDOS CM-30","Bahia",1.4361500161396077]
["2013-07-01","ASFALTOS DILUÍDOS CM-30","Ceará",1.4248358446083929]
["2013-07-01","ASFALTOS DILUÍDOS CM-30","Distrito Federal","-"]
["2013-07-01","ASFALTOS DILUÍDOS CM-30","Espírito Santo","-"]
["2013-07-01","ASFALTOS DILUÍDOS CM-30","Goiás",1.6637784537782818]
["2013-07-01","ASFALTOS DILUÍDOS CM-30","Maranhão","-"]
["2013-07-01","ASFALTOS DILUÍDOS CM-30","Mato Grosso",1.9305895506226753]
["2013-07-01","ASFALTOS DILUÍDOS CM-30","Mato Grosso do Sul","-"]
["2013-07-01","ASFALTOS DILUÍDOS CM-30","Minas Gerais",1.4765723524617482]
["2013-07-01","ASFALTOS DILUÍDOS CM-30","Pará","-"]
["2013-07-01","ASFALTOS DILUÍDOS CM-30","Paraíba","-"]
["2013-07-01","ASFALTOS DILUÍDOS CM-30","Paraná",1.4771672738531896]
["2013-07-01","ASFALTOS DILUÍDOS CM-30","Pernambuco","-"]
["2013-07-01","ASFALTOS DILUÍDOS CM-30","Piauí","-"]
["2013-07-01","ASFALTOS DILUÍDOS CM-30","Rio de Janeiro",1.5844647130872824]
["2013-07-01","ASFALTOS DILUÍDOS CM-30","Rio Grande do Norte","-"]
["2013-07-01","ASFALTOS DILUÍDOS CM-30","Rio Grande do Sul",1.6124879253037883]
["2013-07-01","ASFALTOS DILUÍDOS CM-30","Rondônia","-"]
["2013-07-01","ASFALTOS DILUÍDOS CM-30","Roraima","-"]
["2013-07-01","ASFALTOS DILUÍDOS CM-30","Santa Catarina","-"]
["2013-07-01","ASFALTOS DILUÍDOS CM-30","São Paulo",1.5078449085221559]
["2013-07-01","ASFALTOS DILUÍDOS CM-30","Sergipe","-"]
["2013-07-01","ASFALTOS DILUÍDOS CM-30","Tocantins","-"]
["2013-08-01","ASFALTOS DILUÍDOS CM-30","Acre","-"]
["2013-08-01","ASFALTOS DILUÍDOS CM-30","Alagoas","-"]
["2013-08-01","ASFALTOS DILUÍDOS CM-30","Amapá","-"]
["2013-08-01","ASFALTOS DILUÍDOS CM-30","Amazonas",1.5092756412465567]
["2013-08-01","ASFALTOS DILUÍDOS CM-30","Bahia",1.4166993230667961]
["2013-08-01","ASFALTOS DILUÍDOS CM-30","Ceará",1.4474033636621826]
["2013-08-01","ASFALTOS DILUÍDOS CM-30","Distrito Federal","-"]
["2013-08-01","ASFALTOS DILUÍDOS CM-30","Espírito Santo","-"]
["2013-08-01","ASFALTOS DILUÍDOS CM-30","Goiás",1.733407290687675]
["2013-08-01","ASFALTOS DILUÍDOS CM-30","Maranhão","-"]
["2013-08-01","ASFALTOS DILUÍDOS CM-30","Mato Grosso",1.9368734488373014]
["2013-08-01","ASFALTOS DILUÍDOS CM-30","Mato Grosso do Sul","-"]
["2013-08-01","ASFALTOS DILUÍDOS CM-30","Minas Gerais",1.497135866276361]
["2013-08-01","ASFALTOS DILUÍDOS CM-30","Pará","-"]
["2013-08-01","ASFALTOS DILUÍDOS CM-30","Paraíba","-"]
["2013-08-01","ASFALTOS DILUÍDOS CM-30","Paraná",1.5549604317647849]
["2013-08-01","ASFALTOS DILUÍDOS CM-30","Pernambuco","-"]
["2013-08-01","ASFALTOS DILUÍDOS CM-30","Piauí","-"]
["2013-08-01","ASFALTOS DILUÍDOS CM-30","Rio de Janeiro",1.610072132228562]
["2013-08-01","ASFALTOS DILUÍDOS CM-30","Rio Grande do Norte","-"]
["2013-08-01","ASFALTOS DILUÍDOS CM-30","Rio Grande do Sul",1.4857528885719486]
["2013-08-01","ASFALTOS DILUÍDOS CM-30","Rondônia","-"]
["2013-08-01","ASFALTOS DILUÍDOS CM-30","Roraima","-"]
["2013-08-01","ASFALTOS DILUÍDOS CM-30","Santa Catarina","-"]
["2013-08-01","ASFALTOS DILUÍDOS CM-30","São Paulo",1.4933707014182394]
["2013-08-01","ASFALTOS DILUÍDOS CM-30","Sergipe","-"]
["2013-08-01","ASFALTOS DILUÍDOS CM-30","Tocantins","-"]
["2013-09-01","ASFALTOS DILUÍDOS CM-30","Acre","-"]
["2013-09-01","ASFALTOS DILUÍDOS CM-30","Alagoas","-"]
["2013-09-01","ASFALTOS DILUÍDOS CM-30","Amapá","-"]
["2013-09-01","ASFALTOS DILUÍDOS CM-30","Amazonas",1.4609016726129569]
["2013-09-01","ASFALTOS DILUÍDOS CM-30","Bahia",1.4552257782611762]
["2013-09-01","ASFALTOS DILUÍDOS CM-30","Ceará",1.4832578566834698]
["2013-09-01","ASFALTOS DILUÍDOS CM-30","Distrito Federal","-"]
["2013-09-01","ASFALTOS DILUÍDOS CM-30","Espírito Santo","-"]
["2013-09-01","ASFALTOS DILUÍDOS CM-30","Goiás",1.7695439322713993]
["2013-09-01","ASFALTOS DILUÍDOS CM-30","Maranhão","-"]
["2013-09-01","ASFALTOS DILUÍDOS CM-30","Mato Grosso",1.9944491035094916]
["2013-09-01","ASFALTOS DILUÍDOS CM-30","Mato Grosso do Sul","-"]
["2013-09-01","ASFALTOS DILUÍDOS CM-30","Minas Gerais",1.5520445899980486]
["2013-09-01","ASFALTOS DILUÍDOS CM-30","Pará","-"]
["2013-09-01","ASFALTOS DILUÍDOS CM-30","Paraíba","-"]
["2013-09-01","ASFALTOS DILUÍDOS CM-30","Paraná",1.4988253631307897]
["2013-09-01","ASFALTOS DILUÍDOS CM-30","Pernambuco","-"]
["2013-09-01","ASFALTOS DILUÍDOS CM-30","Piauí","-"]
["2013-09-01","ASFALTOS DILUÍDOS CM-30","Rio de Janeiro",1.5485200882073553]
["2013-09-01","ASFALTOS DILUÍDOS CM-30","Rio Grande do Norte","-"]
["2013-09-01","ASFALTOS DILUÍDOS CM-30","Rio Grande do Sul",1.466231451400871]
["2013-09-01","ASFALTOS DILUÍDOS CM-30","Rondônia","-"]
["2013-09-01","ASFALTOS DILUÍDOS CM-30","Roraima","-"]
["2013-09-01","ASFALTOS DILUÍDOS CM-30","Santa Catarina","-"]
["2013-09-01","ASFALTOS DILUÍDOS CM-30","São Paulo",1.5183323308106733]
["2013-09-01","ASFALTOS DILUÍDOS CM-30","Sergipe","-"]
["2013-09-01","ASFALTOS DILUÍDOS CM-30","Tocantins","-"]
["2013-10-01","ASFALTOS DILUÍDOS CM-30","Acre","-"]
["2013-10-01","ASFALTOS DILUÍDOS CM-30","Alagoas","-"]
["2013-10-01","ASFALTOS DILUÍDOS CM-30","Amapá","-"]
["2013-10-01","ASFALTOS DILUÍDOS CM-30","Amazonas",1.5243349537611375]
["2013-10-01","ASFALTOS DILUÍDOS CM-30","Bahia",1.4727836719438803]
["2013-10-01","ASFALTOS DILUÍDOS CM-30","Ceará",1.4803412015757087]
["2013-10-01","ASFALTOS DILUÍDOS CM-30","Distrito Federal","-"]
["2013-10-01","ASFALTOS DILUÍDOS CM-30","Espírito Santo","-"]
["2013-10-01","ASFALTOS DILUÍDOS CM-30","Goiás",1.7002748519093238]
["2013-10-01","ASFALTOS DILUÍDOS CM-30","Maranhão","-"]
["2013-10-01","ASFALTOS DILUÍDOS CM-30","Mato Grosso",1.9560474873532938]
["2013-10-01","ASFALTOS DILUÍDOS CM-30","Mato Grosso do Sul","-"]
["2013-10-01","ASFALTOS DILUÍDOS CM-30","Minas Gerais",1.5061274599279553]
["2013-10-01","ASFALTOS DILUÍDOS CM-30","Pará",1.7431022484656087]
["2013-10-01","ASFALTOS DILUÍDOS CM-30","Paraíba","-"]
["2013-10-01","ASFALTOS DILUÍDOS CM-30","Paraná",1.5123431624357759]
["2013-10-01","ASFALTOS DILUÍDOS CM-30","Pernambuco","-"]
["2013-10-01","ASFALTOS DILUÍDOS CM-30","Piauí","-"]
["2013-10-01","ASFALTOS DILUÍDOS CM-30","Rio de Janeiro",1.5104848924413496]
["2013-10-01","ASFALTOS DILUÍDOS CM-30","Rio Grande do Norte","-"]
["2013-10-01","ASFALTOS DILUÍDOS CM-30","Rio Grande do Sul",1.4366665414429234]
["2013-10-01","ASFALTOS DILUÍDOS CM-30","Rondônia","-"]
["2013-10-01","ASFALTOS DILUÍDOS CM-30","Roraima","-"]
["2013-10-01","ASFALTOS DILUÍDOS CM-30","Santa Catarina","-"]
["2013-10-01","ASFALTOS DILUÍDOS CM-30","São Paulo",1.4793466955826844]
["2013-10-01","ASFALTOS DILUÍDOS CM-30","Sergipe","-"]
["2013-10-01","ASFALTOS DILUÍDOS CM-30","Tocantins","-"]
["2013-11-01","ASFALTOS DILUÍDOS CM-30","Acre","-"]
["2013-11-01","ASFALTOS DILUÍDOS CM-30","Alagoas","-"]
["2013-11-01","ASFALTOS DILUÍDOS CM-30","Amapá","-"]
["2013-11-01","ASFALTOS DILUÍDOS CM-30","Amazonas",1.4995512809893463]
["2013-11-01","ASFALTOS DILUÍDOS CM-30","Bahia",1.5008772738611229]
["2013-11-01","ASFALTOS DILUÍDOS CM-30","Ceará",1.4875621424174903]
["2013-11-01","ASFALTOS DILUÍDOS CM-30","Distrito Federal","-"]
["2013-11-01","ASFALTOS DILUÍDOS CM-30","Espírito Santo","-"]
["2013-11-01","ASFALTOS DILUÍDOS CM-30","Goiás",1.792940583041257]
["2013-11-01","ASFALTOS DILUÍDOS CM-30","Maranhão","-"]
["2013-11-01","ASFALTOS DILUÍDOS CM-30","Mato Grosso",1.943476204233427]
["2013-11-01","ASFALTOS DILUÍDOS CM-30","Mato Grosso do Sul","-"]
["2013-11-01","ASFALTOS DILUÍDOS CM-30","Minas Gerais",1.4851520732604662]
["2013-11-01","ASFALTOS DILUÍDOS CM-30","Pará",1.7240862433505024]
["2013-11-01","ASFALTOS DILUÍDOS CM-30","Paraíba","-"]
["2013-11-01","ASFALTOS DILUÍDOS CM-30","Paraná",1.5581010922628975]
["2013-11-01","ASFALTOS DILUÍDOS CM-30","Pernambuco","-"]
["2013-11-01","ASFALTOS DILUÍDOS CM-30","Piauí","-"]
["2013-11-01","ASFALTOS DILUÍDOS CM-30","Rio de Janeiro",1.5673390277834358]
["2013-11-01","ASFALTOS DILUÍDOS CM-30","Rio Grande do Norte","-"]
["2013-11-01","ASFALTOS DILUÍDOS CM-30","Rio Grande do Sul",1.4257711845847554]
["2013-11-01","ASFALTOS DILUÍDOS CM-30","Rondônia","-"]
["2013-11-01","ASFALTOS DILUÍDOS CM-30","Roraima","-"]
["2013-11-01","ASFALTOS DILUÍDOS CM-30","Santa Catarina","-"]
["2013-11-01","ASFALTOS DILUÍDOS CM-30","São Paulo",1.4885140871545035]
["2013-11-01","ASFALTOS DILUÍDOS CM-30","Sergipe","-"]
["2013-11-01","ASFALTOS DILUÍDOS CM-30","Tocantins","-"]
["2013-12-01","ASFALTOS DILUÍDOS CM-30","Acre","-"]
["2013-12-01","ASFALTOS DILUÍDOS CM-30","Alagoas","-"]
["2013-12-01","ASFALTOS DILUÍDOS CM-30","Amapá","-"]
["2013-12-01","ASFALTOS DILUÍDOS CM-30","Amazonas",1.5260290448360885]
["2013-12-01","ASFALTOS DILUÍDOS CM-30","Bahia",1.4767110358523383]
["2013-12-01","ASFALTOS DILUÍDOS CM-30","Ceará",1.5036028855664643]
["2013-12-01","ASFALTOS DILUÍDOS CM-30","Distrito Federal","-"]
["2013-12-01","ASFALTOS DILUÍDOS CM-30","Espírito Santo","-"]
["2013-12-01","ASFALTOS DILUÍDOS CM-30","Goiás",1.8117439845237926]
["2013-12-01","ASFALTOS DILUÍDOS CM-30","Maranhão","-"]
["2013-12-01","ASFALTOS DILUÍDOS CM-30","Mato Grosso",1.9339186491243692]
["2013-12-01","ASFALTOS DILUÍDOS CM-30","Mato Grosso do Sul","-"]
["2013-12-01","ASFALTOS DILUÍDOS CM-30","Minas Gerais",1.4674477520485494]
["2013-12-01","ASFALTOS DILUÍDOS CM-30","Pará",1.7439002309289962]
["2013-12-01","ASFALTOS DILUÍDOS CM-30","Paraíba","-"]
["2013-12-01","ASFALTOS DILUÍDOS CM-30","Paraná",1.6568745232341642]
["2013-12-01","ASFALTOS DILUÍDOS CM-30","Pernambuco","-"]
["2013-12-01","ASFALTOS DILUÍDOS CM-30","Piauí","-"]
["2013-12-01","ASFALTOS DILUÍDOS CM-30","Rio de Janeiro",1.5550002197863031]
["2013-12-01","ASFALTOS DILUÍDOS CM-30","Rio Grande do Norte","-"]
["2013-12-01","ASFALTOS DILUÍDOS CM-30","Rio Grande do Sul",1.4462951563408815]
["2013-12-01","ASFALTOS DILUÍDOS CM-30","Rondônia","-"]
["2013-12-01","ASFALTOS DILUÍDOS CM-30","Roraima","-"]
["2013-12-01","ASFALTOS DILUÍDOS CM-30","Santa Catarina","-"]
["2013-12-01","ASFALTOS DILUÍDOS CM-30","São Paulo",1.5130913326024036]
["2013-12-01","ASFALTOS DILUÍDOS CM-30","Sergipe","-"]
["2013-12-01","ASFALTOS DILUÍDOS CM-30","Tocantins","-"]
["2014-01-01","ASFALTOS DILUÍDOS CM-30","Acre","-"]
["2014-01-01","ASFALTOS DILUÍDOS CM-30","Alagoas","-"]
["2014-01-01","ASFALTOS DILUÍDOS CM-30","Amapá","-"]
["2014-01-01","ASFALTOS DILUÍDOS CM-30","Amazonas",1.5470449444452594]
["2014-01-01","ASFALTOS DILUÍDOS CM-30","Bahia",1.4920329063705282]
["2014-01-01","ASFALTOS DILUÍDOS CM-30","Ceará",1.5006530489663283]
["2014-01-01","ASFALTOS DILUÍDOS CM-30","Distrito Federal","-"]
["2014-01-01","ASFALTOS DILUÍDOS CM-30","Espírito Santo","-"]
["2014-01-01","ASFALTOS DILUÍDOS CM-30","Goiás",1.7738596671771081]
["2014-01-01","ASFALTOS DILUÍDOS CM-30","Maranhão","-"]
["2014-01-01","ASFALTOS DILUÍDOS CM-30","Mato Grosso",1.9580558459311677]
["2014-01-01","ASFALTOS DILUÍDOS CM-30","Mato Grosso do Sul","-"]
["2014-01-01","ASFALTOS DILUÍDOS CM-30","Minas Gerais",1.4379164016219708]
["2014-01-01","ASFALTOS DILUÍDOS CM-30","Pará","-"]
["2014-01-01","ASFALTOS DILUÍDOS CM-30","Paraíba","-"]
["2014-01-01","ASFALTOS DILUÍDOS CM-30","Paraná",1.5931626552185376]
["2014-01-01","ASFALTOS DILUÍDOS CM-30","Pernambuco","-"]
["2014-01-01","ASFALTOS DILUÍDOS CM-30","Piauí","-"]
["2014-01-01","ASFALTOS DILUÍDOS CM-30","Rio de Janeiro",1.5297024806741535]
["2014-01-01","ASFALTOS DILUÍDOS CM-30","Rio Grande do Norte","-"]
["2014-01-01","ASFALTOS DILUÍDOS CM-30","Rio Grande do Sul",1.4383576433809089]
["2014-01-01","ASFALTOS DILUÍDOS CM-30","Rondônia","-"]
["2014-01-01","ASFALTOS DILUÍDOS CM-30","Roraima","-"]
["2014-01-01","ASFALTOS DILUÍDOS CM-30","Santa Catarina","-"]
["2014-01-01","ASFALTOS DILUÍDOS CM-30","São Paulo",1.5095089837973203]
["2014-01-01","ASFALTOS DILUÍDOS CM-30","Sergipe","-"]
["2014-01-01","ASFALTOS DILUÍDOS CM-30","Tocantins","-"]
["2014-02-01","ASFALTOS DILUÍDOS CM-30","Acre","-"]
["2014-02-01","ASFALTOS DILUÍDOS CM-30","Alagoas","-"]
["2014-02-01","ASFALTOS DILUÍDOS CM-30","Amapá","-"]
["2014-02-01","ASFALTOS DILUÍDOS CM-30","Amazonas",1.5421134264326049]
["2014-02-01","ASFALTOS DILUÍDOS CM-30","Bahia",1.4756850145413278]
["2014-02-01","ASFALTOS DILUÍDOS CM-30","Ceará",1.4903963045347111]
["2014-02-01","ASFALTOS DILUÍDOS CM-30","Distrito Federal","-"]
["2014-02-01","ASFALTOS DILUÍDOS CM-30","Espírito Santo","-"]
["2014-02-01","ASFALTOS DILUÍDOS CM-30","Goiás",1.7497348023305683]
["2014-02-01","ASFALTOS DILUÍDOS CM-30","Maranhão","-"]
["2014-02-01","ASFALTOS DILUÍDOS CM-30","Mato Grosso",1.9452610169953894]
["2014-02-01","ASFALTOS DILUÍDOS CM-30","Mato Grosso do Sul","-"]
["2014-02-01","ASFALTOS DILUÍDOS CM-30","Minas Gerais",1.5017209391402084]
["2014-02-01","ASFALTOS DILUÍDOS CM-30","Pará","-"]
["2014-02-01","ASFALTOS DILUÍDOS CM-30","Paraíba","-"]
["2014-02-01","ASFALTOS DILUÍDOS CM-30","Paraná",1.5623699544647331]
["2014-02-01","ASFALTOS DILUÍDOS CM-30","Pernambuco","-"]
["2014-02-01","ASFALTOS DILUÍDOS CM-30","Piauí","-"]
["2014-02-01","ASFALTOS DILUÍDOS CM-30","Rio de Janeiro",1.5704259723558247]
["2014-02-01","ASFALTOS DILUÍDOS CM-30","Rio Grande do Norte","-"]
["2014-02-01","ASFALTOS DILUÍDOS CM-30","Rio Grande do Sul",1.4471249920171849]
["2014-02-01","ASFALTOS DILUÍDOS CM-30","Rondônia","-"]
["2014-02-01","ASFALTOS DILUÍDOS CM-30","Roraima","-"]
["2014-02-01","ASFALTOS DILUÍDOS CM-30","Santa Catarina","-"]
["2014-02-01","ASFALTOS DILUÍDOS CM-30","São Paulo",1.4940466155892476]
["2014-02-01","ASFALTOS DILUÍDOS CM-30","Sergipe","-"]
["2014-02-01","ASFALTOS DILUÍDOS CM-30","Tocantins","-"]
["2014-03-01","ASFALTOS DILUÍDOS CM-30","Acre","-"]
["2014-03-01","ASFALTOS DILUÍDOS CM-30","Alagoas","-"]
["2014-03-01","ASFALTOS DILUÍDOS CM-30","Amapá","-"]
["2014-03-01","ASFALTOS DILUÍDOS CM-30","Amazonas",1.6042410511452168]
["2014-03-01","ASFALTOS DILUÍDOS CM-30","Bahia",1.4923505234971217]
["2014-03-01","ASFALTOS DILUÍDOS CM-30","Ceará",1.4823896656165243]
["2014-03-01","ASFALTOS DILUÍDOS CM-30","Distrito Federal","-"]
["2014-03-01","ASFALTOS DILUÍDOS CM-30","Espírito Santo","-"]
["2014-03-01","ASFALTOS DILUÍDOS CM-30","Goiás","-"]
["2014-03-01","ASFALTOS DILUÍDOS CM-30","Maranhão","-"]
["2014-03-01","ASFALTOS DILUÍDOS CM-30","Mato Grosso",2.0148421096338178]
["2014-03-01","ASFALTOS DILUÍDOS CM-30","Mato Grosso do Sul","-"]
["2014-03-01","ASFALTOS DILUÍDOS CM-30","Minas Gerais",1.4808934616073539]
["2014-03-01","ASFALTOS DILUÍDOS CM-30","Pará",1.7897777414216498]
["2014-03-01","ASFALTOS DILUÍDOS CM-30","Paraíba","-"]
["2014-03-01","ASFALTOS DILUÍDOS CM-30","Paraná",1.5533261261551996]
["2014-03-01","ASFALTOS DILUÍDOS CM-30","Pernambuco","-"]
["2014-03-01","ASFALTOS DILUÍDOS CM-30","Piauí","-"]
["2014-03-01","ASFALTOS DILUÍDOS CM-30","Rio de Janeiro",1.5525373138742444]
["2014-03-01","ASFALTOS DILUÍDOS CM-30","Rio Grande do Norte","-"]
["2014-03-01","ASFALTOS DILUÍDOS CM-30","Rio Grande do Sul",1.4385954794679006]
["2014-03-01","ASFALTOS DILUÍDOS CM-30","Rondônia","-"]
["2014-03-01","ASFALTOS DILUÍDOS CM-30","Roraima","-"]
["2014-03-01","ASFALTOS DILUÍDOS CM-30","Santa Catarina","-"]
["2014-03-01","ASFALTOS DILUÍDOS CM-30","São Paulo",1.5332047694123538]
[